{"text_format":"1","workbook":"xlsx","n_sheets":9,"sheets":["Sub Sec","Main Sec","UT Low 4","UT All","Items","Result","Start","Start2","Sections"],"not_rendered":{"charts":1,"images":0,"macros":1,"external_links":0,"defined_names":9,"comments":0,"pivot_tables":4},"unopened":[],"bounds":{"document_bytes":16777216,"sheet_cells":100000,"rows_first":2000,"rows_last":500,"rows_between":2000,"halvings":0,"cell_chars":16384,"cell_head_chars":4096},"cells_cut":0,"cells_raw":0,"read":"whole","date_system":"1900"}

{"sheet":"Sub Sec","index":0,"n_rows":52,"n_cols":18,"rows_kept":52,"cut":false,"hidden":false,"merged":[]}
[null,null,null,{"$f":"Result!$A$9","v":"X"},{"$f":"Result!$A$10","v":0},{"$f":"Result!$A$11","v":0},{"$f":"Result!$A$12","v":0},{"$f":"Result!$A$13","v":0},{"$f":"Result!$A$114","v":0},{"$f":"Result!$A$15","v":0},{"$f":"Result!$A$16","v":0},{"$f":"Result!$A$17","v":0},{"$f":"Result!$A$18","v":0},{"$f":"Result!$A$19","v":0},{"$f":"Result!$A$20","v":0}]
[null,null,null,{"$f":" \"Filtered Total and %\" &\"  \"& H2","v":"Filtered Total and %  , (No Filter Applied)"},null,null,null,{"$f":"IF(D3=\"\",\", (No Filter Applied)\",\"\")","v":", (No Filter Applied)"}]
["Letting:","Contract No:",null,{"$f":"IF(SUBTOTAL(9,D8:D700)=D5,\"\",(SUBTOTAL(9,D8:D700)))","v":""},{"$f":"IF(SUBTOTAL(9,E8:E700)=E5,\"\",(SUBTOTAL(9,E8:E700)))","v":""},{"$f":"IF(SUBTOTAL(9,F8:F700)=F5,\"\",(SUBTOTAL(9,F8:F700)))","v":""},{"$f":"IF(SUBTOTAL(9,G8:G700)=G5,\"\",(SUBTOTAL(9,G8:G700)))","v":""},{"$f":"IF(SUBTOTAL(9,H8:H700)=H5,\"\",(SUBTOTAL(9,H8:H700)))","v":""},"","","",{"$f":"IF(SUBTOTAL(9,L8:L700)=L5,\"\",(SUBTOTAL(9,L8:L700)))","v":""},"","","",{"$f":"IF(SUBTOTAL(9,P8:P700)=P5,\"\",(SUBTOTAL(9,P8:P700)))","v":""},"",""]
[{"$f":"Result!C3","v":"2012-01-12"},{"$f":" Result!C2","v":30201},null,{"$f":"IF(D3=\"\",\"\",D3/D5)","v":""},{"$f":"IF(E3=\"\",\"\",E3/E5)","v":""},"",{"$f":"IF(G3=\"\",\"\",G3/G5)","v":""},"","","","",{"$f":"IF(L3=\"\",\"\",L3/L5)","v":""},"","","",{"$f":"IF(P3=\"\",\"\",P3/P5)","v":""},"",""]
[{"$f":"MIN(IF(D5:W5>0,D5:W5))","v":10152470.019999996},null,"Total Amount :",{"$f":"Result!$C$9","v":10152470.019999996},{"$f":"Result!$C$10","v":10364675.839999998},{"$f":"Result!$C$11","v":10577999.999999994},{"$f":"Result!$C$12","v":11550412.119999994},{"$f":"Result!$C$13","v":0},{"$f":"Result!$C$14","v":0},{"$f":"Result!$C$15","v":0},{"$f":"Result!$C$16","v":0},{"$f":"Result!$C$17","v":0},{"$f":"Result!$C$18","v":0},{"$f":"Result!$C$19","v":0},{"$f":"Result!$C$20","v":0},{"$f":"Result!$C$21","v":0},{"$f":"Result!$C$22","v":0},{"$f":"Result!$C$23","v":0}]
["Amount $",null,null,"Contractor"]
["Main Sec","Sub Sec. No.","Sub-Section","01. Superior Construction Company","02. Walsh Construction Company Ii Llc","03. Milestone Contractors, L.P.","04. Rieth-Riley Construction"]
[100,105,"Control Of Work",308000,272827.14,95000,220000]
[null,109,"Measurement And Payment",7,7,7,7]
[null,110,"Mobilization And Demobilization",532000,518000,528244.17000000004,1100000]
[200,201,"Clearing And Grubbing",212000,257000,57000,156400]
[null,202,"Removal Of Structures And Obstructions",269570.25,224628.56,333596.65000000002,313124.90000000002]
[null,203,"Excavation And Embankment",335811.15,545636.15,640305,630386.5]
[null,205,"Temporary Erosion And Sediment Control",110602,115194.28,108572,72959.350000000006]
[null,207,"Subgrade",640919,733267.61,807746.4,832571.75]
[null,211,"B Borrow And Structure Backfill",33975,48415.86,32265,32265]
[null,213,"Flowable Backfill",49040,55304.86,55170,52196.950000000004]
[300,301,"Aggregate Base",127772,132206.44,135288,139046]
[null,302,"Subbase",917400,732207.52,856240,996908]
[null,303,"Aggregate Pavements Or Shoulders",2250,1518.6000000000001,1500,1101]
[null,306,"Milling",9117,3373.29,24312,8053.35]
[400,402,"Hot Mix Asphalt, HMA, Pavement",183807.39,183807.39,230685,248718]
[null,406,"Tack Coat",3600,3600,600,6]
[500,501,"Quality Control/Quality Assurance, QC/QA,  Portland Cement Concrete Pavement, PCCP",3173006.1,3097190.91,3369564,3556762]
[null,503,"PCCP Joints",478701,545187.25,425512,587738.45000000007]
[600,601,"Guardrail",218883.75,195994,218883.75,218283.75]
[null,603,"Fences",18697.75,13152.900000000001,18697.75,18697.75]
[null,605,"Curbing",182270,239785.02,246557,265091.20000000001]
[null,610,"Approaches And Crossovers",245376,225393.84,243144,271644]
[null,611,"Mailbox Installations",705,470,705,705]
[null,615,"Monuments, Markers, And Parking Barriers",24277,26150,24277,24277]
[null,616,"Riprap And Slopewall",27163.1,24318.43,24106.5,23621.55]
[null,621,"Seeding And Sodding",278411.17000000004,293663.62,320265.54000000004,112930.75]
[null,628,"Field Office, Field Laboratory, Computer Systems, Office Machines And Communications",44301,51825.950000000004,56231,42776]
[null,619,"Painting Bridge Steel",110000,150000,122000,110000]
[700,702,"Structural Concrete",25201,37151.490000000005,41870,44658.7]
[null,703,"Reinforcing Bars",7738,4139.83,15476,7738]
[null,706,"Bridge Railings",12800,11764,18000,17560]
[null,709,"Portland Cement Concrete Sealers",9000,10000,8500,7500]
[null,714,"Reinforced Concrete Box Structures",223075,186875,167650,167239]
[null,715,"Pipe Culverts, And Storm And Sanitary Sewers",286782.47000000003,246718.02000000002,286442,268802.63]
[null,718,"Underdrains",81768,74941.760000000009,62000,81918]
[null,720,"Manholes, Inlets, And Catch Basins",46795,45370.880000000005,32002,31997.46]
[null,723,"Reinforced Concrete Three Sided Structures",54720,31166.080000000002,52896,52889.919999999998]
[null,727,"Structural Concrete Repair By Epoxy Injection",5814.03,5355.62,8102.4000000000005,14217]
[800,801,"Traffic Controls For Construction And Maintenance Operations",345787.8,505948.93,393259.5,304294.09999999998]
[null,802,"Signs",153456.71,153456.71,153456.71,153456.71]
[null,804,"Delineators",1750,1650,2000,1750]
[null,805,"Traffic Signals",242473.44000000003,242473.44000000003,242473.44000000003,242473.44000000003]
[null,807,"Highway Illumination",67202.25,67202.25,67202.25,67202.25]
[null,808,"Pavement Traffic Markings",50443.659999999996,50335.21,50194.939999999995,50443.659999999996]
[null,null,null,0,0,0,0]

{"sheet":"Main Sec","index":1,"n_rows":16,"n_cols":17,"rows_kept":16,"cut":false,"hidden":false,"merged":[]}
[null,null,{"$f":"Result!$A$9","v":"X"},{"$f":"Result!$A$10","v":0},{"$f":"Result!$A$11","v":0},{"$f":"Result!$A$12","v":0},{"$f":"Result!$A$13","v":0},{"$f":"Result!$A$114","v":0},{"$f":"Result!$A$15","v":0},{"$f":"Result!$A$16","v":0},{"$f":"Result!$A$17","v":0},{"$f":"Result!$A$18","v":0},{"$f":"Result!$A$19","v":0},{"$f":"Result!$A$20","v":0}]
[null,null,{"$f":" \"Filtered Total and %\" &\"  \"& J2","v":"Filtered Total and %  ', (No Filter Applied)"},null,null,null,null,null,null,{"$f":"IF(C3=\"\",\"', (No Filter Applied)\",\"\")","v":"', (No Filter Applied)"}]
["Letting:","Contract:",{"$f":"IF(SUBTOTAL(9,C7:C699)=C5,\"\",(SUBTOTAL(9,C7:C699)))","v":""},{"$f":"IF(SUBTOTAL(9,D7:D699)=D5,\"\",(SUBTOTAL(9,D7:D699)))","v":""},"",{"$f":"IF(SUBTOTAL(9,F7:F699)=F5,\"\",(SUBTOTAL(9,F7:F699)))","v":""},"","","","","","","","",{"$f":"IF(SUBTOTAL(9,O7:O699)=O5,\"\",(SUBTOTAL(9,O7:O699)))","v":""},"",""]
[{"$f":"Result!C3","v":"2012-01-12"},{"$f":"Result!C2","v":30201},{"$f":"IF(C3=\"\",\"\",C3/C5)","v":""},{"$f":"IF(D3=\"\",\"\",D3/D5)","v":""},"",{"$f":"IF(F3=\"\",\"\",F3/F5)","v":""},"","","","","","","","",{"$f":"IF(O3=\"\",\"\",O3/O5)","v":""},"",""]
[{"$f":"MIN(IF(C5:W5>0,C5:W5))","v":10152470.019999996},"Total Amount :",{"$f":"Result!$C9","v":10152470.019999996},{"$f":"Result!$C10","v":10364675.839999998},{"$f":"Result!$C11","v":10577999.999999994},{"$f":"Result!$C12","v":11550412.119999994},{"$f":"Result!$C13","v":0},{"$f":"Result!$C14","v":0},{"$f":"Result!$C15","v":0},{"$f":"Result!$C16","v":0},{"$f":"Result!$C17","v":0},{"$f":"Result!$C18","v":0},{"$f":"Result!$C19","v":0},{"$f":"Result!$C20","v":0},{"$f":"Result!$C21","v":0},{"$f":"Result!$C22","v":0},{"$f":"Result!$C23","v":0}]
["Amount $",null,"Contractor"]
["Main Sec","Section","01. Superior Construction Company","02. Walsh Construction Company Ii Llc","03. Milestone Contractors, L.P.","04. Rieth-Riley Construction"]
[100,"General Provisions",840007,790834.14,623251.17000000004,1320007]
[200,"Earthwork",1651917.4,1979447.3200000005,2034655.0499999998,2089904.45]
[300,"Aggregate Pavement And Bases",1056539,869305.85,1017340,1145108.3500000001]
[400,"Asphalt Pavements",187407.39,187407.39,231285,248724]
[500,"Concrete Pavement",3651707.1,3642378.16,3795076,4144500.45]
[600,"Incidental Construction",1150084.77,1220753.76,1274867.54,1088027]
[700,"Structures",753693.5,653482.67999999982,692938.4,694520.71]
[800,"Traffic Control Devices And Lighting",861113.85999999975,1021066.5399999998,908586.83999999973,819620.1599999998]
[null,null,0,0,0,0]

{"sheet":"UT Low 4","index":2,"n_rows":701,"n_cols":15,"rows_kept":701,"cut":false,"hidden":false,"merged":[[5,13,5,14],[0,13,0,14],[1,13,1,14],[2,13,2,14],[3,13,3,14],[4,13,4,14],[5,9,5,10],[5,11,5,12],[5,7,5,8],[3,9,3,10],[3,11,3,12],[0,11,0,12],[1,11,1,12],[4,7,4,8],[4,9,4,10],[4,11,4,12],[3,7,3,8],[2,7,2,8],[2,9,2,10],[2,11,2,12],[0,4,1,5],[0,7,0,8],[1,7,1,8],[0,9,0,10],[1,9,1,10]]}
[null,null,null,null,"Filtered\nData",null,"Total",{"$f":"IF(SUBTOTAL(9,I8:I700)=H6,\"\",(SUBTOTAL(9,I8:I700)))","v":""},null,{"$f":"IF(SUBTOTAL(9,K8:K700)=J6,\"\",(SUBTOTAL(9,K8:K700)))","v":""},null,{"$f":"IF(SUBTOTAL(9,M8:M700)=L6,\"\",(SUBTOTAL(9,M8:M700)))","v":""},null,{"$f":"IF(SUBTOTAL(9,O8:O700)=N6,\"\",(SUBTOTAL(9,O8:O700)))","v":""}]
["Letting:","Contract:",null,null,null,null,"%",{"$f":"IF(H1=\"\",\"\",H1/H6)","v":""},null,{"$f":"IF(J1=\"\",\"\",J1/J6)","v":""},null,{"$f":"IF(L1=\"\",\"\",L1/L6)","v":""},null,{"$f":"IF(N1=\"\",\"\",N1/N6)","v":""}]
[{"$f":"Result!C3","v":"2012-01-12"},{"$f":"Result!C2","v":30201},null,null,{"$f":"IF(SUBTOTAL(9,I8:I700)=H6,\"No Filter Applied\",\"Filter Applied\")","v":"No Filter Applied"},null,null,{"$f":"IF(Result!A9=\"X\",\"Awarded\",\"\")","v":"Awarded"},null,{"$f":"IF(Result!A10=\"X\",\"Awarded\",\"\")","v":""},null,{"$f":"IF(Result!A11=\"X\",\"Awarded\",\"\")","v":""},null,{"$f":"IF(Result!A12=\"X\",\"Awarded\",\"\")","v":""}]
[null,null,null,null,null,null,null,"Low 1",null,"Low 2",null,"Low 3",null,"Low 4"]
[null,null,null,null,null,null,null,{"$f":"Result!B9","v":"01. Superior Construction Company"},null,{"$f":"Result!B10","v":"02. Walsh Construction Company Ii Llc"},null,{"$f":"Result!B11","v":"03. Milestone Contractors, L.P."},null,{"$f":"Result!B12","v":"04. Rieth-Riley Construction"}]
[null,null,null,null,null,null,null,{"$f":"Result!C9","v":10152470.019999996},null,{"$f":"Result!C10","v":10364675.839999998},null,{"$f":"Result!C11","v":10577999.999999994},null,{"$f":"Result!C12","v":11550412.119999994}]
["Item No","Desc.","Print","Main Sec","Sub Sec","Quantity","Unit","$ Unit ","Amount","$ Unit ","Amount","$ Unit ","Amount","$ Unit ","Amount"]
[{"$f":"IF(Items!A8=\"\",\"\",Items!A8)","v":"105-06845"},{"$f":"IF(Items!B8=\"\",\"\",Items!B8)","v":"CONSTRUCTION ENGINEERING"},{"$f":"IF(A8=\"\",\"\",\"x\")","v":"x"},{"$f":"IF(A8=\"\",\"\",LEFT(A8,1)*100)","v":100},{"$f":"IF(A8=\"\",\"\",LEFT(A8,3))","v":"105"},{"$f":"IF(A8=\"\",\"\",VLOOKUP(A8,Items!$A$8:$AJ$701,34,FALSE))","v":1},{"$f":"IF(A8=\"\",\"\",VLOOKUP(A8,Items!$A$8:$J$701,3,FALSE))","v":"L.S."},{"$f":"IF(OR($F8=\"\",$F8=0),\"\",I8/$F8)","v":296000},{"$f":"IF($A8=\"\",\"\",VLOOKUP($A8,Items!$A$8:$J$701,5,FALSE))","v":296000},{"$f":"IF(OR($F8=\"\",$F8=0),\"\",K8/$F8)","v":197827.14},{"$f":"IF($A8=\"\",\"\",VLOOKUP($A8,Items!$A$8:$J$701,7,FALSE))","v":197827.14},{"$f":"IF(OR($F8=\"\",$F8=0),\"\",M8/$F8)","v":70000},{"$f":"IF($A8=\"\",\"\",VLOOKUP($A8,Items!$A$8:$J$701,9,FALSE))","v":70000},{"$f":"IF(OR($F8=\"\",$F8=0),\"\",O8/$F8)","v":200000},{"$f":"IF($A8=\"\",\"\",VLOOKUP($A8,Items!$A$8:$K$701,11,FALSE))","v":200000}]
[{"$f":"IF(Items!A9=\"\",\"\",Items!A9)","v":"105-09645"},{"$f":"IF(Items!B9=\"\",\"\",Items!B9)","v":"CONSTRUCTION ENGINEERING AND INSPECTION"},{"$f":"IF(A9=\"\",\"\",\"x\")","v":"x"},{"$f":"IF(A9=\"\",\"\",LEFT(A9,1)*100)","v":100},{"$f":"IF(A9=\"\",\"\",LEFT(A9,3))","v":"105"},{"$f":"IF(A9=\"\",\"\",VLOOKUP(A9,Items!$A$8:$AJ$701,34,FALSE))","v":1},{"$f":"IF(A9=\"\",\"\",VLOOKUP(A9,Items!$A$8:$J$701,3,FALSE))","v":"L.S."},{"$f":"IF(OR($F9=\"\",$F9=0),\"\",I9/$F9)","v":12000},{"$f":"IF($A9=\"\",\"\",VLOOKUP($A9,Items!$A$8:$J$701,5,FALSE))","v":12000},{"$f":"IF(OR($F9=\"\",$F9=0),\"\",K9/$F9)","v":75000},{"$f":"IF($A9=\"\",\"\",VLOOKUP($A9,Items!$A$8:$J$701,7,FALSE))","v":75000},{"$f":"IF(OR($F9=\"\",$F9=0),\"\",M9/$F9)","v":25000},{"$f":"IF($A9=\"\",\"\",VLOOKUP($A9,Items!$A$8:$J$701,9,FALSE))","v":25000},{"$f":"IF(OR($F9=\"\",$F9=0),\"\",O9/$F9)","v":20000},{"$f":"IF($A9=\"\",\"\",VLOOKUP($A9,Items!$A$8:$K$701,11,FALSE))","v":20000}]
[{"$f":"IF(Items!A10=\"\",\"\",Items!A10)","v":"109-08359"},{"$f":"IF(Items!B10=\"\",\"\",Items!B10)","v":"LIQUIDATED DAMAGES"},"x",100,"109",{"$f":"IF(A10=\"\",\"\",VLOOKUP(A10,Items!$A$8:$AJ$701,34,FALSE))","v":1},{"$f":"IF(A10=\"\",\"\",VLOOKUP(A10,Items!$A$8:$J$701,3,FALSE))","v":"$"},1,{"$f":"IF($A10=\"\",\"\",VLOOKUP($A10,Items!$A$8:$J$701,5,FALSE))","v":1},1,{"$f":"IF($A10=\"\",\"\",VLOOKUP($A10,Items!$A$8:$J$701,7,FALSE))","v":1},1,{"$f":"IF($A10=\"\",\"\",VLOOKUP($A10,Items!$A$8:$J$701,9,FALSE))","v":1},1,{"$f":"IF($A10=\"\",\"\",VLOOKUP($A10,Items!$A$8:$K$701,11,FALSE))","v":1}]
[{"$f":"IF(Items!A11=\"\",\"\",Items!A11)","v":"109-08360"},{"$f":"IF(Items!B11=\"\",\"\",Items!B11)","v":"CONTRACT LIENS"},"x",100,"109",{"$f":"IF(A11=\"\",\"\",VLOOKUP(A11,Items!$A$8:$AJ$701,34,FALSE))","v":1},{"$f":"IF(A11=\"\",\"\",VLOOKUP(A11,Items!$A$8:$J$701,3,FALSE))","v":"$"},1,{"$f":"IF($A11=\"\",\"\",VLOOKUP($A11,Items!$A$8:$J$701,5,FALSE))","v":1},1,{"$f":"IF($A11=\"\",\"\",VLOOKUP($A11,Items!$A$8:$J$701,7,FALSE))","v":1},1,{"$f":"IF($A11=\"\",\"\",VLOOKUP($A11,Items!$A$8:$J$701,9,FALSE))","v":1},1,{"$f":"IF($A11=\"\",\"\",VLOOKUP($A11,Items!$A$8:$K$701,11,FALSE))","v":1}]
[{"$f":"IF(Items!A12=\"\",\"\",Items!A12)","v":"109-08443"},{"$f":"IF(Items!B12=\"\",\"\",Items!B12)","v":"QUALITY ADJUSTMENTS, TEMPORARY TRAFFIC CONTRO"},"x",100,"109",{"$f":"IF(A12=\"\",\"\",VLOOKUP(A12,Items!$A$8:$AJ$701,34,FALSE))","v":1},{"$f":"IF(A12=\"\",\"\",VLOOKUP(A12,Items!$A$8:$J$701,3,FALSE))","v":"$"},1,{"$f":"IF($A12=\"\",\"\",VLOOKUP($A12,Items!$A$8:$J$701,5,FALSE))","v":1},1,{"$f":"IF($A12=\"\",\"\",VLOOKUP($A12,Items!$A$8:$J$701,7,FALSE))","v":1},1,{"$f":"IF($A12=\"\",\"\",VLOOKUP($A12,Items!$A$8:$J$701,9,FALSE))","v":1},1,{"$f":"IF($A12=\"\",\"\",VLOOKUP($A12,Items!$A$8:$K$701,11,FALSE))","v":1}]
[{"$f":"IF(Items!A13=\"\",\"\",Items!A13)","v":"109-08444"},{"$f":"IF(Items!B13=\"\",\"\",Items!B13)","v":"QUALITY ADJUSTMENTS, FAILED MATERIALS"},"x",100,"109",{"$f":"IF(A13=\"\",\"\",VLOOKUP(A13,Items!$A$8:$AJ$701,34,FALSE))","v":1},{"$f":"IF(A13=\"\",\"\",VLOOKUP(A13,Items!$A$8:$J$701,3,FALSE))","v":"$"},1,{"$f":"IF($A13=\"\",\"\",VLOOKUP($A13,Items!$A$8:$J$701,5,FALSE))","v":1},1,{"$f":"IF($A13=\"\",\"\",VLOOKUP($A13,Items!$A$8:$J$701,7,FALSE))","v":1},1,{"$f":"IF($A13=\"\",\"\",VLOOKUP($A13,Items!$A$8:$J$701,9,FALSE))","v":1},1,{"$f":"IF($A13=\"\",\"\",VLOOKUP($A13,Items!$A$8:$K$701,11,FALSE))","v":1}]
[{"$f":"IF(Items!A14=\"\",\"\",Items!A14)","v":"109-08463"},{"$f":"IF(Items!B14=\"\",\"\",Items!B14)","v":"PROJECT ESTIMATE ADJUSTMENT"},"x",100,"109",{"$f":"IF(A14=\"\",\"\",VLOOKUP(A14,Items!$A$8:$AJ$701,34,FALSE))","v":1},{"$f":"IF(A14=\"\",\"\",VLOOKUP(A14,Items!$A$8:$J$701,3,FALSE))","v":"$"},1,{"$f":"IF($A14=\"\",\"\",VLOOKUP($A14,Items!$A$8:$J$701,5,FALSE))","v":1},1,{"$f":"IF($A14=\"\",\"\",VLOOKUP($A14,Items!$A$8:$J$701,7,FALSE))","v":1},1,{"$f":"IF($A14=\"\",\"\",VLOOKUP($A14,Items!$A$8:$J$701,9,FALSE))","v":1},1,{"$f":"IF($A14=\"\",\"\",VLOOKUP($A14,Items!$A$8:$K$701,11,FALSE))","v":1}]
[{"$f":"IF(Items!A15=\"\",\"\",Items!A15)","v":"109-09377"},{"$f":"IF(Items!B15=\"\",\"\",Items!B15)","v":"QUALITY ADJUSTMENT, PAVEMENT TRAFFIC"},"x",100,"109",{"$f":"IF(A15=\"\",\"\",VLOOKUP(A15,Items!$A$8:$AJ$701,34,FALSE))","v":1},{"$f":"IF(A15=\"\",\"\",VLOOKUP(A15,Items!$A$8:$J$701,3,FALSE))","v":"$"},1,{"$f":"IF($A15=\"\",\"\",VLOOKUP($A15,Items!$A$8:$J$701,5,FALSE))","v":1},1,{"$f":"IF($A15=\"\",\"\",VLOOKUP($A15,Items!$A$8:$J$701,7,FALSE))","v":1},1,{"$f":"IF($A15=\"\",\"\",VLOOKUP($A15,Items!$A$8:$J$701,9,FALSE))","v":1},1,{"$f":"IF($A15=\"\",\"\",VLOOKUP($A15,Items!$A$8:$K$701,11,FALSE))","v":1}]
[{"$f":"IF(Items!A16=\"\",\"\",Items!A16)","v":"109-09489"},{"$f":"IF(Items!B16=\"\",\"\",Items!B16)","v":"PAYMENT ADJUSTMENT, PG ASPHALT BINDER"},"x",100,"109",{"$f":"IF(A16=\"\",\"\",VLOOKUP(A16,Items!$A$8:$AJ$701,34,FALSE))","v":1},{"$f":"IF(A16=\"\",\"\",VLOOKUP(A16,Items!$A$8:$J$701,3,FALSE))","v":"$"},1,{"$f":"IF($A16=\"\",\"\",VLOOKUP($A16,Items!$A$8:$J$701,5,FALSE))","v":1},1,{"$f":"IF($A16=\"\",\"\",VLOOKUP($A16,Items!$A$8:$J$701,7,FALSE))","v":1},1,{"$f":"IF($A16=\"\",\"\",VLOOKUP($A16,Items!$A$8:$J$701,9,FALSE))","v":1},1,{"$f":"IF($A16=\"\",\"\",VLOOKUP($A16,Items!$A$8:$K$701,11,FALSE))","v":1}]
[{"$f":"IF(Items!A17=\"\",\"\",Items!A17)","v":"110-01001"},{"$f":"IF(Items!B17=\"\",\"\",Items!B17)","v":"MOBILIZATION AND DEMOBILIZATION"},"x",100,"110",{"$f":"IF(A17=\"\",\"\",VLOOKUP(A17,Items!$A$8:$AJ$701,34,FALSE))","v":1},{"$f":"IF(A17=\"\",\"\",VLOOKUP(A17,Items!$A$8:$J$701,3,FALSE))","v":"L.S."},532000,{"$f":"IF($A17=\"\",\"\",VLOOKUP($A17,Items!$A$8:$J$701,5,FALSE))","v":532000},518000,{"$f":"IF($A17=\"\",\"\",VLOOKUP($A17,Items!$A$8:$J$701,7,FALSE))","v":518000},528244.17000000004,{"$f":"IF($A17=\"\",\"\",VLOOKUP($A17,Items!$A$8:$J$701,9,FALSE))","v":528244.17000000004},1100000,{"$f":"IF($A17=\"\",\"\",VLOOKUP($A17,Items!$A$8:$K$701,11,FALSE))","v":1100000}]
[{"$f":"IF(Items!A18=\"\",\"\",Items!A18)","v":"201-52370"},{"$f":"IF(Items!B18=\"\",\"\",Items!B18)","v":"CLEARING RIGHT OF WAY"},"x",200,"201",{"$f":"IF(A18=\"\",\"\",VLOOKUP(A18,Items!$A$8:$AJ$701,34,FALSE))","v":1},{"$f":"IF(A18=\"\",\"\",VLOOKUP(A18,Items!$A$8:$J$701,3,FALSE))","v":"L.S."},200000,{"$f":"IF($A18=\"\",\"\",VLOOKUP($A18,Items!$A$8:$J$701,5,FALSE))","v":200000},207000,{"$f":"IF($A18=\"\",\"\",VLOOKUP($A18,Items!$A$8:$J$701,7,FALSE))","v":207000},50000,{"$f":"IF($A18=\"\",\"\",VLOOKUP($A18,Items!$A$8:$J$701,9,FALSE))","v":50000},150000,{"$f":"IF($A18=\"\",\"\",VLOOKUP($A18,Items!$A$8:$K$701,11,FALSE))","v":150000}]
[{"$f":"IF(Items!A19=\"\",\"\",Items!A19)","v":"201-90788"},{"$f":"IF(Items!B19=\"\",\"\",Items!B19)","v":"DEBRIS, REMOVE"},"x",200,"201",{"$f":"IF(A19=\"\",\"\",VLOOKUP(A19,Items!$A$8:$AJ$701,34,FALSE))","v":1},{"$f":"IF(A19=\"\",\"\",VLOOKUP(A19,Items!$A$8:$J$701,3,FALSE))","v":"L.S."},12000,{"$f":"IF($A19=\"\",\"\",VLOOKUP($A19,Items!$A$8:$J$701,5,FALSE))","v":12000},50000,{"$f":"IF($A19=\"\",\"\",VLOOKUP($A19,Items!$A$8:$J$701,7,FALSE))","v":50000},7000,{"$f":"IF($A19=\"\",\"\",VLOOKUP($A19,Items!$A$8:$J$701,9,FALSE))","v":7000},6400,{"$f":"IF($A19=\"\",\"\",VLOOKUP($A19,Items!$A$8:$K$701,11,FALSE))","v":6400}]
[{"$f":"IF(Items!A20=\"\",\"\",Items!A20)","v":"202-01405"},{"$f":"IF(Items!B20=\"\",\"\",Items!B20)","v":"CONTAMINATED SOIL, REMOVE AND DISPOSE"},"x",200,"202",{"$f":"IF(A20=\"\",\"\",VLOOKUP(A20,Items!$A$8:$AJ$701,34,FALSE))","v":20},{"$f":"IF(A20=\"\",\"\",VLOOKUP(A20,Items!$A$8:$J$701,3,FALSE))","v":"C.Y."},200,{"$f":"IF($A20=\"\",\"\",VLOOKUP($A20,Items!$A$8:$J$701,5,FALSE))","v":4000},240.49,{"$f":"IF($A20=\"\",\"\",VLOOKUP($A20,Items!$A$8:$J$701,7,FALSE))","v":4809.8},150.52000000000001,{"$f":"IF($A20=\"\",\"\",VLOOKUP($A20,Items!$A$8:$J$701,9,FALSE))","v":3010.4},150.55000000000001,{"$f":"IF($A20=\"\",\"\",VLOOKUP($A20,Items!$A$8:$K$701,11,FALSE))","v":3011}]
[{"$f":"IF(Items!A21=\"\",\"\",Items!A21)","v":"202-02240"},{"$f":"IF(Items!B21=\"\",\"\",Items!B21)","v":"PAVEMENT, REMOVE"},"x",200,"202",{"$f":"IF(A21=\"\",\"\",VLOOKUP(A21,Items!$A$8:$AJ$701,34,FALSE))","v":28674},{"$f":"IF(A21=\"\",\"\",VLOOKUP(A21,Items!$A$8:$J$701,3,FALSE))","v":"S.Y."},7.5,{"$f":"IF($A21=\"\",\"\",VLOOKUP($A21,Items!$A$8:$J$701,5,FALSE))","v":215055},6.34,{"$f":"IF($A21=\"\",\"\",VLOOKUP($A21,Items!$A$8:$J$701,7,FALSE))","v":181793.16},10,{"$f":"IF($A21=\"\",\"\",VLOOKUP($A21,Items!$A$8:$J$701,9,FALSE))","v":286740},9.3000000000000007,{"$f":"IF($A21=\"\",\"\",VLOOKUP($A21,Items!$A$8:$K$701,11,FALSE))","v":266668.2}]
[{"$f":"IF(Items!A22=\"\",\"\",Items!A22)","v":"202-02271"},{"$f":"IF(Items!B22=\"\",\"\",Items!B22)","v":"HEADWALL, REMOVE"},"x",200,"202",{"$f":"IF(A22=\"\",\"\",VLOOKUP(A22,Items!$A$8:$AJ$701,34,FALSE))","v":16},{"$f":"IF(A22=\"\",\"\",VLOOKUP(A22,Items!$A$8:$J$701,3,FALSE))","v":"EACH"},400,{"$f":"IF($A22=\"\",\"\",VLOOKUP($A22,Items!$A$8:$J$701,5,FALSE))","v":6400},149.19,{"$f":"IF($A22=\"\",\"\",VLOOKUP($A22,Items!$A$8:$J$701,7,FALSE))","v":2387.04},122,{"$f":"IF($A22=\"\",\"\",VLOOKUP($A22,Items!$A$8:$J$701,9,FALSE))","v":1952},120,{"$f":"IF($A22=\"\",\"\",VLOOKUP($A22,Items!$A$8:$K$701,11,FALSE))","v":1920}]
[{"$f":"IF(Items!A23=\"\",\"\",Items!A23)","v":"202-02272"},{"$f":"IF(Items!B23=\"\",\"\",Items!B23)","v":"PAVED SIDE DITCH, REMOVE"},"x",200,"202",{"$f":"IF(A23=\"\",\"\",VLOOKUP(A23,Items!$A$8:$AJ$701,34,FALSE))","v":344},{"$f":"IF(A23=\"\",\"\",VLOOKUP(A23,Items!$A$8:$J$701,3,FALSE))","v":"L.F."},20,{"$f":"IF($A23=\"\",\"\",VLOOKUP($A23,Items!$A$8:$J$701,5,FALSE))","v":6880},11.51,{"$f":"IF($A23=\"\",\"\",VLOOKUP($A23,Items!$A$8:$J$701,7,FALSE))","v":3959.44},5,{"$f":"IF($A23=\"\",\"\",VLOOKUP($A23,Items!$A$8:$J$701,9,FALSE))","v":1720},4.1000000000000005,{"$f":"IF($A23=\"\",\"\",VLOOKUP($A23,Items!$A$8:$K$701,11,FALSE))","v":1410.4}]
[{"$f":"IF(Items!A24=\"\",\"\",Items!A24)","v":"202-02279"},{"$f":"IF(Items!B24=\"\",\"\",Items!B24)","v":"CURB AND GUTTER, REMOVE"},"x",200,"202",{"$f":"IF(A24=\"\",\"\",VLOOKUP(A24,Items!$A$8:$AJ$701,34,FALSE))","v":961},{"$f":"IF(A24=\"\",\"\",VLOOKUP(A24,Items!$A$8:$J$701,3,FALSE))","v":"L.F."},12,{"$f":"IF($A24=\"\",\"\",VLOOKUP($A24,Items!$A$8:$J$701,5,FALSE))","v":11532},3.8400000000000003,{"$f":"IF($A24=\"\",\"\",VLOOKUP($A24,Items!$A$8:$J$701,7,FALSE))","v":3690.2400000000002},3,{"$f":"IF($A24=\"\",\"\",VLOOKUP($A24,Items!$A$8:$J$701,9,FALSE))","v":2883},2.85,{"$f":"IF($A24=\"\",\"\",VLOOKUP($A24,Items!$A$8:$K$701,11,FALSE))","v":2738.85}]
[{"$f":"IF(Items!A25=\"\",\"\",Items!A25)","v":"202-74045"},{"$f":"IF(Items!B25=\"\",\"\",Items!B25)","v":"SIGNS AND SUPPORTS, CHANNEL POSTS, REMOVE"},"x",200,"202",{"$f":"IF(A25=\"\",\"\",VLOOKUP(A25,Items!$A$8:$AJ$701,34,FALSE))","v":74},{"$f":"IF(A25=\"\",\"\",VLOOKUP(A25,Items!$A$8:$J$701,3,FALSE))","v":"EACH"},30,{"$f":"IF($A25=\"\",\"\",VLOOKUP($A25,Items!$A$8:$J$701,5,FALSE))","v":2220},30,{"$f":"IF($A25=\"\",\"\",VLOOKUP($A25,Items!$A$8:$J$701,7,FALSE))","v":2220},30,{"$f":"IF($A25=\"\",\"\",VLOOKUP($A25,Items!$A$8:$J$701,9,FALSE))","v":2220},30,{"$f":"IF($A25=\"\",\"\",VLOOKUP($A25,Items!$A$8:$K$701,11,FALSE))","v":2220}]
[{"$f":"IF(Items!A26=\"\",\"\",Items!A26)","v":"202-74080"},{"$f":"IF(Items!B26=\"\",\"\",Items!B26)","v":"OVERHEAD SIGN STRUCTURE, CANTILEVER, REMOVE"},"x",200,"202",{"$f":"IF(A26=\"\",\"\",VLOOKUP(A26,Items!$A$8:$AJ$701,34,FALSE))","v":2},{"$f":"IF(A26=\"\",\"\",VLOOKUP(A26,Items!$A$8:$J$701,3,FALSE))","v":"EACH"},1600,{"$f":"IF($A26=\"\",\"\",VLOOKUP($A26,Items!$A$8:$J$701,5,FALSE))","v":3200},1600,{"$f":"IF($A26=\"\",\"\",VLOOKUP($A26,Items!$A$8:$J$701,7,FALSE))","v":3200},1600,{"$f":"IF($A26=\"\",\"\",VLOOKUP($A26,Items!$A$8:$J$701,9,FALSE))","v":3200},1600,{"$f":"IF($A26=\"\",\"\",VLOOKUP($A26,Items!$A$8:$K$701,11,FALSE))","v":3200}]
[{"$f":"IF(Items!A27=\"\",\"\",Items!A27)","v":"202-82066"},{"$f":"IF(Items!B27=\"\",\"\",Items!B27)","v":"SIGN CIRCUITRY, CANTILEVERS, REMOVE"},"x",200,"202",{"$f":"IF(A27=\"\",\"\",VLOOKUP(A27,Items!$A$8:$AJ$701,34,FALSE))","v":2},{"$f":"IF(A27=\"\",\"\",VLOOKUP(A27,Items!$A$8:$J$701,3,FALSE))","v":"EACH"},250,{"$f":"IF($A27=\"\",\"\",VLOOKUP($A27,Items!$A$8:$J$701,5,FALSE))","v":500},250,{"$f":"IF($A27=\"\",\"\",VLOOKUP($A27,Items!$A$8:$J$701,7,FALSE))","v":500},250,{"$f":"IF($A27=\"\",\"\",VLOOKUP($A27,Items!$A$8:$J$701,9,FALSE))","v":500},250,{"$f":"IF($A27=\"\",\"\",VLOOKUP($A27,Items!$A$8:$K$701,11,FALSE))","v":500}]
[{"$f":"IF(Items!A28=\"\",\"\",Items!A28)","v":"202-86946"},{"$f":"IF(Items!B28=\"\",\"\",Items!B28)","v":"HANDHOLE, REMOVE"},"x",200,"202",{"$f":"IF(A28=\"\",\"\",VLOOKUP(A28,Items!$A$8:$AJ$701,34,FALSE))","v":3},{"$f":"IF(A28=\"\",\"\",VLOOKUP(A28,Items!$A$8:$J$701,3,FALSE))","v":"EACH"},125,{"$f":"IF($A28=\"\",\"\",VLOOKUP($A28,Items!$A$8:$J$701,5,FALSE))","v":375},125,{"$f":"IF($A28=\"\",\"\",VLOOKUP($A28,Items!$A$8:$J$701,7,FALSE))","v":375},125,{"$f":"IF($A28=\"\",\"\",VLOOKUP($A28,Items!$A$8:$J$701,9,FALSE))","v":375},125,{"$f":"IF($A28=\"\",\"\",VLOOKUP($A28,Items!$A$8:$K$701,11,FALSE))","v":375}]
[{"$f":"IF(Items!A29=\"\",\"\",Items!A29)","v":"202-92222"},{"$f":"IF(Items!B29=\"\",\"\",Items!B29)","v":"TESTING FOR CONTAMINATED MATERIALS, TPH (SOIL"},"x",200,"202",{"$f":"IF(A29=\"\",\"\",VLOOKUP(A29,Items!$A$8:$AJ$701,34,FALSE))","v":5},{"$f":"IF(A29=\"\",\"\",VLOOKUP(A29,Items!$A$8:$J$701,3,FALSE))","v":"EACH"},1000,{"$f":"IF($A29=\"\",\"\",VLOOKUP($A29,Items!$A$8:$J$701,5,FALSE))","v":5000},500,{"$f":"IF($A29=\"\",\"\",VLOOKUP($A29,Items!$A$8:$J$701,7,FALSE))","v":2500},600,{"$f":"IF($A29=\"\",\"\",VLOOKUP($A29,Items!$A$8:$J$701,9,FALSE))","v":3000},750,{"$f":"IF($A29=\"\",\"\",VLOOKUP($A29,Items!$A$8:$K$701,11,FALSE))","v":3750}]
[{"$f":"IF(Items!A30=\"\",\"\",Items!A30)","v":"202-93763"},{"$f":"IF(Items!B30=\"\",\"\",Items!B30)","v":"LIGHT STANDARD AND FOUNDATION,REMOVE"},"x",200,"202",{"$f":"IF(A30=\"\",\"\",VLOOKUP(A30,Items!$A$8:$AJ$701,34,FALSE))","v":8},{"$f":"IF(A30=\"\",\"\",VLOOKUP(A30,Items!$A$8:$J$701,3,FALSE))","v":"EACH"},350,{"$f":"IF($A30=\"\",\"\",VLOOKUP($A30,Items!$A$8:$J$701,5,FALSE))","v":2800},350,{"$f":"IF($A30=\"\",\"\",VLOOKUP($A30,Items!$A$8:$J$701,7,FALSE))","v":2800},350,{"$f":"IF($A30=\"\",\"\",VLOOKUP($A30,Items!$A$8:$J$701,9,FALSE))","v":2800},350,{"$f":"IF($A30=\"\",\"\",VLOOKUP($A30,Items!$A$8:$K$701,11,FALSE))","v":2800}]
[{"$f":"IF(Items!A31=\"\",\"\",Items!A31)","v":"202-95579"},{"$f":"IF(Items!B31=\"\",\"\",Items!B31)","v":"SERVICE POINT, REMOVE"},"x",200,"202",{"$f":"IF(A31=\"\",\"\",VLOOKUP(A31,Items!$A$8:$AJ$701,34,FALSE))","v":2},{"$f":"IF(A31=\"\",\"\",VLOOKUP(A31,Items!$A$8:$J$701,3,FALSE))","v":"EACH"},150,{"$f":"IF($A31=\"\",\"\",VLOOKUP($A31,Items!$A$8:$J$701,5,FALSE))","v":300},150,{"$f":"IF($A31=\"\",\"\",VLOOKUP($A31,Items!$A$8:$J$701,7,FALSE))","v":300},150,{"$f":"IF($A31=\"\",\"\",VLOOKUP($A31,Items!$A$8:$J$701,9,FALSE))","v":300},150,{"$f":"IF($A31=\"\",\"\",VLOOKUP($A31,Items!$A$8:$K$701,11,FALSE))","v":300}]
[{"$f":"IF(Items!A32=\"\",\"\",Items!A32)","v":"202-96035"},{"$f":"IF(Items!B32=\"\",\"\",Items!B32)","v":"CONCRETE WALL, REMOVE"},"x",200,"202",{"$f":"IF(A32=\"\",\"\",VLOOKUP(A32,Items!$A$8:$AJ$701,34,FALSE))","v":20},{"$f":"IF(A32=\"\",\"\",VLOOKUP(A32,Items!$A$8:$J$701,3,FALSE))","v":"L.F."},100,{"$f":"IF($A32=\"\",\"\",VLOOKUP($A32,Items!$A$8:$J$701,5,FALSE))","v":2000},87.28,{"$f":"IF($A32=\"\",\"\",VLOOKUP($A32,Items!$A$8:$J$701,7,FALSE))","v":1745.6000000000001},170,{"$f":"IF($A32=\"\",\"\",VLOOKUP($A32,Items!$A$8:$J$701,9,FALSE))","v":3400},170,{"$f":"IF($A32=\"\",\"\",VLOOKUP($A32,Items!$A$8:$K$701,11,FALSE))","v":3400}]
[{"$f":"IF(Items!A33=\"\",\"\",Items!A33)","v":"202-96133"},{"$f":"IF(Items!B33=\"\",\"\",Items!B33)","v":"PIPE, REMOVE"},"x",200,"202",{"$f":"IF(A33=\"\",\"\",VLOOKUP(A33,Items!$A$8:$AJ$701,34,FALSE))","v":1108},{"$f":"IF(A33=\"\",\"\",VLOOKUP(A33,Items!$A$8:$J$701,3,FALSE))","v":"L.F."},2,{"$f":"IF($A33=\"\",\"\",VLOOKUP($A33,Items!$A$8:$J$701,5,FALSE))","v":2216},8.76,{"$f":"IF($A33=\"\",\"\",VLOOKUP($A33,Items!$A$8:$J$701,7,FALSE))","v":9706.08},13,{"$f":"IF($A33=\"\",\"\",VLOOKUP($A33,Items!$A$8:$J$701,9,FALSE))","v":14404},12.4,{"$f":"IF($A33=\"\",\"\",VLOOKUP($A33,Items!$A$8:$K$701,11,FALSE))","v":13739.2}]
[{"$f":"IF(Items!A34=\"\",\"\",Items!A34)","v":"202-99187"},{"$f":"IF(Items!B34=\"\",\"\",Items!B34)","v":"FENCE, FARM FIELD, REMOVE"},"x",200,"202",{"$f":"IF(A34=\"\",\"\",VLOOKUP(A34,Items!$A$8:$AJ$701,34,FALSE))","v":2579},{"$f":"IF(A34=\"\",\"\",VLOOKUP(A34,Items!$A$8:$J$701,3,FALSE))","v":"L.F."},2.75,{"$f":"IF($A34=\"\",\"\",VLOOKUP($A34,Items!$A$8:$J$701,5,FALSE))","v":7092.25},1.7999999999999998,{"$f":"IF($A34=\"\",\"\",VLOOKUP($A34,Items!$A$8:$J$701,7,FALSE))","v":4642.2},2.75,{"$f":"IF($A34=\"\",\"\",VLOOKUP($A34,Items!$A$8:$J$701,9,FALSE))","v":7092.25},2.75,{"$f":"IF($A34=\"\",\"\",VLOOKUP($A34,Items!$A$8:$K$701,11,FALSE))","v":7092.25}]
[{"$f":"IF(Items!A35=\"\",\"\",Items!A35)","v":"203-02000"},{"$f":"IF(Items!B35=\"\",\"\",Items!B35)","v":"EXCAVATION, COMMON"},"x",200,"203",{"$f":"IF(A35=\"\",\"\",VLOOKUP(A35,Items!$A$8:$AJ$701,34,FALSE))","v":41965},{"$f":"IF(A35=\"\",\"\",VLOOKUP(A35,Items!$A$8:$J$701,3,FALSE))","v":"C.Y."},8,{"$f":"IF($A35=\"\",\"\",VLOOKUP($A35,Items!$A$8:$J$701,5,FALSE))","v":335720},13,{"$f":"IF($A35=\"\",\"\",VLOOKUP($A35,Items!$A$8:$J$701,7,FALSE))","v":545545},12,{"$f":"IF($A35=\"\",\"\",VLOOKUP($A35,Items!$A$8:$J$701,9,FALSE))","v":503580},15,{"$f":"IF($A35=\"\",\"\",VLOOKUP($A35,Items!$A$8:$K$701,11,FALSE))","v":629475}]
[{"$f":"IF(Items!A36=\"\",\"\",Items!A36)","v":"203-02070"},{"$f":"IF(Items!B36=\"\",\"\",Items!B36)","v":"BORROW"},"x",200,"203",{"$f":"IF(A36=\"\",\"\",VLOOKUP(A36,Items!$A$8:$AJ$701,34,FALSE))","v":9115},{"$f":"IF(A36=\"\",\"\",VLOOKUP(A36,Items!$A$8:$J$701,3,FALSE))","v":"C.Y."},0.01,{"$f":"IF($A36=\"\",\"\",VLOOKUP($A36,Items!$A$8:$J$701,5,FALSE))","v":91.15},0.01,{"$f":"IF($A36=\"\",\"\",VLOOKUP($A36,Items!$A$8:$J$701,7,FALSE))","v":91.15},15,{"$f":"IF($A36=\"\",\"\",VLOOKUP($A36,Items!$A$8:$J$701,9,FALSE))","v":136725},0.1,{"$f":"IF($A36=\"\",\"\",VLOOKUP($A36,Items!$A$8:$K$701,11,FALSE))","v":911.5}]
[{"$f":"IF(Items!A37=\"\",\"\",Items!A37)","v":"205-03371"},{"$f":"IF(Items!B37=\"\",\"\",Items!B37)","v":"SEDIMENT REMOVE"},"x",200,"205",{"$f":"IF(A37=\"\",\"\",VLOOKUP(A37,Items!$A$8:$AJ$701,34,FALSE))","v":2051},{"$f":"IF(A37=\"\",\"\",VLOOKUP(A37,Items!$A$8:$J$701,3,FALSE))","v":"C.Y."},10,{"$f":"IF($A37=\"\",\"\",VLOOKUP($A37,Items!$A$8:$J$701,5,FALSE))","v":20510},7.67,{"$f":"IF($A37=\"\",\"\",VLOOKUP($A37,Items!$A$8:$J$701,7,FALSE))","v":15731.17},16,{"$f":"IF($A37=\"\",\"\",VLOOKUP($A37,Items!$A$8:$J$701,9,FALSE))","v":32816},0.1,{"$f":"IF($A37=\"\",\"\",VLOOKUP($A37,Items!$A$8:$K$701,11,FALSE))","v":205.10000000000002}]
[{"$f":"IF(Items!A38=\"\",\"\",Items!A38)","v":"205-06931"},{"$f":"IF(Items!B38=\"\",\"\",Items!B38)","v":"TEMPORARY CHECK DAM, REVETMENT RIPRAP"},"x",200,"205",{"$f":"IF(A38=\"\",\"\",VLOOKUP(A38,Items!$A$8:$AJ$701,34,FALSE))","v":253},{"$f":"IF(A38=\"\",\"\",VLOOKUP(A38,Items!$A$8:$J$701,3,FALSE))","v":"TON"},65,{"$f":"IF($A38=\"\",\"\",VLOOKUP($A38,Items!$A$8:$J$701,5,FALSE))","v":16445},73.69,{"$f":"IF($A38=\"\",\"\",VLOOKUP($A38,Items!$A$8:$J$701,7,FALSE))","v":18643.57},45,{"$f":"IF($A38=\"\",\"\",VLOOKUP($A38,Items!$A$8:$J$701,9,FALSE))","v":11385},52.75,{"$f":"IF($A38=\"\",\"\",VLOOKUP($A38,Items!$A$8:$K$701,11,FALSE))","v":13345.75}]
[{"$f":"IF(Items!A39=\"\",\"\",Items!A39)","v":"205-06932"},{"$f":"IF(Items!B39=\"\",\"\",Items!B39)","v":"TEMPORARY CHECK DAM, STRAW BALES"},"x",200,"205",{"$f":"IF(A39=\"\",\"\",VLOOKUP(A39,Items!$A$8:$AJ$701,34,FALSE))","v":402},{"$f":"IF(A39=\"\",\"\",VLOOKUP(A39,Items!$A$8:$J$701,3,FALSE))","v":"L.F."},15,{"$f":"IF($A39=\"\",\"\",VLOOKUP($A39,Items!$A$8:$J$701,5,FALSE))","v":6030},9.25,{"$f":"IF($A39=\"\",\"\",VLOOKUP($A39,Items!$A$8:$J$701,7,FALSE))","v":3718.5},12,{"$f":"IF($A39=\"\",\"\",VLOOKUP($A39,Items!$A$8:$J$701,9,FALSE))","v":4824},11.75,{"$f":"IF($A39=\"\",\"\",VLOOKUP($A39,Items!$A$8:$K$701,11,FALSE))","v":4723.5}]
[{"$f":"IF(Items!A40=\"\",\"\",Items!A40)","v":"205-06933"},{"$f":"IF(Items!B40=\"\",\"\",Items!B40)","v":"TEMPORARY DITCH INLET PROTECTION"},"x",200,"205",{"$f":"IF(A40=\"\",\"\",VLOOKUP(A40,Items!$A$8:$AJ$701,34,FALSE))","v":7},{"$f":"IF(A40=\"\",\"\",VLOOKUP(A40,Items!$A$8:$J$701,3,FALSE))","v":"EACH"},120,{"$f":"IF($A40=\"\",\"\",VLOOKUP($A40,Items!$A$8:$J$701,5,FALSE))","v":840},85,{"$f":"IF($A40=\"\",\"\",VLOOKUP($A40,Items!$A$8:$J$701,7,FALSE))","v":595},125,{"$f":"IF($A40=\"\",\"\",VLOOKUP($A40,Items!$A$8:$J$701,9,FALSE))","v":875},175,{"$f":"IF($A40=\"\",\"\",VLOOKUP($A40,Items!$A$8:$K$701,11,FALSE))","v":1225}]
[{"$f":"IF(Items!A41=\"\",\"\",Items!A41)","v":"205-06934"},{"$f":"IF(Items!B41=\"\",\"\",Items!B41)","v":"TEMPORARY MULCHING"},"x",200,"205",{"$f":"IF(A41=\"\",\"\",VLOOKUP(A41,Items!$A$8:$AJ$701,34,FALSE))","v":73},{"$f":"IF(A41=\"\",\"\",VLOOKUP(A41,Items!$A$8:$J$701,3,FALSE))","v":"TON"},400,{"$f":"IF($A41=\"\",\"\",VLOOKUP($A41,Items!$A$8:$J$701,5,FALSE))","v":29200},400,{"$f":"IF($A41=\"\",\"\",VLOOKUP($A41,Items!$A$8:$J$701,7,FALSE))","v":29200},345,{"$f":"IF($A41=\"\",\"\",VLOOKUP($A41,Items!$A$8:$J$701,9,FALSE))","v":25185},400,{"$f":"IF($A41=\"\",\"\",VLOOKUP($A41,Items!$A$8:$K$701,11,FALSE))","v":29200}]
[{"$f":"IF(Items!A42=\"\",\"\",Items!A42)","v":"205-06936"},{"$f":"IF(Items!B42=\"\",\"\",Items!B42)","v":"TEMPORARY SEDIMENT TRAP"},"x",200,"205",{"$f":"IF(A42=\"\",\"\",VLOOKUP(A42,Items!$A$8:$AJ$701,34,FALSE))","v":20},{"$f":"IF(A42=\"\",\"\",VLOOKUP(A42,Items!$A$8:$J$701,3,FALSE))","v":"TON"},82,{"$f":"IF($A42=\"\",\"\",VLOOKUP($A42,Items!$A$8:$J$701,5,FALSE))","v":1640},154.11000000000001,{"$f":"IF($A42=\"\",\"\",VLOOKUP($A42,Items!$A$8:$J$701,7,FALSE))","v":3082.2000000000003},65,{"$f":"IF($A42=\"\",\"\",VLOOKUP($A42,Items!$A$8:$J$701,9,FALSE))","v":1300},75.599999999999994,{"$f":"IF($A42=\"\",\"\",VLOOKUP($A42,Items!$A$8:$K$701,11,FALSE))","v":1512}]
[{"$f":"IF(Items!A43=\"\",\"\",Items!A43)","v":"205-06937"},{"$f":"IF(Items!B43=\"\",\"\",Items!B43)","v":"TEMPORARY SILT FENCE"},"x",200,"205",{"$f":"IF(A43=\"\",\"\",VLOOKUP(A43,Items!$A$8:$AJ$701,34,FALSE))","v":18458},{"$f":"IF(A43=\"\",\"\",VLOOKUP(A43,Items!$A$8:$J$701,3,FALSE))","v":"L.F."},1.5,{"$f":"IF($A43=\"\",\"\",VLOOKUP($A43,Items!$A$8:$J$701,5,FALSE))","v":27687},1.9800000000000002,{"$f":"IF($A43=\"\",\"\",VLOOKUP($A43,Items!$A$8:$J$701,7,FALSE))","v":36546.840000000004},1.5,{"$f":"IF($A43=\"\",\"\",VLOOKUP($A43,Items!$A$8:$J$701,9,FALSE))","v":27687},1,{"$f":"IF($A43=\"\",\"\",VLOOKUP($A43,Items!$A$8:$K$701,11,FALSE))","v":18458}]
[{"$f":"IF(Items!A44=\"\",\"\",Items!A44)","v":"205-09543"},{"$f":"IF(Items!B44=\"\",\"\",Items!B44)","v":"NO 2 STONE"},"x",200,"205",{"$f":"IF(A44=\"\",\"\",VLOOKUP(A44,Items!$A$8:$AJ$701,34,FALSE))","v":150},{"$f":"IF(A44=\"\",\"\",VLOOKUP(A44,Items!$A$8:$J$701,3,FALSE))","v":"TON"},55,{"$f":"IF($A44=\"\",\"\",VLOOKUP($A44,Items!$A$8:$J$701,5,FALSE))","v":8250},51.18,{"$f":"IF($A44=\"\",\"\",VLOOKUP($A44,Items!$A$8:$J$701,7,FALSE))","v":7677},30,{"$f":"IF($A44=\"\",\"\",VLOOKUP($A44,Items!$A$8:$J$701,9,FALSE))","v":4500},28.6,{"$f":"IF($A44=\"\",\"\",VLOOKUP($A44,Items!$A$8:$K$701,11,FALSE))","v":4290}]
[{"$f":"IF(Items!A45=\"\",\"\",Items!A45)","v":"207-08263"},{"$f":"IF(Items!B45=\"\",\"\",Items!B45)","v":"SUBGRADE TREATMENT, TYPE IA"},"x",200,"207",{"$f":"IF(A45=\"\",\"\",VLOOKUP(A45,Items!$A$8:$AJ$701,34,FALSE))","v":111762},{"$f":"IF(A45=\"\",\"\",VLOOKUP(A45,Items!$A$8:$J$701,3,FALSE))","v":"S.Y."},5.3549417512213457,{"$f":"IF($A45=\"\",\"\",VLOOKUP($A45,Items!$A$8:$J$701,5,FALSE))","v":598479},5.9880483527495931,{"$f":"IF($A45=\"\",\"\",VLOOKUP($A45,Items!$A$8:$J$701,7,FALSE))","v":669236.26},6.7764436928473009,{"$f":"IF($A45=\"\",\"\",VLOOKUP($A45,Items!$A$8:$J$701,9,FALSE))","v":757348.9},6.592728297632469,{"$f":"IF($A45=\"\",\"\",VLOOKUP($A45,Items!$A$8:$K$701,11,FALSE))","v":736816.5}]
[{"$f":"IF(Items!A46=\"\",\"\",Items!A46)","v":"207-08267"},{"$f":"IF(Items!B46=\"\",\"\",Items!B46)","v":"SUBGRADE TREATMENT, TYPE IIIA"},"x",200,"207",{"$f":"IF(A46=\"\",\"\",VLOOKUP(A46,Items!$A$8:$AJ$701,34,FALSE))","v":5305},{"$f":"IF(A46=\"\",\"\",VLOOKUP(A46,Items!$A$8:$J$701,3,FALSE))","v":"S.Y."},8,{"$f":"IF($A46=\"\",\"\",VLOOKUP($A46,Items!$A$8:$J$701,5,FALSE))","v":42440},12.07,{"$f":"IF($A46=\"\",\"\",VLOOKUP($A46,Items!$A$8:$J$701,7,FALSE))","v":64031.35},9.5,{"$f":"IF($A46=\"\",\"\",VLOOKUP($A46,Items!$A$8:$J$701,9,FALSE))","v":50397.5},18.05,{"$f":"IF($A46=\"\",\"\",VLOOKUP($A46,Items!$A$8:$K$701,11,FALSE))","v":95755.25}]
[{"$f":"IF(Items!A47=\"\",\"\",Items!A47)","v":"211-09264"},{"$f":"IF(Items!B47=\"\",\"\",Items!B47)","v":"STRUCTURE BACKFILL, TYPE 1"},"x",200,"211",{"$f":"IF(A47=\"\",\"\",VLOOKUP(A47,Items!$A$8:$AJ$701,34,FALSE))","v":900},{"$f":"IF(A47=\"\",\"\",VLOOKUP(A47,Items!$A$8:$J$701,3,FALSE))","v":"C.Y."},3,{"$f":"IF($A47=\"\",\"\",VLOOKUP($A47,Items!$A$8:$J$701,5,FALSE))","v":2700},20.63,{"$f":"IF($A47=\"\",\"\",VLOOKUP($A47,Items!$A$8:$J$701,7,FALSE))","v":18567},15,{"$f":"IF($A47=\"\",\"\",VLOOKUP($A47,Items!$A$8:$J$701,9,FALSE))","v":13500},15,{"$f":"IF($A47=\"\",\"\",VLOOKUP($A47,Items!$A$8:$K$701,11,FALSE))","v":13500}]
[{"$f":"IF(Items!A48=\"\",\"\",Items!A48)","v":"211-09265"},{"$f":"IF(Items!B48=\"\",\"\",Items!B48)","v":"STRUCTURE BACKFILL, TYPE 2"},"x",200,"211",{"$f":"IF(A48=\"\",\"\",VLOOKUP(A48,Items!$A$8:$AJ$701,34,FALSE))","v":1251},{"$f":"IF(A48=\"\",\"\",VLOOKUP(A48,Items!$A$8:$J$701,3,FALSE))","v":"C.Y."},25,{"$f":"IF($A48=\"\",\"\",VLOOKUP($A48,Items!$A$8:$J$701,5,FALSE))","v":31275},23.86,{"$f":"IF($A48=\"\",\"\",VLOOKUP($A48,Items!$A$8:$J$701,7,FALSE))","v":29848.86},15,{"$f":"IF($A48=\"\",\"\",VLOOKUP($A48,Items!$A$8:$J$701,9,FALSE))","v":18765},15,{"$f":"IF($A48=\"\",\"\",VLOOKUP($A48,Items!$A$8:$K$701,11,FALSE))","v":18765}]
[{"$f":"IF(Items!A49=\"\",\"\",Items!A49)","v":"213-09269"},{"$f":"IF(Items!B49=\"\",\"\",Items!B49)","v":"FLOWABLE BACKFILL, NON-REMOVEABLE"},"x",200,"213",{"$f":"IF(A49=\"\",\"\",VLOOKUP(A49,Items!$A$8:$AJ$701,34,FALSE))","v":613},{"$f":"IF(A49=\"\",\"\",VLOOKUP(A49,Items!$A$8:$J$701,3,FALSE))","v":"C.Y."},80,{"$f":"IF($A49=\"\",\"\",VLOOKUP($A49,Items!$A$8:$J$701,5,FALSE))","v":49040},90.22,{"$f":"IF($A49=\"\",\"\",VLOOKUP($A49,Items!$A$8:$J$701,7,FALSE))","v":55304.86},90,{"$f":"IF($A49=\"\",\"\",VLOOKUP($A49,Items!$A$8:$J$701,9,FALSE))","v":55170},85.15,{"$f":"IF($A49=\"\",\"\",VLOOKUP($A49,Items!$A$8:$K$701,11,FALSE))","v":52196.950000000004}]
[{"$f":"IF(Items!A50=\"\",\"\",Items!A50)","v":"301-07448"},{"$f":"IF(Items!B50=\"\",\"\",Items!B50)","v":"COMPACTED AGGREGATE, NO. 53, BASE"},"x",300,"301",{"$f":"IF(A50=\"\",\"\",VLOOKUP(A50,Items!$A$8:$AJ$701,34,FALSE))","v":7516},{"$f":"IF(A50=\"\",\"\",VLOOKUP(A50,Items!$A$8:$J$701,3,FALSE))","v":"TON"},17,{"$f":"IF($A50=\"\",\"\",VLOOKUP($A50,Items!$A$8:$J$701,5,FALSE))","v":127772},17.59,{"$f":"IF($A50=\"\",\"\",VLOOKUP($A50,Items!$A$8:$J$701,7,FALSE))","v":132206.44},18,{"$f":"IF($A50=\"\",\"\",VLOOKUP($A50,Items!$A$8:$J$701,9,FALSE))","v":135288},18.5,{"$f":"IF($A50=\"\",\"\",VLOOKUP($A50,Items!$A$8:$K$701,11,FALSE))","v":139046}]
[{"$f":"IF(Items!A51=\"\",\"\",Items!A51)","v":"302-06464"},{"$f":"IF(Items!B51=\"\",\"\",Items!B51)","v":"SUBBASE FOR PCCP"},"x",300,"302",{"$f":"IF(A51=\"\",\"\",VLOOKUP(A51,Items!$A$8:$AJ$701,34,FALSE))","v":24464},{"$f":"IF(A51=\"\",\"\",VLOOKUP(A51,Items!$A$8:$J$701,3,FALSE))","v":"C.Y."},37.5,{"$f":"IF($A51=\"\",\"\",VLOOKUP($A51,Items!$A$8:$J$701,5,FALSE))","v":917400},29.93,{"$f":"IF($A51=\"\",\"\",VLOOKUP($A51,Items!$A$8:$J$701,7,FALSE))","v":732207.52},35,{"$f":"IF($A51=\"\",\"\",VLOOKUP($A51,Items!$A$8:$J$701,9,FALSE))","v":856240},40.75,{"$f":"IF($A51=\"\",\"\",VLOOKUP($A51,Items!$A$8:$K$701,11,FALSE))","v":996908}]
[{"$f":"IF(Items!A52=\"\",\"\",Items!A52)","v":"303-08210"},{"$f":"IF(Items!B52=\"\",\"\",Items!B52)","v":"COMPACTED AGGREGATE NO. 53, TEMPORARY FOR DRI"},"x",300,"303",{"$f":"IF(A52=\"\",\"\",VLOOKUP(A52,Items!$A$8:$AJ$701,34,FALSE))","v":30},{"$f":"IF(A52=\"\",\"\",VLOOKUP(A52,Items!$A$8:$J$701,3,FALSE))","v":"TON"},75,{"$f":"IF($A52=\"\",\"\",VLOOKUP($A52,Items!$A$8:$J$701,5,FALSE))","v":2250},50.620000000000005,{"$f":"IF($A52=\"\",\"\",VLOOKUP($A52,Items!$A$8:$J$701,7,FALSE))","v":1518.6000000000001},50,{"$f":"IF($A52=\"\",\"\",VLOOKUP($A52,Items!$A$8:$J$701,9,FALSE))","v":1500},36.700000000000003,{"$f":"IF($A52=\"\",\"\",VLOOKUP($A52,Items!$A$8:$K$701,11,FALSE))","v":1101}]
[{"$f":"IF(Items!A53=\"\",\"\",Items!A53)","v":"306-08034"},{"$f":"IF(Items!B53=\"\",\"\",Items!B53)","v":"MILLING, ASPHALT, 1 1/2 IN."},"x",300,"306",{"$f":"IF(A53=\"\",\"\",VLOOKUP(A53,Items!$A$8:$AJ$701,34,FALSE))","v":3039},{"$f":"IF(A53=\"\",\"\",VLOOKUP(A53,Items!$A$8:$J$701,3,FALSE))","v":"S.Y."},3,{"$f":"IF($A53=\"\",\"\",VLOOKUP($A53,Items!$A$8:$J$701,5,FALSE))","v":9117},1.1100000000000001,{"$f":"IF($A53=\"\",\"\",VLOOKUP($A53,Items!$A$8:$J$701,7,FALSE))","v":3373.29},8,{"$f":"IF($A53=\"\",\"\",VLOOKUP($A53,Items!$A$8:$J$701,9,FALSE))","v":24312},2.65,{"$f":"IF($A53=\"\",\"\",VLOOKUP($A53,Items!$A$8:$K$701,11,FALSE))","v":8053.35}]
[{"$f":"IF(Items!A54=\"\",\"\",Items!A54)","v":"402-07784"},{"$f":"IF(Items!B54=\"\",\"\",Items!B54)","v":"HMA SURFACE, TYPE D"},"x",400,"402",{"$f":"IF(A54=\"\",\"\",VLOOKUP(A54,Items!$A$8:$AJ$701,34,FALSE))","v":268},{"$f":"IF(A54=\"\",\"\",VLOOKUP(A54,Items!$A$8:$J$701,3,FALSE))","v":"TON"},87.75,{"$f":"IF($A54=\"\",\"\",VLOOKUP($A54,Items!$A$8:$J$701,5,FALSE))","v":23517},87.75,{"$f":"IF($A54=\"\",\"\",VLOOKUP($A54,Items!$A$8:$J$701,7,FALSE))","v":23517},125,{"$f":"IF($A54=\"\",\"\",VLOOKUP($A54,Items!$A$8:$J$701,9,FALSE))","v":33500},97.5,{"$f":"IF($A54=\"\",\"\",VLOOKUP($A54,Items!$A$8:$K$701,11,FALSE))","v":26130}]
[{"$f":"IF(Items!A55=\"\",\"\",Items!A55)","v":"402-07785"},{"$f":"IF(Items!B55=\"\",\"\",Items!B55)","v":"HMA INTERMEDIATE, TYPE D"},"x",400,"402",{"$f":"IF(A55=\"\",\"\",VLOOKUP(A55,Items!$A$8:$AJ$701,34,FALSE))","v":67},{"$f":"IF(A55=\"\",\"\",VLOOKUP(A55,Items!$A$8:$J$701,3,FALSE))","v":"TON"},89.85,{"$f":"IF($A55=\"\",\"\",VLOOKUP($A55,Items!$A$8:$J$701,5,FALSE))","v":6019.95},89.85,{"$f":"IF($A55=\"\",\"\",VLOOKUP($A55,Items!$A$8:$J$701,7,FALSE))","v":6019.95},100,{"$f":"IF($A55=\"\",\"\",VLOOKUP($A55,Items!$A$8:$J$701,9,FALSE))","v":6700},94.5,{"$f":"IF($A55=\"\",\"\",VLOOKUP($A55,Items!$A$8:$K$701,11,FALSE))","v":6331.5}]
[{"$f":"IF(Items!A56=\"\",\"\",Items!A56)","v":"402-10083"},{"$f":"IF(Items!B56=\"\",\"\",Items!B56)","v":"HMA FOR TEMPORARY PAVEMENT, A"},"x",400,"402",{"$f":"IF(A56=\"\",\"\",VLOOKUP(A56,Items!$A$8:$AJ$701,34,FALSE))","v":2241},{"$f":"IF(A56=\"\",\"\",VLOOKUP(A56,Items!$A$8:$J$701,3,FALSE))","v":"TON"},68.84,{"$f":"IF($A56=\"\",\"\",VLOOKUP($A56,Items!$A$8:$J$701,5,FALSE))","v":154270.44},68.84,{"$f":"IF($A56=\"\",\"\",VLOOKUP($A56,Items!$A$8:$J$701,7,FALSE))","v":154270.44},85,{"$f":"IF($A56=\"\",\"\",VLOOKUP($A56,Items!$A$8:$J$701,9,FALSE))","v":190485},96.5,{"$f":"IF($A56=\"\",\"\",VLOOKUP($A56,Items!$A$8:$K$701,11,FALSE))","v":216256.5}]
[{"$f":"IF(Items!A57=\"\",\"\",Items!A57)","v":"406-05520"},{"$f":"IF(Items!B57=\"\",\"\",Items!B57)","v":"ASPHALT MATERIAL FOR TACK COAT"},"x",400,"406",{"$f":"IF(A57=\"\",\"\",VLOOKUP(A57,Items!$A$8:$AJ$701,34,FALSE))","v":6},{"$f":"IF(A57=\"\",\"\",VLOOKUP(A57,Items!$A$8:$J$701,3,FALSE))","v":"TON"},600,{"$f":"IF($A57=\"\",\"\",VLOOKUP($A57,Items!$A$8:$J$701,5,FALSE))","v":3600},600,{"$f":"IF($A57=\"\",\"\",VLOOKUP($A57,Items!$A$8:$J$701,7,FALSE))","v":3600},100,{"$f":"IF($A57=\"\",\"\",VLOOKUP($A57,Items!$A$8:$J$701,9,FALSE))","v":600},1,{"$f":"IF($A57=\"\",\"\",VLOOKUP($A57,Items!$A$8:$K$701,11,FALSE))","v":6}]
[{"$f":"IF(Items!A58=\"\",\"\",Items!A58)","v":"501-06321"},{"$f":"IF(Items!B58=\"\",\"\",Items!B58)","v":"QC/QA PCCP, 10 IN."},"x",500,"501",{"$f":"IF(A58=\"\",\"\",VLOOKUP(A58,Items!$A$8:$AJ$701,34,FALSE))","v":93599},{"$f":"IF(A58=\"\",\"\",VLOOKUP(A58,Items!$A$8:$J$701,3,FALSE))","v":"S.Y."},33.9,{"$f":"IF($A58=\"\",\"\",VLOOKUP($A58,Items!$A$8:$J$701,5,FALSE))","v":3173006.1},33.090000000000003,{"$f":"IF($A58=\"\",\"\",VLOOKUP($A58,Items!$A$8:$J$701,7,FALSE))","v":3097190.91},36,{"$f":"IF($A58=\"\",\"\",VLOOKUP($A58,Items!$A$8:$J$701,9,FALSE))","v":3369564},38,{"$f":"IF($A58=\"\",\"\",VLOOKUP($A58,Items!$A$8:$K$701,11,FALSE))","v":3556762}]
[{"$f":"IF(Items!A59=\"\",\"\",Items!A59)","v":"503-05240"},{"$f":"IF(Items!B59=\"\",\"\",Items!B59)","v":"D-1 CONTRACTION JOINT"},"x",500,"503",{"$f":"IF(A59=\"\",\"\",VLOOKUP(A59,Items!$A$8:$AJ$701,34,FALSE))","v":53189},{"$f":"IF(A59=\"\",\"\",VLOOKUP(A59,Items!$A$8:$J$701,3,FALSE))","v":"L.F."},9,{"$f":"IF($A59=\"\",\"\",VLOOKUP($A59,Items!$A$8:$J$701,5,FALSE))","v":478701},10.25,{"$f":"IF($A59=\"\",\"\",VLOOKUP($A59,Items!$A$8:$J$701,7,FALSE))","v":545187.25},8,{"$f":"IF($A59=\"\",\"\",VLOOKUP($A59,Items!$A$8:$J$701,9,FALSE))","v":425512},11.05,{"$f":"IF($A59=\"\",\"\",VLOOKUP($A59,Items!$A$8:$K$701,11,FALSE))","v":587738.45000000007}]
[{"$f":"IF(Items!A60=\"\",\"\",Items!A60)","v":"601-01522"},{"$f":"IF(Items!B60=\"\",\"\",Items!B60)","v":"GUARDRAIL TRANSITION TYPE TGB"},"x",600,"601",{"$f":"IF(A60=\"\",\"\",VLOOKUP(A60,Items!$A$8:$AJ$701,34,FALSE))","v":2},{"$f":"IF(A60=\"\",\"\",VLOOKUP(A60,Items!$A$8:$J$701,3,FALSE))","v":"EACH"},2100,{"$f":"IF($A60=\"\",\"\",VLOOKUP($A60,Items!$A$8:$J$701,5,FALSE))","v":4200},1900,{"$f":"IF($A60=\"\",\"\",VLOOKUP($A60,Items!$A$8:$J$701,7,FALSE))","v":3800},2100,{"$f":"IF($A60=\"\",\"\",VLOOKUP($A60,Items!$A$8:$J$701,9,FALSE))","v":4200},2100,{"$f":"IF($A60=\"\",\"\",VLOOKUP($A60,Items!$A$8:$K$701,11,FALSE))","v":4200}]
[{"$f":"IF(Items!A61=\"\",\"\",Items!A61)","v":"601-01701"},{"$f":"IF(Items!B61=\"\",\"\",Items!B61)","v":"GUARDRAIL TERMINAL SYSTEM, W BEAM, CURVED, 2"},"x",600,"601",{"$f":"IF(A61=\"\",\"\",VLOOKUP(A61,Items!$A$8:$AJ$701,34,FALSE))","v":2},{"$f":"IF(A61=\"\",\"\",VLOOKUP(A61,Items!$A$8:$J$701,3,FALSE))","v":"EACH"},1865,{"$f":"IF($A61=\"\",\"\",VLOOKUP($A61,Items!$A$8:$J$701,5,FALSE))","v":3730},1800,{"$f":"IF($A61=\"\",\"\",VLOOKUP($A61,Items!$A$8:$J$701,7,FALSE))","v":3600},1865,{"$f":"IF($A61=\"\",\"\",VLOOKUP($A61,Items!$A$8:$J$701,9,FALSE))","v":3730},1865,{"$f":"IF($A61=\"\",\"\",VLOOKUP($A61,Items!$A$8:$K$701,11,FALSE))","v":3730}]
[{"$f":"IF(Items!A62=\"\",\"\",Items!A62)","v":"601-01848"},{"$f":"IF(Items!B62=\"\",\"\",Items!B62)","v":"GUARDRAIL TERMINAL SYSTEM, W-BEAM, CURVED, 5"},"x",600,"601",{"$f":"IF(A62=\"\",\"\",VLOOKUP(A62,Items!$A$8:$AJ$701,34,FALSE))","v":1},{"$f":"IF(A62=\"\",\"\",VLOOKUP(A62,Items!$A$8:$J$701,3,FALSE))","v":"EACH"},2065,{"$f":"IF($A62=\"\",\"\",VLOOKUP($A62,Items!$A$8:$J$701,5,FALSE))","v":2065},1800,{"$f":"IF($A62=\"\",\"\",VLOOKUP($A62,Items!$A$8:$J$701,7,FALSE))","v":1800},2065,{"$f":"IF($A62=\"\",\"\",VLOOKUP($A62,Items!$A$8:$J$701,9,FALSE))","v":2065},2065,{"$f":"IF($A62=\"\",\"\",VLOOKUP($A62,Items!$A$8:$K$701,11,FALSE))","v":2065}]
[{"$f":"IF(Items!A63=\"\",\"\",Items!A63)","v":"601-02241"},{"$f":"IF(Items!B63=\"\",\"\",Items!B63)","v":"GUARDRAIL, REMOVE"},"x",600,"601",{"$f":"IF(A63=\"\",\"\",VLOOKUP(A63,Items!$A$8:$AJ$701,34,FALSE))","v":1325},{"$f":"IF(A63=\"\",\"\",VLOOKUP(A63,Items!$A$8:$J$701,3,FALSE))","v":"L.F."},4.5,{"$f":"IF($A63=\"\",\"\",VLOOKUP($A63,Items!$A$8:$J$701,5,FALSE))","v":5962.5},4,{"$f":"IF($A63=\"\",\"\",VLOOKUP($A63,Items!$A$8:$J$701,7,FALSE))","v":5300},4.5,{"$f":"IF($A63=\"\",\"\",VLOOKUP($A63,Items!$A$8:$J$701,9,FALSE))","v":5962.5},4.5,{"$f":"IF($A63=\"\",\"\",VLOOKUP($A63,Items!$A$8:$K$701,11,FALSE))","v":5962.5}]
[{"$f":"IF(Items!A64=\"\",\"\",Items!A64)","v":"601-05071"},{"$f":"IF(Items!B64=\"\",\"\",Items!B64)","v":"GUARDRAIL TERMINAL SYSTEM, W-BEAM, CURVED, 7"},"x",600,"601",{"$f":"IF(A64=\"\",\"\",VLOOKUP(A64,Items!$A$8:$AJ$701,34,FALSE))","v":1},{"$f":"IF(A64=\"\",\"\",VLOOKUP(A64,Items!$A$8:$J$701,3,FALSE))","v":"EACH"},2500,{"$f":"IF($A64=\"\",\"\",VLOOKUP($A64,Items!$A$8:$J$701,5,FALSE))","v":2500},1800,{"$f":"IF($A64=\"\",\"\",VLOOKUP($A64,Items!$A$8:$J$701,7,FALSE))","v":1800},2500,{"$f":"IF($A64=\"\",\"\",VLOOKUP($A64,Items!$A$8:$J$701,9,FALSE))","v":2500},2500,{"$f":"IF($A64=\"\",\"\",VLOOKUP($A64,Items!$A$8:$K$701,11,FALSE))","v":2500}]
[{"$f":"IF(Items!A65=\"\",\"\",Items!A65)","v":"601-06854"},{"$f":"IF(Items!B65=\"\",\"\",Items!B65)","v":"GUARDRAIL, W-BEAM, NESTED"},"x",600,"601",{"$f":"IF(A65=\"\",\"\",VLOOKUP(A65,Items!$A$8:$AJ$701,34,FALSE))","v":5},{"$f":"IF(A65=\"\",\"\",VLOOKUP(A65,Items!$A$8:$J$701,3,FALSE))","v":"EACH"},2800,{"$f":"IF($A65=\"\",\"\",VLOOKUP($A65,Items!$A$8:$J$701,5,FALSE))","v":14000},2300,{"$f":"IF($A65=\"\",\"\",VLOOKUP($A65,Items!$A$8:$J$701,7,FALSE))","v":11500},2800,{"$f":"IF($A65=\"\",\"\",VLOOKUP($A65,Items!$A$8:$J$701,9,FALSE))","v":14000},2800,{"$f":"IF($A65=\"\",\"\",VLOOKUP($A65,Items!$A$8:$K$701,11,FALSE))","v":14000}]
[{"$f":"IF(Items!A66=\"\",\"\",Items!A66)","v":"601-08433"},{"$f":"IF(Items!B66=\"\",\"\",Items!B66)","v":"GUARDRAIL END TREATMENT, TYPE OS, SPARE PARTS"},"x",600,"601",{"$f":"IF(A66=\"\",\"\",VLOOKUP(A66,Items!$A$8:$AJ$701,34,FALSE))","v":1},{"$f":"IF(A66=\"\",\"\",VLOOKUP(A66,Items!$A$8:$J$701,3,FALSE))","v":"EACH"},610,{"$f":"IF($A66=\"\",\"\",VLOOKUP($A66,Items!$A$8:$J$701,5,FALSE))","v":610},1200,{"$f":"IF($A66=\"\",\"\",VLOOKUP($A66,Items!$A$8:$J$701,7,FALSE))","v":1200},610,{"$f":"IF($A66=\"\",\"\",VLOOKUP($A66,Items!$A$8:$J$701,9,FALSE))","v":610},610,{"$f":"IF($A66=\"\",\"\",VLOOKUP($A66,Items!$A$8:$K$701,11,FALSE))","v":610}]
[{"$f":"IF(Items!A67=\"\",\"\",Items!A67)","v":"601-08434"},{"$f":"IF(Items!B67=\"\",\"\",Items!B67)","v":"GUARDRAIL END TREATMENT, TYPE OS, SPARE PARTS"},"x",600,"601",{"$f":"IF(A67=\"\",\"\",VLOOKUP(A67,Items!$A$8:$AJ$701,34,FALSE))","v":1},{"$f":"IF(A67=\"\",\"\",VLOOKUP(A67,Items!$A$8:$J$701,3,FALSE))","v":"EACH"},110,{"$f":"IF($A67=\"\",\"\",VLOOKUP($A67,Items!$A$8:$J$701,5,FALSE))","v":110},1400,{"$f":"IF($A67=\"\",\"\",VLOOKUP($A67,Items!$A$8:$J$701,7,FALSE))","v":1400},110,{"$f":"IF($A67=\"\",\"\",VLOOKUP($A67,Items!$A$8:$J$701,9,FALSE))","v":110},110,{"$f":"IF($A67=\"\",\"\",VLOOKUP($A67,Items!$A$8:$K$701,11,FALSE))","v":110}]
[{"$f":"IF(Items!A68=\"\",\"\",Items!A68)","v":"601-09149"},{"$f":"IF(Items!B68=\"\",\"\",Items!B68)","v":"IMPACT ATTENUATOR, CR1, W1, TL-3"},"x",600,"601",{"$f":"IF(A68=\"\",\"\",VLOOKUP(A68,Items!$A$8:$AJ$701,34,FALSE))","v":2},{"$f":"IF(A68=\"\",\"\",VLOOKUP(A68,Items!$A$8:$J$701,3,FALSE))","v":"EACH"},33300,{"$f":"IF($A68=\"\",\"\",VLOOKUP($A68,Items!$A$8:$J$701,5,FALSE))","v":66600},25500,{"$f":"IF($A68=\"\",\"\",VLOOKUP($A68,Items!$A$8:$J$701,7,FALSE))","v":51000},33300,{"$f":"IF($A68=\"\",\"\",VLOOKUP($A68,Items!$A$8:$J$701,9,FALSE))","v":66600},33000,{"$f":"IF($A68=\"\",\"\",VLOOKUP($A68,Items!$A$8:$K$701,11,FALSE))","v":66000}]
[{"$f":"IF(Items!A69=\"\",\"\",Items!A69)","v":"601-94689"},{"$f":"IF(Items!B69=\"\",\"\",Items!B69)","v":"GUARDRAIL END TREATMENT, OS"},"x",600,"601",{"$f":"IF(A69=\"\",\"\",VLOOKUP(A69,Items!$A$8:$AJ$701,34,FALSE))","v":15},{"$f":"IF(A69=\"\",\"\",VLOOKUP(A69,Items!$A$8:$J$701,3,FALSE))","v":"EACH"},2635,{"$f":"IF($A69=\"\",\"\",VLOOKUP($A69,Items!$A$8:$J$701,5,FALSE))","v":39525},2700,{"$f":"IF($A69=\"\",\"\",VLOOKUP($A69,Items!$A$8:$J$701,7,FALSE))","v":40500},2635,{"$f":"IF($A69=\"\",\"\",VLOOKUP($A69,Items!$A$8:$J$701,9,FALSE))","v":39525},2635,{"$f":"IF($A69=\"\",\"\",VLOOKUP($A69,Items!$A$8:$K$701,11,FALSE))","v":39525}]
[{"$f":"IF(Items!A70=\"\",\"\",Items!A70)","v":"601-99105"},{"$f":"IF(Items!B70=\"\",\"\",Items!B70)","v":"GUARDRAIL, W BEAM, 6 FT. 3 IN. SPACING"},"x",600,"601",{"$f":"IF(A70=\"\",\"\",VLOOKUP(A70,Items!$A$8:$AJ$701,34,FALSE))","v":3583},{"$f":"IF(A70=\"\",\"\",VLOOKUP(A70,Items!$A$8:$J$701,3,FALSE))","v":"L.F."},18.75,{"$f":"IF($A70=\"\",\"\",VLOOKUP($A70,Items!$A$8:$J$701,5,FALSE))","v":67181.25},18,{"$f":"IF($A70=\"\",\"\",VLOOKUP($A70,Items!$A$8:$J$701,7,FALSE))","v":64494},18.75,{"$f":"IF($A70=\"\",\"\",VLOOKUP($A70,Items!$A$8:$J$701,9,FALSE))","v":67181.25},18.75,{"$f":"IF($A70=\"\",\"\",VLOOKUP($A70,Items!$A$8:$K$701,11,FALSE))","v":67181.25}]
[{"$f":"IF(Items!A71=\"\",\"\",Items!A71)","v":"601-99123"},{"$f":"IF(Items!B71=\"\",\"\",Items!B71)","v":"GUARDRAIL TRANSITION, GP"},"x",600,"601",{"$f":"IF(A71=\"\",\"\",VLOOKUP(A71,Items!$A$8:$AJ$701,34,FALSE))","v":4},{"$f":"IF(A71=\"\",\"\",VLOOKUP(A71,Items!$A$8:$J$701,3,FALSE))","v":"EACH"},3100,{"$f":"IF($A71=\"\",\"\",VLOOKUP($A71,Items!$A$8:$J$701,5,FALSE))","v":12400},2400,{"$f":"IF($A71=\"\",\"\",VLOOKUP($A71,Items!$A$8:$J$701,7,FALSE))","v":9600},3100,{"$f":"IF($A71=\"\",\"\",VLOOKUP($A71,Items!$A$8:$J$701,9,FALSE))","v":12400},3100,{"$f":"IF($A71=\"\",\"\",VLOOKUP($A71,Items!$A$8:$K$701,11,FALSE))","v":12400}]
[{"$f":"IF(Items!A72=\"\",\"\",Items!A72)","v":"603-06040"},{"$f":"IF(Items!B72=\"\",\"\",Items!B72)","v":"FENCE, FARM FIELD, 47 IN."},"x",600,"603",{"$f":"IF(A72=\"\",\"\",VLOOKUP(A72,Items!$A$8:$AJ$701,34,FALSE))","v":2579},{"$f":"IF(A72=\"\",\"\",VLOOKUP(A72,Items!$A$8:$J$701,3,FALSE))","v":"L.F."},7.25,{"$f":"IF($A72=\"\",\"\",VLOOKUP($A72,Items!$A$8:$J$701,5,FALSE))","v":18697.75},5.1000000000000005,{"$f":"IF($A72=\"\",\"\",VLOOKUP($A72,Items!$A$8:$J$701,7,FALSE))","v":13152.900000000001},7.25,{"$f":"IF($A72=\"\",\"\",VLOOKUP($A72,Items!$A$8:$J$701,9,FALSE))","v":18697.75},7.25,{"$f":"IF($A72=\"\",\"\",VLOOKUP($A72,Items!$A$8:$K$701,11,FALSE))","v":18697.75}]
[{"$f":"IF(Items!A73=\"\",\"\",Items!A73)","v":"605-06090"},{"$f":"IF(Items!B73=\"\",\"\",Items!B73)","v":"CURB, INTEGRAL, CONCRETE"},{"$f":"IF(A73=\"\",\"\",\"x\")","v":"x"},{"$f":"IF(A73=\"\",\"\",LEFT(A73,1)*100)","v":600},{"$f":"IF(A73=\"\",\"\",LEFT(A73,3))","v":"605"},{"$f":"IF(A73=\"\",\"\",VLOOKUP(A73,Items!$A$8:$AJ$701,34,FALSE))","v":217},{"$f":"IF(A73=\"\",\"\",VLOOKUP(A73,Items!$A$8:$J$701,3,FALSE))","v":"L.F."},{"$f":"IF(OR($F73=\"\",$F73=0),\"\",I73/$F73)","v":14},{"$f":"IF($A73=\"\",\"\",VLOOKUP($A73,Items!$A$8:$J$701,5,FALSE))","v":3038},{"$f":"IF(OR($F73=\"\",$F73=0),\"\",K73/$F73)","v":11.71},{"$f":"IF($A73=\"\",\"\",VLOOKUP($A73,Items!$A$8:$J$701,7,FALSE))","v":2541.0700000000002},{"$f":"IF(OR($F73=\"\",$F73=0),\"\",M73/$F73)","v":12},{"$f":"IF($A73=\"\",\"\",VLOOKUP($A73,Items!$A$8:$J$701,9,FALSE))","v":2604},{"$f":"IF(OR($F73=\"\",$F73=0),\"\",O73/$F73)","v":34.4},{"$f":"IF($A73=\"\",\"\",VLOOKUP($A73,Items!$A$8:$K$701,11,FALSE))","v":7464.8}]
[{"$f":"IF(Items!A74=\"\",\"\",Items!A74)","v":"605-06121"},{"$f":"IF(Items!B74=\"\",\"\",Items!B74)","v":"CURB, CONCRETE, B"},"x",600,"605",{"$f":"IF(A74=\"\",\"\",VLOOKUP(A74,Items!$A$8:$AJ$701,34,FALSE))","v":1442},{"$f":"IF(A74=\"\",\"\",VLOOKUP(A74,Items!$A$8:$J$701,3,FALSE))","v":"L.F."},15,{"$f":"IF($A74=\"\",\"\",VLOOKUP($A74,Items!$A$8:$J$701,5,FALSE))","v":21630},8.370000000000001,{"$f":"IF($A74=\"\",\"\",VLOOKUP($A74,Items!$A$8:$J$701,7,FALSE))","v":12069.54},16.5,{"$f":"IF($A74=\"\",\"\",VLOOKUP($A74,Items!$A$8:$J$701,9,FALSE))","v":23793},17.900000000000002,{"$f":"IF($A74=\"\",\"\",VLOOKUP($A74,Items!$A$8:$K$701,11,FALSE))","v":25811.800000000003}]
[{"$f":"IF(Items!A75=\"\",\"\",Items!A75)","v":"605-06140"},{"$f":"IF(Items!B75=\"\",\"\",Items!B75)","v":"CURB AND GUTTER, CONCRETE"},"x",600,"605",{"$f":"IF(A75=\"\",\"\",VLOOKUP(A75,Items!$A$8:$AJ$701,34,FALSE))","v":42},{"$f":"IF(A75=\"\",\"\",VLOOKUP(A75,Items!$A$8:$J$701,3,FALSE))","v":"L.F."},21,{"$f":"IF($A75=\"\",\"\",VLOOKUP($A75,Items!$A$8:$J$701,5,FALSE))","v":882},26.69,{"$f":"IF($A75=\"\",\"\",VLOOKUP($A75,Items!$A$8:$J$701,7,FALSE))","v":1120.98},50,{"$f":"IF($A75=\"\",\"\",VLOOKUP($A75,Items!$A$8:$J$701,9,FALSE))","v":2100},37.300000000000004,{"$f":"IF($A75=\"\",\"\",VLOOKUP($A75,Items!$A$8:$K$701,11,FALSE))","v":1566.6000000000001}]
[{"$f":"IF(Items!A76=\"\",\"\",Items!A76)","v":"605-06145"},{"$f":"IF(Items!B76=\"\",\"\",Items!B76)","v":"CURB AND GUTTER, B, CONCRETE"},"x",600,"605",{"$f":"IF(A76=\"\",\"\",VLOOKUP(A76,Items!$A$8:$AJ$701,34,FALSE))","v":177},{"$f":"IF(A76=\"\",\"\",VLOOKUP(A76,Items!$A$8:$J$701,3,FALSE))","v":"L.F."},20,{"$f":"IF($A76=\"\",\"\",VLOOKUP($A76,Items!$A$8:$J$701,5,FALSE))","v":3540},20.590000000000003,{"$f":"IF($A76=\"\",\"\",VLOOKUP($A76,Items!$A$8:$J$701,7,FALSE))","v":3644.4300000000003},30,{"$f":"IF($A76=\"\",\"\",VLOOKUP($A76,Items!$A$8:$J$701,9,FALSE))","v":5310},32.75,{"$f":"IF($A76=\"\",\"\",VLOOKUP($A76,Items!$A$8:$K$701,11,FALSE))","v":5796.75}]
[{"$f":"IF(Items!A77=\"\",\"\",Items!A77)","v":"605-06245"},{"$f":"IF(Items!B77=\"\",\"\",Items!B77)","v":"CENTER CURB, B, CONCRETE"},"x",600,"605",{"$f":"IF(A77=\"\",\"\",VLOOKUP(A77,Items!$A$8:$AJ$701,34,FALSE))","v":4255},{"$f":"IF(A77=\"\",\"\",VLOOKUP(A77,Items!$A$8:$J$701,3,FALSE))","v":"S.Y."},36,{"$f":"IF($A77=\"\",\"\",VLOOKUP($A77,Items!$A$8:$J$701,5,FALSE))","v":153180},51.8,{"$f":"IF($A77=\"\",\"\",VLOOKUP($A77,Items!$A$8:$J$701,7,FALSE))","v":220409},50,{"$f":"IF($A77=\"\",\"\",VLOOKUP($A77,Items!$A$8:$J$701,9,FALSE))","v":212750},52.75,{"$f":"IF($A77=\"\",\"\",VLOOKUP($A77,Items!$A$8:$K$701,11,FALSE))","v":224451.25}]
[{"$f":"IF(Items!A78=\"\",\"\",Items!A78)","v":"610-07487"},{"$f":"IF(Items!B78=\"\",\"\",Items!B78)","v":"HMA FOR APPROACHES, TYPE B"},"x",600,"610",{"$f":"IF(A78=\"\",\"\",VLOOKUP(A78,Items!$A$8:$AJ$701,34,FALSE))","v":1776},{"$f":"IF(A78=\"\",\"\",VLOOKUP(A78,Items!$A$8:$J$701,3,FALSE))","v":"TON"},73.5,{"$f":"IF($A78=\"\",\"\",VLOOKUP($A78,Items!$A$8:$J$701,5,FALSE))","v":130536},73.5,{"$f":"IF($A78=\"\",\"\",VLOOKUP($A78,Items!$A$8:$J$701,7,FALSE))","v":130536},84,{"$f":"IF($A78=\"\",\"\",VLOOKUP($A78,Items!$A$8:$J$701,9,FALSE))","v":149184},83,{"$f":"IF($A78=\"\",\"\",VLOOKUP($A78,Items!$A$8:$K$701,11,FALSE))","v":147408}]
[{"$f":"IF(Items!A79=\"\",\"\",Items!A79)","v":"610-09108"},{"$f":"IF(Items!B79=\"\",\"\",Items!B79)","v":"PCCP FOR APPROACHES, 9 IN."},"x",600,"610",{"$f":"IF(A79=\"\",\"\",VLOOKUP(A79,Items!$A$8:$AJ$701,34,FALSE))","v":2088},{"$f":"IF(A79=\"\",\"\",VLOOKUP(A79,Items!$A$8:$J$701,3,FALSE))","v":"S.Y."},55,{"$f":"IF($A79=\"\",\"\",VLOOKUP($A79,Items!$A$8:$J$701,5,FALSE))","v":114840},45.43,{"$f":"IF($A79=\"\",\"\",VLOOKUP($A79,Items!$A$8:$J$701,7,FALSE))","v":94857.84},45,{"$f":"IF($A79=\"\",\"\",VLOOKUP($A79,Items!$A$8:$J$701,9,FALSE))","v":93960},59.5,{"$f":"IF($A79=\"\",\"\",VLOOKUP($A79,Items!$A$8:$K$701,11,FALSE))","v":124236}]
[{"$f":"IF(Items!A80=\"\",\"\",Items!A80)","v":"611-06497"},{"$f":"IF(Items!B80=\"\",\"\",Items!B80)","v":"MAILBOX ASSEMBLY, SINGLE"},"x",600,"611",{"$f":"IF(A80=\"\",\"\",VLOOKUP(A80,Items!$A$8:$AJ$701,34,FALSE))","v":2},{"$f":"IF(A80=\"\",\"\",VLOOKUP(A80,Items!$A$8:$J$701,3,FALSE))","v":"EACH"},215,{"$f":"IF($A80=\"\",\"\",VLOOKUP($A80,Items!$A$8:$J$701,5,FALSE))","v":430},150,{"$f":"IF($A80=\"\",\"\",VLOOKUP($A80,Items!$A$8:$J$701,7,FALSE))","v":300},215,{"$f":"IF($A80=\"\",\"\",VLOOKUP($A80,Items!$A$8:$J$701,9,FALSE))","v":430},215,{"$f":"IF($A80=\"\",\"\",VLOOKUP($A80,Items!$A$8:$K$701,11,FALSE))","v":430}]
[{"$f":"IF(Items!A81=\"\",\"\",Items!A81)","v":"611-06498"},{"$f":"IF(Items!B81=\"\",\"\",Items!B81)","v":"MAILBOX ASSEMBLY, DOUBLE"},"x",600,"611",{"$f":"IF(A81=\"\",\"\",VLOOKUP(A81,Items!$A$8:$AJ$701,34,FALSE))","v":1},{"$f":"IF(A81=\"\",\"\",VLOOKUP(A81,Items!$A$8:$J$701,3,FALSE))","v":"EACH"},275,{"$f":"IF($A81=\"\",\"\",VLOOKUP($A81,Items!$A$8:$J$701,5,FALSE))","v":275},170,{"$f":"IF($A81=\"\",\"\",VLOOKUP($A81,Items!$A$8:$J$701,7,FALSE))","v":170},275,{"$f":"IF($A81=\"\",\"\",VLOOKUP($A81,Items!$A$8:$J$701,9,FALSE))","v":275},275,{"$f":"IF($A81=\"\",\"\",VLOOKUP($A81,Items!$A$8:$K$701,11,FALSE))","v":275}]
[{"$f":"IF(Items!A82=\"\",\"\",Items!A82)","v":"615-06490"},{"$f":"IF(Items!B82=\"\",\"\",Items!B82)","v":"RIGHT OF WAY MARKER"},"x",600,"615",{"$f":"IF(A82=\"\",\"\",VLOOKUP(A82,Items!$A$8:$AJ$701,34,FALSE))","v":61},{"$f":"IF(A82=\"\",\"\",VLOOKUP(A82,Items!$A$8:$J$701,3,FALSE))","v":"EACH"},137,{"$f":"IF($A82=\"\",\"\",VLOOKUP($A82,Items!$A$8:$J$701,5,FALSE))","v":8357},140,{"$f":"IF($A82=\"\",\"\",VLOOKUP($A82,Items!$A$8:$J$701,7,FALSE))","v":8540},137,{"$f":"IF($A82=\"\",\"\",VLOOKUP($A82,Items!$A$8:$J$701,9,FALSE))","v":8357},137,{"$f":"IF($A82=\"\",\"\",VLOOKUP($A82,Items!$A$8:$K$701,11,FALSE))","v":8357}]
[{"$f":"IF(Items!A83=\"\",\"\",Items!A83)","v":"615-06500"},{"$f":"IF(Items!B83=\"\",\"\",Items!B83)","v":"MONUMENT, A"},"x",600,"615",{"$f":"IF(A83=\"\",\"\",VLOOKUP(A83,Items!$A$8:$AJ$701,34,FALSE))","v":2},{"$f":"IF(A83=\"\",\"\",VLOOKUP(A83,Items!$A$8:$J$701,3,FALSE))","v":"EACH"},650,{"$f":"IF($A83=\"\",\"\",VLOOKUP($A83,Items!$A$8:$J$701,5,FALSE))","v":1300},580,{"$f":"IF($A83=\"\",\"\",VLOOKUP($A83,Items!$A$8:$J$701,7,FALSE))","v":1160},650,{"$f":"IF($A83=\"\",\"\",VLOOKUP($A83,Items!$A$8:$J$701,9,FALSE))","v":1300},650,{"$f":"IF($A83=\"\",\"\",VLOOKUP($A83,Items!$A$8:$K$701,11,FALSE))","v":1300}]
[{"$f":"IF(Items!A84=\"\",\"\",Items!A84)","v":"615-06505"},{"$f":"IF(Items!B84=\"\",\"\",Items!B84)","v":"MONUMENT, B"},"x",600,"615",{"$f":"IF(A84=\"\",\"\",VLOOKUP(A84,Items!$A$8:$AJ$701,34,FALSE))","v":6},{"$f":"IF(A84=\"\",\"\",VLOOKUP(A84,Items!$A$8:$J$701,3,FALSE))","v":"EACH"},755,{"$f":"IF($A84=\"\",\"\",VLOOKUP($A84,Items!$A$8:$J$701,5,FALSE))","v":4530},580,{"$f":"IF($A84=\"\",\"\",VLOOKUP($A84,Items!$A$8:$J$701,7,FALSE))","v":3480},755,{"$f":"IF($A84=\"\",\"\",VLOOKUP($A84,Items!$A$8:$J$701,9,FALSE))","v":4530},755,{"$f":"IF($A84=\"\",\"\",VLOOKUP($A84,Items!$A$8:$K$701,11,FALSE))","v":4530}]
[{"$f":"IF(Items!A85=\"\",\"\",Items!A85)","v":"615-06510"},{"$f":"IF(Items!B85=\"\",\"\",Items!B85)","v":"MONUMENT, C"},"x",600,"615",{"$f":"IF(A85=\"\",\"\",VLOOKUP(A85,Items!$A$8:$AJ$701,34,FALSE))","v":2},{"$f":"IF(A85=\"\",\"\",VLOOKUP(A85,Items!$A$8:$J$701,3,FALSE))","v":"EACH"},555,{"$f":"IF($A85=\"\",\"\",VLOOKUP($A85,Items!$A$8:$J$701,5,FALSE))","v":1110},360,{"$f":"IF($A85=\"\",\"\",VLOOKUP($A85,Items!$A$8:$J$701,7,FALSE))","v":720},555,{"$f":"IF($A85=\"\",\"\",VLOOKUP($A85,Items!$A$8:$J$701,9,FALSE))","v":1110},555,{"$f":"IF($A85=\"\",\"\",VLOOKUP($A85,Items!$A$8:$K$701,11,FALSE))","v":1110}]
[{"$f":"IF(Items!A86=\"\",\"\",Items!A86)","v":"615-06515"},{"$f":"IF(Items!B86=\"\",\"\",Items!B86)","v":"MONUMENT, D"},"x",600,"615",{"$f":"IF(A86=\"\",\"\",VLOOKUP(A86,Items!$A$8:$AJ$701,34,FALSE))","v":48},{"$f":"IF(A86=\"\",\"\",VLOOKUP(A86,Items!$A$8:$J$701,3,FALSE))","v":"EACH"},135,{"$f":"IF($A86=\"\",\"\",VLOOKUP($A86,Items!$A$8:$J$701,5,FALSE))","v":6480},230,{"$f":"IF($A86=\"\",\"\",VLOOKUP($A86,Items!$A$8:$J$701,7,FALSE))","v":11040},135,{"$f":"IF($A86=\"\",\"\",VLOOKUP($A86,Items!$A$8:$J$701,9,FALSE))","v":6480},135,{"$f":"IF($A86=\"\",\"\",VLOOKUP($A86,Items!$A$8:$K$701,11,FALSE))","v":6480}]
[{"$f":"IF(Items!A87=\"\",\"\",Items!A87)","v":"615-06520"},{"$f":"IF(Items!B87=\"\",\"\",Items!B87)","v":"MONUMENT, RE ESTABLISH"},"x",600,"615",{"$f":"IF(A87=\"\",\"\",VLOOKUP(A87,Items!$A$8:$AJ$701,34,FALSE))","v":1},{"$f":"IF(A87=\"\",\"\",VLOOKUP(A87,Items!$A$8:$J$701,3,FALSE))","v":"EACH"},1500,{"$f":"IF($A87=\"\",\"\",VLOOKUP($A87,Items!$A$8:$J$701,5,FALSE))","v":1500},580,{"$f":"IF($A87=\"\",\"\",VLOOKUP($A87,Items!$A$8:$J$701,7,FALSE))","v":580},1500,{"$f":"IF($A87=\"\",\"\",VLOOKUP($A87,Items!$A$8:$J$701,9,FALSE))","v":1500},1500,{"$f":"IF($A87=\"\",\"\",VLOOKUP($A87,Items!$A$8:$K$701,11,FALSE))","v":1500}]
[{"$f":"IF(Items!A88=\"\",\"\",Items!A88)","v":"615-06535"},{"$f":"IF(Items!B88=\"\",\"\",Items!B88)","v":"BENCH MARK POST, RESET"},"x",600,"615",{"$f":"IF(A88=\"\",\"\",VLOOKUP(A88,Items!$A$8:$AJ$701,34,FALSE))","v":1},{"$f":"IF(A88=\"\",\"\",VLOOKUP(A88,Items!$A$8:$J$701,3,FALSE))","v":"EACH"},1000,{"$f":"IF($A88=\"\",\"\",VLOOKUP($A88,Items!$A$8:$J$701,5,FALSE))","v":1000},630,{"$f":"IF($A88=\"\",\"\",VLOOKUP($A88,Items!$A$8:$J$701,7,FALSE))","v":630},1000,{"$f":"IF($A88=\"\",\"\",VLOOKUP($A88,Items!$A$8:$J$701,9,FALSE))","v":1000},1000,{"$f":"IF($A88=\"\",\"\",VLOOKUP($A88,Items!$A$8:$K$701,11,FALSE))","v":1000}]
[{"$f":"IF(Items!A89=\"\",\"\",Items!A89)","v":"616-02320"},{"$f":"IF(Items!B89=\"\",\"\",Items!B89)","v":"GEOTEXTILES"},"x",600,"616",{"$f":"IF(A89=\"\",\"\",VLOOKUP(A89,Items!$A$8:$AJ$701,34,FALSE))","v":1282},{"$f":"IF(A89=\"\",\"\",VLOOKUP(A89,Items!$A$8:$J$701,3,FALSE))","v":"S.Y."},1.55,{"$f":"IF($A89=\"\",\"\",VLOOKUP($A89,Items!$A$8:$J$701,5,FALSE))","v":1987.1000000000001},2.38,{"$f":"IF($A89=\"\",\"\",VLOOKUP($A89,Items!$A$8:$J$701,7,FALSE))","v":3051.16},1.25,{"$f":"IF($A89=\"\",\"\",VLOOKUP($A89,Items!$A$8:$J$701,9,FALSE))","v":1602.5},1.25,{"$f":"IF($A89=\"\",\"\",VLOOKUP($A89,Items!$A$8:$K$701,11,FALSE))","v":1602.5}]
[{"$f":"IF(Items!A90=\"\",\"\",Items!A90)","v":"616-05688"},{"$f":"IF(Items!B90=\"\",\"\",Items!B90)","v":"RIPRAP, CLASS 1"},"x",600,"616",{"$f":"IF(A90=\"\",\"\",VLOOKUP(A90,Items!$A$8:$AJ$701,34,FALSE))","v":77},{"$f":"IF(A90=\"\",\"\",VLOOKUP(A90,Items!$A$8:$J$701,3,FALSE))","v":"TON"},57,{"$f":"IF($A90=\"\",\"\",VLOOKUP($A90,Items!$A$8:$J$701,5,FALSE))","v":4389},38.72,{"$f":"IF($A90=\"\",\"\",VLOOKUP($A90,Items!$A$8:$J$701,7,FALSE))","v":2981.44},43,{"$f":"IF($A90=\"\",\"\",VLOOKUP($A90,Items!$A$8:$J$701,9,FALSE))","v":3311},42.05,{"$f":"IF($A90=\"\",\"\",VLOOKUP($A90,Items!$A$8:$K$701,11,FALSE))","v":3237.85}]
[{"$f":"IF(Items!A91=\"\",\"\",Items!A91)","v":"616-06405"},{"$f":"IF(Items!B91=\"\",\"\",Items!B91)","v":"RIPRAP, REVETMENT"},"x",600,"616",{"$f":"IF(A91=\"\",\"\",VLOOKUP(A91,Items!$A$8:$AJ$701,34,FALSE))","v":445},{"$f":"IF(A91=\"\",\"\",VLOOKUP(A91,Items!$A$8:$J$701,3,FALSE))","v":"TON"},41,{"$f":"IF($A91=\"\",\"\",VLOOKUP($A91,Items!$A$8:$J$701,5,FALSE))","v":18245},33.89,{"$f":"IF($A91=\"\",\"\",VLOOKUP($A91,Items!$A$8:$J$701,7,FALSE))","v":15081.050000000001},37,{"$f":"IF($A91=\"\",\"\",VLOOKUP($A91,Items!$A$8:$J$701,9,FALSE))","v":16465},36.200000000000003,{"$f":"IF($A91=\"\",\"\",VLOOKUP($A91,Items!$A$8:$K$701,11,FALSE))","v":16109}]
[{"$f":"IF(Items!A92=\"\",\"\",Items!A92)","v":"616-06451"},{"$f":"IF(Items!B92=\"\",\"\",Items!B92)","v":"RIPRAP, UNIFORM"},"x",600,"616",{"$f":"IF(A92=\"\",\"\",VLOOKUP(A92,Items!$A$8:$AJ$701,34,FALSE))","v":62},{"$f":"IF(A92=\"\",\"\",VLOOKUP(A92,Items!$A$8:$J$701,3,FALSE))","v":"TON"},41,{"$f":"IF($A92=\"\",\"\",VLOOKUP($A92,Items!$A$8:$J$701,5,FALSE))","v":2542},51.690000000000005,{"$f":"IF($A92=\"\",\"\",VLOOKUP($A92,Items!$A$8:$J$701,7,FALSE))","v":3204.78},44,{"$f":"IF($A92=\"\",\"\",VLOOKUP($A92,Items!$A$8:$J$701,9,FALSE))","v":2728},43.1,{"$f":"IF($A92=\"\",\"\",VLOOKUP($A92,Items!$A$8:$K$701,11,FALSE))","v":2672.2000000000003}]
[{"$f":"IF(Items!A93=\"\",\"\",Items!A93)","v":"619-11052"},{"$f":"IF(Items!B93=\"\",\"\",Items!B93)","v":"CLEAN STEEL BRIDGE, QP-2, BR. NO. ,"},"x",600,"619",{"$f":"IF(A93=\"\",\"\",VLOOKUP(A93,Items!$A$8:$AJ$701,34,FALSE))","v":2},{"$f":"IF(A93=\"\",\"\",VLOOKUP(A93,Items!$A$8:$J$701,3,FALSE))","v":"L.S."},40000,{"$f":"IF($A93=\"\",\"\",VLOOKUP($A93,Items!$A$8:$J$701,5,FALSE))","v":80000},50000,{"$f":"IF($A93=\"\",\"\",VLOOKUP($A93,Items!$A$8:$J$701,7,FALSE))","v":100000},56000,{"$f":"IF($A93=\"\",\"\",VLOOKUP($A93,Items!$A$8:$J$701,9,FALSE))","v":112000},40000,{"$f":"IF($A93=\"\",\"\",VLOOKUP($A93,Items!$A$8:$K$701,11,FALSE))","v":80000}]
[{"$f":"IF(Items!A94=\"\",\"\",Items!A94)","v":"619-51859"},{"$f":"IF(Items!B94=\"\",\"\",Items!B94)","v":"PAINT STEEL BRIDGE , STR. NO. 2"},"x",600,"619",{"$f":"IF(A94=\"\",\"\",VLOOKUP(A94,Items!$A$8:$AJ$701,34,FALSE))","v":2},{"$f":"IF(A94=\"\",\"\",VLOOKUP(A94,Items!$A$8:$J$701,3,FALSE))","v":"L.S."},15000,{"$f":"IF($A94=\"\",\"\",VLOOKUP($A94,Items!$A$8:$J$701,5,FALSE))","v":30000},25000,{"$f":"IF($A94=\"\",\"\",VLOOKUP($A94,Items!$A$8:$J$701,7,FALSE))","v":50000},5000,{"$f":"IF($A94=\"\",\"\",VLOOKUP($A94,Items!$A$8:$J$701,9,FALSE))","v":10000},15000,{"$f":"IF($A94=\"\",\"\",VLOOKUP($A94,Items!$A$8:$K$701,11,FALSE))","v":30000}]
[{"$f":"IF(Items!A95=\"\",\"\",Items!A95)","v":"621-01004"},{"$f":"IF(Items!B95=\"\",\"\",Items!B95)","v":"MOBILIZATION AND DEMOBILIZATION FOR SEEDING"},"x",600,"621",{"$f":"IF(A95=\"\",\"\",VLOOKUP(A95,Items!$A$8:$AJ$701,34,FALSE))","v":3},{"$f":"IF(A95=\"\",\"\",VLOOKUP(A95,Items!$A$8:$J$701,3,FALSE))","v":"EACH"},400,{"$f":"IF($A95=\"\",\"\",VLOOKUP($A95,Items!$A$8:$J$701,5,FALSE))","v":1200},400,{"$f":"IF($A95=\"\",\"\",VLOOKUP($A95,Items!$A$8:$J$701,7,FALSE))","v":1200},575,{"$f":"IF($A95=\"\",\"\",VLOOKUP($A95,Items!$A$8:$J$701,9,FALSE))","v":1725},400,{"$f":"IF($A95=\"\",\"\",VLOOKUP($A95,Items!$A$8:$K$701,11,FALSE))","v":1200}]
[{"$f":"IF(Items!A96=\"\",\"\",Items!A96)","v":"621-02770"},{"$f":"IF(Items!B96=\"\",\"\",Items!B96)","v":"EROSION CONTROL BLANKET"},"x",600,"621",{"$f":"IF(A96=\"\",\"\",VLOOKUP(A96,Items!$A$8:$AJ$701,34,FALSE))","v":66315},{"$f":"IF(A96=\"\",\"\",VLOOKUP(A96,Items!$A$8:$J$701,3,FALSE))","v":"S.Y."},0.65,{"$f":"IF($A96=\"\",\"\",VLOOKUP($A96,Items!$A$8:$J$701,5,FALSE))","v":43104.75},0.65,{"$f":"IF($A96=\"\",\"\",VLOOKUP($A96,Items!$A$8:$J$701,7,FALSE))","v":43104.75},1.1499999999999999,{"$f":"IF($A96=\"\",\"\",VLOOKUP($A96,Items!$A$8:$J$701,9,FALSE))","v":76262.25},0.25,{"$f":"IF($A96=\"\",\"\",VLOOKUP($A96,Items!$A$8:$K$701,11,FALSE))","v":16578.75}]
[{"$f":"IF(Items!A97=\"\",\"\",Items!A97)","v":"621-06545"},{"$f":"IF(Items!B97=\"\",\"\",Items!B97)","v":"FERTILIZER"},"x",600,"621",{"$f":"IF(A97=\"\",\"\",VLOOKUP(A97,Items!$A$8:$AJ$701,34,FALSE))","v":6},{"$f":"IF(A97=\"\",\"\",VLOOKUP(A97,Items!$A$8:$J$701,3,FALSE))","v":"TON"},600,{"$f":"IF($A97=\"\",\"\",VLOOKUP($A97,Items!$A$8:$J$701,5,FALSE))","v":3600},600,{"$f":"IF($A97=\"\",\"\",VLOOKUP($A97,Items!$A$8:$J$701,7,FALSE))","v":3600},985,{"$f":"IF($A97=\"\",\"\",VLOOKUP($A97,Items!$A$8:$J$701,9,FALSE))","v":5910},600,{"$f":"IF($A97=\"\",\"\",VLOOKUP($A97,Items!$A$8:$K$701,11,FALSE))","v":3600}]
[{"$f":"IF(Items!A98=\"\",\"\",Items!A98)","v":"621-06553"},{"$f":"IF(Items!B98=\"\",\"\",Items!B98)","v":"SEED MIXTURE, R"},"x",600,"621",{"$f":"IF(A98=\"\",\"\",VLOOKUP(A98,Items!$A$8:$AJ$701,34,FALSE))","v":2000},{"$f":"IF(A98=\"\",\"\",VLOOKUP(A98,Items!$A$8:$J$701,3,FALSE))","v":"LBS"},3.4,{"$f":"IF($A98=\"\",\"\",VLOOKUP($A98,Items!$A$8:$J$701,5,FALSE))","v":6800},3.4,{"$f":"IF($A98=\"\",\"\",VLOOKUP($A98,Items!$A$8:$J$701,7,FALSE))","v":6800},2.73,{"$f":"IF($A98=\"\",\"\",VLOOKUP($A98,Items!$A$8:$J$701,9,FALSE))","v":5460},3.4,{"$f":"IF($A98=\"\",\"\",VLOOKUP($A98,Items!$A$8:$K$701,11,FALSE))","v":6800}]
[{"$f":"IF(Items!A99=\"\",\"\",Items!A99)","v":"621-06557"},{"$f":"IF(Items!B99=\"\",\"\",Items!B99)","v":"SEED MIXTURE, T"},"x",600,"621",{"$f":"IF(A99=\"\",\"\",VLOOKUP(A99,Items!$A$8:$AJ$701,34,FALSE))","v":1088},{"$f":"IF(A99=\"\",\"\",VLOOKUP(A99,Items!$A$8:$J$701,3,FALSE))","v":"LBS"},2.5,{"$f":"IF($A99=\"\",\"\",VLOOKUP($A99,Items!$A$8:$J$701,5,FALSE))","v":2720},2.5,{"$f":"IF($A99=\"\",\"\",VLOOKUP($A99,Items!$A$8:$J$701,7,FALSE))","v":2720},2.1999999999999997,{"$f":"IF($A99=\"\",\"\",VLOOKUP($A99,Items!$A$8:$J$701,9,FALSE))","v":2393.6},2.5,{"$f":"IF($A99=\"\",\"\",VLOOKUP($A99,Items!$A$8:$K$701,11,FALSE))","v":2720}]
[{"$f":"IF(Items!A100=\"\",\"\",Items!A100)","v":"621-06565"},{"$f":"IF(Items!B100=\"\",\"\",Items!B100)","v":"MULCHING MATERIAL"},"x",600,"621",{"$f":"IF(A100=\"\",\"\",VLOOKUP(A100,Items!$A$8:$AJ$701,34,FALSE))","v":29},{"$f":"IF(A100=\"\",\"\",VLOOKUP(A100,Items!$A$8:$J$701,3,FALSE))","v":"TON"},400,{"$f":"IF($A100=\"\",\"\",VLOOKUP($A100,Items!$A$8:$J$701,5,FALSE))","v":11600},400,{"$f":"IF($A100=\"\",\"\",VLOOKUP($A100,Items!$A$8:$J$701,7,FALSE))","v":11600},345,{"$f":"IF($A100=\"\",\"\",VLOOKUP($A100,Items!$A$8:$J$701,9,FALSE))","v":10005},400,{"$f":"IF($A100=\"\",\"\",VLOOKUP($A100,Items!$A$8:$K$701,11,FALSE))","v":11600}]
[{"$f":"IF(Items!A101=\"\",\"\",Items!A101)","v":"621-06567"},{"$f":"IF(Items!B101=\"\",\"\",Items!B101)","v":"WATER"},"x",600,"621",{"$f":"IF(A101=\"\",\"\",VLOOKUP(A101,Items!$A$8:$AJ$701,34,FALSE))","v":253},{"$f":"IF(A101=\"\",\"\",VLOOKUP(A101,Items!$A$8:$J$701,3,FALSE))","v":"M.G."},1,{"$f":"IF($A101=\"\",\"\",VLOOKUP($A101,Items!$A$8:$J$701,5,FALSE))","v":253},1,{"$f":"IF($A101=\"\",\"\",VLOOKUP($A101,Items!$A$8:$J$701,7,FALSE))","v":253},1,{"$f":"IF($A101=\"\",\"\",VLOOKUP($A101,Items!$A$8:$J$701,9,FALSE))","v":253},1,{"$f":"IF($A101=\"\",\"\",VLOOKUP($A101,Items!$A$8:$K$701,11,FALSE))","v":253}]
[{"$f":"IF(Items!A102=\"\",\"\",Items!A102)","v":"621-06574"},{"$f":"IF(Items!B102=\"\",\"\",Items!B102)","v":"SODDING"},"x",600,"621",{"$f":"IF(A102=\"\",\"\",VLOOKUP(A102,Items!$A$8:$AJ$701,34,FALSE))","v":3864},{"$f":"IF(A102=\"\",\"\",VLOOKUP(A102,Items!$A$8:$J$701,3,FALSE))","v":"S.Y."},2.98,{"$f":"IF($A102=\"\",\"\",VLOOKUP($A102,Items!$A$8:$J$701,5,FALSE))","v":11514.72},2.98,{"$f":"IF($A102=\"\",\"\",VLOOKUP($A102,Items!$A$8:$J$701,7,FALSE))","v":11514.72},3.1100000000000003,{"$f":"IF($A102=\"\",\"\",VLOOKUP($A102,Items!$A$8:$J$701,9,FALSE))","v":12017.04},1,{"$f":"IF($A102=\"\",\"\",VLOOKUP($A102,Items!$A$8:$K$701,11,FALSE))","v":3864}]
[{"$f":"IF(Items!A103=\"\",\"\",Items!A103)","v":"621-06575"},{"$f":"IF(Items!B103=\"\",\"\",Items!B103)","v":"SODDING, NURSERY"},"x",600,"621",{"$f":"IF(A103=\"\",\"\",VLOOKUP(A103,Items!$A$8:$AJ$701,34,FALSE))","v":66315},{"$f":"IF(A103=\"\",\"\",VLOOKUP(A103,Items!$A$8:$J$701,3,FALSE))","v":"S.Y."},2.98,{"$f":"IF($A103=\"\",\"\",VLOOKUP($A103,Items!$A$8:$J$701,5,FALSE))","v":197618.7},3.21,{"$f":"IF($A103=\"\",\"\",VLOOKUP($A103,Items!$A$8:$J$701,7,FALSE))","v":212871.15},3.11,{"$f":"IF($A103=\"\",\"\",VLOOKUP($A103,Items!$A$8:$J$701,9,FALSE))","v":206239.65},1,{"$f":"IF($A103=\"\",\"\",VLOOKUP($A103,Items!$A$8:$K$701,11,FALSE))","v":66315}]
[{"$f":"IF(Items!A104=\"\",\"\",Items!A104)","v":"628-08524"},{"$f":"IF(Items!B104=\"\",\"\",Items!B104)","v":"CELLULAR TELEPHONE/RADIO, ADDITIONAL"},"x",600,"628",{"$f":"IF(A104=\"\",\"\",VLOOKUP(A104,Items!$A$8:$AJ$701,34,FALSE))","v":1},{"$f":"IF(A104=\"\",\"\",VLOOKUP(A104,Items!$A$8:$J$701,3,FALSE))","v":"$"},1,{"$f":"IF($A104=\"\",\"\",VLOOKUP($A104,Items!$A$8:$J$701,5,FALSE))","v":1},1,{"$f":"IF($A104=\"\",\"\",VLOOKUP($A104,Items!$A$8:$J$701,7,FALSE))","v":1},1,{"$f":"IF($A104=\"\",\"\",VLOOKUP($A104,Items!$A$8:$J$701,9,FALSE))","v":1},1,{"$f":"IF($A104=\"\",\"\",VLOOKUP($A104,Items!$A$8:$K$701,11,FALSE))","v":1}]
[{"$f":"IF(Items!A105=\"\",\"\",Items!A105)","v":"628-09403"},{"$f":"IF(Items!B105=\"\",\"\",Items!B105)","v":"FIELD OFFICE, C"},"x",600,"628",{"$f":"IF(A105=\"\",\"\",VLOOKUP(A105,Items!$A$8:$AJ$701,34,FALSE))","v":15},{"$f":"IF(A105=\"\",\"\",VLOOKUP(A105,Items!$A$8:$J$701,3,FALSE))","v":"MONTH"},2300,{"$f":"IF($A105=\"\",\"\",VLOOKUP($A105,Items!$A$8:$J$701,5,FALSE))","v":34500},2628.3300000000004,{"$f":"IF($A105=\"\",\"\",VLOOKUP($A105,Items!$A$8:$J$701,7,FALSE))","v":39424.950000000004},2800,{"$f":"IF($A105=\"\",\"\",VLOOKUP($A105,Items!$A$8:$J$701,9,FALSE))","v":42000},2300,{"$f":"IF($A105=\"\",\"\",VLOOKUP($A105,Items!$A$8:$K$701,11,FALSE))","v":34500}]
[{"$f":"IF(Items!A106=\"\",\"\",Items!A106)","v":"628-09407"},{"$f":"IF(Items!B106=\"\",\"\",Items!B106)","v":"FIELD OFFICE COMPUTER SYSTEM,"},"x",600,"628",{"$f":"IF(A106=\"\",\"\",VLOOKUP(A106,Items!$A$8:$AJ$701,34,FALSE))","v":30},{"$f":"IF(A106=\"\",\"\",VLOOKUP(A106,Items!$A$8:$J$701,3,FALSE))","v":"MONTH"},100,{"$f":"IF($A106=\"\",\"\",VLOOKUP($A106,Items!$A$8:$J$701,5,FALSE))","v":3000},200,{"$f":"IF($A106=\"\",\"\",VLOOKUP($A106,Items!$A$8:$J$701,7,FALSE))","v":6000},165,{"$f":"IF($A106=\"\",\"\",VLOOKUP($A106,Items!$A$8:$J$701,9,FALSE))","v":4950},130,{"$f":"IF($A106=\"\",\"\",VLOOKUP($A106,Items!$A$8:$K$701,11,FALSE))","v":3900}]
[{"$f":"IF(Items!A107=\"\",\"\",Items!A107)","v":"628-11007"},{"$f":"IF(Items!B107=\"\",\"\",Items!B107)","v":"CELLULAR TELEPHONE/RADIO SERVICE, 750"},"x",600,"628",{"$f":"IF(A107=\"\",\"\",VLOOKUP(A107,Items!$A$8:$AJ$701,34,FALSE))","v":60},{"$f":"IF(A107=\"\",\"\",VLOOKUP(A107,Items!$A$8:$J$701,3,FALSE))","v":"MONTH"},100,{"$f":"IF($A107=\"\",\"\",VLOOKUP($A107,Items!$A$8:$J$701,5,FALSE))","v":6000},100,{"$f":"IF($A107=\"\",\"\",VLOOKUP($A107,Items!$A$8:$J$701,7,FALSE))","v":6000},150,{"$f":"IF($A107=\"\",\"\",VLOOKUP($A107,Items!$A$8:$J$701,9,FALSE))","v":9000},66.25,{"$f":"IF($A107=\"\",\"\",VLOOKUP($A107,Items!$A$8:$K$701,11,FALSE))","v":3975}]
[{"$f":"IF(Items!A108=\"\",\"\",Items!A108)","v":"628-11068"},{"$f":"IF(Items!B108=\"\",\"\",Items!B108)","v":"CELLULAR TELEPHONE/RADIO"},"x",600,"628",{"$f":"IF(A108=\"\",\"\",VLOOKUP(A108,Items!$A$8:$AJ$701,34,FALSE))","v":4},{"$f":"IF(A108=\"\",\"\",VLOOKUP(A108,Items!$A$8:$J$701,3,FALSE))","v":"EACH"},200,{"$f":"IF($A108=\"\",\"\",VLOOKUP($A108,Items!$A$8:$J$701,5,FALSE))","v":800},100,{"$f":"IF($A108=\"\",\"\",VLOOKUP($A108,Items!$A$8:$J$701,7,FALSE))","v":400},70,{"$f":"IF($A108=\"\",\"\",VLOOKUP($A108,Items!$A$8:$J$701,9,FALSE))","v":280},100,{"$f":"IF($A108=\"\",\"\",VLOOKUP($A108,Items!$A$8:$K$701,11,FALSE))","v":400}]
[{"$f":"IF(Items!A109=\"\",\"\",Items!A109)","v":"702-51863"},{"$f":"IF(Items!B109=\"\",\"\",Items!B109)","v":"FIELD DRILLED HOLE IN CONCRETE"},"x",700,"702",{"$f":"IF(A109=\"\",\"\",VLOOKUP(A109,Items!$A$8:$AJ$701,34,FALSE))","v":158},{"$f":"IF(A109=\"\",\"\",VLOOKUP(A109,Items!$A$8:$J$701,3,FALSE))","v":"EACH"},17,{"$f":"IF($A109=\"\",\"\",VLOOKUP($A109,Items!$A$8:$J$701,5,FALSE))","v":2686},14.600000000000001,{"$f":"IF($A109=\"\",\"\",VLOOKUP($A109,Items!$A$8:$J$701,7,FALSE))","v":2306.8000000000002},55,{"$f":"IF($A109=\"\",\"\",VLOOKUP($A109,Items!$A$8:$J$701,9,FALSE))","v":8690},12.65,{"$f":"IF($A109=\"\",\"\",VLOOKUP($A109,Items!$A$8:$K$701,11,FALSE))","v":1998.7}]
[{"$f":"IF(Items!A110=\"\",\"\",Items!A110)","v":"702-90915"},{"$f":"IF(Items!B110=\"\",\"\",Items!B110)","v":"CONCRETE, A"},"x",700,"702",{"$f":"IF(A110=\"\",\"\",VLOOKUP(A110,Items!$A$8:$AJ$701,34,FALSE))","v":47.400000000000006},{"$f":"IF(A110=\"\",\"\",VLOOKUP(A110,Items!$A$8:$J$701,3,FALSE))","v":"C.Y."},474.99999999999994,{"$f":"IF($A110=\"\",\"\",VLOOKUP($A110,Items!$A$8:$J$701,5,FALSE))","v":22515},735.12004219409278,{"$f":"IF($A110=\"\",\"\",VLOOKUP($A110,Items!$A$8:$J$701,7,FALSE))","v":34844.69},699.99999999999989,{"$f":"IF($A110=\"\",\"\",VLOOKUP($A110,Items!$A$8:$J$701,9,FALSE))","v":33180},899.99999999999989,{"$f":"IF($A110=\"\",\"\",VLOOKUP($A110,Items!$A$8:$K$701,11,FALSE))","v":42660}]
[{"$f":"IF(Items!A111=\"\",\"\",Items!A111)","v":"703-06029"},{"$f":"IF(Items!B111=\"\",\"\",Items!B111)","v":"REINFORCING BARS, EPOXY COATED"},"x",700,"703",{"$f":"IF(A111=\"\",\"\",VLOOKUP(A111,Items!$A$8:$AJ$701,34,FALSE))","v":3869},{"$f":"IF(A111=\"\",\"\",VLOOKUP(A111,Items!$A$8:$J$701,3,FALSE))","v":"LBS"},2,{"$f":"IF($A111=\"\",\"\",VLOOKUP($A111,Items!$A$8:$J$701,5,FALSE))","v":7738},1.07,{"$f":"IF($A111=\"\",\"\",VLOOKUP($A111,Items!$A$8:$J$701,7,FALSE))","v":4139.83},4,{"$f":"IF($A111=\"\",\"\",VLOOKUP($A111,Items!$A$8:$J$701,9,FALSE))","v":15476},2,{"$f":"IF($A111=\"\",\"\",VLOOKUP($A111,Items!$A$8:$K$701,11,FALSE))","v":7738}]
[{"$f":"IF(Items!A112=\"\",\"\",Items!A112)","v":"706-09545"},{"$f":"IF(Items!B112=\"\",\"\",Items!B112)","v":"COARSE AGGREGATE, NO. 8"},"x",700,"706",{"$f":"IF(A112=\"\",\"\",VLOOKUP(A112,Items!$A$8:$AJ$701,34,FALSE))","v":400},{"$f":"IF(A112=\"\",\"\",VLOOKUP(A112,Items!$A$8:$J$701,3,FALSE))","v":"C.Y."},32,{"$f":"IF($A112=\"\",\"\",VLOOKUP($A112,Items!$A$8:$J$701,5,FALSE))","v":12800},29.41,{"$f":"IF($A112=\"\",\"\",VLOOKUP($A112,Items!$A$8:$J$701,7,FALSE))","v":11764},45,{"$f":"IF($A112=\"\",\"\",VLOOKUP($A112,Items!$A$8:$J$701,9,FALSE))","v":18000},43.9,{"$f":"IF($A112=\"\",\"\",VLOOKUP($A112,Items!$A$8:$K$701,11,FALSE))","v":17560}]
[{"$f":"IF(Items!A113=\"\",\"\",Items!A113)","v":"709-51821"},{"$f":"IF(Items!B113=\"\",\"\",Items!B113)","v":"SURFACE SEAL"},"x",700,"709",{"$f":"IF(A113=\"\",\"\",VLOOKUP(A113,Items!$A$8:$AJ$701,34,FALSE))","v":1},{"$f":"IF(A113=\"\",\"\",VLOOKUP(A113,Items!$A$8:$J$701,3,FALSE))","v":"L.S."},9000,{"$f":"IF($A113=\"\",\"\",VLOOKUP($A113,Items!$A$8:$J$701,5,FALSE))","v":9000},10000,{"$f":"IF($A113=\"\",\"\",VLOOKUP($A113,Items!$A$8:$J$701,7,FALSE))","v":10000},8500,{"$f":"IF($A113=\"\",\"\",VLOOKUP($A113,Items!$A$8:$J$701,9,FALSE))","v":8500},7500,{"$f":"IF($A113=\"\",\"\",VLOOKUP($A113,Items!$A$8:$K$701,11,FALSE))","v":7500}]
[{"$f":"IF(Items!A114=\"\",\"\",Items!A114)","v":"714-11175"},{"$f":"IF(Items!B114=\"\",\"\",Items!B114)","v":"STRUCTURE, REINFORCED CONCRETE BOX"},"x",700,"714",{"$f":"IF(A114=\"\",\"\",VLOOKUP(A114,Items!$A$8:$AJ$701,34,FALSE))","v":225},{"$f":"IF(A114=\"\",\"\",VLOOKUP(A114,Items!$A$8:$J$701,3,FALSE))","v":"L.F."},550,{"$f":"IF($A114=\"\",\"\",VLOOKUP($A114,Items!$A$8:$J$701,5,FALSE))","v":123750},450,{"$f":"IF($A114=\"\",\"\",VLOOKUP($A114,Items!$A$8:$J$701,7,FALSE))","v":101250},395,{"$f":"IF($A114=\"\",\"\",VLOOKUP($A114,Items!$A$8:$J$701,9,FALSE))","v":88875},395,{"$f":"IF($A114=\"\",\"\",VLOOKUP($A114,Items!$A$8:$K$701,11,FALSE))","v":88875}]
[{"$f":"IF(Items!A115=\"\",\"\",Items!A115)","v":"714-11311"},{"$f":"IF(Items!B115=\"\",\"\",Items!B115)","v":"STRUCTURE, REINFORCED CONCRETE BOX"},"x",700,"714",{"$f":"IF(A115=\"\",\"\",VLOOKUP(A115,Items!$A$8:$AJ$701,34,FALSE))","v":137},{"$f":"IF(A115=\"\",\"\",VLOOKUP(A115,Items!$A$8:$J$701,3,FALSE))","v":"L.F."},725,{"$f":"IF($A115=\"\",\"\",VLOOKUP($A115,Items!$A$8:$J$701,5,FALSE))","v":99325},625,{"$f":"IF($A115=\"\",\"\",VLOOKUP($A115,Items!$A$8:$J$701,7,FALSE))","v":85625},575,{"$f":"IF($A115=\"\",\"\",VLOOKUP($A115,Items!$A$8:$J$701,9,FALSE))","v":78775},572,{"$f":"IF($A115=\"\",\"\",VLOOKUP($A115,Items!$A$8:$K$701,11,FALSE))","v":78364}]
[{"$f":"IF(Items!A116=\"\",\"\",Items!A116)","v":"715-04555"},{"$f":"IF(Items!B116=\"\",\"\",Items!B116)","v":"PIPE END SECTION, MIN. AREA 5.1 SQ. FT."},"x",700,"715",{"$f":"IF(A116=\"\",\"\",VLOOKUP(A116,Items!$A$8:$AJ$701,34,FALSE))","v":8},{"$f":"IF(A116=\"\",\"\",VLOOKUP(A116,Items!$A$8:$J$701,3,FALSE))","v":"EACH"},993.5,{"$f":"IF($A116=\"\",\"\",VLOOKUP($A116,Items!$A$8:$J$701,5,FALSE))","v":7948},676.34,{"$f":"IF($A116=\"\",\"\",VLOOKUP($A116,Items!$A$8:$J$701,7,FALSE))","v":5410.72},817,{"$f":"IF($A116=\"\",\"\",VLOOKUP($A116,Items!$A$8:$J$701,9,FALSE))","v":6536},816.65000000000009,{"$f":"IF($A116=\"\",\"\",VLOOKUP($A116,Items!$A$8:$K$701,11,FALSE))","v":6533.2000000000007}]
[{"$f":"IF(Items!A117=\"\",\"\",Items!A117)","v":"715-05032"},{"$f":"IF(Items!B117=\"\",\"\",Items!B117)","v":"PIPE, TYPE 2, CIRCULAR, 15 IN."},"x",700,"715",{"$f":"IF(A117=\"\",\"\",VLOOKUP(A117,Items!$A$8:$AJ$701,34,FALSE))","v":961},{"$f":"IF(A117=\"\",\"\",VLOOKUP(A117,Items!$A$8:$J$701,3,FALSE))","v":"L.F."},27,{"$f":"IF($A117=\"\",\"\",VLOOKUP($A117,Items!$A$8:$J$701,5,FALSE))","v":25947},29.830000000000002,{"$f":"IF($A117=\"\",\"\",VLOOKUP($A117,Items!$A$8:$J$701,7,FALSE))","v":28666.63},36.5,{"$f":"IF($A117=\"\",\"\",VLOOKUP($A117,Items!$A$8:$J$701,9,FALSE))","v":35076.5},36.020000000000003,{"$f":"IF($A117=\"\",\"\",VLOOKUP($A117,Items!$A$8:$K$701,11,FALSE))","v":34615.22}]
[{"$f":"IF(Items!A118=\"\",\"\",Items!A118)","v":"715-05048"},{"$f":"IF(Items!B118=\"\",\"\",Items!B118)","v":"PIPE, TYPE 4, CIRCULAR, 6 IN."},"x",700,"715",{"$f":"IF(A118=\"\",\"\",VLOOKUP(A118,Items!$A$8:$AJ$701,34,FALSE))","v":16505},{"$f":"IF(A118=\"\",\"\",VLOOKUP(A118,Items!$A$8:$J$701,3,FALSE))","v":"L.F."},3.75,{"$f":"IF($A118=\"\",\"\",VLOOKUP($A118,Items!$A$8:$J$701,5,FALSE))","v":61893.75},3.27,{"$f":"IF($A118=\"\",\"\",VLOOKUP($A118,Items!$A$8:$J$701,7,FALSE))","v":53971.35},5,{"$f":"IF($A118=\"\",\"\",VLOOKUP($A118,Items!$A$8:$J$701,9,FALSE))","v":82525},3.75,{"$f":"IF($A118=\"\",\"\",VLOOKUP($A118,Items!$A$8:$K$701,11,FALSE))","v":61893.75}]
[{"$f":"IF(Items!A119=\"\",\"\",Items!A119)","v":"715-05053"},{"$f":"IF(Items!B119=\"\",\"\",Items!B119)","v":"PIPE, UNDERDRAIN OUTLET, 6 IN."},"x",700,"715",{"$f":"IF(A119=\"\",\"\",VLOOKUP(A119,Items!$A$8:$AJ$701,34,FALSE))","v":775},{"$f":"IF(A119=\"\",\"\",VLOOKUP(A119,Items!$A$8:$J$701,3,FALSE))","v":"L.F."},18,{"$f":"IF($A119=\"\",\"\",VLOOKUP($A119,Items!$A$8:$J$701,5,FALSE))","v":13950},9.77,{"$f":"IF($A119=\"\",\"\",VLOOKUP($A119,Items!$A$8:$J$701,7,FALSE))","v":7571.75},12,{"$f":"IF($A119=\"\",\"\",VLOOKUP($A119,Items!$A$8:$J$701,9,FALSE))","v":9300},18,{"$f":"IF($A119=\"\",\"\",VLOOKUP($A119,Items!$A$8:$K$701,11,FALSE))","v":13950}]
[{"$f":"IF(Items!A120=\"\",\"\",Items!A120)","v":"715-05121"},{"$f":"IF(Items!B120=\"\",\"\",Items!B120)","v":"PIPE, TYPE 1, CIRCULAR, 18 IN."},"x",700,"715",{"$f":"IF(A120=\"\",\"\",VLOOKUP(A120,Items!$A$8:$AJ$701,34,FALSE))","v":114},{"$f":"IF(A120=\"\",\"\",VLOOKUP(A120,Items!$A$8:$J$701,3,FALSE))","v":"L.F."},34,{"$f":"IF($A120=\"\",\"\",VLOOKUP($A120,Items!$A$8:$J$701,5,FALSE))","v":3876},34.480000000000004,{"$f":"IF($A120=\"\",\"\",VLOOKUP($A120,Items!$A$8:$J$701,7,FALSE))","v":3930.7200000000003},42,{"$f":"IF($A120=\"\",\"\",VLOOKUP($A120,Items!$A$8:$J$701,9,FALSE))","v":4788},41.570000000000007,{"$f":"IF($A120=\"\",\"\",VLOOKUP($A120,Items!$A$8:$K$701,11,FALSE))","v":4738.9800000000005}]
[{"$f":"IF(Items!A121=\"\",\"\",Items!A121)","v":"715-05149"},{"$f":"IF(Items!B121=\"\",\"\",Items!B121)","v":"PIPE, TYPE 2, CIRCULAR, 12 IN."},"x",700,"715",{"$f":"IF(A121=\"\",\"\",VLOOKUP(A121,Items!$A$8:$AJ$701,34,FALSE))","v":210},{"$f":"IF(A121=\"\",\"\",VLOOKUP(A121,Items!$A$8:$J$701,3,FALSE))","v":"L.F."},23,{"$f":"IF($A121=\"\",\"\",VLOOKUP($A121,Items!$A$8:$J$701,5,FALSE))","v":4830},30.8,{"$f":"IF($A121=\"\",\"\",VLOOKUP($A121,Items!$A$8:$J$701,7,FALSE))","v":6468},34.5,{"$f":"IF($A121=\"\",\"\",VLOOKUP($A121,Items!$A$8:$J$701,9,FALSE))","v":7245},34.090000000000003,{"$f":"IF($A121=\"\",\"\",VLOOKUP($A121,Items!$A$8:$K$701,11,FALSE))","v":7158.9000000000005}]
[{"$f":"IF(Items!A122=\"\",\"\",Items!A122)","v":"715-05152"},{"$f":"IF(Items!B122=\"\",\"\",Items!B122)","v":"PIPE, TYPE 2, CIRCULAR, 18 IN."},"x",700,"715",{"$f":"IF(A122=\"\",\"\",VLOOKUP(A122,Items!$A$8:$AJ$701,34,FALSE))","v":409},{"$f":"IF(A122=\"\",\"\",VLOOKUP(A122,Items!$A$8:$J$701,3,FALSE))","v":"L.F."},34,{"$f":"IF($A122=\"\",\"\",VLOOKUP($A122,Items!$A$8:$J$701,5,FALSE))","v":13906},36.630000000000003,{"$f":"IF($A122=\"\",\"\",VLOOKUP($A122,Items!$A$8:$J$701,7,FALSE))","v":14981.67},40,{"$f":"IF($A122=\"\",\"\",VLOOKUP($A122,Items!$A$8:$J$701,9,FALSE))","v":16360},39.18,{"$f":"IF($A122=\"\",\"\",VLOOKUP($A122,Items!$A$8:$K$701,11,FALSE))","v":16024.62}]
[{"$f":"IF(Items!A123=\"\",\"\",Items!A123)","v":"715-05154"},{"$f":"IF(Items!B123=\"\",\"\",Items!B123)","v":"PIPE, TYPE 2, CIRCULAR, 24 IN. , SMOOTH"},"x",700,"715",{"$f":"IF(A123=\"\",\"\",VLOOKUP(A123,Items!$A$8:$AJ$701,34,FALSE))","v":1037},{"$f":"IF(A123=\"\",\"\",VLOOKUP(A123,Items!$A$8:$J$701,3,FALSE))","v":"L.F."},45,{"$f":"IF($A123=\"\",\"\",VLOOKUP($A123,Items!$A$8:$J$701,5,FALSE))","v":46665},46.129999999999995,{"$f":"IF($A123=\"\",\"\",VLOOKUP($A123,Items!$A$8:$J$701,7,FALSE))","v":47836.81},46,{"$f":"IF($A123=\"\",\"\",VLOOKUP($A123,Items!$A$8:$J$701,9,FALSE))","v":47702},45.78,{"$f":"IF($A123=\"\",\"\",VLOOKUP($A123,Items!$A$8:$K$701,11,FALSE))","v":47473.86}]
[{"$f":"IF(Items!A124=\"\",\"\",Items!A124)","v":"715-05156"},{"$f":"IF(Items!B124=\"\",\"\",Items!B124)","v":"PIPE, TYPE 2, CIRCULAR, 30 IN."},"x",700,"715",{"$f":"IF(A124=\"\",\"\",VLOOKUP(A124,Items!$A$8:$AJ$701,34,FALSE))","v":130},{"$f":"IF(A124=\"\",\"\",VLOOKUP(A124,Items!$A$8:$J$701,3,FALSE))","v":"L.F."},55,{"$f":"IF($A124=\"\",\"\",VLOOKUP($A124,Items!$A$8:$J$701,5,FALSE))","v":7150},53.440000000000005,{"$f":"IF($A124=\"\",\"\",VLOOKUP($A124,Items!$A$8:$J$701,7,FALSE))","v":6947.2000000000007},52.5,{"$f":"IF($A124=\"\",\"\",VLOOKUP($A124,Items!$A$8:$J$701,9,FALSE))","v":6825},52.17,{"$f":"IF($A124=\"\",\"\",VLOOKUP($A124,Items!$A$8:$K$701,11,FALSE))","v":6782.1}]
[{"$f":"IF(Items!A125=\"\",\"\",Items!A125)","v":"715-05169"},{"$f":"IF(Items!B125=\"\",\"\",Items!B125)","v":"PIPE, TYPE 3, CIRCULAR, 15 IN."},"x",700,"715",{"$f":"IF(A125=\"\",\"\",VLOOKUP(A125,Items!$A$8:$AJ$701,34,FALSE))","v":319},{"$f":"IF(A125=\"\",\"\",VLOOKUP(A125,Items!$A$8:$J$701,3,FALSE))","v":"L.F."},27,{"$f":"IF($A125=\"\",\"\",VLOOKUP($A125,Items!$A$8:$J$701,5,FALSE))","v":8613},26.94,{"$f":"IF($A125=\"\",\"\",VLOOKUP($A125,Items!$A$8:$J$701,7,FALSE))","v":8593.86},35.5,{"$f":"IF($A125=\"\",\"\",VLOOKUP($A125,Items!$A$8:$J$701,9,FALSE))","v":11324.5},35.15,{"$f":"IF($A125=\"\",\"\",VLOOKUP($A125,Items!$A$8:$K$701,11,FALSE))","v":11212.85}]
[{"$f":"IF(Items!A126=\"\",\"\",Items!A126)","v":"715-05171"},{"$f":"IF(Items!B126=\"\",\"\",Items!B126)","v":"PIPE, TYPE 3, CIRCULAR, 18 IN."},"x",700,"715",{"$f":"IF(A126=\"\",\"\",VLOOKUP(A126,Items!$A$8:$AJ$701,34,FALSE))","v":88},{"$f":"IF(A126=\"\",\"\",VLOOKUP(A126,Items!$A$8:$J$701,3,FALSE))","v":"L.F."},34,{"$f":"IF($A126=\"\",\"\",VLOOKUP($A126,Items!$A$8:$J$701,5,FALSE))","v":2992},33.11,{"$f":"IF($A126=\"\",\"\",VLOOKUP($A126,Items!$A$8:$J$701,7,FALSE))","v":2913.68},36.5,{"$f":"IF($A126=\"\",\"\",VLOOKUP($A126,Items!$A$8:$J$701,9,FALSE))","v":3212},36.159999999999997,{"$f":"IF($A126=\"\",\"\",VLOOKUP($A126,Items!$A$8:$K$701,11,FALSE))","v":3182.08}]
[{"$f":"IF(Items!A127=\"\",\"\",Items!A127)","v":"715-05236"},{"$f":"IF(Items!B127=\"\",\"\",Items!B127)","v":"PIPE, TYPE 1, DEFORMED, MIN. AREA 0.47 M2"},"x",700,"715",{"$f":"IF(A127=\"\",\"\",VLOOKUP(A127,Items!$A$8:$AJ$701,34,FALSE))","v":308},{"$f":"IF(A127=\"\",\"\",VLOOKUP(A127,Items!$A$8:$J$701,3,FALSE))","v":"L.F."},117.08,{"$f":"IF($A127=\"\",\"\",VLOOKUP($A127,Items!$A$8:$J$701,5,FALSE))","v":36060.639999999999},79.240000000000009,{"$f":"IF($A127=\"\",\"\",VLOOKUP($A127,Items!$A$8:$J$701,7,FALSE))","v":24405.920000000002},71,{"$f":"IF($A127=\"\",\"\",VLOOKUP($A127,Items!$A$8:$J$701,9,FALSE))","v":21868},70.900000000000006,{"$f":"IF($A127=\"\",\"\",VLOOKUP($A127,Items!$A$8:$K$701,11,FALSE))","v":21837.200000000001}]
[{"$f":"IF(Items!A128=\"\",\"\",Items!A128)","v":"715-06471"},{"$f":"IF(Items!B128=\"\",\"\",Items!B128)","v":"PIPE END SECTION, MIN. AREA .31 M2"},"x",700,"715",{"$f":"IF(A128=\"\",\"\",VLOOKUP(A128,Items!$A$8:$AJ$701,34,FALSE))","v":2},{"$f":"IF(A128=\"\",\"\",VLOOKUP(A128,Items!$A$8:$J$701,3,FALSE))","v":"EACH"},700,{"$f":"IF($A128=\"\",\"\",VLOOKUP($A128,Items!$A$8:$J$701,5,FALSE))","v":1400},571.34,{"$f":"IF($A128=\"\",\"\",VLOOKUP($A128,Items!$A$8:$J$701,7,FALSE))","v":1142.68},565,{"$f":"IF($A128=\"\",\"\",VLOOKUP($A128,Items!$A$8:$J$701,9,FALSE))","v":1130},565.04,{"$f":"IF($A128=\"\",\"\",VLOOKUP($A128,Items!$A$8:$K$701,11,FALSE))","v":1130.08}]
[{"$f":"IF(Items!A129=\"\",\"\",Items!A129)","v":"715-08243"},{"$f":"IF(Items!B129=\"\",\"\",Items!B129)","v":"PIPE, TYPE 3, DEFORMED, MIN. AREA 3.3 SQ. FT."},"x",700,"715",{"$f":"IF(A129=\"\",\"\",VLOOKUP(A129,Items!$A$8:$AJ$701,34,FALSE))","v":48},{"$f":"IF(A129=\"\",\"\",VLOOKUP(A129,Items!$A$8:$J$701,3,FALSE))","v":"L.F."},98.81,{"$f":"IF($A129=\"\",\"\",VLOOKUP($A129,Items!$A$8:$J$701,5,FALSE))","v":4742.88},66.31,{"$f":"IF($A129=\"\",\"\",VLOOKUP($A129,Items!$A$8:$J$701,7,FALSE))","v":3182.88},57,{"$f":"IF($A129=\"\",\"\",VLOOKUP($A129,Items!$A$8:$J$701,9,FALSE))","v":2736},56.45000000000001,{"$f":"IF($A129=\"\",\"\",VLOOKUP($A129,Items!$A$8:$K$701,11,FALSE))","v":2709.6000000000004}]
[{"$f":"IF(Items!A130=\"\",\"\",Items!A130)","v":"715-09064"},{"$f":"IF(Items!B130=\"\",\"\",Items!B130)","v":"VIDEO INSPECTION FOR PIPE"},"x",700,"715",{"$f":"IF(A130=\"\",\"\",VLOOKUP(A130,Items!$A$8:$AJ$701,34,FALSE))","v":2792},{"$f":"IF(A130=\"\",\"\",VLOOKUP(A130,Items!$A$8:$J$701,3,FALSE))","v":"L.F."},1.25,{"$f":"IF($A130=\"\",\"\",VLOOKUP($A130,Items!$A$8:$J$701,5,FALSE))","v":3490},2,{"$f":"IF($A130=\"\",\"\",VLOOKUP($A130,Items!$A$8:$J$701,7,FALSE))","v":5584},1.5,{"$f":"IF($A130=\"\",\"\",VLOOKUP($A130,Items!$A$8:$J$701,9,FALSE))","v":4188},1.45,{"$f":"IF($A130=\"\",\"\",VLOOKUP($A130,Items!$A$8:$K$701,11,FALSE))","v":4048.4}]
[{"$f":"IF(Items!A131=\"\",\"\",Items!A131)","v":"715-09769"},{"$f":"IF(Items!B131=\"\",\"\",Items!B131)","v":"PIPE, TYPE 3, DEFORMED, MIN. AREA 5.1"},"x",700,"715",{"$f":"IF(A131=\"\",\"\",VLOOKUP(A131,Items!$A$8:$AJ$701,34,FALSE))","v":240},{"$f":"IF(A131=\"\",\"\",VLOOKUP(A131,Items!$A$8:$J$701,3,FALSE))","v":"L.F."},141.48000000000002,{"$f":"IF($A131=\"\",\"\",VLOOKUP($A131,Items!$A$8:$J$701,5,FALSE))","v":33955.200000000004},67.02000000000001,{"$f":"IF($A131=\"\",\"\",VLOOKUP($A131,Items!$A$8:$J$701,7,FALSE))","v":16084.800000000001},68.5,{"$f":"IF($A131=\"\",\"\",VLOOKUP($A131,Items!$A$8:$J$701,9,FALSE))","v":16440},68.06,{"$f":"IF($A131=\"\",\"\",VLOOKUP($A131,Items!$A$8:$K$701,11,FALSE))","v":16334.400000000001}]
[{"$f":"IF(Items!A132=\"\",\"\",Items!A132)","v":"715-46005"},{"$f":"IF(Items!B132=\"\",\"\",Items!B132)","v":"PIPE END SECTION, 15 IN."},"x",700,"715",{"$f":"IF(A132=\"\",\"\",VLOOKUP(A132,Items!$A$8:$AJ$701,34,FALSE))","v":14},{"$f":"IF(A132=\"\",\"\",VLOOKUP(A132,Items!$A$8:$J$701,3,FALSE))","v":"EACH"},347,{"$f":"IF($A132=\"\",\"\",VLOOKUP($A132,Items!$A$8:$J$701,5,FALSE))","v":4858},308.28000000000003,{"$f":"IF($A132=\"\",\"\",VLOOKUP($A132,Items!$A$8:$J$701,7,FALSE))","v":4315.92},336,{"$f":"IF($A132=\"\",\"\",VLOOKUP($A132,Items!$A$8:$J$701,9,FALSE))","v":4704},335.93,{"$f":"IF($A132=\"\",\"\",VLOOKUP($A132,Items!$A$8:$K$701,11,FALSE))","v":4703.0200000000004}]
[{"$f":"IF(Items!A133=\"\",\"\",Items!A133)","v":"715-46010"},{"$f":"IF(Items!B133=\"\",\"\",Items!B133)","v":"PIPE END SECTION, 18 IN."},"x",700,"715",{"$f":"IF(A133=\"\",\"\",VLOOKUP(A133,Items!$A$8:$AJ$701,34,FALSE))","v":5},{"$f":"IF(A133=\"\",\"\",VLOOKUP(A133,Items!$A$8:$J$701,3,FALSE))","v":"EACH"},400,{"$f":"IF($A133=\"\",\"\",VLOOKUP($A133,Items!$A$8:$J$701,5,FALSE))","v":2000},331.27000000000004,{"$f":"IF($A133=\"\",\"\",VLOOKUP($A133,Items!$A$8:$J$701,7,FALSE))","v":1656.3500000000001},402,{"$f":"IF($A133=\"\",\"\",VLOOKUP($A133,Items!$A$8:$J$701,9,FALSE))","v":2010},401.63,{"$f":"IF($A133=\"\",\"\",VLOOKUP($A133,Items!$A$8:$K$701,11,FALSE))","v":2008.15}]
[{"$f":"IF(Items!A134=\"\",\"\",Items!A134)","v":"715-46020"},{"$f":"IF(Items!B134=\"\",\"\",Items!B134)","v":"PIPE END SECTION, 24 IN."},"x",700,"715",{"$f":"IF(A134=\"\",\"\",VLOOKUP(A134,Items!$A$8:$AJ$701,34,FALSE))","v":4},{"$f":"IF(A134=\"\",\"\",VLOOKUP(A134,Items!$A$8:$J$701,3,FALSE))","v":"EACH"},475,{"$f":"IF($A134=\"\",\"\",VLOOKUP($A134,Items!$A$8:$J$701,5,FALSE))","v":1900},596.91999999999996,{"$f":"IF($A134=\"\",\"\",VLOOKUP($A134,Items!$A$8:$J$701,7,FALSE))","v":2387.6799999999998},468,{"$f":"IF($A134=\"\",\"\",VLOOKUP($A134,Items!$A$8:$J$701,9,FALSE))","v":1872},467.33,{"$f":"IF($A134=\"\",\"\",VLOOKUP($A134,Items!$A$8:$K$701,11,FALSE))","v":1869.32}]
[{"$f":"IF(Items!A135=\"\",\"\",Items!A135)","v":"715-46030"},{"$f":"IF(Items!B135=\"\",\"\",Items!B135)","v":"PIPE END SECTION, 30 IN."},"x",700,"715",{"$f":"IF(A135=\"\",\"\",VLOOKUP(A135,Items!$A$8:$AJ$701,34,FALSE))","v":1},{"$f":"IF(A135=\"\",\"\",VLOOKUP(A135,Items!$A$8:$J$701,3,FALSE))","v":"EACH"},605,{"$f":"IF($A135=\"\",\"\",VLOOKUP($A135,Items!$A$8:$J$701,5,FALSE))","v":605},665.40000000000009,{"$f":"IF($A135=\"\",\"\",VLOOKUP($A135,Items!$A$8:$J$701,7,FALSE))","v":665.40000000000009},600,{"$f":"IF($A135=\"\",\"\",VLOOKUP($A135,Items!$A$8:$J$701,9,FALSE))","v":600},596.9,{"$f":"IF($A135=\"\",\"\",VLOOKUP($A135,Items!$A$8:$K$701,11,FALSE))","v":596.9}]
[{"$f":"IF(Items!A136=\"\",\"\",Items!A136)","v":"718-06529"},{"$f":"IF(Items!B136=\"\",\"\",Items!B136)","v":"OUTLET PROTECTOR, 2"},"x",700,"718",{"$f":"IF(A136=\"\",\"\",VLOOKUP(A136,Items!$A$8:$AJ$701,34,FALSE))","v":6},{"$f":"IF(A136=\"\",\"\",VLOOKUP(A136,Items!$A$8:$J$701,3,FALSE))","v":"EACH"},850,{"$f":"IF($A136=\"\",\"\",VLOOKUP($A136,Items!$A$8:$J$701,5,FALSE))","v":5100},729.18,{"$f":"IF($A136=\"\",\"\",VLOOKUP($A136,Items!$A$8:$J$701,7,FALSE))","v":4375.08},850,{"$f":"IF($A136=\"\",\"\",VLOOKUP($A136,Items!$A$8:$J$701,9,FALSE))","v":5100},850,{"$f":"IF($A136=\"\",\"\",VLOOKUP($A136,Items!$A$8:$K$701,11,FALSE))","v":5100}]
[{"$f":"IF(Items!A137=\"\",\"\",Items!A137)","v":"718-06531"},{"$f":"IF(Items!B137=\"\",\"\",Items!B137)","v":"OUTLET PROTECTOR, 3"},{"$f":"IF(A137=\"\",\"\",\"x\")","v":"x"},{"$f":"IF(A137=\"\",\"\",LEFT(A137,1)*100)","v":700},{"$f":"IF(A137=\"\",\"\",LEFT(A137,3))","v":"718"},{"$f":"IF(A137=\"\",\"\",VLOOKUP(A137,Items!$A$8:$AJ$701,34,FALSE))","v":30},{"$f":"IF(A137=\"\",\"\",VLOOKUP(A137,Items!$A$8:$J$701,3,FALSE))","v":"EACH"},{"$f":"IF(OR($F137=\"\",$F137=0),\"\",I137/$F137)","v":800},{"$f":"IF($A137=\"\",\"\",VLOOKUP($A137,Items!$A$8:$J$701,5,FALSE))","v":24000},{"$f":"IF(OR($F137=\"\",$F137=0),\"\",K137/$F137)","v":704.86000000000013},{"$f":"IF($A137=\"\",\"\",VLOOKUP($A137,Items!$A$8:$J$701,7,FALSE))","v":21145.800000000003},{"$f":"IF(OR($F137=\"\",$F137=0),\"\",M137/$F137)","v":550},{"$f":"IF($A137=\"\",\"\",VLOOKUP($A137,Items!$A$8:$J$701,9,FALSE))","v":16500},{"$f":"IF(OR($F137=\"\",$F137=0),\"\",O137/$F137)","v":800},{"$f":"IF($A137=\"\",\"\",VLOOKUP($A137,Items!$A$8:$K$701,11,FALSE))","v":24000}]
[{"$f":"IF(Items!A138=\"\",\"\",Items!A138)","v":"718-06532"},{"$f":"IF(Items!B138=\"\",\"\",Items!B138)","v":"VIDEO INSPECTION FOR UNDERDRAINS"},"x",700,"718",{"$f":"IF(A138=\"\",\"\",VLOOKUP(A138,Items!$A$8:$AJ$701,34,FALSE))","v":3000},{"$f":"IF(A138=\"\",\"\",VLOOKUP(A138,Items!$A$8:$J$701,3,FALSE))","v":"L.F."},1.1000000000000001,{"$f":"IF($A138=\"\",\"\",VLOOKUP($A138,Items!$A$8:$J$701,5,FALSE))","v":3300},1,{"$f":"IF($A138=\"\",\"\",VLOOKUP($A138,Items!$A$8:$J$701,7,FALSE))","v":3000},1,{"$f":"IF($A138=\"\",\"\",VLOOKUP($A138,Items!$A$8:$J$701,9,FALSE))","v":3000},1.1499999999999999,{"$f":"IF($A138=\"\",\"\",VLOOKUP($A138,Items!$A$8:$K$701,11,FALSE))","v":3450}]
[{"$f":"IF(Items!A139=\"\",\"\",Items!A139)","v":"718-52610"},{"$f":"IF(Items!B139=\"\",\"\",Items!B139)","v":"AGGREGATE FOR UNDERDRAINS"},"x",700,"718",{"$f":"IF(A139=\"\",\"\",VLOOKUP(A139,Items!$A$8:$AJ$701,34,FALSE))","v":1496},{"$f":"IF(A139=\"\",\"\",VLOOKUP(A139,Items!$A$8:$J$701,3,FALSE))","v":"C.Y."},33,{"$f":"IF($A139=\"\",\"\",VLOOKUP($A139,Items!$A$8:$J$701,5,FALSE))","v":49368},31.029999999999998,{"$f":"IF($A139=\"\",\"\",VLOOKUP($A139,Items!$A$8:$J$701,7,FALSE))","v":46420.88},25,{"$f":"IF($A139=\"\",\"\",VLOOKUP($A139,Items!$A$8:$J$701,9,FALSE))","v":37400},33,{"$f":"IF($A139=\"\",\"\",VLOOKUP($A139,Items!$A$8:$K$701,11,FALSE))","v":49368}]
[{"$f":"IF(Items!A140=\"\",\"\",Items!A140)","v":"720-44000"},{"$f":"IF(Items!B140=\"\",\"\",Items!B140)","v":"CASTING, ADJUST TO GRADE"},"x",700,"720",{"$f":"IF(A140=\"\",\"\",VLOOKUP(A140,Items!$A$8:$AJ$701,34,FALSE))","v":8},{"$f":"IF(A140=\"\",\"\",VLOOKUP(A140,Items!$A$8:$J$701,3,FALSE))","v":"EACH"},445,{"$f":"IF($A140=\"\",\"\",VLOOKUP($A140,Items!$A$8:$J$701,5,FALSE))","v":3560},680.33,{"$f":"IF($A140=\"\",\"\",VLOOKUP($A140,Items!$A$8:$J$701,7,FALSE))","v":5442.64},331,{"$f":"IF($A140=\"\",\"\",VLOOKUP($A140,Items!$A$8:$J$701,9,FALSE))","v":2648},330.99,{"$f":"IF($A140=\"\",\"\",VLOOKUP($A140,Items!$A$8:$K$701,11,FALSE))","v":2647.92}]
[{"$f":"IF(Items!A141=\"\",\"\",Items!A141)","v":"720-45025"},{"$f":"IF(Items!B141=\"\",\"\",Items!B141)","v":"INLET, D6"},"x",700,"720",{"$f":"IF(A141=\"\",\"\",VLOOKUP(A141,Items!$A$8:$AJ$701,34,FALSE))","v":1},{"$f":"IF(A141=\"\",\"\",VLOOKUP(A141,Items!$A$8:$J$701,3,FALSE))","v":"EACH"},2340,{"$f":"IF($A141=\"\",\"\",VLOOKUP($A141,Items!$A$8:$J$701,5,FALSE))","v":2340},2046.02,{"$f":"IF($A141=\"\",\"\",VLOOKUP($A141,Items!$A$8:$J$701,7,FALSE))","v":2046.02},1315,{"$f":"IF($A141=\"\",\"\",VLOOKUP($A141,Items!$A$8:$J$701,9,FALSE))","v":1315},1315.23,{"$f":"IF($A141=\"\",\"\",VLOOKUP($A141,Items!$A$8:$K$701,11,FALSE))","v":1315.23}]
[{"$f":"IF(Items!A142=\"\",\"\",Items!A142)","v":"720-45030"},{"$f":"IF(Items!B142=\"\",\"\",Items!B142)","v":"INLET, E7"},"x",700,"720",{"$f":"IF(A142=\"\",\"\",VLOOKUP(A142,Items!$A$8:$AJ$701,34,FALSE))","v":1},{"$f":"IF(A142=\"\",\"\",VLOOKUP(A142,Items!$A$8:$J$701,3,FALSE))","v":"EACH"},1400,{"$f":"IF($A142=\"\",\"\",VLOOKUP($A142,Items!$A$8:$J$701,5,FALSE))","v":1400},1661.32,{"$f":"IF($A142=\"\",\"\",VLOOKUP($A142,Items!$A$8:$J$701,7,FALSE))","v":1661.32},1105,{"$f":"IF($A142=\"\",\"\",VLOOKUP($A142,Items!$A$8:$J$701,9,FALSE))","v":1105},1101.7,{"$f":"IF($A142=\"\",\"\",VLOOKUP($A142,Items!$A$8:$K$701,11,FALSE))","v":1101.7}]
[{"$f":"IF(Items!A143=\"\",\"\",Items!A143)","v":"720-45035"},{"$f":"IF(Items!B143=\"\",\"\",Items!B143)","v":"INLET, F7"},"x",700,"720",{"$f":"IF(A143=\"\",\"\",VLOOKUP(A143,Items!$A$8:$AJ$701,34,FALSE))","v":3},{"$f":"IF(A143=\"\",\"\",VLOOKUP(A143,Items!$A$8:$J$701,3,FALSE))","v":"EACH"},1390,{"$f":"IF($A143=\"\",\"\",VLOOKUP($A143,Items!$A$8:$J$701,5,FALSE))","v":4170},1661.3100000000002,{"$f":"IF($A143=\"\",\"\",VLOOKUP($A143,Items!$A$8:$J$701,7,FALSE))","v":4983.93},1103,{"$f":"IF($A143=\"\",\"\",VLOOKUP($A143,Items!$A$8:$J$701,9,FALSE))","v":3309},1102.8,{"$f":"IF($A143=\"\",\"\",VLOOKUP($A143,Items!$A$8:$K$701,11,FALSE))","v":3308.4}]
[{"$f":"IF(Items!A144=\"\",\"\",Items!A144)","v":"720-45040"},{"$f":"IF(Items!B144=\"\",\"\",Items!B144)","v":"INLET, G7"},"x",700,"720",{"$f":"IF(A144=\"\",\"\",VLOOKUP(A144,Items!$A$8:$AJ$701,34,FALSE))","v":2},{"$f":"IF(A144=\"\",\"\",VLOOKUP(A144,Items!$A$8:$J$701,3,FALSE))","v":"EACH"},2225,{"$f":"IF($A144=\"\",\"\",VLOOKUP($A144,Items!$A$8:$J$701,5,FALSE))","v":4450},2009.02,{"$f":"IF($A144=\"\",\"\",VLOOKUP($A144,Items!$A$8:$J$701,7,FALSE))","v":4018.04},2378,{"$f":"IF($A144=\"\",\"\",VLOOKUP($A144,Items!$A$8:$J$701,9,FALSE))","v":4756},2378.5500000000002,{"$f":"IF($A144=\"\",\"\",VLOOKUP($A144,Items!$A$8:$K$701,11,FALSE))","v":4757.1000000000004}]
[{"$f":"IF(Items!A145=\"\",\"\",Items!A145)","v":"720-45140"},{"$f":"IF(Items!B145=\"\",\"\",Items!B145)","v":"INLET, G7, MODIFIED"},"x",700,"720",{"$f":"IF(A145=\"\",\"\",VLOOKUP(A145,Items!$A$8:$AJ$701,34,FALSE))","v":1},{"$f":"IF(A145=\"\",\"\",VLOOKUP(A145,Items!$A$8:$J$701,3,FALSE))","v":"EACH"},2400,{"$f":"IF($A145=\"\",\"\",VLOOKUP($A145,Items!$A$8:$J$701,5,FALSE))","v":2400},2401.09,{"$f":"IF($A145=\"\",\"\",VLOOKUP($A145,Items!$A$8:$J$701,7,FALSE))","v":2401.09},1725,{"$f":"IF($A145=\"\",\"\",VLOOKUP($A145,Items!$A$8:$J$701,9,FALSE))","v":1725},1721.49,{"$f":"IF($A145=\"\",\"\",VLOOKUP($A145,Items!$A$8:$K$701,11,FALSE))","v":1721.49}]
[{"$f":"IF(Items!A146=\"\",\"\",Items!A146)","v":"720-45510"},{"$f":"IF(Items!B146=\"\",\"\",Items!B146)","v":"MANHOLE, C4, MODIFIED"},"x",700,"720",{"$f":"IF(A146=\"\",\"\",VLOOKUP(A146,Items!$A$8:$AJ$701,34,FALSE))","v":2},{"$f":"IF(A146=\"\",\"\",VLOOKUP(A146,Items!$A$8:$J$701,3,FALSE))","v":"EACH"},2600,{"$f":"IF($A146=\"\",\"\",VLOOKUP($A146,Items!$A$8:$J$701,5,FALSE))","v":5200},2410.7600000000002,{"$f":"IF($A146=\"\",\"\",VLOOKUP($A146,Items!$A$8:$J$701,7,FALSE))","v":4821.5200000000004},1836.5,{"$f":"IF($A146=\"\",\"\",VLOOKUP($A146,Items!$A$8:$J$701,9,FALSE))","v":3673},1836.5,{"$f":"IF($A146=\"\",\"\",VLOOKUP($A146,Items!$A$8:$K$701,11,FALSE))","v":3673}]
[{"$f":"IF(Items!A147=\"\",\"\",Items!A147)","v":"720-95409"},{"$f":"IF(Items!B147=\"\",\"\",Items!B147)","v":"MANHOLE, J4, MODIFIED"},"x",700,"720",{"$f":"IF(A147=\"\",\"\",VLOOKUP(A147,Items!$A$8:$AJ$701,34,FALSE))","v":2},{"$f":"IF(A147=\"\",\"\",VLOOKUP(A147,Items!$A$8:$J$701,3,FALSE))","v":"EACH"},3200,{"$f":"IF($A147=\"\",\"\",VLOOKUP($A147,Items!$A$8:$J$701,5,FALSE))","v":6400},3483.01,{"$f":"IF($A147=\"\",\"\",VLOOKUP($A147,Items!$A$8:$J$701,7,FALSE))","v":6966.02},1787,{"$f":"IF($A147=\"\",\"\",VLOOKUP($A147,Items!$A$8:$J$701,9,FALSE))","v":3574},1787.22,{"$f":"IF($A147=\"\",\"\",VLOOKUP($A147,Items!$A$8:$K$701,11,FALSE))","v":3574.44}]
[{"$f":"IF(Items!A148=\"\",\"\",Items!A148)","v":"720-97865"},{"$f":"IF(Items!B148=\"\",\"\",Items!B148)","v":"MANHOLE, C2, MODIFIED"},"x",700,"720",{"$f":"IF(A148=\"\",\"\",VLOOKUP(A148,Items!$A$8:$AJ$701,34,FALSE))","v":4},{"$f":"IF(A148=\"\",\"\",VLOOKUP(A148,Items!$A$8:$J$701,3,FALSE))","v":"EACH"},3700,{"$f":"IF($A148=\"\",\"\",VLOOKUP($A148,Items!$A$8:$J$701,5,FALSE))","v":14800},2629.8,{"$f":"IF($A148=\"\",\"\",VLOOKUP($A148,Items!$A$8:$J$701,7,FALSE))","v":10519.2},2030,{"$f":"IF($A148=\"\",\"\",VLOOKUP($A148,Items!$A$8:$J$701,9,FALSE))","v":8120},2030.3000000000002,{"$f":"IF($A148=\"\",\"\",VLOOKUP($A148,Items!$A$8:$K$701,11,FALSE))","v":8121.2000000000007}]
[{"$f":"IF(Items!A149=\"\",\"\",Items!A149)","v":"720-98555"},{"$f":"IF(Items!B149=\"\",\"\",Items!B149)","v":"INLET, C15"},"x",700,"720",{"$f":"IF(A149=\"\",\"\",VLOOKUP(A149,Items!$A$8:$AJ$701,34,FALSE))","v":1},{"$f":"IF(A149=\"\",\"\",VLOOKUP(A149,Items!$A$8:$J$701,3,FALSE))","v":"EACH"},2075,{"$f":"IF($A149=\"\",\"\",VLOOKUP($A149,Items!$A$8:$J$701,5,FALSE))","v":2075},2511.1000000000004,{"$f":"IF($A149=\"\",\"\",VLOOKUP($A149,Items!$A$8:$J$701,7,FALSE))","v":2511.1000000000004},1777,{"$f":"IF($A149=\"\",\"\",VLOOKUP($A149,Items!$A$8:$J$701,9,FALSE))","v":1777},1776.98,{"$f":"IF($A149=\"\",\"\",VLOOKUP($A149,Items!$A$8:$K$701,11,FALSE))","v":1776.98}]
[{"$f":"IF(Items!A150=\"\",\"\",Items!A150)","v":"723-08608"},{"$f":"IF(Items!B150=\"\",\"\",Items!B150)","v":"WINGWALL"},"x",700,"723",{"$f":"IF(A150=\"\",\"\",VLOOKUP(A150,Items!$A$8:$AJ$701,34,FALSE))","v":608},{"$f":"IF(A150=\"\",\"\",VLOOKUP(A150,Items!$A$8:$J$701,3,FALSE))","v":"S.F."},90,{"$f":"IF($A150=\"\",\"\",VLOOKUP($A150,Items!$A$8:$J$701,5,FALSE))","v":54720},51.260000000000005,{"$f":"IF($A150=\"\",\"\",VLOOKUP($A150,Items!$A$8:$J$701,7,FALSE))","v":31166.080000000002},87,{"$f":"IF($A150=\"\",\"\",VLOOKUP($A150,Items!$A$8:$J$701,9,FALSE))","v":52896},86.99,{"$f":"IF($A150=\"\",\"\",VLOOKUP($A150,Items!$A$8:$K$701,11,FALSE))","v":52889.919999999998}]
[{"$f":"IF(Items!A151=\"\",\"\",Items!A151)","v":"727-90308"},{"$f":"IF(Items!B151=\"\",\"\",Items!B151)","v":"EPOXY INJECTION, CRACK PREPARATION"},"x",700,"727",{"$f":"IF(A151=\"\",\"\",VLOOKUP(A151,Items!$A$8:$AJ$701,34,FALSE))","v":119},{"$f":"IF(A151=\"\",\"\",VLOOKUP(A151,Items!$A$8:$J$701,3,FALSE))","v":"L.F."},40.369999999999997,{"$f":"IF($A151=\"\",\"\",VLOOKUP($A151,Items!$A$8:$J$701,5,FALSE))","v":4804.03},34.08,{"$f":"IF($A151=\"\",\"\",VLOOKUP($A151,Items!$A$8:$J$701,7,FALSE))","v":4055.52},59.6,{"$f":"IF($A151=\"\",\"\",VLOOKUP($A151,Items!$A$8:$J$701,9,FALSE))","v":7092.4000000000005},93,{"$f":"IF($A151=\"\",\"\",VLOOKUP($A151,Items!$A$8:$K$701,11,FALSE))","v":11067}]
[{"$f":"IF(Items!A152=\"\",\"\",Items!A152)","v":"727-90309"},{"$f":"IF(Items!B152=\"\",\"\",Items!B152)","v":"EPOXY INJECTION, EPOXY MATERIAL"},"x",700,"727",{"$f":"IF(A152=\"\",\"\",VLOOKUP(A152,Items!$A$8:$AJ$701,34,FALSE))","v":15},{"$f":"IF(A152=\"\",\"\",VLOOKUP(A152,Items!$A$8:$J$701,3,FALSE))","v":"GAL"},54,{"$f":"IF($A152=\"\",\"\",VLOOKUP($A152,Items!$A$8:$J$701,5,FALSE))","v":810},53.34,{"$f":"IF($A152=\"\",\"\",VLOOKUP($A152,Items!$A$8:$J$701,7,FALSE))","v":800.1},54,{"$f":"IF($A152=\"\",\"\",VLOOKUP($A152,Items!$A$8:$J$701,9,FALSE))","v":810},85,{"$f":"IF($A152=\"\",\"\",VLOOKUP($A152,Items!$A$8:$K$701,11,FALSE))","v":1275}]
[{"$f":"IF(Items!A153=\"\",\"\",Items!A153)","v":"727-93560"},{"$f":"IF(Items!B153=\"\",\"\",Items!B153)","v":"EPOXY INJECTION, FURNISHING EQUIPMENT"},"x",700,"727",{"$f":"IF(A153=\"\",\"\",VLOOKUP(A153,Items!$A$8:$AJ$701,34,FALSE))","v":1},{"$f":"IF(A153=\"\",\"\",VLOOKUP(A153,Items!$A$8:$J$701,3,FALSE))","v":"L.S."},200,{"$f":"IF($A153=\"\",\"\",VLOOKUP($A153,Items!$A$8:$J$701,5,FALSE))","v":200},500,{"$f":"IF($A153=\"\",\"\",VLOOKUP($A153,Items!$A$8:$J$701,7,FALSE))","v":500},200,{"$f":"IF($A153=\"\",\"\",VLOOKUP($A153,Items!$A$8:$J$701,9,FALSE))","v":200},1875,{"$f":"IF($A153=\"\",\"\",VLOOKUP($A153,Items!$A$8:$K$701,11,FALSE))","v":1875}]
[{"$f":"IF(Items!A154=\"\",\"\",Items!A154)","v":"801-02595"},{"$f":"IF(Items!B154=\"\",\"\",Items!B154)","v":"CONTROLLER, RESET TIMING"},"x",800,"801",{"$f":"IF(A154=\"\",\"\",VLOOKUP(A154,Items!$A$8:$AJ$701,34,FALSE))","v":3},{"$f":"IF(A154=\"\",\"\",VLOOKUP(A154,Items!$A$8:$J$701,3,FALSE))","v":"EACH"},155,{"$f":"IF($A154=\"\",\"\",VLOOKUP($A154,Items!$A$8:$J$701,5,FALSE))","v":465},155,{"$f":"IF($A154=\"\",\"\",VLOOKUP($A154,Items!$A$8:$J$701,7,FALSE))","v":465},155,{"$f":"IF($A154=\"\",\"\",VLOOKUP($A154,Items!$A$8:$J$701,9,FALSE))","v":465},155,{"$f":"IF($A154=\"\",\"\",VLOOKUP($A154,Items!$A$8:$K$701,11,FALSE))","v":465}]
[{"$f":"IF(Items!A155=\"\",\"\",Items!A155)","v":"801-03290"},{"$f":"IF(Items!B155=\"\",\"\",Items!B155)","v":"CONSTRUCTION SIGN, C"},"x",800,"801",{"$f":"IF(A155=\"\",\"\",VLOOKUP(A155,Items!$A$8:$AJ$701,34,FALSE))","v":12},{"$f":"IF(A155=\"\",\"\",VLOOKUP(A155,Items!$A$8:$J$701,3,FALSE))","v":"EACH"},140,{"$f":"IF($A155=\"\",\"\",VLOOKUP($A155,Items!$A$8:$J$701,5,FALSE))","v":1680},128,{"$f":"IF($A155=\"\",\"\",VLOOKUP($A155,Items!$A$8:$J$701,7,FALSE))","v":1536},140,{"$f":"IF($A155=\"\",\"\",VLOOKUP($A155,Items!$A$8:$J$701,9,FALSE))","v":1680},153,{"$f":"IF($A155=\"\",\"\",VLOOKUP($A155,Items!$A$8:$K$701,11,FALSE))","v":1836}]
[{"$f":"IF(Items!A156=\"\",\"\",Items!A156)","v":"801-04308"},{"$f":"IF(Items!B156=\"\",\"\",Items!B156)","v":"ROAD CLOSURE SIGN ASSEMBLY"},"x",800,"801",{"$f":"IF(A156=\"\",\"\",VLOOKUP(A156,Items!$A$8:$AJ$701,34,FALSE))","v":20},{"$f":"IF(A156=\"\",\"\",VLOOKUP(A156,Items!$A$8:$J$701,3,FALSE))","v":"EACH"},345,{"$f":"IF($A156=\"\",\"\",VLOOKUP($A156,Items!$A$8:$J$701,5,FALSE))","v":6900},110,{"$f":"IF($A156=\"\",\"\",VLOOKUP($A156,Items!$A$8:$J$701,7,FALSE))","v":2200},345,{"$f":"IF($A156=\"\",\"\",VLOOKUP($A156,Items!$A$8:$J$701,9,FALSE))","v":6900},132,{"$f":"IF($A156=\"\",\"\",VLOOKUP($A156,Items!$A$8:$K$701,11,FALSE))","v":2640}]
[{"$f":"IF(Items!A157=\"\",\"\",Items!A157)","v":"801-06201"},{"$f":"IF(Items!B157=\"\",\"\",Items!B157)","v":"TEMPORARY PANEL SIGNS"},"x",800,"801",{"$f":"IF(A157=\"\",\"\",VLOOKUP(A157,Items!$A$8:$AJ$701,34,FALSE))","v":22.5},{"$f":"IF(A157=\"\",\"\",VLOOKUP(A157,Items!$A$8:$J$701,3,FALSE))","v":"S.Y."},22,{"$f":"IF($A157=\"\",\"\",VLOOKUP($A157,Items!$A$8:$J$701,5,FALSE))","v":495},22,{"$f":"IF($A157=\"\",\"\",VLOOKUP($A157,Items!$A$8:$J$701,7,FALSE))","v":495},13.8,{"$f":"IF($A157=\"\",\"\",VLOOKUP($A157,Items!$A$8:$J$701,9,FALSE))","v":310.5},22,{"$f":"IF($A157=\"\",\"\",VLOOKUP($A157,Items!$A$8:$K$701,11,FALSE))","v":495}]
[{"$f":"IF(Items!A158=\"\",\"\",Items!A158)","v":"801-06202"},{"$f":"IF(Items!B158=\"\",\"\",Items!B158)","v":"TEMPORARY PANEL SIGN SUPPORTS"},"x",800,"801",{"$f":"IF(A158=\"\",\"\",VLOOKUP(A158,Items!$A$8:$AJ$701,34,FALSE))","v":56},{"$f":"IF(A158=\"\",\"\",VLOOKUP(A158,Items!$A$8:$J$701,3,FALSE))","v":"L.F."},20,{"$f":"IF($A158=\"\",\"\",VLOOKUP($A158,Items!$A$8:$J$701,5,FALSE))","v":1120},20,{"$f":"IF($A158=\"\",\"\",VLOOKUP($A158,Items!$A$8:$J$701,7,FALSE))","v":1120},17.7,{"$f":"IF($A158=\"\",\"\",VLOOKUP($A158,Items!$A$8:$J$701,9,FALSE))","v":991.2},20,{"$f":"IF($A158=\"\",\"\",VLOOKUP($A158,Items!$A$8:$K$701,11,FALSE))","v":1120}]
[{"$f":"IF(Items!A159=\"\",\"\",Items!A159)","v":"801-06203"},{"$f":"IF(Items!B159=\"\",\"\",Items!B159)","v":"TEMPORARY PAVEMENT MARKING, 4 IN."},"x",800,"801",{"$f":"IF(A159=\"\",\"\",VLOOKUP(A159,Items!$A$8:$AJ$701,34,FALSE))","v":35000},{"$f":"IF(A159=\"\",\"\",VLOOKUP(A159,Items!$A$8:$J$701,3,FALSE))","v":"L.F."},0.17,{"$f":"IF($A159=\"\",\"\",VLOOKUP($A159,Items!$A$8:$J$701,5,FALSE))","v":5950},0.16,{"$f":"IF($A159=\"\",\"\",VLOOKUP($A159,Items!$A$8:$J$701,7,FALSE))","v":5600},0.17,{"$f":"IF($A159=\"\",\"\",VLOOKUP($A159,Items!$A$8:$J$701,9,FALSE))","v":5950},0.22,{"$f":"IF($A159=\"\",\"\",VLOOKUP($A159,Items!$A$8:$K$701,11,FALSE))","v":7700}]
[{"$f":"IF(Items!A160=\"\",\"\",Items!A160)","v":"801-06207"},{"$f":"IF(Items!B160=\"\",\"\",Items!B160)","v":"TEMPORARY PAVEMENT MARKING, REMOVABLE, 4 IN."},"x",800,"801",{"$f":"IF(A160=\"\",\"\",VLOOKUP(A160,Items!$A$8:$AJ$701,34,FALSE))","v":64300},{"$f":"IF(A160=\"\",\"\",VLOOKUP(A160,Items!$A$8:$J$701,3,FALSE))","v":"L.F."},0.88,{"$f":"IF($A160=\"\",\"\",VLOOKUP($A160,Items!$A$8:$J$701,5,FALSE))","v":56584},0.87,{"$f":"IF($A160=\"\",\"\",VLOOKUP($A160,Items!$A$8:$J$701,7,FALSE))","v":55941},0.88,{"$f":"IF($A160=\"\",\"\",VLOOKUP($A160,Items!$A$8:$J$701,9,FALSE))","v":56584},0.1,{"$f":"IF($A160=\"\",\"\",VLOOKUP($A160,Items!$A$8:$K$701,11,FALSE))","v":6430}]
[{"$f":"IF(Items!A161=\"\",\"\",Items!A161)","v":"801-06211"},{"$f":"IF(Items!B161=\"\",\"\",Items!B161)","v":"TEMPORARY PAVEMENT MESSAGE MARKING, REMOVABLE"},"x",800,"801",{"$f":"IF(A161=\"\",\"\",VLOOKUP(A161,Items!$A$8:$AJ$701,34,FALSE))","v":13},{"$f":"IF(A161=\"\",\"\",VLOOKUP(A161,Items!$A$8:$J$701,3,FALSE))","v":"EACH"},95,{"$f":"IF($A161=\"\",\"\",VLOOKUP($A161,Items!$A$8:$J$701,5,FALSE))","v":1235},85,{"$f":"IF($A161=\"\",\"\",VLOOKUP($A161,Items!$A$8:$J$701,7,FALSE))","v":1105},95,{"$f":"IF($A161=\"\",\"\",VLOOKUP($A161,Items!$A$8:$J$701,9,FALSE))","v":1235},115,{"$f":"IF($A161=\"\",\"\",VLOOKUP($A161,Items!$A$8:$K$701,11,FALSE))","v":1495}]
[{"$f":"IF(Items!A162=\"\",\"\",Items!A162)","v":"801-06218"},{"$f":"IF(Items!B162=\"\",\"\",Items!B162)","v":"TEMPORARY TRANSVERSE PAVEMENT MARKING, REMOVA"},"x",800,"801",{"$f":"IF(A162=\"\",\"\",VLOOKUP(A162,Items!$A$8:$AJ$701,34,FALSE))","v":377},{"$f":"IF(A162=\"\",\"\",VLOOKUP(A162,Items!$A$8:$J$701,3,FALSE))","v":"L.F."},5,{"$f":"IF($A162=\"\",\"\",VLOOKUP($A162,Items!$A$8:$J$701,5,FALSE))","v":1885},4.25,{"$f":"IF($A162=\"\",\"\",VLOOKUP($A162,Items!$A$8:$J$701,7,FALSE))","v":1602.25},5,{"$f":"IF($A162=\"\",\"\",VLOOKUP($A162,Items!$A$8:$J$701,9,FALSE))","v":1885},5.1800000000000006,{"$f":"IF($A162=\"\",\"\",VLOOKUP($A162,Items!$A$8:$K$701,11,FALSE))","v":1952.8600000000001}]
[{"$f":"IF(Items!A163=\"\",\"\",Items!A163)","v":"801-06539"},{"$f":"IF(Items!B163=\"\",\"\",Items!B163)","v":"TEMPORARY TRAFFIC SIGNAL INSTALLATION, MAINTA"},"x",800,"801",{"$f":"IF(A163=\"\",\"\",VLOOKUP(A163,Items!$A$8:$AJ$701,34,FALSE))","v":1},{"$f":"IF(A163=\"\",\"\",VLOOKUP(A163,Items!$A$8:$J$701,3,FALSE))","v":"L.S."},4100,{"$f":"IF($A163=\"\",\"\",VLOOKUP($A163,Items!$A$8:$J$701,5,FALSE))","v":4100},4100,{"$f":"IF($A163=\"\",\"\",VLOOKUP($A163,Items!$A$8:$J$701,7,FALSE))","v":4100},4100,{"$f":"IF($A163=\"\",\"\",VLOOKUP($A163,Items!$A$8:$J$701,9,FALSE))","v":4100},4100,{"$f":"IF($A163=\"\",\"\",VLOOKUP($A163,Items!$A$8:$K$701,11,FALSE))","v":4100}]
[{"$f":"IF(Items!A164=\"\",\"\",Items!A164)","v":"801-06625"},{"$f":"IF(Items!B164=\"\",\"\",Items!B164)","v":"DETOUR ROUTE MARKER ASSEMBLY"},"x",800,"801",{"$f":"IF(A164=\"\",\"\",VLOOKUP(A164,Items!$A$8:$AJ$701,34,FALSE))","v":15},{"$f":"IF(A164=\"\",\"\",VLOOKUP(A164,Items!$A$8:$J$701,3,FALSE))","v":"EACH"},89,{"$f":"IF($A164=\"\",\"\",VLOOKUP($A164,Items!$A$8:$J$701,5,FALSE))","v":1335},80,{"$f":"IF($A164=\"\",\"\",VLOOKUP($A164,Items!$A$8:$J$701,7,FALSE))","v":1200},89,{"$f":"IF($A164=\"\",\"\",VLOOKUP($A164,Items!$A$8:$J$701,9,FALSE))","v":1335},89,{"$f":"IF($A164=\"\",\"\",VLOOKUP($A164,Items!$A$8:$K$701,11,FALSE))","v":1335}]
[{"$f":"IF(Items!A165=\"\",\"\",Items!A165)","v":"801-06640"},{"$f":"IF(Items!B165=\"\",\"\",Items!B165)","v":"CONSTRUCTION SIGN, A"},"x",800,"801",{"$f":"IF(A165=\"\",\"\",VLOOKUP(A165,Items!$A$8:$AJ$701,34,FALSE))","v":37},{"$f":"IF(A165=\"\",\"\",VLOOKUP(A165,Items!$A$8:$J$701,3,FALSE))","v":"EACH"},130,{"$f":"IF($A165=\"\",\"\",VLOOKUP($A165,Items!$A$8:$J$701,5,FALSE))","v":4810},112,{"$f":"IF($A165=\"\",\"\",VLOOKUP($A165,Items!$A$8:$J$701,7,FALSE))","v":4144},130,{"$f":"IF($A165=\"\",\"\",VLOOKUP($A165,Items!$A$8:$J$701,9,FALSE))","v":4810},129,{"$f":"IF($A165=\"\",\"\",VLOOKUP($A165,Items!$A$8:$K$701,11,FALSE))","v":4773}]
[{"$f":"IF(Items!A166=\"\",\"\",Items!A166)","v":"801-06645"},{"$f":"IF(Items!B166=\"\",\"\",Items!B166)","v":"CONSTRUCTION SIGN, B"},"x",800,"801",{"$f":"IF(A166=\"\",\"\",VLOOKUP(A166,Items!$A$8:$AJ$701,34,FALSE))","v":5},{"$f":"IF(A166=\"\",\"\",VLOOKUP(A166,Items!$A$8:$J$701,3,FALSE))","v":"EACH"},48,{"$f":"IF($A166=\"\",\"\",VLOOKUP($A166,Items!$A$8:$J$701,5,FALSE))","v":240},40,{"$f":"IF($A166=\"\",\"\",VLOOKUP($A166,Items!$A$8:$J$701,7,FALSE))","v":200},48,{"$f":"IF($A166=\"\",\"\",VLOOKUP($A166,Items!$A$8:$J$701,9,FALSE))","v":240},48,{"$f":"IF($A166=\"\",\"\",VLOOKUP($A166,Items!$A$8:$K$701,11,FALSE))","v":240}]
[{"$f":"IF(Items!A167=\"\",\"\",Items!A167)","v":"801-06710"},{"$f":"IF(Items!B167=\"\",\"\",Items!B167)","v":"FLASHING ARROW SIGN"},"x",800,"801",{"$f":"IF(A167=\"\",\"\",VLOOKUP(A167,Items!$A$8:$AJ$701,34,FALSE))","v":30},{"$f":"IF(A167=\"\",\"\",VLOOKUP(A167,Items!$A$8:$J$701,3,FALSE))","v":"DAY"},10,{"$f":"IF($A167=\"\",\"\",VLOOKUP($A167,Items!$A$8:$J$701,5,FALSE))","v":300},10,{"$f":"IF($A167=\"\",\"\",VLOOKUP($A167,Items!$A$8:$J$701,7,FALSE))","v":300},10,{"$f":"IF($A167=\"\",\"\",VLOOKUP($A167,Items!$A$8:$J$701,9,FALSE))","v":300},10,{"$f":"IF($A167=\"\",\"\",VLOOKUP($A167,Items!$A$8:$K$701,11,FALSE))","v":300}]
[{"$f":"IF(Items!A168=\"\",\"\",Items!A168)","v":"801-06775"},{"$f":"IF(Items!B168=\"\",\"\",Items!B168)","v":"MAINTAINING TRAFFIC"},"x",800,"801",{"$f":"IF(A168=\"\",\"\",VLOOKUP(A168,Items!$A$8:$AJ$701,34,FALSE))","v":1},{"$f":"IF(A168=\"\",\"\",VLOOKUP(A168,Items!$A$8:$J$701,3,FALSE))","v":"L.S."},41950,{"$f":"IF($A168=\"\",\"\",VLOOKUP($A168,Items!$A$8:$J$701,5,FALSE))","v":41950},150000,{"$f":"IF($A168=\"\",\"\",VLOOKUP($A168,Items!$A$8:$J$701,7,FALSE))","v":150000},130000,{"$f":"IF($A168=\"\",\"\",VLOOKUP($A168,Items!$A$8:$J$701,9,FALSE))","v":130000},175000,{"$f":"IF($A168=\"\",\"\",VLOOKUP($A168,Items!$A$8:$K$701,11,FALSE))","v":175000}]
[{"$f":"IF(Items!A169=\"\",\"\",Items!A169)","v":"801-07023"},{"$f":"IF(Items!B169=\"\",\"\",Items!B169)","v":"ENERGY ABSORBIBG TERMINAL, CZ, TL-2"},"x",800,"801",{"$f":"IF(A169=\"\",\"\",VLOOKUP(A169,Items!$A$8:$AJ$701,34,FALSE))","v":5},{"$f":"IF(A169=\"\",\"\",VLOOKUP(A169,Items!$A$8:$J$701,3,FALSE))","v":"EACH"},5400,{"$f":"IF($A169=\"\",\"\",VLOOKUP($A169,Items!$A$8:$J$701,5,FALSE))","v":27000},5500,{"$f":"IF($A169=\"\",\"\",VLOOKUP($A169,Items!$A$8:$J$701,7,FALSE))","v":27500},6900,{"$f":"IF($A169=\"\",\"\",VLOOKUP($A169,Items!$A$8:$J$701,9,FALSE))","v":34500},5400,{"$f":"IF($A169=\"\",\"\",VLOOKUP($A169,Items!$A$8:$K$701,11,FALSE))","v":27000}]
[{"$f":"IF(Items!A170=\"\",\"\",Items!A170)","v":"801-07118"},{"$f":"IF(Items!B170=\"\",\"\",Items!B170)","v":"BARRICADE, III-A"},"x",800,"801",{"$f":"IF(A170=\"\",\"\",VLOOKUP(A170,Items!$A$8:$AJ$701,34,FALSE))","v":468},{"$f":"IF(A170=\"\",\"\",VLOOKUP(A170,Items!$A$8:$J$701,3,FALSE))","v":"L.F."},8.4500000000000011,{"$f":"IF($A170=\"\",\"\",VLOOKUP($A170,Items!$A$8:$J$701,5,FALSE))","v":3954.6000000000004},8,{"$f":"IF($A170=\"\",\"\",VLOOKUP($A170,Items!$A$8:$J$701,7,FALSE))","v":3744},8.4500000000000011,{"$f":"IF($A170=\"\",\"\",VLOOKUP($A170,Items!$A$8:$J$701,9,FALSE))","v":3954.6000000000004},11.1,{"$f":"IF($A170=\"\",\"\",VLOOKUP($A170,Items!$A$8:$K$701,11,FALSE))","v":5194.8}]
[{"$f":"IF(Items!A171=\"\",\"\",Items!A171)","v":"801-07119"},{"$f":"IF(Items!B171=\"\",\"\",Items!B171)","v":"BARRICADE, III-B"},"x",800,"801",{"$f":"IF(A171=\"\",\"\",VLOOKUP(A171,Items!$A$8:$AJ$701,34,FALSE))","v":48},{"$f":"IF(A171=\"\",\"\",VLOOKUP(A171,Items!$A$8:$J$701,3,FALSE))","v":"L.F."},9.15,{"$f":"IF($A171=\"\",\"\",VLOOKUP($A171,Items!$A$8:$J$701,5,FALSE))","v":439.20000000000005},8.5500000000000007,{"$f":"IF($A171=\"\",\"\",VLOOKUP($A171,Items!$A$8:$J$701,7,FALSE))","v":410.40000000000003},9.15,{"$f":"IF($A171=\"\",\"\",VLOOKUP($A171,Items!$A$8:$J$701,9,FALSE))","v":439.20000000000005},15.280000000000001,{"$f":"IF($A171=\"\",\"\",VLOOKUP($A171,Items!$A$8:$K$701,11,FALSE))","v":733.44}]
[{"$f":"IF(Items!A172=\"\",\"\",Items!A172)","v":"801-08401"},{"$f":"IF(Items!B172=\"\",\"\",Items!B172)","v":"TEMPORARY TRAFFIC BARRIER, TYPE 2"},"x",800,"801",{"$f":"IF(A172=\"\",\"\",VLOOKUP(A172,Items!$A$8:$AJ$701,34,FALSE))","v":9260},{"$f":"IF(A172=\"\",\"\",VLOOKUP(A172,Items!$A$8:$J$701,3,FALSE))","v":"L.F."},18.75,{"$f":"IF($A172=\"\",\"\",VLOOKUP($A172,Items!$A$8:$J$701,5,FALSE))","v":173625},25.310000000000002,{"$f":"IF($A172=\"\",\"\",VLOOKUP($A172,Items!$A$8:$J$701,7,FALSE))","v":234370.6},14,{"$f":"IF($A172=\"\",\"\",VLOOKUP($A172,Items!$A$8:$J$701,9,FALSE))","v":129640},6,{"$f":"IF($A172=\"\",\"\",VLOOKUP($A172,Items!$A$8:$K$701,11,FALSE))","v":55560}]
[{"$f":"IF(Items!A173=\"\",\"\",Items!A173)","v":"801-08508"},{"$f":"IF(Items!B173=\"\",\"\",Items!B173)","v":"TEMPORARY TRAFFIC BARRIER, TYPE 2, ANCHORED"},"x",800,"801",{"$f":"IF(A173=\"\",\"\",VLOOKUP(A173,Items!$A$8:$AJ$701,34,FALSE))","v":252},{"$f":"IF(A173=\"\",\"\",VLOOKUP(A173,Items!$A$8:$J$701,3,FALSE))","v":"L.F."},30,{"$f":"IF($A173=\"\",\"\",VLOOKUP($A173,Items!$A$8:$J$701,5,FALSE))","v":7560},22.84,{"$f":"IF($A173=\"\",\"\",VLOOKUP($A173,Items!$A$8:$J$701,7,FALSE))","v":5755.68},15,{"$f":"IF($A173=\"\",\"\",VLOOKUP($A173,Items!$A$8:$J$701,9,FALSE))","v":3780},7,{"$f":"IF($A173=\"\",\"\",VLOOKUP($A173,Items!$A$8:$K$701,11,FALSE))","v":1764}]
[{"$f":"IF(Items!A174=\"\",\"\",Items!A174)","v":"801-94295"},{"$f":"IF(Items!B174=\"\",\"\",Items!B174)","v":"SIGNAL HEAD, RELOCATE"},"x",800,"801",{"$f":"IF(A174=\"\",\"\",VLOOKUP(A174,Items!$A$8:$AJ$701,34,FALSE))","v":32},{"$f":"IF(A174=\"\",\"\",VLOOKUP(A174,Items!$A$8:$J$701,3,FALSE))","v":"EACH"},130,{"$f":"IF($A174=\"\",\"\",VLOOKUP($A174,Items!$A$8:$J$701,5,FALSE))","v":4160},130,{"$f":"IF($A174=\"\",\"\",VLOOKUP($A174,Items!$A$8:$J$701,7,FALSE))","v":4160},130,{"$f":"IF($A174=\"\",\"\",VLOOKUP($A174,Items!$A$8:$J$701,9,FALSE))","v":4160},130,{"$f":"IF($A174=\"\",\"\",VLOOKUP($A174,Items!$A$8:$K$701,11,FALSE))","v":4160}]
[{"$f":"IF(Items!A175=\"\",\"\",Items!A175)","v":"802-05701"},{"$f":"IF(Items!B175=\"\",\"\",Items!B175)","v":"SIGN POST, SQUARE, 1, REINFORCED ANCHOR"},"x",800,"802",{"$f":"IF(A175=\"\",\"\",VLOOKUP(A175,Items!$A$8:$AJ$701,34,FALSE))","v":765.5},{"$f":"IF(A175=\"\",\"\",VLOOKUP(A175,Items!$A$8:$J$701,3,FALSE))","v":"L.F."},11.299999999999999,{"$f":"IF($A175=\"\",\"\",VLOOKUP($A175,Items!$A$8:$J$701,5,FALSE))","v":8650.15},11.299999999999999,{"$f":"IF($A175=\"\",\"\",VLOOKUP($A175,Items!$A$8:$J$701,7,FALSE))","v":8650.15},11.299999999999999,{"$f":"IF($A175=\"\",\"\",VLOOKUP($A175,Items!$A$8:$J$701,9,FALSE))","v":8650.15},11.299999999999999,{"$f":"IF($A175=\"\",\"\",VLOOKUP($A175,Items!$A$8:$K$701,11,FALSE))","v":8650.15}]
[{"$f":"IF(Items!A176=\"\",\"\",Items!A176)","v":"802-05702"},{"$f":"IF(Items!B176=\"\",\"\",Items!B176)","v":"SIGN POST SQUARE, 2, REINFORCED ANCHOR BASE"},"x",800,"802",{"$f":"IF(A176=\"\",\"\",VLOOKUP(A176,Items!$A$8:$AJ$701,34,FALSE))","v":211.25},{"$f":"IF(A176=\"\",\"\",VLOOKUP(A176,Items!$A$8:$J$701,3,FALSE))","v":"L.F."},11.649988165680472,{"$f":"IF($A176=\"\",\"\",VLOOKUP($A176,Items!$A$8:$J$701,5,FALSE))","v":2461.06},11.649988165680472,{"$f":"IF($A176=\"\",\"\",VLOOKUP($A176,Items!$A$8:$J$701,7,FALSE))","v":2461.06},11.649988165680472,{"$f":"IF($A176=\"\",\"\",VLOOKUP($A176,Items!$A$8:$J$701,9,FALSE))","v":2461.06},11.649988165680472,{"$f":"IF($A176=\"\",\"\",VLOOKUP($A176,Items!$A$8:$K$701,11,FALSE))","v":2461.06}]
[{"$f":"IF(Items!A177=\"\",\"\",Items!A177)","v":"802-07057"},{"$f":"IF(Items!B177=\"\",\"\",Items!B177)","v":"SIGN, PANEL, WITH LEGEND"},"x",800,"802",{"$f":"IF(A177=\"\",\"\",VLOOKUP(A177,Items!$A$8:$AJ$701,34,FALSE))","v":899},{"$f":"IF(A177=\"\",\"\",VLOOKUP(A177,Items!$A$8:$J$701,3,FALSE))","v":"S.F."},20,{"$f":"IF($A177=\"\",\"\",VLOOKUP($A177,Items!$A$8:$J$701,5,FALSE))","v":17980},20,{"$f":"IF($A177=\"\",\"\",VLOOKUP($A177,Items!$A$8:$J$701,7,FALSE))","v":17980},20,{"$f":"IF($A177=\"\",\"\",VLOOKUP($A177,Items!$A$8:$J$701,9,FALSE))","v":17980},20,{"$f":"IF($A177=\"\",\"\",VLOOKUP($A177,Items!$A$8:$K$701,11,FALSE))","v":17980}]
[{"$f":"IF(Items!A178=\"\",\"\",Items!A178)","v":"802-07151"},{"$f":"IF(Items!B178=\"\",\"\",Items!B178)","v":"WIDE FLANGE SIGN POST SUPPORT FOUNDATION, VII"},"x",800,"802",{"$f":"IF(A178=\"\",\"\",VLOOKUP(A178,Items!$A$8:$AJ$701,34,FALSE))","v":10},{"$f":"IF(A178=\"\",\"\",VLOOKUP(A178,Items!$A$8:$J$701,3,FALSE))","v":"EACH"},375,{"$f":"IF($A178=\"\",\"\",VLOOKUP($A178,Items!$A$8:$J$701,5,FALSE))","v":3750},375,{"$f":"IF($A178=\"\",\"\",VLOOKUP($A178,Items!$A$8:$J$701,7,FALSE))","v":3750},375,{"$f":"IF($A178=\"\",\"\",VLOOKUP($A178,Items!$A$8:$J$701,9,FALSE))","v":3750},375,{"$f":"IF($A178=\"\",\"\",VLOOKUP($A178,Items!$A$8:$K$701,11,FALSE))","v":3750}]
[{"$f":"IF(Items!A179=\"\",\"\",Items!A179)","v":"802-08456"},{"$f":"IF(Items!B179=\"\",\"\",Items!B179)","v":"WIDE FLANGE SIGN POST SUPPORT FOUNDATION, VII"},"x",800,"802",{"$f":"IF(A179=\"\",\"\",VLOOKUP(A179,Items!$A$8:$AJ$701,34,FALSE))","v":12},{"$f":"IF(A179=\"\",\"\",VLOOKUP(A179,Items!$A$8:$J$701,3,FALSE))","v":"EACH"},385,{"$f":"IF($A179=\"\",\"\",VLOOKUP($A179,Items!$A$8:$J$701,5,FALSE))","v":4620},385,{"$f":"IF($A179=\"\",\"\",VLOOKUP($A179,Items!$A$8:$J$701,7,FALSE))","v":4620},385,{"$f":"IF($A179=\"\",\"\",VLOOKUP($A179,Items!$A$8:$J$701,9,FALSE))","v":4620},385,{"$f":"IF($A179=\"\",\"\",VLOOKUP($A179,Items!$A$8:$K$701,11,FALSE))","v":4620}]
[{"$f":"IF(Items!A180=\"\",\"\",Items!A180)","v":"802-09578"},{"$f":"IF(Items!B180=\"\",\"\",Items!B180)","v":"OVERHEAD SIGN STRUCTURE, CANTILEVER,"},"x",800,"802",{"$f":"IF(A180=\"\",\"\",VLOOKUP(A180,Items!$A$8:$AJ$701,34,FALSE))","v":2},{"$f":"IF(A180=\"\",\"\",VLOOKUP(A180,Items!$A$8:$J$701,3,FALSE))","v":"EACH"},34500,{"$f":"IF($A180=\"\",\"\",VLOOKUP($A180,Items!$A$8:$J$701,5,FALSE))","v":69000},34500,{"$f":"IF($A180=\"\",\"\",VLOOKUP($A180,Items!$A$8:$J$701,7,FALSE))","v":69000},34500,{"$f":"IF($A180=\"\",\"\",VLOOKUP($A180,Items!$A$8:$J$701,9,FALSE))","v":69000},34500,{"$f":"IF($A180=\"\",\"\",VLOOKUP($A180,Items!$A$8:$K$701,11,FALSE))","v":69000}]
[{"$f":"IF(Items!A181=\"\",\"\",Items!A181)","v":"802-09581"},{"$f":"IF(Items!B181=\"\",\"\",Items!B181)","v":"CANTILEVER SIGN SUPPORT FOUNDATION,"},"x",800,"802",{"$f":"IF(A181=\"\",\"\",VLOOKUP(A181,Items!$A$8:$AJ$701,34,FALSE))","v":2},{"$f":"IF(A181=\"\",\"\",VLOOKUP(A181,Items!$A$8:$J$701,3,FALSE))","v":"EACH"},7800,{"$f":"IF($A181=\"\",\"\",VLOOKUP($A181,Items!$A$8:$J$701,5,FALSE))","v":15600},7800,{"$f":"IF($A181=\"\",\"\",VLOOKUP($A181,Items!$A$8:$J$701,7,FALSE))","v":15600},7800,{"$f":"IF($A181=\"\",\"\",VLOOKUP($A181,Items!$A$8:$J$701,9,FALSE))","v":15600},7800,{"$f":"IF($A181=\"\",\"\",VLOOKUP($A181,Items!$A$8:$K$701,11,FALSE))","v":15600}]
[{"$f":"IF(Items!A182=\"\",\"\",Items!A182)","v":"802-09838"},{"$f":"IF(Items!B182=\"\",\"\",Items!B182)","v":"SIGN, SHEET, WITH LEGEND 0.08 IN."},"x",800,"802",{"$f":"IF(A182=\"\",\"\",VLOOKUP(A182,Items!$A$8:$AJ$701,34,FALSE))","v":504.78000000000003},{"$f":"IF(A182=\"\",\"\",VLOOKUP(A182,Items!$A$8:$J$701,3,FALSE))","v":"S.F."},15,{"$f":"IF($A182=\"\",\"\",VLOOKUP($A182,Items!$A$8:$J$701,5,FALSE))","v":7571.7000000000007},15,{"$f":"IF($A182=\"\",\"\",VLOOKUP($A182,Items!$A$8:$J$701,7,FALSE))","v":7571.7000000000007},15,{"$f":"IF($A182=\"\",\"\",VLOOKUP($A182,Items!$A$8:$J$701,9,FALSE))","v":7571.7000000000007},15,{"$f":"IF($A182=\"\",\"\",VLOOKUP($A182,Items!$A$8:$K$701,11,FALSE))","v":7571.7000000000007}]
[{"$f":"IF(Items!A183=\"\",\"\",Items!A183)","v":"802-09840"},{"$f":"IF(Items!B183=\"\",\"\",Items!B183)","v":"SIGN, SHEET, WITH LEGEND 0.100 IN"},"x",800,"802",{"$f":"IF(A183=\"\",\"\",VLOOKUP(A183,Items!$A$8:$AJ$701,34,FALSE))","v":104.10000000000001},{"$f":"IF(A183=\"\",\"\",VLOOKUP(A183,Items!$A$8:$J$701,3,FALSE))","v":"S.F."},18,{"$f":"IF($A183=\"\",\"\",VLOOKUP($A183,Items!$A$8:$J$701,5,FALSE))","v":1873.8000000000002},18,{"$f":"IF($A183=\"\",\"\",VLOOKUP($A183,Items!$A$8:$J$701,7,FALSE))","v":1873.8000000000002},18,{"$f":"IF($A183=\"\",\"\",VLOOKUP($A183,Items!$A$8:$J$701,9,FALSE))","v":1873.8000000000002},18,{"$f":"IF($A183=\"\",\"\",VLOOKUP($A183,Items!$A$8:$K$701,11,FALSE))","v":1873.8000000000002}]
[{"$f":"IF(Items!A184=\"\",\"\",Items!A184)","v":"802-09842"},{"$f":"IF(Items!B184=\"\",\"\",Items!B184)","v":"SIGN, SHEET,  WITH LEGEND 0.125 IN"},"x",800,"802",{"$f":"IF(A184=\"\",\"\",VLOOKUP(A184,Items!$A$8:$AJ$701,34,FALSE))","v":78},{"$f":"IF(A184=\"\",\"\",VLOOKUP(A184,Items!$A$8:$J$701,3,FALSE))","v":"S.F."},18,{"$f":"IF($A184=\"\",\"\",VLOOKUP($A184,Items!$A$8:$J$701,5,FALSE))","v":1404},18,{"$f":"IF($A184=\"\",\"\",VLOOKUP($A184,Items!$A$8:$J$701,7,FALSE))","v":1404},18,{"$f":"IF($A184=\"\",\"\",VLOOKUP($A184,Items!$A$8:$J$701,9,FALSE))","v":1404},18,{"$f":"IF($A184=\"\",\"\",VLOOKUP($A184,Items!$A$8:$K$701,11,FALSE))","v":1404}]
[{"$f":"IF(Items!A185=\"\",\"\",Items!A185)","v":"802-74040"},{"$f":"IF(Items!B185=\"\",\"\",Items!B185)","v":"SIGN AND SUPPORTS, WIDE FLANGE, REMOVE"},"x",800,"802",{"$f":"IF(A185=\"\",\"\",VLOOKUP(A185,Items!$A$8:$AJ$701,34,FALSE))","v":6},{"$f":"IF(A185=\"\",\"\",VLOOKUP(A185,Items!$A$8:$J$701,3,FALSE))","v":"EACH"},175,{"$f":"IF($A185=\"\",\"\",VLOOKUP($A185,Items!$A$8:$J$701,5,FALSE))","v":1050},175,{"$f":"IF($A185=\"\",\"\",VLOOKUP($A185,Items!$A$8:$J$701,7,FALSE))","v":1050},175,{"$f":"IF($A185=\"\",\"\",VLOOKUP($A185,Items!$A$8:$J$701,9,FALSE))","v":1050},175,{"$f":"IF($A185=\"\",\"\",VLOOKUP($A185,Items!$A$8:$K$701,11,FALSE))","v":1050}]
[{"$f":"IF(Items!A186=\"\",\"\",Items!A186)","v":"802-76095"},{"$f":"IF(Items!B186=\"\",\"\",Items!B186)","v":"STRUCTURAL STEEL, BREAKAWAY"},"x",800,"802",{"$f":"IF(A186=\"\",\"\",VLOOKUP(A186,Items!$A$8:$AJ$701,34,FALSE))","v":4874},{"$f":"IF(A186=\"\",\"\",VLOOKUP(A186,Items!$A$8:$J$701,3,FALSE))","v":"LBS"},4,{"$f":"IF($A186=\"\",\"\",VLOOKUP($A186,Items!$A$8:$J$701,5,FALSE))","v":19496},4,{"$f":"IF($A186=\"\",\"\",VLOOKUP($A186,Items!$A$8:$J$701,7,FALSE))","v":19496},4,{"$f":"IF($A186=\"\",\"\",VLOOKUP($A186,Items!$A$8:$J$701,9,FALSE))","v":19496},4,{"$f":"IF($A186=\"\",\"\",VLOOKUP($A186,Items!$A$8:$K$701,11,FALSE))","v":19496}]
[{"$f":"IF(Items!A187=\"\",\"\",Items!A187)","v":"804-06771"},{"$f":"IF(Items!B187=\"\",\"\",Items!B187)","v":"DELINEATOR POST, FLEXIBLE"},"x",800,"804",{"$f":"IF(A187=\"\",\"\",VLOOKUP(A187,Items!$A$8:$AJ$701,34,FALSE))","v":50},{"$f":"IF(A187=\"\",\"\",VLOOKUP(A187,Items!$A$8:$J$701,3,FALSE))","v":"EACH"},35,{"$f":"IF($A187=\"\",\"\",VLOOKUP($A187,Items!$A$8:$J$701,5,FALSE))","v":1750},33,{"$f":"IF($A187=\"\",\"\",VLOOKUP($A187,Items!$A$8:$J$701,7,FALSE))","v":1650},40,{"$f":"IF($A187=\"\",\"\",VLOOKUP($A187,Items!$A$8:$J$701,9,FALSE))","v":2000},35,{"$f":"IF($A187=\"\",\"\",VLOOKUP($A187,Items!$A$8:$K$701,11,FALSE))","v":1750}]
[{"$f":"IF(Items!A188=\"\",\"\",Items!A188)","v":"805-01300"},{"$f":"IF(Items!B188=\"\",\"\",Items!B188)","v":"TRAFFIC SIGNAL EQUIPMENT, REMOVE"},"x",800,"805",{"$f":"IF(A188=\"\",\"\",VLOOKUP(A188,Items!$A$8:$AJ$701,34,FALSE))","v":2},{"$f":"IF(A188=\"\",\"\",VLOOKUP(A188,Items!$A$8:$J$701,3,FALSE))","v":"EACH"},1800,{"$f":"IF($A188=\"\",\"\",VLOOKUP($A188,Items!$A$8:$J$701,5,FALSE))","v":3600},1800,{"$f":"IF($A188=\"\",\"\",VLOOKUP($A188,Items!$A$8:$J$701,7,FALSE))","v":3600},1800,{"$f":"IF($A188=\"\",\"\",VLOOKUP($A188,Items!$A$8:$J$701,9,FALSE))","v":3600},1800,{"$f":"IF($A188=\"\",\"\",VLOOKUP($A188,Items!$A$8:$K$701,11,FALSE))","v":3600}]
[{"$f":"IF(Items!A189=\"\",\"\",Items!A189)","v":"805-01815"},{"$f":"IF(Items!B189=\"\",\"\",Items!B189)","v":"SIGNAL SUPPORT FOUNDATION, 3 FT. X 12 FT."},"x",800,"805",{"$f":"IF(A189=\"\",\"\",VLOOKUP(A189,Items!$A$8:$AJ$701,34,FALSE))","v":10},{"$f":"IF(A189=\"\",\"\",VLOOKUP(A189,Items!$A$8:$J$701,3,FALSE))","v":"EACH"},2010,{"$f":"IF($A189=\"\",\"\",VLOOKUP($A189,Items!$A$8:$J$701,5,FALSE))","v":20100},2010,{"$f":"IF($A189=\"\",\"\",VLOOKUP($A189,Items!$A$8:$J$701,7,FALSE))","v":20100},2010,{"$f":"IF($A189=\"\",\"\",VLOOKUP($A189,Items!$A$8:$J$701,9,FALSE))","v":20100},2010,{"$f":"IF($A189=\"\",\"\",VLOOKUP($A189,Items!$A$8:$K$701,11,FALSE))","v":20100}]
[{"$f":"IF(Items!A190=\"\",\"\",Items!A190)","v":"805-01842"},{"$f":"IF(Items!B190=\"\",\"\",Items!B190)","v":"HANDHOLE, SIGNAL"},"x",800,"805",{"$f":"IF(A190=\"\",\"\",VLOOKUP(A190,Items!$A$8:$AJ$701,34,FALSE))","v":21},{"$f":"IF(A190=\"\",\"\",VLOOKUP(A190,Items!$A$8:$J$701,3,FALSE))","v":"EACH"},700,{"$f":"IF($A190=\"\",\"\",VLOOKUP($A190,Items!$A$8:$J$701,5,FALSE))","v":14700},700,{"$f":"IF($A190=\"\",\"\",VLOOKUP($A190,Items!$A$8:$J$701,7,FALSE))","v":14700},700,{"$f":"IF($A190=\"\",\"\",VLOOKUP($A190,Items!$A$8:$J$701,9,FALSE))","v":14700},700,{"$f":"IF($A190=\"\",\"\",VLOOKUP($A190,Items!$A$8:$K$701,11,FALSE))","v":14700}]
[{"$f":"IF(Items!A191=\"\",\"\",Items!A191)","v":"805-01843"},{"$f":"IF(Items!B191=\"\",\"\",Items!B191)","v":"SIGNAL HANDHOLE ADJUST TO GRADE"},"x",800,"805",{"$f":"IF(A191=\"\",\"\",VLOOKUP(A191,Items!$A$8:$AJ$701,34,FALSE))","v":4},{"$f":"IF(A191=\"\",\"\",VLOOKUP(A191,Items!$A$8:$J$701,3,FALSE))","v":"EACH"},300,{"$f":"IF($A191=\"\",\"\",VLOOKUP($A191,Items!$A$8:$J$701,5,FALSE))","v":1200},300,{"$f":"IF($A191=\"\",\"\",VLOOKUP($A191,Items!$A$8:$J$701,7,FALSE))","v":1200},300,{"$f":"IF($A191=\"\",\"\",VLOOKUP($A191,Items!$A$8:$J$701,9,FALSE))","v":1200},300,{"$f":"IF($A191=\"\",\"\",VLOOKUP($A191,Items!$A$8:$K$701,11,FALSE))","v":1200}]
[{"$f":"IF(Items!A192=\"\",\"\",Items!A192)","v":"805-01844"},{"$f":"IF(Items!B192=\"\",\"\",Items!B192)","v":"GALVANIZED STEEL CONDUIT, 2 IN., UNDERGROUND"},"x",800,"805",{"$f":"IF(A192=\"\",\"\",VLOOKUP(A192,Items!$A$8:$AJ$701,34,FALSE))","v":4042},{"$f":"IF(A192=\"\",\"\",VLOOKUP(A192,Items!$A$8:$J$701,3,FALSE))","v":"L.F."},11,{"$f":"IF($A192=\"\",\"\",VLOOKUP($A192,Items!$A$8:$J$701,5,FALSE))","v":44462},11,{"$f":"IF($A192=\"\",\"\",VLOOKUP($A192,Items!$A$8:$J$701,7,FALSE))","v":44462},11,{"$f":"IF($A192=\"\",\"\",VLOOKUP($A192,Items!$A$8:$J$701,9,FALSE))","v":44462},11,{"$f":"IF($A192=\"\",\"\",VLOOKUP($A192,Items!$A$8:$K$701,11,FALSE))","v":44462}]
[{"$f":"IF(Items!A193=\"\",\"\",Items!A193)","v":"805-02087"},{"$f":"IF(Items!B193=\"\",\"\",Items!B193)","v":"TRANSPORTATION OF SALVAGEABLE SIGNAL EQUIPMEN"},"x",800,"805",{"$f":"IF(A193=\"\",\"\",VLOOKUP(A193,Items!$A$8:$AJ$701,34,FALSE))","v":1},{"$f":"IF(A193=\"\",\"\",VLOOKUP(A193,Items!$A$8:$J$701,3,FALSE))","v":"L.S."},500,{"$f":"IF($A193=\"\",\"\",VLOOKUP($A193,Items!$A$8:$J$701,5,FALSE))","v":500},500,{"$f":"IF($A193=\"\",\"\",VLOOKUP($A193,Items!$A$8:$J$701,7,FALSE))","v":500},500,{"$f":"IF($A193=\"\",\"\",VLOOKUP($A193,Items!$A$8:$J$701,9,FALSE))","v":500},500,{"$f":"IF($A193=\"\",\"\",VLOOKUP($A193,Items!$A$8:$K$701,11,FALSE))","v":500}]
[{"$f":"IF(Items!A194=\"\",\"\",Items!A194)","v":"805-02373"},{"$f":"IF(Items!B194=\"\",\"\",Items!B194)","v":"INTERCONNECT CABLE, FIBER OPTIC"},"x",800,"805",{"$f":"IF(A194=\"\",\"\",VLOOKUP(A194,Items!$A$8:$AJ$701,34,FALSE))","v":2057},{"$f":"IF(A194=\"\",\"\",VLOOKUP(A194,Items!$A$8:$J$701,3,FALSE))","v":"L.F."},2.6000000000000005,{"$f":"IF($A194=\"\",\"\",VLOOKUP($A194,Items!$A$8:$J$701,5,FALSE))","v":5348.2000000000007},2.6000000000000005,{"$f":"IF($A194=\"\",\"\",VLOOKUP($A194,Items!$A$8:$J$701,7,FALSE))","v":5348.2000000000007},2.6000000000000005,{"$f":"IF($A194=\"\",\"\",VLOOKUP($A194,Items!$A$8:$J$701,9,FALSE))","v":5348.2000000000007},2.6000000000000005,{"$f":"IF($A194=\"\",\"\",VLOOKUP($A194,Items!$A$8:$K$701,11,FALSE))","v":5348.2000000000007}]
[{"$f":"IF(Items!A195=\"\",\"\",Items!A195)","v":"805-09539"},{"$f":"IF(Items!B195=\"\",\"\",Items!B195)","v":"LOOP DETECTOR DELAY COUNTING AMPLIFIER,"},"x",800,"805",{"$f":"IF(A195=\"\",\"\",VLOOKUP(A195,Items!$A$8:$AJ$701,34,FALSE))","v":2},{"$f":"IF(A195=\"\",\"\",VLOOKUP(A195,Items!$A$8:$J$701,3,FALSE))","v":"EACH"},1100,{"$f":"IF($A195=\"\",\"\",VLOOKUP($A195,Items!$A$8:$J$701,5,FALSE))","v":2200},1100,{"$f":"IF($A195=\"\",\"\",VLOOKUP($A195,Items!$A$8:$J$701,7,FALSE))","v":2200},1100,{"$f":"IF($A195=\"\",\"\",VLOOKUP($A195,Items!$A$8:$J$701,9,FALSE))","v":2200},1100,{"$f":"IF($A195=\"\",\"\",VLOOKUP($A195,Items!$A$8:$K$701,11,FALSE))","v":2200}]
[{"$f":"IF(Items!A196=\"\",\"\",Items!A196)","v":"805-78109"},{"$f":"IF(Items!B196=\"\",\"\",Items!B196)","v":"CONTROLLER AND CABINET, SECONDARY, MENU DRIVE"},"x",800,"805",{"$f":"IF(A196=\"\",\"\",VLOOKUP(A196,Items!$A$8:$AJ$701,34,FALSE))","v":1},{"$f":"IF(A196=\"\",\"\",VLOOKUP(A196,Items!$A$8:$J$701,3,FALSE))","v":"EACH"},13900,{"$f":"IF($A196=\"\",\"\",VLOOKUP($A196,Items!$A$8:$J$701,5,FALSE))","v":13900},13900,{"$f":"IF($A196=\"\",\"\",VLOOKUP($A196,Items!$A$8:$J$701,7,FALSE))","v":13900},13900,{"$f":"IF($A196=\"\",\"\",VLOOKUP($A196,Items!$A$8:$J$701,9,FALSE))","v":13900},13900,{"$f":"IF($A196=\"\",\"\",VLOOKUP($A196,Items!$A$8:$K$701,11,FALSE))","v":13900}]
[{"$f":"IF(Items!A197=\"\",\"\",Items!A197)","v":"805-78205"},{"$f":"IF(Items!B197=\"\",\"\",Items!B197)","v":"TRAFFIC SIGNAL HEAD, 3 FACE, 12.20 IN. RED, A"},"x",800,"805",{"$f":"IF(A197=\"\",\"\",VLOOKUP(A197,Items!$A$8:$AJ$701,34,FALSE))","v":20},{"$f":"IF(A197=\"\",\"\",VLOOKUP(A197,Items!$A$8:$J$701,3,FALSE))","v":"EACH"},777,{"$f":"IF($A197=\"\",\"\",VLOOKUP($A197,Items!$A$8:$J$701,5,FALSE))","v":15540},777,{"$f":"IF($A197=\"\",\"\",VLOOKUP($A197,Items!$A$8:$J$701,7,FALSE))","v":15540},777,{"$f":"IF($A197=\"\",\"\",VLOOKUP($A197,Items!$A$8:$J$701,9,FALSE))","v":15540},777,{"$f":"IF($A197=\"\",\"\",VLOOKUP($A197,Items!$A$8:$K$701,11,FALSE))","v":15540}]
[{"$f":"IF(Items!A198=\"\",\"\",Items!A198)","v":"805-78230"},{"$f":"IF(Items!B198=\"\",\"\",Items!B198)","v":"TRAFFIC SIGNAL HEAD, 5 FACE, 12.20 IN. RED, A"},"x",800,"805",{"$f":"IF(A198=\"\",\"\",VLOOKUP(A198,Items!$A$8:$AJ$701,34,FALSE))","v":4},{"$f":"IF(A198=\"\",\"\",VLOOKUP(A198,Items!$A$8:$J$701,3,FALSE))","v":"EACH"},1200,{"$f":"IF($A198=\"\",\"\",VLOOKUP($A198,Items!$A$8:$J$701,5,FALSE))","v":4800},1200,{"$f":"IF($A198=\"\",\"\",VLOOKUP($A198,Items!$A$8:$J$701,7,FALSE))","v":4800},1200,{"$f":"IF($A198=\"\",\"\",VLOOKUP($A198,Items!$A$8:$J$701,9,FALSE))","v":4800},1200,{"$f":"IF($A198=\"\",\"\",VLOOKUP($A198,Items!$A$8:$K$701,11,FALSE))","v":4800}]
[{"$f":"IF(Items!A199=\"\",\"\",Items!A199)","v":"805-78415"},{"$f":"IF(Items!B199=\"\",\"\",Items!B199)","v":"SPAN CATENARY AND TETHER"},"x",800,"805",{"$f":"IF(A199=\"\",\"\",VLOOKUP(A199,Items!$A$8:$AJ$701,34,FALSE))","v":10},{"$f":"IF(A199=\"\",\"\",VLOOKUP(A199,Items!$A$8:$J$701,3,FALSE))","v":"EACH"},1740,{"$f":"IF($A199=\"\",\"\",VLOOKUP($A199,Items!$A$8:$J$701,5,FALSE))","v":17400},1740,{"$f":"IF($A199=\"\",\"\",VLOOKUP($A199,Items!$A$8:$J$701,7,FALSE))","v":17400},1740,{"$f":"IF($A199=\"\",\"\",VLOOKUP($A199,Items!$A$8:$J$701,9,FALSE))","v":17400},1740,{"$f":"IF($A199=\"\",\"\",VLOOKUP($A199,Items!$A$8:$K$701,11,FALSE))","v":17400}]
[{"$f":"IF(Items!A200=\"\",\"\",Items!A200)","v":"805-78420"},{"$f":"IF(Items!B200=\"\",\"\",Items!B200)","v":"DISCONNECT HANGER"},"x",800,"805",{"$f":"IF(A200=\"\",\"\",VLOOKUP(A200,Items!$A$8:$AJ$701,34,FALSE))","v":10},{"$f":"IF(A200=\"\",\"\",VLOOKUP(A200,Items!$A$8:$J$701,3,FALSE))","v":"EACH"},340,{"$f":"IF($A200=\"\",\"\",VLOOKUP($A200,Items!$A$8:$J$701,5,FALSE))","v":3400},340,{"$f":"IF($A200=\"\",\"\",VLOOKUP($A200,Items!$A$8:$J$701,7,FALSE))","v":3400},340,{"$f":"IF($A200=\"\",\"\",VLOOKUP($A200,Items!$A$8:$J$701,9,FALSE))","v":3400},340,{"$f":"IF($A200=\"\",\"\",VLOOKUP($A200,Items!$A$8:$K$701,11,FALSE))","v":3400}]
[{"$f":"IF(Items!A201=\"\",\"\",Items!A201)","v":"805-78467"},{"$f":"IF(Items!B201=\"\",\"\",Items!B201)","v":"SIGNAL CABLE, 3C 8GA."},{"$f":"IF(A201=\"\",\"\",\"x\")","v":"x"},{"$f":"IF(A201=\"\",\"\",LEFT(A201,1)*100)","v":800},{"$f":"IF(A201=\"\",\"\",LEFT(A201,3))","v":"805"},{"$f":"IF(A201=\"\",\"\",VLOOKUP(A201,Items!$A$8:$AJ$701,34,FALSE))","v":55},{"$f":"IF(A201=\"\",\"\",VLOOKUP(A201,Items!$A$8:$J$701,3,FALSE))","v":"L.F."},{"$f":"IF(OR($F201=\"\",$F201=0),\"\",I201/$F201)","v":3},{"$f":"IF($A201=\"\",\"\",VLOOKUP($A201,Items!$A$8:$J$701,5,FALSE))","v":165},{"$f":"IF(OR($F201=\"\",$F201=0),\"\",K201/$F201)","v":3},{"$f":"IF($A201=\"\",\"\",VLOOKUP($A201,Items!$A$8:$J$701,7,FALSE))","v":165},{"$f":"IF(OR($F201=\"\",$F201=0),\"\",M201/$F201)","v":3},{"$f":"IF($A201=\"\",\"\",VLOOKUP($A201,Items!$A$8:$J$701,9,FALSE))","v":165},{"$f":"IF(OR($F201=\"\",$F201=0),\"\",O201/$F201)","v":3},{"$f":"IF($A201=\"\",\"\",VLOOKUP($A201,Items!$A$8:$K$701,11,FALSE))","v":165}]
[{"$f":"IF(Items!A202=\"\",\"\",Items!A202)","v":"805-78470"},{"$f":"IF(Items!B202=\"\",\"\",Items!B202)","v":"SIGNAL CABLE, ROADWAY LOOP, 1C 14GA."},"x",800,"805",{"$f":"IF(A202=\"\",\"\",VLOOKUP(A202,Items!$A$8:$AJ$701,34,FALSE))","v":6552},{"$f":"IF(A202=\"\",\"\",VLOOKUP(A202,Items!$A$8:$J$701,3,FALSE))","v":"L.F."},0.32,{"$f":"IF($A202=\"\",\"\",VLOOKUP($A202,Items!$A$8:$J$701,5,FALSE))","v":2096.64},0.32,{"$f":"IF($A202=\"\",\"\",VLOOKUP($A202,Items!$A$8:$J$701,7,FALSE))","v":2096.64},0.32,{"$f":"IF($A202=\"\",\"\",VLOOKUP($A202,Items!$A$8:$J$701,9,FALSE))","v":2096.64},0.32,{"$f":"IF($A202=\"\",\"\",VLOOKUP($A202,Items!$A$8:$K$701,11,FALSE))","v":2096.64}]
[{"$f":"IF(Items!A203=\"\",\"\",Items!A203)","v":"805-78485"},{"$f":"IF(Items!B203=\"\",\"\",Items!B203)","v":"SIGNAL CABLE, 5C 14GA."},"x",800,"805",{"$f":"IF(A203=\"\",\"\",VLOOKUP(A203,Items!$A$8:$AJ$701,34,FALSE))","v":538},{"$f":"IF(A203=\"\",\"\",VLOOKUP(A203,Items!$A$8:$J$701,3,FALSE))","v":"L.F."},1.2,{"$f":"IF($A203=\"\",\"\",VLOOKUP($A203,Items!$A$8:$J$701,5,FALSE))","v":645.6},1.2,{"$f":"IF($A203=\"\",\"\",VLOOKUP($A203,Items!$A$8:$J$701,7,FALSE))","v":645.6},1.2,{"$f":"IF($A203=\"\",\"\",VLOOKUP($A203,Items!$A$8:$J$701,9,FALSE))","v":645.6},1.2,{"$f":"IF($A203=\"\",\"\",VLOOKUP($A203,Items!$A$8:$K$701,11,FALSE))","v":645.6}]
[{"$f":"IF(Items!A204=\"\",\"\",Items!A204)","v":"805-78490"},{"$f":"IF(Items!B204=\"\",\"\",Items!B204)","v":"SIGNAL CABLE, 7C 14GA."},"x",800,"805",{"$f":"IF(A204=\"\",\"\",VLOOKUP(A204,Items!$A$8:$AJ$701,34,FALSE))","v":2486},{"$f":"IF(A204=\"\",\"\",VLOOKUP(A204,Items!$A$8:$J$701,3,FALSE))","v":"L.F."},1.6,{"$f":"IF($A204=\"\",\"\",VLOOKUP($A204,Items!$A$8:$J$701,5,FALSE))","v":3977.6000000000004},1.6,{"$f":"IF($A204=\"\",\"\",VLOOKUP($A204,Items!$A$8:$J$701,7,FALSE))","v":3977.6000000000004},1.6,{"$f":"IF($A204=\"\",\"\",VLOOKUP($A204,Items!$A$8:$J$701,9,FALSE))","v":3977.6000000000004},1.6,{"$f":"IF($A204=\"\",\"\",VLOOKUP($A204,Items!$A$8:$K$701,11,FALSE))","v":3977.6000000000004}]
[{"$f":"IF(Items!A205=\"\",\"\",Items!A205)","v":"805-78510"},{"$f":"IF(Items!B205=\"\",\"\",Items!B205)","v":"SIGNAL CABLE, 2C 16GA., SHIELDED"},"x",800,"805",{"$f":"IF(A205=\"\",\"\",VLOOKUP(A205,Items!$A$8:$AJ$701,34,FALSE))","v":7814},{"$f":"IF(A205=\"\",\"\",VLOOKUP(A205,Items!$A$8:$J$701,3,FALSE))","v":"L.F."},0.8,{"$f":"IF($A205=\"\",\"\",VLOOKUP($A205,Items!$A$8:$J$701,5,FALSE))","v":6251.2000000000007},0.8,{"$f":"IF($A205=\"\",\"\",VLOOKUP($A205,Items!$A$8:$J$701,7,FALSE))","v":6251.2000000000007},0.8,{"$f":"IF($A205=\"\",\"\",VLOOKUP($A205,Items!$A$8:$J$701,9,FALSE))","v":6251.2000000000007},0.8,{"$f":"IF($A205=\"\",\"\",VLOOKUP($A205,Items!$A$8:$K$701,11,FALSE))","v":6251.2000000000007}]
[{"$f":"IF(Items!A206=\"\",\"\",Items!A206)","v":"805-78785"},{"$f":"IF(Items!B206=\"\",\"\",Items!B206)","v":"SIGNAL DETECTOR HOUSING"},"x",800,"805",{"$f":"IF(A206=\"\",\"\",VLOOKUP(A206,Items!$A$8:$AJ$701,34,FALSE))","v":17},{"$f":"IF(A206=\"\",\"\",VLOOKUP(A206,Items!$A$8:$J$701,3,FALSE))","v":"EACH"},410,{"$f":"IF($A206=\"\",\"\",VLOOKUP($A206,Items!$A$8:$J$701,5,FALSE))","v":6970},410,{"$f":"IF($A206=\"\",\"\",VLOOKUP($A206,Items!$A$8:$J$701,7,FALSE))","v":6970},410,{"$f":"IF($A206=\"\",\"\",VLOOKUP($A206,Items!$A$8:$J$701,9,FALSE))","v":6970},410,{"$f":"IF($A206=\"\",\"\",VLOOKUP($A206,Items!$A$8:$K$701,11,FALSE))","v":6970}]
[{"$f":"IF(Items!A207=\"\",\"\",Items!A207)","v":"805-78795"},{"$f":"IF(Items!B207=\"\",\"\",Items!B207)","v":"SAW CUT FOR ROADWAY LOOP AND SEALER"},"x",800,"805",{"$f":"IF(A207=\"\",\"\",VLOOKUP(A207,Items!$A$8:$AJ$701,34,FALSE))","v":2336},{"$f":"IF(A207=\"\",\"\",VLOOKUP(A207,Items!$A$8:$J$701,3,FALSE))","v":"L.F."},8,{"$f":"IF($A207=\"\",\"\",VLOOKUP($A207,Items!$A$8:$J$701,5,FALSE))","v":18688},8,{"$f":"IF($A207=\"\",\"\",VLOOKUP($A207,Items!$A$8:$J$701,7,FALSE))","v":18688},8,{"$f":"IF($A207=\"\",\"\",VLOOKUP($A207,Items!$A$8:$J$701,9,FALSE))","v":18688},8,{"$f":"IF($A207=\"\",\"\",VLOOKUP($A207,Items!$A$8:$K$701,11,FALSE))","v":18688}]
[{"$f":"IF(Items!A208=\"\",\"\",Items!A208)","v":"805-78925"},{"$f":"IF(Items!B208=\"\",\"\",Items!B208)","v":"CONTROLLER CABINET FOUNDATION, P1"},"x",800,"805",{"$f":"IF(A208=\"\",\"\",VLOOKUP(A208,Items!$A$8:$AJ$701,34,FALSE))","v":1},{"$f":"IF(A208=\"\",\"\",VLOOKUP(A208,Items!$A$8:$J$701,3,FALSE))","v":"EACH"},710,{"$f":"IF($A208=\"\",\"\",VLOOKUP($A208,Items!$A$8:$J$701,5,FALSE))","v":710},710,{"$f":"IF($A208=\"\",\"\",VLOOKUP($A208,Items!$A$8:$J$701,7,FALSE))","v":710},710,{"$f":"IF($A208=\"\",\"\",VLOOKUP($A208,Items!$A$8:$J$701,9,FALSE))","v":710},710,{"$f":"IF($A208=\"\",\"\",VLOOKUP($A208,Items!$A$8:$K$701,11,FALSE))","v":710}]
[{"$f":"IF(Items!A209=\"\",\"\",Items!A209)","v":"805-81060"},{"$f":"IF(Items!B209=\"\",\"\",Items!B209)","v":"SIGNAL STRAIN POLE, STEEL, 36 FT."},"x",800,"805",{"$f":"IF(A209=\"\",\"\",VLOOKUP(A209,Items!$A$8:$AJ$701,34,FALSE))","v":10},{"$f":"IF(A209=\"\",\"\",VLOOKUP(A209,Items!$A$8:$J$701,3,FALSE))","v":"EACH"},5210,{"$f":"IF($A209=\"\",\"\",VLOOKUP($A209,Items!$A$8:$J$701,5,FALSE))","v":52100},5210,{"$f":"IF($A209=\"\",\"\",VLOOKUP($A209,Items!$A$8:$J$701,7,FALSE))","v":52100},5210,{"$f":"IF($A209=\"\",\"\",VLOOKUP($A209,Items!$A$8:$J$701,9,FALSE))","v":52100},5210,{"$f":"IF($A209=\"\",\"\",VLOOKUP($A209,Items!$A$8:$K$701,11,FALSE))","v":52100}]
[{"$f":"IF(Items!A210=\"\",\"\",Items!A210)","v":"805-86890"},{"$f":"IF(Items!B210=\"\",\"\",Items!B210)","v":"POLE CIRCUIT CABLE, 1C NO. 10 THW OR TW STRAN"},"x",800,"805",{"$f":"IF(A210=\"\",\"\",VLOOKUP(A210,Items!$A$8:$AJ$701,34,FALSE))","v":840},{"$f":"IF(A210=\"\",\"\",VLOOKUP(A210,Items!$A$8:$J$701,3,FALSE))","v":"L.F."},0.88,{"$f":"IF($A210=\"\",\"\",VLOOKUP($A210,Items!$A$8:$J$701,5,FALSE))","v":739.2},0.88,{"$f":"IF($A210=\"\",\"\",VLOOKUP($A210,Items!$A$8:$J$701,7,FALSE))","v":739.2},0.88,{"$f":"IF($A210=\"\",\"\",VLOOKUP($A210,Items!$A$8:$J$701,9,FALSE))","v":739.2},0.88,{"$f":"IF($A210=\"\",\"\",VLOOKUP($A210,Items!$A$8:$K$701,11,FALSE))","v":739.2}]
[{"$f":"IF(Items!A211=\"\",\"\",Items!A211)","v":"805-92504"},{"$f":"IF(Items!B211=\"\",\"\",Items!B211)","v":"LOOP DETECTOR DELAY AMPLIFIER, 2 CHANNEL"},"x",800,"805",{"$f":"IF(A211=\"\",\"\",VLOOKUP(A211,Items!$A$8:$AJ$701,34,FALSE))","v":10},{"$f":"IF(A211=\"\",\"\",VLOOKUP(A211,Items!$A$8:$J$701,3,FALSE))","v":"EACH"},298,{"$f":"IF($A211=\"\",\"\",VLOOKUP($A211,Items!$A$8:$J$701,5,FALSE))","v":2980},298,{"$f":"IF($A211=\"\",\"\",VLOOKUP($A211,Items!$A$8:$J$701,7,FALSE))","v":2980},298,{"$f":"IF($A211=\"\",\"\",VLOOKUP($A211,Items!$A$8:$J$701,9,FALSE))","v":2980},298,{"$f":"IF($A211=\"\",\"\",VLOOKUP($A211,Items!$A$8:$K$701,11,FALSE))","v":2980}]
[{"$f":"IF(Items!A212=\"\",\"\",Items!A212)","v":"807-01603"},{"$f":"IF(Items!B212=\"\",\"\",Items!B212)","v":"SERVICE POINT, TYPE II"},"x",800,"807",{"$f":"IF(A212=\"\",\"\",VLOOKUP(A212,Items!$A$8:$AJ$701,34,FALSE))","v":2},{"$f":"IF(A212=\"\",\"\",VLOOKUP(A212,Items!$A$8:$J$701,3,FALSE))","v":"EACH"},3200,{"$f":"IF($A212=\"\",\"\",VLOOKUP($A212,Items!$A$8:$J$701,5,FALSE))","v":6400},3200,{"$f":"IF($A212=\"\",\"\",VLOOKUP($A212,Items!$A$8:$J$701,7,FALSE))","v":6400},3200,{"$f":"IF($A212=\"\",\"\",VLOOKUP($A212,Items!$A$8:$J$701,9,FALSE))","v":6400},3200,{"$f":"IF($A212=\"\",\"\",VLOOKUP($A212,Items!$A$8:$K$701,11,FALSE))","v":6400}]
[{"$f":"IF(Items!A213=\"\",\"\",Items!A213)","v":"807-02191"},{"$f":"IF(Items!B213=\"\",\"\",Items!B213)","v":"HANDHOLE, LIGHTING"},"x",800,"807",{"$f":"IF(A213=\"\",\"\",VLOOKUP(A213,Items!$A$8:$AJ$701,34,FALSE))","v":3},{"$f":"IF(A213=\"\",\"\",VLOOKUP(A213,Items!$A$8:$J$701,3,FALSE))","v":"EACH"},700,{"$f":"IF($A213=\"\",\"\",VLOOKUP($A213,Items!$A$8:$J$701,5,FALSE))","v":2100},700,{"$f":"IF($A213=\"\",\"\",VLOOKUP($A213,Items!$A$8:$J$701,7,FALSE))","v":2100},700,{"$f":"IF($A213=\"\",\"\",VLOOKUP($A213,Items!$A$8:$J$701,9,FALSE))","v":2100},700,{"$f":"IF($A213=\"\",\"\",VLOOKUP($A213,Items!$A$8:$K$701,11,FALSE))","v":2100}]
[{"$f":"IF(Items!A214=\"\",\"\",Items!A214)","v":"807-02193"},{"$f":"IF(Items!B214=\"\",\"\",Items!B214)","v":"LIGHT STANDARD FOUNDATION, 3 FT. DIA. X 8 FT."},"x",800,"807",{"$f":"IF(A214=\"\",\"\",VLOOKUP(A214,Items!$A$8:$AJ$701,34,FALSE))","v":8},{"$f":"IF(A214=\"\",\"\",VLOOKUP(A214,Items!$A$8:$J$701,3,FALSE))","v":"EACH"},800,{"$f":"IF($A214=\"\",\"\",VLOOKUP($A214,Items!$A$8:$J$701,5,FALSE))","v":6400},800,{"$f":"IF($A214=\"\",\"\",VLOOKUP($A214,Items!$A$8:$J$701,7,FALSE))","v":6400},800,{"$f":"IF($A214=\"\",\"\",VLOOKUP($A214,Items!$A$8:$J$701,9,FALSE))","v":6400},800,{"$f":"IF($A214=\"\",\"\",VLOOKUP($A214,Items!$A$8:$K$701,11,FALSE))","v":6400}]
[{"$f":"IF(Items!A215=\"\",\"\",Items!A215)","v":"807-02426"},{"$f":"IF(Items!B215=\"\",\"\",Items!B215)","v":"WIRE, THW, NO. 4 COPPER, IN PLASTIC"},"x",800,"807",{"$f":"IF(A215=\"\",\"\",VLOOKUP(A215,Items!$A$8:$AJ$701,34,FALSE))","v":535},{"$f":"IF(A215=\"\",\"\",VLOOKUP(A215,Items!$A$8:$J$701,3,FALSE))","v":"L.F."},8.77,{"$f":"IF($A215=\"\",\"\",VLOOKUP($A215,Items!$A$8:$J$701,5,FALSE))","v":4691.95},8.77,{"$f":"IF($A215=\"\",\"\",VLOOKUP($A215,Items!$A$8:$J$701,7,FALSE))","v":4691.95},8.77,{"$f":"IF($A215=\"\",\"\",VLOOKUP($A215,Items!$A$8:$J$701,9,FALSE))","v":4691.95},8.77,{"$f":"IF($A215=\"\",\"\",VLOOKUP($A215,Items!$A$8:$K$701,11,FALSE))","v":4691.95}]
[{"$f":"IF(Items!A216=\"\",\"\",Items!A216)","v":"807-03051"},{"$f":"IF(Items!B216=\"\",\"\",Items!B216)","v":"LIGHT CABLE, 1C/10"},"x",800,"807",{"$f":"IF(A216=\"\",\"\",VLOOKUP(A216,Items!$A$8:$AJ$701,34,FALSE))","v":960},{"$f":"IF(A216=\"\",\"\",VLOOKUP(A216,Items!$A$8:$J$701,3,FALSE))","v":"L.F."},1,{"$f":"IF($A216=\"\",\"\",VLOOKUP($A216,Items!$A$8:$J$701,5,FALSE))","v":960},1,{"$f":"IF($A216=\"\",\"\",VLOOKUP($A216,Items!$A$8:$J$701,7,FALSE))","v":960},1,{"$f":"IF($A216=\"\",\"\",VLOOKUP($A216,Items!$A$8:$J$701,9,FALSE))","v":960},1,{"$f":"IF($A216=\"\",\"\",VLOOKUP($A216,Items!$A$8:$K$701,11,FALSE))","v":960}]
[{"$f":"IF(Items!A217=\"\",\"\",Items!A217)","v":"807-07580"},{"$f":"IF(Items!B217=\"\",\"\",Items!B217)","v":"WIRE, NO.4, COPPER, IN PLASTIC DUCT, IN TRENC"},"x",800,"807",{"$f":"IF(A217=\"\",\"\",VLOOKUP(A217,Items!$A$8:$AJ$701,34,FALSE))","v":2990},{"$f":"IF(A217=\"\",\"\",VLOOKUP(A217,Items!$A$8:$J$701,3,FALSE))","v":"L.F."},8.7700000000000014,{"$f":"IF($A217=\"\",\"\",VLOOKUP($A217,Items!$A$8:$J$701,5,FALSE))","v":26222.300000000003},8.7700000000000014,{"$f":"IF($A217=\"\",\"\",VLOOKUP($A217,Items!$A$8:$J$701,7,FALSE))","v":26222.300000000003},8.7700000000000014,{"$f":"IF($A217=\"\",\"\",VLOOKUP($A217,Items!$A$8:$J$701,9,FALSE))","v":26222.300000000003},8.7700000000000014,{"$f":"IF($A217=\"\",\"\",VLOOKUP($A217,Items!$A$8:$K$701,11,FALSE))","v":26222.300000000003}]
[{"$f":"IF(Items!A218=\"\",\"\",Items!A218)","v":"807-82052"},{"$f":"IF(Items!B218=\"\",\"\",Items!B218)","v":"UNDERPASS CIRCUIT INSTALLATION, 2 LUMINAIRES"},"x",800,"807",{"$f":"IF(A218=\"\",\"\",VLOOKUP(A218,Items!$A$8:$AJ$701,34,FALSE))","v":2},{"$f":"IF(A218=\"\",\"\",VLOOKUP(A218,Items!$A$8:$J$701,3,FALSE))","v":"EACH"},542,{"$f":"IF($A218=\"\",\"\",VLOOKUP($A218,Items!$A$8:$J$701,5,FALSE))","v":1084},542,{"$f":"IF($A218=\"\",\"\",VLOOKUP($A218,Items!$A$8:$J$701,7,FALSE))","v":1084},542,{"$f":"IF($A218=\"\",\"\",VLOOKUP($A218,Items!$A$8:$J$701,9,FALSE))","v":1084},542,{"$f":"IF($A218=\"\",\"\",VLOOKUP($A218,Items!$A$8:$K$701,11,FALSE))","v":1084}]
[{"$f":"IF(Items!A219=\"\",\"\",Items!A219)","v":"807-85752"},{"$f":"IF(Items!B219=\"\",\"\",Items!B219)","v":"LIGHT POLE, 40 FT. E.M.H., 10.0 FT. MAST ARM,"},"x",800,"807",{"$f":"IF(A219=\"\",\"\",VLOOKUP(A219,Items!$A$8:$AJ$701,34,FALSE))","v":8},{"$f":"IF(A219=\"\",\"\",VLOOKUP(A219,Items!$A$8:$J$701,3,FALSE))","v":"EACH"},1425,{"$f":"IF($A219=\"\",\"\",VLOOKUP($A219,Items!$A$8:$J$701,5,FALSE))","v":11400},1425,{"$f":"IF($A219=\"\",\"\",VLOOKUP($A219,Items!$A$8:$J$701,7,FALSE))","v":11400},1425,{"$f":"IF($A219=\"\",\"\",VLOOKUP($A219,Items!$A$8:$J$701,9,FALSE))","v":11400},1425,{"$f":"IF($A219=\"\",\"\",VLOOKUP($A219,Items!$A$8:$K$701,11,FALSE))","v":11400}]
[{"$f":"IF(Items!A220=\"\",\"\",Items!A220)","v":"807-86620"},{"$f":"IF(Items!B220=\"\",\"\",Items!B220)","v":"LUMINAIRE, ROADWAY, HIGH PRESSURE SODIUM, 400"},"x",800,"807",{"$f":"IF(A220=\"\",\"\",VLOOKUP(A220,Items!$A$8:$AJ$701,34,FALSE))","v":8},{"$f":"IF(A220=\"\",\"\",VLOOKUP(A220,Items!$A$8:$J$701,3,FALSE))","v":"EACH"},300,{"$f":"IF($A220=\"\",\"\",VLOOKUP($A220,Items!$A$8:$J$701,5,FALSE))","v":2400},300,{"$f":"IF($A220=\"\",\"\",VLOOKUP($A220,Items!$A$8:$J$701,7,FALSE))","v":2400},300,{"$f":"IF($A220=\"\",\"\",VLOOKUP($A220,Items!$A$8:$J$701,9,FALSE))","v":2400},300,{"$f":"IF($A220=\"\",\"\",VLOOKUP($A220,Items!$A$8:$K$701,11,FALSE))","v":2400}]
[{"$f":"IF(Items!A221=\"\",\"\",Items!A221)","v":"807-86750"},{"$f":"IF(Items!B221=\"\",\"\",Items!B221)","v":"LUMINAIRE UNDERPASS, WALL MOUNTED, HIGH PRESS"},"x",800,"807",{"$f":"IF(A221=\"\",\"\",VLOOKUP(A221,Items!$A$8:$AJ$701,34,FALSE))","v":4},{"$f":"IF(A221=\"\",\"\",VLOOKUP(A221,Items!$A$8:$J$701,3,FALSE))","v":"EACH"},845,{"$f":"IF($A221=\"\",\"\",VLOOKUP($A221,Items!$A$8:$J$701,5,FALSE))","v":3380},845,{"$f":"IF($A221=\"\",\"\",VLOOKUP($A221,Items!$A$8:$J$701,7,FALSE))","v":3380},845,{"$f":"IF($A221=\"\",\"\",VLOOKUP($A221,Items!$A$8:$J$701,9,FALSE))","v":3380},845,{"$f":"IF($A221=\"\",\"\",VLOOKUP($A221,Items!$A$8:$K$701,11,FALSE))","v":3380}]
[{"$f":"IF(Items!A222=\"\",\"\",Items!A222)","v":"807-86910"},{"$f":"IF(Items!B222=\"\",\"\",Items!B222)","v":"CONNECTOR KIT, UNFUSED"},"x",800,"807",{"$f":"IF(A222=\"\",\"\",VLOOKUP(A222,Items!$A$8:$AJ$701,34,FALSE))","v":8},{"$f":"IF(A222=\"\",\"\",VLOOKUP(A222,Items!$A$8:$J$701,3,FALSE))","v":"EACH"},19,{"$f":"IF($A222=\"\",\"\",VLOOKUP($A222,Items!$A$8:$J$701,5,FALSE))","v":152},19,{"$f":"IF($A222=\"\",\"\",VLOOKUP($A222,Items!$A$8:$J$701,7,FALSE))","v":152},19,{"$f":"IF($A222=\"\",\"\",VLOOKUP($A222,Items!$A$8:$J$701,9,FALSE))","v":152},19,{"$f":"IF($A222=\"\",\"\",VLOOKUP($A222,Items!$A$8:$K$701,11,FALSE))","v":152}]
[{"$f":"IF(Items!A223=\"\",\"\",Items!A223)","v":"807-86915"},{"$f":"IF(Items!B223=\"\",\"\",Items!B223)","v":"CONNECTOR KIT, FUSED"},"x",800,"807",{"$f":"IF(A223=\"\",\"\",VLOOKUP(A223,Items!$A$8:$AJ$701,34,FALSE))","v":8},{"$f":"IF(A223=\"\",\"\",VLOOKUP(A223,Items!$A$8:$J$701,3,FALSE))","v":"EACH"},20,{"$f":"IF($A223=\"\",\"\",VLOOKUP($A223,Items!$A$8:$J$701,5,FALSE))","v":160},20,{"$f":"IF($A223=\"\",\"\",VLOOKUP($A223,Items!$A$8:$J$701,7,FALSE))","v":160},20,{"$f":"IF($A223=\"\",\"\",VLOOKUP($A223,Items!$A$8:$J$701,9,FALSE))","v":160},20,{"$f":"IF($A223=\"\",\"\",VLOOKUP($A223,Items!$A$8:$K$701,11,FALSE))","v":160}]
[{"$f":"IF(Items!A224=\"\",\"\",Items!A224)","v":"807-86920"},{"$f":"IF(Items!B224=\"\",\"\",Items!B224)","v":"MULTIPLE COMPRESSION FITTING, NOT WATERPROOFE"},"x",800,"807",{"$f":"IF(A224=\"\",\"\",VLOOKUP(A224,Items!$A$8:$AJ$701,34,FALSE))","v":18},{"$f":"IF(A224=\"\",\"\",VLOOKUP(A224,Items!$A$8:$J$701,3,FALSE))","v":"EACH"},17,{"$f":"IF($A224=\"\",\"\",VLOOKUP($A224,Items!$A$8:$J$701,5,FALSE))","v":306},17,{"$f":"IF($A224=\"\",\"\",VLOOKUP($A224,Items!$A$8:$J$701,7,FALSE))","v":306},17,{"$f":"IF($A224=\"\",\"\",VLOOKUP($A224,Items!$A$8:$J$701,9,FALSE))","v":306},17,{"$f":"IF($A224=\"\",\"\",VLOOKUP($A224,Items!$A$8:$K$701,11,FALSE))","v":306}]
[{"$f":"IF(Items!A225=\"\",\"\",Items!A225)","v":"807-86925"},{"$f":"IF(Items!B225=\"\",\"\",Items!B225)","v":"MULTIPLE COMPRESSION FITTING, WATERPROOFED"},"x",800,"807",{"$f":"IF(A225=\"\",\"\",VLOOKUP(A225,Items!$A$8:$AJ$701,34,FALSE))","v":12},{"$f":"IF(A225=\"\",\"\",VLOOKUP(A225,Items!$A$8:$J$701,3,FALSE))","v":"EACH"},21,{"$f":"IF($A225=\"\",\"\",VLOOKUP($A225,Items!$A$8:$J$701,5,FALSE))","v":252},21,{"$f":"IF($A225=\"\",\"\",VLOOKUP($A225,Items!$A$8:$J$701,7,FALSE))","v":252},21,{"$f":"IF($A225=\"\",\"\",VLOOKUP($A225,Items!$A$8:$J$701,9,FALSE))","v":252},21,{"$f":"IF($A225=\"\",\"\",VLOOKUP($A225,Items!$A$8:$K$701,11,FALSE))","v":252}]
[{"$f":"IF(Items!A226=\"\",\"\",Items!A226)","v":"807-86930"},{"$f":"IF(Items!B226=\"\",\"\",Items!B226)","v":"INSULATION LINK, NONWATERPROOFED"},"x",800,"807",{"$f":"IF(A226=\"\",\"\",VLOOKUP(A226,Items!$A$8:$AJ$701,34,FALSE))","v":16},{"$f":"IF(A226=\"\",\"\",VLOOKUP(A226,Items!$A$8:$J$701,3,FALSE))","v":"EACH"},17,{"$f":"IF($A226=\"\",\"\",VLOOKUP($A226,Items!$A$8:$J$701,5,FALSE))","v":272},17,{"$f":"IF($A226=\"\",\"\",VLOOKUP($A226,Items!$A$8:$J$701,7,FALSE))","v":272},17,{"$f":"IF($A226=\"\",\"\",VLOOKUP($A226,Items!$A$8:$J$701,9,FALSE))","v":272},17,{"$f":"IF($A226=\"\",\"\",VLOOKUP($A226,Items!$A$8:$K$701,11,FALSE))","v":272}]
[{"$f":"IF(Items!A227=\"\",\"\",Items!A227)","v":"807-86935"},{"$f":"IF(Items!B227=\"\",\"\",Items!B227)","v":"INSULATION LINK, WATERPROOFED"},"x",800,"807",{"$f":"IF(A227=\"\",\"\",VLOOKUP(A227,Items!$A$8:$AJ$701,34,FALSE))","v":12},{"$f":"IF(A227=\"\",\"\",VLOOKUP(A227,Items!$A$8:$J$701,3,FALSE))","v":"EACH"},21,{"$f":"IF($A227=\"\",\"\",VLOOKUP($A227,Items!$A$8:$J$701,5,FALSE))","v":252},21,{"$f":"IF($A227=\"\",\"\",VLOOKUP($A227,Items!$A$8:$J$701,7,FALSE))","v":252},21,{"$f":"IF($A227=\"\",\"\",VLOOKUP($A227,Items!$A$8:$J$701,9,FALSE))","v":252},21,{"$f":"IF($A227=\"\",\"\",VLOOKUP($A227,Items!$A$8:$K$701,11,FALSE))","v":252}]
[{"$f":"IF(Items!A228=\"\",\"\",Items!A228)","v":"807-86955"},{"$f":"IF(Items!B228=\"\",\"\",Items!B228)","v":"CABLE DUCT MARKER"},"x",800,"807",{"$f":"IF(A228=\"\",\"\",VLOOKUP(A228,Items!$A$8:$AJ$701,34,FALSE))","v":11},{"$f":"IF(A228=\"\",\"\",VLOOKUP(A228,Items!$A$8:$J$701,3,FALSE))","v":"EACH"},70,{"$f":"IF($A228=\"\",\"\",VLOOKUP($A228,Items!$A$8:$J$701,5,FALSE))","v":770},70,{"$f":"IF($A228=\"\",\"\",VLOOKUP($A228,Items!$A$8:$J$701,7,FALSE))","v":770},70,{"$f":"IF($A228=\"\",\"\",VLOOKUP($A228,Items!$A$8:$J$701,9,FALSE))","v":770},70,{"$f":"IF($A228=\"\",\"\",VLOOKUP($A228,Items!$A$8:$K$701,11,FALSE))","v":770}]
[{"$f":"IF(Items!A229=\"\",\"\",Items!A229)","v":"808-06703"},{"$f":"IF(Items!B229=\"\",\"\",Items!B229)","v":"LINE, THERMOPLASTIC, SOLID, WHITE, 4 IN."},"x",800,"808",{"$f":"IF(A229=\"\",\"\",VLOOKUP(A229,Items!$A$8:$AJ$701,34,FALSE))","v":2771},{"$f":"IF(A229=\"\",\"\",VLOOKUP(A229,Items!$A$8:$J$701,3,FALSE))","v":"L.F."},0.35000000000000003,{"$f":"IF($A229=\"\",\"\",VLOOKUP($A229,Items!$A$8:$J$701,5,FALSE))","v":969.85},0.35000000000000003,{"$f":"IF($A229=\"\",\"\",VLOOKUP($A229,Items!$A$8:$J$701,7,FALSE))","v":969.85},0.35000000000000003,{"$f":"IF($A229=\"\",\"\",VLOOKUP($A229,Items!$A$8:$J$701,9,FALSE))","v":969.85},0.35000000000000003,{"$f":"IF($A229=\"\",\"\",VLOOKUP($A229,Items!$A$8:$K$701,11,FALSE))","v":969.85}]
[{"$f":"IF(Items!A230=\"\",\"\",Items!A230)","v":"808-06716"},{"$f":"IF(Items!B230=\"\",\"\",Items!B230)","v":"LINE, REMOVE"},"x",800,"808",{"$f":"IF(A230=\"\",\"\",VLOOKUP(A230,Items!$A$8:$AJ$701,34,FALSE))","v":3615},{"$f":"IF(A230=\"\",\"\",VLOOKUP(A230,Items!$A$8:$J$701,3,FALSE))","v":"L.F."},0.38,{"$f":"IF($A230=\"\",\"\",VLOOKUP($A230,Items!$A$8:$J$701,5,FALSE))","v":1373.7},0.35,{"$f":"IF($A230=\"\",\"\",VLOOKUP($A230,Items!$A$8:$J$701,7,FALSE))","v":1265.25},0.38,{"$f":"IF($A230=\"\",\"\",VLOOKUP($A230,Items!$A$8:$J$701,9,FALSE))","v":1373.7},0.38,{"$f":"IF($A230=\"\",\"\",VLOOKUP($A230,Items!$A$8:$K$701,11,FALSE))","v":1373.7}]
[{"$f":"IF(Items!A231=\"\",\"\",Items!A231)","v":"808-09381"},{"$f":"IF(Items!B231=\"\",\"\",Items!B231)","v":"RETRO-REFLECTIVITY TEST"},"x",800,"808",{"$f":"IF(A231=\"\",\"\",VLOOKUP(A231,Items!$A$8:$AJ$701,34,FALSE))","v":1},{"$f":"IF(A231=\"\",\"\",VLOOKUP(A231,Items!$A$8:$J$701,3,FALSE))","v":"L.S."},800,{"$f":"IF($A231=\"\",\"\",VLOOKUP($A231,Items!$A$8:$J$701,5,FALSE))","v":800},800,{"$f":"IF($A231=\"\",\"\",VLOOKUP($A231,Items!$A$8:$J$701,7,FALSE))","v":800},800,{"$f":"IF($A231=\"\",\"\",VLOOKUP($A231,Items!$A$8:$J$701,9,FALSE))","v":800},800,{"$f":"IF($A231=\"\",\"\",VLOOKUP($A231,Items!$A$8:$K$701,11,FALSE))","v":800}]
[{"$f":"IF(Items!A232=\"\",\"\",Items!A232)","v":"808-10031"},{"$f":"IF(Items!B232=\"\",\"\",Items!B232)","v":"LINE, MULTI-COMP, BROKEN, WHITE, 4 IN"},"x",800,"808",{"$f":"IF(A232=\"\",\"\",VLOOKUP(A232,Items!$A$8:$AJ$701,34,FALSE))","v":2630},{"$f":"IF(A232=\"\",\"\",VLOOKUP(A232,Items!$A$8:$J$701,3,FALSE))","v":"L.F."},0.25,{"$f":"IF($A232=\"\",\"\",VLOOKUP($A232,Items!$A$8:$J$701,5,FALSE))","v":657.5},0.25,{"$f":"IF($A232=\"\",\"\",VLOOKUP($A232,Items!$A$8:$J$701,7,FALSE))","v":657.5},0.25,{"$f":"IF($A232=\"\",\"\",VLOOKUP($A232,Items!$A$8:$J$701,9,FALSE))","v":657.5},0.25,{"$f":"IF($A232=\"\",\"\",VLOOKUP($A232,Items!$A$8:$K$701,11,FALSE))","v":657.5}]
[{"$f":"IF(Items!A233=\"\",\"\",Items!A233)","v":"808-10033"},{"$f":"IF(Items!B233=\"\",\"\",Items!B233)","v":"LINE, MULTI-COMP, SOLID, WHITE, 4 IN"},"x",800,"808",{"$f":"IF(A233=\"\",\"\",VLOOKUP(A233,Items!$A$8:$AJ$701,34,FALSE))","v":29503},{"$f":"IF(A233=\"\",\"\",VLOOKUP(A233,Items!$A$8:$J$701,3,FALSE))","v":"L.F."},0.25,{"$f":"IF($A233=\"\",\"\",VLOOKUP($A233,Items!$A$8:$J$701,5,FALSE))","v":7375.75},0.25,{"$f":"IF($A233=\"\",\"\",VLOOKUP($A233,Items!$A$8:$J$701,7,FALSE))","v":7375.75},0.25,{"$f":"IF($A233=\"\",\"\",VLOOKUP($A233,Items!$A$8:$J$701,9,FALSE))","v":7375.75},0.25,{"$f":"IF($A233=\"\",\"\",VLOOKUP($A233,Items!$A$8:$K$701,11,FALSE))","v":7375.75}]
[{"$f":"IF(Items!A234=\"\",\"\",Items!A234)","v":"808-10034"},{"$f":"IF(Items!B234=\"\",\"\",Items!B234)","v":"LINE, MULTI-COMP, SOLID, YELLOW, 4 IN"},"x",800,"808",{"$f":"IF(A234=\"\",\"\",VLOOKUP(A234,Items!$A$8:$AJ$701,34,FALSE))","v":13980},{"$f":"IF(A234=\"\",\"\",VLOOKUP(A234,Items!$A$8:$J$701,3,FALSE))","v":"L.F."},0.25,{"$f":"IF($A234=\"\",\"\",VLOOKUP($A234,Items!$A$8:$J$701,5,FALSE))","v":3495},0.25,{"$f":"IF($A234=\"\",\"\",VLOOKUP($A234,Items!$A$8:$J$701,7,FALSE))","v":3495},0.25,{"$f":"IF($A234=\"\",\"\",VLOOKUP($A234,Items!$A$8:$J$701,9,FALSE))","v":3495},0.25,{"$f":"IF($A234=\"\",\"\",VLOOKUP($A234,Items!$A$8:$K$701,11,FALSE))","v":3495}]
[{"$f":"IF(Items!A235=\"\",\"\",Items!A235)","v":"808-10036"},{"$f":"IF(Items!B235=\"\",\"\",Items!B235)","v":"LINE, MULTI-COMP, BROKEN, YELLOW, 4 IN"},"x",800,"808",{"$f":"IF(A235=\"\",\"\",VLOOKUP(A235,Items!$A$8:$AJ$701,34,FALSE))","v":300},{"$f":"IF(A235=\"\",\"\",VLOOKUP(A235,Items!$A$8:$J$701,3,FALSE))","v":"L.F."},0.25,{"$f":"IF($A235=\"\",\"\",VLOOKUP($A235,Items!$A$8:$J$701,5,FALSE))","v":75},0.25,{"$f":"IF($A235=\"\",\"\",VLOOKUP($A235,Items!$A$8:$J$701,7,FALSE))","v":75},0.25,{"$f":"IF($A235=\"\",\"\",VLOOKUP($A235,Items!$A$8:$J$701,9,FALSE))","v":75},0.25,{"$f":"IF($A235=\"\",\"\",VLOOKUP($A235,Items!$A$8:$K$701,11,FALSE))","v":75}]
[{"$f":"IF(Items!A236=\"\",\"\",Items!A236)","v":"808-10037"},{"$f":"IF(Items!B236=\"\",\"\",Items!B236)","v":"LINE, MULTI-COMP, SOLID, WHITE, 8 IN"},"x",800,"808",{"$f":"IF(A236=\"\",\"\",VLOOKUP(A236,Items!$A$8:$AJ$701,34,FALSE))","v":1838},{"$f":"IF(A236=\"\",\"\",VLOOKUP(A236,Items!$A$8:$J$701,3,FALSE))","v":"L.F."},0.5,{"$f":"IF($A236=\"\",\"\",VLOOKUP($A236,Items!$A$8:$J$701,5,FALSE))","v":919},0.5,{"$f":"IF($A236=\"\",\"\",VLOOKUP($A236,Items!$A$8:$J$701,7,FALSE))","v":919},0.5,{"$f":"IF($A236=\"\",\"\",VLOOKUP($A236,Items!$A$8:$J$701,9,FALSE))","v":919},0.5,{"$f":"IF($A236=\"\",\"\",VLOOKUP($A236,Items!$A$8:$K$701,11,FALSE))","v":919}]
[{"$f":"IF(Items!A237=\"\",\"\",Items!A237)","v":"808-10038"},{"$f":"IF(Items!B237=\"\",\"\",Items!B237)","v":"TRANSVERSE MKGS MULTI-COMP SOLID WHITE,"},"x",800,"808",{"$f":"IF(A237=\"\",\"\",VLOOKUP(A237,Items!$A$8:$AJ$701,34,FALSE))","v":999},{"$f":"IF(A237=\"\",\"\",VLOOKUP(A237,Items!$A$8:$J$701,3,FALSE))","v":"L.F."},8,{"$f":"IF($A237=\"\",\"\",VLOOKUP($A237,Items!$A$8:$J$701,5,FALSE))","v":7992},8,{"$f":"IF($A237=\"\",\"\",VLOOKUP($A237,Items!$A$8:$J$701,7,FALSE))","v":7992},8,{"$f":"IF($A237=\"\",\"\",VLOOKUP($A237,Items!$A$8:$J$701,9,FALSE))","v":7992},8,{"$f":"IF($A237=\"\",\"\",VLOOKUP($A237,Items!$A$8:$K$701,11,FALSE))","v":7992}]
[{"$f":"IF(Items!A238=\"\",\"\",Items!A238)","v":"808-10042"},{"$f":"IF(Items!B238=\"\",\"\",Items!B238)","v":"TRANSVERSE MKG MULTI-COMP SOLID YELLOW"},"x",800,"808",{"$f":"IF(A238=\"\",\"\",VLOOKUP(A238,Items!$A$8:$AJ$701,34,FALSE))","v":210},{"$f":"IF(A238=\"\",\"\",VLOOKUP(A238,Items!$A$8:$J$701,3,FALSE))","v":"L.F."},4,{"$f":"IF($A238=\"\",\"\",VLOOKUP($A238,Items!$A$8:$J$701,5,FALSE))","v":840},4,{"$f":"IF($A238=\"\",\"\",VLOOKUP($A238,Items!$A$8:$J$701,7,FALSE))","v":840},4,{"$f":"IF($A238=\"\",\"\",VLOOKUP($A238,Items!$A$8:$J$701,9,FALSE))","v":840},4,{"$f":"IF($A238=\"\",\"\",VLOOKUP($A238,Items!$A$8:$K$701,11,FALSE))","v":840}]
[{"$f":"IF(Items!A239=\"\",\"\",Items!A239)","v":"808-10051"},{"$f":"IF(Items!B239=\"\",\"\",Items!B239)","v":"TRANSVERSE MKG MULTI-COMP, STOP LINE,"},"x",800,"808",{"$f":"IF(A239=\"\",\"\",VLOOKUP(A239,Items!$A$8:$AJ$701,34,FALSE))","v":354},{"$f":"IF(A239=\"\",\"\",VLOOKUP(A239,Items!$A$8:$J$701,3,FALSE))","v":"L.F."},8,{"$f":"IF($A239=\"\",\"\",VLOOKUP($A239,Items!$A$8:$J$701,5,FALSE))","v":2832},8,{"$f":"IF($A239=\"\",\"\",VLOOKUP($A239,Items!$A$8:$J$701,7,FALSE))","v":2832},8,{"$f":"IF($A239=\"\",\"\",VLOOKUP($A239,Items!$A$8:$J$701,9,FALSE))","v":2832},8,{"$f":"IF($A239=\"\",\"\",VLOOKUP($A239,Items!$A$8:$K$701,11,FALSE))","v":2832}]
[{"$f":"IF(Items!A240=\"\",\"\",Items!A240)","v":"808-10052"},{"$f":"IF(Items!B240=\"\",\"\",Items!B240)","v":"PAVEMENT MESSAGE MKG, MULTI-COMP, (ONLY"},"x",800,"808",{"$f":"IF(A240=\"\",\"\",VLOOKUP(A240,Items!$A$8:$AJ$701,34,FALSE))","v":20},{"$f":"IF(A240=\"\",\"\",VLOOKUP(A240,Items!$A$8:$J$701,3,FALSE))","v":"EACH"},99,{"$f":"IF($A240=\"\",\"\",VLOOKUP($A240,Items!$A$8:$J$701,5,FALSE))","v":1980},99,{"$f":"IF($A240=\"\",\"\",VLOOKUP($A240,Items!$A$8:$J$701,7,FALSE))","v":1980},99,{"$f":"IF($A240=\"\",\"\",VLOOKUP($A240,Items!$A$8:$J$701,9,FALSE))","v":1980},99,{"$f":"IF($A240=\"\",\"\",VLOOKUP($A240,Items!$A$8:$K$701,11,FALSE))","v":1980}]
[{"$f":"IF(Items!A241=\"\",\"\",Items!A241)","v":"808-10058"},{"$f":"IF(Items!B241=\"\",\"\",Items!B241)","v":"LINE, MULTI-COMP, SOLID, YELLOW, 8 IN"},"x",800,"808",{"$f":"IF(A241=\"\",\"\",VLOOKUP(A241,Items!$A$8:$AJ$701,34,FALSE))","v":4078},{"$f":"IF(A241=\"\",\"\",VLOOKUP(A241,Items!$A$8:$J$701,3,FALSE))","v":"L.F."},0.5,{"$f":"IF($A241=\"\",\"\",VLOOKUP($A241,Items!$A$8:$J$701,5,FALSE))","v":2039},0.5,{"$f":"IF($A241=\"\",\"\",VLOOKUP($A241,Items!$A$8:$J$701,7,FALSE))","v":2039},0.5,{"$f":"IF($A241=\"\",\"\",VLOOKUP($A241,Items!$A$8:$J$701,9,FALSE))","v":2039},0.5,{"$f":"IF($A241=\"\",\"\",VLOOKUP($A241,Items!$A$8:$K$701,11,FALSE))","v":2039}]
[{"$f":"IF(Items!A242=\"\",\"\",Items!A242)","v":"808-10066"},{"$f":"IF(Items!B242=\"\",\"\",Items!B242)","v":"PAVEMENT MESSAGE MARKINGS,"},"x",800,"808",{"$f":"IF(A242=\"\",\"\",VLOOKUP(A242,Items!$A$8:$AJ$701,34,FALSE))","v":5},{"$f":"IF(A242=\"\",\"\",VLOOKUP(A242,Items!$A$8:$J$701,3,FALSE))","v":"EACH"},98,{"$f":"IF($A242=\"\",\"\",VLOOKUP($A242,Items!$A$8:$J$701,5,FALSE))","v":490},98,{"$f":"IF($A242=\"\",\"\",VLOOKUP($A242,Items!$A$8:$J$701,7,FALSE))","v":490},98,{"$f":"IF($A242=\"\",\"\",VLOOKUP($A242,Items!$A$8:$J$701,9,FALSE))","v":490},98,{"$f":"IF($A242=\"\",\"\",VLOOKUP($A242,Items!$A$8:$K$701,11,FALSE))","v":490}]
[{"$f":"IF(Items!A243=\"\",\"\",Items!A243)","v":"808-10077"},{"$f":"IF(Items!B243=\"\",\"\",Items!B243)","v":"PAVEMENT MESSAGE MARKINGS,"},"x",800,"808",{"$f":"IF(A243=\"\",\"\",VLOOKUP(A243,Items!$A$8:$AJ$701,34,FALSE))","v":51},{"$f":"IF(A243=\"\",\"\",VLOOKUP(A243,Items!$A$8:$J$701,3,FALSE))","v":"EACH"},80,{"$f":"IF($A243=\"\",\"\",VLOOKUP($A243,Items!$A$8:$J$701,5,FALSE))","v":4080},80,{"$f":"IF($A243=\"\",\"\",VLOOKUP($A243,Items!$A$8:$J$701,7,FALSE))","v":4080},80,{"$f":"IF($A243=\"\",\"\",VLOOKUP($A243,Items!$A$8:$J$701,9,FALSE))","v":4080},80,{"$f":"IF($A243=\"\",\"\",VLOOKUP($A243,Items!$A$8:$K$701,11,FALSE))","v":4080}]
[{"$f":"IF(Items!A244=\"\",\"\",Items!A244)","v":"808-10078"},{"$f":"IF(Items!B244=\"\",\"\",Items!B244)","v":"LINE MULTI-COMP DOTTED, WHITE, 4 IN, 24"},"x",800,"808",{"$f":"IF(A244=\"\",\"\",VLOOKUP(A244,Items!$A$8:$AJ$701,34,FALSE))","v":130},{"$f":"IF(A244=\"\",\"\",VLOOKUP(A244,Items!$A$8:$J$701,3,FALSE))","v":"L.F."},4,{"$f":"IF($A244=\"\",\"\",VLOOKUP($A244,Items!$A$8:$J$701,5,FALSE))","v":520},4,{"$f":"IF($A244=\"\",\"\",VLOOKUP($A244,Items!$A$8:$J$701,7,FALSE))","v":520},4,{"$f":"IF($A244=\"\",\"\",VLOOKUP($A244,Items!$A$8:$J$701,9,FALSE))","v":520},4,{"$f":"IF($A244=\"\",\"\",VLOOKUP($A244,Items!$A$8:$K$701,11,FALSE))","v":520}]
[{"$f":"IF(Items!A245=\"\",\"\",Items!A245)","v":"808-10119"},{"$f":"IF(Items!B245=\"\",\"\",Items!B245)","v":"TRANSVERSE MARKING, MULTI-COMPONENT,"},"x",800,"808",{"$f":"IF(A245=\"\",\"\",VLOOKUP(A245,Items!$A$8:$AJ$701,34,FALSE))","v":477},{"$f":"IF(A245=\"\",\"\",VLOOKUP(A245,Items!$A$8:$J$701,3,FALSE))","v":"L.F."},7.8800000000000008,{"$f":"IF($A245=\"\",\"\",VLOOKUP($A245,Items!$A$8:$J$701,5,FALSE))","v":3758.76},7.8800000000000008,{"$f":"IF($A245=\"\",\"\",VLOOKUP($A245,Items!$A$8:$J$701,7,FALSE))","v":3758.76},7.8800000000000008,{"$f":"IF($A245=\"\",\"\",VLOOKUP($A245,Items!$A$8:$J$701,9,FALSE))","v":3758.76},7.8800000000000008,{"$f":"IF($A245=\"\",\"\",VLOOKUP($A245,Items!$A$8:$K$701,11,FALSE))","v":3758.76}]
[{"$f":"IF(Items!A246=\"\",\"\",Items!A246)","v":"808-75245"},{"$f":"IF(Items!B246=\"\",\"\",Items!B246)","v":"LINE, THERMOPLASTIC, SOLID, YELLOW, 4 IN."},"x",800,"808",{"$f":"IF(A246=\"\",\"\",VLOOKUP(A246,Items!$A$8:$AJ$701,34,FALSE))","v":3086},{"$f":"IF(A246=\"\",\"\",VLOOKUP(A246,Items!$A$8:$J$701,3,FALSE))","v":"L.F."},0.35000000000000003,{"$f":"IF($A246=\"\",\"\",VLOOKUP($A246,Items!$A$8:$J$701,5,FALSE))","v":1080.1000000000001},0.35000000000000003,{"$f":"IF($A246=\"\",\"\",VLOOKUP($A246,Items!$A$8:$J$701,7,FALSE))","v":1080.1000000000001},0.35000000000000003,{"$f":"IF($A246=\"\",\"\",VLOOKUP($A246,Items!$A$8:$J$701,9,FALSE))","v":1080.1000000000001},0.35000000000000003,{"$f":"IF($A246=\"\",\"\",VLOOKUP($A246,Items!$A$8:$K$701,11,FALSE))","v":1080.1000000000001}]
[{"$f":"IF(Items!A247=\"\",\"\",Items!A247)","v":"808-75996"},{"$f":"IF(Items!B247=\"\",\"\",Items!B247)","v":"SNOWPLOWABLE RAISED PAVEMENT MARKER, REMOVE"},"x",800,"808",{"$f":"IF(A247=\"\",\"\",VLOOKUP(A247,Items!$A$8:$AJ$701,34,FALSE))","v":200},{"$f":"IF(A247=\"\",\"\",VLOOKUP(A247,Items!$A$8:$J$701,3,FALSE))","v":"EACH"},4.25,{"$f":"IF($A247=\"\",\"\",VLOOKUP($A247,Items!$A$8:$J$701,5,FALSE))","v":850},4.25,{"$f":"IF($A247=\"\",\"\",VLOOKUP($A247,Items!$A$8:$J$701,7,FALSE))","v":850},4,{"$f":"IF($A247=\"\",\"\",VLOOKUP($A247,Items!$A$8:$J$701,9,FALSE))","v":800},4.25,{"$f":"IF($A247=\"\",\"\",VLOOKUP($A247,Items!$A$8:$K$701,11,FALSE))","v":850}]
[{"$f":"IF(Items!A248=\"\",\"\",Items!A248)","v":"808-75998"},{"$f":"IF(Items!B248=\"\",\"\",Items!B248)","v":"SNOWPLOWABLE RAISED PAVEMENT MARKER"},"x",800,"808",{"$f":"IF(A248=\"\",\"\",VLOOKUP(A248,Items!$A$8:$AJ$701,34,FALSE))","v":432},{"$f":"IF(A248=\"\",\"\",VLOOKUP(A248,Items!$A$8:$J$701,3,FALSE))","v":"EACH"},19.25,{"$f":"IF($A248=\"\",\"\",VLOOKUP($A248,Items!$A$8:$J$701,5,FALSE))","v":8316},19.25,{"$f":"IF($A248=\"\",\"\",VLOOKUP($A248,Items!$A$8:$J$701,7,FALSE))","v":8316},18.79,{"$f":"IF($A248=\"\",\"\",VLOOKUP($A248,Items!$A$8:$J$701,9,FALSE))","v":8117.28},19.25,{"$f":"IF($A248=\"\",\"\",VLOOKUP($A248,Items!$A$8:$K$701,11,FALSE))","v":8316}]
[{"$f":"IF(Items!A249=\"\",\"\",Items!A249)","v":""},{"$f":"IF(Items!B249=\"\",\"\",Items!B249)","v":""},"","","",{"$f":"IF(A249=\"\",\"\",VLOOKUP(A249,Items!$A$8:$AJ$701,34,FALSE))","v":""},{"$f":"IF(A249=\"\",\"\",VLOOKUP(A249,Items!$A$8:$J$701,3,FALSE))","v":""},"",{"$f":"IF($A249=\"\",\"\",VLOOKUP($A249,Items!$A$8:$J$701,5,FALSE))","v":""},"",{"$f":"IF($A249=\"\",\"\",VLOOKUP($A249,Items!$A$8:$J$701,7,FALSE))","v":""},"",{"$f":"IF($A249=\"\",\"\",VLOOKUP($A249,Items!$A$8:$J$701,9,FALSE))","v":""},"",{"$f":"IF($A249=\"\",\"\",VLOOKUP($A249,Items!$A$8:$K$701,11,FALSE))","v":""}]
[{"$f":"IF(Items!A250=\"\",\"\",Items!A250)","v":""},{"$f":"IF(Items!B250=\"\",\"\",Items!B250)","v":""},"","","",{"$f":"IF(A250=\"\",\"\",VLOOKUP(A250,Items!$A$8:$AJ$701,34,FALSE))","v":""},{"$f":"IF(A250=\"\",\"\",VLOOKUP(A250,Items!$A$8:$J$701,3,FALSE))","v":""},"",{"$f":"IF($A250=\"\",\"\",VLOOKUP($A250,Items!$A$8:$J$701,5,FALSE))","v":""},"",{"$f":"IF($A250=\"\",\"\",VLOOKUP($A250,Items!$A$8:$J$701,7,FALSE))","v":""},"",{"$f":"IF($A250=\"\",\"\",VLOOKUP($A250,Items!$A$8:$J$701,9,FALSE))","v":""},"",{"$f":"IF($A250=\"\",\"\",VLOOKUP($A250,Items!$A$8:$K$701,11,FALSE))","v":""}]
[{"$f":"IF(Items!A251=\"\",\"\",Items!A251)","v":""},{"$f":"IF(Items!B251=\"\",\"\",Items!B251)","v":""},"","","",{"$f":"IF(A251=\"\",\"\",VLOOKUP(A251,Items!$A$8:$AJ$701,34,FALSE))","v":""},{"$f":"IF(A251=\"\",\"\",VLOOKUP(A251,Items!$A$8:$J$701,3,FALSE))","v":""},"",{"$f":"IF($A251=\"\",\"\",VLOOKUP($A251,Items!$A$8:$J$701,5,FALSE))","v":""},"",{"$f":"IF($A251=\"\",\"\",VLOOKUP($A251,Items!$A$8:$J$701,7,FALSE))","v":""},"",{"$f":"IF($A251=\"\",\"\",VLOOKUP($A251,Items!$A$8:$J$701,9,FALSE))","v":""},"",{"$f":"IF($A251=\"\",\"\",VLOOKUP($A251,Items!$A$8:$K$701,11,FALSE))","v":""}]
[{"$f":"IF(Items!A252=\"\",\"\",Items!A252)","v":""},{"$f":"IF(Items!B252=\"\",\"\",Items!B252)","v":""},"","","",{"$f":"IF(A252=\"\",\"\",VLOOKUP(A252,Items!$A$8:$AJ$701,34,FALSE))","v":""},{"$f":"IF(A252=\"\",\"\",VLOOKUP(A252,Items!$A$8:$J$701,3,FALSE))","v":""},"",{"$f":"IF($A252=\"\",\"\",VLOOKUP($A252,Items!$A$8:$J$701,5,FALSE))","v":""},"",{"$f":"IF($A252=\"\",\"\",VLOOKUP($A252,Items!$A$8:$J$701,7,FALSE))","v":""},"",{"$f":"IF($A252=\"\",\"\",VLOOKUP($A252,Items!$A$8:$J$701,9,FALSE))","v":""},"",{"$f":"IF($A252=\"\",\"\",VLOOKUP($A252,Items!$A$8:$K$701,11,FALSE))","v":""}]
[{"$f":"IF(Items!A253=\"\",\"\",Items!A253)","v":""},{"$f":"IF(Items!B253=\"\",\"\",Items!B253)","v":""},"","","",{"$f":"IF(A253=\"\",\"\",VLOOKUP(A253,Items!$A$8:$AJ$701,34,FALSE))","v":""},{"$f":"IF(A253=\"\",\"\",VLOOKUP(A253,Items!$A$8:$J$701,3,FALSE))","v":""},"",{"$f":"IF($A253=\"\",\"\",VLOOKUP($A253,Items!$A$8:$J$701,5,FALSE))","v":""},"",{"$f":"IF($A253=\"\",\"\",VLOOKUP($A253,Items!$A$8:$J$701,7,FALSE))","v":""},"",{"$f":"IF($A253=\"\",\"\",VLOOKUP($A253,Items!$A$8:$J$701,9,FALSE))","v":""},"",{"$f":"IF($A253=\"\",\"\",VLOOKUP($A253,Items!$A$8:$K$701,11,FALSE))","v":""}]
[{"$f":"IF(Items!A254=\"\",\"\",Items!A254)","v":""},{"$f":"IF(Items!B254=\"\",\"\",Items!B254)","v":""},"","","",{"$f":"IF(A254=\"\",\"\",VLOOKUP(A254,Items!$A$8:$AJ$701,34,FALSE))","v":""},{"$f":"IF(A254=\"\",\"\",VLOOKUP(A254,Items!$A$8:$J$701,3,FALSE))","v":""},"",{"$f":"IF($A254=\"\",\"\",VLOOKUP($A254,Items!$A$8:$J$701,5,FALSE))","v":""},"",{"$f":"IF($A254=\"\",\"\",VLOOKUP($A254,Items!$A$8:$J$701,7,FALSE))","v":""},"",{"$f":"IF($A254=\"\",\"\",VLOOKUP($A254,Items!$A$8:$J$701,9,FALSE))","v":""},"",{"$f":"IF($A254=\"\",\"\",VLOOKUP($A254,Items!$A$8:$K$701,11,FALSE))","v":""}]
[{"$f":"IF(Items!A255=\"\",\"\",Items!A255)","v":""},{"$f":"IF(Items!B255=\"\",\"\",Items!B255)","v":""},"","","",{"$f":"IF(A255=\"\",\"\",VLOOKUP(A255,Items!$A$8:$AJ$701,34,FALSE))","v":""},{"$f":"IF(A255=\"\",\"\",VLOOKUP(A255,Items!$A$8:$J$701,3,FALSE))","v":""},"",{"$f":"IF($A255=\"\",\"\",VLOOKUP($A255,Items!$A$8:$J$701,5,FALSE))","v":""},"",{"$f":"IF($A255=\"\",\"\",VLOOKUP($A255,Items!$A$8:$J$701,7,FALSE))","v":""},"",{"$f":"IF($A255=\"\",\"\",VLOOKUP($A255,Items!$A$8:$J$701,9,FALSE))","v":""},"",{"$f":"IF($A255=\"\",\"\",VLOOKUP($A255,Items!$A$8:$K$701,11,FALSE))","v":""}]
[{"$f":"IF(Items!A256=\"\",\"\",Items!A256)","v":""},{"$f":"IF(Items!B256=\"\",\"\",Items!B256)","v":""},"","","",{"$f":"IF(A256=\"\",\"\",VLOOKUP(A256,Items!$A$8:$AJ$701,34,FALSE))","v":""},{"$f":"IF(A256=\"\",\"\",VLOOKUP(A256,Items!$A$8:$J$701,3,FALSE))","v":""},"",{"$f":"IF($A256=\"\",\"\",VLOOKUP($A256,Items!$A$8:$J$701,5,FALSE))","v":""},"",{"$f":"IF($A256=\"\",\"\",VLOOKUP($A256,Items!$A$8:$J$701,7,FALSE))","v":""},"",{"$f":"IF($A256=\"\",\"\",VLOOKUP($A256,Items!$A$8:$J$701,9,FALSE))","v":""},"",{"$f":"IF($A256=\"\",\"\",VLOOKUP($A256,Items!$A$8:$K$701,11,FALSE))","v":""}]
[{"$f":"IF(Items!A257=\"\",\"\",Items!A257)","v":""},{"$f":"IF(Items!B257=\"\",\"\",Items!B257)","v":""},"","","",{"$f":"IF(A257=\"\",\"\",VLOOKUP(A257,Items!$A$8:$AJ$701,34,FALSE))","v":""},{"$f":"IF(A257=\"\",\"\",VLOOKUP(A257,Items!$A$8:$J$701,3,FALSE))","v":""},"",{"$f":"IF($A257=\"\",\"\",VLOOKUP($A257,Items!$A$8:$J$701,5,FALSE))","v":""},"",{"$f":"IF($A257=\"\",\"\",VLOOKUP($A257,Items!$A$8:$J$701,7,FALSE))","v":""},"",{"$f":"IF($A257=\"\",\"\",VLOOKUP($A257,Items!$A$8:$J$701,9,FALSE))","v":""},"",{"$f":"IF($A257=\"\",\"\",VLOOKUP($A257,Items!$A$8:$K$701,11,FALSE))","v":""}]
[{"$f":"IF(Items!A258=\"\",\"\",Items!A258)","v":""},{"$f":"IF(Items!B258=\"\",\"\",Items!B258)","v":""},"","","",{"$f":"IF(A258=\"\",\"\",VLOOKUP(A258,Items!$A$8:$AJ$701,34,FALSE))","v":""},{"$f":"IF(A258=\"\",\"\",VLOOKUP(A258,Items!$A$8:$J$701,3,FALSE))","v":""},"",{"$f":"IF($A258=\"\",\"\",VLOOKUP($A258,Items!$A$8:$J$701,5,FALSE))","v":""},"",{"$f":"IF($A258=\"\",\"\",VLOOKUP($A258,Items!$A$8:$J$701,7,FALSE))","v":""},"",{"$f":"IF($A258=\"\",\"\",VLOOKUP($A258,Items!$A$8:$J$701,9,FALSE))","v":""},"",{"$f":"IF($A258=\"\",\"\",VLOOKUP($A258,Items!$A$8:$K$701,11,FALSE))","v":""}]
[{"$f":"IF(Items!A259=\"\",\"\",Items!A259)","v":""},{"$f":"IF(Items!B259=\"\",\"\",Items!B259)","v":""},"","","",{"$f":"IF(A259=\"\",\"\",VLOOKUP(A259,Items!$A$8:$AJ$701,34,FALSE))","v":""},{"$f":"IF(A259=\"\",\"\",VLOOKUP(A259,Items!$A$8:$J$701,3,FALSE))","v":""},"",{"$f":"IF($A259=\"\",\"\",VLOOKUP($A259,Items!$A$8:$J$701,5,FALSE))","v":""},"",{"$f":"IF($A259=\"\",\"\",VLOOKUP($A259,Items!$A$8:$J$701,7,FALSE))","v":""},"",{"$f":"IF($A259=\"\",\"\",VLOOKUP($A259,Items!$A$8:$J$701,9,FALSE))","v":""},"",{"$f":"IF($A259=\"\",\"\",VLOOKUP($A259,Items!$A$8:$K$701,11,FALSE))","v":""}]
[{"$f":"IF(Items!A260=\"\",\"\",Items!A260)","v":""},{"$f":"IF(Items!B260=\"\",\"\",Items!B260)","v":""},"","","",{"$f":"IF(A260=\"\",\"\",VLOOKUP(A260,Items!$A$8:$AJ$701,34,FALSE))","v":""},{"$f":"IF(A260=\"\",\"\",VLOOKUP(A260,Items!$A$8:$J$701,3,FALSE))","v":""},"",{"$f":"IF($A260=\"\",\"\",VLOOKUP($A260,Items!$A$8:$J$701,5,FALSE))","v":""},"",{"$f":"IF($A260=\"\",\"\",VLOOKUP($A260,Items!$A$8:$J$701,7,FALSE))","v":""},"",{"$f":"IF($A260=\"\",\"\",VLOOKUP($A260,Items!$A$8:$J$701,9,FALSE))","v":""},"",{"$f":"IF($A260=\"\",\"\",VLOOKUP($A260,Items!$A$8:$K$701,11,FALSE))","v":""}]
[{"$f":"IF(Items!A261=\"\",\"\",Items!A261)","v":""},{"$f":"IF(Items!B261=\"\",\"\",Items!B261)","v":""},"","","",{"$f":"IF(A261=\"\",\"\",VLOOKUP(A261,Items!$A$8:$AJ$701,34,FALSE))","v":""},{"$f":"IF(A261=\"\",\"\",VLOOKUP(A261,Items!$A$8:$J$701,3,FALSE))","v":""},"",{"$f":"IF($A261=\"\",\"\",VLOOKUP($A261,Items!$A$8:$J$701,5,FALSE))","v":""},"",{"$f":"IF($A261=\"\",\"\",VLOOKUP($A261,Items!$A$8:$J$701,7,FALSE))","v":""},"",{"$f":"IF($A261=\"\",\"\",VLOOKUP($A261,Items!$A$8:$J$701,9,FALSE))","v":""},"",{"$f":"IF($A261=\"\",\"\",VLOOKUP($A261,Items!$A$8:$K$701,11,FALSE))","v":""}]
[{"$f":"IF(Items!A262=\"\",\"\",Items!A262)","v":""},{"$f":"IF(Items!B262=\"\",\"\",Items!B262)","v":""},"","","",{"$f":"IF(A262=\"\",\"\",VLOOKUP(A262,Items!$A$8:$AJ$701,34,FALSE))","v":""},{"$f":"IF(A262=\"\",\"\",VLOOKUP(A262,Items!$A$8:$J$701,3,FALSE))","v":""},"",{"$f":"IF($A262=\"\",\"\",VLOOKUP($A262,Items!$A$8:$J$701,5,FALSE))","v":""},"",{"$f":"IF($A262=\"\",\"\",VLOOKUP($A262,Items!$A$8:$J$701,7,FALSE))","v":""},"",{"$f":"IF($A262=\"\",\"\",VLOOKUP($A262,Items!$A$8:$J$701,9,FALSE))","v":""},"",{"$f":"IF($A262=\"\",\"\",VLOOKUP($A262,Items!$A$8:$K$701,11,FALSE))","v":""}]
[{"$f":"IF(Items!A263=\"\",\"\",Items!A263)","v":""},{"$f":"IF(Items!B263=\"\",\"\",Items!B263)","v":""},"","","",{"$f":"IF(A263=\"\",\"\",VLOOKUP(A263,Items!$A$8:$AJ$701,34,FALSE))","v":""},{"$f":"IF(A263=\"\",\"\",VLOOKUP(A263,Items!$A$8:$J$701,3,FALSE))","v":""},"",{"$f":"IF($A263=\"\",\"\",VLOOKUP($A263,Items!$A$8:$J$701,5,FALSE))","v":""},"",{"$f":"IF($A263=\"\",\"\",VLOOKUP($A263,Items!$A$8:$J$701,7,FALSE))","v":""},"",{"$f":"IF($A263=\"\",\"\",VLOOKUP($A263,Items!$A$8:$J$701,9,FALSE))","v":""},"",{"$f":"IF($A263=\"\",\"\",VLOOKUP($A263,Items!$A$8:$K$701,11,FALSE))","v":""}]
[{"$f":"IF(Items!A264=\"\",\"\",Items!A264)","v":""},{"$f":"IF(Items!B264=\"\",\"\",Items!B264)","v":""},"","","",{"$f":"IF(A264=\"\",\"\",VLOOKUP(A264,Items!$A$8:$AJ$701,34,FALSE))","v":""},{"$f":"IF(A264=\"\",\"\",VLOOKUP(A264,Items!$A$8:$J$701,3,FALSE))","v":""},"",{"$f":"IF($A264=\"\",\"\",VLOOKUP($A264,Items!$A$8:$J$701,5,FALSE))","v":""},"",{"$f":"IF($A264=\"\",\"\",VLOOKUP($A264,Items!$A$8:$J$701,7,FALSE))","v":""},"",{"$f":"IF($A264=\"\",\"\",VLOOKUP($A264,Items!$A$8:$J$701,9,FALSE))","v":""},"",{"$f":"IF($A264=\"\",\"\",VLOOKUP($A264,Items!$A$8:$K$701,11,FALSE))","v":""}]
[{"$f":"IF(Items!A265=\"\",\"\",Items!A265)","v":""},{"$f":"IF(Items!B265=\"\",\"\",Items!B265)","v":""},{"$f":"IF(A265=\"\",\"\",\"x\")","v":""},{"$f":"IF(A265=\"\",\"\",LEFT(A265,1)*100)","v":""},{"$f":"IF(A265=\"\",\"\",LEFT(A265,3))","v":""},{"$f":"IF(A265=\"\",\"\",VLOOKUP(A265,Items!$A$8:$AJ$701,34,FALSE))","v":""},{"$f":"IF(A265=\"\",\"\",VLOOKUP(A265,Items!$A$8:$J$701,3,FALSE))","v":""},{"$f":"IF(OR($F265=\"\",$F265=0),\"\",I265/$F265)","v":""},{"$f":"IF($A265=\"\",\"\",VLOOKUP($A265,Items!$A$8:$J$701,5,FALSE))","v":""},{"$f":"IF(OR($F265=\"\",$F265=0),\"\",K265/$F265)","v":""},{"$f":"IF($A265=\"\",\"\",VLOOKUP($A265,Items!$A$8:$J$701,7,FALSE))","v":""},{"$f":"IF(OR($F265=\"\",$F265=0),\"\",M265/$F265)","v":""},{"$f":"IF($A265=\"\",\"\",VLOOKUP($A265,Items!$A$8:$J$701,9,FALSE))","v":""},{"$f":"IF(OR($F265=\"\",$F265=0),\"\",O265/$F265)","v":""},{"$f":"IF($A265=\"\",\"\",VLOOKUP($A265,Items!$A$8:$K$701,11,FALSE))","v":""}]
[{"$f":"IF(Items!A266=\"\",\"\",Items!A266)","v":""},{"$f":"IF(Items!B266=\"\",\"\",Items!B266)","v":""},"","","",{"$f":"IF(A266=\"\",\"\",VLOOKUP(A266,Items!$A$8:$AJ$701,34,FALSE))","v":""},{"$f":"IF(A266=\"\",\"\",VLOOKUP(A266,Items!$A$8:$J$701,3,FALSE))","v":""},"",{"$f":"IF($A266=\"\",\"\",VLOOKUP($A266,Items!$A$8:$J$701,5,FALSE))","v":""},"",{"$f":"IF($A266=\"\",\"\",VLOOKUP($A266,Items!$A$8:$J$701,7,FALSE))","v":""},"",{"$f":"IF($A266=\"\",\"\",VLOOKUP($A266,Items!$A$8:$J$701,9,FALSE))","v":""},"",{"$f":"IF($A266=\"\",\"\",VLOOKUP($A266,Items!$A$8:$K$701,11,FALSE))","v":""}]
[{"$f":"IF(Items!A267=\"\",\"\",Items!A267)","v":""},{"$f":"IF(Items!B267=\"\",\"\",Items!B267)","v":""},"","","",{"$f":"IF(A267=\"\",\"\",VLOOKUP(A267,Items!$A$8:$AJ$701,34,FALSE))","v":""},{"$f":"IF(A267=\"\",\"\",VLOOKUP(A267,Items!$A$8:$J$701,3,FALSE))","v":""},"",{"$f":"IF($A267=\"\",\"\",VLOOKUP($A267,Items!$A$8:$J$701,5,FALSE))","v":""},"",{"$f":"IF($A267=\"\",\"\",VLOOKUP($A267,Items!$A$8:$J$701,7,FALSE))","v":""},"",{"$f":"IF($A267=\"\",\"\",VLOOKUP($A267,Items!$A$8:$J$701,9,FALSE))","v":""},"",{"$f":"IF($A267=\"\",\"\",VLOOKUP($A267,Items!$A$8:$K$701,11,FALSE))","v":""}]
[{"$f":"IF(Items!A268=\"\",\"\",Items!A268)","v":""},{"$f":"IF(Items!B268=\"\",\"\",Items!B268)","v":""},"","","",{"$f":"IF(A268=\"\",\"\",VLOOKUP(A268,Items!$A$8:$AJ$701,34,FALSE))","v":""},{"$f":"IF(A268=\"\",\"\",VLOOKUP(A268,Items!$A$8:$J$701,3,FALSE))","v":""},"",{"$f":"IF($A268=\"\",\"\",VLOOKUP($A268,Items!$A$8:$J$701,5,FALSE))","v":""},"",{"$f":"IF($A268=\"\",\"\",VLOOKUP($A268,Items!$A$8:$J$701,7,FALSE))","v":""},"",{"$f":"IF($A268=\"\",\"\",VLOOKUP($A268,Items!$A$8:$J$701,9,FALSE))","v":""},"",{"$f":"IF($A268=\"\",\"\",VLOOKUP($A268,Items!$A$8:$K$701,11,FALSE))","v":""}]
[{"$f":"IF(Items!A269=\"\",\"\",Items!A269)","v":""},{"$f":"IF(Items!B269=\"\",\"\",Items!B269)","v":""},"","","",{"$f":"IF(A269=\"\",\"\",VLOOKUP(A269,Items!$A$8:$AJ$701,34,FALSE))","v":""},{"$f":"IF(A269=\"\",\"\",VLOOKUP(A269,Items!$A$8:$J$701,3,FALSE))","v":""},"",{"$f":"IF($A269=\"\",\"\",VLOOKUP($A269,Items!$A$8:$J$701,5,FALSE))","v":""},"",{"$f":"IF($A269=\"\",\"\",VLOOKUP($A269,Items!$A$8:$J$701,7,FALSE))","v":""},"",{"$f":"IF($A269=\"\",\"\",VLOOKUP($A269,Items!$A$8:$J$701,9,FALSE))","v":""},"",{"$f":"IF($A269=\"\",\"\",VLOOKUP($A269,Items!$A$8:$K$701,11,FALSE))","v":""}]
[{"$f":"IF(Items!A270=\"\",\"\",Items!A270)","v":""},{"$f":"IF(Items!B270=\"\",\"\",Items!B270)","v":""},"","","",{"$f":"IF(A270=\"\",\"\",VLOOKUP(A270,Items!$A$8:$AJ$701,34,FALSE))","v":""},{"$f":"IF(A270=\"\",\"\",VLOOKUP(A270,Items!$A$8:$J$701,3,FALSE))","v":""},"",{"$f":"IF($A270=\"\",\"\",VLOOKUP($A270,Items!$A$8:$J$701,5,FALSE))","v":""},"",{"$f":"IF($A270=\"\",\"\",VLOOKUP($A270,Items!$A$8:$J$701,7,FALSE))","v":""},"",{"$f":"IF($A270=\"\",\"\",VLOOKUP($A270,Items!$A$8:$J$701,9,FALSE))","v":""},"",{"$f":"IF($A270=\"\",\"\",VLOOKUP($A270,Items!$A$8:$K$701,11,FALSE))","v":""}]
[{"$f":"IF(Items!A271=\"\",\"\",Items!A271)","v":""},{"$f":"IF(Items!B271=\"\",\"\",Items!B271)","v":""},"","","",{"$f":"IF(A271=\"\",\"\",VLOOKUP(A271,Items!$A$8:$AJ$701,34,FALSE))","v":""},{"$f":"IF(A271=\"\",\"\",VLOOKUP(A271,Items!$A$8:$J$701,3,FALSE))","v":""},"",{"$f":"IF($A271=\"\",\"\",VLOOKUP($A271,Items!$A$8:$J$701,5,FALSE))","v":""},"",{"$f":"IF($A271=\"\",\"\",VLOOKUP($A271,Items!$A$8:$J$701,7,FALSE))","v":""},"",{"$f":"IF($A271=\"\",\"\",VLOOKUP($A271,Items!$A$8:$J$701,9,FALSE))","v":""},"",{"$f":"IF($A271=\"\",\"\",VLOOKUP($A271,Items!$A$8:$K$701,11,FALSE))","v":""}]
[{"$f":"IF(Items!A272=\"\",\"\",Items!A272)","v":""},{"$f":"IF(Items!B272=\"\",\"\",Items!B272)","v":""},"","","",{"$f":"IF(A272=\"\",\"\",VLOOKUP(A272,Items!$A$8:$AJ$701,34,FALSE))","v":""},{"$f":"IF(A272=\"\",\"\",VLOOKUP(A272,Items!$A$8:$J$701,3,FALSE))","v":""},"",{"$f":"IF($A272=\"\",\"\",VLOOKUP($A272,Items!$A$8:$J$701,5,FALSE))","v":""},"",{"$f":"IF($A272=\"\",\"\",VLOOKUP($A272,Items!$A$8:$J$701,7,FALSE))","v":""},"",{"$f":"IF($A272=\"\",\"\",VLOOKUP($A272,Items!$A$8:$J$701,9,FALSE))","v":""},"",{"$f":"IF($A272=\"\",\"\",VLOOKUP($A272,Items!$A$8:$K$701,11,FALSE))","v":""}]
[{"$f":"IF(Items!A273=\"\",\"\",Items!A273)","v":""},{"$f":"IF(Items!B273=\"\",\"\",Items!B273)","v":""},"","","",{"$f":"IF(A273=\"\",\"\",VLOOKUP(A273,Items!$A$8:$AJ$701,34,FALSE))","v":""},{"$f":"IF(A273=\"\",\"\",VLOOKUP(A273,Items!$A$8:$J$701,3,FALSE))","v":""},"",{"$f":"IF($A273=\"\",\"\",VLOOKUP($A273,Items!$A$8:$J$701,5,FALSE))","v":""},"",{"$f":"IF($A273=\"\",\"\",VLOOKUP($A273,Items!$A$8:$J$701,7,FALSE))","v":""},"",{"$f":"IF($A273=\"\",\"\",VLOOKUP($A273,Items!$A$8:$J$701,9,FALSE))","v":""},"",{"$f":"IF($A273=\"\",\"\",VLOOKUP($A273,Items!$A$8:$K$701,11,FALSE))","v":""}]
[{"$f":"IF(Items!A274=\"\",\"\",Items!A274)","v":""},{"$f":"IF(Items!B274=\"\",\"\",Items!B274)","v":""},"","","",{"$f":"IF(A274=\"\",\"\",VLOOKUP(A274,Items!$A$8:$AJ$701,34,FALSE))","v":""},{"$f":"IF(A274=\"\",\"\",VLOOKUP(A274,Items!$A$8:$J$701,3,FALSE))","v":""},"",{"$f":"IF($A274=\"\",\"\",VLOOKUP($A274,Items!$A$8:$J$701,5,FALSE))","v":""},"",{"$f":"IF($A274=\"\",\"\",VLOOKUP($A274,Items!$A$8:$J$701,7,FALSE))","v":""},"",{"$f":"IF($A274=\"\",\"\",VLOOKUP($A274,Items!$A$8:$J$701,9,FALSE))","v":""},"",{"$f":"IF($A274=\"\",\"\",VLOOKUP($A274,Items!$A$8:$K$701,11,FALSE))","v":""}]
[{"$f":"IF(Items!A275=\"\",\"\",Items!A275)","v":""},{"$f":"IF(Items!B275=\"\",\"\",Items!B275)","v":""},"","","",{"$f":"IF(A275=\"\",\"\",VLOOKUP(A275,Items!$A$8:$AJ$701,34,FALSE))","v":""},{"$f":"IF(A275=\"\",\"\",VLOOKUP(A275,Items!$A$8:$J$701,3,FALSE))","v":""},"",{"$f":"IF($A275=\"\",\"\",VLOOKUP($A275,Items!$A$8:$J$701,5,FALSE))","v":""},"",{"$f":"IF($A275=\"\",\"\",VLOOKUP($A275,Items!$A$8:$J$701,7,FALSE))","v":""},"",{"$f":"IF($A275=\"\",\"\",VLOOKUP($A275,Items!$A$8:$J$701,9,FALSE))","v":""},"",{"$f":"IF($A275=\"\",\"\",VLOOKUP($A275,Items!$A$8:$K$701,11,FALSE))","v":""}]
[{"$f":"IF(Items!A276=\"\",\"\",Items!A276)","v":""},{"$f":"IF(Items!B276=\"\",\"\",Items!B276)","v":""},"","","",{"$f":"IF(A276=\"\",\"\",VLOOKUP(A276,Items!$A$8:$AJ$701,34,FALSE))","v":""},{"$f":"IF(A276=\"\",\"\",VLOOKUP(A276,Items!$A$8:$J$701,3,FALSE))","v":""},"",{"$f":"IF($A276=\"\",\"\",VLOOKUP($A276,Items!$A$8:$J$701,5,FALSE))","v":""},"",{"$f":"IF($A276=\"\",\"\",VLOOKUP($A276,Items!$A$8:$J$701,7,FALSE))","v":""},"",{"$f":"IF($A276=\"\",\"\",VLOOKUP($A276,Items!$A$8:$J$701,9,FALSE))","v":""},"",{"$f":"IF($A276=\"\",\"\",VLOOKUP($A276,Items!$A$8:$K$701,11,FALSE))","v":""}]
[{"$f":"IF(Items!A277=\"\",\"\",Items!A277)","v":""},{"$f":"IF(Items!B277=\"\",\"\",Items!B277)","v":""},"","","",{"$f":"IF(A277=\"\",\"\",VLOOKUP(A277,Items!$A$8:$AJ$701,34,FALSE))","v":""},{"$f":"IF(A277=\"\",\"\",VLOOKUP(A277,Items!$A$8:$J$701,3,FALSE))","v":""},"",{"$f":"IF($A277=\"\",\"\",VLOOKUP($A277,Items!$A$8:$J$701,5,FALSE))","v":""},"",{"$f":"IF($A277=\"\",\"\",VLOOKUP($A277,Items!$A$8:$J$701,7,FALSE))","v":""},"",{"$f":"IF($A277=\"\",\"\",VLOOKUP($A277,Items!$A$8:$J$701,9,FALSE))","v":""},"",{"$f":"IF($A277=\"\",\"\",VLOOKUP($A277,Items!$A$8:$K$701,11,FALSE))","v":""}]
[{"$f":"IF(Items!A278=\"\",\"\",Items!A278)","v":""},{"$f":"IF(Items!B278=\"\",\"\",Items!B278)","v":""},"","","",{"$f":"IF(A278=\"\",\"\",VLOOKUP(A278,Items!$A$8:$AJ$701,34,FALSE))","v":""},{"$f":"IF(A278=\"\",\"\",VLOOKUP(A278,Items!$A$8:$J$701,3,FALSE))","v":""},"",{"$f":"IF($A278=\"\",\"\",VLOOKUP($A278,Items!$A$8:$J$701,5,FALSE))","v":""},"",{"$f":"IF($A278=\"\",\"\",VLOOKUP($A278,Items!$A$8:$J$701,7,FALSE))","v":""},"",{"$f":"IF($A278=\"\",\"\",VLOOKUP($A278,Items!$A$8:$J$701,9,FALSE))","v":""},"",{"$f":"IF($A278=\"\",\"\",VLOOKUP($A278,Items!$A$8:$K$701,11,FALSE))","v":""}]
[{"$f":"IF(Items!A279=\"\",\"\",Items!A279)","v":""},{"$f":"IF(Items!B279=\"\",\"\",Items!B279)","v":""},"","","",{"$f":"IF(A279=\"\",\"\",VLOOKUP(A279,Items!$A$8:$AJ$701,34,FALSE))","v":""},{"$f":"IF(A279=\"\",\"\",VLOOKUP(A279,Items!$A$8:$J$701,3,FALSE))","v":""},"",{"$f":"IF($A279=\"\",\"\",VLOOKUP($A279,Items!$A$8:$J$701,5,FALSE))","v":""},"",{"$f":"IF($A279=\"\",\"\",VLOOKUP($A279,Items!$A$8:$J$701,7,FALSE))","v":""},"",{"$f":"IF($A279=\"\",\"\",VLOOKUP($A279,Items!$A$8:$J$701,9,FALSE))","v":""},"",{"$f":"IF($A279=\"\",\"\",VLOOKUP($A279,Items!$A$8:$K$701,11,FALSE))","v":""}]
[{"$f":"IF(Items!A280=\"\",\"\",Items!A280)","v":""},{"$f":"IF(Items!B280=\"\",\"\",Items!B280)","v":""},"","","",{"$f":"IF(A280=\"\",\"\",VLOOKUP(A280,Items!$A$8:$AJ$701,34,FALSE))","v":""},{"$f":"IF(A280=\"\",\"\",VLOOKUP(A280,Items!$A$8:$J$701,3,FALSE))","v":""},"",{"$f":"IF($A280=\"\",\"\",VLOOKUP($A280,Items!$A$8:$J$701,5,FALSE))","v":""},"",{"$f":"IF($A280=\"\",\"\",VLOOKUP($A280,Items!$A$8:$J$701,7,FALSE))","v":""},"",{"$f":"IF($A280=\"\",\"\",VLOOKUP($A280,Items!$A$8:$J$701,9,FALSE))","v":""},"",{"$f":"IF($A280=\"\",\"\",VLOOKUP($A280,Items!$A$8:$K$701,11,FALSE))","v":""}]
[{"$f":"IF(Items!A281=\"\",\"\",Items!A281)","v":""},{"$f":"IF(Items!B281=\"\",\"\",Items!B281)","v":""},"","","",{"$f":"IF(A281=\"\",\"\",VLOOKUP(A281,Items!$A$8:$AJ$701,34,FALSE))","v":""},{"$f":"IF(A281=\"\",\"\",VLOOKUP(A281,Items!$A$8:$J$701,3,FALSE))","v":""},"",{"$f":"IF($A281=\"\",\"\",VLOOKUP($A281,Items!$A$8:$J$701,5,FALSE))","v":""},"",{"$f":"IF($A281=\"\",\"\",VLOOKUP($A281,Items!$A$8:$J$701,7,FALSE))","v":""},"",{"$f":"IF($A281=\"\",\"\",VLOOKUP($A281,Items!$A$8:$J$701,9,FALSE))","v":""},"",{"$f":"IF($A281=\"\",\"\",VLOOKUP($A281,Items!$A$8:$K$701,11,FALSE))","v":""}]
[{"$f":"IF(Items!A282=\"\",\"\",Items!A282)","v":""},{"$f":"IF(Items!B282=\"\",\"\",Items!B282)","v":""},"","","",{"$f":"IF(A282=\"\",\"\",VLOOKUP(A282,Items!$A$8:$AJ$701,34,FALSE))","v":""},{"$f":"IF(A282=\"\",\"\",VLOOKUP(A282,Items!$A$8:$J$701,3,FALSE))","v":""},"",{"$f":"IF($A282=\"\",\"\",VLOOKUP($A282,Items!$A$8:$J$701,5,FALSE))","v":""},"",{"$f":"IF($A282=\"\",\"\",VLOOKUP($A282,Items!$A$8:$J$701,7,FALSE))","v":""},"",{"$f":"IF($A282=\"\",\"\",VLOOKUP($A282,Items!$A$8:$J$701,9,FALSE))","v":""},"",{"$f":"IF($A282=\"\",\"\",VLOOKUP($A282,Items!$A$8:$K$701,11,FALSE))","v":""}]
[{"$f":"IF(Items!A283=\"\",\"\",Items!A283)","v":""},{"$f":"IF(Items!B283=\"\",\"\",Items!B283)","v":""},"","","",{"$f":"IF(A283=\"\",\"\",VLOOKUP(A283,Items!$A$8:$AJ$701,34,FALSE))","v":""},{"$f":"IF(A283=\"\",\"\",VLOOKUP(A283,Items!$A$8:$J$701,3,FALSE))","v":""},"",{"$f":"IF($A283=\"\",\"\",VLOOKUP($A283,Items!$A$8:$J$701,5,FALSE))","v":""},"",{"$f":"IF($A283=\"\",\"\",VLOOKUP($A283,Items!$A$8:$J$701,7,FALSE))","v":""},"",{"$f":"IF($A283=\"\",\"\",VLOOKUP($A283,Items!$A$8:$J$701,9,FALSE))","v":""},"",{"$f":"IF($A283=\"\",\"\",VLOOKUP($A283,Items!$A$8:$K$701,11,FALSE))","v":""}]
[{"$f":"IF(Items!A284=\"\",\"\",Items!A284)","v":""},{"$f":"IF(Items!B284=\"\",\"\",Items!B284)","v":""},"","","",{"$f":"IF(A284=\"\",\"\",VLOOKUP(A284,Items!$A$8:$AJ$701,34,FALSE))","v":""},{"$f":"IF(A284=\"\",\"\",VLOOKUP(A284,Items!$A$8:$J$701,3,FALSE))","v":""},"",{"$f":"IF($A284=\"\",\"\",VLOOKUP($A284,Items!$A$8:$J$701,5,FALSE))","v":""},"",{"$f":"IF($A284=\"\",\"\",VLOOKUP($A284,Items!$A$8:$J$701,7,FALSE))","v":""},"",{"$f":"IF($A284=\"\",\"\",VLOOKUP($A284,Items!$A$8:$J$701,9,FALSE))","v":""},"",{"$f":"IF($A284=\"\",\"\",VLOOKUP($A284,Items!$A$8:$K$701,11,FALSE))","v":""}]
[{"$f":"IF(Items!A285=\"\",\"\",Items!A285)","v":""},{"$f":"IF(Items!B285=\"\",\"\",Items!B285)","v":""},"","","",{"$f":"IF(A285=\"\",\"\",VLOOKUP(A285,Items!$A$8:$AJ$701,34,FALSE))","v":""},{"$f":"IF(A285=\"\",\"\",VLOOKUP(A285,Items!$A$8:$J$701,3,FALSE))","v":""},"",{"$f":"IF($A285=\"\",\"\",VLOOKUP($A285,Items!$A$8:$J$701,5,FALSE))","v":""},"",{"$f":"IF($A285=\"\",\"\",VLOOKUP($A285,Items!$A$8:$J$701,7,FALSE))","v":""},"",{"$f":"IF($A285=\"\",\"\",VLOOKUP($A285,Items!$A$8:$J$701,9,FALSE))","v":""},"",{"$f":"IF($A285=\"\",\"\",VLOOKUP($A285,Items!$A$8:$K$701,11,FALSE))","v":""}]
[{"$f":"IF(Items!A286=\"\",\"\",Items!A286)","v":""},{"$f":"IF(Items!B286=\"\",\"\",Items!B286)","v":""},"","","",{"$f":"IF(A286=\"\",\"\",VLOOKUP(A286,Items!$A$8:$AJ$701,34,FALSE))","v":""},{"$f":"IF(A286=\"\",\"\",VLOOKUP(A286,Items!$A$8:$J$701,3,FALSE))","v":""},"",{"$f":"IF($A286=\"\",\"\",VLOOKUP($A286,Items!$A$8:$J$701,5,FALSE))","v":""},"",{"$f":"IF($A286=\"\",\"\",VLOOKUP($A286,Items!$A$8:$J$701,7,FALSE))","v":""},"",{"$f":"IF($A286=\"\",\"\",VLOOKUP($A286,Items!$A$8:$J$701,9,FALSE))","v":""},"",{"$f":"IF($A286=\"\",\"\",VLOOKUP($A286,Items!$A$8:$K$701,11,FALSE))","v":""}]
[{"$f":"IF(Items!A287=\"\",\"\",Items!A287)","v":""},{"$f":"IF(Items!B287=\"\",\"\",Items!B287)","v":""},"","","",{"$f":"IF(A287=\"\",\"\",VLOOKUP(A287,Items!$A$8:$AJ$701,34,FALSE))","v":""},{"$f":"IF(A287=\"\",\"\",VLOOKUP(A287,Items!$A$8:$J$701,3,FALSE))","v":""},"",{"$f":"IF($A287=\"\",\"\",VLOOKUP($A287,Items!$A$8:$J$701,5,FALSE))","v":""},"",{"$f":"IF($A287=\"\",\"\",VLOOKUP($A287,Items!$A$8:$J$701,7,FALSE))","v":""},"",{"$f":"IF($A287=\"\",\"\",VLOOKUP($A287,Items!$A$8:$J$701,9,FALSE))","v":""},"",{"$f":"IF($A287=\"\",\"\",VLOOKUP($A287,Items!$A$8:$K$701,11,FALSE))","v":""}]
[{"$f":"IF(Items!A288=\"\",\"\",Items!A288)","v":""},{"$f":"IF(Items!B288=\"\",\"\",Items!B288)","v":""},"","","",{"$f":"IF(A288=\"\",\"\",VLOOKUP(A288,Items!$A$8:$AJ$701,34,FALSE))","v":""},{"$f":"IF(A288=\"\",\"\",VLOOKUP(A288,Items!$A$8:$J$701,3,FALSE))","v":""},"",{"$f":"IF($A288=\"\",\"\",VLOOKUP($A288,Items!$A$8:$J$701,5,FALSE))","v":""},"",{"$f":"IF($A288=\"\",\"\",VLOOKUP($A288,Items!$A$8:$J$701,7,FALSE))","v":""},"",{"$f":"IF($A288=\"\",\"\",VLOOKUP($A288,Items!$A$8:$J$701,9,FALSE))","v":""},"",{"$f":"IF($A288=\"\",\"\",VLOOKUP($A288,Items!$A$8:$K$701,11,FALSE))","v":""}]
[{"$f":"IF(Items!A289=\"\",\"\",Items!A289)","v":""},{"$f":"IF(Items!B289=\"\",\"\",Items!B289)","v":""},"","","",{"$f":"IF(A289=\"\",\"\",VLOOKUP(A289,Items!$A$8:$AJ$701,34,FALSE))","v":""},{"$f":"IF(A289=\"\",\"\",VLOOKUP(A289,Items!$A$8:$J$701,3,FALSE))","v":""},"",{"$f":"IF($A289=\"\",\"\",VLOOKUP($A289,Items!$A$8:$J$701,5,FALSE))","v":""},"",{"$f":"IF($A289=\"\",\"\",VLOOKUP($A289,Items!$A$8:$J$701,7,FALSE))","v":""},"",{"$f":"IF($A289=\"\",\"\",VLOOKUP($A289,Items!$A$8:$J$701,9,FALSE))","v":""},"",{"$f":"IF($A289=\"\",\"\",VLOOKUP($A289,Items!$A$8:$K$701,11,FALSE))","v":""}]
[{"$f":"IF(Items!A290=\"\",\"\",Items!A290)","v":""},{"$f":"IF(Items!B290=\"\",\"\",Items!B290)","v":""},"","","",{"$f":"IF(A290=\"\",\"\",VLOOKUP(A290,Items!$A$8:$AJ$701,34,FALSE))","v":""},{"$f":"IF(A290=\"\",\"\",VLOOKUP(A290,Items!$A$8:$J$701,3,FALSE))","v":""},"",{"$f":"IF($A290=\"\",\"\",VLOOKUP($A290,Items!$A$8:$J$701,5,FALSE))","v":""},"",{"$f":"IF($A290=\"\",\"\",VLOOKUP($A290,Items!$A$8:$J$701,7,FALSE))","v":""},"",{"$f":"IF($A290=\"\",\"\",VLOOKUP($A290,Items!$A$8:$J$701,9,FALSE))","v":""},"",{"$f":"IF($A290=\"\",\"\",VLOOKUP($A290,Items!$A$8:$K$701,11,FALSE))","v":""}]
[{"$f":"IF(Items!A291=\"\",\"\",Items!A291)","v":""},{"$f":"IF(Items!B291=\"\",\"\",Items!B291)","v":""},"","","",{"$f":"IF(A291=\"\",\"\",VLOOKUP(A291,Items!$A$8:$AJ$701,34,FALSE))","v":""},{"$f":"IF(A291=\"\",\"\",VLOOKUP(A291,Items!$A$8:$J$701,3,FALSE))","v":""},"",{"$f":"IF($A291=\"\",\"\",VLOOKUP($A291,Items!$A$8:$J$701,5,FALSE))","v":""},"",{"$f":"IF($A291=\"\",\"\",VLOOKUP($A291,Items!$A$8:$J$701,7,FALSE))","v":""},"",{"$f":"IF($A291=\"\",\"\",VLOOKUP($A291,Items!$A$8:$J$701,9,FALSE))","v":""},"",{"$f":"IF($A291=\"\",\"\",VLOOKUP($A291,Items!$A$8:$K$701,11,FALSE))","v":""}]
[{"$f":"IF(Items!A292=\"\",\"\",Items!A292)","v":""},{"$f":"IF(Items!B292=\"\",\"\",Items!B292)","v":""},"","","",{"$f":"IF(A292=\"\",\"\",VLOOKUP(A292,Items!$A$8:$AJ$701,34,FALSE))","v":""},{"$f":"IF(A292=\"\",\"\",VLOOKUP(A292,Items!$A$8:$J$701,3,FALSE))","v":""},"",{"$f":"IF($A292=\"\",\"\",VLOOKUP($A292,Items!$A$8:$J$701,5,FALSE))","v":""},"",{"$f":"IF($A292=\"\",\"\",VLOOKUP($A292,Items!$A$8:$J$701,7,FALSE))","v":""},"",{"$f":"IF($A292=\"\",\"\",VLOOKUP($A292,Items!$A$8:$J$701,9,FALSE))","v":""},"",{"$f":"IF($A292=\"\",\"\",VLOOKUP($A292,Items!$A$8:$K$701,11,FALSE))","v":""}]
[{"$f":"IF(Items!A293=\"\",\"\",Items!A293)","v":""},{"$f":"IF(Items!B293=\"\",\"\",Items!B293)","v":""},"","","",{"$f":"IF(A293=\"\",\"\",VLOOKUP(A293,Items!$A$8:$AJ$701,34,FALSE))","v":""},{"$f":"IF(A293=\"\",\"\",VLOOKUP(A293,Items!$A$8:$J$701,3,FALSE))","v":""},"",{"$f":"IF($A293=\"\",\"\",VLOOKUP($A293,Items!$A$8:$J$701,5,FALSE))","v":""},"",{"$f":"IF($A293=\"\",\"\",VLOOKUP($A293,Items!$A$8:$J$701,7,FALSE))","v":""},"",{"$f":"IF($A293=\"\",\"\",VLOOKUP($A293,Items!$A$8:$J$701,9,FALSE))","v":""},"",{"$f":"IF($A293=\"\",\"\",VLOOKUP($A293,Items!$A$8:$K$701,11,FALSE))","v":""}]
[{"$f":"IF(Items!A294=\"\",\"\",Items!A294)","v":""},{"$f":"IF(Items!B294=\"\",\"\",Items!B294)","v":""},"","","",{"$f":"IF(A294=\"\",\"\",VLOOKUP(A294,Items!$A$8:$AJ$701,34,FALSE))","v":""},{"$f":"IF(A294=\"\",\"\",VLOOKUP(A294,Items!$A$8:$J$701,3,FALSE))","v":""},"",{"$f":"IF($A294=\"\",\"\",VLOOKUP($A294,Items!$A$8:$J$701,5,FALSE))","v":""},"",{"$f":"IF($A294=\"\",\"\",VLOOKUP($A294,Items!$A$8:$J$701,7,FALSE))","v":""},"",{"$f":"IF($A294=\"\",\"\",VLOOKUP($A294,Items!$A$8:$J$701,9,FALSE))","v":""},"",{"$f":"IF($A294=\"\",\"\",VLOOKUP($A294,Items!$A$8:$K$701,11,FALSE))","v":""}]
[{"$f":"IF(Items!A295=\"\",\"\",Items!A295)","v":""},{"$f":"IF(Items!B295=\"\",\"\",Items!B295)","v":""},"","","",{"$f":"IF(A295=\"\",\"\",VLOOKUP(A295,Items!$A$8:$AJ$701,34,FALSE))","v":""},{"$f":"IF(A295=\"\",\"\",VLOOKUP(A295,Items!$A$8:$J$701,3,FALSE))","v":""},"",{"$f":"IF($A295=\"\",\"\",VLOOKUP($A295,Items!$A$8:$J$701,5,FALSE))","v":""},"",{"$f":"IF($A295=\"\",\"\",VLOOKUP($A295,Items!$A$8:$J$701,7,FALSE))","v":""},"",{"$f":"IF($A295=\"\",\"\",VLOOKUP($A295,Items!$A$8:$J$701,9,FALSE))","v":""},"",{"$f":"IF($A295=\"\",\"\",VLOOKUP($A295,Items!$A$8:$K$701,11,FALSE))","v":""}]
[{"$f":"IF(Items!A296=\"\",\"\",Items!A296)","v":""},{"$f":"IF(Items!B296=\"\",\"\",Items!B296)","v":""},"","","",{"$f":"IF(A296=\"\",\"\",VLOOKUP(A296,Items!$A$8:$AJ$701,34,FALSE))","v":""},{"$f":"IF(A296=\"\",\"\",VLOOKUP(A296,Items!$A$8:$J$701,3,FALSE))","v":""},"",{"$f":"IF($A296=\"\",\"\",VLOOKUP($A296,Items!$A$8:$J$701,5,FALSE))","v":""},"",{"$f":"IF($A296=\"\",\"\",VLOOKUP($A296,Items!$A$8:$J$701,7,FALSE))","v":""},"",{"$f":"IF($A296=\"\",\"\",VLOOKUP($A296,Items!$A$8:$J$701,9,FALSE))","v":""},"",{"$f":"IF($A296=\"\",\"\",VLOOKUP($A296,Items!$A$8:$K$701,11,FALSE))","v":""}]
[{"$f":"IF(Items!A297=\"\",\"\",Items!A297)","v":""},{"$f":"IF(Items!B297=\"\",\"\",Items!B297)","v":""},"","","",{"$f":"IF(A297=\"\",\"\",VLOOKUP(A297,Items!$A$8:$AJ$701,34,FALSE))","v":""},{"$f":"IF(A297=\"\",\"\",VLOOKUP(A297,Items!$A$8:$J$701,3,FALSE))","v":""},"",{"$f":"IF($A297=\"\",\"\",VLOOKUP($A297,Items!$A$8:$J$701,5,FALSE))","v":""},"",{"$f":"IF($A297=\"\",\"\",VLOOKUP($A297,Items!$A$8:$J$701,7,FALSE))","v":""},"",{"$f":"IF($A297=\"\",\"\",VLOOKUP($A297,Items!$A$8:$J$701,9,FALSE))","v":""},"",{"$f":"IF($A297=\"\",\"\",VLOOKUP($A297,Items!$A$8:$K$701,11,FALSE))","v":""}]
[{"$f":"IF(Items!A298=\"\",\"\",Items!A298)","v":""},{"$f":"IF(Items!B298=\"\",\"\",Items!B298)","v":""},"","","",{"$f":"IF(A298=\"\",\"\",VLOOKUP(A298,Items!$A$8:$AJ$701,34,FALSE))","v":""},{"$f":"IF(A298=\"\",\"\",VLOOKUP(A298,Items!$A$8:$J$701,3,FALSE))","v":""},"",{"$f":"IF($A298=\"\",\"\",VLOOKUP($A298,Items!$A$8:$J$701,5,FALSE))","v":""},"",{"$f":"IF($A298=\"\",\"\",VLOOKUP($A298,Items!$A$8:$J$701,7,FALSE))","v":""},"",{"$f":"IF($A298=\"\",\"\",VLOOKUP($A298,Items!$A$8:$J$701,9,FALSE))","v":""},"",{"$f":"IF($A298=\"\",\"\",VLOOKUP($A298,Items!$A$8:$K$701,11,FALSE))","v":""}]
[{"$f":"IF(Items!A299=\"\",\"\",Items!A299)","v":""},{"$f":"IF(Items!B299=\"\",\"\",Items!B299)","v":""},"","","",{"$f":"IF(A299=\"\",\"\",VLOOKUP(A299,Items!$A$8:$AJ$701,34,FALSE))","v":""},{"$f":"IF(A299=\"\",\"\",VLOOKUP(A299,Items!$A$8:$J$701,3,FALSE))","v":""},"",{"$f":"IF($A299=\"\",\"\",VLOOKUP($A299,Items!$A$8:$J$701,5,FALSE))","v":""},"",{"$f":"IF($A299=\"\",\"\",VLOOKUP($A299,Items!$A$8:$J$701,7,FALSE))","v":""},"",{"$f":"IF($A299=\"\",\"\",VLOOKUP($A299,Items!$A$8:$J$701,9,FALSE))","v":""},"",{"$f":"IF($A299=\"\",\"\",VLOOKUP($A299,Items!$A$8:$K$701,11,FALSE))","v":""}]
[{"$f":"IF(Items!A300=\"\",\"\",Items!A300)","v":""},{"$f":"IF(Items!B300=\"\",\"\",Items!B300)","v":""},"","","",{"$f":"IF(A300=\"\",\"\",VLOOKUP(A300,Items!$A$8:$AJ$701,34,FALSE))","v":""},{"$f":"IF(A300=\"\",\"\",VLOOKUP(A300,Items!$A$8:$J$701,3,FALSE))","v":""},"",{"$f":"IF($A300=\"\",\"\",VLOOKUP($A300,Items!$A$8:$J$701,5,FALSE))","v":""},"",{"$f":"IF($A300=\"\",\"\",VLOOKUP($A300,Items!$A$8:$J$701,7,FALSE))","v":""},"",{"$f":"IF($A300=\"\",\"\",VLOOKUP($A300,Items!$A$8:$J$701,9,FALSE))","v":""},"",{"$f":"IF($A300=\"\",\"\",VLOOKUP($A300,Items!$A$8:$K$701,11,FALSE))","v":""}]
[{"$f":"IF(Items!A301=\"\",\"\",Items!A301)","v":""},{"$f":"IF(Items!B301=\"\",\"\",Items!B301)","v":""},"","","",{"$f":"IF(A301=\"\",\"\",VLOOKUP(A301,Items!$A$8:$AJ$701,34,FALSE))","v":""},{"$f":"IF(A301=\"\",\"\",VLOOKUP(A301,Items!$A$8:$J$701,3,FALSE))","v":""},"",{"$f":"IF($A301=\"\",\"\",VLOOKUP($A301,Items!$A$8:$J$701,5,FALSE))","v":""},"",{"$f":"IF($A301=\"\",\"\",VLOOKUP($A301,Items!$A$8:$J$701,7,FALSE))","v":""},"",{"$f":"IF($A301=\"\",\"\",VLOOKUP($A301,Items!$A$8:$J$701,9,FALSE))","v":""},"",{"$f":"IF($A301=\"\",\"\",VLOOKUP($A301,Items!$A$8:$K$701,11,FALSE))","v":""}]
[{"$f":"IF(Items!A302=\"\",\"\",Items!A302)","v":""},{"$f":"IF(Items!B302=\"\",\"\",Items!B302)","v":""},"","","",{"$f":"IF(A302=\"\",\"\",VLOOKUP(A302,Items!$A$8:$AJ$701,34,FALSE))","v":""},{"$f":"IF(A302=\"\",\"\",VLOOKUP(A302,Items!$A$8:$J$701,3,FALSE))","v":""},"",{"$f":"IF($A302=\"\",\"\",VLOOKUP($A302,Items!$A$8:$J$701,5,FALSE))","v":""},"",{"$f":"IF($A302=\"\",\"\",VLOOKUP($A302,Items!$A$8:$J$701,7,FALSE))","v":""},"",{"$f":"IF($A302=\"\",\"\",VLOOKUP($A302,Items!$A$8:$J$701,9,FALSE))","v":""},"",{"$f":"IF($A302=\"\",\"\",VLOOKUP($A302,Items!$A$8:$K$701,11,FALSE))","v":""}]
[{"$f":"IF(Items!A303=\"\",\"\",Items!A303)","v":""},{"$f":"IF(Items!B303=\"\",\"\",Items!B303)","v":""},"","","",{"$f":"IF(A303=\"\",\"\",VLOOKUP(A303,Items!$A$8:$AJ$701,34,FALSE))","v":""},{"$f":"IF(A303=\"\",\"\",VLOOKUP(A303,Items!$A$8:$J$701,3,FALSE))","v":""},"",{"$f":"IF($A303=\"\",\"\",VLOOKUP($A303,Items!$A$8:$J$701,5,FALSE))","v":""},"",{"$f":"IF($A303=\"\",\"\",VLOOKUP($A303,Items!$A$8:$J$701,7,FALSE))","v":""},"",{"$f":"IF($A303=\"\",\"\",VLOOKUP($A303,Items!$A$8:$J$701,9,FALSE))","v":""},"",{"$f":"IF($A303=\"\",\"\",VLOOKUP($A303,Items!$A$8:$K$701,11,FALSE))","v":""}]
[{"$f":"IF(Items!A304=\"\",\"\",Items!A304)","v":""},{"$f":"IF(Items!B304=\"\",\"\",Items!B304)","v":""},"","","",{"$f":"IF(A304=\"\",\"\",VLOOKUP(A304,Items!$A$8:$AJ$701,34,FALSE))","v":""},{"$f":"IF(A304=\"\",\"\",VLOOKUP(A304,Items!$A$8:$J$701,3,FALSE))","v":""},"",{"$f":"IF($A304=\"\",\"\",VLOOKUP($A304,Items!$A$8:$J$701,5,FALSE))","v":""},"",{"$f":"IF($A304=\"\",\"\",VLOOKUP($A304,Items!$A$8:$J$701,7,FALSE))","v":""},"",{"$f":"IF($A304=\"\",\"\",VLOOKUP($A304,Items!$A$8:$J$701,9,FALSE))","v":""},"",{"$f":"IF($A304=\"\",\"\",VLOOKUP($A304,Items!$A$8:$K$701,11,FALSE))","v":""}]
[{"$f":"IF(Items!A305=\"\",\"\",Items!A305)","v":""},{"$f":"IF(Items!B305=\"\",\"\",Items!B305)","v":""},"","","",{"$f":"IF(A305=\"\",\"\",VLOOKUP(A305,Items!$A$8:$AJ$701,34,FALSE))","v":""},{"$f":"IF(A305=\"\",\"\",VLOOKUP(A305,Items!$A$8:$J$701,3,FALSE))","v":""},"",{"$f":"IF($A305=\"\",\"\",VLOOKUP($A305,Items!$A$8:$J$701,5,FALSE))","v":""},"",{"$f":"IF($A305=\"\",\"\",VLOOKUP($A305,Items!$A$8:$J$701,7,FALSE))","v":""},"",{"$f":"IF($A305=\"\",\"\",VLOOKUP($A305,Items!$A$8:$J$701,9,FALSE))","v":""},"",{"$f":"IF($A305=\"\",\"\",VLOOKUP($A305,Items!$A$8:$K$701,11,FALSE))","v":""}]
[{"$f":"IF(Items!A306=\"\",\"\",Items!A306)","v":""},{"$f":"IF(Items!B306=\"\",\"\",Items!B306)","v":""},"","","",{"$f":"IF(A306=\"\",\"\",VLOOKUP(A306,Items!$A$8:$AJ$701,34,FALSE))","v":""},{"$f":"IF(A306=\"\",\"\",VLOOKUP(A306,Items!$A$8:$J$701,3,FALSE))","v":""},"",{"$f":"IF($A306=\"\",\"\",VLOOKUP($A306,Items!$A$8:$J$701,5,FALSE))","v":""},"",{"$f":"IF($A306=\"\",\"\",VLOOKUP($A306,Items!$A$8:$J$701,7,FALSE))","v":""},"",{"$f":"IF($A306=\"\",\"\",VLOOKUP($A306,Items!$A$8:$J$701,9,FALSE))","v":""},"",{"$f":"IF($A306=\"\",\"\",VLOOKUP($A306,Items!$A$8:$K$701,11,FALSE))","v":""}]
[{"$f":"IF(Items!A307=\"\",\"\",Items!A307)","v":""},{"$f":"IF(Items!B307=\"\",\"\",Items!B307)","v":""},"","","",{"$f":"IF(A307=\"\",\"\",VLOOKUP(A307,Items!$A$8:$AJ$701,34,FALSE))","v":""},{"$f":"IF(A307=\"\",\"\",VLOOKUP(A307,Items!$A$8:$J$701,3,FALSE))","v":""},"",{"$f":"IF($A307=\"\",\"\",VLOOKUP($A307,Items!$A$8:$J$701,5,FALSE))","v":""},"",{"$f":"IF($A307=\"\",\"\",VLOOKUP($A307,Items!$A$8:$J$701,7,FALSE))","v":""},"",{"$f":"IF($A307=\"\",\"\",VLOOKUP($A307,Items!$A$8:$J$701,9,FALSE))","v":""},"",{"$f":"IF($A307=\"\",\"\",VLOOKUP($A307,Items!$A$8:$K$701,11,FALSE))","v":""}]
[{"$f":"IF(Items!A308=\"\",\"\",Items!A308)","v":""},{"$f":"IF(Items!B308=\"\",\"\",Items!B308)","v":""},"","","",{"$f":"IF(A308=\"\",\"\",VLOOKUP(A308,Items!$A$8:$AJ$701,34,FALSE))","v":""},{"$f":"IF(A308=\"\",\"\",VLOOKUP(A308,Items!$A$8:$J$701,3,FALSE))","v":""},"",{"$f":"IF($A308=\"\",\"\",VLOOKUP($A308,Items!$A$8:$J$701,5,FALSE))","v":""},"",{"$f":"IF($A308=\"\",\"\",VLOOKUP($A308,Items!$A$8:$J$701,7,FALSE))","v":""},"",{"$f":"IF($A308=\"\",\"\",VLOOKUP($A308,Items!$A$8:$J$701,9,FALSE))","v":""},"",{"$f":"IF($A308=\"\",\"\",VLOOKUP($A308,Items!$A$8:$K$701,11,FALSE))","v":""}]
[{"$f":"IF(Items!A309=\"\",\"\",Items!A309)","v":""},{"$f":"IF(Items!B309=\"\",\"\",Items!B309)","v":""},"","","",{"$f":"IF(A309=\"\",\"\",VLOOKUP(A309,Items!$A$8:$AJ$701,34,FALSE))","v":""},{"$f":"IF(A309=\"\",\"\",VLOOKUP(A309,Items!$A$8:$J$701,3,FALSE))","v":""},"",{"$f":"IF($A309=\"\",\"\",VLOOKUP($A309,Items!$A$8:$J$701,5,FALSE))","v":""},"",{"$f":"IF($A309=\"\",\"\",VLOOKUP($A309,Items!$A$8:$J$701,7,FALSE))","v":""},"",{"$f":"IF($A309=\"\",\"\",VLOOKUP($A309,Items!$A$8:$J$701,9,FALSE))","v":""},"",{"$f":"IF($A309=\"\",\"\",VLOOKUP($A309,Items!$A$8:$K$701,11,FALSE))","v":""}]
[{"$f":"IF(Items!A310=\"\",\"\",Items!A310)","v":""},{"$f":"IF(Items!B310=\"\",\"\",Items!B310)","v":""},"","","",{"$f":"IF(A310=\"\",\"\",VLOOKUP(A310,Items!$A$8:$AJ$701,34,FALSE))","v":""},{"$f":"IF(A310=\"\",\"\",VLOOKUP(A310,Items!$A$8:$J$701,3,FALSE))","v":""},"",{"$f":"IF($A310=\"\",\"\",VLOOKUP($A310,Items!$A$8:$J$701,5,FALSE))","v":""},"",{"$f":"IF($A310=\"\",\"\",VLOOKUP($A310,Items!$A$8:$J$701,7,FALSE))","v":""},"",{"$f":"IF($A310=\"\",\"\",VLOOKUP($A310,Items!$A$8:$J$701,9,FALSE))","v":""},"",{"$f":"IF($A310=\"\",\"\",VLOOKUP($A310,Items!$A$8:$K$701,11,FALSE))","v":""}]
[{"$f":"IF(Items!A311=\"\",\"\",Items!A311)","v":""},{"$f":"IF(Items!B311=\"\",\"\",Items!B311)","v":""},"","","",{"$f":"IF(A311=\"\",\"\",VLOOKUP(A311,Items!$A$8:$AJ$701,34,FALSE))","v":""},{"$f":"IF(A311=\"\",\"\",VLOOKUP(A311,Items!$A$8:$J$701,3,FALSE))","v":""},"",{"$f":"IF($A311=\"\",\"\",VLOOKUP($A311,Items!$A$8:$J$701,5,FALSE))","v":""},"",{"$f":"IF($A311=\"\",\"\",VLOOKUP($A311,Items!$A$8:$J$701,7,FALSE))","v":""},"",{"$f":"IF($A311=\"\",\"\",VLOOKUP($A311,Items!$A$8:$J$701,9,FALSE))","v":""},"",{"$f":"IF($A311=\"\",\"\",VLOOKUP($A311,Items!$A$8:$K$701,11,FALSE))","v":""}]
[{"$f":"IF(Items!A312=\"\",\"\",Items!A312)","v":""},{"$f":"IF(Items!B312=\"\",\"\",Items!B312)","v":""},"","","",{"$f":"IF(A312=\"\",\"\",VLOOKUP(A312,Items!$A$8:$AJ$701,34,FALSE))","v":""},{"$f":"IF(A312=\"\",\"\",VLOOKUP(A312,Items!$A$8:$J$701,3,FALSE))","v":""},"",{"$f":"IF($A312=\"\",\"\",VLOOKUP($A312,Items!$A$8:$J$701,5,FALSE))","v":""},"",{"$f":"IF($A312=\"\",\"\",VLOOKUP($A312,Items!$A$8:$J$701,7,FALSE))","v":""},"",{"$f":"IF($A312=\"\",\"\",VLOOKUP($A312,Items!$A$8:$J$701,9,FALSE))","v":""},"",{"$f":"IF($A312=\"\",\"\",VLOOKUP($A312,Items!$A$8:$K$701,11,FALSE))","v":""}]
[{"$f":"IF(Items!A313=\"\",\"\",Items!A313)","v":""},{"$f":"IF(Items!B313=\"\",\"\",Items!B313)","v":""},"","","",{"$f":"IF(A313=\"\",\"\",VLOOKUP(A313,Items!$A$8:$AJ$701,34,FALSE))","v":""},{"$f":"IF(A313=\"\",\"\",VLOOKUP(A313,Items!$A$8:$J$701,3,FALSE))","v":""},"",{"$f":"IF($A313=\"\",\"\",VLOOKUP($A313,Items!$A$8:$J$701,5,FALSE))","v":""},"",{"$f":"IF($A313=\"\",\"\",VLOOKUP($A313,Items!$A$8:$J$701,7,FALSE))","v":""},"",{"$f":"IF($A313=\"\",\"\",VLOOKUP($A313,Items!$A$8:$J$701,9,FALSE))","v":""},"",{"$f":"IF($A313=\"\",\"\",VLOOKUP($A313,Items!$A$8:$K$701,11,FALSE))","v":""}]
[{"$f":"IF(Items!A314=\"\",\"\",Items!A314)","v":""},{"$f":"IF(Items!B314=\"\",\"\",Items!B314)","v":""},"","","",{"$f":"IF(A314=\"\",\"\",VLOOKUP(A314,Items!$A$8:$AJ$701,34,FALSE))","v":""},{"$f":"IF(A314=\"\",\"\",VLOOKUP(A314,Items!$A$8:$J$701,3,FALSE))","v":""},"",{"$f":"IF($A314=\"\",\"\",VLOOKUP($A314,Items!$A$8:$J$701,5,FALSE))","v":""},"",{"$f":"IF($A314=\"\",\"\",VLOOKUP($A314,Items!$A$8:$J$701,7,FALSE))","v":""},"",{"$f":"IF($A314=\"\",\"\",VLOOKUP($A314,Items!$A$8:$J$701,9,FALSE))","v":""},"",{"$f":"IF($A314=\"\",\"\",VLOOKUP($A314,Items!$A$8:$K$701,11,FALSE))","v":""}]
[{"$f":"IF(Items!A315=\"\",\"\",Items!A315)","v":""},{"$f":"IF(Items!B315=\"\",\"\",Items!B315)","v":""},"","","",{"$f":"IF(A315=\"\",\"\",VLOOKUP(A315,Items!$A$8:$AJ$701,34,FALSE))","v":""},{"$f":"IF(A315=\"\",\"\",VLOOKUP(A315,Items!$A$8:$J$701,3,FALSE))","v":""},"",{"$f":"IF($A315=\"\",\"\",VLOOKUP($A315,Items!$A$8:$J$701,5,FALSE))","v":""},"",{"$f":"IF($A315=\"\",\"\",VLOOKUP($A315,Items!$A$8:$J$701,7,FALSE))","v":""},"",{"$f":"IF($A315=\"\",\"\",VLOOKUP($A315,Items!$A$8:$J$701,9,FALSE))","v":""},"",{"$f":"IF($A315=\"\",\"\",VLOOKUP($A315,Items!$A$8:$K$701,11,FALSE))","v":""}]
[{"$f":"IF(Items!A316=\"\",\"\",Items!A316)","v":""},{"$f":"IF(Items!B316=\"\",\"\",Items!B316)","v":""},"","","",{"$f":"IF(A316=\"\",\"\",VLOOKUP(A316,Items!$A$8:$AJ$701,34,FALSE))","v":""},{"$f":"IF(A316=\"\",\"\",VLOOKUP(A316,Items!$A$8:$J$701,3,FALSE))","v":""},"",{"$f":"IF($A316=\"\",\"\",VLOOKUP($A316,Items!$A$8:$J$701,5,FALSE))","v":""},"",{"$f":"IF($A316=\"\",\"\",VLOOKUP($A316,Items!$A$8:$J$701,7,FALSE))","v":""},"",{"$f":"IF($A316=\"\",\"\",VLOOKUP($A316,Items!$A$8:$J$701,9,FALSE))","v":""},"",{"$f":"IF($A316=\"\",\"\",VLOOKUP($A316,Items!$A$8:$K$701,11,FALSE))","v":""}]
[{"$f":"IF(Items!A317=\"\",\"\",Items!A317)","v":""},{"$f":"IF(Items!B317=\"\",\"\",Items!B317)","v":""},"","","",{"$f":"IF(A317=\"\",\"\",VLOOKUP(A317,Items!$A$8:$AJ$701,34,FALSE))","v":""},{"$f":"IF(A317=\"\",\"\",VLOOKUP(A317,Items!$A$8:$J$701,3,FALSE))","v":""},"",{"$f":"IF($A317=\"\",\"\",VLOOKUP($A317,Items!$A$8:$J$701,5,FALSE))","v":""},"",{"$f":"IF($A317=\"\",\"\",VLOOKUP($A317,Items!$A$8:$J$701,7,FALSE))","v":""},"",{"$f":"IF($A317=\"\",\"\",VLOOKUP($A317,Items!$A$8:$J$701,9,FALSE))","v":""},"",{"$f":"IF($A317=\"\",\"\",VLOOKUP($A317,Items!$A$8:$K$701,11,FALSE))","v":""}]
[{"$f":"IF(Items!A318=\"\",\"\",Items!A318)","v":""},{"$f":"IF(Items!B318=\"\",\"\",Items!B318)","v":""},"","","",{"$f":"IF(A318=\"\",\"\",VLOOKUP(A318,Items!$A$8:$AJ$701,34,FALSE))","v":""},{"$f":"IF(A318=\"\",\"\",VLOOKUP(A318,Items!$A$8:$J$701,3,FALSE))","v":""},"",{"$f":"IF($A318=\"\",\"\",VLOOKUP($A318,Items!$A$8:$J$701,5,FALSE))","v":""},"",{"$f":"IF($A318=\"\",\"\",VLOOKUP($A318,Items!$A$8:$J$701,7,FALSE))","v":""},"",{"$f":"IF($A318=\"\",\"\",VLOOKUP($A318,Items!$A$8:$J$701,9,FALSE))","v":""},"",{"$f":"IF($A318=\"\",\"\",VLOOKUP($A318,Items!$A$8:$K$701,11,FALSE))","v":""}]
[{"$f":"IF(Items!A319=\"\",\"\",Items!A319)","v":""},{"$f":"IF(Items!B319=\"\",\"\",Items!B319)","v":""},"","","",{"$f":"IF(A319=\"\",\"\",VLOOKUP(A319,Items!$A$8:$AJ$701,34,FALSE))","v":""},{"$f":"IF(A319=\"\",\"\",VLOOKUP(A319,Items!$A$8:$J$701,3,FALSE))","v":""},"",{"$f":"IF($A319=\"\",\"\",VLOOKUP($A319,Items!$A$8:$J$701,5,FALSE))","v":""},"",{"$f":"IF($A319=\"\",\"\",VLOOKUP($A319,Items!$A$8:$J$701,7,FALSE))","v":""},"",{"$f":"IF($A319=\"\",\"\",VLOOKUP($A319,Items!$A$8:$J$701,9,FALSE))","v":""},"",{"$f":"IF($A319=\"\",\"\",VLOOKUP($A319,Items!$A$8:$K$701,11,FALSE))","v":""}]
[{"$f":"IF(Items!A320=\"\",\"\",Items!A320)","v":""},{"$f":"IF(Items!B320=\"\",\"\",Items!B320)","v":""},"","","",{"$f":"IF(A320=\"\",\"\",VLOOKUP(A320,Items!$A$8:$AJ$701,34,FALSE))","v":""},{"$f":"IF(A320=\"\",\"\",VLOOKUP(A320,Items!$A$8:$J$701,3,FALSE))","v":""},"",{"$f":"IF($A320=\"\",\"\",VLOOKUP($A320,Items!$A$8:$J$701,5,FALSE))","v":""},"",{"$f":"IF($A320=\"\",\"\",VLOOKUP($A320,Items!$A$8:$J$701,7,FALSE))","v":""},"",{"$f":"IF($A320=\"\",\"\",VLOOKUP($A320,Items!$A$8:$J$701,9,FALSE))","v":""},"",{"$f":"IF($A320=\"\",\"\",VLOOKUP($A320,Items!$A$8:$K$701,11,FALSE))","v":""}]
[{"$f":"IF(Items!A321=\"\",\"\",Items!A321)","v":""},{"$f":"IF(Items!B321=\"\",\"\",Items!B321)","v":""},"","","",{"$f":"IF(A321=\"\",\"\",VLOOKUP(A321,Items!$A$8:$AJ$701,34,FALSE))","v":""},{"$f":"IF(A321=\"\",\"\",VLOOKUP(A321,Items!$A$8:$J$701,3,FALSE))","v":""},"",{"$f":"IF($A321=\"\",\"\",VLOOKUP($A321,Items!$A$8:$J$701,5,FALSE))","v":""},"",{"$f":"IF($A321=\"\",\"\",VLOOKUP($A321,Items!$A$8:$J$701,7,FALSE))","v":""},"",{"$f":"IF($A321=\"\",\"\",VLOOKUP($A321,Items!$A$8:$J$701,9,FALSE))","v":""},"",{"$f":"IF($A321=\"\",\"\",VLOOKUP($A321,Items!$A$8:$K$701,11,FALSE))","v":""}]
[{"$f":"IF(Items!A322=\"\",\"\",Items!A322)","v":""},{"$f":"IF(Items!B322=\"\",\"\",Items!B322)","v":""},"","","",{"$f":"IF(A322=\"\",\"\",VLOOKUP(A322,Items!$A$8:$AJ$701,34,FALSE))","v":""},{"$f":"IF(A322=\"\",\"\",VLOOKUP(A322,Items!$A$8:$J$701,3,FALSE))","v":""},"",{"$f":"IF($A322=\"\",\"\",VLOOKUP($A322,Items!$A$8:$J$701,5,FALSE))","v":""},"",{"$f":"IF($A322=\"\",\"\",VLOOKUP($A322,Items!$A$8:$J$701,7,FALSE))","v":""},"",{"$f":"IF($A322=\"\",\"\",VLOOKUP($A322,Items!$A$8:$J$701,9,FALSE))","v":""},"",{"$f":"IF($A322=\"\",\"\",VLOOKUP($A322,Items!$A$8:$K$701,11,FALSE))","v":""}]
[{"$f":"IF(Items!A323=\"\",\"\",Items!A323)","v":""},{"$f":"IF(Items!B323=\"\",\"\",Items!B323)","v":""},"","","",{"$f":"IF(A323=\"\",\"\",VLOOKUP(A323,Items!$A$8:$AJ$701,34,FALSE))","v":""},{"$f":"IF(A323=\"\",\"\",VLOOKUP(A323,Items!$A$8:$J$701,3,FALSE))","v":""},"",{"$f":"IF($A323=\"\",\"\",VLOOKUP($A323,Items!$A$8:$J$701,5,FALSE))","v":""},"",{"$f":"IF($A323=\"\",\"\",VLOOKUP($A323,Items!$A$8:$J$701,7,FALSE))","v":""},"",{"$f":"IF($A323=\"\",\"\",VLOOKUP($A323,Items!$A$8:$J$701,9,FALSE))","v":""},"",{"$f":"IF($A323=\"\",\"\",VLOOKUP($A323,Items!$A$8:$K$701,11,FALSE))","v":""}]
[{"$f":"IF(Items!A324=\"\",\"\",Items!A324)","v":""},{"$f":"IF(Items!B324=\"\",\"\",Items!B324)","v":""},"","","",{"$f":"IF(A324=\"\",\"\",VLOOKUP(A324,Items!$A$8:$AJ$701,34,FALSE))","v":""},{"$f":"IF(A324=\"\",\"\",VLOOKUP(A324,Items!$A$8:$J$701,3,FALSE))","v":""},"",{"$f":"IF($A324=\"\",\"\",VLOOKUP($A324,Items!$A$8:$J$701,5,FALSE))","v":""},"",{"$f":"IF($A324=\"\",\"\",VLOOKUP($A324,Items!$A$8:$J$701,7,FALSE))","v":""},"",{"$f":"IF($A324=\"\",\"\",VLOOKUP($A324,Items!$A$8:$J$701,9,FALSE))","v":""},"",{"$f":"IF($A324=\"\",\"\",VLOOKUP($A324,Items!$A$8:$K$701,11,FALSE))","v":""}]
[{"$f":"IF(Items!A325=\"\",\"\",Items!A325)","v":""},{"$f":"IF(Items!B325=\"\",\"\",Items!B325)","v":""},"","","",{"$f":"IF(A325=\"\",\"\",VLOOKUP(A325,Items!$A$8:$AJ$701,34,FALSE))","v":""},{"$f":"IF(A325=\"\",\"\",VLOOKUP(A325,Items!$A$8:$J$701,3,FALSE))","v":""},"",{"$f":"IF($A325=\"\",\"\",VLOOKUP($A325,Items!$A$8:$J$701,5,FALSE))","v":""},"",{"$f":"IF($A325=\"\",\"\",VLOOKUP($A325,Items!$A$8:$J$701,7,FALSE))","v":""},"",{"$f":"IF($A325=\"\",\"\",VLOOKUP($A325,Items!$A$8:$J$701,9,FALSE))","v":""},"",{"$f":"IF($A325=\"\",\"\",VLOOKUP($A325,Items!$A$8:$K$701,11,FALSE))","v":""}]
[{"$f":"IF(Items!A326=\"\",\"\",Items!A326)","v":""},{"$f":"IF(Items!B326=\"\",\"\",Items!B326)","v":""},"","","",{"$f":"IF(A326=\"\",\"\",VLOOKUP(A326,Items!$A$8:$AJ$701,34,FALSE))","v":""},{"$f":"IF(A326=\"\",\"\",VLOOKUP(A326,Items!$A$8:$J$701,3,FALSE))","v":""},"",{"$f":"IF($A326=\"\",\"\",VLOOKUP($A326,Items!$A$8:$J$701,5,FALSE))","v":""},"",{"$f":"IF($A326=\"\",\"\",VLOOKUP($A326,Items!$A$8:$J$701,7,FALSE))","v":""},"",{"$f":"IF($A326=\"\",\"\",VLOOKUP($A326,Items!$A$8:$J$701,9,FALSE))","v":""},"",{"$f":"IF($A326=\"\",\"\",VLOOKUP($A326,Items!$A$8:$K$701,11,FALSE))","v":""}]
[{"$f":"IF(Items!A327=\"\",\"\",Items!A327)","v":""},{"$f":"IF(Items!B327=\"\",\"\",Items!B327)","v":""},"","","",{"$f":"IF(A327=\"\",\"\",VLOOKUP(A327,Items!$A$8:$AJ$701,34,FALSE))","v":""},{"$f":"IF(A327=\"\",\"\",VLOOKUP(A327,Items!$A$8:$J$701,3,FALSE))","v":""},"",{"$f":"IF($A327=\"\",\"\",VLOOKUP($A327,Items!$A$8:$J$701,5,FALSE))","v":""},"",{"$f":"IF($A327=\"\",\"\",VLOOKUP($A327,Items!$A$8:$J$701,7,FALSE))","v":""},"",{"$f":"IF($A327=\"\",\"\",VLOOKUP($A327,Items!$A$8:$J$701,9,FALSE))","v":""},"",{"$f":"IF($A327=\"\",\"\",VLOOKUP($A327,Items!$A$8:$K$701,11,FALSE))","v":""}]
[{"$f":"IF(Items!A328=\"\",\"\",Items!A328)","v":""},{"$f":"IF(Items!B328=\"\",\"\",Items!B328)","v":""},"","","",{"$f":"IF(A328=\"\",\"\",VLOOKUP(A328,Items!$A$8:$AJ$701,34,FALSE))","v":""},{"$f":"IF(A328=\"\",\"\",VLOOKUP(A328,Items!$A$8:$J$701,3,FALSE))","v":""},"",{"$f":"IF($A328=\"\",\"\",VLOOKUP($A328,Items!$A$8:$J$701,5,FALSE))","v":""},"",{"$f":"IF($A328=\"\",\"\",VLOOKUP($A328,Items!$A$8:$J$701,7,FALSE))","v":""},"",{"$f":"IF($A328=\"\",\"\",VLOOKUP($A328,Items!$A$8:$J$701,9,FALSE))","v":""},"",{"$f":"IF($A328=\"\",\"\",VLOOKUP($A328,Items!$A$8:$K$701,11,FALSE))","v":""}]
[{"$f":"IF(Items!A329=\"\",\"\",Items!A329)","v":""},{"$f":"IF(Items!B329=\"\",\"\",Items!B329)","v":""},{"$f":"IF(A329=\"\",\"\",\"x\")","v":""},{"$f":"IF(A329=\"\",\"\",LEFT(A329,1)*100)","v":""},{"$f":"IF(A329=\"\",\"\",LEFT(A329,3))","v":""},{"$f":"IF(A329=\"\",\"\",VLOOKUP(A329,Items!$A$8:$AJ$701,34,FALSE))","v":""},{"$f":"IF(A329=\"\",\"\",VLOOKUP(A329,Items!$A$8:$J$701,3,FALSE))","v":""},{"$f":"IF(OR($F329=\"\",$F329=0),\"\",I329/$F329)","v":""},{"$f":"IF($A329=\"\",\"\",VLOOKUP($A329,Items!$A$8:$J$701,5,FALSE))","v":""},{"$f":"IF(OR($F329=\"\",$F329=0),\"\",K329/$F329)","v":""},{"$f":"IF($A329=\"\",\"\",VLOOKUP($A329,Items!$A$8:$J$701,7,FALSE))","v":""},{"$f":"IF(OR($F329=\"\",$F329=0),\"\",M329/$F329)","v":""},{"$f":"IF($A329=\"\",\"\",VLOOKUP($A329,Items!$A$8:$J$701,9,FALSE))","v":""},{"$f":"IF(OR($F329=\"\",$F329=0),\"\",O329/$F329)","v":""},{"$f":"IF($A329=\"\",\"\",VLOOKUP($A329,Items!$A$8:$K$701,11,FALSE))","v":""}]
[{"$f":"IF(Items!A330=\"\",\"\",Items!A330)","v":""},{"$f":"IF(Items!B330=\"\",\"\",Items!B330)","v":""},"","","",{"$f":"IF(A330=\"\",\"\",VLOOKUP(A330,Items!$A$8:$AJ$701,34,FALSE))","v":""},{"$f":"IF(A330=\"\",\"\",VLOOKUP(A330,Items!$A$8:$J$701,3,FALSE))","v":""},"",{"$f":"IF($A330=\"\",\"\",VLOOKUP($A330,Items!$A$8:$J$701,5,FALSE))","v":""},"",{"$f":"IF($A330=\"\",\"\",VLOOKUP($A330,Items!$A$8:$J$701,7,FALSE))","v":""},"",{"$f":"IF($A330=\"\",\"\",VLOOKUP($A330,Items!$A$8:$J$701,9,FALSE))","v":""},"",{"$f":"IF($A330=\"\",\"\",VLOOKUP($A330,Items!$A$8:$K$701,11,FALSE))","v":""}]
[{"$f":"IF(Items!A331=\"\",\"\",Items!A331)","v":""},{"$f":"IF(Items!B331=\"\",\"\",Items!B331)","v":""},"","","",{"$f":"IF(A331=\"\",\"\",VLOOKUP(A331,Items!$A$8:$AJ$701,34,FALSE))","v":""},{"$f":"IF(A331=\"\",\"\",VLOOKUP(A331,Items!$A$8:$J$701,3,FALSE))","v":""},"",{"$f":"IF($A331=\"\",\"\",VLOOKUP($A331,Items!$A$8:$J$701,5,FALSE))","v":""},"",{"$f":"IF($A331=\"\",\"\",VLOOKUP($A331,Items!$A$8:$J$701,7,FALSE))","v":""},"",{"$f":"IF($A331=\"\",\"\",VLOOKUP($A331,Items!$A$8:$J$701,9,FALSE))","v":""},"",{"$f":"IF($A331=\"\",\"\",VLOOKUP($A331,Items!$A$8:$K$701,11,FALSE))","v":""}]
[{"$f":"IF(Items!A332=\"\",\"\",Items!A332)","v":""},{"$f":"IF(Items!B332=\"\",\"\",Items!B332)","v":""},"","","",{"$f":"IF(A332=\"\",\"\",VLOOKUP(A332,Items!$A$8:$AJ$701,34,FALSE))","v":""},{"$f":"IF(A332=\"\",\"\",VLOOKUP(A332,Items!$A$8:$J$701,3,FALSE))","v":""},"",{"$f":"IF($A332=\"\",\"\",VLOOKUP($A332,Items!$A$8:$J$701,5,FALSE))","v":""},"",{"$f":"IF($A332=\"\",\"\",VLOOKUP($A332,Items!$A$8:$J$701,7,FALSE))","v":""},"",{"$f":"IF($A332=\"\",\"\",VLOOKUP($A332,Items!$A$8:$J$701,9,FALSE))","v":""},"",{"$f":"IF($A332=\"\",\"\",VLOOKUP($A332,Items!$A$8:$K$701,11,FALSE))","v":""}]
[{"$f":"IF(Items!A333=\"\",\"\",Items!A333)","v":""},{"$f":"IF(Items!B333=\"\",\"\",Items!B333)","v":""},"","","",{"$f":"IF(A333=\"\",\"\",VLOOKUP(A333,Items!$A$8:$AJ$701,34,FALSE))","v":""},{"$f":"IF(A333=\"\",\"\",VLOOKUP(A333,Items!$A$8:$J$701,3,FALSE))","v":""},"",{"$f":"IF($A333=\"\",\"\",VLOOKUP($A333,Items!$A$8:$J$701,5,FALSE))","v":""},"",{"$f":"IF($A333=\"\",\"\",VLOOKUP($A333,Items!$A$8:$J$701,7,FALSE))","v":""},"",{"$f":"IF($A333=\"\",\"\",VLOOKUP($A333,Items!$A$8:$J$701,9,FALSE))","v":""},"",{"$f":"IF($A333=\"\",\"\",VLOOKUP($A333,Items!$A$8:$K$701,11,FALSE))","v":""}]
[{"$f":"IF(Items!A334=\"\",\"\",Items!A334)","v":""},{"$f":"IF(Items!B334=\"\",\"\",Items!B334)","v":""},"","","",{"$f":"IF(A334=\"\",\"\",VLOOKUP(A334,Items!$A$8:$AJ$701,34,FALSE))","v":""},{"$f":"IF(A334=\"\",\"\",VLOOKUP(A334,Items!$A$8:$J$701,3,FALSE))","v":""},"",{"$f":"IF($A334=\"\",\"\",VLOOKUP($A334,Items!$A$8:$J$701,5,FALSE))","v":""},"",{"$f":"IF($A334=\"\",\"\",VLOOKUP($A334,Items!$A$8:$J$701,7,FALSE))","v":""},"",{"$f":"IF($A334=\"\",\"\",VLOOKUP($A334,Items!$A$8:$J$701,9,FALSE))","v":""},"",{"$f":"IF($A334=\"\",\"\",VLOOKUP($A334,Items!$A$8:$K$701,11,FALSE))","v":""}]
[{"$f":"IF(Items!A335=\"\",\"\",Items!A335)","v":""},{"$f":"IF(Items!B335=\"\",\"\",Items!B335)","v":""},"","","",{"$f":"IF(A335=\"\",\"\",VLOOKUP(A335,Items!$A$8:$AJ$701,34,FALSE))","v":""},{"$f":"IF(A335=\"\",\"\",VLOOKUP(A335,Items!$A$8:$J$701,3,FALSE))","v":""},"",{"$f":"IF($A335=\"\",\"\",VLOOKUP($A335,Items!$A$8:$J$701,5,FALSE))","v":""},"",{"$f":"IF($A335=\"\",\"\",VLOOKUP($A335,Items!$A$8:$J$701,7,FALSE))","v":""},"",{"$f":"IF($A335=\"\",\"\",VLOOKUP($A335,Items!$A$8:$J$701,9,FALSE))","v":""},"",{"$f":"IF($A335=\"\",\"\",VLOOKUP($A335,Items!$A$8:$K$701,11,FALSE))","v":""}]
[{"$f":"IF(Items!A336=\"\",\"\",Items!A336)","v":""},{"$f":"IF(Items!B336=\"\",\"\",Items!B336)","v":""},"","","",{"$f":"IF(A336=\"\",\"\",VLOOKUP(A336,Items!$A$8:$AJ$701,34,FALSE))","v":""},{"$f":"IF(A336=\"\",\"\",VLOOKUP(A336,Items!$A$8:$J$701,3,FALSE))","v":""},"",{"$f":"IF($A336=\"\",\"\",VLOOKUP($A336,Items!$A$8:$J$701,5,FALSE))","v":""},"",{"$f":"IF($A336=\"\",\"\",VLOOKUP($A336,Items!$A$8:$J$701,7,FALSE))","v":""},"",{"$f":"IF($A336=\"\",\"\",VLOOKUP($A336,Items!$A$8:$J$701,9,FALSE))","v":""},"",{"$f":"IF($A336=\"\",\"\",VLOOKUP($A336,Items!$A$8:$K$701,11,FALSE))","v":""}]
[{"$f":"IF(Items!A337=\"\",\"\",Items!A337)","v":""},{"$f":"IF(Items!B337=\"\",\"\",Items!B337)","v":""},"","","",{"$f":"IF(A337=\"\",\"\",VLOOKUP(A337,Items!$A$8:$AJ$701,34,FALSE))","v":""},{"$f":"IF(A337=\"\",\"\",VLOOKUP(A337,Items!$A$8:$J$701,3,FALSE))","v":""},"",{"$f":"IF($A337=\"\",\"\",VLOOKUP($A337,Items!$A$8:$J$701,5,FALSE))","v":""},"",{"$f":"IF($A337=\"\",\"\",VLOOKUP($A337,Items!$A$8:$J$701,7,FALSE))","v":""},"",{"$f":"IF($A337=\"\",\"\",VLOOKUP($A337,Items!$A$8:$J$701,9,FALSE))","v":""},"",{"$f":"IF($A337=\"\",\"\",VLOOKUP($A337,Items!$A$8:$K$701,11,FALSE))","v":""}]
[{"$f":"IF(Items!A338=\"\",\"\",Items!A338)","v":""},{"$f":"IF(Items!B338=\"\",\"\",Items!B338)","v":""},"","","",{"$f":"IF(A338=\"\",\"\",VLOOKUP(A338,Items!$A$8:$AJ$701,34,FALSE))","v":""},{"$f":"IF(A338=\"\",\"\",VLOOKUP(A338,Items!$A$8:$J$701,3,FALSE))","v":""},"",{"$f":"IF($A338=\"\",\"\",VLOOKUP($A338,Items!$A$8:$J$701,5,FALSE))","v":""},"",{"$f":"IF($A338=\"\",\"\",VLOOKUP($A338,Items!$A$8:$J$701,7,FALSE))","v":""},"",{"$f":"IF($A338=\"\",\"\",VLOOKUP($A338,Items!$A$8:$J$701,9,FALSE))","v":""},"",{"$f":"IF($A338=\"\",\"\",VLOOKUP($A338,Items!$A$8:$K$701,11,FALSE))","v":""}]
[{"$f":"IF(Items!A339=\"\",\"\",Items!A339)","v":""},{"$f":"IF(Items!B339=\"\",\"\",Items!B339)","v":""},"","","",{"$f":"IF(A339=\"\",\"\",VLOOKUP(A339,Items!$A$8:$AJ$701,34,FALSE))","v":""},{"$f":"IF(A339=\"\",\"\",VLOOKUP(A339,Items!$A$8:$J$701,3,FALSE))","v":""},"",{"$f":"IF($A339=\"\",\"\",VLOOKUP($A339,Items!$A$8:$J$701,5,FALSE))","v":""},"",{"$f":"IF($A339=\"\",\"\",VLOOKUP($A339,Items!$A$8:$J$701,7,FALSE))","v":""},"",{"$f":"IF($A339=\"\",\"\",VLOOKUP($A339,Items!$A$8:$J$701,9,FALSE))","v":""},"",{"$f":"IF($A339=\"\",\"\",VLOOKUP($A339,Items!$A$8:$K$701,11,FALSE))","v":""}]
[{"$f":"IF(Items!A340=\"\",\"\",Items!A340)","v":""},{"$f":"IF(Items!B340=\"\",\"\",Items!B340)","v":""},"","","",{"$f":"IF(A340=\"\",\"\",VLOOKUP(A340,Items!$A$8:$AJ$701,34,FALSE))","v":""},{"$f":"IF(A340=\"\",\"\",VLOOKUP(A340,Items!$A$8:$J$701,3,FALSE))","v":""},"",{"$f":"IF($A340=\"\",\"\",VLOOKUP($A340,Items!$A$8:$J$701,5,FALSE))","v":""},"",{"$f":"IF($A340=\"\",\"\",VLOOKUP($A340,Items!$A$8:$J$701,7,FALSE))","v":""},"",{"$f":"IF($A340=\"\",\"\",VLOOKUP($A340,Items!$A$8:$J$701,9,FALSE))","v":""},"",{"$f":"IF($A340=\"\",\"\",VLOOKUP($A340,Items!$A$8:$K$701,11,FALSE))","v":""}]
[{"$f":"IF(Items!A341=\"\",\"\",Items!A341)","v":""},{"$f":"IF(Items!B341=\"\",\"\",Items!B341)","v":""},"","","",{"$f":"IF(A341=\"\",\"\",VLOOKUP(A341,Items!$A$8:$AJ$701,34,FALSE))","v":""},{"$f":"IF(A341=\"\",\"\",VLOOKUP(A341,Items!$A$8:$J$701,3,FALSE))","v":""},"",{"$f":"IF($A341=\"\",\"\",VLOOKUP($A341,Items!$A$8:$J$701,5,FALSE))","v":""},"",{"$f":"IF($A341=\"\",\"\",VLOOKUP($A341,Items!$A$8:$J$701,7,FALSE))","v":""},"",{"$f":"IF($A341=\"\",\"\",VLOOKUP($A341,Items!$A$8:$J$701,9,FALSE))","v":""},"",{"$f":"IF($A341=\"\",\"\",VLOOKUP($A341,Items!$A$8:$K$701,11,FALSE))","v":""}]
[{"$f":"IF(Items!A342=\"\",\"\",Items!A342)","v":""},{"$f":"IF(Items!B342=\"\",\"\",Items!B342)","v":""},"","","",{"$f":"IF(A342=\"\",\"\",VLOOKUP(A342,Items!$A$8:$AJ$701,34,FALSE))","v":""},{"$f":"IF(A342=\"\",\"\",VLOOKUP(A342,Items!$A$8:$J$701,3,FALSE))","v":""},"",{"$f":"IF($A342=\"\",\"\",VLOOKUP($A342,Items!$A$8:$J$701,5,FALSE))","v":""},"",{"$f":"IF($A342=\"\",\"\",VLOOKUP($A342,Items!$A$8:$J$701,7,FALSE))","v":""},"",{"$f":"IF($A342=\"\",\"\",VLOOKUP($A342,Items!$A$8:$J$701,9,FALSE))","v":""},"",{"$f":"IF($A342=\"\",\"\",VLOOKUP($A342,Items!$A$8:$K$701,11,FALSE))","v":""}]
[{"$f":"IF(Items!A343=\"\",\"\",Items!A343)","v":""},{"$f":"IF(Items!B343=\"\",\"\",Items!B343)","v":""},"","","",{"$f":"IF(A343=\"\",\"\",VLOOKUP(A343,Items!$A$8:$AJ$701,34,FALSE))","v":""},{"$f":"IF(A343=\"\",\"\",VLOOKUP(A343,Items!$A$8:$J$701,3,FALSE))","v":""},"",{"$f":"IF($A343=\"\",\"\",VLOOKUP($A343,Items!$A$8:$J$701,5,FALSE))","v":""},"",{"$f":"IF($A343=\"\",\"\",VLOOKUP($A343,Items!$A$8:$J$701,7,FALSE))","v":""},"",{"$f":"IF($A343=\"\",\"\",VLOOKUP($A343,Items!$A$8:$J$701,9,FALSE))","v":""},"",{"$f":"IF($A343=\"\",\"\",VLOOKUP($A343,Items!$A$8:$K$701,11,FALSE))","v":""}]
[{"$f":"IF(Items!A344=\"\",\"\",Items!A344)","v":""},{"$f":"IF(Items!B344=\"\",\"\",Items!B344)","v":""},"","","",{"$f":"IF(A344=\"\",\"\",VLOOKUP(A344,Items!$A$8:$AJ$701,34,FALSE))","v":""},{"$f":"IF(A344=\"\",\"\",VLOOKUP(A344,Items!$A$8:$J$701,3,FALSE))","v":""},"",{"$f":"IF($A344=\"\",\"\",VLOOKUP($A344,Items!$A$8:$J$701,5,FALSE))","v":""},"",{"$f":"IF($A344=\"\",\"\",VLOOKUP($A344,Items!$A$8:$J$701,7,FALSE))","v":""},"",{"$f":"IF($A344=\"\",\"\",VLOOKUP($A344,Items!$A$8:$J$701,9,FALSE))","v":""},"",{"$f":"IF($A344=\"\",\"\",VLOOKUP($A344,Items!$A$8:$K$701,11,FALSE))","v":""}]
[{"$f":"IF(Items!A345=\"\",\"\",Items!A345)","v":""},{"$f":"IF(Items!B345=\"\",\"\",Items!B345)","v":""},"","","",{"$f":"IF(A345=\"\",\"\",VLOOKUP(A345,Items!$A$8:$AJ$701,34,FALSE))","v":""},{"$f":"IF(A345=\"\",\"\",VLOOKUP(A345,Items!$A$8:$J$701,3,FALSE))","v":""},"",{"$f":"IF($A345=\"\",\"\",VLOOKUP($A345,Items!$A$8:$J$701,5,FALSE))","v":""},"",{"$f":"IF($A345=\"\",\"\",VLOOKUP($A345,Items!$A$8:$J$701,7,FALSE))","v":""},"",{"$f":"IF($A345=\"\",\"\",VLOOKUP($A345,Items!$A$8:$J$701,9,FALSE))","v":""},"",{"$f":"IF($A345=\"\",\"\",VLOOKUP($A345,Items!$A$8:$K$701,11,FALSE))","v":""}]
[{"$f":"IF(Items!A346=\"\",\"\",Items!A346)","v":""},{"$f":"IF(Items!B346=\"\",\"\",Items!B346)","v":""},"","","",{"$f":"IF(A346=\"\",\"\",VLOOKUP(A346,Items!$A$8:$AJ$701,34,FALSE))","v":""},{"$f":"IF(A346=\"\",\"\",VLOOKUP(A346,Items!$A$8:$J$701,3,FALSE))","v":""},"",{"$f":"IF($A346=\"\",\"\",VLOOKUP($A346,Items!$A$8:$J$701,5,FALSE))","v":""},"",{"$f":"IF($A346=\"\",\"\",VLOOKUP($A346,Items!$A$8:$J$701,7,FALSE))","v":""},"",{"$f":"IF($A346=\"\",\"\",VLOOKUP($A346,Items!$A$8:$J$701,9,FALSE))","v":""},"",{"$f":"IF($A346=\"\",\"\",VLOOKUP($A346,Items!$A$8:$K$701,11,FALSE))","v":""}]
[{"$f":"IF(Items!A347=\"\",\"\",Items!A347)","v":""},{"$f":"IF(Items!B347=\"\",\"\",Items!B347)","v":""},"","","",{"$f":"IF(A347=\"\",\"\",VLOOKUP(A347,Items!$A$8:$AJ$701,34,FALSE))","v":""},{"$f":"IF(A347=\"\",\"\",VLOOKUP(A347,Items!$A$8:$J$701,3,FALSE))","v":""},"",{"$f":"IF($A347=\"\",\"\",VLOOKUP($A347,Items!$A$8:$J$701,5,FALSE))","v":""},"",{"$f":"IF($A347=\"\",\"\",VLOOKUP($A347,Items!$A$8:$J$701,7,FALSE))","v":""},"",{"$f":"IF($A347=\"\",\"\",VLOOKUP($A347,Items!$A$8:$J$701,9,FALSE))","v":""},"",{"$f":"IF($A347=\"\",\"\",VLOOKUP($A347,Items!$A$8:$K$701,11,FALSE))","v":""}]
[{"$f":"IF(Items!A348=\"\",\"\",Items!A348)","v":""},{"$f":"IF(Items!B348=\"\",\"\",Items!B348)","v":""},"","","",{"$f":"IF(A348=\"\",\"\",VLOOKUP(A348,Items!$A$8:$AJ$701,34,FALSE))","v":""},{"$f":"IF(A348=\"\",\"\",VLOOKUP(A348,Items!$A$8:$J$701,3,FALSE))","v":""},"",{"$f":"IF($A348=\"\",\"\",VLOOKUP($A348,Items!$A$8:$J$701,5,FALSE))","v":""},"",{"$f":"IF($A348=\"\",\"\",VLOOKUP($A348,Items!$A$8:$J$701,7,FALSE))","v":""},"",{"$f":"IF($A348=\"\",\"\",VLOOKUP($A348,Items!$A$8:$J$701,9,FALSE))","v":""},"",{"$f":"IF($A348=\"\",\"\",VLOOKUP($A348,Items!$A$8:$K$701,11,FALSE))","v":""}]
[{"$f":"IF(Items!A349=\"\",\"\",Items!A349)","v":""},{"$f":"IF(Items!B349=\"\",\"\",Items!B349)","v":""},"","","",{"$f":"IF(A349=\"\",\"\",VLOOKUP(A349,Items!$A$8:$AJ$701,34,FALSE))","v":""},{"$f":"IF(A349=\"\",\"\",VLOOKUP(A349,Items!$A$8:$J$701,3,FALSE))","v":""},"",{"$f":"IF($A349=\"\",\"\",VLOOKUP($A349,Items!$A$8:$J$701,5,FALSE))","v":""},"",{"$f":"IF($A349=\"\",\"\",VLOOKUP($A349,Items!$A$8:$J$701,7,FALSE))","v":""},"",{"$f":"IF($A349=\"\",\"\",VLOOKUP($A349,Items!$A$8:$J$701,9,FALSE))","v":""},"",{"$f":"IF($A349=\"\",\"\",VLOOKUP($A349,Items!$A$8:$K$701,11,FALSE))","v":""}]
[{"$f":"IF(Items!A350=\"\",\"\",Items!A350)","v":""},{"$f":"IF(Items!B350=\"\",\"\",Items!B350)","v":""},"","","",{"$f":"IF(A350=\"\",\"\",VLOOKUP(A350,Items!$A$8:$AJ$701,34,FALSE))","v":""},{"$f":"IF(A350=\"\",\"\",VLOOKUP(A350,Items!$A$8:$J$701,3,FALSE))","v":""},"",{"$f":"IF($A350=\"\",\"\",VLOOKUP($A350,Items!$A$8:$J$701,5,FALSE))","v":""},"",{"$f":"IF($A350=\"\",\"\",VLOOKUP($A350,Items!$A$8:$J$701,7,FALSE))","v":""},"",{"$f":"IF($A350=\"\",\"\",VLOOKUP($A350,Items!$A$8:$J$701,9,FALSE))","v":""},"",{"$f":"IF($A350=\"\",\"\",VLOOKUP($A350,Items!$A$8:$K$701,11,FALSE))","v":""}]
[{"$f":"IF(Items!A351=\"\",\"\",Items!A351)","v":""},{"$f":"IF(Items!B351=\"\",\"\",Items!B351)","v":""},"","","",{"$f":"IF(A351=\"\",\"\",VLOOKUP(A351,Items!$A$8:$AJ$701,34,FALSE))","v":""},{"$f":"IF(A351=\"\",\"\",VLOOKUP(A351,Items!$A$8:$J$701,3,FALSE))","v":""},"",{"$f":"IF($A351=\"\",\"\",VLOOKUP($A351,Items!$A$8:$J$701,5,FALSE))","v":""},"",{"$f":"IF($A351=\"\",\"\",VLOOKUP($A351,Items!$A$8:$J$701,7,FALSE))","v":""},"",{"$f":"IF($A351=\"\",\"\",VLOOKUP($A351,Items!$A$8:$J$701,9,FALSE))","v":""},"",{"$f":"IF($A351=\"\",\"\",VLOOKUP($A351,Items!$A$8:$K$701,11,FALSE))","v":""}]
[{"$f":"IF(Items!A352=\"\",\"\",Items!A352)","v":""},{"$f":"IF(Items!B352=\"\",\"\",Items!B352)","v":""},"","","",{"$f":"IF(A352=\"\",\"\",VLOOKUP(A352,Items!$A$8:$AJ$701,34,FALSE))","v":""},{"$f":"IF(A352=\"\",\"\",VLOOKUP(A352,Items!$A$8:$J$701,3,FALSE))","v":""},"",{"$f":"IF($A352=\"\",\"\",VLOOKUP($A352,Items!$A$8:$J$701,5,FALSE))","v":""},"",{"$f":"IF($A352=\"\",\"\",VLOOKUP($A352,Items!$A$8:$J$701,7,FALSE))","v":""},"",{"$f":"IF($A352=\"\",\"\",VLOOKUP($A352,Items!$A$8:$J$701,9,FALSE))","v":""},"",{"$f":"IF($A352=\"\",\"\",VLOOKUP($A352,Items!$A$8:$K$701,11,FALSE))","v":""}]
[{"$f":"IF(Items!A353=\"\",\"\",Items!A353)","v":""},{"$f":"IF(Items!B353=\"\",\"\",Items!B353)","v":""},"","","",{"$f":"IF(A353=\"\",\"\",VLOOKUP(A353,Items!$A$8:$AJ$701,34,FALSE))","v":""},{"$f":"IF(A353=\"\",\"\",VLOOKUP(A353,Items!$A$8:$J$701,3,FALSE))","v":""},"",{"$f":"IF($A353=\"\",\"\",VLOOKUP($A353,Items!$A$8:$J$701,5,FALSE))","v":""},"",{"$f":"IF($A353=\"\",\"\",VLOOKUP($A353,Items!$A$8:$J$701,7,FALSE))","v":""},"",{"$f":"IF($A353=\"\",\"\",VLOOKUP($A353,Items!$A$8:$J$701,9,FALSE))","v":""},"",{"$f":"IF($A353=\"\",\"\",VLOOKUP($A353,Items!$A$8:$K$701,11,FALSE))","v":""}]
[{"$f":"IF(Items!A354=\"\",\"\",Items!A354)","v":""},{"$f":"IF(Items!B354=\"\",\"\",Items!B354)","v":""},"","","",{"$f":"IF(A354=\"\",\"\",VLOOKUP(A354,Items!$A$8:$AJ$701,34,FALSE))","v":""},{"$f":"IF(A354=\"\",\"\",VLOOKUP(A354,Items!$A$8:$J$701,3,FALSE))","v":""},"",{"$f":"IF($A354=\"\",\"\",VLOOKUP($A354,Items!$A$8:$J$701,5,FALSE))","v":""},"",{"$f":"IF($A354=\"\",\"\",VLOOKUP($A354,Items!$A$8:$J$701,7,FALSE))","v":""},"",{"$f":"IF($A354=\"\",\"\",VLOOKUP($A354,Items!$A$8:$J$701,9,FALSE))","v":""},"",{"$f":"IF($A354=\"\",\"\",VLOOKUP($A354,Items!$A$8:$K$701,11,FALSE))","v":""}]
[{"$f":"IF(Items!A355=\"\",\"\",Items!A355)","v":""},{"$f":"IF(Items!B355=\"\",\"\",Items!B355)","v":""},"","","",{"$f":"IF(A355=\"\",\"\",VLOOKUP(A355,Items!$A$8:$AJ$701,34,FALSE))","v":""},{"$f":"IF(A355=\"\",\"\",VLOOKUP(A355,Items!$A$8:$J$701,3,FALSE))","v":""},"",{"$f":"IF($A355=\"\",\"\",VLOOKUP($A355,Items!$A$8:$J$701,5,FALSE))","v":""},"",{"$f":"IF($A355=\"\",\"\",VLOOKUP($A355,Items!$A$8:$J$701,7,FALSE))","v":""},"",{"$f":"IF($A355=\"\",\"\",VLOOKUP($A355,Items!$A$8:$J$701,9,FALSE))","v":""},"",{"$f":"IF($A355=\"\",\"\",VLOOKUP($A355,Items!$A$8:$K$701,11,FALSE))","v":""}]
[{"$f":"IF(Items!A356=\"\",\"\",Items!A356)","v":""},{"$f":"IF(Items!B356=\"\",\"\",Items!B356)","v":""},"","","",{"$f":"IF(A356=\"\",\"\",VLOOKUP(A356,Items!$A$8:$AJ$701,34,FALSE))","v":""},{"$f":"IF(A356=\"\",\"\",VLOOKUP(A356,Items!$A$8:$J$701,3,FALSE))","v":""},"",{"$f":"IF($A356=\"\",\"\",VLOOKUP($A356,Items!$A$8:$J$701,5,FALSE))","v":""},"",{"$f":"IF($A356=\"\",\"\",VLOOKUP($A356,Items!$A$8:$J$701,7,FALSE))","v":""},"",{"$f":"IF($A356=\"\",\"\",VLOOKUP($A356,Items!$A$8:$J$701,9,FALSE))","v":""},"",{"$f":"IF($A356=\"\",\"\",VLOOKUP($A356,Items!$A$8:$K$701,11,FALSE))","v":""}]
[{"$f":"IF(Items!A357=\"\",\"\",Items!A357)","v":""},{"$f":"IF(Items!B357=\"\",\"\",Items!B357)","v":""},"","","",{"$f":"IF(A357=\"\",\"\",VLOOKUP(A357,Items!$A$8:$AJ$701,34,FALSE))","v":""},{"$f":"IF(A357=\"\",\"\",VLOOKUP(A357,Items!$A$8:$J$701,3,FALSE))","v":""},"",{"$f":"IF($A357=\"\",\"\",VLOOKUP($A357,Items!$A$8:$J$701,5,FALSE))","v":""},"",{"$f":"IF($A357=\"\",\"\",VLOOKUP($A357,Items!$A$8:$J$701,7,FALSE))","v":""},"",{"$f":"IF($A357=\"\",\"\",VLOOKUP($A357,Items!$A$8:$J$701,9,FALSE))","v":""},"",{"$f":"IF($A357=\"\",\"\",VLOOKUP($A357,Items!$A$8:$K$701,11,FALSE))","v":""}]
[{"$f":"IF(Items!A358=\"\",\"\",Items!A358)","v":""},{"$f":"IF(Items!B358=\"\",\"\",Items!B358)","v":""},"","","",{"$f":"IF(A358=\"\",\"\",VLOOKUP(A358,Items!$A$8:$AJ$701,34,FALSE))","v":""},{"$f":"IF(A358=\"\",\"\",VLOOKUP(A358,Items!$A$8:$J$701,3,FALSE))","v":""},"",{"$f":"IF($A358=\"\",\"\",VLOOKUP($A358,Items!$A$8:$J$701,5,FALSE))","v":""},"",{"$f":"IF($A358=\"\",\"\",VLOOKUP($A358,Items!$A$8:$J$701,7,FALSE))","v":""},"",{"$f":"IF($A358=\"\",\"\",VLOOKUP($A358,Items!$A$8:$J$701,9,FALSE))","v":""},"",{"$f":"IF($A358=\"\",\"\",VLOOKUP($A358,Items!$A$8:$K$701,11,FALSE))","v":""}]
[{"$f":"IF(Items!A359=\"\",\"\",Items!A359)","v":""},{"$f":"IF(Items!B359=\"\",\"\",Items!B359)","v":""},"","","",{"$f":"IF(A359=\"\",\"\",VLOOKUP(A359,Items!$A$8:$AJ$701,34,FALSE))","v":""},{"$f":"IF(A359=\"\",\"\",VLOOKUP(A359,Items!$A$8:$J$701,3,FALSE))","v":""},"",{"$f":"IF($A359=\"\",\"\",VLOOKUP($A359,Items!$A$8:$J$701,5,FALSE))","v":""},"",{"$f":"IF($A359=\"\",\"\",VLOOKUP($A359,Items!$A$8:$J$701,7,FALSE))","v":""},"",{"$f":"IF($A359=\"\",\"\",VLOOKUP($A359,Items!$A$8:$J$701,9,FALSE))","v":""},"",{"$f":"IF($A359=\"\",\"\",VLOOKUP($A359,Items!$A$8:$K$701,11,FALSE))","v":""}]
[{"$f":"IF(Items!A360=\"\",\"\",Items!A360)","v":""},{"$f":"IF(Items!B360=\"\",\"\",Items!B360)","v":""},"","","",{"$f":"IF(A360=\"\",\"\",VLOOKUP(A360,Items!$A$8:$AJ$701,34,FALSE))","v":""},{"$f":"IF(A360=\"\",\"\",VLOOKUP(A360,Items!$A$8:$J$701,3,FALSE))","v":""},"",{"$f":"IF($A360=\"\",\"\",VLOOKUP($A360,Items!$A$8:$J$701,5,FALSE))","v":""},"",{"$f":"IF($A360=\"\",\"\",VLOOKUP($A360,Items!$A$8:$J$701,7,FALSE))","v":""},"",{"$f":"IF($A360=\"\",\"\",VLOOKUP($A360,Items!$A$8:$J$701,9,FALSE))","v":""},"",{"$f":"IF($A360=\"\",\"\",VLOOKUP($A360,Items!$A$8:$K$701,11,FALSE))","v":""}]
[{"$f":"IF(Items!A361=\"\",\"\",Items!A361)","v":""},{"$f":"IF(Items!B361=\"\",\"\",Items!B361)","v":""},"","","",{"$f":"IF(A361=\"\",\"\",VLOOKUP(A361,Items!$A$8:$AJ$701,34,FALSE))","v":""},{"$f":"IF(A361=\"\",\"\",VLOOKUP(A361,Items!$A$8:$J$701,3,FALSE))","v":""},"",{"$f":"IF($A361=\"\",\"\",VLOOKUP($A361,Items!$A$8:$J$701,5,FALSE))","v":""},"",{"$f":"IF($A361=\"\",\"\",VLOOKUP($A361,Items!$A$8:$J$701,7,FALSE))","v":""},"",{"$f":"IF($A361=\"\",\"\",VLOOKUP($A361,Items!$A$8:$J$701,9,FALSE))","v":""},"",{"$f":"IF($A361=\"\",\"\",VLOOKUP($A361,Items!$A$8:$K$701,11,FALSE))","v":""}]
[{"$f":"IF(Items!A362=\"\",\"\",Items!A362)","v":""},{"$f":"IF(Items!B362=\"\",\"\",Items!B362)","v":""},"","","",{"$f":"IF(A362=\"\",\"\",VLOOKUP(A362,Items!$A$8:$AJ$701,34,FALSE))","v":""},{"$f":"IF(A362=\"\",\"\",VLOOKUP(A362,Items!$A$8:$J$701,3,FALSE))","v":""},"",{"$f":"IF($A362=\"\",\"\",VLOOKUP($A362,Items!$A$8:$J$701,5,FALSE))","v":""},"",{"$f":"IF($A362=\"\",\"\",VLOOKUP($A362,Items!$A$8:$J$701,7,FALSE))","v":""},"",{"$f":"IF($A362=\"\",\"\",VLOOKUP($A362,Items!$A$8:$J$701,9,FALSE))","v":""},"",{"$f":"IF($A362=\"\",\"\",VLOOKUP($A362,Items!$A$8:$K$701,11,FALSE))","v":""}]
[{"$f":"IF(Items!A363=\"\",\"\",Items!A363)","v":""},{"$f":"IF(Items!B363=\"\",\"\",Items!B363)","v":""},"","","",{"$f":"IF(A363=\"\",\"\",VLOOKUP(A363,Items!$A$8:$AJ$701,34,FALSE))","v":""},{"$f":"IF(A363=\"\",\"\",VLOOKUP(A363,Items!$A$8:$J$701,3,FALSE))","v":""},"",{"$f":"IF($A363=\"\",\"\",VLOOKUP($A363,Items!$A$8:$J$701,5,FALSE))","v":""},"",{"$f":"IF($A363=\"\",\"\",VLOOKUP($A363,Items!$A$8:$J$701,7,FALSE))","v":""},"",{"$f":"IF($A363=\"\",\"\",VLOOKUP($A363,Items!$A$8:$J$701,9,FALSE))","v":""},"",{"$f":"IF($A363=\"\",\"\",VLOOKUP($A363,Items!$A$8:$K$701,11,FALSE))","v":""}]
[{"$f":"IF(Items!A364=\"\",\"\",Items!A364)","v":""},{"$f":"IF(Items!B364=\"\",\"\",Items!B364)","v":""},"","","",{"$f":"IF(A364=\"\",\"\",VLOOKUP(A364,Items!$A$8:$AJ$701,34,FALSE))","v":""},{"$f":"IF(A364=\"\",\"\",VLOOKUP(A364,Items!$A$8:$J$701,3,FALSE))","v":""},"",{"$f":"IF($A364=\"\",\"\",VLOOKUP($A364,Items!$A$8:$J$701,5,FALSE))","v":""},"",{"$f":"IF($A364=\"\",\"\",VLOOKUP($A364,Items!$A$8:$J$701,7,FALSE))","v":""},"",{"$f":"IF($A364=\"\",\"\",VLOOKUP($A364,Items!$A$8:$J$701,9,FALSE))","v":""},"",{"$f":"IF($A364=\"\",\"\",VLOOKUP($A364,Items!$A$8:$K$701,11,FALSE))","v":""}]
[{"$f":"IF(Items!A365=\"\",\"\",Items!A365)","v":""},{"$f":"IF(Items!B365=\"\",\"\",Items!B365)","v":""},"","","",{"$f":"IF(A365=\"\",\"\",VLOOKUP(A365,Items!$A$8:$AJ$701,34,FALSE))","v":""},{"$f":"IF(A365=\"\",\"\",VLOOKUP(A365,Items!$A$8:$J$701,3,FALSE))","v":""},"",{"$f":"IF($A365=\"\",\"\",VLOOKUP($A365,Items!$A$8:$J$701,5,FALSE))","v":""},"",{"$f":"IF($A365=\"\",\"\",VLOOKUP($A365,Items!$A$8:$J$701,7,FALSE))","v":""},"",{"$f":"IF($A365=\"\",\"\",VLOOKUP($A365,Items!$A$8:$J$701,9,FALSE))","v":""},"",{"$f":"IF($A365=\"\",\"\",VLOOKUP($A365,Items!$A$8:$K$701,11,FALSE))","v":""}]
[{"$f":"IF(Items!A366=\"\",\"\",Items!A366)","v":""},{"$f":"IF(Items!B366=\"\",\"\",Items!B366)","v":""},"","","",{"$f":"IF(A366=\"\",\"\",VLOOKUP(A366,Items!$A$8:$AJ$701,34,FALSE))","v":""},{"$f":"IF(A366=\"\",\"\",VLOOKUP(A366,Items!$A$8:$J$701,3,FALSE))","v":""},"",{"$f":"IF($A366=\"\",\"\",VLOOKUP($A366,Items!$A$8:$J$701,5,FALSE))","v":""},"",{"$f":"IF($A366=\"\",\"\",VLOOKUP($A366,Items!$A$8:$J$701,7,FALSE))","v":""},"",{"$f":"IF($A366=\"\",\"\",VLOOKUP($A366,Items!$A$8:$J$701,9,FALSE))","v":""},"",{"$f":"IF($A366=\"\",\"\",VLOOKUP($A366,Items!$A$8:$K$701,11,FALSE))","v":""}]
[{"$f":"IF(Items!A367=\"\",\"\",Items!A367)","v":""},{"$f":"IF(Items!B367=\"\",\"\",Items!B367)","v":""},"","","",{"$f":"IF(A367=\"\",\"\",VLOOKUP(A367,Items!$A$8:$AJ$701,34,FALSE))","v":""},{"$f":"IF(A367=\"\",\"\",VLOOKUP(A367,Items!$A$8:$J$701,3,FALSE))","v":""},"",{"$f":"IF($A367=\"\",\"\",VLOOKUP($A367,Items!$A$8:$J$701,5,FALSE))","v":""},"",{"$f":"IF($A367=\"\",\"\",VLOOKUP($A367,Items!$A$8:$J$701,7,FALSE))","v":""},"",{"$f":"IF($A367=\"\",\"\",VLOOKUP($A367,Items!$A$8:$J$701,9,FALSE))","v":""},"",{"$f":"IF($A367=\"\",\"\",VLOOKUP($A367,Items!$A$8:$K$701,11,FALSE))","v":""}]
[{"$f":"IF(Items!A368=\"\",\"\",Items!A368)","v":""},{"$f":"IF(Items!B368=\"\",\"\",Items!B368)","v":""},"","","",{"$f":"IF(A368=\"\",\"\",VLOOKUP(A368,Items!$A$8:$AJ$701,34,FALSE))","v":""},{"$f":"IF(A368=\"\",\"\",VLOOKUP(A368,Items!$A$8:$J$701,3,FALSE))","v":""},"",{"$f":"IF($A368=\"\",\"\",VLOOKUP($A368,Items!$A$8:$J$701,5,FALSE))","v":""},"",{"$f":"IF($A368=\"\",\"\",VLOOKUP($A368,Items!$A$8:$J$701,7,FALSE))","v":""},"",{"$f":"IF($A368=\"\",\"\",VLOOKUP($A368,Items!$A$8:$J$701,9,FALSE))","v":""},"",{"$f":"IF($A368=\"\",\"\",VLOOKUP($A368,Items!$A$8:$K$701,11,FALSE))","v":""}]
[{"$f":"IF(Items!A369=\"\",\"\",Items!A369)","v":""},{"$f":"IF(Items!B369=\"\",\"\",Items!B369)","v":""},"","","",{"$f":"IF(A369=\"\",\"\",VLOOKUP(A369,Items!$A$8:$AJ$701,34,FALSE))","v":""},{"$f":"IF(A369=\"\",\"\",VLOOKUP(A369,Items!$A$8:$J$701,3,FALSE))","v":""},"",{"$f":"IF($A369=\"\",\"\",VLOOKUP($A369,Items!$A$8:$J$701,5,FALSE))","v":""},"",{"$f":"IF($A369=\"\",\"\",VLOOKUP($A369,Items!$A$8:$J$701,7,FALSE))","v":""},"",{"$f":"IF($A369=\"\",\"\",VLOOKUP($A369,Items!$A$8:$J$701,9,FALSE))","v":""},"",{"$f":"IF($A369=\"\",\"\",VLOOKUP($A369,Items!$A$8:$K$701,11,FALSE))","v":""}]
[{"$f":"IF(Items!A370=\"\",\"\",Items!A370)","v":""},{"$f":"IF(Items!B370=\"\",\"\",Items!B370)","v":""},"","","",{"$f":"IF(A370=\"\",\"\",VLOOKUP(A370,Items!$A$8:$AJ$701,34,FALSE))","v":""},{"$f":"IF(A370=\"\",\"\",VLOOKUP(A370,Items!$A$8:$J$701,3,FALSE))","v":""},"",{"$f":"IF($A370=\"\",\"\",VLOOKUP($A370,Items!$A$8:$J$701,5,FALSE))","v":""},"",{"$f":"IF($A370=\"\",\"\",VLOOKUP($A370,Items!$A$8:$J$701,7,FALSE))","v":""},"",{"$f":"IF($A370=\"\",\"\",VLOOKUP($A370,Items!$A$8:$J$701,9,FALSE))","v":""},"",{"$f":"IF($A370=\"\",\"\",VLOOKUP($A370,Items!$A$8:$K$701,11,FALSE))","v":""}]
[{"$f":"IF(Items!A371=\"\",\"\",Items!A371)","v":""},{"$f":"IF(Items!B371=\"\",\"\",Items!B371)","v":""},"","","",{"$f":"IF(A371=\"\",\"\",VLOOKUP(A371,Items!$A$8:$AJ$701,34,FALSE))","v":""},{"$f":"IF(A371=\"\",\"\",VLOOKUP(A371,Items!$A$8:$J$701,3,FALSE))","v":""},"",{"$f":"IF($A371=\"\",\"\",VLOOKUP($A371,Items!$A$8:$J$701,5,FALSE))","v":""},"",{"$f":"IF($A371=\"\",\"\",VLOOKUP($A371,Items!$A$8:$J$701,7,FALSE))","v":""},"",{"$f":"IF($A371=\"\",\"\",VLOOKUP($A371,Items!$A$8:$J$701,9,FALSE))","v":""},"",{"$f":"IF($A371=\"\",\"\",VLOOKUP($A371,Items!$A$8:$K$701,11,FALSE))","v":""}]
[{"$f":"IF(Items!A372=\"\",\"\",Items!A372)","v":""},{"$f":"IF(Items!B372=\"\",\"\",Items!B372)","v":""},"","","",{"$f":"IF(A372=\"\",\"\",VLOOKUP(A372,Items!$A$8:$AJ$701,34,FALSE))","v":""},{"$f":"IF(A372=\"\",\"\",VLOOKUP(A372,Items!$A$8:$J$701,3,FALSE))","v":""},"",{"$f":"IF($A372=\"\",\"\",VLOOKUP($A372,Items!$A$8:$J$701,5,FALSE))","v":""},"",{"$f":"IF($A372=\"\",\"\",VLOOKUP($A372,Items!$A$8:$J$701,7,FALSE))","v":""},"",{"$f":"IF($A372=\"\",\"\",VLOOKUP($A372,Items!$A$8:$J$701,9,FALSE))","v":""},"",{"$f":"IF($A372=\"\",\"\",VLOOKUP($A372,Items!$A$8:$K$701,11,FALSE))","v":""}]
[{"$f":"IF(Items!A373=\"\",\"\",Items!A373)","v":""},{"$f":"IF(Items!B373=\"\",\"\",Items!B373)","v":""},"","","",{"$f":"IF(A373=\"\",\"\",VLOOKUP(A373,Items!$A$8:$AJ$701,34,FALSE))","v":""},{"$f":"IF(A373=\"\",\"\",VLOOKUP(A373,Items!$A$8:$J$701,3,FALSE))","v":""},"",{"$f":"IF($A373=\"\",\"\",VLOOKUP($A373,Items!$A$8:$J$701,5,FALSE))","v":""},"",{"$f":"IF($A373=\"\",\"\",VLOOKUP($A373,Items!$A$8:$J$701,7,FALSE))","v":""},"",{"$f":"IF($A373=\"\",\"\",VLOOKUP($A373,Items!$A$8:$J$701,9,FALSE))","v":""},"",{"$f":"IF($A373=\"\",\"\",VLOOKUP($A373,Items!$A$8:$K$701,11,FALSE))","v":""}]
[{"$f":"IF(Items!A374=\"\",\"\",Items!A374)","v":""},{"$f":"IF(Items!B374=\"\",\"\",Items!B374)","v":""},"","","",{"$f":"IF(A374=\"\",\"\",VLOOKUP(A374,Items!$A$8:$AJ$701,34,FALSE))","v":""},{"$f":"IF(A374=\"\",\"\",VLOOKUP(A374,Items!$A$8:$J$701,3,FALSE))","v":""},"",{"$f":"IF($A374=\"\",\"\",VLOOKUP($A374,Items!$A$8:$J$701,5,FALSE))","v":""},"",{"$f":"IF($A374=\"\",\"\",VLOOKUP($A374,Items!$A$8:$J$701,7,FALSE))","v":""},"",{"$f":"IF($A374=\"\",\"\",VLOOKUP($A374,Items!$A$8:$J$701,9,FALSE))","v":""},"",{"$f":"IF($A374=\"\",\"\",VLOOKUP($A374,Items!$A$8:$K$701,11,FALSE))","v":""}]
[{"$f":"IF(Items!A375=\"\",\"\",Items!A375)","v":""},{"$f":"IF(Items!B375=\"\",\"\",Items!B375)","v":""},"","","",{"$f":"IF(A375=\"\",\"\",VLOOKUP(A375,Items!$A$8:$AJ$701,34,FALSE))","v":""},{"$f":"IF(A375=\"\",\"\",VLOOKUP(A375,Items!$A$8:$J$701,3,FALSE))","v":""},"",{"$f":"IF($A375=\"\",\"\",VLOOKUP($A375,Items!$A$8:$J$701,5,FALSE))","v":""},"",{"$f":"IF($A375=\"\",\"\",VLOOKUP($A375,Items!$A$8:$J$701,7,FALSE))","v":""},"",{"$f":"IF($A375=\"\",\"\",VLOOKUP($A375,Items!$A$8:$J$701,9,FALSE))","v":""},"",{"$f":"IF($A375=\"\",\"\",VLOOKUP($A375,Items!$A$8:$K$701,11,FALSE))","v":""}]
[{"$f":"IF(Items!A376=\"\",\"\",Items!A376)","v":""},{"$f":"IF(Items!B376=\"\",\"\",Items!B376)","v":""},"","","",{"$f":"IF(A376=\"\",\"\",VLOOKUP(A376,Items!$A$8:$AJ$701,34,FALSE))","v":""},{"$f":"IF(A376=\"\",\"\",VLOOKUP(A376,Items!$A$8:$J$701,3,FALSE))","v":""},"",{"$f":"IF($A376=\"\",\"\",VLOOKUP($A376,Items!$A$8:$J$701,5,FALSE))","v":""},"",{"$f":"IF($A376=\"\",\"\",VLOOKUP($A376,Items!$A$8:$J$701,7,FALSE))","v":""},"",{"$f":"IF($A376=\"\",\"\",VLOOKUP($A376,Items!$A$8:$J$701,9,FALSE))","v":""},"",{"$f":"IF($A376=\"\",\"\",VLOOKUP($A376,Items!$A$8:$K$701,11,FALSE))","v":""}]
[{"$f":"IF(Items!A377=\"\",\"\",Items!A377)","v":""},{"$f":"IF(Items!B377=\"\",\"\",Items!B377)","v":""},"","","",{"$f":"IF(A377=\"\",\"\",VLOOKUP(A377,Items!$A$8:$AJ$701,34,FALSE))","v":""},{"$f":"IF(A377=\"\",\"\",VLOOKUP(A377,Items!$A$8:$J$701,3,FALSE))","v":""},"",{"$f":"IF($A377=\"\",\"\",VLOOKUP($A377,Items!$A$8:$J$701,5,FALSE))","v":""},"",{"$f":"IF($A377=\"\",\"\",VLOOKUP($A377,Items!$A$8:$J$701,7,FALSE))","v":""},"",{"$f":"IF($A377=\"\",\"\",VLOOKUP($A377,Items!$A$8:$J$701,9,FALSE))","v":""},"",{"$f":"IF($A377=\"\",\"\",VLOOKUP($A377,Items!$A$8:$K$701,11,FALSE))","v":""}]
[{"$f":"IF(Items!A378=\"\",\"\",Items!A378)","v":""},{"$f":"IF(Items!B378=\"\",\"\",Items!B378)","v":""},"","","",{"$f":"IF(A378=\"\",\"\",VLOOKUP(A378,Items!$A$8:$AJ$701,34,FALSE))","v":""},{"$f":"IF(A378=\"\",\"\",VLOOKUP(A378,Items!$A$8:$J$701,3,FALSE))","v":""},"",{"$f":"IF($A378=\"\",\"\",VLOOKUP($A378,Items!$A$8:$J$701,5,FALSE))","v":""},"",{"$f":"IF($A378=\"\",\"\",VLOOKUP($A378,Items!$A$8:$J$701,7,FALSE))","v":""},"",{"$f":"IF($A378=\"\",\"\",VLOOKUP($A378,Items!$A$8:$J$701,9,FALSE))","v":""},"",{"$f":"IF($A378=\"\",\"\",VLOOKUP($A378,Items!$A$8:$K$701,11,FALSE))","v":""}]
[{"$f":"IF(Items!A379=\"\",\"\",Items!A379)","v":""},{"$f":"IF(Items!B379=\"\",\"\",Items!B379)","v":""},"","","",{"$f":"IF(A379=\"\",\"\",VLOOKUP(A379,Items!$A$8:$AJ$701,34,FALSE))","v":""},{"$f":"IF(A379=\"\",\"\",VLOOKUP(A379,Items!$A$8:$J$701,3,FALSE))","v":""},"",{"$f":"IF($A379=\"\",\"\",VLOOKUP($A379,Items!$A$8:$J$701,5,FALSE))","v":""},"",{"$f":"IF($A379=\"\",\"\",VLOOKUP($A379,Items!$A$8:$J$701,7,FALSE))","v":""},"",{"$f":"IF($A379=\"\",\"\",VLOOKUP($A379,Items!$A$8:$J$701,9,FALSE))","v":""},"",{"$f":"IF($A379=\"\",\"\",VLOOKUP($A379,Items!$A$8:$K$701,11,FALSE))","v":""}]
[{"$f":"IF(Items!A380=\"\",\"\",Items!A380)","v":""},{"$f":"IF(Items!B380=\"\",\"\",Items!B380)","v":""},"","","",{"$f":"IF(A380=\"\",\"\",VLOOKUP(A380,Items!$A$8:$AJ$701,34,FALSE))","v":""},{"$f":"IF(A380=\"\",\"\",VLOOKUP(A380,Items!$A$8:$J$701,3,FALSE))","v":""},"",{"$f":"IF($A380=\"\",\"\",VLOOKUP($A380,Items!$A$8:$J$701,5,FALSE))","v":""},"",{"$f":"IF($A380=\"\",\"\",VLOOKUP($A380,Items!$A$8:$J$701,7,FALSE))","v":""},"",{"$f":"IF($A380=\"\",\"\",VLOOKUP($A380,Items!$A$8:$J$701,9,FALSE))","v":""},"",{"$f":"IF($A380=\"\",\"\",VLOOKUP($A380,Items!$A$8:$K$701,11,FALSE))","v":""}]
[{"$f":"IF(Items!A381=\"\",\"\",Items!A381)","v":""},{"$f":"IF(Items!B381=\"\",\"\",Items!B381)","v":""},"","","",{"$f":"IF(A381=\"\",\"\",VLOOKUP(A381,Items!$A$8:$AJ$701,34,FALSE))","v":""},{"$f":"IF(A381=\"\",\"\",VLOOKUP(A381,Items!$A$8:$J$701,3,FALSE))","v":""},"",{"$f":"IF($A381=\"\",\"\",VLOOKUP($A381,Items!$A$8:$J$701,5,FALSE))","v":""},"",{"$f":"IF($A381=\"\",\"\",VLOOKUP($A381,Items!$A$8:$J$701,7,FALSE))","v":""},"",{"$f":"IF($A381=\"\",\"\",VLOOKUP($A381,Items!$A$8:$J$701,9,FALSE))","v":""},"",{"$f":"IF($A381=\"\",\"\",VLOOKUP($A381,Items!$A$8:$K$701,11,FALSE))","v":""}]
[{"$f":"IF(Items!A382=\"\",\"\",Items!A382)","v":""},{"$f":"IF(Items!B382=\"\",\"\",Items!B382)","v":""},"","","",{"$f":"IF(A382=\"\",\"\",VLOOKUP(A382,Items!$A$8:$AJ$701,34,FALSE))","v":""},{"$f":"IF(A382=\"\",\"\",VLOOKUP(A382,Items!$A$8:$J$701,3,FALSE))","v":""},"",{"$f":"IF($A382=\"\",\"\",VLOOKUP($A382,Items!$A$8:$J$701,5,FALSE))","v":""},"",{"$f":"IF($A382=\"\",\"\",VLOOKUP($A382,Items!$A$8:$J$701,7,FALSE))","v":""},"",{"$f":"IF($A382=\"\",\"\",VLOOKUP($A382,Items!$A$8:$J$701,9,FALSE))","v":""},"",{"$f":"IF($A382=\"\",\"\",VLOOKUP($A382,Items!$A$8:$K$701,11,FALSE))","v":""}]
[{"$f":"IF(Items!A383=\"\",\"\",Items!A383)","v":""},{"$f":"IF(Items!B383=\"\",\"\",Items!B383)","v":""},"","","",{"$f":"IF(A383=\"\",\"\",VLOOKUP(A383,Items!$A$8:$AJ$701,34,FALSE))","v":""},{"$f":"IF(A383=\"\",\"\",VLOOKUP(A383,Items!$A$8:$J$701,3,FALSE))","v":""},"",{"$f":"IF($A383=\"\",\"\",VLOOKUP($A383,Items!$A$8:$J$701,5,FALSE))","v":""},"",{"$f":"IF($A383=\"\",\"\",VLOOKUP($A383,Items!$A$8:$J$701,7,FALSE))","v":""},"",{"$f":"IF($A383=\"\",\"\",VLOOKUP($A383,Items!$A$8:$J$701,9,FALSE))","v":""},"",{"$f":"IF($A383=\"\",\"\",VLOOKUP($A383,Items!$A$8:$K$701,11,FALSE))","v":""}]
[{"$f":"IF(Items!A384=\"\",\"\",Items!A384)","v":""},{"$f":"IF(Items!B384=\"\",\"\",Items!B384)","v":""},"","","",{"$f":"IF(A384=\"\",\"\",VLOOKUP(A384,Items!$A$8:$AJ$701,34,FALSE))","v":""},{"$f":"IF(A384=\"\",\"\",VLOOKUP(A384,Items!$A$8:$J$701,3,FALSE))","v":""},"",{"$f":"IF($A384=\"\",\"\",VLOOKUP($A384,Items!$A$8:$J$701,5,FALSE))","v":""},"",{"$f":"IF($A384=\"\",\"\",VLOOKUP($A384,Items!$A$8:$J$701,7,FALSE))","v":""},"",{"$f":"IF($A384=\"\",\"\",VLOOKUP($A384,Items!$A$8:$J$701,9,FALSE))","v":""},"",{"$f":"IF($A384=\"\",\"\",VLOOKUP($A384,Items!$A$8:$K$701,11,FALSE))","v":""}]
[{"$f":"IF(Items!A385=\"\",\"\",Items!A385)","v":""},{"$f":"IF(Items!B385=\"\",\"\",Items!B385)","v":""},"","","",{"$f":"IF(A385=\"\",\"\",VLOOKUP(A385,Items!$A$8:$AJ$701,34,FALSE))","v":""},{"$f":"IF(A385=\"\",\"\",VLOOKUP(A385,Items!$A$8:$J$701,3,FALSE))","v":""},"",{"$f":"IF($A385=\"\",\"\",VLOOKUP($A385,Items!$A$8:$J$701,5,FALSE))","v":""},"",{"$f":"IF($A385=\"\",\"\",VLOOKUP($A385,Items!$A$8:$J$701,7,FALSE))","v":""},"",{"$f":"IF($A385=\"\",\"\",VLOOKUP($A385,Items!$A$8:$J$701,9,FALSE))","v":""},"",{"$f":"IF($A385=\"\",\"\",VLOOKUP($A385,Items!$A$8:$K$701,11,FALSE))","v":""}]
[{"$f":"IF(Items!A386=\"\",\"\",Items!A386)","v":""},{"$f":"IF(Items!B386=\"\",\"\",Items!B386)","v":""},"","","",{"$f":"IF(A386=\"\",\"\",VLOOKUP(A386,Items!$A$8:$AJ$701,34,FALSE))","v":""},{"$f":"IF(A386=\"\",\"\",VLOOKUP(A386,Items!$A$8:$J$701,3,FALSE))","v":""},"",{"$f":"IF($A386=\"\",\"\",VLOOKUP($A386,Items!$A$8:$J$701,5,FALSE))","v":""},"",{"$f":"IF($A386=\"\",\"\",VLOOKUP($A386,Items!$A$8:$J$701,7,FALSE))","v":""},"",{"$f":"IF($A386=\"\",\"\",VLOOKUP($A386,Items!$A$8:$J$701,9,FALSE))","v":""},"",{"$f":"IF($A386=\"\",\"\",VLOOKUP($A386,Items!$A$8:$K$701,11,FALSE))","v":""}]
[{"$f":"IF(Items!A387=\"\",\"\",Items!A387)","v":""},{"$f":"IF(Items!B387=\"\",\"\",Items!B387)","v":""},"","","",{"$f":"IF(A387=\"\",\"\",VLOOKUP(A387,Items!$A$8:$AJ$701,34,FALSE))","v":""},{"$f":"IF(A387=\"\",\"\",VLOOKUP(A387,Items!$A$8:$J$701,3,FALSE))","v":""},"",{"$f":"IF($A387=\"\",\"\",VLOOKUP($A387,Items!$A$8:$J$701,5,FALSE))","v":""},"",{"$f":"IF($A387=\"\",\"\",VLOOKUP($A387,Items!$A$8:$J$701,7,FALSE))","v":""},"",{"$f":"IF($A387=\"\",\"\",VLOOKUP($A387,Items!$A$8:$J$701,9,FALSE))","v":""},"",{"$f":"IF($A387=\"\",\"\",VLOOKUP($A387,Items!$A$8:$K$701,11,FALSE))","v":""}]
[{"$f":"IF(Items!A388=\"\",\"\",Items!A388)","v":""},{"$f":"IF(Items!B388=\"\",\"\",Items!B388)","v":""},"","","",{"$f":"IF(A388=\"\",\"\",VLOOKUP(A388,Items!$A$8:$AJ$701,34,FALSE))","v":""},{"$f":"IF(A388=\"\",\"\",VLOOKUP(A388,Items!$A$8:$J$701,3,FALSE))","v":""},"",{"$f":"IF($A388=\"\",\"\",VLOOKUP($A388,Items!$A$8:$J$701,5,FALSE))","v":""},"",{"$f":"IF($A388=\"\",\"\",VLOOKUP($A388,Items!$A$8:$J$701,7,FALSE))","v":""},"",{"$f":"IF($A388=\"\",\"\",VLOOKUP($A388,Items!$A$8:$J$701,9,FALSE))","v":""},"",{"$f":"IF($A388=\"\",\"\",VLOOKUP($A388,Items!$A$8:$K$701,11,FALSE))","v":""}]
[{"$f":"IF(Items!A389=\"\",\"\",Items!A389)","v":""},{"$f":"IF(Items!B389=\"\",\"\",Items!B389)","v":""},"","","",{"$f":"IF(A389=\"\",\"\",VLOOKUP(A389,Items!$A$8:$AJ$701,34,FALSE))","v":""},{"$f":"IF(A389=\"\",\"\",VLOOKUP(A389,Items!$A$8:$J$701,3,FALSE))","v":""},"",{"$f":"IF($A389=\"\",\"\",VLOOKUP($A389,Items!$A$8:$J$701,5,FALSE))","v":""},"",{"$f":"IF($A389=\"\",\"\",VLOOKUP($A389,Items!$A$8:$J$701,7,FALSE))","v":""},"",{"$f":"IF($A389=\"\",\"\",VLOOKUP($A389,Items!$A$8:$J$701,9,FALSE))","v":""},"",{"$f":"IF($A389=\"\",\"\",VLOOKUP($A389,Items!$A$8:$K$701,11,FALSE))","v":""}]
[{"$f":"IF(Items!A390=\"\",\"\",Items!A390)","v":""},{"$f":"IF(Items!B390=\"\",\"\",Items!B390)","v":""},"","","",{"$f":"IF(A390=\"\",\"\",VLOOKUP(A390,Items!$A$8:$AJ$701,34,FALSE))","v":""},{"$f":"IF(A390=\"\",\"\",VLOOKUP(A390,Items!$A$8:$J$701,3,FALSE))","v":""},"",{"$f":"IF($A390=\"\",\"\",VLOOKUP($A390,Items!$A$8:$J$701,5,FALSE))","v":""},"",{"$f":"IF($A390=\"\",\"\",VLOOKUP($A390,Items!$A$8:$J$701,7,FALSE))","v":""},"",{"$f":"IF($A390=\"\",\"\",VLOOKUP($A390,Items!$A$8:$J$701,9,FALSE))","v":""},"",{"$f":"IF($A390=\"\",\"\",VLOOKUP($A390,Items!$A$8:$K$701,11,FALSE))","v":""}]
[{"$f":"IF(Items!A391=\"\",\"\",Items!A391)","v":""},{"$f":"IF(Items!B391=\"\",\"\",Items!B391)","v":""},"","","",{"$f":"IF(A391=\"\",\"\",VLOOKUP(A391,Items!$A$8:$AJ$701,34,FALSE))","v":""},{"$f":"IF(A391=\"\",\"\",VLOOKUP(A391,Items!$A$8:$J$701,3,FALSE))","v":""},"",{"$f":"IF($A391=\"\",\"\",VLOOKUP($A391,Items!$A$8:$J$701,5,FALSE))","v":""},"",{"$f":"IF($A391=\"\",\"\",VLOOKUP($A391,Items!$A$8:$J$701,7,FALSE))","v":""},"",{"$f":"IF($A391=\"\",\"\",VLOOKUP($A391,Items!$A$8:$J$701,9,FALSE))","v":""},"",{"$f":"IF($A391=\"\",\"\",VLOOKUP($A391,Items!$A$8:$K$701,11,FALSE))","v":""}]
[{"$f":"IF(Items!A392=\"\",\"\",Items!A392)","v":""},{"$f":"IF(Items!B392=\"\",\"\",Items!B392)","v":""},"","","",{"$f":"IF(A392=\"\",\"\",VLOOKUP(A392,Items!$A$8:$AJ$701,34,FALSE))","v":""},{"$f":"IF(A392=\"\",\"\",VLOOKUP(A392,Items!$A$8:$J$701,3,FALSE))","v":""},"",{"$f":"IF($A392=\"\",\"\",VLOOKUP($A392,Items!$A$8:$J$701,5,FALSE))","v":""},"",{"$f":"IF($A392=\"\",\"\",VLOOKUP($A392,Items!$A$8:$J$701,7,FALSE))","v":""},"",{"$f":"IF($A392=\"\",\"\",VLOOKUP($A392,Items!$A$8:$J$701,9,FALSE))","v":""},"",{"$f":"IF($A392=\"\",\"\",VLOOKUP($A392,Items!$A$8:$K$701,11,FALSE))","v":""}]
[{"$f":"IF(Items!A393=\"\",\"\",Items!A393)","v":""},{"$f":"IF(Items!B393=\"\",\"\",Items!B393)","v":""},{"$f":"IF(A393=\"\",\"\",\"x\")","v":""},{"$f":"IF(A393=\"\",\"\",LEFT(A393,1)*100)","v":""},{"$f":"IF(A393=\"\",\"\",LEFT(A393,3))","v":""},{"$f":"IF(A393=\"\",\"\",VLOOKUP(A393,Items!$A$8:$AJ$701,34,FALSE))","v":""},{"$f":"IF(A393=\"\",\"\",VLOOKUP(A393,Items!$A$8:$J$701,3,FALSE))","v":""},{"$f":"IF(OR($F393=\"\",$F393=0),\"\",I393/$F393)","v":""},{"$f":"IF($A393=\"\",\"\",VLOOKUP($A393,Items!$A$8:$J$701,5,FALSE))","v":""},{"$f":"IF(OR($F393=\"\",$F393=0),\"\",K393/$F393)","v":""},{"$f":"IF($A393=\"\",\"\",VLOOKUP($A393,Items!$A$8:$J$701,7,FALSE))","v":""},{"$f":"IF(OR($F393=\"\",$F393=0),\"\",M393/$F393)","v":""},{"$f":"IF($A393=\"\",\"\",VLOOKUP($A393,Items!$A$8:$J$701,9,FALSE))","v":""},{"$f":"IF(OR($F393=\"\",$F393=0),\"\",O393/$F393)","v":""},{"$f":"IF($A393=\"\",\"\",VLOOKUP($A393,Items!$A$8:$K$701,11,FALSE))","v":""}]
[{"$f":"IF(Items!A394=\"\",\"\",Items!A394)","v":""},{"$f":"IF(Items!B394=\"\",\"\",Items!B394)","v":""},"","","",{"$f":"IF(A394=\"\",\"\",VLOOKUP(A394,Items!$A$8:$AJ$701,34,FALSE))","v":""},{"$f":"IF(A394=\"\",\"\",VLOOKUP(A394,Items!$A$8:$J$701,3,FALSE))","v":""},"",{"$f":"IF($A394=\"\",\"\",VLOOKUP($A394,Items!$A$8:$J$701,5,FALSE))","v":""},"",{"$f":"IF($A394=\"\",\"\",VLOOKUP($A394,Items!$A$8:$J$701,7,FALSE))","v":""},"",{"$f":"IF($A394=\"\",\"\",VLOOKUP($A394,Items!$A$8:$J$701,9,FALSE))","v":""},"",{"$f":"IF($A394=\"\",\"\",VLOOKUP($A394,Items!$A$8:$K$701,11,FALSE))","v":""}]
[{"$f":"IF(Items!A395=\"\",\"\",Items!A395)","v":""},{"$f":"IF(Items!B395=\"\",\"\",Items!B395)","v":""},"","","",{"$f":"IF(A395=\"\",\"\",VLOOKUP(A395,Items!$A$8:$AJ$701,34,FALSE))","v":""},{"$f":"IF(A395=\"\",\"\",VLOOKUP(A395,Items!$A$8:$J$701,3,FALSE))","v":""},"",{"$f":"IF($A395=\"\",\"\",VLOOKUP($A395,Items!$A$8:$J$701,5,FALSE))","v":""},"",{"$f":"IF($A395=\"\",\"\",VLOOKUP($A395,Items!$A$8:$J$701,7,FALSE))","v":""},"",{"$f":"IF($A395=\"\",\"\",VLOOKUP($A395,Items!$A$8:$J$701,9,FALSE))","v":""},"",{"$f":"IF($A395=\"\",\"\",VLOOKUP($A395,Items!$A$8:$K$701,11,FALSE))","v":""}]
[{"$f":"IF(Items!A396=\"\",\"\",Items!A396)","v":""},{"$f":"IF(Items!B396=\"\",\"\",Items!B396)","v":""},"","","",{"$f":"IF(A396=\"\",\"\",VLOOKUP(A396,Items!$A$8:$AJ$701,34,FALSE))","v":""},{"$f":"IF(A396=\"\",\"\",VLOOKUP(A396,Items!$A$8:$J$701,3,FALSE))","v":""},"",{"$f":"IF($A396=\"\",\"\",VLOOKUP($A396,Items!$A$8:$J$701,5,FALSE))","v":""},"",{"$f":"IF($A396=\"\",\"\",VLOOKUP($A396,Items!$A$8:$J$701,7,FALSE))","v":""},"",{"$f":"IF($A396=\"\",\"\",VLOOKUP($A396,Items!$A$8:$J$701,9,FALSE))","v":""},"",{"$f":"IF($A396=\"\",\"\",VLOOKUP($A396,Items!$A$8:$K$701,11,FALSE))","v":""}]
[{"$f":"IF(Items!A397=\"\",\"\",Items!A397)","v":""},{"$f":"IF(Items!B397=\"\",\"\",Items!B397)","v":""},"","","",{"$f":"IF(A397=\"\",\"\",VLOOKUP(A397,Items!$A$8:$AJ$701,34,FALSE))","v":""},{"$f":"IF(A397=\"\",\"\",VLOOKUP(A397,Items!$A$8:$J$701,3,FALSE))","v":""},"",{"$f":"IF($A397=\"\",\"\",VLOOKUP($A397,Items!$A$8:$J$701,5,FALSE))","v":""},"",{"$f":"IF($A397=\"\",\"\",VLOOKUP($A397,Items!$A$8:$J$701,7,FALSE))","v":""},"",{"$f":"IF($A397=\"\",\"\",VLOOKUP($A397,Items!$A$8:$J$701,9,FALSE))","v":""},"",{"$f":"IF($A397=\"\",\"\",VLOOKUP($A397,Items!$A$8:$K$701,11,FALSE))","v":""}]
[{"$f":"IF(Items!A398=\"\",\"\",Items!A398)","v":""},{"$f":"IF(Items!B398=\"\",\"\",Items!B398)","v":""},"","","",{"$f":"IF(A398=\"\",\"\",VLOOKUP(A398,Items!$A$8:$AJ$701,34,FALSE))","v":""},{"$f":"IF(A398=\"\",\"\",VLOOKUP(A398,Items!$A$8:$J$701,3,FALSE))","v":""},"",{"$f":"IF($A398=\"\",\"\",VLOOKUP($A398,Items!$A$8:$J$701,5,FALSE))","v":""},"",{"$f":"IF($A398=\"\",\"\",VLOOKUP($A398,Items!$A$8:$J$701,7,FALSE))","v":""},"",{"$f":"IF($A398=\"\",\"\",VLOOKUP($A398,Items!$A$8:$J$701,9,FALSE))","v":""},"",{"$f":"IF($A398=\"\",\"\",VLOOKUP($A398,Items!$A$8:$K$701,11,FALSE))","v":""}]
[{"$f":"IF(Items!A399=\"\",\"\",Items!A399)","v":""},{"$f":"IF(Items!B399=\"\",\"\",Items!B399)","v":""},"","","",{"$f":"IF(A399=\"\",\"\",VLOOKUP(A399,Items!$A$8:$AJ$701,34,FALSE))","v":""},{"$f":"IF(A399=\"\",\"\",VLOOKUP(A399,Items!$A$8:$J$701,3,FALSE))","v":""},"",{"$f":"IF($A399=\"\",\"\",VLOOKUP($A399,Items!$A$8:$J$701,5,FALSE))","v":""},"",{"$f":"IF($A399=\"\",\"\",VLOOKUP($A399,Items!$A$8:$J$701,7,FALSE))","v":""},"",{"$f":"IF($A399=\"\",\"\",VLOOKUP($A399,Items!$A$8:$J$701,9,FALSE))","v":""},"",{"$f":"IF($A399=\"\",\"\",VLOOKUP($A399,Items!$A$8:$K$701,11,FALSE))","v":""}]
[{"$f":"IF(Items!A400=\"\",\"\",Items!A400)","v":""},{"$f":"IF(Items!B400=\"\",\"\",Items!B400)","v":""},"","","",{"$f":"IF(A400=\"\",\"\",VLOOKUP(A400,Items!$A$8:$AJ$701,34,FALSE))","v":""},{"$f":"IF(A400=\"\",\"\",VLOOKUP(A400,Items!$A$8:$J$701,3,FALSE))","v":""},"",{"$f":"IF($A400=\"\",\"\",VLOOKUP($A400,Items!$A$8:$J$701,5,FALSE))","v":""},"",{"$f":"IF($A400=\"\",\"\",VLOOKUP($A400,Items!$A$8:$J$701,7,FALSE))","v":""},"",{"$f":"IF($A400=\"\",\"\",VLOOKUP($A400,Items!$A$8:$J$701,9,FALSE))","v":""},"",{"$f":"IF($A400=\"\",\"\",VLOOKUP($A400,Items!$A$8:$K$701,11,FALSE))","v":""}]
[{"$f":"IF(Items!A401=\"\",\"\",Items!A401)","v":""},{"$f":"IF(Items!B401=\"\",\"\",Items!B401)","v":""},"","","",{"$f":"IF(A401=\"\",\"\",VLOOKUP(A401,Items!$A$8:$AJ$701,34,FALSE))","v":""},{"$f":"IF(A401=\"\",\"\",VLOOKUP(A401,Items!$A$8:$J$701,3,FALSE))","v":""},"",{"$f":"IF($A401=\"\",\"\",VLOOKUP($A401,Items!$A$8:$J$701,5,FALSE))","v":""},"",{"$f":"IF($A401=\"\",\"\",VLOOKUP($A401,Items!$A$8:$J$701,7,FALSE))","v":""},"",{"$f":"IF($A401=\"\",\"\",VLOOKUP($A401,Items!$A$8:$J$701,9,FALSE))","v":""},"",{"$f":"IF($A401=\"\",\"\",VLOOKUP($A401,Items!$A$8:$K$701,11,FALSE))","v":""}]
[{"$f":"IF(Items!A402=\"\",\"\",Items!A402)","v":""},{"$f":"IF(Items!B402=\"\",\"\",Items!B402)","v":""},"","","",{"$f":"IF(A402=\"\",\"\",VLOOKUP(A402,Items!$A$8:$AJ$701,34,FALSE))","v":""},{"$f":"IF(A402=\"\",\"\",VLOOKUP(A402,Items!$A$8:$J$701,3,FALSE))","v":""},"",{"$f":"IF($A402=\"\",\"\",VLOOKUP($A402,Items!$A$8:$J$701,5,FALSE))","v":""},"",{"$f":"IF($A402=\"\",\"\",VLOOKUP($A402,Items!$A$8:$J$701,7,FALSE))","v":""},"",{"$f":"IF($A402=\"\",\"\",VLOOKUP($A402,Items!$A$8:$J$701,9,FALSE))","v":""},"",{"$f":"IF($A402=\"\",\"\",VLOOKUP($A402,Items!$A$8:$K$701,11,FALSE))","v":""}]
[{"$f":"IF(Items!A403=\"\",\"\",Items!A403)","v":""},{"$f":"IF(Items!B403=\"\",\"\",Items!B403)","v":""},"","","",{"$f":"IF(A403=\"\",\"\",VLOOKUP(A403,Items!$A$8:$AJ$701,34,FALSE))","v":""},{"$f":"IF(A403=\"\",\"\",VLOOKUP(A403,Items!$A$8:$J$701,3,FALSE))","v":""},"",{"$f":"IF($A403=\"\",\"\",VLOOKUP($A403,Items!$A$8:$J$701,5,FALSE))","v":""},"",{"$f":"IF($A403=\"\",\"\",VLOOKUP($A403,Items!$A$8:$J$701,7,FALSE))","v":""},"",{"$f":"IF($A403=\"\",\"\",VLOOKUP($A403,Items!$A$8:$J$701,9,FALSE))","v":""},"",{"$f":"IF($A403=\"\",\"\",VLOOKUP($A403,Items!$A$8:$K$701,11,FALSE))","v":""}]
[{"$f":"IF(Items!A404=\"\",\"\",Items!A404)","v":""},{"$f":"IF(Items!B404=\"\",\"\",Items!B404)","v":""},"","","",{"$f":"IF(A404=\"\",\"\",VLOOKUP(A404,Items!$A$8:$AJ$701,34,FALSE))","v":""},{"$f":"IF(A404=\"\",\"\",VLOOKUP(A404,Items!$A$8:$J$701,3,FALSE))","v":""},"",{"$f":"IF($A404=\"\",\"\",VLOOKUP($A404,Items!$A$8:$J$701,5,FALSE))","v":""},"",{"$f":"IF($A404=\"\",\"\",VLOOKUP($A404,Items!$A$8:$J$701,7,FALSE))","v":""},"",{"$f":"IF($A404=\"\",\"\",VLOOKUP($A404,Items!$A$8:$J$701,9,FALSE))","v":""},"",{"$f":"IF($A404=\"\",\"\",VLOOKUP($A404,Items!$A$8:$K$701,11,FALSE))","v":""}]
[{"$f":"IF(Items!A405=\"\",\"\",Items!A405)","v":""},{"$f":"IF(Items!B405=\"\",\"\",Items!B405)","v":""},"","","",{"$f":"IF(A405=\"\",\"\",VLOOKUP(A405,Items!$A$8:$AJ$701,34,FALSE))","v":""},{"$f":"IF(A405=\"\",\"\",VLOOKUP(A405,Items!$A$8:$J$701,3,FALSE))","v":""},"",{"$f":"IF($A405=\"\",\"\",VLOOKUP($A405,Items!$A$8:$J$701,5,FALSE))","v":""},"",{"$f":"IF($A405=\"\",\"\",VLOOKUP($A405,Items!$A$8:$J$701,7,FALSE))","v":""},"",{"$f":"IF($A405=\"\",\"\",VLOOKUP($A405,Items!$A$8:$J$701,9,FALSE))","v":""},"",{"$f":"IF($A405=\"\",\"\",VLOOKUP($A405,Items!$A$8:$K$701,11,FALSE))","v":""}]
[{"$f":"IF(Items!A406=\"\",\"\",Items!A406)","v":""},{"$f":"IF(Items!B406=\"\",\"\",Items!B406)","v":""},"","","",{"$f":"IF(A406=\"\",\"\",VLOOKUP(A406,Items!$A$8:$AJ$701,34,FALSE))","v":""},{"$f":"IF(A406=\"\",\"\",VLOOKUP(A406,Items!$A$8:$J$701,3,FALSE))","v":""},"",{"$f":"IF($A406=\"\",\"\",VLOOKUP($A406,Items!$A$8:$J$701,5,FALSE))","v":""},"",{"$f":"IF($A406=\"\",\"\",VLOOKUP($A406,Items!$A$8:$J$701,7,FALSE))","v":""},"",{"$f":"IF($A406=\"\",\"\",VLOOKUP($A406,Items!$A$8:$J$701,9,FALSE))","v":""},"",{"$f":"IF($A406=\"\",\"\",VLOOKUP($A406,Items!$A$8:$K$701,11,FALSE))","v":""}]
[{"$f":"IF(Items!A407=\"\",\"\",Items!A407)","v":""},{"$f":"IF(Items!B407=\"\",\"\",Items!B407)","v":""},"","","",{"$f":"IF(A407=\"\",\"\",VLOOKUP(A407,Items!$A$8:$AJ$701,34,FALSE))","v":""},{"$f":"IF(A407=\"\",\"\",VLOOKUP(A407,Items!$A$8:$J$701,3,FALSE))","v":""},"",{"$f":"IF($A407=\"\",\"\",VLOOKUP($A407,Items!$A$8:$J$701,5,FALSE))","v":""},"",{"$f":"IF($A407=\"\",\"\",VLOOKUP($A407,Items!$A$8:$J$701,7,FALSE))","v":""},"",{"$f":"IF($A407=\"\",\"\",VLOOKUP($A407,Items!$A$8:$J$701,9,FALSE))","v":""},"",{"$f":"IF($A407=\"\",\"\",VLOOKUP($A407,Items!$A$8:$K$701,11,FALSE))","v":""}]
[{"$f":"IF(Items!A408=\"\",\"\",Items!A408)","v":""},{"$f":"IF(Items!B408=\"\",\"\",Items!B408)","v":""},"","","",{"$f":"IF(A408=\"\",\"\",VLOOKUP(A408,Items!$A$8:$AJ$701,34,FALSE))","v":""},{"$f":"IF(A408=\"\",\"\",VLOOKUP(A408,Items!$A$8:$J$701,3,FALSE))","v":""},"",{"$f":"IF($A408=\"\",\"\",VLOOKUP($A408,Items!$A$8:$J$701,5,FALSE))","v":""},"",{"$f":"IF($A408=\"\",\"\",VLOOKUP($A408,Items!$A$8:$J$701,7,FALSE))","v":""},"",{"$f":"IF($A408=\"\",\"\",VLOOKUP($A408,Items!$A$8:$J$701,9,FALSE))","v":""},"",{"$f":"IF($A408=\"\",\"\",VLOOKUP($A408,Items!$A$8:$K$701,11,FALSE))","v":""}]
[{"$f":"IF(Items!A409=\"\",\"\",Items!A409)","v":""},{"$f":"IF(Items!B409=\"\",\"\",Items!B409)","v":""},"","","",{"$f":"IF(A409=\"\",\"\",VLOOKUP(A409,Items!$A$8:$AJ$701,34,FALSE))","v":""},{"$f":"IF(A409=\"\",\"\",VLOOKUP(A409,Items!$A$8:$J$701,3,FALSE))","v":""},"",{"$f":"IF($A409=\"\",\"\",VLOOKUP($A409,Items!$A$8:$J$701,5,FALSE))","v":""},"",{"$f":"IF($A409=\"\",\"\",VLOOKUP($A409,Items!$A$8:$J$701,7,FALSE))","v":""},"",{"$f":"IF($A409=\"\",\"\",VLOOKUP($A409,Items!$A$8:$J$701,9,FALSE))","v":""},"",{"$f":"IF($A409=\"\",\"\",VLOOKUP($A409,Items!$A$8:$K$701,11,FALSE))","v":""}]
[{"$f":"IF(Items!A410=\"\",\"\",Items!A410)","v":""},{"$f":"IF(Items!B410=\"\",\"\",Items!B410)","v":""},"","","",{"$f":"IF(A410=\"\",\"\",VLOOKUP(A410,Items!$A$8:$AJ$701,34,FALSE))","v":""},{"$f":"IF(A410=\"\",\"\",VLOOKUP(A410,Items!$A$8:$J$701,3,FALSE))","v":""},"",{"$f":"IF($A410=\"\",\"\",VLOOKUP($A410,Items!$A$8:$J$701,5,FALSE))","v":""},"",{"$f":"IF($A410=\"\",\"\",VLOOKUP($A410,Items!$A$8:$J$701,7,FALSE))","v":""},"",{"$f":"IF($A410=\"\",\"\",VLOOKUP($A410,Items!$A$8:$J$701,9,FALSE))","v":""},"",{"$f":"IF($A410=\"\",\"\",VLOOKUP($A410,Items!$A$8:$K$701,11,FALSE))","v":""}]
[{"$f":"IF(Items!A411=\"\",\"\",Items!A411)","v":""},{"$f":"IF(Items!B411=\"\",\"\",Items!B411)","v":""},"","","",{"$f":"IF(A411=\"\",\"\",VLOOKUP(A411,Items!$A$8:$AJ$701,34,FALSE))","v":""},{"$f":"IF(A411=\"\",\"\",VLOOKUP(A411,Items!$A$8:$J$701,3,FALSE))","v":""},"",{"$f":"IF($A411=\"\",\"\",VLOOKUP($A411,Items!$A$8:$J$701,5,FALSE))","v":""},"",{"$f":"IF($A411=\"\",\"\",VLOOKUP($A411,Items!$A$8:$J$701,7,FALSE))","v":""},"",{"$f":"IF($A411=\"\",\"\",VLOOKUP($A411,Items!$A$8:$J$701,9,FALSE))","v":""},"",{"$f":"IF($A411=\"\",\"\",VLOOKUP($A411,Items!$A$8:$K$701,11,FALSE))","v":""}]
[{"$f":"IF(Items!A412=\"\",\"\",Items!A412)","v":""},{"$f":"IF(Items!B412=\"\",\"\",Items!B412)","v":""},"","","",{"$f":"IF(A412=\"\",\"\",VLOOKUP(A412,Items!$A$8:$AJ$701,34,FALSE))","v":""},{"$f":"IF(A412=\"\",\"\",VLOOKUP(A412,Items!$A$8:$J$701,3,FALSE))","v":""},"",{"$f":"IF($A412=\"\",\"\",VLOOKUP($A412,Items!$A$8:$J$701,5,FALSE))","v":""},"",{"$f":"IF($A412=\"\",\"\",VLOOKUP($A412,Items!$A$8:$J$701,7,FALSE))","v":""},"",{"$f":"IF($A412=\"\",\"\",VLOOKUP($A412,Items!$A$8:$J$701,9,FALSE))","v":""},"",{"$f":"IF($A412=\"\",\"\",VLOOKUP($A412,Items!$A$8:$K$701,11,FALSE))","v":""}]
[{"$f":"IF(Items!A413=\"\",\"\",Items!A413)","v":""},{"$f":"IF(Items!B413=\"\",\"\",Items!B413)","v":""},"","","",{"$f":"IF(A413=\"\",\"\",VLOOKUP(A413,Items!$A$8:$AJ$701,34,FALSE))","v":""},{"$f":"IF(A413=\"\",\"\",VLOOKUP(A413,Items!$A$8:$J$701,3,FALSE))","v":""},"",{"$f":"IF($A413=\"\",\"\",VLOOKUP($A413,Items!$A$8:$J$701,5,FALSE))","v":""},"",{"$f":"IF($A413=\"\",\"\",VLOOKUP($A413,Items!$A$8:$J$701,7,FALSE))","v":""},"",{"$f":"IF($A413=\"\",\"\",VLOOKUP($A413,Items!$A$8:$J$701,9,FALSE))","v":""},"",{"$f":"IF($A413=\"\",\"\",VLOOKUP($A413,Items!$A$8:$K$701,11,FALSE))","v":""}]
[{"$f":"IF(Items!A414=\"\",\"\",Items!A414)","v":""},{"$f":"IF(Items!B414=\"\",\"\",Items!B414)","v":""},"","","",{"$f":"IF(A414=\"\",\"\",VLOOKUP(A414,Items!$A$8:$AJ$701,34,FALSE))","v":""},{"$f":"IF(A414=\"\",\"\",VLOOKUP(A414,Items!$A$8:$J$701,3,FALSE))","v":""},"",{"$f":"IF($A414=\"\",\"\",VLOOKUP($A414,Items!$A$8:$J$701,5,FALSE))","v":""},"",{"$f":"IF($A414=\"\",\"\",VLOOKUP($A414,Items!$A$8:$J$701,7,FALSE))","v":""},"",{"$f":"IF($A414=\"\",\"\",VLOOKUP($A414,Items!$A$8:$J$701,9,FALSE))","v":""},"",{"$f":"IF($A414=\"\",\"\",VLOOKUP($A414,Items!$A$8:$K$701,11,FALSE))","v":""}]
[{"$f":"IF(Items!A415=\"\",\"\",Items!A415)","v":""},{"$f":"IF(Items!B415=\"\",\"\",Items!B415)","v":""},"","","",{"$f":"IF(A415=\"\",\"\",VLOOKUP(A415,Items!$A$8:$AJ$701,34,FALSE))","v":""},{"$f":"IF(A415=\"\",\"\",VLOOKUP(A415,Items!$A$8:$J$701,3,FALSE))","v":""},"",{"$f":"IF($A415=\"\",\"\",VLOOKUP($A415,Items!$A$8:$J$701,5,FALSE))","v":""},"",{"$f":"IF($A415=\"\",\"\",VLOOKUP($A415,Items!$A$8:$J$701,7,FALSE))","v":""},"",{"$f":"IF($A415=\"\",\"\",VLOOKUP($A415,Items!$A$8:$J$701,9,FALSE))","v":""},"",{"$f":"IF($A415=\"\",\"\",VLOOKUP($A415,Items!$A$8:$K$701,11,FALSE))","v":""}]
[{"$f":"IF(Items!A416=\"\",\"\",Items!A416)","v":""},{"$f":"IF(Items!B416=\"\",\"\",Items!B416)","v":""},"","","",{"$f":"IF(A416=\"\",\"\",VLOOKUP(A416,Items!$A$8:$AJ$701,34,FALSE))","v":""},{"$f":"IF(A416=\"\",\"\",VLOOKUP(A416,Items!$A$8:$J$701,3,FALSE))","v":""},"",{"$f":"IF($A416=\"\",\"\",VLOOKUP($A416,Items!$A$8:$J$701,5,FALSE))","v":""},"",{"$f":"IF($A416=\"\",\"\",VLOOKUP($A416,Items!$A$8:$J$701,7,FALSE))","v":""},"",{"$f":"IF($A416=\"\",\"\",VLOOKUP($A416,Items!$A$8:$J$701,9,FALSE))","v":""},"",{"$f":"IF($A416=\"\",\"\",VLOOKUP($A416,Items!$A$8:$K$701,11,FALSE))","v":""}]
[{"$f":"IF(Items!A417=\"\",\"\",Items!A417)","v":""},{"$f":"IF(Items!B417=\"\",\"\",Items!B417)","v":""},"","","",{"$f":"IF(A417=\"\",\"\",VLOOKUP(A417,Items!$A$8:$AJ$701,34,FALSE))","v":""},{"$f":"IF(A417=\"\",\"\",VLOOKUP(A417,Items!$A$8:$J$701,3,FALSE))","v":""},"",{"$f":"IF($A417=\"\",\"\",VLOOKUP($A417,Items!$A$8:$J$701,5,FALSE))","v":""},"",{"$f":"IF($A417=\"\",\"\",VLOOKUP($A417,Items!$A$8:$J$701,7,FALSE))","v":""},"",{"$f":"IF($A417=\"\",\"\",VLOOKUP($A417,Items!$A$8:$J$701,9,FALSE))","v":""},"",{"$f":"IF($A417=\"\",\"\",VLOOKUP($A417,Items!$A$8:$K$701,11,FALSE))","v":""}]
[{"$f":"IF(Items!A418=\"\",\"\",Items!A418)","v":""},{"$f":"IF(Items!B418=\"\",\"\",Items!B418)","v":""},"","","",{"$f":"IF(A418=\"\",\"\",VLOOKUP(A418,Items!$A$8:$AJ$701,34,FALSE))","v":""},{"$f":"IF(A418=\"\",\"\",VLOOKUP(A418,Items!$A$8:$J$701,3,FALSE))","v":""},"",{"$f":"IF($A418=\"\",\"\",VLOOKUP($A418,Items!$A$8:$J$701,5,FALSE))","v":""},"",{"$f":"IF($A418=\"\",\"\",VLOOKUP($A418,Items!$A$8:$J$701,7,FALSE))","v":""},"",{"$f":"IF($A418=\"\",\"\",VLOOKUP($A418,Items!$A$8:$J$701,9,FALSE))","v":""},"",{"$f":"IF($A418=\"\",\"\",VLOOKUP($A418,Items!$A$8:$K$701,11,FALSE))","v":""}]
[{"$f":"IF(Items!A419=\"\",\"\",Items!A419)","v":""},{"$f":"IF(Items!B419=\"\",\"\",Items!B419)","v":""},"","","",{"$f":"IF(A419=\"\",\"\",VLOOKUP(A419,Items!$A$8:$AJ$701,34,FALSE))","v":""},{"$f":"IF(A419=\"\",\"\",VLOOKUP(A419,Items!$A$8:$J$701,3,FALSE))","v":""},"",{"$f":"IF($A419=\"\",\"\",VLOOKUP($A419,Items!$A$8:$J$701,5,FALSE))","v":""},"",{"$f":"IF($A419=\"\",\"\",VLOOKUP($A419,Items!$A$8:$J$701,7,FALSE))","v":""},"",{"$f":"IF($A419=\"\",\"\",VLOOKUP($A419,Items!$A$8:$J$701,9,FALSE))","v":""},"",{"$f":"IF($A419=\"\",\"\",VLOOKUP($A419,Items!$A$8:$K$701,11,FALSE))","v":""}]
[{"$f":"IF(Items!A420=\"\",\"\",Items!A420)","v":""},{"$f":"IF(Items!B420=\"\",\"\",Items!B420)","v":""},"","","",{"$f":"IF(A420=\"\",\"\",VLOOKUP(A420,Items!$A$8:$AJ$701,34,FALSE))","v":""},{"$f":"IF(A420=\"\",\"\",VLOOKUP(A420,Items!$A$8:$J$701,3,FALSE))","v":""},"",{"$f":"IF($A420=\"\",\"\",VLOOKUP($A420,Items!$A$8:$J$701,5,FALSE))","v":""},"",{"$f":"IF($A420=\"\",\"\",VLOOKUP($A420,Items!$A$8:$J$701,7,FALSE))","v":""},"",{"$f":"IF($A420=\"\",\"\",VLOOKUP($A420,Items!$A$8:$J$701,9,FALSE))","v":""},"",{"$f":"IF($A420=\"\",\"\",VLOOKUP($A420,Items!$A$8:$K$701,11,FALSE))","v":""}]
[{"$f":"IF(Items!A421=\"\",\"\",Items!A421)","v":""},{"$f":"IF(Items!B421=\"\",\"\",Items!B421)","v":""},"","","",{"$f":"IF(A421=\"\",\"\",VLOOKUP(A421,Items!$A$8:$AJ$701,34,FALSE))","v":""},{"$f":"IF(A421=\"\",\"\",VLOOKUP(A421,Items!$A$8:$J$701,3,FALSE))","v":""},"",{"$f":"IF($A421=\"\",\"\",VLOOKUP($A421,Items!$A$8:$J$701,5,FALSE))","v":""},"",{"$f":"IF($A421=\"\",\"\",VLOOKUP($A421,Items!$A$8:$J$701,7,FALSE))","v":""},"",{"$f":"IF($A421=\"\",\"\",VLOOKUP($A421,Items!$A$8:$J$701,9,FALSE))","v":""},"",{"$f":"IF($A421=\"\",\"\",VLOOKUP($A421,Items!$A$8:$K$701,11,FALSE))","v":""}]
[{"$f":"IF(Items!A422=\"\",\"\",Items!A422)","v":""},{"$f":"IF(Items!B422=\"\",\"\",Items!B422)","v":""},"","","",{"$f":"IF(A422=\"\",\"\",VLOOKUP(A422,Items!$A$8:$AJ$701,34,FALSE))","v":""},{"$f":"IF(A422=\"\",\"\",VLOOKUP(A422,Items!$A$8:$J$701,3,FALSE))","v":""},"",{"$f":"IF($A422=\"\",\"\",VLOOKUP($A422,Items!$A$8:$J$701,5,FALSE))","v":""},"",{"$f":"IF($A422=\"\",\"\",VLOOKUP($A422,Items!$A$8:$J$701,7,FALSE))","v":""},"",{"$f":"IF($A422=\"\",\"\",VLOOKUP($A422,Items!$A$8:$J$701,9,FALSE))","v":""},"",{"$f":"IF($A422=\"\",\"\",VLOOKUP($A422,Items!$A$8:$K$701,11,FALSE))","v":""}]
[{"$f":"IF(Items!A423=\"\",\"\",Items!A423)","v":""},{"$f":"IF(Items!B423=\"\",\"\",Items!B423)","v":""},"","","",{"$f":"IF(A423=\"\",\"\",VLOOKUP(A423,Items!$A$8:$AJ$701,34,FALSE))","v":""},{"$f":"IF(A423=\"\",\"\",VLOOKUP(A423,Items!$A$8:$J$701,3,FALSE))","v":""},"",{"$f":"IF($A423=\"\",\"\",VLOOKUP($A423,Items!$A$8:$J$701,5,FALSE))","v":""},"",{"$f":"IF($A423=\"\",\"\",VLOOKUP($A423,Items!$A$8:$J$701,7,FALSE))","v":""},"",{"$f":"IF($A423=\"\",\"\",VLOOKUP($A423,Items!$A$8:$J$701,9,FALSE))","v":""},"",{"$f":"IF($A423=\"\",\"\",VLOOKUP($A423,Items!$A$8:$K$701,11,FALSE))","v":""}]
[{"$f":"IF(Items!A424=\"\",\"\",Items!A424)","v":""},{"$f":"IF(Items!B424=\"\",\"\",Items!B424)","v":""},"","","",{"$f":"IF(A424=\"\",\"\",VLOOKUP(A424,Items!$A$8:$AJ$701,34,FALSE))","v":""},{"$f":"IF(A424=\"\",\"\",VLOOKUP(A424,Items!$A$8:$J$701,3,FALSE))","v":""},"",{"$f":"IF($A424=\"\",\"\",VLOOKUP($A424,Items!$A$8:$J$701,5,FALSE))","v":""},"",{"$f":"IF($A424=\"\",\"\",VLOOKUP($A424,Items!$A$8:$J$701,7,FALSE))","v":""},"",{"$f":"IF($A424=\"\",\"\",VLOOKUP($A424,Items!$A$8:$J$701,9,FALSE))","v":""},"",{"$f":"IF($A424=\"\",\"\",VLOOKUP($A424,Items!$A$8:$K$701,11,FALSE))","v":""}]
[{"$f":"IF(Items!A425=\"\",\"\",Items!A425)","v":""},{"$f":"IF(Items!B425=\"\",\"\",Items!B425)","v":""},"","","",{"$f":"IF(A425=\"\",\"\",VLOOKUP(A425,Items!$A$8:$AJ$701,34,FALSE))","v":""},{"$f":"IF(A425=\"\",\"\",VLOOKUP(A425,Items!$A$8:$J$701,3,FALSE))","v":""},"",{"$f":"IF($A425=\"\",\"\",VLOOKUP($A425,Items!$A$8:$J$701,5,FALSE))","v":""},"",{"$f":"IF($A425=\"\",\"\",VLOOKUP($A425,Items!$A$8:$J$701,7,FALSE))","v":""},"",{"$f":"IF($A425=\"\",\"\",VLOOKUP($A425,Items!$A$8:$J$701,9,FALSE))","v":""},"",{"$f":"IF($A425=\"\",\"\",VLOOKUP($A425,Items!$A$8:$K$701,11,FALSE))","v":""}]
[{"$f":"IF(Items!A426=\"\",\"\",Items!A426)","v":""},{"$f":"IF(Items!B426=\"\",\"\",Items!B426)","v":""},"","","",{"$f":"IF(A426=\"\",\"\",VLOOKUP(A426,Items!$A$8:$AJ$701,34,FALSE))","v":""},{"$f":"IF(A426=\"\",\"\",VLOOKUP(A426,Items!$A$8:$J$701,3,FALSE))","v":""},"",{"$f":"IF($A426=\"\",\"\",VLOOKUP($A426,Items!$A$8:$J$701,5,FALSE))","v":""},"",{"$f":"IF($A426=\"\",\"\",VLOOKUP($A426,Items!$A$8:$J$701,7,FALSE))","v":""},"",{"$f":"IF($A426=\"\",\"\",VLOOKUP($A426,Items!$A$8:$J$701,9,FALSE))","v":""},"",{"$f":"IF($A426=\"\",\"\",VLOOKUP($A426,Items!$A$8:$K$701,11,FALSE))","v":""}]
[{"$f":"IF(Items!A427=\"\",\"\",Items!A427)","v":""},{"$f":"IF(Items!B427=\"\",\"\",Items!B427)","v":""},"","","",{"$f":"IF(A427=\"\",\"\",VLOOKUP(A427,Items!$A$8:$AJ$701,34,FALSE))","v":""},{"$f":"IF(A427=\"\",\"\",VLOOKUP(A427,Items!$A$8:$J$701,3,FALSE))","v":""},"",{"$f":"IF($A427=\"\",\"\",VLOOKUP($A427,Items!$A$8:$J$701,5,FALSE))","v":""},"",{"$f":"IF($A427=\"\",\"\",VLOOKUP($A427,Items!$A$8:$J$701,7,FALSE))","v":""},"",{"$f":"IF($A427=\"\",\"\",VLOOKUP($A427,Items!$A$8:$J$701,9,FALSE))","v":""},"",{"$f":"IF($A427=\"\",\"\",VLOOKUP($A427,Items!$A$8:$K$701,11,FALSE))","v":""}]
[{"$f":"IF(Items!A428=\"\",\"\",Items!A428)","v":""},{"$f":"IF(Items!B428=\"\",\"\",Items!B428)","v":""},"","","",{"$f":"IF(A428=\"\",\"\",VLOOKUP(A428,Items!$A$8:$AJ$701,34,FALSE))","v":""},{"$f":"IF(A428=\"\",\"\",VLOOKUP(A428,Items!$A$8:$J$701,3,FALSE))","v":""},"",{"$f":"IF($A428=\"\",\"\",VLOOKUP($A428,Items!$A$8:$J$701,5,FALSE))","v":""},"",{"$f":"IF($A428=\"\",\"\",VLOOKUP($A428,Items!$A$8:$J$701,7,FALSE))","v":""},"",{"$f":"IF($A428=\"\",\"\",VLOOKUP($A428,Items!$A$8:$J$701,9,FALSE))","v":""},"",{"$f":"IF($A428=\"\",\"\",VLOOKUP($A428,Items!$A$8:$K$701,11,FALSE))","v":""}]
[{"$f":"IF(Items!A429=\"\",\"\",Items!A429)","v":""},{"$f":"IF(Items!B429=\"\",\"\",Items!B429)","v":""},"","","",{"$f":"IF(A429=\"\",\"\",VLOOKUP(A429,Items!$A$8:$AJ$701,34,FALSE))","v":""},{"$f":"IF(A429=\"\",\"\",VLOOKUP(A429,Items!$A$8:$J$701,3,FALSE))","v":""},"",{"$f":"IF($A429=\"\",\"\",VLOOKUP($A429,Items!$A$8:$J$701,5,FALSE))","v":""},"",{"$f":"IF($A429=\"\",\"\",VLOOKUP($A429,Items!$A$8:$J$701,7,FALSE))","v":""},"",{"$f":"IF($A429=\"\",\"\",VLOOKUP($A429,Items!$A$8:$J$701,9,FALSE))","v":""},"",{"$f":"IF($A429=\"\",\"\",VLOOKUP($A429,Items!$A$8:$K$701,11,FALSE))","v":""}]
[{"$f":"IF(Items!A430=\"\",\"\",Items!A430)","v":""},{"$f":"IF(Items!B430=\"\",\"\",Items!B430)","v":""},"","","",{"$f":"IF(A430=\"\",\"\",VLOOKUP(A430,Items!$A$8:$AJ$701,34,FALSE))","v":""},{"$f":"IF(A430=\"\",\"\",VLOOKUP(A430,Items!$A$8:$J$701,3,FALSE))","v":""},"",{"$f":"IF($A430=\"\",\"\",VLOOKUP($A430,Items!$A$8:$J$701,5,FALSE))","v":""},"",{"$f":"IF($A430=\"\",\"\",VLOOKUP($A430,Items!$A$8:$J$701,7,FALSE))","v":""},"",{"$f":"IF($A430=\"\",\"\",VLOOKUP($A430,Items!$A$8:$J$701,9,FALSE))","v":""},"",{"$f":"IF($A430=\"\",\"\",VLOOKUP($A430,Items!$A$8:$K$701,11,FALSE))","v":""}]
[{"$f":"IF(Items!A431=\"\",\"\",Items!A431)","v":""},{"$f":"IF(Items!B431=\"\",\"\",Items!B431)","v":""},"","","",{"$f":"IF(A431=\"\",\"\",VLOOKUP(A431,Items!$A$8:$AJ$701,34,FALSE))","v":""},{"$f":"IF(A431=\"\",\"\",VLOOKUP(A431,Items!$A$8:$J$701,3,FALSE))","v":""},"",{"$f":"IF($A431=\"\",\"\",VLOOKUP($A431,Items!$A$8:$J$701,5,FALSE))","v":""},"",{"$f":"IF($A431=\"\",\"\",VLOOKUP($A431,Items!$A$8:$J$701,7,FALSE))","v":""},"",{"$f":"IF($A431=\"\",\"\",VLOOKUP($A431,Items!$A$8:$J$701,9,FALSE))","v":""},"",{"$f":"IF($A431=\"\",\"\",VLOOKUP($A431,Items!$A$8:$K$701,11,FALSE))","v":""}]
[{"$f":"IF(Items!A432=\"\",\"\",Items!A432)","v":""},{"$f":"IF(Items!B432=\"\",\"\",Items!B432)","v":""},"","","",{"$f":"IF(A432=\"\",\"\",VLOOKUP(A432,Items!$A$8:$AJ$701,34,FALSE))","v":""},{"$f":"IF(A432=\"\",\"\",VLOOKUP(A432,Items!$A$8:$J$701,3,FALSE))","v":""},"",{"$f":"IF($A432=\"\",\"\",VLOOKUP($A432,Items!$A$8:$J$701,5,FALSE))","v":""},"",{"$f":"IF($A432=\"\",\"\",VLOOKUP($A432,Items!$A$8:$J$701,7,FALSE))","v":""},"",{"$f":"IF($A432=\"\",\"\",VLOOKUP($A432,Items!$A$8:$J$701,9,FALSE))","v":""},"",{"$f":"IF($A432=\"\",\"\",VLOOKUP($A432,Items!$A$8:$K$701,11,FALSE))","v":""}]
[{"$f":"IF(Items!A433=\"\",\"\",Items!A433)","v":""},{"$f":"IF(Items!B433=\"\",\"\",Items!B433)","v":""},"","","",{"$f":"IF(A433=\"\",\"\",VLOOKUP(A433,Items!$A$8:$AJ$701,34,FALSE))","v":""},{"$f":"IF(A433=\"\",\"\",VLOOKUP(A433,Items!$A$8:$J$701,3,FALSE))","v":""},"",{"$f":"IF($A433=\"\",\"\",VLOOKUP($A433,Items!$A$8:$J$701,5,FALSE))","v":""},"",{"$f":"IF($A433=\"\",\"\",VLOOKUP($A433,Items!$A$8:$J$701,7,FALSE))","v":""},"",{"$f":"IF($A433=\"\",\"\",VLOOKUP($A433,Items!$A$8:$J$701,9,FALSE))","v":""},"",{"$f":"IF($A433=\"\",\"\",VLOOKUP($A433,Items!$A$8:$K$701,11,FALSE))","v":""}]
[{"$f":"IF(Items!A434=\"\",\"\",Items!A434)","v":""},{"$f":"IF(Items!B434=\"\",\"\",Items!B434)","v":""},"","","",{"$f":"IF(A434=\"\",\"\",VLOOKUP(A434,Items!$A$8:$AJ$701,34,FALSE))","v":""},{"$f":"IF(A434=\"\",\"\",VLOOKUP(A434,Items!$A$8:$J$701,3,FALSE))","v":""},"",{"$f":"IF($A434=\"\",\"\",VLOOKUP($A434,Items!$A$8:$J$701,5,FALSE))","v":""},"",{"$f":"IF($A434=\"\",\"\",VLOOKUP($A434,Items!$A$8:$J$701,7,FALSE))","v":""},"",{"$f":"IF($A434=\"\",\"\",VLOOKUP($A434,Items!$A$8:$J$701,9,FALSE))","v":""},"",{"$f":"IF($A434=\"\",\"\",VLOOKUP($A434,Items!$A$8:$K$701,11,FALSE))","v":""}]
[{"$f":"IF(Items!A435=\"\",\"\",Items!A435)","v":""},{"$f":"IF(Items!B435=\"\",\"\",Items!B435)","v":""},"","","",{"$f":"IF(A435=\"\",\"\",VLOOKUP(A435,Items!$A$8:$AJ$701,34,FALSE))","v":""},{"$f":"IF(A435=\"\",\"\",VLOOKUP(A435,Items!$A$8:$J$701,3,FALSE))","v":""},"",{"$f":"IF($A435=\"\",\"\",VLOOKUP($A435,Items!$A$8:$J$701,5,FALSE))","v":""},"",{"$f":"IF($A435=\"\",\"\",VLOOKUP($A435,Items!$A$8:$J$701,7,FALSE))","v":""},"",{"$f":"IF($A435=\"\",\"\",VLOOKUP($A435,Items!$A$8:$J$701,9,FALSE))","v":""},"",{"$f":"IF($A435=\"\",\"\",VLOOKUP($A435,Items!$A$8:$K$701,11,FALSE))","v":""}]
[{"$f":"IF(Items!A436=\"\",\"\",Items!A436)","v":""},{"$f":"IF(Items!B436=\"\",\"\",Items!B436)","v":""},"","","",{"$f":"IF(A436=\"\",\"\",VLOOKUP(A436,Items!$A$8:$AJ$701,34,FALSE))","v":""},{"$f":"IF(A436=\"\",\"\",VLOOKUP(A436,Items!$A$8:$J$701,3,FALSE))","v":""},"",{"$f":"IF($A436=\"\",\"\",VLOOKUP($A436,Items!$A$8:$J$701,5,FALSE))","v":""},"",{"$f":"IF($A436=\"\",\"\",VLOOKUP($A436,Items!$A$8:$J$701,7,FALSE))","v":""},"",{"$f":"IF($A436=\"\",\"\",VLOOKUP($A436,Items!$A$8:$J$701,9,FALSE))","v":""},"",{"$f":"IF($A436=\"\",\"\",VLOOKUP($A436,Items!$A$8:$K$701,11,FALSE))","v":""}]
[{"$f":"IF(Items!A437=\"\",\"\",Items!A437)","v":""},{"$f":"IF(Items!B437=\"\",\"\",Items!B437)","v":""},"","","",{"$f":"IF(A437=\"\",\"\",VLOOKUP(A437,Items!$A$8:$AJ$701,34,FALSE))","v":""},{"$f":"IF(A437=\"\",\"\",VLOOKUP(A437,Items!$A$8:$J$701,3,FALSE))","v":""},"",{"$f":"IF($A437=\"\",\"\",VLOOKUP($A437,Items!$A$8:$J$701,5,FALSE))","v":""},"",{"$f":"IF($A437=\"\",\"\",VLOOKUP($A437,Items!$A$8:$J$701,7,FALSE))","v":""},"",{"$f":"IF($A437=\"\",\"\",VLOOKUP($A437,Items!$A$8:$J$701,9,FALSE))","v":""},"",{"$f":"IF($A437=\"\",\"\",VLOOKUP($A437,Items!$A$8:$K$701,11,FALSE))","v":""}]
[{"$f":"IF(Items!A438=\"\",\"\",Items!A438)","v":""},{"$f":"IF(Items!B438=\"\",\"\",Items!B438)","v":""},"","","",{"$f":"IF(A438=\"\",\"\",VLOOKUP(A438,Items!$A$8:$AJ$701,34,FALSE))","v":""},{"$f":"IF(A438=\"\",\"\",VLOOKUP(A438,Items!$A$8:$J$701,3,FALSE))","v":""},"",{"$f":"IF($A438=\"\",\"\",VLOOKUP($A438,Items!$A$8:$J$701,5,FALSE))","v":""},"",{"$f":"IF($A438=\"\",\"\",VLOOKUP($A438,Items!$A$8:$J$701,7,FALSE))","v":""},"",{"$f":"IF($A438=\"\",\"\",VLOOKUP($A438,Items!$A$8:$J$701,9,FALSE))","v":""},"",{"$f":"IF($A438=\"\",\"\",VLOOKUP($A438,Items!$A$8:$K$701,11,FALSE))","v":""}]
[{"$f":"IF(Items!A439=\"\",\"\",Items!A439)","v":""},{"$f":"IF(Items!B439=\"\",\"\",Items!B439)","v":""},"","","",{"$f":"IF(A439=\"\",\"\",VLOOKUP(A439,Items!$A$8:$AJ$701,34,FALSE))","v":""},{"$f":"IF(A439=\"\",\"\",VLOOKUP(A439,Items!$A$8:$J$701,3,FALSE))","v":""},"",{"$f":"IF($A439=\"\",\"\",VLOOKUP($A439,Items!$A$8:$J$701,5,FALSE))","v":""},"",{"$f":"IF($A439=\"\",\"\",VLOOKUP($A439,Items!$A$8:$J$701,7,FALSE))","v":""},"",{"$f":"IF($A439=\"\",\"\",VLOOKUP($A439,Items!$A$8:$J$701,9,FALSE))","v":""},"",{"$f":"IF($A439=\"\",\"\",VLOOKUP($A439,Items!$A$8:$K$701,11,FALSE))","v":""}]
[{"$f":"IF(Items!A440=\"\",\"\",Items!A440)","v":""},{"$f":"IF(Items!B440=\"\",\"\",Items!B440)","v":""},"","","",{"$f":"IF(A440=\"\",\"\",VLOOKUP(A440,Items!$A$8:$AJ$701,34,FALSE))","v":""},{"$f":"IF(A440=\"\",\"\",VLOOKUP(A440,Items!$A$8:$J$701,3,FALSE))","v":""},"",{"$f":"IF($A440=\"\",\"\",VLOOKUP($A440,Items!$A$8:$J$701,5,FALSE))","v":""},"",{"$f":"IF($A440=\"\",\"\",VLOOKUP($A440,Items!$A$8:$J$701,7,FALSE))","v":""},"",{"$f":"IF($A440=\"\",\"\",VLOOKUP($A440,Items!$A$8:$J$701,9,FALSE))","v":""},"",{"$f":"IF($A440=\"\",\"\",VLOOKUP($A440,Items!$A$8:$K$701,11,FALSE))","v":""}]
[{"$f":"IF(Items!A441=\"\",\"\",Items!A441)","v":""},{"$f":"IF(Items!B441=\"\",\"\",Items!B441)","v":""},"","","",{"$f":"IF(A441=\"\",\"\",VLOOKUP(A441,Items!$A$8:$AJ$701,34,FALSE))","v":""},{"$f":"IF(A441=\"\",\"\",VLOOKUP(A441,Items!$A$8:$J$701,3,FALSE))","v":""},"",{"$f":"IF($A441=\"\",\"\",VLOOKUP($A441,Items!$A$8:$J$701,5,FALSE))","v":""},"",{"$f":"IF($A441=\"\",\"\",VLOOKUP($A441,Items!$A$8:$J$701,7,FALSE))","v":""},"",{"$f":"IF($A441=\"\",\"\",VLOOKUP($A441,Items!$A$8:$J$701,9,FALSE))","v":""},"",{"$f":"IF($A441=\"\",\"\",VLOOKUP($A441,Items!$A$8:$K$701,11,FALSE))","v":""}]
[{"$f":"IF(Items!A442=\"\",\"\",Items!A442)","v":""},{"$f":"IF(Items!B442=\"\",\"\",Items!B442)","v":""},"","","",{"$f":"IF(A442=\"\",\"\",VLOOKUP(A442,Items!$A$8:$AJ$701,34,FALSE))","v":""},{"$f":"IF(A442=\"\",\"\",VLOOKUP(A442,Items!$A$8:$J$701,3,FALSE))","v":""},"",{"$f":"IF($A442=\"\",\"\",VLOOKUP($A442,Items!$A$8:$J$701,5,FALSE))","v":""},"",{"$f":"IF($A442=\"\",\"\",VLOOKUP($A442,Items!$A$8:$J$701,7,FALSE))","v":""},"",{"$f":"IF($A442=\"\",\"\",VLOOKUP($A442,Items!$A$8:$J$701,9,FALSE))","v":""},"",{"$f":"IF($A442=\"\",\"\",VLOOKUP($A442,Items!$A$8:$K$701,11,FALSE))","v":""}]
[{"$f":"IF(Items!A443=\"\",\"\",Items!A443)","v":""},{"$f":"IF(Items!B443=\"\",\"\",Items!B443)","v":""},"","","",{"$f":"IF(A443=\"\",\"\",VLOOKUP(A443,Items!$A$8:$AJ$701,34,FALSE))","v":""},{"$f":"IF(A443=\"\",\"\",VLOOKUP(A443,Items!$A$8:$J$701,3,FALSE))","v":""},"",{"$f":"IF($A443=\"\",\"\",VLOOKUP($A443,Items!$A$8:$J$701,5,FALSE))","v":""},"",{"$f":"IF($A443=\"\",\"\",VLOOKUP($A443,Items!$A$8:$J$701,7,FALSE))","v":""},"",{"$f":"IF($A443=\"\",\"\",VLOOKUP($A443,Items!$A$8:$J$701,9,FALSE))","v":""},"",{"$f":"IF($A443=\"\",\"\",VLOOKUP($A443,Items!$A$8:$K$701,11,FALSE))","v":""}]
[{"$f":"IF(Items!A444=\"\",\"\",Items!A444)","v":""},{"$f":"IF(Items!B444=\"\",\"\",Items!B444)","v":""},"","","",{"$f":"IF(A444=\"\",\"\",VLOOKUP(A444,Items!$A$8:$AJ$701,34,FALSE))","v":""},{"$f":"IF(A444=\"\",\"\",VLOOKUP(A444,Items!$A$8:$J$701,3,FALSE))","v":""},"",{"$f":"IF($A444=\"\",\"\",VLOOKUP($A444,Items!$A$8:$J$701,5,FALSE))","v":""},"",{"$f":"IF($A444=\"\",\"\",VLOOKUP($A444,Items!$A$8:$J$701,7,FALSE))","v":""},"",{"$f":"IF($A444=\"\",\"\",VLOOKUP($A444,Items!$A$8:$J$701,9,FALSE))","v":""},"",{"$f":"IF($A444=\"\",\"\",VLOOKUP($A444,Items!$A$8:$K$701,11,FALSE))","v":""}]
[{"$f":"IF(Items!A445=\"\",\"\",Items!A445)","v":""},{"$f":"IF(Items!B445=\"\",\"\",Items!B445)","v":""},"","","",{"$f":"IF(A445=\"\",\"\",VLOOKUP(A445,Items!$A$8:$AJ$701,34,FALSE))","v":""},{"$f":"IF(A445=\"\",\"\",VLOOKUP(A445,Items!$A$8:$J$701,3,FALSE))","v":""},"",{"$f":"IF($A445=\"\",\"\",VLOOKUP($A445,Items!$A$8:$J$701,5,FALSE))","v":""},"",{"$f":"IF($A445=\"\",\"\",VLOOKUP($A445,Items!$A$8:$J$701,7,FALSE))","v":""},"",{"$f":"IF($A445=\"\",\"\",VLOOKUP($A445,Items!$A$8:$J$701,9,FALSE))","v":""},"",{"$f":"IF($A445=\"\",\"\",VLOOKUP($A445,Items!$A$8:$K$701,11,FALSE))","v":""}]
[{"$f":"IF(Items!A446=\"\",\"\",Items!A446)","v":""},{"$f":"IF(Items!B446=\"\",\"\",Items!B446)","v":""},"","","",{"$f":"IF(A446=\"\",\"\",VLOOKUP(A446,Items!$A$8:$AJ$701,34,FALSE))","v":""},{"$f":"IF(A446=\"\",\"\",VLOOKUP(A446,Items!$A$8:$J$701,3,FALSE))","v":""},"",{"$f":"IF($A446=\"\",\"\",VLOOKUP($A446,Items!$A$8:$J$701,5,FALSE))","v":""},"",{"$f":"IF($A446=\"\",\"\",VLOOKUP($A446,Items!$A$8:$J$701,7,FALSE))","v":""},"",{"$f":"IF($A446=\"\",\"\",VLOOKUP($A446,Items!$A$8:$J$701,9,FALSE))","v":""},"",{"$f":"IF($A446=\"\",\"\",VLOOKUP($A446,Items!$A$8:$K$701,11,FALSE))","v":""}]
[{"$f":"IF(Items!A447=\"\",\"\",Items!A447)","v":""},{"$f":"IF(Items!B447=\"\",\"\",Items!B447)","v":""},"","","",{"$f":"IF(A447=\"\",\"\",VLOOKUP(A447,Items!$A$8:$AJ$701,34,FALSE))","v":""},{"$f":"IF(A447=\"\",\"\",VLOOKUP(A447,Items!$A$8:$J$701,3,FALSE))","v":""},"",{"$f":"IF($A447=\"\",\"\",VLOOKUP($A447,Items!$A$8:$J$701,5,FALSE))","v":""},"",{"$f":"IF($A447=\"\",\"\",VLOOKUP($A447,Items!$A$8:$J$701,7,FALSE))","v":""},"",{"$f":"IF($A447=\"\",\"\",VLOOKUP($A447,Items!$A$8:$J$701,9,FALSE))","v":""},"",{"$f":"IF($A447=\"\",\"\",VLOOKUP($A447,Items!$A$8:$K$701,11,FALSE))","v":""}]
[{"$f":"IF(Items!A448=\"\",\"\",Items!A448)","v":""},{"$f":"IF(Items!B448=\"\",\"\",Items!B448)","v":""},"","","",{"$f":"IF(A448=\"\",\"\",VLOOKUP(A448,Items!$A$8:$AJ$701,34,FALSE))","v":""},{"$f":"IF(A448=\"\",\"\",VLOOKUP(A448,Items!$A$8:$J$701,3,FALSE))","v":""},"",{"$f":"IF($A448=\"\",\"\",VLOOKUP($A448,Items!$A$8:$J$701,5,FALSE))","v":""},"",{"$f":"IF($A448=\"\",\"\",VLOOKUP($A448,Items!$A$8:$J$701,7,FALSE))","v":""},"",{"$f":"IF($A448=\"\",\"\",VLOOKUP($A448,Items!$A$8:$J$701,9,FALSE))","v":""},"",{"$f":"IF($A448=\"\",\"\",VLOOKUP($A448,Items!$A$8:$K$701,11,FALSE))","v":""}]
[{"$f":"IF(Items!A449=\"\",\"\",Items!A449)","v":""},{"$f":"IF(Items!B449=\"\",\"\",Items!B449)","v":""},"","","",{"$f":"IF(A449=\"\",\"\",VLOOKUP(A449,Items!$A$8:$AJ$701,34,FALSE))","v":""},{"$f":"IF(A449=\"\",\"\",VLOOKUP(A449,Items!$A$8:$J$701,3,FALSE))","v":""},"",{"$f":"IF($A449=\"\",\"\",VLOOKUP($A449,Items!$A$8:$J$701,5,FALSE))","v":""},"",{"$f":"IF($A449=\"\",\"\",VLOOKUP($A449,Items!$A$8:$J$701,7,FALSE))","v":""},"",{"$f":"IF($A449=\"\",\"\",VLOOKUP($A449,Items!$A$8:$J$701,9,FALSE))","v":""},"",{"$f":"IF($A449=\"\",\"\",VLOOKUP($A449,Items!$A$8:$K$701,11,FALSE))","v":""}]
[{"$f":"IF(Items!A450=\"\",\"\",Items!A450)","v":""},{"$f":"IF(Items!B450=\"\",\"\",Items!B450)","v":""},"","","",{"$f":"IF(A450=\"\",\"\",VLOOKUP(A450,Items!$A$8:$AJ$701,34,FALSE))","v":""},{"$f":"IF(A450=\"\",\"\",VLOOKUP(A450,Items!$A$8:$J$701,3,FALSE))","v":""},"",{"$f":"IF($A450=\"\",\"\",VLOOKUP($A450,Items!$A$8:$J$701,5,FALSE))","v":""},"",{"$f":"IF($A450=\"\",\"\",VLOOKUP($A450,Items!$A$8:$J$701,7,FALSE))","v":""},"",{"$f":"IF($A450=\"\",\"\",VLOOKUP($A450,Items!$A$8:$J$701,9,FALSE))","v":""},"",{"$f":"IF($A450=\"\",\"\",VLOOKUP($A450,Items!$A$8:$K$701,11,FALSE))","v":""}]
[{"$f":"IF(Items!A451=\"\",\"\",Items!A451)","v":""},{"$f":"IF(Items!B451=\"\",\"\",Items!B451)","v":""},"","","",{"$f":"IF(A451=\"\",\"\",VLOOKUP(A451,Items!$A$8:$AJ$701,34,FALSE))","v":""},{"$f":"IF(A451=\"\",\"\",VLOOKUP(A451,Items!$A$8:$J$701,3,FALSE))","v":""},"",{"$f":"IF($A451=\"\",\"\",VLOOKUP($A451,Items!$A$8:$J$701,5,FALSE))","v":""},"",{"$f":"IF($A451=\"\",\"\",VLOOKUP($A451,Items!$A$8:$J$701,7,FALSE))","v":""},"",{"$f":"IF($A451=\"\",\"\",VLOOKUP($A451,Items!$A$8:$J$701,9,FALSE))","v":""},"",{"$f":"IF($A451=\"\",\"\",VLOOKUP($A451,Items!$A$8:$K$701,11,FALSE))","v":""}]
[{"$f":"IF(Items!A452=\"\",\"\",Items!A452)","v":""},{"$f":"IF(Items!B452=\"\",\"\",Items!B452)","v":""},"","","",{"$f":"IF(A452=\"\",\"\",VLOOKUP(A452,Items!$A$8:$AJ$701,34,FALSE))","v":""},{"$f":"IF(A452=\"\",\"\",VLOOKUP(A452,Items!$A$8:$J$701,3,FALSE))","v":""},"",{"$f":"IF($A452=\"\",\"\",VLOOKUP($A452,Items!$A$8:$J$701,5,FALSE))","v":""},"",{"$f":"IF($A452=\"\",\"\",VLOOKUP($A452,Items!$A$8:$J$701,7,FALSE))","v":""},"",{"$f":"IF($A452=\"\",\"\",VLOOKUP($A452,Items!$A$8:$J$701,9,FALSE))","v":""},"",{"$f":"IF($A452=\"\",\"\",VLOOKUP($A452,Items!$A$8:$K$701,11,FALSE))","v":""}]
[{"$f":"IF(Items!A453=\"\",\"\",Items!A453)","v":""},{"$f":"IF(Items!B453=\"\",\"\",Items!B453)","v":""},"","","",{"$f":"IF(A453=\"\",\"\",VLOOKUP(A453,Items!$A$8:$AJ$701,34,FALSE))","v":""},{"$f":"IF(A453=\"\",\"\",VLOOKUP(A453,Items!$A$8:$J$701,3,FALSE))","v":""},"",{"$f":"IF($A453=\"\",\"\",VLOOKUP($A453,Items!$A$8:$J$701,5,FALSE))","v":""},"",{"$f":"IF($A453=\"\",\"\",VLOOKUP($A453,Items!$A$8:$J$701,7,FALSE))","v":""},"",{"$f":"IF($A453=\"\",\"\",VLOOKUP($A453,Items!$A$8:$J$701,9,FALSE))","v":""},"",{"$f":"IF($A453=\"\",\"\",VLOOKUP($A453,Items!$A$8:$K$701,11,FALSE))","v":""}]
[{"$f":"IF(Items!A454=\"\",\"\",Items!A454)","v":""},{"$f":"IF(Items!B454=\"\",\"\",Items!B454)","v":""},"","","",{"$f":"IF(A454=\"\",\"\",VLOOKUP(A454,Items!$A$8:$AJ$701,34,FALSE))","v":""},{"$f":"IF(A454=\"\",\"\",VLOOKUP(A454,Items!$A$8:$J$701,3,FALSE))","v":""},"",{"$f":"IF($A454=\"\",\"\",VLOOKUP($A454,Items!$A$8:$J$701,5,FALSE))","v":""},"",{"$f":"IF($A454=\"\",\"\",VLOOKUP($A454,Items!$A$8:$J$701,7,FALSE))","v":""},"",{"$f":"IF($A454=\"\",\"\",VLOOKUP($A454,Items!$A$8:$J$701,9,FALSE))","v":""},"",{"$f":"IF($A454=\"\",\"\",VLOOKUP($A454,Items!$A$8:$K$701,11,FALSE))","v":""}]
[{"$f":"IF(Items!A455=\"\",\"\",Items!A455)","v":""},{"$f":"IF(Items!B455=\"\",\"\",Items!B455)","v":""},"","","",{"$f":"IF(A455=\"\",\"\",VLOOKUP(A455,Items!$A$8:$AJ$701,34,FALSE))","v":""},{"$f":"IF(A455=\"\",\"\",VLOOKUP(A455,Items!$A$8:$J$701,3,FALSE))","v":""},"",{"$f":"IF($A455=\"\",\"\",VLOOKUP($A455,Items!$A$8:$J$701,5,FALSE))","v":""},"",{"$f":"IF($A455=\"\",\"\",VLOOKUP($A455,Items!$A$8:$J$701,7,FALSE))","v":""},"",{"$f":"IF($A455=\"\",\"\",VLOOKUP($A455,Items!$A$8:$J$701,9,FALSE))","v":""},"",{"$f":"IF($A455=\"\",\"\",VLOOKUP($A455,Items!$A$8:$K$701,11,FALSE))","v":""}]
[{"$f":"IF(Items!A456=\"\",\"\",Items!A456)","v":""},{"$f":"IF(Items!B456=\"\",\"\",Items!B456)","v":""},"","","",{"$f":"IF(A456=\"\",\"\",VLOOKUP(A456,Items!$A$8:$AJ$701,34,FALSE))","v":""},{"$f":"IF(A456=\"\",\"\",VLOOKUP(A456,Items!$A$8:$J$701,3,FALSE))","v":""},"",{"$f":"IF($A456=\"\",\"\",VLOOKUP($A456,Items!$A$8:$J$701,5,FALSE))","v":""},"",{"$f":"IF($A456=\"\",\"\",VLOOKUP($A456,Items!$A$8:$J$701,7,FALSE))","v":""},"",{"$f":"IF($A456=\"\",\"\",VLOOKUP($A456,Items!$A$8:$J$701,9,FALSE))","v":""},"",{"$f":"IF($A456=\"\",\"\",VLOOKUP($A456,Items!$A$8:$K$701,11,FALSE))","v":""}]
[{"$f":"IF(Items!A457=\"\",\"\",Items!A457)","v":""},{"$f":"IF(Items!B457=\"\",\"\",Items!B457)","v":""},{"$f":"IF(A457=\"\",\"\",\"x\")","v":""},{"$f":"IF(A457=\"\",\"\",LEFT(A457,1)*100)","v":""},{"$f":"IF(A457=\"\",\"\",LEFT(A457,3))","v":""},{"$f":"IF(A457=\"\",\"\",VLOOKUP(A457,Items!$A$8:$AJ$701,34,FALSE))","v":""},{"$f":"IF(A457=\"\",\"\",VLOOKUP(A457,Items!$A$8:$J$701,3,FALSE))","v":""},{"$f":"IF(OR($F457=\"\",$F457=0),\"\",I457/$F457)","v":""},{"$f":"IF($A457=\"\",\"\",VLOOKUP($A457,Items!$A$8:$J$701,5,FALSE))","v":""},{"$f":"IF(OR($F457=\"\",$F457=0),\"\",K457/$F457)","v":""},{"$f":"IF($A457=\"\",\"\",VLOOKUP($A457,Items!$A$8:$J$701,7,FALSE))","v":""},{"$f":"IF(OR($F457=\"\",$F457=0),\"\",M457/$F457)","v":""},{"$f":"IF($A457=\"\",\"\",VLOOKUP($A457,Items!$A$8:$J$701,9,FALSE))","v":""},{"$f":"IF(OR($F457=\"\",$F457=0),\"\",O457/$F457)","v":""},{"$f":"IF($A457=\"\",\"\",VLOOKUP($A457,Items!$A$8:$K$701,11,FALSE))","v":""}]
[{"$f":"IF(Items!A458=\"\",\"\",Items!A458)","v":""},{"$f":"IF(Items!B458=\"\",\"\",Items!B458)","v":""},"","","",{"$f":"IF(A458=\"\",\"\",VLOOKUP(A458,Items!$A$8:$AJ$701,34,FALSE))","v":""},{"$f":"IF(A458=\"\",\"\",VLOOKUP(A458,Items!$A$8:$J$701,3,FALSE))","v":""},"",{"$f":"IF($A458=\"\",\"\",VLOOKUP($A458,Items!$A$8:$J$701,5,FALSE))","v":""},"",{"$f":"IF($A458=\"\",\"\",VLOOKUP($A458,Items!$A$8:$J$701,7,FALSE))","v":""},"",{"$f":"IF($A458=\"\",\"\",VLOOKUP($A458,Items!$A$8:$J$701,9,FALSE))","v":""},"",{"$f":"IF($A458=\"\",\"\",VLOOKUP($A458,Items!$A$8:$K$701,11,FALSE))","v":""}]
[{"$f":"IF(Items!A459=\"\",\"\",Items!A459)","v":""},{"$f":"IF(Items!B459=\"\",\"\",Items!B459)","v":""},"","","",{"$f":"IF(A459=\"\",\"\",VLOOKUP(A459,Items!$A$8:$AJ$701,34,FALSE))","v":""},{"$f":"IF(A459=\"\",\"\",VLOOKUP(A459,Items!$A$8:$J$701,3,FALSE))","v":""},"",{"$f":"IF($A459=\"\",\"\",VLOOKUP($A459,Items!$A$8:$J$701,5,FALSE))","v":""},"",{"$f":"IF($A459=\"\",\"\",VLOOKUP($A459,Items!$A$8:$J$701,7,FALSE))","v":""},"",{"$f":"IF($A459=\"\",\"\",VLOOKUP($A459,Items!$A$8:$J$701,9,FALSE))","v":""},"",{"$f":"IF($A459=\"\",\"\",VLOOKUP($A459,Items!$A$8:$K$701,11,FALSE))","v":""}]
[{"$f":"IF(Items!A460=\"\",\"\",Items!A460)","v":""},{"$f":"IF(Items!B460=\"\",\"\",Items!B460)","v":""},"","","",{"$f":"IF(A460=\"\",\"\",VLOOKUP(A460,Items!$A$8:$AJ$701,34,FALSE))","v":""},{"$f":"IF(A460=\"\",\"\",VLOOKUP(A460,Items!$A$8:$J$701,3,FALSE))","v":""},"",{"$f":"IF($A460=\"\",\"\",VLOOKUP($A460,Items!$A$8:$J$701,5,FALSE))","v":""},"",{"$f":"IF($A460=\"\",\"\",VLOOKUP($A460,Items!$A$8:$J$701,7,FALSE))","v":""},"",{"$f":"IF($A460=\"\",\"\",VLOOKUP($A460,Items!$A$8:$J$701,9,FALSE))","v":""},"",{"$f":"IF($A460=\"\",\"\",VLOOKUP($A460,Items!$A$8:$K$701,11,FALSE))","v":""}]
[{"$f":"IF(Items!A461=\"\",\"\",Items!A461)","v":""},{"$f":"IF(Items!B461=\"\",\"\",Items!B461)","v":""},"","","",{"$f":"IF(A461=\"\",\"\",VLOOKUP(A461,Items!$A$8:$AJ$701,34,FALSE))","v":""},{"$f":"IF(A461=\"\",\"\",VLOOKUP(A461,Items!$A$8:$J$701,3,FALSE))","v":""},"",{"$f":"IF($A461=\"\",\"\",VLOOKUP($A461,Items!$A$8:$J$701,5,FALSE))","v":""},"",{"$f":"IF($A461=\"\",\"\",VLOOKUP($A461,Items!$A$8:$J$701,7,FALSE))","v":""},"",{"$f":"IF($A461=\"\",\"\",VLOOKUP($A461,Items!$A$8:$J$701,9,FALSE))","v":""},"",{"$f":"IF($A461=\"\",\"\",VLOOKUP($A461,Items!$A$8:$K$701,11,FALSE))","v":""}]
[{"$f":"IF(Items!A462=\"\",\"\",Items!A462)","v":""},{"$f":"IF(Items!B462=\"\",\"\",Items!B462)","v":""},"","","",{"$f":"IF(A462=\"\",\"\",VLOOKUP(A462,Items!$A$8:$AJ$701,34,FALSE))","v":""},{"$f":"IF(A462=\"\",\"\",VLOOKUP(A462,Items!$A$8:$J$701,3,FALSE))","v":""},"",{"$f":"IF($A462=\"\",\"\",VLOOKUP($A462,Items!$A$8:$J$701,5,FALSE))","v":""},"",{"$f":"IF($A462=\"\",\"\",VLOOKUP($A462,Items!$A$8:$J$701,7,FALSE))","v":""},"",{"$f":"IF($A462=\"\",\"\",VLOOKUP($A462,Items!$A$8:$J$701,9,FALSE))","v":""},"",{"$f":"IF($A462=\"\",\"\",VLOOKUP($A462,Items!$A$8:$K$701,11,FALSE))","v":""}]
[{"$f":"IF(Items!A463=\"\",\"\",Items!A463)","v":""},{"$f":"IF(Items!B463=\"\",\"\",Items!B463)","v":""},"","","",{"$f":"IF(A463=\"\",\"\",VLOOKUP(A463,Items!$A$8:$AJ$701,34,FALSE))","v":""},{"$f":"IF(A463=\"\",\"\",VLOOKUP(A463,Items!$A$8:$J$701,3,FALSE))","v":""},"",{"$f":"IF($A463=\"\",\"\",VLOOKUP($A463,Items!$A$8:$J$701,5,FALSE))","v":""},"",{"$f":"IF($A463=\"\",\"\",VLOOKUP($A463,Items!$A$8:$J$701,7,FALSE))","v":""},"",{"$f":"IF($A463=\"\",\"\",VLOOKUP($A463,Items!$A$8:$J$701,9,FALSE))","v":""},"",{"$f":"IF($A463=\"\",\"\",VLOOKUP($A463,Items!$A$8:$K$701,11,FALSE))","v":""}]
[{"$f":"IF(Items!A464=\"\",\"\",Items!A464)","v":""},{"$f":"IF(Items!B464=\"\",\"\",Items!B464)","v":""},"","","",{"$f":"IF(A464=\"\",\"\",VLOOKUP(A464,Items!$A$8:$AJ$701,34,FALSE))","v":""},{"$f":"IF(A464=\"\",\"\",VLOOKUP(A464,Items!$A$8:$J$701,3,FALSE))","v":""},"",{"$f":"IF($A464=\"\",\"\",VLOOKUP($A464,Items!$A$8:$J$701,5,FALSE))","v":""},"",{"$f":"IF($A464=\"\",\"\",VLOOKUP($A464,Items!$A$8:$J$701,7,FALSE))","v":""},"",{"$f":"IF($A464=\"\",\"\",VLOOKUP($A464,Items!$A$8:$J$701,9,FALSE))","v":""},"",{"$f":"IF($A464=\"\",\"\",VLOOKUP($A464,Items!$A$8:$K$701,11,FALSE))","v":""}]
[{"$f":"IF(Items!A465=\"\",\"\",Items!A465)","v":""},{"$f":"IF(Items!B465=\"\",\"\",Items!B465)","v":""},"","","",{"$f":"IF(A465=\"\",\"\",VLOOKUP(A465,Items!$A$8:$AJ$701,34,FALSE))","v":""},{"$f":"IF(A465=\"\",\"\",VLOOKUP(A465,Items!$A$8:$J$701,3,FALSE))","v":""},"",{"$f":"IF($A465=\"\",\"\",VLOOKUP($A465,Items!$A$8:$J$701,5,FALSE))","v":""},"",{"$f":"IF($A465=\"\",\"\",VLOOKUP($A465,Items!$A$8:$J$701,7,FALSE))","v":""},"",{"$f":"IF($A465=\"\",\"\",VLOOKUP($A465,Items!$A$8:$J$701,9,FALSE))","v":""},"",{"$f":"IF($A465=\"\",\"\",VLOOKUP($A465,Items!$A$8:$K$701,11,FALSE))","v":""}]
[{"$f":"IF(Items!A466=\"\",\"\",Items!A466)","v":""},{"$f":"IF(Items!B466=\"\",\"\",Items!B466)","v":""},"","","",{"$f":"IF(A466=\"\",\"\",VLOOKUP(A466,Items!$A$8:$AJ$701,34,FALSE))","v":""},{"$f":"IF(A466=\"\",\"\",VLOOKUP(A466,Items!$A$8:$J$701,3,FALSE))","v":""},"",{"$f":"IF($A466=\"\",\"\",VLOOKUP($A466,Items!$A$8:$J$701,5,FALSE))","v":""},"",{"$f":"IF($A466=\"\",\"\",VLOOKUP($A466,Items!$A$8:$J$701,7,FALSE))","v":""},"",{"$f":"IF($A466=\"\",\"\",VLOOKUP($A466,Items!$A$8:$J$701,9,FALSE))","v":""},"",{"$f":"IF($A466=\"\",\"\",VLOOKUP($A466,Items!$A$8:$K$701,11,FALSE))","v":""}]
[{"$f":"IF(Items!A467=\"\",\"\",Items!A467)","v":""},{"$f":"IF(Items!B467=\"\",\"\",Items!B467)","v":""},"","","",{"$f":"IF(A467=\"\",\"\",VLOOKUP(A467,Items!$A$8:$AJ$701,34,FALSE))","v":""},{"$f":"IF(A467=\"\",\"\",VLOOKUP(A467,Items!$A$8:$J$701,3,FALSE))","v":""},"",{"$f":"IF($A467=\"\",\"\",VLOOKUP($A467,Items!$A$8:$J$701,5,FALSE))","v":""},"",{"$f":"IF($A467=\"\",\"\",VLOOKUP($A467,Items!$A$8:$J$701,7,FALSE))","v":""},"",{"$f":"IF($A467=\"\",\"\",VLOOKUP($A467,Items!$A$8:$J$701,9,FALSE))","v":""},"",{"$f":"IF($A467=\"\",\"\",VLOOKUP($A467,Items!$A$8:$K$701,11,FALSE))","v":""}]
[{"$f":"IF(Items!A468=\"\",\"\",Items!A468)","v":""},{"$f":"IF(Items!B468=\"\",\"\",Items!B468)","v":""},"","","",{"$f":"IF(A468=\"\",\"\",VLOOKUP(A468,Items!$A$8:$AJ$701,34,FALSE))","v":""},{"$f":"IF(A468=\"\",\"\",VLOOKUP(A468,Items!$A$8:$J$701,3,FALSE))","v":""},"",{"$f":"IF($A468=\"\",\"\",VLOOKUP($A468,Items!$A$8:$J$701,5,FALSE))","v":""},"",{"$f":"IF($A468=\"\",\"\",VLOOKUP($A468,Items!$A$8:$J$701,7,FALSE))","v":""},"",{"$f":"IF($A468=\"\",\"\",VLOOKUP($A468,Items!$A$8:$J$701,9,FALSE))","v":""},"",{"$f":"IF($A468=\"\",\"\",VLOOKUP($A468,Items!$A$8:$K$701,11,FALSE))","v":""}]
[{"$f":"IF(Items!A469=\"\",\"\",Items!A469)","v":""},{"$f":"IF(Items!B469=\"\",\"\",Items!B469)","v":""},"","","",{"$f":"IF(A469=\"\",\"\",VLOOKUP(A469,Items!$A$8:$AJ$701,34,FALSE))","v":""},{"$f":"IF(A469=\"\",\"\",VLOOKUP(A469,Items!$A$8:$J$701,3,FALSE))","v":""},"",{"$f":"IF($A469=\"\",\"\",VLOOKUP($A469,Items!$A$8:$J$701,5,FALSE))","v":""},"",{"$f":"IF($A469=\"\",\"\",VLOOKUP($A469,Items!$A$8:$J$701,7,FALSE))","v":""},"",{"$f":"IF($A469=\"\",\"\",VLOOKUP($A469,Items!$A$8:$J$701,9,FALSE))","v":""},"",{"$f":"IF($A469=\"\",\"\",VLOOKUP($A469,Items!$A$8:$K$701,11,FALSE))","v":""}]
[{"$f":"IF(Items!A470=\"\",\"\",Items!A470)","v":""},{"$f":"IF(Items!B470=\"\",\"\",Items!B470)","v":""},"","","",{"$f":"IF(A470=\"\",\"\",VLOOKUP(A470,Items!$A$8:$AJ$701,34,FALSE))","v":""},{"$f":"IF(A470=\"\",\"\",VLOOKUP(A470,Items!$A$8:$J$701,3,FALSE))","v":""},"",{"$f":"IF($A470=\"\",\"\",VLOOKUP($A470,Items!$A$8:$J$701,5,FALSE))","v":""},"",{"$f":"IF($A470=\"\",\"\",VLOOKUP($A470,Items!$A$8:$J$701,7,FALSE))","v":""},"",{"$f":"IF($A470=\"\",\"\",VLOOKUP($A470,Items!$A$8:$J$701,9,FALSE))","v":""},"",{"$f":"IF($A470=\"\",\"\",VLOOKUP($A470,Items!$A$8:$K$701,11,FALSE))","v":""}]
[{"$f":"IF(Items!A471=\"\",\"\",Items!A471)","v":""},{"$f":"IF(Items!B471=\"\",\"\",Items!B471)","v":""},"","","",{"$f":"IF(A471=\"\",\"\",VLOOKUP(A471,Items!$A$8:$AJ$701,34,FALSE))","v":""},{"$f":"IF(A471=\"\",\"\",VLOOKUP(A471,Items!$A$8:$J$701,3,FALSE))","v":""},"",{"$f":"IF($A471=\"\",\"\",VLOOKUP($A471,Items!$A$8:$J$701,5,FALSE))","v":""},"",{"$f":"IF($A471=\"\",\"\",VLOOKUP($A471,Items!$A$8:$J$701,7,FALSE))","v":""},"",{"$f":"IF($A471=\"\",\"\",VLOOKUP($A471,Items!$A$8:$J$701,9,FALSE))","v":""},"",{"$f":"IF($A471=\"\",\"\",VLOOKUP($A471,Items!$A$8:$K$701,11,FALSE))","v":""}]
[{"$f":"IF(Items!A472=\"\",\"\",Items!A472)","v":""},{"$f":"IF(Items!B472=\"\",\"\",Items!B472)","v":""},"","","",{"$f":"IF(A472=\"\",\"\",VLOOKUP(A472,Items!$A$8:$AJ$701,34,FALSE))","v":""},{"$f":"IF(A472=\"\",\"\",VLOOKUP(A472,Items!$A$8:$J$701,3,FALSE))","v":""},"",{"$f":"IF($A472=\"\",\"\",VLOOKUP($A472,Items!$A$8:$J$701,5,FALSE))","v":""},"",{"$f":"IF($A472=\"\",\"\",VLOOKUP($A472,Items!$A$8:$J$701,7,FALSE))","v":""},"",{"$f":"IF($A472=\"\",\"\",VLOOKUP($A472,Items!$A$8:$J$701,9,FALSE))","v":""},"",{"$f":"IF($A472=\"\",\"\",VLOOKUP($A472,Items!$A$8:$K$701,11,FALSE))","v":""}]
[{"$f":"IF(Items!A473=\"\",\"\",Items!A473)","v":""},{"$f":"IF(Items!B473=\"\",\"\",Items!B473)","v":""},"","","",{"$f":"IF(A473=\"\",\"\",VLOOKUP(A473,Items!$A$8:$AJ$701,34,FALSE))","v":""},{"$f":"IF(A473=\"\",\"\",VLOOKUP(A473,Items!$A$8:$J$701,3,FALSE))","v":""},"",{"$f":"IF($A473=\"\",\"\",VLOOKUP($A473,Items!$A$8:$J$701,5,FALSE))","v":""},"",{"$f":"IF($A473=\"\",\"\",VLOOKUP($A473,Items!$A$8:$J$701,7,FALSE))","v":""},"",{"$f":"IF($A473=\"\",\"\",VLOOKUP($A473,Items!$A$8:$J$701,9,FALSE))","v":""},"",{"$f":"IF($A473=\"\",\"\",VLOOKUP($A473,Items!$A$8:$K$701,11,FALSE))","v":""}]
[{"$f":"IF(Items!A474=\"\",\"\",Items!A474)","v":""},{"$f":"IF(Items!B474=\"\",\"\",Items!B474)","v":""},"","","",{"$f":"IF(A474=\"\",\"\",VLOOKUP(A474,Items!$A$8:$AJ$701,34,FALSE))","v":""},{"$f":"IF(A474=\"\",\"\",VLOOKUP(A474,Items!$A$8:$J$701,3,FALSE))","v":""},"",{"$f":"IF($A474=\"\",\"\",VLOOKUP($A474,Items!$A$8:$J$701,5,FALSE))","v":""},"",{"$f":"IF($A474=\"\",\"\",VLOOKUP($A474,Items!$A$8:$J$701,7,FALSE))","v":""},"",{"$f":"IF($A474=\"\",\"\",VLOOKUP($A474,Items!$A$8:$J$701,9,FALSE))","v":""},"",{"$f":"IF($A474=\"\",\"\",VLOOKUP($A474,Items!$A$8:$K$701,11,FALSE))","v":""}]
[{"$f":"IF(Items!A475=\"\",\"\",Items!A475)","v":""},{"$f":"IF(Items!B475=\"\",\"\",Items!B475)","v":""},"","","",{"$f":"IF(A475=\"\",\"\",VLOOKUP(A475,Items!$A$8:$AJ$701,34,FALSE))","v":""},{"$f":"IF(A475=\"\",\"\",VLOOKUP(A475,Items!$A$8:$J$701,3,FALSE))","v":""},"",{"$f":"IF($A475=\"\",\"\",VLOOKUP($A475,Items!$A$8:$J$701,5,FALSE))","v":""},"",{"$f":"IF($A475=\"\",\"\",VLOOKUP($A475,Items!$A$8:$J$701,7,FALSE))","v":""},"",{"$f":"IF($A475=\"\",\"\",VLOOKUP($A475,Items!$A$8:$J$701,9,FALSE))","v":""},"",{"$f":"IF($A475=\"\",\"\",VLOOKUP($A475,Items!$A$8:$K$701,11,FALSE))","v":""}]
[{"$f":"IF(Items!A476=\"\",\"\",Items!A476)","v":""},{"$f":"IF(Items!B476=\"\",\"\",Items!B476)","v":""},"","","",{"$f":"IF(A476=\"\",\"\",VLOOKUP(A476,Items!$A$8:$AJ$701,34,FALSE))","v":""},{"$f":"IF(A476=\"\",\"\",VLOOKUP(A476,Items!$A$8:$J$701,3,FALSE))","v":""},"",{"$f":"IF($A476=\"\",\"\",VLOOKUP($A476,Items!$A$8:$J$701,5,FALSE))","v":""},"",{"$f":"IF($A476=\"\",\"\",VLOOKUP($A476,Items!$A$8:$J$701,7,FALSE))","v":""},"",{"$f":"IF($A476=\"\",\"\",VLOOKUP($A476,Items!$A$8:$J$701,9,FALSE))","v":""},"",{"$f":"IF($A476=\"\",\"\",VLOOKUP($A476,Items!$A$8:$K$701,11,FALSE))","v":""}]
[{"$f":"IF(Items!A477=\"\",\"\",Items!A477)","v":""},{"$f":"IF(Items!B477=\"\",\"\",Items!B477)","v":""},"","","",{"$f":"IF(A477=\"\",\"\",VLOOKUP(A477,Items!$A$8:$AJ$701,34,FALSE))","v":""},{"$f":"IF(A477=\"\",\"\",VLOOKUP(A477,Items!$A$8:$J$701,3,FALSE))","v":""},"",{"$f":"IF($A477=\"\",\"\",VLOOKUP($A477,Items!$A$8:$J$701,5,FALSE))","v":""},"",{"$f":"IF($A477=\"\",\"\",VLOOKUP($A477,Items!$A$8:$J$701,7,FALSE))","v":""},"",{"$f":"IF($A477=\"\",\"\",VLOOKUP($A477,Items!$A$8:$J$701,9,FALSE))","v":""},"",{"$f":"IF($A477=\"\",\"\",VLOOKUP($A477,Items!$A$8:$K$701,11,FALSE))","v":""}]
[{"$f":"IF(Items!A478=\"\",\"\",Items!A478)","v":""},{"$f":"IF(Items!B478=\"\",\"\",Items!B478)","v":""},"","","",{"$f":"IF(A478=\"\",\"\",VLOOKUP(A478,Items!$A$8:$AJ$701,34,FALSE))","v":""},{"$f":"IF(A478=\"\",\"\",VLOOKUP(A478,Items!$A$8:$J$701,3,FALSE))","v":""},"",{"$f":"IF($A478=\"\",\"\",VLOOKUP($A478,Items!$A$8:$J$701,5,FALSE))","v":""},"",{"$f":"IF($A478=\"\",\"\",VLOOKUP($A478,Items!$A$8:$J$701,7,FALSE))","v":""},"",{"$f":"IF($A478=\"\",\"\",VLOOKUP($A478,Items!$A$8:$J$701,9,FALSE))","v":""},"",{"$f":"IF($A478=\"\",\"\",VLOOKUP($A478,Items!$A$8:$K$701,11,FALSE))","v":""}]
[{"$f":"IF(Items!A479=\"\",\"\",Items!A479)","v":""},{"$f":"IF(Items!B479=\"\",\"\",Items!B479)","v":""},"","","",{"$f":"IF(A479=\"\",\"\",VLOOKUP(A479,Items!$A$8:$AJ$701,34,FALSE))","v":""},{"$f":"IF(A479=\"\",\"\",VLOOKUP(A479,Items!$A$8:$J$701,3,FALSE))","v":""},"",{"$f":"IF($A479=\"\",\"\",VLOOKUP($A479,Items!$A$8:$J$701,5,FALSE))","v":""},"",{"$f":"IF($A479=\"\",\"\",VLOOKUP($A479,Items!$A$8:$J$701,7,FALSE))","v":""},"",{"$f":"IF($A479=\"\",\"\",VLOOKUP($A479,Items!$A$8:$J$701,9,FALSE))","v":""},"",{"$f":"IF($A479=\"\",\"\",VLOOKUP($A479,Items!$A$8:$K$701,11,FALSE))","v":""}]
[{"$f":"IF(Items!A480=\"\",\"\",Items!A480)","v":""},{"$f":"IF(Items!B480=\"\",\"\",Items!B480)","v":""},"","","",{"$f":"IF(A480=\"\",\"\",VLOOKUP(A480,Items!$A$8:$AJ$701,34,FALSE))","v":""},{"$f":"IF(A480=\"\",\"\",VLOOKUP(A480,Items!$A$8:$J$701,3,FALSE))","v":""},"",{"$f":"IF($A480=\"\",\"\",VLOOKUP($A480,Items!$A$8:$J$701,5,FALSE))","v":""},"",{"$f":"IF($A480=\"\",\"\",VLOOKUP($A480,Items!$A$8:$J$701,7,FALSE))","v":""},"",{"$f":"IF($A480=\"\",\"\",VLOOKUP($A480,Items!$A$8:$J$701,9,FALSE))","v":""},"",{"$f":"IF($A480=\"\",\"\",VLOOKUP($A480,Items!$A$8:$K$701,11,FALSE))","v":""}]
[{"$f":"IF(Items!A481=\"\",\"\",Items!A481)","v":""},{"$f":"IF(Items!B481=\"\",\"\",Items!B481)","v":""},"","","",{"$f":"IF(A481=\"\",\"\",VLOOKUP(A481,Items!$A$8:$AJ$701,34,FALSE))","v":""},{"$f":"IF(A481=\"\",\"\",VLOOKUP(A481,Items!$A$8:$J$701,3,FALSE))","v":""},"",{"$f":"IF($A481=\"\",\"\",VLOOKUP($A481,Items!$A$8:$J$701,5,FALSE))","v":""},"",{"$f":"IF($A481=\"\",\"\",VLOOKUP($A481,Items!$A$8:$J$701,7,FALSE))","v":""},"",{"$f":"IF($A481=\"\",\"\",VLOOKUP($A481,Items!$A$8:$J$701,9,FALSE))","v":""},"",{"$f":"IF($A481=\"\",\"\",VLOOKUP($A481,Items!$A$8:$K$701,11,FALSE))","v":""}]
[{"$f":"IF(Items!A482=\"\",\"\",Items!A482)","v":""},{"$f":"IF(Items!B482=\"\",\"\",Items!B482)","v":""},"","","",{"$f":"IF(A482=\"\",\"\",VLOOKUP(A482,Items!$A$8:$AJ$701,34,FALSE))","v":""},{"$f":"IF(A482=\"\",\"\",VLOOKUP(A482,Items!$A$8:$J$701,3,FALSE))","v":""},"",{"$f":"IF($A482=\"\",\"\",VLOOKUP($A482,Items!$A$8:$J$701,5,FALSE))","v":""},"",{"$f":"IF($A482=\"\",\"\",VLOOKUP($A482,Items!$A$8:$J$701,7,FALSE))","v":""},"",{"$f":"IF($A482=\"\",\"\",VLOOKUP($A482,Items!$A$8:$J$701,9,FALSE))","v":""},"",{"$f":"IF($A482=\"\",\"\",VLOOKUP($A482,Items!$A$8:$K$701,11,FALSE))","v":""}]
[{"$f":"IF(Items!A483=\"\",\"\",Items!A483)","v":""},{"$f":"IF(Items!B483=\"\",\"\",Items!B483)","v":""},"","","",{"$f":"IF(A483=\"\",\"\",VLOOKUP(A483,Items!$A$8:$AJ$701,34,FALSE))","v":""},{"$f":"IF(A483=\"\",\"\",VLOOKUP(A483,Items!$A$8:$J$701,3,FALSE))","v":""},"",{"$f":"IF($A483=\"\",\"\",VLOOKUP($A483,Items!$A$8:$J$701,5,FALSE))","v":""},"",{"$f":"IF($A483=\"\",\"\",VLOOKUP($A483,Items!$A$8:$J$701,7,FALSE))","v":""},"",{"$f":"IF($A483=\"\",\"\",VLOOKUP($A483,Items!$A$8:$J$701,9,FALSE))","v":""},"",{"$f":"IF($A483=\"\",\"\",VLOOKUP($A483,Items!$A$8:$K$701,11,FALSE))","v":""}]
[{"$f":"IF(Items!A484=\"\",\"\",Items!A484)","v":""},{"$f":"IF(Items!B484=\"\",\"\",Items!B484)","v":""},"","","",{"$f":"IF(A484=\"\",\"\",VLOOKUP(A484,Items!$A$8:$AJ$701,34,FALSE))","v":""},{"$f":"IF(A484=\"\",\"\",VLOOKUP(A484,Items!$A$8:$J$701,3,FALSE))","v":""},"",{"$f":"IF($A484=\"\",\"\",VLOOKUP($A484,Items!$A$8:$J$701,5,FALSE))","v":""},"",{"$f":"IF($A484=\"\",\"\",VLOOKUP($A484,Items!$A$8:$J$701,7,FALSE))","v":""},"",{"$f":"IF($A484=\"\",\"\",VLOOKUP($A484,Items!$A$8:$J$701,9,FALSE))","v":""},"",{"$f":"IF($A484=\"\",\"\",VLOOKUP($A484,Items!$A$8:$K$701,11,FALSE))","v":""}]
[{"$f":"IF(Items!A485=\"\",\"\",Items!A485)","v":""},{"$f":"IF(Items!B485=\"\",\"\",Items!B485)","v":""},"","","",{"$f":"IF(A485=\"\",\"\",VLOOKUP(A485,Items!$A$8:$AJ$701,34,FALSE))","v":""},{"$f":"IF(A485=\"\",\"\",VLOOKUP(A485,Items!$A$8:$J$701,3,FALSE))","v":""},"",{"$f":"IF($A485=\"\",\"\",VLOOKUP($A485,Items!$A$8:$J$701,5,FALSE))","v":""},"",{"$f":"IF($A485=\"\",\"\",VLOOKUP($A485,Items!$A$8:$J$701,7,FALSE))","v":""},"",{"$f":"IF($A485=\"\",\"\",VLOOKUP($A485,Items!$A$8:$J$701,9,FALSE))","v":""},"",{"$f":"IF($A485=\"\",\"\",VLOOKUP($A485,Items!$A$8:$K$701,11,FALSE))","v":""}]
[{"$f":"IF(Items!A486=\"\",\"\",Items!A486)","v":""},{"$f":"IF(Items!B486=\"\",\"\",Items!B486)","v":""},"","","",{"$f":"IF(A486=\"\",\"\",VLOOKUP(A486,Items!$A$8:$AJ$701,34,FALSE))","v":""},{"$f":"IF(A486=\"\",\"\",VLOOKUP(A486,Items!$A$8:$J$701,3,FALSE))","v":""},"",{"$f":"IF($A486=\"\",\"\",VLOOKUP($A486,Items!$A$8:$J$701,5,FALSE))","v":""},"",{"$f":"IF($A486=\"\",\"\",VLOOKUP($A486,Items!$A$8:$J$701,7,FALSE))","v":""},"",{"$f":"IF($A486=\"\",\"\",VLOOKUP($A486,Items!$A$8:$J$701,9,FALSE))","v":""},"",{"$f":"IF($A486=\"\",\"\",VLOOKUP($A486,Items!$A$8:$K$701,11,FALSE))","v":""}]
[{"$f":"IF(Items!A487=\"\",\"\",Items!A487)","v":""},{"$f":"IF(Items!B487=\"\",\"\",Items!B487)","v":""},"","","",{"$f":"IF(A487=\"\",\"\",VLOOKUP(A487,Items!$A$8:$AJ$701,34,FALSE))","v":""},{"$f":"IF(A487=\"\",\"\",VLOOKUP(A487,Items!$A$8:$J$701,3,FALSE))","v":""},"",{"$f":"IF($A487=\"\",\"\",VLOOKUP($A487,Items!$A$8:$J$701,5,FALSE))","v":""},"",{"$f":"IF($A487=\"\",\"\",VLOOKUP($A487,Items!$A$8:$J$701,7,FALSE))","v":""},"",{"$f":"IF($A487=\"\",\"\",VLOOKUP($A487,Items!$A$8:$J$701,9,FALSE))","v":""},"",{"$f":"IF($A487=\"\",\"\",VLOOKUP($A487,Items!$A$8:$K$701,11,FALSE))","v":""}]
[{"$f":"IF(Items!A488=\"\",\"\",Items!A488)","v":""},{"$f":"IF(Items!B488=\"\",\"\",Items!B488)","v":""},"","","",{"$f":"IF(A488=\"\",\"\",VLOOKUP(A488,Items!$A$8:$AJ$701,34,FALSE))","v":""},{"$f":"IF(A488=\"\",\"\",VLOOKUP(A488,Items!$A$8:$J$701,3,FALSE))","v":""},"",{"$f":"IF($A488=\"\",\"\",VLOOKUP($A488,Items!$A$8:$J$701,5,FALSE))","v":""},"",{"$f":"IF($A488=\"\",\"\",VLOOKUP($A488,Items!$A$8:$J$701,7,FALSE))","v":""},"",{"$f":"IF($A488=\"\",\"\",VLOOKUP($A488,Items!$A$8:$J$701,9,FALSE))","v":""},"",{"$f":"IF($A488=\"\",\"\",VLOOKUP($A488,Items!$A$8:$K$701,11,FALSE))","v":""}]
[{"$f":"IF(Items!A489=\"\",\"\",Items!A489)","v":""},{"$f":"IF(Items!B489=\"\",\"\",Items!B489)","v":""},"","","",{"$f":"IF(A489=\"\",\"\",VLOOKUP(A489,Items!$A$8:$AJ$701,34,FALSE))","v":""},{"$f":"IF(A489=\"\",\"\",VLOOKUP(A489,Items!$A$8:$J$701,3,FALSE))","v":""},"",{"$f":"IF($A489=\"\",\"\",VLOOKUP($A489,Items!$A$8:$J$701,5,FALSE))","v":""},"",{"$f":"IF($A489=\"\",\"\",VLOOKUP($A489,Items!$A$8:$J$701,7,FALSE))","v":""},"",{"$f":"IF($A489=\"\",\"\",VLOOKUP($A489,Items!$A$8:$J$701,9,FALSE))","v":""},"",{"$f":"IF($A489=\"\",\"\",VLOOKUP($A489,Items!$A$8:$K$701,11,FALSE))","v":""}]
[{"$f":"IF(Items!A490=\"\",\"\",Items!A490)","v":""},{"$f":"IF(Items!B490=\"\",\"\",Items!B490)","v":""},"","","",{"$f":"IF(A490=\"\",\"\",VLOOKUP(A490,Items!$A$8:$AJ$701,34,FALSE))","v":""},{"$f":"IF(A490=\"\",\"\",VLOOKUP(A490,Items!$A$8:$J$701,3,FALSE))","v":""},"",{"$f":"IF($A490=\"\",\"\",VLOOKUP($A490,Items!$A$8:$J$701,5,FALSE))","v":""},"",{"$f":"IF($A490=\"\",\"\",VLOOKUP($A490,Items!$A$8:$J$701,7,FALSE))","v":""},"",{"$f":"IF($A490=\"\",\"\",VLOOKUP($A490,Items!$A$8:$J$701,9,FALSE))","v":""},"",{"$f":"IF($A490=\"\",\"\",VLOOKUP($A490,Items!$A$8:$K$701,11,FALSE))","v":""}]
[{"$f":"IF(Items!A491=\"\",\"\",Items!A491)","v":""},{"$f":"IF(Items!B491=\"\",\"\",Items!B491)","v":""},"","","",{"$f":"IF(A491=\"\",\"\",VLOOKUP(A491,Items!$A$8:$AJ$701,34,FALSE))","v":""},{"$f":"IF(A491=\"\",\"\",VLOOKUP(A491,Items!$A$8:$J$701,3,FALSE))","v":""},"",{"$f":"IF($A491=\"\",\"\",VLOOKUP($A491,Items!$A$8:$J$701,5,FALSE))","v":""},"",{"$f":"IF($A491=\"\",\"\",VLOOKUP($A491,Items!$A$8:$J$701,7,FALSE))","v":""},"",{"$f":"IF($A491=\"\",\"\",VLOOKUP($A491,Items!$A$8:$J$701,9,FALSE))","v":""},"",{"$f":"IF($A491=\"\",\"\",VLOOKUP($A491,Items!$A$8:$K$701,11,FALSE))","v":""}]
[{"$f":"IF(Items!A492=\"\",\"\",Items!A492)","v":""},{"$f":"IF(Items!B492=\"\",\"\",Items!B492)","v":""},"","","",{"$f":"IF(A492=\"\",\"\",VLOOKUP(A492,Items!$A$8:$AJ$701,34,FALSE))","v":""},{"$f":"IF(A492=\"\",\"\",VLOOKUP(A492,Items!$A$8:$J$701,3,FALSE))","v":""},"",{"$f":"IF($A492=\"\",\"\",VLOOKUP($A492,Items!$A$8:$J$701,5,FALSE))","v":""},"",{"$f":"IF($A492=\"\",\"\",VLOOKUP($A492,Items!$A$8:$J$701,7,FALSE))","v":""},"",{"$f":"IF($A492=\"\",\"\",VLOOKUP($A492,Items!$A$8:$J$701,9,FALSE))","v":""},"",{"$f":"IF($A492=\"\",\"\",VLOOKUP($A492,Items!$A$8:$K$701,11,FALSE))","v":""}]
[{"$f":"IF(Items!A493=\"\",\"\",Items!A493)","v":""},{"$f":"IF(Items!B493=\"\",\"\",Items!B493)","v":""},"","","",{"$f":"IF(A493=\"\",\"\",VLOOKUP(A493,Items!$A$8:$AJ$701,34,FALSE))","v":""},{"$f":"IF(A493=\"\",\"\",VLOOKUP(A493,Items!$A$8:$J$701,3,FALSE))","v":""},"",{"$f":"IF($A493=\"\",\"\",VLOOKUP($A493,Items!$A$8:$J$701,5,FALSE))","v":""},"",{"$f":"IF($A493=\"\",\"\",VLOOKUP($A493,Items!$A$8:$J$701,7,FALSE))","v":""},"",{"$f":"IF($A493=\"\",\"\",VLOOKUP($A493,Items!$A$8:$J$701,9,FALSE))","v":""},"",{"$f":"IF($A493=\"\",\"\",VLOOKUP($A493,Items!$A$8:$K$701,11,FALSE))","v":""}]
[{"$f":"IF(Items!A494=\"\",\"\",Items!A494)","v":""},{"$f":"IF(Items!B494=\"\",\"\",Items!B494)","v":""},"","","",{"$f":"IF(A494=\"\",\"\",VLOOKUP(A494,Items!$A$8:$AJ$701,34,FALSE))","v":""},{"$f":"IF(A494=\"\",\"\",VLOOKUP(A494,Items!$A$8:$J$701,3,FALSE))","v":""},"",{"$f":"IF($A494=\"\",\"\",VLOOKUP($A494,Items!$A$8:$J$701,5,FALSE))","v":""},"",{"$f":"IF($A494=\"\",\"\",VLOOKUP($A494,Items!$A$8:$J$701,7,FALSE))","v":""},"",{"$f":"IF($A494=\"\",\"\",VLOOKUP($A494,Items!$A$8:$J$701,9,FALSE))","v":""},"",{"$f":"IF($A494=\"\",\"\",VLOOKUP($A494,Items!$A$8:$K$701,11,FALSE))","v":""}]
[{"$f":"IF(Items!A495=\"\",\"\",Items!A495)","v":""},{"$f":"IF(Items!B495=\"\",\"\",Items!B495)","v":""},"","","",{"$f":"IF(A495=\"\",\"\",VLOOKUP(A495,Items!$A$8:$AJ$701,34,FALSE))","v":""},{"$f":"IF(A495=\"\",\"\",VLOOKUP(A495,Items!$A$8:$J$701,3,FALSE))","v":""},"",{"$f":"IF($A495=\"\",\"\",VLOOKUP($A495,Items!$A$8:$J$701,5,FALSE))","v":""},"",{"$f":"IF($A495=\"\",\"\",VLOOKUP($A495,Items!$A$8:$J$701,7,FALSE))","v":""},"",{"$f":"IF($A495=\"\",\"\",VLOOKUP($A495,Items!$A$8:$J$701,9,FALSE))","v":""},"",{"$f":"IF($A495=\"\",\"\",VLOOKUP($A495,Items!$A$8:$K$701,11,FALSE))","v":""}]
[{"$f":"IF(Items!A496=\"\",\"\",Items!A496)","v":""},{"$f":"IF(Items!B496=\"\",\"\",Items!B496)","v":""},"","","",{"$f":"IF(A496=\"\",\"\",VLOOKUP(A496,Items!$A$8:$AJ$701,34,FALSE))","v":""},{"$f":"IF(A496=\"\",\"\",VLOOKUP(A496,Items!$A$8:$J$701,3,FALSE))","v":""},"",{"$f":"IF($A496=\"\",\"\",VLOOKUP($A496,Items!$A$8:$J$701,5,FALSE))","v":""},"",{"$f":"IF($A496=\"\",\"\",VLOOKUP($A496,Items!$A$8:$J$701,7,FALSE))","v":""},"",{"$f":"IF($A496=\"\",\"\",VLOOKUP($A496,Items!$A$8:$J$701,9,FALSE))","v":""},"",{"$f":"IF($A496=\"\",\"\",VLOOKUP($A496,Items!$A$8:$K$701,11,FALSE))","v":""}]
[{"$f":"IF(Items!A497=\"\",\"\",Items!A497)","v":""},{"$f":"IF(Items!B497=\"\",\"\",Items!B497)","v":""},"","","",{"$f":"IF(A497=\"\",\"\",VLOOKUP(A497,Items!$A$8:$AJ$701,34,FALSE))","v":""},{"$f":"IF(A497=\"\",\"\",VLOOKUP(A497,Items!$A$8:$J$701,3,FALSE))","v":""},"",{"$f":"IF($A497=\"\",\"\",VLOOKUP($A497,Items!$A$8:$J$701,5,FALSE))","v":""},"",{"$f":"IF($A497=\"\",\"\",VLOOKUP($A497,Items!$A$8:$J$701,7,FALSE))","v":""},"",{"$f":"IF($A497=\"\",\"\",VLOOKUP($A497,Items!$A$8:$J$701,9,FALSE))","v":""},"",{"$f":"IF($A497=\"\",\"\",VLOOKUP($A497,Items!$A$8:$K$701,11,FALSE))","v":""}]
[{"$f":"IF(Items!A498=\"\",\"\",Items!A498)","v":""},{"$f":"IF(Items!B498=\"\",\"\",Items!B498)","v":""},"","","",{"$f":"IF(A498=\"\",\"\",VLOOKUP(A498,Items!$A$8:$AJ$701,34,FALSE))","v":""},{"$f":"IF(A498=\"\",\"\",VLOOKUP(A498,Items!$A$8:$J$701,3,FALSE))","v":""},"",{"$f":"IF($A498=\"\",\"\",VLOOKUP($A498,Items!$A$8:$J$701,5,FALSE))","v":""},"",{"$f":"IF($A498=\"\",\"\",VLOOKUP($A498,Items!$A$8:$J$701,7,FALSE))","v":""},"",{"$f":"IF($A498=\"\",\"\",VLOOKUP($A498,Items!$A$8:$J$701,9,FALSE))","v":""},"",{"$f":"IF($A498=\"\",\"\",VLOOKUP($A498,Items!$A$8:$K$701,11,FALSE))","v":""}]
[{"$f":"IF(Items!A499=\"\",\"\",Items!A499)","v":""},{"$f":"IF(Items!B499=\"\",\"\",Items!B499)","v":""},"","","",{"$f":"IF(A499=\"\",\"\",VLOOKUP(A499,Items!$A$8:$AJ$701,34,FALSE))","v":""},{"$f":"IF(A499=\"\",\"\",VLOOKUP(A499,Items!$A$8:$J$701,3,FALSE))","v":""},"",{"$f":"IF($A499=\"\",\"\",VLOOKUP($A499,Items!$A$8:$J$701,5,FALSE))","v":""},"",{"$f":"IF($A499=\"\",\"\",VLOOKUP($A499,Items!$A$8:$J$701,7,FALSE))","v":""},"",{"$f":"IF($A499=\"\",\"\",VLOOKUP($A499,Items!$A$8:$J$701,9,FALSE))","v":""},"",{"$f":"IF($A499=\"\",\"\",VLOOKUP($A499,Items!$A$8:$K$701,11,FALSE))","v":""}]
[{"$f":"IF(Items!A500=\"\",\"\",Items!A500)","v":""},{"$f":"IF(Items!B500=\"\",\"\",Items!B500)","v":""},"","","",{"$f":"IF(A500=\"\",\"\",VLOOKUP(A500,Items!$A$8:$AJ$701,34,FALSE))","v":""},{"$f":"IF(A500=\"\",\"\",VLOOKUP(A500,Items!$A$8:$J$701,3,FALSE))","v":""},"",{"$f":"IF($A500=\"\",\"\",VLOOKUP($A500,Items!$A$8:$J$701,5,FALSE))","v":""},"",{"$f":"IF($A500=\"\",\"\",VLOOKUP($A500,Items!$A$8:$J$701,7,FALSE))","v":""},"",{"$f":"IF($A500=\"\",\"\",VLOOKUP($A500,Items!$A$8:$J$701,9,FALSE))","v":""},"",{"$f":"IF($A500=\"\",\"\",VLOOKUP($A500,Items!$A$8:$K$701,11,FALSE))","v":""}]
[{"$f":"IF(Items!A501=\"\",\"\",Items!A501)","v":""},{"$f":"IF(Items!B501=\"\",\"\",Items!B501)","v":""},"","","",{"$f":"IF(A501=\"\",\"\",VLOOKUP(A501,Items!$A$8:$AJ$701,34,FALSE))","v":""},{"$f":"IF(A501=\"\",\"\",VLOOKUP(A501,Items!$A$8:$J$701,3,FALSE))","v":""},"",{"$f":"IF($A501=\"\",\"\",VLOOKUP($A501,Items!$A$8:$J$701,5,FALSE))","v":""},"",{"$f":"IF($A501=\"\",\"\",VLOOKUP($A501,Items!$A$8:$J$701,7,FALSE))","v":""},"",{"$f":"IF($A501=\"\",\"\",VLOOKUP($A501,Items!$A$8:$J$701,9,FALSE))","v":""},"",{"$f":"IF($A501=\"\",\"\",VLOOKUP($A501,Items!$A$8:$K$701,11,FALSE))","v":""}]
[{"$f":"IF(Items!A502=\"\",\"\",Items!A502)","v":""},{"$f":"IF(Items!B502=\"\",\"\",Items!B502)","v":""},"","","",{"$f":"IF(A502=\"\",\"\",VLOOKUP(A502,Items!$A$8:$AJ$701,34,FALSE))","v":""},{"$f":"IF(A502=\"\",\"\",VLOOKUP(A502,Items!$A$8:$J$701,3,FALSE))","v":""},"",{"$f":"IF($A502=\"\",\"\",VLOOKUP($A502,Items!$A$8:$J$701,5,FALSE))","v":""},"",{"$f":"IF($A502=\"\",\"\",VLOOKUP($A502,Items!$A$8:$J$701,7,FALSE))","v":""},"",{"$f":"IF($A502=\"\",\"\",VLOOKUP($A502,Items!$A$8:$J$701,9,FALSE))","v":""},"",{"$f":"IF($A502=\"\",\"\",VLOOKUP($A502,Items!$A$8:$K$701,11,FALSE))","v":""}]
[{"$f":"IF(Items!A503=\"\",\"\",Items!A503)","v":""},{"$f":"IF(Items!B503=\"\",\"\",Items!B503)","v":""},"","","",{"$f":"IF(A503=\"\",\"\",VLOOKUP(A503,Items!$A$8:$AJ$701,34,FALSE))","v":""},{"$f":"IF(A503=\"\",\"\",VLOOKUP(A503,Items!$A$8:$J$701,3,FALSE))","v":""},"",{"$f":"IF($A503=\"\",\"\",VLOOKUP($A503,Items!$A$8:$J$701,5,FALSE))","v":""},"",{"$f":"IF($A503=\"\",\"\",VLOOKUP($A503,Items!$A$8:$J$701,7,FALSE))","v":""},"",{"$f":"IF($A503=\"\",\"\",VLOOKUP($A503,Items!$A$8:$J$701,9,FALSE))","v":""},"",{"$f":"IF($A503=\"\",\"\",VLOOKUP($A503,Items!$A$8:$K$701,11,FALSE))","v":""}]
[{"$f":"IF(Items!A504=\"\",\"\",Items!A504)","v":""},{"$f":"IF(Items!B504=\"\",\"\",Items!B504)","v":""},"","","",{"$f":"IF(A504=\"\",\"\",VLOOKUP(A504,Items!$A$8:$AJ$701,34,FALSE))","v":""},{"$f":"IF(A504=\"\",\"\",VLOOKUP(A504,Items!$A$8:$J$701,3,FALSE))","v":""},"",{"$f":"IF($A504=\"\",\"\",VLOOKUP($A504,Items!$A$8:$J$701,5,FALSE))","v":""},"",{"$f":"IF($A504=\"\",\"\",VLOOKUP($A504,Items!$A$8:$J$701,7,FALSE))","v":""},"",{"$f":"IF($A504=\"\",\"\",VLOOKUP($A504,Items!$A$8:$J$701,9,FALSE))","v":""},"",{"$f":"IF($A504=\"\",\"\",VLOOKUP($A504,Items!$A$8:$K$701,11,FALSE))","v":""}]
[{"$f":"IF(Items!A505=\"\",\"\",Items!A505)","v":""},{"$f":"IF(Items!B505=\"\",\"\",Items!B505)","v":""},"","","",{"$f":"IF(A505=\"\",\"\",VLOOKUP(A505,Items!$A$8:$AJ$701,34,FALSE))","v":""},{"$f":"IF(A505=\"\",\"\",VLOOKUP(A505,Items!$A$8:$J$701,3,FALSE))","v":""},"",{"$f":"IF($A505=\"\",\"\",VLOOKUP($A505,Items!$A$8:$J$701,5,FALSE))","v":""},"",{"$f":"IF($A505=\"\",\"\",VLOOKUP($A505,Items!$A$8:$J$701,7,FALSE))","v":""},"",{"$f":"IF($A505=\"\",\"\",VLOOKUP($A505,Items!$A$8:$J$701,9,FALSE))","v":""},"",{"$f":"IF($A505=\"\",\"\",VLOOKUP($A505,Items!$A$8:$K$701,11,FALSE))","v":""}]
[{"$f":"IF(Items!A506=\"\",\"\",Items!A506)","v":""},{"$f":"IF(Items!B506=\"\",\"\",Items!B506)","v":""},"","","",{"$f":"IF(A506=\"\",\"\",VLOOKUP(A506,Items!$A$8:$AJ$701,34,FALSE))","v":""},{"$f":"IF(A506=\"\",\"\",VLOOKUP(A506,Items!$A$8:$J$701,3,FALSE))","v":""},"",{"$f":"IF($A506=\"\",\"\",VLOOKUP($A506,Items!$A$8:$J$701,5,FALSE))","v":""},"",{"$f":"IF($A506=\"\",\"\",VLOOKUP($A506,Items!$A$8:$J$701,7,FALSE))","v":""},"",{"$f":"IF($A506=\"\",\"\",VLOOKUP($A506,Items!$A$8:$J$701,9,FALSE))","v":""},"",{"$f":"IF($A506=\"\",\"\",VLOOKUP($A506,Items!$A$8:$K$701,11,FALSE))","v":""}]
[{"$f":"IF(Items!A507=\"\",\"\",Items!A507)","v":""},{"$f":"IF(Items!B507=\"\",\"\",Items!B507)","v":""},"","","",{"$f":"IF(A507=\"\",\"\",VLOOKUP(A507,Items!$A$8:$AJ$701,34,FALSE))","v":""},{"$f":"IF(A507=\"\",\"\",VLOOKUP(A507,Items!$A$8:$J$701,3,FALSE))","v":""},"",{"$f":"IF($A507=\"\",\"\",VLOOKUP($A507,Items!$A$8:$J$701,5,FALSE))","v":""},"",{"$f":"IF($A507=\"\",\"\",VLOOKUP($A507,Items!$A$8:$J$701,7,FALSE))","v":""},"",{"$f":"IF($A507=\"\",\"\",VLOOKUP($A507,Items!$A$8:$J$701,9,FALSE))","v":""},"",{"$f":"IF($A507=\"\",\"\",VLOOKUP($A507,Items!$A$8:$K$701,11,FALSE))","v":""}]
[{"$f":"IF(Items!A508=\"\",\"\",Items!A508)","v":""},{"$f":"IF(Items!B508=\"\",\"\",Items!B508)","v":""},"","","",{"$f":"IF(A508=\"\",\"\",VLOOKUP(A508,Items!$A$8:$AJ$701,34,FALSE))","v":""},{"$f":"IF(A508=\"\",\"\",VLOOKUP(A508,Items!$A$8:$J$701,3,FALSE))","v":""},"",{"$f":"IF($A508=\"\",\"\",VLOOKUP($A508,Items!$A$8:$J$701,5,FALSE))","v":""},"",{"$f":"IF($A508=\"\",\"\",VLOOKUP($A508,Items!$A$8:$J$701,7,FALSE))","v":""},"",{"$f":"IF($A508=\"\",\"\",VLOOKUP($A508,Items!$A$8:$J$701,9,FALSE))","v":""},"",{"$f":"IF($A508=\"\",\"\",VLOOKUP($A508,Items!$A$8:$K$701,11,FALSE))","v":""}]
[{"$f":"IF(Items!A509=\"\",\"\",Items!A509)","v":""},{"$f":"IF(Items!B509=\"\",\"\",Items!B509)","v":""},"","","",{"$f":"IF(A509=\"\",\"\",VLOOKUP(A509,Items!$A$8:$AJ$701,34,FALSE))","v":""},{"$f":"IF(A509=\"\",\"\",VLOOKUP(A509,Items!$A$8:$J$701,3,FALSE))","v":""},"",{"$f":"IF($A509=\"\",\"\",VLOOKUP($A509,Items!$A$8:$J$701,5,FALSE))","v":""},"",{"$f":"IF($A509=\"\",\"\",VLOOKUP($A509,Items!$A$8:$J$701,7,FALSE))","v":""},"",{"$f":"IF($A509=\"\",\"\",VLOOKUP($A509,Items!$A$8:$J$701,9,FALSE))","v":""},"",{"$f":"IF($A509=\"\",\"\",VLOOKUP($A509,Items!$A$8:$K$701,11,FALSE))","v":""}]
[{"$f":"IF(Items!A510=\"\",\"\",Items!A510)","v":""},{"$f":"IF(Items!B510=\"\",\"\",Items!B510)","v":""},"","","",{"$f":"IF(A510=\"\",\"\",VLOOKUP(A510,Items!$A$8:$AJ$701,34,FALSE))","v":""},{"$f":"IF(A510=\"\",\"\",VLOOKUP(A510,Items!$A$8:$J$701,3,FALSE))","v":""},"",{"$f":"IF($A510=\"\",\"\",VLOOKUP($A510,Items!$A$8:$J$701,5,FALSE))","v":""},"",{"$f":"IF($A510=\"\",\"\",VLOOKUP($A510,Items!$A$8:$J$701,7,FALSE))","v":""},"",{"$f":"IF($A510=\"\",\"\",VLOOKUP($A510,Items!$A$8:$J$701,9,FALSE))","v":""},"",{"$f":"IF($A510=\"\",\"\",VLOOKUP($A510,Items!$A$8:$K$701,11,FALSE))","v":""}]
[{"$f":"IF(Items!A511=\"\",\"\",Items!A511)","v":""},{"$f":"IF(Items!B511=\"\",\"\",Items!B511)","v":""},"","","",{"$f":"IF(A511=\"\",\"\",VLOOKUP(A511,Items!$A$8:$AJ$701,34,FALSE))","v":""},{"$f":"IF(A511=\"\",\"\",VLOOKUP(A511,Items!$A$8:$J$701,3,FALSE))","v":""},"",{"$f":"IF($A511=\"\",\"\",VLOOKUP($A511,Items!$A$8:$J$701,5,FALSE))","v":""},"",{"$f":"IF($A511=\"\",\"\",VLOOKUP($A511,Items!$A$8:$J$701,7,FALSE))","v":""},"",{"$f":"IF($A511=\"\",\"\",VLOOKUP($A511,Items!$A$8:$J$701,9,FALSE))","v":""},"",{"$f":"IF($A511=\"\",\"\",VLOOKUP($A511,Items!$A$8:$K$701,11,FALSE))","v":""}]
[{"$f":"IF(Items!A512=\"\",\"\",Items!A512)","v":""},{"$f":"IF(Items!B512=\"\",\"\",Items!B512)","v":""},"","","",{"$f":"IF(A512=\"\",\"\",VLOOKUP(A512,Items!$A$8:$AJ$701,34,FALSE))","v":""},{"$f":"IF(A512=\"\",\"\",VLOOKUP(A512,Items!$A$8:$J$701,3,FALSE))","v":""},"",{"$f":"IF($A512=\"\",\"\",VLOOKUP($A512,Items!$A$8:$J$701,5,FALSE))","v":""},"",{"$f":"IF($A512=\"\",\"\",VLOOKUP($A512,Items!$A$8:$J$701,7,FALSE))","v":""},"",{"$f":"IF($A512=\"\",\"\",VLOOKUP($A512,Items!$A$8:$J$701,9,FALSE))","v":""},"",{"$f":"IF($A512=\"\",\"\",VLOOKUP($A512,Items!$A$8:$K$701,11,FALSE))","v":""}]
[{"$f":"IF(Items!A513=\"\",\"\",Items!A513)","v":""},{"$f":"IF(Items!B513=\"\",\"\",Items!B513)","v":""},"","","",{"$f":"IF(A513=\"\",\"\",VLOOKUP(A513,Items!$A$8:$AJ$701,34,FALSE))","v":""},{"$f":"IF(A513=\"\",\"\",VLOOKUP(A513,Items!$A$8:$J$701,3,FALSE))","v":""},"",{"$f":"IF($A513=\"\",\"\",VLOOKUP($A513,Items!$A$8:$J$701,5,FALSE))","v":""},"",{"$f":"IF($A513=\"\",\"\",VLOOKUP($A513,Items!$A$8:$J$701,7,FALSE))","v":""},"",{"$f":"IF($A513=\"\",\"\",VLOOKUP($A513,Items!$A$8:$J$701,9,FALSE))","v":""},"",{"$f":"IF($A513=\"\",\"\",VLOOKUP($A513,Items!$A$8:$K$701,11,FALSE))","v":""}]
[{"$f":"IF(Items!A514=\"\",\"\",Items!A514)","v":""},{"$f":"IF(Items!B514=\"\",\"\",Items!B514)","v":""},"","","",{"$f":"IF(A514=\"\",\"\",VLOOKUP(A514,Items!$A$8:$AJ$701,34,FALSE))","v":""},{"$f":"IF(A514=\"\",\"\",VLOOKUP(A514,Items!$A$8:$J$701,3,FALSE))","v":""},"",{"$f":"IF($A514=\"\",\"\",VLOOKUP($A514,Items!$A$8:$J$701,5,FALSE))","v":""},"",{"$f":"IF($A514=\"\",\"\",VLOOKUP($A514,Items!$A$8:$J$701,7,FALSE))","v":""},"",{"$f":"IF($A514=\"\",\"\",VLOOKUP($A514,Items!$A$8:$J$701,9,FALSE))","v":""},"",{"$f":"IF($A514=\"\",\"\",VLOOKUP($A514,Items!$A$8:$K$701,11,FALSE))","v":""}]
[{"$f":"IF(Items!A515=\"\",\"\",Items!A515)","v":""},{"$f":"IF(Items!B515=\"\",\"\",Items!B515)","v":""},"","","",{"$f":"IF(A515=\"\",\"\",VLOOKUP(A515,Items!$A$8:$AJ$701,34,FALSE))","v":""},{"$f":"IF(A515=\"\",\"\",VLOOKUP(A515,Items!$A$8:$J$701,3,FALSE))","v":""},"",{"$f":"IF($A515=\"\",\"\",VLOOKUP($A515,Items!$A$8:$J$701,5,FALSE))","v":""},"",{"$f":"IF($A515=\"\",\"\",VLOOKUP($A515,Items!$A$8:$J$701,7,FALSE))","v":""},"",{"$f":"IF($A515=\"\",\"\",VLOOKUP($A515,Items!$A$8:$J$701,9,FALSE))","v":""},"",{"$f":"IF($A515=\"\",\"\",VLOOKUP($A515,Items!$A$8:$K$701,11,FALSE))","v":""}]
[{"$f":"IF(Items!A516=\"\",\"\",Items!A516)","v":""},{"$f":"IF(Items!B516=\"\",\"\",Items!B516)","v":""},"","","",{"$f":"IF(A516=\"\",\"\",VLOOKUP(A516,Items!$A$8:$AJ$701,34,FALSE))","v":""},{"$f":"IF(A516=\"\",\"\",VLOOKUP(A516,Items!$A$8:$J$701,3,FALSE))","v":""},"",{"$f":"IF($A516=\"\",\"\",VLOOKUP($A516,Items!$A$8:$J$701,5,FALSE))","v":""},"",{"$f":"IF($A516=\"\",\"\",VLOOKUP($A516,Items!$A$8:$J$701,7,FALSE))","v":""},"",{"$f":"IF($A516=\"\",\"\",VLOOKUP($A516,Items!$A$8:$J$701,9,FALSE))","v":""},"",{"$f":"IF($A516=\"\",\"\",VLOOKUP($A516,Items!$A$8:$K$701,11,FALSE))","v":""}]
[{"$f":"IF(Items!A517=\"\",\"\",Items!A517)","v":""},{"$f":"IF(Items!B517=\"\",\"\",Items!B517)","v":""},"","","",{"$f":"IF(A517=\"\",\"\",VLOOKUP(A517,Items!$A$8:$AJ$701,34,FALSE))","v":""},{"$f":"IF(A517=\"\",\"\",VLOOKUP(A517,Items!$A$8:$J$701,3,FALSE))","v":""},"",{"$f":"IF($A517=\"\",\"\",VLOOKUP($A517,Items!$A$8:$J$701,5,FALSE))","v":""},"",{"$f":"IF($A517=\"\",\"\",VLOOKUP($A517,Items!$A$8:$J$701,7,FALSE))","v":""},"",{"$f":"IF($A517=\"\",\"\",VLOOKUP($A517,Items!$A$8:$J$701,9,FALSE))","v":""},"",{"$f":"IF($A517=\"\",\"\",VLOOKUP($A517,Items!$A$8:$K$701,11,FALSE))","v":""}]
[{"$f":"IF(Items!A518=\"\",\"\",Items!A518)","v":""},{"$f":"IF(Items!B518=\"\",\"\",Items!B518)","v":""},"","","",{"$f":"IF(A518=\"\",\"\",VLOOKUP(A518,Items!$A$8:$AJ$701,34,FALSE))","v":""},{"$f":"IF(A518=\"\",\"\",VLOOKUP(A518,Items!$A$8:$J$701,3,FALSE))","v":""},"",{"$f":"IF($A518=\"\",\"\",VLOOKUP($A518,Items!$A$8:$J$701,5,FALSE))","v":""},"",{"$f":"IF($A518=\"\",\"\",VLOOKUP($A518,Items!$A$8:$J$701,7,FALSE))","v":""},"",{"$f":"IF($A518=\"\",\"\",VLOOKUP($A518,Items!$A$8:$J$701,9,FALSE))","v":""},"",{"$f":"IF($A518=\"\",\"\",VLOOKUP($A518,Items!$A$8:$K$701,11,FALSE))","v":""}]
[{"$f":"IF(Items!A519=\"\",\"\",Items!A519)","v":""},{"$f":"IF(Items!B519=\"\",\"\",Items!B519)","v":""},"","","",{"$f":"IF(A519=\"\",\"\",VLOOKUP(A519,Items!$A$8:$AJ$701,34,FALSE))","v":""},{"$f":"IF(A519=\"\",\"\",VLOOKUP(A519,Items!$A$8:$J$701,3,FALSE))","v":""},"",{"$f":"IF($A519=\"\",\"\",VLOOKUP($A519,Items!$A$8:$J$701,5,FALSE))","v":""},"",{"$f":"IF($A519=\"\",\"\",VLOOKUP($A519,Items!$A$8:$J$701,7,FALSE))","v":""},"",{"$f":"IF($A519=\"\",\"\",VLOOKUP($A519,Items!$A$8:$J$701,9,FALSE))","v":""},"",{"$f":"IF($A519=\"\",\"\",VLOOKUP($A519,Items!$A$8:$K$701,11,FALSE))","v":""}]
[{"$f":"IF(Items!A520=\"\",\"\",Items!A520)","v":""},{"$f":"IF(Items!B520=\"\",\"\",Items!B520)","v":""},"","","",{"$f":"IF(A520=\"\",\"\",VLOOKUP(A520,Items!$A$8:$AJ$701,34,FALSE))","v":""},{"$f":"IF(A520=\"\",\"\",VLOOKUP(A520,Items!$A$8:$J$701,3,FALSE))","v":""},"",{"$f":"IF($A520=\"\",\"\",VLOOKUP($A520,Items!$A$8:$J$701,5,FALSE))","v":""},"",{"$f":"IF($A520=\"\",\"\",VLOOKUP($A520,Items!$A$8:$J$701,7,FALSE))","v":""},"",{"$f":"IF($A520=\"\",\"\",VLOOKUP($A520,Items!$A$8:$J$701,9,FALSE))","v":""},"",{"$f":"IF($A520=\"\",\"\",VLOOKUP($A520,Items!$A$8:$K$701,11,FALSE))","v":""}]
[{"$f":"IF(Items!A521=\"\",\"\",Items!A521)","v":""},{"$f":"IF(Items!B521=\"\",\"\",Items!B521)","v":""},{"$f":"IF(A521=\"\",\"\",\"x\")","v":""},{"$f":"IF(A521=\"\",\"\",LEFT(A521,1)*100)","v":""},{"$f":"IF(A521=\"\",\"\",LEFT(A521,3))","v":""},{"$f":"IF(A521=\"\",\"\",VLOOKUP(A521,Items!$A$8:$AJ$701,34,FALSE))","v":""},{"$f":"IF(A521=\"\",\"\",VLOOKUP(A521,Items!$A$8:$J$701,3,FALSE))","v":""},{"$f":"IF(OR($F521=\"\",$F521=0),\"\",I521/$F521)","v":""},{"$f":"IF($A521=\"\",\"\",VLOOKUP($A521,Items!$A$8:$J$701,5,FALSE))","v":""},{"$f":"IF(OR($F521=\"\",$F521=0),\"\",K521/$F521)","v":""},{"$f":"IF($A521=\"\",\"\",VLOOKUP($A521,Items!$A$8:$J$701,7,FALSE))","v":""},{"$f":"IF(OR($F521=\"\",$F521=0),\"\",M521/$F521)","v":""},{"$f":"IF($A521=\"\",\"\",VLOOKUP($A521,Items!$A$8:$J$701,9,FALSE))","v":""},{"$f":"IF(OR($F521=\"\",$F521=0),\"\",O521/$F521)","v":""},{"$f":"IF($A521=\"\",\"\",VLOOKUP($A521,Items!$A$8:$K$701,11,FALSE))","v":""}]
[{"$f":"IF(Items!A522=\"\",\"\",Items!A522)","v":""},{"$f":"IF(Items!B522=\"\",\"\",Items!B522)","v":""},"","","",{"$f":"IF(A522=\"\",\"\",VLOOKUP(A522,Items!$A$8:$AJ$701,34,FALSE))","v":""},{"$f":"IF(A522=\"\",\"\",VLOOKUP(A522,Items!$A$8:$J$701,3,FALSE))","v":""},"",{"$f":"IF($A522=\"\",\"\",VLOOKUP($A522,Items!$A$8:$J$701,5,FALSE))","v":""},"",{"$f":"IF($A522=\"\",\"\",VLOOKUP($A522,Items!$A$8:$J$701,7,FALSE))","v":""},"",{"$f":"IF($A522=\"\",\"\",VLOOKUP($A522,Items!$A$8:$J$701,9,FALSE))","v":""},"",{"$f":"IF($A522=\"\",\"\",VLOOKUP($A522,Items!$A$8:$K$701,11,FALSE))","v":""}]
[{"$f":"IF(Items!A523=\"\",\"\",Items!A523)","v":""},{"$f":"IF(Items!B523=\"\",\"\",Items!B523)","v":""},"","","",{"$f":"IF(A523=\"\",\"\",VLOOKUP(A523,Items!$A$8:$AJ$701,34,FALSE))","v":""},{"$f":"IF(A523=\"\",\"\",VLOOKUP(A523,Items!$A$8:$J$701,3,FALSE))","v":""},"",{"$f":"IF($A523=\"\",\"\",VLOOKUP($A523,Items!$A$8:$J$701,5,FALSE))","v":""},"",{"$f":"IF($A523=\"\",\"\",VLOOKUP($A523,Items!$A$8:$J$701,7,FALSE))","v":""},"",{"$f":"IF($A523=\"\",\"\",VLOOKUP($A523,Items!$A$8:$J$701,9,FALSE))","v":""},"",{"$f":"IF($A523=\"\",\"\",VLOOKUP($A523,Items!$A$8:$K$701,11,FALSE))","v":""}]
[{"$f":"IF(Items!A524=\"\",\"\",Items!A524)","v":""},{"$f":"IF(Items!B524=\"\",\"\",Items!B524)","v":""},"","","",{"$f":"IF(A524=\"\",\"\",VLOOKUP(A524,Items!$A$8:$AJ$701,34,FALSE))","v":""},{"$f":"IF(A524=\"\",\"\",VLOOKUP(A524,Items!$A$8:$J$701,3,FALSE))","v":""},"",{"$f":"IF($A524=\"\",\"\",VLOOKUP($A524,Items!$A$8:$J$701,5,FALSE))","v":""},"",{"$f":"IF($A524=\"\",\"\",VLOOKUP($A524,Items!$A$8:$J$701,7,FALSE))","v":""},"",{"$f":"IF($A524=\"\",\"\",VLOOKUP($A524,Items!$A$8:$J$701,9,FALSE))","v":""},"",{"$f":"IF($A524=\"\",\"\",VLOOKUP($A524,Items!$A$8:$K$701,11,FALSE))","v":""}]
[{"$f":"IF(Items!A525=\"\",\"\",Items!A525)","v":""},{"$f":"IF(Items!B525=\"\",\"\",Items!B525)","v":""},"","","",{"$f":"IF(A525=\"\",\"\",VLOOKUP(A525,Items!$A$8:$AJ$701,34,FALSE))","v":""},{"$f":"IF(A525=\"\",\"\",VLOOKUP(A525,Items!$A$8:$J$701,3,FALSE))","v":""},"",{"$f":"IF($A525=\"\",\"\",VLOOKUP($A525,Items!$A$8:$J$701,5,FALSE))","v":""},"",{"$f":"IF($A525=\"\",\"\",VLOOKUP($A525,Items!$A$8:$J$701,7,FALSE))","v":""},"",{"$f":"IF($A525=\"\",\"\",VLOOKUP($A525,Items!$A$8:$J$701,9,FALSE))","v":""},"",{"$f":"IF($A525=\"\",\"\",VLOOKUP($A525,Items!$A$8:$K$701,11,FALSE))","v":""}]
[{"$f":"IF(Items!A526=\"\",\"\",Items!A526)","v":""},{"$f":"IF(Items!B526=\"\",\"\",Items!B526)","v":""},"","","",{"$f":"IF(A526=\"\",\"\",VLOOKUP(A526,Items!$A$8:$AJ$701,34,FALSE))","v":""},{"$f":"IF(A526=\"\",\"\",VLOOKUP(A526,Items!$A$8:$J$701,3,FALSE))","v":""},"",{"$f":"IF($A526=\"\",\"\",VLOOKUP($A526,Items!$A$8:$J$701,5,FALSE))","v":""},"",{"$f":"IF($A526=\"\",\"\",VLOOKUP($A526,Items!$A$8:$J$701,7,FALSE))","v":""},"",{"$f":"IF($A526=\"\",\"\",VLOOKUP($A526,Items!$A$8:$J$701,9,FALSE))","v":""},"",{"$f":"IF($A526=\"\",\"\",VLOOKUP($A526,Items!$A$8:$K$701,11,FALSE))","v":""}]
[{"$f":"IF(Items!A527=\"\",\"\",Items!A527)","v":""},{"$f":"IF(Items!B527=\"\",\"\",Items!B527)","v":""},"","","",{"$f":"IF(A527=\"\",\"\",VLOOKUP(A527,Items!$A$8:$AJ$701,34,FALSE))","v":""},{"$f":"IF(A527=\"\",\"\",VLOOKUP(A527,Items!$A$8:$J$701,3,FALSE))","v":""},"",{"$f":"IF($A527=\"\",\"\",VLOOKUP($A527,Items!$A$8:$J$701,5,FALSE))","v":""},"",{"$f":"IF($A527=\"\",\"\",VLOOKUP($A527,Items!$A$8:$J$701,7,FALSE))","v":""},"",{"$f":"IF($A527=\"\",\"\",VLOOKUP($A527,Items!$A$8:$J$701,9,FALSE))","v":""},"",{"$f":"IF($A527=\"\",\"\",VLOOKUP($A527,Items!$A$8:$K$701,11,FALSE))","v":""}]
[{"$f":"IF(Items!A528=\"\",\"\",Items!A528)","v":""},{"$f":"IF(Items!B528=\"\",\"\",Items!B528)","v":""},"","","",{"$f":"IF(A528=\"\",\"\",VLOOKUP(A528,Items!$A$8:$AJ$701,34,FALSE))","v":""},{"$f":"IF(A528=\"\",\"\",VLOOKUP(A528,Items!$A$8:$J$701,3,FALSE))","v":""},"",{"$f":"IF($A528=\"\",\"\",VLOOKUP($A528,Items!$A$8:$J$701,5,FALSE))","v":""},"",{"$f":"IF($A528=\"\",\"\",VLOOKUP($A528,Items!$A$8:$J$701,7,FALSE))","v":""},"",{"$f":"IF($A528=\"\",\"\",VLOOKUP($A528,Items!$A$8:$J$701,9,FALSE))","v":""},"",{"$f":"IF($A528=\"\",\"\",VLOOKUP($A528,Items!$A$8:$K$701,11,FALSE))","v":""}]
[{"$f":"IF(Items!A529=\"\",\"\",Items!A529)","v":""},{"$f":"IF(Items!B529=\"\",\"\",Items!B529)","v":""},"","","",{"$f":"IF(A529=\"\",\"\",VLOOKUP(A529,Items!$A$8:$AJ$701,34,FALSE))","v":""},{"$f":"IF(A529=\"\",\"\",VLOOKUP(A529,Items!$A$8:$J$701,3,FALSE))","v":""},"",{"$f":"IF($A529=\"\",\"\",VLOOKUP($A529,Items!$A$8:$J$701,5,FALSE))","v":""},"",{"$f":"IF($A529=\"\",\"\",VLOOKUP($A529,Items!$A$8:$J$701,7,FALSE))","v":""},"",{"$f":"IF($A529=\"\",\"\",VLOOKUP($A529,Items!$A$8:$J$701,9,FALSE))","v":""},"",{"$f":"IF($A529=\"\",\"\",VLOOKUP($A529,Items!$A$8:$K$701,11,FALSE))","v":""}]
[{"$f":"IF(Items!A530=\"\",\"\",Items!A530)","v":""},{"$f":"IF(Items!B530=\"\",\"\",Items!B530)","v":""},"","","",{"$f":"IF(A530=\"\",\"\",VLOOKUP(A530,Items!$A$8:$AJ$701,34,FALSE))","v":""},{"$f":"IF(A530=\"\",\"\",VLOOKUP(A530,Items!$A$8:$J$701,3,FALSE))","v":""},"",{"$f":"IF($A530=\"\",\"\",VLOOKUP($A530,Items!$A$8:$J$701,5,FALSE))","v":""},"",{"$f":"IF($A530=\"\",\"\",VLOOKUP($A530,Items!$A$8:$J$701,7,FALSE))","v":""},"",{"$f":"IF($A530=\"\",\"\",VLOOKUP($A530,Items!$A$8:$J$701,9,FALSE))","v":""},"",{"$f":"IF($A530=\"\",\"\",VLOOKUP($A530,Items!$A$8:$K$701,11,FALSE))","v":""}]
[{"$f":"IF(Items!A531=\"\",\"\",Items!A531)","v":""},{"$f":"IF(Items!B531=\"\",\"\",Items!B531)","v":""},"","","",{"$f":"IF(A531=\"\",\"\",VLOOKUP(A531,Items!$A$8:$AJ$701,34,FALSE))","v":""},{"$f":"IF(A531=\"\",\"\",VLOOKUP(A531,Items!$A$8:$J$701,3,FALSE))","v":""},"",{"$f":"IF($A531=\"\",\"\",VLOOKUP($A531,Items!$A$8:$J$701,5,FALSE))","v":""},"",{"$f":"IF($A531=\"\",\"\",VLOOKUP($A531,Items!$A$8:$J$701,7,FALSE))","v":""},"",{"$f":"IF($A531=\"\",\"\",VLOOKUP($A531,Items!$A$8:$J$701,9,FALSE))","v":""},"",{"$f":"IF($A531=\"\",\"\",VLOOKUP($A531,Items!$A$8:$K$701,11,FALSE))","v":""}]
[{"$f":"IF(Items!A532=\"\",\"\",Items!A532)","v":""},{"$f":"IF(Items!B532=\"\",\"\",Items!B532)","v":""},"","","",{"$f":"IF(A532=\"\",\"\",VLOOKUP(A532,Items!$A$8:$AJ$701,34,FALSE))","v":""},{"$f":"IF(A532=\"\",\"\",VLOOKUP(A532,Items!$A$8:$J$701,3,FALSE))","v":""},"",{"$f":"IF($A532=\"\",\"\",VLOOKUP($A532,Items!$A$8:$J$701,5,FALSE))","v":""},"",{"$f":"IF($A532=\"\",\"\",VLOOKUP($A532,Items!$A$8:$J$701,7,FALSE))","v":""},"",{"$f":"IF($A532=\"\",\"\",VLOOKUP($A532,Items!$A$8:$J$701,9,FALSE))","v":""},"",{"$f":"IF($A532=\"\",\"\",VLOOKUP($A532,Items!$A$8:$K$701,11,FALSE))","v":""}]
[{"$f":"IF(Items!A533=\"\",\"\",Items!A533)","v":""},{"$f":"IF(Items!B533=\"\",\"\",Items!B533)","v":""},"","","",{"$f":"IF(A533=\"\",\"\",VLOOKUP(A533,Items!$A$8:$AJ$701,34,FALSE))","v":""},{"$f":"IF(A533=\"\",\"\",VLOOKUP(A533,Items!$A$8:$J$701,3,FALSE))","v":""},"",{"$f":"IF($A533=\"\",\"\",VLOOKUP($A533,Items!$A$8:$J$701,5,FALSE))","v":""},"",{"$f":"IF($A533=\"\",\"\",VLOOKUP($A533,Items!$A$8:$J$701,7,FALSE))","v":""},"",{"$f":"IF($A533=\"\",\"\",VLOOKUP($A533,Items!$A$8:$J$701,9,FALSE))","v":""},"",{"$f":"IF($A533=\"\",\"\",VLOOKUP($A533,Items!$A$8:$K$701,11,FALSE))","v":""}]
[{"$f":"IF(Items!A534=\"\",\"\",Items!A534)","v":""},{"$f":"IF(Items!B534=\"\",\"\",Items!B534)","v":""},"","","",{"$f":"IF(A534=\"\",\"\",VLOOKUP(A534,Items!$A$8:$AJ$701,34,FALSE))","v":""},{"$f":"IF(A534=\"\",\"\",VLOOKUP(A534,Items!$A$8:$J$701,3,FALSE))","v":""},"",{"$f":"IF($A534=\"\",\"\",VLOOKUP($A534,Items!$A$8:$J$701,5,FALSE))","v":""},"",{"$f":"IF($A534=\"\",\"\",VLOOKUP($A534,Items!$A$8:$J$701,7,FALSE))","v":""},"",{"$f":"IF($A534=\"\",\"\",VLOOKUP($A534,Items!$A$8:$J$701,9,FALSE))","v":""},"",{"$f":"IF($A534=\"\",\"\",VLOOKUP($A534,Items!$A$8:$K$701,11,FALSE))","v":""}]
[{"$f":"IF(Items!A535=\"\",\"\",Items!A535)","v":""},{"$f":"IF(Items!B535=\"\",\"\",Items!B535)","v":""},"","","",{"$f":"IF(A535=\"\",\"\",VLOOKUP(A535,Items!$A$8:$AJ$701,34,FALSE))","v":""},{"$f":"IF(A535=\"\",\"\",VLOOKUP(A535,Items!$A$8:$J$701,3,FALSE))","v":""},"",{"$f":"IF($A535=\"\",\"\",VLOOKUP($A535,Items!$A$8:$J$701,5,FALSE))","v":""},"",{"$f":"IF($A535=\"\",\"\",VLOOKUP($A535,Items!$A$8:$J$701,7,FALSE))","v":""},"",{"$f":"IF($A535=\"\",\"\",VLOOKUP($A535,Items!$A$8:$J$701,9,FALSE))","v":""},"",{"$f":"IF($A535=\"\",\"\",VLOOKUP($A535,Items!$A$8:$K$701,11,FALSE))","v":""}]
[{"$f":"IF(Items!A536=\"\",\"\",Items!A536)","v":""},{"$f":"IF(Items!B536=\"\",\"\",Items!B536)","v":""},"","","",{"$f":"IF(A536=\"\",\"\",VLOOKUP(A536,Items!$A$8:$AJ$701,34,FALSE))","v":""},{"$f":"IF(A536=\"\",\"\",VLOOKUP(A536,Items!$A$8:$J$701,3,FALSE))","v":""},"",{"$f":"IF($A536=\"\",\"\",VLOOKUP($A536,Items!$A$8:$J$701,5,FALSE))","v":""},"",{"$f":"IF($A536=\"\",\"\",VLOOKUP($A536,Items!$A$8:$J$701,7,FALSE))","v":""},"",{"$f":"IF($A536=\"\",\"\",VLOOKUP($A536,Items!$A$8:$J$701,9,FALSE))","v":""},"",{"$f":"IF($A536=\"\",\"\",VLOOKUP($A536,Items!$A$8:$K$701,11,FALSE))","v":""}]
[{"$f":"IF(Items!A537=\"\",\"\",Items!A537)","v":""},{"$f":"IF(Items!B537=\"\",\"\",Items!B537)","v":""},"","","",{"$f":"IF(A537=\"\",\"\",VLOOKUP(A537,Items!$A$8:$AJ$701,34,FALSE))","v":""},{"$f":"IF(A537=\"\",\"\",VLOOKUP(A537,Items!$A$8:$J$701,3,FALSE))","v":""},"",{"$f":"IF($A537=\"\",\"\",VLOOKUP($A537,Items!$A$8:$J$701,5,FALSE))","v":""},"",{"$f":"IF($A537=\"\",\"\",VLOOKUP($A537,Items!$A$8:$J$701,7,FALSE))","v":""},"",{"$f":"IF($A537=\"\",\"\",VLOOKUP($A537,Items!$A$8:$J$701,9,FALSE))","v":""},"",{"$f":"IF($A537=\"\",\"\",VLOOKUP($A537,Items!$A$8:$K$701,11,FALSE))","v":""}]
[{"$f":"IF(Items!A538=\"\",\"\",Items!A538)","v":""},{"$f":"IF(Items!B538=\"\",\"\",Items!B538)","v":""},"","","",{"$f":"IF(A538=\"\",\"\",VLOOKUP(A538,Items!$A$8:$AJ$701,34,FALSE))","v":""},{"$f":"IF(A538=\"\",\"\",VLOOKUP(A538,Items!$A$8:$J$701,3,FALSE))","v":""},"",{"$f":"IF($A538=\"\",\"\",VLOOKUP($A538,Items!$A$8:$J$701,5,FALSE))","v":""},"",{"$f":"IF($A538=\"\",\"\",VLOOKUP($A538,Items!$A$8:$J$701,7,FALSE))","v":""},"",{"$f":"IF($A538=\"\",\"\",VLOOKUP($A538,Items!$A$8:$J$701,9,FALSE))","v":""},"",{"$f":"IF($A538=\"\",\"\",VLOOKUP($A538,Items!$A$8:$K$701,11,FALSE))","v":""}]
[{"$f":"IF(Items!A539=\"\",\"\",Items!A539)","v":""},{"$f":"IF(Items!B539=\"\",\"\",Items!B539)","v":""},"","","",{"$f":"IF(A539=\"\",\"\",VLOOKUP(A539,Items!$A$8:$AJ$701,34,FALSE))","v":""},{"$f":"IF(A539=\"\",\"\",VLOOKUP(A539,Items!$A$8:$J$701,3,FALSE))","v":""},"",{"$f":"IF($A539=\"\",\"\",VLOOKUP($A539,Items!$A$8:$J$701,5,FALSE))","v":""},"",{"$f":"IF($A539=\"\",\"\",VLOOKUP($A539,Items!$A$8:$J$701,7,FALSE))","v":""},"",{"$f":"IF($A539=\"\",\"\",VLOOKUP($A539,Items!$A$8:$J$701,9,FALSE))","v":""},"",{"$f":"IF($A539=\"\",\"\",VLOOKUP($A539,Items!$A$8:$K$701,11,FALSE))","v":""}]
[{"$f":"IF(Items!A540=\"\",\"\",Items!A540)","v":""},{"$f":"IF(Items!B540=\"\",\"\",Items!B540)","v":""},"","","",{"$f":"IF(A540=\"\",\"\",VLOOKUP(A540,Items!$A$8:$AJ$701,34,FALSE))","v":""},{"$f":"IF(A540=\"\",\"\",VLOOKUP(A540,Items!$A$8:$J$701,3,FALSE))","v":""},"",{"$f":"IF($A540=\"\",\"\",VLOOKUP($A540,Items!$A$8:$J$701,5,FALSE))","v":""},"",{"$f":"IF($A540=\"\",\"\",VLOOKUP($A540,Items!$A$8:$J$701,7,FALSE))","v":""},"",{"$f":"IF($A540=\"\",\"\",VLOOKUP($A540,Items!$A$8:$J$701,9,FALSE))","v":""},"",{"$f":"IF($A540=\"\",\"\",VLOOKUP($A540,Items!$A$8:$K$701,11,FALSE))","v":""}]
[{"$f":"IF(Items!A541=\"\",\"\",Items!A541)","v":""},{"$f":"IF(Items!B541=\"\",\"\",Items!B541)","v":""},"","","",{"$f":"IF(A541=\"\",\"\",VLOOKUP(A541,Items!$A$8:$AJ$701,34,FALSE))","v":""},{"$f":"IF(A541=\"\",\"\",VLOOKUP(A541,Items!$A$8:$J$701,3,FALSE))","v":""},"",{"$f":"IF($A541=\"\",\"\",VLOOKUP($A541,Items!$A$8:$J$701,5,FALSE))","v":""},"",{"$f":"IF($A541=\"\",\"\",VLOOKUP($A541,Items!$A$8:$J$701,7,FALSE))","v":""},"",{"$f":"IF($A541=\"\",\"\",VLOOKUP($A541,Items!$A$8:$J$701,9,FALSE))","v":""},"",{"$f":"IF($A541=\"\",\"\",VLOOKUP($A541,Items!$A$8:$K$701,11,FALSE))","v":""}]
[{"$f":"IF(Items!A542=\"\",\"\",Items!A542)","v":""},{"$f":"IF(Items!B542=\"\",\"\",Items!B542)","v":""},"","","",{"$f":"IF(A542=\"\",\"\",VLOOKUP(A542,Items!$A$8:$AJ$701,34,FALSE))","v":""},{"$f":"IF(A542=\"\",\"\",VLOOKUP(A542,Items!$A$8:$J$701,3,FALSE))","v":""},"",{"$f":"IF($A542=\"\",\"\",VLOOKUP($A542,Items!$A$8:$J$701,5,FALSE))","v":""},"",{"$f":"IF($A542=\"\",\"\",VLOOKUP($A542,Items!$A$8:$J$701,7,FALSE))","v":""},"",{"$f":"IF($A542=\"\",\"\",VLOOKUP($A542,Items!$A$8:$J$701,9,FALSE))","v":""},"",{"$f":"IF($A542=\"\",\"\",VLOOKUP($A542,Items!$A$8:$K$701,11,FALSE))","v":""}]
[{"$f":"IF(Items!A543=\"\",\"\",Items!A543)","v":""},{"$f":"IF(Items!B543=\"\",\"\",Items!B543)","v":""},"","","",{"$f":"IF(A543=\"\",\"\",VLOOKUP(A543,Items!$A$8:$AJ$701,34,FALSE))","v":""},{"$f":"IF(A543=\"\",\"\",VLOOKUP(A543,Items!$A$8:$J$701,3,FALSE))","v":""},"",{"$f":"IF($A543=\"\",\"\",VLOOKUP($A543,Items!$A$8:$J$701,5,FALSE))","v":""},"",{"$f":"IF($A543=\"\",\"\",VLOOKUP($A543,Items!$A$8:$J$701,7,FALSE))","v":""},"",{"$f":"IF($A543=\"\",\"\",VLOOKUP($A543,Items!$A$8:$J$701,9,FALSE))","v":""},"",{"$f":"IF($A543=\"\",\"\",VLOOKUP($A543,Items!$A$8:$K$701,11,FALSE))","v":""}]
[{"$f":"IF(Items!A544=\"\",\"\",Items!A544)","v":""},{"$f":"IF(Items!B544=\"\",\"\",Items!B544)","v":""},"","","",{"$f":"IF(A544=\"\",\"\",VLOOKUP(A544,Items!$A$8:$AJ$701,34,FALSE))","v":""},{"$f":"IF(A544=\"\",\"\",VLOOKUP(A544,Items!$A$8:$J$701,3,FALSE))","v":""},"",{"$f":"IF($A544=\"\",\"\",VLOOKUP($A544,Items!$A$8:$J$701,5,FALSE))","v":""},"",{"$f":"IF($A544=\"\",\"\",VLOOKUP($A544,Items!$A$8:$J$701,7,FALSE))","v":""},"",{"$f":"IF($A544=\"\",\"\",VLOOKUP($A544,Items!$A$8:$J$701,9,FALSE))","v":""},"",{"$f":"IF($A544=\"\",\"\",VLOOKUP($A544,Items!$A$8:$K$701,11,FALSE))","v":""}]
[{"$f":"IF(Items!A545=\"\",\"\",Items!A545)","v":""},{"$f":"IF(Items!B545=\"\",\"\",Items!B545)","v":""},"","","",{"$f":"IF(A545=\"\",\"\",VLOOKUP(A545,Items!$A$8:$AJ$701,34,FALSE))","v":""},{"$f":"IF(A545=\"\",\"\",VLOOKUP(A545,Items!$A$8:$J$701,3,FALSE))","v":""},"",{"$f":"IF($A545=\"\",\"\",VLOOKUP($A545,Items!$A$8:$J$701,5,FALSE))","v":""},"",{"$f":"IF($A545=\"\",\"\",VLOOKUP($A545,Items!$A$8:$J$701,7,FALSE))","v":""},"",{"$f":"IF($A545=\"\",\"\",VLOOKUP($A545,Items!$A$8:$J$701,9,FALSE))","v":""},"",{"$f":"IF($A545=\"\",\"\",VLOOKUP($A545,Items!$A$8:$K$701,11,FALSE))","v":""}]
[{"$f":"IF(Items!A546=\"\",\"\",Items!A546)","v":""},{"$f":"IF(Items!B546=\"\",\"\",Items!B546)","v":""},"","","",{"$f":"IF(A546=\"\",\"\",VLOOKUP(A546,Items!$A$8:$AJ$701,34,FALSE))","v":""},{"$f":"IF(A546=\"\",\"\",VLOOKUP(A546,Items!$A$8:$J$701,3,FALSE))","v":""},"",{"$f":"IF($A546=\"\",\"\",VLOOKUP($A546,Items!$A$8:$J$701,5,FALSE))","v":""},"",{"$f":"IF($A546=\"\",\"\",VLOOKUP($A546,Items!$A$8:$J$701,7,FALSE))","v":""},"",{"$f":"IF($A546=\"\",\"\",VLOOKUP($A546,Items!$A$8:$J$701,9,FALSE))","v":""},"",{"$f":"IF($A546=\"\",\"\",VLOOKUP($A546,Items!$A$8:$K$701,11,FALSE))","v":""}]
[{"$f":"IF(Items!A547=\"\",\"\",Items!A547)","v":""},{"$f":"IF(Items!B547=\"\",\"\",Items!B547)","v":""},"","","",{"$f":"IF(A547=\"\",\"\",VLOOKUP(A547,Items!$A$8:$AJ$701,34,FALSE))","v":""},{"$f":"IF(A547=\"\",\"\",VLOOKUP(A547,Items!$A$8:$J$701,3,FALSE))","v":""},"",{"$f":"IF($A547=\"\",\"\",VLOOKUP($A547,Items!$A$8:$J$701,5,FALSE))","v":""},"",{"$f":"IF($A547=\"\",\"\",VLOOKUP($A547,Items!$A$8:$J$701,7,FALSE))","v":""},"",{"$f":"IF($A547=\"\",\"\",VLOOKUP($A547,Items!$A$8:$J$701,9,FALSE))","v":""},"",{"$f":"IF($A547=\"\",\"\",VLOOKUP($A547,Items!$A$8:$K$701,11,FALSE))","v":""}]
[{"$f":"IF(Items!A548=\"\",\"\",Items!A548)","v":""},{"$f":"IF(Items!B548=\"\",\"\",Items!B548)","v":""},"","","",{"$f":"IF(A548=\"\",\"\",VLOOKUP(A548,Items!$A$8:$AJ$701,34,FALSE))","v":""},{"$f":"IF(A548=\"\",\"\",VLOOKUP(A548,Items!$A$8:$J$701,3,FALSE))","v":""},"",{"$f":"IF($A548=\"\",\"\",VLOOKUP($A548,Items!$A$8:$J$701,5,FALSE))","v":""},"",{"$f":"IF($A548=\"\",\"\",VLOOKUP($A548,Items!$A$8:$J$701,7,FALSE))","v":""},"",{"$f":"IF($A548=\"\",\"\",VLOOKUP($A548,Items!$A$8:$J$701,9,FALSE))","v":""},"",{"$f":"IF($A548=\"\",\"\",VLOOKUP($A548,Items!$A$8:$K$701,11,FALSE))","v":""}]
[{"$f":"IF(Items!A549=\"\",\"\",Items!A549)","v":""},{"$f":"IF(Items!B549=\"\",\"\",Items!B549)","v":""},"","","",{"$f":"IF(A549=\"\",\"\",VLOOKUP(A549,Items!$A$8:$AJ$701,34,FALSE))","v":""},{"$f":"IF(A549=\"\",\"\",VLOOKUP(A549,Items!$A$8:$J$701,3,FALSE))","v":""},"",{"$f":"IF($A549=\"\",\"\",VLOOKUP($A549,Items!$A$8:$J$701,5,FALSE))","v":""},"",{"$f":"IF($A549=\"\",\"\",VLOOKUP($A549,Items!$A$8:$J$701,7,FALSE))","v":""},"",{"$f":"IF($A549=\"\",\"\",VLOOKUP($A549,Items!$A$8:$J$701,9,FALSE))","v":""},"",{"$f":"IF($A549=\"\",\"\",VLOOKUP($A549,Items!$A$8:$K$701,11,FALSE))","v":""}]
[{"$f":"IF(Items!A550=\"\",\"\",Items!A550)","v":""},{"$f":"IF(Items!B550=\"\",\"\",Items!B550)","v":""},"","","",{"$f":"IF(A550=\"\",\"\",VLOOKUP(A550,Items!$A$8:$AJ$701,34,FALSE))","v":""},{"$f":"IF(A550=\"\",\"\",VLOOKUP(A550,Items!$A$8:$J$701,3,FALSE))","v":""},"",{"$f":"IF($A550=\"\",\"\",VLOOKUP($A550,Items!$A$8:$J$701,5,FALSE))","v":""},"",{"$f":"IF($A550=\"\",\"\",VLOOKUP($A550,Items!$A$8:$J$701,7,FALSE))","v":""},"",{"$f":"IF($A550=\"\",\"\",VLOOKUP($A550,Items!$A$8:$J$701,9,FALSE))","v":""},"",{"$f":"IF($A550=\"\",\"\",VLOOKUP($A550,Items!$A$8:$K$701,11,FALSE))","v":""}]
[{"$f":"IF(Items!A551=\"\",\"\",Items!A551)","v":""},{"$f":"IF(Items!B551=\"\",\"\",Items!B551)","v":""},"","","",{"$f":"IF(A551=\"\",\"\",VLOOKUP(A551,Items!$A$8:$AJ$701,34,FALSE))","v":""},{"$f":"IF(A551=\"\",\"\",VLOOKUP(A551,Items!$A$8:$J$701,3,FALSE))","v":""},"",{"$f":"IF($A551=\"\",\"\",VLOOKUP($A551,Items!$A$8:$J$701,5,FALSE))","v":""},"",{"$f":"IF($A551=\"\",\"\",VLOOKUP($A551,Items!$A$8:$J$701,7,FALSE))","v":""},"",{"$f":"IF($A551=\"\",\"\",VLOOKUP($A551,Items!$A$8:$J$701,9,FALSE))","v":""},"",{"$f":"IF($A551=\"\",\"\",VLOOKUP($A551,Items!$A$8:$K$701,11,FALSE))","v":""}]
[{"$f":"IF(Items!A552=\"\",\"\",Items!A552)","v":""},{"$f":"IF(Items!B552=\"\",\"\",Items!B552)","v":""},"","","",{"$f":"IF(A552=\"\",\"\",VLOOKUP(A552,Items!$A$8:$AJ$701,34,FALSE))","v":""},{"$f":"IF(A552=\"\",\"\",VLOOKUP(A552,Items!$A$8:$J$701,3,FALSE))","v":""},"",{"$f":"IF($A552=\"\",\"\",VLOOKUP($A552,Items!$A$8:$J$701,5,FALSE))","v":""},"",{"$f":"IF($A552=\"\",\"\",VLOOKUP($A552,Items!$A$8:$J$701,7,FALSE))","v":""},"",{"$f":"IF($A552=\"\",\"\",VLOOKUP($A552,Items!$A$8:$J$701,9,FALSE))","v":""},"",{"$f":"IF($A552=\"\",\"\",VLOOKUP($A552,Items!$A$8:$K$701,11,FALSE))","v":""}]
[{"$f":"IF(Items!A553=\"\",\"\",Items!A553)","v":""},{"$f":"IF(Items!B553=\"\",\"\",Items!B553)","v":""},"","","",{"$f":"IF(A553=\"\",\"\",VLOOKUP(A553,Items!$A$8:$AJ$701,34,FALSE))","v":""},{"$f":"IF(A553=\"\",\"\",VLOOKUP(A553,Items!$A$8:$J$701,3,FALSE))","v":""},"",{"$f":"IF($A553=\"\",\"\",VLOOKUP($A553,Items!$A$8:$J$701,5,FALSE))","v":""},"",{"$f":"IF($A553=\"\",\"\",VLOOKUP($A553,Items!$A$8:$J$701,7,FALSE))","v":""},"",{"$f":"IF($A553=\"\",\"\",VLOOKUP($A553,Items!$A$8:$J$701,9,FALSE))","v":""},"",{"$f":"IF($A553=\"\",\"\",VLOOKUP($A553,Items!$A$8:$K$701,11,FALSE))","v":""}]
[{"$f":"IF(Items!A554=\"\",\"\",Items!A554)","v":""},{"$f":"IF(Items!B554=\"\",\"\",Items!B554)","v":""},"","","",{"$f":"IF(A554=\"\",\"\",VLOOKUP(A554,Items!$A$8:$AJ$701,34,FALSE))","v":""},{"$f":"IF(A554=\"\",\"\",VLOOKUP(A554,Items!$A$8:$J$701,3,FALSE))","v":""},"",{"$f":"IF($A554=\"\",\"\",VLOOKUP($A554,Items!$A$8:$J$701,5,FALSE))","v":""},"",{"$f":"IF($A554=\"\",\"\",VLOOKUP($A554,Items!$A$8:$J$701,7,FALSE))","v":""},"",{"$f":"IF($A554=\"\",\"\",VLOOKUP($A554,Items!$A$8:$J$701,9,FALSE))","v":""},"",{"$f":"IF($A554=\"\",\"\",VLOOKUP($A554,Items!$A$8:$K$701,11,FALSE))","v":""}]
[{"$f":"IF(Items!A555=\"\",\"\",Items!A555)","v":""},{"$f":"IF(Items!B555=\"\",\"\",Items!B555)","v":""},"","","",{"$f":"IF(A555=\"\",\"\",VLOOKUP(A555,Items!$A$8:$AJ$701,34,FALSE))","v":""},{"$f":"IF(A555=\"\",\"\",VLOOKUP(A555,Items!$A$8:$J$701,3,FALSE))","v":""},"",{"$f":"IF($A555=\"\",\"\",VLOOKUP($A555,Items!$A$8:$J$701,5,FALSE))","v":""},"",{"$f":"IF($A555=\"\",\"\",VLOOKUP($A555,Items!$A$8:$J$701,7,FALSE))","v":""},"",{"$f":"IF($A555=\"\",\"\",VLOOKUP($A555,Items!$A$8:$J$701,9,FALSE))","v":""},"",{"$f":"IF($A555=\"\",\"\",VLOOKUP($A555,Items!$A$8:$K$701,11,FALSE))","v":""}]
[{"$f":"IF(Items!A556=\"\",\"\",Items!A556)","v":""},{"$f":"IF(Items!B556=\"\",\"\",Items!B556)","v":""},"","","",{"$f":"IF(A556=\"\",\"\",VLOOKUP(A556,Items!$A$8:$AJ$701,34,FALSE))","v":""},{"$f":"IF(A556=\"\",\"\",VLOOKUP(A556,Items!$A$8:$J$701,3,FALSE))","v":""},"",{"$f":"IF($A556=\"\",\"\",VLOOKUP($A556,Items!$A$8:$J$701,5,FALSE))","v":""},"",{"$f":"IF($A556=\"\",\"\",VLOOKUP($A556,Items!$A$8:$J$701,7,FALSE))","v":""},"",{"$f":"IF($A556=\"\",\"\",VLOOKUP($A556,Items!$A$8:$J$701,9,FALSE))","v":""},"",{"$f":"IF($A556=\"\",\"\",VLOOKUP($A556,Items!$A$8:$K$701,11,FALSE))","v":""}]
[{"$f":"IF(Items!A557=\"\",\"\",Items!A557)","v":""},{"$f":"IF(Items!B557=\"\",\"\",Items!B557)","v":""},"","","",{"$f":"IF(A557=\"\",\"\",VLOOKUP(A557,Items!$A$8:$AJ$701,34,FALSE))","v":""},{"$f":"IF(A557=\"\",\"\",VLOOKUP(A557,Items!$A$8:$J$701,3,FALSE))","v":""},"",{"$f":"IF($A557=\"\",\"\",VLOOKUP($A557,Items!$A$8:$J$701,5,FALSE))","v":""},"",{"$f":"IF($A557=\"\",\"\",VLOOKUP($A557,Items!$A$8:$J$701,7,FALSE))","v":""},"",{"$f":"IF($A557=\"\",\"\",VLOOKUP($A557,Items!$A$8:$J$701,9,FALSE))","v":""},"",{"$f":"IF($A557=\"\",\"\",VLOOKUP($A557,Items!$A$8:$K$701,11,FALSE))","v":""}]
[{"$f":"IF(Items!A558=\"\",\"\",Items!A558)","v":""},{"$f":"IF(Items!B558=\"\",\"\",Items!B558)","v":""},"","","",{"$f":"IF(A558=\"\",\"\",VLOOKUP(A558,Items!$A$8:$AJ$701,34,FALSE))","v":""},{"$f":"IF(A558=\"\",\"\",VLOOKUP(A558,Items!$A$8:$J$701,3,FALSE))","v":""},"",{"$f":"IF($A558=\"\",\"\",VLOOKUP($A558,Items!$A$8:$J$701,5,FALSE))","v":""},"",{"$f":"IF($A558=\"\",\"\",VLOOKUP($A558,Items!$A$8:$J$701,7,FALSE))","v":""},"",{"$f":"IF($A558=\"\",\"\",VLOOKUP($A558,Items!$A$8:$J$701,9,FALSE))","v":""},"",{"$f":"IF($A558=\"\",\"\",VLOOKUP($A558,Items!$A$8:$K$701,11,FALSE))","v":""}]
[{"$f":"IF(Items!A559=\"\",\"\",Items!A559)","v":""},{"$f":"IF(Items!B559=\"\",\"\",Items!B559)","v":""},"","","",{"$f":"IF(A559=\"\",\"\",VLOOKUP(A559,Items!$A$8:$AJ$701,34,FALSE))","v":""},{"$f":"IF(A559=\"\",\"\",VLOOKUP(A559,Items!$A$8:$J$701,3,FALSE))","v":""},"",{"$f":"IF($A559=\"\",\"\",VLOOKUP($A559,Items!$A$8:$J$701,5,FALSE))","v":""},"",{"$f":"IF($A559=\"\",\"\",VLOOKUP($A559,Items!$A$8:$J$701,7,FALSE))","v":""},"",{"$f":"IF($A559=\"\",\"\",VLOOKUP($A559,Items!$A$8:$J$701,9,FALSE))","v":""},"",{"$f":"IF($A559=\"\",\"\",VLOOKUP($A559,Items!$A$8:$K$701,11,FALSE))","v":""}]
[{"$f":"IF(Items!A560=\"\",\"\",Items!A560)","v":""},{"$f":"IF(Items!B560=\"\",\"\",Items!B560)","v":""},"","","",{"$f":"IF(A560=\"\",\"\",VLOOKUP(A560,Items!$A$8:$AJ$701,34,FALSE))","v":""},{"$f":"IF(A560=\"\",\"\",VLOOKUP(A560,Items!$A$8:$J$701,3,FALSE))","v":""},"",{"$f":"IF($A560=\"\",\"\",VLOOKUP($A560,Items!$A$8:$J$701,5,FALSE))","v":""},"",{"$f":"IF($A560=\"\",\"\",VLOOKUP($A560,Items!$A$8:$J$701,7,FALSE))","v":""},"",{"$f":"IF($A560=\"\",\"\",VLOOKUP($A560,Items!$A$8:$J$701,9,FALSE))","v":""},"",{"$f":"IF($A560=\"\",\"\",VLOOKUP($A560,Items!$A$8:$K$701,11,FALSE))","v":""}]
[{"$f":"IF(Items!A561=\"\",\"\",Items!A561)","v":""},{"$f":"IF(Items!B561=\"\",\"\",Items!B561)","v":""},"","","",{"$f":"IF(A561=\"\",\"\",VLOOKUP(A561,Items!$A$8:$AJ$701,34,FALSE))","v":""},{"$f":"IF(A561=\"\",\"\",VLOOKUP(A561,Items!$A$8:$J$701,3,FALSE))","v":""},"",{"$f":"IF($A561=\"\",\"\",VLOOKUP($A561,Items!$A$8:$J$701,5,FALSE))","v":""},"",{"$f":"IF($A561=\"\",\"\",VLOOKUP($A561,Items!$A$8:$J$701,7,FALSE))","v":""},"",{"$f":"IF($A561=\"\",\"\",VLOOKUP($A561,Items!$A$8:$J$701,9,FALSE))","v":""},"",{"$f":"IF($A561=\"\",\"\",VLOOKUP($A561,Items!$A$8:$K$701,11,FALSE))","v":""}]
[{"$f":"IF(Items!A562=\"\",\"\",Items!A562)","v":""},{"$f":"IF(Items!B562=\"\",\"\",Items!B562)","v":""},"","","",{"$f":"IF(A562=\"\",\"\",VLOOKUP(A562,Items!$A$8:$AJ$701,34,FALSE))","v":""},{"$f":"IF(A562=\"\",\"\",VLOOKUP(A562,Items!$A$8:$J$701,3,FALSE))","v":""},"",{"$f":"IF($A562=\"\",\"\",VLOOKUP($A562,Items!$A$8:$J$701,5,FALSE))","v":""},"",{"$f":"IF($A562=\"\",\"\",VLOOKUP($A562,Items!$A$8:$J$701,7,FALSE))","v":""},"",{"$f":"IF($A562=\"\",\"\",VLOOKUP($A562,Items!$A$8:$J$701,9,FALSE))","v":""},"",{"$f":"IF($A562=\"\",\"\",VLOOKUP($A562,Items!$A$8:$K$701,11,FALSE))","v":""}]
[{"$f":"IF(Items!A563=\"\",\"\",Items!A563)","v":""},{"$f":"IF(Items!B563=\"\",\"\",Items!B563)","v":""},"","","",{"$f":"IF(A563=\"\",\"\",VLOOKUP(A563,Items!$A$8:$AJ$701,34,FALSE))","v":""},{"$f":"IF(A563=\"\",\"\",VLOOKUP(A563,Items!$A$8:$J$701,3,FALSE))","v":""},"",{"$f":"IF($A563=\"\",\"\",VLOOKUP($A563,Items!$A$8:$J$701,5,FALSE))","v":""},"",{"$f":"IF($A563=\"\",\"\",VLOOKUP($A563,Items!$A$8:$J$701,7,FALSE))","v":""},"",{"$f":"IF($A563=\"\",\"\",VLOOKUP($A563,Items!$A$8:$J$701,9,FALSE))","v":""},"",{"$f":"IF($A563=\"\",\"\",VLOOKUP($A563,Items!$A$8:$K$701,11,FALSE))","v":""}]
[{"$f":"IF(Items!A564=\"\",\"\",Items!A564)","v":""},{"$f":"IF(Items!B564=\"\",\"\",Items!B564)","v":""},"","","",{"$f":"IF(A564=\"\",\"\",VLOOKUP(A564,Items!$A$8:$AJ$701,34,FALSE))","v":""},{"$f":"IF(A564=\"\",\"\",VLOOKUP(A564,Items!$A$8:$J$701,3,FALSE))","v":""},"",{"$f":"IF($A564=\"\",\"\",VLOOKUP($A564,Items!$A$8:$J$701,5,FALSE))","v":""},"",{"$f":"IF($A564=\"\",\"\",VLOOKUP($A564,Items!$A$8:$J$701,7,FALSE))","v":""},"",{"$f":"IF($A564=\"\",\"\",VLOOKUP($A564,Items!$A$8:$J$701,9,FALSE))","v":""},"",{"$f":"IF($A564=\"\",\"\",VLOOKUP($A564,Items!$A$8:$K$701,11,FALSE))","v":""}]
[{"$f":"IF(Items!A565=\"\",\"\",Items!A565)","v":""},{"$f":"IF(Items!B565=\"\",\"\",Items!B565)","v":""},"","","",{"$f":"IF(A565=\"\",\"\",VLOOKUP(A565,Items!$A$8:$AJ$701,34,FALSE))","v":""},{"$f":"IF(A565=\"\",\"\",VLOOKUP(A565,Items!$A$8:$J$701,3,FALSE))","v":""},"",{"$f":"IF($A565=\"\",\"\",VLOOKUP($A565,Items!$A$8:$J$701,5,FALSE))","v":""},"",{"$f":"IF($A565=\"\",\"\",VLOOKUP($A565,Items!$A$8:$J$701,7,FALSE))","v":""},"",{"$f":"IF($A565=\"\",\"\",VLOOKUP($A565,Items!$A$8:$J$701,9,FALSE))","v":""},"",{"$f":"IF($A565=\"\",\"\",VLOOKUP($A565,Items!$A$8:$K$701,11,FALSE))","v":""}]
[{"$f":"IF(Items!A566=\"\",\"\",Items!A566)","v":""},{"$f":"IF(Items!B566=\"\",\"\",Items!B566)","v":""},"","","",{"$f":"IF(A566=\"\",\"\",VLOOKUP(A566,Items!$A$8:$AJ$701,34,FALSE))","v":""},{"$f":"IF(A566=\"\",\"\",VLOOKUP(A566,Items!$A$8:$J$701,3,FALSE))","v":""},"",{"$f":"IF($A566=\"\",\"\",VLOOKUP($A566,Items!$A$8:$J$701,5,FALSE))","v":""},"",{"$f":"IF($A566=\"\",\"\",VLOOKUP($A566,Items!$A$8:$J$701,7,FALSE))","v":""},"",{"$f":"IF($A566=\"\",\"\",VLOOKUP($A566,Items!$A$8:$J$701,9,FALSE))","v":""},"",{"$f":"IF($A566=\"\",\"\",VLOOKUP($A566,Items!$A$8:$K$701,11,FALSE))","v":""}]
[{"$f":"IF(Items!A567=\"\",\"\",Items!A567)","v":""},{"$f":"IF(Items!B567=\"\",\"\",Items!B567)","v":""},"","","",{"$f":"IF(A567=\"\",\"\",VLOOKUP(A567,Items!$A$8:$AJ$701,34,FALSE))","v":""},{"$f":"IF(A567=\"\",\"\",VLOOKUP(A567,Items!$A$8:$J$701,3,FALSE))","v":""},"",{"$f":"IF($A567=\"\",\"\",VLOOKUP($A567,Items!$A$8:$J$701,5,FALSE))","v":""},"",{"$f":"IF($A567=\"\",\"\",VLOOKUP($A567,Items!$A$8:$J$701,7,FALSE))","v":""},"",{"$f":"IF($A567=\"\",\"\",VLOOKUP($A567,Items!$A$8:$J$701,9,FALSE))","v":""},"",{"$f":"IF($A567=\"\",\"\",VLOOKUP($A567,Items!$A$8:$K$701,11,FALSE))","v":""}]
[{"$f":"IF(Items!A568=\"\",\"\",Items!A568)","v":""},{"$f":"IF(Items!B568=\"\",\"\",Items!B568)","v":""},"","","",{"$f":"IF(A568=\"\",\"\",VLOOKUP(A568,Items!$A$8:$AJ$701,34,FALSE))","v":""},{"$f":"IF(A568=\"\",\"\",VLOOKUP(A568,Items!$A$8:$J$701,3,FALSE))","v":""},"",{"$f":"IF($A568=\"\",\"\",VLOOKUP($A568,Items!$A$8:$J$701,5,FALSE))","v":""},"",{"$f":"IF($A568=\"\",\"\",VLOOKUP($A568,Items!$A$8:$J$701,7,FALSE))","v":""},"",{"$f":"IF($A568=\"\",\"\",VLOOKUP($A568,Items!$A$8:$J$701,9,FALSE))","v":""},"",{"$f":"IF($A568=\"\",\"\",VLOOKUP($A568,Items!$A$8:$K$701,11,FALSE))","v":""}]
[{"$f":"IF(Items!A569=\"\",\"\",Items!A569)","v":""},{"$f":"IF(Items!B569=\"\",\"\",Items!B569)","v":""},"","","",{"$f":"IF(A569=\"\",\"\",VLOOKUP(A569,Items!$A$8:$AJ$701,34,FALSE))","v":""},{"$f":"IF(A569=\"\",\"\",VLOOKUP(A569,Items!$A$8:$J$701,3,FALSE))","v":""},"",{"$f":"IF($A569=\"\",\"\",VLOOKUP($A569,Items!$A$8:$J$701,5,FALSE))","v":""},"",{"$f":"IF($A569=\"\",\"\",VLOOKUP($A569,Items!$A$8:$J$701,7,FALSE))","v":""},"",{"$f":"IF($A569=\"\",\"\",VLOOKUP($A569,Items!$A$8:$J$701,9,FALSE))","v":""},"",{"$f":"IF($A569=\"\",\"\",VLOOKUP($A569,Items!$A$8:$K$701,11,FALSE))","v":""}]
[{"$f":"IF(Items!A570=\"\",\"\",Items!A570)","v":""},{"$f":"IF(Items!B570=\"\",\"\",Items!B570)","v":""},"","","",{"$f":"IF(A570=\"\",\"\",VLOOKUP(A570,Items!$A$8:$AJ$701,34,FALSE))","v":""},{"$f":"IF(A570=\"\",\"\",VLOOKUP(A570,Items!$A$8:$J$701,3,FALSE))","v":""},"",{"$f":"IF($A570=\"\",\"\",VLOOKUP($A570,Items!$A$8:$J$701,5,FALSE))","v":""},"",{"$f":"IF($A570=\"\",\"\",VLOOKUP($A570,Items!$A$8:$J$701,7,FALSE))","v":""},"",{"$f":"IF($A570=\"\",\"\",VLOOKUP($A570,Items!$A$8:$J$701,9,FALSE))","v":""},"",{"$f":"IF($A570=\"\",\"\",VLOOKUP($A570,Items!$A$8:$K$701,11,FALSE))","v":""}]
[{"$f":"IF(Items!A571=\"\",\"\",Items!A571)","v":""},{"$f":"IF(Items!B571=\"\",\"\",Items!B571)","v":""},"","","",{"$f":"IF(A571=\"\",\"\",VLOOKUP(A571,Items!$A$8:$AJ$701,34,FALSE))","v":""},{"$f":"IF(A571=\"\",\"\",VLOOKUP(A571,Items!$A$8:$J$701,3,FALSE))","v":""},"",{"$f":"IF($A571=\"\",\"\",VLOOKUP($A571,Items!$A$8:$J$701,5,FALSE))","v":""},"",{"$f":"IF($A571=\"\",\"\",VLOOKUP($A571,Items!$A$8:$J$701,7,FALSE))","v":""},"",{"$f":"IF($A571=\"\",\"\",VLOOKUP($A571,Items!$A$8:$J$701,9,FALSE))","v":""},"",{"$f":"IF($A571=\"\",\"\",VLOOKUP($A571,Items!$A$8:$K$701,11,FALSE))","v":""}]
[{"$f":"IF(Items!A572=\"\",\"\",Items!A572)","v":""},{"$f":"IF(Items!B572=\"\",\"\",Items!B572)","v":""},"","","",{"$f":"IF(A572=\"\",\"\",VLOOKUP(A572,Items!$A$8:$AJ$701,34,FALSE))","v":""},{"$f":"IF(A572=\"\",\"\",VLOOKUP(A572,Items!$A$8:$J$701,3,FALSE))","v":""},"",{"$f":"IF($A572=\"\",\"\",VLOOKUP($A572,Items!$A$8:$J$701,5,FALSE))","v":""},"",{"$f":"IF($A572=\"\",\"\",VLOOKUP($A572,Items!$A$8:$J$701,7,FALSE))","v":""},"",{"$f":"IF($A572=\"\",\"\",VLOOKUP($A572,Items!$A$8:$J$701,9,FALSE))","v":""},"",{"$f":"IF($A572=\"\",\"\",VLOOKUP($A572,Items!$A$8:$K$701,11,FALSE))","v":""}]
[{"$f":"IF(Items!A573=\"\",\"\",Items!A573)","v":""},{"$f":"IF(Items!B573=\"\",\"\",Items!B573)","v":""},"","","",{"$f":"IF(A573=\"\",\"\",VLOOKUP(A573,Items!$A$8:$AJ$701,34,FALSE))","v":""},{"$f":"IF(A573=\"\",\"\",VLOOKUP(A573,Items!$A$8:$J$701,3,FALSE))","v":""},"",{"$f":"IF($A573=\"\",\"\",VLOOKUP($A573,Items!$A$8:$J$701,5,FALSE))","v":""},"",{"$f":"IF($A573=\"\",\"\",VLOOKUP($A573,Items!$A$8:$J$701,7,FALSE))","v":""},"",{"$f":"IF($A573=\"\",\"\",VLOOKUP($A573,Items!$A$8:$J$701,9,FALSE))","v":""},"",{"$f":"IF($A573=\"\",\"\",VLOOKUP($A573,Items!$A$8:$K$701,11,FALSE))","v":""}]
[{"$f":"IF(Items!A574=\"\",\"\",Items!A574)","v":""},{"$f":"IF(Items!B574=\"\",\"\",Items!B574)","v":""},"","","",{"$f":"IF(A574=\"\",\"\",VLOOKUP(A574,Items!$A$8:$AJ$701,34,FALSE))","v":""},{"$f":"IF(A574=\"\",\"\",VLOOKUP(A574,Items!$A$8:$J$701,3,FALSE))","v":""},"",{"$f":"IF($A574=\"\",\"\",VLOOKUP($A574,Items!$A$8:$J$701,5,FALSE))","v":""},"",{"$f":"IF($A574=\"\",\"\",VLOOKUP($A574,Items!$A$8:$J$701,7,FALSE))","v":""},"",{"$f":"IF($A574=\"\",\"\",VLOOKUP($A574,Items!$A$8:$J$701,9,FALSE))","v":""},"",{"$f":"IF($A574=\"\",\"\",VLOOKUP($A574,Items!$A$8:$K$701,11,FALSE))","v":""}]
[{"$f":"IF(Items!A575=\"\",\"\",Items!A575)","v":""},{"$f":"IF(Items!B575=\"\",\"\",Items!B575)","v":""},"","","",{"$f":"IF(A575=\"\",\"\",VLOOKUP(A575,Items!$A$8:$AJ$701,34,FALSE))","v":""},{"$f":"IF(A575=\"\",\"\",VLOOKUP(A575,Items!$A$8:$J$701,3,FALSE))","v":""},"",{"$f":"IF($A575=\"\",\"\",VLOOKUP($A575,Items!$A$8:$J$701,5,FALSE))","v":""},"",{"$f":"IF($A575=\"\",\"\",VLOOKUP($A575,Items!$A$8:$J$701,7,FALSE))","v":""},"",{"$f":"IF($A575=\"\",\"\",VLOOKUP($A575,Items!$A$8:$J$701,9,FALSE))","v":""},"",{"$f":"IF($A575=\"\",\"\",VLOOKUP($A575,Items!$A$8:$K$701,11,FALSE))","v":""}]
[{"$f":"IF(Items!A576=\"\",\"\",Items!A576)","v":""},{"$f":"IF(Items!B576=\"\",\"\",Items!B576)","v":""},"","","",{"$f":"IF(A576=\"\",\"\",VLOOKUP(A576,Items!$A$8:$AJ$701,34,FALSE))","v":""},{"$f":"IF(A576=\"\",\"\",VLOOKUP(A576,Items!$A$8:$J$701,3,FALSE))","v":""},"",{"$f":"IF($A576=\"\",\"\",VLOOKUP($A576,Items!$A$8:$J$701,5,FALSE))","v":""},"",{"$f":"IF($A576=\"\",\"\",VLOOKUP($A576,Items!$A$8:$J$701,7,FALSE))","v":""},"",{"$f":"IF($A576=\"\",\"\",VLOOKUP($A576,Items!$A$8:$J$701,9,FALSE))","v":""},"",{"$f":"IF($A576=\"\",\"\",VLOOKUP($A576,Items!$A$8:$K$701,11,FALSE))","v":""}]
[{"$f":"IF(Items!A577=\"\",\"\",Items!A577)","v":""},{"$f":"IF(Items!B577=\"\",\"\",Items!B577)","v":""},"","","",{"$f":"IF(A577=\"\",\"\",VLOOKUP(A577,Items!$A$8:$AJ$701,34,FALSE))","v":""},{"$f":"IF(A577=\"\",\"\",VLOOKUP(A577,Items!$A$8:$J$701,3,FALSE))","v":""},"",{"$f":"IF($A577=\"\",\"\",VLOOKUP($A577,Items!$A$8:$J$701,5,FALSE))","v":""},"",{"$f":"IF($A577=\"\",\"\",VLOOKUP($A577,Items!$A$8:$J$701,7,FALSE))","v":""},"",{"$f":"IF($A577=\"\",\"\",VLOOKUP($A577,Items!$A$8:$J$701,9,FALSE))","v":""},"",{"$f":"IF($A577=\"\",\"\",VLOOKUP($A577,Items!$A$8:$K$701,11,FALSE))","v":""}]
[{"$f":"IF(Items!A578=\"\",\"\",Items!A578)","v":""},{"$f":"IF(Items!B578=\"\",\"\",Items!B578)","v":""},"","","",{"$f":"IF(A578=\"\",\"\",VLOOKUP(A578,Items!$A$8:$AJ$701,34,FALSE))","v":""},{"$f":"IF(A578=\"\",\"\",VLOOKUP(A578,Items!$A$8:$J$701,3,FALSE))","v":""},"",{"$f":"IF($A578=\"\",\"\",VLOOKUP($A578,Items!$A$8:$J$701,5,FALSE))","v":""},"",{"$f":"IF($A578=\"\",\"\",VLOOKUP($A578,Items!$A$8:$J$701,7,FALSE))","v":""},"",{"$f":"IF($A578=\"\",\"\",VLOOKUP($A578,Items!$A$8:$J$701,9,FALSE))","v":""},"",{"$f":"IF($A578=\"\",\"\",VLOOKUP($A578,Items!$A$8:$K$701,11,FALSE))","v":""}]
[{"$f":"IF(Items!A579=\"\",\"\",Items!A579)","v":""},{"$f":"IF(Items!B579=\"\",\"\",Items!B579)","v":""},"","","",{"$f":"IF(A579=\"\",\"\",VLOOKUP(A579,Items!$A$8:$AJ$701,34,FALSE))","v":""},{"$f":"IF(A579=\"\",\"\",VLOOKUP(A579,Items!$A$8:$J$701,3,FALSE))","v":""},"",{"$f":"IF($A579=\"\",\"\",VLOOKUP($A579,Items!$A$8:$J$701,5,FALSE))","v":""},"",{"$f":"IF($A579=\"\",\"\",VLOOKUP($A579,Items!$A$8:$J$701,7,FALSE))","v":""},"",{"$f":"IF($A579=\"\",\"\",VLOOKUP($A579,Items!$A$8:$J$701,9,FALSE))","v":""},"",{"$f":"IF($A579=\"\",\"\",VLOOKUP($A579,Items!$A$8:$K$701,11,FALSE))","v":""}]
[{"$f":"IF(Items!A580=\"\",\"\",Items!A580)","v":""},{"$f":"IF(Items!B580=\"\",\"\",Items!B580)","v":""},"","","",{"$f":"IF(A580=\"\",\"\",VLOOKUP(A580,Items!$A$8:$AJ$701,34,FALSE))","v":""},{"$f":"IF(A580=\"\",\"\",VLOOKUP(A580,Items!$A$8:$J$701,3,FALSE))","v":""},"",{"$f":"IF($A580=\"\",\"\",VLOOKUP($A580,Items!$A$8:$J$701,5,FALSE))","v":""},"",{"$f":"IF($A580=\"\",\"\",VLOOKUP($A580,Items!$A$8:$J$701,7,FALSE))","v":""},"",{"$f":"IF($A580=\"\",\"\",VLOOKUP($A580,Items!$A$8:$J$701,9,FALSE))","v":""},"",{"$f":"IF($A580=\"\",\"\",VLOOKUP($A580,Items!$A$8:$K$701,11,FALSE))","v":""}]
[{"$f":"IF(Items!A581=\"\",\"\",Items!A581)","v":""},{"$f":"IF(Items!B581=\"\",\"\",Items!B581)","v":""},"","","",{"$f":"IF(A581=\"\",\"\",VLOOKUP(A581,Items!$A$8:$AJ$701,34,FALSE))","v":""},{"$f":"IF(A581=\"\",\"\",VLOOKUP(A581,Items!$A$8:$J$701,3,FALSE))","v":""},"",{"$f":"IF($A581=\"\",\"\",VLOOKUP($A581,Items!$A$8:$J$701,5,FALSE))","v":""},"",{"$f":"IF($A581=\"\",\"\",VLOOKUP($A581,Items!$A$8:$J$701,7,FALSE))","v":""},"",{"$f":"IF($A581=\"\",\"\",VLOOKUP($A581,Items!$A$8:$J$701,9,FALSE))","v":""},"",{"$f":"IF($A581=\"\",\"\",VLOOKUP($A581,Items!$A$8:$K$701,11,FALSE))","v":""}]
[{"$f":"IF(Items!A582=\"\",\"\",Items!A582)","v":""},{"$f":"IF(Items!B582=\"\",\"\",Items!B582)","v":""},"","","",{"$f":"IF(A582=\"\",\"\",VLOOKUP(A582,Items!$A$8:$AJ$701,34,FALSE))","v":""},{"$f":"IF(A582=\"\",\"\",VLOOKUP(A582,Items!$A$8:$J$701,3,FALSE))","v":""},"",{"$f":"IF($A582=\"\",\"\",VLOOKUP($A582,Items!$A$8:$J$701,5,FALSE))","v":""},"",{"$f":"IF($A582=\"\",\"\",VLOOKUP($A582,Items!$A$8:$J$701,7,FALSE))","v":""},"",{"$f":"IF($A582=\"\",\"\",VLOOKUP($A582,Items!$A$8:$J$701,9,FALSE))","v":""},"",{"$f":"IF($A582=\"\",\"\",VLOOKUP($A582,Items!$A$8:$K$701,11,FALSE))","v":""}]
[{"$f":"IF(Items!A583=\"\",\"\",Items!A583)","v":""},{"$f":"IF(Items!B583=\"\",\"\",Items!B583)","v":""},"","","",{"$f":"IF(A583=\"\",\"\",VLOOKUP(A583,Items!$A$8:$AJ$701,34,FALSE))","v":""},{"$f":"IF(A583=\"\",\"\",VLOOKUP(A583,Items!$A$8:$J$701,3,FALSE))","v":""},"",{"$f":"IF($A583=\"\",\"\",VLOOKUP($A583,Items!$A$8:$J$701,5,FALSE))","v":""},"",{"$f":"IF($A583=\"\",\"\",VLOOKUP($A583,Items!$A$8:$J$701,7,FALSE))","v":""},"",{"$f":"IF($A583=\"\",\"\",VLOOKUP($A583,Items!$A$8:$J$701,9,FALSE))","v":""},"",{"$f":"IF($A583=\"\",\"\",VLOOKUP($A583,Items!$A$8:$K$701,11,FALSE))","v":""}]
[{"$f":"IF(Items!A584=\"\",\"\",Items!A584)","v":""},{"$f":"IF(Items!B584=\"\",\"\",Items!B584)","v":""},"","","",{"$f":"IF(A584=\"\",\"\",VLOOKUP(A584,Items!$A$8:$AJ$701,34,FALSE))","v":""},{"$f":"IF(A584=\"\",\"\",VLOOKUP(A584,Items!$A$8:$J$701,3,FALSE))","v":""},"",{"$f":"IF($A584=\"\",\"\",VLOOKUP($A584,Items!$A$8:$J$701,5,FALSE))","v":""},"",{"$f":"IF($A584=\"\",\"\",VLOOKUP($A584,Items!$A$8:$J$701,7,FALSE))","v":""},"",{"$f":"IF($A584=\"\",\"\",VLOOKUP($A584,Items!$A$8:$J$701,9,FALSE))","v":""},"",{"$f":"IF($A584=\"\",\"\",VLOOKUP($A584,Items!$A$8:$K$701,11,FALSE))","v":""}]
[{"$f":"IF(Items!A585=\"\",\"\",Items!A585)","v":""},{"$f":"IF(Items!B585=\"\",\"\",Items!B585)","v":""},{"$f":"IF(A585=\"\",\"\",\"x\")","v":""},{"$f":"IF(A585=\"\",\"\",LEFT(A585,1)*100)","v":""},{"$f":"IF(A585=\"\",\"\",LEFT(A585,3))","v":""},{"$f":"IF(A585=\"\",\"\",VLOOKUP(A585,Items!$A$8:$AJ$701,34,FALSE))","v":""},{"$f":"IF(A585=\"\",\"\",VLOOKUP(A585,Items!$A$8:$J$701,3,FALSE))","v":""},{"$f":"IF(OR($F585=\"\",$F585=0),\"\",I585/$F585)","v":""},{"$f":"IF($A585=\"\",\"\",VLOOKUP($A585,Items!$A$8:$J$701,5,FALSE))","v":""},{"$f":"IF(OR($F585=\"\",$F585=0),\"\",K585/$F585)","v":""},{"$f":"IF($A585=\"\",\"\",VLOOKUP($A585,Items!$A$8:$J$701,7,FALSE))","v":""},{"$f":"IF(OR($F585=\"\",$F585=0),\"\",M585/$F585)","v":""},{"$f":"IF($A585=\"\",\"\",VLOOKUP($A585,Items!$A$8:$J$701,9,FALSE))","v":""},{"$f":"IF(OR($F585=\"\",$F585=0),\"\",O585/$F585)","v":""},{"$f":"IF($A585=\"\",\"\",VLOOKUP($A585,Items!$A$8:$K$701,11,FALSE))","v":""}]
[{"$f":"IF(Items!A586=\"\",\"\",Items!A586)","v":""},{"$f":"IF(Items!B586=\"\",\"\",Items!B586)","v":""},"","","",{"$f":"IF(A586=\"\",\"\",VLOOKUP(A586,Items!$A$8:$AJ$701,34,FALSE))","v":""},{"$f":"IF(A586=\"\",\"\",VLOOKUP(A586,Items!$A$8:$J$701,3,FALSE))","v":""},"",{"$f":"IF($A586=\"\",\"\",VLOOKUP($A586,Items!$A$8:$J$701,5,FALSE))","v":""},"",{"$f":"IF($A586=\"\",\"\",VLOOKUP($A586,Items!$A$8:$J$701,7,FALSE))","v":""},"",{"$f":"IF($A586=\"\",\"\",VLOOKUP($A586,Items!$A$8:$J$701,9,FALSE))","v":""},"",{"$f":"IF($A586=\"\",\"\",VLOOKUP($A586,Items!$A$8:$K$701,11,FALSE))","v":""}]
[{"$f":"IF(Items!A587=\"\",\"\",Items!A587)","v":""},{"$f":"IF(Items!B587=\"\",\"\",Items!B587)","v":""},"","","",{"$f":"IF(A587=\"\",\"\",VLOOKUP(A587,Items!$A$8:$AJ$701,34,FALSE))","v":""},{"$f":"IF(A587=\"\",\"\",VLOOKUP(A587,Items!$A$8:$J$701,3,FALSE))","v":""},"",{"$f":"IF($A587=\"\",\"\",VLOOKUP($A587,Items!$A$8:$J$701,5,FALSE))","v":""},"",{"$f":"IF($A587=\"\",\"\",VLOOKUP($A587,Items!$A$8:$J$701,7,FALSE))","v":""},"",{"$f":"IF($A587=\"\",\"\",VLOOKUP($A587,Items!$A$8:$J$701,9,FALSE))","v":""},"",{"$f":"IF($A587=\"\",\"\",VLOOKUP($A587,Items!$A$8:$K$701,11,FALSE))","v":""}]
[{"$f":"IF(Items!A588=\"\",\"\",Items!A588)","v":""},{"$f":"IF(Items!B588=\"\",\"\",Items!B588)","v":""},"","","",{"$f":"IF(A588=\"\",\"\",VLOOKUP(A588,Items!$A$8:$AJ$701,34,FALSE))","v":""},{"$f":"IF(A588=\"\",\"\",VLOOKUP(A588,Items!$A$8:$J$701,3,FALSE))","v":""},"",{"$f":"IF($A588=\"\",\"\",VLOOKUP($A588,Items!$A$8:$J$701,5,FALSE))","v":""},"",{"$f":"IF($A588=\"\",\"\",VLOOKUP($A588,Items!$A$8:$J$701,7,FALSE))","v":""},"",{"$f":"IF($A588=\"\",\"\",VLOOKUP($A588,Items!$A$8:$J$701,9,FALSE))","v":""},"",{"$f":"IF($A588=\"\",\"\",VLOOKUP($A588,Items!$A$8:$K$701,11,FALSE))","v":""}]
[{"$f":"IF(Items!A589=\"\",\"\",Items!A589)","v":""},{"$f":"IF(Items!B589=\"\",\"\",Items!B589)","v":""},"","","",{"$f":"IF(A589=\"\",\"\",VLOOKUP(A589,Items!$A$8:$AJ$701,34,FALSE))","v":""},{"$f":"IF(A589=\"\",\"\",VLOOKUP(A589,Items!$A$8:$J$701,3,FALSE))","v":""},"",{"$f":"IF($A589=\"\",\"\",VLOOKUP($A589,Items!$A$8:$J$701,5,FALSE))","v":""},"",{"$f":"IF($A589=\"\",\"\",VLOOKUP($A589,Items!$A$8:$J$701,7,FALSE))","v":""},"",{"$f":"IF($A589=\"\",\"\",VLOOKUP($A589,Items!$A$8:$J$701,9,FALSE))","v":""},"",{"$f":"IF($A589=\"\",\"\",VLOOKUP($A589,Items!$A$8:$K$701,11,FALSE))","v":""}]
[{"$f":"IF(Items!A590=\"\",\"\",Items!A590)","v":""},{"$f":"IF(Items!B590=\"\",\"\",Items!B590)","v":""},"","","",{"$f":"IF(A590=\"\",\"\",VLOOKUP(A590,Items!$A$8:$AJ$701,34,FALSE))","v":""},{"$f":"IF(A590=\"\",\"\",VLOOKUP(A590,Items!$A$8:$J$701,3,FALSE))","v":""},"",{"$f":"IF($A590=\"\",\"\",VLOOKUP($A590,Items!$A$8:$J$701,5,FALSE))","v":""},"",{"$f":"IF($A590=\"\",\"\",VLOOKUP($A590,Items!$A$8:$J$701,7,FALSE))","v":""},"",{"$f":"IF($A590=\"\",\"\",VLOOKUP($A590,Items!$A$8:$J$701,9,FALSE))","v":""},"",{"$f":"IF($A590=\"\",\"\",VLOOKUP($A590,Items!$A$8:$K$701,11,FALSE))","v":""}]
[{"$f":"IF(Items!A591=\"\",\"\",Items!A591)","v":""},{"$f":"IF(Items!B591=\"\",\"\",Items!B591)","v":""},"","","",{"$f":"IF(A591=\"\",\"\",VLOOKUP(A591,Items!$A$8:$AJ$701,34,FALSE))","v":""},{"$f":"IF(A591=\"\",\"\",VLOOKUP(A591,Items!$A$8:$J$701,3,FALSE))","v":""},"",{"$f":"IF($A591=\"\",\"\",VLOOKUP($A591,Items!$A$8:$J$701,5,FALSE))","v":""},"",{"$f":"IF($A591=\"\",\"\",VLOOKUP($A591,Items!$A$8:$J$701,7,FALSE))","v":""},"",{"$f":"IF($A591=\"\",\"\",VLOOKUP($A591,Items!$A$8:$J$701,9,FALSE))","v":""},"",{"$f":"IF($A591=\"\",\"\",VLOOKUP($A591,Items!$A$8:$K$701,11,FALSE))","v":""}]
[{"$f":"IF(Items!A592=\"\",\"\",Items!A592)","v":""},{"$f":"IF(Items!B592=\"\",\"\",Items!B592)","v":""},"","","",{"$f":"IF(A592=\"\",\"\",VLOOKUP(A592,Items!$A$8:$AJ$701,34,FALSE))","v":""},{"$f":"IF(A592=\"\",\"\",VLOOKUP(A592,Items!$A$8:$J$701,3,FALSE))","v":""},"",{"$f":"IF($A592=\"\",\"\",VLOOKUP($A592,Items!$A$8:$J$701,5,FALSE))","v":""},"",{"$f":"IF($A592=\"\",\"\",VLOOKUP($A592,Items!$A$8:$J$701,7,FALSE))","v":""},"",{"$f":"IF($A592=\"\",\"\",VLOOKUP($A592,Items!$A$8:$J$701,9,FALSE))","v":""},"",{"$f":"IF($A592=\"\",\"\",VLOOKUP($A592,Items!$A$8:$K$701,11,FALSE))","v":""}]
[{"$f":"IF(Items!A593=\"\",\"\",Items!A593)","v":""},{"$f":"IF(Items!B593=\"\",\"\",Items!B593)","v":""},"","","",{"$f":"IF(A593=\"\",\"\",VLOOKUP(A593,Items!$A$8:$AJ$701,34,FALSE))","v":""},{"$f":"IF(A593=\"\",\"\",VLOOKUP(A593,Items!$A$8:$J$701,3,FALSE))","v":""},"",{"$f":"IF($A593=\"\",\"\",VLOOKUP($A593,Items!$A$8:$J$701,5,FALSE))","v":""},"",{"$f":"IF($A593=\"\",\"\",VLOOKUP($A593,Items!$A$8:$J$701,7,FALSE))","v":""},"",{"$f":"IF($A593=\"\",\"\",VLOOKUP($A593,Items!$A$8:$J$701,9,FALSE))","v":""},"",{"$f":"IF($A593=\"\",\"\",VLOOKUP($A593,Items!$A$8:$K$701,11,FALSE))","v":""}]
[{"$f":"IF(Items!A594=\"\",\"\",Items!A594)","v":""},{"$f":"IF(Items!B594=\"\",\"\",Items!B594)","v":""},"","","",{"$f":"IF(A594=\"\",\"\",VLOOKUP(A594,Items!$A$8:$AJ$701,34,FALSE))","v":""},{"$f":"IF(A594=\"\",\"\",VLOOKUP(A594,Items!$A$8:$J$701,3,FALSE))","v":""},"",{"$f":"IF($A594=\"\",\"\",VLOOKUP($A594,Items!$A$8:$J$701,5,FALSE))","v":""},"",{"$f":"IF($A594=\"\",\"\",VLOOKUP($A594,Items!$A$8:$J$701,7,FALSE))","v":""},"",{"$f":"IF($A594=\"\",\"\",VLOOKUP($A594,Items!$A$8:$J$701,9,FALSE))","v":""},"",{"$f":"IF($A594=\"\",\"\",VLOOKUP($A594,Items!$A$8:$K$701,11,FALSE))","v":""}]
[{"$f":"IF(Items!A595=\"\",\"\",Items!A595)","v":""},{"$f":"IF(Items!B595=\"\",\"\",Items!B595)","v":""},"","","",{"$f":"IF(A595=\"\",\"\",VLOOKUP(A595,Items!$A$8:$AJ$701,34,FALSE))","v":""},{"$f":"IF(A595=\"\",\"\",VLOOKUP(A595,Items!$A$8:$J$701,3,FALSE))","v":""},"",{"$f":"IF($A595=\"\",\"\",VLOOKUP($A595,Items!$A$8:$J$701,5,FALSE))","v":""},"",{"$f":"IF($A595=\"\",\"\",VLOOKUP($A595,Items!$A$8:$J$701,7,FALSE))","v":""},"",{"$f":"IF($A595=\"\",\"\",VLOOKUP($A595,Items!$A$8:$J$701,9,FALSE))","v":""},"",{"$f":"IF($A595=\"\",\"\",VLOOKUP($A595,Items!$A$8:$K$701,11,FALSE))","v":""}]
[{"$f":"IF(Items!A596=\"\",\"\",Items!A596)","v":""},{"$f":"IF(Items!B596=\"\",\"\",Items!B596)","v":""},"","","",{"$f":"IF(A596=\"\",\"\",VLOOKUP(A596,Items!$A$8:$AJ$701,34,FALSE))","v":""},{"$f":"IF(A596=\"\",\"\",VLOOKUP(A596,Items!$A$8:$J$701,3,FALSE))","v":""},"",{"$f":"IF($A596=\"\",\"\",VLOOKUP($A596,Items!$A$8:$J$701,5,FALSE))","v":""},"",{"$f":"IF($A596=\"\",\"\",VLOOKUP($A596,Items!$A$8:$J$701,7,FALSE))","v":""},"",{"$f":"IF($A596=\"\",\"\",VLOOKUP($A596,Items!$A$8:$J$701,9,FALSE))","v":""},"",{"$f":"IF($A596=\"\",\"\",VLOOKUP($A596,Items!$A$8:$K$701,11,FALSE))","v":""}]
[{"$f":"IF(Items!A597=\"\",\"\",Items!A597)","v":""},{"$f":"IF(Items!B597=\"\",\"\",Items!B597)","v":""},"","","",{"$f":"IF(A597=\"\",\"\",VLOOKUP(A597,Items!$A$8:$AJ$701,34,FALSE))","v":""},{"$f":"IF(A597=\"\",\"\",VLOOKUP(A597,Items!$A$8:$J$701,3,FALSE))","v":""},"",{"$f":"IF($A597=\"\",\"\",VLOOKUP($A597,Items!$A$8:$J$701,5,FALSE))","v":""},"",{"$f":"IF($A597=\"\",\"\",VLOOKUP($A597,Items!$A$8:$J$701,7,FALSE))","v":""},"",{"$f":"IF($A597=\"\",\"\",VLOOKUP($A597,Items!$A$8:$J$701,9,FALSE))","v":""},"",{"$f":"IF($A597=\"\",\"\",VLOOKUP($A597,Items!$A$8:$K$701,11,FALSE))","v":""}]
[{"$f":"IF(Items!A598=\"\",\"\",Items!A598)","v":""},{"$f":"IF(Items!B598=\"\",\"\",Items!B598)","v":""},"","","",{"$f":"IF(A598=\"\",\"\",VLOOKUP(A598,Items!$A$8:$AJ$701,34,FALSE))","v":""},{"$f":"IF(A598=\"\",\"\",VLOOKUP(A598,Items!$A$8:$J$701,3,FALSE))","v":""},"",{"$f":"IF($A598=\"\",\"\",VLOOKUP($A598,Items!$A$8:$J$701,5,FALSE))","v":""},"",{"$f":"IF($A598=\"\",\"\",VLOOKUP($A598,Items!$A$8:$J$701,7,FALSE))","v":""},"",{"$f":"IF($A598=\"\",\"\",VLOOKUP($A598,Items!$A$8:$J$701,9,FALSE))","v":""},"",{"$f":"IF($A598=\"\",\"\",VLOOKUP($A598,Items!$A$8:$K$701,11,FALSE))","v":""}]
[{"$f":"IF(Items!A599=\"\",\"\",Items!A599)","v":""},{"$f":"IF(Items!B599=\"\",\"\",Items!B599)","v":""},"","","",{"$f":"IF(A599=\"\",\"\",VLOOKUP(A599,Items!$A$8:$AJ$701,34,FALSE))","v":""},{"$f":"IF(A599=\"\",\"\",VLOOKUP(A599,Items!$A$8:$J$701,3,FALSE))","v":""},"",{"$f":"IF($A599=\"\",\"\",VLOOKUP($A599,Items!$A$8:$J$701,5,FALSE))","v":""},"",{"$f":"IF($A599=\"\",\"\",VLOOKUP($A599,Items!$A$8:$J$701,7,FALSE))","v":""},"",{"$f":"IF($A599=\"\",\"\",VLOOKUP($A599,Items!$A$8:$J$701,9,FALSE))","v":""},"",{"$f":"IF($A599=\"\",\"\",VLOOKUP($A599,Items!$A$8:$K$701,11,FALSE))","v":""}]
[{"$f":"IF(Items!A600=\"\",\"\",Items!A600)","v":""},{"$f":"IF(Items!B600=\"\",\"\",Items!B600)","v":""},"","","",{"$f":"IF(A600=\"\",\"\",VLOOKUP(A600,Items!$A$8:$AJ$701,34,FALSE))","v":""},{"$f":"IF(A600=\"\",\"\",VLOOKUP(A600,Items!$A$8:$J$701,3,FALSE))","v":""},"",{"$f":"IF($A600=\"\",\"\",VLOOKUP($A600,Items!$A$8:$J$701,5,FALSE))","v":""},"",{"$f":"IF($A600=\"\",\"\",VLOOKUP($A600,Items!$A$8:$J$701,7,FALSE))","v":""},"",{"$f":"IF($A600=\"\",\"\",VLOOKUP($A600,Items!$A$8:$J$701,9,FALSE))","v":""},"",{"$f":"IF($A600=\"\",\"\",VLOOKUP($A600,Items!$A$8:$K$701,11,FALSE))","v":""}]
[{"$f":"IF(Items!A601=\"\",\"\",Items!A601)","v":""},{"$f":"IF(Items!B601=\"\",\"\",Items!B601)","v":""},"","","",{"$f":"IF(A601=\"\",\"\",VLOOKUP(A601,Items!$A$8:$AJ$701,34,FALSE))","v":""},{"$f":"IF(A601=\"\",\"\",VLOOKUP(A601,Items!$A$8:$J$701,3,FALSE))","v":""},"",{"$f":"IF($A601=\"\",\"\",VLOOKUP($A601,Items!$A$8:$J$701,5,FALSE))","v":""},"",{"$f":"IF($A601=\"\",\"\",VLOOKUP($A601,Items!$A$8:$J$701,7,FALSE))","v":""},"",{"$f":"IF($A601=\"\",\"\",VLOOKUP($A601,Items!$A$8:$J$701,9,FALSE))","v":""},"",{"$f":"IF($A601=\"\",\"\",VLOOKUP($A601,Items!$A$8:$K$701,11,FALSE))","v":""}]
[null,null,"",null,null,{"$f":"IF(A602=\"\",\"\",VLOOKUP(A602,Items!$A$8:$AJ$701,34,FALSE))","v":""},null,"",{"$f":"IF($A602=\"\",\"\",VLOOKUP($A602,Items!$A$8:$J$701,5,FALSE))","v":""},"",{"$f":"IF($A602=\"\",\"\",VLOOKUP($A602,Items!$A$8:$J$701,7,FALSE))","v":""},"",{"$f":"IF($A602=\"\",\"\",VLOOKUP($A602,Items!$A$8:$J$701,9,FALSE))","v":""},"",{"$f":"IF($A602=\"\",\"\",VLOOKUP($A602,Items!$A$8:$K$701,11,FALSE))","v":""}]
[null,null,"",null,null,{"$f":"IF(A603=\"\",\"\",VLOOKUP(A603,Items!$A$8:$AJ$701,34,FALSE))","v":""},null,"",{"$f":"IF($A603=\"\",\"\",VLOOKUP($A603,Items!$A$8:$J$701,5,FALSE))","v":""},"",{"$f":"IF($A603=\"\",\"\",VLOOKUP($A603,Items!$A$8:$J$701,7,FALSE))","v":""},"",{"$f":"IF($A603=\"\",\"\",VLOOKUP($A603,Items!$A$8:$J$701,9,FALSE))","v":""},"",{"$f":"IF($A603=\"\",\"\",VLOOKUP($A603,Items!$A$8:$K$701,11,FALSE))","v":""}]
[null,null,"",null,null,{"$f":"IF(A604=\"\",\"\",VLOOKUP(A604,Items!$A$8:$AJ$701,34,FALSE))","v":""},null,"",{"$f":"IF($A604=\"\",\"\",VLOOKUP($A604,Items!$A$8:$J$701,5,FALSE))","v":""},"",{"$f":"IF($A604=\"\",\"\",VLOOKUP($A604,Items!$A$8:$J$701,7,FALSE))","v":""},"",{"$f":"IF($A604=\"\",\"\",VLOOKUP($A604,Items!$A$8:$J$701,9,FALSE))","v":""},"",{"$f":"IF($A604=\"\",\"\",VLOOKUP($A604,Items!$A$8:$K$701,11,FALSE))","v":""}]
[null,null,"",null,null,{"$f":"IF(A605=\"\",\"\",VLOOKUP(A605,Items!$A$8:$AJ$701,34,FALSE))","v":""},null,"",{"$f":"IF($A605=\"\",\"\",VLOOKUP($A605,Items!$A$8:$J$701,5,FALSE))","v":""},"",{"$f":"IF($A605=\"\",\"\",VLOOKUP($A605,Items!$A$8:$J$701,7,FALSE))","v":""},"",{"$f":"IF($A605=\"\",\"\",VLOOKUP($A605,Items!$A$8:$J$701,9,FALSE))","v":""},"",{"$f":"IF($A605=\"\",\"\",VLOOKUP($A605,Items!$A$8:$K$701,11,FALSE))","v":""}]
[null,null,"",null,null,{"$f":"IF(A606=\"\",\"\",VLOOKUP(A606,Items!$A$8:$AJ$701,34,FALSE))","v":""},null,"",{"$f":"IF($A606=\"\",\"\",VLOOKUP($A606,Items!$A$8:$J$701,5,FALSE))","v":""},"",{"$f":"IF($A606=\"\",\"\",VLOOKUP($A606,Items!$A$8:$J$701,7,FALSE))","v":""},"",{"$f":"IF($A606=\"\",\"\",VLOOKUP($A606,Items!$A$8:$J$701,9,FALSE))","v":""},"",{"$f":"IF($A606=\"\",\"\",VLOOKUP($A606,Items!$A$8:$K$701,11,FALSE))","v":""}]
[null,null,"",null,null,{"$f":"IF(A607=\"\",\"\",VLOOKUP(A607,Items!$A$8:$AJ$701,34,FALSE))","v":""},null,"",{"$f":"IF($A607=\"\",\"\",VLOOKUP($A607,Items!$A$8:$J$701,5,FALSE))","v":""},"",{"$f":"IF($A607=\"\",\"\",VLOOKUP($A607,Items!$A$8:$J$701,7,FALSE))","v":""},"",{"$f":"IF($A607=\"\",\"\",VLOOKUP($A607,Items!$A$8:$J$701,9,FALSE))","v":""},"",{"$f":"IF($A607=\"\",\"\",VLOOKUP($A607,Items!$A$8:$K$701,11,FALSE))","v":""}]
[null,null,"",null,null,{"$f":"IF(A608=\"\",\"\",VLOOKUP(A608,Items!$A$8:$AJ$701,34,FALSE))","v":""},null,"",{"$f":"IF($A608=\"\",\"\",VLOOKUP($A608,Items!$A$8:$J$701,5,FALSE))","v":""},"",{"$f":"IF($A608=\"\",\"\",VLOOKUP($A608,Items!$A$8:$J$701,7,FALSE))","v":""},"",{"$f":"IF($A608=\"\",\"\",VLOOKUP($A608,Items!$A$8:$J$701,9,FALSE))","v":""},"",{"$f":"IF($A608=\"\",\"\",VLOOKUP($A608,Items!$A$8:$K$701,11,FALSE))","v":""}]
[null,null,"",null,null,{"$f":"IF(A609=\"\",\"\",VLOOKUP(A609,Items!$A$8:$AJ$701,34,FALSE))","v":""},null,"",{"$f":"IF($A609=\"\",\"\",VLOOKUP($A609,Items!$A$8:$J$701,5,FALSE))","v":""},"",{"$f":"IF($A609=\"\",\"\",VLOOKUP($A609,Items!$A$8:$J$701,7,FALSE))","v":""},"",{"$f":"IF($A609=\"\",\"\",VLOOKUP($A609,Items!$A$8:$J$701,9,FALSE))","v":""},"",{"$f":"IF($A609=\"\",\"\",VLOOKUP($A609,Items!$A$8:$K$701,11,FALSE))","v":""}]
[null,null,"",null,null,{"$f":"IF(A610=\"\",\"\",VLOOKUP(A610,Items!$A$8:$AJ$701,34,FALSE))","v":""},null,"",{"$f":"IF($A610=\"\",\"\",VLOOKUP($A610,Items!$A$8:$J$701,5,FALSE))","v":""},"",{"$f":"IF($A610=\"\",\"\",VLOOKUP($A610,Items!$A$8:$J$701,7,FALSE))","v":""},"",{"$f":"IF($A610=\"\",\"\",VLOOKUP($A610,Items!$A$8:$J$701,9,FALSE))","v":""},"",{"$f":"IF($A610=\"\",\"\",VLOOKUP($A610,Items!$A$8:$K$701,11,FALSE))","v":""}]
[null,null,"",null,null,{"$f":"IF(A611=\"\",\"\",VLOOKUP(A611,Items!$A$8:$AJ$701,34,FALSE))","v":""},null,"",{"$f":"IF($A611=\"\",\"\",VLOOKUP($A611,Items!$A$8:$J$701,5,FALSE))","v":""},"",{"$f":"IF($A611=\"\",\"\",VLOOKUP($A611,Items!$A$8:$J$701,7,FALSE))","v":""},"",{"$f":"IF($A611=\"\",\"\",VLOOKUP($A611,Items!$A$8:$J$701,9,FALSE))","v":""},"",{"$f":"IF($A611=\"\",\"\",VLOOKUP($A611,Items!$A$8:$K$701,11,FALSE))","v":""}]
[null,null,"",null,null,{"$f":"IF(A612=\"\",\"\",VLOOKUP(A612,Items!$A$8:$AJ$701,34,FALSE))","v":""},null,"",{"$f":"IF($A612=\"\",\"\",VLOOKUP($A612,Items!$A$8:$J$701,5,FALSE))","v":""},"",{"$f":"IF($A612=\"\",\"\",VLOOKUP($A612,Items!$A$8:$J$701,7,FALSE))","v":""},"",{"$f":"IF($A612=\"\",\"\",VLOOKUP($A612,Items!$A$8:$J$701,9,FALSE))","v":""},"",{"$f":"IF($A612=\"\",\"\",VLOOKUP($A612,Items!$A$8:$K$701,11,FALSE))","v":""}]
[null,null,"",null,null,{"$f":"IF(A613=\"\",\"\",VLOOKUP(A613,Items!$A$8:$AJ$701,34,FALSE))","v":""},null,"",{"$f":"IF($A613=\"\",\"\",VLOOKUP($A613,Items!$A$8:$J$701,5,FALSE))","v":""},"",{"$f":"IF($A613=\"\",\"\",VLOOKUP($A613,Items!$A$8:$J$701,7,FALSE))","v":""},"",{"$f":"IF($A613=\"\",\"\",VLOOKUP($A613,Items!$A$8:$J$701,9,FALSE))","v":""},"",{"$f":"IF($A613=\"\",\"\",VLOOKUP($A613,Items!$A$8:$K$701,11,FALSE))","v":""}]
[null,null,"",null,null,{"$f":"IF(A614=\"\",\"\",VLOOKUP(A614,Items!$A$8:$AJ$701,34,FALSE))","v":""},null,"",{"$f":"IF($A614=\"\",\"\",VLOOKUP($A614,Items!$A$8:$J$701,5,FALSE))","v":""},"",{"$f":"IF($A614=\"\",\"\",VLOOKUP($A614,Items!$A$8:$J$701,7,FALSE))","v":""},"",{"$f":"IF($A614=\"\",\"\",VLOOKUP($A614,Items!$A$8:$J$701,9,FALSE))","v":""},"",{"$f":"IF($A614=\"\",\"\",VLOOKUP($A614,Items!$A$8:$K$701,11,FALSE))","v":""}]
[null,null,"",null,null,{"$f":"IF(A615=\"\",\"\",VLOOKUP(A615,Items!$A$8:$AJ$701,34,FALSE))","v":""},null,"",{"$f":"IF($A615=\"\",\"\",VLOOKUP($A615,Items!$A$8:$J$701,5,FALSE))","v":""},"",{"$f":"IF($A615=\"\",\"\",VLOOKUP($A615,Items!$A$8:$J$701,7,FALSE))","v":""},"",{"$f":"IF($A615=\"\",\"\",VLOOKUP($A615,Items!$A$8:$J$701,9,FALSE))","v":""},"",{"$f":"IF($A615=\"\",\"\",VLOOKUP($A615,Items!$A$8:$K$701,11,FALSE))","v":""}]
[null,null,"",null,null,{"$f":"IF(A616=\"\",\"\",VLOOKUP(A616,Items!$A$8:$AJ$701,34,FALSE))","v":""},null,"",{"$f":"IF($A616=\"\",\"\",VLOOKUP($A616,Items!$A$8:$J$701,5,FALSE))","v":""},"",{"$f":"IF($A616=\"\",\"\",VLOOKUP($A616,Items!$A$8:$J$701,7,FALSE))","v":""},"",{"$f":"IF($A616=\"\",\"\",VLOOKUP($A616,Items!$A$8:$J$701,9,FALSE))","v":""},"",{"$f":"IF($A616=\"\",\"\",VLOOKUP($A616,Items!$A$8:$K$701,11,FALSE))","v":""}]
[null,null,"",null,null,{"$f":"IF(A617=\"\",\"\",VLOOKUP(A617,Items!$A$8:$AJ$701,34,FALSE))","v":""},null,"",{"$f":"IF($A617=\"\",\"\",VLOOKUP($A617,Items!$A$8:$J$701,5,FALSE))","v":""},"",{"$f":"IF($A617=\"\",\"\",VLOOKUP($A617,Items!$A$8:$J$701,7,FALSE))","v":""},"",{"$f":"IF($A617=\"\",\"\",VLOOKUP($A617,Items!$A$8:$J$701,9,FALSE))","v":""},"",{"$f":"IF($A617=\"\",\"\",VLOOKUP($A617,Items!$A$8:$K$701,11,FALSE))","v":""}]
[null,null,"",null,null,{"$f":"IF(A618=\"\",\"\",VLOOKUP(A618,Items!$A$8:$AJ$701,34,FALSE))","v":""},null,"",{"$f":"IF($A618=\"\",\"\",VLOOKUP($A618,Items!$A$8:$J$701,5,FALSE))","v":""},"",{"$f":"IF($A618=\"\",\"\",VLOOKUP($A618,Items!$A$8:$J$701,7,FALSE))","v":""},"",{"$f":"IF($A618=\"\",\"\",VLOOKUP($A618,Items!$A$8:$J$701,9,FALSE))","v":""},"",{"$f":"IF($A618=\"\",\"\",VLOOKUP($A618,Items!$A$8:$K$701,11,FALSE))","v":""}]
[null,null,"",null,null,{"$f":"IF(A619=\"\",\"\",VLOOKUP(A619,Items!$A$8:$AJ$701,34,FALSE))","v":""},null,"",{"$f":"IF($A619=\"\",\"\",VLOOKUP($A619,Items!$A$8:$J$701,5,FALSE))","v":""},"",{"$f":"IF($A619=\"\",\"\",VLOOKUP($A619,Items!$A$8:$J$701,7,FALSE))","v":""},"",{"$f":"IF($A619=\"\",\"\",VLOOKUP($A619,Items!$A$8:$J$701,9,FALSE))","v":""},"",{"$f":"IF($A619=\"\",\"\",VLOOKUP($A619,Items!$A$8:$K$701,11,FALSE))","v":""}]
[null,null,"",null,null,{"$f":"IF(A620=\"\",\"\",VLOOKUP(A620,Items!$A$8:$AJ$701,34,FALSE))","v":""},null,"",{"$f":"IF($A620=\"\",\"\",VLOOKUP($A620,Items!$A$8:$J$701,5,FALSE))","v":""},"",{"$f":"IF($A620=\"\",\"\",VLOOKUP($A620,Items!$A$8:$J$701,7,FALSE))","v":""},"",{"$f":"IF($A620=\"\",\"\",VLOOKUP($A620,Items!$A$8:$J$701,9,FALSE))","v":""},"",{"$f":"IF($A620=\"\",\"\",VLOOKUP($A620,Items!$A$8:$K$701,11,FALSE))","v":""}]
[null,null,"",null,null,{"$f":"IF(A621=\"\",\"\",VLOOKUP(A621,Items!$A$8:$AJ$701,34,FALSE))","v":""},null,"",{"$f":"IF($A621=\"\",\"\",VLOOKUP($A621,Items!$A$8:$J$701,5,FALSE))","v":""},"",{"$f":"IF($A621=\"\",\"\",VLOOKUP($A621,Items!$A$8:$J$701,7,FALSE))","v":""},"",{"$f":"IF($A621=\"\",\"\",VLOOKUP($A621,Items!$A$8:$J$701,9,FALSE))","v":""},"",{"$f":"IF($A621=\"\",\"\",VLOOKUP($A621,Items!$A$8:$K$701,11,FALSE))","v":""}]
[null,null,"",null,null,{"$f":"IF(A622=\"\",\"\",VLOOKUP(A622,Items!$A$8:$AJ$701,34,FALSE))","v":""},null,"",{"$f":"IF($A622=\"\",\"\",VLOOKUP($A622,Items!$A$8:$J$701,5,FALSE))","v":""},"",{"$f":"IF($A622=\"\",\"\",VLOOKUP($A622,Items!$A$8:$J$701,7,FALSE))","v":""},"",{"$f":"IF($A622=\"\",\"\",VLOOKUP($A622,Items!$A$8:$J$701,9,FALSE))","v":""},"",{"$f":"IF($A622=\"\",\"\",VLOOKUP($A622,Items!$A$8:$K$701,11,FALSE))","v":""}]
[null,null,"",null,null,{"$f":"IF(A623=\"\",\"\",VLOOKUP(A623,Items!$A$8:$AJ$701,34,FALSE))","v":""},null,"",{"$f":"IF($A623=\"\",\"\",VLOOKUP($A623,Items!$A$8:$J$701,5,FALSE))","v":""},"",{"$f":"IF($A623=\"\",\"\",VLOOKUP($A623,Items!$A$8:$J$701,7,FALSE))","v":""},"",{"$f":"IF($A623=\"\",\"\",VLOOKUP($A623,Items!$A$8:$J$701,9,FALSE))","v":""},"",{"$f":"IF($A623=\"\",\"\",VLOOKUP($A623,Items!$A$8:$K$701,11,FALSE))","v":""}]
[null,null,"",null,null,{"$f":"IF(A624=\"\",\"\",VLOOKUP(A624,Items!$A$8:$AJ$701,34,FALSE))","v":""},null,"",{"$f":"IF($A624=\"\",\"\",VLOOKUP($A624,Items!$A$8:$J$701,5,FALSE))","v":""},"",{"$f":"IF($A624=\"\",\"\",VLOOKUP($A624,Items!$A$8:$J$701,7,FALSE))","v":""},"",{"$f":"IF($A624=\"\",\"\",VLOOKUP($A624,Items!$A$8:$J$701,9,FALSE))","v":""},"",{"$f":"IF($A624=\"\",\"\",VLOOKUP($A624,Items!$A$8:$K$701,11,FALSE))","v":""}]
[null,null,"",null,null,{"$f":"IF(A625=\"\",\"\",VLOOKUP(A625,Items!$A$8:$AJ$701,34,FALSE))","v":""},null,"",{"$f":"IF($A625=\"\",\"\",VLOOKUP($A625,Items!$A$8:$J$701,5,FALSE))","v":""},"",{"$f":"IF($A625=\"\",\"\",VLOOKUP($A625,Items!$A$8:$J$701,7,FALSE))","v":""},"",{"$f":"IF($A625=\"\",\"\",VLOOKUP($A625,Items!$A$8:$J$701,9,FALSE))","v":""},"",{"$f":"IF($A625=\"\",\"\",VLOOKUP($A625,Items!$A$8:$K$701,11,FALSE))","v":""}]
[null,null,"",null,null,{"$f":"IF(A626=\"\",\"\",VLOOKUP(A626,Items!$A$8:$AJ$701,34,FALSE))","v":""},null,"",{"$f":"IF($A626=\"\",\"\",VLOOKUP($A626,Items!$A$8:$J$701,5,FALSE))","v":""},"",{"$f":"IF($A626=\"\",\"\",VLOOKUP($A626,Items!$A$8:$J$701,7,FALSE))","v":""},"",{"$f":"IF($A626=\"\",\"\",VLOOKUP($A626,Items!$A$8:$J$701,9,FALSE))","v":""},"",{"$f":"IF($A626=\"\",\"\",VLOOKUP($A626,Items!$A$8:$K$701,11,FALSE))","v":""}]
[null,null,"",null,null,{"$f":"IF(A627=\"\",\"\",VLOOKUP(A627,Items!$A$8:$AJ$701,34,FALSE))","v":""},null,"",{"$f":"IF($A627=\"\",\"\",VLOOKUP($A627,Items!$A$8:$J$701,5,FALSE))","v":""},"",{"$f":"IF($A627=\"\",\"\",VLOOKUP($A627,Items!$A$8:$J$701,7,FALSE))","v":""},"",{"$f":"IF($A627=\"\",\"\",VLOOKUP($A627,Items!$A$8:$J$701,9,FALSE))","v":""},"",{"$f":"IF($A627=\"\",\"\",VLOOKUP($A627,Items!$A$8:$K$701,11,FALSE))","v":""}]
[null,null,"",null,null,{"$f":"IF(A628=\"\",\"\",VLOOKUP(A628,Items!$A$8:$AJ$701,34,FALSE))","v":""},null,"",{"$f":"IF($A628=\"\",\"\",VLOOKUP($A628,Items!$A$8:$J$701,5,FALSE))","v":""},"",{"$f":"IF($A628=\"\",\"\",VLOOKUP($A628,Items!$A$8:$J$701,7,FALSE))","v":""},"",{"$f":"IF($A628=\"\",\"\",VLOOKUP($A628,Items!$A$8:$J$701,9,FALSE))","v":""},"",{"$f":"IF($A628=\"\",\"\",VLOOKUP($A628,Items!$A$8:$K$701,11,FALSE))","v":""}]
[null,null,"",null,null,{"$f":"IF(A629=\"\",\"\",VLOOKUP(A629,Items!$A$8:$AJ$701,34,FALSE))","v":""},null,"",{"$f":"IF($A629=\"\",\"\",VLOOKUP($A629,Items!$A$8:$J$701,5,FALSE))","v":""},"",{"$f":"IF($A629=\"\",\"\",VLOOKUP($A629,Items!$A$8:$J$701,7,FALSE))","v":""},"",{"$f":"IF($A629=\"\",\"\",VLOOKUP($A629,Items!$A$8:$J$701,9,FALSE))","v":""},"",{"$f":"IF($A629=\"\",\"\",VLOOKUP($A629,Items!$A$8:$K$701,11,FALSE))","v":""}]
[null,null,"",null,null,{"$f":"IF(A630=\"\",\"\",VLOOKUP(A630,Items!$A$8:$AJ$701,34,FALSE))","v":""},null,"",{"$f":"IF($A630=\"\",\"\",VLOOKUP($A630,Items!$A$8:$J$701,5,FALSE))","v":""},"",{"$f":"IF($A630=\"\",\"\",VLOOKUP($A630,Items!$A$8:$J$701,7,FALSE))","v":""},"",{"$f":"IF($A630=\"\",\"\",VLOOKUP($A630,Items!$A$8:$J$701,9,FALSE))","v":""},"",{"$f":"IF($A630=\"\",\"\",VLOOKUP($A630,Items!$A$8:$K$701,11,FALSE))","v":""}]
[null,null,"",null,null,{"$f":"IF(A631=\"\",\"\",VLOOKUP(A631,Items!$A$8:$AJ$701,34,FALSE))","v":""},null,"",{"$f":"IF($A631=\"\",\"\",VLOOKUP($A631,Items!$A$8:$J$701,5,FALSE))","v":""},"",{"$f":"IF($A631=\"\",\"\",VLOOKUP($A631,Items!$A$8:$J$701,7,FALSE))","v":""},"",{"$f":"IF($A631=\"\",\"\",VLOOKUP($A631,Items!$A$8:$J$701,9,FALSE))","v":""},"",{"$f":"IF($A631=\"\",\"\",VLOOKUP($A631,Items!$A$8:$K$701,11,FALSE))","v":""}]
[null,null,"",null,null,{"$f":"IF(A632=\"\",\"\",VLOOKUP(A632,Items!$A$8:$AJ$701,34,FALSE))","v":""},null,"",{"$f":"IF($A632=\"\",\"\",VLOOKUP($A632,Items!$A$8:$J$701,5,FALSE))","v":""},"",{"$f":"IF($A632=\"\",\"\",VLOOKUP($A632,Items!$A$8:$J$701,7,FALSE))","v":""},"",{"$f":"IF($A632=\"\",\"\",VLOOKUP($A632,Items!$A$8:$J$701,9,FALSE))","v":""},"",{"$f":"IF($A632=\"\",\"\",VLOOKUP($A632,Items!$A$8:$K$701,11,FALSE))","v":""}]
[null,null,"",null,null,{"$f":"IF(A633=\"\",\"\",VLOOKUP(A633,Items!$A$8:$AJ$701,34,FALSE))","v":""},null,"",{"$f":"IF($A633=\"\",\"\",VLOOKUP($A633,Items!$A$8:$J$701,5,FALSE))","v":""},"",{"$f":"IF($A633=\"\",\"\",VLOOKUP($A633,Items!$A$8:$J$701,7,FALSE))","v":""},"",{"$f":"IF($A633=\"\",\"\",VLOOKUP($A633,Items!$A$8:$J$701,9,FALSE))","v":""},"",{"$f":"IF($A633=\"\",\"\",VLOOKUP($A633,Items!$A$8:$K$701,11,FALSE))","v":""}]
[null,null,"",null,null,{"$f":"IF(A634=\"\",\"\",VLOOKUP(A634,Items!$A$8:$AJ$701,34,FALSE))","v":""},null,"",{"$f":"IF($A634=\"\",\"\",VLOOKUP($A634,Items!$A$8:$J$701,5,FALSE))","v":""},"",{"$f":"IF($A634=\"\",\"\",VLOOKUP($A634,Items!$A$8:$J$701,7,FALSE))","v":""},"",{"$f":"IF($A634=\"\",\"\",VLOOKUP($A634,Items!$A$8:$J$701,9,FALSE))","v":""},"",{"$f":"IF($A634=\"\",\"\",VLOOKUP($A634,Items!$A$8:$K$701,11,FALSE))","v":""}]
[null,null,"",null,null,{"$f":"IF(A635=\"\",\"\",VLOOKUP(A635,Items!$A$8:$AJ$701,34,FALSE))","v":""},null,"",{"$f":"IF($A635=\"\",\"\",VLOOKUP($A635,Items!$A$8:$J$701,5,FALSE))","v":""},"",{"$f":"IF($A635=\"\",\"\",VLOOKUP($A635,Items!$A$8:$J$701,7,FALSE))","v":""},"",{"$f":"IF($A635=\"\",\"\",VLOOKUP($A635,Items!$A$8:$J$701,9,FALSE))","v":""},"",{"$f":"IF($A635=\"\",\"\",VLOOKUP($A635,Items!$A$8:$K$701,11,FALSE))","v":""}]
[null,null,"",null,null,{"$f":"IF(A636=\"\",\"\",VLOOKUP(A636,Items!$A$8:$AJ$701,34,FALSE))","v":""},null,"",{"$f":"IF($A636=\"\",\"\",VLOOKUP($A636,Items!$A$8:$J$701,5,FALSE))","v":""},"",{"$f":"IF($A636=\"\",\"\",VLOOKUP($A636,Items!$A$8:$J$701,7,FALSE))","v":""},"",{"$f":"IF($A636=\"\",\"\",VLOOKUP($A636,Items!$A$8:$J$701,9,FALSE))","v":""},"",{"$f":"IF($A636=\"\",\"\",VLOOKUP($A636,Items!$A$8:$K$701,11,FALSE))","v":""}]
[null,null,"",null,null,{"$f":"IF(A637=\"\",\"\",VLOOKUP(A637,Items!$A$8:$AJ$701,34,FALSE))","v":""},null,"",{"$f":"IF($A637=\"\",\"\",VLOOKUP($A637,Items!$A$8:$J$701,5,FALSE))","v":""},"",{"$f":"IF($A637=\"\",\"\",VLOOKUP($A637,Items!$A$8:$J$701,7,FALSE))","v":""},"",{"$f":"IF($A637=\"\",\"\",VLOOKUP($A637,Items!$A$8:$J$701,9,FALSE))","v":""},"",{"$f":"IF($A637=\"\",\"\",VLOOKUP($A637,Items!$A$8:$K$701,11,FALSE))","v":""}]
[null,null,"",null,null,{"$f":"IF(A638=\"\",\"\",VLOOKUP(A638,Items!$A$8:$AJ$701,34,FALSE))","v":""},null,"",{"$f":"IF($A638=\"\",\"\",VLOOKUP($A638,Items!$A$8:$J$701,5,FALSE))","v":""},"",{"$f":"IF($A638=\"\",\"\",VLOOKUP($A638,Items!$A$8:$J$701,7,FALSE))","v":""},"",{"$f":"IF($A638=\"\",\"\",VLOOKUP($A638,Items!$A$8:$J$701,9,FALSE))","v":""},"",{"$f":"IF($A638=\"\",\"\",VLOOKUP($A638,Items!$A$8:$K$701,11,FALSE))","v":""}]
[null,null,"",null,null,{"$f":"IF(A639=\"\",\"\",VLOOKUP(A639,Items!$A$8:$AJ$701,34,FALSE))","v":""},null,"",{"$f":"IF($A639=\"\",\"\",VLOOKUP($A639,Items!$A$8:$J$701,5,FALSE))","v":""},"",{"$f":"IF($A639=\"\",\"\",VLOOKUP($A639,Items!$A$8:$J$701,7,FALSE))","v":""},"",{"$f":"IF($A639=\"\",\"\",VLOOKUP($A639,Items!$A$8:$J$701,9,FALSE))","v":""},"",{"$f":"IF($A639=\"\",\"\",VLOOKUP($A639,Items!$A$8:$K$701,11,FALSE))","v":""}]
[null,null,"",null,null,{"$f":"IF(A640=\"\",\"\",VLOOKUP(A640,Items!$A$8:$AJ$701,34,FALSE))","v":""},null,"",{"$f":"IF($A640=\"\",\"\",VLOOKUP($A640,Items!$A$8:$J$701,5,FALSE))","v":""},"",{"$f":"IF($A640=\"\",\"\",VLOOKUP($A640,Items!$A$8:$J$701,7,FALSE))","v":""},"",{"$f":"IF($A640=\"\",\"\",VLOOKUP($A640,Items!$A$8:$J$701,9,FALSE))","v":""},"",{"$f":"IF($A640=\"\",\"\",VLOOKUP($A640,Items!$A$8:$K$701,11,FALSE))","v":""}]
[null,null,"",null,null,{"$f":"IF(A641=\"\",\"\",VLOOKUP(A641,Items!$A$8:$AJ$701,34,FALSE))","v":""},null,"",{"$f":"IF($A641=\"\",\"\",VLOOKUP($A641,Items!$A$8:$J$701,5,FALSE))","v":""},"",{"$f":"IF($A641=\"\",\"\",VLOOKUP($A641,Items!$A$8:$J$701,7,FALSE))","v":""},"",{"$f":"IF($A641=\"\",\"\",VLOOKUP($A641,Items!$A$8:$J$701,9,FALSE))","v":""},"",{"$f":"IF($A641=\"\",\"\",VLOOKUP($A641,Items!$A$8:$K$701,11,FALSE))","v":""}]
[null,null,"",null,null,{"$f":"IF(A642=\"\",\"\",VLOOKUP(A642,Items!$A$8:$AJ$701,34,FALSE))","v":""},null,"",{"$f":"IF($A642=\"\",\"\",VLOOKUP($A642,Items!$A$8:$J$701,5,FALSE))","v":""},"",{"$f":"IF($A642=\"\",\"\",VLOOKUP($A642,Items!$A$8:$J$701,7,FALSE))","v":""},"",{"$f":"IF($A642=\"\",\"\",VLOOKUP($A642,Items!$A$8:$J$701,9,FALSE))","v":""},"",{"$f":"IF($A642=\"\",\"\",VLOOKUP($A642,Items!$A$8:$K$701,11,FALSE))","v":""}]
[null,null,"",null,null,{"$f":"IF(A643=\"\",\"\",VLOOKUP(A643,Items!$A$8:$AJ$701,34,FALSE))","v":""},null,"",{"$f":"IF($A643=\"\",\"\",VLOOKUP($A643,Items!$A$8:$J$701,5,FALSE))","v":""},"",{"$f":"IF($A643=\"\",\"\",VLOOKUP($A643,Items!$A$8:$J$701,7,FALSE))","v":""},"",{"$f":"IF($A643=\"\",\"\",VLOOKUP($A643,Items!$A$8:$J$701,9,FALSE))","v":""},"",{"$f":"IF($A643=\"\",\"\",VLOOKUP($A643,Items!$A$8:$K$701,11,FALSE))","v":""}]
[null,null,"",null,null,{"$f":"IF(A644=\"\",\"\",VLOOKUP(A644,Items!$A$8:$AJ$701,34,FALSE))","v":""},null,"",{"$f":"IF($A644=\"\",\"\",VLOOKUP($A644,Items!$A$8:$J$701,5,FALSE))","v":""},"",{"$f":"IF($A644=\"\",\"\",VLOOKUP($A644,Items!$A$8:$J$701,7,FALSE))","v":""},"",{"$f":"IF($A644=\"\",\"\",VLOOKUP($A644,Items!$A$8:$J$701,9,FALSE))","v":""},"",{"$f":"IF($A644=\"\",\"\",VLOOKUP($A644,Items!$A$8:$K$701,11,FALSE))","v":""}]
[null,null,"",null,null,{"$f":"IF(A645=\"\",\"\",VLOOKUP(A645,Items!$A$8:$AJ$701,34,FALSE))","v":""},null,"",{"$f":"IF($A645=\"\",\"\",VLOOKUP($A645,Items!$A$8:$J$701,5,FALSE))","v":""},"",{"$f":"IF($A645=\"\",\"\",VLOOKUP($A645,Items!$A$8:$J$701,7,FALSE))","v":""},"",{"$f":"IF($A645=\"\",\"\",VLOOKUP($A645,Items!$A$8:$J$701,9,FALSE))","v":""},"",{"$f":"IF($A645=\"\",\"\",VLOOKUP($A645,Items!$A$8:$K$701,11,FALSE))","v":""}]
[null,null,"",null,null,{"$f":"IF(A646=\"\",\"\",VLOOKUP(A646,Items!$A$8:$AJ$701,34,FALSE))","v":""},null,"",{"$f":"IF($A646=\"\",\"\",VLOOKUP($A646,Items!$A$8:$J$701,5,FALSE))","v":""},"",{"$f":"IF($A646=\"\",\"\",VLOOKUP($A646,Items!$A$8:$J$701,7,FALSE))","v":""},"",{"$f":"IF($A646=\"\",\"\",VLOOKUP($A646,Items!$A$8:$J$701,9,FALSE))","v":""},"",{"$f":"IF($A646=\"\",\"\",VLOOKUP($A646,Items!$A$8:$K$701,11,FALSE))","v":""}]
[null,null,"",null,null,{"$f":"IF(A647=\"\",\"\",VLOOKUP(A647,Items!$A$8:$AJ$701,34,FALSE))","v":""},null,"",{"$f":"IF($A647=\"\",\"\",VLOOKUP($A647,Items!$A$8:$J$701,5,FALSE))","v":""},"",{"$f":"IF($A647=\"\",\"\",VLOOKUP($A647,Items!$A$8:$J$701,7,FALSE))","v":""},"",{"$f":"IF($A647=\"\",\"\",VLOOKUP($A647,Items!$A$8:$J$701,9,FALSE))","v":""},"",{"$f":"IF($A647=\"\",\"\",VLOOKUP($A647,Items!$A$8:$K$701,11,FALSE))","v":""}]
[null,null,"",null,null,{"$f":"IF(A648=\"\",\"\",VLOOKUP(A648,Items!$A$8:$AJ$701,34,FALSE))","v":""},null,"",{"$f":"IF($A648=\"\",\"\",VLOOKUP($A648,Items!$A$8:$J$701,5,FALSE))","v":""},"",{"$f":"IF($A648=\"\",\"\",VLOOKUP($A648,Items!$A$8:$J$701,7,FALSE))","v":""},"",{"$f":"IF($A648=\"\",\"\",VLOOKUP($A648,Items!$A$8:$J$701,9,FALSE))","v":""},"",{"$f":"IF($A648=\"\",\"\",VLOOKUP($A648,Items!$A$8:$K$701,11,FALSE))","v":""}]
[null,null,{"$f":"IF(A649=\"\",\"\",\"x\")","v":""},null,null,{"$f":"IF(A649=\"\",\"\",VLOOKUP(A649,Items!$A$8:$AJ$701,34,FALSE))","v":""},null,{"$f":"IF(OR($F649=\"\",$F649=0),\"\",I649/$F649)","v":""},{"$f":"IF($A649=\"\",\"\",VLOOKUP($A649,Items!$A$8:$J$701,5,FALSE))","v":""},{"$f":"IF(OR($F649=\"\",$F649=0),\"\",K649/$F649)","v":""},{"$f":"IF($A649=\"\",\"\",VLOOKUP($A649,Items!$A$8:$J$701,7,FALSE))","v":""},{"$f":"IF(OR($F649=\"\",$F649=0),\"\",M649/$F649)","v":""},{"$f":"IF($A649=\"\",\"\",VLOOKUP($A649,Items!$A$8:$J$701,9,FALSE))","v":""},{"$f":"IF(OR($F649=\"\",$F649=0),\"\",O649/$F649)","v":""},{"$f":"IF($A649=\"\",\"\",VLOOKUP($A649,Items!$A$8:$K$701,11,FALSE))","v":""}]
[null,null,"",null,null,{"$f":"IF(A650=\"\",\"\",VLOOKUP(A650,Items!$A$8:$AJ$701,34,FALSE))","v":""},null,"",{"$f":"IF($A650=\"\",\"\",VLOOKUP($A650,Items!$A$8:$J$701,5,FALSE))","v":""},"",{"$f":"IF($A650=\"\",\"\",VLOOKUP($A650,Items!$A$8:$J$701,7,FALSE))","v":""},"",{"$f":"IF($A650=\"\",\"\",VLOOKUP($A650,Items!$A$8:$J$701,9,FALSE))","v":""},"",{"$f":"IF($A650=\"\",\"\",VLOOKUP($A650,Items!$A$8:$K$701,11,FALSE))","v":""}]
[null,null,"",null,null,{"$f":"IF(A651=\"\",\"\",VLOOKUP(A651,Items!$A$8:$AJ$701,34,FALSE))","v":""},null,"",{"$f":"IF($A651=\"\",\"\",VLOOKUP($A651,Items!$A$8:$J$701,5,FALSE))","v":""},"",{"$f":"IF($A651=\"\",\"\",VLOOKUP($A651,Items!$A$8:$J$701,7,FALSE))","v":""},"",{"$f":"IF($A651=\"\",\"\",VLOOKUP($A651,Items!$A$8:$J$701,9,FALSE))","v":""},"",{"$f":"IF($A651=\"\",\"\",VLOOKUP($A651,Items!$A$8:$K$701,11,FALSE))","v":""}]
[null,null,"",null,null,{"$f":"IF(A652=\"\",\"\",VLOOKUP(A652,Items!$A$8:$AJ$701,34,FALSE))","v":""},null,"",{"$f":"IF($A652=\"\",\"\",VLOOKUP($A652,Items!$A$8:$J$701,5,FALSE))","v":""},"",{"$f":"IF($A652=\"\",\"\",VLOOKUP($A652,Items!$A$8:$J$701,7,FALSE))","v":""},"",{"$f":"IF($A652=\"\",\"\",VLOOKUP($A652,Items!$A$8:$J$701,9,FALSE))","v":""},"",{"$f":"IF($A652=\"\",\"\",VLOOKUP($A652,Items!$A$8:$K$701,11,FALSE))","v":""}]
[null,null,"",null,null,{"$f":"IF(A653=\"\",\"\",VLOOKUP(A653,Items!$A$8:$AJ$701,34,FALSE))","v":""},null,"",{"$f":"IF($A653=\"\",\"\",VLOOKUP($A653,Items!$A$8:$J$701,5,FALSE))","v":""},"",{"$f":"IF($A653=\"\",\"\",VLOOKUP($A653,Items!$A$8:$J$701,7,FALSE))","v":""},"",{"$f":"IF($A653=\"\",\"\",VLOOKUP($A653,Items!$A$8:$J$701,9,FALSE))","v":""},"",{"$f":"IF($A653=\"\",\"\",VLOOKUP($A653,Items!$A$8:$K$701,11,FALSE))","v":""}]
[null,null,"",null,null,{"$f":"IF(A654=\"\",\"\",VLOOKUP(A654,Items!$A$8:$AJ$701,34,FALSE))","v":""},null,"",{"$f":"IF($A654=\"\",\"\",VLOOKUP($A654,Items!$A$8:$J$701,5,FALSE))","v":""},"",{"$f":"IF($A654=\"\",\"\",VLOOKUP($A654,Items!$A$8:$J$701,7,FALSE))","v":""},"",{"$f":"IF($A654=\"\",\"\",VLOOKUP($A654,Items!$A$8:$J$701,9,FALSE))","v":""},"",{"$f":"IF($A654=\"\",\"\",VLOOKUP($A654,Items!$A$8:$K$701,11,FALSE))","v":""}]
[null,null,"",null,null,{"$f":"IF(A655=\"\",\"\",VLOOKUP(A655,Items!$A$8:$AJ$701,34,FALSE))","v":""},null,"",{"$f":"IF($A655=\"\",\"\",VLOOKUP($A655,Items!$A$8:$J$701,5,FALSE))","v":""},"",{"$f":"IF($A655=\"\",\"\",VLOOKUP($A655,Items!$A$8:$J$701,7,FALSE))","v":""},"",{"$f":"IF($A655=\"\",\"\",VLOOKUP($A655,Items!$A$8:$J$701,9,FALSE))","v":""},"",{"$f":"IF($A655=\"\",\"\",VLOOKUP($A655,Items!$A$8:$K$701,11,FALSE))","v":""}]
[null,null,"",null,null,{"$f":"IF(A656=\"\",\"\",VLOOKUP(A656,Items!$A$8:$AJ$701,34,FALSE))","v":""},null,"",{"$f":"IF($A656=\"\",\"\",VLOOKUP($A656,Items!$A$8:$J$701,5,FALSE))","v":""},"",{"$f":"IF($A656=\"\",\"\",VLOOKUP($A656,Items!$A$8:$J$701,7,FALSE))","v":""},"",{"$f":"IF($A656=\"\",\"\",VLOOKUP($A656,Items!$A$8:$J$701,9,FALSE))","v":""},"",{"$f":"IF($A656=\"\",\"\",VLOOKUP($A656,Items!$A$8:$K$701,11,FALSE))","v":""}]
[null,null,"",null,null,{"$f":"IF(A657=\"\",\"\",VLOOKUP(A657,Items!$A$8:$AJ$701,34,FALSE))","v":""},null,"",{"$f":"IF($A657=\"\",\"\",VLOOKUP($A657,Items!$A$8:$J$701,5,FALSE))","v":""},"",{"$f":"IF($A657=\"\",\"\",VLOOKUP($A657,Items!$A$8:$J$701,7,FALSE))","v":""},"",{"$f":"IF($A657=\"\",\"\",VLOOKUP($A657,Items!$A$8:$J$701,9,FALSE))","v":""},"",{"$f":"IF($A657=\"\",\"\",VLOOKUP($A657,Items!$A$8:$K$701,11,FALSE))","v":""}]
[null,null,"",null,null,{"$f":"IF(A658=\"\",\"\",VLOOKUP(A658,Items!$A$8:$AJ$701,34,FALSE))","v":""},null,"",{"$f":"IF($A658=\"\",\"\",VLOOKUP($A658,Items!$A$8:$J$701,5,FALSE))","v":""},"",{"$f":"IF($A658=\"\",\"\",VLOOKUP($A658,Items!$A$8:$J$701,7,FALSE))","v":""},"",{"$f":"IF($A658=\"\",\"\",VLOOKUP($A658,Items!$A$8:$J$701,9,FALSE))","v":""},"",{"$f":"IF($A658=\"\",\"\",VLOOKUP($A658,Items!$A$8:$K$701,11,FALSE))","v":""}]
[null,null,"",null,null,{"$f":"IF(A659=\"\",\"\",VLOOKUP(A659,Items!$A$8:$AJ$701,34,FALSE))","v":""},null,"",{"$f":"IF($A659=\"\",\"\",VLOOKUP($A659,Items!$A$8:$J$701,5,FALSE))","v":""},"",{"$f":"IF($A659=\"\",\"\",VLOOKUP($A659,Items!$A$8:$J$701,7,FALSE))","v":""},"",{"$f":"IF($A659=\"\",\"\",VLOOKUP($A659,Items!$A$8:$J$701,9,FALSE))","v":""},"",{"$f":"IF($A659=\"\",\"\",VLOOKUP($A659,Items!$A$8:$K$701,11,FALSE))","v":""}]
[null,null,"",null,null,{"$f":"IF(A660=\"\",\"\",VLOOKUP(A660,Items!$A$8:$AJ$701,34,FALSE))","v":""},null,"",{"$f":"IF($A660=\"\",\"\",VLOOKUP($A660,Items!$A$8:$J$701,5,FALSE))","v":""},"",{"$f":"IF($A660=\"\",\"\",VLOOKUP($A660,Items!$A$8:$J$701,7,FALSE))","v":""},"",{"$f":"IF($A660=\"\",\"\",VLOOKUP($A660,Items!$A$8:$J$701,9,FALSE))","v":""},"",{"$f":"IF($A660=\"\",\"\",VLOOKUP($A660,Items!$A$8:$K$701,11,FALSE))","v":""}]
[null,null,"",null,null,{"$f":"IF(A661=\"\",\"\",VLOOKUP(A661,Items!$A$8:$AJ$701,34,FALSE))","v":""},null,"",{"$f":"IF($A661=\"\",\"\",VLOOKUP($A661,Items!$A$8:$J$701,5,FALSE))","v":""},"",{"$f":"IF($A661=\"\",\"\",VLOOKUP($A661,Items!$A$8:$J$701,7,FALSE))","v":""},"",{"$f":"IF($A661=\"\",\"\",VLOOKUP($A661,Items!$A$8:$J$701,9,FALSE))","v":""},"",{"$f":"IF($A661=\"\",\"\",VLOOKUP($A661,Items!$A$8:$K$701,11,FALSE))","v":""}]
[null,null,"",null,null,{"$f":"IF(A662=\"\",\"\",VLOOKUP(A662,Items!$A$8:$AJ$701,34,FALSE))","v":""},null,"",{"$f":"IF($A662=\"\",\"\",VLOOKUP($A662,Items!$A$8:$J$701,5,FALSE))","v":""},"",{"$f":"IF($A662=\"\",\"\",VLOOKUP($A662,Items!$A$8:$J$701,7,FALSE))","v":""},"",{"$f":"IF($A662=\"\",\"\",VLOOKUP($A662,Items!$A$8:$J$701,9,FALSE))","v":""},"",{"$f":"IF($A662=\"\",\"\",VLOOKUP($A662,Items!$A$8:$K$701,11,FALSE))","v":""}]
[null,null,"",null,null,{"$f":"IF(A663=\"\",\"\",VLOOKUP(A663,Items!$A$8:$AJ$701,34,FALSE))","v":""},null,"",{"$f":"IF($A663=\"\",\"\",VLOOKUP($A663,Items!$A$8:$J$701,5,FALSE))","v":""},"",{"$f":"IF($A663=\"\",\"\",VLOOKUP($A663,Items!$A$8:$J$701,7,FALSE))","v":""},"",{"$f":"IF($A663=\"\",\"\",VLOOKUP($A663,Items!$A$8:$J$701,9,FALSE))","v":""},"",{"$f":"IF($A663=\"\",\"\",VLOOKUP($A663,Items!$A$8:$K$701,11,FALSE))","v":""}]
[null,null,"",null,null,{"$f":"IF(A664=\"\",\"\",VLOOKUP(A664,Items!$A$8:$AJ$701,34,FALSE))","v":""},null,"",{"$f":"IF($A664=\"\",\"\",VLOOKUP($A664,Items!$A$8:$J$701,5,FALSE))","v":""},"",{"$f":"IF($A664=\"\",\"\",VLOOKUP($A664,Items!$A$8:$J$701,7,FALSE))","v":""},"",{"$f":"IF($A664=\"\",\"\",VLOOKUP($A664,Items!$A$8:$J$701,9,FALSE))","v":""},"",{"$f":"IF($A664=\"\",\"\",VLOOKUP($A664,Items!$A$8:$K$701,11,FALSE))","v":""}]
[null,null,"",null,null,{"$f":"IF(A665=\"\",\"\",VLOOKUP(A665,Items!$A$8:$AJ$701,34,FALSE))","v":""},null,"",{"$f":"IF($A665=\"\",\"\",VLOOKUP($A665,Items!$A$8:$J$701,5,FALSE))","v":""},"",{"$f":"IF($A665=\"\",\"\",VLOOKUP($A665,Items!$A$8:$J$701,7,FALSE))","v":""},"",{"$f":"IF($A665=\"\",\"\",VLOOKUP($A665,Items!$A$8:$J$701,9,FALSE))","v":""},"",{"$f":"IF($A665=\"\",\"\",VLOOKUP($A665,Items!$A$8:$K$701,11,FALSE))","v":""}]
[null,null,"",null,null,{"$f":"IF(A666=\"\",\"\",VLOOKUP(A666,Items!$A$8:$AJ$701,34,FALSE))","v":""},null,"",{"$f":"IF($A666=\"\",\"\",VLOOKUP($A666,Items!$A$8:$J$701,5,FALSE))","v":""},"",{"$f":"IF($A666=\"\",\"\",VLOOKUP($A666,Items!$A$8:$J$701,7,FALSE))","v":""},"",{"$f":"IF($A666=\"\",\"\",VLOOKUP($A666,Items!$A$8:$J$701,9,FALSE))","v":""},"",{"$f":"IF($A666=\"\",\"\",VLOOKUP($A666,Items!$A$8:$K$701,11,FALSE))","v":""}]
[null,null,"",null,null,{"$f":"IF(A667=\"\",\"\",VLOOKUP(A667,Items!$A$8:$AJ$701,34,FALSE))","v":""},null,"",{"$f":"IF($A667=\"\",\"\",VLOOKUP($A667,Items!$A$8:$J$701,5,FALSE))","v":""},"",{"$f":"IF($A667=\"\",\"\",VLOOKUP($A667,Items!$A$8:$J$701,7,FALSE))","v":""},"",{"$f":"IF($A667=\"\",\"\",VLOOKUP($A667,Items!$A$8:$J$701,9,FALSE))","v":""},"",{"$f":"IF($A667=\"\",\"\",VLOOKUP($A667,Items!$A$8:$K$701,11,FALSE))","v":""}]
[null,null,"",null,null,{"$f":"IF(A668=\"\",\"\",VLOOKUP(A668,Items!$A$8:$AJ$701,34,FALSE))","v":""},null,"",{"$f":"IF($A668=\"\",\"\",VLOOKUP($A668,Items!$A$8:$J$701,5,FALSE))","v":""},"",{"$f":"IF($A668=\"\",\"\",VLOOKUP($A668,Items!$A$8:$J$701,7,FALSE))","v":""},"",{"$f":"IF($A668=\"\",\"\",VLOOKUP($A668,Items!$A$8:$J$701,9,FALSE))","v":""},"",{"$f":"IF($A668=\"\",\"\",VLOOKUP($A668,Items!$A$8:$K$701,11,FALSE))","v":""}]
[null,null,"",null,null,{"$f":"IF(A669=\"\",\"\",VLOOKUP(A669,Items!$A$8:$AJ$701,34,FALSE))","v":""},null,"",{"$f":"IF($A669=\"\",\"\",VLOOKUP($A669,Items!$A$8:$J$701,5,FALSE))","v":""},"",{"$f":"IF($A669=\"\",\"\",VLOOKUP($A669,Items!$A$8:$J$701,7,FALSE))","v":""},"",{"$f":"IF($A669=\"\",\"\",VLOOKUP($A669,Items!$A$8:$J$701,9,FALSE))","v":""},"",{"$f":"IF($A669=\"\",\"\",VLOOKUP($A669,Items!$A$8:$K$701,11,FALSE))","v":""}]
[null,null,"",null,null,{"$f":"IF(A670=\"\",\"\",VLOOKUP(A670,Items!$A$8:$AJ$701,34,FALSE))","v":""},null,"",{"$f":"IF($A670=\"\",\"\",VLOOKUP($A670,Items!$A$8:$J$701,5,FALSE))","v":""},"",{"$f":"IF($A670=\"\",\"\",VLOOKUP($A670,Items!$A$8:$J$701,7,FALSE))","v":""},"",{"$f":"IF($A670=\"\",\"\",VLOOKUP($A670,Items!$A$8:$J$701,9,FALSE))","v":""},"",{"$f":"IF($A670=\"\",\"\",VLOOKUP($A670,Items!$A$8:$K$701,11,FALSE))","v":""}]
[null,null,"",null,null,{"$f":"IF(A671=\"\",\"\",VLOOKUP(A671,Items!$A$8:$AJ$701,34,FALSE))","v":""},null,"",{"$f":"IF($A671=\"\",\"\",VLOOKUP($A671,Items!$A$8:$J$701,5,FALSE))","v":""},"",{"$f":"IF($A671=\"\",\"\",VLOOKUP($A671,Items!$A$8:$J$701,7,FALSE))","v":""},"",{"$f":"IF($A671=\"\",\"\",VLOOKUP($A671,Items!$A$8:$J$701,9,FALSE))","v":""},"",{"$f":"IF($A671=\"\",\"\",VLOOKUP($A671,Items!$A$8:$K$701,11,FALSE))","v":""}]
[null,null,"",null,null,{"$f":"IF(A672=\"\",\"\",VLOOKUP(A672,Items!$A$8:$AJ$701,34,FALSE))","v":""},null,"",{"$f":"IF($A672=\"\",\"\",VLOOKUP($A672,Items!$A$8:$J$701,5,FALSE))","v":""},"",{"$f":"IF($A672=\"\",\"\",VLOOKUP($A672,Items!$A$8:$J$701,7,FALSE))","v":""},"",{"$f":"IF($A672=\"\",\"\",VLOOKUP($A672,Items!$A$8:$J$701,9,FALSE))","v":""},"",{"$f":"IF($A672=\"\",\"\",VLOOKUP($A672,Items!$A$8:$K$701,11,FALSE))","v":""}]
[null,null,"",null,null,{"$f":"IF(A673=\"\",\"\",VLOOKUP(A673,Items!$A$8:$AJ$701,34,FALSE))","v":""},null,"",{"$f":"IF($A673=\"\",\"\",VLOOKUP($A673,Items!$A$8:$J$701,5,FALSE))","v":""},"",{"$f":"IF($A673=\"\",\"\",VLOOKUP($A673,Items!$A$8:$J$701,7,FALSE))","v":""},"",{"$f":"IF($A673=\"\",\"\",VLOOKUP($A673,Items!$A$8:$J$701,9,FALSE))","v":""},"",{"$f":"IF($A673=\"\",\"\",VLOOKUP($A673,Items!$A$8:$K$701,11,FALSE))","v":""}]
[null,null,"",null,null,{"$f":"IF(A674=\"\",\"\",VLOOKUP(A674,Items!$A$8:$AJ$701,34,FALSE))","v":""},null,"",{"$f":"IF($A674=\"\",\"\",VLOOKUP($A674,Items!$A$8:$J$701,5,FALSE))","v":""},"",{"$f":"IF($A674=\"\",\"\",VLOOKUP($A674,Items!$A$8:$J$701,7,FALSE))","v":""},"",{"$f":"IF($A674=\"\",\"\",VLOOKUP($A674,Items!$A$8:$J$701,9,FALSE))","v":""},"",{"$f":"IF($A674=\"\",\"\",VLOOKUP($A674,Items!$A$8:$K$701,11,FALSE))","v":""}]
[null,null,"",null,null,{"$f":"IF(A675=\"\",\"\",VLOOKUP(A675,Items!$A$8:$AJ$701,34,FALSE))","v":""},null,"",{"$f":"IF($A675=\"\",\"\",VLOOKUP($A675,Items!$A$8:$J$701,5,FALSE))","v":""},"",{"$f":"IF($A675=\"\",\"\",VLOOKUP($A675,Items!$A$8:$J$701,7,FALSE))","v":""},"",{"$f":"IF($A675=\"\",\"\",VLOOKUP($A675,Items!$A$8:$J$701,9,FALSE))","v":""},"",{"$f":"IF($A675=\"\",\"\",VLOOKUP($A675,Items!$A$8:$K$701,11,FALSE))","v":""}]
[null,null,"",null,null,{"$f":"IF(A676=\"\",\"\",VLOOKUP(A676,Items!$A$8:$AJ$701,34,FALSE))","v":""},null,"",{"$f":"IF($A676=\"\",\"\",VLOOKUP($A676,Items!$A$8:$J$701,5,FALSE))","v":""},"",{"$f":"IF($A676=\"\",\"\",VLOOKUP($A676,Items!$A$8:$J$701,7,FALSE))","v":""},"",{"$f":"IF($A676=\"\",\"\",VLOOKUP($A676,Items!$A$8:$J$701,9,FALSE))","v":""},"",{"$f":"IF($A676=\"\",\"\",VLOOKUP($A676,Items!$A$8:$K$701,11,FALSE))","v":""}]
[null,null,"",null,null,{"$f":"IF(A677=\"\",\"\",VLOOKUP(A677,Items!$A$8:$AJ$701,34,FALSE))","v":""},null,"",{"$f":"IF($A677=\"\",\"\",VLOOKUP($A677,Items!$A$8:$J$701,5,FALSE))","v":""},"",{"$f":"IF($A677=\"\",\"\",VLOOKUP($A677,Items!$A$8:$J$701,7,FALSE))","v":""},"",{"$f":"IF($A677=\"\",\"\",VLOOKUP($A677,Items!$A$8:$J$701,9,FALSE))","v":""},"",{"$f":"IF($A677=\"\",\"\",VLOOKUP($A677,Items!$A$8:$K$701,11,FALSE))","v":""}]
[null,null,"",null,null,{"$f":"IF(A678=\"\",\"\",VLOOKUP(A678,Items!$A$8:$AJ$701,34,FALSE))","v":""},null,"",{"$f":"IF($A678=\"\",\"\",VLOOKUP($A678,Items!$A$8:$J$701,5,FALSE))","v":""},"",{"$f":"IF($A678=\"\",\"\",VLOOKUP($A678,Items!$A$8:$J$701,7,FALSE))","v":""},"",{"$f":"IF($A678=\"\",\"\",VLOOKUP($A678,Items!$A$8:$J$701,9,FALSE))","v":""},"",{"$f":"IF($A678=\"\",\"\",VLOOKUP($A678,Items!$A$8:$K$701,11,FALSE))","v":""}]
[null,null,"",null,null,{"$f":"IF(A679=\"\",\"\",VLOOKUP(A679,Items!$A$8:$AJ$701,34,FALSE))","v":""},null,"",{"$f":"IF($A679=\"\",\"\",VLOOKUP($A679,Items!$A$8:$J$701,5,FALSE))","v":""},"",{"$f":"IF($A679=\"\",\"\",VLOOKUP($A679,Items!$A$8:$J$701,7,FALSE))","v":""},"",{"$f":"IF($A679=\"\",\"\",VLOOKUP($A679,Items!$A$8:$J$701,9,FALSE))","v":""},"",{"$f":"IF($A679=\"\",\"\",VLOOKUP($A679,Items!$A$8:$K$701,11,FALSE))","v":""}]
[null,null,"",null,null,{"$f":"IF(A680=\"\",\"\",VLOOKUP(A680,Items!$A$8:$AJ$701,34,FALSE))","v":""},null,"",{"$f":"IF($A680=\"\",\"\",VLOOKUP($A680,Items!$A$8:$J$701,5,FALSE))","v":""},"",{"$f":"IF($A680=\"\",\"\",VLOOKUP($A680,Items!$A$8:$J$701,7,FALSE))","v":""},"",{"$f":"IF($A680=\"\",\"\",VLOOKUP($A680,Items!$A$8:$J$701,9,FALSE))","v":""},"",{"$f":"IF($A680=\"\",\"\",VLOOKUP($A680,Items!$A$8:$K$701,11,FALSE))","v":""}]
[null,null,"",null,null,{"$f":"IF(A681=\"\",\"\",VLOOKUP(A681,Items!$A$8:$AJ$701,34,FALSE))","v":""},null,"",{"$f":"IF($A681=\"\",\"\",VLOOKUP($A681,Items!$A$8:$J$701,5,FALSE))","v":""},"",{"$f":"IF($A681=\"\",\"\",VLOOKUP($A681,Items!$A$8:$J$701,7,FALSE))","v":""},"",{"$f":"IF($A681=\"\",\"\",VLOOKUP($A681,Items!$A$8:$J$701,9,FALSE))","v":""},"",{"$f":"IF($A681=\"\",\"\",VLOOKUP($A681,Items!$A$8:$K$701,11,FALSE))","v":""}]
[null,null,"",null,null,{"$f":"IF(A682=\"\",\"\",VLOOKUP(A682,Items!$A$8:$AJ$701,34,FALSE))","v":""},null,"",{"$f":"IF($A682=\"\",\"\",VLOOKUP($A682,Items!$A$8:$J$701,5,FALSE))","v":""},"",{"$f":"IF($A682=\"\",\"\",VLOOKUP($A682,Items!$A$8:$J$701,7,FALSE))","v":""},"",{"$f":"IF($A682=\"\",\"\",VLOOKUP($A682,Items!$A$8:$J$701,9,FALSE))","v":""},"",{"$f":"IF($A682=\"\",\"\",VLOOKUP($A682,Items!$A$8:$K$701,11,FALSE))","v":""}]
[null,null,"",null,null,{"$f":"IF(A683=\"\",\"\",VLOOKUP(A683,Items!$A$8:$AJ$701,34,FALSE))","v":""},null,"",{"$f":"IF($A683=\"\",\"\",VLOOKUP($A683,Items!$A$8:$J$701,5,FALSE))","v":""},"",{"$f":"IF($A683=\"\",\"\",VLOOKUP($A683,Items!$A$8:$J$701,7,FALSE))","v":""},"",{"$f":"IF($A683=\"\",\"\",VLOOKUP($A683,Items!$A$8:$J$701,9,FALSE))","v":""},"",{"$f":"IF($A683=\"\",\"\",VLOOKUP($A683,Items!$A$8:$K$701,11,FALSE))","v":""}]
[null,null,"",null,null,{"$f":"IF(A684=\"\",\"\",VLOOKUP(A684,Items!$A$8:$AJ$701,34,FALSE))","v":""},null,"",{"$f":"IF($A684=\"\",\"\",VLOOKUP($A684,Items!$A$8:$J$701,5,FALSE))","v":""},"",{"$f":"IF($A684=\"\",\"\",VLOOKUP($A684,Items!$A$8:$J$701,7,FALSE))","v":""},"",{"$f":"IF($A684=\"\",\"\",VLOOKUP($A684,Items!$A$8:$J$701,9,FALSE))","v":""},"",{"$f":"IF($A684=\"\",\"\",VLOOKUP($A684,Items!$A$8:$K$701,11,FALSE))","v":""}]
[null,null,"",null,null,{"$f":"IF(A685=\"\",\"\",VLOOKUP(A685,Items!$A$8:$AJ$701,34,FALSE))","v":""},null,"",{"$f":"IF($A685=\"\",\"\",VLOOKUP($A685,Items!$A$8:$J$701,5,FALSE))","v":""},"",{"$f":"IF($A685=\"\",\"\",VLOOKUP($A685,Items!$A$8:$J$701,7,FALSE))","v":""},"",{"$f":"IF($A685=\"\",\"\",VLOOKUP($A685,Items!$A$8:$J$701,9,FALSE))","v":""},"",{"$f":"IF($A685=\"\",\"\",VLOOKUP($A685,Items!$A$8:$K$701,11,FALSE))","v":""}]
[null,null,"",null,null,{"$f":"IF(A686=\"\",\"\",VLOOKUP(A686,Items!$A$8:$AJ$701,34,FALSE))","v":""},null,"",{"$f":"IF($A686=\"\",\"\",VLOOKUP($A686,Items!$A$8:$J$701,5,FALSE))","v":""},"",{"$f":"IF($A686=\"\",\"\",VLOOKUP($A686,Items!$A$8:$J$701,7,FALSE))","v":""},"",{"$f":"IF($A686=\"\",\"\",VLOOKUP($A686,Items!$A$8:$J$701,9,FALSE))","v":""},"",{"$f":"IF($A686=\"\",\"\",VLOOKUP($A686,Items!$A$8:$K$701,11,FALSE))","v":""}]
[null,null,"",null,null,{"$f":"IF(A687=\"\",\"\",VLOOKUP(A687,Items!$A$8:$AJ$701,34,FALSE))","v":""},null,"",{"$f":"IF($A687=\"\",\"\",VLOOKUP($A687,Items!$A$8:$J$701,5,FALSE))","v":""},"",{"$f":"IF($A687=\"\",\"\",VLOOKUP($A687,Items!$A$8:$J$701,7,FALSE))","v":""},"",{"$f":"IF($A687=\"\",\"\",VLOOKUP($A687,Items!$A$8:$J$701,9,FALSE))","v":""},"",{"$f":"IF($A687=\"\",\"\",VLOOKUP($A687,Items!$A$8:$K$701,11,FALSE))","v":""}]
[null,null,"",null,null,{"$f":"IF(A688=\"\",\"\",VLOOKUP(A688,Items!$A$8:$AJ$701,34,FALSE))","v":""},null,"",{"$f":"IF($A688=\"\",\"\",VLOOKUP($A688,Items!$A$8:$J$701,5,FALSE))","v":""},"",{"$f":"IF($A688=\"\",\"\",VLOOKUP($A688,Items!$A$8:$J$701,7,FALSE))","v":""},"",{"$f":"IF($A688=\"\",\"\",VLOOKUP($A688,Items!$A$8:$J$701,9,FALSE))","v":""},"",{"$f":"IF($A688=\"\",\"\",VLOOKUP($A688,Items!$A$8:$K$701,11,FALSE))","v":""}]
[null,null,"",null,null,{"$f":"IF(A689=\"\",\"\",VLOOKUP(A689,Items!$A$8:$AJ$701,34,FALSE))","v":""},null,"",{"$f":"IF($A689=\"\",\"\",VLOOKUP($A689,Items!$A$8:$J$701,5,FALSE))","v":""},"",{"$f":"IF($A689=\"\",\"\",VLOOKUP($A689,Items!$A$8:$J$701,7,FALSE))","v":""},"",{"$f":"IF($A689=\"\",\"\",VLOOKUP($A689,Items!$A$8:$J$701,9,FALSE))","v":""},"",{"$f":"IF($A689=\"\",\"\",VLOOKUP($A689,Items!$A$8:$K$701,11,FALSE))","v":""}]
[null,null,"",null,null,{"$f":"IF(A690=\"\",\"\",VLOOKUP(A690,Items!$A$8:$AJ$701,34,FALSE))","v":""},null,"",{"$f":"IF($A690=\"\",\"\",VLOOKUP($A690,Items!$A$8:$J$701,5,FALSE))","v":""},"",{"$f":"IF($A690=\"\",\"\",VLOOKUP($A690,Items!$A$8:$J$701,7,FALSE))","v":""},"",{"$f":"IF($A690=\"\",\"\",VLOOKUP($A690,Items!$A$8:$J$701,9,FALSE))","v":""},"",{"$f":"IF($A690=\"\",\"\",VLOOKUP($A690,Items!$A$8:$K$701,11,FALSE))","v":""}]
[null,null,"",null,null,{"$f":"IF(A691=\"\",\"\",VLOOKUP(A691,Items!$A$8:$AJ$701,34,FALSE))","v":""},null,"",{"$f":"IF($A691=\"\",\"\",VLOOKUP($A691,Items!$A$8:$J$701,5,FALSE))","v":""},"",{"$f":"IF($A691=\"\",\"\",VLOOKUP($A691,Items!$A$8:$J$701,7,FALSE))","v":""},"",{"$f":"IF($A691=\"\",\"\",VLOOKUP($A691,Items!$A$8:$J$701,9,FALSE))","v":""},"",{"$f":"IF($A691=\"\",\"\",VLOOKUP($A691,Items!$A$8:$K$701,11,FALSE))","v":""}]
[null,null,"",null,null,{"$f":"IF(A692=\"\",\"\",VLOOKUP(A692,Items!$A$8:$AJ$701,34,FALSE))","v":""},null,"",{"$f":"IF($A692=\"\",\"\",VLOOKUP($A692,Items!$A$8:$J$701,5,FALSE))","v":""},"",{"$f":"IF($A692=\"\",\"\",VLOOKUP($A692,Items!$A$8:$J$701,7,FALSE))","v":""},"",{"$f":"IF($A692=\"\",\"\",VLOOKUP($A692,Items!$A$8:$J$701,9,FALSE))","v":""},"",{"$f":"IF($A692=\"\",\"\",VLOOKUP($A692,Items!$A$8:$K$701,11,FALSE))","v":""}]
[null,null,"",null,null,{"$f":"IF(A693=\"\",\"\",VLOOKUP(A693,Items!$A$8:$AJ$701,34,FALSE))","v":""},null,"",{"$f":"IF($A693=\"\",\"\",VLOOKUP($A693,Items!$A$8:$J$701,5,FALSE))","v":""},"",{"$f":"IF($A693=\"\",\"\",VLOOKUP($A693,Items!$A$8:$J$701,7,FALSE))","v":""},"",{"$f":"IF($A693=\"\",\"\",VLOOKUP($A693,Items!$A$8:$J$701,9,FALSE))","v":""},"",{"$f":"IF($A693=\"\",\"\",VLOOKUP($A693,Items!$A$8:$K$701,11,FALSE))","v":""}]
[null,null,"",null,null,{"$f":"IF(A694=\"\",\"\",VLOOKUP(A694,Items!$A$8:$AJ$701,34,FALSE))","v":""},null,"",{"$f":"IF($A694=\"\",\"\",VLOOKUP($A694,Items!$A$8:$J$701,5,FALSE))","v":""},"",{"$f":"IF($A694=\"\",\"\",VLOOKUP($A694,Items!$A$8:$J$701,7,FALSE))","v":""},"",{"$f":"IF($A694=\"\",\"\",VLOOKUP($A694,Items!$A$8:$J$701,9,FALSE))","v":""},"",{"$f":"IF($A694=\"\",\"\",VLOOKUP($A694,Items!$A$8:$K$701,11,FALSE))","v":""}]
[null,null,"",null,null,{"$f":"IF(A695=\"\",\"\",VLOOKUP(A695,Items!$A$8:$AJ$701,34,FALSE))","v":""},null,"",{"$f":"IF($A695=\"\",\"\",VLOOKUP($A695,Items!$A$8:$J$701,5,FALSE))","v":""},"",{"$f":"IF($A695=\"\",\"\",VLOOKUP($A695,Items!$A$8:$J$701,7,FALSE))","v":""},"",{"$f":"IF($A695=\"\",\"\",VLOOKUP($A695,Items!$A$8:$J$701,9,FALSE))","v":""},"",{"$f":"IF($A695=\"\",\"\",VLOOKUP($A695,Items!$A$8:$K$701,11,FALSE))","v":""}]
[null,null,"",null,null,{"$f":"IF(A696=\"\",\"\",VLOOKUP(A696,Items!$A$8:$AJ$701,34,FALSE))","v":""},null,"",{"$f":"IF($A696=\"\",\"\",VLOOKUP($A696,Items!$A$8:$J$701,5,FALSE))","v":""},"",{"$f":"IF($A696=\"\",\"\",VLOOKUP($A696,Items!$A$8:$J$701,7,FALSE))","v":""},"",{"$f":"IF($A696=\"\",\"\",VLOOKUP($A696,Items!$A$8:$J$701,9,FALSE))","v":""},"",{"$f":"IF($A696=\"\",\"\",VLOOKUP($A696,Items!$A$8:$K$701,11,FALSE))","v":""}]
[null,null,"",null,null,{"$f":"IF(A697=\"\",\"\",VLOOKUP(A697,Items!$A$8:$AJ$701,34,FALSE))","v":""},null,"",{"$f":"IF($A697=\"\",\"\",VLOOKUP($A697,Items!$A$8:$J$701,5,FALSE))","v":""},"",{"$f":"IF($A697=\"\",\"\",VLOOKUP($A697,Items!$A$8:$J$701,7,FALSE))","v":""},"",{"$f":"IF($A697=\"\",\"\",VLOOKUP($A697,Items!$A$8:$J$701,9,FALSE))","v":""},"",{"$f":"IF($A697=\"\",\"\",VLOOKUP($A697,Items!$A$8:$K$701,11,FALSE))","v":""}]
[null,null,"",null,null,{"$f":"IF(A698=\"\",\"\",VLOOKUP(A698,Items!$A$8:$AJ$701,34,FALSE))","v":""},null,"",{"$f":"IF($A698=\"\",\"\",VLOOKUP($A698,Items!$A$8:$J$701,5,FALSE))","v":""},"",{"$f":"IF($A698=\"\",\"\",VLOOKUP($A698,Items!$A$8:$J$701,7,FALSE))","v":""},"",{"$f":"IF($A698=\"\",\"\",VLOOKUP($A698,Items!$A$8:$J$701,9,FALSE))","v":""},"",{"$f":"IF($A698=\"\",\"\",VLOOKUP($A698,Items!$A$8:$K$701,11,FALSE))","v":""}]
[null,null,"",null,null,{"$f":"IF(A699=\"\",\"\",VLOOKUP(A699,Items!$A$8:$AJ$701,34,FALSE))","v":""},null,"",{"$f":"IF($A699=\"\",\"\",VLOOKUP($A699,Items!$A$8:$J$701,5,FALSE))","v":""},"",{"$f":"IF($A699=\"\",\"\",VLOOKUP($A699,Items!$A$8:$J$701,7,FALSE))","v":""},"",{"$f":"IF($A699=\"\",\"\",VLOOKUP($A699,Items!$A$8:$J$701,9,FALSE))","v":""},"",{"$f":"IF($A699=\"\",\"\",VLOOKUP($A699,Items!$A$8:$K$701,11,FALSE))","v":""}]
[null,null,"",null,null,{"$f":"IF(A700=\"\",\"\",VLOOKUP(A700,Items!$A$8:$AJ$701,34,FALSE))","v":""},null,"",{"$f":"IF($A700=\"\",\"\",VLOOKUP($A700,Items!$A$8:$J$701,5,FALSE))","v":""},"",{"$f":"IF($A700=\"\",\"\",VLOOKUP($A700,Items!$A$8:$J$701,7,FALSE))","v":""},"",{"$f":"IF($A700=\"\",\"\",VLOOKUP($A700,Items!$A$8:$J$701,9,FALSE))","v":""},"",{"$f":"IF($A700=\"\",\"\",VLOOKUP($A700,Items!$A$8:$K$701,11,FALSE))","v":""}]
[null,null,null,null,null,{"$f":"IF(A701=\"\",\"\",VLOOKUP(A701,Items!$A$8:$AJ$701,34,FALSE))","v":""}]

{"sheet":"UT All","index":3,"n_rows":248,"n_cols":34,"rows_kept":248,"cut":false,"hidden":false,"merged":[]}
[null,null,null,null,{"$f":"IF(E5=\"\",\"\",VLOOKUP(E3,Result!$B$9:$H$20,6,FALSE))","v":0},{"$f":"IF(F5=\"\",\"\",VLOOKUP(F3,Result!$B$9:$H$20,6,FALSE))","v":""},{"$f":"IF(G5=\"\",\"\",VLOOKUP(G3,Result!$B$9:$H$20,6,FALSE))","v":0},{"$f":"IF(H5=\"\",\"\",VLOOKUP(H3,Result!$B$9:$H$20,6,FALSE))","v":""},{"$f":"IF(I5=\"\",\"\",VLOOKUP(I3,Result!$B$9:$H$20,6,FALSE))","v":0},{"$f":"IF(J5=\"\",\"\",VLOOKUP(J3,Result!$B$9:$H$20,6,FALSE))","v":""},{"$f":"IF(K5=\"\",\"\",VLOOKUP(K3,Result!$B$9:$H$20,6,FALSE))","v":0},{"$f":"IF(L5=\"\",\"\",VLOOKUP(L3,Result!$B$9:$H$20,6,FALSE))","v":""},{"$f":"IF(M5=\"\",\"\",VLOOKUP(M3,Result!$B$9:$H$20,6,FALSE))","v":""},{"$f":"IF(N5=\"\",\"\",VLOOKUP(N3,Result!$B$9:$H$20,6,FALSE))","v":""},{"$f":"IF(O5=\"\",\"\",VLOOKUP(O3,Result!$B$9:$H$20,6,FALSE))","v":""},{"$f":"IF(P5=\"\",\"\",VLOOKUP(P3,Result!$B$9:$H$20,6,FALSE))","v":""},{"$f":"IF(Q5=\"\",\"\",VLOOKUP(Q3,Result!$B$9:$H$20,6,FALSE))","v":""},{"$f":"IF(R5=\"\",\"\",VLOOKUP(R3,Result!$B$9:$H$20,6,FALSE))","v":""},{"$f":"IF(S5=\"\",\"\",VLOOKUP(S3,Result!$B$9:$H$20,6,FALSE))","v":""},{"$f":"IF(T5=\"\",\"\",VLOOKUP(T3,Result!$B$9:$H$20,6,FALSE))","v":""},{"$f":"IF(U5=\"\",\"\",VLOOKUP(U3,Result!$B$9:$H$20,6,FALSE))","v":""},{"$f":"IF(V5=\"\",\"\",VLOOKUP(V3,Result!$B$9:$H$20,6,FALSE))","v":""},{"$f":"IF(W5=\"\",\"\",VLOOKUP(W3,Result!$B$9:$H$20,6,FALSE))","v":""},{"$f":"IF(X5=\"\",\"\",VLOOKUP(X3,Result!$B$9:$H$20,6,FALSE))","v":""},{"$f":"IF(Y5=\"\",\"\",VLOOKUP(Y3,Result!$B$9:$H$20,6,FALSE))","v":""},{"$f":"IF(Z5=\"\",\"\",VLOOKUP(Z3,Result!$B$9:$H$20,6,FALSE))","v":""},{"$f":"IF(AA5=\"\",\"\",VLOOKUP(AA3,Result!$B$9:$H$20,6,FALSE))","v":""}]
["Letting:","Contract",null,{"$f":"MIN(IF(E3:Z3>0,E3:Z3))","v":10152470.019999996},null,{"$f":"IF($D2=0,\"\",F3/$D$2)","v":1},null,{"$f":"IF($D2=0,\"\",H3/$D$2)","v":1.0209018908287308},null,{"$f":"IF($D2=0,\"\",J3/$D$2)","v":1.0419139361319678},null,{"$f":"IF($D2=0,\"\",L3/$D$2)","v":1.1376947774527877},null,{"$f":"IF($D2=0,\"\",N3/$D$2)","v":0},null,{"$f":"IF($D2=0,\"\",P3/$D$2)","v":0},null,{"$f":"IF($D2=0,\"\",R3/$D$2)","v":0},null,{"$f":"IF($D2=0,\"\",T3/$D$2)","v":0},null,{"$f":"IF($D2=0,\"\",V3/$D$2)","v":0},null,{"$f":"IF($D2=0,\"\",X3/$D$2)","v":0},null,{"$f":"IF($D2=0,\"\",Z3/$D$2)","v":0},null,{"$f":"IF($D2=0,\"\",AB3/$D$2)","v":0},null,{"$f":"IF($D2=0,\"\",AD3/$D$2)","v":0},null,{"$f":"IF($D2=0,\"\",AF3/$D$2)","v":0},null,{"$f":"IF($D2=0,\"\",AH3/$D$2)","v":0}]
[{"$f":"Result!$C$3","v":"2012-01-12"},{"$f":"Result!$C$2","v":30201},null,null,{"$f":"E5","v":"01. Superior Construction Company"},{"$f":"SUM(F7:F5001)","v":10152470.019999996},{"$f":"G5","v":"02. Walsh Construction Company Ii Llc"},{"$f":"SUM(H7:H5001)","v":10364675.839999998},{"$f":"I5","v":"03. Milestone Contractors, L.P."},{"$f":"SUM(J7:J5001)","v":10577999.999999994},{"$f":"K5","v":"04. Rieth-Riley Construction"},{"$f":"SUM(L7:L5001)","v":11550412.119999994},{"$f":"M5","v":0},{"$f":"SUM(N7:N5001)","v":0},{"$f":"O5","v":0},{"$f":"SUM(P7:P5001)","v":0},{"$f":"Q5","v":0},{"$f":"SUM(R7:R5001)","v":0},{"$f":"S5","v":0},{"$f":"SUM(T7:T5001)","v":0},{"$f":"U5","v":0},{"$f":"SUM(V7:V5001)","v":0},{"$f":"W5","v":0},{"$f":"SUM(X7:X5001)","v":0},{"$f":"Y5","v":0},{"$f":"SUM(Z7:Z5001)","v":0},{"$f":"AA5","v":0},{"$f":"SUM(AB7:AB5001)","v":0},{"$f":"AC5","v":0},{"$f":"SUM(AD7:AD5001)","v":0},{"$f":"AE5","v":0},{"$f":"SUM(AF7:AF5001)","v":0},{"$f":"AG5","v":0},{"$f":"SUM(AH7:AH5001)","v":0}]
[null,null,null,null,"Contractor","Data"]
[null,null,null,null,"01. Superior Construction Company",null,"02. Walsh Construction Company Ii Llc",null,"03. Milestone Contractors, L.P.",null,"04. Rieth-Riley Construction"]
["Pay item","Description","Quantity","Unit","Unit $","Amount $","Unit $","Amount $","Unit $","Amount $","Unit $","Amount $"]
["105-06845","CONSTRUCTION ENGINEERING",1,"L.S.",296000,296000,197827.14,197827.14,70000,70000,200000,200000]
["105-09645","CONSTRUCTION ENGINEERING AND INSPECTION",1,"L.S.",12000,12000,75000,75000,25000,25000,20000,20000]
["109-08359","LIQUIDATED DAMAGES",1,"$",1,1,1,1,1,1,1,1]
["109-08360","CONTRACT LIENS",1,"$",1,1,1,1,1,1,1,1]
["109-08443","QUALITY ADJUSTMENTS, TEMPORARY TRAFFIC CONTRO",1,"$",1,1,1,1,1,1,1,1]
["109-08444","QUALITY ADJUSTMENTS, FAILED MATERIALS",1,"$",1,1,1,1,1,1,1,1]
["109-08463","PROJECT ESTIMATE ADJUSTMENT",1,"$",1,1,1,1,1,1,1,1]
["109-09377","QUALITY ADJUSTMENT, PAVEMENT TRAFFIC",1,"$",1,1,1,1,1,1,1,1]
["109-09489","PAYMENT ADJUSTMENT, PG ASPHALT BINDER",1,"$",1,1,1,1,1,1,1,1]
["110-01001","MOBILIZATION AND DEMOBILIZATION",1,"L.S.",532000,532000,518000,518000,528244.17000000004,528244.17000000004,1100000,1100000]
["201-52370","CLEARING RIGHT OF WAY",1,"L.S.",200000,200000,207000,207000,50000,50000,150000,150000]
["201-90788","DEBRIS, REMOVE",1,"L.S.",12000,12000,50000,50000,7000,7000,6400,6400]
["202-01405","CONTAMINATED SOIL, REMOVE AND DISPOSE",20,"C.Y.",200,4000,240.49,4809.8,150.52000000000001,3010.4,150.55000000000001,3011]
["202-02240","PAVEMENT, REMOVE",28674,"S.Y.",7.5,215055,6.34,181793.16,10,286740,9.3000000000000007,266668.2]
["202-02271","HEADWALL, REMOVE",16,"EACH",400,6400,149.19,2387.04,122,1952,120,1920]
["202-02272","PAVED SIDE DITCH, REMOVE",344,"L.F.",20,6880,11.51,3959.44,5,1720,4.1000000000000005,1410.4]
["202-02279","CURB AND GUTTER, REMOVE",961,"L.F.",12,11532,3.84,3690.2400000000002,3,2883,2.85,2738.85]
["202-74045","SIGNS AND SUPPORTS, CHANNEL POSTS, REMOVE",74,"EACH",30,2220,30,2220,30,2220,30,2220]
["202-74080","OVERHEAD SIGN STRUCTURE, CANTILEVER, REMOVE",2,"EACH",1600,3200,1600,3200,1600,3200,1600,3200]
["202-82066","SIGN CIRCUITRY, CANTILEVERS, REMOVE",2,"EACH",250,500,250,500,250,500,250,500]
["202-86946","HANDHOLE, REMOVE",3,"EACH",125,375,125,375,125,375,125,375]
["202-92222","TESTING FOR CONTAMINATED MATERIALS, TPH (SOIL",5,"EACH",1000,5000,500,2500,600,3000,750,3750]
["202-93763","LIGHT STANDARD AND FOUNDATION,REMOVE",8,"EACH",350,2800,350,2800,350,2800,350,2800]
["202-95579","SERVICE POINT, REMOVE",2,"EACH",150,300,150,300,150,300,150,300]
["202-96035","CONCRETE WALL, REMOVE",20,"L.F.",100,2000,87.28,1745.6000000000001,170,3400,170,3400]
["202-96133","PIPE, REMOVE",1108,"L.F.",2,2216,8.76,9706.08,13,14404,12.4,13739.2]
["202-99187","FENCE, FARM FIELD, REMOVE",2579,"L.F.",2.75,7092.25,1.8,4642.2,2.75,7092.25,2.75,7092.25]
["203-02000","EXCAVATION, COMMON",41965,"C.Y.",8,335720,13,545545,12,503580,15,629475]
["203-02070","BORROW",9115,"C.Y.",0.01,91.15,0.01,91.15,15,136725,0.1,911.5]
["205-03371","SEDIMENT REMOVE",2051,"C.Y.",10,20510,7.67,15731.17,16,32816,0.1,205.10000000000002]
["205-06931","TEMPORARY CHECK DAM, REVETMENT RIPRAP",253,"TON",65,16445,73.69,18643.57,45,11385,52.75,13345.75]
["205-06932","TEMPORARY CHECK DAM, STRAW BALES",402,"L.F.",15,6030,9.25,3718.5,12,4824,11.75,4723.5]
["205-06933","TEMPORARY DITCH INLET PROTECTION",7,"EACH",120,840,85,595,125,875,175,1225]
["205-06934","TEMPORARY MULCHING",73,"TON",400,29200,400,29200,345,25185,400,29200]
["205-06936","TEMPORARY SEDIMENT TRAP",20,"TON",82,1640,154.11000000000001,3082.2000000000003,65,1300,75.600000000000009,1512]
["205-06937","TEMPORARY SILT FENCE",18458,"L.F.",1.5,27687,1.98,36546.840000000004,1.5,27687,1,18458]
["205-09543","NO 2 STONE",150,"TON",55,8250,51.18,7677,30,4500,28.6,4290]
["207-08263","SUBGRADE TREATMENT, TYPE IA",102662,"S.Y.",4.5,461979,5.23,536922.26,5.95,610838.9,5.75,590306.5]
[null,null,9100,"S.Y.",15,136500,14.540000000000001,132314,16.100000000000001,146510,16.100000000000001,146510]
["207-08267","SUBGRADE TREATMENT, TYPE IIIA",5305,"S.Y.",8,42440,12.07,64031.35,9.5,50397.5,18.05,95755.25]
["211-09264","STRUCTURE BACKFILL, TYPE 1",900,"C.Y.",3,2700,20.63,18567,15,13500,15,13500]
["211-09265","STRUCTURE BACKFILL, TYPE 2",1251,"C.Y.",25,31275,23.86,29848.86,15,18765,15,18765]
["213-09269","FLOWABLE BACKFILL, NON-REMOVEABLE",613,"C.Y.",80,49040,90.22,55304.86,90,55170,85.15,52196.950000000004]
["301-07448","COMPACTED AGGREGATE, NO. 53, BASE",7516,"TON",17,127772,17.59,132206.44,18,135288,18.5,139046]
["302-06464","SUBBASE FOR PCCP",24464,"C.Y.",37.5,917400,29.93,732207.52,35,856240,40.75,996908]
["303-08210","COMPACTED AGGREGATE NO. 53, TEMPORARY FOR DRI",30,"TON",75,2250,50.620000000000005,1518.6000000000001,50,1500,36.700000000000003,1101]
["306-08034","MILLING, ASPHALT, 1 1/2 IN.",3039,"S.Y.",3,9117,1.1100000000000001,3373.29,8,24312,2.65,8053.35]
["402-07784","HMA SURFACE, TYPE D",268,"TON",87.75,23517,87.75,23517,125,33500,97.5,26130]
["402-07785","HMA INTERMEDIATE, TYPE D",67,"TON",89.850000000000009,6019.95,89.850000000000009,6019.95,100,6700,94.5,6331.5]
["402-10083","HMA FOR TEMPORARY PAVEMENT, A",2241,"TON",68.84,154270.44,68.84,154270.44,85,190485,96.5,216256.5]
["406-05520","ASPHALT MATERIAL FOR TACK COAT",6,"TON",600,3600,600,3600,100,600,1,6]
["501-06321","QC/QA PCCP, 10 IN.",93599,"S.Y.",33.9,3173006.1,33.090000000000003,3097190.91,36,3369564,38,3556762]
["503-05240","D-1 CONTRACTION JOINT",53189,"L.F.",9,478701,10.25,545187.25,8,425512,11.05,587738.45000000007]
["601-01522","GUARDRAIL TRANSITION TYPE TGB",2,"EACH",2100,4200,1900,3800,2100,4200,2100,4200]
["601-01701","GUARDRAIL TERMINAL SYSTEM, W BEAM, CURVED, 2",2,"EACH",1865,3730,1800,3600,1865,3730,1865,3730]
["601-01848","GUARDRAIL TERMINAL SYSTEM, W-BEAM, CURVED, 5",1,"EACH",2065,2065,1800,1800,2065,2065,2065,2065]
["601-02241","GUARDRAIL, REMOVE",1325,"L.F.",4.5,5962.5,4,5300,4.5,5962.5,4.5,5962.5]
["601-05071","GUARDRAIL TERMINAL SYSTEM, W-BEAM, CURVED, 7",1,"EACH",2500,2500,1800,1800,2500,2500,2500,2500]
["601-06854","GUARDRAIL, W-BEAM, NESTED",5,"EACH",2800,14000,2300,11500,2800,14000,2800,14000]
["601-08433","GUARDRAIL END TREATMENT, TYPE OS, SPARE PARTS",1,"EACH",610,610,1200,1200,610,610,610,610]
["601-08434","GUARDRAIL END TREATMENT, TYPE OS, SPARE PARTS",1,"EACH",110,110,1400,1400,110,110,110,110]
["601-09149","IMPACT ATTENUATOR, CR1, W1, TL-3",2,"EACH",33300,66600,25500,51000,33300,66600,33000,66000]
["601-94689","GUARDRAIL END TREATMENT, OS",15,"EACH",2635,39525,2700,40500,2635,39525,2635,39525]
["601-99105","GUARDRAIL, W BEAM, 6 FT. 3 IN. SPACING",3583,"L.F.",18.75,67181.25,18,64494,18.75,67181.25,18.75,67181.25]
["601-99123","GUARDRAIL TRANSITION, GP",4,"EACH",3100,12400,2400,9600,3100,12400,3100,12400]
["603-06040","FENCE, FARM FIELD, 47 IN.",2579,"L.F.",7.25,18697.75,5.1000000000000005,13152.900000000001,7.25,18697.75,7.25,18697.75]
["605-06090","CURB, INTEGRAL, CONCRETE",217,"L.F.",14,3038,11.71,2541.0700000000002,12,2604,34.4,7464.8]
["605-06121","CURB, CONCRETE, B",1442,"L.F.",15,21630,8.370000000000001,12069.54,16.5,23793,17.900000000000002,25811.800000000003]
["605-06140","CURB AND GUTTER, CONCRETE",42,"L.F.",21,882,26.69,1120.98,50,2100,37.300000000000004,1566.6000000000001]
["605-06145","CURB AND GUTTER, B, CONCRETE",177,"L.F.",20,3540,20.59,3644.4300000000003,30,5310,32.75,5796.75]
["605-06245","CENTER CURB, B, CONCRETE",4255,"S.Y.",36,153180,51.800000000000004,220409,50,212750,52.75,224451.25]
["610-07487","HMA FOR APPROACHES, TYPE B",1776,"TON",73.5,130536,73.5,130536,84,149184,83,147408]
["610-09108","PCCP FOR APPROACHES, 9 IN.",2088,"S.Y.",55,114840,45.43,94857.84,45,93960,59.5,124236]
["611-06497","MAILBOX ASSEMBLY, SINGLE",2,"EACH",215,430,150,300,215,430,215,430]
["611-06498","MAILBOX ASSEMBLY, DOUBLE",1,"EACH",275,275,170,170,275,275,275,275]
["615-06490","RIGHT OF WAY MARKER",61,"EACH",137,8357,140,8540,137,8357,137,8357]
["615-06500","MONUMENT, A",2,"EACH",650,1300,580,1160,650,1300,650,1300]
["615-06505","MONUMENT, B",6,"EACH",755,4530,580,3480,755,4530,755,4530]
["615-06510","MONUMENT, C",2,"EACH",555,1110,360,720,555,1110,555,1110]
["615-06515","MONUMENT, D",48,"EACH",135,6480,230,11040,135,6480,135,6480]
["615-06520","MONUMENT, RE ESTABLISH",1,"EACH",1500,1500,580,580,1500,1500,1500,1500]
["615-06535","BENCH MARK POST, RESET",1,"EACH",1000,1000,630,630,1000,1000,1000,1000]
["616-02320","GEOTEXTILES",1282,"S.Y.",1.55,1987.1000000000001,2.38,3051.16,1.25,1602.5,1.25,1602.5]
["616-05688","RIPRAP, CLASS 1",77,"TON",57,4389,38.72,2981.44,43,3311,42.050000000000004,3237.85]
["616-06405","RIPRAP, REVETMENT",445,"TON",41,18245,33.89,15081.050000000001,37,16465,36.200000000000003,16109]
["616-06451","RIPRAP, UNIFORM",62,"TON",41,2542,51.69,3204.78,44,2728,43.1,2672.2000000000003]
["619-11052","CLEAN STEEL BRIDGE, QP-2, BR. NO. ,",1,"L.S.",80000,80000,100000,100000,112000,112000,80000,80000]
["619-51859","PAINT STEEL BRIDGE , STR. NO. 2",1,"L.S.",30000,30000,50000,50000,10000,10000,30000,30000]
["621-01004","MOBILIZATION AND DEMOBILIZATION FOR SEEDING",3,"EACH",400,1200,400,1200,575,1725,400,1200]
["621-02770","EROSION CONTROL BLANKET",66315,"S.Y.",0.65,43104.75,0.65,43104.75,1.1500000000000001,76262.25,0.25,16578.75]
["621-06545","FERTILIZER",6,"TON",600,3600,600,3600,985,5910,600,3600]
["621-06553","SEED MIXTURE, R",2000,"LBS",3.4000000000000004,6800,3.4000000000000004,6800,2.73,5460,3.4000000000000004,6800]
["621-06557","SEED MIXTURE, T",1088,"LBS",2.5,2720,2.5,2720,2.2000000000000002,2393.6,2.5,2720]
["621-06565","MULCHING MATERIAL",29,"TON",400,11600,400,11600,345,10005,400,11600]
["621-06567","WATER",253,"M.G.",1,253,1,253,1,253,1,253]
["621-06574","SODDING",3864,"S.Y.",2.98,11514.72,2.98,11514.72,3.11,12017.04,1,3864]
["621-06575","SODDING, NURSERY",66315,"S.Y.",2.98,197618.7,3.21,212871.15,3.11,206239.65,1,66315]
["628-08524","CELLULAR TELEPHONE/RADIO, ADDITIONAL",1,"$",1,1,1,1,1,1,1,1]
["628-09403","FIELD OFFICE, C",15,"MONTH",2300,34500,2628.33,39424.950000000004,2800,42000,2300,34500]
["628-09407","FIELD OFFICE COMPUTER SYSTEM,",30,"MONTH",100,3000,200,6000,165,4950,130,3900]
["628-11007","CELLULAR TELEPHONE/RADIO SERVICE, 750",60,"MONTH",100,6000,100,6000,150,9000,66.25,3975]
["628-11068","CELLULAR TELEPHONE/RADIO",4,"EACH",200,800,100,400,70,280,100,400]
["702-51863","FIELD DRILLED HOLE IN CONCRETE",158,"EACH",17,2686,14.600000000000001,2306.8000000000002,55,8690,12.65,1998.7]
["702-90915","CONCRETE, A",47.400000000000006,"C.Y.",475,22515,735.12,34844.69,700,33180,900,42660]
["703-06029","REINFORCING BARS, EPOXY COATED",3869,"LBS",2,7738,1.07,4139.83,4,15476,2,7738]
["706-09545","COARSE AGGREGATE, NO. 8",400,"C.Y.",32,12800,29.41,11764,45,18000,43.900000000000006,17560]
["709-51821","SURFACE SEAL",1,"L.S.",9000,9000,10000,10000,8500,8500,7500,7500]
["714-11175","STRUCTURE, REINFORCED CONCRETE BOX",225,"L.F.",550,123750,450,101250,395,88875,395,88875]
["714-11311","STRUCTURE, REINFORCED CONCRETE BOX",137,"L.F.",725,99325,625,85625,575,78775,572,78364]
["715-04555","PIPE END SECTION, MIN. AREA 5.1 SQ. FT.",8,"EACH",993.5,7948,676.34,5410.72,817,6536,816.65,6533.2000000000007]
["715-05032","PIPE, TYPE 2, CIRCULAR, 15 IN.",961,"L.F.",27,25947,29.830000000000002,28666.63,36.5,35076.5,36.020000000000003,34615.22]
["715-05048","PIPE, TYPE 4, CIRCULAR, 6 IN.",16505,"L.F.",3.75,61893.75,3.27,53971.35,5,82525,3.75,61893.75]
["715-05053","PIPE, UNDERDRAIN OUTLET, 6 IN.",775,"L.F.",18,13950,9.77,7571.75,12,9300,18,13950]
["715-05121","PIPE, TYPE 1, CIRCULAR, 18 IN.",114,"L.F.",34,3876,34.480000000000004,3930.7200000000003,42,4788,41.57,4738.9800000000005]
["715-05149","PIPE, TYPE 2, CIRCULAR, 12 IN.",210,"L.F.",23,4830,30.8,6468,34.5,7245,34.090000000000003,7158.9000000000005]
["715-05152","PIPE, TYPE 2, CIRCULAR, 18 IN.",409,"L.F.",34,13906,36.630000000000003,14981.67,40,16360,39.18,16024.62]
["715-05154","PIPE, TYPE 2, CIRCULAR, 24 IN. , SMOOTH",1037,"L.F.",45,46665,46.13,47836.81,46,47702,45.78,47473.86]
["715-05156","PIPE, TYPE 2, CIRCULAR, 30 IN.",130,"L.F.",55,7150,53.44,6947.2000000000007,52.5,6825,52.17,6782.1]
["715-05169","PIPE, TYPE 3, CIRCULAR, 15 IN.",319,"L.F.",27,8613,26.94,8593.86,35.5,11324.5,35.15,11212.85]
["715-05171","PIPE, TYPE 3, CIRCULAR, 18 IN.",88,"L.F.",34,2992,33.11,2913.68,36.5,3212,36.160000000000004,3182.08]
["715-05236","PIPE, TYPE 1, DEFORMED, MIN. AREA 0.47 M2",308,"L.F.",117.08,36060.639999999999,79.239999999999995,24405.920000000002,71,21868,70.900000000000006,21837.200000000001]
["715-06471","PIPE END SECTION, MIN. AREA .31 M2",2,"EACH",700,1400,571.34,1142.68,565,1130,565.04,1130.08]
["715-08243","PIPE, TYPE 3, DEFORMED, MIN. AREA 3.3 SQ. FT.",48,"L.F.",98.81,4742.88,66.31,3182.88,57,2736,56.45,2709.6000000000004]
["715-09064","VIDEO INSPECTION FOR PIPE",2792,"L.F.",1.25,3490,2,5584,1.5,4188,1.45,4048.4]
["715-09769","PIPE, TYPE 3, DEFORMED, MIN. AREA 5.1",240,"L.F.",141.47999999999999,33955.200000000004,67.02,16084.800000000001,68.5,16440,68.06,16334.400000000001]
["715-46005","PIPE END SECTION, 15 IN.",14,"EACH",347,4858,308.28000000000003,4315.92,336,4704,335.93,4703.0200000000004]
["715-46010","PIPE END SECTION, 18 IN.",5,"EACH",400,2000,331.27,1656.3500000000001,402,2010,401.63,2008.15]
["715-46020","PIPE END SECTION, 24 IN.",4,"EACH",475,1900,596.91999999999996,2387.6799999999998,468,1872,467.33,1869.32]
["715-46030","PIPE END SECTION, 30 IN.",1,"EACH",605,605,665.40000000000009,665.40000000000009,600,600,596.9,596.9]
["718-06529","OUTLET PROTECTOR, 2",6,"EACH",850,5100,729.18000000000006,4375.08,850,5100,850,5100]
["718-06531","OUTLET PROTECTOR, 3",30,"EACH",800,24000,704.86,21145.800000000003,550,16500,800,24000]
["718-06532","VIDEO INSPECTION FOR UNDERDRAINS",3000,"L.F.",1.1000000000000001,3300,1,3000,1,3000,1.1500000000000001,3450]
["718-52610","AGGREGATE FOR UNDERDRAINS",1496,"C.Y.",33,49368,31.03,46420.88,25,37400,33,49368]
["720-44000","CASTING, ADJUST TO GRADE",8,"EACH",445,3560,680.33,5442.64,331,2648,330.99,2647.92]
["720-45025","INLET, D6",1,"EACH",2340,2340,2046.02,2046.02,1315,1315,1315.23,1315.23]
["720-45030","INLET, E7",1,"EACH",1400,1400,1661.32,1661.32,1105,1105,1101.7,1101.7]
["720-45035","INLET, F7",3,"EACH",1390,4170,1661.31,4983.93,1103,3309,1102.8,3308.4]
["720-45040","INLET, G7",2,"EACH",2225,4450,2009.02,4018.04,2378,4756,2378.5500000000002,4757.1000000000004]
["720-45140","INLET, G7, MODIFIED",1,"EACH",2400,2400,2401.09,2401.09,1725,1725,1721.49,1721.49]
["720-45510","MANHOLE, C4, MODIFIED",2,"EACH",2600,5200,2410.7600000000002,4821.5200000000004,1836.5,3673,1836.5,3673]
["720-95409","MANHOLE, J4, MODIFIED",2,"EACH",3200,6400,3483.01,6966.02,1787,3574,1787.22,3574.44]
["720-97865","MANHOLE, C2, MODIFIED",4,"EACH",3700,14800,2629.8,10519.2,2030,8120,2030.3000000000002,8121.2000000000007]
["720-98555","INLET, C15",1,"EACH",2075,2075,2511.1000000000004,2511.1000000000004,1777,1777,1776.98,1776.98]
["723-08608","WINGWALL",608,"S.F.",90,54720,51.26,31166.080000000002,87,52896,86.99,52889.919999999998]
["727-90308","EPOXY INJECTION, CRACK PREPARATION",119,"L.F.",40.369999999999997,4804.03,34.08,4055.52,59.6,7092.4000000000005,93,11067]
["727-90309","EPOXY INJECTION, EPOXY MATERIAL",15,"GAL",54,810,53.34,800.1,54,810,85,1275]
["727-93560","EPOXY INJECTION, FURNISHING EQUIPMENT",1,"L.S.",200,200,500,500,200,200,1875,1875]
["801-02595","CONTROLLER, RESET TIMING",3,"EACH",155,465,155,465,155,465,155,465]
["801-03290","CONSTRUCTION SIGN, C",12,"EACH",140,1680,128,1536,140,1680,153,1836]
["801-04308","ROAD CLOSURE SIGN ASSEMBLY",20,"EACH",345,6900,110,2200,345,6900,132,2640]
["801-06201","TEMPORARY PANEL SIGNS",22.5,"S.Y.",22,495,22,495,13.8,310.5,22,495]
["801-06202","TEMPORARY PANEL SIGN SUPPORTS",56,"L.F.",20,1120,20,1120,17.7,991.2,20,1120]
["801-06203","TEMPORARY PAVEMENT MARKING, 4 IN.",35000,"L.F.",0.17,5950,0.16,5600,0.17,5950,0.22,7700]
["801-06207","TEMPORARY PAVEMENT MARKING, REMOVABLE, 4 IN.",64300,"L.F.",0.88,56584,0.87,55941,0.88,56584,0.1,6430]
["801-06211","TEMPORARY PAVEMENT MESSAGE MARKING, REMOVABLE",13,"EACH",95,1235,85,1105,95,1235,115,1495]
["801-06218","TEMPORARY TRANSVERSE PAVEMENT MARKING, REMOVA",377,"L.F.",5,1885,4.25,1602.25,5,1885,5.18,1952.8600000000001]
["801-06539","TEMPORARY TRAFFIC SIGNAL INSTALLATION, MAINTA",1,"L.S.",4100,4100,4100,4100,4100,4100,4100,4100]
["801-06625","DETOUR ROUTE MARKER ASSEMBLY",15,"EACH",89,1335,80,1200,89,1335,89,1335]
["801-06640","CONSTRUCTION SIGN, A",37,"EACH",130,4810,112,4144,130,4810,129,4773]
["801-06645","CONSTRUCTION SIGN, B",5,"EACH",48,240,40,200,48,240,48,240]
["801-06710","FLASHING ARROW SIGN",30,"DAY",10,300,10,300,10,300,10,300]
["801-06775","MAINTAINING TRAFFIC",1,"L.S.",41950,41950,150000,150000,130000,130000,175000,175000]
["801-07023","ENERGY ABSORBIBG TERMINAL, CZ, TL-2",5,"EACH",5400,27000,5500,27500,6900,34500,5400,27000]
["801-07118","BARRICADE, III-A",468,"L.F.",8.4499999999999993,3954.6000000000004,8,3744,8.4499999999999993,3954.6000000000004,11.100000000000001,5194.8]
["801-07119","BARRICADE, III-B",48,"L.F.",9.15,439.20000000000005,8.5500000000000007,410.40000000000003,9.15,439.20000000000005,15.280000000000001,733.44]
["801-08401","TEMPORARY TRAFFIC BARRIER, TYPE 2",9260,"L.F.",18.75,173625,25.310000000000002,234370.6,14,129640,6,55560]
["801-08508","TEMPORARY TRAFFIC BARRIER, TYPE 2, ANCHORED",252,"L.F.",30,7560,22.84,5755.68,15,3780,7,1764]
["801-94295","SIGNAL HEAD, RELOCATE",32,"EACH",130,4160,130,4160,130,4160,130,4160]
["802-05701","SIGN POST, SQUARE, 1, REINFORCED ANCHOR",765.5,"L.F.",11.3,8650.15,11.3,8650.15,11.3,8650.15,11.3,8650.15]
["802-05702","SIGN POST SQUARE, 2, REINFORCED ANCHOR BASE",211.25,"L.F.",11.65,2461.06,11.65,2461.06,11.65,2461.06,11.65,2461.06]
["802-07057","SIGN, PANEL, WITH LEGEND",899,"S.F.",20,17980,20,17980,20,17980,20,17980]
["802-07151","WIDE FLANGE SIGN POST SUPPORT FOUNDATION, VII",10,"EACH",375,3750,375,3750,375,3750,375,3750]
["802-08456","WIDE FLANGE SIGN POST SUPPORT FOUNDATION, VII",12,"EACH",385,4620,385,4620,385,4620,385,4620]
["802-09578","OVERHEAD SIGN STRUCTURE, CANTILEVER,",2,"EACH",34500,69000,34500,69000,34500,69000,34500,69000]
["802-09581","CANTILEVER SIGN SUPPORT FOUNDATION,",2,"EACH",7800,15600,7800,15600,7800,15600,7800,15600]
["802-09838","SIGN, SHEET, WITH LEGEND 0.08 IN.",504.78000000000003,"S.F.",15,7571.7000000000007,15,7571.7000000000007,15,7571.7000000000007,15,7571.7000000000007]
["802-09840","SIGN, SHEET, WITH LEGEND 0.100 IN",104.10000000000001,"S.F.",18,1873.8000000000002,18,1873.8000000000002,18,1873.8000000000002,18,1873.8000000000002]
["802-09842","SIGN, SHEET,  WITH LEGEND 0.125 IN",78,"S.F.",18,1404,18,1404,18,1404,18,1404]
["802-74040","SIGN AND SUPPORTS, WIDE FLANGE, REMOVE",6,"EACH",175,1050,175,1050,175,1050,175,1050]
["802-76095","STRUCTURAL STEEL, BREAKAWAY",4874,"LBS",4,19496,4,19496,4,19496,4,19496]
["804-06771","DELINEATOR POST, FLEXIBLE",50,"EACH",35,1750,33,1650,40,2000,35,1750]
["805-01300","TRAFFIC SIGNAL EQUIPMENT, REMOVE",2,"EACH",1800,3600,1800,3600,1800,3600,1800,3600]
["805-01815","SIGNAL SUPPORT FOUNDATION, 3 FT. X 12 FT.",10,"EACH",2010,20100,2010,20100,2010,20100,2010,20100]
["805-01842","HANDHOLE, SIGNAL",21,"EACH",700,14700,700,14700,700,14700,700,14700]
["805-01843","SIGNAL HANDHOLE ADJUST TO GRADE",4,"EACH",300,1200,300,1200,300,1200,300,1200]
["805-01844","GALVANIZED STEEL CONDUIT, 2 IN., UNDERGROUND",4042,"L.F.",11,44462,11,44462,11,44462,11,44462]
["805-02087","TRANSPORTATION OF SALVAGEABLE SIGNAL EQUIPMEN",1,"L.S.",500,500,500,500,500,500,500,500]
["805-02373","INTERCONNECT CABLE, FIBER OPTIC",2057,"L.F.",2.6,5348.2000000000007,2.6,5348.2000000000007,2.6,5348.2000000000007,2.6,5348.2000000000007]
["805-09539","LOOP DETECTOR DELAY COUNTING AMPLIFIER,",2,"EACH",1100,2200,1100,2200,1100,2200,1100,2200]
["805-78109","CONTROLLER AND CABINET, SECONDARY, MENU DRIVE",1,"EACH",13900,13900,13900,13900,13900,13900,13900,13900]
["805-78205","TRAFFIC SIGNAL HEAD, 3 FACE, 12.20 IN. RED, A",20,"EACH",777,15540,777,15540,777,15540,777,15540]
["805-78230","TRAFFIC SIGNAL HEAD, 5 FACE, 12.20 IN. RED, A",4,"EACH",1200,4800,1200,4800,1200,4800,1200,4800]
["805-78415","SPAN CATENARY AND TETHER",10,"EACH",1740,17400,1740,17400,1740,17400,1740,17400]
["805-78420","DISCONNECT HANGER",10,"EACH",340,3400,340,3400,340,3400,340,3400]
["805-78467","SIGNAL CABLE, 3C 8GA.",55,"L.F.",3,165,3,165,3,165,3,165]
["805-78470","SIGNAL CABLE, ROADWAY LOOP, 1C 14GA.",6552,"L.F.",0.32,2096.64,0.32,2096.64,0.32,2096.64,0.32,2096.64]
["805-78485","SIGNAL CABLE, 5C 14GA.",538,"L.F.",1.2000000000000002,645.6,1.2000000000000002,645.6,1.2000000000000002,645.6,1.2000000000000002,645.6]
["805-78490","SIGNAL CABLE, 7C 14GA.",2486,"L.F.",1.6,3977.6000000000004,1.6,3977.6000000000004,1.6,3977.6000000000004,1.6,3977.6000000000004]
["805-78510","SIGNAL CABLE, 2C 16GA., SHIELDED",7814,"L.F.",0.8,6251.2000000000007,0.8,6251.2000000000007,0.8,6251.2000000000007,0.8,6251.2000000000007]
["805-78785","SIGNAL DETECTOR HOUSING",17,"EACH",410,6970,410,6970,410,6970,410,6970]
["805-78795","SAW CUT FOR ROADWAY LOOP AND SEALER",2336,"L.F.",8,18688,8,18688,8,18688,8,18688]
["805-78925","CONTROLLER CABINET FOUNDATION, P1",1,"EACH",710,710,710,710,710,710,710,710]
["805-81060","SIGNAL STRAIN POLE, STEEL, 36 FT.",10,"EACH",5210,52100,5210,52100,5210,52100,5210,52100]
["805-86890","POLE CIRCUIT CABLE, 1C NO. 10 THW OR TW STRAN",840,"L.F.",0.88,739.2,0.88,739.2,0.88,739.2,0.88,739.2]
["805-92504","LOOP DETECTOR DELAY AMPLIFIER, 2 CHANNEL",10,"EACH",298,2980,298,2980,298,2980,298,2980]
["807-01603","SERVICE POINT, TYPE II",2,"EACH",3200,6400,3200,6400,3200,6400,3200,6400]
["807-02191","HANDHOLE, LIGHTING",3,"EACH",700,2100,700,2100,700,2100,700,2100]
["807-02193","LIGHT STANDARD FOUNDATION, 3 FT. DIA. X 8 FT.",8,"EACH",800,6400,800,6400,800,6400,800,6400]
["807-02426","WIRE, THW, NO. 4 COPPER, IN PLASTIC",535,"L.F.",8.77,4691.95,8.77,4691.95,8.77,4691.95,8.77,4691.95]
["807-03051","LIGHT CABLE, 1C/10",960,"L.F.",1,960,1,960,1,960,1,960]
["807-07580","WIRE, NO.4, COPPER, IN PLASTIC DUCT, IN TRENC",2990,"L.F.",8.77,26222.300000000003,8.77,26222.300000000003,8.77,26222.300000000003,8.77,26222.300000000003]
["807-82052","UNDERPASS CIRCUIT INSTALLATION, 2 LUMINAIRES",2,"EACH",542,1084,542,1084,542,1084,542,1084]
["807-85752","LIGHT POLE, 40 FT. E.M.H., 10.0 FT. MAST ARM,",8,"EACH",1425,11400,1425,11400,1425,11400,1425,11400]
["807-86620","LUMINAIRE, ROADWAY, HIGH PRESSURE SODIUM, 400",8,"EACH",300,2400,300,2400,300,2400,300,2400]
["807-86750","LUMINAIRE UNDERPASS, WALL MOUNTED, HIGH PRESS",4,"EACH",845,3380,845,3380,845,3380,845,3380]
["807-86910","CONNECTOR KIT, UNFUSED",8,"EACH",19,152,19,152,19,152,19,152]
["807-86915","CONNECTOR KIT, FUSED",8,"EACH",20,160,20,160,20,160,20,160]
["807-86920","MULTIPLE COMPRESSION FITTING, NOT WATERPROOFE",18,"EACH",17,306,17,306,17,306,17,306]
["807-86925","MULTIPLE COMPRESSION FITTING, WATERPROOFED",12,"EACH",21,252,21,252,21,252,21,252]
["807-86930","INSULATION LINK, NONWATERPROOFED",16,"EACH",17,272,17,272,17,272,17,272]
["807-86935","INSULATION LINK, WATERPROOFED",12,"EACH",21,252,21,252,21,252,21,252]
["807-86955","CABLE DUCT MARKER",11,"EACH",70,770,70,770,70,770,70,770]
["808-06703","LINE, THERMOPLASTIC, SOLID, WHITE, 4 IN.",2771,"L.F.",0.35000000000000003,969.85,0.35000000000000003,969.85,0.35000000000000003,969.85,0.35000000000000003,969.85]
["808-06716","LINE, REMOVE",3615,"L.F.",0.38,1373.7,0.35000000000000003,1265.25,0.38,1373.7,0.38,1373.7]
["808-09381","RETRO-REFLECTIVITY TEST",1,"L.S.",800,800,800,800,800,800,800,800]
["808-10031","LINE, MULTI-COMP, BROKEN, WHITE, 4 IN",2630,"L.F.",0.25,657.5,0.25,657.5,0.25,657.5,0.25,657.5]
["808-10033","LINE, MULTI-COMP, SOLID, WHITE, 4 IN",29503,"L.F.",0.25,7375.75,0.25,7375.75,0.25,7375.75,0.25,7375.75]
["808-10034","LINE, MULTI-COMP, SOLID, YELLOW, 4 IN",13980,"L.F.",0.25,3495,0.25,3495,0.25,3495,0.25,3495]
["808-10036","LINE, MULTI-COMP, BROKEN, YELLOW, 4 IN",300,"L.F.",0.25,75,0.25,75,0.25,75,0.25,75]
["808-10037","LINE, MULTI-COMP, SOLID, WHITE, 8 IN",1838,"L.F.",0.5,919,0.5,919,0.5,919,0.5,919]
["808-10038","TRANSVERSE MKGS MULTI-COMP SOLID WHITE,",999,"L.F.",8,7992,8,7992,8,7992,8,7992]
["808-10042","TRANSVERSE MKG MULTI-COMP SOLID YELLOW",210,"L.F.",4,840,4,840,4,840,4,840]
["808-10051","TRANSVERSE MKG MULTI-COMP, STOP LINE,",354,"L.F.",8,2832,8,2832,8,2832,8,2832]
["808-10052","PAVEMENT MESSAGE MKG, MULTI-COMP, (ONLY",20,"EACH",99,1980,99,1980,99,1980,99,1980]
["808-10058","LINE, MULTI-COMP, SOLID, YELLOW, 8 IN",4078,"L.F.",0.5,2039,0.5,2039,0.5,2039,0.5,2039]
["808-10066","PAVEMENT MESSAGE MARKINGS,",5,"EACH",98,490,98,490,98,490,98,490]
["808-10077","PAVEMENT MESSAGE MARKINGS,",51,"EACH",80,4080,80,4080,80,4080,80,4080]
["808-10078","LINE MULTI-COMP DOTTED, WHITE, 4 IN, 24",130,"L.F.",4,520,4,520,4,520,4,520]
["808-10119","TRANSVERSE MARKING, MULTI-COMPONENT,",477,"L.F.",7.88,3758.76,7.88,3758.76,7.88,3758.76,7.88,3758.76]
["808-75245","LINE, THERMOPLASTIC, SOLID, YELLOW, 4 IN.",3086,"L.F.",0.35000000000000003,1080.1000000000001,0.35000000000000003,1080.1000000000001,0.35000000000000003,1080.1000000000001,0.35000000000000003,1080.1000000000001]
["808-75996","SNOWPLOWABLE RAISED PAVEMENT MARKER, REMOVE",200,"EACH",4.25,850,4.25,850,4,800,4.25,850]
["808-75998","SNOWPLOWABLE RAISED PAVEMENT MARKER",432,"EACH",19.25,8316,19.25,8316,18.79,8117.28,19.25,8316]

{"sheet":"Items","index":4,"n_rows":774,"n_cols":34,"rows_kept":774,"cut":false,"hidden":true,"merged":[]}
[1,2,3,4,5,6,7,8,9,10,11,12,13,14,15,16,17,18,19,20,21,22,23,24,25,26,27,28,29,30,31,32,33,34]
[null,null,null,null,null,null,null,null,null,null,null,null,null,null,null,null,null,null,null,null,null,null,null,null,null,null,null,null,null,null,null,null,null,"Quantity"]
[{"$f":"Result!$C$2","v":30201},{"$f":"Result!$C$3","v":"2012-01-12"},null,null,{"$f":"E4/$A$4","v":1},null,{"$f":"G4/$A$4","v":1.0209018908287308},null,{"$f":"I4/$A$4","v":1.0419139361319678}]
[{"$f":"MIN(IF(E4:I4>0,E4:I4))","v":10152470.019999996},null,null,{"$f":"D6","v":"01. Superior Construction Company"},{"$f":"SUM(E8:E5002)","v":10152470.019999996},{"$f":"F6","v":"02. Walsh Construction Company Ii Llc"},{"$f":"SUM(G8:G5002)","v":10364675.839999998},{"$f":"H6","v":"03. Milestone Contractors, L.P."},{"$f":"SUM(I8:I5002)","v":10577999.999999994},{"$f":"J6","v":"04. Rieth-Riley Construction"},{"$f":"SUM(K8:K5002)","v":11550412.119999994},{"$f":"L6","v":0},{"$f":"SUM(M8:M5002)","v":0},{"$f":"N6","v":0},{"$f":"SUM(O8:O5002)","v":0},{"$f":"P6","v":0},{"$f":"SUM(Q8:Q5002)","v":0},{"$f":"R6","v":0},{"$f":"SUM(S8:S5002)","v":0},{"$f":"T6","v":0},{"$f":"SUM(U8:U5002)","v":0},{"$f":"V6","v":0},{"$f":"SUM(W8:W5002)","v":0},{"$f":"X6","v":0},{"$f":"SUM(Y8:Y5002)","v":0},{"$f":"Z6","v":0},{"$f":"SUM(AA8:AA5002)","v":0},{"$f":"AB6","v":0},{"$f":"SUM(AC8:AC5002)","v":0},{"$f":"AD6","v":0},{"$f":"SUM(AE8:AE5002)","v":0},{"$f":"AF6","v":0},{"$f":"SUM(AG8:AG5002)","v":0}]
[null,null,null,"Contractor","Data"]
[null,null,null,"01. Superior Construction Company",null,"02. Walsh Construction Company Ii Llc",null,"03. Milestone Contractors, L.P.",null,"04. Rieth-Riley Construction"]
["Pay item","Description","Unit","Quant.","Ext.","Quant.","Ext.","Quant.","Ext.","Quant.","Ext."]
["105-06845","CONSTRUCTION ENGINEERING","L.S.",1,296000,1,197827.14,1,70000,1,200000,null,null,null,null,null,null,null,null,null,null,null,null,null,null,null,null,null,null,null,null,null,null,{"$f":"MAX(F8,H8,J8,L8,N8,P8,R8,T8,V8,X8,Z8)","v":1}]
["105-09645","CONSTRUCTION ENGINEERING AND INSPECTION","L.S.",1,12000,1,75000,1,25000,1,20000,null,null,null,null,null,null,null,null,null,null,null,null,null,null,null,null,null,null,null,null,null,null,{"$f":"MAX(F9,H9,J9,L9,N9,P9,R9,T9,V9,X9,Z9)","v":1}]
["109-08359","LIQUIDATED DAMAGES","$",1,1,1,1,1,1,1,1,null,null,null,null,null,null,null,null,null,null,null,null,null,null,null,null,null,null,null,null,null,null,1]
["109-08360","CONTRACT LIENS","$",1,1,1,1,1,1,1,1,null,null,null,null,null,null,null,null,null,null,null,null,null,null,null,null,null,null,null,null,null,null,1]
["109-08443","QUALITY ADJUSTMENTS, TEMPORARY TRAFFIC CONTRO","$",1,1,1,1,1,1,1,1,null,null,null,null,null,null,null,null,null,null,null,null,null,null,null,null,null,null,null,null,null,null,1]
["109-08444","QUALITY ADJUSTMENTS, FAILED MATERIALS","$",1,1,1,1,1,1,1,1,null,null,null,null,null,null,null,null,null,null,null,null,null,null,null,null,null,null,null,null,null,null,1]
["109-08463","PROJECT ESTIMATE ADJUSTMENT","$",1,1,1,1,1,1,1,1,null,null,null,null,null,null,null,null,null,null,null,null,null,null,null,null,null,null,null,null,null,null,1]
["109-09377","QUALITY ADJUSTMENT, PAVEMENT TRAFFIC","$",1,1,1,1,1,1,1,1,null,null,null,null,null,null,null,null,null,null,null,null,null,null,null,null,null,null,null,null,null,null,1]
["109-09489","PAYMENT ADJUSTMENT, PG ASPHALT BINDER","$",1,1,1,1,1,1,1,1,null,null,null,null,null,null,null,null,null,null,null,null,null,null,null,null,null,null,null,null,null,null,1]
["110-01001","MOBILIZATION AND DEMOBILIZATION","L.S.",1,532000,1,518000,1,528244.17000000004,1,1100000,null,null,null,null,null,null,null,null,null,null,null,null,null,null,null,null,null,null,null,null,null,null,1]
["201-52370","CLEARING RIGHT OF WAY","L.S.",1,200000,1,207000,1,50000,1,150000,null,null,null,null,null,null,null,null,null,null,null,null,null,null,null,null,null,null,null,null,null,null,1]
["201-90788","DEBRIS, REMOVE","L.S.",1,12000,1,50000,1,7000,1,6400,null,null,null,null,null,null,null,null,null,null,null,null,null,null,null,null,null,null,null,null,null,null,1]
["202-01405","CONTAMINATED SOIL, REMOVE AND DISPOSE","C.Y.",20,4000,20,4809.8,20,3010.4,20,3011,null,null,null,null,null,null,null,null,null,null,null,null,null,null,null,null,null,null,null,null,null,null,20]
["202-02240","PAVEMENT, REMOVE","S.Y.",28674,215055,28674,181793.16,28674,286740,28674,266668.2,null,null,null,null,null,null,null,null,null,null,null,null,null,null,null,null,null,null,null,null,null,null,28674]
["202-02271","HEADWALL, REMOVE","EACH",16,6400,16,2387.04,16,1952,16,1920,null,null,null,null,null,null,null,null,null,null,null,null,null,null,null,null,null,null,null,null,null,null,16]
["202-02272","PAVED SIDE DITCH, REMOVE","L.F.",344,6880,344,3959.44,344,1720,344,1410.4,null,null,null,null,null,null,null,null,null,null,null,null,null,null,null,null,null,null,null,null,null,null,344]
["202-02279","CURB AND GUTTER, REMOVE","L.F.",961,11532,961,3690.2400000000002,961,2883,961,2738.85,null,null,null,null,null,null,null,null,null,null,null,null,null,null,null,null,null,null,null,null,null,null,961]
["202-74045","SIGNS AND SUPPORTS, CHANNEL POSTS, REMOVE","EACH",74,2220,74,2220,74,2220,74,2220,null,null,null,null,null,null,null,null,null,null,null,null,null,null,null,null,null,null,null,null,null,null,74]
["202-74080","OVERHEAD SIGN STRUCTURE, CANTILEVER, REMOVE","EACH",2,3200,2,3200,2,3200,2,3200,null,null,null,null,null,null,null,null,null,null,null,null,null,null,null,null,null,null,null,null,null,null,2]
["202-82066","SIGN CIRCUITRY, CANTILEVERS, REMOVE","EACH",2,500,2,500,2,500,2,500,null,null,null,null,null,null,null,null,null,null,null,null,null,null,null,null,null,null,null,null,null,null,2]
["202-86946","HANDHOLE, REMOVE","EACH",3,375,3,375,3,375,3,375,null,null,null,null,null,null,null,null,null,null,null,null,null,null,null,null,null,null,null,null,null,null,3]
["202-92222","TESTING FOR CONTAMINATED MATERIALS, TPH (SOIL","EACH",5,5000,5,2500,5,3000,5,3750,null,null,null,null,null,null,null,null,null,null,null,null,null,null,null,null,null,null,null,null,null,null,5]
["202-93763","LIGHT STANDARD AND FOUNDATION,REMOVE","EACH",8,2800,8,2800,8,2800,8,2800,null,null,null,null,null,null,null,null,null,null,null,null,null,null,null,null,null,null,null,null,null,null,8]
["202-95579","SERVICE POINT, REMOVE","EACH",2,300,2,300,2,300,2,300,null,null,null,null,null,null,null,null,null,null,null,null,null,null,null,null,null,null,null,null,null,null,2]
["202-96035","CONCRETE WALL, REMOVE","L.F.",20,2000,20,1745.6000000000001,20,3400,20,3400,null,null,null,null,null,null,null,null,null,null,null,null,null,null,null,null,null,null,null,null,null,null,20]
["202-96133","PIPE, REMOVE","L.F.",1108,2216,1108,9706.08,1108,14404,1108,13739.2,null,null,null,null,null,null,null,null,null,null,null,null,null,null,null,null,null,null,null,null,null,null,1108]
["202-99187","FENCE, FARM FIELD, REMOVE","L.F.",2579,7092.25,2579,4642.2,2579,7092.25,2579,7092.25,null,null,null,null,null,null,null,null,null,null,null,null,null,null,null,null,null,null,null,null,null,null,2579]
["203-02000","EXCAVATION, COMMON","C.Y.",41965,335720,41965,545545,41965,503580,41965,629475,null,null,null,null,null,null,null,null,null,null,null,null,null,null,null,null,null,null,null,null,null,null,41965]
["203-02070","BORROW","C.Y.",9115,91.15,9115,91.15,9115,136725,9115,911.5,null,null,null,null,null,null,null,null,null,null,null,null,null,null,null,null,null,null,null,null,null,null,9115]
["205-03371","SEDIMENT REMOVE","C.Y.",2051,20510,2051,15731.17,2051,32816,2051,205.10000000000002,null,null,null,null,null,null,null,null,null,null,null,null,null,null,null,null,null,null,null,null,null,null,2051]
["205-06931","TEMPORARY CHECK DAM, REVETMENT RIPRAP","TON",253,16445,253,18643.57,253,11385,253,13345.75,null,null,null,null,null,null,null,null,null,null,null,null,null,null,null,null,null,null,null,null,null,null,253]
["205-06932","TEMPORARY CHECK DAM, STRAW BALES","L.F.",402,6030,402,3718.5,402,4824,402,4723.5,null,null,null,null,null,null,null,null,null,null,null,null,null,null,null,null,null,null,null,null,null,null,402]
["205-06933","TEMPORARY DITCH INLET PROTECTION","EACH",7,840,7,595,7,875,7,1225,null,null,null,null,null,null,null,null,null,null,null,null,null,null,null,null,null,null,null,null,null,null,7]
["205-06934","TEMPORARY MULCHING","TON",73,29200,73,29200,73,25185,73,29200,null,null,null,null,null,null,null,null,null,null,null,null,null,null,null,null,null,null,null,null,null,null,73]
["205-06936","TEMPORARY SEDIMENT TRAP","TON",20,1640,20,3082.2000000000003,20,1300,20,1512,null,null,null,null,null,null,null,null,null,null,null,null,null,null,null,null,null,null,null,null,null,null,20]
["205-06937","TEMPORARY SILT FENCE","L.F.",18458,27687,18458,36546.840000000004,18458,27687,18458,18458,null,null,null,null,null,null,null,null,null,null,null,null,null,null,null,null,null,null,null,null,null,null,18458]
["205-09543","NO 2 STONE","TON",150,8250,150,7677,150,4500,150,4290,null,null,null,null,null,null,null,null,null,null,null,null,null,null,null,null,null,null,null,null,null,null,150]
["207-08263","SUBGRADE TREATMENT, TYPE IA","S.Y.",111762,598479,111762,669236.26,111762,757348.9,111762,736816.5,null,null,null,null,null,null,null,null,null,null,null,null,null,null,null,null,null,null,null,null,null,null,111762]
["207-08267","SUBGRADE TREATMENT, TYPE IIIA","S.Y.",5305,42440,5305,64031.35,5305,50397.5,5305,95755.25,null,null,null,null,null,null,null,null,null,null,null,null,null,null,null,null,null,null,null,null,null,null,5305]
["211-09264","STRUCTURE BACKFILL, TYPE 1","C.Y.",900,2700,900,18567,900,13500,900,13500,null,null,null,null,null,null,null,null,null,null,null,null,null,null,null,null,null,null,null,null,null,null,900]
["211-09265","STRUCTURE BACKFILL, TYPE 2","C.Y.",1251,31275,1251,29848.86,1251,18765,1251,18765,null,null,null,null,null,null,null,null,null,null,null,null,null,null,null,null,null,null,null,null,null,null,1251]
["213-09269","FLOWABLE BACKFILL, NON-REMOVEABLE","C.Y.",613,49040,613,55304.86,613,55170,613,52196.950000000004,null,null,null,null,null,null,null,null,null,null,null,null,null,null,null,null,null,null,null,null,null,null,613]
["301-07448","COMPACTED AGGREGATE, NO. 53, BASE","TON",7516,127772,7516,132206.44,7516,135288,7516,139046,null,null,null,null,null,null,null,null,null,null,null,null,null,null,null,null,null,null,null,null,null,null,7516]
["302-06464","SUBBASE FOR PCCP","C.Y.",24464,917400,24464,732207.52,24464,856240,24464,996908,null,null,null,null,null,null,null,null,null,null,null,null,null,null,null,null,null,null,null,null,null,null,24464]
["303-08210","COMPACTED AGGREGATE NO. 53, TEMPORARY FOR DRI","TON",30,2250,30,1518.6000000000001,30,1500,30,1101,null,null,null,null,null,null,null,null,null,null,null,null,null,null,null,null,null,null,null,null,null,null,30]
["306-08034","MILLING, ASPHALT, 1 1/2 IN.","S.Y.",3039,9117,3039,3373.29,3039,24312,3039,8053.35,null,null,null,null,null,null,null,null,null,null,null,null,null,null,null,null,null,null,null,null,null,null,3039]
["402-07784","HMA SURFACE, TYPE D","TON",268,23517,268,23517,268,33500,268,26130,null,null,null,null,null,null,null,null,null,null,null,null,null,null,null,null,null,null,null,null,null,null,268]
["402-07785","HMA INTERMEDIATE, TYPE D","TON",67,6019.95,67,6019.95,67,6700,67,6331.5,null,null,null,null,null,null,null,null,null,null,null,null,null,null,null,null,null,null,null,null,null,null,67]
["402-10083","HMA FOR TEMPORARY PAVEMENT, A","TON",2241,154270.44,2241,154270.44,2241,190485,2241,216256.5,null,null,null,null,null,null,null,null,null,null,null,null,null,null,null,null,null,null,null,null,null,null,2241]
["406-05520","ASPHALT MATERIAL FOR TACK COAT","TON",6,3600,6,3600,6,600,6,6,null,null,null,null,null,null,null,null,null,null,null,null,null,null,null,null,null,null,null,null,null,null,6]
["501-06321","QC/QA PCCP, 10 IN.","S.Y.",93599,3173006.1,93599,3097190.91,93599,3369564,93599,3556762,null,null,null,null,null,null,null,null,null,null,null,null,null,null,null,null,null,null,null,null,null,null,93599]
["503-05240","D-1 CONTRACTION JOINT","L.F.",53189,478701,53189,545187.25,53189,425512,53189,587738.45000000007,null,null,null,null,null,null,null,null,null,null,null,null,null,null,null,null,null,null,null,null,null,null,53189]
["601-01522","GUARDRAIL TRANSITION TYPE TGB","EACH",2,4200,2,3800,2,4200,2,4200,null,null,null,null,null,null,null,null,null,null,null,null,null,null,null,null,null,null,null,null,null,null,2]
["601-01701","GUARDRAIL TERMINAL SYSTEM, W BEAM, CURVED, 2","EACH",2,3730,2,3600,2,3730,2,3730,null,null,null,null,null,null,null,null,null,null,null,null,null,null,null,null,null,null,null,null,null,null,2]
["601-01848","GUARDRAIL TERMINAL SYSTEM, W-BEAM, CURVED, 5","EACH",1,2065,1,1800,1,2065,1,2065,null,null,null,null,null,null,null,null,null,null,null,null,null,null,null,null,null,null,null,null,null,null,1]
["601-02241","GUARDRAIL, REMOVE","L.F.",1325,5962.5,1325,5300,1325,5962.5,1325,5962.5,null,null,null,null,null,null,null,null,null,null,null,null,null,null,null,null,null,null,null,null,null,null,1325]
["601-05071","GUARDRAIL TERMINAL SYSTEM, W-BEAM, CURVED, 7","EACH",1,2500,1,1800,1,2500,1,2500,null,null,null,null,null,null,null,null,null,null,null,null,null,null,null,null,null,null,null,null,null,null,1]
["601-06854","GUARDRAIL, W-BEAM, NESTED","EACH",5,14000,5,11500,5,14000,5,14000,null,null,null,null,null,null,null,null,null,null,null,null,null,null,null,null,null,null,null,null,null,null,5]
["601-08433","GUARDRAIL END TREATMENT, TYPE OS, SPARE PARTS","EACH",1,610,1,1200,1,610,1,610,null,null,null,null,null,null,null,null,null,null,null,null,null,null,null,null,null,null,null,null,null,null,1]
["601-08434","GUARDRAIL END TREATMENT, TYPE OS, SPARE PARTS","EACH",1,110,1,1400,1,110,1,110,null,null,null,null,null,null,null,null,null,null,null,null,null,null,null,null,null,null,null,null,null,null,1]
["601-09149","IMPACT ATTENUATOR, CR1, W1, TL-3","EACH",2,66600,2,51000,2,66600,2,66000,null,null,null,null,null,null,null,null,null,null,null,null,null,null,null,null,null,null,null,null,null,null,2]
["601-94689","GUARDRAIL END TREATMENT, OS","EACH",15,39525,15,40500,15,39525,15,39525,null,null,null,null,null,null,null,null,null,null,null,null,null,null,null,null,null,null,null,null,null,null,15]
["601-99105","GUARDRAIL, W BEAM, 6 FT. 3 IN. SPACING","L.F.",3583,67181.25,3583,64494,3583,67181.25,3583,67181.25,null,null,null,null,null,null,null,null,null,null,null,null,null,null,null,null,null,null,null,null,null,null,3583]
["601-99123","GUARDRAIL TRANSITION, GP","EACH",4,12400,4,9600,4,12400,4,12400,null,null,null,null,null,null,null,null,null,null,null,null,null,null,null,null,null,null,null,null,null,null,4]
["603-06040","FENCE, FARM FIELD, 47 IN.","L.F.",2579,18697.75,2579,13152.900000000001,2579,18697.75,2579,18697.75,null,null,null,null,null,null,null,null,null,null,null,null,null,null,null,null,null,null,null,null,null,null,2579]
["605-06090","CURB, INTEGRAL, CONCRETE","L.F.",217,3038,217,2541.0700000000002,217,2604,217,7464.8,null,null,null,null,null,null,null,null,null,null,null,null,null,null,null,null,null,null,null,null,null,null,{"$f":"MAX(F73,H73,J73,L73,N73,P73,R73,T73,V73,X73,Z73)","v":217}]
["605-06121","CURB, CONCRETE, B","L.F.",1442,21630,1442,12069.54,1442,23793,1442,25811.800000000003,null,null,null,null,null,null,null,null,null,null,null,null,null,null,null,null,null,null,null,null,null,null,1442]
["605-06140","CURB AND GUTTER, CONCRETE","L.F.",42,882,42,1120.98,42,2100,42,1566.6000000000001,null,null,null,null,null,null,null,null,null,null,null,null,null,null,null,null,null,null,null,null,null,null,42]
["605-06145","CURB AND GUTTER, B, CONCRETE","L.F.",177,3540,177,3644.4300000000003,177,5310,177,5796.75,null,null,null,null,null,null,null,null,null,null,null,null,null,null,null,null,null,null,null,null,null,null,177]
["605-06245","CENTER CURB, B, CONCRETE","S.Y.",4255,153180,4255,220409,4255,212750,4255,224451.25,null,null,null,null,null,null,null,null,null,null,null,null,null,null,null,null,null,null,null,null,null,null,4255]
["610-07487","HMA FOR APPROACHES, TYPE B","TON",1776,130536,1776,130536,1776,149184,1776,147408,null,null,null,null,null,null,null,null,null,null,null,null,null,null,null,null,null,null,null,null,null,null,1776]
["610-09108","PCCP FOR APPROACHES, 9 IN.","S.Y.",2088,114840,2088,94857.84,2088,93960,2088,124236,null,null,null,null,null,null,null,null,null,null,null,null,null,null,null,null,null,null,null,null,null,null,2088]
["611-06497","MAILBOX ASSEMBLY, SINGLE","EACH",2,430,2,300,2,430,2,430,null,null,null,null,null,null,null,null,null,null,null,null,null,null,null,null,null,null,null,null,null,null,2]
["611-06498","MAILBOX ASSEMBLY, DOUBLE","EACH",1,275,1,170,1,275,1,275,null,null,null,null,null,null,null,null,null,null,null,null,null,null,null,null,null,null,null,null,null,null,1]
["615-06490","RIGHT OF WAY MARKER","EACH",61,8357,61,8540,61,8357,61,8357,null,null,null,null,null,null,null,null,null,null,null,null,null,null,null,null,null,null,null,null,null,null,61]
["615-06500","MONUMENT, A","EACH",2,1300,2,1160,2,1300,2,1300,null,null,null,null,null,null,null,null,null,null,null,null,null,null,null,null,null,null,null,null,null,null,2]
["615-06505","MONUMENT, B","EACH",6,4530,6,3480,6,4530,6,4530,null,null,null,null,null,null,null,null,null,null,null,null,null,null,null,null,null,null,null,null,null,null,6]
["615-06510","MONUMENT, C","EACH",2,1110,2,720,2,1110,2,1110,null,null,null,null,null,null,null,null,null,null,null,null,null,null,null,null,null,null,null,null,null,null,2]
["615-06515","MONUMENT, D","EACH",48,6480,48,11040,48,6480,48,6480,null,null,null,null,null,null,null,null,null,null,null,null,null,null,null,null,null,null,null,null,null,null,48]
["615-06520","MONUMENT, RE ESTABLISH","EACH",1,1500,1,580,1,1500,1,1500,null,null,null,null,null,null,null,null,null,null,null,null,null,null,null,null,null,null,null,null,null,null,1]
["615-06535","BENCH MARK POST, RESET","EACH",1,1000,1,630,1,1000,1,1000,null,null,null,null,null,null,null,null,null,null,null,null,null,null,null,null,null,null,null,null,null,null,1]
["616-02320","GEOTEXTILES","S.Y.",1282,1987.1000000000001,1282,3051.16,1282,1602.5,1282,1602.5,null,null,null,null,null,null,null,null,null,null,null,null,null,null,null,null,null,null,null,null,null,null,1282]
["616-05688","RIPRAP, CLASS 1","TON",77,4389,77,2981.44,77,3311,77,3237.85,null,null,null,null,null,null,null,null,null,null,null,null,null,null,null,null,null,null,null,null,null,null,77]
["616-06405","RIPRAP, REVETMENT","TON",445,18245,445,15081.050000000001,445,16465,445,16109,null,null,null,null,null,null,null,null,null,null,null,null,null,null,null,null,null,null,null,null,null,null,445]
["616-06451","RIPRAP, UNIFORM","TON",62,2542,62,3204.78,62,2728,62,2672.2000000000003,null,null,null,null,null,null,null,null,null,null,null,null,null,null,null,null,null,null,null,null,null,null,62]
["619-11052","CLEAN STEEL BRIDGE, QP-2, BR. NO. ,","L.S.",2,80000,2,100000,2,112000,2,80000,null,null,null,null,null,null,null,null,null,null,null,null,null,null,null,null,null,null,null,null,null,null,2]
["619-51859","PAINT STEEL BRIDGE , STR. NO. 2","L.S.",2,30000,2,50000,2,10000,2,30000,null,null,null,null,null,null,null,null,null,null,null,null,null,null,null,null,null,null,null,null,null,null,2]
["621-01004","MOBILIZATION AND DEMOBILIZATION FOR SEEDING","EACH",3,1200,3,1200,3,1725,3,1200,null,null,null,null,null,null,null,null,null,null,null,null,null,null,null,null,null,null,null,null,null,null,3]
["621-02770","EROSION CONTROL BLANKET","S.Y.",66315,43104.75,66315,43104.75,66315,76262.25,66315,16578.75,null,null,null,null,null,null,null,null,null,null,null,null,null,null,null,null,null,null,null,null,null,null,66315]
["621-06545","FERTILIZER","TON",6,3600,6,3600,6,5910,6,3600,null,null,null,null,null,null,null,null,null,null,null,null,null,null,null,null,null,null,null,null,null,null,6]
["621-06553","SEED MIXTURE, R","LBS",2000,6800,2000,6800,2000,5460,2000,6800,null,null,null,null,null,null,null,null,null,null,null,null,null,null,null,null,null,null,null,null,null,null,2000]
["621-06557","SEED MIXTURE, T","LBS",1088,2720,1088,2720,1088,2393.6,1088,2720,null,null,null,null,null,null,null,null,null,null,null,null,null,null,null,null,null,null,null,null,null,null,1088]
["621-06565","MULCHING MATERIAL","TON",29,11600,29,11600,29,10005,29,11600,null,null,null,null,null,null,null,null,null,null,null,null,null,null,null,null,null,null,null,null,null,null,29]
["621-06567","WATER","M.G.",253,253,253,253,253,253,253,253,null,null,null,null,null,null,null,null,null,null,null,null,null,null,null,null,null,null,null,null,null,null,253]
["621-06574","SODDING","S.Y.",3864,11514.72,3864,11514.72,3864,12017.04,3864,3864,null,null,null,null,null,null,null,null,null,null,null,null,null,null,null,null,null,null,null,null,null,null,3864]
["621-06575","SODDING, NURSERY","S.Y.",66315,197618.7,66315,212871.15,66315,206239.65,66315,66315,null,null,null,null,null,null,null,null,null,null,null,null,null,null,null,null,null,null,null,null,null,null,66315]
["628-08524","CELLULAR TELEPHONE/RADIO, ADDITIONAL","$",1,1,1,1,1,1,1,1,null,null,null,null,null,null,null,null,null,null,null,null,null,null,null,null,null,null,null,null,null,null,1]
["628-09403","FIELD OFFICE, C","MONTH",15,34500,15,39424.950000000004,15,42000,15,34500,null,null,null,null,null,null,null,null,null,null,null,null,null,null,null,null,null,null,null,null,null,null,15]
["628-09407","FIELD OFFICE COMPUTER SYSTEM,","MONTH",30,3000,30,6000,30,4950,30,3900,null,null,null,null,null,null,null,null,null,null,null,null,null,null,null,null,null,null,null,null,null,null,30]
["628-11007","CELLULAR TELEPHONE/RADIO SERVICE, 750","MONTH",60,6000,60,6000,60,9000,60,3975,null,null,null,null,null,null,null,null,null,null,null,null,null,null,null,null,null,null,null,null,null,null,60]
["628-11068","CELLULAR TELEPHONE/RADIO","EACH",4,800,4,400,4,280,4,400,null,null,null,null,null,null,null,null,null,null,null,null,null,null,null,null,null,null,null,null,null,null,4]
["702-51863","FIELD DRILLED HOLE IN CONCRETE","EACH",158,2686,158,2306.8000000000002,158,8690,158,1998.7,null,null,null,null,null,null,null,null,null,null,null,null,null,null,null,null,null,null,null,null,null,null,158]
["702-90915","CONCRETE, A","C.Y.",47.400000000000006,22515,47.400000000000006,34844.69,47.400000000000006,33180,47.400000000000006,42660,null,null,null,null,null,null,null,null,null,null,null,null,null,null,null,null,null,null,null,null,null,null,47.400000000000006]
["703-06029","REINFORCING BARS, EPOXY COATED","LBS",3869,7738,3869,4139.83,3869,15476,3869,7738,null,null,null,null,null,null,null,null,null,null,null,null,null,null,null,null,null,null,null,null,null,null,3869]
["706-09545","COARSE AGGREGATE, NO. 8","C.Y.",400,12800,400,11764,400,18000,400,17560,null,null,null,null,null,null,null,null,null,null,null,null,null,null,null,null,null,null,null,null,null,null,400]
["709-51821","SURFACE SEAL","L.S.",1,9000,1,10000,1,8500,1,7500,null,null,null,null,null,null,null,null,null,null,null,null,null,null,null,null,null,null,null,null,null,null,1]
["714-11175","STRUCTURE, REINFORCED CONCRETE BOX","L.F.",225,123750,225,101250,225,88875,225,88875,null,null,null,null,null,null,null,null,null,null,null,null,null,null,null,null,null,null,null,null,null,null,225]
["714-11311","STRUCTURE, REINFORCED CONCRETE BOX","L.F.",137,99325,137,85625,137,78775,137,78364,null,null,null,null,null,null,null,null,null,null,null,null,null,null,null,null,null,null,null,null,null,null,137]
["715-04555","PIPE END SECTION, MIN. AREA 5.1 SQ. FT.","EACH",8,7948,8,5410.72,8,6536,8,6533.2000000000007,null,null,null,null,null,null,null,null,null,null,null,null,null,null,null,null,null,null,null,null,null,null,8]
["715-05032","PIPE, TYPE 2, CIRCULAR, 15 IN.","L.F.",961,25947,961,28666.63,961,35076.5,961,34615.22,null,null,null,null,null,null,null,null,null,null,null,null,null,null,null,null,null,null,null,null,null,null,961]
["715-05048","PIPE, TYPE 4, CIRCULAR, 6 IN.","L.F.",16505,61893.75,16505,53971.35,16505,82525,16505,61893.75,null,null,null,null,null,null,null,null,null,null,null,null,null,null,null,null,null,null,null,null,null,null,16505]
["715-05053","PIPE, UNDERDRAIN OUTLET, 6 IN.","L.F.",775,13950,775,7571.75,775,9300,775,13950,null,null,null,null,null,null,null,null,null,null,null,null,null,null,null,null,null,null,null,null,null,null,775]
["715-05121","PIPE, TYPE 1, CIRCULAR, 18 IN.","L.F.",114,3876,114,3930.7200000000003,114,4788,114,4738.9800000000005,null,null,null,null,null,null,null,null,null,null,null,null,null,null,null,null,null,null,null,null,null,null,114]
["715-05149","PIPE, TYPE 2, CIRCULAR, 12 IN.","L.F.",210,4830,210,6468,210,7245,210,7158.9000000000005,null,null,null,null,null,null,null,null,null,null,null,null,null,null,null,null,null,null,null,null,null,null,210]
["715-05152","PIPE, TYPE 2, CIRCULAR, 18 IN.","L.F.",409,13906,409,14981.67,409,16360,409,16024.62,null,null,null,null,null,null,null,null,null,null,null,null,null,null,null,null,null,null,null,null,null,null,409]
["715-05154","PIPE, TYPE 2, CIRCULAR, 24 IN. , SMOOTH","L.F.",1037,46665,1037,47836.81,1037,47702,1037,47473.86,null,null,null,null,null,null,null,null,null,null,null,null,null,null,null,null,null,null,null,null,null,null,1037]
["715-05156","PIPE, TYPE 2, CIRCULAR, 30 IN.","L.F.",130,7150,130,6947.2000000000007,130,6825,130,6782.1,null,null,null,null,null,null,null,null,null,null,null,null,null,null,null,null,null,null,null,null,null,null,130]
["715-05169","PIPE, TYPE 3, CIRCULAR, 15 IN.","L.F.",319,8613,319,8593.86,319,11324.5,319,11212.85,null,null,null,null,null,null,null,null,null,null,null,null,null,null,null,null,null,null,null,null,null,null,319]
["715-05171","PIPE, TYPE 3, CIRCULAR, 18 IN.","L.F.",88,2992,88,2913.68,88,3212,88,3182.08,null,null,null,null,null,null,null,null,null,null,null,null,null,null,null,null,null,null,null,null,null,null,88]
["715-05236","PIPE, TYPE 1, DEFORMED, MIN. AREA 0.47 M2","L.F.",308,36060.639999999999,308,24405.920000000002,308,21868,308,21837.200000000001,null,null,null,null,null,null,null,null,null,null,null,null,null,null,null,null,null,null,null,null,null,null,308]
["715-06471","PIPE END SECTION, MIN. AREA .31 M2","EACH",2,1400,2,1142.68,2,1130,2,1130.08,null,null,null,null,null,null,null,null,null,null,null,null,null,null,null,null,null,null,null,null,null,null,2]
["715-08243","PIPE, TYPE 3, DEFORMED, MIN. AREA 3.3 SQ. FT.","L.F.",48,4742.88,48,3182.88,48,2736,48,2709.6000000000004,null,null,null,null,null,null,null,null,null,null,null,null,null,null,null,null,null,null,null,null,null,null,48]
["715-09064","VIDEO INSPECTION FOR PIPE","L.F.",2792,3490,2792,5584,2792,4188,2792,4048.4,null,null,null,null,null,null,null,null,null,null,null,null,null,null,null,null,null,null,null,null,null,null,2792]
["715-09769","PIPE, TYPE 3, DEFORMED, MIN. AREA 5.1","L.F.",240,33955.200000000004,240,16084.800000000001,240,16440,240,16334.400000000001,null,null,null,null,null,null,null,null,null,null,null,null,null,null,null,null,null,null,null,null,null,null,240]
["715-46005","PIPE END SECTION, 15 IN.","EACH",14,4858,14,4315.92,14,4704,14,4703.0200000000004,null,null,null,null,null,null,null,null,null,null,null,null,null,null,null,null,null,null,null,null,null,null,14]
["715-46010","PIPE END SECTION, 18 IN.","EACH",5,2000,5,1656.3500000000001,5,2010,5,2008.15,null,null,null,null,null,null,null,null,null,null,null,null,null,null,null,null,null,null,null,null,null,null,5]
["715-46020","PIPE END SECTION, 24 IN.","EACH",4,1900,4,2387.6799999999998,4,1872,4,1869.32,null,null,null,null,null,null,null,null,null,null,null,null,null,null,null,null,null,null,null,null,null,null,4]
["715-46030","PIPE END SECTION, 30 IN.","EACH",1,605,1,665.40000000000009,1,600,1,596.9,null,null,null,null,null,null,null,null,null,null,null,null,null,null,null,null,null,null,null,null,null,null,1]
["718-06529","OUTLET PROTECTOR, 2","EACH",6,5100,6,4375.08,6,5100,6,5100,null,null,null,null,null,null,null,null,null,null,null,null,null,null,null,null,null,null,null,null,null,null,6]
["718-06531","OUTLET PROTECTOR, 3","EACH",30,24000,30,21145.800000000003,30,16500,30,24000,null,null,null,null,null,null,null,null,null,null,null,null,null,null,null,null,null,null,null,null,null,null,{"$f":"MAX(F137,H137,J137,L137,N137,P137,R137,T137,V137,X137,Z137)","v":30}]
["718-06532","VIDEO INSPECTION FOR UNDERDRAINS","L.F.",3000,3300,3000,3000,3000,3000,3000,3450,null,null,null,null,null,null,null,null,null,null,null,null,null,null,null,null,null,null,null,null,null,null,3000]
["718-52610","AGGREGATE FOR UNDERDRAINS","C.Y.",1496,49368,1496,46420.88,1496,37400,1496,49368,null,null,null,null,null,null,null,null,null,null,null,null,null,null,null,null,null,null,null,null,null,null,1496]
["720-44000","CASTING, ADJUST TO GRADE","EACH",8,3560,8,5442.64,8,2648,8,2647.92,null,null,null,null,null,null,null,null,null,null,null,null,null,null,null,null,null,null,null,null,null,null,8]
["720-45025","INLET, D6","EACH",1,2340,1,2046.02,1,1315,1,1315.23,null,null,null,null,null,null,null,null,null,null,null,null,null,null,null,null,null,null,null,null,null,null,1]
["720-45030","INLET, E7","EACH",1,1400,1,1661.32,1,1105,1,1101.7,null,null,null,null,null,null,null,null,null,null,null,null,null,null,null,null,null,null,null,null,null,null,1]
["720-45035","INLET, F7","EACH",3,4170,3,4983.93,3,3309,3,3308.4,null,null,null,null,null,null,null,null,null,null,null,null,null,null,null,null,null,null,null,null,null,null,3]
["720-45040","INLET, G7","EACH",2,4450,2,4018.04,2,4756,2,4757.1000000000004,null,null,null,null,null,null,null,null,null,null,null,null,null,null,null,null,null,null,null,null,null,null,2]
["720-45140","INLET, G7, MODIFIED","EACH",1,2400,1,2401.09,1,1725,1,1721.49,null,null,null,null,null,null,null,null,null,null,null,null,null,null,null,null,null,null,null,null,null,null,1]
["720-45510","MANHOLE, C4, MODIFIED","EACH",2,5200,2,4821.5200000000004,2,3673,2,3673,null,null,null,null,null,null,null,null,null,null,null,null,null,null,null,null,null,null,null,null,null,null,2]
["720-95409","MANHOLE, J4, MODIFIED","EACH",2,6400,2,6966.02,2,3574,2,3574.44,null,null,null,null,null,null,null,null,null,null,null,null,null,null,null,null,null,null,null,null,null,null,2]
["720-97865","MANHOLE, C2, MODIFIED","EACH",4,14800,4,10519.2,4,8120,4,8121.2000000000007,null,null,null,null,null,null,null,null,null,null,null,null,null,null,null,null,null,null,null,null,null,null,4]
["720-98555","INLET, C15","EACH",1,2075,1,2511.1000000000004,1,1777,1,1776.98,null,null,null,null,null,null,null,null,null,null,null,null,null,null,null,null,null,null,null,null,null,null,1]
["723-08608","WINGWALL","S.F.",608,54720,608,31166.080000000002,608,52896,608,52889.919999999998,null,null,null,null,null,null,null,null,null,null,null,null,null,null,null,null,null,null,null,null,null,null,608]
["727-90308","EPOXY INJECTION, CRACK PREPARATION","L.F.",119,4804.03,119,4055.52,119,7092.4000000000005,119,11067,null,null,null,null,null,null,null,null,null,null,null,null,null,null,null,null,null,null,null,null,null,null,119]
["727-90309","EPOXY INJECTION, EPOXY MATERIAL","GAL",15,810,15,800.1,15,810,15,1275,null,null,null,null,null,null,null,null,null,null,null,null,null,null,null,null,null,null,null,null,null,null,15]
["727-93560","EPOXY INJECTION, FURNISHING EQUIPMENT","L.S.",1,200,1,500,1,200,1,1875,null,null,null,null,null,null,null,null,null,null,null,null,null,null,null,null,null,null,null,null,null,null,1]
["801-02595","CONTROLLER, RESET TIMING","EACH",3,465,3,465,3,465,3,465,null,null,null,null,null,null,null,null,null,null,null,null,null,null,null,null,null,null,null,null,null,null,3]
["801-03290","CONSTRUCTION SIGN, C","EACH",12,1680,12,1536,12,1680,12,1836,null,null,null,null,null,null,null,null,null,null,null,null,null,null,null,null,null,null,null,null,null,null,12]
["801-04308","ROAD CLOSURE SIGN ASSEMBLY","EACH",20,6900,20,2200,20,6900,20,2640,null,null,null,null,null,null,null,null,null,null,null,null,null,null,null,null,null,null,null,null,null,null,20]
["801-06201","TEMPORARY PANEL SIGNS","S.Y.",22.5,495,22.5,495,22.5,310.5,22.5,495,null,null,null,null,null,null,null,null,null,null,null,null,null,null,null,null,null,null,null,null,null,null,22.5]
["801-06202","TEMPORARY PANEL SIGN SUPPORTS","L.F.",56,1120,56,1120,56,991.2,56,1120,null,null,null,null,null,null,null,null,null,null,null,null,null,null,null,null,null,null,null,null,null,null,56]
["801-06203","TEMPORARY PAVEMENT MARKING, 4 IN.","L.F.",35000,5950,35000,5600,35000,5950,35000,7700,null,null,null,null,null,null,null,null,null,null,null,null,null,null,null,null,null,null,null,null,null,null,35000]
["801-06207","TEMPORARY PAVEMENT MARKING, REMOVABLE, 4 IN.","L.F.",64300,56584,64300,55941,64300,56584,64300,6430,null,null,null,null,null,null,null,null,null,null,null,null,null,null,null,null,null,null,null,null,null,null,64300]
["801-06211","TEMPORARY PAVEMENT MESSAGE MARKING, REMOVABLE","EACH",13,1235,13,1105,13,1235,13,1495,null,null,null,null,null,null,null,null,null,null,null,null,null,null,null,null,null,null,null,null,null,null,13]
["801-06218","TEMPORARY TRANSVERSE PAVEMENT MARKING, REMOVA","L.F.",377,1885,377,1602.25,377,1885,377,1952.8600000000001,null,null,null,null,null,null,null,null,null,null,null,null,null,null,null,null,null,null,null,null,null,null,377]
["801-06539","TEMPORARY TRAFFIC SIGNAL INSTALLATION, MAINTA","L.S.",1,4100,1,4100,1,4100,1,4100,null,null,null,null,null,null,null,null,null,null,null,null,null,null,null,null,null,null,null,null,null,null,1]
["801-06625","DETOUR ROUTE MARKER ASSEMBLY","EACH",15,1335,15,1200,15,1335,15,1335,null,null,null,null,null,null,null,null,null,null,null,null,null,null,null,null,null,null,null,null,null,null,15]
["801-06640","CONSTRUCTION SIGN, A","EACH",37,4810,37,4144,37,4810,37,4773,null,null,null,null,null,null,null,null,null,null,null,null,null,null,null,null,null,null,null,null,null,null,37]
["801-06645","CONSTRUCTION SIGN, B","EACH",5,240,5,200,5,240,5,240,null,null,null,null,null,null,null,null,null,null,null,null,null,null,null,null,null,null,null,null,null,null,5]
["801-06710","FLASHING ARROW SIGN","DAY",30,300,30,300,30,300,30,300,null,null,null,null,null,null,null,null,null,null,null,null,null,null,null,null,null,null,null,null,null,null,30]
["801-06775","MAINTAINING TRAFFIC","L.S.",1,41950,1,150000,1,130000,1,175000,null,null,null,null,null,null,null,null,null,null,null,null,null,null,null,null,null,null,null,null,null,null,1]
["801-07023","ENERGY ABSORBIBG TERMINAL, CZ, TL-2","EACH",5,27000,5,27500,5,34500,5,27000,null,null,null,null,null,null,null,null,null,null,null,null,null,null,null,null,null,null,null,null,null,null,5]
["801-07118","BARRICADE, III-A","L.F.",468,3954.6000000000004,468,3744,468,3954.6000000000004,468,5194.8,null,null,null,null,null,null,null,null,null,null,null,null,null,null,null,null,null,null,null,null,null,null,468]
["801-07119","BARRICADE, III-B","L.F.",48,439.20000000000005,48,410.40000000000003,48,439.20000000000005,48,733.44,null,null,null,null,null,null,null,null,null,null,null,null,null,null,null,null,null,null,null,null,null,null,48]
["801-08401","TEMPORARY TRAFFIC BARRIER, TYPE 2","L.F.",9260,173625,9260,234370.6,9260,129640,9260,55560,null,null,null,null,null,null,null,null,null,null,null,null,null,null,null,null,null,null,null,null,null,null,9260]
["801-08508","TEMPORARY TRAFFIC BARRIER, TYPE 2, ANCHORED","L.F.",252,7560,252,5755.68,252,3780,252,1764,null,null,null,null,null,null,null,null,null,null,null,null,null,null,null,null,null,null,null,null,null,null,252]
["801-94295","SIGNAL HEAD, RELOCATE","EACH",32,4160,32,4160,32,4160,32,4160,null,null,null,null,null,null,null,null,null,null,null,null,null,null,null,null,null,null,null,null,null,null,32]
["802-05701","SIGN POST, SQUARE, 1, REINFORCED ANCHOR","L.F.",765.5,8650.15,765.5,8650.15,765.5,8650.15,765.5,8650.15,null,null,null,null,null,null,null,null,null,null,null,null,null,null,null,null,null,null,null,null,null,null,765.5]
["802-05702","SIGN POST SQUARE, 2, REINFORCED ANCHOR BASE","L.F.",211.25,2461.06,211.25,2461.06,211.25,2461.06,211.25,2461.06,null,null,null,null,null,null,null,null,null,null,null,null,null,null,null,null,null,null,null,null,null,null,211.25]
["802-07057","SIGN, PANEL, WITH LEGEND","S.F.",899,17980,899,17980,899,17980,899,17980,null,null,null,null,null,null,null,null,null,null,null,null,null,null,null,null,null,null,null,null,null,null,899]
["802-07151","WIDE FLANGE SIGN POST SUPPORT FOUNDATION, VII","EACH",10,3750,10,3750,10,3750,10,3750,null,null,null,null,null,null,null,null,null,null,null,null,null,null,null,null,null,null,null,null,null,null,10]
["802-08456","WIDE FLANGE SIGN POST SUPPORT FOUNDATION, VII","EACH",12,4620,12,4620,12,4620,12,4620,null,null,null,null,null,null,null,null,null,null,null,null,null,null,null,null,null,null,null,null,null,null,12]
["802-09578","OVERHEAD SIGN STRUCTURE, CANTILEVER,","EACH",2,69000,2,69000,2,69000,2,69000,null,null,null,null,null,null,null,null,null,null,null,null,null,null,null,null,null,null,null,null,null,null,2]
["802-09581","CANTILEVER SIGN SUPPORT FOUNDATION,","EACH",2,15600,2,15600,2,15600,2,15600,null,null,null,null,null,null,null,null,null,null,null,null,null,null,null,null,null,null,null,null,null,null,2]
["802-09838","SIGN, SHEET, WITH LEGEND 0.08 IN.","S.F.",504.78000000000003,7571.7000000000007,504.78000000000003,7571.7000000000007,504.78000000000003,7571.7000000000007,504.78000000000003,7571.7000000000007,null,null,null,null,null,null,null,null,null,null,null,null,null,null,null,null,null,null,null,null,null,null,504.78000000000003]
["802-09840","SIGN, SHEET, WITH LEGEND 0.100 IN","S.F.",104.10000000000001,1873.8000000000002,104.10000000000001,1873.8000000000002,104.10000000000001,1873.8000000000002,104.10000000000001,1873.8000000000002,null,null,null,null,null,null,null,null,null,null,null,null,null,null,null,null,null,null,null,null,null,null,104.10000000000001]
["802-09842","SIGN, SHEET,  WITH LEGEND 0.125 IN","S.F.",78,1404,78,1404,78,1404,78,1404,null,null,null,null,null,null,null,null,null,null,null,null,null,null,null,null,null,null,null,null,null,null,78]
["802-74040","SIGN AND SUPPORTS, WIDE FLANGE, REMOVE","EACH",6,1050,6,1050,6,1050,6,1050,null,null,null,null,null,null,null,null,null,null,null,null,null,null,null,null,null,null,null,null,null,null,6]
["802-76095","STRUCTURAL STEEL, BREAKAWAY","LBS",4874,19496,4874,19496,4874,19496,4874,19496,null,null,null,null,null,null,null,null,null,null,null,null,null,null,null,null,null,null,null,null,null,null,4874]
["804-06771","DELINEATOR POST, FLEXIBLE","EACH",50,1750,50,1650,50,2000,50,1750,null,null,null,null,null,null,null,null,null,null,null,null,null,null,null,null,null,null,null,null,null,null,50]
["805-01300","TRAFFIC SIGNAL EQUIPMENT, REMOVE","EACH",2,3600,2,3600,2,3600,2,3600,null,null,null,null,null,null,null,null,null,null,null,null,null,null,null,null,null,null,null,null,null,null,2]
["805-01815","SIGNAL SUPPORT FOUNDATION, 3 FT. X 12 FT.","EACH",10,20100,10,20100,10,20100,10,20100,null,null,null,null,null,null,null,null,null,null,null,null,null,null,null,null,null,null,null,null,null,null,10]
["805-01842","HANDHOLE, SIGNAL","EACH",21,14700,21,14700,21,14700,21,14700,null,null,null,null,null,null,null,null,null,null,null,null,null,null,null,null,null,null,null,null,null,null,21]
["805-01843","SIGNAL HANDHOLE ADJUST TO GRADE","EACH",4,1200,4,1200,4,1200,4,1200,null,null,null,null,null,null,null,null,null,null,null,null,null,null,null,null,null,null,null,null,null,null,4]
["805-01844","GALVANIZED STEEL CONDUIT, 2 IN., UNDERGROUND","L.F.",4042,44462,4042,44462,4042,44462,4042,44462,null,null,null,null,null,null,null,null,null,null,null,null,null,null,null,null,null,null,null,null,null,null,4042]
["805-02087","TRANSPORTATION OF SALVAGEABLE SIGNAL EQUIPMEN","L.S.",1,500,1,500,1,500,1,500,null,null,null,null,null,null,null,null,null,null,null,null,null,null,null,null,null,null,null,null,null,null,1]
["805-02373","INTERCONNECT CABLE, FIBER OPTIC","L.F.",2057,5348.2000000000007,2057,5348.2000000000007,2057,5348.2000000000007,2057,5348.2000000000007,null,null,null,null,null,null,null,null,null,null,null,null,null,null,null,null,null,null,null,null,null,null,2057]
["805-09539","LOOP DETECTOR DELAY COUNTING AMPLIFIER,","EACH",2,2200,2,2200,2,2200,2,2200,null,null,null,null,null,null,null,null,null,null,null,null,null,null,null,null,null,null,null,null,null,null,2]
["805-78109","CONTROLLER AND CABINET, SECONDARY, MENU DRIVE","EACH",1,13900,1,13900,1,13900,1,13900,null,null,null,null,null,null,null,null,null,null,null,null,null,null,null,null,null,null,null,null,null,null,1]
["805-78205","TRAFFIC SIGNAL HEAD, 3 FACE, 12.20 IN. RED, A","EACH",20,15540,20,15540,20,15540,20,15540,null,null,null,null,null,null,null,null,null,null,null,null,null,null,null,null,null,null,null,null,null,null,20]
["805-78230","TRAFFIC SIGNAL HEAD, 5 FACE, 12.20 IN. RED, A","EACH",4,4800,4,4800,4,4800,4,4800,null,null,null,null,null,null,null,null,null,null,null,null,null,null,null,null,null,null,null,null,null,null,4]
["805-78415","SPAN CATENARY AND TETHER","EACH",10,17400,10,17400,10,17400,10,17400,null,null,null,null,null,null,null,null,null,null,null,null,null,null,null,null,null,null,null,null,null,null,10]
["805-78420","DISCONNECT HANGER","EACH",10,3400,10,3400,10,3400,10,3400,null,null,null,null,null,null,null,null,null,null,null,null,null,null,null,null,null,null,null,null,null,null,10]
["805-78467","SIGNAL CABLE, 3C 8GA.","L.F.",55,165,55,165,55,165,55,165,null,null,null,null,null,null,null,null,null,null,null,null,null,null,null,null,null,null,null,null,null,null,{"$f":"MAX(F201,H201,J201,L201,N201,P201,R201,T201,V201,X201,Z201)","v":55}]
["805-78470","SIGNAL CABLE, ROADWAY LOOP, 1C 14GA.","L.F.",6552,2096.64,6552,2096.64,6552,2096.64,6552,2096.64,null,null,null,null,null,null,null,null,null,null,null,null,null,null,null,null,null,null,null,null,null,null,6552]
["805-78485","SIGNAL CABLE, 5C 14GA.","L.F.",538,645.6,538,645.6,538,645.6,538,645.6,null,null,null,null,null,null,null,null,null,null,null,null,null,null,null,null,null,null,null,null,null,null,538]
["805-78490","SIGNAL CABLE, 7C 14GA.","L.F.",2486,3977.6000000000004,2486,3977.6000000000004,2486,3977.6000000000004,2486,3977.6000000000004,null,null,null,null,null,null,null,null,null,null,null,null,null,null,null,null,null,null,null,null,null,null,2486]
["805-78510","SIGNAL CABLE, 2C 16GA., SHIELDED","L.F.",7814,6251.2000000000007,7814,6251.2000000000007,7814,6251.2000000000007,7814,6251.2000000000007,null,null,null,null,null,null,null,null,null,null,null,null,null,null,null,null,null,null,null,null,null,null,7814]
["805-78785","SIGNAL DETECTOR HOUSING","EACH",17,6970,17,6970,17,6970,17,6970,null,null,null,null,null,null,null,null,null,null,null,null,null,null,null,null,null,null,null,null,null,null,17]
["805-78795","SAW CUT FOR ROADWAY LOOP AND SEALER","L.F.",2336,18688,2336,18688,2336,18688,2336,18688,null,null,null,null,null,null,null,null,null,null,null,null,null,null,null,null,null,null,null,null,null,null,2336]
["805-78925","CONTROLLER CABINET FOUNDATION, P1","EACH",1,710,1,710,1,710,1,710,null,null,null,null,null,null,null,null,null,null,null,null,null,null,null,null,null,null,null,null,null,null,1]
["805-81060","SIGNAL STRAIN POLE, STEEL, 36 FT.","EACH",10,52100,10,52100,10,52100,10,52100,null,null,null,null,null,null,null,null,null,null,null,null,null,null,null,null,null,null,null,null,null,null,10]
["805-86890","POLE CIRCUIT CABLE, 1C NO. 10 THW OR TW STRAN","L.F.",840,739.2,840,739.2,840,739.2,840,739.2,null,null,null,null,null,null,null,null,null,null,null,null,null,null,null,null,null,null,null,null,null,null,840]
["805-92504","LOOP DETECTOR DELAY AMPLIFIER, 2 CHANNEL","EACH",10,2980,10,2980,10,2980,10,2980,null,null,null,null,null,null,null,null,null,null,null,null,null,null,null,null,null,null,null,null,null,null,10]
["807-01603","SERVICE POINT, TYPE II","EACH",2,6400,2,6400,2,6400,2,6400,null,null,null,null,null,null,null,null,null,null,null,null,null,null,null,null,null,null,null,null,null,null,2]
["807-02191","HANDHOLE, LIGHTING","EACH",3,2100,3,2100,3,2100,3,2100,null,null,null,null,null,null,null,null,null,null,null,null,null,null,null,null,null,null,null,null,null,null,3]
["807-02193","LIGHT STANDARD FOUNDATION, 3 FT. DIA. X 8 FT.","EACH",8,6400,8,6400,8,6400,8,6400,null,null,null,null,null,null,null,null,null,null,null,null,null,null,null,null,null,null,null,null,null,null,8]
["807-02426","WIRE, THW, NO. 4 COPPER, IN PLASTIC","L.F.",535,4691.95,535,4691.95,535,4691.95,535,4691.95,null,null,null,null,null,null,null,null,null,null,null,null,null,null,null,null,null,null,null,null,null,null,535]
["807-03051","LIGHT CABLE, 1C/10","L.F.",960,960,960,960,960,960,960,960,null,null,null,null,null,null,null,null,null,null,null,null,null,null,null,null,null,null,null,null,null,null,960]
["807-07580","WIRE, NO.4, COPPER, IN PLASTIC DUCT, IN TRENC","L.F.",2990,26222.300000000003,2990,26222.300000000003,2990,26222.300000000003,2990,26222.300000000003,null,null,null,null,null,null,null,null,null,null,null,null,null,null,null,null,null,null,null,null,null,null,2990]
["807-82052","UNDERPASS CIRCUIT INSTALLATION, 2 LUMINAIRES","EACH",2,1084,2,1084,2,1084,2,1084,null,null,null,null,null,null,null,null,null,null,null,null,null,null,null,null,null,null,null,null,null,null,2]
["807-85752","LIGHT POLE, 40 FT. E.M.H., 10.0 FT. MAST ARM,","EACH",8,11400,8,11400,8,11400,8,11400,null,null,null,null,null,null,null,null,null,null,null,null,null,null,null,null,null,null,null,null,null,null,8]
["807-86620","LUMINAIRE, ROADWAY, HIGH PRESSURE SODIUM, 400","EACH",8,2400,8,2400,8,2400,8,2400,null,null,null,null,null,null,null,null,null,null,null,null,null,null,null,null,null,null,null,null,null,null,8]
["807-86750","LUMINAIRE UNDERPASS, WALL MOUNTED, HIGH PRESS","EACH",4,3380,4,3380,4,3380,4,3380,null,null,null,null,null,null,null,null,null,null,null,null,null,null,null,null,null,null,null,null,null,null,4]
["807-86910","CONNECTOR KIT, UNFUSED","EACH",8,152,8,152,8,152,8,152,null,null,null,null,null,null,null,null,null,null,null,null,null,null,null,null,null,null,null,null,null,null,8]
["807-86915","CONNECTOR KIT, FUSED","EACH",8,160,8,160,8,160,8,160,null,null,null,null,null,null,null,null,null,null,null,null,null,null,null,null,null,null,null,null,null,null,8]
["807-86920","MULTIPLE COMPRESSION FITTING, NOT WATERPROOFE","EACH",18,306,18,306,18,306,18,306,null,null,null,null,null,null,null,null,null,null,null,null,null,null,null,null,null,null,null,null,null,null,18]
["807-86925","MULTIPLE COMPRESSION FITTING, WATERPROOFED","EACH",12,252,12,252,12,252,12,252,null,null,null,null,null,null,null,null,null,null,null,null,null,null,null,null,null,null,null,null,null,null,12]
["807-86930","INSULATION LINK, NONWATERPROOFED","EACH",16,272,16,272,16,272,16,272,null,null,null,null,null,null,null,null,null,null,null,null,null,null,null,null,null,null,null,null,null,null,16]
["807-86935","INSULATION LINK, WATERPROOFED","EACH",12,252,12,252,12,252,12,252,null,null,null,null,null,null,null,null,null,null,null,null,null,null,null,null,null,null,null,null,null,null,12]
["807-86955","CABLE DUCT MARKER","EACH",11,770,11,770,11,770,11,770,null,null,null,null,null,null,null,null,null,null,null,null,null,null,null,null,null,null,null,null,null,null,11]
["808-06703","LINE, THERMOPLASTIC, SOLID, WHITE, 4 IN.","L.F.",2771,969.85,2771,969.85,2771,969.85,2771,969.85,null,null,null,null,null,null,null,null,null,null,null,null,null,null,null,null,null,null,null,null,null,null,2771]
["808-06716","LINE, REMOVE","L.F.",3615,1373.7,3615,1265.25,3615,1373.7,3615,1373.7,null,null,null,null,null,null,null,null,null,null,null,null,null,null,null,null,null,null,null,null,null,null,3615]
["808-09381","RETRO-REFLECTIVITY TEST","L.S.",1,800,1,800,1,800,1,800,null,null,null,null,null,null,null,null,null,null,null,null,null,null,null,null,null,null,null,null,null,null,1]
["808-10031","LINE, MULTI-COMP, BROKEN, WHITE, 4 IN","L.F.",2630,657.5,2630,657.5,2630,657.5,2630,657.5,null,null,null,null,null,null,null,null,null,null,null,null,null,null,null,null,null,null,null,null,null,null,2630]
["808-10033","LINE, MULTI-COMP, SOLID, WHITE, 4 IN","L.F.",29503,7375.75,29503,7375.75,29503,7375.75,29503,7375.75,null,null,null,null,null,null,null,null,null,null,null,null,null,null,null,null,null,null,null,null,null,null,29503]
["808-10034","LINE, MULTI-COMP, SOLID, YELLOW, 4 IN","L.F.",13980,3495,13980,3495,13980,3495,13980,3495,null,null,null,null,null,null,null,null,null,null,null,null,null,null,null,null,null,null,null,null,null,null,13980]
["808-10036","LINE, MULTI-COMP, BROKEN, YELLOW, 4 IN","L.F.",300,75,300,75,300,75,300,75,null,null,null,null,null,null,null,null,null,null,null,null,null,null,null,null,null,null,null,null,null,null,300]
["808-10037","LINE, MULTI-COMP, SOLID, WHITE, 8 IN","L.F.",1838,919,1838,919,1838,919,1838,919,null,null,null,null,null,null,null,null,null,null,null,null,null,null,null,null,null,null,null,null,null,null,1838]
["808-10038","TRANSVERSE MKGS MULTI-COMP SOLID WHITE,","L.F.",999,7992,999,7992,999,7992,999,7992,null,null,null,null,null,null,null,null,null,null,null,null,null,null,null,null,null,null,null,null,null,null,999]
["808-10042","TRANSVERSE MKG MULTI-COMP SOLID YELLOW","L.F.",210,840,210,840,210,840,210,840,null,null,null,null,null,null,null,null,null,null,null,null,null,null,null,null,null,null,null,null,null,null,210]
["808-10051","TRANSVERSE MKG MULTI-COMP, STOP LINE,","L.F.",354,2832,354,2832,354,2832,354,2832,null,null,null,null,null,null,null,null,null,null,null,null,null,null,null,null,null,null,null,null,null,null,354]
["808-10052","PAVEMENT MESSAGE MKG, MULTI-COMP, (ONLY","EACH",20,1980,20,1980,20,1980,20,1980,null,null,null,null,null,null,null,null,null,null,null,null,null,null,null,null,null,null,null,null,null,null,20]
["808-10058","LINE, MULTI-COMP, SOLID, YELLOW, 8 IN","L.F.",4078,2039,4078,2039,4078,2039,4078,2039,null,null,null,null,null,null,null,null,null,null,null,null,null,null,null,null,null,null,null,null,null,null,4078]
["808-10066","PAVEMENT MESSAGE MARKINGS,","EACH",5,490,5,490,5,490,5,490,null,null,null,null,null,null,null,null,null,null,null,null,null,null,null,null,null,null,null,null,null,null,5]
["808-10077","PAVEMENT MESSAGE MARKINGS,","EACH",51,4080,51,4080,51,4080,51,4080,null,null,null,null,null,null,null,null,null,null,null,null,null,null,null,null,null,null,null,null,null,null,51]
["808-10078","LINE MULTI-COMP DOTTED, WHITE, 4 IN, 24","L.F.",130,520,130,520,130,520,130,520,null,null,null,null,null,null,null,null,null,null,null,null,null,null,null,null,null,null,null,null,null,null,130]
["808-10119","TRANSVERSE MARKING, MULTI-COMPONENT,","L.F.",477,3758.76,477,3758.76,477,3758.76,477,3758.76,null,null,null,null,null,null,null,null,null,null,null,null,null,null,null,null,null,null,null,null,null,null,477]
["808-75245","LINE, THERMOPLASTIC, SOLID, YELLOW, 4 IN.","L.F.",3086,1080.1000000000001,3086,1080.1000000000001,3086,1080.1000000000001,3086,1080.1000000000001,null,null,null,null,null,null,null,null,null,null,null,null,null,null,null,null,null,null,null,null,null,null,3086]
["808-75996","SNOWPLOWABLE RAISED PAVEMENT MARKER, REMOVE","EACH",200,850,200,850,200,800,200,850,null,null,null,null,null,null,null,null,null,null,null,null,null,null,null,null,null,null,null,null,null,null,200]
["808-75998","SNOWPLOWABLE RAISED PAVEMENT MARKER","EACH",432,8316,432,8316,432,8117.28,432,8316,null,null,null,null,null,null,null,null,null,null,null,null,null,null,null,null,null,null,null,null,null,null,432]
[null,null,null,null,null,null,null,null,null,null,null,null,null,null,null,null,null,null,null,null,null,null,null,null,null,null,null,null,null,null,null,null,null,0]
[null,null,null,null,null,null,null,null,null,null,null,null,null,null,null,null,null,null,null,null,null,null,null,null,null,null,null,null,null,null,null,null,null,0]
[null,null,null,null,null,null,null,null,null,null,null,null,null,null,null,null,null,null,null,null,null,null,null,null,null,null,null,null,null,null,null,null,null,0]
[null,null,null,null,null,null,null,null,null,null,null,null,null,null,null,null,null,null,null,null,null,null,null,null,null,null,null,null,null,null,null,null,null,0]
[null,null,null,null,null,null,null,null,null,null,null,null,null,null,null,null,null,null,null,null,null,null,null,null,null,null,null,null,null,null,null,null,null,0]
[null,null,null,null,null,null,null,null,null,null,null,null,null,null,null,null,null,null,null,null,null,null,null,null,null,null,null,null,null,null,null,null,null,0]
[null,null,null,null,null,null,null,null,null,null,null,null,null,null,null,null,null,null,null,null,null,null,null,null,null,null,null,null,null,null,null,null,null,0]
[null,null,null,null,null,null,null,null,null,null,null,null,null,null,null,null,null,null,null,null,null,null,null,null,null,null,null,null,null,null,null,null,null,0]
[null,null,null,null,null,null,null,null,null,null,null,null,null,null,null,null,null,null,null,null,null,null,null,null,null,null,null,null,null,null,null,null,null,0]
[null,null,null,null,null,null,null,null,null,null,null,null,null,null,null,null,null,null,null,null,null,null,null,null,null,null,null,null,null,null,null,null,null,0]
[null,null,null,null,null,null,null,null,null,null,null,null,null,null,null,null,null,null,null,null,null,null,null,null,null,null,null,null,null,null,null,null,null,0]
[null,null,null,null,null,null,null,null,null,null,null,null,null,null,null,null,null,null,null,null,null,null,null,null,null,null,null,null,null,null,null,null,null,0]
[null,null,null,null,null,null,null,null,null,null,null,null,null,null,null,null,null,null,null,null,null,null,null,null,null,null,null,null,null,null,null,null,null,0]
[null,null,null,null,null,null,null,null,null,null,null,null,null,null,null,null,null,null,null,null,null,null,null,null,null,null,null,null,null,null,null,null,null,0]
[null,null,null,null,null,null,null,null,null,null,null,null,null,null,null,null,null,null,null,null,null,null,null,null,null,null,null,null,null,null,null,null,null,0]
[null,null,null,null,null,null,null,null,null,null,null,null,null,null,null,null,null,null,null,null,null,null,null,null,null,null,null,null,null,null,null,null,null,0]
[null,null,null,null,null,null,null,null,null,null,null,null,null,null,null,null,null,null,null,null,null,null,null,null,null,null,null,null,null,null,null,null,null,{"$f":"MAX(F265,H265,J265,L265,N265,P265,R265,T265,V265,X265,Z265)","v":0}]
[null,null,null,null,null,null,null,null,null,null,null,null,null,null,null,null,null,null,null,null,null,null,null,null,null,null,null,null,null,null,null,null,null,0]
[null,null,null,null,null,null,null,null,null,null,null,null,null,null,null,null,null,null,null,null,null,null,null,null,null,null,null,null,null,null,null,null,null,0]
[null,null,null,null,null,null,null,null,null,null,null,null,null,null,null,null,null,null,null,null,null,null,null,null,null,null,null,null,null,null,null,null,null,0]
[null,null,null,null,null,null,null,null,null,null,null,null,null,null,null,null,null,null,null,null,null,null,null,null,null,null,null,null,null,null,null,null,null,0]
[null,null,null,null,null,null,null,null,null,null,null,null,null,null,null,null,null,null,null,null,null,null,null,null,null,null,null,null,null,null,null,null,null,0]
[null,null,null,null,null,null,null,null,null,null,null,null,null,null,null,null,null,null,null,null,null,null,null,null,null,null,null,null,null,null,null,null,null,0]
[null,null,null,null,null,null,null,null,null,null,null,null,null,null,null,null,null,null,null,null,null,null,null,null,null,null,null,null,null,null,null,null,null,0]
[null,null,null,null,null,null,null,null,null,null,null,null,null,null,null,null,null,null,null,null,null,null,null,null,null,null,null,null,null,null,null,null,null,0]
[null,null,null,null,null,null,null,null,null,null,null,null,null,null,null,null,null,null,null,null,null,null,null,null,null,null,null,null,null,null,null,null,null,0]
[null,null,null,null,null,null,null,null,null,null,null,null,null,null,null,null,null,null,null,null,null,null,null,null,null,null,null,null,null,null,null,null,null,0]
[null,null,null,null,null,null,null,null,null,null,null,null,null,null,null,null,null,null,null,null,null,null,null,null,null,null,null,null,null,null,null,null,null,0]
[null,null,null,null,null,null,null,null,null,null,null,null,null,null,null,null,null,null,null,null,null,null,null,null,null,null,null,null,null,null,null,null,null,0]
[null,null,null,null,null,null,null,null,null,null,null,null,null,null,null,null,null,null,null,null,null,null,null,null,null,null,null,null,null,null,null,null,null,0]
[null,null,null,null,null,null,null,null,null,null,null,null,null,null,null,null,null,null,null,null,null,null,null,null,null,null,null,null,null,null,null,null,null,0]
[null,null,null,null,null,null,null,null,null,null,null,null,null,null,null,null,null,null,null,null,null,null,null,null,null,null,null,null,null,null,null,null,null,0]
[null,null,null,null,null,null,null,null,null,null,null,null,null,null,null,null,null,null,null,null,null,null,null,null,null,null,null,null,null,null,null,null,null,0]
[null,null,null,null,null,null,null,null,null,null,null,null,null,null,null,null,null,null,null,null,null,null,null,null,null,null,null,null,null,null,null,null,null,0]
[null,null,null,null,null,null,null,null,null,null,null,null,null,null,null,null,null,null,null,null,null,null,null,null,null,null,null,null,null,null,null,null,null,0]
[null,null,null,null,null,null,null,null,null,null,null,null,null,null,null,null,null,null,null,null,null,null,null,null,null,null,null,null,null,null,null,null,null,0]
[null,null,null,null,null,null,null,null,null,null,null,null,null,null,null,null,null,null,null,null,null,null,null,null,null,null,null,null,null,null,null,null,null,0]
[null,null,null,null,null,null,null,null,null,null,null,null,null,null,null,null,null,null,null,null,null,null,null,null,null,null,null,null,null,null,null,null,null,0]
[null,null,null,null,null,null,null,null,null,null,null,null,null,null,null,null,null,null,null,null,null,null,null,null,null,null,null,null,null,null,null,null,null,0]
[null,null,null,null,null,null,null,null,null,null,null,null,null,null,null,null,null,null,null,null,null,null,null,null,null,null,null,null,null,null,null,null,null,0]
[null,null,null,null,null,null,null,null,null,null,null,null,null,null,null,null,null,null,null,null,null,null,null,null,null,null,null,null,null,null,null,null,null,0]
[null,null,null,null,null,null,null,null,null,null,null,null,null,null,null,null,null,null,null,null,null,null,null,null,null,null,null,null,null,null,null,null,null,0]
[null,null,null,null,null,null,null,null,null,null,null,null,null,null,null,null,null,null,null,null,null,null,null,null,null,null,null,null,null,null,null,null,null,0]
[null,null,null,null,null,null,null,null,null,null,null,null,null,null,null,null,null,null,null,null,null,null,null,null,null,null,null,null,null,null,null,null,null,0]
[null,null,null,null,null,null,null,null,null,null,null,null,null,null,null,null,null,null,null,null,null,null,null,null,null,null,null,null,null,null,null,null,null,0]
[null,null,null,null,null,null,null,null,null,null,null,null,null,null,null,null,null,null,null,null,null,null,null,null,null,null,null,null,null,null,null,null,null,0]
[null,null,null,null,null,null,null,null,null,null,null,null,null,null,null,null,null,null,null,null,null,null,null,null,null,null,null,null,null,null,null,null,null,0]
[null,null,null,null,null,null,null,null,null,null,null,null,null,null,null,null,null,null,null,null,null,null,null,null,null,null,null,null,null,null,null,null,null,0]
[null,null,null,null,null,null,null,null,null,null,null,null,null,null,null,null,null,null,null,null,null,null,null,null,null,null,null,null,null,null,null,null,null,0]
[null,null,null,null,null,null,null,null,null,null,null,null,null,null,null,null,null,null,null,null,null,null,null,null,null,null,null,null,null,null,null,null,null,0]
[null,null,null,null,null,null,null,null,null,null,null,null,null,null,null,null,null,null,null,null,null,null,null,null,null,null,null,null,null,null,null,null,null,0]
[null,null,null,null,null,null,null,null,null,null,null,null,null,null,null,null,null,null,null,null,null,null,null,null,null,null,null,null,null,null,null,null,null,0]
[null,null,null,null,null,null,null,null,null,null,null,null,null,null,null,null,null,null,null,null,null,null,null,null,null,null,null,null,null,null,null,null,null,0]
[null,null,null,null,null,null,null,null,null,null,null,null,null,null,null,null,null,null,null,null,null,null,null,null,null,null,null,null,null,null,null,null,null,0]
[null,null,null,null,null,null,null,null,null,null,null,null,null,null,null,null,null,null,null,null,null,null,null,null,null,null,null,null,null,null,null,null,null,0]
[null,null,null,null,null,null,null,null,null,null,null,null,null,null,null,null,null,null,null,null,null,null,null,null,null,null,null,null,null,null,null,null,null,0]
[null,null,null,null,null,null,null,null,null,null,null,null,null,null,null,null,null,null,null,null,null,null,null,null,null,null,null,null,null,null,null,null,null,0]
[null,null,null,null,null,null,null,null,null,null,null,null,null,null,null,null,null,null,null,null,null,null,null,null,null,null,null,null,null,null,null,null,null,0]
[null,null,null,null,null,null,null,null,null,null,null,null,null,null,null,null,null,null,null,null,null,null,null,null,null,null,null,null,null,null,null,null,null,0]
[null,null,null,null,null,null,null,null,null,null,null,null,null,null,null,null,null,null,null,null,null,null,null,null,null,null,null,null,null,null,null,null,null,0]
[null,null,null,null,null,null,null,null,null,null,null,null,null,null,null,null,null,null,null,null,null,null,null,null,null,null,null,null,null,null,null,null,null,0]
[null,null,null,null,null,null,null,null,null,null,null,null,null,null,null,null,null,null,null,null,null,null,null,null,null,null,null,null,null,null,null,null,null,0]
[null,null,null,null,null,null,null,null,null,null,null,null,null,null,null,null,null,null,null,null,null,null,null,null,null,null,null,null,null,null,null,null,null,0]
[null,null,null,null,null,null,null,null,null,null,null,null,null,null,null,null,null,null,null,null,null,null,null,null,null,null,null,null,null,null,null,null,null,0]
[null,null,null,null,null,null,null,null,null,null,null,null,null,null,null,null,null,null,null,null,null,null,null,null,null,null,null,null,null,null,null,null,null,0]
[null,null,null,null,null,null,null,null,null,null,null,null,null,null,null,null,null,null,null,null,null,null,null,null,null,null,null,null,null,null,null,null,null,0]
[null,null,null,null,null,null,null,null,null,null,null,null,null,null,null,null,null,null,null,null,null,null,null,null,null,null,null,null,null,null,null,null,null,0]
[null,null,null,null,null,null,null,null,null,null,null,null,null,null,null,null,null,null,null,null,null,null,null,null,null,null,null,null,null,null,null,null,null,0]
[null,null,null,null,null,null,null,null,null,null,null,null,null,null,null,null,null,null,null,null,null,null,null,null,null,null,null,null,null,null,null,null,null,0]
[null,null,null,null,null,null,null,null,null,null,null,null,null,null,null,null,null,null,null,null,null,null,null,null,null,null,null,null,null,null,null,null,null,0]
[null,null,null,null,null,null,null,null,null,null,null,null,null,null,null,null,null,null,null,null,null,null,null,null,null,null,null,null,null,null,null,null,null,0]
[null,null,null,null,null,null,null,null,null,null,null,null,null,null,null,null,null,null,null,null,null,null,null,null,null,null,null,null,null,null,null,null,null,0]
[null,null,null,null,null,null,null,null,null,null,null,null,null,null,null,null,null,null,null,null,null,null,null,null,null,null,null,null,null,null,null,null,null,0]
[null,null,null,null,null,null,null,null,null,null,null,null,null,null,null,null,null,null,null,null,null,null,null,null,null,null,null,null,null,null,null,null,null,0]
[null,null,null,null,null,null,null,null,null,null,null,null,null,null,null,null,null,null,null,null,null,null,null,null,null,null,null,null,null,null,null,null,null,0]
[null,null,null,null,null,null,null,null,null,null,null,null,null,null,null,null,null,null,null,null,null,null,null,null,null,null,null,null,null,null,null,null,null,0]
[null,null,null,null,null,null,null,null,null,null,null,null,null,null,null,null,null,null,null,null,null,null,null,null,null,null,null,null,null,null,null,null,null,0]
[null,null,null,null,null,null,null,null,null,null,null,null,null,null,null,null,null,null,null,null,null,null,null,null,null,null,null,null,null,null,null,null,null,0]
[null,null,null,null,null,null,null,null,null,null,null,null,null,null,null,null,null,null,null,null,null,null,null,null,null,null,null,null,null,null,null,null,null,0]
[null,null,null,null,null,null,null,null,null,null,null,null,null,null,null,null,null,null,null,null,null,null,null,null,null,null,null,null,null,null,null,null,null,0]
[null,null,null,null,null,null,null,null,null,null,null,null,null,null,null,null,null,null,null,null,null,null,null,null,null,null,null,null,null,null,null,null,null,{"$f":"MAX(F329,H329,J329,L329,N329,P329,R329,T329,V329,X329,Z329)","v":0}]
[null,null,null,null,null,null,null,null,null,null,null,null,null,null,null,null,null,null,null,null,null,null,null,null,null,null,null,null,null,null,null,null,null,0]
[null,null,null,null,null,null,null,null,null,null,null,null,null,null,null,null,null,null,null,null,null,null,null,null,null,null,null,null,null,null,null,null,null,0]
[null,null,null,null,null,null,null,null,null,null,null,null,null,null,null,null,null,null,null,null,null,null,null,null,null,null,null,null,null,null,null,null,null,0]
[null,null,null,null,null,null,null,null,null,null,null,null,null,null,null,null,null,null,null,null,null,null,null,null,null,null,null,null,null,null,null,null,null,0]
[null,null,null,null,null,null,null,null,null,null,null,null,null,null,null,null,null,null,null,null,null,null,null,null,null,null,null,null,null,null,null,null,null,0]
[null,null,null,null,null,null,null,null,null,null,null,null,null,null,null,null,null,null,null,null,null,null,null,null,null,null,null,null,null,null,null,null,null,0]
[null,null,null,null,null,null,null,null,null,null,null,null,null,null,null,null,null,null,null,null,null,null,null,null,null,null,null,null,null,null,null,null,null,0]
[null,null,null,null,null,null,null,null,null,null,null,null,null,null,null,null,null,null,null,null,null,null,null,null,null,null,null,null,null,null,null,null,null,0]
[null,null,null,null,null,null,null,null,null,null,null,null,null,null,null,null,null,null,null,null,null,null,null,null,null,null,null,null,null,null,null,null,null,0]
[null,null,null,null,null,null,null,null,null,null,null,null,null,null,null,null,null,null,null,null,null,null,null,null,null,null,null,null,null,null,null,null,null,0]
[null,null,null,null,null,null,null,null,null,null,null,null,null,null,null,null,null,null,null,null,null,null,null,null,null,null,null,null,null,null,null,null,null,0]
[null,null,null,null,null,null,null,null,null,null,null,null,null,null,null,null,null,null,null,null,null,null,null,null,null,null,null,null,null,null,null,null,null,0]
[null,null,null,null,null,null,null,null,null,null,null,null,null,null,null,null,null,null,null,null,null,null,null,null,null,null,null,null,null,null,null,null,null,0]
[null,null,null,null,null,null,null,null,null,null,null,null,null,null,null,null,null,null,null,null,null,null,null,null,null,null,null,null,null,null,null,null,null,0]
[null,null,null,null,null,null,null,null,null,null,null,null,null,null,null,null,null,null,null,null,null,null,null,null,null,null,null,null,null,null,null,null,null,0]
[null,null,null,null,null,null,null,null,null,null,null,null,null,null,null,null,null,null,null,null,null,null,null,null,null,null,null,null,null,null,null,null,null,0]
[null,null,null,null,null,null,null,null,null,null,null,null,null,null,null,null,null,null,null,null,null,null,null,null,null,null,null,null,null,null,null,null,null,0]
[null,null,null,null,null,null,null,null,null,null,null,null,null,null,null,null,null,null,null,null,null,null,null,null,null,null,null,null,null,null,null,null,null,0]
[null,null,null,null,null,null,null,null,null,null,null,null,null,null,null,null,null,null,null,null,null,null,null,null,null,null,null,null,null,null,null,null,null,0]
[null,null,null,null,null,null,null,null,null,null,null,null,null,null,null,null,null,null,null,null,null,null,null,null,null,null,null,null,null,null,null,null,null,0]
[null,null,null,null,null,null,null,null,null,null,null,null,null,null,null,null,null,null,null,null,null,null,null,null,null,null,null,null,null,null,null,null,null,0]
[null,null,null,null,null,null,null,null,null,null,null,null,null,null,null,null,null,null,null,null,null,null,null,null,null,null,null,null,null,null,null,null,null,0]
[null,null,null,null,null,null,null,null,null,null,null,null,null,null,null,null,null,null,null,null,null,null,null,null,null,null,null,null,null,null,null,null,null,0]
[null,null,null,null,null,null,null,null,null,null,null,null,null,null,null,null,null,null,null,null,null,null,null,null,null,null,null,null,null,null,null,null,null,0]
[null,null,null,null,null,null,null,null,null,null,null,null,null,null,null,null,null,null,null,null,null,null,null,null,null,null,null,null,null,null,null,null,null,0]
[null,null,null,null,null,null,null,null,null,null,null,null,null,null,null,null,null,null,null,null,null,null,null,null,null,null,null,null,null,null,null,null,null,0]
[null,null,null,null,null,null,null,null,null,null,null,null,null,null,null,null,null,null,null,null,null,null,null,null,null,null,null,null,null,null,null,null,null,0]
[null,null,null,null,null,null,null,null,null,null,null,null,null,null,null,null,null,null,null,null,null,null,null,null,null,null,null,null,null,null,null,null,null,0]
[null,null,null,null,null,null,null,null,null,null,null,null,null,null,null,null,null,null,null,null,null,null,null,null,null,null,null,null,null,null,null,null,null,0]
[null,null,null,null,null,null,null,null,null,null,null,null,null,null,null,null,null,null,null,null,null,null,null,null,null,null,null,null,null,null,null,null,null,0]
[null,null,null,null,null,null,null,null,null,null,null,null,null,null,null,null,null,null,null,null,null,null,null,null,null,null,null,null,null,null,null,null,null,0]
[null,null,null,null,null,null,null,null,null,null,null,null,null,null,null,null,null,null,null,null,null,null,null,null,null,null,null,null,null,null,null,null,null,0]
[null,null,null,null,null,null,null,null,null,null,null,null,null,null,null,null,null,null,null,null,null,null,null,null,null,null,null,null,null,null,null,null,null,0]
[null,null,null,null,null,null,null,null,null,null,null,null,null,null,null,null,null,null,null,null,null,null,null,null,null,null,null,null,null,null,null,null,null,0]
[null,null,null,null,null,null,null,null,null,null,null,null,null,null,null,null,null,null,null,null,null,null,null,null,null,null,null,null,null,null,null,null,null,0]
[null,null,null,null,null,null,null,null,null,null,null,null,null,null,null,null,null,null,null,null,null,null,null,null,null,null,null,null,null,null,null,null,null,0]
[null,null,null,null,null,null,null,null,null,null,null,null,null,null,null,null,null,null,null,null,null,null,null,null,null,null,null,null,null,null,null,null,null,0]
[null,null,null,null,null,null,null,null,null,null,null,null,null,null,null,null,null,null,null,null,null,null,null,null,null,null,null,null,null,null,null,null,null,0]
[null,null,null,null,null,null,null,null,null,null,null,null,null,null,null,null,null,null,null,null,null,null,null,null,null,null,null,null,null,null,null,null,null,0]
[null,null,null,null,null,null,null,null,null,null,null,null,null,null,null,null,null,null,null,null,null,null,null,null,null,null,null,null,null,null,null,null,null,0]
[null,null,null,null,null,null,null,null,null,null,null,null,null,null,null,null,null,null,null,null,null,null,null,null,null,null,null,null,null,null,null,null,null,0]
[null,null,null,null,null,null,null,null,null,null,null,null,null,null,null,null,null,null,null,null,null,null,null,null,null,null,null,null,null,null,null,null,null,0]
[null,null,null,null,null,null,null,null,null,null,null,null,null,null,null,null,null,null,null,null,null,null,null,null,null,null,null,null,null,null,null,null,null,0]
[null,null,null,null,null,null,null,null,null,null,null,null,null,null,null,null,null,null,null,null,null,null,null,null,null,null,null,null,null,null,null,null,null,0]
[null,null,null,null,null,null,null,null,null,null,null,null,null,null,null,null,null,null,null,null,null,null,null,null,null,null,null,null,null,null,null,null,null,0]
[null,null,null,null,null,null,null,null,null,null,null,null,null,null,null,null,null,null,null,null,null,null,null,null,null,null,null,null,null,null,null,null,null,0]
[null,null,null,null,null,null,null,null,null,null,null,null,null,null,null,null,null,null,null,null,null,null,null,null,null,null,null,null,null,null,null,null,null,0]
[null,null,null,null,null,null,null,null,null,null,null,null,null,null,null,null,null,null,null,null,null,null,null,null,null,null,null,null,null,null,null,null,null,0]
[null,null,null,null,null,null,null,null,null,null,null,null,null,null,null,null,null,null,null,null,null,null,null,null,null,null,null,null,null,null,null,null,null,0]
[null,null,null,null,null,null,null,null,null,null,null,null,null,null,null,null,null,null,null,null,null,null,null,null,null,null,null,null,null,null,null,null,null,0]
[null,null,null,null,null,null,null,null,null,null,null,null,null,null,null,null,null,null,null,null,null,null,null,null,null,null,null,null,null,null,null,null,null,0]
[null,null,null,null,null,null,null,null,null,null,null,null,null,null,null,null,null,null,null,null,null,null,null,null,null,null,null,null,null,null,null,null,null,0]
[null,null,null,null,null,null,null,null,null,null,null,null,null,null,null,null,null,null,null,null,null,null,null,null,null,null,null,null,null,null,null,null,null,0]
[null,null,null,null,null,null,null,null,null,null,null,null,null,null,null,null,null,null,null,null,null,null,null,null,null,null,null,null,null,null,null,null,null,0]
[null,null,null,null,null,null,null,null,null,null,null,null,null,null,null,null,null,null,null,null,null,null,null,null,null,null,null,null,null,null,null,null,null,0]
[null,null,null,null,null,null,null,null,null,null,null,null,null,null,null,null,null,null,null,null,null,null,null,null,null,null,null,null,null,null,null,null,null,0]
[null,null,null,null,null,null,null,null,null,null,null,null,null,null,null,null,null,null,null,null,null,null,null,null,null,null,null,null,null,null,null,null,null,0]
[null,null,null,null,null,null,null,null,null,null,null,null,null,null,null,null,null,null,null,null,null,null,null,null,null,null,null,null,null,null,null,null,null,0]
[null,null,null,null,null,null,null,null,null,null,null,null,null,null,null,null,null,null,null,null,null,null,null,null,null,null,null,null,null,null,null,null,null,0]
[null,null,null,null,null,null,null,null,null,null,null,null,null,null,null,null,null,null,null,null,null,null,null,null,null,null,null,null,null,null,null,null,null,0]
[null,null,null,null,null,null,null,null,null,null,null,null,null,null,null,null,null,null,null,null,null,null,null,null,null,null,null,null,null,null,null,null,null,0]
[null,null,null,null,null,null,null,null,null,null,null,null,null,null,null,null,null,null,null,null,null,null,null,null,null,null,null,null,null,null,null,null,null,0]
[null,null,null,null,null,null,null,null,null,null,null,null,null,null,null,null,null,null,null,null,null,null,null,null,null,null,null,null,null,null,null,null,null,0]
[null,null,null,null,null,null,null,null,null,null,null,null,null,null,null,null,null,null,null,null,null,null,null,null,null,null,null,null,null,null,null,null,null,{"$f":"MAX(F393,H393,J393,L393,N393,P393,R393,T393,V393,X393,Z393)","v":0}]
[null,null,null,null,null,null,null,null,null,null,null,null,null,null,null,null,null,null,null,null,null,null,null,null,null,null,null,null,null,null,null,null,null,0]
[null,null,null,null,null,null,null,null,null,null,null,null,null,null,null,null,null,null,null,null,null,null,null,null,null,null,null,null,null,null,null,null,null,0]
[null,null,null,null,null,null,null,null,null,null,null,null,null,null,null,null,null,null,null,null,null,null,null,null,null,null,null,null,null,null,null,null,null,0]
[null,null,null,null,null,null,null,null,null,null,null,null,null,null,null,null,null,null,null,null,null,null,null,null,null,null,null,null,null,null,null,null,null,0]
[null,null,null,null,null,null,null,null,null,null,null,null,null,null,null,null,null,null,null,null,null,null,null,null,null,null,null,null,null,null,null,null,null,0]
[null,null,null,null,null,null,null,null,null,null,null,null,null,null,null,null,null,null,null,null,null,null,null,null,null,null,null,null,null,null,null,null,null,0]
[null,null,null,null,null,null,null,null,null,null,null,null,null,null,null,null,null,null,null,null,null,null,null,null,null,null,null,null,null,null,null,null,null,0]
[null,null,null,null,null,null,null,null,null,null,null,null,null,null,null,null,null,null,null,null,null,null,null,null,null,null,null,null,null,null,null,null,null,0]
[null,null,null,null,null,null,null,null,null,null,null,null,null,null,null,null,null,null,null,null,null,null,null,null,null,null,null,null,null,null,null,null,null,0]
[null,null,null,null,null,null,null,null,null,null,null,null,null,null,null,null,null,null,null,null,null,null,null,null,null,null,null,null,null,null,null,null,null,0]
[null,null,null,null,null,null,null,null,null,null,null,null,null,null,null,null,null,null,null,null,null,null,null,null,null,null,null,null,null,null,null,null,null,0]
[null,null,null,null,null,null,null,null,null,null,null,null,null,null,null,null,null,null,null,null,null,null,null,null,null,null,null,null,null,null,null,null,null,0]
[null,null,null,null,null,null,null,null,null,null,null,null,null,null,null,null,null,null,null,null,null,null,null,null,null,null,null,null,null,null,null,null,null,0]
[null,null,null,null,null,null,null,null,null,null,null,null,null,null,null,null,null,null,null,null,null,null,null,null,null,null,null,null,null,null,null,null,null,0]
[null,null,null,null,null,null,null,null,null,null,null,null,null,null,null,null,null,null,null,null,null,null,null,null,null,null,null,null,null,null,null,null,null,0]
[null,null,null,null,null,null,null,null,null,null,null,null,null,null,null,null,null,null,null,null,null,null,null,null,null,null,null,null,null,null,null,null,null,0]
[null,null,null,null,null,null,null,null,null,null,null,null,null,null,null,null,null,null,null,null,null,null,null,null,null,null,null,null,null,null,null,null,null,0]
[null,null,null,null,null,null,null,null,null,null,null,null,null,null,null,null,null,null,null,null,null,null,null,null,null,null,null,null,null,null,null,null,null,0]
[null,null,null,null,null,null,null,null,null,null,null,null,null,null,null,null,null,null,null,null,null,null,null,null,null,null,null,null,null,null,null,null,null,0]
[null,null,null,null,null,null,null,null,null,null,null,null,null,null,null,null,null,null,null,null,null,null,null,null,null,null,null,null,null,null,null,null,null,0]
[null,null,null,null,null,null,null,null,null,null,null,null,null,null,null,null,null,null,null,null,null,null,null,null,null,null,null,null,null,null,null,null,null,0]
[null,null,null,null,null,null,null,null,null,null,null,null,null,null,null,null,null,null,null,null,null,null,null,null,null,null,null,null,null,null,null,null,null,0]
[null,null,null,null,null,null,null,null,null,null,null,null,null,null,null,null,null,null,null,null,null,null,null,null,null,null,null,null,null,null,null,null,null,0]
[null,null,null,null,null,null,null,null,null,null,null,null,null,null,null,null,null,null,null,null,null,null,null,null,null,null,null,null,null,null,null,null,null,0]
[null,null,null,null,null,null,null,null,null,null,null,null,null,null,null,null,null,null,null,null,null,null,null,null,null,null,null,null,null,null,null,null,null,0]
[null,null,null,null,null,null,null,null,null,null,null,null,null,null,null,null,null,null,null,null,null,null,null,null,null,null,null,null,null,null,null,null,null,0]
[null,null,null,null,null,null,null,null,null,null,null,null,null,null,null,null,null,null,null,null,null,null,null,null,null,null,null,null,null,null,null,null,null,0]
[null,null,null,null,null,null,null,null,null,null,null,null,null,null,null,null,null,null,null,null,null,null,null,null,null,null,null,null,null,null,null,null,null,0]
[null,null,null,null,null,null,null,null,null,null,null,null,null,null,null,null,null,null,null,null,null,null,null,null,null,null,null,null,null,null,null,null,null,0]
[null,null,null,null,null,null,null,null,null,null,null,null,null,null,null,null,null,null,null,null,null,null,null,null,null,null,null,null,null,null,null,null,null,0]
[null,null,null,null,null,null,null,null,null,null,null,null,null,null,null,null,null,null,null,null,null,null,null,null,null,null,null,null,null,null,null,null,null,0]
[null,null,null,null,null,null,null,null,null,null,null,null,null,null,null,null,null,null,null,null,null,null,null,null,null,null,null,null,null,null,null,null,null,0]
[null,null,null,null,null,null,null,null,null,null,null,null,null,null,null,null,null,null,null,null,null,null,null,null,null,null,null,null,null,null,null,null,null,0]
[null,null,null,null,null,null,null,null,null,null,null,null,null,null,null,null,null,null,null,null,null,null,null,null,null,null,null,null,null,null,null,null,null,0]
[null,null,null,null,null,null,null,null,null,null,null,null,null,null,null,null,null,null,null,null,null,null,null,null,null,null,null,null,null,null,null,null,null,0]
[null,null,null,null,null,null,null,null,null,null,null,null,null,null,null,null,null,null,null,null,null,null,null,null,null,null,null,null,null,null,null,null,null,0]
[null,null,null,null,null,null,null,null,null,null,null,null,null,null,null,null,null,null,null,null,null,null,null,null,null,null,null,null,null,null,null,null,null,0]
[null,null,null,null,null,null,null,null,null,null,null,null,null,null,null,null,null,null,null,null,null,null,null,null,null,null,null,null,null,null,null,null,null,0]
[null,null,null,null,null,null,null,null,null,null,null,null,null,null,null,null,null,null,null,null,null,null,null,null,null,null,null,null,null,null,null,null,null,0]
[null,null,null,null,null,null,null,null,null,null,null,null,null,null,null,null,null,null,null,null,null,null,null,null,null,null,null,null,null,null,null,null,null,0]
[null,null,null,null,null,null,null,null,null,null,null,null,null,null,null,null,null,null,null,null,null,null,null,null,null,null,null,null,null,null,null,null,null,0]
[null,null,null,null,null,null,null,null,null,null,null,null,null,null,null,null,null,null,null,null,null,null,null,null,null,null,null,null,null,null,null,null,null,0]
[null,null,null,null,null,null,null,null,null,null,null,null,null,null,null,null,null,null,null,null,null,null,null,null,null,null,null,null,null,null,null,null,null,0]
[null,null,null,null,null,null,null,null,null,null,null,null,null,null,null,null,null,null,null,null,null,null,null,null,null,null,null,null,null,null,null,null,null,0]
[null,null,null,null,null,null,null,null,null,null,null,null,null,null,null,null,null,null,null,null,null,null,null,null,null,null,null,null,null,null,null,null,null,0]
[null,null,null,null,null,null,null,null,null,null,null,null,null,null,null,null,null,null,null,null,null,null,null,null,null,null,null,null,null,null,null,null,null,0]
[null,null,null,null,null,null,null,null,null,null,null,null,null,null,null,null,null,null,null,null,null,null,null,null,null,null,null,null,null,null,null,null,null,0]
[null,null,null,null,null,null,null,null,null,null,null,null,null,null,null,null,null,null,null,null,null,null,null,null,null,null,null,null,null,null,null,null,null,0]
[null,null,null,null,null,null,null,null,null,null,null,null,null,null,null,null,null,null,null,null,null,null,null,null,null,null,null,null,null,null,null,null,null,0]
[null,null,null,null,null,null,null,null,null,null,null,null,null,null,null,null,null,null,null,null,null,null,null,null,null,null,null,null,null,null,null,null,null,0]
[null,null,null,null,null,null,null,null,null,null,null,null,null,null,null,null,null,null,null,null,null,null,null,null,null,null,null,null,null,null,null,null,null,0]
[null,null,null,null,null,null,null,null,null,null,null,null,null,null,null,null,null,null,null,null,null,null,null,null,null,null,null,null,null,null,null,null,null,0]
[null,null,null,null,null,null,null,null,null,null,null,null,null,null,null,null,null,null,null,null,null,null,null,null,null,null,null,null,null,null,null,null,null,0]
[null,null,null,null,null,null,null,null,null,null,null,null,null,null,null,null,null,null,null,null,null,null,null,null,null,null,null,null,null,null,null,null,null,0]
[null,null,null,null,null,null,null,null,null,null,null,null,null,null,null,null,null,null,null,null,null,null,null,null,null,null,null,null,null,null,null,null,null,0]
[null,null,null,null,null,null,null,null,null,null,null,null,null,null,null,null,null,null,null,null,null,null,null,null,null,null,null,null,null,null,null,null,null,0]
[null,null,null,null,null,null,null,null,null,null,null,null,null,null,null,null,null,null,null,null,null,null,null,null,null,null,null,null,null,null,null,null,null,0]
[null,null,null,null,null,null,null,null,null,null,null,null,null,null,null,null,null,null,null,null,null,null,null,null,null,null,null,null,null,null,null,null,null,0]
[null,null,null,null,null,null,null,null,null,null,null,null,null,null,null,null,null,null,null,null,null,null,null,null,null,null,null,null,null,null,null,null,null,0]
[null,null,null,null,null,null,null,null,null,null,null,null,null,null,null,null,null,null,null,null,null,null,null,null,null,null,null,null,null,null,null,null,null,0]
[null,null,null,null,null,null,null,null,null,null,null,null,null,null,null,null,null,null,null,null,null,null,null,null,null,null,null,null,null,null,null,null,null,0]
[null,null,null,null,null,null,null,null,null,null,null,null,null,null,null,null,null,null,null,null,null,null,null,null,null,null,null,null,null,null,null,null,null,0]
[null,null,null,null,null,null,null,null,null,null,null,null,null,null,null,null,null,null,null,null,null,null,null,null,null,null,null,null,null,null,null,null,null,0]
[null,null,null,null,null,null,null,null,null,null,null,null,null,null,null,null,null,null,null,null,null,null,null,null,null,null,null,null,null,null,null,null,null,{"$f":"MAX(F457,H457,J457,L457,N457,P457,R457,T457,V457,X457,Z457)","v":0}]
[null,null,null,null,null,null,null,null,null,null,null,null,null,null,null,null,null,null,null,null,null,null,null,null,null,null,null,null,null,null,null,null,null,0]
[null,null,null,null,null,null,null,null,null,null,null,null,null,null,null,null,null,null,null,null,null,null,null,null,null,null,null,null,null,null,null,null,null,0]
[null,null,null,null,null,null,null,null,null,null,null,null,null,null,null,null,null,null,null,null,null,null,null,null,null,null,null,null,null,null,null,null,null,0]
[null,null,null,null,null,null,null,null,null,null,null,null,null,null,null,null,null,null,null,null,null,null,null,null,null,null,null,null,null,null,null,null,null,0]
[null,null,null,null,null,null,null,null,null,null,null,null,null,null,null,null,null,null,null,null,null,null,null,null,null,null,null,null,null,null,null,null,null,0]
[null,null,null,null,null,null,null,null,null,null,null,null,null,null,null,null,null,null,null,null,null,null,null,null,null,null,null,null,null,null,null,null,null,0]
[null,null,null,null,null,null,null,null,null,null,null,null,null,null,null,null,null,null,null,null,null,null,null,null,null,null,null,null,null,null,null,null,null,0]
[null,null,null,null,null,null,null,null,null,null,null,null,null,null,null,null,null,null,null,null,null,null,null,null,null,null,null,null,null,null,null,null,null,0]
[null,null,null,null,null,null,null,null,null,null,null,null,null,null,null,null,null,null,null,null,null,null,null,null,null,null,null,null,null,null,null,null,null,0]
[null,null,null,null,null,null,null,null,null,null,null,null,null,null,null,null,null,null,null,null,null,null,null,null,null,null,null,null,null,null,null,null,null,0]
[null,null,null,null,null,null,null,null,null,null,null,null,null,null,null,null,null,null,null,null,null,null,null,null,null,null,null,null,null,null,null,null,null,0]
[null,null,null,null,null,null,null,null,null,null,null,null,null,null,null,null,null,null,null,null,null,null,null,null,null,null,null,null,null,null,null,null,null,0]
[null,null,null,null,null,null,null,null,null,null,null,null,null,null,null,null,null,null,null,null,null,null,null,null,null,null,null,null,null,null,null,null,null,0]
[null,null,null,null,null,null,null,null,null,null,null,null,null,null,null,null,null,null,null,null,null,null,null,null,null,null,null,null,null,null,null,null,null,0]
[null,null,null,null,null,null,null,null,null,null,null,null,null,null,null,null,null,null,null,null,null,null,null,null,null,null,null,null,null,null,null,null,null,0]
[null,null,null,null,null,null,null,null,null,null,null,null,null,null,null,null,null,null,null,null,null,null,null,null,null,null,null,null,null,null,null,null,null,0]
[null,null,null,null,null,null,null,null,null,null,null,null,null,null,null,null,null,null,null,null,null,null,null,null,null,null,null,null,null,null,null,null,null,0]
[null,null,null,null,null,null,null,null,null,null,null,null,null,null,null,null,null,null,null,null,null,null,null,null,null,null,null,null,null,null,null,null,null,0]
[null,null,null,null,null,null,null,null,null,null,null,null,null,null,null,null,null,null,null,null,null,null,null,null,null,null,null,null,null,null,null,null,null,0]
[null,null,null,null,null,null,null,null,null,null,null,null,null,null,null,null,null,null,null,null,null,null,null,null,null,null,null,null,null,null,null,null,null,0]
[null,null,null,null,null,null,null,null,null,null,null,null,null,null,null,null,null,null,null,null,null,null,null,null,null,null,null,null,null,null,null,null,null,0]
[null,null,null,null,null,null,null,null,null,null,null,null,null,null,null,null,null,null,null,null,null,null,null,null,null,null,null,null,null,null,null,null,null,0]
[null,null,null,null,null,null,null,null,null,null,null,null,null,null,null,null,null,null,null,null,null,null,null,null,null,null,null,null,null,null,null,null,null,0]
[null,null,null,null,null,null,null,null,null,null,null,null,null,null,null,null,null,null,null,null,null,null,null,null,null,null,null,null,null,null,null,null,null,0]
[null,null,null,null,null,null,null,null,null,null,null,null,null,null,null,null,null,null,null,null,null,null,null,null,null,null,null,null,null,null,null,null,null,0]
[null,null,null,null,null,null,null,null,null,null,null,null,null,null,null,null,null,null,null,null,null,null,null,null,null,null,null,null,null,null,null,null,null,0]
[null,null,null,null,null,null,null,null,null,null,null,null,null,null,null,null,null,null,null,null,null,null,null,null,null,null,null,null,null,null,null,null,null,0]
[null,null,null,null,null,null,null,null,null,null,null,null,null,null,null,null,null,null,null,null,null,null,null,null,null,null,null,null,null,null,null,null,null,0]
[null,null,null,null,null,null,null,null,null,null,null,null,null,null,null,null,null,null,null,null,null,null,null,null,null,null,null,null,null,null,null,null,null,0]
[null,null,null,null,null,null,null,null,null,null,null,null,null,null,null,null,null,null,null,null,null,null,null,null,null,null,null,null,null,null,null,null,null,0]
[null,null,null,null,null,null,null,null,null,null,null,null,null,null,null,null,null,null,null,null,null,null,null,null,null,null,null,null,null,null,null,null,null,0]
[null,null,null,null,null,null,null,null,null,null,null,null,null,null,null,null,null,null,null,null,null,null,null,null,null,null,null,null,null,null,null,null,null,0]
[null,null,null,null,null,null,null,null,null,null,null,null,null,null,null,null,null,null,null,null,null,null,null,null,null,null,null,null,null,null,null,null,null,0]
[null,null,null,null,null,null,null,null,null,null,null,null,null,null,null,null,null,null,null,null,null,null,null,null,null,null,null,null,null,null,null,null,null,0]
[null,null,null,null,null,null,null,null,null,null,null,null,null,null,null,null,null,null,null,null,null,null,null,null,null,null,null,null,null,null,null,null,null,0]
[null,null,null,null,null,null,null,null,null,null,null,null,null,null,null,null,null,null,null,null,null,null,null,null,null,null,null,null,null,null,null,null,null,0]
[null,null,null,null,null,null,null,null,null,null,null,null,null,null,null,null,null,null,null,null,null,null,null,null,null,null,null,null,null,null,null,null,null,0]
[null,null,null,null,null,null,null,null,null,null,null,null,null,null,null,null,null,null,null,null,null,null,null,null,null,null,null,null,null,null,null,null,null,0]
[null,null,null,null,null,null,null,null,null,null,null,null,null,null,null,null,null,null,null,null,null,null,null,null,null,null,null,null,null,null,null,null,null,0]
[null,null,null,null,null,null,null,null,null,null,null,null,null,null,null,null,null,null,null,null,null,null,null,null,null,null,null,null,null,null,null,null,null,0]
[null,null,null,null,null,null,null,null,null,null,null,null,null,null,null,null,null,null,null,null,null,null,null,null,null,null,null,null,null,null,null,null,null,0]
[null,null,null,null,null,null,null,null,null,null,null,null,null,null,null,null,null,null,null,null,null,null,null,null,null,null,null,null,null,null,null,null,null,0]
[null,null,null,null,null,null,null,null,null,null,null,null,null,null,null,null,null,null,null,null,null,null,null,null,null,null,null,null,null,null,null,null,null,0]
[null,null,null,null,null,null,null,null,null,null,null,null,null,null,null,null,null,null,null,null,null,null,null,null,null,null,null,null,null,null,null,null,null,0]
[null,null,null,null,null,null,null,null,null,null,null,null,null,null,null,null,null,null,null,null,null,null,null,null,null,null,null,null,null,null,null,null,null,0]
[null,null,null,null,null,null,null,null,null,null,null,null,null,null,null,null,null,null,null,null,null,null,null,null,null,null,null,null,null,null,null,null,null,0]
[null,null,null,null,null,null,null,null,null,null,null,null,null,null,null,null,null,null,null,null,null,null,null,null,null,null,null,null,null,null,null,null,null,0]
[null,null,null,null,null,null,null,null,null,null,null,null,null,null,null,null,null,null,null,null,null,null,null,null,null,null,null,null,null,null,null,null,null,0]
[null,null,null,null,null,null,null,null,null,null,null,null,null,null,null,null,null,null,null,null,null,null,null,null,null,null,null,null,null,null,null,null,null,0]
[null,null,null,null,null,null,null,null,null,null,null,null,null,null,null,null,null,null,null,null,null,null,null,null,null,null,null,null,null,null,null,null,null,0]
[null,null,null,null,null,null,null,null,null,null,null,null,null,null,null,null,null,null,null,null,null,null,null,null,null,null,null,null,null,null,null,null,null,0]
[null,null,null,null,null,null,null,null,null,null,null,null,null,null,null,null,null,null,null,null,null,null,null,null,null,null,null,null,null,null,null,null,null,0]
[null,null,null,null,null,null,null,null,null,null,null,null,null,null,null,null,null,null,null,null,null,null,null,null,null,null,null,null,null,null,null,null,null,0]
[null,null,null,null,null,null,null,null,null,null,null,null,null,null,null,null,null,null,null,null,null,null,null,null,null,null,null,null,null,null,null,null,null,0]
[null,null,null,null,null,null,null,null,null,null,null,null,null,null,null,null,null,null,null,null,null,null,null,null,null,null,null,null,null,null,null,null,null,0]
[null,null,null,null,null,null,null,null,null,null,null,null,null,null,null,null,null,null,null,null,null,null,null,null,null,null,null,null,null,null,null,null,null,0]
[null,null,null,null,null,null,null,null,null,null,null,null,null,null,null,null,null,null,null,null,null,null,null,null,null,null,null,null,null,null,null,null,null,0]
[null,null,null,null,null,null,null,null,null,null,null,null,null,null,null,null,null,null,null,null,null,null,null,null,null,null,null,null,null,null,null,null,null,0]
[null,null,null,null,null,null,null,null,null,null,null,null,null,null,null,null,null,null,null,null,null,null,null,null,null,null,null,null,null,null,null,null,null,0]
[null,null,null,null,null,null,null,null,null,null,null,null,null,null,null,null,null,null,null,null,null,null,null,null,null,null,null,null,null,null,null,null,null,0]
[null,null,null,null,null,null,null,null,null,null,null,null,null,null,null,null,null,null,null,null,null,null,null,null,null,null,null,null,null,null,null,null,null,0]
[null,null,null,null,null,null,null,null,null,null,null,null,null,null,null,null,null,null,null,null,null,null,null,null,null,null,null,null,null,null,null,null,null,0]
[null,null,null,null,null,null,null,null,null,null,null,null,null,null,null,null,null,null,null,null,null,null,null,null,null,null,null,null,null,null,null,null,null,0]
[null,null,null,null,null,null,null,null,null,null,null,null,null,null,null,null,null,null,null,null,null,null,null,null,null,null,null,null,null,null,null,null,null,{"$f":"MAX(F521,H521,J521,L521,N521,P521,R521,T521,V521,X521,Z521)","v":0}]
[null,null,null,null,null,null,null,null,null,null,null,null,null,null,null,null,null,null,null,null,null,null,null,null,null,null,null,null,null,null,null,null,null,0]
[null,null,null,null,null,null,null,null,null,null,null,null,null,null,null,null,null,null,null,null,null,null,null,null,null,null,null,null,null,null,null,null,null,0]
[null,null,null,null,null,null,null,null,null,null,null,null,null,null,null,null,null,null,null,null,null,null,null,null,null,null,null,null,null,null,null,null,null,0]
[null,null,null,null,null,null,null,null,null,null,null,null,null,null,null,null,null,null,null,null,null,null,null,null,null,null,null,null,null,null,null,null,null,0]
[null,null,null,null,null,null,null,null,null,null,null,null,null,null,null,null,null,null,null,null,null,null,null,null,null,null,null,null,null,null,null,null,null,0]
[null,null,null,null,null,null,null,null,null,null,null,null,null,null,null,null,null,null,null,null,null,null,null,null,null,null,null,null,null,null,null,null,null,0]
[null,null,null,null,null,null,null,null,null,null,null,null,null,null,null,null,null,null,null,null,null,null,null,null,null,null,null,null,null,null,null,null,null,0]
[null,null,null,null,null,null,null,null,null,null,null,null,null,null,null,null,null,null,null,null,null,null,null,null,null,null,null,null,null,null,null,null,null,0]
[null,null,null,null,null,null,null,null,null,null,null,null,null,null,null,null,null,null,null,null,null,null,null,null,null,null,null,null,null,null,null,null,null,0]
[null,null,null,null,null,null,null,null,null,null,null,null,null,null,null,null,null,null,null,null,null,null,null,null,null,null,null,null,null,null,null,null,null,0]
[null,null,null,null,null,null,null,null,null,null,null,null,null,null,null,null,null,null,null,null,null,null,null,null,null,null,null,null,null,null,null,null,null,0]
[null,null,null,null,null,null,null,null,null,null,null,null,null,null,null,null,null,null,null,null,null,null,null,null,null,null,null,null,null,null,null,null,null,0]
[null,null,null,null,null,null,null,null,null,null,null,null,null,null,null,null,null,null,null,null,null,null,null,null,null,null,null,null,null,null,null,null,null,0]
[null,null,null,null,null,null,null,null,null,null,null,null,null,null,null,null,null,null,null,null,null,null,null,null,null,null,null,null,null,null,null,null,null,0]
[null,null,null,null,null,null,null,null,null,null,null,null,null,null,null,null,null,null,null,null,null,null,null,null,null,null,null,null,null,null,null,null,null,0]
[null,null,null,null,null,null,null,null,null,null,null,null,null,null,null,null,null,null,null,null,null,null,null,null,null,null,null,null,null,null,null,null,null,0]
[null,null,null,null,null,null,null,null,null,null,null,null,null,null,null,null,null,null,null,null,null,null,null,null,null,null,null,null,null,null,null,null,null,0]
[null,null,null,null,null,null,null,null,null,null,null,null,null,null,null,null,null,null,null,null,null,null,null,null,null,null,null,null,null,null,null,null,null,0]
[null,null,null,null,null,null,null,null,null,null,null,null,null,null,null,null,null,null,null,null,null,null,null,null,null,null,null,null,null,null,null,null,null,0]
[null,null,null,null,null,null,null,null,null,null,null,null,null,null,null,null,null,null,null,null,null,null,null,null,null,null,null,null,null,null,null,null,null,0]
[null,null,null,null,null,null,null,null,null,null,null,null,null,null,null,null,null,null,null,null,null,null,null,null,null,null,null,null,null,null,null,null,null,0]
[null,null,null,null,null,null,null,null,null,null,null,null,null,null,null,null,null,null,null,null,null,null,null,null,null,null,null,null,null,null,null,null,null,0]
[null,null,null,null,null,null,null,null,null,null,null,null,null,null,null,null,null,null,null,null,null,null,null,null,null,null,null,null,null,null,null,null,null,0]
[null,null,null,null,null,null,null,null,null,null,null,null,null,null,null,null,null,null,null,null,null,null,null,null,null,null,null,null,null,null,null,null,null,0]
[null,null,null,null,null,null,null,null,null,null,null,null,null,null,null,null,null,null,null,null,null,null,null,null,null,null,null,null,null,null,null,null,null,0]
[null,null,null,null,null,null,null,null,null,null,null,null,null,null,null,null,null,null,null,null,null,null,null,null,null,null,null,null,null,null,null,null,null,0]
[null,null,null,null,null,null,null,null,null,null,null,null,null,null,null,null,null,null,null,null,null,null,null,null,null,null,null,null,null,null,null,null,null,0]
[null,null,null,null,null,null,null,null,null,null,null,null,null,null,null,null,null,null,null,null,null,null,null,null,null,null,null,null,null,null,null,null,null,0]
[null,null,null,null,null,null,null,null,null,null,null,null,null,null,null,null,null,null,null,null,null,null,null,null,null,null,null,null,null,null,null,null,null,0]
[null,null,null,null,null,null,null,null,null,null,null,null,null,null,null,null,null,null,null,null,null,null,null,null,null,null,null,null,null,null,null,null,null,0]
[null,null,null,null,null,null,null,null,null,null,null,null,null,null,null,null,null,null,null,null,null,null,null,null,null,null,null,null,null,null,null,null,null,0]
[null,null,null,null,null,null,null,null,null,null,null,null,null,null,null,null,null,null,null,null,null,null,null,null,null,null,null,null,null,null,null,null,null,0]
[null,null,null,null,null,null,null,null,null,null,null,null,null,null,null,null,null,null,null,null,null,null,null,null,null,null,null,null,null,null,null,null,null,0]
[null,null,null,null,null,null,null,null,null,null,null,null,null,null,null,null,null,null,null,null,null,null,null,null,null,null,null,null,null,null,null,null,null,0]
[null,null,null,null,null,null,null,null,null,null,null,null,null,null,null,null,null,null,null,null,null,null,null,null,null,null,null,null,null,null,null,null,null,0]
[null,null,null,null,null,null,null,null,null,null,null,null,null,null,null,null,null,null,null,null,null,null,null,null,null,null,null,null,null,null,null,null,null,0]
[null,null,null,null,null,null,null,null,null,null,null,null,null,null,null,null,null,null,null,null,null,null,null,null,null,null,null,null,null,null,null,null,null,0]
[null,null,null,null,null,null,null,null,null,null,null,null,null,null,null,null,null,null,null,null,null,null,null,null,null,null,null,null,null,null,null,null,null,0]
[null,null,null,null,null,null,null,null,null,null,null,null,null,null,null,null,null,null,null,null,null,null,null,null,null,null,null,null,null,null,null,null,null,0]
[null,null,null,null,null,null,null,null,null,null,null,null,null,null,null,null,null,null,null,null,null,null,null,null,null,null,null,null,null,null,null,null,null,0]
[null,null,null,null,null,null,null,null,null,null,null,null,null,null,null,null,null,null,null,null,null,null,null,null,null,null,null,null,null,null,null,null,null,0]
[null,null,null,null,null,null,null,null,null,null,null,null,null,null,null,null,null,null,null,null,null,null,null,null,null,null,null,null,null,null,null,null,null,0]
[null,null,null,null,null,null,null,null,null,null,null,null,null,null,null,null,null,null,null,null,null,null,null,null,null,null,null,null,null,null,null,null,null,0]
[null,null,null,null,null,null,null,null,null,null,null,null,null,null,null,null,null,null,null,null,null,null,null,null,null,null,null,null,null,null,null,null,null,0]
[null,null,null,null,null,null,null,null,null,null,null,null,null,null,null,null,null,null,null,null,null,null,null,null,null,null,null,null,null,null,null,null,null,0]
[null,null,null,null,null,null,null,null,null,null,null,null,null,null,null,null,null,null,null,null,null,null,null,null,null,null,null,null,null,null,null,null,null,0]
[null,null,null,null,null,null,null,null,null,null,null,null,null,null,null,null,null,null,null,null,null,null,null,null,null,null,null,null,null,null,null,null,null,0]
[null,null,null,null,null,null,null,null,null,null,null,null,null,null,null,null,null,null,null,null,null,null,null,null,null,null,null,null,null,null,null,null,null,0]
[null,null,null,null,null,null,null,null,null,null,null,null,null,null,null,null,null,null,null,null,null,null,null,null,null,null,null,null,null,null,null,null,null,0]
[null,null,null,null,null,null,null,null,null,null,null,null,null,null,null,null,null,null,null,null,null,null,null,null,null,null,null,null,null,null,null,null,null,0]
[null,null,null,null,null,null,null,null,null,null,null,null,null,null,null,null,null,null,null,null,null,null,null,null,null,null,null,null,null,null,null,null,null,0]
[null,null,null,null,null,null,null,null,null,null,null,null,null,null,null,null,null,null,null,null,null,null,null,null,null,null,null,null,null,null,null,null,null,0]
[null,null,null,null,null,null,null,null,null,null,null,null,null,null,null,null,null,null,null,null,null,null,null,null,null,null,null,null,null,null,null,null,null,0]
[null,null,null,null,null,null,null,null,null,null,null,null,null,null,null,null,null,null,null,null,null,null,null,null,null,null,null,null,null,null,null,null,null,0]
[null,null,null,null,null,null,null,null,null,null,null,null,null,null,null,null,null,null,null,null,null,null,null,null,null,null,null,null,null,null,null,null,null,0]
[null,null,null,null,null,null,null,null,null,null,null,null,null,null,null,null,null,null,null,null,null,null,null,null,null,null,null,null,null,null,null,null,null,0]
[null,null,null,null,null,null,null,null,null,null,null,null,null,null,null,null,null,null,null,null,null,null,null,null,null,null,null,null,null,null,null,null,null,0]
[null,null,null,null,null,null,null,null,null,null,null,null,null,null,null,null,null,null,null,null,null,null,null,null,null,null,null,null,null,null,null,null,null,0]
[null,null,null,null,null,null,null,null,null,null,null,null,null,null,null,null,null,null,null,null,null,null,null,null,null,null,null,null,null,null,null,null,null,0]
[null,null,null,null,null,null,null,null,null,null,null,null,null,null,null,null,null,null,null,null,null,null,null,null,null,null,null,null,null,null,null,null,null,0]
[null,null,null,null,null,null,null,null,null,null,null,null,null,null,null,null,null,null,null,null,null,null,null,null,null,null,null,null,null,null,null,null,null,0]
[null,null,null,null,null,null,null,null,null,null,null,null,null,null,null,null,null,null,null,null,null,null,null,null,null,null,null,null,null,null,null,null,null,0]
[null,null,null,null,null,null,null,null,null,null,null,null,null,null,null,null,null,null,null,null,null,null,null,null,null,null,null,null,null,null,null,null,null,0]
[null,null,null,null,null,null,null,null,null,null,null,null,null,null,null,null,null,null,null,null,null,null,null,null,null,null,null,null,null,null,null,null,null,{"$f":"MAX(F585,H585,J585,L585,N585,P585,R585,T585,V585,X585,Z585)","v":0}]
[null,null,null,null,null,null,null,null,null,null,null,null,null,null,null,null,null,null,null,null,null,null,null,null,null,null,null,null,null,null,null,null,null,0]
[null,null,null,null,null,null,null,null,null,null,null,null,null,null,null,null,null,null,null,null,null,null,null,null,null,null,null,null,null,null,null,null,null,0]
[null,null,null,null,null,null,null,null,null,null,null,null,null,null,null,null,null,null,null,null,null,null,null,null,null,null,null,null,null,null,null,null,null,0]
[null,null,null,null,null,null,null,null,null,null,null,null,null,null,null,null,null,null,null,null,null,null,null,null,null,null,null,null,null,null,null,null,null,0]
[null,null,null,null,null,null,null,null,null,null,null,null,null,null,null,null,null,null,null,null,null,null,null,null,null,null,null,null,null,null,null,null,null,0]
[null,null,null,null,null,null,null,null,null,null,null,null,null,null,null,null,null,null,null,null,null,null,null,null,null,null,null,null,null,null,null,null,null,0]
[null,null,null,null,null,null,null,null,null,null,null,null,null,null,null,null,null,null,null,null,null,null,null,null,null,null,null,null,null,null,null,null,null,0]
[null,null,null,null,null,null,null,null,null,null,null,null,null,null,null,null,null,null,null,null,null,null,null,null,null,null,null,null,null,null,null,null,null,0]
[null,null,null,null,null,null,null,null,null,null,null,null,null,null,null,null,null,null,null,null,null,null,null,null,null,null,null,null,null,null,null,null,null,0]
[null,null,null,null,null,null,null,null,null,null,null,null,null,null,null,null,null,null,null,null,null,null,null,null,null,null,null,null,null,null,null,null,null,0]
[null,null,null,null,null,null,null,null,null,null,null,null,null,null,null,null,null,null,null,null,null,null,null,null,null,null,null,null,null,null,null,null,null,0]
[null,null,null,null,null,null,null,null,null,null,null,null,null,null,null,null,null,null,null,null,null,null,null,null,null,null,null,null,null,null,null,null,null,0]
[null,null,null,null,null,null,null,null,null,null,null,null,null,null,null,null,null,null,null,null,null,null,null,null,null,null,null,null,null,null,null,null,null,0]
[null,null,null,null,null,null,null,null,null,null,null,null,null,null,null,null,null,null,null,null,null,null,null,null,null,null,null,null,null,null,null,null,null,0]
[null,null,null,null,null,null,null,null,null,null,null,null,null,null,null,null,null,null,null,null,null,null,null,null,null,null,null,null,null,null,null,null,null,0]
[null,null,null,null,null,null,null,null,null,null,null,null,null,null,null,null,null,null,null,null,null,null,null,null,null,null,null,null,null,null,null,null,null,0]
[null,null,null,null,null,null,null,null,null,null,null,null,null,null,null,null,null,null,null,null,null,null,null,null,null,null,null,null,null,null,null,null,null,0]
[null,null,null,null,null,null,null,null,null,null,null,null,null,null,null,null,null,null,null,null,null,null,null,null,null,null,null,null,null,null,null,null,null,0]
[null,null,null,null,null,null,null,null,null,null,null,null,null,null,null,null,null,null,null,null,null,null,null,null,null,null,null,null,null,null,null,null,null,0]
[null,null,null,null,null,null,null,null,null,null,null,null,null,null,null,null,null,null,null,null,null,null,null,null,null,null,null,null,null,null,null,null,null,0]
[null,null,null,null,null,null,null,null,null,null,null,null,null,null,null,null,null,null,null,null,null,null,null,null,null,null,null,null,null,null,null,null,null,0]
[null,null,null,null,null,null,null,null,null,null,null,null,null,null,null,null,null,null,null,null,null,null,null,null,null,null,null,null,null,null,null,null,null,0]
[null,null,null,null,null,null,null,null,null,null,null,null,null,null,null,null,null,null,null,null,null,null,null,null,null,null,null,null,null,null,null,null,null,0]
[null,null,null,null,null,null,null,null,null,null,null,null,null,null,null,null,null,null,null,null,null,null,null,null,null,null,null,null,null,null,null,null,null,0]
[null,null,null,null,null,null,null,null,null,null,null,null,null,null,null,null,null,null,null,null,null,null,null,null,null,null,null,null,null,null,null,null,null,0]
[null,null,null,null,null,null,null,null,null,null,null,null,null,null,null,null,null,null,null,null,null,null,null,null,null,null,null,null,null,null,null,null,null,0]
[null,null,null,null,null,null,null,null,null,null,null,null,null,null,null,null,null,null,null,null,null,null,null,null,null,null,null,null,null,null,null,null,null,0]
[null,null,null,null,null,null,null,null,null,null,null,null,null,null,null,null,null,null,null,null,null,null,null,null,null,null,null,null,null,null,null,null,null,0]
[null,null,null,null,null,null,null,null,null,null,null,null,null,null,null,null,null,null,null,null,null,null,null,null,null,null,null,null,null,null,null,null,null,0]
[null,null,null,null,null,null,null,null,null,null,null,null,null,null,null,null,null,null,null,null,null,null,null,null,null,null,null,null,null,null,null,null,null,0]
[null,null,null,null,null,null,null,null,null,null,null,null,null,null,null,null,null,null,null,null,null,null,null,null,null,null,null,null,null,null,null,null,null,0]
[null,null,null,null,null,null,null,null,null,null,null,null,null,null,null,null,null,null,null,null,null,null,null,null,null,null,null,null,null,null,null,null,null,0]
[null,null,null,null,null,null,null,null,null,null,null,null,null,null,null,null,null,null,null,null,null,null,null,null,null,null,null,null,null,null,null,null,null,0]
[null,null,null,null,null,null,null,null,null,null,null,null,null,null,null,null,null,null,null,null,null,null,null,null,null,null,null,null,null,null,null,null,null,0]
[null,null,null,null,null,null,null,null,null,null,null,null,null,null,null,null,null,null,null,null,null,null,null,null,null,null,null,null,null,null,null,null,null,0]
[null,null,null,null,null,null,null,null,null,null,null,null,null,null,null,null,null,null,null,null,null,null,null,null,null,null,null,null,null,null,null,null,null,0]
[null,null,null,null,null,null,null,null,null,null,null,null,null,null,null,null,null,null,null,null,null,null,null,null,null,null,null,null,null,null,null,null,null,0]
[null,null,null,null,null,null,null,null,null,null,null,null,null,null,null,null,null,null,null,null,null,null,null,null,null,null,null,null,null,null,null,null,null,0]
[null,null,null,null,null,null,null,null,null,null,null,null,null,null,null,null,null,null,null,null,null,null,null,null,null,null,null,null,null,null,null,null,null,0]
[null,null,null,null,null,null,null,null,null,null,null,null,null,null,null,null,null,null,null,null,null,null,null,null,null,null,null,null,null,null,null,null,null,0]
[null,null,null,null,null,null,null,null,null,null,null,null,null,null,null,null,null,null,null,null,null,null,null,null,null,null,null,null,null,null,null,null,null,0]
[null,null,null,null,null,null,null,null,null,null,null,null,null,null,null,null,null,null,null,null,null,null,null,null,null,null,null,null,null,null,null,null,null,0]
[null,null,null,null,null,null,null,null,null,null,null,null,null,null,null,null,null,null,null,null,null,null,null,null,null,null,null,null,null,null,null,null,null,0]
[null,null,null,null,null,null,null,null,null,null,null,null,null,null,null,null,null,null,null,null,null,null,null,null,null,null,null,null,null,null,null,null,null,0]
[null,null,null,null,null,null,null,null,null,null,null,null,null,null,null,null,null,null,null,null,null,null,null,null,null,null,null,null,null,null,null,null,null,0]
[null,null,null,null,null,null,null,null,null,null,null,null,null,null,null,null,null,null,null,null,null,null,null,null,null,null,null,null,null,null,null,null,null,0]
[null,null,null,null,null,null,null,null,null,null,null,null,null,null,null,null,null,null,null,null,null,null,null,null,null,null,null,null,null,null,null,null,null,0]
[null,null,null,null,null,null,null,null,null,null,null,null,null,null,null,null,null,null,null,null,null,null,null,null,null,null,null,null,null,null,null,null,null,0]
[null,null,null,null,null,null,null,null,null,null,null,null,null,null,null,null,null,null,null,null,null,null,null,null,null,null,null,null,null,null,null,null,null,0]
[null,null,null,null,null,null,null,null,null,null,null,null,null,null,null,null,null,null,null,null,null,null,null,null,null,null,null,null,null,null,null,null,null,0]
[null,null,null,null,null,null,null,null,null,null,null,null,null,null,null,null,null,null,null,null,null,null,null,null,null,null,null,null,null,null,null,null,null,0]
[null,null,null,null,null,null,null,null,null,null,null,null,null,null,null,null,null,null,null,null,null,null,null,null,null,null,null,null,null,null,null,null,null,0]
[null,null,null,null,null,null,null,null,null,null,null,null,null,null,null,null,null,null,null,null,null,null,null,null,null,null,null,null,null,null,null,null,null,0]
[null,null,null,null,null,null,null,null,null,null,null,null,null,null,null,null,null,null,null,null,null,null,null,null,null,null,null,null,null,null,null,null,null,0]
[null,null,null,null,null,null,null,null,null,null,null,null,null,null,null,null,null,null,null,null,null,null,null,null,null,null,null,null,null,null,null,null,null,0]
[null,null,null,null,null,null,null,null,null,null,null,null,null,null,null,null,null,null,null,null,null,null,null,null,null,null,null,null,null,null,null,null,null,0]
[null,null,null,null,null,null,null,null,null,null,null,null,null,null,null,null,null,null,null,null,null,null,null,null,null,null,null,null,null,null,null,null,null,0]
[null,null,null,null,null,null,null,null,null,null,null,null,null,null,null,null,null,null,null,null,null,null,null,null,null,null,null,null,null,null,null,null,null,0]
[null,null,null,null,null,null,null,null,null,null,null,null,null,null,null,null,null,null,null,null,null,null,null,null,null,null,null,null,null,null,null,null,null,0]
[null,null,null,null,null,null,null,null,null,null,null,null,null,null,null,null,null,null,null,null,null,null,null,null,null,null,null,null,null,null,null,null,null,0]
[null,null,null,null,null,null,null,null,null,null,null,null,null,null,null,null,null,null,null,null,null,null,null,null,null,null,null,null,null,null,null,null,null,0]
[null,null,null,null,null,null,null,null,null,null,null,null,null,null,null,null,null,null,null,null,null,null,null,null,null,null,null,null,null,null,null,null,null,0]
[null,null,null,null,null,null,null,null,null,null,null,null,null,null,null,null,null,null,null,null,null,null,null,null,null,null,null,null,null,null,null,null,null,0]
[null,null,null,null,null,null,null,null,null,null,null,null,null,null,null,null,null,null,null,null,null,null,null,null,null,null,null,null,null,null,null,null,null,{"$f":"MAX(F649,H649,J649,L649,N649,P649,R649,T649,V649,X649,Z649)","v":0}]
[null,null,null,null,null,null,null,null,null,null,null,null,null,null,null,null,null,null,null,null,null,null,null,null,null,null,null,null,null,null,null,null,null,0]
[null,null,null,null,null,null,null,null,null,null,null,null,null,null,null,null,null,null,null,null,null,null,null,null,null,null,null,null,null,null,null,null,null,0]
[null,null,null,null,null,null,null,null,null,null,null,null,null,null,null,null,null,null,null,null,null,null,null,null,null,null,null,null,null,null,null,null,null,0]
[null,null,null,null,null,null,null,null,null,null,null,null,null,null,null,null,null,null,null,null,null,null,null,null,null,null,null,null,null,null,null,null,null,0]
[null,null,null,null,null,null,null,null,null,null,null,null,null,null,null,null,null,null,null,null,null,null,null,null,null,null,null,null,null,null,null,null,null,0]
[null,null,null,null,null,null,null,null,null,null,null,null,null,null,null,null,null,null,null,null,null,null,null,null,null,null,null,null,null,null,null,null,null,0]
[null,null,null,null,null,null,null,null,null,null,null,null,null,null,null,null,null,null,null,null,null,null,null,null,null,null,null,null,null,null,null,null,null,0]
[null,null,null,null,null,null,null,null,null,null,null,null,null,null,null,null,null,null,null,null,null,null,null,null,null,null,null,null,null,null,null,null,null,0]
[null,null,null,null,null,null,null,null,null,null,null,null,null,null,null,null,null,null,null,null,null,null,null,null,null,null,null,null,null,null,null,null,null,0]
[null,null,null,null,null,null,null,null,null,null,null,null,null,null,null,null,null,null,null,null,null,null,null,null,null,null,null,null,null,null,null,null,null,0]
[null,null,null,null,null,null,null,null,null,null,null,null,null,null,null,null,null,null,null,null,null,null,null,null,null,null,null,null,null,null,null,null,null,0]
[null,null,null,null,null,null,null,null,null,null,null,null,null,null,null,null,null,null,null,null,null,null,null,null,null,null,null,null,null,null,null,null,null,0]
[null,null,null,null,null,null,null,null,null,null,null,null,null,null,null,null,null,null,null,null,null,null,null,null,null,null,null,null,null,null,null,null,null,0]
[null,null,null,null,null,null,null,null,null,null,null,null,null,null,null,null,null,null,null,null,null,null,null,null,null,null,null,null,null,null,null,null,null,0]
[null,null,null,null,null,null,null,null,null,null,null,null,null,null,null,null,null,null,null,null,null,null,null,null,null,null,null,null,null,null,null,null,null,0]
[null,null,null,null,null,null,null,null,null,null,null,null,null,null,null,null,null,null,null,null,null,null,null,null,null,null,null,null,null,null,null,null,null,0]
[null,null,null,null,null,null,null,null,null,null,null,null,null,null,null,null,null,null,null,null,null,null,null,null,null,null,null,null,null,null,null,null,null,0]
[null,null,null,null,null,null,null,null,null,null,null,null,null,null,null,null,null,null,null,null,null,null,null,null,null,null,null,null,null,null,null,null,null,0]
[null,null,null,null,null,null,null,null,null,null,null,null,null,null,null,null,null,null,null,null,null,null,null,null,null,null,null,null,null,null,null,null,null,0]
[null,null,null,null,null,null,null,null,null,null,null,null,null,null,null,null,null,null,null,null,null,null,null,null,null,null,null,null,null,null,null,null,null,0]
[null,null,null,null,null,null,null,null,null,null,null,null,null,null,null,null,null,null,null,null,null,null,null,null,null,null,null,null,null,null,null,null,null,0]
[null,null,null,null,null,null,null,null,null,null,null,null,null,null,null,null,null,null,null,null,null,null,null,null,null,null,null,null,null,null,null,null,null,0]
[null,null,null,null,null,null,null,null,null,null,null,null,null,null,null,null,null,null,null,null,null,null,null,null,null,null,null,null,null,null,null,null,null,0]
[null,null,null,null,null,null,null,null,null,null,null,null,null,null,null,null,null,null,null,null,null,null,null,null,null,null,null,null,null,null,null,null,null,0]
[null,null,null,null,null,null,null,null,null,null,null,null,null,null,null,null,null,null,null,null,null,null,null,null,null,null,null,null,null,null,null,null,null,0]
[null,null,null,null,null,null,null,null,null,null,null,null,null,null,null,null,null,null,null,null,null,null,null,null,null,null,null,null,null,null,null,null,null,0]
[null,null,null,null,null,null,null,null,null,null,null,null,null,null,null,null,null,null,null,null,null,null,null,null,null,null,null,null,null,null,null,null,null,0]
[null,null,null,null,null,null,null,null,null,null,null,null,null,null,null,null,null,null,null,null,null,null,null,null,null,null,null,null,null,null,null,null,null,0]
[null,null,null,null,null,null,null,null,null,null,null,null,null,null,null,null,null,null,null,null,null,null,null,null,null,null,null,null,null,null,null,null,null,0]
[null,null,null,null,null,null,null,null,null,null,null,null,null,null,null,null,null,null,null,null,null,null,null,null,null,null,null,null,null,null,null,null,null,0]
[null,null,null,null,null,null,null,null,null,null,null,null,null,null,null,null,null,null,null,null,null,null,null,null,null,null,null,null,null,null,null,null,null,0]
[null,null,null,null,null,null,null,null,null,null,null,null,null,null,null,null,null,null,null,null,null,null,null,null,null,null,null,null,null,null,null,null,null,0]
[null,null,null,null,null,null,null,null,null,null,null,null,null,null,null,null,null,null,null,null,null,null,null,null,null,null,null,null,null,null,null,null,null,0]
[null,null,null,null,null,null,null,null,null,null,null,null,null,null,null,null,null,null,null,null,null,null,null,null,null,null,null,null,null,null,null,null,null,0]
[null,null,null,null,null,null,null,null,null,null,null,null,null,null,null,null,null,null,null,null,null,null,null,null,null,null,null,null,null,null,null,null,null,0]
[null,null,null,null,null,null,null,null,null,null,null,null,null,null,null,null,null,null,null,null,null,null,null,null,null,null,null,null,null,null,null,null,null,0]
[null,null,null,null,null,null,null,null,null,null,null,null,null,null,null,null,null,null,null,null,null,null,null,null,null,null,null,null,null,null,null,null,null,0]
[null,null,null,null,null,null,null,null,null,null,null,null,null,null,null,null,null,null,null,null,null,null,null,null,null,null,null,null,null,null,null,null,null,0]
[null,null,null,null,null,null,null,null,null,null,null,null,null,null,null,null,null,null,null,null,null,null,null,null,null,null,null,null,null,null,null,null,null,0]
[null,null,null,null,null,null,null,null,null,null,null,null,null,null,null,null,null,null,null,null,null,null,null,null,null,null,null,null,null,null,null,null,null,0]
[null,null,null,null,null,null,null,null,null,null,null,null,null,null,null,null,null,null,null,null,null,null,null,null,null,null,null,null,null,null,null,null,null,0]
[null,null,null,null,null,null,null,null,null,null,null,null,null,null,null,null,null,null,null,null,null,null,null,null,null,null,null,null,null,null,null,null,null,0]
[null,null,null,null,null,null,null,null,null,null,null,null,null,null,null,null,null,null,null,null,null,null,null,null,null,null,null,null,null,null,null,null,null,0]
[null,null,null,null,null,null,null,null,null,null,null,null,null,null,null,null,null,null,null,null,null,null,null,null,null,null,null,null,null,null,null,null,null,0]
[null,null,null,null,null,null,null,null,null,null,null,null,null,null,null,null,null,null,null,null,null,null,null,null,null,null,null,null,null,null,null,null,null,0]
[null,null,null,null,null,null,null,null,null,null,null,null,null,null,null,null,null,null,null,null,null,null,null,null,null,null,null,null,null,null,null,null,null,0]
[null,null,null,null,null,null,null,null,null,null,null,null,null,null,null,null,null,null,null,null,null,null,null,null,null,null,null,null,null,null,null,null,null,0]
[null,null,null,null,null,null,null,null,null,null,null,null,null,null,null,null,null,null,null,null,null,null,null,null,null,null,null,null,null,null,null,null,null,0]
[null,null,null,null,null,null,null,null,null,null,null,null,null,null,null,null,null,null,null,null,null,null,null,null,null,null,null,null,null,null,null,null,null,0]
[null,null,null,null,null,null,null,null,null,null,null,null,null,null,null,null,null,null,null,null,null,null,null,null,null,null,null,null,null,null,null,null,null,0]
[null,null,null,null,null,null,null,null,null,null,null,null,null,null,null,null,null,null,null,null,null,null,null,null,null,null,null,null,null,null,null,null,null,0]
[null,null,null,null,null,null,null,null,null,null,null,null,null,null,null,null,null,null,null,null,null,null,null,null,null,null,null,null,null,null,null,null,null,0]
[null,null,null,null,null,null,null,null,null,null,null,null,null,null,null,null,null,null,null,null,null,null,null,null,null,null,null,null,null,null,null,null,null,0]
[null,null,null,null,null,null,null,null,null,null,null,null,null,null,null,null,null,null,null,null,null,null,null,null,null,null,null,null,null,null,null,null,null,0]
[null,null,null,null,null,null,null,null,null,null,null,null,null,null,null,null,null,null,null,null,null,null,null,null,null,null,null,null,null,null,null,null,null,0]
[null,null,null,null,null,null,null,null,null,null,null,null,null,null,null,null,null,null,null,null,null,null,null,null,null,null,null,null,null,null,null,null,null,0]
[null,null,null,null,null,null,null,null,null,null,null,null,null,null,null,null,null,null,null,null,null,null,null,null,null,null,null,null,null,null,null,null,null,0]
[null,null,null,null,null,null,null,null,null,null,null,null,null,null,null,null,null,null,null,null,null,null,null,null,null,null,null,null,null,null,null,null,null,0]
[null,null,null,null,null,null,null,null,null,null,null,null,null,null,null,null,null,null,null,null,null,null,null,null,null,null,null,null,null,null,null,null,null,0]
[null,null,null,null,null,null,null,null,null,null,null,null,null,null,null,null,null,null,null,null,null,null,null,null,null,null,null,null,null,null,null,null,null,0]
[null,null,null,null,null,null,null,null,null,null,null,null,null,null,null,null,null,null,null,null,null,null,null,null,null,null,null,null,null,null,null,null,null,0]
[null,null,null,null,null,null,null,null,null,null,null,null,null,null,null,null,null,null,null,null,null,null,null,null,null,null,null,null,null,null,null,null,null,0]
[null,null,null,null,null,null,null,null,null,null,null,null,null,null,null,null,null,null,null,null,null,null,null,null,null,null,null,null,null,null,null,null,null,0]
[null,null,null,null,null,null,null,null,null,null,null,null,null,null,null,null,null,null,null,null,null,null,null,null,null,null,null,null,null,null,null,null,null,{"$f":"MAX(F713,H713,J713,L713,N713,P713,R713,T713,V713,X713,Z713)","v":0}]
[null,null,null,null,null,null,null,null,null,null,null,null,null,null,null,null,null,null,null,null,null,null,null,null,null,null,null,null,null,null,null,null,null,0]
[null,null,null,null,null,null,null,null,null,null,null,null,null,null,null,null,null,null,null,null,null,null,null,null,null,null,null,null,null,null,null,null,null,0]
[null,null,null,null,null,null,null,null,null,null,null,null,null,null,null,null,null,null,null,null,null,null,null,null,null,null,null,null,null,null,null,null,null,0]
[null,null,null,null,null,null,null,null,null,null,null,null,null,null,null,null,null,null,null,null,null,null,null,null,null,null,null,null,null,null,null,null,null,0]
[null,null,null,null,null,null,null,null,null,null,null,null,null,null,null,null,null,null,null,null,null,null,null,null,null,null,null,null,null,null,null,null,null,0]
[null,null,null,null,null,null,null,null,null,null,null,null,null,null,null,null,null,null,null,null,null,null,null,null,null,null,null,null,null,null,null,null,null,0]
[null,null,null,null,null,null,null,null,null,null,null,null,null,null,null,null,null,null,null,null,null,null,null,null,null,null,null,null,null,null,null,null,null,0]
[null,null,null,null,null,null,null,null,null,null,null,null,null,null,null,null,null,null,null,null,null,null,null,null,null,null,null,null,null,null,null,null,null,0]
[null,null,null,null,null,null,null,null,null,null,null,null,null,null,null,null,null,null,null,null,null,null,null,null,null,null,null,null,null,null,null,null,null,0]
[null,null,null,null,null,null,null,null,null,null,null,null,null,null,null,null,null,null,null,null,null,null,null,null,null,null,null,null,null,null,null,null,null,0]
[null,null,null,null,null,null,null,null,null,null,null,null,null,null,null,null,null,null,null,null,null,null,null,null,null,null,null,null,null,null,null,null,null,0]
[null,null,null,null,null,null,null,null,null,null,null,null,null,null,null,null,null,null,null,null,null,null,null,null,null,null,null,null,null,null,null,null,null,0]
[null,null,null,null,null,null,null,null,null,null,null,null,null,null,null,null,null,null,null,null,null,null,null,null,null,null,null,null,null,null,null,null,null,0]
[null,null,null,null,null,null,null,null,null,null,null,null,null,null,null,null,null,null,null,null,null,null,null,null,null,null,null,null,null,null,null,null,null,0]
[null,null,null,null,null,null,null,null,null,null,null,null,null,null,null,null,null,null,null,null,null,null,null,null,null,null,null,null,null,null,null,null,null,0]
[null,null,null,null,null,null,null,null,null,null,null,null,null,null,null,null,null,null,null,null,null,null,null,null,null,null,null,null,null,null,null,null,null,0]
[null,null,null,null,null,null,null,null,null,null,null,null,null,null,null,null,null,null,null,null,null,null,null,null,null,null,null,null,null,null,null,null,null,0]
[null,null,null,null,null,null,null,null,null,null,null,null,null,null,null,null,null,null,null,null,null,null,null,null,null,null,null,null,null,null,null,null,null,0]
[null,null,null,null,null,null,null,null,null,null,null,null,null,null,null,null,null,null,null,null,null,null,null,null,null,null,null,null,null,null,null,null,null,0]
[null,null,null,null,null,null,null,null,null,null,null,null,null,null,null,null,null,null,null,null,null,null,null,null,null,null,null,null,null,null,null,null,null,0]
[null,null,null,null,null,null,null,null,null,null,null,null,null,null,null,null,null,null,null,null,null,null,null,null,null,null,null,null,null,null,null,null,null,0]
[null,null,null,null,null,null,null,null,null,null,null,null,null,null,null,null,null,null,null,null,null,null,null,null,null,null,null,null,null,null,null,null,null,0]
[null,null,null,null,null,null,null,null,null,null,null,null,null,null,null,null,null,null,null,null,null,null,null,null,null,null,null,null,null,null,null,null,null,0]
[null,null,null,null,null,null,null,null,null,null,null,null,null,null,null,null,null,null,null,null,null,null,null,null,null,null,null,null,null,null,null,null,null,0]
[null,null,null,null,null,null,null,null,null,null,null,null,null,null,null,null,null,null,null,null,null,null,null,null,null,null,null,null,null,null,null,null,null,0]
[null,null,null,null,null,null,null,null,null,null,null,null,null,null,null,null,null,null,null,null,null,null,null,null,null,null,null,null,null,null,null,null,null,0]
[null,null,null,null,null,null,null,null,null,null,null,null,null,null,null,null,null,null,null,null,null,null,null,null,null,null,null,null,null,null,null,null,null,0]
[null,null,null,null,null,null,null,null,null,null,null,null,null,null,null,null,null,null,null,null,null,null,null,null,null,null,null,null,null,null,null,null,null,0]
[null,null,null,null,null,null,null,null,null,null,null,null,null,null,null,null,null,null,null,null,null,null,null,null,null,null,null,null,null,null,null,null,null,0]
[null,null,null,null,null,null,null,null,null,null,null,null,null,null,null,null,null,null,null,null,null,null,null,null,null,null,null,null,null,null,null,null,null,0]
[null,null,null,null,null,null,null,null,null,null,null,null,null,null,null,null,null,null,null,null,null,null,null,null,null,null,null,null,null,null,null,null,null,0]
[null,null,null,null,null,null,null,null,null,null,null,null,null,null,null,null,null,null,null,null,null,null,null,null,null,null,null,null,null,null,null,null,null,0]
[null,null,null,null,null,null,null,null,null,null,null,null,null,null,null,null,null,null,null,null,null,null,null,null,null,null,null,null,null,null,null,null,null,0]
[null,null,null,null,null,null,null,null,null,null,null,null,null,null,null,null,null,null,null,null,null,null,null,null,null,null,null,null,null,null,null,null,null,0]
[null,null,null,null,null,null,null,null,null,null,null,null,null,null,null,null,null,null,null,null,null,null,null,null,null,null,null,null,null,null,null,null,null,0]
[null,null,null,null,null,null,null,null,null,null,null,null,null,null,null,null,null,null,null,null,null,null,null,null,null,null,null,null,null,null,null,null,null,0]
[null,null,null,null,null,null,null,null,null,null,null,null,null,null,null,null,null,null,null,null,null,null,null,null,null,null,null,null,null,null,null,null,null,0]
[null,null,null,null,null,null,null,null,null,null,null,null,null,null,null,null,null,null,null,null,null,null,null,null,null,null,null,null,null,null,null,null,null,0]
[null,null,null,null,null,null,null,null,null,null,null,null,null,null,null,null,null,null,null,null,null,null,null,null,null,null,null,null,null,null,null,null,null,0]
[null,null,null,null,null,null,null,null,null,null,null,null,null,null,null,null,null,null,null,null,null,null,null,null,null,null,null,null,null,null,null,null,null,0]
[null,null,null,null,null,null,null,null,null,null,null,null,null,null,null,null,null,null,null,null,null,null,null,null,null,null,null,null,null,null,null,null,null,0]
[null,null,null,null,null,null,null,null,null,null,null,null,null,null,null,null,null,null,null,null,null,null,null,null,null,null,null,null,null,null,null,null,null,0]
[null,null,null,null,null,null,null,null,null,null,null,null,null,null,null,null,null,null,null,null,null,null,null,null,null,null,null,null,null,null,null,null,null,0]
[null,null,null,null,null,null,null,null,null,null,null,null,null,null,null,null,null,null,null,null,null,null,null,null,null,null,null,null,null,null,null,null,null,0]
[null,null,null,null,null,null,null,null,null,null,null,null,null,null,null,null,null,null,null,null,null,null,null,null,null,null,null,null,null,null,null,null,null,0]
[null,null,null,null,null,null,null,null,null,null,null,null,null,null,null,null,null,null,null,null,null,null,null,null,null,null,null,null,null,null,null,null,null,0]
[null,null,null,null,null,null,null,null,null,null,null,null,null,null,null,null,null,null,null,null,null,null,null,null,null,null,null,null,null,null,null,null,null,0]
[null,null,null,null,null,null,null,null,null,null,null,null,null,null,null,null,null,null,null,null,null,null,null,null,null,null,null,null,null,null,null,null,null,0]
[null,null,null,null,null,null,null,null,null,null,null,null,null,null,null,null,null,null,null,null,null,null,null,null,null,null,null,null,null,null,null,null,null,0]
[null,null,null,null,null,null,null,null,null,null,null,null,null,null,null,null,null,null,null,null,null,null,null,null,null,null,null,null,null,null,null,null,null,0]
[null,null,null,null,null,null,null,null,null,null,null,null,null,null,null,null,null,null,null,null,null,null,null,null,null,null,null,null,null,null,null,null,null,0]
[null,null,null,null,null,null,null,null,null,null,null,null,null,null,null,null,null,null,null,null,null,null,null,null,null,null,null,null,null,null,null,null,null,0]
[null,null,null,null,null,null,null,null,null,null,null,null,null,null,null,null,null,null,null,null,null,null,null,null,null,null,null,null,null,null,null,null,null,0]
[null,null,null,null,null,null,null,null,null,null,null,null,null,null,null,null,null,null,null,null,null,null,null,null,null,null,null,null,null,null,null,null,null,0]
[null,null,null,null,null,null,null,null,null,null,null,null,null,null,null,null,null,null,null,null,null,null,null,null,null,null,null,null,null,null,null,null,null,0]
[null,null,null,null,null,null,null,null,null,null,null,null,null,null,null,null,null,null,null,null,null,null,null,null,null,null,null,null,null,null,null,null,null,0]
[null,null,null,null,null,null,null,null,null,null,null,null,null,null,null,null,null,null,null,null,null,null,null,null,null,null,null,null,null,null,null,null,null,0]
[null,null,null,null,null,null,null,null,null,null,null,null,null,null,null,null,null,null,null,null,null,null,null,null,null,null,null,null,null,null,null,null,null,0]
[null,null,null,null,null,null,null,null,null,null,null,null,null,null,null,null,null,null,null,null,null,null,null,null,null,null,null,null,null,null,null,null,null,0]
[null,null,null,null,null,null,null,null,null,null,null,null,null,null,null,null,null,null,null,null,null,null,null,null,null,null,null,null,null,null,null,null,null,0]
[null,null,null,null,null,null,null,null,null,null,null,null,null,null,null,null,null,null,null,null,null,null,null,null,null,null,null,null,null,null,null,null,null,0]

{"sheet":"Result","index":5,"n_rows":25,"n_cols":14,"rows_kept":25,"cut":false,"hidden":false,"merged":[]}
[null,null,"Enter Data"]
[null,"Contract No.",30201,null,null,null,null,null,null,null,null,null,"X",{"$f":"IF(VLOOKUP(M2,A9:C23,3,FALSE)=\"\",C9,VLOOKUP(M2,A9:C23,3,FALSE))","v":10152470.019999996}]
[null,"Letting Date","2012-01-12"]
[null,"CN Estimate",8223570.0099999998]
[null,"Engineer Estimate",9530300]
[null,"Project Manager","Jim"]
[{"$f":"IF(A25>1,\"Only One Contractor Can Be Awarded\",\"\")","v":""}]
["Awarded\nX","Contractor Name","$ Total Bid","% Over \nLow Bid","Vs \nCN Estimate","Vs\n Eng. Est.","Comment"]
["X",{"$f":"IF('UT All'!E$3=\"\",\"\",'UT All'!E$3)","v":"01. Superior Construction Company"},{"$f":"IF('UT All'!$F$3=\"\",\"\",'UT All'!$F$3)","v":10152470.019999996},{"$f":"IF(C9=\"\",\"\",IF($A$25>0,C9/$N$2,C9/$C$9))","v":1},{"$f":"IF(ISTEXT($C$4)=TRUE,\"\",IF(OR(C9=0,$C$4=0,$C$4=\"\"),\"\",C9/$C$4-1))","v":0.23455749846531626},{"$f":"IF(ISTEXT($C$5)=TRUE,\"\",IF(OR(C9=0,$C$5=0,$C$5=\"\"),\"\",C9/$C$5-1))","v":6.528336148914482E-2},null,{"$f":"A9","v":"X"}]
[null,{"$f":"IF('UT All'!G$3=\"\",\"\",'UT All'!G$3)","v":"02. Walsh Construction Company Ii Llc"},{"$f":"IF('UT All'!$H$3=\"\",\"\",'UT All'!$H$3)","v":10364675.839999998},1.0209018908287308,0.2603620845200294,8.7549798012654056E-2,null,{"$f":"A10","v":0}]
[null,{"$f":"IF('UT All'!I$3=\"\",\"\",'UT All'!I$3)","v":"03. Milestone Contractors, L.P."},{"$f":"IF('UT All'!$J$3=\"\",\"\",'UT All'!$J$3)","v":10577999.999999994},1.0419139361319678,0.28630266260723358,0.10993358026504874,null,0]
[null,{"$f":"IF('UT All'!K$3=\"\",\"\",'UT All'!K$3)","v":"04. Rieth-Riley Construction"},{"$f":"IF('UT All'!$L$3=\"\",\"\",'UT All'!$L$3)","v":11550412.119999994},1.1376947774527877,0.40454961846916815,0.21196731687355008,null,0]
[null,{"$f":"IF('UT All'!M$3=\"\",\"\",'UT All'!M$3)","v":0},{"$f":"IF('UT All'!$N$3=\"\",\"\",'UT All'!$N$3)","v":0},0,"","",null,0]
[null,{"$f":"IF('UT All'!O$3=\"\",\"\",'UT All'!O$3)","v":0},{"$f":"IF('UT All'!$P$3=\"\",\"\",'UT All'!$P$3)","v":0},0,"","",null,0]
[null,{"$f":"IF('UT All'!Q$3=\"\",\"\",'UT All'!Q$3)","v":0},{"$f":"IF('UT All'!$R$3=\"\",\"\",'UT All'!$R$3)","v":0},0,"","",null,0]
[null,{"$f":"IF('UT All'!S$3=\"\",\"\",'UT All'!S$3)","v":0},{"$f":"IF('UT All'!$T$3=\"\",\"\",'UT All'!$T$3)","v":0},0,"","",null,0]
[null,{"$f":"IF('UT All'!U$3=\"\",\"\",'UT All'!U$3)","v":0},{"$f":"IF('UT All'!$V$3=\"\",\"\",'UT All'!$V$3)","v":0},0,"","",null,0]
[null,{"$f":"IF('UT All'!W$3=\"\",\"\",'UT All'!W$3)","v":0},{"$f":"IF('UT All'!$X$3=\"\",\"\",'UT All'!$X$3)","v":0},0,"","",null,0]
[null,{"$f":"IF('UT All'!Y$3=\"\",\"\",'UT All'!Y$3)","v":0},{"$f":"IF('UT All'!$Z$3=\"\",\"\",'UT All'!$Z$3)","v":0},0,"","",null,0]
[null,{"$f":"IF('UT All'!AA$3=\"\",\"\",'UT All'!AA$3)","v":0},{"$f":"IF('UT All'!$AB$3=\"\",\"\",'UT All'!$AB$3)","v":0},0,"","",null,0]
[null,{"$f":"IF('UT All'!AA$3=\"\",\"\",'UT All'!AC$3)","v":0},{"$f":"IF('UT All'!$AB$3=\"\",\"\",'UT All'!$AD$3)","v":0},0,{"$f":"IF(ISTEXT($C$4)=TRUE,\"\",IF(OR(C21=0,$C$4=0,$C$4=\"\"),\"\",C21/$C$4-1))","v":""},{"$f":"IF(ISTEXT($C$5)=TRUE,\"\",IF(OR(C21=0,$C$5=0,$C$5=\"\"),\"\",C21/$C$5-1))","v":""},null,{"$f":"A21","v":0}]
[null,{"$f":"IF('UT All'!AA$3=\"\",\"\",'UT All'!AE$3)","v":0},{"$f":"IF('UT All'!$AB$3=\"\",\"\",'UT All'!$AF$3)","v":0},0,"","",null,0]
[null,{"$f":"IF('UT All'!AA$3=\"\",\"\",'UT All'!AG$3)","v":0},{"$f":"IF('UT All'!$AB$3=\"\",\"\",'UT All'!$AH$3)","v":0},0,"","",null,0]
[]
[{"$f":"COUNTIF(A9:A23,\"X\")","v":1},null,{"$f":"COUNT(C9:C23)","v":15}]

{"sheet":"Start","index":6,"n_rows":985,"n_cols":24,"rows_kept":985,"cut":false,"hidden":false,"merged":[]}
["JOB_NO","PAY_ITEM","PI_DESC","QUANTITY","CODE","UNIT","UNIT_PRC","EXTENSION",null,null,null,null,null,null,null,null,"JOB_NO","PAY_ITEM","PI_DESC","QUANTITY","CODE","UNIT","UNIT_PRC","EXTENSION"]
["35-1035114","","SUPERIOR CONSTRUCTION COMPANY",1,0,"",0,0]
[null,"105-06845","CONSTRUCTION ENGINEERING",1,0,"L.S.",296000,296000]
[null,"105-09645","CONSTRUCTION ENGINEERING AND INSPECTION",1,0,"L.S.",12000,12000]
[null,"109-08359","LIQUIDATED DAMAGES",1,0,"$",1,1]
[null,"109-08360","CONTRACT LIENS",1,0,"$",1,1]
[null,"109-08443","QUALITY ADJUSTMENTS, TEMPORARY TRAFFIC CONTRO",1,0,"$",1,1]
[null,"109-08444","QUALITY ADJUSTMENTS, FAILED MATERIALS",1,0,"$",1,1]
[null,"109-08463","PROJECT ESTIMATE ADJUSTMENT",1,0,"$",1,1]
[null,"109-09377","QUALITY ADJUSTMENT, PAVEMENT TRAFFIC",1,0,"$",1,1]
[null,"109-09489","PAYMENT ADJUSTMENT, PG ASPHALT BINDER",1,0,"$",1,1]
[null,"110-01001","MOBILIZATION AND DEMOBILIZATION",1,0,"L.S.",532000,532000]
[null,"201-52370","CLEARING RIGHT OF WAY",1,0,"L.S.",200000,200000]
[null,"201-90788","DEBRIS, REMOVE",1,0,"L.S.",12000,12000]
[null,"202-02240","PAVEMENT, REMOVE",28674,0,"S.Y.",7.5,215055]
[null,"202-02271","HEADWALL, REMOVE",16,0,"EACH",400,6400]
[null,"202-02272","PAVED SIDE DITCH, REMOVE",344,0,"L.F.",20,6880]
[null,"202-02279","CURB AND GUTTER, REMOVE",961,0,"L.F.",12,11532]
[null,"202-74045","SIGNS AND SUPPORTS, CHANNEL POSTS, REMOVE",74,0,"EACH",30,2220]
[null,"202-74080","OVERHEAD SIGN STRUCTURE, CANTILEVER, REMOVE",2,0,"EACH",1600,3200]
[null,"202-82066","SIGN CIRCUITRY, CANTILEVERS, REMOVE",2,0,"EACH",250,500]
[null,"202-86946","HANDHOLE, REMOVE",3,0,"EACH",125,375]
[null,"202-93763","LIGHT STANDARD AND FOUNDATION,REMOVE",8,0,"EACH",350,2800]
[null,"202-96035","CONCRETE WALL, REMOVE",20,0,"L.F.",100,2000]
[null,"202-96133","PIPE, REMOVE",1108,0,"L.F.",2,2216]
[null,"202-99187","FENCE, FARM FIELD, REMOVE",2579,0,"L.F.",2.75,7092.25]
[null,"203-02000","EXCAVATION, COMMON",41965,0,"C.Y.",8,335720]
[null,"203-02070","BORROW",9115,0,"C.Y.",0.01,91.15]
[null,"205-03371","SEDIMENT REMOVE",2051,0,"C.Y.",10,20510]
[null,"205-06931","TEMPORARY CHECK DAM, REVETMENT RIPRAP",253,0,"TON",65,16445]
[null,"205-06932","TEMPORARY CHECK DAM, STRAW BALES",402,0,"L.F.",15,6030]
[null,"205-06933","TEMPORARY DITCH INLET PROTECTION",7,0,"EACH",120,840]
[null,"205-06934","TEMPORARY MULCHING",73,0,"TON",400,29200]
[null,"205-06936","TEMPORARY SEDIMENT TRAP",20,0,"TON",82,1640]
[null,"205-06937","TEMPORARY SILT FENCE",18458,0,"L.F.",1.5,27687]
[null,"205-09543","NO 2 STONE",150,0,"TON",55,8250]
[null,"207-08263","SUBGRADE TREATMENT, TYPE IA",102662,0,"S.Y.",4.5,461979]
[null,"207-08263","SUBGRADE TREATMENT, TYPE IA",9100,0,"S.Y.",15,136500]
[null,"207-08267","SUBGRADE TREATMENT, TYPE IIIA",5305,0,"S.Y.",8,42440]
[null,"211-09264","STRUCTURE BACKFILL, TYPE 1",900,0,"C.Y.",3,2700]
[null,"211-09265","STRUCTURE BACKFILL, TYPE 2",1251,0,"C.Y.",25,31275]
[null,"213-09269","FLOWABLE BACKFILL, NON-REMOVEABLE",613,0,"C.Y.",80,49040]
[null,"301-07448","COMPACTED AGGREGATE, NO. 53, BASE",7516,0,"TON",17,127772]
[null,"302-06464","SUBBASE FOR PCCP",24464,0,"C.Y.",37.5,917400]
[null,"303-08210","COMPACTED AGGREGATE NO. 53, TEMPORARY FOR DRI",30,0,"TON",75,2250]
[null,"306-08034","MILLING, ASPHALT, 1 1/2 IN.",3039,0,"S.Y.",3,9117]
[null,"402-07784","HMA SURFACE, TYPE D",268,0,"TON",87.75,23517]
[null,"402-07785","HMA INTERMEDIATE, TYPE D",67,0,"TON",89.850000000000009,6019.95]
[null,"402-10083","HMA FOR TEMPORARY PAVEMENT, A",2241,0,"TON",68.84,154270.44]
[null,"501-06321","QC/QA PCCP, 10 IN.",93599,0,"S.Y.",33.9,3173006.1]
[null,"503-05240","D-1 CONTRACTION JOINT",53189,0,"L.F.",9,478701]
[null,"601-01522","GUARDRAIL TRANSITION TYPE TGB",2,0,"EACH",2100,4200]
[null,"601-01701","GUARDRAIL TERMINAL SYSTEM, W BEAM, CURVED, 2",2,0,"EACH",1865,3730]
[null,"601-01848","GUARDRAIL TERMINAL SYSTEM, W-BEAM, CURVED, 5",1,0,"EACH",2065,2065]
[null,"601-02241","GUARDRAIL, REMOVE",1325,0,"L.F.",4.5,5962.5]
[null,"601-05071","GUARDRAIL TERMINAL SYSTEM, W-BEAM, CURVED, 7",1,0,"EACH",2500,2500]
[null,"601-06854","GUARDRAIL, W-BEAM, NESTED",5,0,"EACH",2800,14000]
[null,"601-08433","GUARDRAIL END TREATMENT, TYPE OS, SPARE PARTS",1,0,"EACH",610,610]
[null,"601-08434","GUARDRAIL END TREATMENT, TYPE OS, SPARE PARTS",1,0,"EACH",110,110]
[null,"601-09149","IMPACT ATTENUATOR, CR1, W1, TL-3",2,0,"EACH",33300,66600]
[null,"601-94689","GUARDRAIL END TREATMENT, OS",15,0,"EACH",2635,39525]
[null,"601-99105","GUARDRAIL, W BEAM, 6 FT. 3 IN. SPACING",3583,0,"L.F.",18.75,67181.25]
[null,"601-99123","GUARDRAIL TRANSITION, GP",4,0,"EACH",3100,12400]
[null,"603-06040","FENCE, FARM FIELD, 47 IN.",2579,0,"L.F.",7.25,18697.75]
[null,"605-06090","CURB, INTEGRAL, CONCRETE",217,0,"L.F.",14,3038]
[null,"605-06121","CURB, CONCRETE, B",1442,0,"L.F.",15,21630]
[null,"605-06140","CURB AND GUTTER, CONCRETE",42,0,"L.F.",21,882]
[null,"605-06145","CURB AND GUTTER, B, CONCRETE",177,0,"L.F.",20,3540]
[null,"605-06245","CENTER CURB, B, CONCRETE",4255,0,"S.Y.",36,153180]
[null,"610-07487","HMA FOR APPROACHES, TYPE B",1776,0,"TON",73.5,130536]
[null,"610-09108","PCCP FOR APPROACHES, 9 IN.",2088,0,"S.Y.",55,114840]
[null,"611-06497","MAILBOX ASSEMBLY, SINGLE",2,0,"EACH",215,430]
[null,"611-06498","MAILBOX ASSEMBLY, DOUBLE",1,0,"EACH",275,275]
[null,"615-06490","RIGHT OF WAY MARKER",61,0,"EACH",137,8357]
[null,"615-06500","MONUMENT, A",2,0,"EACH",650,1300]
[null,"615-06505","MONUMENT, B",6,0,"EACH",755,4530]
[null,"615-06510","MONUMENT, C",2,0,"EACH",555,1110]
[null,"615-06515","MONUMENT, D",48,0,"EACH",135,6480]
[null,"615-06520","MONUMENT, RE ESTABLISH",1,0,"EACH",1500,1500]
[null,"615-06535","BENCH MARK POST, RESET",1,0,"EACH",1000,1000]
[null,"616-02320","GEOTEXTILES",1282,0,"S.Y.",1.55,1987.1000000000001]
[null,"616-05688","RIPRAP, CLASS 1",77,0,"TON",57,4389]
[null,"616-06405","RIPRAP, REVETMENT",445,0,"TON",41,18245]
[null,"616-06451","RIPRAP, UNIFORM",62,0,"TON",41,2542]
[null,"619-11052","CLEAN STEEL BRIDGE, QP-2, BR. NO. ,",1,0,"L.S.",40000,40000]
[null,"619-11052","CLEAN STEEL BRIDGE, QP-2, BR. NO. ,",1,0,"L.S.",40000,40000]
[null,"619-51859","PAINT STEEL BRIDGE , STR. NO. 2",1,0,"L.S.",15000,15000]
[null,"619-51859","PAINT STEEL BRIDGE , STR. NO. 2",1,0,"L.S.",15000,15000]
[null,"621-01004","MOBILIZATION AND DEMOBILIZATION FOR SEEDING",3,0,"EACH",400,1200]
[null,"621-02770","EROSION CONTROL BLANKET",66315,0,"S.Y.",0.65,43104.75]
[null,"621-06545","FERTILIZER",6,0,"TON",600,3600]
[null,"621-06557","SEED MIXTURE, T",1088,0,"LBS",2.5,2720]
[null,"621-06565","MULCHING MATERIAL",29,0,"TON",400,11600]
[null,"621-06567","WATER",253,0,"M.G.",1,253]
[null,"621-06574","SODDING",3864,0,"S.Y.",2.98,11514.72]
[null,"621-06575","SODDING, NURSERY",66315,0,"S.Y.",2.98,197618.7]
[null,"628-08524","CELLULAR TELEPHONE/RADIO, ADDITIONAL",1,0,"$",1,1]
[null,"628-09403","FIELD OFFICE, C",15,0,"MONTH",2300,34500]
[null,"628-09407","FIELD OFFICE COMPUTER SYSTEM,",30,0,"MONTH",100,3000]
[null,"628-11007","CELLULAR TELEPHONE/RADIO SERVICE, 750",60,0,"MONTH",100,6000]
[null,"628-11068","CELLULAR TELEPHONE/RADIO",4,0,"EACH",200,800]
[null,"702-51863","FIELD DRILLED HOLE IN CONCRETE",158,0,"EACH",17,2686]
[null,"702-90915","CONCRETE, A",47.400000000000006,0,"C.Y.",475,22515]
[null,"703-06029","REINFORCING BARS, EPOXY COATED",3869,0,"LBS",2,7738]
[null,"706-09545","COARSE AGGREGATE, NO. 8",400,0,"C.Y.",32,12800]
[null,"709-51821","SURFACE SEAL",1,0,"L.S.",9000,9000]
[null,"714-11175","STRUCTURE, REINFORCED CONCRETE BOX",225,0,"L.F.",550,123750]
[null,"714-11311","STRUCTURE, REINFORCED CONCRETE BOX",137,0,"L.F.",725,99325]
[null,"715-04555","PIPE END SECTION, MIN. AREA 5.1 SQ. FT.",8,0,"EACH",993.5,7948]
[null,"715-05032","PIPE, TYPE 2, CIRCULAR, 15 IN.",961,0,"L.F.",27,25947]
[null,"715-05048","PIPE, TYPE 4, CIRCULAR, 6 IN.",16505,0,"L.F.",3.75,61893.75]
[null,"715-05053","PIPE, UNDERDRAIN OUTLET, 6 IN.",775,0,"L.F.",18,13950]
[null,"715-05121","PIPE, TYPE 1, CIRCULAR, 18 IN.",114,0,"L.F.",34,3876]
[null,"715-05149","PIPE, TYPE 2, CIRCULAR, 12 IN.",210,0,"L.F.",23,4830]
[null,"715-05152","PIPE, TYPE 2, CIRCULAR, 18 IN.",409,0,"L.F.",34,13906]
[null,"715-05154","PIPE, TYPE 2, CIRCULAR, 24 IN. , SMOOTH",1037,0,"L.F.",45,46665]
[null,"715-05156","PIPE, TYPE 2, CIRCULAR, 30 IN.",130,0,"L.F.",55,7150]
[null,"715-05169","PIPE, TYPE 3, CIRCULAR, 15 IN.",319,0,"L.F.",27,8613]
[null,"715-05171","PIPE, TYPE 3, CIRCULAR, 18 IN.",88,0,"L.F.",34,2992]
[null,"715-05236","PIPE, TYPE 1, DEFORMED, MIN. AREA 0.47 M2",308,0,"L.F.",117.08,36060.639999999999]
[null,"715-06471","PIPE END SECTION, MIN. AREA .31 M2",2,0,"EACH",700,1400]
[null,"715-08243","PIPE, TYPE 3, DEFORMED, MIN. AREA 3.3 SQ. FT.",48,0,"L.F.",98.81,4742.88]
[null,"715-09064","VIDEO INSPECTION FOR PIPE",2792,0,"L.F.",1.25,3490]
[null,"715-09769","PIPE, TYPE 3, DEFORMED, MIN. AREA 5.1",240,0,"L.F.",141.47999999999999,33955.200000000004]
[null,"715-46005","PIPE END SECTION, 15 IN.",14,0,"EACH",347,4858]
[null,"715-46010","PIPE END SECTION, 18 IN.",5,0,"EACH",400,2000]
[null,"715-46020","PIPE END SECTION, 24 IN.",4,0,"EACH",475,1900]
[null,"715-46030","PIPE END SECTION, 30 IN.",1,0,"EACH",605,605]
[null,"718-06529","OUTLET PROTECTOR, 2",6,0,"EACH",850,5100]
[null,"718-06531","OUTLET PROTECTOR, 3",30,0,"EACH",800,24000]
[null,"718-06532","VIDEO INSPECTION FOR UNDERDRAINS",3000,0,"L.F.",1.1000000000000001,3300]
[null,"718-52610","AGGREGATE FOR UNDERDRAINS",1496,0,"C.Y.",33,49368]
[null,"720-44000","CASTING, ADJUST TO GRADE",8,0,"EACH",445,3560]
[null,"720-45025","INLET, D6",1,0,"EACH",2340,2340]
[null,"720-45030","INLET, E7",1,0,"EACH",1400,1400]
[null,"720-45035","INLET, F7",3,0,"EACH",1390,4170]
[null,"720-45040","INLET, G7",2,0,"EACH",2225,4450]
[null,"720-45510","MANHOLE, C4, MODIFIED",2,0,"EACH",2600,5200]
[null,"720-95409","MANHOLE, J4, MODIFIED",2,0,"EACH",3200,6400]
[null,"720-97865","MANHOLE, C2, MODIFIED",4,0,"EACH",3700,14800]
[null,"720-98555","INLET, C15",1,0,"EACH",2075,2075]
[null,"723-08608","WINGWALL",608,0,"S.F.",90,54720]
[null,"727-90308","EPOXY INJECTION, CRACK PREPARATION",119,0,"L.F.",40.369999999999997,4804.03]
[null,"727-90309","EPOXY INJECTION, EPOXY MATERIAL",15,0,"GAL",54,810]
[null,"727-93560","EPOXY INJECTION, FURNISHING EQUIPMENT",1,0,"L.S.",200,200]
[null,"801-02595","CONTROLLER, RESET TIMING",3,0,"EACH",155,465]
[null,"801-03290","CONSTRUCTION SIGN, C",12,0,"EACH",140,1680]
[null,"801-04308","ROAD CLOSURE SIGN ASSEMBLY",20,0,"EACH",345,6900]
[null,"801-06201","TEMPORARY PANEL SIGNS",22.5,0,"S.Y.",22,495]
[null,"801-06202","TEMPORARY PANEL SIGN SUPPORTS",56,0,"L.F.",20,1120]
[null,"801-06203","TEMPORARY PAVEMENT MARKING, 4 IN.",35000,0,"L.F.",0.17,5950]
[null,"801-06207","TEMPORARY PAVEMENT MARKING, REMOVABLE, 4 IN.",64300,0,"L.F.",0.88,56584]
[null,"801-06211","TEMPORARY PAVEMENT MESSAGE MARKING, REMOVABLE",13,0,"EACH",95,1235]
[null,"801-06218","TEMPORARY TRANSVERSE PAVEMENT MARKING, REMOVA",377,0,"L.F.",5,1885]
[null,"801-06640","CONSTRUCTION SIGN, A",37,0,"EACH",130,4810]
[null,"801-06645","CONSTRUCTION SIGN, B",5,0,"EACH",48,240]
[null,"801-06710","FLASHING ARROW SIGN",30,0,"DAY",10,300]
[null,"801-06775","MAINTAINING TRAFFIC",1,0,"L.S.",41950,41950]
[null,"801-07118","BARRICADE, III-A",468,0,"L.F.",8.4499999999999993,3954.6000000000004]
[null,"801-07119","BARRICADE, III-B",48,0,"L.F.",9.15,439.20000000000005]
[null,"801-08401","TEMPORARY TRAFFIC BARRIER, TYPE 2",9260,0,"L.F.",18.75,173625]
[null,"801-08508","TEMPORARY TRAFFIC BARRIER, TYPE 2, ANCHORED",252,0,"L.F.",30,7560]
[null,"801-94295","SIGNAL HEAD, RELOCATE",32,0,"EACH",130,4160]
[null,"802-05701","SIGN POST, SQUARE, 1, REINFORCED ANCHOR",765.5,0,"L.F.",11.3,8650.15]
[null,"802-05702","SIGN POST SQUARE, 2, REINFORCED ANCHOR BASE",211.25,0,"L.F.",11.65,2461.06]
[null,"802-07057","SIGN, PANEL, WITH LEGEND",899,0,"S.F.",20,17980]
[null,"802-07151","WIDE FLANGE SIGN POST SUPPORT FOUNDATION, VII",10,0,"EACH",375,3750]
[null,"802-08456","WIDE FLANGE SIGN POST SUPPORT FOUNDATION, VII",12,0,"EACH",385,4620]
[null,"802-09578","OVERHEAD SIGN STRUCTURE, CANTILEVER,",2,0,"EACH",34500,69000]
[null,"802-09581","CANTILEVER SIGN SUPPORT FOUNDATION,",2,0,"EACH",7800,15600]
[null,"802-09838","SIGN, SHEET, WITH LEGEND 0.08 IN.",504.78000000000003,0,"S.F.",15,7571.7000000000007]
[null,"802-09840","SIGN, SHEET, WITH LEGEND 0.100 IN",104.10000000000001,0,"S.F.",18,1873.8000000000002]
[null,"802-09842","SIGN, SHEET,  WITH LEGEND 0.125 IN",78,0,"S.F.",18,1404]
[null,"802-74040","SIGN AND SUPPORTS, WIDE FLANGE, REMOVE",6,0,"EACH",175,1050]
[null,"802-76095","STRUCTURAL STEEL, BREAKAWAY",4874,0,"LBS",4,19496]
[null,"804-06771","DELINEATOR POST, FLEXIBLE",50,0,"EACH",35,1750]
[null,"805-01300","TRAFFIC SIGNAL EQUIPMENT, REMOVE",2,0,"EACH",1800,3600]
[null,"805-01842","HANDHOLE, SIGNAL",21,0,"EACH",700,14700]
[null,"805-01843","SIGNAL HANDHOLE ADJUST TO GRADE",4,0,"EACH",300,1200]
[null,"805-01844","GALVANIZED STEEL CONDUIT, 2 IN., UNDERGROUND",4042,0,"L.F.",11,44462]
[null,"805-02087","TRANSPORTATION OF SALVAGEABLE SIGNAL EQUIPMEN",1,0,"L.S.",500,500]
[null,"805-02373","INTERCONNECT CABLE, FIBER OPTIC",2057,0,"L.F.",2.6,5348.2000000000007]
[null,"805-09539","LOOP DETECTOR DELAY COUNTING AMPLIFIER,",2,0,"EACH",1100,2200]
[null,"805-78109","CONTROLLER AND CABINET, SECONDARY, MENU DRIVE",1,0,"EACH",13900,13900]
[null,"805-78205","TRAFFIC SIGNAL HEAD, 3 FACE, 12.20 IN. RED, A",20,0,"EACH",777,15540]
[null,"805-78230","TRAFFIC SIGNAL HEAD, 5 FACE, 12.20 IN. RED, A",4,0,"EACH",1200,4800]
[null,"805-78415","SPAN CATENARY AND TETHER",10,0,"EACH",1740,17400]
[null,"805-78420","DISCONNECT HANGER",10,0,"EACH",340,3400]
[null,"805-78467","SIGNAL CABLE, 3C 8GA.",55,0,"L.F.",3,165]
[null,"805-78470","SIGNAL CABLE, ROADWAY LOOP, 1C 14GA.",6552,0,"L.F.",0.32,2096.64]
[null,"805-78485","SIGNAL CABLE, 5C 14GA.",538,0,"L.F.",1.2000000000000002,645.6]
[null,"805-78490","SIGNAL CABLE, 7C 14GA.",2486,0,"L.F.",1.6,3977.6000000000004]
[null,"805-78510","SIGNAL CABLE, 2C 16GA., SHIELDED",7814,0,"L.F.",0.8,6251.2000000000007]
[null,"805-78785","SIGNAL DETECTOR HOUSING",17,0,"EACH",410,6970]
[null,"805-78795","SAW CUT FOR ROADWAY LOOP AND SEALER",2336,0,"L.F.",8,18688]
[null,"805-78925","CONTROLLER CABINET FOUNDATION, P1",1,0,"EACH",710,710]
[null,"805-81060","SIGNAL STRAIN POLE, STEEL, 36 FT.",10,0,"EACH",5210,52100]
[null,"805-86890","POLE CIRCUIT CABLE, 1C NO. 10 THW OR TW STRAN",840,0,"L.F.",0.88,739.2]
[null,"805-92504","LOOP DETECTOR DELAY AMPLIFIER, 2 CHANNEL",10,0,"EACH",298,2980]
[null,"807-02191","HANDHOLE, LIGHTING",3,0,"EACH",700,2100]
[null,"807-02193","LIGHT STANDARD FOUNDATION, 3 FT. DIA. X 8 FT.",8,0,"EACH",800,6400]
[null,"807-02426","WIRE, THW, NO. 4 COPPER, IN PLASTIC",535,0,"L.F.",8.77,4691.95]
[null,"807-03051","LIGHT CABLE, 1C/10",960,0,"L.F.",1,960]
[null,"807-07580","WIRE, NO.4, COPPER, IN PLASTIC DUCT, IN TRENC",2990,0,"L.F.",8.77,26222.300000000003]
[null,"807-82052","UNDERPASS CIRCUIT INSTALLATION, 2 LUMINAIRES",2,0,"EACH",542,1084]
[null,"807-85752","LIGHT POLE, 40 FT. E.M.H., 10.0 FT. MAST ARM,",8,0,"EACH",1425,11400]
[null,"807-86620","LUMINAIRE, ROADWAY, HIGH PRESSURE SODIUM, 400",8,0,"EACH",300,2400]
[null,"807-86750","LUMINAIRE UNDERPASS, WALL MOUNTED, HIGH PRESS",4,0,"EACH",845,3380]
[null,"807-86910","CONNECTOR KIT, UNFUSED",8,0,"EACH",19,152]
[null,"807-86915","CONNECTOR KIT, FUSED",8,0,"EACH",20,160]
[null,"807-86920","MULTIPLE COMPRESSION FITTING, NOT WATERPROOFE",18,0,"EACH",17,306]
[null,"807-86925","MULTIPLE COMPRESSION FITTING, WATERPROOFED",12,0,"EACH",21,252]
[null,"807-86930","INSULATION LINK, NONWATERPROOFED",16,0,"EACH",17,272]
[null,"807-86935","INSULATION LINK, WATERPROOFED",12,0,"EACH",21,252]
[null,"807-86955","CABLE DUCT MARKER",11,0,"EACH",70,770]
[null,"808-06703","LINE, THERMOPLASTIC, SOLID, WHITE, 4 IN.",2771,0,"L.F.",0.35000000000000003,969.85]
[null,"808-06716","LINE, REMOVE",3615,0,"L.F.",0.38,1373.7]
[null,"808-09381","RETRO-REFLECTIVITY TEST",1,0,"L.S.",800,800]
[null,"808-10031","LINE, MULTI-COMP, BROKEN, WHITE, 4 IN",2630,0,"L.F.",0.25,657.5]
[null,"808-10033","LINE, MULTI-COMP, SOLID, WHITE, 4 IN",29503,0,"L.F.",0.25,7375.75]
[null,"808-10034","LINE, MULTI-COMP, SOLID, YELLOW, 4 IN",13980,0,"L.F.",0.25,3495]
[null,"808-10036","LINE, MULTI-COMP, BROKEN, YELLOW, 4 IN",300,0,"L.F.",0.25,75]
[null,"808-10037","LINE, MULTI-COMP, SOLID, WHITE, 8 IN",1838,0,"L.F.",0.5,919]
[null,"808-10038","TRANSVERSE MKGS MULTI-COMP SOLID WHITE,",999,0,"L.F.",8,7992]
[null,"808-10042","TRANSVERSE MKG MULTI-COMP SOLID YELLOW",210,0,"L.F.",4,840]
[null,"808-10051","TRANSVERSE MKG MULTI-COMP, STOP LINE,",354,0,"L.F.",8,2832]
[null,"808-10058","LINE, MULTI-COMP, SOLID, YELLOW, 8 IN",4078,0,"L.F.",0.5,2039]
[null,"808-10078","LINE MULTI-COMP DOTTED, WHITE, 4 IN, 24",130,0,"L.F.",4,520]
[null,"808-10119","TRANSVERSE MARKING, MULTI-COMPONENT,",477,0,"L.F.",7.88,3758.76]
[null,"808-75245","LINE, THERMOPLASTIC, SOLID, YELLOW, 4 IN.",3086,0,"L.F.",0.35000000000000003,1080.1000000000001]
[null,"808-75998","SNOWPLOWABLE RAISED PAVEMENT MARKER",432,0,"EACH",19.25,8316]
[null,"202-01405","CONTAMINATED SOIL, REMOVE AND DISPOSE",20,0,"C.Y.",200,4000]
[null,"406-05520","ASPHALT MATERIAL FOR TACK COAT",6,0,"TON",600,3600]
[null,"805-01815","SIGNAL SUPPORT FOUNDATION, 3 FT. X 12 FT.",10,0,"EACH",2010,20100]
[null,"808-10066","PAVEMENT MESSAGE MARKINGS,",5,0,"EACH",98,490]
[null,"808-10077","PAVEMENT MESSAGE MARKINGS,",51,0,"EACH",80,4080]
[null,"808-10052","PAVEMENT MESSAGE MKG, MULTI-COMP, (ONLY",20,0,"EACH",99,1980]
[null,"808-75996","SNOWPLOWABLE RAISED PAVEMENT MARKER, REMOVE",200,0,"EACH",4.25,850]
[null,"801-07023","ENERGY ABSORBIBG TERMINAL, CZ, TL-2",5,0,"EACH",5400,27000]
[null,"720-45140","INLET, G7, MODIFIED",1,0,"EACH",2400,2400]
[null,"202-92222","TESTING FOR CONTAMINATED MATERIALS, TPH (SOIL",5,0,"EACH",1000,5000]
[null,"807-01603","SERVICE POINT, TYPE II",2,0,"EACH",3200,6400]
[null,"202-95579","SERVICE POINT, REMOVE",2,0,"EACH",150,300]
[null,"621-06553","SEED MIXTURE, R",2000,0,"LBS",3.4000000000000004,6800]
[null,"801-06625","DETOUR ROUTE MARKER ASSEMBLY",15,0,"EACH",89,1335]
[null,"801-06539","TEMPORARY TRAFFIC SIGNAL INSTALLATION, MAINTA",1,0,"L.S.",4100,4100]
[null,null,null,0,0,null,0,0]
["27-0887958",null,"WALSH CONSTRUCTION COMPANY II LLC",2,0,null,0,0]
[null,"105-06845","CONSTRUCTION ENGINEERING",1,0,"L.S.",197827.14,197827.14]
[null,"105-09645","CONSTRUCTION ENGINEERING AND INSPECTION",1,0,"L.S.",75000,75000]
[null,"109-08359","LIQUIDATED DAMAGES",1,0,"$",1,1]
[null,"109-08360","CONTRACT LIENS",1,0,"$",1,1]
[null,"109-08443","QUALITY ADJUSTMENTS, TEMPORARY TRAFFIC CONTRO",1,0,"$",1,1]
[null,"109-08444","QUALITY ADJUSTMENTS, FAILED MATERIALS",1,0,"$",1,1]
[null,"109-08463","PROJECT ESTIMATE ADJUSTMENT",1,0,"$",1,1]
[null,"109-09377","QUALITY ADJUSTMENT, PAVEMENT TRAFFIC",1,0,"$",1,1]
[null,"109-09489","PAYMENT ADJUSTMENT, PG ASPHALT BINDER",1,0,"$",1,1]
[null,"110-01001","MOBILIZATION AND DEMOBILIZATION",1,0,"L.S.",518000,518000]
[null,"201-52370","CLEARING RIGHT OF WAY",1,0,"L.S.",207000,207000]
[null,"201-90788","DEBRIS, REMOVE",1,0,"L.S.",50000,50000]
[null,"202-02240","PAVEMENT, REMOVE",28674,0,"S.Y.",6.34,181793.16]
[null,"202-02271","HEADWALL, REMOVE",16,0,"EACH",149.19,2387.04]
[null,"202-02272","PAVED SIDE DITCH, REMOVE",344,0,"L.F.",11.51,3959.44]
[null,"202-02279","CURB AND GUTTER, REMOVE",961,0,"L.F.",3.84,3690.2400000000002]
[null,"202-74045","SIGNS AND SUPPORTS, CHANNEL POSTS, REMOVE",74,0,"EACH",30,2220]
[null,"202-74080","OVERHEAD SIGN STRUCTURE, CANTILEVER, REMOVE",2,0,"EACH",1600,3200]
[null,"202-82066","SIGN CIRCUITRY, CANTILEVERS, REMOVE",2,0,"EACH",250,500]
[null,"202-86946","HANDHOLE, REMOVE",3,0,"EACH",125,375]
[null,"202-93763","LIGHT STANDARD AND FOUNDATION,REMOVE",8,0,"EACH",350,2800]
[null,"202-96035","CONCRETE WALL, REMOVE",20,0,"L.F.",87.28,1745.6000000000001]
[null,"202-96133","PIPE, REMOVE",1108,0,"L.F.",8.76,9706.08]
[null,"202-99187","FENCE, FARM FIELD, REMOVE",2579,0,"L.F.",1.8,4642.2]
[null,"203-02000","EXCAVATION, COMMON",41965,0,"C.Y.",13,545545]
[null,"203-02070","BORROW",9115,0,"C.Y.",0.01,91.15]
[null,"205-03371","SEDIMENT REMOVE",2051,0,"C.Y.",7.67,15731.17]
[null,"205-06931","TEMPORARY CHECK DAM, REVETMENT RIPRAP",253,0,"TON",73.69,18643.57]
[null,"205-06932","TEMPORARY CHECK DAM, STRAW BALES",402,0,"L.F.",9.25,3718.5]
[null,"205-06933","TEMPORARY DITCH INLET PROTECTION",7,0,"EACH",85,595]
[null,"205-06934","TEMPORARY MULCHING",73,0,"TON",400,29200]
[null,"205-06936","TEMPORARY SEDIMENT TRAP",20,0,"TON",154.11000000000001,3082.2000000000003]
[null,"205-06937","TEMPORARY SILT FENCE",18458,0,"L.F.",1.98,36546.840000000004]
[null,"205-09543","NO 2 STONE",150,0,"TON",51.18,7677]
[null,"207-08263","SUBGRADE TREATMENT, TYPE IA",102662,0,"S.Y.",5.23,536922.26]
[null,"207-08263","SUBGRADE TREATMENT, TYPE IA",9100,0,"S.Y.",14.540000000000001,132314]
[null,"207-08267","SUBGRADE TREATMENT, TYPE IIIA",5305,0,"S.Y.",12.07,64031.35]
[null,"211-09264","STRUCTURE BACKFILL, TYPE 1",900,0,"C.Y.",20.63,18567]
[null,"211-09265","STRUCTURE BACKFILL, TYPE 2",1251,0,"C.Y.",23.86,29848.86]
[null,"213-09269","FLOWABLE BACKFILL, NON-REMOVEABLE",613,0,"C.Y.",90.22,55304.86]
[null,"301-07448","COMPACTED AGGREGATE, NO. 53, BASE",7516,0,"TON",17.59,132206.44]
[null,"302-06464","SUBBASE FOR PCCP",24464,0,"C.Y.",29.93,732207.52]
[null,"303-08210","COMPACTED AGGREGATE NO. 53, TEMPORARY FOR DRI",30,0,"TON",50.620000000000005,1518.6000000000001]
[null,"306-08034","MILLING, ASPHALT, 1 1/2 IN.",3039,0,"S.Y.",1.1100000000000001,3373.29]
[null,"402-07784","HMA SURFACE, TYPE D",268,0,"TON",87.75,23517]
[null,"402-07785","HMA INTERMEDIATE, TYPE D",67,0,"TON",89.850000000000009,6019.95]
[null,"402-10083","HMA FOR TEMPORARY PAVEMENT, A",2241,0,"TON",68.84,154270.44]
[null,"501-06321","QC/QA PCCP, 10 IN.",93599,0,"S.Y.",33.090000000000003,3097190.91]
[null,"503-05240","D-1 CONTRACTION JOINT",53189,0,"L.F.",10.25,545187.25]
[null,"601-01522","GUARDRAIL TRANSITION TYPE TGB",2,0,"EACH",1900,3800]
[null,"601-01701","GUARDRAIL TERMINAL SYSTEM, W BEAM, CURVED, 2",2,0,"EACH",1800,3600]
[null,"601-01848","GUARDRAIL TERMINAL SYSTEM, W-BEAM, CURVED, 5",1,0,"EACH",1800,1800]
[null,"601-02241","GUARDRAIL, REMOVE",1325,0,"L.F.",4,5300]
[null,"601-05071","GUARDRAIL TERMINAL SYSTEM, W-BEAM, CURVED, 7",1,0,"EACH",1800,1800]
[null,"601-06854","GUARDRAIL, W-BEAM, NESTED",5,0,"EACH",2300,11500]
[null,"601-08433","GUARDRAIL END TREATMENT, TYPE OS, SPARE PARTS",1,0,"EACH",1200,1200]
[null,"601-08434","GUARDRAIL END TREATMENT, TYPE OS, SPARE PARTS",1,0,"EACH",1400,1400]
[null,"601-09149","IMPACT ATTENUATOR, CR1, W1, TL-3",2,0,"EACH",25500,51000]
[null,"601-94689","GUARDRAIL END TREATMENT, OS",15,0,"EACH",2700,40500]
[null,"601-99105","GUARDRAIL, W BEAM, 6 FT. 3 IN. SPACING",3583,0,"L.F.",18,64494]
[null,"601-99123","GUARDRAIL TRANSITION, GP",4,0,"EACH",2400,9600]
[null,"603-06040","FENCE, FARM FIELD, 47 IN.",2579,0,"L.F.",5.1000000000000005,13152.900000000001]
[null,"605-06090","CURB, INTEGRAL, CONCRETE",217,0,"L.F.",11.71,2541.0700000000002]
[null,"605-06121","CURB, CONCRETE, B",1442,0,"L.F.",8.370000000000001,12069.54]
[null,"605-06140","CURB AND GUTTER, CONCRETE",42,0,"L.F.",26.69,1120.98]
[null,"605-06145","CURB AND GUTTER, B, CONCRETE",177,0,"L.F.",20.59,3644.4300000000003]
[null,"605-06245","CENTER CURB, B, CONCRETE",4255,0,"S.Y.",51.800000000000004,220409]
[null,"610-07487","HMA FOR APPROACHES, TYPE B",1776,0,"TON",73.5,130536]
[null,"610-09108","PCCP FOR APPROACHES, 9 IN.",2088,0,"S.Y.",45.43,94857.84]
[null,"611-06497","MAILBOX ASSEMBLY, SINGLE",2,0,"EACH",150,300]
[null,"611-06498","MAILBOX ASSEMBLY, DOUBLE",1,0,"EACH",170,170]
[null,"615-06490","RIGHT OF WAY MARKER",61,0,"EACH",140,8540]
[null,"615-06500","MONUMENT, A",2,0,"EACH",580,1160]
[null,"615-06505","MONUMENT, B",6,0,"EACH",580,3480]
[null,"615-06510","MONUMENT, C",2,0,"EACH",360,720]
[null,"615-06515","MONUMENT, D",48,0,"EACH",230,11040]
[null,"615-06520","MONUMENT, RE ESTABLISH",1,0,"EACH",580,580]
[null,"615-06535","BENCH MARK POST, RESET",1,0,"EACH",630,630]
[null,"616-02320","GEOTEXTILES",1282,0,"S.Y.",2.38,3051.16]
[null,"616-05688","RIPRAP, CLASS 1",77,0,"TON",38.72,2981.44]
[null,"616-06405","RIPRAP, REVETMENT",445,0,"TON",33.89,15081.050000000001]
[null,"616-06451","RIPRAP, UNIFORM",62,0,"TON",51.69,3204.78]
[null,"619-11052","CLEAN STEEL BRIDGE, QP-2, BR. NO. ,",1,0,"L.S.",50000,50000]
[null,"619-11052","CLEAN STEEL BRIDGE, QP-2, BR. NO. ,",1,0,"L.S.",50000,50000]
[null,"619-51859","PAINT STEEL BRIDGE , STR. NO. 2",1,0,"L.S.",25000,25000]
[null,"619-51859","PAINT STEEL BRIDGE , STR. NO. 2",1,0,"L.S.",25000,25000]
[null,"621-01004","MOBILIZATION AND DEMOBILIZATION FOR SEEDING",3,0,"EACH",400,1200]
[null,"621-02770","EROSION CONTROL BLANKET",66315,0,"S.Y.",0.65,43104.75]
[null,"621-06545","FERTILIZER",6,0,"TON",600,3600]
[null,"621-06557","SEED MIXTURE, T",1088,0,"LBS",2.5,2720]
[null,"621-06565","MULCHING MATERIAL",29,0,"TON",400,11600]
[null,"621-06567","WATER",253,0,"M.G.",1,253]
[null,"621-06574","SODDING",3864,0,"S.Y.",2.98,11514.72]
[null,"621-06575","SODDING, NURSERY",66315,0,"S.Y.",3.21,212871.15]
[null,"628-08524","CELLULAR TELEPHONE/RADIO, ADDITIONAL",1,0,"$",1,1]
[null,"628-09403","FIELD OFFICE, C",15,0,"MONTH",2628.33,39424.950000000004]
[null,"628-09407","FIELD OFFICE COMPUTER SYSTEM,",30,0,"MONTH",200,6000]
[null,"628-11007","CELLULAR TELEPHONE/RADIO SERVICE, 750",60,0,"MONTH",100,6000]
[null,"628-11068","CELLULAR TELEPHONE/RADIO",4,0,"EACH",100,400]
[null,"702-51863","FIELD DRILLED HOLE IN CONCRETE",158,0,"EACH",14.600000000000001,2306.8000000000002]
[null,"702-90915","CONCRETE, A",47.400000000000006,0,"C.Y.",735.12,34844.69]
[null,"703-06029","REINFORCING BARS, EPOXY COATED",3869,0,"LBS",1.07,4139.83]
[null,"706-09545","COARSE AGGREGATE, NO. 8",400,0,"C.Y.",29.41,11764]
[null,"709-51821","SURFACE SEAL",1,0,"L.S.",10000,10000]
[null,"714-11175","STRUCTURE, REINFORCED CONCRETE BOX",225,0,"L.F.",450,101250]
[null,"714-11311","STRUCTURE, REINFORCED CONCRETE BOX",137,0,"L.F.",625,85625]
[null,"715-04555","PIPE END SECTION, MIN. AREA 5.1 SQ. FT.",8,0,"EACH",676.34,5410.72]
[null,"715-05032","PIPE, TYPE 2, CIRCULAR, 15 IN.",961,0,"L.F.",29.830000000000002,28666.63]
[null,"715-05048","PIPE, TYPE 4, CIRCULAR, 6 IN.",16505,0,"L.F.",3.27,53971.35]
[null,"715-05053","PIPE, UNDERDRAIN OUTLET, 6 IN.",775,0,"L.F.",9.77,7571.75]
[null,"715-05121","PIPE, TYPE 1, CIRCULAR, 18 IN.",114,0,"L.F.",34.480000000000004,3930.7200000000003]
[null,"715-05149","PIPE, TYPE 2, CIRCULAR, 12 IN.",210,0,"L.F.",30.8,6468]
[null,"715-05152","PIPE, TYPE 2, CIRCULAR, 18 IN.",409,0,"L.F.",36.630000000000003,14981.67]
[null,"715-05154","PIPE, TYPE 2, CIRCULAR, 24 IN. , SMOOTH",1037,0,"L.F.",46.13,47836.81]
[null,"715-05156","PIPE, TYPE 2, CIRCULAR, 30 IN.",130,0,"L.F.",53.44,6947.2000000000007]
[null,"715-05169","PIPE, TYPE 3, CIRCULAR, 15 IN.",319,0,"L.F.",26.94,8593.86]
[null,"715-05171","PIPE, TYPE 3, CIRCULAR, 18 IN.",88,0,"L.F.",33.11,2913.68]
[null,"715-05236","PIPE, TYPE 1, DEFORMED, MIN. AREA 0.47 M2",308,0,"L.F.",79.239999999999995,24405.920000000002]
[null,"715-06471","PIPE END SECTION, MIN. AREA .31 M2",2,0,"EACH",571.34,1142.68]
[null,"715-08243","PIPE, TYPE 3, DEFORMED, MIN. AREA 3.3 SQ. FT.",48,0,"L.F.",66.31,3182.88]
[null,"715-09064","VIDEO INSPECTION FOR PIPE",2792,0,"L.F.",2,5584]
[null,"715-09769","PIPE, TYPE 3, DEFORMED, MIN. AREA 5.1",240,0,"L.F.",67.02,16084.800000000001]
[null,"715-46005","PIPE END SECTION, 15 IN.",14,0,"EACH",308.28000000000003,4315.92]
[null,"715-46010","PIPE END SECTION, 18 IN.",5,0,"EACH",331.27,1656.3500000000001]
[null,"715-46020","PIPE END SECTION, 24 IN.",4,0,"EACH",596.91999999999996,2387.6799999999998]
[null,"715-46030","PIPE END SECTION, 30 IN.",1,0,"EACH",665.40000000000009,665.40000000000009]
[null,"718-06529","OUTLET PROTECTOR, 2",6,0,"EACH",729.18000000000006,4375.08]
[null,"718-06531","OUTLET PROTECTOR, 3",30,0,"EACH",704.86,21145.800000000003]
[null,"718-06532","VIDEO INSPECTION FOR UNDERDRAINS",3000,0,"L.F.",1,3000]
[null,"718-52610","AGGREGATE FOR UNDERDRAINS",1496,0,"C.Y.",31.03,46420.88]
[null,"720-44000","CASTING, ADJUST TO GRADE",8,0,"EACH",680.33,5442.64]
[null,"720-45025","INLET, D6",1,0,"EACH",2046.02,2046.02]
[null,"720-45030","INLET, E7",1,0,"EACH",1661.32,1661.32]
[null,"720-45035","INLET, F7",3,0,"EACH",1661.31,4983.93]
[null,"720-45040","INLET, G7",2,0,"EACH",2009.02,4018.04]
[null,"720-45510","MANHOLE, C4, MODIFIED",2,0,"EACH",2410.7600000000002,4821.5200000000004]
[null,"720-95409","MANHOLE, J4, MODIFIED",2,0,"EACH",3483.01,6966.02]
[null,"720-97865","MANHOLE, C2, MODIFIED",4,0,"EACH",2629.8,10519.2]
[null,"720-98555","INLET, C15",1,0,"EACH",2511.1000000000004,2511.1000000000004]
[null,"723-08608","WINGWALL",608,0,"S.F.",51.26,31166.080000000002]
[null,"727-90308","EPOXY INJECTION, CRACK PREPARATION",119,0,"L.F.",34.08,4055.52]
[null,"727-90309","EPOXY INJECTION, EPOXY MATERIAL",15,0,"GAL",53.34,800.1]
[null,"727-93560","EPOXY INJECTION, FURNISHING EQUIPMENT",1,0,"L.S.",500,500]
[null,"801-02595","CONTROLLER, RESET TIMING",3,0,"EACH",155,465]
[null,"801-03290","CONSTRUCTION SIGN, C",12,0,"EACH",128,1536]
[null,"801-04308","ROAD CLOSURE SIGN ASSEMBLY",20,0,"EACH",110,2200]
[null,"801-06201","TEMPORARY PANEL SIGNS",22.5,0,"S.Y.",22,495]
[null,"801-06202","TEMPORARY PANEL SIGN SUPPORTS",56,0,"L.F.",20,1120]
[null,"801-06203","TEMPORARY PAVEMENT MARKING, 4 IN.",35000,0,"L.F.",0.16,5600]
[null,"801-06207","TEMPORARY PAVEMENT MARKING, REMOVABLE, 4 IN.",64300,0,"L.F.",0.87,55941]
[null,"801-06211","TEMPORARY PAVEMENT MESSAGE MARKING, REMOVABLE",13,0,"EACH",85,1105]
[null,"801-06218","TEMPORARY TRANSVERSE PAVEMENT MARKING, REMOVA",377,0,"L.F.",4.25,1602.25]
[null,"801-06640","CONSTRUCTION SIGN, A",37,0,"EACH",112,4144]
[null,"801-06645","CONSTRUCTION SIGN, B",5,0,"EACH",40,200]
[null,"801-06710","FLASHING ARROW SIGN",30,0,"DAY",10,300]
[null,"801-06775","MAINTAINING TRAFFIC",1,0,"L.S.",150000,150000]
[null,"801-07118","BARRICADE, III-A",468,0,"L.F.",8,3744]
[null,"801-07119","BARRICADE, III-B",48,0,"L.F.",8.5500000000000007,410.40000000000003]
[null,"801-08401","TEMPORARY TRAFFIC BARRIER, TYPE 2",9260,0,"L.F.",25.310000000000002,234370.6]
[null,"801-08508","TEMPORARY TRAFFIC BARRIER, TYPE 2, ANCHORED",252,0,"L.F.",22.84,5755.68]
[null,"801-94295","SIGNAL HEAD, RELOCATE",32,0,"EACH",130,4160]
[null,"802-05701","SIGN POST, SQUARE, 1, REINFORCED ANCHOR",765.5,0,"L.F.",11.3,8650.15]
[null,"802-05702","SIGN POST SQUARE, 2, REINFORCED ANCHOR BASE",211.25,0,"L.F.",11.65,2461.06]
[null,"802-07057","SIGN, PANEL, WITH LEGEND",899,0,"S.F.",20,17980]
[null,"802-07151","WIDE FLANGE SIGN POST SUPPORT FOUNDATION, VII",10,0,"EACH",375,3750]
[null,"802-08456","WIDE FLANGE SIGN POST SUPPORT FOUNDATION, VII",12,0,"EACH",385,4620]
[null,"802-09578","OVERHEAD SIGN STRUCTURE, CANTILEVER,",2,0,"EACH",34500,69000]
[null,"802-09581","CANTILEVER SIGN SUPPORT FOUNDATION,",2,0,"EACH",7800,15600]
[null,"802-09838","SIGN, SHEET, WITH LEGEND 0.08 IN.",504.78000000000003,0,"S.F.",15,7571.7000000000007]
[null,"802-09840","SIGN, SHEET, WITH LEGEND 0.100 IN",104.10000000000001,0,"S.F.",18,1873.8000000000002]
[null,"802-09842","SIGN, SHEET,  WITH LEGEND 0.125 IN",78,0,"S.F.",18,1404]
[null,"802-74040","SIGN AND SUPPORTS, WIDE FLANGE, REMOVE",6,0,"EACH",175,1050]
[null,"802-76095","STRUCTURAL STEEL, BREAKAWAY",4874,0,"LBS",4,19496]
[null,"804-06771","DELINEATOR POST, FLEXIBLE",50,0,"EACH",33,1650]
[null,"805-01300","TRAFFIC SIGNAL EQUIPMENT, REMOVE",2,0,"EACH",1800,3600]
[null,"805-01842","HANDHOLE, SIGNAL",21,0,"EACH",700,14700]
[null,"805-01843","SIGNAL HANDHOLE ADJUST TO GRADE",4,0,"EACH",300,1200]
[null,"805-01844","GALVANIZED STEEL CONDUIT, 2 IN., UNDERGROUND",4042,0,"L.F.",11,44462]
[null,"805-02087","TRANSPORTATION OF SALVAGEABLE SIGNAL EQUIPMEN",1,0,"L.S.",500,500]
[null,"805-02373","INTERCONNECT CABLE, FIBER OPTIC",2057,0,"L.F.",2.6,5348.2000000000007]
[null,"805-09539","LOOP DETECTOR DELAY COUNTING AMPLIFIER,",2,0,"EACH",1100,2200]
[null,"805-78109","CONTROLLER AND CABINET, SECONDARY, MENU DRIVE",1,0,"EACH",13900,13900]
[null,"805-78205","TRAFFIC SIGNAL HEAD, 3 FACE, 12.20 IN. RED, A",20,0,"EACH",777,15540]
[null,"805-78230","TRAFFIC SIGNAL HEAD, 5 FACE, 12.20 IN. RED, A",4,0,"EACH",1200,4800]
[null,"805-78415","SPAN CATENARY AND TETHER",10,0,"EACH",1740,17400]
[null,"805-78420","DISCONNECT HANGER",10,0,"EACH",340,3400]
[null,"805-78467","SIGNAL CABLE, 3C 8GA.",55,0,"L.F.",3,165]
[null,"805-78470","SIGNAL CABLE, ROADWAY LOOP, 1C 14GA.",6552,0,"L.F.",0.32,2096.64]
[null,"805-78485","SIGNAL CABLE, 5C 14GA.",538,0,"L.F.",1.2000000000000002,645.6]
[null,"805-78490","SIGNAL CABLE, 7C 14GA.",2486,0,"L.F.",1.6,3977.6000000000004]
[null,"805-78510","SIGNAL CABLE, 2C 16GA., SHIELDED",7814,0,"L.F.",0.8,6251.2000000000007]
[null,"805-78785","SIGNAL DETECTOR HOUSING",17,0,"EACH",410,6970]
[null,"805-78795","SAW CUT FOR ROADWAY LOOP AND SEALER",2336,0,"L.F.",8,18688]
[null,"805-78925","CONTROLLER CABINET FOUNDATION, P1",1,0,"EACH",710,710]
[null,"805-81060","SIGNAL STRAIN POLE, STEEL, 36 FT.",10,0,"EACH",5210,52100]
[null,"805-86890","POLE CIRCUIT CABLE, 1C NO. 10 THW OR TW STRAN",840,0,"L.F.",0.88,739.2]
[null,"805-92504","LOOP DETECTOR DELAY AMPLIFIER, 2 CHANNEL",10,0,"EACH",298,2980]
[null,"807-02191","HANDHOLE, LIGHTING",3,0,"EACH",700,2100]
[null,"807-02193","LIGHT STANDARD FOUNDATION, 3 FT. DIA. X 8 FT.",8,0,"EACH",800,6400]
[null,"807-02426","WIRE, THW, NO. 4 COPPER, IN PLASTIC",535,0,"L.F.",8.77,4691.95]
[null,"807-03051","LIGHT CABLE, 1C/10",960,0,"L.F.",1,960]
[null,"807-07580","WIRE, NO.4, COPPER, IN PLASTIC DUCT, IN TRENC",2990,0,"L.F.",8.77,26222.300000000003]
[null,"807-82052","UNDERPASS CIRCUIT INSTALLATION, 2 LUMINAIRES",2,0,"EACH",542,1084]
[null,"807-85752","LIGHT POLE, 40 FT. E.M.H., 10.0 FT. MAST ARM,",8,0,"EACH",1425,11400]
[null,"807-86620","LUMINAIRE, ROADWAY, HIGH PRESSURE SODIUM, 400",8,0,"EACH",300,2400]
[null,"807-86750","LUMINAIRE UNDERPASS, WALL MOUNTED, HIGH PRESS",4,0,"EACH",845,3380]
[null,"807-86910","CONNECTOR KIT, UNFUSED",8,0,"EACH",19,152]
[null,"807-86915","CONNECTOR KIT, FUSED",8,0,"EACH",20,160]
[null,"807-86920","MULTIPLE COMPRESSION FITTING, NOT WATERPROOFE",18,0,"EACH",17,306]
[null,"807-86925","MULTIPLE COMPRESSION FITTING, WATERPROOFED",12,0,"EACH",21,252]
[null,"807-86930","INSULATION LINK, NONWATERPROOFED",16,0,"EACH",17,272]
[null,"807-86935","INSULATION LINK, WATERPROOFED",12,0,"EACH",21,252]
[null,"807-86955","CABLE DUCT MARKER",11,0,"EACH",70,770]
[null,"808-06703","LINE, THERMOPLASTIC, SOLID, WHITE, 4 IN.",2771,0,"L.F.",0.35000000000000003,969.85]
[null,"808-06716","LINE, REMOVE",3615,0,"L.F.",0.35000000000000003,1265.25]
[null,"808-09381","RETRO-REFLECTIVITY TEST",1,0,"L.S.",800,800]
[null,"808-10031","LINE, MULTI-COMP, BROKEN, WHITE, 4 IN",2630,0,"L.F.",0.25,657.5]
[null,"808-10033","LINE, MULTI-COMP, SOLID, WHITE, 4 IN",29503,0,"L.F.",0.25,7375.75]
[null,"808-10034","LINE, MULTI-COMP, SOLID, YELLOW, 4 IN",13980,0,"L.F.",0.25,3495]
[null,"808-10036","LINE, MULTI-COMP, BROKEN, YELLOW, 4 IN",300,0,"L.F.",0.25,75]
[null,"808-10037","LINE, MULTI-COMP, SOLID, WHITE, 8 IN",1838,0,"L.F.",0.5,919]
[null,"808-10038","TRANSVERSE MKGS MULTI-COMP SOLID WHITE,",999,0,"L.F.",8,7992]
[null,"808-10042","TRANSVERSE MKG MULTI-COMP SOLID YELLOW",210,0,"L.F.",4,840]
[null,"808-10051","TRANSVERSE MKG MULTI-COMP, STOP LINE,",354,0,"L.F.",8,2832]
[null,"808-10058","LINE, MULTI-COMP, SOLID, YELLOW, 8 IN",4078,0,"L.F.",0.5,2039]
[null,"808-10078","LINE MULTI-COMP DOTTED, WHITE, 4 IN, 24",130,0,"L.F.",4,520]
[null,"808-10119","TRANSVERSE MARKING, MULTI-COMPONENT,",477,0,"L.F.",7.88,3758.76]
[null,"808-75245","LINE, THERMOPLASTIC, SOLID, YELLOW, 4 IN.",3086,0,"L.F.",0.35000000000000003,1080.1000000000001]
[null,"808-75998","SNOWPLOWABLE RAISED PAVEMENT MARKER",432,0,"EACH",19.25,8316]
[null,"202-01405","CONTAMINATED SOIL, REMOVE AND DISPOSE",20,0,"C.Y.",240.49,4809.8]
[null,"406-05520","ASPHALT MATERIAL FOR TACK COAT",6,0,"TON",600,3600]
[null,"805-01815","SIGNAL SUPPORT FOUNDATION, 3 FT. X 12 FT.",10,0,"EACH",2010,20100]
[null,"808-10066","PAVEMENT MESSAGE MARKINGS,",5,0,"EACH",98,490]
[null,"808-10077","PAVEMENT MESSAGE MARKINGS,",51,0,"EACH",80,4080]
[null,"808-10052","PAVEMENT MESSAGE MKG, MULTI-COMP, (ONLY",20,0,"EACH",99,1980]
[null,"808-75996","SNOWPLOWABLE RAISED PAVEMENT MARKER, REMOVE",200,0,"EACH",4.25,850]
[null,"801-07023","ENERGY ABSORBIBG TERMINAL, CZ, TL-2",5,0,"EACH",5500,27500]
[null,"720-45140","INLET, G7, MODIFIED",1,0,"EACH",2401.09,2401.09]
[null,"202-92222","TESTING FOR CONTAMINATED MATERIALS, TPH (SOIL",5,0,"EACH",500,2500]
[null,"807-01603","SERVICE POINT, TYPE II",2,0,"EACH",3200,6400]
[null,"202-95579","SERVICE POINT, REMOVE",2,0,"EACH",150,300]
[null,"621-06553","SEED MIXTURE, R",2000,0,"LBS",3.4000000000000004,6800]
[null,"801-06625","DETOUR ROUTE MARKER ASSEMBLY",15,0,"EACH",80,1200]
[null,"801-06539","TEMPORARY TRAFFIC SIGNAL INSTALLATION, MAINTA",1,0,"L.S.",4100,4100]
[null,null,null,0,0,null,0,0]
["35-1917625",null,"MILESTONE CONTRACTORS, L.P.",3,0,null,0,0]
[null,"105-06845","CONSTRUCTION ENGINEERING",1,0,"L.S.",70000,70000]
[null,"105-09645","CONSTRUCTION ENGINEERING AND INSPECTION",1,0,"L.S.",25000,25000]
[null,"109-08359","LIQUIDATED DAMAGES",1,0,"$",1,1]
[null,"109-08360","CONTRACT LIENS",1,0,"$",1,1]
[null,"109-08443","QUALITY ADJUSTMENTS, TEMPORARY TRAFFIC CONTRO",1,0,"$",1,1]
[null,"109-08444","QUALITY ADJUSTMENTS, FAILED MATERIALS",1,0,"$",1,1]
[null,"109-08463","PROJECT ESTIMATE ADJUSTMENT",1,0,"$",1,1]
[null,"109-09377","QUALITY ADJUSTMENT, PAVEMENT TRAFFIC",1,0,"$",1,1]
[null,"109-09489","PAYMENT ADJUSTMENT, PG ASPHALT BINDER",1,0,"$",1,1]
[null,"110-01001","MOBILIZATION AND DEMOBILIZATION",1,0,"L.S.",528244.17000000004,528244.17000000004]
[null,"201-52370","CLEARING RIGHT OF WAY",1,0,"L.S.",50000,50000]
[null,"201-90788","DEBRIS, REMOVE",1,0,"L.S.",7000,7000]
[null,"202-02240","PAVEMENT, REMOVE",28674,0,"S.Y.",10,286740]
[null,"202-02271","HEADWALL, REMOVE",16,0,"EACH",122,1952]
[null,"202-02272","PAVED SIDE DITCH, REMOVE",344,0,"L.F.",5,1720]
[null,"202-02279","CURB AND GUTTER, REMOVE",961,0,"L.F.",3,2883]
[null,"202-74045","SIGNS AND SUPPORTS, CHANNEL POSTS, REMOVE",74,0,"EACH",30,2220]
[null,"202-74080","OVERHEAD SIGN STRUCTURE, CANTILEVER, REMOVE",2,0,"EACH",1600,3200]
[null,"202-82066","SIGN CIRCUITRY, CANTILEVERS, REMOVE",2,0,"EACH",250,500]
[null,"202-86946","HANDHOLE, REMOVE",3,0,"EACH",125,375]
[null,"202-93763","LIGHT STANDARD AND FOUNDATION,REMOVE",8,0,"EACH",350,2800]
[null,"202-96035","CONCRETE WALL, REMOVE",20,0,"L.F.",170,3400]
[null,"202-96133","PIPE, REMOVE",1108,0,"L.F.",13,14404]
[null,"202-99187","FENCE, FARM FIELD, REMOVE",2579,0,"L.F.",2.75,7092.25]
[null,"203-02000","EXCAVATION, COMMON",41965,0,"C.Y.",12,503580]
[null,"203-02070","BORROW",9115,0,"C.Y.",15,136725]
[null,"205-03371","SEDIMENT REMOVE",2051,0,"C.Y.",16,32816]
[null,"205-06931","TEMPORARY CHECK DAM, REVETMENT RIPRAP",253,0,"TON",45,11385]
[null,"205-06932","TEMPORARY CHECK DAM, STRAW BALES",402,0,"L.F.",12,4824]
[null,"205-06933","TEMPORARY DITCH INLET PROTECTION",7,0,"EACH",125,875]
[null,"205-06934","TEMPORARY MULCHING",73,0,"TON",345,25185]
[null,"205-06936","TEMPORARY SEDIMENT TRAP",20,0,"TON",65,1300]
[null,"205-06937","TEMPORARY SILT FENCE",18458,0,"L.F.",1.5,27687]
[null,"205-09543","NO 2 STONE",150,0,"TON",30,4500]
[null,"207-08263","SUBGRADE TREATMENT, TYPE IA",102662,0,"S.Y.",5.95,610838.9]
[null,"207-08263","SUBGRADE TREATMENT, TYPE IA",9100,0,"S.Y.",16.100000000000001,146510]
[null,"207-08267","SUBGRADE TREATMENT, TYPE IIIA",5305,0,"S.Y.",9.5,50397.5]
[null,"211-09264","STRUCTURE BACKFILL, TYPE 1",900,0,"C.Y.",15,13500]
[null,"211-09265","STRUCTURE BACKFILL, TYPE 2",1251,0,"C.Y.",15,18765]
[null,"213-09269","FLOWABLE BACKFILL, NON-REMOVEABLE",613,0,"C.Y.",90,55170]
[null,"301-07448","COMPACTED AGGREGATE, NO. 53, BASE",7516,0,"TON",18,135288]
[null,"302-06464","SUBBASE FOR PCCP",24464,0,"C.Y.",35,856240]
[null,"303-08210","COMPACTED AGGREGATE NO. 53, TEMPORARY FOR DRI",30,0,"TON",50,1500]
[null,"306-08034","MILLING, ASPHALT, 1 1/2 IN.",3039,0,"S.Y.",8,24312]
[null,"402-07784","HMA SURFACE, TYPE D",268,0,"TON",125,33500]
[null,"402-07785","HMA INTERMEDIATE, TYPE D",67,0,"TON",100,6700]
[null,"402-10083","HMA FOR TEMPORARY PAVEMENT, A",2241,0,"TON",85,190485]
[null,"501-06321","QC/QA PCCP, 10 IN.",93599,0,"S.Y.",36,3369564]
[null,"503-05240","D-1 CONTRACTION JOINT",53189,0,"L.F.",8,425512]
[null,"601-01522","GUARDRAIL TRANSITION TYPE TGB",2,0,"EACH",2100,4200]
[null,"601-01701","GUARDRAIL TERMINAL SYSTEM, W BEAM, CURVED, 2",2,0,"EACH",1865,3730]
[null,"601-01848","GUARDRAIL TERMINAL SYSTEM, W-BEAM, CURVED, 5",1,0,"EACH",2065,2065]
[null,"601-02241","GUARDRAIL, REMOVE",1325,0,"L.F.",4.5,5962.5]
[null,"601-05071","GUARDRAIL TERMINAL SYSTEM, W-BEAM, CURVED, 7",1,0,"EACH",2500,2500]
[null,"601-06854","GUARDRAIL, W-BEAM, NESTED",5,0,"EACH",2800,14000]
[null,"601-08433","GUARDRAIL END TREATMENT, TYPE OS, SPARE PARTS",1,0,"EACH",610,610]
[null,"601-08434","GUARDRAIL END TREATMENT, TYPE OS, SPARE PARTS",1,0,"EACH",110,110]
[null,"601-09149","IMPACT ATTENUATOR, CR1, W1, TL-3",2,0,"EACH",33300,66600]
[null,"601-94689","GUARDRAIL END TREATMENT, OS",15,0,"EACH",2635,39525]
[null,"601-99105","GUARDRAIL, W BEAM, 6 FT. 3 IN. SPACING",3583,0,"L.F.",18.75,67181.25]
[null,"601-99123","GUARDRAIL TRANSITION, GP",4,0,"EACH",3100,12400]
[null,"603-06040","FENCE, FARM FIELD, 47 IN.",2579,0,"L.F.",7.25,18697.75]
[null,"605-06090","CURB, INTEGRAL, CONCRETE",217,0,"L.F.",12,2604]
[null,"605-06121","CURB, CONCRETE, B",1442,0,"L.F.",16.5,23793]
[null,"605-06140","CURB AND GUTTER, CONCRETE",42,0,"L.F.",50,2100]
[null,"605-06145","CURB AND GUTTER, B, CONCRETE",177,0,"L.F.",30,5310]
[null,"605-06245","CENTER CURB, B, CONCRETE",4255,0,"S.Y.",50,212750]
[null,"610-07487","HMA FOR APPROACHES, TYPE B",1776,0,"TON",84,149184]
[null,"610-09108","PCCP FOR APPROACHES, 9 IN.",2088,0,"S.Y.",45,93960]
[null,"611-06497","MAILBOX ASSEMBLY, SINGLE",2,0,"EACH",215,430]
[null,"611-06498","MAILBOX ASSEMBLY, DOUBLE",1,0,"EACH",275,275]
[null,"615-06490","RIGHT OF WAY MARKER",61,0,"EACH",137,8357]
[null,"615-06500","MONUMENT, A",2,0,"EACH",650,1300]
[null,"615-06505","MONUMENT, B",6,0,"EACH",755,4530]
[null,"615-06510","MONUMENT, C",2,0,"EACH",555,1110]
[null,"615-06515","MONUMENT, D",48,0,"EACH",135,6480]
[null,"615-06520","MONUMENT, RE ESTABLISH",1,0,"EACH",1500,1500]
[null,"615-06535","BENCH MARK POST, RESET",1,0,"EACH",1000,1000]
[null,"616-02320","GEOTEXTILES",1282,0,"S.Y.",1.25,1602.5]
[null,"616-05688","RIPRAP, CLASS 1",77,0,"TON",43,3311]
[null,"616-06405","RIPRAP, REVETMENT",445,0,"TON",37,16465]
[null,"616-06451","RIPRAP, UNIFORM",62,0,"TON",44,2728]
[null,"619-11052","CLEAN STEEL BRIDGE, QP-2, BR. NO. ,",1,0,"L.S.",56000,56000]
[null,"619-11052","CLEAN STEEL BRIDGE, QP-2, BR. NO. ,",1,0,"L.S.",56000,56000]
[null,"619-51859","PAINT STEEL BRIDGE , STR. NO. 2",1,0,"L.S.",5000,5000]
[null,"619-51859","PAINT STEEL BRIDGE , STR. NO. 2",1,0,"L.S.",5000,5000]
[null,"621-01004","MOBILIZATION AND DEMOBILIZATION FOR SEEDING",3,0,"EACH",575,1725]
[null,"621-02770","EROSION CONTROL BLANKET",66315,0,"S.Y.",1.1500000000000001,76262.25]
[null,"621-06545","FERTILIZER",6,0,"TON",985,5910]
[null,"621-06557","SEED MIXTURE, T",1088,0,"LBS",2.2000000000000002,2393.6]
[null,"621-06565","MULCHING MATERIAL",29,0,"TON",345,10005]
[null,"621-06567","WATER",253,0,"M.G.",1,253]
[null,"621-06574","SODDING",3864,0,"S.Y.",3.11,12017.04]
[null,"621-06575","SODDING, NURSERY",66315,0,"S.Y.",3.11,206239.65]
[null,"628-08524","CELLULAR TELEPHONE/RADIO, ADDITIONAL",1,0,"$",1,1]
[null,"628-09403","FIELD OFFICE, C",15,0,"MONTH",2800,42000]
[null,"628-09407","FIELD OFFICE COMPUTER SYSTEM,",30,0,"MONTH",165,4950]
[null,"628-11007","CELLULAR TELEPHONE/RADIO SERVICE, 750",60,0,"MONTH",150,9000]
[null,"628-11068","CELLULAR TELEPHONE/RADIO",4,0,"EACH",70,280]
[null,"702-51863","FIELD DRILLED HOLE IN CONCRETE",158,0,"EACH",55,8690]
[null,"702-90915","CONCRETE, A",47.400000000000006,0,"C.Y.",700,33180]
[null,"703-06029","REINFORCING BARS, EPOXY COATED",3869,0,"LBS",4,15476]
[null,"706-09545","COARSE AGGREGATE, NO. 8",400,0,"C.Y.",45,18000]
[null,"709-51821","SURFACE SEAL",1,0,"L.S.",8500,8500]
[null,"714-11175","STRUCTURE, REINFORCED CONCRETE BOX",225,0,"L.F.",395,88875]
[null,"714-11311","STRUCTURE, REINFORCED CONCRETE BOX",137,0,"L.F.",575,78775]
[null,"715-04555","PIPE END SECTION, MIN. AREA 5.1 SQ. FT.",8,0,"EACH",817,6536]
[null,"715-05032","PIPE, TYPE 2, CIRCULAR, 15 IN.",961,0,"L.F.",36.5,35076.5]
[null,"715-05048","PIPE, TYPE 4, CIRCULAR, 6 IN.",16505,0,"L.F.",5,82525]
[null,"715-05053","PIPE, UNDERDRAIN OUTLET, 6 IN.",775,0,"L.F.",12,9300]
[null,"715-05121","PIPE, TYPE 1, CIRCULAR, 18 IN.",114,0,"L.F.",42,4788]
[null,"715-05149","PIPE, TYPE 2, CIRCULAR, 12 IN.",210,0,"L.F.",34.5,7245]
[null,"715-05152","PIPE, TYPE 2, CIRCULAR, 18 IN.",409,0,"L.F.",40,16360]
[null,"715-05154","PIPE, TYPE 2, CIRCULAR, 24 IN. , SMOOTH",1037,0,"L.F.",46,47702]
[null,"715-05156","PIPE, TYPE 2, CIRCULAR, 30 IN.",130,0,"L.F.",52.5,6825]
[null,"715-05169","PIPE, TYPE 3, CIRCULAR, 15 IN.",319,0,"L.F.",35.5,11324.5]
[null,"715-05171","PIPE, TYPE 3, CIRCULAR, 18 IN.",88,0,"L.F.",36.5,3212]
[null,"715-05236","PIPE, TYPE 1, DEFORMED, MIN. AREA 0.47 M2",308,0,"L.F.",71,21868]
[null,"715-06471","PIPE END SECTION, MIN. AREA .31 M2",2,0,"EACH",565,1130]
[null,"715-08243","PIPE, TYPE 3, DEFORMED, MIN. AREA 3.3 SQ. FT.",48,0,"L.F.",57,2736]
[null,"715-09064","VIDEO INSPECTION FOR PIPE",2792,0,"L.F.",1.5,4188]
[null,"715-09769","PIPE, TYPE 3, DEFORMED, MIN. AREA 5.1",240,0,"L.F.",68.5,16440]
[null,"715-46005","PIPE END SECTION, 15 IN.",14,0,"EACH",336,4704]
[null,"715-46010","PIPE END SECTION, 18 IN.",5,0,"EACH",402,2010]
[null,"715-46020","PIPE END SECTION, 24 IN.",4,0,"EACH",468,1872]
[null,"715-46030","PIPE END SECTION, 30 IN.",1,0,"EACH",600,600]
[null,"718-06529","OUTLET PROTECTOR, 2",6,0,"EACH",850,5100]
[null,"718-06531","OUTLET PROTECTOR, 3",30,0,"EACH",550,16500]
[null,"718-06532","VIDEO INSPECTION FOR UNDERDRAINS",3000,0,"L.F.",1,3000]
[null,"718-52610","AGGREGATE FOR UNDERDRAINS",1496,0,"C.Y.",25,37400]
[null,"720-44000","CASTING, ADJUST TO GRADE",8,0,"EACH",331,2648]
[null,"720-45025","INLET, D6",1,0,"EACH",1315,1315]
[null,"720-45030","INLET, E7",1,0,"EACH",1105,1105]
[null,"720-45035","INLET, F7",3,0,"EACH",1103,3309]
[null,"720-45040","INLET, G7",2,0,"EACH",2378,4756]
[null,"720-45510","MANHOLE, C4, MODIFIED",2,0,"EACH",1836.5,3673]
[null,"720-95409","MANHOLE, J4, MODIFIED",2,0,"EACH",1787,3574]
[null,"720-97865","MANHOLE, C2, MODIFIED",4,0,"EACH",2030,8120]
[null,"720-98555","INLET, C15",1,0,"EACH",1777,1777]
[null,"723-08608","WINGWALL",608,0,"S.F.",87,52896]
[null,"727-90308","EPOXY INJECTION, CRACK PREPARATION",119,0,"L.F.",59.6,7092.4000000000005]
[null,"727-90309","EPOXY INJECTION, EPOXY MATERIAL",15,0,"GAL",54,810]
[null,"727-93560","EPOXY INJECTION, FURNISHING EQUIPMENT",1,0,"L.S.",200,200]
[null,"801-02595","CONTROLLER, RESET TIMING",3,0,"EACH",155,465]
[null,"801-03290","CONSTRUCTION SIGN, C",12,0,"EACH",140,1680]
[null,"801-04308","ROAD CLOSURE SIGN ASSEMBLY",20,0,"EACH",345,6900]
[null,"801-06201","TEMPORARY PANEL SIGNS",22.5,0,"S.Y.",13.8,310.5]
[null,"801-06202","TEMPORARY PANEL SIGN SUPPORTS",56,0,"L.F.",17.7,991.2]
[null,"801-06203","TEMPORARY PAVEMENT MARKING, 4 IN.",35000,0,"L.F.",0.17,5950]
[null,"801-06207","TEMPORARY PAVEMENT MARKING, REMOVABLE, 4 IN.",64300,0,"L.F.",0.88,56584]
[null,"801-06211","TEMPORARY PAVEMENT MESSAGE MARKING, REMOVABLE",13,0,"EACH",95,1235]
[null,"801-06218","TEMPORARY TRANSVERSE PAVEMENT MARKING, REMOVA",377,0,"L.F.",5,1885]
[null,"801-06640","CONSTRUCTION SIGN, A",37,0,"EACH",130,4810]
[null,"801-06645","CONSTRUCTION SIGN, B",5,0,"EACH",48,240]
[null,"801-06710","FLASHING ARROW SIGN",30,0,"DAY",10,300]
[null,"801-06775","MAINTAINING TRAFFIC",1,0,"L.S.",130000,130000]
[null,"801-07118","BARRICADE, III-A",468,0,"L.F.",8.4499999999999993,3954.6000000000004]
[null,"801-07119","BARRICADE, III-B",48,0,"L.F.",9.15,439.20000000000005]
[null,"801-08401","TEMPORARY TRAFFIC BARRIER, TYPE 2",9260,0,"L.F.",14,129640]
[null,"801-08508","TEMPORARY TRAFFIC BARRIER, TYPE 2, ANCHORED",252,0,"L.F.",15,3780]
[null,"801-94295","SIGNAL HEAD, RELOCATE",32,0,"EACH",130,4160]
[null,"802-05701","SIGN POST, SQUARE, 1, REINFORCED ANCHOR",765.5,0,"L.F.",11.3,8650.15]
[null,"802-05702","SIGN POST SQUARE, 2, REINFORCED ANCHOR BASE",211.25,0,"L.F.",11.65,2461.06]
[null,"802-07057","SIGN, PANEL, WITH LEGEND",899,0,"S.F.",20,17980]
[null,"802-07151","WIDE FLANGE SIGN POST SUPPORT FOUNDATION, VII",10,0,"EACH",375,3750]
[null,"802-08456","WIDE FLANGE SIGN POST SUPPORT FOUNDATION, VII",12,0,"EACH",385,4620]
[null,"802-09578","OVERHEAD SIGN STRUCTURE, CANTILEVER,",2,0,"EACH",34500,69000]
[null,"802-09581","CANTILEVER SIGN SUPPORT FOUNDATION,",2,0,"EACH",7800,15600]
[null,"802-09838","SIGN, SHEET, WITH LEGEND 0.08 IN.",504.78000000000003,0,"S.F.",15,7571.7000000000007]
[null,"802-09840","SIGN, SHEET, WITH LEGEND 0.100 IN",104.10000000000001,0,"S.F.",18,1873.8000000000002]
[null,"802-09842","SIGN, SHEET,  WITH LEGEND 0.125 IN",78,0,"S.F.",18,1404]
[null,"802-74040","SIGN AND SUPPORTS, WIDE FLANGE, REMOVE",6,0,"EACH",175,1050]
[null,"802-76095","STRUCTURAL STEEL, BREAKAWAY",4874,0,"LBS",4,19496]
[null,"804-06771","DELINEATOR POST, FLEXIBLE",50,0,"EACH",40,2000]
[null,"805-01300","TRAFFIC SIGNAL EQUIPMENT, REMOVE",2,0,"EACH",1800,3600]
[null,"805-01842","HANDHOLE, SIGNAL",21,0,"EACH",700,14700]
[null,"805-01843","SIGNAL HANDHOLE ADJUST TO GRADE",4,0,"EACH",300,1200]
[null,"805-01844","GALVANIZED STEEL CONDUIT, 2 IN., UNDERGROUND",4042,0,"L.F.",11,44462]
[null,"805-02087","TRANSPORTATION OF SALVAGEABLE SIGNAL EQUIPMEN",1,0,"L.S.",500,500]
[null,"805-02373","INTERCONNECT CABLE, FIBER OPTIC",2057,0,"L.F.",2.6,5348.2000000000007]
[null,"805-09539","LOOP DETECTOR DELAY COUNTING AMPLIFIER,",2,0,"EACH",1100,2200]
[null,"805-78109","CONTROLLER AND CABINET, SECONDARY, MENU DRIVE",1,0,"EACH",13900,13900]
[null,"805-78205","TRAFFIC SIGNAL HEAD, 3 FACE, 12.20 IN. RED, A",20,0,"EACH",777,15540]
[null,"805-78230","TRAFFIC SIGNAL HEAD, 5 FACE, 12.20 IN. RED, A",4,0,"EACH",1200,4800]
[null,"805-78415","SPAN CATENARY AND TETHER",10,0,"EACH",1740,17400]
[null,"805-78420","DISCONNECT HANGER",10,0,"EACH",340,3400]
[null,"805-78467","SIGNAL CABLE, 3C 8GA.",55,0,"L.F.",3,165]
[null,"805-78470","SIGNAL CABLE, ROADWAY LOOP, 1C 14GA.",6552,0,"L.F.",0.32,2096.64]
[null,"805-78485","SIGNAL CABLE, 5C 14GA.",538,0,"L.F.",1.2000000000000002,645.6]
[null,"805-78490","SIGNAL CABLE, 7C 14GA.",2486,0,"L.F.",1.6,3977.6000000000004]
[null,"805-78510","SIGNAL CABLE, 2C 16GA., SHIELDED",7814,0,"L.F.",0.8,6251.2000000000007]
[null,"805-78785","SIGNAL DETECTOR HOUSING",17,0,"EACH",410,6970]
[null,"805-78795","SAW CUT FOR ROADWAY LOOP AND SEALER",2336,0,"L.F.",8,18688]
[null,"805-78925","CONTROLLER CABINET FOUNDATION, P1",1,0,"EACH",710,710]
[null,"805-81060","SIGNAL STRAIN POLE, STEEL, 36 FT.",10,0,"EACH",5210,52100]
[null,"805-86890","POLE CIRCUIT CABLE, 1C NO. 10 THW OR TW STRAN",840,0,"L.F.",0.88,739.2]
[null,"805-92504","LOOP DETECTOR DELAY AMPLIFIER, 2 CHANNEL",10,0,"EACH",298,2980]
[null,"807-02191","HANDHOLE, LIGHTING",3,0,"EACH",700,2100]
[null,"807-02193","LIGHT STANDARD FOUNDATION, 3 FT. DIA. X 8 FT.",8,0,"EACH",800,6400]
[null,"807-02426","WIRE, THW, NO. 4 COPPER, IN PLASTIC",535,0,"L.F.",8.77,4691.95]
[null,"807-03051","LIGHT CABLE, 1C/10",960,0,"L.F.",1,960]
[null,"807-07580","WIRE, NO.4, COPPER, IN PLASTIC DUCT, IN TRENC",2990,0,"L.F.",8.77,26222.300000000003]
[null,"807-82052","UNDERPASS CIRCUIT INSTALLATION, 2 LUMINAIRES",2,0,"EACH",542,1084]
[null,"807-85752","LIGHT POLE, 40 FT. E.M.H., 10.0 FT. MAST ARM,",8,0,"EACH",1425,11400]
[null,"807-86620","LUMINAIRE, ROADWAY, HIGH PRESSURE SODIUM, 400",8,0,"EACH",300,2400]
[null,"807-86750","LUMINAIRE UNDERPASS, WALL MOUNTED, HIGH PRESS",4,0,"EACH",845,3380]
[null,"807-86910","CONNECTOR KIT, UNFUSED",8,0,"EACH",19,152]
[null,"807-86915","CONNECTOR KIT, FUSED",8,0,"EACH",20,160]
[null,"807-86920","MULTIPLE COMPRESSION FITTING, NOT WATERPROOFE",18,0,"EACH",17,306]
[null,"807-86925","MULTIPLE COMPRESSION FITTING, WATERPROOFED",12,0,"EACH",21,252]
[null,"807-86930","INSULATION LINK, NONWATERPROOFED",16,0,"EACH",17,272]
[null,"807-86935","INSULATION LINK, WATERPROOFED",12,0,"EACH",21,252]
[null,"807-86955","CABLE DUCT MARKER",11,0,"EACH",70,770]
[null,"808-06703","LINE, THERMOPLASTIC, SOLID, WHITE, 4 IN.",2771,0,"L.F.",0.35000000000000003,969.85]
[null,"808-06716","LINE, REMOVE",3615,0,"L.F.",0.38,1373.7]
[null,"808-09381","RETRO-REFLECTIVITY TEST",1,0,"L.S.",800,800]
[null,"808-10031","LINE, MULTI-COMP, BROKEN, WHITE, 4 IN",2630,0,"L.F.",0.25,657.5]
[null,"808-10033","LINE, MULTI-COMP, SOLID, WHITE, 4 IN",29503,0,"L.F.",0.25,7375.75]
[null,"808-10034","LINE, MULTI-COMP, SOLID, YELLOW, 4 IN",13980,0,"L.F.",0.25,3495]
[null,"808-10036","LINE, MULTI-COMP, BROKEN, YELLOW, 4 IN",300,0,"L.F.",0.25,75]
[null,"808-10037","LINE, MULTI-COMP, SOLID, WHITE, 8 IN",1838,0,"L.F.",0.5,919]
[null,"808-10038","TRANSVERSE MKGS MULTI-COMP SOLID WHITE,",999,0,"L.F.",8,7992]
[null,"808-10042","TRANSVERSE MKG MULTI-COMP SOLID YELLOW",210,0,"L.F.",4,840]
[null,"808-10051","TRANSVERSE MKG MULTI-COMP, STOP LINE,",354,0,"L.F.",8,2832]
[null,"808-10058","LINE, MULTI-COMP, SOLID, YELLOW, 8 IN",4078,0,"L.F.",0.5,2039]
[null,"808-10078","LINE MULTI-COMP DOTTED, WHITE, 4 IN, 24",130,0,"L.F.",4,520]
[null,"808-10119","TRANSVERSE MARKING, MULTI-COMPONENT,",477,0,"L.F.",7.88,3758.76]
[null,"808-75245","LINE, THERMOPLASTIC, SOLID, YELLOW, 4 IN.",3086,0,"L.F.",0.35000000000000003,1080.1000000000001]
[null,"808-75998","SNOWPLOWABLE RAISED PAVEMENT MARKER",432,0,"EACH",18.79,8117.28]
[null,"202-01405","CONTAMINATED SOIL, REMOVE AND DISPOSE",20,0,"C.Y.",150.52000000000001,3010.4]
[null,"406-05520","ASPHALT MATERIAL FOR TACK COAT",6,0,"TON",100,600]
[null,"805-01815","SIGNAL SUPPORT FOUNDATION, 3 FT. X 12 FT.",10,0,"EACH",2010,20100]
[null,"808-10066","PAVEMENT MESSAGE MARKINGS,",5,0,"EACH",98,490]
[null,"808-10077","PAVEMENT MESSAGE MARKINGS,",51,0,"EACH",80,4080]
[null,"808-10052","PAVEMENT MESSAGE MKG, MULTI-COMP, (ONLY",20,0,"EACH",99,1980]
[null,"808-75996","SNOWPLOWABLE RAISED PAVEMENT MARKER, REMOVE",200,0,"EACH",4,800]
[null,"801-07023","ENERGY ABSORBIBG TERMINAL, CZ, TL-2",5,0,"EACH",6900,34500]
[null,"720-45140","INLET, G7, MODIFIED",1,0,"EACH",1725,1725]
[null,"202-92222","TESTING FOR CONTAMINATED MATERIALS, TPH (SOIL",5,0,"EACH",600,3000]
[null,"807-01603","SERVICE POINT, TYPE II",2,0,"EACH",3200,6400]
[null,"202-95579","SERVICE POINT, REMOVE",2,0,"EACH",150,300]
[null,"621-06553","SEED MIXTURE, R",2000,0,"LBS",2.73,5460]
[null,"801-06625","DETOUR ROUTE MARKER ASSEMBLY",15,0,"EACH",89,1335]
[null,"801-06539","TEMPORARY TRAFFIC SIGNAL INSTALLATION, MAINTA",1,0,"L.S.",4100,4100]
[null,null,null,0,0,null,0,0]
["35-0918397",null,"RIETH-RILEY CONSTRUCTION",4,0,null,0,0]
[null,"105-06845","CONSTRUCTION ENGINEERING",1,0,"L.S.",200000,200000]
[null,"105-09645","CONSTRUCTION ENGINEERING AND INSPECTION",1,0,"L.S.",20000,20000]
[null,"109-08359","LIQUIDATED DAMAGES",1,0,"$",1,1]
[null,"109-08360","CONTRACT LIENS",1,0,"$",1,1]
[null,"109-08443","QUALITY ADJUSTMENTS, TEMPORARY TRAFFIC CONTRO",1,0,"$",1,1]
[null,"109-08444","QUALITY ADJUSTMENTS, FAILED MATERIALS",1,0,"$",1,1]
[null,"109-08463","PROJECT ESTIMATE ADJUSTMENT",1,0,"$",1,1]
[null,"109-09377","QUALITY ADJUSTMENT, PAVEMENT TRAFFIC",1,0,"$",1,1]
[null,"109-09489","PAYMENT ADJUSTMENT, PG ASPHALT BINDER",1,0,"$",1,1]
[null,"110-01001","MOBILIZATION AND DEMOBILIZATION",1,0,"L.S.",1100000,1100000]
[null,"201-52370","CLEARING RIGHT OF WAY",1,0,"L.S.",150000,150000]
[null,"201-90788","DEBRIS, REMOVE",1,0,"L.S.",6400,6400]
[null,"202-02240","PAVEMENT, REMOVE",28674,0,"S.Y.",9.3000000000000007,266668.2]
[null,"202-02271","HEADWALL, REMOVE",16,0,"EACH",120,1920]
[null,"202-02272","PAVED SIDE DITCH, REMOVE",344,0,"L.F.",4.1000000000000005,1410.4]
[null,"202-02279","CURB AND GUTTER, REMOVE",961,0,"L.F.",2.85,2738.85]
[null,"202-74045","SIGNS AND SUPPORTS, CHANNEL POSTS, REMOVE",74,0,"EACH",30,2220]
[null,"202-74080","OVERHEAD SIGN STRUCTURE, CANTILEVER, REMOVE",2,0,"EACH",1600,3200]
[null,"202-82066","SIGN CIRCUITRY, CANTILEVERS, REMOVE",2,0,"EACH",250,500]
[null,"202-86946","HANDHOLE, REMOVE",3,0,"EACH",125,375]
[null,"202-93763","LIGHT STANDARD AND FOUNDATION,REMOVE",8,0,"EACH",350,2800]
[null,"202-96035","CONCRETE WALL, REMOVE",20,0,"L.F.",170,3400]
[null,"202-96133","PIPE, REMOVE",1108,0,"L.F.",12.4,13739.2]
[null,"202-99187","FENCE, FARM FIELD, REMOVE",2579,0,"L.F.",2.75,7092.25]
[null,"203-02000","EXCAVATION, COMMON",41965,0,"C.Y.",15,629475]
[null,"203-02070","BORROW",9115,0,"C.Y.",0.1,911.5]
[null,"205-03371","SEDIMENT REMOVE",2051,0,"C.Y.",0.1,205.10000000000002]
[null,"205-06931","TEMPORARY CHECK DAM, REVETMENT RIPRAP",253,0,"TON",52.75,13345.75]
[null,"205-06932","TEMPORARY CHECK DAM, STRAW BALES",402,0,"L.F.",11.75,4723.5]
[null,"205-06933","TEMPORARY DITCH INLET PROTECTION",7,0,"EACH",175,1225]
[null,"205-06934","TEMPORARY MULCHING",73,0,"TON",400,29200]
[null,"205-06936","TEMPORARY SEDIMENT TRAP",20,0,"TON",75.600000000000009,1512]
[null,"205-06937","TEMPORARY SILT FENCE",18458,0,"L.F.",1,18458]
[null,"205-09543","NO 2 STONE",150,0,"TON",28.6,4290]
[null,"207-08263","SUBGRADE TREATMENT, TYPE IA",102662,0,"S.Y.",5.75,590306.5]
[null,"207-08263","SUBGRADE TREATMENT, TYPE IA",9100,0,"S.Y.",16.100000000000001,146510]
[null,"207-08267","SUBGRADE TREATMENT, TYPE IIIA",5305,0,"S.Y.",18.05,95755.25]
[null,"211-09264","STRUCTURE BACKFILL, TYPE 1",900,0,"C.Y.",15,13500]
[null,"211-09265","STRUCTURE BACKFILL, TYPE 2",1251,0,"C.Y.",15,18765]
[null,"213-09269","FLOWABLE BACKFILL, NON-REMOVEABLE",613,0,"C.Y.",85.15,52196.950000000004]
[null,"301-07448","COMPACTED AGGREGATE, NO. 53, BASE",7516,0,"TON",18.5,139046]
[null,"302-06464","SUBBASE FOR PCCP",24464,0,"C.Y.",40.75,996908]
[null,"303-08210","COMPACTED AGGREGATE NO. 53, TEMPORARY FOR DRI",30,0,"TON",36.700000000000003,1101]
[null,"306-08034","MILLING, ASPHALT, 1 1/2 IN.",3039,0,"S.Y.",2.65,8053.35]
[null,"402-07784","HMA SURFACE, TYPE D",268,0,"TON",97.5,26130]
[null,"402-07785","HMA INTERMEDIATE, TYPE D",67,0,"TON",94.5,6331.5]
[null,"402-10083","HMA FOR TEMPORARY PAVEMENT, A",2241,0,"TON",96.5,216256.5]
[null,"501-06321","QC/QA PCCP, 10 IN.",93599,0,"S.Y.",38,3556762]
[null,"503-05240","D-1 CONTRACTION JOINT",53189,0,"L.F.",11.05,587738.45000000007]
[null,"601-01522","GUARDRAIL TRANSITION TYPE TGB",2,0,"EACH",2100,4200]
[null,"601-01701","GUARDRAIL TERMINAL SYSTEM, W BEAM, CURVED, 2",2,0,"EACH",1865,3730]
[null,"601-01848","GUARDRAIL TERMINAL SYSTEM, W-BEAM, CURVED, 5",1,0,"EACH",2065,2065]
[null,"601-02241","GUARDRAIL, REMOVE",1325,0,"L.F.",4.5,5962.5]
[null,"601-05071","GUARDRAIL TERMINAL SYSTEM, W-BEAM, CURVED, 7",1,0,"EACH",2500,2500]
[null,"601-06854","GUARDRAIL, W-BEAM, NESTED",5,0,"EACH",2800,14000]
[null,"601-08433","GUARDRAIL END TREATMENT, TYPE OS, SPARE PARTS",1,0,"EACH",610,610]
[null,"601-08434","GUARDRAIL END TREATMENT, TYPE OS, SPARE PARTS",1,0,"EACH",110,110]
[null,"601-09149","IMPACT ATTENUATOR, CR1, W1, TL-3",2,0,"EACH",33000,66000]
[null,"601-94689","GUARDRAIL END TREATMENT, OS",15,0,"EACH",2635,39525]
[null,"601-99105","GUARDRAIL, W BEAM, 6 FT. 3 IN. SPACING",3583,0,"L.F.",18.75,67181.25]
[null,"601-99123","GUARDRAIL TRANSITION, GP",4,0,"EACH",3100,12400]
[null,"603-06040","FENCE, FARM FIELD, 47 IN.",2579,0,"L.F.",7.25,18697.75]
[null,"605-06090","CURB, INTEGRAL, CONCRETE",217,0,"L.F.",34.4,7464.8]
[null,"605-06121","CURB, CONCRETE, B",1442,0,"L.F.",17.900000000000002,25811.800000000003]
[null,"605-06140","CURB AND GUTTER, CONCRETE",42,0,"L.F.",37.300000000000004,1566.6000000000001]
[null,"605-06145","CURB AND GUTTER, B, CONCRETE",177,0,"L.F.",32.75,5796.75]
[null,"605-06245","CENTER CURB, B, CONCRETE",4255,0,"S.Y.",52.75,224451.25]
[null,"610-07487","HMA FOR APPROACHES, TYPE B",1776,0,"TON",83,147408]
[null,"610-09108","PCCP FOR APPROACHES, 9 IN.",2088,0,"S.Y.",59.5,124236]
[null,"611-06497","MAILBOX ASSEMBLY, SINGLE",2,0,"EACH",215,430]
[null,"611-06498","MAILBOX ASSEMBLY, DOUBLE",1,0,"EACH",275,275]
[null,"615-06490","RIGHT OF WAY MARKER",61,0,"EACH",137,8357]
[null,"615-06500","MONUMENT, A",2,0,"EACH",650,1300]
[null,"615-06505","MONUMENT, B",6,0,"EACH",755,4530]
[null,"615-06510","MONUMENT, C",2,0,"EACH",555,1110]
[null,"615-06515","MONUMENT, D",48,0,"EACH",135,6480]
[null,"615-06520","MONUMENT, RE ESTABLISH",1,0,"EACH",1500,1500]
[null,"615-06535","BENCH MARK POST, RESET",1,0,"EACH",1000,1000]
[null,"616-02320","GEOTEXTILES",1282,0,"S.Y.",1.25,1602.5]
[null,"616-05688","RIPRAP, CLASS 1",77,0,"TON",42.050000000000004,3237.85]
[null,"616-06405","RIPRAP, REVETMENT",445,0,"TON",36.200000000000003,16109]
[null,"616-06451","RIPRAP, UNIFORM",62,0,"TON",43.1,2672.2000000000003]
[null,"619-11052","CLEAN STEEL BRIDGE, QP-2, BR. NO. ,",1,0,"L.S.",40000,40000]
[null,"619-11052","CLEAN STEEL BRIDGE, QP-2, BR. NO. ,",1,0,"L.S.",40000,40000]
[null,"619-51859","PAINT STEEL BRIDGE , STR. NO. 2",1,0,"L.S.",15000,15000]
[null,"619-51859","PAINT STEEL BRIDGE , STR. NO. 2",1,0,"L.S.",15000,15000]
[null,"621-01004","MOBILIZATION AND DEMOBILIZATION FOR SEEDING",3,0,"EACH",400,1200]
[null,"621-02770","EROSION CONTROL BLANKET",66315,0,"S.Y.",0.25,16578.75]
[null,"621-06545","FERTILIZER",6,0,"TON",600,3600]
[null,"621-06557","SEED MIXTURE, T",1088,0,"LBS",2.5,2720]
[null,"621-06565","MULCHING MATERIAL",29,0,"TON",400,11600]
[null,"621-06567","WATER",253,0,"M.G.",1,253]
[null,"621-06574","SODDING",3864,0,"S.Y.",1,3864]
[null,"621-06575","SODDING, NURSERY",66315,0,"S.Y.",1,66315]
[null,"628-08524","CELLULAR TELEPHONE/RADIO, ADDITIONAL",1,0,"$",1,1]
[null,"628-09403","FIELD OFFICE, C",15,0,"MONTH",2300,34500]
[null,"628-09407","FIELD OFFICE COMPUTER SYSTEM,",30,0,"MONTH",130,3900]
[null,"628-11007","CELLULAR TELEPHONE/RADIO SERVICE, 750",60,0,"MONTH",66.25,3975]
[null,"628-11068","CELLULAR TELEPHONE/RADIO",4,0,"EACH",100,400]
[null,"702-51863","FIELD DRILLED HOLE IN CONCRETE",158,0,"EACH",12.65,1998.7]
[null,"702-90915","CONCRETE, A",47.400000000000006,0,"C.Y.",900,42660]
[null,"703-06029","REINFORCING BARS, EPOXY COATED",3869,0,"LBS",2,7738]
[null,"706-09545","COARSE AGGREGATE, NO. 8",400,0,"C.Y.",43.900000000000006,17560]
[null,"709-51821","SURFACE SEAL",1,0,"L.S.",7500,7500]
[null,"714-11175","STRUCTURE, REINFORCED CONCRETE BOX",225,0,"L.F.",395,88875]
[null,"714-11311","STRUCTURE, REINFORCED CONCRETE BOX",137,0,"L.F.",572,78364]
[null,"715-04555","PIPE END SECTION, MIN. AREA 5.1 SQ. FT.",8,0,"EACH",816.65,6533.2000000000007]
[null,"715-05032","PIPE, TYPE 2, CIRCULAR, 15 IN.",961,0,"L.F.",36.020000000000003,34615.22]
[null,"715-05048","PIPE, TYPE 4, CIRCULAR, 6 IN.",16505,0,"L.F.",3.75,61893.75]
[null,"715-05053","PIPE, UNDERDRAIN OUTLET, 6 IN.",775,0,"L.F.",18,13950]
[null,"715-05121","PIPE, TYPE 1, CIRCULAR, 18 IN.",114,0,"L.F.",41.57,4738.9800000000005]
[null,"715-05149","PIPE, TYPE 2, CIRCULAR, 12 IN.",210,0,"L.F.",34.090000000000003,7158.9000000000005]
[null,"715-05152","PIPE, TYPE 2, CIRCULAR, 18 IN.",409,0,"L.F.",39.18,16024.62]
[null,"715-05154","PIPE, TYPE 2, CIRCULAR, 24 IN. , SMOOTH",1037,0,"L.F.",45.78,47473.86]
[null,"715-05156","PIPE, TYPE 2, CIRCULAR, 30 IN.",130,0,"L.F.",52.17,6782.1]
[null,"715-05169","PIPE, TYPE 3, CIRCULAR, 15 IN.",319,0,"L.F.",35.15,11212.85]
[null,"715-05171","PIPE, TYPE 3, CIRCULAR, 18 IN.",88,0,"L.F.",36.160000000000004,3182.08]
[null,"715-05236","PIPE, TYPE 1, DEFORMED, MIN. AREA 0.47 M2",308,0,"L.F.",70.900000000000006,21837.200000000001]
[null,"715-06471","PIPE END SECTION, MIN. AREA .31 M2",2,0,"EACH",565.04,1130.08]
[null,"715-08243","PIPE, TYPE 3, DEFORMED, MIN. AREA 3.3 SQ. FT.",48,0,"L.F.",56.45,2709.6000000000004]
[null,"715-09064","VIDEO INSPECTION FOR PIPE",2792,0,"L.F.",1.45,4048.4]
[null,"715-09769","PIPE, TYPE 3, DEFORMED, MIN. AREA 5.1",240,0,"L.F.",68.06,16334.400000000001]
[null,"715-46005","PIPE END SECTION, 15 IN.",14,0,"EACH",335.93,4703.0200000000004]
[null,"715-46010","PIPE END SECTION, 18 IN.",5,0,"EACH",401.63,2008.15]
[null,"715-46020","PIPE END SECTION, 24 IN.",4,0,"EACH",467.33,1869.32]
[null,"715-46030","PIPE END SECTION, 30 IN.",1,0,"EACH",596.9,596.9]
[null,"718-06529","OUTLET PROTECTOR, 2",6,0,"EACH",850,5100]
[null,"718-06531","OUTLET PROTECTOR, 3",30,0,"EACH",800,24000]
[null,"718-06532","VIDEO INSPECTION FOR UNDERDRAINS",3000,0,"L.F.",1.1500000000000001,3450]
[null,"718-52610","AGGREGATE FOR UNDERDRAINS",1496,0,"C.Y.",33,49368]
[null,"720-44000","CASTING, ADJUST TO GRADE",8,0,"EACH",330.99,2647.92]
[null,"720-45025","INLET, D6",1,0,"EACH",1315.23,1315.23]
[null,"720-45030","INLET, E7",1,0,"EACH",1101.7,1101.7]
[null,"720-45035","INLET, F7",3,0,"EACH",1102.8,3308.4]
[null,"720-45040","INLET, G7",2,0,"EACH",2378.5500000000002,4757.1000000000004]
[null,"720-45510","MANHOLE, C4, MODIFIED",2,0,"EACH",1836.5,3673]
[null,"720-95409","MANHOLE, J4, MODIFIED",2,0,"EACH",1787.22,3574.44]
[null,"720-97865","MANHOLE, C2, MODIFIED",4,0,"EACH",2030.3000000000002,8121.2000000000007]
[null,"720-98555","INLET, C15",1,0,"EACH",1776.98,1776.98]
[null,"723-08608","WINGWALL",608,0,"S.F.",86.99,52889.919999999998]
[null,"727-90308","EPOXY INJECTION, CRACK PREPARATION",119,0,"L.F.",93,11067]
[null,"727-90309","EPOXY INJECTION, EPOXY MATERIAL",15,0,"GAL",85,1275]
[null,"727-93560","EPOXY INJECTION, FURNISHING EQUIPMENT",1,0,"L.S.",1875,1875]
[null,"801-02595","CONTROLLER, RESET TIMING",3,0,"EACH",155,465]
[null,"801-03290","CONSTRUCTION SIGN, C",12,0,"EACH",153,1836]
[null,"801-04308","ROAD CLOSURE SIGN ASSEMBLY",20,0,"EACH",132,2640]
[null,"801-06201","TEMPORARY PANEL SIGNS",22.5,0,"S.Y.",22,495]
[null,"801-06202","TEMPORARY PANEL SIGN SUPPORTS",56,0,"L.F.",20,1120]
[null,"801-06203","TEMPORARY PAVEMENT MARKING, 4 IN.",35000,0,"L.F.",0.22,7700]
[null,"801-06207","TEMPORARY PAVEMENT MARKING, REMOVABLE, 4 IN.",64300,0,"L.F.",0.1,6430]
[null,"801-06211","TEMPORARY PAVEMENT MESSAGE MARKING, REMOVABLE",13,0,"EACH",115,1495]
[null,"801-06218","TEMPORARY TRANSVERSE PAVEMENT MARKING, REMOVA",377,0,"L.F.",5.18,1952.8600000000001]
[null,"801-06640","CONSTRUCTION SIGN, A",37,0,"EACH",129,4773]
[null,"801-06645","CONSTRUCTION SIGN, B",5,0,"EACH",48,240]
[null,"801-06710","FLASHING ARROW SIGN",30,0,"DAY",10,300]
[null,"801-06775","MAINTAINING TRAFFIC",1,0,"L.S.",175000,175000]
[null,"801-07118","BARRICADE, III-A",468,0,"L.F.",11.100000000000001,5194.8]
[null,"801-07119","BARRICADE, III-B",48,0,"L.F.",15.280000000000001,733.44]
[null,"801-08401","TEMPORARY TRAFFIC BARRIER, TYPE 2",9260,0,"L.F.",6,55560]
[null,"801-08508","TEMPORARY TRAFFIC BARRIER, TYPE 2, ANCHORED",252,0,"L.F.",7,1764]
[null,"801-94295","SIGNAL HEAD, RELOCATE",32,0,"EACH",130,4160]
[null,"802-05701","SIGN POST, SQUARE, 1, REINFORCED ANCHOR",765.5,0,"L.F.",11.3,8650.15]
[null,"802-05702","SIGN POST SQUARE, 2, REINFORCED ANCHOR BASE",211.25,0,"L.F.",11.65,2461.06]
[null,"802-07057","SIGN, PANEL, WITH LEGEND",899,0,"S.F.",20,17980]
[null,"802-07151","WIDE FLANGE SIGN POST SUPPORT FOUNDATION, VII",10,0,"EACH",375,3750]
[null,"802-08456","WIDE FLANGE SIGN POST SUPPORT FOUNDATION, VII",12,0,"EACH",385,4620]
[null,"802-09578","OVERHEAD SIGN STRUCTURE, CANTILEVER,",2,0,"EACH",34500,69000]
[null,"802-09581","CANTILEVER SIGN SUPPORT FOUNDATION,",2,0,"EACH",7800,15600]
[null,"802-09838","SIGN, SHEET, WITH LEGEND 0.08 IN.",504.78000000000003,0,"S.F.",15,7571.7000000000007]
[null,"802-09840","SIGN, SHEET, WITH LEGEND 0.100 IN",104.10000000000001,0,"S.F.",18,1873.8000000000002]
[null,"802-09842","SIGN, SHEET,  WITH LEGEND 0.125 IN",78,0,"S.F.",18,1404]
[null,"802-74040","SIGN AND SUPPORTS, WIDE FLANGE, REMOVE",6,0,"EACH",175,1050]
[null,"802-76095","STRUCTURAL STEEL, BREAKAWAY",4874,0,"LBS",4,19496]
[null,"804-06771","DELINEATOR POST, FLEXIBLE",50,0,"EACH",35,1750]
[null,"805-01300","TRAFFIC SIGNAL EQUIPMENT, REMOVE",2,0,"EACH",1800,3600]
[null,"805-01842","HANDHOLE, SIGNAL",21,0,"EACH",700,14700]
[null,"805-01843","SIGNAL HANDHOLE ADJUST TO GRADE",4,0,"EACH",300,1200]
[null,"805-01844","GALVANIZED STEEL CONDUIT, 2 IN., UNDERGROUND",4042,0,"L.F.",11,44462]
[null,"805-02087","TRANSPORTATION OF SALVAGEABLE SIGNAL EQUIPMEN",1,0,"L.S.",500,500]
[null,"805-02373","INTERCONNECT CABLE, FIBER OPTIC",2057,0,"L.F.",2.6,5348.2000000000007]
[null,"805-09539","LOOP DETECTOR DELAY COUNTING AMPLIFIER,",2,0,"EACH",1100,2200]
[null,"805-78109","CONTROLLER AND CABINET, SECONDARY, MENU DRIVE",1,0,"EACH",13900,13900]
[null,"805-78205","TRAFFIC SIGNAL HEAD, 3 FACE, 12.20 IN. RED, A",20,0,"EACH",777,15540]
[null,"805-78230","TRAFFIC SIGNAL HEAD, 5 FACE, 12.20 IN. RED, A",4,0,"EACH",1200,4800]
[null,"805-78415","SPAN CATENARY AND TETHER",10,0,"EACH",1740,17400]
[null,"805-78420","DISCONNECT HANGER",10,0,"EACH",340,3400]
[null,"805-78467","SIGNAL CABLE, 3C 8GA.",55,0,"L.F.",3,165]
[null,"805-78470","SIGNAL CABLE, ROADWAY LOOP, 1C 14GA.",6552,0,"L.F.",0.32,2096.64]
[null,"805-78485","SIGNAL CABLE, 5C 14GA.",538,0,"L.F.",1.2000000000000002,645.6]
[null,"805-78490","SIGNAL CABLE, 7C 14GA.",2486,0,"L.F.",1.6,3977.6000000000004]
[null,"805-78510","SIGNAL CABLE, 2C 16GA., SHIELDED",7814,0,"L.F.",0.8,6251.2000000000007]
[null,"805-78785","SIGNAL DETECTOR HOUSING",17,0,"EACH",410,6970]
[null,"805-78795","SAW CUT FOR ROADWAY LOOP AND SEALER",2336,0,"L.F.",8,18688]
[null,"805-78925","CONTROLLER CABINET FOUNDATION, P1",1,0,"EACH",710,710]
[null,"805-81060","SIGNAL STRAIN POLE, STEEL, 36 FT.",10,0,"EACH",5210,52100]
[null,"805-86890","POLE CIRCUIT CABLE, 1C NO. 10 THW OR TW STRAN",840,0,"L.F.",0.88,739.2]
[null,"805-92504","LOOP DETECTOR DELAY AMPLIFIER, 2 CHANNEL",10,0,"EACH",298,2980]
[null,"807-02191","HANDHOLE, LIGHTING",3,0,"EACH",700,2100]
[null,"807-02193","LIGHT STANDARD FOUNDATION, 3 FT. DIA. X 8 FT.",8,0,"EACH",800,6400]
[null,"807-02426","WIRE, THW, NO. 4 COPPER, IN PLASTIC",535,0,"L.F.",8.77,4691.95]
[null,"807-03051","LIGHT CABLE, 1C/10",960,0,"L.F.",1,960]
[null,"807-07580","WIRE, NO.4, COPPER, IN PLASTIC DUCT, IN TRENC",2990,0,"L.F.",8.77,26222.300000000003]
[null,"807-82052","UNDERPASS CIRCUIT INSTALLATION, 2 LUMINAIRES",2,0,"EACH",542,1084]
[null,"807-85752","LIGHT POLE, 40 FT. E.M.H., 10.0 FT. MAST ARM,",8,0,"EACH",1425,11400]
[null,"807-86620","LUMINAIRE, ROADWAY, HIGH PRESSURE SODIUM, 400",8,0,"EACH",300,2400]
[null,"807-86750","LUMINAIRE UNDERPASS, WALL MOUNTED, HIGH PRESS",4,0,"EACH",845,3380]
[null,"807-86910","CONNECTOR KIT, UNFUSED",8,0,"EACH",19,152]
[null,"807-86915","CONNECTOR KIT, FUSED",8,0,"EACH",20,160]
[null,"807-86920","MULTIPLE COMPRESSION FITTING, NOT WATERPROOFE",18,0,"EACH",17,306]
[null,"807-86925","MULTIPLE COMPRESSION FITTING, WATERPROOFED",12,0,"EACH",21,252]
[null,"807-86930","INSULATION LINK, NONWATERPROOFED",16,0,"EACH",17,272]
[null,"807-86935","INSULATION LINK, WATERPROOFED",12,0,"EACH",21,252]
[null,"807-86955","CABLE DUCT MARKER",11,0,"EACH",70,770]
[null,"808-06703","LINE, THERMOPLASTIC, SOLID, WHITE, 4 IN.",2771,0,"L.F.",0.35000000000000003,969.85]
[null,"808-06716","LINE, REMOVE",3615,0,"L.F.",0.38,1373.7]
[null,"808-09381","RETRO-REFLECTIVITY TEST",1,0,"L.S.",800,800]
[null,"808-10031","LINE, MULTI-COMP, BROKEN, WHITE, 4 IN",2630,0,"L.F.",0.25,657.5]
[null,"808-10033","LINE, MULTI-COMP, SOLID, WHITE, 4 IN",29503,0,"L.F.",0.25,7375.75]
[null,"808-10034","LINE, MULTI-COMP, SOLID, YELLOW, 4 IN",13980,0,"L.F.",0.25,3495]
[null,"808-10036","LINE, MULTI-COMP, BROKEN, YELLOW, 4 IN",300,0,"L.F.",0.25,75]
[null,"808-10037","LINE, MULTI-COMP, SOLID, WHITE, 8 IN",1838,0,"L.F.",0.5,919]
[null,"808-10038","TRANSVERSE MKGS MULTI-COMP SOLID WHITE,",999,0,"L.F.",8,7992]
[null,"808-10042","TRANSVERSE MKG MULTI-COMP SOLID YELLOW",210,0,"L.F.",4,840]
[null,"808-10051","TRANSVERSE MKG MULTI-COMP, STOP LINE,",354,0,"L.F.",8,2832]
[null,"808-10058","LINE, MULTI-COMP, SOLID, YELLOW, 8 IN",4078,0,"L.F.",0.5,2039]
[null,"808-10078","LINE MULTI-COMP DOTTED, WHITE, 4 IN, 24",130,0,"L.F.",4,520]
[null,"808-10119","TRANSVERSE MARKING, MULTI-COMPONENT,",477,0,"L.F.",7.88,3758.76]
[null,"808-75245","LINE, THERMOPLASTIC, SOLID, YELLOW, 4 IN.",3086,0,"L.F.",0.35000000000000003,1080.1000000000001]
[null,"808-75998","SNOWPLOWABLE RAISED PAVEMENT MARKER",432,0,"EACH",19.25,8316]
[null,"202-01405","CONTAMINATED SOIL, REMOVE AND DISPOSE",20,0,"C.Y.",150.55000000000001,3011]
[null,"406-05520","ASPHALT MATERIAL FOR TACK COAT",6,0,"TON",1,6]
[null,"805-01815","SIGNAL SUPPORT FOUNDATION, 3 FT. X 12 FT.",10,0,"EACH",2010,20100]
[null,"808-10066","PAVEMENT MESSAGE MARKINGS,",5,0,"EACH",98,490]
[null,"808-10077","PAVEMENT MESSAGE MARKINGS,",51,0,"EACH",80,4080]
[null,"808-10052","PAVEMENT MESSAGE MKG, MULTI-COMP, (ONLY",20,0,"EACH",99,1980]
[null,"808-75996","SNOWPLOWABLE RAISED PAVEMENT MARKER, REMOVE",200,0,"EACH",4.25,850]
[null,"801-07023","ENERGY ABSORBIBG TERMINAL, CZ, TL-2",5,0,"EACH",5400,27000]
[null,"720-45140","INLET, G7, MODIFIED",1,0,"EACH",1721.49,1721.49]
[null,"202-92222","TESTING FOR CONTAMINATED MATERIALS, TPH (SOIL",5,0,"EACH",750,3750]
[null,"807-01603","SERVICE POINT, TYPE II",2,0,"EACH",3200,6400]
[null,"202-95579","SERVICE POINT, REMOVE",2,0,"EACH",150,300]
[null,"621-06553","SEED MIXTURE, R",2000,0,"LBS",3.4000000000000004,6800]
[null,"801-06625","DETOUR ROUTE MARKER ASSEMBLY",15,0,"EACH",89,1335]
[null,"801-06539","TEMPORARY TRAFFIC SIGNAL INSTALLATION, MAINTA",1,0,"L.S.",4100,4100]
[null,null,null,0,0,null,0,0]

{"sheet":"Start2","index":7,"n_rows":7003,"n_cols":31,"rows_kept":4500,"cut":true,"hidden":true,"merged":[],"bounds":{"rows_first":2000,"rows_last":500,"rows_between":2000,"halvings":0}}
["JOB_NO","PAY_ITEM","PI_DESC","QUANTITY","CODE","UNIT","UNIT_PRC","EXTENSION","Rank","Rank2","Contractor","Main Sec","Sub Sec. No.","Section","Sub-Section",null,null,null,null,null,null,null,null,"JOB_NO","PAY_ITEM","PI_DESC","QUANTITY","CODE","UNIT","UNIT_PRC","EXTENSION"]
[{"$f":"IF(Start!A2=\"\",\"\",Start!A2)","v":"35-1035114"},{"$f":"IF(Start!B2=\"\",\"\",Start!B2)","v":""},{"$f":"IF(Start!C2=\"\",\"\",Start!C2)","v":"SUPERIOR CONSTRUCTION COMPANY"},{"$f":"IF(Start!D2=\"\",\"\",Start!D2)","v":1},{"$f":"IF(Start!E2=\"\",\"\",Start!E2)","v":0},{"$f":"IF(Start!F2=\"\",\"\",Start!F2)","v":""},{"$f":"IF(Start!G2=\"\",\"\",Start!G2)","v":0},{"$f":"IF(Start!H2=\"\",\"\",Start!H2)","v":0},{"$f":"IF(AND(A2=\"\",B2=\"\",C2=\"\"),\"\",IF(AND(A2<>\"\",B2=\"\",G2=0,H2=0),D2,I1))","v":1},{"$f":"IF(I2=\"\",\"\",LOOKUP(I2,{1,\"01\";2,\"02\";3,\"03\";4,\"04\";5,\"05\";6,\"06\";7,\"07\";8,\"08\";9,\"09\";10,\"10\";11,\"11\";12,\"12\";13,\"13\";14,\"14\";15,\"15\"}))","v":"01"},{"$f":"IF(AND(A2<>\"\",B2=\"\"),J2&\". \"&PROPER(C2),IF(AND(A2=\"\",B2<>\"\"),PROPER(K1),\"\"))","v":"01. Superior Construction Company"},{"$f":"IF(B2=\"\",\"\",LEFT(B2,1)*100)","v":""},{"$f":"IF(B2=\"\",\"\",LEFT(B2,3)*1)","v":""},{"$f":"IF(B2=\"\",\"\",VLOOKUP(M2,Sections!$A$2:$D$200,3,FALSE))","v":""},{"$f":"IF(B2=\"\",\"\",VLOOKUP(M2,Sections!$A$2:$D$200,4,FALSE))","v":""}]
[{"$f":"IF(Start!A3=\"\",\"\",Start!A3)","v":""},{"$f":"IF(Start!B3=\"\",\"\",Start!B3)","v":"105-06845"},{"$f":"IF(Start!C3=\"\",\"\",Start!C3)","v":"CONSTRUCTION ENGINEERING"},{"$f":"IF(Start!D3=\"\",\"\",Start!D3)","v":1},{"$f":"IF(Start!E3=\"\",\"\",Start!E3)","v":0},{"$f":"IF(Start!F3=\"\",\"\",Start!F3)","v":"L.S."},{"$f":"IF(Start!G3=\"\",\"\",Start!G3)","v":296000},{"$f":"IF(Start!H3=\"\",\"\",Start!H3)","v":296000},{"$f":"IF(AND(A3=\"\",B3=\"\",C3=\"\"),\"\",IF(AND(A3<>\"\",B3=\"\",G3=0,H3=0),D3,I2))","v":1},{"$f":"IF(I3=\"\",\"\",LOOKUP(I3,{1,\"01\";2,\"02\";3,\"03\";4,\"04\";5,\"05\";6,\"06\";7,\"07\";8,\"08\";9,\"09\";10,\"10\";11,\"11\";12,\"12\";13,\"13\";14,\"14\";15,\"15\"}))","v":"01"},{"$f":"IF(AND(A3<>\"\",B3=\"\"),J3&\". \"&PROPER(C3),IF(AND(A3=\"\",B3<>\"\"),PROPER(K2),\"\"))","v":"01. Superior Construction Company"},{"$f":"IF(B3=\"\",\"\",LEFT(B3,1)*100)","v":100},{"$f":"IF(B3=\"\",\"\",LEFT(B3,3)*1)","v":105},{"$f":"IF(B3=\"\",\"\",VLOOKUP(M3,Sections!$A$2:$D$200,3,FALSE))","v":"General Provisions"},{"$f":"IF(B3=\"\",\"\",VLOOKUP(M3,Sections!$A$2:$D$200,4,FALSE))","v":"Control Of Work"}]
[{"$f":"IF(Start!A4=\"\",\"\",Start!A4)","v":""},{"$f":"IF(Start!B4=\"\",\"\",Start!B4)","v":"105-09645"},{"$f":"IF(Start!C4=\"\",\"\",Start!C4)","v":"CONSTRUCTION ENGINEERING AND INSPECTION"},{"$f":"IF(Start!D4=\"\",\"\",Start!D4)","v":1},{"$f":"IF(Start!E4=\"\",\"\",Start!E4)","v":0},{"$f":"IF(Start!F4=\"\",\"\",Start!F4)","v":"L.S."},{"$f":"IF(Start!G4=\"\",\"\",Start!G4)","v":12000},{"$f":"IF(Start!H4=\"\",\"\",Start!H4)","v":12000},1,{"$f":"IF(I4=\"\",\"\",LOOKUP(I4,{1,\"01\";2,\"02\";3,\"03\";4,\"04\";5,\"05\";6,\"06\";7,\"07\";8,\"08\";9,\"09\";10,\"10\";11,\"11\";12,\"12\";13,\"13\";14,\"14\";15,\"15\"}))","v":"01"},"01. Superior Construction Company",100,105,{"$f":"IF(B4=\"\",\"\",VLOOKUP(M4,Sections!$A$2:$D$200,3,FALSE))","v":"General Provisions"},{"$f":"IF(B4=\"\",\"\",VLOOKUP(M4,Sections!$A$2:$D$200,4,FALSE))","v":"Control Of Work"}]
[{"$f":"IF(Start!A5=\"\",\"\",Start!A5)","v":""},{"$f":"IF(Start!B5=\"\",\"\",Start!B5)","v":"109-08359"},{"$f":"IF(Start!C5=\"\",\"\",Start!C5)","v":"LIQUIDATED DAMAGES"},{"$f":"IF(Start!D5=\"\",\"\",Start!D5)","v":1},{"$f":"IF(Start!E5=\"\",\"\",Start!E5)","v":0},{"$f":"IF(Start!F5=\"\",\"\",Start!F5)","v":"$"},{"$f":"IF(Start!G5=\"\",\"\",Start!G5)","v":1},{"$f":"IF(Start!H5=\"\",\"\",Start!H5)","v":1},1,{"$f":"IF(I5=\"\",\"\",LOOKUP(I5,{1,\"01\";2,\"02\";3,\"03\";4,\"04\";5,\"05\";6,\"06\";7,\"07\";8,\"08\";9,\"09\";10,\"10\";11,\"11\";12,\"12\";13,\"13\";14,\"14\";15,\"15\"}))","v":"01"},"01. Superior Construction Company",100,109,{"$f":"IF(B5=\"\",\"\",VLOOKUP(M5,Sections!$A$2:$D$200,3,FALSE))","v":"General Provisions"},{"$f":"IF(B5=\"\",\"\",VLOOKUP(M5,Sections!$A$2:$D$200,4,FALSE))","v":"Measurement And Payment"}]
[{"$f":"IF(Start!A6=\"\",\"\",Start!A6)","v":""},{"$f":"IF(Start!B6=\"\",\"\",Start!B6)","v":"109-08360"},{"$f":"IF(Start!C6=\"\",\"\",Start!C6)","v":"CONTRACT LIENS"},{"$f":"IF(Start!D6=\"\",\"\",Start!D6)","v":1},{"$f":"IF(Start!E6=\"\",\"\",Start!E6)","v":0},{"$f":"IF(Start!F6=\"\",\"\",Start!F6)","v":"$"},{"$f":"IF(Start!G6=\"\",\"\",Start!G6)","v":1},{"$f":"IF(Start!H6=\"\",\"\",Start!H6)","v":1},1,{"$f":"IF(I6=\"\",\"\",LOOKUP(I6,{1,\"01\";2,\"02\";3,\"03\";4,\"04\";5,\"05\";6,\"06\";7,\"07\";8,\"08\";9,\"09\";10,\"10\";11,\"11\";12,\"12\";13,\"13\";14,\"14\";15,\"15\"}))","v":"01"},"01. Superior Construction Company",100,109,{"$f":"IF(B6=\"\",\"\",VLOOKUP(M6,Sections!$A$2:$D$200,3,FALSE))","v":"General Provisions"},{"$f":"IF(B6=\"\",\"\",VLOOKUP(M6,Sections!$A$2:$D$200,4,FALSE))","v":"Measurement And Payment"}]
[{"$f":"IF(Start!A7=\"\",\"\",Start!A7)","v":""},{"$f":"IF(Start!B7=\"\",\"\",Start!B7)","v":"109-08443"},{"$f":"IF(Start!C7=\"\",\"\",Start!C7)","v":"QUALITY ADJUSTMENTS, TEMPORARY TRAFFIC CONTRO"},{"$f":"IF(Start!D7=\"\",\"\",Start!D7)","v":1},{"$f":"IF(Start!E7=\"\",\"\",Start!E7)","v":0},{"$f":"IF(Start!F7=\"\",\"\",Start!F7)","v":"$"},{"$f":"IF(Start!G7=\"\",\"\",Start!G7)","v":1},{"$f":"IF(Start!H7=\"\",\"\",Start!H7)","v":1},1,{"$f":"IF(I7=\"\",\"\",LOOKUP(I7,{1,\"01\";2,\"02\";3,\"03\";4,\"04\";5,\"05\";6,\"06\";7,\"07\";8,\"08\";9,\"09\";10,\"10\";11,\"11\";12,\"12\";13,\"13\";14,\"14\";15,\"15\"}))","v":"01"},"01. Superior Construction Company",100,109,{"$f":"IF(B7=\"\",\"\",VLOOKUP(M7,Sections!$A$2:$D$200,3,FALSE))","v":"General Provisions"},{"$f":"IF(B7=\"\",\"\",VLOOKUP(M7,Sections!$A$2:$D$200,4,FALSE))","v":"Measurement And Payment"}]
[{"$f":"IF(Start!A8=\"\",\"\",Start!A8)","v":""},{"$f":"IF(Start!B8=\"\",\"\",Start!B8)","v":"109-08444"},{"$f":"IF(Start!C8=\"\",\"\",Start!C8)","v":"QUALITY ADJUSTMENTS, FAILED MATERIALS"},{"$f":"IF(Start!D8=\"\",\"\",Start!D8)","v":1},{"$f":"IF(Start!E8=\"\",\"\",Start!E8)","v":0},{"$f":"IF(Start!F8=\"\",\"\",Start!F8)","v":"$"},{"$f":"IF(Start!G8=\"\",\"\",Start!G8)","v":1},{"$f":"IF(Start!H8=\"\",\"\",Start!H8)","v":1},1,{"$f":"IF(I8=\"\",\"\",LOOKUP(I8,{1,\"01\";2,\"02\";3,\"03\";4,\"04\";5,\"05\";6,\"06\";7,\"07\";8,\"08\";9,\"09\";10,\"10\";11,\"11\";12,\"12\";13,\"13\";14,\"14\";15,\"15\"}))","v":"01"},"01. Superior Construction Company",100,109,{"$f":"IF(B8=\"\",\"\",VLOOKUP(M8,Sections!$A$2:$D$200,3,FALSE))","v":"General Provisions"},{"$f":"IF(B8=\"\",\"\",VLOOKUP(M8,Sections!$A$2:$D$200,4,FALSE))","v":"Measurement And Payment"}]
[{"$f":"IF(Start!A9=\"\",\"\",Start!A9)","v":""},{"$f":"IF(Start!B9=\"\",\"\",Start!B9)","v":"109-08463"},{"$f":"IF(Start!C9=\"\",\"\",Start!C9)","v":"PROJECT ESTIMATE ADJUSTMENT"},{"$f":"IF(Start!D9=\"\",\"\",Start!D9)","v":1},{"$f":"IF(Start!E9=\"\",\"\",Start!E9)","v":0},{"$f":"IF(Start!F9=\"\",\"\",Start!F9)","v":"$"},{"$f":"IF(Start!G9=\"\",\"\",Start!G9)","v":1},{"$f":"IF(Start!H9=\"\",\"\",Start!H9)","v":1},1,{"$f":"IF(I9=\"\",\"\",LOOKUP(I9,{1,\"01\";2,\"02\";3,\"03\";4,\"04\";5,\"05\";6,\"06\";7,\"07\";8,\"08\";9,\"09\";10,\"10\";11,\"11\";12,\"12\";13,\"13\";14,\"14\";15,\"15\"}))","v":"01"},"01. Superior Construction Company",100,109,{"$f":"IF(B9=\"\",\"\",VLOOKUP(M9,Sections!$A$2:$D$200,3,FALSE))","v":"General Provisions"},{"$f":"IF(B9=\"\",\"\",VLOOKUP(M9,Sections!$A$2:$D$200,4,FALSE))","v":"Measurement And Payment"}]
[{"$f":"IF(Start!A10=\"\",\"\",Start!A10)","v":""},{"$f":"IF(Start!B10=\"\",\"\",Start!B10)","v":"109-09377"},{"$f":"IF(Start!C10=\"\",\"\",Start!C10)","v":"QUALITY ADJUSTMENT, PAVEMENT TRAFFIC"},{"$f":"IF(Start!D10=\"\",\"\",Start!D10)","v":1},{"$f":"IF(Start!E10=\"\",\"\",Start!E10)","v":0},{"$f":"IF(Start!F10=\"\",\"\",Start!F10)","v":"$"},{"$f":"IF(Start!G10=\"\",\"\",Start!G10)","v":1},{"$f":"IF(Start!H10=\"\",\"\",Start!H10)","v":1},1,{"$f":"IF(I10=\"\",\"\",LOOKUP(I10,{1,\"01\";2,\"02\";3,\"03\";4,\"04\";5,\"05\";6,\"06\";7,\"07\";8,\"08\";9,\"09\";10,\"10\";11,\"11\";12,\"12\";13,\"13\";14,\"14\";15,\"15\"}))","v":"01"},"01. Superior Construction Company",100,109,{"$f":"IF(B10=\"\",\"\",VLOOKUP(M10,Sections!$A$2:$D$200,3,FALSE))","v":"General Provisions"},{"$f":"IF(B10=\"\",\"\",VLOOKUP(M10,Sections!$A$2:$D$200,4,FALSE))","v":"Measurement And Payment"}]
[{"$f":"IF(Start!A11=\"\",\"\",Start!A11)","v":""},{"$f":"IF(Start!B11=\"\",\"\",Start!B11)","v":"109-09489"},{"$f":"IF(Start!C11=\"\",\"\",Start!C11)","v":"PAYMENT ADJUSTMENT, PG ASPHALT BINDER"},{"$f":"IF(Start!D11=\"\",\"\",Start!D11)","v":1},{"$f":"IF(Start!E11=\"\",\"\",Start!E11)","v":0},{"$f":"IF(Start!F11=\"\",\"\",Start!F11)","v":"$"},{"$f":"IF(Start!G11=\"\",\"\",Start!G11)","v":1},{"$f":"IF(Start!H11=\"\",\"\",Start!H11)","v":1},1,{"$f":"IF(I11=\"\",\"\",LOOKUP(I11,{1,\"01\";2,\"02\";3,\"03\";4,\"04\";5,\"05\";6,\"06\";7,\"07\";8,\"08\";9,\"09\";10,\"10\";11,\"11\";12,\"12\";13,\"13\";14,\"14\";15,\"15\"}))","v":"01"},"01. Superior Construction Company",100,109,{"$f":"IF(B11=\"\",\"\",VLOOKUP(M11,Sections!$A$2:$D$200,3,FALSE))","v":"General Provisions"},{"$f":"IF(B11=\"\",\"\",VLOOKUP(M11,Sections!$A$2:$D$200,4,FALSE))","v":"Measurement And Payment"}]
[{"$f":"IF(Start!A12=\"\",\"\",Start!A12)","v":""},{"$f":"IF(Start!B12=\"\",\"\",Start!B12)","v":"110-01001"},{"$f":"IF(Start!C12=\"\",\"\",Start!C12)","v":"MOBILIZATION AND DEMOBILIZATION"},{"$f":"IF(Start!D12=\"\",\"\",Start!D12)","v":1},{"$f":"IF(Start!E12=\"\",\"\",Start!E12)","v":0},{"$f":"IF(Start!F12=\"\",\"\",Start!F12)","v":"L.S."},{"$f":"IF(Start!G12=\"\",\"\",Start!G12)","v":532000},{"$f":"IF(Start!H12=\"\",\"\",Start!H12)","v":532000},1,{"$f":"IF(I12=\"\",\"\",LOOKUP(I12,{1,\"01\";2,\"02\";3,\"03\";4,\"04\";5,\"05\";6,\"06\";7,\"07\";8,\"08\";9,\"09\";10,\"10\";11,\"11\";12,\"12\";13,\"13\";14,\"14\";15,\"15\"}))","v":"01"},"01. Superior Construction Company",100,110,{"$f":"IF(B12=\"\",\"\",VLOOKUP(M12,Sections!$A$2:$D$200,3,FALSE))","v":"General Provisions"},{"$f":"IF(B12=\"\",\"\",VLOOKUP(M12,Sections!$A$2:$D$200,4,FALSE))","v":"Mobilization And Demobilization"}]
[{"$f":"IF(Start!A13=\"\",\"\",Start!A13)","v":""},{"$f":"IF(Start!B13=\"\",\"\",Start!B13)","v":"201-52370"},{"$f":"IF(Start!C13=\"\",\"\",Start!C13)","v":"CLEARING RIGHT OF WAY"},{"$f":"IF(Start!D13=\"\",\"\",Start!D13)","v":1},{"$f":"IF(Start!E13=\"\",\"\",Start!E13)","v":0},{"$f":"IF(Start!F13=\"\",\"\",Start!F13)","v":"L.S."},{"$f":"IF(Start!G13=\"\",\"\",Start!G13)","v":200000},{"$f":"IF(Start!H13=\"\",\"\",Start!H13)","v":200000},1,{"$f":"IF(I13=\"\",\"\",LOOKUP(I13,{1,\"01\";2,\"02\";3,\"03\";4,\"04\";5,\"05\";6,\"06\";7,\"07\";8,\"08\";9,\"09\";10,\"10\";11,\"11\";12,\"12\";13,\"13\";14,\"14\";15,\"15\"}))","v":"01"},"01. Superior Construction Company",200,201,{"$f":"IF(B13=\"\",\"\",VLOOKUP(M13,Sections!$A$2:$D$200,3,FALSE))","v":"Earthwork"},{"$f":"IF(B13=\"\",\"\",VLOOKUP(M13,Sections!$A$2:$D$200,4,FALSE))","v":"Clearing And Grubbing"}]
[{"$f":"IF(Start!A14=\"\",\"\",Start!A14)","v":""},{"$f":"IF(Start!B14=\"\",\"\",Start!B14)","v":"201-90788"},{"$f":"IF(Start!C14=\"\",\"\",Start!C14)","v":"DEBRIS, REMOVE"},{"$f":"IF(Start!D14=\"\",\"\",Start!D14)","v":1},{"$f":"IF(Start!E14=\"\",\"\",Start!E14)","v":0},{"$f":"IF(Start!F14=\"\",\"\",Start!F14)","v":"L.S."},{"$f":"IF(Start!G14=\"\",\"\",Start!G14)","v":12000},{"$f":"IF(Start!H14=\"\",\"\",Start!H14)","v":12000},1,{"$f":"IF(I14=\"\",\"\",LOOKUP(I14,{1,\"01\";2,\"02\";3,\"03\";4,\"04\";5,\"05\";6,\"06\";7,\"07\";8,\"08\";9,\"09\";10,\"10\";11,\"11\";12,\"12\";13,\"13\";14,\"14\";15,\"15\"}))","v":"01"},"01. Superior Construction Company",200,201,{"$f":"IF(B14=\"\",\"\",VLOOKUP(M14,Sections!$A$2:$D$200,3,FALSE))","v":"Earthwork"},{"$f":"IF(B14=\"\",\"\",VLOOKUP(M14,Sections!$A$2:$D$200,4,FALSE))","v":"Clearing And Grubbing"}]
[{"$f":"IF(Start!A15=\"\",\"\",Start!A15)","v":""},{"$f":"IF(Start!B15=\"\",\"\",Start!B15)","v":"202-02240"},{"$f":"IF(Start!C15=\"\",\"\",Start!C15)","v":"PAVEMENT, REMOVE"},{"$f":"IF(Start!D15=\"\",\"\",Start!D15)","v":28674},{"$f":"IF(Start!E15=\"\",\"\",Start!E15)","v":0},{"$f":"IF(Start!F15=\"\",\"\",Start!F15)","v":"S.Y."},{"$f":"IF(Start!G15=\"\",\"\",Start!G15)","v":7.5},{"$f":"IF(Start!H15=\"\",\"\",Start!H15)","v":215055},1,{"$f":"IF(I15=\"\",\"\",LOOKUP(I15,{1,\"01\";2,\"02\";3,\"03\";4,\"04\";5,\"05\";6,\"06\";7,\"07\";8,\"08\";9,\"09\";10,\"10\";11,\"11\";12,\"12\";13,\"13\";14,\"14\";15,\"15\"}))","v":"01"},"01. Superior Construction Company",200,202,{"$f":"IF(B15=\"\",\"\",VLOOKUP(M15,Sections!$A$2:$D$200,3,FALSE))","v":"Earthwork"},{"$f":"IF(B15=\"\",\"\",VLOOKUP(M15,Sections!$A$2:$D$200,4,FALSE))","v":"Removal Of Structures And Obstructions"}]
[{"$f":"IF(Start!A16=\"\",\"\",Start!A16)","v":""},{"$f":"IF(Start!B16=\"\",\"\",Start!B16)","v":"202-02271"},{"$f":"IF(Start!C16=\"\",\"\",Start!C16)","v":"HEADWALL, REMOVE"},{"$f":"IF(Start!D16=\"\",\"\",Start!D16)","v":16},{"$f":"IF(Start!E16=\"\",\"\",Start!E16)","v":0},{"$f":"IF(Start!F16=\"\",\"\",Start!F16)","v":"EACH"},{"$f":"IF(Start!G16=\"\",\"\",Start!G16)","v":400},{"$f":"IF(Start!H16=\"\",\"\",Start!H16)","v":6400},1,{"$f":"IF(I16=\"\",\"\",LOOKUP(I16,{1,\"01\";2,\"02\";3,\"03\";4,\"04\";5,\"05\";6,\"06\";7,\"07\";8,\"08\";9,\"09\";10,\"10\";11,\"11\";12,\"12\";13,\"13\";14,\"14\";15,\"15\"}))","v":"01"},"01. Superior Construction Company",200,202,{"$f":"IF(B16=\"\",\"\",VLOOKUP(M16,Sections!$A$2:$D$200,3,FALSE))","v":"Earthwork"},{"$f":"IF(B16=\"\",\"\",VLOOKUP(M16,Sections!$A$2:$D$200,4,FALSE))","v":"Removal Of Structures And Obstructions"}]
[{"$f":"IF(Start!A17=\"\",\"\",Start!A17)","v":""},{"$f":"IF(Start!B17=\"\",\"\",Start!B17)","v":"202-02272"},{"$f":"IF(Start!C17=\"\",\"\",Start!C17)","v":"PAVED SIDE DITCH, REMOVE"},{"$f":"IF(Start!D17=\"\",\"\",Start!D17)","v":344},{"$f":"IF(Start!E17=\"\",\"\",Start!E17)","v":0},{"$f":"IF(Start!F17=\"\",\"\",Start!F17)","v":"L.F."},{"$f":"IF(Start!G17=\"\",\"\",Start!G17)","v":20},{"$f":"IF(Start!H17=\"\",\"\",Start!H17)","v":6880},1,{"$f":"IF(I17=\"\",\"\",LOOKUP(I17,{1,\"01\";2,\"02\";3,\"03\";4,\"04\";5,\"05\";6,\"06\";7,\"07\";8,\"08\";9,\"09\";10,\"10\";11,\"11\";12,\"12\";13,\"13\";14,\"14\";15,\"15\"}))","v":"01"},"01. Superior Construction Company",200,202,{"$f":"IF(B17=\"\",\"\",VLOOKUP(M17,Sections!$A$2:$D$200,3,FALSE))","v":"Earthwork"},{"$f":"IF(B17=\"\",\"\",VLOOKUP(M17,Sections!$A$2:$D$200,4,FALSE))","v":"Removal Of Structures And Obstructions"}]
[{"$f":"IF(Start!A18=\"\",\"\",Start!A18)","v":""},{"$f":"IF(Start!B18=\"\",\"\",Start!B18)","v":"202-02279"},{"$f":"IF(Start!C18=\"\",\"\",Start!C18)","v":"CURB AND GUTTER, REMOVE"},{"$f":"IF(Start!D18=\"\",\"\",Start!D18)","v":961},{"$f":"IF(Start!E18=\"\",\"\",Start!E18)","v":0},{"$f":"IF(Start!F18=\"\",\"\",Start!F18)","v":"L.F."},{"$f":"IF(Start!G18=\"\",\"\",Start!G18)","v":12},{"$f":"IF(Start!H18=\"\",\"\",Start!H18)","v":11532},1,{"$f":"IF(I18=\"\",\"\",LOOKUP(I18,{1,\"01\";2,\"02\";3,\"03\";4,\"04\";5,\"05\";6,\"06\";7,\"07\";8,\"08\";9,\"09\";10,\"10\";11,\"11\";12,\"12\";13,\"13\";14,\"14\";15,\"15\"}))","v":"01"},"01. Superior Construction Company",200,202,{"$f":"IF(B18=\"\",\"\",VLOOKUP(M18,Sections!$A$2:$D$200,3,FALSE))","v":"Earthwork"},{"$f":"IF(B18=\"\",\"\",VLOOKUP(M18,Sections!$A$2:$D$200,4,FALSE))","v":"Removal Of Structures And Obstructions"}]
[{"$f":"IF(Start!A19=\"\",\"\",Start!A19)","v":""},{"$f":"IF(Start!B19=\"\",\"\",Start!B19)","v":"202-74045"},{"$f":"IF(Start!C19=\"\",\"\",Start!C19)","v":"SIGNS AND SUPPORTS, CHANNEL POSTS, REMOVE"},{"$f":"IF(Start!D19=\"\",\"\",Start!D19)","v":74},{"$f":"IF(Start!E19=\"\",\"\",Start!E19)","v":0},{"$f":"IF(Start!F19=\"\",\"\",Start!F19)","v":"EACH"},{"$f":"IF(Start!G19=\"\",\"\",Start!G19)","v":30},{"$f":"IF(Start!H19=\"\",\"\",Start!H19)","v":2220},1,{"$f":"IF(I19=\"\",\"\",LOOKUP(I19,{1,\"01\";2,\"02\";3,\"03\";4,\"04\";5,\"05\";6,\"06\";7,\"07\";8,\"08\";9,\"09\";10,\"10\";11,\"11\";12,\"12\";13,\"13\";14,\"14\";15,\"15\"}))","v":"01"},"01. Superior Construction Company",200,202,{"$f":"IF(B19=\"\",\"\",VLOOKUP(M19,Sections!$A$2:$D$200,3,FALSE))","v":"Earthwork"},{"$f":"IF(B19=\"\",\"\",VLOOKUP(M19,Sections!$A$2:$D$200,4,FALSE))","v":"Removal Of Structures And Obstructions"}]
[{"$f":"IF(Start!A20=\"\",\"\",Start!A20)","v":""},{"$f":"IF(Start!B20=\"\",\"\",Start!B20)","v":"202-74080"},{"$f":"IF(Start!C20=\"\",\"\",Start!C20)","v":"OVERHEAD SIGN STRUCTURE, CANTILEVER, REMOVE"},{"$f":"IF(Start!D20=\"\",\"\",Start!D20)","v":2},{"$f":"IF(Start!E20=\"\",\"\",Start!E20)","v":0},{"$f":"IF(Start!F20=\"\",\"\",Start!F20)","v":"EACH"},{"$f":"IF(Start!G20=\"\",\"\",Start!G20)","v":1600},{"$f":"IF(Start!H20=\"\",\"\",Start!H20)","v":3200},1,{"$f":"IF(I20=\"\",\"\",LOOKUP(I20,{1,\"01\";2,\"02\";3,\"03\";4,\"04\";5,\"05\";6,\"06\";7,\"07\";8,\"08\";9,\"09\";10,\"10\";11,\"11\";12,\"12\";13,\"13\";14,\"14\";15,\"15\"}))","v":"01"},"01. Superior Construction Company",200,202,{"$f":"IF(B20=\"\",\"\",VLOOKUP(M20,Sections!$A$2:$D$200,3,FALSE))","v":"Earthwork"},{"$f":"IF(B20=\"\",\"\",VLOOKUP(M20,Sections!$A$2:$D$200,4,FALSE))","v":"Removal Of Structures And Obstructions"}]
[{"$f":"IF(Start!A21=\"\",\"\",Start!A21)","v":""},{"$f":"IF(Start!B21=\"\",\"\",Start!B21)","v":"202-82066"},{"$f":"IF(Start!C21=\"\",\"\",Start!C21)","v":"SIGN CIRCUITRY, CANTILEVERS, REMOVE"},{"$f":"IF(Start!D21=\"\",\"\",Start!D21)","v":2},{"$f":"IF(Start!E21=\"\",\"\",Start!E21)","v":0},{"$f":"IF(Start!F21=\"\",\"\",Start!F21)","v":"EACH"},{"$f":"IF(Start!G21=\"\",\"\",Start!G21)","v":250},{"$f":"IF(Start!H21=\"\",\"\",Start!H21)","v":500},1,{"$f":"IF(I21=\"\",\"\",LOOKUP(I21,{1,\"01\";2,\"02\";3,\"03\";4,\"04\";5,\"05\";6,\"06\";7,\"07\";8,\"08\";9,\"09\";10,\"10\";11,\"11\";12,\"12\";13,\"13\";14,\"14\";15,\"15\"}))","v":"01"},"01. Superior Construction Company",200,202,{"$f":"IF(B21=\"\",\"\",VLOOKUP(M21,Sections!$A$2:$D$200,3,FALSE))","v":"Earthwork"},{"$f":"IF(B21=\"\",\"\",VLOOKUP(M21,Sections!$A$2:$D$200,4,FALSE))","v":"Removal Of Structures And Obstructions"}]
[{"$f":"IF(Start!A22=\"\",\"\",Start!A22)","v":""},{"$f":"IF(Start!B22=\"\",\"\",Start!B22)","v":"202-86946"},{"$f":"IF(Start!C22=\"\",\"\",Start!C22)","v":"HANDHOLE, REMOVE"},{"$f":"IF(Start!D22=\"\",\"\",Start!D22)","v":3},{"$f":"IF(Start!E22=\"\",\"\",Start!E22)","v":0},{"$f":"IF(Start!F22=\"\",\"\",Start!F22)","v":"EACH"},{"$f":"IF(Start!G22=\"\",\"\",Start!G22)","v":125},{"$f":"IF(Start!H22=\"\",\"\",Start!H22)","v":375},1,{"$f":"IF(I22=\"\",\"\",LOOKUP(I22,{1,\"01\";2,\"02\";3,\"03\";4,\"04\";5,\"05\";6,\"06\";7,\"07\";8,\"08\";9,\"09\";10,\"10\";11,\"11\";12,\"12\";13,\"13\";14,\"14\";15,\"15\"}))","v":"01"},"01. Superior Construction Company",200,202,{"$f":"IF(B22=\"\",\"\",VLOOKUP(M22,Sections!$A$2:$D$200,3,FALSE))","v":"Earthwork"},{"$f":"IF(B22=\"\",\"\",VLOOKUP(M22,Sections!$A$2:$D$200,4,FALSE))","v":"Removal Of Structures And Obstructions"}]
[{"$f":"IF(Start!A23=\"\",\"\",Start!A23)","v":""},{"$f":"IF(Start!B23=\"\",\"\",Start!B23)","v":"202-93763"},{"$f":"IF(Start!C23=\"\",\"\",Start!C23)","v":"LIGHT STANDARD AND FOUNDATION,REMOVE"},{"$f":"IF(Start!D23=\"\",\"\",Start!D23)","v":8},{"$f":"IF(Start!E23=\"\",\"\",Start!E23)","v":0},{"$f":"IF(Start!F23=\"\",\"\",Start!F23)","v":"EACH"},{"$f":"IF(Start!G23=\"\",\"\",Start!G23)","v":350},{"$f":"IF(Start!H23=\"\",\"\",Start!H23)","v":2800},1,{"$f":"IF(I23=\"\",\"\",LOOKUP(I23,{1,\"01\";2,\"02\";3,\"03\";4,\"04\";5,\"05\";6,\"06\";7,\"07\";8,\"08\";9,\"09\";10,\"10\";11,\"11\";12,\"12\";13,\"13\";14,\"14\";15,\"15\"}))","v":"01"},"01. Superior Construction Company",200,202,{"$f":"IF(B23=\"\",\"\",VLOOKUP(M23,Sections!$A$2:$D$200,3,FALSE))","v":"Earthwork"},{"$f":"IF(B23=\"\",\"\",VLOOKUP(M23,Sections!$A$2:$D$200,4,FALSE))","v":"Removal Of Structures And Obstructions"}]
[{"$f":"IF(Start!A24=\"\",\"\",Start!A24)","v":""},{"$f":"IF(Start!B24=\"\",\"\",Start!B24)","v":"202-96035"},{"$f":"IF(Start!C24=\"\",\"\",Start!C24)","v":"CONCRETE WALL, REMOVE"},{"$f":"IF(Start!D24=\"\",\"\",Start!D24)","v":20},{"$f":"IF(Start!E24=\"\",\"\",Start!E24)","v":0},{"$f":"IF(Start!F24=\"\",\"\",Start!F24)","v":"L.F."},{"$f":"IF(Start!G24=\"\",\"\",Start!G24)","v":100},{"$f":"IF(Start!H24=\"\",\"\",Start!H24)","v":2000},1,{"$f":"IF(I24=\"\",\"\",LOOKUP(I24,{1,\"01\";2,\"02\";3,\"03\";4,\"04\";5,\"05\";6,\"06\";7,\"07\";8,\"08\";9,\"09\";10,\"10\";11,\"11\";12,\"12\";13,\"13\";14,\"14\";15,\"15\"}))","v":"01"},"01. Superior Construction Company",200,202,{"$f":"IF(B24=\"\",\"\",VLOOKUP(M24,Sections!$A$2:$D$200,3,FALSE))","v":"Earthwork"},{"$f":"IF(B24=\"\",\"\",VLOOKUP(M24,Sections!$A$2:$D$200,4,FALSE))","v":"Removal Of Structures And Obstructions"}]
[{"$f":"IF(Start!A25=\"\",\"\",Start!A25)","v":""},{"$f":"IF(Start!B25=\"\",\"\",Start!B25)","v":"202-96133"},{"$f":"IF(Start!C25=\"\",\"\",Start!C25)","v":"PIPE, REMOVE"},{"$f":"IF(Start!D25=\"\",\"\",Start!D25)","v":1108},{"$f":"IF(Start!E25=\"\",\"\",Start!E25)","v":0},{"$f":"IF(Start!F25=\"\",\"\",Start!F25)","v":"L.F."},{"$f":"IF(Start!G25=\"\",\"\",Start!G25)","v":2},{"$f":"IF(Start!H25=\"\",\"\",Start!H25)","v":2216},1,{"$f":"IF(I25=\"\",\"\",LOOKUP(I25,{1,\"01\";2,\"02\";3,\"03\";4,\"04\";5,\"05\";6,\"06\";7,\"07\";8,\"08\";9,\"09\";10,\"10\";11,\"11\";12,\"12\";13,\"13\";14,\"14\";15,\"15\"}))","v":"01"},"01. Superior Construction Company",200,202,{"$f":"IF(B25=\"\",\"\",VLOOKUP(M25,Sections!$A$2:$D$200,3,FALSE))","v":"Earthwork"},{"$f":"IF(B25=\"\",\"\",VLOOKUP(M25,Sections!$A$2:$D$200,4,FALSE))","v":"Removal Of Structures And Obstructions"}]
[{"$f":"IF(Start!A26=\"\",\"\",Start!A26)","v":""},{"$f":"IF(Start!B26=\"\",\"\",Start!B26)","v":"202-99187"},{"$f":"IF(Start!C26=\"\",\"\",Start!C26)","v":"FENCE, FARM FIELD, REMOVE"},{"$f":"IF(Start!D26=\"\",\"\",Start!D26)","v":2579},{"$f":"IF(Start!E26=\"\",\"\",Start!E26)","v":0},{"$f":"IF(Start!F26=\"\",\"\",Start!F26)","v":"L.F."},{"$f":"IF(Start!G26=\"\",\"\",Start!G26)","v":2.75},{"$f":"IF(Start!H26=\"\",\"\",Start!H26)","v":7092.25},1,{"$f":"IF(I26=\"\",\"\",LOOKUP(I26,{1,\"01\";2,\"02\";3,\"03\";4,\"04\";5,\"05\";6,\"06\";7,\"07\";8,\"08\";9,\"09\";10,\"10\";11,\"11\";12,\"12\";13,\"13\";14,\"14\";15,\"15\"}))","v":"01"},"01. Superior Construction Company",200,202,{"$f":"IF(B26=\"\",\"\",VLOOKUP(M26,Sections!$A$2:$D$200,3,FALSE))","v":"Earthwork"},{"$f":"IF(B26=\"\",\"\",VLOOKUP(M26,Sections!$A$2:$D$200,4,FALSE))","v":"Removal Of Structures And Obstructions"}]
[{"$f":"IF(Start!A27=\"\",\"\",Start!A27)","v":""},{"$f":"IF(Start!B27=\"\",\"\",Start!B27)","v":"203-02000"},{"$f":"IF(Start!C27=\"\",\"\",Start!C27)","v":"EXCAVATION, COMMON"},{"$f":"IF(Start!D27=\"\",\"\",Start!D27)","v":41965},{"$f":"IF(Start!E27=\"\",\"\",Start!E27)","v":0},{"$f":"IF(Start!F27=\"\",\"\",Start!F27)","v":"C.Y."},{"$f":"IF(Start!G27=\"\",\"\",Start!G27)","v":8},{"$f":"IF(Start!H27=\"\",\"\",Start!H27)","v":335720},1,{"$f":"IF(I27=\"\",\"\",LOOKUP(I27,{1,\"01\";2,\"02\";3,\"03\";4,\"04\";5,\"05\";6,\"06\";7,\"07\";8,\"08\";9,\"09\";10,\"10\";11,\"11\";12,\"12\";13,\"13\";14,\"14\";15,\"15\"}))","v":"01"},"01. Superior Construction Company",200,203,{"$f":"IF(B27=\"\",\"\",VLOOKUP(M27,Sections!$A$2:$D$200,3,FALSE))","v":"Earthwork"},{"$f":"IF(B27=\"\",\"\",VLOOKUP(M27,Sections!$A$2:$D$200,4,FALSE))","v":"Excavation And Embankment"}]
[{"$f":"IF(Start!A28=\"\",\"\",Start!A28)","v":""},{"$f":"IF(Start!B28=\"\",\"\",Start!B28)","v":"203-02070"},{"$f":"IF(Start!C28=\"\",\"\",Start!C28)","v":"BORROW"},{"$f":"IF(Start!D28=\"\",\"\",Start!D28)","v":9115},{"$f":"IF(Start!E28=\"\",\"\",Start!E28)","v":0},{"$f":"IF(Start!F28=\"\",\"\",Start!F28)","v":"C.Y."},{"$f":"IF(Start!G28=\"\",\"\",Start!G28)","v":0.01},{"$f":"IF(Start!H28=\"\",\"\",Start!H28)","v":91.15},1,{"$f":"IF(I28=\"\",\"\",LOOKUP(I28,{1,\"01\";2,\"02\";3,\"03\";4,\"04\";5,\"05\";6,\"06\";7,\"07\";8,\"08\";9,\"09\";10,\"10\";11,\"11\";12,\"12\";13,\"13\";14,\"14\";15,\"15\"}))","v":"01"},"01. Superior Construction Company",200,203,{"$f":"IF(B28=\"\",\"\",VLOOKUP(M28,Sections!$A$2:$D$200,3,FALSE))","v":"Earthwork"},{"$f":"IF(B28=\"\",\"\",VLOOKUP(M28,Sections!$A$2:$D$200,4,FALSE))","v":"Excavation And Embankment"}]
[{"$f":"IF(Start!A29=\"\",\"\",Start!A29)","v":""},{"$f":"IF(Start!B29=\"\",\"\",Start!B29)","v":"205-03371"},{"$f":"IF(Start!C29=\"\",\"\",Start!C29)","v":"SEDIMENT REMOVE"},{"$f":"IF(Start!D29=\"\",\"\",Start!D29)","v":2051},{"$f":"IF(Start!E29=\"\",\"\",Start!E29)","v":0},{"$f":"IF(Start!F29=\"\",\"\",Start!F29)","v":"C.Y."},{"$f":"IF(Start!G29=\"\",\"\",Start!G29)","v":10},{"$f":"IF(Start!H29=\"\",\"\",Start!H29)","v":20510},1,{"$f":"IF(I29=\"\",\"\",LOOKUP(I29,{1,\"01\";2,\"02\";3,\"03\";4,\"04\";5,\"05\";6,\"06\";7,\"07\";8,\"08\";9,\"09\";10,\"10\";11,\"11\";12,\"12\";13,\"13\";14,\"14\";15,\"15\"}))","v":"01"},"01. Superior Construction Company",200,205,{"$f":"IF(B29=\"\",\"\",VLOOKUP(M29,Sections!$A$2:$D$200,3,FALSE))","v":"Earthwork"},{"$f":"IF(B29=\"\",\"\",VLOOKUP(M29,Sections!$A$2:$D$200,4,FALSE))","v":"Temporary Erosion And Sediment Control"}]
[{"$f":"IF(Start!A30=\"\",\"\",Start!A30)","v":""},{"$f":"IF(Start!B30=\"\",\"\",Start!B30)","v":"205-06931"},{"$f":"IF(Start!C30=\"\",\"\",Start!C30)","v":"TEMPORARY CHECK DAM, REVETMENT RIPRAP"},{"$f":"IF(Start!D30=\"\",\"\",Start!D30)","v":253},{"$f":"IF(Start!E30=\"\",\"\",Start!E30)","v":0},{"$f":"IF(Start!F30=\"\",\"\",Start!F30)","v":"TON"},{"$f":"IF(Start!G30=\"\",\"\",Start!G30)","v":65},{"$f":"IF(Start!H30=\"\",\"\",Start!H30)","v":16445},1,{"$f":"IF(I30=\"\",\"\",LOOKUP(I30,{1,\"01\";2,\"02\";3,\"03\";4,\"04\";5,\"05\";6,\"06\";7,\"07\";8,\"08\";9,\"09\";10,\"10\";11,\"11\";12,\"12\";13,\"13\";14,\"14\";15,\"15\"}))","v":"01"},"01. Superior Construction Company",200,205,{"$f":"IF(B30=\"\",\"\",VLOOKUP(M30,Sections!$A$2:$D$200,3,FALSE))","v":"Earthwork"},{"$f":"IF(B30=\"\",\"\",VLOOKUP(M30,Sections!$A$2:$D$200,4,FALSE))","v":"Temporary Erosion And Sediment Control"}]
[{"$f":"IF(Start!A31=\"\",\"\",Start!A31)","v":""},{"$f":"IF(Start!B31=\"\",\"\",Start!B31)","v":"205-06932"},{"$f":"IF(Start!C31=\"\",\"\",Start!C31)","v":"TEMPORARY CHECK DAM, STRAW BALES"},{"$f":"IF(Start!D31=\"\",\"\",Start!D31)","v":402},{"$f":"IF(Start!E31=\"\",\"\",Start!E31)","v":0},{"$f":"IF(Start!F31=\"\",\"\",Start!F31)","v":"L.F."},{"$f":"IF(Start!G31=\"\",\"\",Start!G31)","v":15},{"$f":"IF(Start!H31=\"\",\"\",Start!H31)","v":6030},1,{"$f":"IF(I31=\"\",\"\",LOOKUP(I31,{1,\"01\";2,\"02\";3,\"03\";4,\"04\";5,\"05\";6,\"06\";7,\"07\";8,\"08\";9,\"09\";10,\"10\";11,\"11\";12,\"12\";13,\"13\";14,\"14\";15,\"15\"}))","v":"01"},"01. Superior Construction Company",200,205,{"$f":"IF(B31=\"\",\"\",VLOOKUP(M31,Sections!$A$2:$D$200,3,FALSE))","v":"Earthwork"},{"$f":"IF(B31=\"\",\"\",VLOOKUP(M31,Sections!$A$2:$D$200,4,FALSE))","v":"Temporary Erosion And Sediment Control"}]
[{"$f":"IF(Start!A32=\"\",\"\",Start!A32)","v":""},{"$f":"IF(Start!B32=\"\",\"\",Start!B32)","v":"205-06933"},{"$f":"IF(Start!C32=\"\",\"\",Start!C32)","v":"TEMPORARY DITCH INLET PROTECTION"},{"$f":"IF(Start!D32=\"\",\"\",Start!D32)","v":7},{"$f":"IF(Start!E32=\"\",\"\",Start!E32)","v":0},{"$f":"IF(Start!F32=\"\",\"\",Start!F32)","v":"EACH"},{"$f":"IF(Start!G32=\"\",\"\",Start!G32)","v":120},{"$f":"IF(Start!H32=\"\",\"\",Start!H32)","v":840},1,{"$f":"IF(I32=\"\",\"\",LOOKUP(I32,{1,\"01\";2,\"02\";3,\"03\";4,\"04\";5,\"05\";6,\"06\";7,\"07\";8,\"08\";9,\"09\";10,\"10\";11,\"11\";12,\"12\";13,\"13\";14,\"14\";15,\"15\"}))","v":"01"},"01. Superior Construction Company",200,205,{"$f":"IF(B32=\"\",\"\",VLOOKUP(M32,Sections!$A$2:$D$200,3,FALSE))","v":"Earthwork"},{"$f":"IF(B32=\"\",\"\",VLOOKUP(M32,Sections!$A$2:$D$200,4,FALSE))","v":"Temporary Erosion And Sediment Control"}]
[{"$f":"IF(Start!A33=\"\",\"\",Start!A33)","v":""},{"$f":"IF(Start!B33=\"\",\"\",Start!B33)","v":"205-06934"},{"$f":"IF(Start!C33=\"\",\"\",Start!C33)","v":"TEMPORARY MULCHING"},{"$f":"IF(Start!D33=\"\",\"\",Start!D33)","v":73},{"$f":"IF(Start!E33=\"\",\"\",Start!E33)","v":0},{"$f":"IF(Start!F33=\"\",\"\",Start!F33)","v":"TON"},{"$f":"IF(Start!G33=\"\",\"\",Start!G33)","v":400},{"$f":"IF(Start!H33=\"\",\"\",Start!H33)","v":29200},1,{"$f":"IF(I33=\"\",\"\",LOOKUP(I33,{1,\"01\";2,\"02\";3,\"03\";4,\"04\";5,\"05\";6,\"06\";7,\"07\";8,\"08\";9,\"09\";10,\"10\";11,\"11\";12,\"12\";13,\"13\";14,\"14\";15,\"15\"}))","v":"01"},"01. Superior Construction Company",200,205,{"$f":"IF(B33=\"\",\"\",VLOOKUP(M33,Sections!$A$2:$D$200,3,FALSE))","v":"Earthwork"},{"$f":"IF(B33=\"\",\"\",VLOOKUP(M33,Sections!$A$2:$D$200,4,FALSE))","v":"Temporary Erosion And Sediment Control"}]
[{"$f":"IF(Start!A34=\"\",\"\",Start!A34)","v":""},{"$f":"IF(Start!B34=\"\",\"\",Start!B34)","v":"205-06936"},{"$f":"IF(Start!C34=\"\",\"\",Start!C34)","v":"TEMPORARY SEDIMENT TRAP"},{"$f":"IF(Start!D34=\"\",\"\",Start!D34)","v":20},{"$f":"IF(Start!E34=\"\",\"\",Start!E34)","v":0},{"$f":"IF(Start!F34=\"\",\"\",Start!F34)","v":"TON"},{"$f":"IF(Start!G34=\"\",\"\",Start!G34)","v":82},{"$f":"IF(Start!H34=\"\",\"\",Start!H34)","v":1640},1,{"$f":"IF(I34=\"\",\"\",LOOKUP(I34,{1,\"01\";2,\"02\";3,\"03\";4,\"04\";5,\"05\";6,\"06\";7,\"07\";8,\"08\";9,\"09\";10,\"10\";11,\"11\";12,\"12\";13,\"13\";14,\"14\";15,\"15\"}))","v":"01"},"01. Superior Construction Company",200,205,{"$f":"IF(B34=\"\",\"\",VLOOKUP(M34,Sections!$A$2:$D$200,3,FALSE))","v":"Earthwork"},{"$f":"IF(B34=\"\",\"\",VLOOKUP(M34,Sections!$A$2:$D$200,4,FALSE))","v":"Temporary Erosion And Sediment Control"}]
[{"$f":"IF(Start!A35=\"\",\"\",Start!A35)","v":""},{"$f":"IF(Start!B35=\"\",\"\",Start!B35)","v":"205-06937"},{"$f":"IF(Start!C35=\"\",\"\",Start!C35)","v":"TEMPORARY SILT FENCE"},{"$f":"IF(Start!D35=\"\",\"\",Start!D35)","v":18458},{"$f":"IF(Start!E35=\"\",\"\",Start!E35)","v":0},{"$f":"IF(Start!F35=\"\",\"\",Start!F35)","v":"L.F."},{"$f":"IF(Start!G35=\"\",\"\",Start!G35)","v":1.5},{"$f":"IF(Start!H35=\"\",\"\",Start!H35)","v":27687},1,{"$f":"IF(I35=\"\",\"\",LOOKUP(I35,{1,\"01\";2,\"02\";3,\"03\";4,\"04\";5,\"05\";6,\"06\";7,\"07\";8,\"08\";9,\"09\";10,\"10\";11,\"11\";12,\"12\";13,\"13\";14,\"14\";15,\"15\"}))","v":"01"},"01. Superior Construction Company",200,205,{"$f":"IF(B35=\"\",\"\",VLOOKUP(M35,Sections!$A$2:$D$200,3,FALSE))","v":"Earthwork"},{"$f":"IF(B35=\"\",\"\",VLOOKUP(M35,Sections!$A$2:$D$200,4,FALSE))","v":"Temporary Erosion And Sediment Control"}]
[{"$f":"IF(Start!A36=\"\",\"\",Start!A36)","v":""},{"$f":"IF(Start!B36=\"\",\"\",Start!B36)","v":"205-09543"},{"$f":"IF(Start!C36=\"\",\"\",Start!C36)","v":"NO 2 STONE"},{"$f":"IF(Start!D36=\"\",\"\",Start!D36)","v":150},{"$f":"IF(Start!E36=\"\",\"\",Start!E36)","v":0},{"$f":"IF(Start!F36=\"\",\"\",Start!F36)","v":"TON"},{"$f":"IF(Start!G36=\"\",\"\",Start!G36)","v":55},{"$f":"IF(Start!H36=\"\",\"\",Start!H36)","v":8250},1,{"$f":"IF(I36=\"\",\"\",LOOKUP(I36,{1,\"01\";2,\"02\";3,\"03\";4,\"04\";5,\"05\";6,\"06\";7,\"07\";8,\"08\";9,\"09\";10,\"10\";11,\"11\";12,\"12\";13,\"13\";14,\"14\";15,\"15\"}))","v":"01"},"01. Superior Construction Company",200,205,{"$f":"IF(B36=\"\",\"\",VLOOKUP(M36,Sections!$A$2:$D$200,3,FALSE))","v":"Earthwork"},{"$f":"IF(B36=\"\",\"\",VLOOKUP(M36,Sections!$A$2:$D$200,4,FALSE))","v":"Temporary Erosion And Sediment Control"}]
[{"$f":"IF(Start!A37=\"\",\"\",Start!A37)","v":""},{"$f":"IF(Start!B37=\"\",\"\",Start!B37)","v":"207-08263"},{"$f":"IF(Start!C37=\"\",\"\",Start!C37)","v":"SUBGRADE TREATMENT, TYPE IA"},{"$f":"IF(Start!D37=\"\",\"\",Start!D37)","v":102662},{"$f":"IF(Start!E37=\"\",\"\",Start!E37)","v":0},{"$f":"IF(Start!F37=\"\",\"\",Start!F37)","v":"S.Y."},{"$f":"IF(Start!G37=\"\",\"\",Start!G37)","v":4.5},{"$f":"IF(Start!H37=\"\",\"\",Start!H37)","v":461979},1,{"$f":"IF(I37=\"\",\"\",LOOKUP(I37,{1,\"01\";2,\"02\";3,\"03\";4,\"04\";5,\"05\";6,\"06\";7,\"07\";8,\"08\";9,\"09\";10,\"10\";11,\"11\";12,\"12\";13,\"13\";14,\"14\";15,\"15\"}))","v":"01"},"01. Superior Construction Company",200,207,{"$f":"IF(B37=\"\",\"\",VLOOKUP(M37,Sections!$A$2:$D$200,3,FALSE))","v":"Earthwork"},{"$f":"IF(B37=\"\",\"\",VLOOKUP(M37,Sections!$A$2:$D$200,4,FALSE))","v":"Subgrade"}]
[{"$f":"IF(Start!A38=\"\",\"\",Start!A38)","v":""},{"$f":"IF(Start!B38=\"\",\"\",Start!B38)","v":"207-08263"},{"$f":"IF(Start!C38=\"\",\"\",Start!C38)","v":"SUBGRADE TREATMENT, TYPE IA"},{"$f":"IF(Start!D38=\"\",\"\",Start!D38)","v":9100},{"$f":"IF(Start!E38=\"\",\"\",Start!E38)","v":0},{"$f":"IF(Start!F38=\"\",\"\",Start!F38)","v":"S.Y."},{"$f":"IF(Start!G38=\"\",\"\",Start!G38)","v":15},{"$f":"IF(Start!H38=\"\",\"\",Start!H38)","v":136500},1,{"$f":"IF(I38=\"\",\"\",LOOKUP(I38,{1,\"01\";2,\"02\";3,\"03\";4,\"04\";5,\"05\";6,\"06\";7,\"07\";8,\"08\";9,\"09\";10,\"10\";11,\"11\";12,\"12\";13,\"13\";14,\"14\";15,\"15\"}))","v":"01"},"01. Superior Construction Company",200,207,{"$f":"IF(B38=\"\",\"\",VLOOKUP(M38,Sections!$A$2:$D$200,3,FALSE))","v":"Earthwork"},{"$f":"IF(B38=\"\",\"\",VLOOKUP(M38,Sections!$A$2:$D$200,4,FALSE))","v":"Subgrade"}]
[{"$f":"IF(Start!A39=\"\",\"\",Start!A39)","v":""},{"$f":"IF(Start!B39=\"\",\"\",Start!B39)","v":"207-08267"},{"$f":"IF(Start!C39=\"\",\"\",Start!C39)","v":"SUBGRADE TREATMENT, TYPE IIIA"},{"$f":"IF(Start!D39=\"\",\"\",Start!D39)","v":5305},{"$f":"IF(Start!E39=\"\",\"\",Start!E39)","v":0},{"$f":"IF(Start!F39=\"\",\"\",Start!F39)","v":"S.Y."},{"$f":"IF(Start!G39=\"\",\"\",Start!G39)","v":8},{"$f":"IF(Start!H39=\"\",\"\",Start!H39)","v":42440},1,{"$f":"IF(I39=\"\",\"\",LOOKUP(I39,{1,\"01\";2,\"02\";3,\"03\";4,\"04\";5,\"05\";6,\"06\";7,\"07\";8,\"08\";9,\"09\";10,\"10\";11,\"11\";12,\"12\";13,\"13\";14,\"14\";15,\"15\"}))","v":"01"},"01. Superior Construction Company",200,207,{"$f":"IF(B39=\"\",\"\",VLOOKUP(M39,Sections!$A$2:$D$200,3,FALSE))","v":"Earthwork"},{"$f":"IF(B39=\"\",\"\",VLOOKUP(M39,Sections!$A$2:$D$200,4,FALSE))","v":"Subgrade"}]
[{"$f":"IF(Start!A40=\"\",\"\",Start!A40)","v":""},{"$f":"IF(Start!B40=\"\",\"\",Start!B40)","v":"211-09264"},{"$f":"IF(Start!C40=\"\",\"\",Start!C40)","v":"STRUCTURE BACKFILL, TYPE 1"},{"$f":"IF(Start!D40=\"\",\"\",Start!D40)","v":900},{"$f":"IF(Start!E40=\"\",\"\",Start!E40)","v":0},{"$f":"IF(Start!F40=\"\",\"\",Start!F40)","v":"C.Y."},{"$f":"IF(Start!G40=\"\",\"\",Start!G40)","v":3},{"$f":"IF(Start!H40=\"\",\"\",Start!H40)","v":2700},1,{"$f":"IF(I40=\"\",\"\",LOOKUP(I40,{1,\"01\";2,\"02\";3,\"03\";4,\"04\";5,\"05\";6,\"06\";7,\"07\";8,\"08\";9,\"09\";10,\"10\";11,\"11\";12,\"12\";13,\"13\";14,\"14\";15,\"15\"}))","v":"01"},"01. Superior Construction Company",200,211,{"$f":"IF(B40=\"\",\"\",VLOOKUP(M40,Sections!$A$2:$D$200,3,FALSE))","v":"Earthwork"},{"$f":"IF(B40=\"\",\"\",VLOOKUP(M40,Sections!$A$2:$D$200,4,FALSE))","v":"B Borrow And Structure Backfill"}]
[{"$f":"IF(Start!A41=\"\",\"\",Start!A41)","v":""},{"$f":"IF(Start!B41=\"\",\"\",Start!B41)","v":"211-09265"},{"$f":"IF(Start!C41=\"\",\"\",Start!C41)","v":"STRUCTURE BACKFILL, TYPE 2"},{"$f":"IF(Start!D41=\"\",\"\",Start!D41)","v":1251},{"$f":"IF(Start!E41=\"\",\"\",Start!E41)","v":0},{"$f":"IF(Start!F41=\"\",\"\",Start!F41)","v":"C.Y."},{"$f":"IF(Start!G41=\"\",\"\",Start!G41)","v":25},{"$f":"IF(Start!H41=\"\",\"\",Start!H41)","v":31275},1,{"$f":"IF(I41=\"\",\"\",LOOKUP(I41,{1,\"01\";2,\"02\";3,\"03\";4,\"04\";5,\"05\";6,\"06\";7,\"07\";8,\"08\";9,\"09\";10,\"10\";11,\"11\";12,\"12\";13,\"13\";14,\"14\";15,\"15\"}))","v":"01"},"01. Superior Construction Company",200,211,{"$f":"IF(B41=\"\",\"\",VLOOKUP(M41,Sections!$A$2:$D$200,3,FALSE))","v":"Earthwork"},{"$f":"IF(B41=\"\",\"\",VLOOKUP(M41,Sections!$A$2:$D$200,4,FALSE))","v":"B Borrow And Structure Backfill"}]
[{"$f":"IF(Start!A42=\"\",\"\",Start!A42)","v":""},{"$f":"IF(Start!B42=\"\",\"\",Start!B42)","v":"213-09269"},{"$f":"IF(Start!C42=\"\",\"\",Start!C42)","v":"FLOWABLE BACKFILL, NON-REMOVEABLE"},{"$f":"IF(Start!D42=\"\",\"\",Start!D42)","v":613},{"$f":"IF(Start!E42=\"\",\"\",Start!E42)","v":0},{"$f":"IF(Start!F42=\"\",\"\",Start!F42)","v":"C.Y."},{"$f":"IF(Start!G42=\"\",\"\",Start!G42)","v":80},{"$f":"IF(Start!H42=\"\",\"\",Start!H42)","v":49040},1,{"$f":"IF(I42=\"\",\"\",LOOKUP(I42,{1,\"01\";2,\"02\";3,\"03\";4,\"04\";5,\"05\";6,\"06\";7,\"07\";8,\"08\";9,\"09\";10,\"10\";11,\"11\";12,\"12\";13,\"13\";14,\"14\";15,\"15\"}))","v":"01"},"01. Superior Construction Company",200,213,{"$f":"IF(B42=\"\",\"\",VLOOKUP(M42,Sections!$A$2:$D$200,3,FALSE))","v":"Earthwork"},{"$f":"IF(B42=\"\",\"\",VLOOKUP(M42,Sections!$A$2:$D$200,4,FALSE))","v":"Flowable Backfill"}]
[{"$f":"IF(Start!A43=\"\",\"\",Start!A43)","v":""},{"$f":"IF(Start!B43=\"\",\"\",Start!B43)","v":"301-07448"},{"$f":"IF(Start!C43=\"\",\"\",Start!C43)","v":"COMPACTED AGGREGATE, NO. 53, BASE"},{"$f":"IF(Start!D43=\"\",\"\",Start!D43)","v":7516},{"$f":"IF(Start!E43=\"\",\"\",Start!E43)","v":0},{"$f":"IF(Start!F43=\"\",\"\",Start!F43)","v":"TON"},{"$f":"IF(Start!G43=\"\",\"\",Start!G43)","v":17},{"$f":"IF(Start!H43=\"\",\"\",Start!H43)","v":127772},1,{"$f":"IF(I43=\"\",\"\",LOOKUP(I43,{1,\"01\";2,\"02\";3,\"03\";4,\"04\";5,\"05\";6,\"06\";7,\"07\";8,\"08\";9,\"09\";10,\"10\";11,\"11\";12,\"12\";13,\"13\";14,\"14\";15,\"15\"}))","v":"01"},"01. Superior Construction Company",300,301,{"$f":"IF(B43=\"\",\"\",VLOOKUP(M43,Sections!$A$2:$D$200,3,FALSE))","v":"Aggregate Pavement And Bases"},{"$f":"IF(B43=\"\",\"\",VLOOKUP(M43,Sections!$A$2:$D$200,4,FALSE))","v":"Aggregate Base"}]
[{"$f":"IF(Start!A44=\"\",\"\",Start!A44)","v":""},{"$f":"IF(Start!B44=\"\",\"\",Start!B44)","v":"302-06464"},{"$f":"IF(Start!C44=\"\",\"\",Start!C44)","v":"SUBBASE FOR PCCP"},{"$f":"IF(Start!D44=\"\",\"\",Start!D44)","v":24464},{"$f":"IF(Start!E44=\"\",\"\",Start!E44)","v":0},{"$f":"IF(Start!F44=\"\",\"\",Start!F44)","v":"C.Y."},{"$f":"IF(Start!G44=\"\",\"\",Start!G44)","v":37.5},{"$f":"IF(Start!H44=\"\",\"\",Start!H44)","v":917400},1,{"$f":"IF(I44=\"\",\"\",LOOKUP(I44,{1,\"01\";2,\"02\";3,\"03\";4,\"04\";5,\"05\";6,\"06\";7,\"07\";8,\"08\";9,\"09\";10,\"10\";11,\"11\";12,\"12\";13,\"13\";14,\"14\";15,\"15\"}))","v":"01"},"01. Superior Construction Company",300,302,{"$f":"IF(B44=\"\",\"\",VLOOKUP(M44,Sections!$A$2:$D$200,3,FALSE))","v":"Aggregate Pavement And Bases"},{"$f":"IF(B44=\"\",\"\",VLOOKUP(M44,Sections!$A$2:$D$200,4,FALSE))","v":"Subbase"}]
[{"$f":"IF(Start!A45=\"\",\"\",Start!A45)","v":""},{"$f":"IF(Start!B45=\"\",\"\",Start!B45)","v":"303-08210"},{"$f":"IF(Start!C45=\"\",\"\",Start!C45)","v":"COMPACTED AGGREGATE NO. 53, TEMPORARY FOR DRI"},{"$f":"IF(Start!D45=\"\",\"\",Start!D45)","v":30},{"$f":"IF(Start!E45=\"\",\"\",Start!E45)","v":0},{"$f":"IF(Start!F45=\"\",\"\",Start!F45)","v":"TON"},{"$f":"IF(Start!G45=\"\",\"\",Start!G45)","v":75},{"$f":"IF(Start!H45=\"\",\"\",Start!H45)","v":2250},1,{"$f":"IF(I45=\"\",\"\",LOOKUP(I45,{1,\"01\";2,\"02\";3,\"03\";4,\"04\";5,\"05\";6,\"06\";7,\"07\";8,\"08\";9,\"09\";10,\"10\";11,\"11\";12,\"12\";13,\"13\";14,\"14\";15,\"15\"}))","v":"01"},"01. Superior Construction Company",300,303,{"$f":"IF(B45=\"\",\"\",VLOOKUP(M45,Sections!$A$2:$D$200,3,FALSE))","v":"Aggregate Pavement And Bases"},{"$f":"IF(B45=\"\",\"\",VLOOKUP(M45,Sections!$A$2:$D$200,4,FALSE))","v":"Aggregate Pavements Or Shoulders"}]
[{"$f":"IF(Start!A46=\"\",\"\",Start!A46)","v":""},{"$f":"IF(Start!B46=\"\",\"\",Start!B46)","v":"306-08034"},{"$f":"IF(Start!C46=\"\",\"\",Start!C46)","v":"MILLING, ASPHALT, 1 1/2 IN."},{"$f":"IF(Start!D46=\"\",\"\",Start!D46)","v":3039},{"$f":"IF(Start!E46=\"\",\"\",Start!E46)","v":0},{"$f":"IF(Start!F46=\"\",\"\",Start!F46)","v":"S.Y."},{"$f":"IF(Start!G46=\"\",\"\",Start!G46)","v":3},{"$f":"IF(Start!H46=\"\",\"\",Start!H46)","v":9117},1,{"$f":"IF(I46=\"\",\"\",LOOKUP(I46,{1,\"01\";2,\"02\";3,\"03\";4,\"04\";5,\"05\";6,\"06\";7,\"07\";8,\"08\";9,\"09\";10,\"10\";11,\"11\";12,\"12\";13,\"13\";14,\"14\";15,\"15\"}))","v":"01"},"01. Superior Construction Company",300,306,{"$f":"IF(B46=\"\",\"\",VLOOKUP(M46,Sections!$A$2:$D$200,3,FALSE))","v":"Aggregate Pavement And Bases"},{"$f":"IF(B46=\"\",\"\",VLOOKUP(M46,Sections!$A$2:$D$200,4,FALSE))","v":"Milling"}]
[{"$f":"IF(Start!A47=\"\",\"\",Start!A47)","v":""},{"$f":"IF(Start!B47=\"\",\"\",Start!B47)","v":"402-07784"},{"$f":"IF(Start!C47=\"\",\"\",Start!C47)","v":"HMA SURFACE, TYPE D"},{"$f":"IF(Start!D47=\"\",\"\",Start!D47)","v":268},{"$f":"IF(Start!E47=\"\",\"\",Start!E47)","v":0},{"$f":"IF(Start!F47=\"\",\"\",Start!F47)","v":"TON"},{"$f":"IF(Start!G47=\"\",\"\",Start!G47)","v":87.75},{"$f":"IF(Start!H47=\"\",\"\",Start!H47)","v":23517},1,{"$f":"IF(I47=\"\",\"\",LOOKUP(I47,{1,\"01\";2,\"02\";3,\"03\";4,\"04\";5,\"05\";6,\"06\";7,\"07\";8,\"08\";9,\"09\";10,\"10\";11,\"11\";12,\"12\";13,\"13\";14,\"14\";15,\"15\"}))","v":"01"},"01. Superior Construction Company",400,402,{"$f":"IF(B47=\"\",\"\",VLOOKUP(M47,Sections!$A$2:$D$200,3,FALSE))","v":"Asphalt Pavements"},{"$f":"IF(B47=\"\",\"\",VLOOKUP(M47,Sections!$A$2:$D$200,4,FALSE))","v":"Hot Mix Asphalt, HMA, Pavement"}]
[{"$f":"IF(Start!A48=\"\",\"\",Start!A48)","v":""},{"$f":"IF(Start!B48=\"\",\"\",Start!B48)","v":"402-07785"},{"$f":"IF(Start!C48=\"\",\"\",Start!C48)","v":"HMA INTERMEDIATE, TYPE D"},{"$f":"IF(Start!D48=\"\",\"\",Start!D48)","v":67},{"$f":"IF(Start!E48=\"\",\"\",Start!E48)","v":0},{"$f":"IF(Start!F48=\"\",\"\",Start!F48)","v":"TON"},{"$f":"IF(Start!G48=\"\",\"\",Start!G48)","v":89.850000000000009},{"$f":"IF(Start!H48=\"\",\"\",Start!H48)","v":6019.95},1,{"$f":"IF(I48=\"\",\"\",LOOKUP(I48,{1,\"01\";2,\"02\";3,\"03\";4,\"04\";5,\"05\";6,\"06\";7,\"07\";8,\"08\";9,\"09\";10,\"10\";11,\"11\";12,\"12\";13,\"13\";14,\"14\";15,\"15\"}))","v":"01"},"01. Superior Construction Company",400,402,{"$f":"IF(B48=\"\",\"\",VLOOKUP(M48,Sections!$A$2:$D$200,3,FALSE))","v":"Asphalt Pavements"},{"$f":"IF(B48=\"\",\"\",VLOOKUP(M48,Sections!$A$2:$D$200,4,FALSE))","v":"Hot Mix Asphalt, HMA, Pavement"}]
[{"$f":"IF(Start!A49=\"\",\"\",Start!A49)","v":""},{"$f":"IF(Start!B49=\"\",\"\",Start!B49)","v":"402-10083"},{"$f":"IF(Start!C49=\"\",\"\",Start!C49)","v":"HMA FOR TEMPORARY PAVEMENT, A"},{"$f":"IF(Start!D49=\"\",\"\",Start!D49)","v":2241},{"$f":"IF(Start!E49=\"\",\"\",Start!E49)","v":0},{"$f":"IF(Start!F49=\"\",\"\",Start!F49)","v":"TON"},{"$f":"IF(Start!G49=\"\",\"\",Start!G49)","v":68.84},{"$f":"IF(Start!H49=\"\",\"\",Start!H49)","v":154270.44},1,{"$f":"IF(I49=\"\",\"\",LOOKUP(I49,{1,\"01\";2,\"02\";3,\"03\";4,\"04\";5,\"05\";6,\"06\";7,\"07\";8,\"08\";9,\"09\";10,\"10\";11,\"11\";12,\"12\";13,\"13\";14,\"14\";15,\"15\"}))","v":"01"},"01. Superior Construction Company",400,402,{"$f":"IF(B49=\"\",\"\",VLOOKUP(M49,Sections!$A$2:$D$200,3,FALSE))","v":"Asphalt Pavements"},{"$f":"IF(B49=\"\",\"\",VLOOKUP(M49,Sections!$A$2:$D$200,4,FALSE))","v":"Hot Mix Asphalt, HMA, Pavement"}]
[{"$f":"IF(Start!A50=\"\",\"\",Start!A50)","v":""},{"$f":"IF(Start!B50=\"\",\"\",Start!B50)","v":"501-06321"},{"$f":"IF(Start!C50=\"\",\"\",Start!C50)","v":"QC/QA PCCP, 10 IN."},{"$f":"IF(Start!D50=\"\",\"\",Start!D50)","v":93599},{"$f":"IF(Start!E50=\"\",\"\",Start!E50)","v":0},{"$f":"IF(Start!F50=\"\",\"\",Start!F50)","v":"S.Y."},{"$f":"IF(Start!G50=\"\",\"\",Start!G50)","v":33.9},{"$f":"IF(Start!H50=\"\",\"\",Start!H50)","v":3173006.1},1,{"$f":"IF(I50=\"\",\"\",LOOKUP(I50,{1,\"01\";2,\"02\";3,\"03\";4,\"04\";5,\"05\";6,\"06\";7,\"07\";8,\"08\";9,\"09\";10,\"10\";11,\"11\";12,\"12\";13,\"13\";14,\"14\";15,\"15\"}))","v":"01"},"01. Superior Construction Company",500,501,{"$f":"IF(B50=\"\",\"\",VLOOKUP(M50,Sections!$A$2:$D$200,3,FALSE))","v":"Concrete Pavement"},{"$f":"IF(B50=\"\",\"\",VLOOKUP(M50,Sections!$A$2:$D$200,4,FALSE))","v":"Quality Control/Quality Assurance, QC/QA,  Portland Cement Concrete Pavement, PCCP"}]
[{"$f":"IF(Start!A51=\"\",\"\",Start!A51)","v":""},{"$f":"IF(Start!B51=\"\",\"\",Start!B51)","v":"503-05240"},{"$f":"IF(Start!C51=\"\",\"\",Start!C51)","v":"D-1 CONTRACTION JOINT"},{"$f":"IF(Start!D51=\"\",\"\",Start!D51)","v":53189},{"$f":"IF(Start!E51=\"\",\"\",Start!E51)","v":0},{"$f":"IF(Start!F51=\"\",\"\",Start!F51)","v":"L.F."},{"$f":"IF(Start!G51=\"\",\"\",Start!G51)","v":9},{"$f":"IF(Start!H51=\"\",\"\",Start!H51)","v":478701},1,{"$f":"IF(I51=\"\",\"\",LOOKUP(I51,{1,\"01\";2,\"02\";3,\"03\";4,\"04\";5,\"05\";6,\"06\";7,\"07\";8,\"08\";9,\"09\";10,\"10\";11,\"11\";12,\"12\";13,\"13\";14,\"14\";15,\"15\"}))","v":"01"},"01. Superior Construction Company",500,503,{"$f":"IF(B51=\"\",\"\",VLOOKUP(M51,Sections!$A$2:$D$200,3,FALSE))","v":"Concrete Pavement"},{"$f":"IF(B51=\"\",\"\",VLOOKUP(M51,Sections!$A$2:$D$200,4,FALSE))","v":"PCCP Joints"}]
[{"$f":"IF(Start!A52=\"\",\"\",Start!A52)","v":""},{"$f":"IF(Start!B52=\"\",\"\",Start!B52)","v":"601-01522"},{"$f":"IF(Start!C52=\"\",\"\",Start!C52)","v":"GUARDRAIL TRANSITION TYPE TGB"},{"$f":"IF(Start!D52=\"\",\"\",Start!D52)","v":2},{"$f":"IF(Start!E52=\"\",\"\",Start!E52)","v":0},{"$f":"IF(Start!F52=\"\",\"\",Start!F52)","v":"EACH"},{"$f":"IF(Start!G52=\"\",\"\",Start!G52)","v":2100},{"$f":"IF(Start!H52=\"\",\"\",Start!H52)","v":4200},1,{"$f":"IF(I52=\"\",\"\",LOOKUP(I52,{1,\"01\";2,\"02\";3,\"03\";4,\"04\";5,\"05\";6,\"06\";7,\"07\";8,\"08\";9,\"09\";10,\"10\";11,\"11\";12,\"12\";13,\"13\";14,\"14\";15,\"15\"}))","v":"01"},"01. Superior Construction Company",600,601,{"$f":"IF(B52=\"\",\"\",VLOOKUP(M52,Sections!$A$2:$D$200,3,FALSE))","v":"Incidental Construction"},{"$f":"IF(B52=\"\",\"\",VLOOKUP(M52,Sections!$A$2:$D$200,4,FALSE))","v":"Guardrail"}]
[{"$f":"IF(Start!A53=\"\",\"\",Start!A53)","v":""},{"$f":"IF(Start!B53=\"\",\"\",Start!B53)","v":"601-01701"},{"$f":"IF(Start!C53=\"\",\"\",Start!C53)","v":"GUARDRAIL TERMINAL SYSTEM, W BEAM, CURVED, 2"},{"$f":"IF(Start!D53=\"\",\"\",Start!D53)","v":2},{"$f":"IF(Start!E53=\"\",\"\",Start!E53)","v":0},{"$f":"IF(Start!F53=\"\",\"\",Start!F53)","v":"EACH"},{"$f":"IF(Start!G53=\"\",\"\",Start!G53)","v":1865},{"$f":"IF(Start!H53=\"\",\"\",Start!H53)","v":3730},1,{"$f":"IF(I53=\"\",\"\",LOOKUP(I53,{1,\"01\";2,\"02\";3,\"03\";4,\"04\";5,\"05\";6,\"06\";7,\"07\";8,\"08\";9,\"09\";10,\"10\";11,\"11\";12,\"12\";13,\"13\";14,\"14\";15,\"15\"}))","v":"01"},"01. Superior Construction Company",600,601,{"$f":"IF(B53=\"\",\"\",VLOOKUP(M53,Sections!$A$2:$D$200,3,FALSE))","v":"Incidental Construction"},{"$f":"IF(B53=\"\",\"\",VLOOKUP(M53,Sections!$A$2:$D$200,4,FALSE))","v":"Guardrail"}]
[{"$f":"IF(Start!A54=\"\",\"\",Start!A54)","v":""},{"$f":"IF(Start!B54=\"\",\"\",Start!B54)","v":"601-01848"},{"$f":"IF(Start!C54=\"\",\"\",Start!C54)","v":"GUARDRAIL TERMINAL SYSTEM, W-BEAM, CURVED, 5"},{"$f":"IF(Start!D54=\"\",\"\",Start!D54)","v":1},{"$f":"IF(Start!E54=\"\",\"\",Start!E54)","v":0},{"$f":"IF(Start!F54=\"\",\"\",Start!F54)","v":"EACH"},{"$f":"IF(Start!G54=\"\",\"\",Start!G54)","v":2065},{"$f":"IF(Start!H54=\"\",\"\",Start!H54)","v":2065},1,{"$f":"IF(I54=\"\",\"\",LOOKUP(I54,{1,\"01\";2,\"02\";3,\"03\";4,\"04\";5,\"05\";6,\"06\";7,\"07\";8,\"08\";9,\"09\";10,\"10\";11,\"11\";12,\"12\";13,\"13\";14,\"14\";15,\"15\"}))","v":"01"},"01. Superior Construction Company",600,601,{"$f":"IF(B54=\"\",\"\",VLOOKUP(M54,Sections!$A$2:$D$200,3,FALSE))","v":"Incidental Construction"},{"$f":"IF(B54=\"\",\"\",VLOOKUP(M54,Sections!$A$2:$D$200,4,FALSE))","v":"Guardrail"}]
[{"$f":"IF(Start!A55=\"\",\"\",Start!A55)","v":""},{"$f":"IF(Start!B55=\"\",\"\",Start!B55)","v":"601-02241"},{"$f":"IF(Start!C55=\"\",\"\",Start!C55)","v":"GUARDRAIL, REMOVE"},{"$f":"IF(Start!D55=\"\",\"\",Start!D55)","v":1325},{"$f":"IF(Start!E55=\"\",\"\",Start!E55)","v":0},{"$f":"IF(Start!F55=\"\",\"\",Start!F55)","v":"L.F."},{"$f":"IF(Start!G55=\"\",\"\",Start!G55)","v":4.5},{"$f":"IF(Start!H55=\"\",\"\",Start!H55)","v":5962.5},1,{"$f":"IF(I55=\"\",\"\",LOOKUP(I55,{1,\"01\";2,\"02\";3,\"03\";4,\"04\";5,\"05\";6,\"06\";7,\"07\";8,\"08\";9,\"09\";10,\"10\";11,\"11\";12,\"12\";13,\"13\";14,\"14\";15,\"15\"}))","v":"01"},"01. Superior Construction Company",600,601,{"$f":"IF(B55=\"\",\"\",VLOOKUP(M55,Sections!$A$2:$D$200,3,FALSE))","v":"Incidental Construction"},{"$f":"IF(B55=\"\",\"\",VLOOKUP(M55,Sections!$A$2:$D$200,4,FALSE))","v":"Guardrail"}]
[{"$f":"IF(Start!A56=\"\",\"\",Start!A56)","v":""},{"$f":"IF(Start!B56=\"\",\"\",Start!B56)","v":"601-05071"},{"$f":"IF(Start!C56=\"\",\"\",Start!C56)","v":"GUARDRAIL TERMINAL SYSTEM, W-BEAM, CURVED, 7"},{"$f":"IF(Start!D56=\"\",\"\",Start!D56)","v":1},{"$f":"IF(Start!E56=\"\",\"\",Start!E56)","v":0},{"$f":"IF(Start!F56=\"\",\"\",Start!F56)","v":"EACH"},{"$f":"IF(Start!G56=\"\",\"\",Start!G56)","v":2500},{"$f":"IF(Start!H56=\"\",\"\",Start!H56)","v":2500},1,{"$f":"IF(I56=\"\",\"\",LOOKUP(I56,{1,\"01\";2,\"02\";3,\"03\";4,\"04\";5,\"05\";6,\"06\";7,\"07\";8,\"08\";9,\"09\";10,\"10\";11,\"11\";12,\"12\";13,\"13\";14,\"14\";15,\"15\"}))","v":"01"},"01. Superior Construction Company",600,601,{"$f":"IF(B56=\"\",\"\",VLOOKUP(M56,Sections!$A$2:$D$200,3,FALSE))","v":"Incidental Construction"},{"$f":"IF(B56=\"\",\"\",VLOOKUP(M56,Sections!$A$2:$D$200,4,FALSE))","v":"Guardrail"}]
[{"$f":"IF(Start!A57=\"\",\"\",Start!A57)","v":""},{"$f":"IF(Start!B57=\"\",\"\",Start!B57)","v":"601-06854"},{"$f":"IF(Start!C57=\"\",\"\",Start!C57)","v":"GUARDRAIL, W-BEAM, NESTED"},{"$f":"IF(Start!D57=\"\",\"\",Start!D57)","v":5},{"$f":"IF(Start!E57=\"\",\"\",Start!E57)","v":0},{"$f":"IF(Start!F57=\"\",\"\",Start!F57)","v":"EACH"},{"$f":"IF(Start!G57=\"\",\"\",Start!G57)","v":2800},{"$f":"IF(Start!H57=\"\",\"\",Start!H57)","v":14000},1,{"$f":"IF(I57=\"\",\"\",LOOKUP(I57,{1,\"01\";2,\"02\";3,\"03\";4,\"04\";5,\"05\";6,\"06\";7,\"07\";8,\"08\";9,\"09\";10,\"10\";11,\"11\";12,\"12\";13,\"13\";14,\"14\";15,\"15\"}))","v":"01"},"01. Superior Construction Company",600,601,{"$f":"IF(B57=\"\",\"\",VLOOKUP(M57,Sections!$A$2:$D$200,3,FALSE))","v":"Incidental Construction"},{"$f":"IF(B57=\"\",\"\",VLOOKUP(M57,Sections!$A$2:$D$200,4,FALSE))","v":"Guardrail"}]
[{"$f":"IF(Start!A58=\"\",\"\",Start!A58)","v":""},{"$f":"IF(Start!B58=\"\",\"\",Start!B58)","v":"601-08433"},{"$f":"IF(Start!C58=\"\",\"\",Start!C58)","v":"GUARDRAIL END TREATMENT, TYPE OS, SPARE PARTS"},{"$f":"IF(Start!D58=\"\",\"\",Start!D58)","v":1},{"$f":"IF(Start!E58=\"\",\"\",Start!E58)","v":0},{"$f":"IF(Start!F58=\"\",\"\",Start!F58)","v":"EACH"},{"$f":"IF(Start!G58=\"\",\"\",Start!G58)","v":610},{"$f":"IF(Start!H58=\"\",\"\",Start!H58)","v":610},1,{"$f":"IF(I58=\"\",\"\",LOOKUP(I58,{1,\"01\";2,\"02\";3,\"03\";4,\"04\";5,\"05\";6,\"06\";7,\"07\";8,\"08\";9,\"09\";10,\"10\";11,\"11\";12,\"12\";13,\"13\";14,\"14\";15,\"15\"}))","v":"01"},"01. Superior Construction Company",600,601,{"$f":"IF(B58=\"\",\"\",VLOOKUP(M58,Sections!$A$2:$D$200,3,FALSE))","v":"Incidental Construction"},{"$f":"IF(B58=\"\",\"\",VLOOKUP(M58,Sections!$A$2:$D$200,4,FALSE))","v":"Guardrail"}]
[{"$f":"IF(Start!A59=\"\",\"\",Start!A59)","v":""},{"$f":"IF(Start!B59=\"\",\"\",Start!B59)","v":"601-08434"},{"$f":"IF(Start!C59=\"\",\"\",Start!C59)","v":"GUARDRAIL END TREATMENT, TYPE OS, SPARE PARTS"},{"$f":"IF(Start!D59=\"\",\"\",Start!D59)","v":1},{"$f":"IF(Start!E59=\"\",\"\",Start!E59)","v":0},{"$f":"IF(Start!F59=\"\",\"\",Start!F59)","v":"EACH"},{"$f":"IF(Start!G59=\"\",\"\",Start!G59)","v":110},{"$f":"IF(Start!H59=\"\",\"\",Start!H59)","v":110},1,{"$f":"IF(I59=\"\",\"\",LOOKUP(I59,{1,\"01\";2,\"02\";3,\"03\";4,\"04\";5,\"05\";6,\"06\";7,\"07\";8,\"08\";9,\"09\";10,\"10\";11,\"11\";12,\"12\";13,\"13\";14,\"14\";15,\"15\"}))","v":"01"},"01. Superior Construction Company",600,601,{"$f":"IF(B59=\"\",\"\",VLOOKUP(M59,Sections!$A$2:$D$200,3,FALSE))","v":"Incidental Construction"},{"$f":"IF(B59=\"\",\"\",VLOOKUP(M59,Sections!$A$2:$D$200,4,FALSE))","v":"Guardrail"}]
[{"$f":"IF(Start!A60=\"\",\"\",Start!A60)","v":""},{"$f":"IF(Start!B60=\"\",\"\",Start!B60)","v":"601-09149"},{"$f":"IF(Start!C60=\"\",\"\",Start!C60)","v":"IMPACT ATTENUATOR, CR1, W1, TL-3"},{"$f":"IF(Start!D60=\"\",\"\",Start!D60)","v":2},{"$f":"IF(Start!E60=\"\",\"\",Start!E60)","v":0},{"$f":"IF(Start!F60=\"\",\"\",Start!F60)","v":"EACH"},{"$f":"IF(Start!G60=\"\",\"\",Start!G60)","v":33300},{"$f":"IF(Start!H60=\"\",\"\",Start!H60)","v":66600},1,{"$f":"IF(I60=\"\",\"\",LOOKUP(I60,{1,\"01\";2,\"02\";3,\"03\";4,\"04\";5,\"05\";6,\"06\";7,\"07\";8,\"08\";9,\"09\";10,\"10\";11,\"11\";12,\"12\";13,\"13\";14,\"14\";15,\"15\"}))","v":"01"},"01. Superior Construction Company",600,601,{"$f":"IF(B60=\"\",\"\",VLOOKUP(M60,Sections!$A$2:$D$200,3,FALSE))","v":"Incidental Construction"},{"$f":"IF(B60=\"\",\"\",VLOOKUP(M60,Sections!$A$2:$D$200,4,FALSE))","v":"Guardrail"}]
[{"$f":"IF(Start!A61=\"\",\"\",Start!A61)","v":""},{"$f":"IF(Start!B61=\"\",\"\",Start!B61)","v":"601-94689"},{"$f":"IF(Start!C61=\"\",\"\",Start!C61)","v":"GUARDRAIL END TREATMENT, OS"},{"$f":"IF(Start!D61=\"\",\"\",Start!D61)","v":15},{"$f":"IF(Start!E61=\"\",\"\",Start!E61)","v":0},{"$f":"IF(Start!F61=\"\",\"\",Start!F61)","v":"EACH"},{"$f":"IF(Start!G61=\"\",\"\",Start!G61)","v":2635},{"$f":"IF(Start!H61=\"\",\"\",Start!H61)","v":39525},1,{"$f":"IF(I61=\"\",\"\",LOOKUP(I61,{1,\"01\";2,\"02\";3,\"03\";4,\"04\";5,\"05\";6,\"06\";7,\"07\";8,\"08\";9,\"09\";10,\"10\";11,\"11\";12,\"12\";13,\"13\";14,\"14\";15,\"15\"}))","v":"01"},"01. Superior Construction Company",600,601,{"$f":"IF(B61=\"\",\"\",VLOOKUP(M61,Sections!$A$2:$D$200,3,FALSE))","v":"Incidental Construction"},{"$f":"IF(B61=\"\",\"\",VLOOKUP(M61,Sections!$A$2:$D$200,4,FALSE))","v":"Guardrail"}]
[{"$f":"IF(Start!A62=\"\",\"\",Start!A62)","v":""},{"$f":"IF(Start!B62=\"\",\"\",Start!B62)","v":"601-99105"},{"$f":"IF(Start!C62=\"\",\"\",Start!C62)","v":"GUARDRAIL, W BEAM, 6 FT. 3 IN. SPACING"},{"$f":"IF(Start!D62=\"\",\"\",Start!D62)","v":3583},{"$f":"IF(Start!E62=\"\",\"\",Start!E62)","v":0},{"$f":"IF(Start!F62=\"\",\"\",Start!F62)","v":"L.F."},{"$f":"IF(Start!G62=\"\",\"\",Start!G62)","v":18.75},{"$f":"IF(Start!H62=\"\",\"\",Start!H62)","v":67181.25},1,{"$f":"IF(I62=\"\",\"\",LOOKUP(I62,{1,\"01\";2,\"02\";3,\"03\";4,\"04\";5,\"05\";6,\"06\";7,\"07\";8,\"08\";9,\"09\";10,\"10\";11,\"11\";12,\"12\";13,\"13\";14,\"14\";15,\"15\"}))","v":"01"},"01. Superior Construction Company",600,601,{"$f":"IF(B62=\"\",\"\",VLOOKUP(M62,Sections!$A$2:$D$200,3,FALSE))","v":"Incidental Construction"},{"$f":"IF(B62=\"\",\"\",VLOOKUP(M62,Sections!$A$2:$D$200,4,FALSE))","v":"Guardrail"}]
[{"$f":"IF(Start!A63=\"\",\"\",Start!A63)","v":""},{"$f":"IF(Start!B63=\"\",\"\",Start!B63)","v":"601-99123"},{"$f":"IF(Start!C63=\"\",\"\",Start!C63)","v":"GUARDRAIL TRANSITION, GP"},{"$f":"IF(Start!D63=\"\",\"\",Start!D63)","v":4},{"$f":"IF(Start!E63=\"\",\"\",Start!E63)","v":0},{"$f":"IF(Start!F63=\"\",\"\",Start!F63)","v":"EACH"},{"$f":"IF(Start!G63=\"\",\"\",Start!G63)","v":3100},{"$f":"IF(Start!H63=\"\",\"\",Start!H63)","v":12400},1,{"$f":"IF(I63=\"\",\"\",LOOKUP(I63,{1,\"01\";2,\"02\";3,\"03\";4,\"04\";5,\"05\";6,\"06\";7,\"07\";8,\"08\";9,\"09\";10,\"10\";11,\"11\";12,\"12\";13,\"13\";14,\"14\";15,\"15\"}))","v":"01"},"01. Superior Construction Company",600,601,{"$f":"IF(B63=\"\",\"\",VLOOKUP(M63,Sections!$A$2:$D$200,3,FALSE))","v":"Incidental Construction"},{"$f":"IF(B63=\"\",\"\",VLOOKUP(M63,Sections!$A$2:$D$200,4,FALSE))","v":"Guardrail"}]
[{"$f":"IF(Start!A64=\"\",\"\",Start!A64)","v":""},{"$f":"IF(Start!B64=\"\",\"\",Start!B64)","v":"603-06040"},{"$f":"IF(Start!C64=\"\",\"\",Start!C64)","v":"FENCE, FARM FIELD, 47 IN."},{"$f":"IF(Start!D64=\"\",\"\",Start!D64)","v":2579},{"$f":"IF(Start!E64=\"\",\"\",Start!E64)","v":0},{"$f":"IF(Start!F64=\"\",\"\",Start!F64)","v":"L.F."},{"$f":"IF(Start!G64=\"\",\"\",Start!G64)","v":7.25},{"$f":"IF(Start!H64=\"\",\"\",Start!H64)","v":18697.75},1,{"$f":"IF(I64=\"\",\"\",LOOKUP(I64,{1,\"01\";2,\"02\";3,\"03\";4,\"04\";5,\"05\";6,\"06\";7,\"07\";8,\"08\";9,\"09\";10,\"10\";11,\"11\";12,\"12\";13,\"13\";14,\"14\";15,\"15\"}))","v":"01"},"01. Superior Construction Company",600,603,{"$f":"IF(B64=\"\",\"\",VLOOKUP(M64,Sections!$A$2:$D$200,3,FALSE))","v":"Incidental Construction"},{"$f":"IF(B64=\"\",\"\",VLOOKUP(M64,Sections!$A$2:$D$200,4,FALSE))","v":"Fences"}]
[{"$f":"IF(Start!A65=\"\",\"\",Start!A65)","v":""},{"$f":"IF(Start!B65=\"\",\"\",Start!B65)","v":"605-06090"},{"$f":"IF(Start!C65=\"\",\"\",Start!C65)","v":"CURB, INTEGRAL, CONCRETE"},{"$f":"IF(Start!D65=\"\",\"\",Start!D65)","v":217},{"$f":"IF(Start!E65=\"\",\"\",Start!E65)","v":0},{"$f":"IF(Start!F65=\"\",\"\",Start!F65)","v":"L.F."},{"$f":"IF(Start!G65=\"\",\"\",Start!G65)","v":14},{"$f":"IF(Start!H65=\"\",\"\",Start!H65)","v":3038},1,{"$f":"IF(I65=\"\",\"\",LOOKUP(I65,{1,\"01\";2,\"02\";3,\"03\";4,\"04\";5,\"05\";6,\"06\";7,\"07\";8,\"08\";9,\"09\";10,\"10\";11,\"11\";12,\"12\";13,\"13\";14,\"14\";15,\"15\"}))","v":"01"},"01. Superior Construction Company",600,605,{"$f":"IF(B65=\"\",\"\",VLOOKUP(M65,Sections!$A$2:$D$200,3,FALSE))","v":"Incidental Construction"},{"$f":"IF(B65=\"\",\"\",VLOOKUP(M65,Sections!$A$2:$D$200,4,FALSE))","v":"Curbing"}]
[{"$f":"IF(Start!A66=\"\",\"\",Start!A66)","v":""},{"$f":"IF(Start!B66=\"\",\"\",Start!B66)","v":"605-06121"},{"$f":"IF(Start!C66=\"\",\"\",Start!C66)","v":"CURB, CONCRETE, B"},{"$f":"IF(Start!D66=\"\",\"\",Start!D66)","v":1442},{"$f":"IF(Start!E66=\"\",\"\",Start!E66)","v":0},{"$f":"IF(Start!F66=\"\",\"\",Start!F66)","v":"L.F."},{"$f":"IF(Start!G66=\"\",\"\",Start!G66)","v":15},{"$f":"IF(Start!H66=\"\",\"\",Start!H66)","v":21630},1,{"$f":"IF(I66=\"\",\"\",LOOKUP(I66,{1,\"01\";2,\"02\";3,\"03\";4,\"04\";5,\"05\";6,\"06\";7,\"07\";8,\"08\";9,\"09\";10,\"10\";11,\"11\";12,\"12\";13,\"13\";14,\"14\";15,\"15\"}))","v":"01"},"01. Superior Construction Company",600,605,{"$f":"IF(B66=\"\",\"\",VLOOKUP(M66,Sections!$A$2:$D$200,3,FALSE))","v":"Incidental Construction"},{"$f":"IF(B66=\"\",\"\",VLOOKUP(M66,Sections!$A$2:$D$200,4,FALSE))","v":"Curbing"}]
[{"$f":"IF(Start!A67=\"\",\"\",Start!A67)","v":""},{"$f":"IF(Start!B67=\"\",\"\",Start!B67)","v":"605-06140"},{"$f":"IF(Start!C67=\"\",\"\",Start!C67)","v":"CURB AND GUTTER, CONCRETE"},{"$f":"IF(Start!D67=\"\",\"\",Start!D67)","v":42},{"$f":"IF(Start!E67=\"\",\"\",Start!E67)","v":0},{"$f":"IF(Start!F67=\"\",\"\",Start!F67)","v":"L.F."},{"$f":"IF(Start!G67=\"\",\"\",Start!G67)","v":21},{"$f":"IF(Start!H67=\"\",\"\",Start!H67)","v":882},{"$f":"IF(AND(A67=\"\",B67=\"\",C67=\"\"),\"\",IF(AND(A67<>\"\",B67=\"\",G67=0,H67=0),D67,I66))","v":1},{"$f":"IF(I67=\"\",\"\",LOOKUP(I67,{1,\"01\";2,\"02\";3,\"03\";4,\"04\";5,\"05\";6,\"06\";7,\"07\";8,\"08\";9,\"09\";10,\"10\";11,\"11\";12,\"12\";13,\"13\";14,\"14\";15,\"15\"}))","v":"01"},{"$f":"IF(AND(A67<>\"\",B67=\"\"),J67&\". \"&PROPER(C67),IF(AND(A67=\"\",B67<>\"\"),PROPER(K66),\"\"))","v":"01. Superior Construction Company"},{"$f":"IF(B67=\"\",\"\",LEFT(B67,1)*100)","v":600},{"$f":"IF(B67=\"\",\"\",LEFT(B67,3)*1)","v":605},{"$f":"IF(B67=\"\",\"\",VLOOKUP(M67,Sections!$A$2:$D$200,3,FALSE))","v":"Incidental Construction"},{"$f":"IF(B67=\"\",\"\",VLOOKUP(M67,Sections!$A$2:$D$200,4,FALSE))","v":"Curbing"}]
[{"$f":"IF(Start!A68=\"\",\"\",Start!A68)","v":""},{"$f":"IF(Start!B68=\"\",\"\",Start!B68)","v":"605-06145"},{"$f":"IF(Start!C68=\"\",\"\",Start!C68)","v":"CURB AND GUTTER, B, CONCRETE"},{"$f":"IF(Start!D68=\"\",\"\",Start!D68)","v":177},{"$f":"IF(Start!E68=\"\",\"\",Start!E68)","v":0},{"$f":"IF(Start!F68=\"\",\"\",Start!F68)","v":"L.F."},{"$f":"IF(Start!G68=\"\",\"\",Start!G68)","v":20},{"$f":"IF(Start!H68=\"\",\"\",Start!H68)","v":3540},1,{"$f":"IF(I68=\"\",\"\",LOOKUP(I68,{1,\"01\";2,\"02\";3,\"03\";4,\"04\";5,\"05\";6,\"06\";7,\"07\";8,\"08\";9,\"09\";10,\"10\";11,\"11\";12,\"12\";13,\"13\";14,\"14\";15,\"15\"}))","v":"01"},"01. Superior Construction Company",600,605,{"$f":"IF(B68=\"\",\"\",VLOOKUP(M68,Sections!$A$2:$D$200,3,FALSE))","v":"Incidental Construction"},{"$f":"IF(B68=\"\",\"\",VLOOKUP(M68,Sections!$A$2:$D$200,4,FALSE))","v":"Curbing"}]
[{"$f":"IF(Start!A69=\"\",\"\",Start!A69)","v":""},{"$f":"IF(Start!B69=\"\",\"\",Start!B69)","v":"605-06245"},{"$f":"IF(Start!C69=\"\",\"\",Start!C69)","v":"CENTER CURB, B, CONCRETE"},{"$f":"IF(Start!D69=\"\",\"\",Start!D69)","v":4255},{"$f":"IF(Start!E69=\"\",\"\",Start!E69)","v":0},{"$f":"IF(Start!F69=\"\",\"\",Start!F69)","v":"S.Y."},{"$f":"IF(Start!G69=\"\",\"\",Start!G69)","v":36},{"$f":"IF(Start!H69=\"\",\"\",Start!H69)","v":153180},1,{"$f":"IF(I69=\"\",\"\",LOOKUP(I69,{1,\"01\";2,\"02\";3,\"03\";4,\"04\";5,\"05\";6,\"06\";7,\"07\";8,\"08\";9,\"09\";10,\"10\";11,\"11\";12,\"12\";13,\"13\";14,\"14\";15,\"15\"}))","v":"01"},"01. Superior Construction Company",600,605,{"$f":"IF(B69=\"\",\"\",VLOOKUP(M69,Sections!$A$2:$D$200,3,FALSE))","v":"Incidental Construction"},{"$f":"IF(B69=\"\",\"\",VLOOKUP(M69,Sections!$A$2:$D$200,4,FALSE))","v":"Curbing"}]
[{"$f":"IF(Start!A70=\"\",\"\",Start!A70)","v":""},{"$f":"IF(Start!B70=\"\",\"\",Start!B70)","v":"610-07487"},{"$f":"IF(Start!C70=\"\",\"\",Start!C70)","v":"HMA FOR APPROACHES, TYPE B"},{"$f":"IF(Start!D70=\"\",\"\",Start!D70)","v":1776},{"$f":"IF(Start!E70=\"\",\"\",Start!E70)","v":0},{"$f":"IF(Start!F70=\"\",\"\",Start!F70)","v":"TON"},{"$f":"IF(Start!G70=\"\",\"\",Start!G70)","v":73.5},{"$f":"IF(Start!H70=\"\",\"\",Start!H70)","v":130536},1,{"$f":"IF(I70=\"\",\"\",LOOKUP(I70,{1,\"01\";2,\"02\";3,\"03\";4,\"04\";5,\"05\";6,\"06\";7,\"07\";8,\"08\";9,\"09\";10,\"10\";11,\"11\";12,\"12\";13,\"13\";14,\"14\";15,\"15\"}))","v":"01"},"01. Superior Construction Company",600,610,{"$f":"IF(B70=\"\",\"\",VLOOKUP(M70,Sections!$A$2:$D$200,3,FALSE))","v":"Incidental Construction"},{"$f":"IF(B70=\"\",\"\",VLOOKUP(M70,Sections!$A$2:$D$200,4,FALSE))","v":"Approaches And Crossovers"}]
[{"$f":"IF(Start!A71=\"\",\"\",Start!A71)","v":""},{"$f":"IF(Start!B71=\"\",\"\",Start!B71)","v":"610-09108"},{"$f":"IF(Start!C71=\"\",\"\",Start!C71)","v":"PCCP FOR APPROACHES, 9 IN."},{"$f":"IF(Start!D71=\"\",\"\",Start!D71)","v":2088},{"$f":"IF(Start!E71=\"\",\"\",Start!E71)","v":0},{"$f":"IF(Start!F71=\"\",\"\",Start!F71)","v":"S.Y."},{"$f":"IF(Start!G71=\"\",\"\",Start!G71)","v":55},{"$f":"IF(Start!H71=\"\",\"\",Start!H71)","v":114840},1,{"$f":"IF(I71=\"\",\"\",LOOKUP(I71,{1,\"01\";2,\"02\";3,\"03\";4,\"04\";5,\"05\";6,\"06\";7,\"07\";8,\"08\";9,\"09\";10,\"10\";11,\"11\";12,\"12\";13,\"13\";14,\"14\";15,\"15\"}))","v":"01"},"01. Superior Construction Company",600,610,{"$f":"IF(B71=\"\",\"\",VLOOKUP(M71,Sections!$A$2:$D$200,3,FALSE))","v":"Incidental Construction"},{"$f":"IF(B71=\"\",\"\",VLOOKUP(M71,Sections!$A$2:$D$200,4,FALSE))","v":"Approaches And Crossovers"}]
[{"$f":"IF(Start!A72=\"\",\"\",Start!A72)","v":""},{"$f":"IF(Start!B72=\"\",\"\",Start!B72)","v":"611-06497"},{"$f":"IF(Start!C72=\"\",\"\",Start!C72)","v":"MAILBOX ASSEMBLY, SINGLE"},{"$f":"IF(Start!D72=\"\",\"\",Start!D72)","v":2},{"$f":"IF(Start!E72=\"\",\"\",Start!E72)","v":0},{"$f":"IF(Start!F72=\"\",\"\",Start!F72)","v":"EACH"},{"$f":"IF(Start!G72=\"\",\"\",Start!G72)","v":215},{"$f":"IF(Start!H72=\"\",\"\",Start!H72)","v":430},1,{"$f":"IF(I72=\"\",\"\",LOOKUP(I72,{1,\"01\";2,\"02\";3,\"03\";4,\"04\";5,\"05\";6,\"06\";7,\"07\";8,\"08\";9,\"09\";10,\"10\";11,\"11\";12,\"12\";13,\"13\";14,\"14\";15,\"15\"}))","v":"01"},"01. Superior Construction Company",600,611,{"$f":"IF(B72=\"\",\"\",VLOOKUP(M72,Sections!$A$2:$D$200,3,FALSE))","v":"Incidental Construction"},{"$f":"IF(B72=\"\",\"\",VLOOKUP(M72,Sections!$A$2:$D$200,4,FALSE))","v":"Mailbox Installations"}]
[{"$f":"IF(Start!A73=\"\",\"\",Start!A73)","v":""},{"$f":"IF(Start!B73=\"\",\"\",Start!B73)","v":"611-06498"},{"$f":"IF(Start!C73=\"\",\"\",Start!C73)","v":"MAILBOX ASSEMBLY, DOUBLE"},{"$f":"IF(Start!D73=\"\",\"\",Start!D73)","v":1},{"$f":"IF(Start!E73=\"\",\"\",Start!E73)","v":0},{"$f":"IF(Start!F73=\"\",\"\",Start!F73)","v":"EACH"},{"$f":"IF(Start!G73=\"\",\"\",Start!G73)","v":275},{"$f":"IF(Start!H73=\"\",\"\",Start!H73)","v":275},1,{"$f":"IF(I73=\"\",\"\",LOOKUP(I73,{1,\"01\";2,\"02\";3,\"03\";4,\"04\";5,\"05\";6,\"06\";7,\"07\";8,\"08\";9,\"09\";10,\"10\";11,\"11\";12,\"12\";13,\"13\";14,\"14\";15,\"15\"}))","v":"01"},"01. Superior Construction Company",600,611,{"$f":"IF(B73=\"\",\"\",VLOOKUP(M73,Sections!$A$2:$D$200,3,FALSE))","v":"Incidental Construction"},{"$f":"IF(B73=\"\",\"\",VLOOKUP(M73,Sections!$A$2:$D$200,4,FALSE))","v":"Mailbox Installations"}]
[{"$f":"IF(Start!A74=\"\",\"\",Start!A74)","v":""},{"$f":"IF(Start!B74=\"\",\"\",Start!B74)","v":"615-06490"},{"$f":"IF(Start!C74=\"\",\"\",Start!C74)","v":"RIGHT OF WAY MARKER"},{"$f":"IF(Start!D74=\"\",\"\",Start!D74)","v":61},{"$f":"IF(Start!E74=\"\",\"\",Start!E74)","v":0},{"$f":"IF(Start!F74=\"\",\"\",Start!F74)","v":"EACH"},{"$f":"IF(Start!G74=\"\",\"\",Start!G74)","v":137},{"$f":"IF(Start!H74=\"\",\"\",Start!H74)","v":8357},1,{"$f":"IF(I74=\"\",\"\",LOOKUP(I74,{1,\"01\";2,\"02\";3,\"03\";4,\"04\";5,\"05\";6,\"06\";7,\"07\";8,\"08\";9,\"09\";10,\"10\";11,\"11\";12,\"12\";13,\"13\";14,\"14\";15,\"15\"}))","v":"01"},"01. Superior Construction Company",600,615,{"$f":"IF(B74=\"\",\"\",VLOOKUP(M74,Sections!$A$2:$D$200,3,FALSE))","v":"Incidental Construction"},{"$f":"IF(B74=\"\",\"\",VLOOKUP(M74,Sections!$A$2:$D$200,4,FALSE))","v":"Monuments, Markers, And Parking Barriers"}]
[{"$f":"IF(Start!A75=\"\",\"\",Start!A75)","v":""},{"$f":"IF(Start!B75=\"\",\"\",Start!B75)","v":"615-06500"},{"$f":"IF(Start!C75=\"\",\"\",Start!C75)","v":"MONUMENT, A"},{"$f":"IF(Start!D75=\"\",\"\",Start!D75)","v":2},{"$f":"IF(Start!E75=\"\",\"\",Start!E75)","v":0},{"$f":"IF(Start!F75=\"\",\"\",Start!F75)","v":"EACH"},{"$f":"IF(Start!G75=\"\",\"\",Start!G75)","v":650},{"$f":"IF(Start!H75=\"\",\"\",Start!H75)","v":1300},1,{"$f":"IF(I75=\"\",\"\",LOOKUP(I75,{1,\"01\";2,\"02\";3,\"03\";4,\"04\";5,\"05\";6,\"06\";7,\"07\";8,\"08\";9,\"09\";10,\"10\";11,\"11\";12,\"12\";13,\"13\";14,\"14\";15,\"15\"}))","v":"01"},"01. Superior Construction Company",600,615,{"$f":"IF(B75=\"\",\"\",VLOOKUP(M75,Sections!$A$2:$D$200,3,FALSE))","v":"Incidental Construction"},{"$f":"IF(B75=\"\",\"\",VLOOKUP(M75,Sections!$A$2:$D$200,4,FALSE))","v":"Monuments, Markers, And Parking Barriers"}]
[{"$f":"IF(Start!A76=\"\",\"\",Start!A76)","v":""},{"$f":"IF(Start!B76=\"\",\"\",Start!B76)","v":"615-06505"},{"$f":"IF(Start!C76=\"\",\"\",Start!C76)","v":"MONUMENT, B"},{"$f":"IF(Start!D76=\"\",\"\",Start!D76)","v":6},{"$f":"IF(Start!E76=\"\",\"\",Start!E76)","v":0},{"$f":"IF(Start!F76=\"\",\"\",Start!F76)","v":"EACH"},{"$f":"IF(Start!G76=\"\",\"\",Start!G76)","v":755},{"$f":"IF(Start!H76=\"\",\"\",Start!H76)","v":4530},1,{"$f":"IF(I76=\"\",\"\",LOOKUP(I76,{1,\"01\";2,\"02\";3,\"03\";4,\"04\";5,\"05\";6,\"06\";7,\"07\";8,\"08\";9,\"09\";10,\"10\";11,\"11\";12,\"12\";13,\"13\";14,\"14\";15,\"15\"}))","v":"01"},"01. Superior Construction Company",600,615,{"$f":"IF(B76=\"\",\"\",VLOOKUP(M76,Sections!$A$2:$D$200,3,FALSE))","v":"Incidental Construction"},{"$f":"IF(B76=\"\",\"\",VLOOKUP(M76,Sections!$A$2:$D$200,4,FALSE))","v":"Monuments, Markers, And Parking Barriers"}]
[{"$f":"IF(Start!A77=\"\",\"\",Start!A77)","v":""},{"$f":"IF(Start!B77=\"\",\"\",Start!B77)","v":"615-06510"},{"$f":"IF(Start!C77=\"\",\"\",Start!C77)","v":"MONUMENT, C"},{"$f":"IF(Start!D77=\"\",\"\",Start!D77)","v":2},{"$f":"IF(Start!E77=\"\",\"\",Start!E77)","v":0},{"$f":"IF(Start!F77=\"\",\"\",Start!F77)","v":"EACH"},{"$f":"IF(Start!G77=\"\",\"\",Start!G77)","v":555},{"$f":"IF(Start!H77=\"\",\"\",Start!H77)","v":1110},1,{"$f":"IF(I77=\"\",\"\",LOOKUP(I77,{1,\"01\";2,\"02\";3,\"03\";4,\"04\";5,\"05\";6,\"06\";7,\"07\";8,\"08\";9,\"09\";10,\"10\";11,\"11\";12,\"12\";13,\"13\";14,\"14\";15,\"15\"}))","v":"01"},"01. Superior Construction Company",600,615,{"$f":"IF(B77=\"\",\"\",VLOOKUP(M77,Sections!$A$2:$D$200,3,FALSE))","v":"Incidental Construction"},{"$f":"IF(B77=\"\",\"\",VLOOKUP(M77,Sections!$A$2:$D$200,4,FALSE))","v":"Monuments, Markers, And Parking Barriers"}]
[{"$f":"IF(Start!A78=\"\",\"\",Start!A78)","v":""},{"$f":"IF(Start!B78=\"\",\"\",Start!B78)","v":"615-06515"},{"$f":"IF(Start!C78=\"\",\"\",Start!C78)","v":"MONUMENT, D"},{"$f":"IF(Start!D78=\"\",\"\",Start!D78)","v":48},{"$f":"IF(Start!E78=\"\",\"\",Start!E78)","v":0},{"$f":"IF(Start!F78=\"\",\"\",Start!F78)","v":"EACH"},{"$f":"IF(Start!G78=\"\",\"\",Start!G78)","v":135},{"$f":"IF(Start!H78=\"\",\"\",Start!H78)","v":6480},1,{"$f":"IF(I78=\"\",\"\",LOOKUP(I78,{1,\"01\";2,\"02\";3,\"03\";4,\"04\";5,\"05\";6,\"06\";7,\"07\";8,\"08\";9,\"09\";10,\"10\";11,\"11\";12,\"12\";13,\"13\";14,\"14\";15,\"15\"}))","v":"01"},"01. Superior Construction Company",600,615,{"$f":"IF(B78=\"\",\"\",VLOOKUP(M78,Sections!$A$2:$D$200,3,FALSE))","v":"Incidental Construction"},{"$f":"IF(B78=\"\",\"\",VLOOKUP(M78,Sections!$A$2:$D$200,4,FALSE))","v":"Monuments, Markers, And Parking Barriers"}]
[{"$f":"IF(Start!A79=\"\",\"\",Start!A79)","v":""},{"$f":"IF(Start!B79=\"\",\"\",Start!B79)","v":"615-06520"},{"$f":"IF(Start!C79=\"\",\"\",Start!C79)","v":"MONUMENT, RE ESTABLISH"},{"$f":"IF(Start!D79=\"\",\"\",Start!D79)","v":1},{"$f":"IF(Start!E79=\"\",\"\",Start!E79)","v":0},{"$f":"IF(Start!F79=\"\",\"\",Start!F79)","v":"EACH"},{"$f":"IF(Start!G79=\"\",\"\",Start!G79)","v":1500},{"$f":"IF(Start!H79=\"\",\"\",Start!H79)","v":1500},1,{"$f":"IF(I79=\"\",\"\",LOOKUP(I79,{1,\"01\";2,\"02\";3,\"03\";4,\"04\";5,\"05\";6,\"06\";7,\"07\";8,\"08\";9,\"09\";10,\"10\";11,\"11\";12,\"12\";13,\"13\";14,\"14\";15,\"15\"}))","v":"01"},"01. Superior Construction Company",600,615,{"$f":"IF(B79=\"\",\"\",VLOOKUP(M79,Sections!$A$2:$D$200,3,FALSE))","v":"Incidental Construction"},{"$f":"IF(B79=\"\",\"\",VLOOKUP(M79,Sections!$A$2:$D$200,4,FALSE))","v":"Monuments, Markers, And Parking Barriers"}]
[{"$f":"IF(Start!A80=\"\",\"\",Start!A80)","v":""},{"$f":"IF(Start!B80=\"\",\"\",Start!B80)","v":"615-06535"},{"$f":"IF(Start!C80=\"\",\"\",Start!C80)","v":"BENCH MARK POST, RESET"},{"$f":"IF(Start!D80=\"\",\"\",Start!D80)","v":1},{"$f":"IF(Start!E80=\"\",\"\",Start!E80)","v":0},{"$f":"IF(Start!F80=\"\",\"\",Start!F80)","v":"EACH"},{"$f":"IF(Start!G80=\"\",\"\",Start!G80)","v":1000},{"$f":"IF(Start!H80=\"\",\"\",Start!H80)","v":1000},1,{"$f":"IF(I80=\"\",\"\",LOOKUP(I80,{1,\"01\";2,\"02\";3,\"03\";4,\"04\";5,\"05\";6,\"06\";7,\"07\";8,\"08\";9,\"09\";10,\"10\";11,\"11\";12,\"12\";13,\"13\";14,\"14\";15,\"15\"}))","v":"01"},"01. Superior Construction Company",600,615,{"$f":"IF(B80=\"\",\"\",VLOOKUP(M80,Sections!$A$2:$D$200,3,FALSE))","v":"Incidental Construction"},{"$f":"IF(B80=\"\",\"\",VLOOKUP(M80,Sections!$A$2:$D$200,4,FALSE))","v":"Monuments, Markers, And Parking Barriers"}]
[{"$f":"IF(Start!A81=\"\",\"\",Start!A81)","v":""},{"$f":"IF(Start!B81=\"\",\"\",Start!B81)","v":"616-02320"},{"$f":"IF(Start!C81=\"\",\"\",Start!C81)","v":"GEOTEXTILES"},{"$f":"IF(Start!D81=\"\",\"\",Start!D81)","v":1282},{"$f":"IF(Start!E81=\"\",\"\",Start!E81)","v":0},{"$f":"IF(Start!F81=\"\",\"\",Start!F81)","v":"S.Y."},{"$f":"IF(Start!G81=\"\",\"\",Start!G81)","v":1.55},{"$f":"IF(Start!H81=\"\",\"\",Start!H81)","v":1987.1000000000001},1,{"$f":"IF(I81=\"\",\"\",LOOKUP(I81,{1,\"01\";2,\"02\";3,\"03\";4,\"04\";5,\"05\";6,\"06\";7,\"07\";8,\"08\";9,\"09\";10,\"10\";11,\"11\";12,\"12\";13,\"13\";14,\"14\";15,\"15\"}))","v":"01"},"01. Superior Construction Company",600,616,{"$f":"IF(B81=\"\",\"\",VLOOKUP(M81,Sections!$A$2:$D$200,3,FALSE))","v":"Incidental Construction"},{"$f":"IF(B81=\"\",\"\",VLOOKUP(M81,Sections!$A$2:$D$200,4,FALSE))","v":"Riprap And Slopewall"}]
[{"$f":"IF(Start!A82=\"\",\"\",Start!A82)","v":""},{"$f":"IF(Start!B82=\"\",\"\",Start!B82)","v":"616-05688"},{"$f":"IF(Start!C82=\"\",\"\",Start!C82)","v":"RIPRAP, CLASS 1"},{"$f":"IF(Start!D82=\"\",\"\",Start!D82)","v":77},{"$f":"IF(Start!E82=\"\",\"\",Start!E82)","v":0},{"$f":"IF(Start!F82=\"\",\"\",Start!F82)","v":"TON"},{"$f":"IF(Start!G82=\"\",\"\",Start!G82)","v":57},{"$f":"IF(Start!H82=\"\",\"\",Start!H82)","v":4389},1,{"$f":"IF(I82=\"\",\"\",LOOKUP(I82,{1,\"01\";2,\"02\";3,\"03\";4,\"04\";5,\"05\";6,\"06\";7,\"07\";8,\"08\";9,\"09\";10,\"10\";11,\"11\";12,\"12\";13,\"13\";14,\"14\";15,\"15\"}))","v":"01"},"01. Superior Construction Company",600,616,{"$f":"IF(B82=\"\",\"\",VLOOKUP(M82,Sections!$A$2:$D$200,3,FALSE))","v":"Incidental Construction"},{"$f":"IF(B82=\"\",\"\",VLOOKUP(M82,Sections!$A$2:$D$200,4,FALSE))","v":"Riprap And Slopewall"}]
[{"$f":"IF(Start!A83=\"\",\"\",Start!A83)","v":""},{"$f":"IF(Start!B83=\"\",\"\",Start!B83)","v":"616-06405"},{"$f":"IF(Start!C83=\"\",\"\",Start!C83)","v":"RIPRAP, REVETMENT"},{"$f":"IF(Start!D83=\"\",\"\",Start!D83)","v":445},{"$f":"IF(Start!E83=\"\",\"\",Start!E83)","v":0},{"$f":"IF(Start!F83=\"\",\"\",Start!F83)","v":"TON"},{"$f":"IF(Start!G83=\"\",\"\",Start!G83)","v":41},{"$f":"IF(Start!H83=\"\",\"\",Start!H83)","v":18245},1,{"$f":"IF(I83=\"\",\"\",LOOKUP(I83,{1,\"01\";2,\"02\";3,\"03\";4,\"04\";5,\"05\";6,\"06\";7,\"07\";8,\"08\";9,\"09\";10,\"10\";11,\"11\";12,\"12\";13,\"13\";14,\"14\";15,\"15\"}))","v":"01"},"01. Superior Construction Company",600,616,{"$f":"IF(B83=\"\",\"\",VLOOKUP(M83,Sections!$A$2:$D$200,3,FALSE))","v":"Incidental Construction"},{"$f":"IF(B83=\"\",\"\",VLOOKUP(M83,Sections!$A$2:$D$200,4,FALSE))","v":"Riprap And Slopewall"}]
[{"$f":"IF(Start!A84=\"\",\"\",Start!A84)","v":""},{"$f":"IF(Start!B84=\"\",\"\",Start!B84)","v":"616-06451"},{"$f":"IF(Start!C84=\"\",\"\",Start!C84)","v":"RIPRAP, UNIFORM"},{"$f":"IF(Start!D84=\"\",\"\",Start!D84)","v":62},{"$f":"IF(Start!E84=\"\",\"\",Start!E84)","v":0},{"$f":"IF(Start!F84=\"\",\"\",Start!F84)","v":"TON"},{"$f":"IF(Start!G84=\"\",\"\",Start!G84)","v":41},{"$f":"IF(Start!H84=\"\",\"\",Start!H84)","v":2542},1,{"$f":"IF(I84=\"\",\"\",LOOKUP(I84,{1,\"01\";2,\"02\";3,\"03\";4,\"04\";5,\"05\";6,\"06\";7,\"07\";8,\"08\";9,\"09\";10,\"10\";11,\"11\";12,\"12\";13,\"13\";14,\"14\";15,\"15\"}))","v":"01"},"01. Superior Construction Company",600,616,{"$f":"IF(B84=\"\",\"\",VLOOKUP(M84,Sections!$A$2:$D$200,3,FALSE))","v":"Incidental Construction"},{"$f":"IF(B84=\"\",\"\",VLOOKUP(M84,Sections!$A$2:$D$200,4,FALSE))","v":"Riprap And Slopewall"}]
[{"$f":"IF(Start!A85=\"\",\"\",Start!A85)","v":""},{"$f":"IF(Start!B85=\"\",\"\",Start!B85)","v":"619-11052"},{"$f":"IF(Start!C85=\"\",\"\",Start!C85)","v":"CLEAN STEEL BRIDGE, QP-2, BR. NO. ,"},{"$f":"IF(Start!D85=\"\",\"\",Start!D85)","v":1},{"$f":"IF(Start!E85=\"\",\"\",Start!E85)","v":0},{"$f":"IF(Start!F85=\"\",\"\",Start!F85)","v":"L.S."},{"$f":"IF(Start!G85=\"\",\"\",Start!G85)","v":40000},{"$f":"IF(Start!H85=\"\",\"\",Start!H85)","v":40000},1,{"$f":"IF(I85=\"\",\"\",LOOKUP(I85,{1,\"01\";2,\"02\";3,\"03\";4,\"04\";5,\"05\";6,\"06\";7,\"07\";8,\"08\";9,\"09\";10,\"10\";11,\"11\";12,\"12\";13,\"13\";14,\"14\";15,\"15\"}))","v":"01"},"01. Superior Construction Company",600,619,{"$f":"IF(B85=\"\",\"\",VLOOKUP(M85,Sections!$A$2:$D$200,3,FALSE))","v":"Incidental Construction"},{"$f":"IF(B85=\"\",\"\",VLOOKUP(M85,Sections!$A$2:$D$200,4,FALSE))","v":"Painting Bridge Steel"}]
[{"$f":"IF(Start!A86=\"\",\"\",Start!A86)","v":""},{"$f":"IF(Start!B86=\"\",\"\",Start!B86)","v":"619-11052"},{"$f":"IF(Start!C86=\"\",\"\",Start!C86)","v":"CLEAN STEEL BRIDGE, QP-2, BR. NO. ,"},{"$f":"IF(Start!D86=\"\",\"\",Start!D86)","v":1},{"$f":"IF(Start!E86=\"\",\"\",Start!E86)","v":0},{"$f":"IF(Start!F86=\"\",\"\",Start!F86)","v":"L.S."},{"$f":"IF(Start!G86=\"\",\"\",Start!G86)","v":40000},{"$f":"IF(Start!H86=\"\",\"\",Start!H86)","v":40000},1,{"$f":"IF(I86=\"\",\"\",LOOKUP(I86,{1,\"01\";2,\"02\";3,\"03\";4,\"04\";5,\"05\";6,\"06\";7,\"07\";8,\"08\";9,\"09\";10,\"10\";11,\"11\";12,\"12\";13,\"13\";14,\"14\";15,\"15\"}))","v":"01"},"01. Superior Construction Company",600,619,{"$f":"IF(B86=\"\",\"\",VLOOKUP(M86,Sections!$A$2:$D$200,3,FALSE))","v":"Incidental Construction"},{"$f":"IF(B86=\"\",\"\",VLOOKUP(M86,Sections!$A$2:$D$200,4,FALSE))","v":"Painting Bridge Steel"}]
[{"$f":"IF(Start!A87=\"\",\"\",Start!A87)","v":""},{"$f":"IF(Start!B87=\"\",\"\",Start!B87)","v":"619-51859"},{"$f":"IF(Start!C87=\"\",\"\",Start!C87)","v":"PAINT STEEL BRIDGE , STR. NO. 2"},{"$f":"IF(Start!D87=\"\",\"\",Start!D87)","v":1},{"$f":"IF(Start!E87=\"\",\"\",Start!E87)","v":0},{"$f":"IF(Start!F87=\"\",\"\",Start!F87)","v":"L.S."},{"$f":"IF(Start!G87=\"\",\"\",Start!G87)","v":15000},{"$f":"IF(Start!H87=\"\",\"\",Start!H87)","v":15000},1,{"$f":"IF(I87=\"\",\"\",LOOKUP(I87,{1,\"01\";2,\"02\";3,\"03\";4,\"04\";5,\"05\";6,\"06\";7,\"07\";8,\"08\";9,\"09\";10,\"10\";11,\"11\";12,\"12\";13,\"13\";14,\"14\";15,\"15\"}))","v":"01"},"01. Superior Construction Company",600,619,{"$f":"IF(B87=\"\",\"\",VLOOKUP(M87,Sections!$A$2:$D$200,3,FALSE))","v":"Incidental Construction"},{"$f":"IF(B87=\"\",\"\",VLOOKUP(M87,Sections!$A$2:$D$200,4,FALSE))","v":"Painting Bridge Steel"}]
[{"$f":"IF(Start!A88=\"\",\"\",Start!A88)","v":""},{"$f":"IF(Start!B88=\"\",\"\",Start!B88)","v":"619-51859"},{"$f":"IF(Start!C88=\"\",\"\",Start!C88)","v":"PAINT STEEL BRIDGE , STR. NO. 2"},{"$f":"IF(Start!D88=\"\",\"\",Start!D88)","v":1},{"$f":"IF(Start!E88=\"\",\"\",Start!E88)","v":0},{"$f":"IF(Start!F88=\"\",\"\",Start!F88)","v":"L.S."},{"$f":"IF(Start!G88=\"\",\"\",Start!G88)","v":15000},{"$f":"IF(Start!H88=\"\",\"\",Start!H88)","v":15000},1,{"$f":"IF(I88=\"\",\"\",LOOKUP(I88,{1,\"01\";2,\"02\";3,\"03\";4,\"04\";5,\"05\";6,\"06\";7,\"07\";8,\"08\";9,\"09\";10,\"10\";11,\"11\";12,\"12\";13,\"13\";14,\"14\";15,\"15\"}))","v":"01"},"01. Superior Construction Company",600,619,{"$f":"IF(B88=\"\",\"\",VLOOKUP(M88,Sections!$A$2:$D$200,3,FALSE))","v":"Incidental Construction"},{"$f":"IF(B88=\"\",\"\",VLOOKUP(M88,Sections!$A$2:$D$200,4,FALSE))","v":"Painting Bridge Steel"}]
[{"$f":"IF(Start!A89=\"\",\"\",Start!A89)","v":""},{"$f":"IF(Start!B89=\"\",\"\",Start!B89)","v":"621-01004"},{"$f":"IF(Start!C89=\"\",\"\",Start!C89)","v":"MOBILIZATION AND DEMOBILIZATION FOR SEEDING"},{"$f":"IF(Start!D89=\"\",\"\",Start!D89)","v":3},{"$f":"IF(Start!E89=\"\",\"\",Start!E89)","v":0},{"$f":"IF(Start!F89=\"\",\"\",Start!F89)","v":"EACH"},{"$f":"IF(Start!G89=\"\",\"\",Start!G89)","v":400},{"$f":"IF(Start!H89=\"\",\"\",Start!H89)","v":1200},1,{"$f":"IF(I89=\"\",\"\",LOOKUP(I89,{1,\"01\";2,\"02\";3,\"03\";4,\"04\";5,\"05\";6,\"06\";7,\"07\";8,\"08\";9,\"09\";10,\"10\";11,\"11\";12,\"12\";13,\"13\";14,\"14\";15,\"15\"}))","v":"01"},"01. Superior Construction Company",600,621,{"$f":"IF(B89=\"\",\"\",VLOOKUP(M89,Sections!$A$2:$D$200,3,FALSE))","v":"Incidental Construction"},{"$f":"IF(B89=\"\",\"\",VLOOKUP(M89,Sections!$A$2:$D$200,4,FALSE))","v":"Seeding And Sodding"}]
[{"$f":"IF(Start!A90=\"\",\"\",Start!A90)","v":""},{"$f":"IF(Start!B90=\"\",\"\",Start!B90)","v":"621-02770"},{"$f":"IF(Start!C90=\"\",\"\",Start!C90)","v":"EROSION CONTROL BLANKET"},{"$f":"IF(Start!D90=\"\",\"\",Start!D90)","v":66315},{"$f":"IF(Start!E90=\"\",\"\",Start!E90)","v":0},{"$f":"IF(Start!F90=\"\",\"\",Start!F90)","v":"S.Y."},{"$f":"IF(Start!G90=\"\",\"\",Start!G90)","v":0.65},{"$f":"IF(Start!H90=\"\",\"\",Start!H90)","v":43104.75},1,{"$f":"IF(I90=\"\",\"\",LOOKUP(I90,{1,\"01\";2,\"02\";3,\"03\";4,\"04\";5,\"05\";6,\"06\";7,\"07\";8,\"08\";9,\"09\";10,\"10\";11,\"11\";12,\"12\";13,\"13\";14,\"14\";15,\"15\"}))","v":"01"},"01. Superior Construction Company",600,621,{"$f":"IF(B90=\"\",\"\",VLOOKUP(M90,Sections!$A$2:$D$200,3,FALSE))","v":"Incidental Construction"},{"$f":"IF(B90=\"\",\"\",VLOOKUP(M90,Sections!$A$2:$D$200,4,FALSE))","v":"Seeding And Sodding"}]
[{"$f":"IF(Start!A91=\"\",\"\",Start!A91)","v":""},{"$f":"IF(Start!B91=\"\",\"\",Start!B91)","v":"621-06545"},{"$f":"IF(Start!C91=\"\",\"\",Start!C91)","v":"FERTILIZER"},{"$f":"IF(Start!D91=\"\",\"\",Start!D91)","v":6},{"$f":"IF(Start!E91=\"\",\"\",Start!E91)","v":0},{"$f":"IF(Start!F91=\"\",\"\",Start!F91)","v":"TON"},{"$f":"IF(Start!G91=\"\",\"\",Start!G91)","v":600},{"$f":"IF(Start!H91=\"\",\"\",Start!H91)","v":3600},1,{"$f":"IF(I91=\"\",\"\",LOOKUP(I91,{1,\"01\";2,\"02\";3,\"03\";4,\"04\";5,\"05\";6,\"06\";7,\"07\";8,\"08\";9,\"09\";10,\"10\";11,\"11\";12,\"12\";13,\"13\";14,\"14\";15,\"15\"}))","v":"01"},"01. Superior Construction Company",600,621,{"$f":"IF(B91=\"\",\"\",VLOOKUP(M91,Sections!$A$2:$D$200,3,FALSE))","v":"Incidental Construction"},{"$f":"IF(B91=\"\",\"\",VLOOKUP(M91,Sections!$A$2:$D$200,4,FALSE))","v":"Seeding And Sodding"}]
[{"$f":"IF(Start!A92=\"\",\"\",Start!A92)","v":""},{"$f":"IF(Start!B92=\"\",\"\",Start!B92)","v":"621-06557"},{"$f":"IF(Start!C92=\"\",\"\",Start!C92)","v":"SEED MIXTURE, T"},{"$f":"IF(Start!D92=\"\",\"\",Start!D92)","v":1088},{"$f":"IF(Start!E92=\"\",\"\",Start!E92)","v":0},{"$f":"IF(Start!F92=\"\",\"\",Start!F92)","v":"LBS"},{"$f":"IF(Start!G92=\"\",\"\",Start!G92)","v":2.5},{"$f":"IF(Start!H92=\"\",\"\",Start!H92)","v":2720},1,{"$f":"IF(I92=\"\",\"\",LOOKUP(I92,{1,\"01\";2,\"02\";3,\"03\";4,\"04\";5,\"05\";6,\"06\";7,\"07\";8,\"08\";9,\"09\";10,\"10\";11,\"11\";12,\"12\";13,\"13\";14,\"14\";15,\"15\"}))","v":"01"},"01. Superior Construction Company",600,621,{"$f":"IF(B92=\"\",\"\",VLOOKUP(M92,Sections!$A$2:$D$200,3,FALSE))","v":"Incidental Construction"},{"$f":"IF(B92=\"\",\"\",VLOOKUP(M92,Sections!$A$2:$D$200,4,FALSE))","v":"Seeding And Sodding"}]
[{"$f":"IF(Start!A93=\"\",\"\",Start!A93)","v":""},{"$f":"IF(Start!B93=\"\",\"\",Start!B93)","v":"621-06565"},{"$f":"IF(Start!C93=\"\",\"\",Start!C93)","v":"MULCHING MATERIAL"},{"$f":"IF(Start!D93=\"\",\"\",Start!D93)","v":29},{"$f":"IF(Start!E93=\"\",\"\",Start!E93)","v":0},{"$f":"IF(Start!F93=\"\",\"\",Start!F93)","v":"TON"},{"$f":"IF(Start!G93=\"\",\"\",Start!G93)","v":400},{"$f":"IF(Start!H93=\"\",\"\",Start!H93)","v":11600},1,{"$f":"IF(I93=\"\",\"\",LOOKUP(I93,{1,\"01\";2,\"02\";3,\"03\";4,\"04\";5,\"05\";6,\"06\";7,\"07\";8,\"08\";9,\"09\";10,\"10\";11,\"11\";12,\"12\";13,\"13\";14,\"14\";15,\"15\"}))","v":"01"},"01. Superior Construction Company",600,621,{"$f":"IF(B93=\"\",\"\",VLOOKUP(M93,Sections!$A$2:$D$200,3,FALSE))","v":"Incidental Construction"},{"$f":"IF(B93=\"\",\"\",VLOOKUP(M93,Sections!$A$2:$D$200,4,FALSE))","v":"Seeding And Sodding"}]
[{"$f":"IF(Start!A94=\"\",\"\",Start!A94)","v":""},{"$f":"IF(Start!B94=\"\",\"\",Start!B94)","v":"621-06567"},{"$f":"IF(Start!C94=\"\",\"\",Start!C94)","v":"WATER"},{"$f":"IF(Start!D94=\"\",\"\",Start!D94)","v":253},{"$f":"IF(Start!E94=\"\",\"\",Start!E94)","v":0},{"$f":"IF(Start!F94=\"\",\"\",Start!F94)","v":"M.G."},{"$f":"IF(Start!G94=\"\",\"\",Start!G94)","v":1},{"$f":"IF(Start!H94=\"\",\"\",Start!H94)","v":253},1,{"$f":"IF(I94=\"\",\"\",LOOKUP(I94,{1,\"01\";2,\"02\";3,\"03\";4,\"04\";5,\"05\";6,\"06\";7,\"07\";8,\"08\";9,\"09\";10,\"10\";11,\"11\";12,\"12\";13,\"13\";14,\"14\";15,\"15\"}))","v":"01"},"01. Superior Construction Company",600,621,{"$f":"IF(B94=\"\",\"\",VLOOKUP(M94,Sections!$A$2:$D$200,3,FALSE))","v":"Incidental Construction"},{"$f":"IF(B94=\"\",\"\",VLOOKUP(M94,Sections!$A$2:$D$200,4,FALSE))","v":"Seeding And Sodding"}]
[{"$f":"IF(Start!A95=\"\",\"\",Start!A95)","v":""},{"$f":"IF(Start!B95=\"\",\"\",Start!B95)","v":"621-06574"},{"$f":"IF(Start!C95=\"\",\"\",Start!C95)","v":"SODDING"},{"$f":"IF(Start!D95=\"\",\"\",Start!D95)","v":3864},{"$f":"IF(Start!E95=\"\",\"\",Start!E95)","v":0},{"$f":"IF(Start!F95=\"\",\"\",Start!F95)","v":"S.Y."},{"$f":"IF(Start!G95=\"\",\"\",Start!G95)","v":2.98},{"$f":"IF(Start!H95=\"\",\"\",Start!H95)","v":11514.72},1,{"$f":"IF(I95=\"\",\"\",LOOKUP(I95,{1,\"01\";2,\"02\";3,\"03\";4,\"04\";5,\"05\";6,\"06\";7,\"07\";8,\"08\";9,\"09\";10,\"10\";11,\"11\";12,\"12\";13,\"13\";14,\"14\";15,\"15\"}))","v":"01"},"01. Superior Construction Company",600,621,{"$f":"IF(B95=\"\",\"\",VLOOKUP(M95,Sections!$A$2:$D$200,3,FALSE))","v":"Incidental Construction"},{"$f":"IF(B95=\"\",\"\",VLOOKUP(M95,Sections!$A$2:$D$200,4,FALSE))","v":"Seeding And Sodding"}]
[{"$f":"IF(Start!A96=\"\",\"\",Start!A96)","v":""},{"$f":"IF(Start!B96=\"\",\"\",Start!B96)","v":"621-06575"},{"$f":"IF(Start!C96=\"\",\"\",Start!C96)","v":"SODDING, NURSERY"},{"$f":"IF(Start!D96=\"\",\"\",Start!D96)","v":66315},{"$f":"IF(Start!E96=\"\",\"\",Start!E96)","v":0},{"$f":"IF(Start!F96=\"\",\"\",Start!F96)","v":"S.Y."},{"$f":"IF(Start!G96=\"\",\"\",Start!G96)","v":2.98},{"$f":"IF(Start!H96=\"\",\"\",Start!H96)","v":197618.7},1,{"$f":"IF(I96=\"\",\"\",LOOKUP(I96,{1,\"01\";2,\"02\";3,\"03\";4,\"04\";5,\"05\";6,\"06\";7,\"07\";8,\"08\";9,\"09\";10,\"10\";11,\"11\";12,\"12\";13,\"13\";14,\"14\";15,\"15\"}))","v":"01"},"01. Superior Construction Company",600,621,{"$f":"IF(B96=\"\",\"\",VLOOKUP(M96,Sections!$A$2:$D$200,3,FALSE))","v":"Incidental Construction"},{"$f":"IF(B96=\"\",\"\",VLOOKUP(M96,Sections!$A$2:$D$200,4,FALSE))","v":"Seeding And Sodding"}]
[{"$f":"IF(Start!A97=\"\",\"\",Start!A97)","v":""},{"$f":"IF(Start!B97=\"\",\"\",Start!B97)","v":"628-08524"},{"$f":"IF(Start!C97=\"\",\"\",Start!C97)","v":"CELLULAR TELEPHONE/RADIO, ADDITIONAL"},{"$f":"IF(Start!D97=\"\",\"\",Start!D97)","v":1},{"$f":"IF(Start!E97=\"\",\"\",Start!E97)","v":0},{"$f":"IF(Start!F97=\"\",\"\",Start!F97)","v":"$"},{"$f":"IF(Start!G97=\"\",\"\",Start!G97)","v":1},{"$f":"IF(Start!H97=\"\",\"\",Start!H97)","v":1},1,{"$f":"IF(I97=\"\",\"\",LOOKUP(I97,{1,\"01\";2,\"02\";3,\"03\";4,\"04\";5,\"05\";6,\"06\";7,\"07\";8,\"08\";9,\"09\";10,\"10\";11,\"11\";12,\"12\";13,\"13\";14,\"14\";15,\"15\"}))","v":"01"},"01. Superior Construction Company",600,628,{"$f":"IF(B97=\"\",\"\",VLOOKUP(M97,Sections!$A$2:$D$200,3,FALSE))","v":"Incidental Construction"},{"$f":"IF(B97=\"\",\"\",VLOOKUP(M97,Sections!$A$2:$D$200,4,FALSE))","v":"Field Office, Field Laboratory, Computer Systems, Office Machines And Communications"}]
[{"$f":"IF(Start!A98=\"\",\"\",Start!A98)","v":""},{"$f":"IF(Start!B98=\"\",\"\",Start!B98)","v":"628-09403"},{"$f":"IF(Start!C98=\"\",\"\",Start!C98)","v":"FIELD OFFICE, C"},{"$f":"IF(Start!D98=\"\",\"\",Start!D98)","v":15},{"$f":"IF(Start!E98=\"\",\"\",Start!E98)","v":0},{"$f":"IF(Start!F98=\"\",\"\",Start!F98)","v":"MONTH"},{"$f":"IF(Start!G98=\"\",\"\",Start!G98)","v":2300},{"$f":"IF(Start!H98=\"\",\"\",Start!H98)","v":34500},1,{"$f":"IF(I98=\"\",\"\",LOOKUP(I98,{1,\"01\";2,\"02\";3,\"03\";4,\"04\";5,\"05\";6,\"06\";7,\"07\";8,\"08\";9,\"09\";10,\"10\";11,\"11\";12,\"12\";13,\"13\";14,\"14\";15,\"15\"}))","v":"01"},"01. Superior Construction Company",600,628,{"$f":"IF(B98=\"\",\"\",VLOOKUP(M98,Sections!$A$2:$D$200,3,FALSE))","v":"Incidental Construction"},{"$f":"IF(B98=\"\",\"\",VLOOKUP(M98,Sections!$A$2:$D$200,4,FALSE))","v":"Field Office, Field Laboratory, Computer Systems, Office Machines And Communications"}]
[{"$f":"IF(Start!A99=\"\",\"\",Start!A99)","v":""},{"$f":"IF(Start!B99=\"\",\"\",Start!B99)","v":"628-09407"},{"$f":"IF(Start!C99=\"\",\"\",Start!C99)","v":"FIELD OFFICE COMPUTER SYSTEM,"},{"$f":"IF(Start!D99=\"\",\"\",Start!D99)","v":30},{"$f":"IF(Start!E99=\"\",\"\",Start!E99)","v":0},{"$f":"IF(Start!F99=\"\",\"\",Start!F99)","v":"MONTH"},{"$f":"IF(Start!G99=\"\",\"\",Start!G99)","v":100},{"$f":"IF(Start!H99=\"\",\"\",Start!H99)","v":3000},1,{"$f":"IF(I99=\"\",\"\",LOOKUP(I99,{1,\"01\";2,\"02\";3,\"03\";4,\"04\";5,\"05\";6,\"06\";7,\"07\";8,\"08\";9,\"09\";10,\"10\";11,\"11\";12,\"12\";13,\"13\";14,\"14\";15,\"15\"}))","v":"01"},"01. Superior Construction Company",600,628,{"$f":"IF(B99=\"\",\"\",VLOOKUP(M99,Sections!$A$2:$D$200,3,FALSE))","v":"Incidental Construction"},{"$f":"IF(B99=\"\",\"\",VLOOKUP(M99,Sections!$A$2:$D$200,4,FALSE))","v":"Field Office, Field Laboratory, Computer Systems, Office Machines And Communications"}]
[{"$f":"IF(Start!A100=\"\",\"\",Start!A100)","v":""},{"$f":"IF(Start!B100=\"\",\"\",Start!B100)","v":"628-11007"},{"$f":"IF(Start!C100=\"\",\"\",Start!C100)","v":"CELLULAR TELEPHONE/RADIO SERVICE, 750"},{"$f":"IF(Start!D100=\"\",\"\",Start!D100)","v":60},{"$f":"IF(Start!E100=\"\",\"\",Start!E100)","v":0},{"$f":"IF(Start!F100=\"\",\"\",Start!F100)","v":"MONTH"},{"$f":"IF(Start!G100=\"\",\"\",Start!G100)","v":100},{"$f":"IF(Start!H100=\"\",\"\",Start!H100)","v":6000},1,{"$f":"IF(I100=\"\",\"\",LOOKUP(I100,{1,\"01\";2,\"02\";3,\"03\";4,\"04\";5,\"05\";6,\"06\";7,\"07\";8,\"08\";9,\"09\";10,\"10\";11,\"11\";12,\"12\";13,\"13\";14,\"14\";15,\"15\"}))","v":"01"},"01. Superior Construction Company",600,628,{"$f":"IF(B100=\"\",\"\",VLOOKUP(M100,Sections!$A$2:$D$200,3,FALSE))","v":"Incidental Construction"},{"$f":"IF(B100=\"\",\"\",VLOOKUP(M100,Sections!$A$2:$D$200,4,FALSE))","v":"Field Office, Field Laboratory, Computer Systems, Office Machines And Communications"}]
[{"$f":"IF(Start!A101=\"\",\"\",Start!A101)","v":""},{"$f":"IF(Start!B101=\"\",\"\",Start!B101)","v":"628-11068"},{"$f":"IF(Start!C101=\"\",\"\",Start!C101)","v":"CELLULAR TELEPHONE/RADIO"},{"$f":"IF(Start!D101=\"\",\"\",Start!D101)","v":4},{"$f":"IF(Start!E101=\"\",\"\",Start!E101)","v":0},{"$f":"IF(Start!F101=\"\",\"\",Start!F101)","v":"EACH"},{"$f":"IF(Start!G101=\"\",\"\",Start!G101)","v":200},{"$f":"IF(Start!H101=\"\",\"\",Start!H101)","v":800},1,{"$f":"IF(I101=\"\",\"\",LOOKUP(I101,{1,\"01\";2,\"02\";3,\"03\";4,\"04\";5,\"05\";6,\"06\";7,\"07\";8,\"08\";9,\"09\";10,\"10\";11,\"11\";12,\"12\";13,\"13\";14,\"14\";15,\"15\"}))","v":"01"},"01. Superior Construction Company",600,628,{"$f":"IF(B101=\"\",\"\",VLOOKUP(M101,Sections!$A$2:$D$200,3,FALSE))","v":"Incidental Construction"},{"$f":"IF(B101=\"\",\"\",VLOOKUP(M101,Sections!$A$2:$D$200,4,FALSE))","v":"Field Office, Field Laboratory, Computer Systems, Office Machines And Communications"}]
[{"$f":"IF(Start!A102=\"\",\"\",Start!A102)","v":""},{"$f":"IF(Start!B102=\"\",\"\",Start!B102)","v":"702-51863"},{"$f":"IF(Start!C102=\"\",\"\",Start!C102)","v":"FIELD DRILLED HOLE IN CONCRETE"},{"$f":"IF(Start!D102=\"\",\"\",Start!D102)","v":158},{"$f":"IF(Start!E102=\"\",\"\",Start!E102)","v":0},{"$f":"IF(Start!F102=\"\",\"\",Start!F102)","v":"EACH"},{"$f":"IF(Start!G102=\"\",\"\",Start!G102)","v":17},{"$f":"IF(Start!H102=\"\",\"\",Start!H102)","v":2686},1,{"$f":"IF(I102=\"\",\"\",LOOKUP(I102,{1,\"01\";2,\"02\";3,\"03\";4,\"04\";5,\"05\";6,\"06\";7,\"07\";8,\"08\";9,\"09\";10,\"10\";11,\"11\";12,\"12\";13,\"13\";14,\"14\";15,\"15\"}))","v":"01"},"01. Superior Construction Company",700,702,{"$f":"IF(B102=\"\",\"\",VLOOKUP(M102,Sections!$A$2:$D$200,3,FALSE))","v":"Structures"},{"$f":"IF(B102=\"\",\"\",VLOOKUP(M102,Sections!$A$2:$D$200,4,FALSE))","v":"Structural Concrete"}]
[{"$f":"IF(Start!A103=\"\",\"\",Start!A103)","v":""},{"$f":"IF(Start!B103=\"\",\"\",Start!B103)","v":"702-90915"},{"$f":"IF(Start!C103=\"\",\"\",Start!C103)","v":"CONCRETE, A"},{"$f":"IF(Start!D103=\"\",\"\",Start!D103)","v":47.400000000000006},{"$f":"IF(Start!E103=\"\",\"\",Start!E103)","v":0},{"$f":"IF(Start!F103=\"\",\"\",Start!F103)","v":"C.Y."},{"$f":"IF(Start!G103=\"\",\"\",Start!G103)","v":475},{"$f":"IF(Start!H103=\"\",\"\",Start!H103)","v":22515},1,{"$f":"IF(I103=\"\",\"\",LOOKUP(I103,{1,\"01\";2,\"02\";3,\"03\";4,\"04\";5,\"05\";6,\"06\";7,\"07\";8,\"08\";9,\"09\";10,\"10\";11,\"11\";12,\"12\";13,\"13\";14,\"14\";15,\"15\"}))","v":"01"},"01. Superior Construction Company",700,702,{"$f":"IF(B103=\"\",\"\",VLOOKUP(M103,Sections!$A$2:$D$200,3,FALSE))","v":"Structures"},{"$f":"IF(B103=\"\",\"\",VLOOKUP(M103,Sections!$A$2:$D$200,4,FALSE))","v":"Structural Concrete"}]
[{"$f":"IF(Start!A104=\"\",\"\",Start!A104)","v":""},{"$f":"IF(Start!B104=\"\",\"\",Start!B104)","v":"703-06029"},{"$f":"IF(Start!C104=\"\",\"\",Start!C104)","v":"REINFORCING BARS, EPOXY COATED"},{"$f":"IF(Start!D104=\"\",\"\",Start!D104)","v":3869},{"$f":"IF(Start!E104=\"\",\"\",Start!E104)","v":0},{"$f":"IF(Start!F104=\"\",\"\",Start!F104)","v":"LBS"},{"$f":"IF(Start!G104=\"\",\"\",Start!G104)","v":2},{"$f":"IF(Start!H104=\"\",\"\",Start!H104)","v":7738},1,{"$f":"IF(I104=\"\",\"\",LOOKUP(I104,{1,\"01\";2,\"02\";3,\"03\";4,\"04\";5,\"05\";6,\"06\";7,\"07\";8,\"08\";9,\"09\";10,\"10\";11,\"11\";12,\"12\";13,\"13\";14,\"14\";15,\"15\"}))","v":"01"},"01. Superior Construction Company",700,703,{"$f":"IF(B104=\"\",\"\",VLOOKUP(M104,Sections!$A$2:$D$200,3,FALSE))","v":"Structures"},{"$f":"IF(B104=\"\",\"\",VLOOKUP(M104,Sections!$A$2:$D$200,4,FALSE))","v":"Reinforcing Bars"}]
[{"$f":"IF(Start!A105=\"\",\"\",Start!A105)","v":""},{"$f":"IF(Start!B105=\"\",\"\",Start!B105)","v":"706-09545"},{"$f":"IF(Start!C105=\"\",\"\",Start!C105)","v":"COARSE AGGREGATE, NO. 8"},{"$f":"IF(Start!D105=\"\",\"\",Start!D105)","v":400},{"$f":"IF(Start!E105=\"\",\"\",Start!E105)","v":0},{"$f":"IF(Start!F105=\"\",\"\",Start!F105)","v":"C.Y."},{"$f":"IF(Start!G105=\"\",\"\",Start!G105)","v":32},{"$f":"IF(Start!H105=\"\",\"\",Start!H105)","v":12800},1,{"$f":"IF(I105=\"\",\"\",LOOKUP(I105,{1,\"01\";2,\"02\";3,\"03\";4,\"04\";5,\"05\";6,\"06\";7,\"07\";8,\"08\";9,\"09\";10,\"10\";11,\"11\";12,\"12\";13,\"13\";14,\"14\";15,\"15\"}))","v":"01"},"01. Superior Construction Company",700,706,{"$f":"IF(B105=\"\",\"\",VLOOKUP(M105,Sections!$A$2:$D$200,3,FALSE))","v":"Structures"},{"$f":"IF(B105=\"\",\"\",VLOOKUP(M105,Sections!$A$2:$D$200,4,FALSE))","v":"Bridge Railings"}]
[{"$f":"IF(Start!A106=\"\",\"\",Start!A106)","v":""},{"$f":"IF(Start!B106=\"\",\"\",Start!B106)","v":"709-51821"},{"$f":"IF(Start!C106=\"\",\"\",Start!C106)","v":"SURFACE SEAL"},{"$f":"IF(Start!D106=\"\",\"\",Start!D106)","v":1},{"$f":"IF(Start!E106=\"\",\"\",Start!E106)","v":0},{"$f":"IF(Start!F106=\"\",\"\",Start!F106)","v":"L.S."},{"$f":"IF(Start!G106=\"\",\"\",Start!G106)","v":9000},{"$f":"IF(Start!H106=\"\",\"\",Start!H106)","v":9000},1,{"$f":"IF(I106=\"\",\"\",LOOKUP(I106,{1,\"01\";2,\"02\";3,\"03\";4,\"04\";5,\"05\";6,\"06\";7,\"07\";8,\"08\";9,\"09\";10,\"10\";11,\"11\";12,\"12\";13,\"13\";14,\"14\";15,\"15\"}))","v":"01"},"01. Superior Construction Company",700,709,{"$f":"IF(B106=\"\",\"\",VLOOKUP(M106,Sections!$A$2:$D$200,3,FALSE))","v":"Structures"},{"$f":"IF(B106=\"\",\"\",VLOOKUP(M106,Sections!$A$2:$D$200,4,FALSE))","v":"Portland Cement Concrete Sealers"}]
[{"$f":"IF(Start!A107=\"\",\"\",Start!A107)","v":""},{"$f":"IF(Start!B107=\"\",\"\",Start!B107)","v":"714-11175"},{"$f":"IF(Start!C107=\"\",\"\",Start!C107)","v":"STRUCTURE, REINFORCED CONCRETE BOX"},{"$f":"IF(Start!D107=\"\",\"\",Start!D107)","v":225},{"$f":"IF(Start!E107=\"\",\"\",Start!E107)","v":0},{"$f":"IF(Start!F107=\"\",\"\",Start!F107)","v":"L.F."},{"$f":"IF(Start!G107=\"\",\"\",Start!G107)","v":550},{"$f":"IF(Start!H107=\"\",\"\",Start!H107)","v":123750},1,{"$f":"IF(I107=\"\",\"\",LOOKUP(I107,{1,\"01\";2,\"02\";3,\"03\";4,\"04\";5,\"05\";6,\"06\";7,\"07\";8,\"08\";9,\"09\";10,\"10\";11,\"11\";12,\"12\";13,\"13\";14,\"14\";15,\"15\"}))","v":"01"},"01. Superior Construction Company",700,714,{"$f":"IF(B107=\"\",\"\",VLOOKUP(M107,Sections!$A$2:$D$200,3,FALSE))","v":"Structures"},{"$f":"IF(B107=\"\",\"\",VLOOKUP(M107,Sections!$A$2:$D$200,4,FALSE))","v":"Reinforced Concrete Box Structures"}]
[{"$f":"IF(Start!A108=\"\",\"\",Start!A108)","v":""},{"$f":"IF(Start!B108=\"\",\"\",Start!B108)","v":"714-11311"},{"$f":"IF(Start!C108=\"\",\"\",Start!C108)","v":"STRUCTURE, REINFORCED CONCRETE BOX"},{"$f":"IF(Start!D108=\"\",\"\",Start!D108)","v":137},{"$f":"IF(Start!E108=\"\",\"\",Start!E108)","v":0},{"$f":"IF(Start!F108=\"\",\"\",Start!F108)","v":"L.F."},{"$f":"IF(Start!G108=\"\",\"\",Start!G108)","v":725},{"$f":"IF(Start!H108=\"\",\"\",Start!H108)","v":99325},1,{"$f":"IF(I108=\"\",\"\",LOOKUP(I108,{1,\"01\";2,\"02\";3,\"03\";4,\"04\";5,\"05\";6,\"06\";7,\"07\";8,\"08\";9,\"09\";10,\"10\";11,\"11\";12,\"12\";13,\"13\";14,\"14\";15,\"15\"}))","v":"01"},"01. Superior Construction Company",700,714,{"$f":"IF(B108=\"\",\"\",VLOOKUP(M108,Sections!$A$2:$D$200,3,FALSE))","v":"Structures"},{"$f":"IF(B108=\"\",\"\",VLOOKUP(M108,Sections!$A$2:$D$200,4,FALSE))","v":"Reinforced Concrete Box Structures"}]
[{"$f":"IF(Start!A109=\"\",\"\",Start!A109)","v":""},{"$f":"IF(Start!B109=\"\",\"\",Start!B109)","v":"715-04555"},{"$f":"IF(Start!C109=\"\",\"\",Start!C109)","v":"PIPE END SECTION, MIN. AREA 5.1 SQ. FT."},{"$f":"IF(Start!D109=\"\",\"\",Start!D109)","v":8},{"$f":"IF(Start!E109=\"\",\"\",Start!E109)","v":0},{"$f":"IF(Start!F109=\"\",\"\",Start!F109)","v":"EACH"},{"$f":"IF(Start!G109=\"\",\"\",Start!G109)","v":993.5},{"$f":"IF(Start!H109=\"\",\"\",Start!H109)","v":7948},1,{"$f":"IF(I109=\"\",\"\",LOOKUP(I109,{1,\"01\";2,\"02\";3,\"03\";4,\"04\";5,\"05\";6,\"06\";7,\"07\";8,\"08\";9,\"09\";10,\"10\";11,\"11\";12,\"12\";13,\"13\";14,\"14\";15,\"15\"}))","v":"01"},"01. Superior Construction Company",700,715,{"$f":"IF(B109=\"\",\"\",VLOOKUP(M109,Sections!$A$2:$D$200,3,FALSE))","v":"Structures"},{"$f":"IF(B109=\"\",\"\",VLOOKUP(M109,Sections!$A$2:$D$200,4,FALSE))","v":"Pipe Culverts, And Storm And Sanitary Sewers"}]
[{"$f":"IF(Start!A110=\"\",\"\",Start!A110)","v":""},{"$f":"IF(Start!B110=\"\",\"\",Start!B110)","v":"715-05032"},{"$f":"IF(Start!C110=\"\",\"\",Start!C110)","v":"PIPE, TYPE 2, CIRCULAR, 15 IN."},{"$f":"IF(Start!D110=\"\",\"\",Start!D110)","v":961},{"$f":"IF(Start!E110=\"\",\"\",Start!E110)","v":0},{"$f":"IF(Start!F110=\"\",\"\",Start!F110)","v":"L.F."},{"$f":"IF(Start!G110=\"\",\"\",Start!G110)","v":27},{"$f":"IF(Start!H110=\"\",\"\",Start!H110)","v":25947},1,{"$f":"IF(I110=\"\",\"\",LOOKUP(I110,{1,\"01\";2,\"02\";3,\"03\";4,\"04\";5,\"05\";6,\"06\";7,\"07\";8,\"08\";9,\"09\";10,\"10\";11,\"11\";12,\"12\";13,\"13\";14,\"14\";15,\"15\"}))","v":"01"},"01. Superior Construction Company",700,715,{"$f":"IF(B110=\"\",\"\",VLOOKUP(M110,Sections!$A$2:$D$200,3,FALSE))","v":"Structures"},{"$f":"IF(B110=\"\",\"\",VLOOKUP(M110,Sections!$A$2:$D$200,4,FALSE))","v":"Pipe Culverts, And Storm And Sanitary Sewers"}]
[{"$f":"IF(Start!A111=\"\",\"\",Start!A111)","v":""},{"$f":"IF(Start!B111=\"\",\"\",Start!B111)","v":"715-05048"},{"$f":"IF(Start!C111=\"\",\"\",Start!C111)","v":"PIPE, TYPE 4, CIRCULAR, 6 IN."},{"$f":"IF(Start!D111=\"\",\"\",Start!D111)","v":16505},{"$f":"IF(Start!E111=\"\",\"\",Start!E111)","v":0},{"$f":"IF(Start!F111=\"\",\"\",Start!F111)","v":"L.F."},{"$f":"IF(Start!G111=\"\",\"\",Start!G111)","v":3.75},{"$f":"IF(Start!H111=\"\",\"\",Start!H111)","v":61893.75},1,{"$f":"IF(I111=\"\",\"\",LOOKUP(I111,{1,\"01\";2,\"02\";3,\"03\";4,\"04\";5,\"05\";6,\"06\";7,\"07\";8,\"08\";9,\"09\";10,\"10\";11,\"11\";12,\"12\";13,\"13\";14,\"14\";15,\"15\"}))","v":"01"},"01. Superior Construction Company",700,715,{"$f":"IF(B111=\"\",\"\",VLOOKUP(M111,Sections!$A$2:$D$200,3,FALSE))","v":"Structures"},{"$f":"IF(B111=\"\",\"\",VLOOKUP(M111,Sections!$A$2:$D$200,4,FALSE))","v":"Pipe Culverts, And Storm And Sanitary Sewers"}]
[{"$f":"IF(Start!A112=\"\",\"\",Start!A112)","v":""},{"$f":"IF(Start!B112=\"\",\"\",Start!B112)","v":"715-05053"},{"$f":"IF(Start!C112=\"\",\"\",Start!C112)","v":"PIPE, UNDERDRAIN OUTLET, 6 IN."},{"$f":"IF(Start!D112=\"\",\"\",Start!D112)","v":775},{"$f":"IF(Start!E112=\"\",\"\",Start!E112)","v":0},{"$f":"IF(Start!F112=\"\",\"\",Start!F112)","v":"L.F."},{"$f":"IF(Start!G112=\"\",\"\",Start!G112)","v":18},{"$f":"IF(Start!H112=\"\",\"\",Start!H112)","v":13950},1,{"$f":"IF(I112=\"\",\"\",LOOKUP(I112,{1,\"01\";2,\"02\";3,\"03\";4,\"04\";5,\"05\";6,\"06\";7,\"07\";8,\"08\";9,\"09\";10,\"10\";11,\"11\";12,\"12\";13,\"13\";14,\"14\";15,\"15\"}))","v":"01"},"01. Superior Construction Company",700,715,{"$f":"IF(B112=\"\",\"\",VLOOKUP(M112,Sections!$A$2:$D$200,3,FALSE))","v":"Structures"},{"$f":"IF(B112=\"\",\"\",VLOOKUP(M112,Sections!$A$2:$D$200,4,FALSE))","v":"Pipe Culverts, And Storm And Sanitary Sewers"}]
[{"$f":"IF(Start!A113=\"\",\"\",Start!A113)","v":""},{"$f":"IF(Start!B113=\"\",\"\",Start!B113)","v":"715-05121"},{"$f":"IF(Start!C113=\"\",\"\",Start!C113)","v":"PIPE, TYPE 1, CIRCULAR, 18 IN."},{"$f":"IF(Start!D113=\"\",\"\",Start!D113)","v":114},{"$f":"IF(Start!E113=\"\",\"\",Start!E113)","v":0},{"$f":"IF(Start!F113=\"\",\"\",Start!F113)","v":"L.F."},{"$f":"IF(Start!G113=\"\",\"\",Start!G113)","v":34},{"$f":"IF(Start!H113=\"\",\"\",Start!H113)","v":3876},1,{"$f":"IF(I113=\"\",\"\",LOOKUP(I113,{1,\"01\";2,\"02\";3,\"03\";4,\"04\";5,\"05\";6,\"06\";7,\"07\";8,\"08\";9,\"09\";10,\"10\";11,\"11\";12,\"12\";13,\"13\";14,\"14\";15,\"15\"}))","v":"01"},"01. Superior Construction Company",700,715,{"$f":"IF(B113=\"\",\"\",VLOOKUP(M113,Sections!$A$2:$D$200,3,FALSE))","v":"Structures"},{"$f":"IF(B113=\"\",\"\",VLOOKUP(M113,Sections!$A$2:$D$200,4,FALSE))","v":"Pipe Culverts, And Storm And Sanitary Sewers"}]
[{"$f":"IF(Start!A114=\"\",\"\",Start!A114)","v":""},{"$f":"IF(Start!B114=\"\",\"\",Start!B114)","v":"715-05149"},{"$f":"IF(Start!C114=\"\",\"\",Start!C114)","v":"PIPE, TYPE 2, CIRCULAR, 12 IN."},{"$f":"IF(Start!D114=\"\",\"\",Start!D114)","v":210},{"$f":"IF(Start!E114=\"\",\"\",Start!E114)","v":0},{"$f":"IF(Start!F114=\"\",\"\",Start!F114)","v":"L.F."},{"$f":"IF(Start!G114=\"\",\"\",Start!G114)","v":23},{"$f":"IF(Start!H114=\"\",\"\",Start!H114)","v":4830},1,{"$f":"IF(I114=\"\",\"\",LOOKUP(I114,{1,\"01\";2,\"02\";3,\"03\";4,\"04\";5,\"05\";6,\"06\";7,\"07\";8,\"08\";9,\"09\";10,\"10\";11,\"11\";12,\"12\";13,\"13\";14,\"14\";15,\"15\"}))","v":"01"},"01. Superior Construction Company",700,715,{"$f":"IF(B114=\"\",\"\",VLOOKUP(M114,Sections!$A$2:$D$200,3,FALSE))","v":"Structures"},{"$f":"IF(B114=\"\",\"\",VLOOKUP(M114,Sections!$A$2:$D$200,4,FALSE))","v":"Pipe Culverts, And Storm And Sanitary Sewers"}]
[{"$f":"IF(Start!A115=\"\",\"\",Start!A115)","v":""},{"$f":"IF(Start!B115=\"\",\"\",Start!B115)","v":"715-05152"},{"$f":"IF(Start!C115=\"\",\"\",Start!C115)","v":"PIPE, TYPE 2, CIRCULAR, 18 IN."},{"$f":"IF(Start!D115=\"\",\"\",Start!D115)","v":409},{"$f":"IF(Start!E115=\"\",\"\",Start!E115)","v":0},{"$f":"IF(Start!F115=\"\",\"\",Start!F115)","v":"L.F."},{"$f":"IF(Start!G115=\"\",\"\",Start!G115)","v":34},{"$f":"IF(Start!H115=\"\",\"\",Start!H115)","v":13906},1,{"$f":"IF(I115=\"\",\"\",LOOKUP(I115,{1,\"01\";2,\"02\";3,\"03\";4,\"04\";5,\"05\";6,\"06\";7,\"07\";8,\"08\";9,\"09\";10,\"10\";11,\"11\";12,\"12\";13,\"13\";14,\"14\";15,\"15\"}))","v":"01"},"01. Superior Construction Company",700,715,{"$f":"IF(B115=\"\",\"\",VLOOKUP(M115,Sections!$A$2:$D$200,3,FALSE))","v":"Structures"},{"$f":"IF(B115=\"\",\"\",VLOOKUP(M115,Sections!$A$2:$D$200,4,FALSE))","v":"Pipe Culverts, And Storm And Sanitary Sewers"}]
[{"$f":"IF(Start!A116=\"\",\"\",Start!A116)","v":""},{"$f":"IF(Start!B116=\"\",\"\",Start!B116)","v":"715-05154"},{"$f":"IF(Start!C116=\"\",\"\",Start!C116)","v":"PIPE, TYPE 2, CIRCULAR, 24 IN. , SMOOTH"},{"$f":"IF(Start!D116=\"\",\"\",Start!D116)","v":1037},{"$f":"IF(Start!E116=\"\",\"\",Start!E116)","v":0},{"$f":"IF(Start!F116=\"\",\"\",Start!F116)","v":"L.F."},{"$f":"IF(Start!G116=\"\",\"\",Start!G116)","v":45},{"$f":"IF(Start!H116=\"\",\"\",Start!H116)","v":46665},1,{"$f":"IF(I116=\"\",\"\",LOOKUP(I116,{1,\"01\";2,\"02\";3,\"03\";4,\"04\";5,\"05\";6,\"06\";7,\"07\";8,\"08\";9,\"09\";10,\"10\";11,\"11\";12,\"12\";13,\"13\";14,\"14\";15,\"15\"}))","v":"01"},"01. Superior Construction Company",700,715,{"$f":"IF(B116=\"\",\"\",VLOOKUP(M116,Sections!$A$2:$D$200,3,FALSE))","v":"Structures"},{"$f":"IF(B116=\"\",\"\",VLOOKUP(M116,Sections!$A$2:$D$200,4,FALSE))","v":"Pipe Culverts, And Storm And Sanitary Sewers"}]
[{"$f":"IF(Start!A117=\"\",\"\",Start!A117)","v":""},{"$f":"IF(Start!B117=\"\",\"\",Start!B117)","v":"715-05156"},{"$f":"IF(Start!C117=\"\",\"\",Start!C117)","v":"PIPE, TYPE 2, CIRCULAR, 30 IN."},{"$f":"IF(Start!D117=\"\",\"\",Start!D117)","v":130},{"$f":"IF(Start!E117=\"\",\"\",Start!E117)","v":0},{"$f":"IF(Start!F117=\"\",\"\",Start!F117)","v":"L.F."},{"$f":"IF(Start!G117=\"\",\"\",Start!G117)","v":55},{"$f":"IF(Start!H117=\"\",\"\",Start!H117)","v":7150},1,{"$f":"IF(I117=\"\",\"\",LOOKUP(I117,{1,\"01\";2,\"02\";3,\"03\";4,\"04\";5,\"05\";6,\"06\";7,\"07\";8,\"08\";9,\"09\";10,\"10\";11,\"11\";12,\"12\";13,\"13\";14,\"14\";15,\"15\"}))","v":"01"},"01. Superior Construction Company",700,715,{"$f":"IF(B117=\"\",\"\",VLOOKUP(M117,Sections!$A$2:$D$200,3,FALSE))","v":"Structures"},{"$f":"IF(B117=\"\",\"\",VLOOKUP(M117,Sections!$A$2:$D$200,4,FALSE))","v":"Pipe Culverts, And Storm And Sanitary Sewers"}]
[{"$f":"IF(Start!A118=\"\",\"\",Start!A118)","v":""},{"$f":"IF(Start!B118=\"\",\"\",Start!B118)","v":"715-05169"},{"$f":"IF(Start!C118=\"\",\"\",Start!C118)","v":"PIPE, TYPE 3, CIRCULAR, 15 IN."},{"$f":"IF(Start!D118=\"\",\"\",Start!D118)","v":319},{"$f":"IF(Start!E118=\"\",\"\",Start!E118)","v":0},{"$f":"IF(Start!F118=\"\",\"\",Start!F118)","v":"L.F."},{"$f":"IF(Start!G118=\"\",\"\",Start!G118)","v":27},{"$f":"IF(Start!H118=\"\",\"\",Start!H118)","v":8613},1,{"$f":"IF(I118=\"\",\"\",LOOKUP(I118,{1,\"01\";2,\"02\";3,\"03\";4,\"04\";5,\"05\";6,\"06\";7,\"07\";8,\"08\";9,\"09\";10,\"10\";11,\"11\";12,\"12\";13,\"13\";14,\"14\";15,\"15\"}))","v":"01"},"01. Superior Construction Company",700,715,{"$f":"IF(B118=\"\",\"\",VLOOKUP(M118,Sections!$A$2:$D$200,3,FALSE))","v":"Structures"},{"$f":"IF(B118=\"\",\"\",VLOOKUP(M118,Sections!$A$2:$D$200,4,FALSE))","v":"Pipe Culverts, And Storm And Sanitary Sewers"}]
[{"$f":"IF(Start!A119=\"\",\"\",Start!A119)","v":""},{"$f":"IF(Start!B119=\"\",\"\",Start!B119)","v":"715-05171"},{"$f":"IF(Start!C119=\"\",\"\",Start!C119)","v":"PIPE, TYPE 3, CIRCULAR, 18 IN."},{"$f":"IF(Start!D119=\"\",\"\",Start!D119)","v":88},{"$f":"IF(Start!E119=\"\",\"\",Start!E119)","v":0},{"$f":"IF(Start!F119=\"\",\"\",Start!F119)","v":"L.F."},{"$f":"IF(Start!G119=\"\",\"\",Start!G119)","v":34},{"$f":"IF(Start!H119=\"\",\"\",Start!H119)","v":2992},1,{"$f":"IF(I119=\"\",\"\",LOOKUP(I119,{1,\"01\";2,\"02\";3,\"03\";4,\"04\";5,\"05\";6,\"06\";7,\"07\";8,\"08\";9,\"09\";10,\"10\";11,\"11\";12,\"12\";13,\"13\";14,\"14\";15,\"15\"}))","v":"01"},"01. Superior Construction Company",700,715,{"$f":"IF(B119=\"\",\"\",VLOOKUP(M119,Sections!$A$2:$D$200,3,FALSE))","v":"Structures"},{"$f":"IF(B119=\"\",\"\",VLOOKUP(M119,Sections!$A$2:$D$200,4,FALSE))","v":"Pipe Culverts, And Storm And Sanitary Sewers"}]
[{"$f":"IF(Start!A120=\"\",\"\",Start!A120)","v":""},{"$f":"IF(Start!B120=\"\",\"\",Start!B120)","v":"715-05236"},{"$f":"IF(Start!C120=\"\",\"\",Start!C120)","v":"PIPE, TYPE 1, DEFORMED, MIN. AREA 0.47 M2"},{"$f":"IF(Start!D120=\"\",\"\",Start!D120)","v":308},{"$f":"IF(Start!E120=\"\",\"\",Start!E120)","v":0},{"$f":"IF(Start!F120=\"\",\"\",Start!F120)","v":"L.F."},{"$f":"IF(Start!G120=\"\",\"\",Start!G120)","v":117.08},{"$f":"IF(Start!H120=\"\",\"\",Start!H120)","v":36060.639999999999},1,{"$f":"IF(I120=\"\",\"\",LOOKUP(I120,{1,\"01\";2,\"02\";3,\"03\";4,\"04\";5,\"05\";6,\"06\";7,\"07\";8,\"08\";9,\"09\";10,\"10\";11,\"11\";12,\"12\";13,\"13\";14,\"14\";15,\"15\"}))","v":"01"},"01. Superior Construction Company",700,715,{"$f":"IF(B120=\"\",\"\",VLOOKUP(M120,Sections!$A$2:$D$200,3,FALSE))","v":"Structures"},{"$f":"IF(B120=\"\",\"\",VLOOKUP(M120,Sections!$A$2:$D$200,4,FALSE))","v":"Pipe Culverts, And Storm And Sanitary Sewers"}]
[{"$f":"IF(Start!A121=\"\",\"\",Start!A121)","v":""},{"$f":"IF(Start!B121=\"\",\"\",Start!B121)","v":"715-06471"},{"$f":"IF(Start!C121=\"\",\"\",Start!C121)","v":"PIPE END SECTION, MIN. AREA .31 M2"},{"$f":"IF(Start!D121=\"\",\"\",Start!D121)","v":2},{"$f":"IF(Start!E121=\"\",\"\",Start!E121)","v":0},{"$f":"IF(Start!F121=\"\",\"\",Start!F121)","v":"EACH"},{"$f":"IF(Start!G121=\"\",\"\",Start!G121)","v":700},{"$f":"IF(Start!H121=\"\",\"\",Start!H121)","v":1400},1,{"$f":"IF(I121=\"\",\"\",LOOKUP(I121,{1,\"01\";2,\"02\";3,\"03\";4,\"04\";5,\"05\";6,\"06\";7,\"07\";8,\"08\";9,\"09\";10,\"10\";11,\"11\";12,\"12\";13,\"13\";14,\"14\";15,\"15\"}))","v":"01"},"01. Superior Construction Company",700,715,{"$f":"IF(B121=\"\",\"\",VLOOKUP(M121,Sections!$A$2:$D$200,3,FALSE))","v":"Structures"},{"$f":"IF(B121=\"\",\"\",VLOOKUP(M121,Sections!$A$2:$D$200,4,FALSE))","v":"Pipe Culverts, And Storm And Sanitary Sewers"}]
[{"$f":"IF(Start!A122=\"\",\"\",Start!A122)","v":""},{"$f":"IF(Start!B122=\"\",\"\",Start!B122)","v":"715-08243"},{"$f":"IF(Start!C122=\"\",\"\",Start!C122)","v":"PIPE, TYPE 3, DEFORMED, MIN. AREA 3.3 SQ. FT."},{"$f":"IF(Start!D122=\"\",\"\",Start!D122)","v":48},{"$f":"IF(Start!E122=\"\",\"\",Start!E122)","v":0},{"$f":"IF(Start!F122=\"\",\"\",Start!F122)","v":"L.F."},{"$f":"IF(Start!G122=\"\",\"\",Start!G122)","v":98.81},{"$f":"IF(Start!H122=\"\",\"\",Start!H122)","v":4742.88},1,{"$f":"IF(I122=\"\",\"\",LOOKUP(I122,{1,\"01\";2,\"02\";3,\"03\";4,\"04\";5,\"05\";6,\"06\";7,\"07\";8,\"08\";9,\"09\";10,\"10\";11,\"11\";12,\"12\";13,\"13\";14,\"14\";15,\"15\"}))","v":"01"},"01. Superior Construction Company",700,715,{"$f":"IF(B122=\"\",\"\",VLOOKUP(M122,Sections!$A$2:$D$200,3,FALSE))","v":"Structures"},{"$f":"IF(B122=\"\",\"\",VLOOKUP(M122,Sections!$A$2:$D$200,4,FALSE))","v":"Pipe Culverts, And Storm And Sanitary Sewers"}]
[{"$f":"IF(Start!A123=\"\",\"\",Start!A123)","v":""},{"$f":"IF(Start!B123=\"\",\"\",Start!B123)","v":"715-09064"},{"$f":"IF(Start!C123=\"\",\"\",Start!C123)","v":"VIDEO INSPECTION FOR PIPE"},{"$f":"IF(Start!D123=\"\",\"\",Start!D123)","v":2792},{"$f":"IF(Start!E123=\"\",\"\",Start!E123)","v":0},{"$f":"IF(Start!F123=\"\",\"\",Start!F123)","v":"L.F."},{"$f":"IF(Start!G123=\"\",\"\",Start!G123)","v":1.25},{"$f":"IF(Start!H123=\"\",\"\",Start!H123)","v":3490},1,{"$f":"IF(I123=\"\",\"\",LOOKUP(I123,{1,\"01\";2,\"02\";3,\"03\";4,\"04\";5,\"05\";6,\"06\";7,\"07\";8,\"08\";9,\"09\";10,\"10\";11,\"11\";12,\"12\";13,\"13\";14,\"14\";15,\"15\"}))","v":"01"},"01. Superior Construction Company",700,715,{"$f":"IF(B123=\"\",\"\",VLOOKUP(M123,Sections!$A$2:$D$200,3,FALSE))","v":"Structures"},{"$f":"IF(B123=\"\",\"\",VLOOKUP(M123,Sections!$A$2:$D$200,4,FALSE))","v":"Pipe Culverts, And Storm And Sanitary Sewers"}]
[{"$f":"IF(Start!A124=\"\",\"\",Start!A124)","v":""},{"$f":"IF(Start!B124=\"\",\"\",Start!B124)","v":"715-09769"},{"$f":"IF(Start!C124=\"\",\"\",Start!C124)","v":"PIPE, TYPE 3, DEFORMED, MIN. AREA 5.1"},{"$f":"IF(Start!D124=\"\",\"\",Start!D124)","v":240},{"$f":"IF(Start!E124=\"\",\"\",Start!E124)","v":0},{"$f":"IF(Start!F124=\"\",\"\",Start!F124)","v":"L.F."},{"$f":"IF(Start!G124=\"\",\"\",Start!G124)","v":141.47999999999999},{"$f":"IF(Start!H124=\"\",\"\",Start!H124)","v":33955.200000000004},1,{"$f":"IF(I124=\"\",\"\",LOOKUP(I124,{1,\"01\";2,\"02\";3,\"03\";4,\"04\";5,\"05\";6,\"06\";7,\"07\";8,\"08\";9,\"09\";10,\"10\";11,\"11\";12,\"12\";13,\"13\";14,\"14\";15,\"15\"}))","v":"01"},"01. Superior Construction Company",700,715,{"$f":"IF(B124=\"\",\"\",VLOOKUP(M124,Sections!$A$2:$D$200,3,FALSE))","v":"Structures"},{"$f":"IF(B124=\"\",\"\",VLOOKUP(M124,Sections!$A$2:$D$200,4,FALSE))","v":"Pipe Culverts, And Storm And Sanitary Sewers"}]
[{"$f":"IF(Start!A125=\"\",\"\",Start!A125)","v":""},{"$f":"IF(Start!B125=\"\",\"\",Start!B125)","v":"715-46005"},{"$f":"IF(Start!C125=\"\",\"\",Start!C125)","v":"PIPE END SECTION, 15 IN."},{"$f":"IF(Start!D125=\"\",\"\",Start!D125)","v":14},{"$f":"IF(Start!E125=\"\",\"\",Start!E125)","v":0},{"$f":"IF(Start!F125=\"\",\"\",Start!F125)","v":"EACH"},{"$f":"IF(Start!G125=\"\",\"\",Start!G125)","v":347},{"$f":"IF(Start!H125=\"\",\"\",Start!H125)","v":4858},1,{"$f":"IF(I125=\"\",\"\",LOOKUP(I125,{1,\"01\";2,\"02\";3,\"03\";4,\"04\";5,\"05\";6,\"06\";7,\"07\";8,\"08\";9,\"09\";10,\"10\";11,\"11\";12,\"12\";13,\"13\";14,\"14\";15,\"15\"}))","v":"01"},"01. Superior Construction Company",700,715,{"$f":"IF(B125=\"\",\"\",VLOOKUP(M125,Sections!$A$2:$D$200,3,FALSE))","v":"Structures"},{"$f":"IF(B125=\"\",\"\",VLOOKUP(M125,Sections!$A$2:$D$200,4,FALSE))","v":"Pipe Culverts, And Storm And Sanitary Sewers"}]
[{"$f":"IF(Start!A126=\"\",\"\",Start!A126)","v":""},{"$f":"IF(Start!B126=\"\",\"\",Start!B126)","v":"715-46010"},{"$f":"IF(Start!C126=\"\",\"\",Start!C126)","v":"PIPE END SECTION, 18 IN."},{"$f":"IF(Start!D126=\"\",\"\",Start!D126)","v":5},{"$f":"IF(Start!E126=\"\",\"\",Start!E126)","v":0},{"$f":"IF(Start!F126=\"\",\"\",Start!F126)","v":"EACH"},{"$f":"IF(Start!G126=\"\",\"\",Start!G126)","v":400},{"$f":"IF(Start!H126=\"\",\"\",Start!H126)","v":2000},1,{"$f":"IF(I126=\"\",\"\",LOOKUP(I126,{1,\"01\";2,\"02\";3,\"03\";4,\"04\";5,\"05\";6,\"06\";7,\"07\";8,\"08\";9,\"09\";10,\"10\";11,\"11\";12,\"12\";13,\"13\";14,\"14\";15,\"15\"}))","v":"01"},"01. Superior Construction Company",700,715,{"$f":"IF(B126=\"\",\"\",VLOOKUP(M126,Sections!$A$2:$D$200,3,FALSE))","v":"Structures"},{"$f":"IF(B126=\"\",\"\",VLOOKUP(M126,Sections!$A$2:$D$200,4,FALSE))","v":"Pipe Culverts, And Storm And Sanitary Sewers"}]
[{"$f":"IF(Start!A127=\"\",\"\",Start!A127)","v":""},{"$f":"IF(Start!B127=\"\",\"\",Start!B127)","v":"715-46020"},{"$f":"IF(Start!C127=\"\",\"\",Start!C127)","v":"PIPE END SECTION, 24 IN."},{"$f":"IF(Start!D127=\"\",\"\",Start!D127)","v":4},{"$f":"IF(Start!E127=\"\",\"\",Start!E127)","v":0},{"$f":"IF(Start!F127=\"\",\"\",Start!F127)","v":"EACH"},{"$f":"IF(Start!G127=\"\",\"\",Start!G127)","v":475},{"$f":"IF(Start!H127=\"\",\"\",Start!H127)","v":1900},1,{"$f":"IF(I127=\"\",\"\",LOOKUP(I127,{1,\"01\";2,\"02\";3,\"03\";4,\"04\";5,\"05\";6,\"06\";7,\"07\";8,\"08\";9,\"09\";10,\"10\";11,\"11\";12,\"12\";13,\"13\";14,\"14\";15,\"15\"}))","v":"01"},"01. Superior Construction Company",700,715,{"$f":"IF(B127=\"\",\"\",VLOOKUP(M127,Sections!$A$2:$D$200,3,FALSE))","v":"Structures"},{"$f":"IF(B127=\"\",\"\",VLOOKUP(M127,Sections!$A$2:$D$200,4,FALSE))","v":"Pipe Culverts, And Storm And Sanitary Sewers"}]
[{"$f":"IF(Start!A128=\"\",\"\",Start!A128)","v":""},{"$f":"IF(Start!B128=\"\",\"\",Start!B128)","v":"715-46030"},{"$f":"IF(Start!C128=\"\",\"\",Start!C128)","v":"PIPE END SECTION, 30 IN."},{"$f":"IF(Start!D128=\"\",\"\",Start!D128)","v":1},{"$f":"IF(Start!E128=\"\",\"\",Start!E128)","v":0},{"$f":"IF(Start!F128=\"\",\"\",Start!F128)","v":"EACH"},{"$f":"IF(Start!G128=\"\",\"\",Start!G128)","v":605},{"$f":"IF(Start!H128=\"\",\"\",Start!H128)","v":605},1,{"$f":"IF(I128=\"\",\"\",LOOKUP(I128,{1,\"01\";2,\"02\";3,\"03\";4,\"04\";5,\"05\";6,\"06\";7,\"07\";8,\"08\";9,\"09\";10,\"10\";11,\"11\";12,\"12\";13,\"13\";14,\"14\";15,\"15\"}))","v":"01"},"01. Superior Construction Company",700,715,{"$f":"IF(B128=\"\",\"\",VLOOKUP(M128,Sections!$A$2:$D$200,3,FALSE))","v":"Structures"},{"$f":"IF(B128=\"\",\"\",VLOOKUP(M128,Sections!$A$2:$D$200,4,FALSE))","v":"Pipe Culverts, And Storm And Sanitary Sewers"}]
[{"$f":"IF(Start!A129=\"\",\"\",Start!A129)","v":""},{"$f":"IF(Start!B129=\"\",\"\",Start!B129)","v":"718-06529"},{"$f":"IF(Start!C129=\"\",\"\",Start!C129)","v":"OUTLET PROTECTOR, 2"},{"$f":"IF(Start!D129=\"\",\"\",Start!D129)","v":6},{"$f":"IF(Start!E129=\"\",\"\",Start!E129)","v":0},{"$f":"IF(Start!F129=\"\",\"\",Start!F129)","v":"EACH"},{"$f":"IF(Start!G129=\"\",\"\",Start!G129)","v":850},{"$f":"IF(Start!H129=\"\",\"\",Start!H129)","v":5100},1,{"$f":"IF(I129=\"\",\"\",LOOKUP(I129,{1,\"01\";2,\"02\";3,\"03\";4,\"04\";5,\"05\";6,\"06\";7,\"07\";8,\"08\";9,\"09\";10,\"10\";11,\"11\";12,\"12\";13,\"13\";14,\"14\";15,\"15\"}))","v":"01"},"01. Superior Construction Company",700,718,{"$f":"IF(B129=\"\",\"\",VLOOKUP(M129,Sections!$A$2:$D$200,3,FALSE))","v":"Structures"},{"$f":"IF(B129=\"\",\"\",VLOOKUP(M129,Sections!$A$2:$D$200,4,FALSE))","v":"Underdrains"}]
[{"$f":"IF(Start!A130=\"\",\"\",Start!A130)","v":""},{"$f":"IF(Start!B130=\"\",\"\",Start!B130)","v":"718-06531"},{"$f":"IF(Start!C130=\"\",\"\",Start!C130)","v":"OUTLET PROTECTOR, 3"},{"$f":"IF(Start!D130=\"\",\"\",Start!D130)","v":30},{"$f":"IF(Start!E130=\"\",\"\",Start!E130)","v":0},{"$f":"IF(Start!F130=\"\",\"\",Start!F130)","v":"EACH"},{"$f":"IF(Start!G130=\"\",\"\",Start!G130)","v":800},{"$f":"IF(Start!H130=\"\",\"\",Start!H130)","v":24000},1,{"$f":"IF(I130=\"\",\"\",LOOKUP(I130,{1,\"01\";2,\"02\";3,\"03\";4,\"04\";5,\"05\";6,\"06\";7,\"07\";8,\"08\";9,\"09\";10,\"10\";11,\"11\";12,\"12\";13,\"13\";14,\"14\";15,\"15\"}))","v":"01"},"01. Superior Construction Company",700,718,{"$f":"IF(B130=\"\",\"\",VLOOKUP(M130,Sections!$A$2:$D$200,3,FALSE))","v":"Structures"},{"$f":"IF(B130=\"\",\"\",VLOOKUP(M130,Sections!$A$2:$D$200,4,FALSE))","v":"Underdrains"}]
[{"$f":"IF(Start!A131=\"\",\"\",Start!A131)","v":""},{"$f":"IF(Start!B131=\"\",\"\",Start!B131)","v":"718-06532"},{"$f":"IF(Start!C131=\"\",\"\",Start!C131)","v":"VIDEO INSPECTION FOR UNDERDRAINS"},{"$f":"IF(Start!D131=\"\",\"\",Start!D131)","v":3000},{"$f":"IF(Start!E131=\"\",\"\",Start!E131)","v":0},{"$f":"IF(Start!F131=\"\",\"\",Start!F131)","v":"L.F."},{"$f":"IF(Start!G131=\"\",\"\",Start!G131)","v":1.1000000000000001},{"$f":"IF(Start!H131=\"\",\"\",Start!H131)","v":3300},{"$f":"IF(AND(A131=\"\",B131=\"\",C131=\"\"),\"\",IF(AND(A131<>\"\",B131=\"\",G131=0,H131=0),D131,I130))","v":1},{"$f":"IF(I131=\"\",\"\",LOOKUP(I131,{1,\"01\";2,\"02\";3,\"03\";4,\"04\";5,\"05\";6,\"06\";7,\"07\";8,\"08\";9,\"09\";10,\"10\";11,\"11\";12,\"12\";13,\"13\";14,\"14\";15,\"15\"}))","v":"01"},{"$f":"IF(AND(A131<>\"\",B131=\"\"),J131&\". \"&PROPER(C131),IF(AND(A131=\"\",B131<>\"\"),PROPER(K130),\"\"))","v":"01. Superior Construction Company"},{"$f":"IF(B131=\"\",\"\",LEFT(B131,1)*100)","v":700},{"$f":"IF(B131=\"\",\"\",LEFT(B131,3)*1)","v":718},{"$f":"IF(B131=\"\",\"\",VLOOKUP(M131,Sections!$A$2:$D$200,3,FALSE))","v":"Structures"},{"$f":"IF(B131=\"\",\"\",VLOOKUP(M131,Sections!$A$2:$D$200,4,FALSE))","v":"Underdrains"}]
[{"$f":"IF(Start!A132=\"\",\"\",Start!A132)","v":""},{"$f":"IF(Start!B132=\"\",\"\",Start!B132)","v":"718-52610"},{"$f":"IF(Start!C132=\"\",\"\",Start!C132)","v":"AGGREGATE FOR UNDERDRAINS"},{"$f":"IF(Start!D132=\"\",\"\",Start!D132)","v":1496},{"$f":"IF(Start!E132=\"\",\"\",Start!E132)","v":0},{"$f":"IF(Start!F132=\"\",\"\",Start!F132)","v":"C.Y."},{"$f":"IF(Start!G132=\"\",\"\",Start!G132)","v":33},{"$f":"IF(Start!H132=\"\",\"\",Start!H132)","v":49368},1,{"$f":"IF(I132=\"\",\"\",LOOKUP(I132,{1,\"01\";2,\"02\";3,\"03\";4,\"04\";5,\"05\";6,\"06\";7,\"07\";8,\"08\";9,\"09\";10,\"10\";11,\"11\";12,\"12\";13,\"13\";14,\"14\";15,\"15\"}))","v":"01"},"01. Superior Construction Company",700,718,{"$f":"IF(B132=\"\",\"\",VLOOKUP(M132,Sections!$A$2:$D$200,3,FALSE))","v":"Structures"},{"$f":"IF(B132=\"\",\"\",VLOOKUP(M132,Sections!$A$2:$D$200,4,FALSE))","v":"Underdrains"}]
[{"$f":"IF(Start!A133=\"\",\"\",Start!A133)","v":""},{"$f":"IF(Start!B133=\"\",\"\",Start!B133)","v":"720-44000"},{"$f":"IF(Start!C133=\"\",\"\",Start!C133)","v":"CASTING, ADJUST TO GRADE"},{"$f":"IF(Start!D133=\"\",\"\",Start!D133)","v":8},{"$f":"IF(Start!E133=\"\",\"\",Start!E133)","v":0},{"$f":"IF(Start!F133=\"\",\"\",Start!F133)","v":"EACH"},{"$f":"IF(Start!G133=\"\",\"\",Start!G133)","v":445},{"$f":"IF(Start!H133=\"\",\"\",Start!H133)","v":3560},1,{"$f":"IF(I133=\"\",\"\",LOOKUP(I133,{1,\"01\";2,\"02\";3,\"03\";4,\"04\";5,\"05\";6,\"06\";7,\"07\";8,\"08\";9,\"09\";10,\"10\";11,\"11\";12,\"12\";13,\"13\";14,\"14\";15,\"15\"}))","v":"01"},"01. Superior Construction Company",700,720,{"$f":"IF(B133=\"\",\"\",VLOOKUP(M133,Sections!$A$2:$D$200,3,FALSE))","v":"Structures"},{"$f":"IF(B133=\"\",\"\",VLOOKUP(M133,Sections!$A$2:$D$200,4,FALSE))","v":"Manholes, Inlets, And Catch Basins"}]
[{"$f":"IF(Start!A134=\"\",\"\",Start!A134)","v":""},{"$f":"IF(Start!B134=\"\",\"\",Start!B134)","v":"720-45025"},{"$f":"IF(Start!C134=\"\",\"\",Start!C134)","v":"INLET, D6"},{"$f":"IF(Start!D134=\"\",\"\",Start!D134)","v":1},{"$f":"IF(Start!E134=\"\",\"\",Start!E134)","v":0},{"$f":"IF(Start!F134=\"\",\"\",Start!F134)","v":"EACH"},{"$f":"IF(Start!G134=\"\",\"\",Start!G134)","v":2340},{"$f":"IF(Start!H134=\"\",\"\",Start!H134)","v":2340},1,{"$f":"IF(I134=\"\",\"\",LOOKUP(I134,{1,\"01\";2,\"02\";3,\"03\";4,\"04\";5,\"05\";6,\"06\";7,\"07\";8,\"08\";9,\"09\";10,\"10\";11,\"11\";12,\"12\";13,\"13\";14,\"14\";15,\"15\"}))","v":"01"},"01. Superior Construction Company",700,720,{"$f":"IF(B134=\"\",\"\",VLOOKUP(M134,Sections!$A$2:$D$200,3,FALSE))","v":"Structures"},{"$f":"IF(B134=\"\",\"\",VLOOKUP(M134,Sections!$A$2:$D$200,4,FALSE))","v":"Manholes, Inlets, And Catch Basins"}]
[{"$f":"IF(Start!A135=\"\",\"\",Start!A135)","v":""},{"$f":"IF(Start!B135=\"\",\"\",Start!B135)","v":"720-45030"},{"$f":"IF(Start!C135=\"\",\"\",Start!C135)","v":"INLET, E7"},{"$f":"IF(Start!D135=\"\",\"\",Start!D135)","v":1},{"$f":"IF(Start!E135=\"\",\"\",Start!E135)","v":0},{"$f":"IF(Start!F135=\"\",\"\",Start!F135)","v":"EACH"},{"$f":"IF(Start!G135=\"\",\"\",Start!G135)","v":1400},{"$f":"IF(Start!H135=\"\",\"\",Start!H135)","v":1400},1,{"$f":"IF(I135=\"\",\"\",LOOKUP(I135,{1,\"01\";2,\"02\";3,\"03\";4,\"04\";5,\"05\";6,\"06\";7,\"07\";8,\"08\";9,\"09\";10,\"10\";11,\"11\";12,\"12\";13,\"13\";14,\"14\";15,\"15\"}))","v":"01"},"01. Superior Construction Company",700,720,{"$f":"IF(B135=\"\",\"\",VLOOKUP(M135,Sections!$A$2:$D$200,3,FALSE))","v":"Structures"},{"$f":"IF(B135=\"\",\"\",VLOOKUP(M135,Sections!$A$2:$D$200,4,FALSE))","v":"Manholes, Inlets, And Catch Basins"}]
[{"$f":"IF(Start!A136=\"\",\"\",Start!A136)","v":""},{"$f":"IF(Start!B136=\"\",\"\",Start!B136)","v":"720-45035"},{"$f":"IF(Start!C136=\"\",\"\",Start!C136)","v":"INLET, F7"},{"$f":"IF(Start!D136=\"\",\"\",Start!D136)","v":3},{"$f":"IF(Start!E136=\"\",\"\",Start!E136)","v":0},{"$f":"IF(Start!F136=\"\",\"\",Start!F136)","v":"EACH"},{"$f":"IF(Start!G136=\"\",\"\",Start!G136)","v":1390},{"$f":"IF(Start!H136=\"\",\"\",Start!H136)","v":4170},1,{"$f":"IF(I136=\"\",\"\",LOOKUP(I136,{1,\"01\";2,\"02\";3,\"03\";4,\"04\";5,\"05\";6,\"06\";7,\"07\";8,\"08\";9,\"09\";10,\"10\";11,\"11\";12,\"12\";13,\"13\";14,\"14\";15,\"15\"}))","v":"01"},"01. Superior Construction Company",700,720,{"$f":"IF(B136=\"\",\"\",VLOOKUP(M136,Sections!$A$2:$D$200,3,FALSE))","v":"Structures"},{"$f":"IF(B136=\"\",\"\",VLOOKUP(M136,Sections!$A$2:$D$200,4,FALSE))","v":"Manholes, Inlets, And Catch Basins"}]
[{"$f":"IF(Start!A137=\"\",\"\",Start!A137)","v":""},{"$f":"IF(Start!B137=\"\",\"\",Start!B137)","v":"720-45040"},{"$f":"IF(Start!C137=\"\",\"\",Start!C137)","v":"INLET, G7"},{"$f":"IF(Start!D137=\"\",\"\",Start!D137)","v":2},{"$f":"IF(Start!E137=\"\",\"\",Start!E137)","v":0},{"$f":"IF(Start!F137=\"\",\"\",Start!F137)","v":"EACH"},{"$f":"IF(Start!G137=\"\",\"\",Start!G137)","v":2225},{"$f":"IF(Start!H137=\"\",\"\",Start!H137)","v":4450},1,{"$f":"IF(I137=\"\",\"\",LOOKUP(I137,{1,\"01\";2,\"02\";3,\"03\";4,\"04\";5,\"05\";6,\"06\";7,\"07\";8,\"08\";9,\"09\";10,\"10\";11,\"11\";12,\"12\";13,\"13\";14,\"14\";15,\"15\"}))","v":"01"},"01. Superior Construction Company",700,720,{"$f":"IF(B137=\"\",\"\",VLOOKUP(M137,Sections!$A$2:$D$200,3,FALSE))","v":"Structures"},{"$f":"IF(B137=\"\",\"\",VLOOKUP(M137,Sections!$A$2:$D$200,4,FALSE))","v":"Manholes, Inlets, And Catch Basins"}]
[{"$f":"IF(Start!A138=\"\",\"\",Start!A138)","v":""},{"$f":"IF(Start!B138=\"\",\"\",Start!B138)","v":"720-45510"},{"$f":"IF(Start!C138=\"\",\"\",Start!C138)","v":"MANHOLE, C4, MODIFIED"},{"$f":"IF(Start!D138=\"\",\"\",Start!D138)","v":2},{"$f":"IF(Start!E138=\"\",\"\",Start!E138)","v":0},{"$f":"IF(Start!F138=\"\",\"\",Start!F138)","v":"EACH"},{"$f":"IF(Start!G138=\"\",\"\",Start!G138)","v":2600},{"$f":"IF(Start!H138=\"\",\"\",Start!H138)","v":5200},1,{"$f":"IF(I138=\"\",\"\",LOOKUP(I138,{1,\"01\";2,\"02\";3,\"03\";4,\"04\";5,\"05\";6,\"06\";7,\"07\";8,\"08\";9,\"09\";10,\"10\";11,\"11\";12,\"12\";13,\"13\";14,\"14\";15,\"15\"}))","v":"01"},"01. Superior Construction Company",700,720,{"$f":"IF(B138=\"\",\"\",VLOOKUP(M138,Sections!$A$2:$D$200,3,FALSE))","v":"Structures"},{"$f":"IF(B138=\"\",\"\",VLOOKUP(M138,Sections!$A$2:$D$200,4,FALSE))","v":"Manholes, Inlets, And Catch Basins"}]
[{"$f":"IF(Start!A139=\"\",\"\",Start!A139)","v":""},{"$f":"IF(Start!B139=\"\",\"\",Start!B139)","v":"720-95409"},{"$f":"IF(Start!C139=\"\",\"\",Start!C139)","v":"MANHOLE, J4, MODIFIED"},{"$f":"IF(Start!D139=\"\",\"\",Start!D139)","v":2},{"$f":"IF(Start!E139=\"\",\"\",Start!E139)","v":0},{"$f":"IF(Start!F139=\"\",\"\",Start!F139)","v":"EACH"},{"$f":"IF(Start!G139=\"\",\"\",Start!G139)","v":3200},{"$f":"IF(Start!H139=\"\",\"\",Start!H139)","v":6400},1,{"$f":"IF(I139=\"\",\"\",LOOKUP(I139,{1,\"01\";2,\"02\";3,\"03\";4,\"04\";5,\"05\";6,\"06\";7,\"07\";8,\"08\";9,\"09\";10,\"10\";11,\"11\";12,\"12\";13,\"13\";14,\"14\";15,\"15\"}))","v":"01"},"01. Superior Construction Company",700,720,{"$f":"IF(B139=\"\",\"\",VLOOKUP(M139,Sections!$A$2:$D$200,3,FALSE))","v":"Structures"},{"$f":"IF(B139=\"\",\"\",VLOOKUP(M139,Sections!$A$2:$D$200,4,FALSE))","v":"Manholes, Inlets, And Catch Basins"}]
[{"$f":"IF(Start!A140=\"\",\"\",Start!A140)","v":""},{"$f":"IF(Start!B140=\"\",\"\",Start!B140)","v":"720-97865"},{"$f":"IF(Start!C140=\"\",\"\",Start!C140)","v":"MANHOLE, C2, MODIFIED"},{"$f":"IF(Start!D140=\"\",\"\",Start!D140)","v":4},{"$f":"IF(Start!E140=\"\",\"\",Start!E140)","v":0},{"$f":"IF(Start!F140=\"\",\"\",Start!F140)","v":"EACH"},{"$f":"IF(Start!G140=\"\",\"\",Start!G140)","v":3700},{"$f":"IF(Start!H140=\"\",\"\",Start!H140)","v":14800},1,{"$f":"IF(I140=\"\",\"\",LOOKUP(I140,{1,\"01\";2,\"02\";3,\"03\";4,\"04\";5,\"05\";6,\"06\";7,\"07\";8,\"08\";9,\"09\";10,\"10\";11,\"11\";12,\"12\";13,\"13\";14,\"14\";15,\"15\"}))","v":"01"},"01. Superior Construction Company",700,720,{"$f":"IF(B140=\"\",\"\",VLOOKUP(M140,Sections!$A$2:$D$200,3,FALSE))","v":"Structures"},{"$f":"IF(B140=\"\",\"\",VLOOKUP(M140,Sections!$A$2:$D$200,4,FALSE))","v":"Manholes, Inlets, And Catch Basins"}]
[{"$f":"IF(Start!A141=\"\",\"\",Start!A141)","v":""},{"$f":"IF(Start!B141=\"\",\"\",Start!B141)","v":"720-98555"},{"$f":"IF(Start!C141=\"\",\"\",Start!C141)","v":"INLET, C15"},{"$f":"IF(Start!D141=\"\",\"\",Start!D141)","v":1},{"$f":"IF(Start!E141=\"\",\"\",Start!E141)","v":0},{"$f":"IF(Start!F141=\"\",\"\",Start!F141)","v":"EACH"},{"$f":"IF(Start!G141=\"\",\"\",Start!G141)","v":2075},{"$f":"IF(Start!H141=\"\",\"\",Start!H141)","v":2075},1,{"$f":"IF(I141=\"\",\"\",LOOKUP(I141,{1,\"01\";2,\"02\";3,\"03\";4,\"04\";5,\"05\";6,\"06\";7,\"07\";8,\"08\";9,\"09\";10,\"10\";11,\"11\";12,\"12\";13,\"13\";14,\"14\";15,\"15\"}))","v":"01"},"01. Superior Construction Company",700,720,{"$f":"IF(B141=\"\",\"\",VLOOKUP(M141,Sections!$A$2:$D$200,3,FALSE))","v":"Structures"},{"$f":"IF(B141=\"\",\"\",VLOOKUP(M141,Sections!$A$2:$D$200,4,FALSE))","v":"Manholes, Inlets, And Catch Basins"}]
[{"$f":"IF(Start!A142=\"\",\"\",Start!A142)","v":""},{"$f":"IF(Start!B142=\"\",\"\",Start!B142)","v":"723-08608"},{"$f":"IF(Start!C142=\"\",\"\",Start!C142)","v":"WINGWALL"},{"$f":"IF(Start!D142=\"\",\"\",Start!D142)","v":608},{"$f":"IF(Start!E142=\"\",\"\",Start!E142)","v":0},{"$f":"IF(Start!F142=\"\",\"\",Start!F142)","v":"S.F."},{"$f":"IF(Start!G142=\"\",\"\",Start!G142)","v":90},{"$f":"IF(Start!H142=\"\",\"\",Start!H142)","v":54720},1,{"$f":"IF(I142=\"\",\"\",LOOKUP(I142,{1,\"01\";2,\"02\";3,\"03\";4,\"04\";5,\"05\";6,\"06\";7,\"07\";8,\"08\";9,\"09\";10,\"10\";11,\"11\";12,\"12\";13,\"13\";14,\"14\";15,\"15\"}))","v":"01"},"01. Superior Construction Company",700,723,{"$f":"IF(B142=\"\",\"\",VLOOKUP(M142,Sections!$A$2:$D$200,3,FALSE))","v":"Structures"},{"$f":"IF(B142=\"\",\"\",VLOOKUP(M142,Sections!$A$2:$D$200,4,FALSE))","v":"Reinforced Concrete Three Sided Structures"}]
[{"$f":"IF(Start!A143=\"\",\"\",Start!A143)","v":""},{"$f":"IF(Start!B143=\"\",\"\",Start!B143)","v":"727-90308"},{"$f":"IF(Start!C143=\"\",\"\",Start!C143)","v":"EPOXY INJECTION, CRACK PREPARATION"},{"$f":"IF(Start!D143=\"\",\"\",Start!D143)","v":119},{"$f":"IF(Start!E143=\"\",\"\",Start!E143)","v":0},{"$f":"IF(Start!F143=\"\",\"\",Start!F143)","v":"L.F."},{"$f":"IF(Start!G143=\"\",\"\",Start!G143)","v":40.369999999999997},{"$f":"IF(Start!H143=\"\",\"\",Start!H143)","v":4804.03},1,{"$f":"IF(I143=\"\",\"\",LOOKUP(I143,{1,\"01\";2,\"02\";3,\"03\";4,\"04\";5,\"05\";6,\"06\";7,\"07\";8,\"08\";9,\"09\";10,\"10\";11,\"11\";12,\"12\";13,\"13\";14,\"14\";15,\"15\"}))","v":"01"},"01. Superior Construction Company",700,727,{"$f":"IF(B143=\"\",\"\",VLOOKUP(M143,Sections!$A$2:$D$200,3,FALSE))","v":"Structures"},{"$f":"IF(B143=\"\",\"\",VLOOKUP(M143,Sections!$A$2:$D$200,4,FALSE))","v":"Structural Concrete Repair By Epoxy Injection"}]
[{"$f":"IF(Start!A144=\"\",\"\",Start!A144)","v":""},{"$f":"IF(Start!B144=\"\",\"\",Start!B144)","v":"727-90309"},{"$f":"IF(Start!C144=\"\",\"\",Start!C144)","v":"EPOXY INJECTION, EPOXY MATERIAL"},{"$f":"IF(Start!D144=\"\",\"\",Start!D144)","v":15},{"$f":"IF(Start!E144=\"\",\"\",Start!E144)","v":0},{"$f":"IF(Start!F144=\"\",\"\",Start!F144)","v":"GAL"},{"$f":"IF(Start!G144=\"\",\"\",Start!G144)","v":54},{"$f":"IF(Start!H144=\"\",\"\",Start!H144)","v":810},1,{"$f":"IF(I144=\"\",\"\",LOOKUP(I144,{1,\"01\";2,\"02\";3,\"03\";4,\"04\";5,\"05\";6,\"06\";7,\"07\";8,\"08\";9,\"09\";10,\"10\";11,\"11\";12,\"12\";13,\"13\";14,\"14\";15,\"15\"}))","v":"01"},"01. Superior Construction Company",700,727,{"$f":"IF(B144=\"\",\"\",VLOOKUP(M144,Sections!$A$2:$D$200,3,FALSE))","v":"Structures"},{"$f":"IF(B144=\"\",\"\",VLOOKUP(M144,Sections!$A$2:$D$200,4,FALSE))","v":"Structural Concrete Repair By Epoxy Injection"}]
[{"$f":"IF(Start!A145=\"\",\"\",Start!A145)","v":""},{"$f":"IF(Start!B145=\"\",\"\",Start!B145)","v":"727-93560"},{"$f":"IF(Start!C145=\"\",\"\",Start!C145)","v":"EPOXY INJECTION, FURNISHING EQUIPMENT"},{"$f":"IF(Start!D145=\"\",\"\",Start!D145)","v":1},{"$f":"IF(Start!E145=\"\",\"\",Start!E145)","v":0},{"$f":"IF(Start!F145=\"\",\"\",Start!F145)","v":"L.S."},{"$f":"IF(Start!G145=\"\",\"\",Start!G145)","v":200},{"$f":"IF(Start!H145=\"\",\"\",Start!H145)","v":200},1,{"$f":"IF(I145=\"\",\"\",LOOKUP(I145,{1,\"01\";2,\"02\";3,\"03\";4,\"04\";5,\"05\";6,\"06\";7,\"07\";8,\"08\";9,\"09\";10,\"10\";11,\"11\";12,\"12\";13,\"13\";14,\"14\";15,\"15\"}))","v":"01"},"01. Superior Construction Company",700,727,{"$f":"IF(B145=\"\",\"\",VLOOKUP(M145,Sections!$A$2:$D$200,3,FALSE))","v":"Structures"},{"$f":"IF(B145=\"\",\"\",VLOOKUP(M145,Sections!$A$2:$D$200,4,FALSE))","v":"Structural Concrete Repair By Epoxy Injection"}]
[{"$f":"IF(Start!A146=\"\",\"\",Start!A146)","v":""},{"$f":"IF(Start!B146=\"\",\"\",Start!B146)","v":"801-02595"},{"$f":"IF(Start!C146=\"\",\"\",Start!C146)","v":"CONTROLLER, RESET TIMING"},{"$f":"IF(Start!D146=\"\",\"\",Start!D146)","v":3},{"$f":"IF(Start!E146=\"\",\"\",Start!E146)","v":0},{"$f":"IF(Start!F146=\"\",\"\",Start!F146)","v":"EACH"},{"$f":"IF(Start!G146=\"\",\"\",Start!G146)","v":155},{"$f":"IF(Start!H146=\"\",\"\",Start!H146)","v":465},1,{"$f":"IF(I146=\"\",\"\",LOOKUP(I146,{1,\"01\";2,\"02\";3,\"03\";4,\"04\";5,\"05\";6,\"06\";7,\"07\";8,\"08\";9,\"09\";10,\"10\";11,\"11\";12,\"12\";13,\"13\";14,\"14\";15,\"15\"}))","v":"01"},"01. Superior Construction Company",800,801,{"$f":"IF(B146=\"\",\"\",VLOOKUP(M146,Sections!$A$2:$D$200,3,FALSE))","v":"Traffic Control Devices And Lighting"},{"$f":"IF(B146=\"\",\"\",VLOOKUP(M146,Sections!$A$2:$D$200,4,FALSE))","v":"Traffic Controls For Construction And Maintenance Operations"}]
[{"$f":"IF(Start!A147=\"\",\"\",Start!A147)","v":""},{"$f":"IF(Start!B147=\"\",\"\",Start!B147)","v":"801-03290"},{"$f":"IF(Start!C147=\"\",\"\",Start!C147)","v":"CONSTRUCTION SIGN, C"},{"$f":"IF(Start!D147=\"\",\"\",Start!D147)","v":12},{"$f":"IF(Start!E147=\"\",\"\",Start!E147)","v":0},{"$f":"IF(Start!F147=\"\",\"\",Start!F147)","v":"EACH"},{"$f":"IF(Start!G147=\"\",\"\",Start!G147)","v":140},{"$f":"IF(Start!H147=\"\",\"\",Start!H147)","v":1680},1,{"$f":"IF(I147=\"\",\"\",LOOKUP(I147,{1,\"01\";2,\"02\";3,\"03\";4,\"04\";5,\"05\";6,\"06\";7,\"07\";8,\"08\";9,\"09\";10,\"10\";11,\"11\";12,\"12\";13,\"13\";14,\"14\";15,\"15\"}))","v":"01"},"01. Superior Construction Company",800,801,{"$f":"IF(B147=\"\",\"\",VLOOKUP(M147,Sections!$A$2:$D$200,3,FALSE))","v":"Traffic Control Devices And Lighting"},{"$f":"IF(B147=\"\",\"\",VLOOKUP(M147,Sections!$A$2:$D$200,4,FALSE))","v":"Traffic Controls For Construction And Maintenance Operations"}]
[{"$f":"IF(Start!A148=\"\",\"\",Start!A148)","v":""},{"$f":"IF(Start!B148=\"\",\"\",Start!B148)","v":"801-04308"},{"$f":"IF(Start!C148=\"\",\"\",Start!C148)","v":"ROAD CLOSURE SIGN ASSEMBLY"},{"$f":"IF(Start!D148=\"\",\"\",Start!D148)","v":20},{"$f":"IF(Start!E148=\"\",\"\",Start!E148)","v":0},{"$f":"IF(Start!F148=\"\",\"\",Start!F148)","v":"EACH"},{"$f":"IF(Start!G148=\"\",\"\",Start!G148)","v":345},{"$f":"IF(Start!H148=\"\",\"\",Start!H148)","v":6900},1,{"$f":"IF(I148=\"\",\"\",LOOKUP(I148,{1,\"01\";2,\"02\";3,\"03\";4,\"04\";5,\"05\";6,\"06\";7,\"07\";8,\"08\";9,\"09\";10,\"10\";11,\"11\";12,\"12\";13,\"13\";14,\"14\";15,\"15\"}))","v":"01"},"01. Superior Construction Company",800,801,{"$f":"IF(B148=\"\",\"\",VLOOKUP(M148,Sections!$A$2:$D$200,3,FALSE))","v":"Traffic Control Devices And Lighting"},{"$f":"IF(B148=\"\",\"\",VLOOKUP(M148,Sections!$A$2:$D$200,4,FALSE))","v":"Traffic Controls For Construction And Maintenance Operations"}]
[{"$f":"IF(Start!A149=\"\",\"\",Start!A149)","v":""},{"$f":"IF(Start!B149=\"\",\"\",Start!B149)","v":"801-06201"},{"$f":"IF(Start!C149=\"\",\"\",Start!C149)","v":"TEMPORARY PANEL SIGNS"},{"$f":"IF(Start!D149=\"\",\"\",Start!D149)","v":22.5},{"$f":"IF(Start!E149=\"\",\"\",Start!E149)","v":0},{"$f":"IF(Start!F149=\"\",\"\",Start!F149)","v":"S.Y."},{"$f":"IF(Start!G149=\"\",\"\",Start!G149)","v":22},{"$f":"IF(Start!H149=\"\",\"\",Start!H149)","v":495},1,{"$f":"IF(I149=\"\",\"\",LOOKUP(I149,{1,\"01\";2,\"02\";3,\"03\";4,\"04\";5,\"05\";6,\"06\";7,\"07\";8,\"08\";9,\"09\";10,\"10\";11,\"11\";12,\"12\";13,\"13\";14,\"14\";15,\"15\"}))","v":"01"},"01. Superior Construction Company",800,801,{"$f":"IF(B149=\"\",\"\",VLOOKUP(M149,Sections!$A$2:$D$200,3,FALSE))","v":"Traffic Control Devices And Lighting"},{"$f":"IF(B149=\"\",\"\",VLOOKUP(M149,Sections!$A$2:$D$200,4,FALSE))","v":"Traffic Controls For Construction And Maintenance Operations"}]
[{"$f":"IF(Start!A150=\"\",\"\",Start!A150)","v":""},{"$f":"IF(Start!B150=\"\",\"\",Start!B150)","v":"801-06202"},{"$f":"IF(Start!C150=\"\",\"\",Start!C150)","v":"TEMPORARY PANEL SIGN SUPPORTS"},{"$f":"IF(Start!D150=\"\",\"\",Start!D150)","v":56},{"$f":"IF(Start!E150=\"\",\"\",Start!E150)","v":0},{"$f":"IF(Start!F150=\"\",\"\",Start!F150)","v":"L.F."},{"$f":"IF(Start!G150=\"\",\"\",Start!G150)","v":20},{"$f":"IF(Start!H150=\"\",\"\",Start!H150)","v":1120},1,{"$f":"IF(I150=\"\",\"\",LOOKUP(I150,{1,\"01\";2,\"02\";3,\"03\";4,\"04\";5,\"05\";6,\"06\";7,\"07\";8,\"08\";9,\"09\";10,\"10\";11,\"11\";12,\"12\";13,\"13\";14,\"14\";15,\"15\"}))","v":"01"},"01. Superior Construction Company",800,801,{"$f":"IF(B150=\"\",\"\",VLOOKUP(M150,Sections!$A$2:$D$200,3,FALSE))","v":"Traffic Control Devices And Lighting"},{"$f":"IF(B150=\"\",\"\",VLOOKUP(M150,Sections!$A$2:$D$200,4,FALSE))","v":"Traffic Controls For Construction And Maintenance Operations"}]
[{"$f":"IF(Start!A151=\"\",\"\",Start!A151)","v":""},{"$f":"IF(Start!B151=\"\",\"\",Start!B151)","v":"801-06203"},{"$f":"IF(Start!C151=\"\",\"\",Start!C151)","v":"TEMPORARY PAVEMENT MARKING, 4 IN."},{"$f":"IF(Start!D151=\"\",\"\",Start!D151)","v":35000},{"$f":"IF(Start!E151=\"\",\"\",Start!E151)","v":0},{"$f":"IF(Start!F151=\"\",\"\",Start!F151)","v":"L.F."},{"$f":"IF(Start!G151=\"\",\"\",Start!G151)","v":0.17},{"$f":"IF(Start!H151=\"\",\"\",Start!H151)","v":5950},1,{"$f":"IF(I151=\"\",\"\",LOOKUP(I151,{1,\"01\";2,\"02\";3,\"03\";4,\"04\";5,\"05\";6,\"06\";7,\"07\";8,\"08\";9,\"09\";10,\"10\";11,\"11\";12,\"12\";13,\"13\";14,\"14\";15,\"15\"}))","v":"01"},"01. Superior Construction Company",800,801,{"$f":"IF(B151=\"\",\"\",VLOOKUP(M151,Sections!$A$2:$D$200,3,FALSE))","v":"Traffic Control Devices And Lighting"},{"$f":"IF(B151=\"\",\"\",VLOOKUP(M151,Sections!$A$2:$D$200,4,FALSE))","v":"Traffic Controls For Construction And Maintenance Operations"}]
[{"$f":"IF(Start!A152=\"\",\"\",Start!A152)","v":""},{"$f":"IF(Start!B152=\"\",\"\",Start!B152)","v":"801-06207"},{"$f":"IF(Start!C152=\"\",\"\",Start!C152)","v":"TEMPORARY PAVEMENT MARKING, REMOVABLE, 4 IN."},{"$f":"IF(Start!D152=\"\",\"\",Start!D152)","v":64300},{"$f":"IF(Start!E152=\"\",\"\",Start!E152)","v":0},{"$f":"IF(Start!F152=\"\",\"\",Start!F152)","v":"L.F."},{"$f":"IF(Start!G152=\"\",\"\",Start!G152)","v":0.88},{"$f":"IF(Start!H152=\"\",\"\",Start!H152)","v":56584},1,{"$f":"IF(I152=\"\",\"\",LOOKUP(I152,{1,\"01\";2,\"02\";3,\"03\";4,\"04\";5,\"05\";6,\"06\";7,\"07\";8,\"08\";9,\"09\";10,\"10\";11,\"11\";12,\"12\";13,\"13\";14,\"14\";15,\"15\"}))","v":"01"},"01. Superior Construction Company",800,801,{"$f":"IF(B152=\"\",\"\",VLOOKUP(M152,Sections!$A$2:$D$200,3,FALSE))","v":"Traffic Control Devices And Lighting"},{"$f":"IF(B152=\"\",\"\",VLOOKUP(M152,Sections!$A$2:$D$200,4,FALSE))","v":"Traffic Controls For Construction And Maintenance Operations"}]
[{"$f":"IF(Start!A153=\"\",\"\",Start!A153)","v":""},{"$f":"IF(Start!B153=\"\",\"\",Start!B153)","v":"801-06211"},{"$f":"IF(Start!C153=\"\",\"\",Start!C153)","v":"TEMPORARY PAVEMENT MESSAGE MARKING, REMOVABLE"},{"$f":"IF(Start!D153=\"\",\"\",Start!D153)","v":13},{"$f":"IF(Start!E153=\"\",\"\",Start!E153)","v":0},{"$f":"IF(Start!F153=\"\",\"\",Start!F153)","v":"EACH"},{"$f":"IF(Start!G153=\"\",\"\",Start!G153)","v":95},{"$f":"IF(Start!H153=\"\",\"\",Start!H153)","v":1235},1,{"$f":"IF(I153=\"\",\"\",LOOKUP(I153,{1,\"01\";2,\"02\";3,\"03\";4,\"04\";5,\"05\";6,\"06\";7,\"07\";8,\"08\";9,\"09\";10,\"10\";11,\"11\";12,\"12\";13,\"13\";14,\"14\";15,\"15\"}))","v":"01"},"01. Superior Construction Company",800,801,{"$f":"IF(B153=\"\",\"\",VLOOKUP(M153,Sections!$A$2:$D$200,3,FALSE))","v":"Traffic Control Devices And Lighting"},{"$f":"IF(B153=\"\",\"\",VLOOKUP(M153,Sections!$A$2:$D$200,4,FALSE))","v":"Traffic Controls For Construction And Maintenance Operations"}]
[{"$f":"IF(Start!A154=\"\",\"\",Start!A154)","v":""},{"$f":"IF(Start!B154=\"\",\"\",Start!B154)","v":"801-06218"},{"$f":"IF(Start!C154=\"\",\"\",Start!C154)","v":"TEMPORARY TRANSVERSE PAVEMENT MARKING, REMOVA"},{"$f":"IF(Start!D154=\"\",\"\",Start!D154)","v":377},{"$f":"IF(Start!E154=\"\",\"\",Start!E154)","v":0},{"$f":"IF(Start!F154=\"\",\"\",Start!F154)","v":"L.F."},{"$f":"IF(Start!G154=\"\",\"\",Start!G154)","v":5},{"$f":"IF(Start!H154=\"\",\"\",Start!H154)","v":1885},1,{"$f":"IF(I154=\"\",\"\",LOOKUP(I154,{1,\"01\";2,\"02\";3,\"03\";4,\"04\";5,\"05\";6,\"06\";7,\"07\";8,\"08\";9,\"09\";10,\"10\";11,\"11\";12,\"12\";13,\"13\";14,\"14\";15,\"15\"}))","v":"01"},"01. Superior Construction Company",800,801,{"$f":"IF(B154=\"\",\"\",VLOOKUP(M154,Sections!$A$2:$D$200,3,FALSE))","v":"Traffic Control Devices And Lighting"},{"$f":"IF(B154=\"\",\"\",VLOOKUP(M154,Sections!$A$2:$D$200,4,FALSE))","v":"Traffic Controls For Construction And Maintenance Operations"}]
[{"$f":"IF(Start!A155=\"\",\"\",Start!A155)","v":""},{"$f":"IF(Start!B155=\"\",\"\",Start!B155)","v":"801-06640"},{"$f":"IF(Start!C155=\"\",\"\",Start!C155)","v":"CONSTRUCTION SIGN, A"},{"$f":"IF(Start!D155=\"\",\"\",Start!D155)","v":37},{"$f":"IF(Start!E155=\"\",\"\",Start!E155)","v":0},{"$f":"IF(Start!F155=\"\",\"\",Start!F155)","v":"EACH"},{"$f":"IF(Start!G155=\"\",\"\",Start!G155)","v":130},{"$f":"IF(Start!H155=\"\",\"\",Start!H155)","v":4810},1,{"$f":"IF(I155=\"\",\"\",LOOKUP(I155,{1,\"01\";2,\"02\";3,\"03\";4,\"04\";5,\"05\";6,\"06\";7,\"07\";8,\"08\";9,\"09\";10,\"10\";11,\"11\";12,\"12\";13,\"13\";14,\"14\";15,\"15\"}))","v":"01"},"01. Superior Construction Company",800,801,{"$f":"IF(B155=\"\",\"\",VLOOKUP(M155,Sections!$A$2:$D$200,3,FALSE))","v":"Traffic Control Devices And Lighting"},{"$f":"IF(B155=\"\",\"\",VLOOKUP(M155,Sections!$A$2:$D$200,4,FALSE))","v":"Traffic Controls For Construction And Maintenance Operations"}]
[{"$f":"IF(Start!A156=\"\",\"\",Start!A156)","v":""},{"$f":"IF(Start!B156=\"\",\"\",Start!B156)","v":"801-06645"},{"$f":"IF(Start!C156=\"\",\"\",Start!C156)","v":"CONSTRUCTION SIGN, B"},{"$f":"IF(Start!D156=\"\",\"\",Start!D156)","v":5},{"$f":"IF(Start!E156=\"\",\"\",Start!E156)","v":0},{"$f":"IF(Start!F156=\"\",\"\",Start!F156)","v":"EACH"},{"$f":"IF(Start!G156=\"\",\"\",Start!G156)","v":48},{"$f":"IF(Start!H156=\"\",\"\",Start!H156)","v":240},1,{"$f":"IF(I156=\"\",\"\",LOOKUP(I156,{1,\"01\";2,\"02\";3,\"03\";4,\"04\";5,\"05\";6,\"06\";7,\"07\";8,\"08\";9,\"09\";10,\"10\";11,\"11\";12,\"12\";13,\"13\";14,\"14\";15,\"15\"}))","v":"01"},"01. Superior Construction Company",800,801,{"$f":"IF(B156=\"\",\"\",VLOOKUP(M156,Sections!$A$2:$D$200,3,FALSE))","v":"Traffic Control Devices And Lighting"},{"$f":"IF(B156=\"\",\"\",VLOOKUP(M156,Sections!$A$2:$D$200,4,FALSE))","v":"Traffic Controls For Construction And Maintenance Operations"}]
[{"$f":"IF(Start!A157=\"\",\"\",Start!A157)","v":""},{"$f":"IF(Start!B157=\"\",\"\",Start!B157)","v":"801-06710"},{"$f":"IF(Start!C157=\"\",\"\",Start!C157)","v":"FLASHING ARROW SIGN"},{"$f":"IF(Start!D157=\"\",\"\",Start!D157)","v":30},{"$f":"IF(Start!E157=\"\",\"\",Start!E157)","v":0},{"$f":"IF(Start!F157=\"\",\"\",Start!F157)","v":"DAY"},{"$f":"IF(Start!G157=\"\",\"\",Start!G157)","v":10},{"$f":"IF(Start!H157=\"\",\"\",Start!H157)","v":300},1,{"$f":"IF(I157=\"\",\"\",LOOKUP(I157,{1,\"01\";2,\"02\";3,\"03\";4,\"04\";5,\"05\";6,\"06\";7,\"07\";8,\"08\";9,\"09\";10,\"10\";11,\"11\";12,\"12\";13,\"13\";14,\"14\";15,\"15\"}))","v":"01"},"01. Superior Construction Company",800,801,{"$f":"IF(B157=\"\",\"\",VLOOKUP(M157,Sections!$A$2:$D$200,3,FALSE))","v":"Traffic Control Devices And Lighting"},{"$f":"IF(B157=\"\",\"\",VLOOKUP(M157,Sections!$A$2:$D$200,4,FALSE))","v":"Traffic Controls For Construction And Maintenance Operations"}]
[{"$f":"IF(Start!A158=\"\",\"\",Start!A158)","v":""},{"$f":"IF(Start!B158=\"\",\"\",Start!B158)","v":"801-06775"},{"$f":"IF(Start!C158=\"\",\"\",Start!C158)","v":"MAINTAINING TRAFFIC"},{"$f":"IF(Start!D158=\"\",\"\",Start!D158)","v":1},{"$f":"IF(Start!E158=\"\",\"\",Start!E158)","v":0},{"$f":"IF(Start!F158=\"\",\"\",Start!F158)","v":"L.S."},{"$f":"IF(Start!G158=\"\",\"\",Start!G158)","v":41950},{"$f":"IF(Start!H158=\"\",\"\",Start!H158)","v":41950},1,{"$f":"IF(I158=\"\",\"\",LOOKUP(I158,{1,\"01\";2,\"02\";3,\"03\";4,\"04\";5,\"05\";6,\"06\";7,\"07\";8,\"08\";9,\"09\";10,\"10\";11,\"11\";12,\"12\";13,\"13\";14,\"14\";15,\"15\"}))","v":"01"},"01. Superior Construction Company",800,801,{"$f":"IF(B158=\"\",\"\",VLOOKUP(M158,Sections!$A$2:$D$200,3,FALSE))","v":"Traffic Control Devices And Lighting"},{"$f":"IF(B158=\"\",\"\",VLOOKUP(M158,Sections!$A$2:$D$200,4,FALSE))","v":"Traffic Controls For Construction And Maintenance Operations"}]
[{"$f":"IF(Start!A159=\"\",\"\",Start!A159)","v":""},{"$f":"IF(Start!B159=\"\",\"\",Start!B159)","v":"801-07118"},{"$f":"IF(Start!C159=\"\",\"\",Start!C159)","v":"BARRICADE, III-A"},{"$f":"IF(Start!D159=\"\",\"\",Start!D159)","v":468},{"$f":"IF(Start!E159=\"\",\"\",Start!E159)","v":0},{"$f":"IF(Start!F159=\"\",\"\",Start!F159)","v":"L.F."},{"$f":"IF(Start!G159=\"\",\"\",Start!G159)","v":8.4499999999999993},{"$f":"IF(Start!H159=\"\",\"\",Start!H159)","v":3954.6000000000004},1,{"$f":"IF(I159=\"\",\"\",LOOKUP(I159,{1,\"01\";2,\"02\";3,\"03\";4,\"04\";5,\"05\";6,\"06\";7,\"07\";8,\"08\";9,\"09\";10,\"10\";11,\"11\";12,\"12\";13,\"13\";14,\"14\";15,\"15\"}))","v":"01"},"01. Superior Construction Company",800,801,{"$f":"IF(B159=\"\",\"\",VLOOKUP(M159,Sections!$A$2:$D$200,3,FALSE))","v":"Traffic Control Devices And Lighting"},{"$f":"IF(B159=\"\",\"\",VLOOKUP(M159,Sections!$A$2:$D$200,4,FALSE))","v":"Traffic Controls For Construction And Maintenance Operations"}]
[{"$f":"IF(Start!A160=\"\",\"\",Start!A160)","v":""},{"$f":"IF(Start!B160=\"\",\"\",Start!B160)","v":"801-07119"},{"$f":"IF(Start!C160=\"\",\"\",Start!C160)","v":"BARRICADE, III-B"},{"$f":"IF(Start!D160=\"\",\"\",Start!D160)","v":48},{"$f":"IF(Start!E160=\"\",\"\",Start!E160)","v":0},{"$f":"IF(Start!F160=\"\",\"\",Start!F160)","v":"L.F."},{"$f":"IF(Start!G160=\"\",\"\",Start!G160)","v":9.15},{"$f":"IF(Start!H160=\"\",\"\",Start!H160)","v":439.20000000000005},1,{"$f":"IF(I160=\"\",\"\",LOOKUP(I160,{1,\"01\";2,\"02\";3,\"03\";4,\"04\";5,\"05\";6,\"06\";7,\"07\";8,\"08\";9,\"09\";10,\"10\";11,\"11\";12,\"12\";13,\"13\";14,\"14\";15,\"15\"}))","v":"01"},"01. Superior Construction Company",800,801,{"$f":"IF(B160=\"\",\"\",VLOOKUP(M160,Sections!$A$2:$D$200,3,FALSE))","v":"Traffic Control Devices And Lighting"},{"$f":"IF(B160=\"\",\"\",VLOOKUP(M160,Sections!$A$2:$D$200,4,FALSE))","v":"Traffic Controls For Construction And Maintenance Operations"}]
[{"$f":"IF(Start!A161=\"\",\"\",Start!A161)","v":""},{"$f":"IF(Start!B161=\"\",\"\",Start!B161)","v":"801-08401"},{"$f":"IF(Start!C161=\"\",\"\",Start!C161)","v":"TEMPORARY TRAFFIC BARRIER, TYPE 2"},{"$f":"IF(Start!D161=\"\",\"\",Start!D161)","v":9260},{"$f":"IF(Start!E161=\"\",\"\",Start!E161)","v":0},{"$f":"IF(Start!F161=\"\",\"\",Start!F161)","v":"L.F."},{"$f":"IF(Start!G161=\"\",\"\",Start!G161)","v":18.75},{"$f":"IF(Start!H161=\"\",\"\",Start!H161)","v":173625},1,{"$f":"IF(I161=\"\",\"\",LOOKUP(I161,{1,\"01\";2,\"02\";3,\"03\";4,\"04\";5,\"05\";6,\"06\";7,\"07\";8,\"08\";9,\"09\";10,\"10\";11,\"11\";12,\"12\";13,\"13\";14,\"14\";15,\"15\"}))","v":"01"},"01. Superior Construction Company",800,801,{"$f":"IF(B161=\"\",\"\",VLOOKUP(M161,Sections!$A$2:$D$200,3,FALSE))","v":"Traffic Control Devices And Lighting"},{"$f":"IF(B161=\"\",\"\",VLOOKUP(M161,Sections!$A$2:$D$200,4,FALSE))","v":"Traffic Controls For Construction And Maintenance Operations"}]
[{"$f":"IF(Start!A162=\"\",\"\",Start!A162)","v":""},{"$f":"IF(Start!B162=\"\",\"\",Start!B162)","v":"801-08508"},{"$f":"IF(Start!C162=\"\",\"\",Start!C162)","v":"TEMPORARY TRAFFIC BARRIER, TYPE 2, ANCHORED"},{"$f":"IF(Start!D162=\"\",\"\",Start!D162)","v":252},{"$f":"IF(Start!E162=\"\",\"\",Start!E162)","v":0},{"$f":"IF(Start!F162=\"\",\"\",Start!F162)","v":"L.F."},{"$f":"IF(Start!G162=\"\",\"\",Start!G162)","v":30},{"$f":"IF(Start!H162=\"\",\"\",Start!H162)","v":7560},1,{"$f":"IF(I162=\"\",\"\",LOOKUP(I162,{1,\"01\";2,\"02\";3,\"03\";4,\"04\";5,\"05\";6,\"06\";7,\"07\";8,\"08\";9,\"09\";10,\"10\";11,\"11\";12,\"12\";13,\"13\";14,\"14\";15,\"15\"}))","v":"01"},"01. Superior Construction Company",800,801,{"$f":"IF(B162=\"\",\"\",VLOOKUP(M162,Sections!$A$2:$D$200,3,FALSE))","v":"Traffic Control Devices And Lighting"},{"$f":"IF(B162=\"\",\"\",VLOOKUP(M162,Sections!$A$2:$D$200,4,FALSE))","v":"Traffic Controls For Construction And Maintenance Operations"}]
[{"$f":"IF(Start!A163=\"\",\"\",Start!A163)","v":""},{"$f":"IF(Start!B163=\"\",\"\",Start!B163)","v":"801-94295"},{"$f":"IF(Start!C163=\"\",\"\",Start!C163)","v":"SIGNAL HEAD, RELOCATE"},{"$f":"IF(Start!D163=\"\",\"\",Start!D163)","v":32},{"$f":"IF(Start!E163=\"\",\"\",Start!E163)","v":0},{"$f":"IF(Start!F163=\"\",\"\",Start!F163)","v":"EACH"},{"$f":"IF(Start!G163=\"\",\"\",Start!G163)","v":130},{"$f":"IF(Start!H163=\"\",\"\",Start!H163)","v":4160},1,{"$f":"IF(I163=\"\",\"\",LOOKUP(I163,{1,\"01\";2,\"02\";3,\"03\";4,\"04\";5,\"05\";6,\"06\";7,\"07\";8,\"08\";9,\"09\";10,\"10\";11,\"11\";12,\"12\";13,\"13\";14,\"14\";15,\"15\"}))","v":"01"},"01. Superior Construction Company",800,801,{"$f":"IF(B163=\"\",\"\",VLOOKUP(M163,Sections!$A$2:$D$200,3,FALSE))","v":"Traffic Control Devices And Lighting"},{"$f":"IF(B163=\"\",\"\",VLOOKUP(M163,Sections!$A$2:$D$200,4,FALSE))","v":"Traffic Controls For Construction And Maintenance Operations"}]
[{"$f":"IF(Start!A164=\"\",\"\",Start!A164)","v":""},{"$f":"IF(Start!B164=\"\",\"\",Start!B164)","v":"802-05701"},{"$f":"IF(Start!C164=\"\",\"\",Start!C164)","v":"SIGN POST, SQUARE, 1, REINFORCED ANCHOR"},{"$f":"IF(Start!D164=\"\",\"\",Start!D164)","v":765.5},{"$f":"IF(Start!E164=\"\",\"\",Start!E164)","v":0},{"$f":"IF(Start!F164=\"\",\"\",Start!F164)","v":"L.F."},{"$f":"IF(Start!G164=\"\",\"\",Start!G164)","v":11.3},{"$f":"IF(Start!H164=\"\",\"\",Start!H164)","v":8650.15},1,{"$f":"IF(I164=\"\",\"\",LOOKUP(I164,{1,\"01\";2,\"02\";3,\"03\";4,\"04\";5,\"05\";6,\"06\";7,\"07\";8,\"08\";9,\"09\";10,\"10\";11,\"11\";12,\"12\";13,\"13\";14,\"14\";15,\"15\"}))","v":"01"},"01. Superior Construction Company",800,802,{"$f":"IF(B164=\"\",\"\",VLOOKUP(M164,Sections!$A$2:$D$200,3,FALSE))","v":"Traffic Control Devices And Lighting"},{"$f":"IF(B164=\"\",\"\",VLOOKUP(M164,Sections!$A$2:$D$200,4,FALSE))","v":"Signs"}]
[{"$f":"IF(Start!A165=\"\",\"\",Start!A165)","v":""},{"$f":"IF(Start!B165=\"\",\"\",Start!B165)","v":"802-05702"},{"$f":"IF(Start!C165=\"\",\"\",Start!C165)","v":"SIGN POST SQUARE, 2, REINFORCED ANCHOR BASE"},{"$f":"IF(Start!D165=\"\",\"\",Start!D165)","v":211.25},{"$f":"IF(Start!E165=\"\",\"\",Start!E165)","v":0},{"$f":"IF(Start!F165=\"\",\"\",Start!F165)","v":"L.F."},{"$f":"IF(Start!G165=\"\",\"\",Start!G165)","v":11.65},{"$f":"IF(Start!H165=\"\",\"\",Start!H165)","v":2461.06},1,{"$f":"IF(I165=\"\",\"\",LOOKUP(I165,{1,\"01\";2,\"02\";3,\"03\";4,\"04\";5,\"05\";6,\"06\";7,\"07\";8,\"08\";9,\"09\";10,\"10\";11,\"11\";12,\"12\";13,\"13\";14,\"14\";15,\"15\"}))","v":"01"},"01. Superior Construction Company",800,802,{"$f":"IF(B165=\"\",\"\",VLOOKUP(M165,Sections!$A$2:$D$200,3,FALSE))","v":"Traffic Control Devices And Lighting"},{"$f":"IF(B165=\"\",\"\",VLOOKUP(M165,Sections!$A$2:$D$200,4,FALSE))","v":"Signs"}]
[{"$f":"IF(Start!A166=\"\",\"\",Start!A166)","v":""},{"$f":"IF(Start!B166=\"\",\"\",Start!B166)","v":"802-07057"},{"$f":"IF(Start!C166=\"\",\"\",Start!C166)","v":"SIGN, PANEL, WITH LEGEND"},{"$f":"IF(Start!D166=\"\",\"\",Start!D166)","v":899},{"$f":"IF(Start!E166=\"\",\"\",Start!E166)","v":0},{"$f":"IF(Start!F166=\"\",\"\",Start!F166)","v":"S.F."},{"$f":"IF(Start!G166=\"\",\"\",Start!G166)","v":20},{"$f":"IF(Start!H166=\"\",\"\",Start!H166)","v":17980},1,{"$f":"IF(I166=\"\",\"\",LOOKUP(I166,{1,\"01\";2,\"02\";3,\"03\";4,\"04\";5,\"05\";6,\"06\";7,\"07\";8,\"08\";9,\"09\";10,\"10\";11,\"11\";12,\"12\";13,\"13\";14,\"14\";15,\"15\"}))","v":"01"},"01. Superior Construction Company",800,802,{"$f":"IF(B166=\"\",\"\",VLOOKUP(M166,Sections!$A$2:$D$200,3,FALSE))","v":"Traffic Control Devices And Lighting"},{"$f":"IF(B166=\"\",\"\",VLOOKUP(M166,Sections!$A$2:$D$200,4,FALSE))","v":"Signs"}]
[{"$f":"IF(Start!A167=\"\",\"\",Start!A167)","v":""},{"$f":"IF(Start!B167=\"\",\"\",Start!B167)","v":"802-07151"},{"$f":"IF(Start!C167=\"\",\"\",Start!C167)","v":"WIDE FLANGE SIGN POST SUPPORT FOUNDATION, VII"},{"$f":"IF(Start!D167=\"\",\"\",Start!D167)","v":10},{"$f":"IF(Start!E167=\"\",\"\",Start!E167)","v":0},{"$f":"IF(Start!F167=\"\",\"\",Start!F167)","v":"EACH"},{"$f":"IF(Start!G167=\"\",\"\",Start!G167)","v":375},{"$f":"IF(Start!H167=\"\",\"\",Start!H167)","v":3750},1,{"$f":"IF(I167=\"\",\"\",LOOKUP(I167,{1,\"01\";2,\"02\";3,\"03\";4,\"04\";5,\"05\";6,\"06\";7,\"07\";8,\"08\";9,\"09\";10,\"10\";11,\"11\";12,\"12\";13,\"13\";14,\"14\";15,\"15\"}))","v":"01"},"01. Superior Construction Company",800,802,{"$f":"IF(B167=\"\",\"\",VLOOKUP(M167,Sections!$A$2:$D$200,3,FALSE))","v":"Traffic Control Devices And Lighting"},{"$f":"IF(B167=\"\",\"\",VLOOKUP(M167,Sections!$A$2:$D$200,4,FALSE))","v":"Signs"}]
[{"$f":"IF(Start!A168=\"\",\"\",Start!A168)","v":""},{"$f":"IF(Start!B168=\"\",\"\",Start!B168)","v":"802-08456"},{"$f":"IF(Start!C168=\"\",\"\",Start!C168)","v":"WIDE FLANGE SIGN POST SUPPORT FOUNDATION, VII"},{"$f":"IF(Start!D168=\"\",\"\",Start!D168)","v":12},{"$f":"IF(Start!E168=\"\",\"\",Start!E168)","v":0},{"$f":"IF(Start!F168=\"\",\"\",Start!F168)","v":"EACH"},{"$f":"IF(Start!G168=\"\",\"\",Start!G168)","v":385},{"$f":"IF(Start!H168=\"\",\"\",Start!H168)","v":4620},1,{"$f":"IF(I168=\"\",\"\",LOOKUP(I168,{1,\"01\";2,\"02\";3,\"03\";4,\"04\";5,\"05\";6,\"06\";7,\"07\";8,\"08\";9,\"09\";10,\"10\";11,\"11\";12,\"12\";13,\"13\";14,\"14\";15,\"15\"}))","v":"01"},"01. Superior Construction Company",800,802,{"$f":"IF(B168=\"\",\"\",VLOOKUP(M168,Sections!$A$2:$D$200,3,FALSE))","v":"Traffic Control Devices And Lighting"},{"$f":"IF(B168=\"\",\"\",VLOOKUP(M168,Sections!$A$2:$D$200,4,FALSE))","v":"Signs"}]
[{"$f":"IF(Start!A169=\"\",\"\",Start!A169)","v":""},{"$f":"IF(Start!B169=\"\",\"\",Start!B169)","v":"802-09578"},{"$f":"IF(Start!C169=\"\",\"\",Start!C169)","v":"OVERHEAD SIGN STRUCTURE, CANTILEVER,"},{"$f":"IF(Start!D169=\"\",\"\",Start!D169)","v":2},{"$f":"IF(Start!E169=\"\",\"\",Start!E169)","v":0},{"$f":"IF(Start!F169=\"\",\"\",Start!F169)","v":"EACH"},{"$f":"IF(Start!G169=\"\",\"\",Start!G169)","v":34500},{"$f":"IF(Start!H169=\"\",\"\",Start!H169)","v":69000},1,{"$f":"IF(I169=\"\",\"\",LOOKUP(I169,{1,\"01\";2,\"02\";3,\"03\";4,\"04\";5,\"05\";6,\"06\";7,\"07\";8,\"08\";9,\"09\";10,\"10\";11,\"11\";12,\"12\";13,\"13\";14,\"14\";15,\"15\"}))","v":"01"},"01. Superior Construction Company",800,802,{"$f":"IF(B169=\"\",\"\",VLOOKUP(M169,Sections!$A$2:$D$200,3,FALSE))","v":"Traffic Control Devices And Lighting"},{"$f":"IF(B169=\"\",\"\",VLOOKUP(M169,Sections!$A$2:$D$200,4,FALSE))","v":"Signs"}]
[{"$f":"IF(Start!A170=\"\",\"\",Start!A170)","v":""},{"$f":"IF(Start!B170=\"\",\"\",Start!B170)","v":"802-09581"},{"$f":"IF(Start!C170=\"\",\"\",Start!C170)","v":"CANTILEVER SIGN SUPPORT FOUNDATION,"},{"$f":"IF(Start!D170=\"\",\"\",Start!D170)","v":2},{"$f":"IF(Start!E170=\"\",\"\",Start!E170)","v":0},{"$f":"IF(Start!F170=\"\",\"\",Start!F170)","v":"EACH"},{"$f":"IF(Start!G170=\"\",\"\",Start!G170)","v":7800},{"$f":"IF(Start!H170=\"\",\"\",Start!H170)","v":15600},1,{"$f":"IF(I170=\"\",\"\",LOOKUP(I170,{1,\"01\";2,\"02\";3,\"03\";4,\"04\";5,\"05\";6,\"06\";7,\"07\";8,\"08\";9,\"09\";10,\"10\";11,\"11\";12,\"12\";13,\"13\";14,\"14\";15,\"15\"}))","v":"01"},"01. Superior Construction Company",800,802,{"$f":"IF(B170=\"\",\"\",VLOOKUP(M170,Sections!$A$2:$D$200,3,FALSE))","v":"Traffic Control Devices And Lighting"},{"$f":"IF(B170=\"\",\"\",VLOOKUP(M170,Sections!$A$2:$D$200,4,FALSE))","v":"Signs"}]
[{"$f":"IF(Start!A171=\"\",\"\",Start!A171)","v":""},{"$f":"IF(Start!B171=\"\",\"\",Start!B171)","v":"802-09838"},{"$f":"IF(Start!C171=\"\",\"\",Start!C171)","v":"SIGN, SHEET, WITH LEGEND 0.08 IN."},{"$f":"IF(Start!D171=\"\",\"\",Start!D171)","v":504.78000000000003},{"$f":"IF(Start!E171=\"\",\"\",Start!E171)","v":0},{"$f":"IF(Start!F171=\"\",\"\",Start!F171)","v":"S.F."},{"$f":"IF(Start!G171=\"\",\"\",Start!G171)","v":15},{"$f":"IF(Start!H171=\"\",\"\",Start!H171)","v":7571.7000000000007},1,{"$f":"IF(I171=\"\",\"\",LOOKUP(I171,{1,\"01\";2,\"02\";3,\"03\";4,\"04\";5,\"05\";6,\"06\";7,\"07\";8,\"08\";9,\"09\";10,\"10\";11,\"11\";12,\"12\";13,\"13\";14,\"14\";15,\"15\"}))","v":"01"},"01. Superior Construction Company",800,802,{"$f":"IF(B171=\"\",\"\",VLOOKUP(M171,Sections!$A$2:$D$200,3,FALSE))","v":"Traffic Control Devices And Lighting"},{"$f":"IF(B171=\"\",\"\",VLOOKUP(M171,Sections!$A$2:$D$200,4,FALSE))","v":"Signs"}]
[{"$f":"IF(Start!A172=\"\",\"\",Start!A172)","v":""},{"$f":"IF(Start!B172=\"\",\"\",Start!B172)","v":"802-09840"},{"$f":"IF(Start!C172=\"\",\"\",Start!C172)","v":"SIGN, SHEET, WITH LEGEND 0.100 IN"},{"$f":"IF(Start!D172=\"\",\"\",Start!D172)","v":104.10000000000001},{"$f":"IF(Start!E172=\"\",\"\",Start!E172)","v":0},{"$f":"IF(Start!F172=\"\",\"\",Start!F172)","v":"S.F."},{"$f":"IF(Start!G172=\"\",\"\",Start!G172)","v":18},{"$f":"IF(Start!H172=\"\",\"\",Start!H172)","v":1873.8000000000002},1,{"$f":"IF(I172=\"\",\"\",LOOKUP(I172,{1,\"01\";2,\"02\";3,\"03\";4,\"04\";5,\"05\";6,\"06\";7,\"07\";8,\"08\";9,\"09\";10,\"10\";11,\"11\";12,\"12\";13,\"13\";14,\"14\";15,\"15\"}))","v":"01"},"01. Superior Construction Company",800,802,{"$f":"IF(B172=\"\",\"\",VLOOKUP(M172,Sections!$A$2:$D$200,3,FALSE))","v":"Traffic Control Devices And Lighting"},{"$f":"IF(B172=\"\",\"\",VLOOKUP(M172,Sections!$A$2:$D$200,4,FALSE))","v":"Signs"}]
[{"$f":"IF(Start!A173=\"\",\"\",Start!A173)","v":""},{"$f":"IF(Start!B173=\"\",\"\",Start!B173)","v":"802-09842"},{"$f":"IF(Start!C173=\"\",\"\",Start!C173)","v":"SIGN, SHEET,  WITH LEGEND 0.125 IN"},{"$f":"IF(Start!D173=\"\",\"\",Start!D173)","v":78},{"$f":"IF(Start!E173=\"\",\"\",Start!E173)","v":0},{"$f":"IF(Start!F173=\"\",\"\",Start!F173)","v":"S.F."},{"$f":"IF(Start!G173=\"\",\"\",Start!G173)","v":18},{"$f":"IF(Start!H173=\"\",\"\",Start!H173)","v":1404},1,{"$f":"IF(I173=\"\",\"\",LOOKUP(I173,{1,\"01\";2,\"02\";3,\"03\";4,\"04\";5,\"05\";6,\"06\";7,\"07\";8,\"08\";9,\"09\";10,\"10\";11,\"11\";12,\"12\";13,\"13\";14,\"14\";15,\"15\"}))","v":"01"},"01. Superior Construction Company",800,802,{"$f":"IF(B173=\"\",\"\",VLOOKUP(M173,Sections!$A$2:$D$200,3,FALSE))","v":"Traffic Control Devices And Lighting"},{"$f":"IF(B173=\"\",\"\",VLOOKUP(M173,Sections!$A$2:$D$200,4,FALSE))","v":"Signs"}]
[{"$f":"IF(Start!A174=\"\",\"\",Start!A174)","v":""},{"$f":"IF(Start!B174=\"\",\"\",Start!B174)","v":"802-74040"},{"$f":"IF(Start!C174=\"\",\"\",Start!C174)","v":"SIGN AND SUPPORTS, WIDE FLANGE, REMOVE"},{"$f":"IF(Start!D174=\"\",\"\",Start!D174)","v":6},{"$f":"IF(Start!E174=\"\",\"\",Start!E174)","v":0},{"$f":"IF(Start!F174=\"\",\"\",Start!F174)","v":"EACH"},{"$f":"IF(Start!G174=\"\",\"\",Start!G174)","v":175},{"$f":"IF(Start!H174=\"\",\"\",Start!H174)","v":1050},1,{"$f":"IF(I174=\"\",\"\",LOOKUP(I174,{1,\"01\";2,\"02\";3,\"03\";4,\"04\";5,\"05\";6,\"06\";7,\"07\";8,\"08\";9,\"09\";10,\"10\";11,\"11\";12,\"12\";13,\"13\";14,\"14\";15,\"15\"}))","v":"01"},"01. Superior Construction Company",800,802,{"$f":"IF(B174=\"\",\"\",VLOOKUP(M174,Sections!$A$2:$D$200,3,FALSE))","v":"Traffic Control Devices And Lighting"},{"$f":"IF(B174=\"\",\"\",VLOOKUP(M174,Sections!$A$2:$D$200,4,FALSE))","v":"Signs"}]
[{"$f":"IF(Start!A175=\"\",\"\",Start!A175)","v":""},{"$f":"IF(Start!B175=\"\",\"\",Start!B175)","v":"802-76095"},{"$f":"IF(Start!C175=\"\",\"\",Start!C175)","v":"STRUCTURAL STEEL, BREAKAWAY"},{"$f":"IF(Start!D175=\"\",\"\",Start!D175)","v":4874},{"$f":"IF(Start!E175=\"\",\"\",Start!E175)","v":0},{"$f":"IF(Start!F175=\"\",\"\",Start!F175)","v":"LBS"},{"$f":"IF(Start!G175=\"\",\"\",Start!G175)","v":4},{"$f":"IF(Start!H175=\"\",\"\",Start!H175)","v":19496},1,{"$f":"IF(I175=\"\",\"\",LOOKUP(I175,{1,\"01\";2,\"02\";3,\"03\";4,\"04\";5,\"05\";6,\"06\";7,\"07\";8,\"08\";9,\"09\";10,\"10\";11,\"11\";12,\"12\";13,\"13\";14,\"14\";15,\"15\"}))","v":"01"},"01. Superior Construction Company",800,802,{"$f":"IF(B175=\"\",\"\",VLOOKUP(M175,Sections!$A$2:$D$200,3,FALSE))","v":"Traffic Control Devices And Lighting"},{"$f":"IF(B175=\"\",\"\",VLOOKUP(M175,Sections!$A$2:$D$200,4,FALSE))","v":"Signs"}]
[{"$f":"IF(Start!A176=\"\",\"\",Start!A176)","v":""},{"$f":"IF(Start!B176=\"\",\"\",Start!B176)","v":"804-06771"},{"$f":"IF(Start!C176=\"\",\"\",Start!C176)","v":"DELINEATOR POST, FLEXIBLE"},{"$f":"IF(Start!D176=\"\",\"\",Start!D176)","v":50},{"$f":"IF(Start!E176=\"\",\"\",Start!E176)","v":0},{"$f":"IF(Start!F176=\"\",\"\",Start!F176)","v":"EACH"},{"$f":"IF(Start!G176=\"\",\"\",Start!G176)","v":35},{"$f":"IF(Start!H176=\"\",\"\",Start!H176)","v":1750},1,{"$f":"IF(I176=\"\",\"\",LOOKUP(I176,{1,\"01\";2,\"02\";3,\"03\";4,\"04\";5,\"05\";6,\"06\";7,\"07\";8,\"08\";9,\"09\";10,\"10\";11,\"11\";12,\"12\";13,\"13\";14,\"14\";15,\"15\"}))","v":"01"},"01. Superior Construction Company",800,804,{"$f":"IF(B176=\"\",\"\",VLOOKUP(M176,Sections!$A$2:$D$200,3,FALSE))","v":"Traffic Control Devices And Lighting"},{"$f":"IF(B176=\"\",\"\",VLOOKUP(M176,Sections!$A$2:$D$200,4,FALSE))","v":"Delineators"}]
[{"$f":"IF(Start!A177=\"\",\"\",Start!A177)","v":""},{"$f":"IF(Start!B177=\"\",\"\",Start!B177)","v":"805-01300"},{"$f":"IF(Start!C177=\"\",\"\",Start!C177)","v":"TRAFFIC SIGNAL EQUIPMENT, REMOVE"},{"$f":"IF(Start!D177=\"\",\"\",Start!D177)","v":2},{"$f":"IF(Start!E177=\"\",\"\",Start!E177)","v":0},{"$f":"IF(Start!F177=\"\",\"\",Start!F177)","v":"EACH"},{"$f":"IF(Start!G177=\"\",\"\",Start!G177)","v":1800},{"$f":"IF(Start!H177=\"\",\"\",Start!H177)","v":3600},1,{"$f":"IF(I177=\"\",\"\",LOOKUP(I177,{1,\"01\";2,\"02\";3,\"03\";4,\"04\";5,\"05\";6,\"06\";7,\"07\";8,\"08\";9,\"09\";10,\"10\";11,\"11\";12,\"12\";13,\"13\";14,\"14\";15,\"15\"}))","v":"01"},"01. Superior Construction Company",800,805,{"$f":"IF(B177=\"\",\"\",VLOOKUP(M177,Sections!$A$2:$D$200,3,FALSE))","v":"Traffic Control Devices And Lighting"},{"$f":"IF(B177=\"\",\"\",VLOOKUP(M177,Sections!$A$2:$D$200,4,FALSE))","v":"Traffic Signals"}]
[{"$f":"IF(Start!A178=\"\",\"\",Start!A178)","v":""},{"$f":"IF(Start!B178=\"\",\"\",Start!B178)","v":"805-01842"},{"$f":"IF(Start!C178=\"\",\"\",Start!C178)","v":"HANDHOLE, SIGNAL"},{"$f":"IF(Start!D178=\"\",\"\",Start!D178)","v":21},{"$f":"IF(Start!E178=\"\",\"\",Start!E178)","v":0},{"$f":"IF(Start!F178=\"\",\"\",Start!F178)","v":"EACH"},{"$f":"IF(Start!G178=\"\",\"\",Start!G178)","v":700},{"$f":"IF(Start!H178=\"\",\"\",Start!H178)","v":14700},1,{"$f":"IF(I178=\"\",\"\",LOOKUP(I178,{1,\"01\";2,\"02\";3,\"03\";4,\"04\";5,\"05\";6,\"06\";7,\"07\";8,\"08\";9,\"09\";10,\"10\";11,\"11\";12,\"12\";13,\"13\";14,\"14\";15,\"15\"}))","v":"01"},"01. Superior Construction Company",800,805,{"$f":"IF(B178=\"\",\"\",VLOOKUP(M178,Sections!$A$2:$D$200,3,FALSE))","v":"Traffic Control Devices And Lighting"},{"$f":"IF(B178=\"\",\"\",VLOOKUP(M178,Sections!$A$2:$D$200,4,FALSE))","v":"Traffic Signals"}]
[{"$f":"IF(Start!A179=\"\",\"\",Start!A179)","v":""},{"$f":"IF(Start!B179=\"\",\"\",Start!B179)","v":"805-01843"},{"$f":"IF(Start!C179=\"\",\"\",Start!C179)","v":"SIGNAL HANDHOLE ADJUST TO GRADE"},{"$f":"IF(Start!D179=\"\",\"\",Start!D179)","v":4},{"$f":"IF(Start!E179=\"\",\"\",Start!E179)","v":0},{"$f":"IF(Start!F179=\"\",\"\",Start!F179)","v":"EACH"},{"$f":"IF(Start!G179=\"\",\"\",Start!G179)","v":300},{"$f":"IF(Start!H179=\"\",\"\",Start!H179)","v":1200},1,{"$f":"IF(I179=\"\",\"\",LOOKUP(I179,{1,\"01\";2,\"02\";3,\"03\";4,\"04\";5,\"05\";6,\"06\";7,\"07\";8,\"08\";9,\"09\";10,\"10\";11,\"11\";12,\"12\";13,\"13\";14,\"14\";15,\"15\"}))","v":"01"},"01. Superior Construction Company",800,805,{"$f":"IF(B179=\"\",\"\",VLOOKUP(M179,Sections!$A$2:$D$200,3,FALSE))","v":"Traffic Control Devices And Lighting"},{"$f":"IF(B179=\"\",\"\",VLOOKUP(M179,Sections!$A$2:$D$200,4,FALSE))","v":"Traffic Signals"}]
[{"$f":"IF(Start!A180=\"\",\"\",Start!A180)","v":""},{"$f":"IF(Start!B180=\"\",\"\",Start!B180)","v":"805-01844"},{"$f":"IF(Start!C180=\"\",\"\",Start!C180)","v":"GALVANIZED STEEL CONDUIT, 2 IN., UNDERGROUND"},{"$f":"IF(Start!D180=\"\",\"\",Start!D180)","v":4042},{"$f":"IF(Start!E180=\"\",\"\",Start!E180)","v":0},{"$f":"IF(Start!F180=\"\",\"\",Start!F180)","v":"L.F."},{"$f":"IF(Start!G180=\"\",\"\",Start!G180)","v":11},{"$f":"IF(Start!H180=\"\",\"\",Start!H180)","v":44462},1,{"$f":"IF(I180=\"\",\"\",LOOKUP(I180,{1,\"01\";2,\"02\";3,\"03\";4,\"04\";5,\"05\";6,\"06\";7,\"07\";8,\"08\";9,\"09\";10,\"10\";11,\"11\";12,\"12\";13,\"13\";14,\"14\";15,\"15\"}))","v":"01"},"01. Superior Construction Company",800,805,{"$f":"IF(B180=\"\",\"\",VLOOKUP(M180,Sections!$A$2:$D$200,3,FALSE))","v":"Traffic Control Devices And Lighting"},{"$f":"IF(B180=\"\",\"\",VLOOKUP(M180,Sections!$A$2:$D$200,4,FALSE))","v":"Traffic Signals"}]
[{"$f":"IF(Start!A181=\"\",\"\",Start!A181)","v":""},{"$f":"IF(Start!B181=\"\",\"\",Start!B181)","v":"805-02087"},{"$f":"IF(Start!C181=\"\",\"\",Start!C181)","v":"TRANSPORTATION OF SALVAGEABLE SIGNAL EQUIPMEN"},{"$f":"IF(Start!D181=\"\",\"\",Start!D181)","v":1},{"$f":"IF(Start!E181=\"\",\"\",Start!E181)","v":0},{"$f":"IF(Start!F181=\"\",\"\",Start!F181)","v":"L.S."},{"$f":"IF(Start!G181=\"\",\"\",Start!G181)","v":500},{"$f":"IF(Start!H181=\"\",\"\",Start!H181)","v":500},1,{"$f":"IF(I181=\"\",\"\",LOOKUP(I181,{1,\"01\";2,\"02\";3,\"03\";4,\"04\";5,\"05\";6,\"06\";7,\"07\";8,\"08\";9,\"09\";10,\"10\";11,\"11\";12,\"12\";13,\"13\";14,\"14\";15,\"15\"}))","v":"01"},"01. Superior Construction Company",800,805,{"$f":"IF(B181=\"\",\"\",VLOOKUP(M181,Sections!$A$2:$D$200,3,FALSE))","v":"Traffic Control Devices And Lighting"},{"$f":"IF(B181=\"\",\"\",VLOOKUP(M181,Sections!$A$2:$D$200,4,FALSE))","v":"Traffic Signals"}]
[{"$f":"IF(Start!A182=\"\",\"\",Start!A182)","v":""},{"$f":"IF(Start!B182=\"\",\"\",Start!B182)","v":"805-02373"},{"$f":"IF(Start!C182=\"\",\"\",Start!C182)","v":"INTERCONNECT CABLE, FIBER OPTIC"},{"$f":"IF(Start!D182=\"\",\"\",Start!D182)","v":2057},{"$f":"IF(Start!E182=\"\",\"\",Start!E182)","v":0},{"$f":"IF(Start!F182=\"\",\"\",Start!F182)","v":"L.F."},{"$f":"IF(Start!G182=\"\",\"\",Start!G182)","v":2.6},{"$f":"IF(Start!H182=\"\",\"\",Start!H182)","v":5348.2000000000007},1,{"$f":"IF(I182=\"\",\"\",LOOKUP(I182,{1,\"01\";2,\"02\";3,\"03\";4,\"04\";5,\"05\";6,\"06\";7,\"07\";8,\"08\";9,\"09\";10,\"10\";11,\"11\";12,\"12\";13,\"13\";14,\"14\";15,\"15\"}))","v":"01"},"01. Superior Construction Company",800,805,{"$f":"IF(B182=\"\",\"\",VLOOKUP(M182,Sections!$A$2:$D$200,3,FALSE))","v":"Traffic Control Devices And Lighting"},{"$f":"IF(B182=\"\",\"\",VLOOKUP(M182,Sections!$A$2:$D$200,4,FALSE))","v":"Traffic Signals"}]
[{"$f":"IF(Start!A183=\"\",\"\",Start!A183)","v":""},{"$f":"IF(Start!B183=\"\",\"\",Start!B183)","v":"805-09539"},{"$f":"IF(Start!C183=\"\",\"\",Start!C183)","v":"LOOP DETECTOR DELAY COUNTING AMPLIFIER,"},{"$f":"IF(Start!D183=\"\",\"\",Start!D183)","v":2},{"$f":"IF(Start!E183=\"\",\"\",Start!E183)","v":0},{"$f":"IF(Start!F183=\"\",\"\",Start!F183)","v":"EACH"},{"$f":"IF(Start!G183=\"\",\"\",Start!G183)","v":1100},{"$f":"IF(Start!H183=\"\",\"\",Start!H183)","v":2200},1,{"$f":"IF(I183=\"\",\"\",LOOKUP(I183,{1,\"01\";2,\"02\";3,\"03\";4,\"04\";5,\"05\";6,\"06\";7,\"07\";8,\"08\";9,\"09\";10,\"10\";11,\"11\";12,\"12\";13,\"13\";14,\"14\";15,\"15\"}))","v":"01"},"01. Superior Construction Company",800,805,{"$f":"IF(B183=\"\",\"\",VLOOKUP(M183,Sections!$A$2:$D$200,3,FALSE))","v":"Traffic Control Devices And Lighting"},{"$f":"IF(B183=\"\",\"\",VLOOKUP(M183,Sections!$A$2:$D$200,4,FALSE))","v":"Traffic Signals"}]
[{"$f":"IF(Start!A184=\"\",\"\",Start!A184)","v":""},{"$f":"IF(Start!B184=\"\",\"\",Start!B184)","v":"805-78109"},{"$f":"IF(Start!C184=\"\",\"\",Start!C184)","v":"CONTROLLER AND CABINET, SECONDARY, MENU DRIVE"},{"$f":"IF(Start!D184=\"\",\"\",Start!D184)","v":1},{"$f":"IF(Start!E184=\"\",\"\",Start!E184)","v":0},{"$f":"IF(Start!F184=\"\",\"\",Start!F184)","v":"EACH"},{"$f":"IF(Start!G184=\"\",\"\",Start!G184)","v":13900},{"$f":"IF(Start!H184=\"\",\"\",Start!H184)","v":13900},1,{"$f":"IF(I184=\"\",\"\",LOOKUP(I184,{1,\"01\";2,\"02\";3,\"03\";4,\"04\";5,\"05\";6,\"06\";7,\"07\";8,\"08\";9,\"09\";10,\"10\";11,\"11\";12,\"12\";13,\"13\";14,\"14\";15,\"15\"}))","v":"01"},"01. Superior Construction Company",800,805,{"$f":"IF(B184=\"\",\"\",VLOOKUP(M184,Sections!$A$2:$D$200,3,FALSE))","v":"Traffic Control Devices And Lighting"},{"$f":"IF(B184=\"\",\"\",VLOOKUP(M184,Sections!$A$2:$D$200,4,FALSE))","v":"Traffic Signals"}]
[{"$f":"IF(Start!A185=\"\",\"\",Start!A185)","v":""},{"$f":"IF(Start!B185=\"\",\"\",Start!B185)","v":"805-78205"},{"$f":"IF(Start!C185=\"\",\"\",Start!C185)","v":"TRAFFIC SIGNAL HEAD, 3 FACE, 12.20 IN. RED, A"},{"$f":"IF(Start!D185=\"\",\"\",Start!D185)","v":20},{"$f":"IF(Start!E185=\"\",\"\",Start!E185)","v":0},{"$f":"IF(Start!F185=\"\",\"\",Start!F185)","v":"EACH"},{"$f":"IF(Start!G185=\"\",\"\",Start!G185)","v":777},{"$f":"IF(Start!H185=\"\",\"\",Start!H185)","v":15540},1,{"$f":"IF(I185=\"\",\"\",LOOKUP(I185,{1,\"01\";2,\"02\";3,\"03\";4,\"04\";5,\"05\";6,\"06\";7,\"07\";8,\"08\";9,\"09\";10,\"10\";11,\"11\";12,\"12\";13,\"13\";14,\"14\";15,\"15\"}))","v":"01"},"01. Superior Construction Company",800,805,{"$f":"IF(B185=\"\",\"\",VLOOKUP(M185,Sections!$A$2:$D$200,3,FALSE))","v":"Traffic Control Devices And Lighting"},{"$f":"IF(B185=\"\",\"\",VLOOKUP(M185,Sections!$A$2:$D$200,4,FALSE))","v":"Traffic Signals"}]
[{"$f":"IF(Start!A186=\"\",\"\",Start!A186)","v":""},{"$f":"IF(Start!B186=\"\",\"\",Start!B186)","v":"805-78230"},{"$f":"IF(Start!C186=\"\",\"\",Start!C186)","v":"TRAFFIC SIGNAL HEAD, 5 FACE, 12.20 IN. RED, A"},{"$f":"IF(Start!D186=\"\",\"\",Start!D186)","v":4},{"$f":"IF(Start!E186=\"\",\"\",Start!E186)","v":0},{"$f":"IF(Start!F186=\"\",\"\",Start!F186)","v":"EACH"},{"$f":"IF(Start!G186=\"\",\"\",Start!G186)","v":1200},{"$f":"IF(Start!H186=\"\",\"\",Start!H186)","v":4800},1,{"$f":"IF(I186=\"\",\"\",LOOKUP(I186,{1,\"01\";2,\"02\";3,\"03\";4,\"04\";5,\"05\";6,\"06\";7,\"07\";8,\"08\";9,\"09\";10,\"10\";11,\"11\";12,\"12\";13,\"13\";14,\"14\";15,\"15\"}))","v":"01"},"01. Superior Construction Company",800,805,{"$f":"IF(B186=\"\",\"\",VLOOKUP(M186,Sections!$A$2:$D$200,3,FALSE))","v":"Traffic Control Devices And Lighting"},{"$f":"IF(B186=\"\",\"\",VLOOKUP(M186,Sections!$A$2:$D$200,4,FALSE))","v":"Traffic Signals"}]
[{"$f":"IF(Start!A187=\"\",\"\",Start!A187)","v":""},{"$f":"IF(Start!B187=\"\",\"\",Start!B187)","v":"805-78415"},{"$f":"IF(Start!C187=\"\",\"\",Start!C187)","v":"SPAN CATENARY AND TETHER"},{"$f":"IF(Start!D187=\"\",\"\",Start!D187)","v":10},{"$f":"IF(Start!E187=\"\",\"\",Start!E187)","v":0},{"$f":"IF(Start!F187=\"\",\"\",Start!F187)","v":"EACH"},{"$f":"IF(Start!G187=\"\",\"\",Start!G187)","v":1740},{"$f":"IF(Start!H187=\"\",\"\",Start!H187)","v":17400},1,{"$f":"IF(I187=\"\",\"\",LOOKUP(I187,{1,\"01\";2,\"02\";3,\"03\";4,\"04\";5,\"05\";6,\"06\";7,\"07\";8,\"08\";9,\"09\";10,\"10\";11,\"11\";12,\"12\";13,\"13\";14,\"14\";15,\"15\"}))","v":"01"},"01. Superior Construction Company",800,805,{"$f":"IF(B187=\"\",\"\",VLOOKUP(M187,Sections!$A$2:$D$200,3,FALSE))","v":"Traffic Control Devices And Lighting"},{"$f":"IF(B187=\"\",\"\",VLOOKUP(M187,Sections!$A$2:$D$200,4,FALSE))","v":"Traffic Signals"}]
[{"$f":"IF(Start!A188=\"\",\"\",Start!A188)","v":""},{"$f":"IF(Start!B188=\"\",\"\",Start!B188)","v":"805-78420"},{"$f":"IF(Start!C188=\"\",\"\",Start!C188)","v":"DISCONNECT HANGER"},{"$f":"IF(Start!D188=\"\",\"\",Start!D188)","v":10},{"$f":"IF(Start!E188=\"\",\"\",Start!E188)","v":0},{"$f":"IF(Start!F188=\"\",\"\",Start!F188)","v":"EACH"},{"$f":"IF(Start!G188=\"\",\"\",Start!G188)","v":340},{"$f":"IF(Start!H188=\"\",\"\",Start!H188)","v":3400},1,{"$f":"IF(I188=\"\",\"\",LOOKUP(I188,{1,\"01\";2,\"02\";3,\"03\";4,\"04\";5,\"05\";6,\"06\";7,\"07\";8,\"08\";9,\"09\";10,\"10\";11,\"11\";12,\"12\";13,\"13\";14,\"14\";15,\"15\"}))","v":"01"},"01. Superior Construction Company",800,805,{"$f":"IF(B188=\"\",\"\",VLOOKUP(M188,Sections!$A$2:$D$200,3,FALSE))","v":"Traffic Control Devices And Lighting"},{"$f":"IF(B188=\"\",\"\",VLOOKUP(M188,Sections!$A$2:$D$200,4,FALSE))","v":"Traffic Signals"}]
[{"$f":"IF(Start!A189=\"\",\"\",Start!A189)","v":""},{"$f":"IF(Start!B189=\"\",\"\",Start!B189)","v":"805-78467"},{"$f":"IF(Start!C189=\"\",\"\",Start!C189)","v":"SIGNAL CABLE, 3C 8GA."},{"$f":"IF(Start!D189=\"\",\"\",Start!D189)","v":55},{"$f":"IF(Start!E189=\"\",\"\",Start!E189)","v":0},{"$f":"IF(Start!F189=\"\",\"\",Start!F189)","v":"L.F."},{"$f":"IF(Start!G189=\"\",\"\",Start!G189)","v":3},{"$f":"IF(Start!H189=\"\",\"\",Start!H189)","v":165},1,{"$f":"IF(I189=\"\",\"\",LOOKUP(I189,{1,\"01\";2,\"02\";3,\"03\";4,\"04\";5,\"05\";6,\"06\";7,\"07\";8,\"08\";9,\"09\";10,\"10\";11,\"11\";12,\"12\";13,\"13\";14,\"14\";15,\"15\"}))","v":"01"},"01. Superior Construction Company",800,805,{"$f":"IF(B189=\"\",\"\",VLOOKUP(M189,Sections!$A$2:$D$200,3,FALSE))","v":"Traffic Control Devices And Lighting"},{"$f":"IF(B189=\"\",\"\",VLOOKUP(M189,Sections!$A$2:$D$200,4,FALSE))","v":"Traffic Signals"}]
[{"$f":"IF(Start!A190=\"\",\"\",Start!A190)","v":""},{"$f":"IF(Start!B190=\"\",\"\",Start!B190)","v":"805-78470"},{"$f":"IF(Start!C190=\"\",\"\",Start!C190)","v":"SIGNAL CABLE, ROADWAY LOOP, 1C 14GA."},{"$f":"IF(Start!D190=\"\",\"\",Start!D190)","v":6552},{"$f":"IF(Start!E190=\"\",\"\",Start!E190)","v":0},{"$f":"IF(Start!F190=\"\",\"\",Start!F190)","v":"L.F."},{"$f":"IF(Start!G190=\"\",\"\",Start!G190)","v":0.32},{"$f":"IF(Start!H190=\"\",\"\",Start!H190)","v":2096.64},1,{"$f":"IF(I190=\"\",\"\",LOOKUP(I190,{1,\"01\";2,\"02\";3,\"03\";4,\"04\";5,\"05\";6,\"06\";7,\"07\";8,\"08\";9,\"09\";10,\"10\";11,\"11\";12,\"12\";13,\"13\";14,\"14\";15,\"15\"}))","v":"01"},"01. Superior Construction Company",800,805,{"$f":"IF(B190=\"\",\"\",VLOOKUP(M190,Sections!$A$2:$D$200,3,FALSE))","v":"Traffic Control Devices And Lighting"},{"$f":"IF(B190=\"\",\"\",VLOOKUP(M190,Sections!$A$2:$D$200,4,FALSE))","v":"Traffic Signals"}]
[{"$f":"IF(Start!A191=\"\",\"\",Start!A191)","v":""},{"$f":"IF(Start!B191=\"\",\"\",Start!B191)","v":"805-78485"},{"$f":"IF(Start!C191=\"\",\"\",Start!C191)","v":"SIGNAL CABLE, 5C 14GA."},{"$f":"IF(Start!D191=\"\",\"\",Start!D191)","v":538},{"$f":"IF(Start!E191=\"\",\"\",Start!E191)","v":0},{"$f":"IF(Start!F191=\"\",\"\",Start!F191)","v":"L.F."},{"$f":"IF(Start!G191=\"\",\"\",Start!G191)","v":1.2000000000000002},{"$f":"IF(Start!H191=\"\",\"\",Start!H191)","v":645.6},1,{"$f":"IF(I191=\"\",\"\",LOOKUP(I191,{1,\"01\";2,\"02\";3,\"03\";4,\"04\";5,\"05\";6,\"06\";7,\"07\";8,\"08\";9,\"09\";10,\"10\";11,\"11\";12,\"12\";13,\"13\";14,\"14\";15,\"15\"}))","v":"01"},"01. Superior Construction Company",800,805,{"$f":"IF(B191=\"\",\"\",VLOOKUP(M191,Sections!$A$2:$D$200,3,FALSE))","v":"Traffic Control Devices And Lighting"},{"$f":"IF(B191=\"\",\"\",VLOOKUP(M191,Sections!$A$2:$D$200,4,FALSE))","v":"Traffic Signals"}]
[{"$f":"IF(Start!A192=\"\",\"\",Start!A192)","v":""},{"$f":"IF(Start!B192=\"\",\"\",Start!B192)","v":"805-78490"},{"$f":"IF(Start!C192=\"\",\"\",Start!C192)","v":"SIGNAL CABLE, 7C 14GA."},{"$f":"IF(Start!D192=\"\",\"\",Start!D192)","v":2486},{"$f":"IF(Start!E192=\"\",\"\",Start!E192)","v":0},{"$f":"IF(Start!F192=\"\",\"\",Start!F192)","v":"L.F."},{"$f":"IF(Start!G192=\"\",\"\",Start!G192)","v":1.6},{"$f":"IF(Start!H192=\"\",\"\",Start!H192)","v":3977.6000000000004},1,{"$f":"IF(I192=\"\",\"\",LOOKUP(I192,{1,\"01\";2,\"02\";3,\"03\";4,\"04\";5,\"05\";6,\"06\";7,\"07\";8,\"08\";9,\"09\";10,\"10\";11,\"11\";12,\"12\";13,\"13\";14,\"14\";15,\"15\"}))","v":"01"},"01. Superior Construction Company",800,805,{"$f":"IF(B192=\"\",\"\",VLOOKUP(M192,Sections!$A$2:$D$200,3,FALSE))","v":"Traffic Control Devices And Lighting"},{"$f":"IF(B192=\"\",\"\",VLOOKUP(M192,Sections!$A$2:$D$200,4,FALSE))","v":"Traffic Signals"}]
[{"$f":"IF(Start!A193=\"\",\"\",Start!A193)","v":""},{"$f":"IF(Start!B193=\"\",\"\",Start!B193)","v":"805-78510"},{"$f":"IF(Start!C193=\"\",\"\",Start!C193)","v":"SIGNAL CABLE, 2C 16GA., SHIELDED"},{"$f":"IF(Start!D193=\"\",\"\",Start!D193)","v":7814},{"$f":"IF(Start!E193=\"\",\"\",Start!E193)","v":0},{"$f":"IF(Start!F193=\"\",\"\",Start!F193)","v":"L.F."},{"$f":"IF(Start!G193=\"\",\"\",Start!G193)","v":0.8},{"$f":"IF(Start!H193=\"\",\"\",Start!H193)","v":6251.2000000000007},1,{"$f":"IF(I193=\"\",\"\",LOOKUP(I193,{1,\"01\";2,\"02\";3,\"03\";4,\"04\";5,\"05\";6,\"06\";7,\"07\";8,\"08\";9,\"09\";10,\"10\";11,\"11\";12,\"12\";13,\"13\";14,\"14\";15,\"15\"}))","v":"01"},"01. Superior Construction Company",800,805,{"$f":"IF(B193=\"\",\"\",VLOOKUP(M193,Sections!$A$2:$D$200,3,FALSE))","v":"Traffic Control Devices And Lighting"},{"$f":"IF(B193=\"\",\"\",VLOOKUP(M193,Sections!$A$2:$D$200,4,FALSE))","v":"Traffic Signals"}]
[{"$f":"IF(Start!A194=\"\",\"\",Start!A194)","v":""},{"$f":"IF(Start!B194=\"\",\"\",Start!B194)","v":"805-78785"},{"$f":"IF(Start!C194=\"\",\"\",Start!C194)","v":"SIGNAL DETECTOR HOUSING"},{"$f":"IF(Start!D194=\"\",\"\",Start!D194)","v":17},{"$f":"IF(Start!E194=\"\",\"\",Start!E194)","v":0},{"$f":"IF(Start!F194=\"\",\"\",Start!F194)","v":"EACH"},{"$f":"IF(Start!G194=\"\",\"\",Start!G194)","v":410},{"$f":"IF(Start!H194=\"\",\"\",Start!H194)","v":6970},1,{"$f":"IF(I194=\"\",\"\",LOOKUP(I194,{1,\"01\";2,\"02\";3,\"03\";4,\"04\";5,\"05\";6,\"06\";7,\"07\";8,\"08\";9,\"09\";10,\"10\";11,\"11\";12,\"12\";13,\"13\";14,\"14\";15,\"15\"}))","v":"01"},"01. Superior Construction Company",800,805,{"$f":"IF(B194=\"\",\"\",VLOOKUP(M194,Sections!$A$2:$D$200,3,FALSE))","v":"Traffic Control Devices And Lighting"},{"$f":"IF(B194=\"\",\"\",VLOOKUP(M194,Sections!$A$2:$D$200,4,FALSE))","v":"Traffic Signals"}]
[{"$f":"IF(Start!A195=\"\",\"\",Start!A195)","v":""},{"$f":"IF(Start!B195=\"\",\"\",Start!B195)","v":"805-78795"},{"$f":"IF(Start!C195=\"\",\"\",Start!C195)","v":"SAW CUT FOR ROADWAY LOOP AND SEALER"},{"$f":"IF(Start!D195=\"\",\"\",Start!D195)","v":2336},{"$f":"IF(Start!E195=\"\",\"\",Start!E195)","v":0},{"$f":"IF(Start!F195=\"\",\"\",Start!F195)","v":"L.F."},{"$f":"IF(Start!G195=\"\",\"\",Start!G195)","v":8},{"$f":"IF(Start!H195=\"\",\"\",Start!H195)","v":18688},{"$f":"IF(AND(A195=\"\",B195=\"\",C195=\"\"),\"\",IF(AND(A195<>\"\",B195=\"\",G195=0,H195=0),D195,I194))","v":1},{"$f":"IF(I195=\"\",\"\",LOOKUP(I195,{1,\"01\";2,\"02\";3,\"03\";4,\"04\";5,\"05\";6,\"06\";7,\"07\";8,\"08\";9,\"09\";10,\"10\";11,\"11\";12,\"12\";13,\"13\";14,\"14\";15,\"15\"}))","v":"01"},{"$f":"IF(AND(A195<>\"\",B195=\"\"),J195&\". \"&PROPER(C195),IF(AND(A195=\"\",B195<>\"\"),PROPER(K194),\"\"))","v":"01. Superior Construction Company"},{"$f":"IF(B195=\"\",\"\",LEFT(B195,1)*100)","v":800},{"$f":"IF(B195=\"\",\"\",LEFT(B195,3)*1)","v":805},{"$f":"IF(B195=\"\",\"\",VLOOKUP(M195,Sections!$A$2:$D$200,3,FALSE))","v":"Traffic Control Devices And Lighting"},{"$f":"IF(B195=\"\",\"\",VLOOKUP(M195,Sections!$A$2:$D$200,4,FALSE))","v":"Traffic Signals"}]
[{"$f":"IF(Start!A196=\"\",\"\",Start!A196)","v":""},{"$f":"IF(Start!B196=\"\",\"\",Start!B196)","v":"805-78925"},{"$f":"IF(Start!C196=\"\",\"\",Start!C196)","v":"CONTROLLER CABINET FOUNDATION, P1"},{"$f":"IF(Start!D196=\"\",\"\",Start!D196)","v":1},{"$f":"IF(Start!E196=\"\",\"\",Start!E196)","v":0},{"$f":"IF(Start!F196=\"\",\"\",Start!F196)","v":"EACH"},{"$f":"IF(Start!G196=\"\",\"\",Start!G196)","v":710},{"$f":"IF(Start!H196=\"\",\"\",Start!H196)","v":710},1,{"$f":"IF(I196=\"\",\"\",LOOKUP(I196,{1,\"01\";2,\"02\";3,\"03\";4,\"04\";5,\"05\";6,\"06\";7,\"07\";8,\"08\";9,\"09\";10,\"10\";11,\"11\";12,\"12\";13,\"13\";14,\"14\";15,\"15\"}))","v":"01"},"01. Superior Construction Company",800,805,{"$f":"IF(B196=\"\",\"\",VLOOKUP(M196,Sections!$A$2:$D$200,3,FALSE))","v":"Traffic Control Devices And Lighting"},{"$f":"IF(B196=\"\",\"\",VLOOKUP(M196,Sections!$A$2:$D$200,4,FALSE))","v":"Traffic Signals"}]
[{"$f":"IF(Start!A197=\"\",\"\",Start!A197)","v":""},{"$f":"IF(Start!B197=\"\",\"\",Start!B197)","v":"805-81060"},{"$f":"IF(Start!C197=\"\",\"\",Start!C197)","v":"SIGNAL STRAIN POLE, STEEL, 36 FT."},{"$f":"IF(Start!D197=\"\",\"\",Start!D197)","v":10},{"$f":"IF(Start!E197=\"\",\"\",Start!E197)","v":0},{"$f":"IF(Start!F197=\"\",\"\",Start!F197)","v":"EACH"},{"$f":"IF(Start!G197=\"\",\"\",Start!G197)","v":5210},{"$f":"IF(Start!H197=\"\",\"\",Start!H197)","v":52100},1,{"$f":"IF(I197=\"\",\"\",LOOKUP(I197,{1,\"01\";2,\"02\";3,\"03\";4,\"04\";5,\"05\";6,\"06\";7,\"07\";8,\"08\";9,\"09\";10,\"10\";11,\"11\";12,\"12\";13,\"13\";14,\"14\";15,\"15\"}))","v":"01"},"01. Superior Construction Company",800,805,{"$f":"IF(B197=\"\",\"\",VLOOKUP(M197,Sections!$A$2:$D$200,3,FALSE))","v":"Traffic Control Devices And Lighting"},{"$f":"IF(B197=\"\",\"\",VLOOKUP(M197,Sections!$A$2:$D$200,4,FALSE))","v":"Traffic Signals"}]
[{"$f":"IF(Start!A198=\"\",\"\",Start!A198)","v":""},{"$f":"IF(Start!B198=\"\",\"\",Start!B198)","v":"805-86890"},{"$f":"IF(Start!C198=\"\",\"\",Start!C198)","v":"POLE CIRCUIT CABLE, 1C NO. 10 THW OR TW STRAN"},{"$f":"IF(Start!D198=\"\",\"\",Start!D198)","v":840},{"$f":"IF(Start!E198=\"\",\"\",Start!E198)","v":0},{"$f":"IF(Start!F198=\"\",\"\",Start!F198)","v":"L.F."},{"$f":"IF(Start!G198=\"\",\"\",Start!G198)","v":0.88},{"$f":"IF(Start!H198=\"\",\"\",Start!H198)","v":739.2},1,{"$f":"IF(I198=\"\",\"\",LOOKUP(I198,{1,\"01\";2,\"02\";3,\"03\";4,\"04\";5,\"05\";6,\"06\";7,\"07\";8,\"08\";9,\"09\";10,\"10\";11,\"11\";12,\"12\";13,\"13\";14,\"14\";15,\"15\"}))","v":"01"},"01. Superior Construction Company",800,805,{"$f":"IF(B198=\"\",\"\",VLOOKUP(M198,Sections!$A$2:$D$200,3,FALSE))","v":"Traffic Control Devices And Lighting"},{"$f":"IF(B198=\"\",\"\",VLOOKUP(M198,Sections!$A$2:$D$200,4,FALSE))","v":"Traffic Signals"}]
[{"$f":"IF(Start!A199=\"\",\"\",Start!A199)","v":""},{"$f":"IF(Start!B199=\"\",\"\",Start!B199)","v":"805-92504"},{"$f":"IF(Start!C199=\"\",\"\",Start!C199)","v":"LOOP DETECTOR DELAY AMPLIFIER, 2 CHANNEL"},{"$f":"IF(Start!D199=\"\",\"\",Start!D199)","v":10},{"$f":"IF(Start!E199=\"\",\"\",Start!E199)","v":0},{"$f":"IF(Start!F199=\"\",\"\",Start!F199)","v":"EACH"},{"$f":"IF(Start!G199=\"\",\"\",Start!G199)","v":298},{"$f":"IF(Start!H199=\"\",\"\",Start!H199)","v":2980},1,{"$f":"IF(I199=\"\",\"\",LOOKUP(I199,{1,\"01\";2,\"02\";3,\"03\";4,\"04\";5,\"05\";6,\"06\";7,\"07\";8,\"08\";9,\"09\";10,\"10\";11,\"11\";12,\"12\";13,\"13\";14,\"14\";15,\"15\"}))","v":"01"},"01. Superior Construction Company",800,805,{"$f":"IF(B199=\"\",\"\",VLOOKUP(M199,Sections!$A$2:$D$200,3,FALSE))","v":"Traffic Control Devices And Lighting"},{"$f":"IF(B199=\"\",\"\",VLOOKUP(M199,Sections!$A$2:$D$200,4,FALSE))","v":"Traffic Signals"}]
[{"$f":"IF(Start!A200=\"\",\"\",Start!A200)","v":""},{"$f":"IF(Start!B200=\"\",\"\",Start!B200)","v":"807-02191"},{"$f":"IF(Start!C200=\"\",\"\",Start!C200)","v":"HANDHOLE, LIGHTING"},{"$f":"IF(Start!D200=\"\",\"\",Start!D200)","v":3},{"$f":"IF(Start!E200=\"\",\"\",Start!E200)","v":0},{"$f":"IF(Start!F200=\"\",\"\",Start!F200)","v":"EACH"},{"$f":"IF(Start!G200=\"\",\"\",Start!G200)","v":700},{"$f":"IF(Start!H200=\"\",\"\",Start!H200)","v":2100},1,{"$f":"IF(I200=\"\",\"\",LOOKUP(I200,{1,\"01\";2,\"02\";3,\"03\";4,\"04\";5,\"05\";6,\"06\";7,\"07\";8,\"08\";9,\"09\";10,\"10\";11,\"11\";12,\"12\";13,\"13\";14,\"14\";15,\"15\"}))","v":"01"},"01. Superior Construction Company",800,807,{"$f":"IF(B200=\"\",\"\",VLOOKUP(M200,Sections!$A$2:$D$200,3,FALSE))","v":"Traffic Control Devices And Lighting"},{"$f":"IF(B200=\"\",\"\",VLOOKUP(M200,Sections!$A$2:$D$200,4,FALSE))","v":"Highway Illumination"}]
[{"$f":"IF(Start!A201=\"\",\"\",Start!A201)","v":""},{"$f":"IF(Start!B201=\"\",\"\",Start!B201)","v":"807-02193"},{"$f":"IF(Start!C201=\"\",\"\",Start!C201)","v":"LIGHT STANDARD FOUNDATION, 3 FT. DIA. X 8 FT."},{"$f":"IF(Start!D201=\"\",\"\",Start!D201)","v":8},{"$f":"IF(Start!E201=\"\",\"\",Start!E201)","v":0},{"$f":"IF(Start!F201=\"\",\"\",Start!F201)","v":"EACH"},{"$f":"IF(Start!G201=\"\",\"\",Start!G201)","v":800},{"$f":"IF(Start!H201=\"\",\"\",Start!H201)","v":6400},1,{"$f":"IF(I201=\"\",\"\",LOOKUP(I201,{1,\"01\";2,\"02\";3,\"03\";4,\"04\";5,\"05\";6,\"06\";7,\"07\";8,\"08\";9,\"09\";10,\"10\";11,\"11\";12,\"12\";13,\"13\";14,\"14\";15,\"15\"}))","v":"01"},"01. Superior Construction Company",800,807,{"$f":"IF(B201=\"\",\"\",VLOOKUP(M201,Sections!$A$2:$D$200,3,FALSE))","v":"Traffic Control Devices And Lighting"},{"$f":"IF(B201=\"\",\"\",VLOOKUP(M201,Sections!$A$2:$D$200,4,FALSE))","v":"Highway Illumination"}]
[{"$f":"IF(Start!A202=\"\",\"\",Start!A202)","v":""},{"$f":"IF(Start!B202=\"\",\"\",Start!B202)","v":"807-02426"},{"$f":"IF(Start!C202=\"\",\"\",Start!C202)","v":"WIRE, THW, NO. 4 COPPER, IN PLASTIC"},{"$f":"IF(Start!D202=\"\",\"\",Start!D202)","v":535},{"$f":"IF(Start!E202=\"\",\"\",Start!E202)","v":0},{"$f":"IF(Start!F202=\"\",\"\",Start!F202)","v":"L.F."},{"$f":"IF(Start!G202=\"\",\"\",Start!G202)","v":8.77},{"$f":"IF(Start!H202=\"\",\"\",Start!H202)","v":4691.95},1,{"$f":"IF(I202=\"\",\"\",LOOKUP(I202,{1,\"01\";2,\"02\";3,\"03\";4,\"04\";5,\"05\";6,\"06\";7,\"07\";8,\"08\";9,\"09\";10,\"10\";11,\"11\";12,\"12\";13,\"13\";14,\"14\";15,\"15\"}))","v":"01"},"01. Superior Construction Company",800,807,{"$f":"IF(B202=\"\",\"\",VLOOKUP(M202,Sections!$A$2:$D$200,3,FALSE))","v":"Traffic Control Devices And Lighting"},{"$f":"IF(B202=\"\",\"\",VLOOKUP(M202,Sections!$A$2:$D$200,4,FALSE))","v":"Highway Illumination"}]
[{"$f":"IF(Start!A203=\"\",\"\",Start!A203)","v":""},{"$f":"IF(Start!B203=\"\",\"\",Start!B203)","v":"807-03051"},{"$f":"IF(Start!C203=\"\",\"\",Start!C203)","v":"LIGHT CABLE, 1C/10"},{"$f":"IF(Start!D203=\"\",\"\",Start!D203)","v":960},{"$f":"IF(Start!E203=\"\",\"\",Start!E203)","v":0},{"$f":"IF(Start!F203=\"\",\"\",Start!F203)","v":"L.F."},{"$f":"IF(Start!G203=\"\",\"\",Start!G203)","v":1},{"$f":"IF(Start!H203=\"\",\"\",Start!H203)","v":960},1,{"$f":"IF(I203=\"\",\"\",LOOKUP(I203,{1,\"01\";2,\"02\";3,\"03\";4,\"04\";5,\"05\";6,\"06\";7,\"07\";8,\"08\";9,\"09\";10,\"10\";11,\"11\";12,\"12\";13,\"13\";14,\"14\";15,\"15\"}))","v":"01"},"01. Superior Construction Company",800,807,{"$f":"IF(B203=\"\",\"\",VLOOKUP(M203,Sections!$A$2:$D$200,3,FALSE))","v":"Traffic Control Devices And Lighting"},{"$f":"IF(B203=\"\",\"\",VLOOKUP(M203,Sections!$A$2:$D$200,4,FALSE))","v":"Highway Illumination"}]
[{"$f":"IF(Start!A204=\"\",\"\",Start!A204)","v":""},{"$f":"IF(Start!B204=\"\",\"\",Start!B204)","v":"807-07580"},{"$f":"IF(Start!C204=\"\",\"\",Start!C204)","v":"WIRE, NO.4, COPPER, IN PLASTIC DUCT, IN TRENC"},{"$f":"IF(Start!D204=\"\",\"\",Start!D204)","v":2990},{"$f":"IF(Start!E204=\"\",\"\",Start!E204)","v":0},{"$f":"IF(Start!F204=\"\",\"\",Start!F204)","v":"L.F."},{"$f":"IF(Start!G204=\"\",\"\",Start!G204)","v":8.77},{"$f":"IF(Start!H204=\"\",\"\",Start!H204)","v":26222.300000000003},1,{"$f":"IF(I204=\"\",\"\",LOOKUP(I204,{1,\"01\";2,\"02\";3,\"03\";4,\"04\";5,\"05\";6,\"06\";7,\"07\";8,\"08\";9,\"09\";10,\"10\";11,\"11\";12,\"12\";13,\"13\";14,\"14\";15,\"15\"}))","v":"01"},"01. Superior Construction Company",800,807,{"$f":"IF(B204=\"\",\"\",VLOOKUP(M204,Sections!$A$2:$D$200,3,FALSE))","v":"Traffic Control Devices And Lighting"},{"$f":"IF(B204=\"\",\"\",VLOOKUP(M204,Sections!$A$2:$D$200,4,FALSE))","v":"Highway Illumination"}]
[{"$f":"IF(Start!A205=\"\",\"\",Start!A205)","v":""},{"$f":"IF(Start!B205=\"\",\"\",Start!B205)","v":"807-82052"},{"$f":"IF(Start!C205=\"\",\"\",Start!C205)","v":"UNDERPASS CIRCUIT INSTALLATION, 2 LUMINAIRES"},{"$f":"IF(Start!D205=\"\",\"\",Start!D205)","v":2},{"$f":"IF(Start!E205=\"\",\"\",Start!E205)","v":0},{"$f":"IF(Start!F205=\"\",\"\",Start!F205)","v":"EACH"},{"$f":"IF(Start!G205=\"\",\"\",Start!G205)","v":542},{"$f":"IF(Start!H205=\"\",\"\",Start!H205)","v":1084},1,{"$f":"IF(I205=\"\",\"\",LOOKUP(I205,{1,\"01\";2,\"02\";3,\"03\";4,\"04\";5,\"05\";6,\"06\";7,\"07\";8,\"08\";9,\"09\";10,\"10\";11,\"11\";12,\"12\";13,\"13\";14,\"14\";15,\"15\"}))","v":"01"},"01. Superior Construction Company",800,807,{"$f":"IF(B205=\"\",\"\",VLOOKUP(M205,Sections!$A$2:$D$200,3,FALSE))","v":"Traffic Control Devices And Lighting"},{"$f":"IF(B205=\"\",\"\",VLOOKUP(M205,Sections!$A$2:$D$200,4,FALSE))","v":"Highway Illumination"}]
[{"$f":"IF(Start!A206=\"\",\"\",Start!A206)","v":""},{"$f":"IF(Start!B206=\"\",\"\",Start!B206)","v":"807-85752"},{"$f":"IF(Start!C206=\"\",\"\",Start!C206)","v":"LIGHT POLE, 40 FT. E.M.H., 10.0 FT. MAST ARM,"},{"$f":"IF(Start!D206=\"\",\"\",Start!D206)","v":8},{"$f":"IF(Start!E206=\"\",\"\",Start!E206)","v":0},{"$f":"IF(Start!F206=\"\",\"\",Start!F206)","v":"EACH"},{"$f":"IF(Start!G206=\"\",\"\",Start!G206)","v":1425},{"$f":"IF(Start!H206=\"\",\"\",Start!H206)","v":11400},1,{"$f":"IF(I206=\"\",\"\",LOOKUP(I206,{1,\"01\";2,\"02\";3,\"03\";4,\"04\";5,\"05\";6,\"06\";7,\"07\";8,\"08\";9,\"09\";10,\"10\";11,\"11\";12,\"12\";13,\"13\";14,\"14\";15,\"15\"}))","v":"01"},"01. Superior Construction Company",800,807,{"$f":"IF(B206=\"\",\"\",VLOOKUP(M206,Sections!$A$2:$D$200,3,FALSE))","v":"Traffic Control Devices And Lighting"},{"$f":"IF(B206=\"\",\"\",VLOOKUP(M206,Sections!$A$2:$D$200,4,FALSE))","v":"Highway Illumination"}]
[{"$f":"IF(Start!A207=\"\",\"\",Start!A207)","v":""},{"$f":"IF(Start!B207=\"\",\"\",Start!B207)","v":"807-86620"},{"$f":"IF(Start!C207=\"\",\"\",Start!C207)","v":"LUMINAIRE, ROADWAY, HIGH PRESSURE SODIUM, 400"},{"$f":"IF(Start!D207=\"\",\"\",Start!D207)","v":8},{"$f":"IF(Start!E207=\"\",\"\",Start!E207)","v":0},{"$f":"IF(Start!F207=\"\",\"\",Start!F207)","v":"EACH"},{"$f":"IF(Start!G207=\"\",\"\",Start!G207)","v":300},{"$f":"IF(Start!H207=\"\",\"\",Start!H207)","v":2400},1,{"$f":"IF(I207=\"\",\"\",LOOKUP(I207,{1,\"01\";2,\"02\";3,\"03\";4,\"04\";5,\"05\";6,\"06\";7,\"07\";8,\"08\";9,\"09\";10,\"10\";11,\"11\";12,\"12\";13,\"13\";14,\"14\";15,\"15\"}))","v":"01"},"01. Superior Construction Company",800,807,{"$f":"IF(B207=\"\",\"\",VLOOKUP(M207,Sections!$A$2:$D$200,3,FALSE))","v":"Traffic Control Devices And Lighting"},{"$f":"IF(B207=\"\",\"\",VLOOKUP(M207,Sections!$A$2:$D$200,4,FALSE))","v":"Highway Illumination"}]
[{"$f":"IF(Start!A208=\"\",\"\",Start!A208)","v":""},{"$f":"IF(Start!B208=\"\",\"\",Start!B208)","v":"807-86750"},{"$f":"IF(Start!C208=\"\",\"\",Start!C208)","v":"LUMINAIRE UNDERPASS, WALL MOUNTED, HIGH PRESS"},{"$f":"IF(Start!D208=\"\",\"\",Start!D208)","v":4},{"$f":"IF(Start!E208=\"\",\"\",Start!E208)","v":0},{"$f":"IF(Start!F208=\"\",\"\",Start!F208)","v":"EACH"},{"$f":"IF(Start!G208=\"\",\"\",Start!G208)","v":845},{"$f":"IF(Start!H208=\"\",\"\",Start!H208)","v":3380},1,{"$f":"IF(I208=\"\",\"\",LOOKUP(I208,{1,\"01\";2,\"02\";3,\"03\";4,\"04\";5,\"05\";6,\"06\";7,\"07\";8,\"08\";9,\"09\";10,\"10\";11,\"11\";12,\"12\";13,\"13\";14,\"14\";15,\"15\"}))","v":"01"},"01. Superior Construction Company",800,807,{"$f":"IF(B208=\"\",\"\",VLOOKUP(M208,Sections!$A$2:$D$200,3,FALSE))","v":"Traffic Control Devices And Lighting"},{"$f":"IF(B208=\"\",\"\",VLOOKUP(M208,Sections!$A$2:$D$200,4,FALSE))","v":"Highway Illumination"}]
[{"$f":"IF(Start!A209=\"\",\"\",Start!A209)","v":""},{"$f":"IF(Start!B209=\"\",\"\",Start!B209)","v":"807-86910"},{"$f":"IF(Start!C209=\"\",\"\",Start!C209)","v":"CONNECTOR KIT, UNFUSED"},{"$f":"IF(Start!D209=\"\",\"\",Start!D209)","v":8},{"$f":"IF(Start!E209=\"\",\"\",Start!E209)","v":0},{"$f":"IF(Start!F209=\"\",\"\",Start!F209)","v":"EACH"},{"$f":"IF(Start!G209=\"\",\"\",Start!G209)","v":19},{"$f":"IF(Start!H209=\"\",\"\",Start!H209)","v":152},1,{"$f":"IF(I209=\"\",\"\",LOOKUP(I209,{1,\"01\";2,\"02\";3,\"03\";4,\"04\";5,\"05\";6,\"06\";7,\"07\";8,\"08\";9,\"09\";10,\"10\";11,\"11\";12,\"12\";13,\"13\";14,\"14\";15,\"15\"}))","v":"01"},"01. Superior Construction Company",800,807,{"$f":"IF(B209=\"\",\"\",VLOOKUP(M209,Sections!$A$2:$D$200,3,FALSE))","v":"Traffic Control Devices And Lighting"},{"$f":"IF(B209=\"\",\"\",VLOOKUP(M209,Sections!$A$2:$D$200,4,FALSE))","v":"Highway Illumination"}]
[{"$f":"IF(Start!A210=\"\",\"\",Start!A210)","v":""},{"$f":"IF(Start!B210=\"\",\"\",Start!B210)","v":"807-86915"},{"$f":"IF(Start!C210=\"\",\"\",Start!C210)","v":"CONNECTOR KIT, FUSED"},{"$f":"IF(Start!D210=\"\",\"\",Start!D210)","v":8},{"$f":"IF(Start!E210=\"\",\"\",Start!E210)","v":0},{"$f":"IF(Start!F210=\"\",\"\",Start!F210)","v":"EACH"},{"$f":"IF(Start!G210=\"\",\"\",Start!G210)","v":20},{"$f":"IF(Start!H210=\"\",\"\",Start!H210)","v":160},1,{"$f":"IF(I210=\"\",\"\",LOOKUP(I210,{1,\"01\";2,\"02\";3,\"03\";4,\"04\";5,\"05\";6,\"06\";7,\"07\";8,\"08\";9,\"09\";10,\"10\";11,\"11\";12,\"12\";13,\"13\";14,\"14\";15,\"15\"}))","v":"01"},"01. Superior Construction Company",800,807,{"$f":"IF(B210=\"\",\"\",VLOOKUP(M210,Sections!$A$2:$D$200,3,FALSE))","v":"Traffic Control Devices And Lighting"},{"$f":"IF(B210=\"\",\"\",VLOOKUP(M210,Sections!$A$2:$D$200,4,FALSE))","v":"Highway Illumination"}]
[{"$f":"IF(Start!A211=\"\",\"\",Start!A211)","v":""},{"$f":"IF(Start!B211=\"\",\"\",Start!B211)","v":"807-86920"},{"$f":"IF(Start!C211=\"\",\"\",Start!C211)","v":"MULTIPLE COMPRESSION FITTING, NOT WATERPROOFE"},{"$f":"IF(Start!D211=\"\",\"\",Start!D211)","v":18},{"$f":"IF(Start!E211=\"\",\"\",Start!E211)","v":0},{"$f":"IF(Start!F211=\"\",\"\",Start!F211)","v":"EACH"},{"$f":"IF(Start!G211=\"\",\"\",Start!G211)","v":17},{"$f":"IF(Start!H211=\"\",\"\",Start!H211)","v":306},1,{"$f":"IF(I211=\"\",\"\",LOOKUP(I211,{1,\"01\";2,\"02\";3,\"03\";4,\"04\";5,\"05\";6,\"06\";7,\"07\";8,\"08\";9,\"09\";10,\"10\";11,\"11\";12,\"12\";13,\"13\";14,\"14\";15,\"15\"}))","v":"01"},"01. Superior Construction Company",800,807,{"$f":"IF(B211=\"\",\"\",VLOOKUP(M211,Sections!$A$2:$D$200,3,FALSE))","v":"Traffic Control Devices And Lighting"},{"$f":"IF(B211=\"\",\"\",VLOOKUP(M211,Sections!$A$2:$D$200,4,FALSE))","v":"Highway Illumination"}]
[{"$f":"IF(Start!A212=\"\",\"\",Start!A212)","v":""},{"$f":"IF(Start!B212=\"\",\"\",Start!B212)","v":"807-86925"},{"$f":"IF(Start!C212=\"\",\"\",Start!C212)","v":"MULTIPLE COMPRESSION FITTING, WATERPROOFED"},{"$f":"IF(Start!D212=\"\",\"\",Start!D212)","v":12},{"$f":"IF(Start!E212=\"\",\"\",Start!E212)","v":0},{"$f":"IF(Start!F212=\"\",\"\",Start!F212)","v":"EACH"},{"$f":"IF(Start!G212=\"\",\"\",Start!G212)","v":21},{"$f":"IF(Start!H212=\"\",\"\",Start!H212)","v":252},1,{"$f":"IF(I212=\"\",\"\",LOOKUP(I212,{1,\"01\";2,\"02\";3,\"03\";4,\"04\";5,\"05\";6,\"06\";7,\"07\";8,\"08\";9,\"09\";10,\"10\";11,\"11\";12,\"12\";13,\"13\";14,\"14\";15,\"15\"}))","v":"01"},"01. Superior Construction Company",800,807,{"$f":"IF(B212=\"\",\"\",VLOOKUP(M212,Sections!$A$2:$D$200,3,FALSE))","v":"Traffic Control Devices And Lighting"},{"$f":"IF(B212=\"\",\"\",VLOOKUP(M212,Sections!$A$2:$D$200,4,FALSE))","v":"Highway Illumination"}]
[{"$f":"IF(Start!A213=\"\",\"\",Start!A213)","v":""},{"$f":"IF(Start!B213=\"\",\"\",Start!B213)","v":"807-86930"},{"$f":"IF(Start!C213=\"\",\"\",Start!C213)","v":"INSULATION LINK, NONWATERPROOFED"},{"$f":"IF(Start!D213=\"\",\"\",Start!D213)","v":16},{"$f":"IF(Start!E213=\"\",\"\",Start!E213)","v":0},{"$f":"IF(Start!F213=\"\",\"\",Start!F213)","v":"EACH"},{"$f":"IF(Start!G213=\"\",\"\",Start!G213)","v":17},{"$f":"IF(Start!H213=\"\",\"\",Start!H213)","v":272},1,{"$f":"IF(I213=\"\",\"\",LOOKUP(I213,{1,\"01\";2,\"02\";3,\"03\";4,\"04\";5,\"05\";6,\"06\";7,\"07\";8,\"08\";9,\"09\";10,\"10\";11,\"11\";12,\"12\";13,\"13\";14,\"14\";15,\"15\"}))","v":"01"},"01. Superior Construction Company",800,807,{"$f":"IF(B213=\"\",\"\",VLOOKUP(M213,Sections!$A$2:$D$200,3,FALSE))","v":"Traffic Control Devices And Lighting"},{"$f":"IF(B213=\"\",\"\",VLOOKUP(M213,Sections!$A$2:$D$200,4,FALSE))","v":"Highway Illumination"}]
[{"$f":"IF(Start!A214=\"\",\"\",Start!A214)","v":""},{"$f":"IF(Start!B214=\"\",\"\",Start!B214)","v":"807-86935"},{"$f":"IF(Start!C214=\"\",\"\",Start!C214)","v":"INSULATION LINK, WATERPROOFED"},{"$f":"IF(Start!D214=\"\",\"\",Start!D214)","v":12},{"$f":"IF(Start!E214=\"\",\"\",Start!E214)","v":0},{"$f":"IF(Start!F214=\"\",\"\",Start!F214)","v":"EACH"},{"$f":"IF(Start!G214=\"\",\"\",Start!G214)","v":21},{"$f":"IF(Start!H214=\"\",\"\",Start!H214)","v":252},1,{"$f":"IF(I214=\"\",\"\",LOOKUP(I214,{1,\"01\";2,\"02\";3,\"03\";4,\"04\";5,\"05\";6,\"06\";7,\"07\";8,\"08\";9,\"09\";10,\"10\";11,\"11\";12,\"12\";13,\"13\";14,\"14\";15,\"15\"}))","v":"01"},"01. Superior Construction Company",800,807,{"$f":"IF(B214=\"\",\"\",VLOOKUP(M214,Sections!$A$2:$D$200,3,FALSE))","v":"Traffic Control Devices And Lighting"},{"$f":"IF(B214=\"\",\"\",VLOOKUP(M214,Sections!$A$2:$D$200,4,FALSE))","v":"Highway Illumination"}]
[{"$f":"IF(Start!A215=\"\",\"\",Start!A215)","v":""},{"$f":"IF(Start!B215=\"\",\"\",Start!B215)","v":"807-86955"},{"$f":"IF(Start!C215=\"\",\"\",Start!C215)","v":"CABLE DUCT MARKER"},{"$f":"IF(Start!D215=\"\",\"\",Start!D215)","v":11},{"$f":"IF(Start!E215=\"\",\"\",Start!E215)","v":0},{"$f":"IF(Start!F215=\"\",\"\",Start!F215)","v":"EACH"},{"$f":"IF(Start!G215=\"\",\"\",Start!G215)","v":70},{"$f":"IF(Start!H215=\"\",\"\",Start!H215)","v":770},1,{"$f":"IF(I215=\"\",\"\",LOOKUP(I215,{1,\"01\";2,\"02\";3,\"03\";4,\"04\";5,\"05\";6,\"06\";7,\"07\";8,\"08\";9,\"09\";10,\"10\";11,\"11\";12,\"12\";13,\"13\";14,\"14\";15,\"15\"}))","v":"01"},"01. Superior Construction Company",800,807,{"$f":"IF(B215=\"\",\"\",VLOOKUP(M215,Sections!$A$2:$D$200,3,FALSE))","v":"Traffic Control Devices And Lighting"},{"$f":"IF(B215=\"\",\"\",VLOOKUP(M215,Sections!$A$2:$D$200,4,FALSE))","v":"Highway Illumination"}]
[{"$f":"IF(Start!A216=\"\",\"\",Start!A216)","v":""},{"$f":"IF(Start!B216=\"\",\"\",Start!B216)","v":"808-06703"},{"$f":"IF(Start!C216=\"\",\"\",Start!C216)","v":"LINE, THERMOPLASTIC, SOLID, WHITE, 4 IN."},{"$f":"IF(Start!D216=\"\",\"\",Start!D216)","v":2771},{"$f":"IF(Start!E216=\"\",\"\",Start!E216)","v":0},{"$f":"IF(Start!F216=\"\",\"\",Start!F216)","v":"L.F."},{"$f":"IF(Start!G216=\"\",\"\",Start!G216)","v":0.35000000000000003},{"$f":"IF(Start!H216=\"\",\"\",Start!H216)","v":969.85},1,{"$f":"IF(I216=\"\",\"\",LOOKUP(I216,{1,\"01\";2,\"02\";3,\"03\";4,\"04\";5,\"05\";6,\"06\";7,\"07\";8,\"08\";9,\"09\";10,\"10\";11,\"11\";12,\"12\";13,\"13\";14,\"14\";15,\"15\"}))","v":"01"},"01. Superior Construction Company",800,808,{"$f":"IF(B216=\"\",\"\",VLOOKUP(M216,Sections!$A$2:$D$200,3,FALSE))","v":"Traffic Control Devices And Lighting"},{"$f":"IF(B216=\"\",\"\",VLOOKUP(M216,Sections!$A$2:$D$200,4,FALSE))","v":"Pavement Traffic Markings"}]
[{"$f":"IF(Start!A217=\"\",\"\",Start!A217)","v":""},{"$f":"IF(Start!B217=\"\",\"\",Start!B217)","v":"808-06716"},{"$f":"IF(Start!C217=\"\",\"\",Start!C217)","v":"LINE, REMOVE"},{"$f":"IF(Start!D217=\"\",\"\",Start!D217)","v":3615},{"$f":"IF(Start!E217=\"\",\"\",Start!E217)","v":0},{"$f":"IF(Start!F217=\"\",\"\",Start!F217)","v":"L.F."},{"$f":"IF(Start!G217=\"\",\"\",Start!G217)","v":0.38},{"$f":"IF(Start!H217=\"\",\"\",Start!H217)","v":1373.7},1,{"$f":"IF(I217=\"\",\"\",LOOKUP(I217,{1,\"01\";2,\"02\";3,\"03\";4,\"04\";5,\"05\";6,\"06\";7,\"07\";8,\"08\";9,\"09\";10,\"10\";11,\"11\";12,\"12\";13,\"13\";14,\"14\";15,\"15\"}))","v":"01"},"01. Superior Construction Company",800,808,{"$f":"IF(B217=\"\",\"\",VLOOKUP(M217,Sections!$A$2:$D$200,3,FALSE))","v":"Traffic Control Devices And Lighting"},{"$f":"IF(B217=\"\",\"\",VLOOKUP(M217,Sections!$A$2:$D$200,4,FALSE))","v":"Pavement Traffic Markings"}]
[{"$f":"IF(Start!A218=\"\",\"\",Start!A218)","v":""},{"$f":"IF(Start!B218=\"\",\"\",Start!B218)","v":"808-09381"},{"$f":"IF(Start!C218=\"\",\"\",Start!C218)","v":"RETRO-REFLECTIVITY TEST"},{"$f":"IF(Start!D218=\"\",\"\",Start!D218)","v":1},{"$f":"IF(Start!E218=\"\",\"\",Start!E218)","v":0},{"$f":"IF(Start!F218=\"\",\"\",Start!F218)","v":"L.S."},{"$f":"IF(Start!G218=\"\",\"\",Start!G218)","v":800},{"$f":"IF(Start!H218=\"\",\"\",Start!H218)","v":800},1,{"$f":"IF(I218=\"\",\"\",LOOKUP(I218,{1,\"01\";2,\"02\";3,\"03\";4,\"04\";5,\"05\";6,\"06\";7,\"07\";8,\"08\";9,\"09\";10,\"10\";11,\"11\";12,\"12\";13,\"13\";14,\"14\";15,\"15\"}))","v":"01"},"01. Superior Construction Company",800,808,{"$f":"IF(B218=\"\",\"\",VLOOKUP(M218,Sections!$A$2:$D$200,3,FALSE))","v":"Traffic Control Devices And Lighting"},{"$f":"IF(B218=\"\",\"\",VLOOKUP(M218,Sections!$A$2:$D$200,4,FALSE))","v":"Pavement Traffic Markings"}]
[{"$f":"IF(Start!A219=\"\",\"\",Start!A219)","v":""},{"$f":"IF(Start!B219=\"\",\"\",Start!B219)","v":"808-10031"},{"$f":"IF(Start!C219=\"\",\"\",Start!C219)","v":"LINE, MULTI-COMP, BROKEN, WHITE, 4 IN"},{"$f":"IF(Start!D219=\"\",\"\",Start!D219)","v":2630},{"$f":"IF(Start!E219=\"\",\"\",Start!E219)","v":0},{"$f":"IF(Start!F219=\"\",\"\",Start!F219)","v":"L.F."},{"$f":"IF(Start!G219=\"\",\"\",Start!G219)","v":0.25},{"$f":"IF(Start!H219=\"\",\"\",Start!H219)","v":657.5},1,{"$f":"IF(I219=\"\",\"\",LOOKUP(I219,{1,\"01\";2,\"02\";3,\"03\";4,\"04\";5,\"05\";6,\"06\";7,\"07\";8,\"08\";9,\"09\";10,\"10\";11,\"11\";12,\"12\";13,\"13\";14,\"14\";15,\"15\"}))","v":"01"},"01. Superior Construction Company",800,808,{"$f":"IF(B219=\"\",\"\",VLOOKUP(M219,Sections!$A$2:$D$200,3,FALSE))","v":"Traffic Control Devices And Lighting"},{"$f":"IF(B219=\"\",\"\",VLOOKUP(M219,Sections!$A$2:$D$200,4,FALSE))","v":"Pavement Traffic Markings"}]
[{"$f":"IF(Start!A220=\"\",\"\",Start!A220)","v":""},{"$f":"IF(Start!B220=\"\",\"\",Start!B220)","v":"808-10033"},{"$f":"IF(Start!C220=\"\",\"\",Start!C220)","v":"LINE, MULTI-COMP, SOLID, WHITE, 4 IN"},{"$f":"IF(Start!D220=\"\",\"\",Start!D220)","v":29503},{"$f":"IF(Start!E220=\"\",\"\",Start!E220)","v":0},{"$f":"IF(Start!F220=\"\",\"\",Start!F220)","v":"L.F."},{"$f":"IF(Start!G220=\"\",\"\",Start!G220)","v":0.25},{"$f":"IF(Start!H220=\"\",\"\",Start!H220)","v":7375.75},1,{"$f":"IF(I220=\"\",\"\",LOOKUP(I220,{1,\"01\";2,\"02\";3,\"03\";4,\"04\";5,\"05\";6,\"06\";7,\"07\";8,\"08\";9,\"09\";10,\"10\";11,\"11\";12,\"12\";13,\"13\";14,\"14\";15,\"15\"}))","v":"01"},"01. Superior Construction Company",800,808,{"$f":"IF(B220=\"\",\"\",VLOOKUP(M220,Sections!$A$2:$D$200,3,FALSE))","v":"Traffic Control Devices And Lighting"},{"$f":"IF(B220=\"\",\"\",VLOOKUP(M220,Sections!$A$2:$D$200,4,FALSE))","v":"Pavement Traffic Markings"}]
[{"$f":"IF(Start!A221=\"\",\"\",Start!A221)","v":""},{"$f":"IF(Start!B221=\"\",\"\",Start!B221)","v":"808-10034"},{"$f":"IF(Start!C221=\"\",\"\",Start!C221)","v":"LINE, MULTI-COMP, SOLID, YELLOW, 4 IN"},{"$f":"IF(Start!D221=\"\",\"\",Start!D221)","v":13980},{"$f":"IF(Start!E221=\"\",\"\",Start!E221)","v":0},{"$f":"IF(Start!F221=\"\",\"\",Start!F221)","v":"L.F."},{"$f":"IF(Start!G221=\"\",\"\",Start!G221)","v":0.25},{"$f":"IF(Start!H221=\"\",\"\",Start!H221)","v":3495},1,{"$f":"IF(I221=\"\",\"\",LOOKUP(I221,{1,\"01\";2,\"02\";3,\"03\";4,\"04\";5,\"05\";6,\"06\";7,\"07\";8,\"08\";9,\"09\";10,\"10\";11,\"11\";12,\"12\";13,\"13\";14,\"14\";15,\"15\"}))","v":"01"},"01. Superior Construction Company",800,808,{"$f":"IF(B221=\"\",\"\",VLOOKUP(M221,Sections!$A$2:$D$200,3,FALSE))","v":"Traffic Control Devices And Lighting"},{"$f":"IF(B221=\"\",\"\",VLOOKUP(M221,Sections!$A$2:$D$200,4,FALSE))","v":"Pavement Traffic Markings"}]
[{"$f":"IF(Start!A222=\"\",\"\",Start!A222)","v":""},{"$f":"IF(Start!B222=\"\",\"\",Start!B222)","v":"808-10036"},{"$f":"IF(Start!C222=\"\",\"\",Start!C222)","v":"LINE, MULTI-COMP, BROKEN, YELLOW, 4 IN"},{"$f":"IF(Start!D222=\"\",\"\",Start!D222)","v":300},{"$f":"IF(Start!E222=\"\",\"\",Start!E222)","v":0},{"$f":"IF(Start!F222=\"\",\"\",Start!F222)","v":"L.F."},{"$f":"IF(Start!G222=\"\",\"\",Start!G222)","v":0.25},{"$f":"IF(Start!H222=\"\",\"\",Start!H222)","v":75},1,{"$f":"IF(I222=\"\",\"\",LOOKUP(I222,{1,\"01\";2,\"02\";3,\"03\";4,\"04\";5,\"05\";6,\"06\";7,\"07\";8,\"08\";9,\"09\";10,\"10\";11,\"11\";12,\"12\";13,\"13\";14,\"14\";15,\"15\"}))","v":"01"},"01. Superior Construction Company",800,808,{"$f":"IF(B222=\"\",\"\",VLOOKUP(M222,Sections!$A$2:$D$200,3,FALSE))","v":"Traffic Control Devices And Lighting"},{"$f":"IF(B222=\"\",\"\",VLOOKUP(M222,Sections!$A$2:$D$200,4,FALSE))","v":"Pavement Traffic Markings"}]
[{"$f":"IF(Start!A223=\"\",\"\",Start!A223)","v":""},{"$f":"IF(Start!B223=\"\",\"\",Start!B223)","v":"808-10037"},{"$f":"IF(Start!C223=\"\",\"\",Start!C223)","v":"LINE, MULTI-COMP, SOLID, WHITE, 8 IN"},{"$f":"IF(Start!D223=\"\",\"\",Start!D223)","v":1838},{"$f":"IF(Start!E223=\"\",\"\",Start!E223)","v":0},{"$f":"IF(Start!F223=\"\",\"\",Start!F223)","v":"L.F."},{"$f":"IF(Start!G223=\"\",\"\",Start!G223)","v":0.5},{"$f":"IF(Start!H223=\"\",\"\",Start!H223)","v":919},1,{"$f":"IF(I223=\"\",\"\",LOOKUP(I223,{1,\"01\";2,\"02\";3,\"03\";4,\"04\";5,\"05\";6,\"06\";7,\"07\";8,\"08\";9,\"09\";10,\"10\";11,\"11\";12,\"12\";13,\"13\";14,\"14\";15,\"15\"}))","v":"01"},"01. Superior Construction Company",800,808,{"$f":"IF(B223=\"\",\"\",VLOOKUP(M223,Sections!$A$2:$D$200,3,FALSE))","v":"Traffic Control Devices And Lighting"},{"$f":"IF(B223=\"\",\"\",VLOOKUP(M223,Sections!$A$2:$D$200,4,FALSE))","v":"Pavement Traffic Markings"}]
[{"$f":"IF(Start!A224=\"\",\"\",Start!A224)","v":""},{"$f":"IF(Start!B224=\"\",\"\",Start!B224)","v":"808-10038"},{"$f":"IF(Start!C224=\"\",\"\",Start!C224)","v":"TRANSVERSE MKGS MULTI-COMP SOLID WHITE,"},{"$f":"IF(Start!D224=\"\",\"\",Start!D224)","v":999},{"$f":"IF(Start!E224=\"\",\"\",Start!E224)","v":0},{"$f":"IF(Start!F224=\"\",\"\",Start!F224)","v":"L.F."},{"$f":"IF(Start!G224=\"\",\"\",Start!G224)","v":8},{"$f":"IF(Start!H224=\"\",\"\",Start!H224)","v":7992},1,{"$f":"IF(I224=\"\",\"\",LOOKUP(I224,{1,\"01\";2,\"02\";3,\"03\";4,\"04\";5,\"05\";6,\"06\";7,\"07\";8,\"08\";9,\"09\";10,\"10\";11,\"11\";12,\"12\";13,\"13\";14,\"14\";15,\"15\"}))","v":"01"},"01. Superior Construction Company",800,808,{"$f":"IF(B224=\"\",\"\",VLOOKUP(M224,Sections!$A$2:$D$200,3,FALSE))","v":"Traffic Control Devices And Lighting"},{"$f":"IF(B224=\"\",\"\",VLOOKUP(M224,Sections!$A$2:$D$200,4,FALSE))","v":"Pavement Traffic Markings"}]
[{"$f":"IF(Start!A225=\"\",\"\",Start!A225)","v":""},{"$f":"IF(Start!B225=\"\",\"\",Start!B225)","v":"808-10042"},{"$f":"IF(Start!C225=\"\",\"\",Start!C225)","v":"TRANSVERSE MKG MULTI-COMP SOLID YELLOW"},{"$f":"IF(Start!D225=\"\",\"\",Start!D225)","v":210},{"$f":"IF(Start!E225=\"\",\"\",Start!E225)","v":0},{"$f":"IF(Start!F225=\"\",\"\",Start!F225)","v":"L.F."},{"$f":"IF(Start!G225=\"\",\"\",Start!G225)","v":4},{"$f":"IF(Start!H225=\"\",\"\",Start!H225)","v":840},1,{"$f":"IF(I225=\"\",\"\",LOOKUP(I225,{1,\"01\";2,\"02\";3,\"03\";4,\"04\";5,\"05\";6,\"06\";7,\"07\";8,\"08\";9,\"09\";10,\"10\";11,\"11\";12,\"12\";13,\"13\";14,\"14\";15,\"15\"}))","v":"01"},"01. Superior Construction Company",800,808,{"$f":"IF(B225=\"\",\"\",VLOOKUP(M225,Sections!$A$2:$D$200,3,FALSE))","v":"Traffic Control Devices And Lighting"},{"$f":"IF(B225=\"\",\"\",VLOOKUP(M225,Sections!$A$2:$D$200,4,FALSE))","v":"Pavement Traffic Markings"}]
[{"$f":"IF(Start!A226=\"\",\"\",Start!A226)","v":""},{"$f":"IF(Start!B226=\"\",\"\",Start!B226)","v":"808-10051"},{"$f":"IF(Start!C226=\"\",\"\",Start!C226)","v":"TRANSVERSE MKG MULTI-COMP, STOP LINE,"},{"$f":"IF(Start!D226=\"\",\"\",Start!D226)","v":354},{"$f":"IF(Start!E226=\"\",\"\",Start!E226)","v":0},{"$f":"IF(Start!F226=\"\",\"\",Start!F226)","v":"L.F."},{"$f":"IF(Start!G226=\"\",\"\",Start!G226)","v":8},{"$f":"IF(Start!H226=\"\",\"\",Start!H226)","v":2832},1,{"$f":"IF(I226=\"\",\"\",LOOKUP(I226,{1,\"01\";2,\"02\";3,\"03\";4,\"04\";5,\"05\";6,\"06\";7,\"07\";8,\"08\";9,\"09\";10,\"10\";11,\"11\";12,\"12\";13,\"13\";14,\"14\";15,\"15\"}))","v":"01"},"01. Superior Construction Company",800,808,{"$f":"IF(B226=\"\",\"\",VLOOKUP(M226,Sections!$A$2:$D$200,3,FALSE))","v":"Traffic Control Devices And Lighting"},{"$f":"IF(B226=\"\",\"\",VLOOKUP(M226,Sections!$A$2:$D$200,4,FALSE))","v":"Pavement Traffic Markings"}]
[{"$f":"IF(Start!A227=\"\",\"\",Start!A227)","v":""},{"$f":"IF(Start!B227=\"\",\"\",Start!B227)","v":"808-10058"},{"$f":"IF(Start!C227=\"\",\"\",Start!C227)","v":"LINE, MULTI-COMP, SOLID, YELLOW, 8 IN"},{"$f":"IF(Start!D227=\"\",\"\",Start!D227)","v":4078},{"$f":"IF(Start!E227=\"\",\"\",Start!E227)","v":0},{"$f":"IF(Start!F227=\"\",\"\",Start!F227)","v":"L.F."},{"$f":"IF(Start!G227=\"\",\"\",Start!G227)","v":0.5},{"$f":"IF(Start!H227=\"\",\"\",Start!H227)","v":2039},1,{"$f":"IF(I227=\"\",\"\",LOOKUP(I227,{1,\"01\";2,\"02\";3,\"03\";4,\"04\";5,\"05\";6,\"06\";7,\"07\";8,\"08\";9,\"09\";10,\"10\";11,\"11\";12,\"12\";13,\"13\";14,\"14\";15,\"15\"}))","v":"01"},"01. Superior Construction Company",800,808,{"$f":"IF(B227=\"\",\"\",VLOOKUP(M227,Sections!$A$2:$D$200,3,FALSE))","v":"Traffic Control Devices And Lighting"},{"$f":"IF(B227=\"\",\"\",VLOOKUP(M227,Sections!$A$2:$D$200,4,FALSE))","v":"Pavement Traffic Markings"}]
[{"$f":"IF(Start!A228=\"\",\"\",Start!A228)","v":""},{"$f":"IF(Start!B228=\"\",\"\",Start!B228)","v":"808-10078"},{"$f":"IF(Start!C228=\"\",\"\",Start!C228)","v":"LINE MULTI-COMP DOTTED, WHITE, 4 IN, 24"},{"$f":"IF(Start!D228=\"\",\"\",Start!D228)","v":130},{"$f":"IF(Start!E228=\"\",\"\",Start!E228)","v":0},{"$f":"IF(Start!F228=\"\",\"\",Start!F228)","v":"L.F."},{"$f":"IF(Start!G228=\"\",\"\",Start!G228)","v":4},{"$f":"IF(Start!H228=\"\",\"\",Start!H228)","v":520},1,{"$f":"IF(I228=\"\",\"\",LOOKUP(I228,{1,\"01\";2,\"02\";3,\"03\";4,\"04\";5,\"05\";6,\"06\";7,\"07\";8,\"08\";9,\"09\";10,\"10\";11,\"11\";12,\"12\";13,\"13\";14,\"14\";15,\"15\"}))","v":"01"},"01. Superior Construction Company",800,808,{"$f":"IF(B228=\"\",\"\",VLOOKUP(M228,Sections!$A$2:$D$200,3,FALSE))","v":"Traffic Control Devices And Lighting"},{"$f":"IF(B228=\"\",\"\",VLOOKUP(M228,Sections!$A$2:$D$200,4,FALSE))","v":"Pavement Traffic Markings"}]
[{"$f":"IF(Start!A229=\"\",\"\",Start!A229)","v":""},{"$f":"IF(Start!B229=\"\",\"\",Start!B229)","v":"808-10119"},{"$f":"IF(Start!C229=\"\",\"\",Start!C229)","v":"TRANSVERSE MARKING, MULTI-COMPONENT,"},{"$f":"IF(Start!D229=\"\",\"\",Start!D229)","v":477},{"$f":"IF(Start!E229=\"\",\"\",Start!E229)","v":0},{"$f":"IF(Start!F229=\"\",\"\",Start!F229)","v":"L.F."},{"$f":"IF(Start!G229=\"\",\"\",Start!G229)","v":7.88},{"$f":"IF(Start!H229=\"\",\"\",Start!H229)","v":3758.76},1,{"$f":"IF(I229=\"\",\"\",LOOKUP(I229,{1,\"01\";2,\"02\";3,\"03\";4,\"04\";5,\"05\";6,\"06\";7,\"07\";8,\"08\";9,\"09\";10,\"10\";11,\"11\";12,\"12\";13,\"13\";14,\"14\";15,\"15\"}))","v":"01"},"01. Superior Construction Company",800,808,{"$f":"IF(B229=\"\",\"\",VLOOKUP(M229,Sections!$A$2:$D$200,3,FALSE))","v":"Traffic Control Devices And Lighting"},{"$f":"IF(B229=\"\",\"\",VLOOKUP(M229,Sections!$A$2:$D$200,4,FALSE))","v":"Pavement Traffic Markings"}]
[{"$f":"IF(Start!A230=\"\",\"\",Start!A230)","v":""},{"$f":"IF(Start!B230=\"\",\"\",Start!B230)","v":"808-75245"},{"$f":"IF(Start!C230=\"\",\"\",Start!C230)","v":"LINE, THERMOPLASTIC, SOLID, YELLOW, 4 IN."},{"$f":"IF(Start!D230=\"\",\"\",Start!D230)","v":3086},{"$f":"IF(Start!E230=\"\",\"\",Start!E230)","v":0},{"$f":"IF(Start!F230=\"\",\"\",Start!F230)","v":"L.F."},{"$f":"IF(Start!G230=\"\",\"\",Start!G230)","v":0.35000000000000003},{"$f":"IF(Start!H230=\"\",\"\",Start!H230)","v":1080.1000000000001},1,{"$f":"IF(I230=\"\",\"\",LOOKUP(I230,{1,\"01\";2,\"02\";3,\"03\";4,\"04\";5,\"05\";6,\"06\";7,\"07\";8,\"08\";9,\"09\";10,\"10\";11,\"11\";12,\"12\";13,\"13\";14,\"14\";15,\"15\"}))","v":"01"},"01. Superior Construction Company",800,808,{"$f":"IF(B230=\"\",\"\",VLOOKUP(M230,Sections!$A$2:$D$200,3,FALSE))","v":"Traffic Control Devices And Lighting"},{"$f":"IF(B230=\"\",\"\",VLOOKUP(M230,Sections!$A$2:$D$200,4,FALSE))","v":"Pavement Traffic Markings"}]
[{"$f":"IF(Start!A231=\"\",\"\",Start!A231)","v":""},{"$f":"IF(Start!B231=\"\",\"\",Start!B231)","v":"808-75998"},{"$f":"IF(Start!C231=\"\",\"\",Start!C231)","v":"SNOWPLOWABLE RAISED PAVEMENT MARKER"},{"$f":"IF(Start!D231=\"\",\"\",Start!D231)","v":432},{"$f":"IF(Start!E231=\"\",\"\",Start!E231)","v":0},{"$f":"IF(Start!F231=\"\",\"\",Start!F231)","v":"EACH"},{"$f":"IF(Start!G231=\"\",\"\",Start!G231)","v":19.25},{"$f":"IF(Start!H231=\"\",\"\",Start!H231)","v":8316},1,{"$f":"IF(I231=\"\",\"\",LOOKUP(I231,{1,\"01\";2,\"02\";3,\"03\";4,\"04\";5,\"05\";6,\"06\";7,\"07\";8,\"08\";9,\"09\";10,\"10\";11,\"11\";12,\"12\";13,\"13\";14,\"14\";15,\"15\"}))","v":"01"},"01. Superior Construction Company",800,808,{"$f":"IF(B231=\"\",\"\",VLOOKUP(M231,Sections!$A$2:$D$200,3,FALSE))","v":"Traffic Control Devices And Lighting"},{"$f":"IF(B231=\"\",\"\",VLOOKUP(M231,Sections!$A$2:$D$200,4,FALSE))","v":"Pavement Traffic Markings"}]
[{"$f":"IF(Start!A232=\"\",\"\",Start!A232)","v":""},{"$f":"IF(Start!B232=\"\",\"\",Start!B232)","v":"202-01405"},{"$f":"IF(Start!C232=\"\",\"\",Start!C232)","v":"CONTAMINATED SOIL, REMOVE AND DISPOSE"},{"$f":"IF(Start!D232=\"\",\"\",Start!D232)","v":20},{"$f":"IF(Start!E232=\"\",\"\",Start!E232)","v":0},{"$f":"IF(Start!F232=\"\",\"\",Start!F232)","v":"C.Y."},{"$f":"IF(Start!G232=\"\",\"\",Start!G232)","v":200},{"$f":"IF(Start!H232=\"\",\"\",Start!H232)","v":4000},1,{"$f":"IF(I232=\"\",\"\",LOOKUP(I232,{1,\"01\";2,\"02\";3,\"03\";4,\"04\";5,\"05\";6,\"06\";7,\"07\";8,\"08\";9,\"09\";10,\"10\";11,\"11\";12,\"12\";13,\"13\";14,\"14\";15,\"15\"}))","v":"01"},"01. Superior Construction Company",200,202,{"$f":"IF(B232=\"\",\"\",VLOOKUP(M232,Sections!$A$2:$D$200,3,FALSE))","v":"Earthwork"},{"$f":"IF(B232=\"\",\"\",VLOOKUP(M232,Sections!$A$2:$D$200,4,FALSE))","v":"Removal Of Structures And Obstructions"}]
[{"$f":"IF(Start!A233=\"\",\"\",Start!A233)","v":""},{"$f":"IF(Start!B233=\"\",\"\",Start!B233)","v":"406-05520"},{"$f":"IF(Start!C233=\"\",\"\",Start!C233)","v":"ASPHALT MATERIAL FOR TACK COAT"},{"$f":"IF(Start!D233=\"\",\"\",Start!D233)","v":6},{"$f":"IF(Start!E233=\"\",\"\",Start!E233)","v":0},{"$f":"IF(Start!F233=\"\",\"\",Start!F233)","v":"TON"},{"$f":"IF(Start!G233=\"\",\"\",Start!G233)","v":600},{"$f":"IF(Start!H233=\"\",\"\",Start!H233)","v":3600},1,{"$f":"IF(I233=\"\",\"\",LOOKUP(I233,{1,\"01\";2,\"02\";3,\"03\";4,\"04\";5,\"05\";6,\"06\";7,\"07\";8,\"08\";9,\"09\";10,\"10\";11,\"11\";12,\"12\";13,\"13\";14,\"14\";15,\"15\"}))","v":"01"},"01. Superior Construction Company",400,406,{"$f":"IF(B233=\"\",\"\",VLOOKUP(M233,Sections!$A$2:$D$200,3,FALSE))","v":"Asphalt Pavements"},{"$f":"IF(B233=\"\",\"\",VLOOKUP(M233,Sections!$A$2:$D$200,4,FALSE))","v":"Tack Coat"}]
[{"$f":"IF(Start!A234=\"\",\"\",Start!A234)","v":""},{"$f":"IF(Start!B234=\"\",\"\",Start!B234)","v":"805-01815"},{"$f":"IF(Start!C234=\"\",\"\",Start!C234)","v":"SIGNAL SUPPORT FOUNDATION, 3 FT. X 12 FT."},{"$f":"IF(Start!D234=\"\",\"\",Start!D234)","v":10},{"$f":"IF(Start!E234=\"\",\"\",Start!E234)","v":0},{"$f":"IF(Start!F234=\"\",\"\",Start!F234)","v":"EACH"},{"$f":"IF(Start!G234=\"\",\"\",Start!G234)","v":2010},{"$f":"IF(Start!H234=\"\",\"\",Start!H234)","v":20100},1,{"$f":"IF(I234=\"\",\"\",LOOKUP(I234,{1,\"01\";2,\"02\";3,\"03\";4,\"04\";5,\"05\";6,\"06\";7,\"07\";8,\"08\";9,\"09\";10,\"10\";11,\"11\";12,\"12\";13,\"13\";14,\"14\";15,\"15\"}))","v":"01"},"01. Superior Construction Company",800,805,{"$f":"IF(B234=\"\",\"\",VLOOKUP(M234,Sections!$A$2:$D$200,3,FALSE))","v":"Traffic Control Devices And Lighting"},{"$f":"IF(B234=\"\",\"\",VLOOKUP(M234,Sections!$A$2:$D$200,4,FALSE))","v":"Traffic Signals"}]
[{"$f":"IF(Start!A235=\"\",\"\",Start!A235)","v":""},{"$f":"IF(Start!B235=\"\",\"\",Start!B235)","v":"808-10066"},{"$f":"IF(Start!C235=\"\",\"\",Start!C235)","v":"PAVEMENT MESSAGE MARKINGS,"},{"$f":"IF(Start!D235=\"\",\"\",Start!D235)","v":5},{"$f":"IF(Start!E235=\"\",\"\",Start!E235)","v":0},{"$f":"IF(Start!F235=\"\",\"\",Start!F235)","v":"EACH"},{"$f":"IF(Start!G235=\"\",\"\",Start!G235)","v":98},{"$f":"IF(Start!H235=\"\",\"\",Start!H235)","v":490},1,{"$f":"IF(I235=\"\",\"\",LOOKUP(I235,{1,\"01\";2,\"02\";3,\"03\";4,\"04\";5,\"05\";6,\"06\";7,\"07\";8,\"08\";9,\"09\";10,\"10\";11,\"11\";12,\"12\";13,\"13\";14,\"14\";15,\"15\"}))","v":"01"},"01. Superior Construction Company",800,808,{"$f":"IF(B235=\"\",\"\",VLOOKUP(M235,Sections!$A$2:$D$200,3,FALSE))","v":"Traffic Control Devices And Lighting"},{"$f":"IF(B235=\"\",\"\",VLOOKUP(M235,Sections!$A$2:$D$200,4,FALSE))","v":"Pavement Traffic Markings"}]
[{"$f":"IF(Start!A236=\"\",\"\",Start!A236)","v":""},{"$f":"IF(Start!B236=\"\",\"\",Start!B236)","v":"808-10077"},{"$f":"IF(Start!C236=\"\",\"\",Start!C236)","v":"PAVEMENT MESSAGE MARKINGS,"},{"$f":"IF(Start!D236=\"\",\"\",Start!D236)","v":51},{"$f":"IF(Start!E236=\"\",\"\",Start!E236)","v":0},{"$f":"IF(Start!F236=\"\",\"\",Start!F236)","v":"EACH"},{"$f":"IF(Start!G236=\"\",\"\",Start!G236)","v":80},{"$f":"IF(Start!H236=\"\",\"\",Start!H236)","v":4080},1,{"$f":"IF(I236=\"\",\"\",LOOKUP(I236,{1,\"01\";2,\"02\";3,\"03\";4,\"04\";5,\"05\";6,\"06\";7,\"07\";8,\"08\";9,\"09\";10,\"10\";11,\"11\";12,\"12\";13,\"13\";14,\"14\";15,\"15\"}))","v":"01"},"01. Superior Construction Company",800,808,{"$f":"IF(B236=\"\",\"\",VLOOKUP(M236,Sections!$A$2:$D$200,3,FALSE))","v":"Traffic Control Devices And Lighting"},{"$f":"IF(B236=\"\",\"\",VLOOKUP(M236,Sections!$A$2:$D$200,4,FALSE))","v":"Pavement Traffic Markings"}]
[{"$f":"IF(Start!A237=\"\",\"\",Start!A237)","v":""},{"$f":"IF(Start!B237=\"\",\"\",Start!B237)","v":"808-10052"},{"$f":"IF(Start!C237=\"\",\"\",Start!C237)","v":"PAVEMENT MESSAGE MKG, MULTI-COMP, (ONLY"},{"$f":"IF(Start!D237=\"\",\"\",Start!D237)","v":20},{"$f":"IF(Start!E237=\"\",\"\",Start!E237)","v":0},{"$f":"IF(Start!F237=\"\",\"\",Start!F237)","v":"EACH"},{"$f":"IF(Start!G237=\"\",\"\",Start!G237)","v":99},{"$f":"IF(Start!H237=\"\",\"\",Start!H237)","v":1980},1,{"$f":"IF(I237=\"\",\"\",LOOKUP(I237,{1,\"01\";2,\"02\";3,\"03\";4,\"04\";5,\"05\";6,\"06\";7,\"07\";8,\"08\";9,\"09\";10,\"10\";11,\"11\";12,\"12\";13,\"13\";14,\"14\";15,\"15\"}))","v":"01"},"01. Superior Construction Company",800,808,{"$f":"IF(B237=\"\",\"\",VLOOKUP(M237,Sections!$A$2:$D$200,3,FALSE))","v":"Traffic Control Devices And Lighting"},{"$f":"IF(B237=\"\",\"\",VLOOKUP(M237,Sections!$A$2:$D$200,4,FALSE))","v":"Pavement Traffic Markings"}]
[{"$f":"IF(Start!A238=\"\",\"\",Start!A238)","v":""},{"$f":"IF(Start!B238=\"\",\"\",Start!B238)","v":"808-75996"},{"$f":"IF(Start!C238=\"\",\"\",Start!C238)","v":"SNOWPLOWABLE RAISED PAVEMENT MARKER, REMOVE"},{"$f":"IF(Start!D238=\"\",\"\",Start!D238)","v":200},{"$f":"IF(Start!E238=\"\",\"\",Start!E238)","v":0},{"$f":"IF(Start!F238=\"\",\"\",Start!F238)","v":"EACH"},{"$f":"IF(Start!G238=\"\",\"\",Start!G238)","v":4.25},{"$f":"IF(Start!H238=\"\",\"\",Start!H238)","v":850},1,{"$f":"IF(I238=\"\",\"\",LOOKUP(I238,{1,\"01\";2,\"02\";3,\"03\";4,\"04\";5,\"05\";6,\"06\";7,\"07\";8,\"08\";9,\"09\";10,\"10\";11,\"11\";12,\"12\";13,\"13\";14,\"14\";15,\"15\"}))","v":"01"},"01. Superior Construction Company",800,808,{"$f":"IF(B238=\"\",\"\",VLOOKUP(M238,Sections!$A$2:$D$200,3,FALSE))","v":"Traffic Control Devices And Lighting"},{"$f":"IF(B238=\"\",\"\",VLOOKUP(M238,Sections!$A$2:$D$200,4,FALSE))","v":"Pavement Traffic Markings"}]
[{"$f":"IF(Start!A239=\"\",\"\",Start!A239)","v":""},{"$f":"IF(Start!B239=\"\",\"\",Start!B239)","v":"801-07023"},{"$f":"IF(Start!C239=\"\",\"\",Start!C239)","v":"ENERGY ABSORBIBG TERMINAL, CZ, TL-2"},{"$f":"IF(Start!D239=\"\",\"\",Start!D239)","v":5},{"$f":"IF(Start!E239=\"\",\"\",Start!E239)","v":0},{"$f":"IF(Start!F239=\"\",\"\",Start!F239)","v":"EACH"},{"$f":"IF(Start!G239=\"\",\"\",Start!G239)","v":5400},{"$f":"IF(Start!H239=\"\",\"\",Start!H239)","v":27000},1,{"$f":"IF(I239=\"\",\"\",LOOKUP(I239,{1,\"01\";2,\"02\";3,\"03\";4,\"04\";5,\"05\";6,\"06\";7,\"07\";8,\"08\";9,\"09\";10,\"10\";11,\"11\";12,\"12\";13,\"13\";14,\"14\";15,\"15\"}))","v":"01"},"01. Superior Construction Company",800,801,{"$f":"IF(B239=\"\",\"\",VLOOKUP(M239,Sections!$A$2:$D$200,3,FALSE))","v":"Traffic Control Devices And Lighting"},{"$f":"IF(B239=\"\",\"\",VLOOKUP(M239,Sections!$A$2:$D$200,4,FALSE))","v":"Traffic Controls For Construction And Maintenance Operations"}]
[{"$f":"IF(Start!A240=\"\",\"\",Start!A240)","v":""},{"$f":"IF(Start!B240=\"\",\"\",Start!B240)","v":"720-45140"},{"$f":"IF(Start!C240=\"\",\"\",Start!C240)","v":"INLET, G7, MODIFIED"},{"$f":"IF(Start!D240=\"\",\"\",Start!D240)","v":1},{"$f":"IF(Start!E240=\"\",\"\",Start!E240)","v":0},{"$f":"IF(Start!F240=\"\",\"\",Start!F240)","v":"EACH"},{"$f":"IF(Start!G240=\"\",\"\",Start!G240)","v":2400},{"$f":"IF(Start!H240=\"\",\"\",Start!H240)","v":2400},1,{"$f":"IF(I240=\"\",\"\",LOOKUP(I240,{1,\"01\";2,\"02\";3,\"03\";4,\"04\";5,\"05\";6,\"06\";7,\"07\";8,\"08\";9,\"09\";10,\"10\";11,\"11\";12,\"12\";13,\"13\";14,\"14\";15,\"15\"}))","v":"01"},"01. Superior Construction Company",700,720,{"$f":"IF(B240=\"\",\"\",VLOOKUP(M240,Sections!$A$2:$D$200,3,FALSE))","v":"Structures"},{"$f":"IF(B240=\"\",\"\",VLOOKUP(M240,Sections!$A$2:$D$200,4,FALSE))","v":"Manholes, Inlets, And Catch Basins"}]
[{"$f":"IF(Start!A241=\"\",\"\",Start!A241)","v":""},{"$f":"IF(Start!B241=\"\",\"\",Start!B241)","v":"202-92222"},{"$f":"IF(Start!C241=\"\",\"\",Start!C241)","v":"TESTING FOR CONTAMINATED MATERIALS, TPH (SOIL"},{"$f":"IF(Start!D241=\"\",\"\",Start!D241)","v":5},{"$f":"IF(Start!E241=\"\",\"\",Start!E241)","v":0},{"$f":"IF(Start!F241=\"\",\"\",Start!F241)","v":"EACH"},{"$f":"IF(Start!G241=\"\",\"\",Start!G241)","v":1000},{"$f":"IF(Start!H241=\"\",\"\",Start!H241)","v":5000},1,{"$f":"IF(I241=\"\",\"\",LOOKUP(I241,{1,\"01\";2,\"02\";3,\"03\";4,\"04\";5,\"05\";6,\"06\";7,\"07\";8,\"08\";9,\"09\";10,\"10\";11,\"11\";12,\"12\";13,\"13\";14,\"14\";15,\"15\"}))","v":"01"},"01. Superior Construction Company",200,202,{"$f":"IF(B241=\"\",\"\",VLOOKUP(M241,Sections!$A$2:$D$200,3,FALSE))","v":"Earthwork"},{"$f":"IF(B241=\"\",\"\",VLOOKUP(M241,Sections!$A$2:$D$200,4,FALSE))","v":"Removal Of Structures And Obstructions"}]
[{"$f":"IF(Start!A242=\"\",\"\",Start!A242)","v":""},{"$f":"IF(Start!B242=\"\",\"\",Start!B242)","v":"807-01603"},{"$f":"IF(Start!C242=\"\",\"\",Start!C242)","v":"SERVICE POINT, TYPE II"},{"$f":"IF(Start!D242=\"\",\"\",Start!D242)","v":2},{"$f":"IF(Start!E242=\"\",\"\",Start!E242)","v":0},{"$f":"IF(Start!F242=\"\",\"\",Start!F242)","v":"EACH"},{"$f":"IF(Start!G242=\"\",\"\",Start!G242)","v":3200},{"$f":"IF(Start!H242=\"\",\"\",Start!H242)","v":6400},1,{"$f":"IF(I242=\"\",\"\",LOOKUP(I242,{1,\"01\";2,\"02\";3,\"03\";4,\"04\";5,\"05\";6,\"06\";7,\"07\";8,\"08\";9,\"09\";10,\"10\";11,\"11\";12,\"12\";13,\"13\";14,\"14\";15,\"15\"}))","v":"01"},"01. Superior Construction Company",800,807,{"$f":"IF(B242=\"\",\"\",VLOOKUP(M242,Sections!$A$2:$D$200,3,FALSE))","v":"Traffic Control Devices And Lighting"},{"$f":"IF(B242=\"\",\"\",VLOOKUP(M242,Sections!$A$2:$D$200,4,FALSE))","v":"Highway Illumination"}]
[{"$f":"IF(Start!A243=\"\",\"\",Start!A243)","v":""},{"$f":"IF(Start!B243=\"\",\"\",Start!B243)","v":"202-95579"},{"$f":"IF(Start!C243=\"\",\"\",Start!C243)","v":"SERVICE POINT, REMOVE"},{"$f":"IF(Start!D243=\"\",\"\",Start!D243)","v":2},{"$f":"IF(Start!E243=\"\",\"\",Start!E243)","v":0},{"$f":"IF(Start!F243=\"\",\"\",Start!F243)","v":"EACH"},{"$f":"IF(Start!G243=\"\",\"\",Start!G243)","v":150},{"$f":"IF(Start!H243=\"\",\"\",Start!H243)","v":300},1,{"$f":"IF(I243=\"\",\"\",LOOKUP(I243,{1,\"01\";2,\"02\";3,\"03\";4,\"04\";5,\"05\";6,\"06\";7,\"07\";8,\"08\";9,\"09\";10,\"10\";11,\"11\";12,\"12\";13,\"13\";14,\"14\";15,\"15\"}))","v":"01"},"01. Superior Construction Company",200,202,{"$f":"IF(B243=\"\",\"\",VLOOKUP(M243,Sections!$A$2:$D$200,3,FALSE))","v":"Earthwork"},{"$f":"IF(B243=\"\",\"\",VLOOKUP(M243,Sections!$A$2:$D$200,4,FALSE))","v":"Removal Of Structures And Obstructions"}]
[{"$f":"IF(Start!A244=\"\",\"\",Start!A244)","v":""},{"$f":"IF(Start!B244=\"\",\"\",Start!B244)","v":"621-06553"},{"$f":"IF(Start!C244=\"\",\"\",Start!C244)","v":"SEED MIXTURE, R"},{"$f":"IF(Start!D244=\"\",\"\",Start!D244)","v":2000},{"$f":"IF(Start!E244=\"\",\"\",Start!E244)","v":0},{"$f":"IF(Start!F244=\"\",\"\",Start!F244)","v":"LBS"},{"$f":"IF(Start!G244=\"\",\"\",Start!G244)","v":3.4000000000000004},{"$f":"IF(Start!H244=\"\",\"\",Start!H244)","v":6800},1,{"$f":"IF(I244=\"\",\"\",LOOKUP(I244,{1,\"01\";2,\"02\";3,\"03\";4,\"04\";5,\"05\";6,\"06\";7,\"07\";8,\"08\";9,\"09\";10,\"10\";11,\"11\";12,\"12\";13,\"13\";14,\"14\";15,\"15\"}))","v":"01"},"01. Superior Construction Company",600,621,{"$f":"IF(B244=\"\",\"\",VLOOKUP(M244,Sections!$A$2:$D$200,3,FALSE))","v":"Incidental Construction"},{"$f":"IF(B244=\"\",\"\",VLOOKUP(M244,Sections!$A$2:$D$200,4,FALSE))","v":"Seeding And Sodding"}]
[{"$f":"IF(Start!A245=\"\",\"\",Start!A245)","v":""},{"$f":"IF(Start!B245=\"\",\"\",Start!B245)","v":"801-06625"},{"$f":"IF(Start!C245=\"\",\"\",Start!C245)","v":"DETOUR ROUTE MARKER ASSEMBLY"},{"$f":"IF(Start!D245=\"\",\"\",Start!D245)","v":15},{"$f":"IF(Start!E245=\"\",\"\",Start!E245)","v":0},{"$f":"IF(Start!F245=\"\",\"\",Start!F245)","v":"EACH"},{"$f":"IF(Start!G245=\"\",\"\",Start!G245)","v":89},{"$f":"IF(Start!H245=\"\",\"\",Start!H245)","v":1335},1,{"$f":"IF(I245=\"\",\"\",LOOKUP(I245,{1,\"01\";2,\"02\";3,\"03\";4,\"04\";5,\"05\";6,\"06\";7,\"07\";8,\"08\";9,\"09\";10,\"10\";11,\"11\";12,\"12\";13,\"13\";14,\"14\";15,\"15\"}))","v":"01"},"01. Superior Construction Company",800,801,{"$f":"IF(B245=\"\",\"\",VLOOKUP(M245,Sections!$A$2:$D$200,3,FALSE))","v":"Traffic Control Devices And Lighting"},{"$f":"IF(B245=\"\",\"\",VLOOKUP(M245,Sections!$A$2:$D$200,4,FALSE))","v":"Traffic Controls For Construction And Maintenance Operations"}]
[{"$f":"IF(Start!A246=\"\",\"\",Start!A246)","v":""},{"$f":"IF(Start!B246=\"\",\"\",Start!B246)","v":"801-06539"},{"$f":"IF(Start!C246=\"\",\"\",Start!C246)","v":"TEMPORARY TRAFFIC SIGNAL INSTALLATION, MAINTA"},{"$f":"IF(Start!D246=\"\",\"\",Start!D246)","v":1},{"$f":"IF(Start!E246=\"\",\"\",Start!E246)","v":0},{"$f":"IF(Start!F246=\"\",\"\",Start!F246)","v":"L.S."},{"$f":"IF(Start!G246=\"\",\"\",Start!G246)","v":4100},{"$f":"IF(Start!H246=\"\",\"\",Start!H246)","v":4100},1,{"$f":"IF(I246=\"\",\"\",LOOKUP(I246,{1,\"01\";2,\"02\";3,\"03\";4,\"04\";5,\"05\";6,\"06\";7,\"07\";8,\"08\";9,\"09\";10,\"10\";11,\"11\";12,\"12\";13,\"13\";14,\"14\";15,\"15\"}))","v":"01"},"01. Superior Construction Company",800,801,{"$f":"IF(B246=\"\",\"\",VLOOKUP(M246,Sections!$A$2:$D$200,3,FALSE))","v":"Traffic Control Devices And Lighting"},{"$f":"IF(B246=\"\",\"\",VLOOKUP(M246,Sections!$A$2:$D$200,4,FALSE))","v":"Traffic Controls For Construction And Maintenance Operations"}]
[{"$f":"IF(Start!A247=\"\",\"\",Start!A247)","v":""},{"$f":"IF(Start!B247=\"\",\"\",Start!B247)","v":""},{"$f":"IF(Start!C247=\"\",\"\",Start!C247)","v":""},{"$f":"IF(Start!D247=\"\",\"\",Start!D247)","v":0},{"$f":"IF(Start!E247=\"\",\"\",Start!E247)","v":0},{"$f":"IF(Start!F247=\"\",\"\",Start!F247)","v":""},{"$f":"IF(Start!G247=\"\",\"\",Start!G247)","v":0},{"$f":"IF(Start!H247=\"\",\"\",Start!H247)","v":0},"",{"$f":"IF(I247=\"\",\"\",LOOKUP(I247,{1,\"01\";2,\"02\";3,\"03\";4,\"04\";5,\"05\";6,\"06\";7,\"07\";8,\"08\";9,\"09\";10,\"10\";11,\"11\";12,\"12\";13,\"13\";14,\"14\";15,\"15\"}))","v":""},"","","",{"$f":"IF(B247=\"\",\"\",VLOOKUP(M247,Sections!$A$2:$D$200,3,FALSE))","v":""},{"$f":"IF(B247=\"\",\"\",VLOOKUP(M247,Sections!$A$2:$D$200,4,FALSE))","v":""}]
[{"$f":"IF(Start!A248=\"\",\"\",Start!A248)","v":"27-0887958"},{"$f":"IF(Start!B248=\"\",\"\",Start!B248)","v":""},{"$f":"IF(Start!C248=\"\",\"\",Start!C248)","v":"WALSH CONSTRUCTION COMPANY II LLC"},{"$f":"IF(Start!D248=\"\",\"\",Start!D248)","v":2},{"$f":"IF(Start!E248=\"\",\"\",Start!E248)","v":0},{"$f":"IF(Start!F248=\"\",\"\",Start!F248)","v":""},{"$f":"IF(Start!G248=\"\",\"\",Start!G248)","v":0},{"$f":"IF(Start!H248=\"\",\"\",Start!H248)","v":0},2,{"$f":"IF(I248=\"\",\"\",LOOKUP(I248,{1,\"01\";2,\"02\";3,\"03\";4,\"04\";5,\"05\";6,\"06\";7,\"07\";8,\"08\";9,\"09\";10,\"10\";11,\"11\";12,\"12\";13,\"13\";14,\"14\";15,\"15\"}))","v":"02"},"02. Walsh Construction Company Ii Llc","","",{"$f":"IF(B248=\"\",\"\",VLOOKUP(M248,Sections!$A$2:$D$200,3,FALSE))","v":""},{"$f":"IF(B248=\"\",\"\",VLOOKUP(M248,Sections!$A$2:$D$200,4,FALSE))","v":""}]
[{"$f":"IF(Start!A249=\"\",\"\",Start!A249)","v":""},{"$f":"IF(Start!B249=\"\",\"\",Start!B249)","v":"105-06845"},{"$f":"IF(Start!C249=\"\",\"\",Start!C249)","v":"CONSTRUCTION ENGINEERING"},{"$f":"IF(Start!D249=\"\",\"\",Start!D249)","v":1},{"$f":"IF(Start!E249=\"\",\"\",Start!E249)","v":0},{"$f":"IF(Start!F249=\"\",\"\",Start!F249)","v":"L.S."},{"$f":"IF(Start!G249=\"\",\"\",Start!G249)","v":197827.14},{"$f":"IF(Start!H249=\"\",\"\",Start!H249)","v":197827.14},2,{"$f":"IF(I249=\"\",\"\",LOOKUP(I249,{1,\"01\";2,\"02\";3,\"03\";4,\"04\";5,\"05\";6,\"06\";7,\"07\";8,\"08\";9,\"09\";10,\"10\";11,\"11\";12,\"12\";13,\"13\";14,\"14\";15,\"15\"}))","v":"02"},"02. Walsh Construction Company Ii Llc",100,105,{"$f":"IF(B249=\"\",\"\",VLOOKUP(M249,Sections!$A$2:$D$200,3,FALSE))","v":"General Provisions"},{"$f":"IF(B249=\"\",\"\",VLOOKUP(M249,Sections!$A$2:$D$200,4,FALSE))","v":"Control Of Work"}]
[{"$f":"IF(Start!A250=\"\",\"\",Start!A250)","v":""},{"$f":"IF(Start!B250=\"\",\"\",Start!B250)","v":"105-09645"},{"$f":"IF(Start!C250=\"\",\"\",Start!C250)","v":"CONSTRUCTION ENGINEERING AND INSPECTION"},{"$f":"IF(Start!D250=\"\",\"\",Start!D250)","v":1},{"$f":"IF(Start!E250=\"\",\"\",Start!E250)","v":0},{"$f":"IF(Start!F250=\"\",\"\",Start!F250)","v":"L.S."},{"$f":"IF(Start!G250=\"\",\"\",Start!G250)","v":75000},{"$f":"IF(Start!H250=\"\",\"\",Start!H250)","v":75000},2,{"$f":"IF(I250=\"\",\"\",LOOKUP(I250,{1,\"01\";2,\"02\";3,\"03\";4,\"04\";5,\"05\";6,\"06\";7,\"07\";8,\"08\";9,\"09\";10,\"10\";11,\"11\";12,\"12\";13,\"13\";14,\"14\";15,\"15\"}))","v":"02"},"02. Walsh Construction Company Ii Llc",100,105,{"$f":"IF(B250=\"\",\"\",VLOOKUP(M250,Sections!$A$2:$D$200,3,FALSE))","v":"General Provisions"},{"$f":"IF(B250=\"\",\"\",VLOOKUP(M250,Sections!$A$2:$D$200,4,FALSE))","v":"Control Of Work"}]
[{"$f":"IF(Start!A251=\"\",\"\",Start!A251)","v":""},{"$f":"IF(Start!B251=\"\",\"\",Start!B251)","v":"109-08359"},{"$f":"IF(Start!C251=\"\",\"\",Start!C251)","v":"LIQUIDATED DAMAGES"},{"$f":"IF(Start!D251=\"\",\"\",Start!D251)","v":1},{"$f":"IF(Start!E251=\"\",\"\",Start!E251)","v":0},{"$f":"IF(Start!F251=\"\",\"\",Start!F251)","v":"$"},{"$f":"IF(Start!G251=\"\",\"\",Start!G251)","v":1},{"$f":"IF(Start!H251=\"\",\"\",Start!H251)","v":1},2,{"$f":"IF(I251=\"\",\"\",LOOKUP(I251,{1,\"01\";2,\"02\";3,\"03\";4,\"04\";5,\"05\";6,\"06\";7,\"07\";8,\"08\";9,\"09\";10,\"10\";11,\"11\";12,\"12\";13,\"13\";14,\"14\";15,\"15\"}))","v":"02"},"02. Walsh Construction Company Ii Llc",100,109,{"$f":"IF(B251=\"\",\"\",VLOOKUP(M251,Sections!$A$2:$D$200,3,FALSE))","v":"General Provisions"},{"$f":"IF(B251=\"\",\"\",VLOOKUP(M251,Sections!$A$2:$D$200,4,FALSE))","v":"Measurement And Payment"}]
[{"$f":"IF(Start!A252=\"\",\"\",Start!A252)","v":""},{"$f":"IF(Start!B252=\"\",\"\",Start!B252)","v":"109-08360"},{"$f":"IF(Start!C252=\"\",\"\",Start!C252)","v":"CONTRACT LIENS"},{"$f":"IF(Start!D252=\"\",\"\",Start!D252)","v":1},{"$f":"IF(Start!E252=\"\",\"\",Start!E252)","v":0},{"$f":"IF(Start!F252=\"\",\"\",Start!F252)","v":"$"},{"$f":"IF(Start!G252=\"\",\"\",Start!G252)","v":1},{"$f":"IF(Start!H252=\"\",\"\",Start!H252)","v":1},2,{"$f":"IF(I252=\"\",\"\",LOOKUP(I252,{1,\"01\";2,\"02\";3,\"03\";4,\"04\";5,\"05\";6,\"06\";7,\"07\";8,\"08\";9,\"09\";10,\"10\";11,\"11\";12,\"12\";13,\"13\";14,\"14\";15,\"15\"}))","v":"02"},"02. Walsh Construction Company Ii Llc",100,109,{"$f":"IF(B252=\"\",\"\",VLOOKUP(M252,Sections!$A$2:$D$200,3,FALSE))","v":"General Provisions"},{"$f":"IF(B252=\"\",\"\",VLOOKUP(M252,Sections!$A$2:$D$200,4,FALSE))","v":"Measurement And Payment"}]
[{"$f":"IF(Start!A253=\"\",\"\",Start!A253)","v":""},{"$f":"IF(Start!B253=\"\",\"\",Start!B253)","v":"109-08443"},{"$f":"IF(Start!C253=\"\",\"\",Start!C253)","v":"QUALITY ADJUSTMENTS, TEMPORARY TRAFFIC CONTRO"},{"$f":"IF(Start!D253=\"\",\"\",Start!D253)","v":1},{"$f":"IF(Start!E253=\"\",\"\",Start!E253)","v":0},{"$f":"IF(Start!F253=\"\",\"\",Start!F253)","v":"$"},{"$f":"IF(Start!G253=\"\",\"\",Start!G253)","v":1},{"$f":"IF(Start!H253=\"\",\"\",Start!H253)","v":1},2,{"$f":"IF(I253=\"\",\"\",LOOKUP(I253,{1,\"01\";2,\"02\";3,\"03\";4,\"04\";5,\"05\";6,\"06\";7,\"07\";8,\"08\";9,\"09\";10,\"10\";11,\"11\";12,\"12\";13,\"13\";14,\"14\";15,\"15\"}))","v":"02"},"02. Walsh Construction Company Ii Llc",100,109,{"$f":"IF(B253=\"\",\"\",VLOOKUP(M253,Sections!$A$2:$D$200,3,FALSE))","v":"General Provisions"},{"$f":"IF(B253=\"\",\"\",VLOOKUP(M253,Sections!$A$2:$D$200,4,FALSE))","v":"Measurement And Payment"}]
[{"$f":"IF(Start!A254=\"\",\"\",Start!A254)","v":""},{"$f":"IF(Start!B254=\"\",\"\",Start!B254)","v":"109-08444"},{"$f":"IF(Start!C254=\"\",\"\",Start!C254)","v":"QUALITY ADJUSTMENTS, FAILED MATERIALS"},{"$f":"IF(Start!D254=\"\",\"\",Start!D254)","v":1},{"$f":"IF(Start!E254=\"\",\"\",Start!E254)","v":0},{"$f":"IF(Start!F254=\"\",\"\",Start!F254)","v":"$"},{"$f":"IF(Start!G254=\"\",\"\",Start!G254)","v":1},{"$f":"IF(Start!H254=\"\",\"\",Start!H254)","v":1},2,{"$f":"IF(I254=\"\",\"\",LOOKUP(I254,{1,\"01\";2,\"02\";3,\"03\";4,\"04\";5,\"05\";6,\"06\";7,\"07\";8,\"08\";9,\"09\";10,\"10\";11,\"11\";12,\"12\";13,\"13\";14,\"14\";15,\"15\"}))","v":"02"},"02. Walsh Construction Company Ii Llc",100,109,{"$f":"IF(B254=\"\",\"\",VLOOKUP(M254,Sections!$A$2:$D$200,3,FALSE))","v":"General Provisions"},{"$f":"IF(B254=\"\",\"\",VLOOKUP(M254,Sections!$A$2:$D$200,4,FALSE))","v":"Measurement And Payment"}]
[{"$f":"IF(Start!A255=\"\",\"\",Start!A255)","v":""},{"$f":"IF(Start!B255=\"\",\"\",Start!B255)","v":"109-08463"},{"$f":"IF(Start!C255=\"\",\"\",Start!C255)","v":"PROJECT ESTIMATE ADJUSTMENT"},{"$f":"IF(Start!D255=\"\",\"\",Start!D255)","v":1},{"$f":"IF(Start!E255=\"\",\"\",Start!E255)","v":0},{"$f":"IF(Start!F255=\"\",\"\",Start!F255)","v":"$"},{"$f":"IF(Start!G255=\"\",\"\",Start!G255)","v":1},{"$f":"IF(Start!H255=\"\",\"\",Start!H255)","v":1},2,{"$f":"IF(I255=\"\",\"\",LOOKUP(I255,{1,\"01\";2,\"02\";3,\"03\";4,\"04\";5,\"05\";6,\"06\";7,\"07\";8,\"08\";9,\"09\";10,\"10\";11,\"11\";12,\"12\";13,\"13\";14,\"14\";15,\"15\"}))","v":"02"},"02. Walsh Construction Company Ii Llc",100,109,{"$f":"IF(B255=\"\",\"\",VLOOKUP(M255,Sections!$A$2:$D$200,3,FALSE))","v":"General Provisions"},{"$f":"IF(B255=\"\",\"\",VLOOKUP(M255,Sections!$A$2:$D$200,4,FALSE))","v":"Measurement And Payment"}]
[{"$f":"IF(Start!A256=\"\",\"\",Start!A256)","v":""},{"$f":"IF(Start!B256=\"\",\"\",Start!B256)","v":"109-09377"},{"$f":"IF(Start!C256=\"\",\"\",Start!C256)","v":"QUALITY ADJUSTMENT, PAVEMENT TRAFFIC"},{"$f":"IF(Start!D256=\"\",\"\",Start!D256)","v":1},{"$f":"IF(Start!E256=\"\",\"\",Start!E256)","v":0},{"$f":"IF(Start!F256=\"\",\"\",Start!F256)","v":"$"},{"$f":"IF(Start!G256=\"\",\"\",Start!G256)","v":1},{"$f":"IF(Start!H256=\"\",\"\",Start!H256)","v":1},2,{"$f":"IF(I256=\"\",\"\",LOOKUP(I256,{1,\"01\";2,\"02\";3,\"03\";4,\"04\";5,\"05\";6,\"06\";7,\"07\";8,\"08\";9,\"09\";10,\"10\";11,\"11\";12,\"12\";13,\"13\";14,\"14\";15,\"15\"}))","v":"02"},"02. Walsh Construction Company Ii Llc",100,109,{"$f":"IF(B256=\"\",\"\",VLOOKUP(M256,Sections!$A$2:$D$200,3,FALSE))","v":"General Provisions"},{"$f":"IF(B256=\"\",\"\",VLOOKUP(M256,Sections!$A$2:$D$200,4,FALSE))","v":"Measurement And Payment"}]
[{"$f":"IF(Start!A257=\"\",\"\",Start!A257)","v":""},{"$f":"IF(Start!B257=\"\",\"\",Start!B257)","v":"109-09489"},{"$f":"IF(Start!C257=\"\",\"\",Start!C257)","v":"PAYMENT ADJUSTMENT, PG ASPHALT BINDER"},{"$f":"IF(Start!D257=\"\",\"\",Start!D257)","v":1},{"$f":"IF(Start!E257=\"\",\"\",Start!E257)","v":0},{"$f":"IF(Start!F257=\"\",\"\",Start!F257)","v":"$"},{"$f":"IF(Start!G257=\"\",\"\",Start!G257)","v":1},{"$f":"IF(Start!H257=\"\",\"\",Start!H257)","v":1},2,{"$f":"IF(I257=\"\",\"\",LOOKUP(I257,{1,\"01\";2,\"02\";3,\"03\";4,\"04\";5,\"05\";6,\"06\";7,\"07\";8,\"08\";9,\"09\";10,\"10\";11,\"11\";12,\"12\";13,\"13\";14,\"14\";15,\"15\"}))","v":"02"},"02. Walsh Construction Company Ii Llc",100,109,{"$f":"IF(B257=\"\",\"\",VLOOKUP(M257,Sections!$A$2:$D$200,3,FALSE))","v":"General Provisions"},{"$f":"IF(B257=\"\",\"\",VLOOKUP(M257,Sections!$A$2:$D$200,4,FALSE))","v":"Measurement And Payment"}]
[{"$f":"IF(Start!A258=\"\",\"\",Start!A258)","v":""},{"$f":"IF(Start!B258=\"\",\"\",Start!B258)","v":"110-01001"},{"$f":"IF(Start!C258=\"\",\"\",Start!C258)","v":"MOBILIZATION AND DEMOBILIZATION"},{"$f":"IF(Start!D258=\"\",\"\",Start!D258)","v":1},{"$f":"IF(Start!E258=\"\",\"\",Start!E258)","v":0},{"$f":"IF(Start!F258=\"\",\"\",Start!F258)","v":"L.S."},{"$f":"IF(Start!G258=\"\",\"\",Start!G258)","v":518000},{"$f":"IF(Start!H258=\"\",\"\",Start!H258)","v":518000},2,{"$f":"IF(I258=\"\",\"\",LOOKUP(I258,{1,\"01\";2,\"02\";3,\"03\";4,\"04\";5,\"05\";6,\"06\";7,\"07\";8,\"08\";9,\"09\";10,\"10\";11,\"11\";12,\"12\";13,\"13\";14,\"14\";15,\"15\"}))","v":"02"},"02. Walsh Construction Company Ii Llc",100,110,{"$f":"IF(B258=\"\",\"\",VLOOKUP(M258,Sections!$A$2:$D$200,3,FALSE))","v":"General Provisions"},{"$f":"IF(B258=\"\",\"\",VLOOKUP(M258,Sections!$A$2:$D$200,4,FALSE))","v":"Mobilization And Demobilization"}]
[{"$f":"IF(Start!A259=\"\",\"\",Start!A259)","v":""},{"$f":"IF(Start!B259=\"\",\"\",Start!B259)","v":"201-52370"},{"$f":"IF(Start!C259=\"\",\"\",Start!C259)","v":"CLEARING RIGHT OF WAY"},{"$f":"IF(Start!D259=\"\",\"\",Start!D259)","v":1},{"$f":"IF(Start!E259=\"\",\"\",Start!E259)","v":0},{"$f":"IF(Start!F259=\"\",\"\",Start!F259)","v":"L.S."},{"$f":"IF(Start!G259=\"\",\"\",Start!G259)","v":207000},{"$f":"IF(Start!H259=\"\",\"\",Start!H259)","v":207000},{"$f":"IF(AND(A259=\"\",B259=\"\",C259=\"\"),\"\",IF(AND(A259<>\"\",B259=\"\",G259=0,H259=0),D259,I258))","v":2},{"$f":"IF(I259=\"\",\"\",LOOKUP(I259,{1,\"01\";2,\"02\";3,\"03\";4,\"04\";5,\"05\";6,\"06\";7,\"07\";8,\"08\";9,\"09\";10,\"10\";11,\"11\";12,\"12\";13,\"13\";14,\"14\";15,\"15\"}))","v":"02"},{"$f":"IF(AND(A259<>\"\",B259=\"\"),J259&\". \"&PROPER(C259),IF(AND(A259=\"\",B259<>\"\"),PROPER(K258),\"\"))","v":"02. Walsh Construction Company Ii Llc"},{"$f":"IF(B259=\"\",\"\",LEFT(B259,1)*100)","v":200},{"$f":"IF(B259=\"\",\"\",LEFT(B259,3)*1)","v":201},{"$f":"IF(B259=\"\",\"\",VLOOKUP(M259,Sections!$A$2:$D$200,3,FALSE))","v":"Earthwork"},{"$f":"IF(B259=\"\",\"\",VLOOKUP(M259,Sections!$A$2:$D$200,4,FALSE))","v":"Clearing And Grubbing"}]
[{"$f":"IF(Start!A260=\"\",\"\",Start!A260)","v":""},{"$f":"IF(Start!B260=\"\",\"\",Start!B260)","v":"201-90788"},{"$f":"IF(Start!C260=\"\",\"\",Start!C260)","v":"DEBRIS, REMOVE"},{"$f":"IF(Start!D260=\"\",\"\",Start!D260)","v":1},{"$f":"IF(Start!E260=\"\",\"\",Start!E260)","v":0},{"$f":"IF(Start!F260=\"\",\"\",Start!F260)","v":"L.S."},{"$f":"IF(Start!G260=\"\",\"\",Start!G260)","v":50000},{"$f":"IF(Start!H260=\"\",\"\",Start!H260)","v":50000},2,{"$f":"IF(I260=\"\",\"\",LOOKUP(I260,{1,\"01\";2,\"02\";3,\"03\";4,\"04\";5,\"05\";6,\"06\";7,\"07\";8,\"08\";9,\"09\";10,\"10\";11,\"11\";12,\"12\";13,\"13\";14,\"14\";15,\"15\"}))","v":"02"},"02. Walsh Construction Company Ii Llc",200,201,{"$f":"IF(B260=\"\",\"\",VLOOKUP(M260,Sections!$A$2:$D$200,3,FALSE))","v":"Earthwork"},{"$f":"IF(B260=\"\",\"\",VLOOKUP(M260,Sections!$A$2:$D$200,4,FALSE))","v":"Clearing And Grubbing"}]
[{"$f":"IF(Start!A261=\"\",\"\",Start!A261)","v":""},{"$f":"IF(Start!B261=\"\",\"\",Start!B261)","v":"202-02240"},{"$f":"IF(Start!C261=\"\",\"\",Start!C261)","v":"PAVEMENT, REMOVE"},{"$f":"IF(Start!D261=\"\",\"\",Start!D261)","v":28674},{"$f":"IF(Start!E261=\"\",\"\",Start!E261)","v":0},{"$f":"IF(Start!F261=\"\",\"\",Start!F261)","v":"S.Y."},{"$f":"IF(Start!G261=\"\",\"\",Start!G261)","v":6.34},{"$f":"IF(Start!H261=\"\",\"\",Start!H261)","v":181793.16},2,{"$f":"IF(I261=\"\",\"\",LOOKUP(I261,{1,\"01\";2,\"02\";3,\"03\";4,\"04\";5,\"05\";6,\"06\";7,\"07\";8,\"08\";9,\"09\";10,\"10\";11,\"11\";12,\"12\";13,\"13\";14,\"14\";15,\"15\"}))","v":"02"},"02. Walsh Construction Company Ii Llc",200,202,{"$f":"IF(B261=\"\",\"\",VLOOKUP(M261,Sections!$A$2:$D$200,3,FALSE))","v":"Earthwork"},{"$f":"IF(B261=\"\",\"\",VLOOKUP(M261,Sections!$A$2:$D$200,4,FALSE))","v":"Removal Of Structures And Obstructions"}]
[{"$f":"IF(Start!A262=\"\",\"\",Start!A262)","v":""},{"$f":"IF(Start!B262=\"\",\"\",Start!B262)","v":"202-02271"},{"$f":"IF(Start!C262=\"\",\"\",Start!C262)","v":"HEADWALL, REMOVE"},{"$f":"IF(Start!D262=\"\",\"\",Start!D262)","v":16},{"$f":"IF(Start!E262=\"\",\"\",Start!E262)","v":0},{"$f":"IF(Start!F262=\"\",\"\",Start!F262)","v":"EACH"},{"$f":"IF(Start!G262=\"\",\"\",Start!G262)","v":149.19},{"$f":"IF(Start!H262=\"\",\"\",Start!H262)","v":2387.04},2,{"$f":"IF(I262=\"\",\"\",LOOKUP(I262,{1,\"01\";2,\"02\";3,\"03\";4,\"04\";5,\"05\";6,\"06\";7,\"07\";8,\"08\";9,\"09\";10,\"10\";11,\"11\";12,\"12\";13,\"13\";14,\"14\";15,\"15\"}))","v":"02"},"02. Walsh Construction Company Ii Llc",200,202,{"$f":"IF(B262=\"\",\"\",VLOOKUP(M262,Sections!$A$2:$D$200,3,FALSE))","v":"Earthwork"},{"$f":"IF(B262=\"\",\"\",VLOOKUP(M262,Sections!$A$2:$D$200,4,FALSE))","v":"Removal Of Structures And Obstructions"}]
[{"$f":"IF(Start!A263=\"\",\"\",Start!A263)","v":""},{"$f":"IF(Start!B263=\"\",\"\",Start!B263)","v":"202-02272"},{"$f":"IF(Start!C263=\"\",\"\",Start!C263)","v":"PAVED SIDE DITCH, REMOVE"},{"$f":"IF(Start!D263=\"\",\"\",Start!D263)","v":344},{"$f":"IF(Start!E263=\"\",\"\",Start!E263)","v":0},{"$f":"IF(Start!F263=\"\",\"\",Start!F263)","v":"L.F."},{"$f":"IF(Start!G263=\"\",\"\",Start!G263)","v":11.51},{"$f":"IF(Start!H263=\"\",\"\",Start!H263)","v":3959.44},2,{"$f":"IF(I263=\"\",\"\",LOOKUP(I263,{1,\"01\";2,\"02\";3,\"03\";4,\"04\";5,\"05\";6,\"06\";7,\"07\";8,\"08\";9,\"09\";10,\"10\";11,\"11\";12,\"12\";13,\"13\";14,\"14\";15,\"15\"}))","v":"02"},"02. Walsh Construction Company Ii Llc",200,202,{"$f":"IF(B263=\"\",\"\",VLOOKUP(M263,Sections!$A$2:$D$200,3,FALSE))","v":"Earthwork"},{"$f":"IF(B263=\"\",\"\",VLOOKUP(M263,Sections!$A$2:$D$200,4,FALSE))","v":"Removal Of Structures And Obstructions"}]
[{"$f":"IF(Start!A264=\"\",\"\",Start!A264)","v":""},{"$f":"IF(Start!B264=\"\",\"\",Start!B264)","v":"202-02279"},{"$f":"IF(Start!C264=\"\",\"\",Start!C264)","v":"CURB AND GUTTER, REMOVE"},{"$f":"IF(Start!D264=\"\",\"\",Start!D264)","v":961},{"$f":"IF(Start!E264=\"\",\"\",Start!E264)","v":0},{"$f":"IF(Start!F264=\"\",\"\",Start!F264)","v":"L.F."},{"$f":"IF(Start!G264=\"\",\"\",Start!G264)","v":3.84},{"$f":"IF(Start!H264=\"\",\"\",Start!H264)","v":3690.2400000000002},2,{"$f":"IF(I264=\"\",\"\",LOOKUP(I264,{1,\"01\";2,\"02\";3,\"03\";4,\"04\";5,\"05\";6,\"06\";7,\"07\";8,\"08\";9,\"09\";10,\"10\";11,\"11\";12,\"12\";13,\"13\";14,\"14\";15,\"15\"}))","v":"02"},"02. Walsh Construction Company Ii Llc",200,202,{"$f":"IF(B264=\"\",\"\",VLOOKUP(M264,Sections!$A$2:$D$200,3,FALSE))","v":"Earthwork"},{"$f":"IF(B264=\"\",\"\",VLOOKUP(M264,Sections!$A$2:$D$200,4,FALSE))","v":"Removal Of Structures And Obstructions"}]
[{"$f":"IF(Start!A265=\"\",\"\",Start!A265)","v":""},{"$f":"IF(Start!B265=\"\",\"\",Start!B265)","v":"202-74045"},{"$f":"IF(Start!C265=\"\",\"\",Start!C265)","v":"SIGNS AND SUPPORTS, CHANNEL POSTS, REMOVE"},{"$f":"IF(Start!D265=\"\",\"\",Start!D265)","v":74},{"$f":"IF(Start!E265=\"\",\"\",Start!E265)","v":0},{"$f":"IF(Start!F265=\"\",\"\",Start!F265)","v":"EACH"},{"$f":"IF(Start!G265=\"\",\"\",Start!G265)","v":30},{"$f":"IF(Start!H265=\"\",\"\",Start!H265)","v":2220},2,{"$f":"IF(I265=\"\",\"\",LOOKUP(I265,{1,\"01\";2,\"02\";3,\"03\";4,\"04\";5,\"05\";6,\"06\";7,\"07\";8,\"08\";9,\"09\";10,\"10\";11,\"11\";12,\"12\";13,\"13\";14,\"14\";15,\"15\"}))","v":"02"},"02. Walsh Construction Company Ii Llc",200,202,{"$f":"IF(B265=\"\",\"\",VLOOKUP(M265,Sections!$A$2:$D$200,3,FALSE))","v":"Earthwork"},{"$f":"IF(B265=\"\",\"\",VLOOKUP(M265,Sections!$A$2:$D$200,4,FALSE))","v":"Removal Of Structures And Obstructions"}]
[{"$f":"IF(Start!A266=\"\",\"\",Start!A266)","v":""},{"$f":"IF(Start!B266=\"\",\"\",Start!B266)","v":"202-74080"},{"$f":"IF(Start!C266=\"\",\"\",Start!C266)","v":"OVERHEAD SIGN STRUCTURE, CANTILEVER, REMOVE"},{"$f":"IF(Start!D266=\"\",\"\",Start!D266)","v":2},{"$f":"IF(Start!E266=\"\",\"\",Start!E266)","v":0},{"$f":"IF(Start!F266=\"\",\"\",Start!F266)","v":"EACH"},{"$f":"IF(Start!G266=\"\",\"\",Start!G266)","v":1600},{"$f":"IF(Start!H266=\"\",\"\",Start!H266)","v":3200},2,{"$f":"IF(I266=\"\",\"\",LOOKUP(I266,{1,\"01\";2,\"02\";3,\"03\";4,\"04\";5,\"05\";6,\"06\";7,\"07\";8,\"08\";9,\"09\";10,\"10\";11,\"11\";12,\"12\";13,\"13\";14,\"14\";15,\"15\"}))","v":"02"},"02. Walsh Construction Company Ii Llc",200,202,{"$f":"IF(B266=\"\",\"\",VLOOKUP(M266,Sections!$A$2:$D$200,3,FALSE))","v":"Earthwork"},{"$f":"IF(B266=\"\",\"\",VLOOKUP(M266,Sections!$A$2:$D$200,4,FALSE))","v":"Removal Of Structures And Obstructions"}]
[{"$f":"IF(Start!A267=\"\",\"\",Start!A267)","v":""},{"$f":"IF(Start!B267=\"\",\"\",Start!B267)","v":"202-82066"},{"$f":"IF(Start!C267=\"\",\"\",Start!C267)","v":"SIGN CIRCUITRY, CANTILEVERS, REMOVE"},{"$f":"IF(Start!D267=\"\",\"\",Start!D267)","v":2},{"$f":"IF(Start!E267=\"\",\"\",Start!E267)","v":0},{"$f":"IF(Start!F267=\"\",\"\",Start!F267)","v":"EACH"},{"$f":"IF(Start!G267=\"\",\"\",Start!G267)","v":250},{"$f":"IF(Start!H267=\"\",\"\",Start!H267)","v":500},2,{"$f":"IF(I267=\"\",\"\",LOOKUP(I267,{1,\"01\";2,\"02\";3,\"03\";4,\"04\";5,\"05\";6,\"06\";7,\"07\";8,\"08\";9,\"09\";10,\"10\";11,\"11\";12,\"12\";13,\"13\";14,\"14\";15,\"15\"}))","v":"02"},"02. Walsh Construction Company Ii Llc",200,202,{"$f":"IF(B267=\"\",\"\",VLOOKUP(M267,Sections!$A$2:$D$200,3,FALSE))","v":"Earthwork"},{"$f":"IF(B267=\"\",\"\",VLOOKUP(M267,Sections!$A$2:$D$200,4,FALSE))","v":"Removal Of Structures And Obstructions"}]
[{"$f":"IF(Start!A268=\"\",\"\",Start!A268)","v":""},{"$f":"IF(Start!B268=\"\",\"\",Start!B268)","v":"202-86946"},{"$f":"IF(Start!C268=\"\",\"\",Start!C268)","v":"HANDHOLE, REMOVE"},{"$f":"IF(Start!D268=\"\",\"\",Start!D268)","v":3},{"$f":"IF(Start!E268=\"\",\"\",Start!E268)","v":0},{"$f":"IF(Start!F268=\"\",\"\",Start!F268)","v":"EACH"},{"$f":"IF(Start!G268=\"\",\"\",Start!G268)","v":125},{"$f":"IF(Start!H268=\"\",\"\",Start!H268)","v":375},2,{"$f":"IF(I268=\"\",\"\",LOOKUP(I268,{1,\"01\";2,\"02\";3,\"03\";4,\"04\";5,\"05\";6,\"06\";7,\"07\";8,\"08\";9,\"09\";10,\"10\";11,\"11\";12,\"12\";13,\"13\";14,\"14\";15,\"15\"}))","v":"02"},"02. Walsh Construction Company Ii Llc",200,202,{"$f":"IF(B268=\"\",\"\",VLOOKUP(M268,Sections!$A$2:$D$200,3,FALSE))","v":"Earthwork"},{"$f":"IF(B268=\"\",\"\",VLOOKUP(M268,Sections!$A$2:$D$200,4,FALSE))","v":"Removal Of Structures And Obstructions"}]
[{"$f":"IF(Start!A269=\"\",\"\",Start!A269)","v":""},{"$f":"IF(Start!B269=\"\",\"\",Start!B269)","v":"202-93763"},{"$f":"IF(Start!C269=\"\",\"\",Start!C269)","v":"LIGHT STANDARD AND FOUNDATION,REMOVE"},{"$f":"IF(Start!D269=\"\",\"\",Start!D269)","v":8},{"$f":"IF(Start!E269=\"\",\"\",Start!E269)","v":0},{"$f":"IF(Start!F269=\"\",\"\",Start!F269)","v":"EACH"},{"$f":"IF(Start!G269=\"\",\"\",Start!G269)","v":350},{"$f":"IF(Start!H269=\"\",\"\",Start!H269)","v":2800},2,{"$f":"IF(I269=\"\",\"\",LOOKUP(I269,{1,\"01\";2,\"02\";3,\"03\";4,\"04\";5,\"05\";6,\"06\";7,\"07\";8,\"08\";9,\"09\";10,\"10\";11,\"11\";12,\"12\";13,\"13\";14,\"14\";15,\"15\"}))","v":"02"},"02. Walsh Construction Company Ii Llc",200,202,{"$f":"IF(B269=\"\",\"\",VLOOKUP(M269,Sections!$A$2:$D$200,3,FALSE))","v":"Earthwork"},{"$f":"IF(B269=\"\",\"\",VLOOKUP(M269,Sections!$A$2:$D$200,4,FALSE))","v":"Removal Of Structures And Obstructions"}]
[{"$f":"IF(Start!A270=\"\",\"\",Start!A270)","v":""},{"$f":"IF(Start!B270=\"\",\"\",Start!B270)","v":"202-96035"},{"$f":"IF(Start!C270=\"\",\"\",Start!C270)","v":"CONCRETE WALL, REMOVE"},{"$f":"IF(Start!D270=\"\",\"\",Start!D270)","v":20},{"$f":"IF(Start!E270=\"\",\"\",Start!E270)","v":0},{"$f":"IF(Start!F270=\"\",\"\",Start!F270)","v":"L.F."},{"$f":"IF(Start!G270=\"\",\"\",Start!G270)","v":87.28},{"$f":"IF(Start!H270=\"\",\"\",Start!H270)","v":1745.6000000000001},2,{"$f":"IF(I270=\"\",\"\",LOOKUP(I270,{1,\"01\";2,\"02\";3,\"03\";4,\"04\";5,\"05\";6,\"06\";7,\"07\";8,\"08\";9,\"09\";10,\"10\";11,\"11\";12,\"12\";13,\"13\";14,\"14\";15,\"15\"}))","v":"02"},"02. Walsh Construction Company Ii Llc",200,202,{"$f":"IF(B270=\"\",\"\",VLOOKUP(M270,Sections!$A$2:$D$200,3,FALSE))","v":"Earthwork"},{"$f":"IF(B270=\"\",\"\",VLOOKUP(M270,Sections!$A$2:$D$200,4,FALSE))","v":"Removal Of Structures And Obstructions"}]
[{"$f":"IF(Start!A271=\"\",\"\",Start!A271)","v":""},{"$f":"IF(Start!B271=\"\",\"\",Start!B271)","v":"202-96133"},{"$f":"IF(Start!C271=\"\",\"\",Start!C271)","v":"PIPE, REMOVE"},{"$f":"IF(Start!D271=\"\",\"\",Start!D271)","v":1108},{"$f":"IF(Start!E271=\"\",\"\",Start!E271)","v":0},{"$f":"IF(Start!F271=\"\",\"\",Start!F271)","v":"L.F."},{"$f":"IF(Start!G271=\"\",\"\",Start!G271)","v":8.76},{"$f":"IF(Start!H271=\"\",\"\",Start!H271)","v":9706.08},2,{"$f":"IF(I271=\"\",\"\",LOOKUP(I271,{1,\"01\";2,\"02\";3,\"03\";4,\"04\";5,\"05\";6,\"06\";7,\"07\";8,\"08\";9,\"09\";10,\"10\";11,\"11\";12,\"12\";13,\"13\";14,\"14\";15,\"15\"}))","v":"02"},"02. Walsh Construction Company Ii Llc",200,202,{"$f":"IF(B271=\"\",\"\",VLOOKUP(M271,Sections!$A$2:$D$200,3,FALSE))","v":"Earthwork"},{"$f":"IF(B271=\"\",\"\",VLOOKUP(M271,Sections!$A$2:$D$200,4,FALSE))","v":"Removal Of Structures And Obstructions"}]
[{"$f":"IF(Start!A272=\"\",\"\",Start!A272)","v":""},{"$f":"IF(Start!B272=\"\",\"\",Start!B272)","v":"202-99187"},{"$f":"IF(Start!C272=\"\",\"\",Start!C272)","v":"FENCE, FARM FIELD, REMOVE"},{"$f":"IF(Start!D272=\"\",\"\",Start!D272)","v":2579},{"$f":"IF(Start!E272=\"\",\"\",Start!E272)","v":0},{"$f":"IF(Start!F272=\"\",\"\",Start!F272)","v":"L.F."},{"$f":"IF(Start!G272=\"\",\"\",Start!G272)","v":1.8},{"$f":"IF(Start!H272=\"\",\"\",Start!H272)","v":4642.2},2,{"$f":"IF(I272=\"\",\"\",LOOKUP(I272,{1,\"01\";2,\"02\";3,\"03\";4,\"04\";5,\"05\";6,\"06\";7,\"07\";8,\"08\";9,\"09\";10,\"10\";11,\"11\";12,\"12\";13,\"13\";14,\"14\";15,\"15\"}))","v":"02"},"02. Walsh Construction Company Ii Llc",200,202,{"$f":"IF(B272=\"\",\"\",VLOOKUP(M272,Sections!$A$2:$D$200,3,FALSE))","v":"Earthwork"},{"$f":"IF(B272=\"\",\"\",VLOOKUP(M272,Sections!$A$2:$D$200,4,FALSE))","v":"Removal Of Structures And Obstructions"}]
[{"$f":"IF(Start!A273=\"\",\"\",Start!A273)","v":""},{"$f":"IF(Start!B273=\"\",\"\",Start!B273)","v":"203-02000"},{"$f":"IF(Start!C273=\"\",\"\",Start!C273)","v":"EXCAVATION, COMMON"},{"$f":"IF(Start!D273=\"\",\"\",Start!D273)","v":41965},{"$f":"IF(Start!E273=\"\",\"\",Start!E273)","v":0},{"$f":"IF(Start!F273=\"\",\"\",Start!F273)","v":"C.Y."},{"$f":"IF(Start!G273=\"\",\"\",Start!G273)","v":13},{"$f":"IF(Start!H273=\"\",\"\",Start!H273)","v":545545},2,{"$f":"IF(I273=\"\",\"\",LOOKUP(I273,{1,\"01\";2,\"02\";3,\"03\";4,\"04\";5,\"05\";6,\"06\";7,\"07\";8,\"08\";9,\"09\";10,\"10\";11,\"11\";12,\"12\";13,\"13\";14,\"14\";15,\"15\"}))","v":"02"},"02. Walsh Construction Company Ii Llc",200,203,{"$f":"IF(B273=\"\",\"\",VLOOKUP(M273,Sections!$A$2:$D$200,3,FALSE))","v":"Earthwork"},{"$f":"IF(B273=\"\",\"\",VLOOKUP(M273,Sections!$A$2:$D$200,4,FALSE))","v":"Excavation And Embankment"}]
[{"$f":"IF(Start!A274=\"\",\"\",Start!A274)","v":""},{"$f":"IF(Start!B274=\"\",\"\",Start!B274)","v":"203-02070"},{"$f":"IF(Start!C274=\"\",\"\",Start!C274)","v":"BORROW"},{"$f":"IF(Start!D274=\"\",\"\",Start!D274)","v":9115},{"$f":"IF(Start!E274=\"\",\"\",Start!E274)","v":0},{"$f":"IF(Start!F274=\"\",\"\",Start!F274)","v":"C.Y."},{"$f":"IF(Start!G274=\"\",\"\",Start!G274)","v":0.01},{"$f":"IF(Start!H274=\"\",\"\",Start!H274)","v":91.15},2,{"$f":"IF(I274=\"\",\"\",LOOKUP(I274,{1,\"01\";2,\"02\";3,\"03\";4,\"04\";5,\"05\";6,\"06\";7,\"07\";8,\"08\";9,\"09\";10,\"10\";11,\"11\";12,\"12\";13,\"13\";14,\"14\";15,\"15\"}))","v":"02"},"02. Walsh Construction Company Ii Llc",200,203,{"$f":"IF(B274=\"\",\"\",VLOOKUP(M274,Sections!$A$2:$D$200,3,FALSE))","v":"Earthwork"},{"$f":"IF(B274=\"\",\"\",VLOOKUP(M274,Sections!$A$2:$D$200,4,FALSE))","v":"Excavation And Embankment"}]
[{"$f":"IF(Start!A275=\"\",\"\",Start!A275)","v":""},{"$f":"IF(Start!B275=\"\",\"\",Start!B275)","v":"205-03371"},{"$f":"IF(Start!C275=\"\",\"\",Start!C275)","v":"SEDIMENT REMOVE"},{"$f":"IF(Start!D275=\"\",\"\",Start!D275)","v":2051},{"$f":"IF(Start!E275=\"\",\"\",Start!E275)","v":0},{"$f":"IF(Start!F275=\"\",\"\",Start!F275)","v":"C.Y."},{"$f":"IF(Start!G275=\"\",\"\",Start!G275)","v":7.67},{"$f":"IF(Start!H275=\"\",\"\",Start!H275)","v":15731.17},2,{"$f":"IF(I275=\"\",\"\",LOOKUP(I275,{1,\"01\";2,\"02\";3,\"03\";4,\"04\";5,\"05\";6,\"06\";7,\"07\";8,\"08\";9,\"09\";10,\"10\";11,\"11\";12,\"12\";13,\"13\";14,\"14\";15,\"15\"}))","v":"02"},"02. Walsh Construction Company Ii Llc",200,205,{"$f":"IF(B275=\"\",\"\",VLOOKUP(M275,Sections!$A$2:$D$200,3,FALSE))","v":"Earthwork"},{"$f":"IF(B275=\"\",\"\",VLOOKUP(M275,Sections!$A$2:$D$200,4,FALSE))","v":"Temporary Erosion And Sediment Control"}]
[{"$f":"IF(Start!A276=\"\",\"\",Start!A276)","v":""},{"$f":"IF(Start!B276=\"\",\"\",Start!B276)","v":"205-06931"},{"$f":"IF(Start!C276=\"\",\"\",Start!C276)","v":"TEMPORARY CHECK DAM, REVETMENT RIPRAP"},{"$f":"IF(Start!D276=\"\",\"\",Start!D276)","v":253},{"$f":"IF(Start!E276=\"\",\"\",Start!E276)","v":0},{"$f":"IF(Start!F276=\"\",\"\",Start!F276)","v":"TON"},{"$f":"IF(Start!G276=\"\",\"\",Start!G276)","v":73.69},{"$f":"IF(Start!H276=\"\",\"\",Start!H276)","v":18643.57},2,{"$f":"IF(I276=\"\",\"\",LOOKUP(I276,{1,\"01\";2,\"02\";3,\"03\";4,\"04\";5,\"05\";6,\"06\";7,\"07\";8,\"08\";9,\"09\";10,\"10\";11,\"11\";12,\"12\";13,\"13\";14,\"14\";15,\"15\"}))","v":"02"},"02. Walsh Construction Company Ii Llc",200,205,{"$f":"IF(B276=\"\",\"\",VLOOKUP(M276,Sections!$A$2:$D$200,3,FALSE))","v":"Earthwork"},{"$f":"IF(B276=\"\",\"\",VLOOKUP(M276,Sections!$A$2:$D$200,4,FALSE))","v":"Temporary Erosion And Sediment Control"}]
[{"$f":"IF(Start!A277=\"\",\"\",Start!A277)","v":""},{"$f":"IF(Start!B277=\"\",\"\",Start!B277)","v":"205-06932"},{"$f":"IF(Start!C277=\"\",\"\",Start!C277)","v":"TEMPORARY CHECK DAM, STRAW BALES"},{"$f":"IF(Start!D277=\"\",\"\",Start!D277)","v":402},{"$f":"IF(Start!E277=\"\",\"\",Start!E277)","v":0},{"$f":"IF(Start!F277=\"\",\"\",Start!F277)","v":"L.F."},{"$f":"IF(Start!G277=\"\",\"\",Start!G277)","v":9.25},{"$f":"IF(Start!H277=\"\",\"\",Start!H277)","v":3718.5},2,{"$f":"IF(I277=\"\",\"\",LOOKUP(I277,{1,\"01\";2,\"02\";3,\"03\";4,\"04\";5,\"05\";6,\"06\";7,\"07\";8,\"08\";9,\"09\";10,\"10\";11,\"11\";12,\"12\";13,\"13\";14,\"14\";15,\"15\"}))","v":"02"},"02. Walsh Construction Company Ii Llc",200,205,{"$f":"IF(B277=\"\",\"\",VLOOKUP(M277,Sections!$A$2:$D$200,3,FALSE))","v":"Earthwork"},{"$f":"IF(B277=\"\",\"\",VLOOKUP(M277,Sections!$A$2:$D$200,4,FALSE))","v":"Temporary Erosion And Sediment Control"}]
[{"$f":"IF(Start!A278=\"\",\"\",Start!A278)","v":""},{"$f":"IF(Start!B278=\"\",\"\",Start!B278)","v":"205-06933"},{"$f":"IF(Start!C278=\"\",\"\",Start!C278)","v":"TEMPORARY DITCH INLET PROTECTION"},{"$f":"IF(Start!D278=\"\",\"\",Start!D278)","v":7},{"$f":"IF(Start!E278=\"\",\"\",Start!E278)","v":0},{"$f":"IF(Start!F278=\"\",\"\",Start!F278)","v":"EACH"},{"$f":"IF(Start!G278=\"\",\"\",Start!G278)","v":85},{"$f":"IF(Start!H278=\"\",\"\",Start!H278)","v":595},2,{"$f":"IF(I278=\"\",\"\",LOOKUP(I278,{1,\"01\";2,\"02\";3,\"03\";4,\"04\";5,\"05\";6,\"06\";7,\"07\";8,\"08\";9,\"09\";10,\"10\";11,\"11\";12,\"12\";13,\"13\";14,\"14\";15,\"15\"}))","v":"02"},"02. Walsh Construction Company Ii Llc",200,205,{"$f":"IF(B278=\"\",\"\",VLOOKUP(M278,Sections!$A$2:$D$200,3,FALSE))","v":"Earthwork"},{"$f":"IF(B278=\"\",\"\",VLOOKUP(M278,Sections!$A$2:$D$200,4,FALSE))","v":"Temporary Erosion And Sediment Control"}]
[{"$f":"IF(Start!A279=\"\",\"\",Start!A279)","v":""},{"$f":"IF(Start!B279=\"\",\"\",Start!B279)","v":"205-06934"},{"$f":"IF(Start!C279=\"\",\"\",Start!C279)","v":"TEMPORARY MULCHING"},{"$f":"IF(Start!D279=\"\",\"\",Start!D279)","v":73},{"$f":"IF(Start!E279=\"\",\"\",Start!E279)","v":0},{"$f":"IF(Start!F279=\"\",\"\",Start!F279)","v":"TON"},{"$f":"IF(Start!G279=\"\",\"\",Start!G279)","v":400},{"$f":"IF(Start!H279=\"\",\"\",Start!H279)","v":29200},2,{"$f":"IF(I279=\"\",\"\",LOOKUP(I279,{1,\"01\";2,\"02\";3,\"03\";4,\"04\";5,\"05\";6,\"06\";7,\"07\";8,\"08\";9,\"09\";10,\"10\";11,\"11\";12,\"12\";13,\"13\";14,\"14\";15,\"15\"}))","v":"02"},"02. Walsh Construction Company Ii Llc",200,205,{"$f":"IF(B279=\"\",\"\",VLOOKUP(M279,Sections!$A$2:$D$200,3,FALSE))","v":"Earthwork"},{"$f":"IF(B279=\"\",\"\",VLOOKUP(M279,Sections!$A$2:$D$200,4,FALSE))","v":"Temporary Erosion And Sediment Control"}]
[{"$f":"IF(Start!A280=\"\",\"\",Start!A280)","v":""},{"$f":"IF(Start!B280=\"\",\"\",Start!B280)","v":"205-06936"},{"$f":"IF(Start!C280=\"\",\"\",Start!C280)","v":"TEMPORARY SEDIMENT TRAP"},{"$f":"IF(Start!D280=\"\",\"\",Start!D280)","v":20},{"$f":"IF(Start!E280=\"\",\"\",Start!E280)","v":0},{"$f":"IF(Start!F280=\"\",\"\",Start!F280)","v":"TON"},{"$f":"IF(Start!G280=\"\",\"\",Start!G280)","v":154.11000000000001},{"$f":"IF(Start!H280=\"\",\"\",Start!H280)","v":3082.2000000000003},2,{"$f":"IF(I280=\"\",\"\",LOOKUP(I280,{1,\"01\";2,\"02\";3,\"03\";4,\"04\";5,\"05\";6,\"06\";7,\"07\";8,\"08\";9,\"09\";10,\"10\";11,\"11\";12,\"12\";13,\"13\";14,\"14\";15,\"15\"}))","v":"02"},"02. Walsh Construction Company Ii Llc",200,205,{"$f":"IF(B280=\"\",\"\",VLOOKUP(M280,Sections!$A$2:$D$200,3,FALSE))","v":"Earthwork"},{"$f":"IF(B280=\"\",\"\",VLOOKUP(M280,Sections!$A$2:$D$200,4,FALSE))","v":"Temporary Erosion And Sediment Control"}]
[{"$f":"IF(Start!A281=\"\",\"\",Start!A281)","v":""},{"$f":"IF(Start!B281=\"\",\"\",Start!B281)","v":"205-06937"},{"$f":"IF(Start!C281=\"\",\"\",Start!C281)","v":"TEMPORARY SILT FENCE"},{"$f":"IF(Start!D281=\"\",\"\",Start!D281)","v":18458},{"$f":"IF(Start!E281=\"\",\"\",Start!E281)","v":0},{"$f":"IF(Start!F281=\"\",\"\",Start!F281)","v":"L.F."},{"$f":"IF(Start!G281=\"\",\"\",Start!G281)","v":1.98},{"$f":"IF(Start!H281=\"\",\"\",Start!H281)","v":36546.840000000004},2,{"$f":"IF(I281=\"\",\"\",LOOKUP(I281,{1,\"01\";2,\"02\";3,\"03\";4,\"04\";5,\"05\";6,\"06\";7,\"07\";8,\"08\";9,\"09\";10,\"10\";11,\"11\";12,\"12\";13,\"13\";14,\"14\";15,\"15\"}))","v":"02"},"02. Walsh Construction Company Ii Llc",200,205,{"$f":"IF(B281=\"\",\"\",VLOOKUP(M281,Sections!$A$2:$D$200,3,FALSE))","v":"Earthwork"},{"$f":"IF(B281=\"\",\"\",VLOOKUP(M281,Sections!$A$2:$D$200,4,FALSE))","v":"Temporary Erosion And Sediment Control"}]
[{"$f":"IF(Start!A282=\"\",\"\",Start!A282)","v":""},{"$f":"IF(Start!B282=\"\",\"\",Start!B282)","v":"205-09543"},{"$f":"IF(Start!C282=\"\",\"\",Start!C282)","v":"NO 2 STONE"},{"$f":"IF(Start!D282=\"\",\"\",Start!D282)","v":150},{"$f":"IF(Start!E282=\"\",\"\",Start!E282)","v":0},{"$f":"IF(Start!F282=\"\",\"\",Start!F282)","v":"TON"},{"$f":"IF(Start!G282=\"\",\"\",Start!G282)","v":51.18},{"$f":"IF(Start!H282=\"\",\"\",Start!H282)","v":7677},2,{"$f":"IF(I282=\"\",\"\",LOOKUP(I282,{1,\"01\";2,\"02\";3,\"03\";4,\"04\";5,\"05\";6,\"06\";7,\"07\";8,\"08\";9,\"09\";10,\"10\";11,\"11\";12,\"12\";13,\"13\";14,\"14\";15,\"15\"}))","v":"02"},"02. Walsh Construction Company Ii Llc",200,205,{"$f":"IF(B282=\"\",\"\",VLOOKUP(M282,Sections!$A$2:$D$200,3,FALSE))","v":"Earthwork"},{"$f":"IF(B282=\"\",\"\",VLOOKUP(M282,Sections!$A$2:$D$200,4,FALSE))","v":"Temporary Erosion And Sediment Control"}]
[{"$f":"IF(Start!A283=\"\",\"\",Start!A283)","v":""},{"$f":"IF(Start!B283=\"\",\"\",Start!B283)","v":"207-08263"},{"$f":"IF(Start!C283=\"\",\"\",Start!C283)","v":"SUBGRADE TREATMENT, TYPE IA"},{"$f":"IF(Start!D283=\"\",\"\",Start!D283)","v":102662},{"$f":"IF(Start!E283=\"\",\"\",Start!E283)","v":0},{"$f":"IF(Start!F283=\"\",\"\",Start!F283)","v":"S.Y."},{"$f":"IF(Start!G283=\"\",\"\",Start!G283)","v":5.23},{"$f":"IF(Start!H283=\"\",\"\",Start!H283)","v":536922.26},2,{"$f":"IF(I283=\"\",\"\",LOOKUP(I283,{1,\"01\";2,\"02\";3,\"03\";4,\"04\";5,\"05\";6,\"06\";7,\"07\";8,\"08\";9,\"09\";10,\"10\";11,\"11\";12,\"12\";13,\"13\";14,\"14\";15,\"15\"}))","v":"02"},"02. Walsh Construction Company Ii Llc",200,207,{"$f":"IF(B283=\"\",\"\",VLOOKUP(M283,Sections!$A$2:$D$200,3,FALSE))","v":"Earthwork"},{"$f":"IF(B283=\"\",\"\",VLOOKUP(M283,Sections!$A$2:$D$200,4,FALSE))","v":"Subgrade"}]
[{"$f":"IF(Start!A284=\"\",\"\",Start!A284)","v":""},{"$f":"IF(Start!B284=\"\",\"\",Start!B284)","v":"207-08263"},{"$f":"IF(Start!C284=\"\",\"\",Start!C284)","v":"SUBGRADE TREATMENT, TYPE IA"},{"$f":"IF(Start!D284=\"\",\"\",Start!D284)","v":9100},{"$f":"IF(Start!E284=\"\",\"\",Start!E284)","v":0},{"$f":"IF(Start!F284=\"\",\"\",Start!F284)","v":"S.Y."},{"$f":"IF(Start!G284=\"\",\"\",Start!G284)","v":14.540000000000001},{"$f":"IF(Start!H284=\"\",\"\",Start!H284)","v":132314},2,{"$f":"IF(I284=\"\",\"\",LOOKUP(I284,{1,\"01\";2,\"02\";3,\"03\";4,\"04\";5,\"05\";6,\"06\";7,\"07\";8,\"08\";9,\"09\";10,\"10\";11,\"11\";12,\"12\";13,\"13\";14,\"14\";15,\"15\"}))","v":"02"},"02. Walsh Construction Company Ii Llc",200,207,{"$f":"IF(B284=\"\",\"\",VLOOKUP(M284,Sections!$A$2:$D$200,3,FALSE))","v":"Earthwork"},{"$f":"IF(B284=\"\",\"\",VLOOKUP(M284,Sections!$A$2:$D$200,4,FALSE))","v":"Subgrade"}]
[{"$f":"IF(Start!A285=\"\",\"\",Start!A285)","v":""},{"$f":"IF(Start!B285=\"\",\"\",Start!B285)","v":"207-08267"},{"$f":"IF(Start!C285=\"\",\"\",Start!C285)","v":"SUBGRADE TREATMENT, TYPE IIIA"},{"$f":"IF(Start!D285=\"\",\"\",Start!D285)","v":5305},{"$f":"IF(Start!E285=\"\",\"\",Start!E285)","v":0},{"$f":"IF(Start!F285=\"\",\"\",Start!F285)","v":"S.Y."},{"$f":"IF(Start!G285=\"\",\"\",Start!G285)","v":12.07},{"$f":"IF(Start!H285=\"\",\"\",Start!H285)","v":64031.35},2,{"$f":"IF(I285=\"\",\"\",LOOKUP(I285,{1,\"01\";2,\"02\";3,\"03\";4,\"04\";5,\"05\";6,\"06\";7,\"07\";8,\"08\";9,\"09\";10,\"10\";11,\"11\";12,\"12\";13,\"13\";14,\"14\";15,\"15\"}))","v":"02"},"02. Walsh Construction Company Ii Llc",200,207,{"$f":"IF(B285=\"\",\"\",VLOOKUP(M285,Sections!$A$2:$D$200,3,FALSE))","v":"Earthwork"},{"$f":"IF(B285=\"\",\"\",VLOOKUP(M285,Sections!$A$2:$D$200,4,FALSE))","v":"Subgrade"}]
[{"$f":"IF(Start!A286=\"\",\"\",Start!A286)","v":""},{"$f":"IF(Start!B286=\"\",\"\",Start!B286)","v":"211-09264"},{"$f":"IF(Start!C286=\"\",\"\",Start!C286)","v":"STRUCTURE BACKFILL, TYPE 1"},{"$f":"IF(Start!D286=\"\",\"\",Start!D286)","v":900},{"$f":"IF(Start!E286=\"\",\"\",Start!E286)","v":0},{"$f":"IF(Start!F286=\"\",\"\",Start!F286)","v":"C.Y."},{"$f":"IF(Start!G286=\"\",\"\",Start!G286)","v":20.63},{"$f":"IF(Start!H286=\"\",\"\",Start!H286)","v":18567},2,{"$f":"IF(I286=\"\",\"\",LOOKUP(I286,{1,\"01\";2,\"02\";3,\"03\";4,\"04\";5,\"05\";6,\"06\";7,\"07\";8,\"08\";9,\"09\";10,\"10\";11,\"11\";12,\"12\";13,\"13\";14,\"14\";15,\"15\"}))","v":"02"},"02. Walsh Construction Company Ii Llc",200,211,{"$f":"IF(B286=\"\",\"\",VLOOKUP(M286,Sections!$A$2:$D$200,3,FALSE))","v":"Earthwork"},{"$f":"IF(B286=\"\",\"\",VLOOKUP(M286,Sections!$A$2:$D$200,4,FALSE))","v":"B Borrow And Structure Backfill"}]
[{"$f":"IF(Start!A287=\"\",\"\",Start!A287)","v":""},{"$f":"IF(Start!B287=\"\",\"\",Start!B287)","v":"211-09265"},{"$f":"IF(Start!C287=\"\",\"\",Start!C287)","v":"STRUCTURE BACKFILL, TYPE 2"},{"$f":"IF(Start!D287=\"\",\"\",Start!D287)","v":1251},{"$f":"IF(Start!E287=\"\",\"\",Start!E287)","v":0},{"$f":"IF(Start!F287=\"\",\"\",Start!F287)","v":"C.Y."},{"$f":"IF(Start!G287=\"\",\"\",Start!G287)","v":23.86},{"$f":"IF(Start!H287=\"\",\"\",Start!H287)","v":29848.86},2,{"$f":"IF(I287=\"\",\"\",LOOKUP(I287,{1,\"01\";2,\"02\";3,\"03\";4,\"04\";5,\"05\";6,\"06\";7,\"07\";8,\"08\";9,\"09\";10,\"10\";11,\"11\";12,\"12\";13,\"13\";14,\"14\";15,\"15\"}))","v":"02"},"02. Walsh Construction Company Ii Llc",200,211,{"$f":"IF(B287=\"\",\"\",VLOOKUP(M287,Sections!$A$2:$D$200,3,FALSE))","v":"Earthwork"},{"$f":"IF(B287=\"\",\"\",VLOOKUP(M287,Sections!$A$2:$D$200,4,FALSE))","v":"B Borrow And Structure Backfill"}]
[{"$f":"IF(Start!A288=\"\",\"\",Start!A288)","v":""},{"$f":"IF(Start!B288=\"\",\"\",Start!B288)","v":"213-09269"},{"$f":"IF(Start!C288=\"\",\"\",Start!C288)","v":"FLOWABLE BACKFILL, NON-REMOVEABLE"},{"$f":"IF(Start!D288=\"\",\"\",Start!D288)","v":613},{"$f":"IF(Start!E288=\"\",\"\",Start!E288)","v":0},{"$f":"IF(Start!F288=\"\",\"\",Start!F288)","v":"C.Y."},{"$f":"IF(Start!G288=\"\",\"\",Start!G288)","v":90.22},{"$f":"IF(Start!H288=\"\",\"\",Start!H288)","v":55304.86},2,{"$f":"IF(I288=\"\",\"\",LOOKUP(I288,{1,\"01\";2,\"02\";3,\"03\";4,\"04\";5,\"05\";6,\"06\";7,\"07\";8,\"08\";9,\"09\";10,\"10\";11,\"11\";12,\"12\";13,\"13\";14,\"14\";15,\"15\"}))","v":"02"},"02. Walsh Construction Company Ii Llc",200,213,{"$f":"IF(B288=\"\",\"\",VLOOKUP(M288,Sections!$A$2:$D$200,3,FALSE))","v":"Earthwork"},{"$f":"IF(B288=\"\",\"\",VLOOKUP(M288,Sections!$A$2:$D$200,4,FALSE))","v":"Flowable Backfill"}]
[{"$f":"IF(Start!A289=\"\",\"\",Start!A289)","v":""},{"$f":"IF(Start!B289=\"\",\"\",Start!B289)","v":"301-07448"},{"$f":"IF(Start!C289=\"\",\"\",Start!C289)","v":"COMPACTED AGGREGATE, NO. 53, BASE"},{"$f":"IF(Start!D289=\"\",\"\",Start!D289)","v":7516},{"$f":"IF(Start!E289=\"\",\"\",Start!E289)","v":0},{"$f":"IF(Start!F289=\"\",\"\",Start!F289)","v":"TON"},{"$f":"IF(Start!G289=\"\",\"\",Start!G289)","v":17.59},{"$f":"IF(Start!H289=\"\",\"\",Start!H289)","v":132206.44},2,{"$f":"IF(I289=\"\",\"\",LOOKUP(I289,{1,\"01\";2,\"02\";3,\"03\";4,\"04\";5,\"05\";6,\"06\";7,\"07\";8,\"08\";9,\"09\";10,\"10\";11,\"11\";12,\"12\";13,\"13\";14,\"14\";15,\"15\"}))","v":"02"},"02. Walsh Construction Company Ii Llc",300,301,{"$f":"IF(B289=\"\",\"\",VLOOKUP(M289,Sections!$A$2:$D$200,3,FALSE))","v":"Aggregate Pavement And Bases"},{"$f":"IF(B289=\"\",\"\",VLOOKUP(M289,Sections!$A$2:$D$200,4,FALSE))","v":"Aggregate Base"}]
[{"$f":"IF(Start!A290=\"\",\"\",Start!A290)","v":""},{"$f":"IF(Start!B290=\"\",\"\",Start!B290)","v":"302-06464"},{"$f":"IF(Start!C290=\"\",\"\",Start!C290)","v":"SUBBASE FOR PCCP"},{"$f":"IF(Start!D290=\"\",\"\",Start!D290)","v":24464},{"$f":"IF(Start!E290=\"\",\"\",Start!E290)","v":0},{"$f":"IF(Start!F290=\"\",\"\",Start!F290)","v":"C.Y."},{"$f":"IF(Start!G290=\"\",\"\",Start!G290)","v":29.93},{"$f":"IF(Start!H290=\"\",\"\",Start!H290)","v":732207.52},2,{"$f":"IF(I290=\"\",\"\",LOOKUP(I290,{1,\"01\";2,\"02\";3,\"03\";4,\"04\";5,\"05\";6,\"06\";7,\"07\";8,\"08\";9,\"09\";10,\"10\";11,\"11\";12,\"12\";13,\"13\";14,\"14\";15,\"15\"}))","v":"02"},"02. Walsh Construction Company Ii Llc",300,302,{"$f":"IF(B290=\"\",\"\",VLOOKUP(M290,Sections!$A$2:$D$200,3,FALSE))","v":"Aggregate Pavement And Bases"},{"$f":"IF(B290=\"\",\"\",VLOOKUP(M290,Sections!$A$2:$D$200,4,FALSE))","v":"Subbase"}]
[{"$f":"IF(Start!A291=\"\",\"\",Start!A291)","v":""},{"$f":"IF(Start!B291=\"\",\"\",Start!B291)","v":"303-08210"},{"$f":"IF(Start!C291=\"\",\"\",Start!C291)","v":"COMPACTED AGGREGATE NO. 53, TEMPORARY FOR DRI"},{"$f":"IF(Start!D291=\"\",\"\",Start!D291)","v":30},{"$f":"IF(Start!E291=\"\",\"\",Start!E291)","v":0},{"$f":"IF(Start!F291=\"\",\"\",Start!F291)","v":"TON"},{"$f":"IF(Start!G291=\"\",\"\",Start!G291)","v":50.620000000000005},{"$f":"IF(Start!H291=\"\",\"\",Start!H291)","v":1518.6000000000001},2,{"$f":"IF(I291=\"\",\"\",LOOKUP(I291,{1,\"01\";2,\"02\";3,\"03\";4,\"04\";5,\"05\";6,\"06\";7,\"07\";8,\"08\";9,\"09\";10,\"10\";11,\"11\";12,\"12\";13,\"13\";14,\"14\";15,\"15\"}))","v":"02"},"02. Walsh Construction Company Ii Llc",300,303,{"$f":"IF(B291=\"\",\"\",VLOOKUP(M291,Sections!$A$2:$D$200,3,FALSE))","v":"Aggregate Pavement And Bases"},{"$f":"IF(B291=\"\",\"\",VLOOKUP(M291,Sections!$A$2:$D$200,4,FALSE))","v":"Aggregate Pavements Or Shoulders"}]
[{"$f":"IF(Start!A292=\"\",\"\",Start!A292)","v":""},{"$f":"IF(Start!B292=\"\",\"\",Start!B292)","v":"306-08034"},{"$f":"IF(Start!C292=\"\",\"\",Start!C292)","v":"MILLING, ASPHALT, 1 1/2 IN."},{"$f":"IF(Start!D292=\"\",\"\",Start!D292)","v":3039},{"$f":"IF(Start!E292=\"\",\"\",Start!E292)","v":0},{"$f":"IF(Start!F292=\"\",\"\",Start!F292)","v":"S.Y."},{"$f":"IF(Start!G292=\"\",\"\",Start!G292)","v":1.1100000000000001},{"$f":"IF(Start!H292=\"\",\"\",Start!H292)","v":3373.29},2,{"$f":"IF(I292=\"\",\"\",LOOKUP(I292,{1,\"01\";2,\"02\";3,\"03\";4,\"04\";5,\"05\";6,\"06\";7,\"07\";8,\"08\";9,\"09\";10,\"10\";11,\"11\";12,\"12\";13,\"13\";14,\"14\";15,\"15\"}))","v":"02"},"02. Walsh Construction Company Ii Llc",300,306,{"$f":"IF(B292=\"\",\"\",VLOOKUP(M292,Sections!$A$2:$D$200,3,FALSE))","v":"Aggregate Pavement And Bases"},{"$f":"IF(B292=\"\",\"\",VLOOKUP(M292,Sections!$A$2:$D$200,4,FALSE))","v":"Milling"}]
[{"$f":"IF(Start!A293=\"\",\"\",Start!A293)","v":""},{"$f":"IF(Start!B293=\"\",\"\",Start!B293)","v":"402-07784"},{"$f":"IF(Start!C293=\"\",\"\",Start!C293)","v":"HMA SURFACE, TYPE D"},{"$f":"IF(Start!D293=\"\",\"\",Start!D293)","v":268},{"$f":"IF(Start!E293=\"\",\"\",Start!E293)","v":0},{"$f":"IF(Start!F293=\"\",\"\",Start!F293)","v":"TON"},{"$f":"IF(Start!G293=\"\",\"\",Start!G293)","v":87.75},{"$f":"IF(Start!H293=\"\",\"\",Start!H293)","v":23517},2,{"$f":"IF(I293=\"\",\"\",LOOKUP(I293,{1,\"01\";2,\"02\";3,\"03\";4,\"04\";5,\"05\";6,\"06\";7,\"07\";8,\"08\";9,\"09\";10,\"10\";11,\"11\";12,\"12\";13,\"13\";14,\"14\";15,\"15\"}))","v":"02"},"02. Walsh Construction Company Ii Llc",400,402,{"$f":"IF(B293=\"\",\"\",VLOOKUP(M293,Sections!$A$2:$D$200,3,FALSE))","v":"Asphalt Pavements"},{"$f":"IF(B293=\"\",\"\",VLOOKUP(M293,Sections!$A$2:$D$200,4,FALSE))","v":"Hot Mix Asphalt, HMA, Pavement"}]
[{"$f":"IF(Start!A294=\"\",\"\",Start!A294)","v":""},{"$f":"IF(Start!B294=\"\",\"\",Start!B294)","v":"402-07785"},{"$f":"IF(Start!C294=\"\",\"\",Start!C294)","v":"HMA INTERMEDIATE, TYPE D"},{"$f":"IF(Start!D294=\"\",\"\",Start!D294)","v":67},{"$f":"IF(Start!E294=\"\",\"\",Start!E294)","v":0},{"$f":"IF(Start!F294=\"\",\"\",Start!F294)","v":"TON"},{"$f":"IF(Start!G294=\"\",\"\",Start!G294)","v":89.850000000000009},{"$f":"IF(Start!H294=\"\",\"\",Start!H294)","v":6019.95},2,{"$f":"IF(I294=\"\",\"\",LOOKUP(I294,{1,\"01\";2,\"02\";3,\"03\";4,\"04\";5,\"05\";6,\"06\";7,\"07\";8,\"08\";9,\"09\";10,\"10\";11,\"11\";12,\"12\";13,\"13\";14,\"14\";15,\"15\"}))","v":"02"},"02. Walsh Construction Company Ii Llc",400,402,{"$f":"IF(B294=\"\",\"\",VLOOKUP(M294,Sections!$A$2:$D$200,3,FALSE))","v":"Asphalt Pavements"},{"$f":"IF(B294=\"\",\"\",VLOOKUP(M294,Sections!$A$2:$D$200,4,FALSE))","v":"Hot Mix Asphalt, HMA, Pavement"}]
[{"$f":"IF(Start!A295=\"\",\"\",Start!A295)","v":""},{"$f":"IF(Start!B295=\"\",\"\",Start!B295)","v":"402-10083"},{"$f":"IF(Start!C295=\"\",\"\",Start!C295)","v":"HMA FOR TEMPORARY PAVEMENT, A"},{"$f":"IF(Start!D295=\"\",\"\",Start!D295)","v":2241},{"$f":"IF(Start!E295=\"\",\"\",Start!E295)","v":0},{"$f":"IF(Start!F295=\"\",\"\",Start!F295)","v":"TON"},{"$f":"IF(Start!G295=\"\",\"\",Start!G295)","v":68.84},{"$f":"IF(Start!H295=\"\",\"\",Start!H295)","v":154270.44},2,{"$f":"IF(I295=\"\",\"\",LOOKUP(I295,{1,\"01\";2,\"02\";3,\"03\";4,\"04\";5,\"05\";6,\"06\";7,\"07\";8,\"08\";9,\"09\";10,\"10\";11,\"11\";12,\"12\";13,\"13\";14,\"14\";15,\"15\"}))","v":"02"},"02. Walsh Construction Company Ii Llc",400,402,{"$f":"IF(B295=\"\",\"\",VLOOKUP(M295,Sections!$A$2:$D$200,3,FALSE))","v":"Asphalt Pavements"},{"$f":"IF(B295=\"\",\"\",VLOOKUP(M295,Sections!$A$2:$D$200,4,FALSE))","v":"Hot Mix Asphalt, HMA, Pavement"}]
[{"$f":"IF(Start!A296=\"\",\"\",Start!A296)","v":""},{"$f":"IF(Start!B296=\"\",\"\",Start!B296)","v":"501-06321"},{"$f":"IF(Start!C296=\"\",\"\",Start!C296)","v":"QC/QA PCCP, 10 IN."},{"$f":"IF(Start!D296=\"\",\"\",Start!D296)","v":93599},{"$f":"IF(Start!E296=\"\",\"\",Start!E296)","v":0},{"$f":"IF(Start!F296=\"\",\"\",Start!F296)","v":"S.Y."},{"$f":"IF(Start!G296=\"\",\"\",Start!G296)","v":33.090000000000003},{"$f":"IF(Start!H296=\"\",\"\",Start!H296)","v":3097190.91},2,{"$f":"IF(I296=\"\",\"\",LOOKUP(I296,{1,\"01\";2,\"02\";3,\"03\";4,\"04\";5,\"05\";6,\"06\";7,\"07\";8,\"08\";9,\"09\";10,\"10\";11,\"11\";12,\"12\";13,\"13\";14,\"14\";15,\"15\"}))","v":"02"},"02. Walsh Construction Company Ii Llc",500,501,{"$f":"IF(B296=\"\",\"\",VLOOKUP(M296,Sections!$A$2:$D$200,3,FALSE))","v":"Concrete Pavement"},{"$f":"IF(B296=\"\",\"\",VLOOKUP(M296,Sections!$A$2:$D$200,4,FALSE))","v":"Quality Control/Quality Assurance, QC/QA,  Portland Cement Concrete Pavement, PCCP"}]
[{"$f":"IF(Start!A297=\"\",\"\",Start!A297)","v":""},{"$f":"IF(Start!B297=\"\",\"\",Start!B297)","v":"503-05240"},{"$f":"IF(Start!C297=\"\",\"\",Start!C297)","v":"D-1 CONTRACTION JOINT"},{"$f":"IF(Start!D297=\"\",\"\",Start!D297)","v":53189},{"$f":"IF(Start!E297=\"\",\"\",Start!E297)","v":0},{"$f":"IF(Start!F297=\"\",\"\",Start!F297)","v":"L.F."},{"$f":"IF(Start!G297=\"\",\"\",Start!G297)","v":10.25},{"$f":"IF(Start!H297=\"\",\"\",Start!H297)","v":545187.25},2,{"$f":"IF(I297=\"\",\"\",LOOKUP(I297,{1,\"01\";2,\"02\";3,\"03\";4,\"04\";5,\"05\";6,\"06\";7,\"07\";8,\"08\";9,\"09\";10,\"10\";11,\"11\";12,\"12\";13,\"13\";14,\"14\";15,\"15\"}))","v":"02"},"02. Walsh Construction Company Ii Llc",500,503,{"$f":"IF(B297=\"\",\"\",VLOOKUP(M297,Sections!$A$2:$D$200,3,FALSE))","v":"Concrete Pavement"},{"$f":"IF(B297=\"\",\"\",VLOOKUP(M297,Sections!$A$2:$D$200,4,FALSE))","v":"PCCP Joints"}]
[{"$f":"IF(Start!A298=\"\",\"\",Start!A298)","v":""},{"$f":"IF(Start!B298=\"\",\"\",Start!B298)","v":"601-01522"},{"$f":"IF(Start!C298=\"\",\"\",Start!C298)","v":"GUARDRAIL TRANSITION TYPE TGB"},{"$f":"IF(Start!D298=\"\",\"\",Start!D298)","v":2},{"$f":"IF(Start!E298=\"\",\"\",Start!E298)","v":0},{"$f":"IF(Start!F298=\"\",\"\",Start!F298)","v":"EACH"},{"$f":"IF(Start!G298=\"\",\"\",Start!G298)","v":1900},{"$f":"IF(Start!H298=\"\",\"\",Start!H298)","v":3800},2,{"$f":"IF(I298=\"\",\"\",LOOKUP(I298,{1,\"01\";2,\"02\";3,\"03\";4,\"04\";5,\"05\";6,\"06\";7,\"07\";8,\"08\";9,\"09\";10,\"10\";11,\"11\";12,\"12\";13,\"13\";14,\"14\";15,\"15\"}))","v":"02"},"02. Walsh Construction Company Ii Llc",600,601,{"$f":"IF(B298=\"\",\"\",VLOOKUP(M298,Sections!$A$2:$D$200,3,FALSE))","v":"Incidental Construction"},{"$f":"IF(B298=\"\",\"\",VLOOKUP(M298,Sections!$A$2:$D$200,4,FALSE))","v":"Guardrail"}]
[{"$f":"IF(Start!A299=\"\",\"\",Start!A299)","v":""},{"$f":"IF(Start!B299=\"\",\"\",Start!B299)","v":"601-01701"},{"$f":"IF(Start!C299=\"\",\"\",Start!C299)","v":"GUARDRAIL TERMINAL SYSTEM, W BEAM, CURVED, 2"},{"$f":"IF(Start!D299=\"\",\"\",Start!D299)","v":2},{"$f":"IF(Start!E299=\"\",\"\",Start!E299)","v":0},{"$f":"IF(Start!F299=\"\",\"\",Start!F299)","v":"EACH"},{"$f":"IF(Start!G299=\"\",\"\",Start!G299)","v":1800},{"$f":"IF(Start!H299=\"\",\"\",Start!H299)","v":3600},2,{"$f":"IF(I299=\"\",\"\",LOOKUP(I299,{1,\"01\";2,\"02\";3,\"03\";4,\"04\";5,\"05\";6,\"06\";7,\"07\";8,\"08\";9,\"09\";10,\"10\";11,\"11\";12,\"12\";13,\"13\";14,\"14\";15,\"15\"}))","v":"02"},"02. Walsh Construction Company Ii Llc",600,601,{"$f":"IF(B299=\"\",\"\",VLOOKUP(M299,Sections!$A$2:$D$200,3,FALSE))","v":"Incidental Construction"},{"$f":"IF(B299=\"\",\"\",VLOOKUP(M299,Sections!$A$2:$D$200,4,FALSE))","v":"Guardrail"}]
[{"$f":"IF(Start!A300=\"\",\"\",Start!A300)","v":""},{"$f":"IF(Start!B300=\"\",\"\",Start!B300)","v":"601-01848"},{"$f":"IF(Start!C300=\"\",\"\",Start!C300)","v":"GUARDRAIL TERMINAL SYSTEM, W-BEAM, CURVED, 5"},{"$f":"IF(Start!D300=\"\",\"\",Start!D300)","v":1},{"$f":"IF(Start!E300=\"\",\"\",Start!E300)","v":0},{"$f":"IF(Start!F300=\"\",\"\",Start!F300)","v":"EACH"},{"$f":"IF(Start!G300=\"\",\"\",Start!G300)","v":1800},{"$f":"IF(Start!H300=\"\",\"\",Start!H300)","v":1800},2,{"$f":"IF(I300=\"\",\"\",LOOKUP(I300,{1,\"01\";2,\"02\";3,\"03\";4,\"04\";5,\"05\";6,\"06\";7,\"07\";8,\"08\";9,\"09\";10,\"10\";11,\"11\";12,\"12\";13,\"13\";14,\"14\";15,\"15\"}))","v":"02"},"02. Walsh Construction Company Ii Llc",600,601,{"$f":"IF(B300=\"\",\"\",VLOOKUP(M300,Sections!$A$2:$D$200,3,FALSE))","v":"Incidental Construction"},{"$f":"IF(B300=\"\",\"\",VLOOKUP(M300,Sections!$A$2:$D$200,4,FALSE))","v":"Guardrail"}]
[{"$f":"IF(Start!A301=\"\",\"\",Start!A301)","v":""},{"$f":"IF(Start!B301=\"\",\"\",Start!B301)","v":"601-02241"},{"$f":"IF(Start!C301=\"\",\"\",Start!C301)","v":"GUARDRAIL, REMOVE"},{"$f":"IF(Start!D301=\"\",\"\",Start!D301)","v":1325},{"$f":"IF(Start!E301=\"\",\"\",Start!E301)","v":0},{"$f":"IF(Start!F301=\"\",\"\",Start!F301)","v":"L.F."},{"$f":"IF(Start!G301=\"\",\"\",Start!G301)","v":4},{"$f":"IF(Start!H301=\"\",\"\",Start!H301)","v":5300},2,{"$f":"IF(I301=\"\",\"\",LOOKUP(I301,{1,\"01\";2,\"02\";3,\"03\";4,\"04\";5,\"05\";6,\"06\";7,\"07\";8,\"08\";9,\"09\";10,\"10\";11,\"11\";12,\"12\";13,\"13\";14,\"14\";15,\"15\"}))","v":"02"},"02. Walsh Construction Company Ii Llc",600,601,{"$f":"IF(B301=\"\",\"\",VLOOKUP(M301,Sections!$A$2:$D$200,3,FALSE))","v":"Incidental Construction"},{"$f":"IF(B301=\"\",\"\",VLOOKUP(M301,Sections!$A$2:$D$200,4,FALSE))","v":"Guardrail"}]
[{"$f":"IF(Start!A302=\"\",\"\",Start!A302)","v":""},{"$f":"IF(Start!B302=\"\",\"\",Start!B302)","v":"601-05071"},{"$f":"IF(Start!C302=\"\",\"\",Start!C302)","v":"GUARDRAIL TERMINAL SYSTEM, W-BEAM, CURVED, 7"},{"$f":"IF(Start!D302=\"\",\"\",Start!D302)","v":1},{"$f":"IF(Start!E302=\"\",\"\",Start!E302)","v":0},{"$f":"IF(Start!F302=\"\",\"\",Start!F302)","v":"EACH"},{"$f":"IF(Start!G302=\"\",\"\",Start!G302)","v":1800},{"$f":"IF(Start!H302=\"\",\"\",Start!H302)","v":1800},2,{"$f":"IF(I302=\"\",\"\",LOOKUP(I302,{1,\"01\";2,\"02\";3,\"03\";4,\"04\";5,\"05\";6,\"06\";7,\"07\";8,\"08\";9,\"09\";10,\"10\";11,\"11\";12,\"12\";13,\"13\";14,\"14\";15,\"15\"}))","v":"02"},"02. Walsh Construction Company Ii Llc",600,601,{"$f":"IF(B302=\"\",\"\",VLOOKUP(M302,Sections!$A$2:$D$200,3,FALSE))","v":"Incidental Construction"},{"$f":"IF(B302=\"\",\"\",VLOOKUP(M302,Sections!$A$2:$D$200,4,FALSE))","v":"Guardrail"}]
[{"$f":"IF(Start!A303=\"\",\"\",Start!A303)","v":""},{"$f":"IF(Start!B303=\"\",\"\",Start!B303)","v":"601-06854"},{"$f":"IF(Start!C303=\"\",\"\",Start!C303)","v":"GUARDRAIL, W-BEAM, NESTED"},{"$f":"IF(Start!D303=\"\",\"\",Start!D303)","v":5},{"$f":"IF(Start!E303=\"\",\"\",Start!E303)","v":0},{"$f":"IF(Start!F303=\"\",\"\",Start!F303)","v":"EACH"},{"$f":"IF(Start!G303=\"\",\"\",Start!G303)","v":2300},{"$f":"IF(Start!H303=\"\",\"\",Start!H303)","v":11500},2,{"$f":"IF(I303=\"\",\"\",LOOKUP(I303,{1,\"01\";2,\"02\";3,\"03\";4,\"04\";5,\"05\";6,\"06\";7,\"07\";8,\"08\";9,\"09\";10,\"10\";11,\"11\";12,\"12\";13,\"13\";14,\"14\";15,\"15\"}))","v":"02"},"02. Walsh Construction Company Ii Llc",600,601,{"$f":"IF(B303=\"\",\"\",VLOOKUP(M303,Sections!$A$2:$D$200,3,FALSE))","v":"Incidental Construction"},{"$f":"IF(B303=\"\",\"\",VLOOKUP(M303,Sections!$A$2:$D$200,4,FALSE))","v":"Guardrail"}]
[{"$f":"IF(Start!A304=\"\",\"\",Start!A304)","v":""},{"$f":"IF(Start!B304=\"\",\"\",Start!B304)","v":"601-08433"},{"$f":"IF(Start!C304=\"\",\"\",Start!C304)","v":"GUARDRAIL END TREATMENT, TYPE OS, SPARE PARTS"},{"$f":"IF(Start!D304=\"\",\"\",Start!D304)","v":1},{"$f":"IF(Start!E304=\"\",\"\",Start!E304)","v":0},{"$f":"IF(Start!F304=\"\",\"\",Start!F304)","v":"EACH"},{"$f":"IF(Start!G304=\"\",\"\",Start!G304)","v":1200},{"$f":"IF(Start!H304=\"\",\"\",Start!H304)","v":1200},2,{"$f":"IF(I304=\"\",\"\",LOOKUP(I304,{1,\"01\";2,\"02\";3,\"03\";4,\"04\";5,\"05\";6,\"06\";7,\"07\";8,\"08\";9,\"09\";10,\"10\";11,\"11\";12,\"12\";13,\"13\";14,\"14\";15,\"15\"}))","v":"02"},"02. Walsh Construction Company Ii Llc",600,601,{"$f":"IF(B304=\"\",\"\",VLOOKUP(M304,Sections!$A$2:$D$200,3,FALSE))","v":"Incidental Construction"},{"$f":"IF(B304=\"\",\"\",VLOOKUP(M304,Sections!$A$2:$D$200,4,FALSE))","v":"Guardrail"}]
[{"$f":"IF(Start!A305=\"\",\"\",Start!A305)","v":""},{"$f":"IF(Start!B305=\"\",\"\",Start!B305)","v":"601-08434"},{"$f":"IF(Start!C305=\"\",\"\",Start!C305)","v":"GUARDRAIL END TREATMENT, TYPE OS, SPARE PARTS"},{"$f":"IF(Start!D305=\"\",\"\",Start!D305)","v":1},{"$f":"IF(Start!E305=\"\",\"\",Start!E305)","v":0},{"$f":"IF(Start!F305=\"\",\"\",Start!F305)","v":"EACH"},{"$f":"IF(Start!G305=\"\",\"\",Start!G305)","v":1400},{"$f":"IF(Start!H305=\"\",\"\",Start!H305)","v":1400},2,{"$f":"IF(I305=\"\",\"\",LOOKUP(I305,{1,\"01\";2,\"02\";3,\"03\";4,\"04\";5,\"05\";6,\"06\";7,\"07\";8,\"08\";9,\"09\";10,\"10\";11,\"11\";12,\"12\";13,\"13\";14,\"14\";15,\"15\"}))","v":"02"},"02. Walsh Construction Company Ii Llc",600,601,{"$f":"IF(B305=\"\",\"\",VLOOKUP(M305,Sections!$A$2:$D$200,3,FALSE))","v":"Incidental Construction"},{"$f":"IF(B305=\"\",\"\",VLOOKUP(M305,Sections!$A$2:$D$200,4,FALSE))","v":"Guardrail"}]
[{"$f":"IF(Start!A306=\"\",\"\",Start!A306)","v":""},{"$f":"IF(Start!B306=\"\",\"\",Start!B306)","v":"601-09149"},{"$f":"IF(Start!C306=\"\",\"\",Start!C306)","v":"IMPACT ATTENUATOR, CR1, W1, TL-3"},{"$f":"IF(Start!D306=\"\",\"\",Start!D306)","v":2},{"$f":"IF(Start!E306=\"\",\"\",Start!E306)","v":0},{"$f":"IF(Start!F306=\"\",\"\",Start!F306)","v":"EACH"},{"$f":"IF(Start!G306=\"\",\"\",Start!G306)","v":25500},{"$f":"IF(Start!H306=\"\",\"\",Start!H306)","v":51000},2,{"$f":"IF(I306=\"\",\"\",LOOKUP(I306,{1,\"01\";2,\"02\";3,\"03\";4,\"04\";5,\"05\";6,\"06\";7,\"07\";8,\"08\";9,\"09\";10,\"10\";11,\"11\";12,\"12\";13,\"13\";14,\"14\";15,\"15\"}))","v":"02"},"02. Walsh Construction Company Ii Llc",600,601,{"$f":"IF(B306=\"\",\"\",VLOOKUP(M306,Sections!$A$2:$D$200,3,FALSE))","v":"Incidental Construction"},{"$f":"IF(B306=\"\",\"\",VLOOKUP(M306,Sections!$A$2:$D$200,4,FALSE))","v":"Guardrail"}]
[{"$f":"IF(Start!A307=\"\",\"\",Start!A307)","v":""},{"$f":"IF(Start!B307=\"\",\"\",Start!B307)","v":"601-94689"},{"$f":"IF(Start!C307=\"\",\"\",Start!C307)","v":"GUARDRAIL END TREATMENT, OS"},{"$f":"IF(Start!D307=\"\",\"\",Start!D307)","v":15},{"$f":"IF(Start!E307=\"\",\"\",Start!E307)","v":0},{"$f":"IF(Start!F307=\"\",\"\",Start!F307)","v":"EACH"},{"$f":"IF(Start!G307=\"\",\"\",Start!G307)","v":2700},{"$f":"IF(Start!H307=\"\",\"\",Start!H307)","v":40500},2,{"$f":"IF(I307=\"\",\"\",LOOKUP(I307,{1,\"01\";2,\"02\";3,\"03\";4,\"04\";5,\"05\";6,\"06\";7,\"07\";8,\"08\";9,\"09\";10,\"10\";11,\"11\";12,\"12\";13,\"13\";14,\"14\";15,\"15\"}))","v":"02"},"02. Walsh Construction Company Ii Llc",600,601,{"$f":"IF(B307=\"\",\"\",VLOOKUP(M307,Sections!$A$2:$D$200,3,FALSE))","v":"Incidental Construction"},{"$f":"IF(B307=\"\",\"\",VLOOKUP(M307,Sections!$A$2:$D$200,4,FALSE))","v":"Guardrail"}]
[{"$f":"IF(Start!A308=\"\",\"\",Start!A308)","v":""},{"$f":"IF(Start!B308=\"\",\"\",Start!B308)","v":"601-99105"},{"$f":"IF(Start!C308=\"\",\"\",Start!C308)","v":"GUARDRAIL, W BEAM, 6 FT. 3 IN. SPACING"},{"$f":"IF(Start!D308=\"\",\"\",Start!D308)","v":3583},{"$f":"IF(Start!E308=\"\",\"\",Start!E308)","v":0},{"$f":"IF(Start!F308=\"\",\"\",Start!F308)","v":"L.F."},{"$f":"IF(Start!G308=\"\",\"\",Start!G308)","v":18},{"$f":"IF(Start!H308=\"\",\"\",Start!H308)","v":64494},2,{"$f":"IF(I308=\"\",\"\",LOOKUP(I308,{1,\"01\";2,\"02\";3,\"03\";4,\"04\";5,\"05\";6,\"06\";7,\"07\";8,\"08\";9,\"09\";10,\"10\";11,\"11\";12,\"12\";13,\"13\";14,\"14\";15,\"15\"}))","v":"02"},"02. Walsh Construction Company Ii Llc",600,601,{"$f":"IF(B308=\"\",\"\",VLOOKUP(M308,Sections!$A$2:$D$200,3,FALSE))","v":"Incidental Construction"},{"$f":"IF(B308=\"\",\"\",VLOOKUP(M308,Sections!$A$2:$D$200,4,FALSE))","v":"Guardrail"}]
[{"$f":"IF(Start!A309=\"\",\"\",Start!A309)","v":""},{"$f":"IF(Start!B309=\"\",\"\",Start!B309)","v":"601-99123"},{"$f":"IF(Start!C309=\"\",\"\",Start!C309)","v":"GUARDRAIL TRANSITION, GP"},{"$f":"IF(Start!D309=\"\",\"\",Start!D309)","v":4},{"$f":"IF(Start!E309=\"\",\"\",Start!E309)","v":0},{"$f":"IF(Start!F309=\"\",\"\",Start!F309)","v":"EACH"},{"$f":"IF(Start!G309=\"\",\"\",Start!G309)","v":2400},{"$f":"IF(Start!H309=\"\",\"\",Start!H309)","v":9600},2,{"$f":"IF(I309=\"\",\"\",LOOKUP(I309,{1,\"01\";2,\"02\";3,\"03\";4,\"04\";5,\"05\";6,\"06\";7,\"07\";8,\"08\";9,\"09\";10,\"10\";11,\"11\";12,\"12\";13,\"13\";14,\"14\";15,\"15\"}))","v":"02"},"02. Walsh Construction Company Ii Llc",600,601,{"$f":"IF(B309=\"\",\"\",VLOOKUP(M309,Sections!$A$2:$D$200,3,FALSE))","v":"Incidental Construction"},{"$f":"IF(B309=\"\",\"\",VLOOKUP(M309,Sections!$A$2:$D$200,4,FALSE))","v":"Guardrail"}]
[{"$f":"IF(Start!A310=\"\",\"\",Start!A310)","v":""},{"$f":"IF(Start!B310=\"\",\"\",Start!B310)","v":"603-06040"},{"$f":"IF(Start!C310=\"\",\"\",Start!C310)","v":"FENCE, FARM FIELD, 47 IN."},{"$f":"IF(Start!D310=\"\",\"\",Start!D310)","v":2579},{"$f":"IF(Start!E310=\"\",\"\",Start!E310)","v":0},{"$f":"IF(Start!F310=\"\",\"\",Start!F310)","v":"L.F."},{"$f":"IF(Start!G310=\"\",\"\",Start!G310)","v":5.1000000000000005},{"$f":"IF(Start!H310=\"\",\"\",Start!H310)","v":13152.900000000001},2,{"$f":"IF(I310=\"\",\"\",LOOKUP(I310,{1,\"01\";2,\"02\";3,\"03\";4,\"04\";5,\"05\";6,\"06\";7,\"07\";8,\"08\";9,\"09\";10,\"10\";11,\"11\";12,\"12\";13,\"13\";14,\"14\";15,\"15\"}))","v":"02"},"02. Walsh Construction Company Ii Llc",600,603,{"$f":"IF(B310=\"\",\"\",VLOOKUP(M310,Sections!$A$2:$D$200,3,FALSE))","v":"Incidental Construction"},{"$f":"IF(B310=\"\",\"\",VLOOKUP(M310,Sections!$A$2:$D$200,4,FALSE))","v":"Fences"}]
[{"$f":"IF(Start!A311=\"\",\"\",Start!A311)","v":""},{"$f":"IF(Start!B311=\"\",\"\",Start!B311)","v":"605-06090"},{"$f":"IF(Start!C311=\"\",\"\",Start!C311)","v":"CURB, INTEGRAL, CONCRETE"},{"$f":"IF(Start!D311=\"\",\"\",Start!D311)","v":217},{"$f":"IF(Start!E311=\"\",\"\",Start!E311)","v":0},{"$f":"IF(Start!F311=\"\",\"\",Start!F311)","v":"L.F."},{"$f":"IF(Start!G311=\"\",\"\",Start!G311)","v":11.71},{"$f":"IF(Start!H311=\"\",\"\",Start!H311)","v":2541.0700000000002},2,{"$f":"IF(I311=\"\",\"\",LOOKUP(I311,{1,\"01\";2,\"02\";3,\"03\";4,\"04\";5,\"05\";6,\"06\";7,\"07\";8,\"08\";9,\"09\";10,\"10\";11,\"11\";12,\"12\";13,\"13\";14,\"14\";15,\"15\"}))","v":"02"},"02. Walsh Construction Company Ii Llc",600,605,{"$f":"IF(B311=\"\",\"\",VLOOKUP(M311,Sections!$A$2:$D$200,3,FALSE))","v":"Incidental Construction"},{"$f":"IF(B311=\"\",\"\",VLOOKUP(M311,Sections!$A$2:$D$200,4,FALSE))","v":"Curbing"}]
[{"$f":"IF(Start!A312=\"\",\"\",Start!A312)","v":""},{"$f":"IF(Start!B312=\"\",\"\",Start!B312)","v":"605-06121"},{"$f":"IF(Start!C312=\"\",\"\",Start!C312)","v":"CURB, CONCRETE, B"},{"$f":"IF(Start!D312=\"\",\"\",Start!D312)","v":1442},{"$f":"IF(Start!E312=\"\",\"\",Start!E312)","v":0},{"$f":"IF(Start!F312=\"\",\"\",Start!F312)","v":"L.F."},{"$f":"IF(Start!G312=\"\",\"\",Start!G312)","v":8.370000000000001},{"$f":"IF(Start!H312=\"\",\"\",Start!H312)","v":12069.54},2,{"$f":"IF(I312=\"\",\"\",LOOKUP(I312,{1,\"01\";2,\"02\";3,\"03\";4,\"04\";5,\"05\";6,\"06\";7,\"07\";8,\"08\";9,\"09\";10,\"10\";11,\"11\";12,\"12\";13,\"13\";14,\"14\";15,\"15\"}))","v":"02"},"02. Walsh Construction Company Ii Llc",600,605,{"$f":"IF(B312=\"\",\"\",VLOOKUP(M312,Sections!$A$2:$D$200,3,FALSE))","v":"Incidental Construction"},{"$f":"IF(B312=\"\",\"\",VLOOKUP(M312,Sections!$A$2:$D$200,4,FALSE))","v":"Curbing"}]
[{"$f":"IF(Start!A313=\"\",\"\",Start!A313)","v":""},{"$f":"IF(Start!B313=\"\",\"\",Start!B313)","v":"605-06140"},{"$f":"IF(Start!C313=\"\",\"\",Start!C313)","v":"CURB AND GUTTER, CONCRETE"},{"$f":"IF(Start!D313=\"\",\"\",Start!D313)","v":42},{"$f":"IF(Start!E313=\"\",\"\",Start!E313)","v":0},{"$f":"IF(Start!F313=\"\",\"\",Start!F313)","v":"L.F."},{"$f":"IF(Start!G313=\"\",\"\",Start!G313)","v":26.69},{"$f":"IF(Start!H313=\"\",\"\",Start!H313)","v":1120.98},2,{"$f":"IF(I313=\"\",\"\",LOOKUP(I313,{1,\"01\";2,\"02\";3,\"03\";4,\"04\";5,\"05\";6,\"06\";7,\"07\";8,\"08\";9,\"09\";10,\"10\";11,\"11\";12,\"12\";13,\"13\";14,\"14\";15,\"15\"}))","v":"02"},"02. Walsh Construction Company Ii Llc",600,605,{"$f":"IF(B313=\"\",\"\",VLOOKUP(M313,Sections!$A$2:$D$200,3,FALSE))","v":"Incidental Construction"},{"$f":"IF(B313=\"\",\"\",VLOOKUP(M313,Sections!$A$2:$D$200,4,FALSE))","v":"Curbing"}]
[{"$f":"IF(Start!A314=\"\",\"\",Start!A314)","v":""},{"$f":"IF(Start!B314=\"\",\"\",Start!B314)","v":"605-06145"},{"$f":"IF(Start!C314=\"\",\"\",Start!C314)","v":"CURB AND GUTTER, B, CONCRETE"},{"$f":"IF(Start!D314=\"\",\"\",Start!D314)","v":177},{"$f":"IF(Start!E314=\"\",\"\",Start!E314)","v":0},{"$f":"IF(Start!F314=\"\",\"\",Start!F314)","v":"L.F."},{"$f":"IF(Start!G314=\"\",\"\",Start!G314)","v":20.59},{"$f":"IF(Start!H314=\"\",\"\",Start!H314)","v":3644.4300000000003},2,{"$f":"IF(I314=\"\",\"\",LOOKUP(I314,{1,\"01\";2,\"02\";3,\"03\";4,\"04\";5,\"05\";6,\"06\";7,\"07\";8,\"08\";9,\"09\";10,\"10\";11,\"11\";12,\"12\";13,\"13\";14,\"14\";15,\"15\"}))","v":"02"},"02. Walsh Construction Company Ii Llc",600,605,{"$f":"IF(B314=\"\",\"\",VLOOKUP(M314,Sections!$A$2:$D$200,3,FALSE))","v":"Incidental Construction"},{"$f":"IF(B314=\"\",\"\",VLOOKUP(M314,Sections!$A$2:$D$200,4,FALSE))","v":"Curbing"}]
[{"$f":"IF(Start!A315=\"\",\"\",Start!A315)","v":""},{"$f":"IF(Start!B315=\"\",\"\",Start!B315)","v":"605-06245"},{"$f":"IF(Start!C315=\"\",\"\",Start!C315)","v":"CENTER CURB, B, CONCRETE"},{"$f":"IF(Start!D315=\"\",\"\",Start!D315)","v":4255},{"$f":"IF(Start!E315=\"\",\"\",Start!E315)","v":0},{"$f":"IF(Start!F315=\"\",\"\",Start!F315)","v":"S.Y."},{"$f":"IF(Start!G315=\"\",\"\",Start!G315)","v":51.800000000000004},{"$f":"IF(Start!H315=\"\",\"\",Start!H315)","v":220409},2,{"$f":"IF(I315=\"\",\"\",LOOKUP(I315,{1,\"01\";2,\"02\";3,\"03\";4,\"04\";5,\"05\";6,\"06\";7,\"07\";8,\"08\";9,\"09\";10,\"10\";11,\"11\";12,\"12\";13,\"13\";14,\"14\";15,\"15\"}))","v":"02"},"02. Walsh Construction Company Ii Llc",600,605,{"$f":"IF(B315=\"\",\"\",VLOOKUP(M315,Sections!$A$2:$D$200,3,FALSE))","v":"Incidental Construction"},{"$f":"IF(B315=\"\",\"\",VLOOKUP(M315,Sections!$A$2:$D$200,4,FALSE))","v":"Curbing"}]
[{"$f":"IF(Start!A316=\"\",\"\",Start!A316)","v":""},{"$f":"IF(Start!B316=\"\",\"\",Start!B316)","v":"610-07487"},{"$f":"IF(Start!C316=\"\",\"\",Start!C316)","v":"HMA FOR APPROACHES, TYPE B"},{"$f":"IF(Start!D316=\"\",\"\",Start!D316)","v":1776},{"$f":"IF(Start!E316=\"\",\"\",Start!E316)","v":0},{"$f":"IF(Start!F316=\"\",\"\",Start!F316)","v":"TON"},{"$f":"IF(Start!G316=\"\",\"\",Start!G316)","v":73.5},{"$f":"IF(Start!H316=\"\",\"\",Start!H316)","v":130536},2,{"$f":"IF(I316=\"\",\"\",LOOKUP(I316,{1,\"01\";2,\"02\";3,\"03\";4,\"04\";5,\"05\";6,\"06\";7,\"07\";8,\"08\";9,\"09\";10,\"10\";11,\"11\";12,\"12\";13,\"13\";14,\"14\";15,\"15\"}))","v":"02"},"02. Walsh Construction Company Ii Llc",600,610,{"$f":"IF(B316=\"\",\"\",VLOOKUP(M316,Sections!$A$2:$D$200,3,FALSE))","v":"Incidental Construction"},{"$f":"IF(B316=\"\",\"\",VLOOKUP(M316,Sections!$A$2:$D$200,4,FALSE))","v":"Approaches And Crossovers"}]
[{"$f":"IF(Start!A317=\"\",\"\",Start!A317)","v":""},{"$f":"IF(Start!B317=\"\",\"\",Start!B317)","v":"610-09108"},{"$f":"IF(Start!C317=\"\",\"\",Start!C317)","v":"PCCP FOR APPROACHES, 9 IN."},{"$f":"IF(Start!D317=\"\",\"\",Start!D317)","v":2088},{"$f":"IF(Start!E317=\"\",\"\",Start!E317)","v":0},{"$f":"IF(Start!F317=\"\",\"\",Start!F317)","v":"S.Y."},{"$f":"IF(Start!G317=\"\",\"\",Start!G317)","v":45.43},{"$f":"IF(Start!H317=\"\",\"\",Start!H317)","v":94857.84},2,{"$f":"IF(I317=\"\",\"\",LOOKUP(I317,{1,\"01\";2,\"02\";3,\"03\";4,\"04\";5,\"05\";6,\"06\";7,\"07\";8,\"08\";9,\"09\";10,\"10\";11,\"11\";12,\"12\";13,\"13\";14,\"14\";15,\"15\"}))","v":"02"},"02. Walsh Construction Company Ii Llc",600,610,{"$f":"IF(B317=\"\",\"\",VLOOKUP(M317,Sections!$A$2:$D$200,3,FALSE))","v":"Incidental Construction"},{"$f":"IF(B317=\"\",\"\",VLOOKUP(M317,Sections!$A$2:$D$200,4,FALSE))","v":"Approaches And Crossovers"}]
[{"$f":"IF(Start!A318=\"\",\"\",Start!A318)","v":""},{"$f":"IF(Start!B318=\"\",\"\",Start!B318)","v":"611-06497"},{"$f":"IF(Start!C318=\"\",\"\",Start!C318)","v":"MAILBOX ASSEMBLY, SINGLE"},{"$f":"IF(Start!D318=\"\",\"\",Start!D318)","v":2},{"$f":"IF(Start!E318=\"\",\"\",Start!E318)","v":0},{"$f":"IF(Start!F318=\"\",\"\",Start!F318)","v":"EACH"},{"$f":"IF(Start!G318=\"\",\"\",Start!G318)","v":150},{"$f":"IF(Start!H318=\"\",\"\",Start!H318)","v":300},2,{"$f":"IF(I318=\"\",\"\",LOOKUP(I318,{1,\"01\";2,\"02\";3,\"03\";4,\"04\";5,\"05\";6,\"06\";7,\"07\";8,\"08\";9,\"09\";10,\"10\";11,\"11\";12,\"12\";13,\"13\";14,\"14\";15,\"15\"}))","v":"02"},"02. Walsh Construction Company Ii Llc",600,611,{"$f":"IF(B318=\"\",\"\",VLOOKUP(M318,Sections!$A$2:$D$200,3,FALSE))","v":"Incidental Construction"},{"$f":"IF(B318=\"\",\"\",VLOOKUP(M318,Sections!$A$2:$D$200,4,FALSE))","v":"Mailbox Installations"}]
[{"$f":"IF(Start!A319=\"\",\"\",Start!A319)","v":""},{"$f":"IF(Start!B319=\"\",\"\",Start!B319)","v":"611-06498"},{"$f":"IF(Start!C319=\"\",\"\",Start!C319)","v":"MAILBOX ASSEMBLY, DOUBLE"},{"$f":"IF(Start!D319=\"\",\"\",Start!D319)","v":1},{"$f":"IF(Start!E319=\"\",\"\",Start!E319)","v":0},{"$f":"IF(Start!F319=\"\",\"\",Start!F319)","v":"EACH"},{"$f":"IF(Start!G319=\"\",\"\",Start!G319)","v":170},{"$f":"IF(Start!H319=\"\",\"\",Start!H319)","v":170},2,{"$f":"IF(I319=\"\",\"\",LOOKUP(I319,{1,\"01\";2,\"02\";3,\"03\";4,\"04\";5,\"05\";6,\"06\";7,\"07\";8,\"08\";9,\"09\";10,\"10\";11,\"11\";12,\"12\";13,\"13\";14,\"14\";15,\"15\"}))","v":"02"},"02. Walsh Construction Company Ii Llc",600,611,{"$f":"IF(B319=\"\",\"\",VLOOKUP(M319,Sections!$A$2:$D$200,3,FALSE))","v":"Incidental Construction"},{"$f":"IF(B319=\"\",\"\",VLOOKUP(M319,Sections!$A$2:$D$200,4,FALSE))","v":"Mailbox Installations"}]
[{"$f":"IF(Start!A320=\"\",\"\",Start!A320)","v":""},{"$f":"IF(Start!B320=\"\",\"\",Start!B320)","v":"615-06490"},{"$f":"IF(Start!C320=\"\",\"\",Start!C320)","v":"RIGHT OF WAY MARKER"},{"$f":"IF(Start!D320=\"\",\"\",Start!D320)","v":61},{"$f":"IF(Start!E320=\"\",\"\",Start!E320)","v":0},{"$f":"IF(Start!F320=\"\",\"\",Start!F320)","v":"EACH"},{"$f":"IF(Start!G320=\"\",\"\",Start!G320)","v":140},{"$f":"IF(Start!H320=\"\",\"\",Start!H320)","v":8540},2,{"$f":"IF(I320=\"\",\"\",LOOKUP(I320,{1,\"01\";2,\"02\";3,\"03\";4,\"04\";5,\"05\";6,\"06\";7,\"07\";8,\"08\";9,\"09\";10,\"10\";11,\"11\";12,\"12\";13,\"13\";14,\"14\";15,\"15\"}))","v":"02"},"02. Walsh Construction Company Ii Llc",600,615,{"$f":"IF(B320=\"\",\"\",VLOOKUP(M320,Sections!$A$2:$D$200,3,FALSE))","v":"Incidental Construction"},{"$f":"IF(B320=\"\",\"\",VLOOKUP(M320,Sections!$A$2:$D$200,4,FALSE))","v":"Monuments, Markers, And Parking Barriers"}]
[{"$f":"IF(Start!A321=\"\",\"\",Start!A321)","v":""},{"$f":"IF(Start!B321=\"\",\"\",Start!B321)","v":"615-06500"},{"$f":"IF(Start!C321=\"\",\"\",Start!C321)","v":"MONUMENT, A"},{"$f":"IF(Start!D321=\"\",\"\",Start!D321)","v":2},{"$f":"IF(Start!E321=\"\",\"\",Start!E321)","v":0},{"$f":"IF(Start!F321=\"\",\"\",Start!F321)","v":"EACH"},{"$f":"IF(Start!G321=\"\",\"\",Start!G321)","v":580},{"$f":"IF(Start!H321=\"\",\"\",Start!H321)","v":1160},2,{"$f":"IF(I321=\"\",\"\",LOOKUP(I321,{1,\"01\";2,\"02\";3,\"03\";4,\"04\";5,\"05\";6,\"06\";7,\"07\";8,\"08\";9,\"09\";10,\"10\";11,\"11\";12,\"12\";13,\"13\";14,\"14\";15,\"15\"}))","v":"02"},"02. Walsh Construction Company Ii Llc",600,615,{"$f":"IF(B321=\"\",\"\",VLOOKUP(M321,Sections!$A$2:$D$200,3,FALSE))","v":"Incidental Construction"},{"$f":"IF(B321=\"\",\"\",VLOOKUP(M321,Sections!$A$2:$D$200,4,FALSE))","v":"Monuments, Markers, And Parking Barriers"}]
[{"$f":"IF(Start!A322=\"\",\"\",Start!A322)","v":""},{"$f":"IF(Start!B322=\"\",\"\",Start!B322)","v":"615-06505"},{"$f":"IF(Start!C322=\"\",\"\",Start!C322)","v":"MONUMENT, B"},{"$f":"IF(Start!D322=\"\",\"\",Start!D322)","v":6},{"$f":"IF(Start!E322=\"\",\"\",Start!E322)","v":0},{"$f":"IF(Start!F322=\"\",\"\",Start!F322)","v":"EACH"},{"$f":"IF(Start!G322=\"\",\"\",Start!G322)","v":580},{"$f":"IF(Start!H322=\"\",\"\",Start!H322)","v":3480},2,{"$f":"IF(I322=\"\",\"\",LOOKUP(I322,{1,\"01\";2,\"02\";3,\"03\";4,\"04\";5,\"05\";6,\"06\";7,\"07\";8,\"08\";9,\"09\";10,\"10\";11,\"11\";12,\"12\";13,\"13\";14,\"14\";15,\"15\"}))","v":"02"},"02. Walsh Construction Company Ii Llc",600,615,{"$f":"IF(B322=\"\",\"\",VLOOKUP(M322,Sections!$A$2:$D$200,3,FALSE))","v":"Incidental Construction"},{"$f":"IF(B322=\"\",\"\",VLOOKUP(M322,Sections!$A$2:$D$200,4,FALSE))","v":"Monuments, Markers, And Parking Barriers"}]
[{"$f":"IF(Start!A323=\"\",\"\",Start!A323)","v":""},{"$f":"IF(Start!B323=\"\",\"\",Start!B323)","v":"615-06510"},{"$f":"IF(Start!C323=\"\",\"\",Start!C323)","v":"MONUMENT, C"},{"$f":"IF(Start!D323=\"\",\"\",Start!D323)","v":2},{"$f":"IF(Start!E323=\"\",\"\",Start!E323)","v":0},{"$f":"IF(Start!F323=\"\",\"\",Start!F323)","v":"EACH"},{"$f":"IF(Start!G323=\"\",\"\",Start!G323)","v":360},{"$f":"IF(Start!H323=\"\",\"\",Start!H323)","v":720},{"$f":"IF(AND(A323=\"\",B323=\"\",C323=\"\"),\"\",IF(AND(A323<>\"\",B323=\"\",G323=0,H323=0),D323,I322))","v":2},{"$f":"IF(I323=\"\",\"\",LOOKUP(I323,{1,\"01\";2,\"02\";3,\"03\";4,\"04\";5,\"05\";6,\"06\";7,\"07\";8,\"08\";9,\"09\";10,\"10\";11,\"11\";12,\"12\";13,\"13\";14,\"14\";15,\"15\"}))","v":"02"},{"$f":"IF(AND(A323<>\"\",B323=\"\"),J323&\". \"&PROPER(C323),IF(AND(A323=\"\",B323<>\"\"),PROPER(K322),\"\"))","v":"02. Walsh Construction Company Ii Llc"},{"$f":"IF(B323=\"\",\"\",LEFT(B323,1)*100)","v":600},{"$f":"IF(B323=\"\",\"\",LEFT(B323,3)*1)","v":615},{"$f":"IF(B323=\"\",\"\",VLOOKUP(M323,Sections!$A$2:$D$200,3,FALSE))","v":"Incidental Construction"},{"$f":"IF(B323=\"\",\"\",VLOOKUP(M323,Sections!$A$2:$D$200,4,FALSE))","v":"Monuments, Markers, And Parking Barriers"}]
[{"$f":"IF(Start!A324=\"\",\"\",Start!A324)","v":""},{"$f":"IF(Start!B324=\"\",\"\",Start!B324)","v":"615-06515"},{"$f":"IF(Start!C324=\"\",\"\",Start!C324)","v":"MONUMENT, D"},{"$f":"IF(Start!D324=\"\",\"\",Start!D324)","v":48},{"$f":"IF(Start!E324=\"\",\"\",Start!E324)","v":0},{"$f":"IF(Start!F324=\"\",\"\",Start!F324)","v":"EACH"},{"$f":"IF(Start!G324=\"\",\"\",Start!G324)","v":230},{"$f":"IF(Start!H324=\"\",\"\",Start!H324)","v":11040},2,{"$f":"IF(I324=\"\",\"\",LOOKUP(I324,{1,\"01\";2,\"02\";3,\"03\";4,\"04\";5,\"05\";6,\"06\";7,\"07\";8,\"08\";9,\"09\";10,\"10\";11,\"11\";12,\"12\";13,\"13\";14,\"14\";15,\"15\"}))","v":"02"},"02. Walsh Construction Company Ii Llc",600,615,{"$f":"IF(B324=\"\",\"\",VLOOKUP(M324,Sections!$A$2:$D$200,3,FALSE))","v":"Incidental Construction"},{"$f":"IF(B324=\"\",\"\",VLOOKUP(M324,Sections!$A$2:$D$200,4,FALSE))","v":"Monuments, Markers, And Parking Barriers"}]
[{"$f":"IF(Start!A325=\"\",\"\",Start!A325)","v":""},{"$f":"IF(Start!B325=\"\",\"\",Start!B325)","v":"615-06520"},{"$f":"IF(Start!C325=\"\",\"\",Start!C325)","v":"MONUMENT, RE ESTABLISH"},{"$f":"IF(Start!D325=\"\",\"\",Start!D325)","v":1},{"$f":"IF(Start!E325=\"\",\"\",Start!E325)","v":0},{"$f":"IF(Start!F325=\"\",\"\",Start!F325)","v":"EACH"},{"$f":"IF(Start!G325=\"\",\"\",Start!G325)","v":580},{"$f":"IF(Start!H325=\"\",\"\",Start!H325)","v":580},2,{"$f":"IF(I325=\"\",\"\",LOOKUP(I325,{1,\"01\";2,\"02\";3,\"03\";4,\"04\";5,\"05\";6,\"06\";7,\"07\";8,\"08\";9,\"09\";10,\"10\";11,\"11\";12,\"12\";13,\"13\";14,\"14\";15,\"15\"}))","v":"02"},"02. Walsh Construction Company Ii Llc",600,615,{"$f":"IF(B325=\"\",\"\",VLOOKUP(M325,Sections!$A$2:$D$200,3,FALSE))","v":"Incidental Construction"},{"$f":"IF(B325=\"\",\"\",VLOOKUP(M325,Sections!$A$2:$D$200,4,FALSE))","v":"Monuments, Markers, And Parking Barriers"}]
[{"$f":"IF(Start!A326=\"\",\"\",Start!A326)","v":""},{"$f":"IF(Start!B326=\"\",\"\",Start!B326)","v":"615-06535"},{"$f":"IF(Start!C326=\"\",\"\",Start!C326)","v":"BENCH MARK POST, RESET"},{"$f":"IF(Start!D326=\"\",\"\",Start!D326)","v":1},{"$f":"IF(Start!E326=\"\",\"\",Start!E326)","v":0},{"$f":"IF(Start!F326=\"\",\"\",Start!F326)","v":"EACH"},{"$f":"IF(Start!G326=\"\",\"\",Start!G326)","v":630},{"$f":"IF(Start!H326=\"\",\"\",Start!H326)","v":630},2,{"$f":"IF(I326=\"\",\"\",LOOKUP(I326,{1,\"01\";2,\"02\";3,\"03\";4,\"04\";5,\"05\";6,\"06\";7,\"07\";8,\"08\";9,\"09\";10,\"10\";11,\"11\";12,\"12\";13,\"13\";14,\"14\";15,\"15\"}))","v":"02"},"02. Walsh Construction Company Ii Llc",600,615,{"$f":"IF(B326=\"\",\"\",VLOOKUP(M326,Sections!$A$2:$D$200,3,FALSE))","v":"Incidental Construction"},{"$f":"IF(B326=\"\",\"\",VLOOKUP(M326,Sections!$A$2:$D$200,4,FALSE))","v":"Monuments, Markers, And Parking Barriers"}]
[{"$f":"IF(Start!A327=\"\",\"\",Start!A327)","v":""},{"$f":"IF(Start!B327=\"\",\"\",Start!B327)","v":"616-02320"},{"$f":"IF(Start!C327=\"\",\"\",Start!C327)","v":"GEOTEXTILES"},{"$f":"IF(Start!D327=\"\",\"\",Start!D327)","v":1282},{"$f":"IF(Start!E327=\"\",\"\",Start!E327)","v":0},{"$f":"IF(Start!F327=\"\",\"\",Start!F327)","v":"S.Y."},{"$f":"IF(Start!G327=\"\",\"\",Start!G327)","v":2.38},{"$f":"IF(Start!H327=\"\",\"\",Start!H327)","v":3051.16},2,{"$f":"IF(I327=\"\",\"\",LOOKUP(I327,{1,\"01\";2,\"02\";3,\"03\";4,\"04\";5,\"05\";6,\"06\";7,\"07\";8,\"08\";9,\"09\";10,\"10\";11,\"11\";12,\"12\";13,\"13\";14,\"14\";15,\"15\"}))","v":"02"},"02. Walsh Construction Company Ii Llc",600,616,{"$f":"IF(B327=\"\",\"\",VLOOKUP(M327,Sections!$A$2:$D$200,3,FALSE))","v":"Incidental Construction"},{"$f":"IF(B327=\"\",\"\",VLOOKUP(M327,Sections!$A$2:$D$200,4,FALSE))","v":"Riprap And Slopewall"}]
[{"$f":"IF(Start!A328=\"\",\"\",Start!A328)","v":""},{"$f":"IF(Start!B328=\"\",\"\",Start!B328)","v":"616-05688"},{"$f":"IF(Start!C328=\"\",\"\",Start!C328)","v":"RIPRAP, CLASS 1"},{"$f":"IF(Start!D328=\"\",\"\",Start!D328)","v":77},{"$f":"IF(Start!E328=\"\",\"\",Start!E328)","v":0},{"$f":"IF(Start!F328=\"\",\"\",Start!F328)","v":"TON"},{"$f":"IF(Start!G328=\"\",\"\",Start!G328)","v":38.72},{"$f":"IF(Start!H328=\"\",\"\",Start!H328)","v":2981.44},2,{"$f":"IF(I328=\"\",\"\",LOOKUP(I328,{1,\"01\";2,\"02\";3,\"03\";4,\"04\";5,\"05\";6,\"06\";7,\"07\";8,\"08\";9,\"09\";10,\"10\";11,\"11\";12,\"12\";13,\"13\";14,\"14\";15,\"15\"}))","v":"02"},"02. Walsh Construction Company Ii Llc",600,616,{"$f":"IF(B328=\"\",\"\",VLOOKUP(M328,Sections!$A$2:$D$200,3,FALSE))","v":"Incidental Construction"},{"$f":"IF(B328=\"\",\"\",VLOOKUP(M328,Sections!$A$2:$D$200,4,FALSE))","v":"Riprap And Slopewall"}]
[{"$f":"IF(Start!A329=\"\",\"\",Start!A329)","v":""},{"$f":"IF(Start!B329=\"\",\"\",Start!B329)","v":"616-06405"},{"$f":"IF(Start!C329=\"\",\"\",Start!C329)","v":"RIPRAP, REVETMENT"},{"$f":"IF(Start!D329=\"\",\"\",Start!D329)","v":445},{"$f":"IF(Start!E329=\"\",\"\",Start!E329)","v":0},{"$f":"IF(Start!F329=\"\",\"\",Start!F329)","v":"TON"},{"$f":"IF(Start!G329=\"\",\"\",Start!G329)","v":33.89},{"$f":"IF(Start!H329=\"\",\"\",Start!H329)","v":15081.050000000001},2,{"$f":"IF(I329=\"\",\"\",LOOKUP(I329,{1,\"01\";2,\"02\";3,\"03\";4,\"04\";5,\"05\";6,\"06\";7,\"07\";8,\"08\";9,\"09\";10,\"10\";11,\"11\";12,\"12\";13,\"13\";14,\"14\";15,\"15\"}))","v":"02"},"02. Walsh Construction Company Ii Llc",600,616,{"$f":"IF(B329=\"\",\"\",VLOOKUP(M329,Sections!$A$2:$D$200,3,FALSE))","v":"Incidental Construction"},{"$f":"IF(B329=\"\",\"\",VLOOKUP(M329,Sections!$A$2:$D$200,4,FALSE))","v":"Riprap And Slopewall"}]
[{"$f":"IF(Start!A330=\"\",\"\",Start!A330)","v":""},{"$f":"IF(Start!B330=\"\",\"\",Start!B330)","v":"616-06451"},{"$f":"IF(Start!C330=\"\",\"\",Start!C330)","v":"RIPRAP, UNIFORM"},{"$f":"IF(Start!D330=\"\",\"\",Start!D330)","v":62},{"$f":"IF(Start!E330=\"\",\"\",Start!E330)","v":0},{"$f":"IF(Start!F330=\"\",\"\",Start!F330)","v":"TON"},{"$f":"IF(Start!G330=\"\",\"\",Start!G330)","v":51.69},{"$f":"IF(Start!H330=\"\",\"\",Start!H330)","v":3204.78},2,{"$f":"IF(I330=\"\",\"\",LOOKUP(I330,{1,\"01\";2,\"02\";3,\"03\";4,\"04\";5,\"05\";6,\"06\";7,\"07\";8,\"08\";9,\"09\";10,\"10\";11,\"11\";12,\"12\";13,\"13\";14,\"14\";15,\"15\"}))","v":"02"},"02. Walsh Construction Company Ii Llc",600,616,{"$f":"IF(B330=\"\",\"\",VLOOKUP(M330,Sections!$A$2:$D$200,3,FALSE))","v":"Incidental Construction"},{"$f":"IF(B330=\"\",\"\",VLOOKUP(M330,Sections!$A$2:$D$200,4,FALSE))","v":"Riprap And Slopewall"}]
[{"$f":"IF(Start!A331=\"\",\"\",Start!A331)","v":""},{"$f":"IF(Start!B331=\"\",\"\",Start!B331)","v":"619-11052"},{"$f":"IF(Start!C331=\"\",\"\",Start!C331)","v":"CLEAN STEEL BRIDGE, QP-2, BR. NO. ,"},{"$f":"IF(Start!D331=\"\",\"\",Start!D331)","v":1},{"$f":"IF(Start!E331=\"\",\"\",Start!E331)","v":0},{"$f":"IF(Start!F331=\"\",\"\",Start!F331)","v":"L.S."},{"$f":"IF(Start!G331=\"\",\"\",Start!G331)","v":50000},{"$f":"IF(Start!H331=\"\",\"\",Start!H331)","v":50000},2,{"$f":"IF(I331=\"\",\"\",LOOKUP(I331,{1,\"01\";2,\"02\";3,\"03\";4,\"04\";5,\"05\";6,\"06\";7,\"07\";8,\"08\";9,\"09\";10,\"10\";11,\"11\";12,\"12\";13,\"13\";14,\"14\";15,\"15\"}))","v":"02"},"02. Walsh Construction Company Ii Llc",600,619,{"$f":"IF(B331=\"\",\"\",VLOOKUP(M331,Sections!$A$2:$D$200,3,FALSE))","v":"Incidental Construction"},{"$f":"IF(B331=\"\",\"\",VLOOKUP(M331,Sections!$A$2:$D$200,4,FALSE))","v":"Painting Bridge Steel"}]
[{"$f":"IF(Start!A332=\"\",\"\",Start!A332)","v":""},{"$f":"IF(Start!B332=\"\",\"\",Start!B332)","v":"619-11052"},{"$f":"IF(Start!C332=\"\",\"\",Start!C332)","v":"CLEAN STEEL BRIDGE, QP-2, BR. NO. ,"},{"$f":"IF(Start!D332=\"\",\"\",Start!D332)","v":1},{"$f":"IF(Start!E332=\"\",\"\",Start!E332)","v":0},{"$f":"IF(Start!F332=\"\",\"\",Start!F332)","v":"L.S."},{"$f":"IF(Start!G332=\"\",\"\",Start!G332)","v":50000},{"$f":"IF(Start!H332=\"\",\"\",Start!H332)","v":50000},2,{"$f":"IF(I332=\"\",\"\",LOOKUP(I332,{1,\"01\";2,\"02\";3,\"03\";4,\"04\";5,\"05\";6,\"06\";7,\"07\";8,\"08\";9,\"09\";10,\"10\";11,\"11\";12,\"12\";13,\"13\";14,\"14\";15,\"15\"}))","v":"02"},"02. Walsh Construction Company Ii Llc",600,619,{"$f":"IF(B332=\"\",\"\",VLOOKUP(M332,Sections!$A$2:$D$200,3,FALSE))","v":"Incidental Construction"},{"$f":"IF(B332=\"\",\"\",VLOOKUP(M332,Sections!$A$2:$D$200,4,FALSE))","v":"Painting Bridge Steel"}]
[{"$f":"IF(Start!A333=\"\",\"\",Start!A333)","v":""},{"$f":"IF(Start!B333=\"\",\"\",Start!B333)","v":"619-51859"},{"$f":"IF(Start!C333=\"\",\"\",Start!C333)","v":"PAINT STEEL BRIDGE , STR. NO. 2"},{"$f":"IF(Start!D333=\"\",\"\",Start!D333)","v":1},{"$f":"IF(Start!E333=\"\",\"\",Start!E333)","v":0},{"$f":"IF(Start!F333=\"\",\"\",Start!F333)","v":"L.S."},{"$f":"IF(Start!G333=\"\",\"\",Start!G333)","v":25000},{"$f":"IF(Start!H333=\"\",\"\",Start!H333)","v":25000},2,{"$f":"IF(I333=\"\",\"\",LOOKUP(I333,{1,\"01\";2,\"02\";3,\"03\";4,\"04\";5,\"05\";6,\"06\";7,\"07\";8,\"08\";9,\"09\";10,\"10\";11,\"11\";12,\"12\";13,\"13\";14,\"14\";15,\"15\"}))","v":"02"},"02. Walsh Construction Company Ii Llc",600,619,{"$f":"IF(B333=\"\",\"\",VLOOKUP(M333,Sections!$A$2:$D$200,3,FALSE))","v":"Incidental Construction"},{"$f":"IF(B333=\"\",\"\",VLOOKUP(M333,Sections!$A$2:$D$200,4,FALSE))","v":"Painting Bridge Steel"}]
[{"$f":"IF(Start!A334=\"\",\"\",Start!A334)","v":""},{"$f":"IF(Start!B334=\"\",\"\",Start!B334)","v":"619-51859"},{"$f":"IF(Start!C334=\"\",\"\",Start!C334)","v":"PAINT STEEL BRIDGE , STR. NO. 2"},{"$f":"IF(Start!D334=\"\",\"\",Start!D334)","v":1},{"$f":"IF(Start!E334=\"\",\"\",Start!E334)","v":0},{"$f":"IF(Start!F334=\"\",\"\",Start!F334)","v":"L.S."},{"$f":"IF(Start!G334=\"\",\"\",Start!G334)","v":25000},{"$f":"IF(Start!H334=\"\",\"\",Start!H334)","v":25000},2,{"$f":"IF(I334=\"\",\"\",LOOKUP(I334,{1,\"01\";2,\"02\";3,\"03\";4,\"04\";5,\"05\";6,\"06\";7,\"07\";8,\"08\";9,\"09\";10,\"10\";11,\"11\";12,\"12\";13,\"13\";14,\"14\";15,\"15\"}))","v":"02"},"02. Walsh Construction Company Ii Llc",600,619,{"$f":"IF(B334=\"\",\"\",VLOOKUP(M334,Sections!$A$2:$D$200,3,FALSE))","v":"Incidental Construction"},{"$f":"IF(B334=\"\",\"\",VLOOKUP(M334,Sections!$A$2:$D$200,4,FALSE))","v":"Painting Bridge Steel"}]
[{"$f":"IF(Start!A335=\"\",\"\",Start!A335)","v":""},{"$f":"IF(Start!B335=\"\",\"\",Start!B335)","v":"621-01004"},{"$f":"IF(Start!C335=\"\",\"\",Start!C335)","v":"MOBILIZATION AND DEMOBILIZATION FOR SEEDING"},{"$f":"IF(Start!D335=\"\",\"\",Start!D335)","v":3},{"$f":"IF(Start!E335=\"\",\"\",Start!E335)","v":0},{"$f":"IF(Start!F335=\"\",\"\",Start!F335)","v":"EACH"},{"$f":"IF(Start!G335=\"\",\"\",Start!G335)","v":400},{"$f":"IF(Start!H335=\"\",\"\",Start!H335)","v":1200},2,{"$f":"IF(I335=\"\",\"\",LOOKUP(I335,{1,\"01\";2,\"02\";3,\"03\";4,\"04\";5,\"05\";6,\"06\";7,\"07\";8,\"08\";9,\"09\";10,\"10\";11,\"11\";12,\"12\";13,\"13\";14,\"14\";15,\"15\"}))","v":"02"},"02. Walsh Construction Company Ii Llc",600,621,{"$f":"IF(B335=\"\",\"\",VLOOKUP(M335,Sections!$A$2:$D$200,3,FALSE))","v":"Incidental Construction"},{"$f":"IF(B335=\"\",\"\",VLOOKUP(M335,Sections!$A$2:$D$200,4,FALSE))","v":"Seeding And Sodding"}]
[{"$f":"IF(Start!A336=\"\",\"\",Start!A336)","v":""},{"$f":"IF(Start!B336=\"\",\"\",Start!B336)","v":"621-02770"},{"$f":"IF(Start!C336=\"\",\"\",Start!C336)","v":"EROSION CONTROL BLANKET"},{"$f":"IF(Start!D336=\"\",\"\",Start!D336)","v":66315},{"$f":"IF(Start!E336=\"\",\"\",Start!E336)","v":0},{"$f":"IF(Start!F336=\"\",\"\",Start!F336)","v":"S.Y."},{"$f":"IF(Start!G336=\"\",\"\",Start!G336)","v":0.65},{"$f":"IF(Start!H336=\"\",\"\",Start!H336)","v":43104.75},2,{"$f":"IF(I336=\"\",\"\",LOOKUP(I336,{1,\"01\";2,\"02\";3,\"03\";4,\"04\";5,\"05\";6,\"06\";7,\"07\";8,\"08\";9,\"09\";10,\"10\";11,\"11\";12,\"12\";13,\"13\";14,\"14\";15,\"15\"}))","v":"02"},"02. Walsh Construction Company Ii Llc",600,621,{"$f":"IF(B336=\"\",\"\",VLOOKUP(M336,Sections!$A$2:$D$200,3,FALSE))","v":"Incidental Construction"},{"$f":"IF(B336=\"\",\"\",VLOOKUP(M336,Sections!$A$2:$D$200,4,FALSE))","v":"Seeding And Sodding"}]
[{"$f":"IF(Start!A337=\"\",\"\",Start!A337)","v":""},{"$f":"IF(Start!B337=\"\",\"\",Start!B337)","v":"621-06545"},{"$f":"IF(Start!C337=\"\",\"\",Start!C337)","v":"FERTILIZER"},{"$f":"IF(Start!D337=\"\",\"\",Start!D337)","v":6},{"$f":"IF(Start!E337=\"\",\"\",Start!E337)","v":0},{"$f":"IF(Start!F337=\"\",\"\",Start!F337)","v":"TON"},{"$f":"IF(Start!G337=\"\",\"\",Start!G337)","v":600},{"$f":"IF(Start!H337=\"\",\"\",Start!H337)","v":3600},2,{"$f":"IF(I337=\"\",\"\",LOOKUP(I337,{1,\"01\";2,\"02\";3,\"03\";4,\"04\";5,\"05\";6,\"06\";7,\"07\";8,\"08\";9,\"09\";10,\"10\";11,\"11\";12,\"12\";13,\"13\";14,\"14\";15,\"15\"}))","v":"02"},"02. Walsh Construction Company Ii Llc",600,621,{"$f":"IF(B337=\"\",\"\",VLOOKUP(M337,Sections!$A$2:$D$200,3,FALSE))","v":"Incidental Construction"},{"$f":"IF(B337=\"\",\"\",VLOOKUP(M337,Sections!$A$2:$D$200,4,FALSE))","v":"Seeding And Sodding"}]
[{"$f":"IF(Start!A338=\"\",\"\",Start!A338)","v":""},{"$f":"IF(Start!B338=\"\",\"\",Start!B338)","v":"621-06557"},{"$f":"IF(Start!C338=\"\",\"\",Start!C338)","v":"SEED MIXTURE, T"},{"$f":"IF(Start!D338=\"\",\"\",Start!D338)","v":1088},{"$f":"IF(Start!E338=\"\",\"\",Start!E338)","v":0},{"$f":"IF(Start!F338=\"\",\"\",Start!F338)","v":"LBS"},{"$f":"IF(Start!G338=\"\",\"\",Start!G338)","v":2.5},{"$f":"IF(Start!H338=\"\",\"\",Start!H338)","v":2720},2,{"$f":"IF(I338=\"\",\"\",LOOKUP(I338,{1,\"01\";2,\"02\";3,\"03\";4,\"04\";5,\"05\";6,\"06\";7,\"07\";8,\"08\";9,\"09\";10,\"10\";11,\"11\";12,\"12\";13,\"13\";14,\"14\";15,\"15\"}))","v":"02"},"02. Walsh Construction Company Ii Llc",600,621,{"$f":"IF(B338=\"\",\"\",VLOOKUP(M338,Sections!$A$2:$D$200,3,FALSE))","v":"Incidental Construction"},{"$f":"IF(B338=\"\",\"\",VLOOKUP(M338,Sections!$A$2:$D$200,4,FALSE))","v":"Seeding And Sodding"}]
[{"$f":"IF(Start!A339=\"\",\"\",Start!A339)","v":""},{"$f":"IF(Start!B339=\"\",\"\",Start!B339)","v":"621-06565"},{"$f":"IF(Start!C339=\"\",\"\",Start!C339)","v":"MULCHING MATERIAL"},{"$f":"IF(Start!D339=\"\",\"\",Start!D339)","v":29},{"$f":"IF(Start!E339=\"\",\"\",Start!E339)","v":0},{"$f":"IF(Start!F339=\"\",\"\",Start!F339)","v":"TON"},{"$f":"IF(Start!G339=\"\",\"\",Start!G339)","v":400},{"$f":"IF(Start!H339=\"\",\"\",Start!H339)","v":11600},2,{"$f":"IF(I339=\"\",\"\",LOOKUP(I339,{1,\"01\";2,\"02\";3,\"03\";4,\"04\";5,\"05\";6,\"06\";7,\"07\";8,\"08\";9,\"09\";10,\"10\";11,\"11\";12,\"12\";13,\"13\";14,\"14\";15,\"15\"}))","v":"02"},"02. Walsh Construction Company Ii Llc",600,621,{"$f":"IF(B339=\"\",\"\",VLOOKUP(M339,Sections!$A$2:$D$200,3,FALSE))","v":"Incidental Construction"},{"$f":"IF(B339=\"\",\"\",VLOOKUP(M339,Sections!$A$2:$D$200,4,FALSE))","v":"Seeding And Sodding"}]
[{"$f":"IF(Start!A340=\"\",\"\",Start!A340)","v":""},{"$f":"IF(Start!B340=\"\",\"\",Start!B340)","v":"621-06567"},{"$f":"IF(Start!C340=\"\",\"\",Start!C340)","v":"WATER"},{"$f":"IF(Start!D340=\"\",\"\",Start!D340)","v":253},{"$f":"IF(Start!E340=\"\",\"\",Start!E340)","v":0},{"$f":"IF(Start!F340=\"\",\"\",Start!F340)","v":"M.G."},{"$f":"IF(Start!G340=\"\",\"\",Start!G340)","v":1},{"$f":"IF(Start!H340=\"\",\"\",Start!H340)","v":253},2,{"$f":"IF(I340=\"\",\"\",LOOKUP(I340,{1,\"01\";2,\"02\";3,\"03\";4,\"04\";5,\"05\";6,\"06\";7,\"07\";8,\"08\";9,\"09\";10,\"10\";11,\"11\";12,\"12\";13,\"13\";14,\"14\";15,\"15\"}))","v":"02"},"02. Walsh Construction Company Ii Llc",600,621,{"$f":"IF(B340=\"\",\"\",VLOOKUP(M340,Sections!$A$2:$D$200,3,FALSE))","v":"Incidental Construction"},{"$f":"IF(B340=\"\",\"\",VLOOKUP(M340,Sections!$A$2:$D$200,4,FALSE))","v":"Seeding And Sodding"}]
[{"$f":"IF(Start!A341=\"\",\"\",Start!A341)","v":""},{"$f":"IF(Start!B341=\"\",\"\",Start!B341)","v":"621-06574"},{"$f":"IF(Start!C341=\"\",\"\",Start!C341)","v":"SODDING"},{"$f":"IF(Start!D341=\"\",\"\",Start!D341)","v":3864},{"$f":"IF(Start!E341=\"\",\"\",Start!E341)","v":0},{"$f":"IF(Start!F341=\"\",\"\",Start!F341)","v":"S.Y."},{"$f":"IF(Start!G341=\"\",\"\",Start!G341)","v":2.98},{"$f":"IF(Start!H341=\"\",\"\",Start!H341)","v":11514.72},2,{"$f":"IF(I341=\"\",\"\",LOOKUP(I341,{1,\"01\";2,\"02\";3,\"03\";4,\"04\";5,\"05\";6,\"06\";7,\"07\";8,\"08\";9,\"09\";10,\"10\";11,\"11\";12,\"12\";13,\"13\";14,\"14\";15,\"15\"}))","v":"02"},"02. Walsh Construction Company Ii Llc",600,621,{"$f":"IF(B341=\"\",\"\",VLOOKUP(M341,Sections!$A$2:$D$200,3,FALSE))","v":"Incidental Construction"},{"$f":"IF(B341=\"\",\"\",VLOOKUP(M341,Sections!$A$2:$D$200,4,FALSE))","v":"Seeding And Sodding"}]
[{"$f":"IF(Start!A342=\"\",\"\",Start!A342)","v":""},{"$f":"IF(Start!B342=\"\",\"\",Start!B342)","v":"621-06575"},{"$f":"IF(Start!C342=\"\",\"\",Start!C342)","v":"SODDING, NURSERY"},{"$f":"IF(Start!D342=\"\",\"\",Start!D342)","v":66315},{"$f":"IF(Start!E342=\"\",\"\",Start!E342)","v":0},{"$f":"IF(Start!F342=\"\",\"\",Start!F342)","v":"S.Y."},{"$f":"IF(Start!G342=\"\",\"\",Start!G342)","v":3.21},{"$f":"IF(Start!H342=\"\",\"\",Start!H342)","v":212871.15},2,{"$f":"IF(I342=\"\",\"\",LOOKUP(I342,{1,\"01\";2,\"02\";3,\"03\";4,\"04\";5,\"05\";6,\"06\";7,\"07\";8,\"08\";9,\"09\";10,\"10\";11,\"11\";12,\"12\";13,\"13\";14,\"14\";15,\"15\"}))","v":"02"},"02. Walsh Construction Company Ii Llc",600,621,{"$f":"IF(B342=\"\",\"\",VLOOKUP(M342,Sections!$A$2:$D$200,3,FALSE))","v":"Incidental Construction"},{"$f":"IF(B342=\"\",\"\",VLOOKUP(M342,Sections!$A$2:$D$200,4,FALSE))","v":"Seeding And Sodding"}]
[{"$f":"IF(Start!A343=\"\",\"\",Start!A343)","v":""},{"$f":"IF(Start!B343=\"\",\"\",Start!B343)","v":"628-08524"},{"$f":"IF(Start!C343=\"\",\"\",Start!C343)","v":"CELLULAR TELEPHONE/RADIO, ADDITIONAL"},{"$f":"IF(Start!D343=\"\",\"\",Start!D343)","v":1},{"$f":"IF(Start!E343=\"\",\"\",Start!E343)","v":0},{"$f":"IF(Start!F343=\"\",\"\",Start!F343)","v":"$"},{"$f":"IF(Start!G343=\"\",\"\",Start!G343)","v":1},{"$f":"IF(Start!H343=\"\",\"\",Start!H343)","v":1},2,{"$f":"IF(I343=\"\",\"\",LOOKUP(I343,{1,\"01\";2,\"02\";3,\"03\";4,\"04\";5,\"05\";6,\"06\";7,\"07\";8,\"08\";9,\"09\";10,\"10\";11,\"11\";12,\"12\";13,\"13\";14,\"14\";15,\"15\"}))","v":"02"},"02. Walsh Construction Company Ii Llc",600,628,{"$f":"IF(B343=\"\",\"\",VLOOKUP(M343,Sections!$A$2:$D$200,3,FALSE))","v":"Incidental Construction"},{"$f":"IF(B343=\"\",\"\",VLOOKUP(M343,Sections!$A$2:$D$200,4,FALSE))","v":"Field Office, Field Laboratory, Computer Systems, Office Machines And Communications"}]
[{"$f":"IF(Start!A344=\"\",\"\",Start!A344)","v":""},{"$f":"IF(Start!B344=\"\",\"\",Start!B344)","v":"628-09403"},{"$f":"IF(Start!C344=\"\",\"\",Start!C344)","v":"FIELD OFFICE, C"},{"$f":"IF(Start!D344=\"\",\"\",Start!D344)","v":15},{"$f":"IF(Start!E344=\"\",\"\",Start!E344)","v":0},{"$f":"IF(Start!F344=\"\",\"\",Start!F344)","v":"MONTH"},{"$f":"IF(Start!G344=\"\",\"\",Start!G344)","v":2628.33},{"$f":"IF(Start!H344=\"\",\"\",Start!H344)","v":39424.950000000004},2,{"$f":"IF(I344=\"\",\"\",LOOKUP(I344,{1,\"01\";2,\"02\";3,\"03\";4,\"04\";5,\"05\";6,\"06\";7,\"07\";8,\"08\";9,\"09\";10,\"10\";11,\"11\";12,\"12\";13,\"13\";14,\"14\";15,\"15\"}))","v":"02"},"02. Walsh Construction Company Ii Llc",600,628,{"$f":"IF(B344=\"\",\"\",VLOOKUP(M344,Sections!$A$2:$D$200,3,FALSE))","v":"Incidental Construction"},{"$f":"IF(B344=\"\",\"\",VLOOKUP(M344,Sections!$A$2:$D$200,4,FALSE))","v":"Field Office, Field Laboratory, Computer Systems, Office Machines And Communications"}]
[{"$f":"IF(Start!A345=\"\",\"\",Start!A345)","v":""},{"$f":"IF(Start!B345=\"\",\"\",Start!B345)","v":"628-09407"},{"$f":"IF(Start!C345=\"\",\"\",Start!C345)","v":"FIELD OFFICE COMPUTER SYSTEM,"},{"$f":"IF(Start!D345=\"\",\"\",Start!D345)","v":30},{"$f":"IF(Start!E345=\"\",\"\",Start!E345)","v":0},{"$f":"IF(Start!F345=\"\",\"\",Start!F345)","v":"MONTH"},{"$f":"IF(Start!G345=\"\",\"\",Start!G345)","v":200},{"$f":"IF(Start!H345=\"\",\"\",Start!H345)","v":6000},2,{"$f":"IF(I345=\"\",\"\",LOOKUP(I345,{1,\"01\";2,\"02\";3,\"03\";4,\"04\";5,\"05\";6,\"06\";7,\"07\";8,\"08\";9,\"09\";10,\"10\";11,\"11\";12,\"12\";13,\"13\";14,\"14\";15,\"15\"}))","v":"02"},"02. Walsh Construction Company Ii Llc",600,628,{"$f":"IF(B345=\"\",\"\",VLOOKUP(M345,Sections!$A$2:$D$200,3,FALSE))","v":"Incidental Construction"},{"$f":"IF(B345=\"\",\"\",VLOOKUP(M345,Sections!$A$2:$D$200,4,FALSE))","v":"Field Office, Field Laboratory, Computer Systems, Office Machines And Communications"}]
[{"$f":"IF(Start!A346=\"\",\"\",Start!A346)","v":""},{"$f":"IF(Start!B346=\"\",\"\",Start!B346)","v":"628-11007"},{"$f":"IF(Start!C346=\"\",\"\",Start!C346)","v":"CELLULAR TELEPHONE/RADIO SERVICE, 750"},{"$f":"IF(Start!D346=\"\",\"\",Start!D346)","v":60},{"$f":"IF(Start!E346=\"\",\"\",Start!E346)","v":0},{"$f":"IF(Start!F346=\"\",\"\",Start!F346)","v":"MONTH"},{"$f":"IF(Start!G346=\"\",\"\",Start!G346)","v":100},{"$f":"IF(Start!H346=\"\",\"\",Start!H346)","v":6000},2,{"$f":"IF(I346=\"\",\"\",LOOKUP(I346,{1,\"01\";2,\"02\";3,\"03\";4,\"04\";5,\"05\";6,\"06\";7,\"07\";8,\"08\";9,\"09\";10,\"10\";11,\"11\";12,\"12\";13,\"13\";14,\"14\";15,\"15\"}))","v":"02"},"02. Walsh Construction Company Ii Llc",600,628,{"$f":"IF(B346=\"\",\"\",VLOOKUP(M346,Sections!$A$2:$D$200,3,FALSE))","v":"Incidental Construction"},{"$f":"IF(B346=\"\",\"\",VLOOKUP(M346,Sections!$A$2:$D$200,4,FALSE))","v":"Field Office, Field Laboratory, Computer Systems, Office Machines And Communications"}]
[{"$f":"IF(Start!A347=\"\",\"\",Start!A347)","v":""},{"$f":"IF(Start!B347=\"\",\"\",Start!B347)","v":"628-11068"},{"$f":"IF(Start!C347=\"\",\"\",Start!C347)","v":"CELLULAR TELEPHONE/RADIO"},{"$f":"IF(Start!D347=\"\",\"\",Start!D347)","v":4},{"$f":"IF(Start!E347=\"\",\"\",Start!E347)","v":0},{"$f":"IF(Start!F347=\"\",\"\",Start!F347)","v":"EACH"},{"$f":"IF(Start!G347=\"\",\"\",Start!G347)","v":100},{"$f":"IF(Start!H347=\"\",\"\",Start!H347)","v":400},2,{"$f":"IF(I347=\"\",\"\",LOOKUP(I347,{1,\"01\";2,\"02\";3,\"03\";4,\"04\";5,\"05\";6,\"06\";7,\"07\";8,\"08\";9,\"09\";10,\"10\";11,\"11\";12,\"12\";13,\"13\";14,\"14\";15,\"15\"}))","v":"02"},"02. Walsh Construction Company Ii Llc",600,628,{"$f":"IF(B347=\"\",\"\",VLOOKUP(M347,Sections!$A$2:$D$200,3,FALSE))","v":"Incidental Construction"},{"$f":"IF(B347=\"\",\"\",VLOOKUP(M347,Sections!$A$2:$D$200,4,FALSE))","v":"Field Office, Field Laboratory, Computer Systems, Office Machines And Communications"}]
[{"$f":"IF(Start!A348=\"\",\"\",Start!A348)","v":""},{"$f":"IF(Start!B348=\"\",\"\",Start!B348)","v":"702-51863"},{"$f":"IF(Start!C348=\"\",\"\",Start!C348)","v":"FIELD DRILLED HOLE IN CONCRETE"},{"$f":"IF(Start!D348=\"\",\"\",Start!D348)","v":158},{"$f":"IF(Start!E348=\"\",\"\",Start!E348)","v":0},{"$f":"IF(Start!F348=\"\",\"\",Start!F348)","v":"EACH"},{"$f":"IF(Start!G348=\"\",\"\",Start!G348)","v":14.600000000000001},{"$f":"IF(Start!H348=\"\",\"\",Start!H348)","v":2306.8000000000002},2,{"$f":"IF(I348=\"\",\"\",LOOKUP(I348,{1,\"01\";2,\"02\";3,\"03\";4,\"04\";5,\"05\";6,\"06\";7,\"07\";8,\"08\";9,\"09\";10,\"10\";11,\"11\";12,\"12\";13,\"13\";14,\"14\";15,\"15\"}))","v":"02"},"02. Walsh Construction Company Ii Llc",700,702,{"$f":"IF(B348=\"\",\"\",VLOOKUP(M348,Sections!$A$2:$D$200,3,FALSE))","v":"Structures"},{"$f":"IF(B348=\"\",\"\",VLOOKUP(M348,Sections!$A$2:$D$200,4,FALSE))","v":"Structural Concrete"}]
[{"$f":"IF(Start!A349=\"\",\"\",Start!A349)","v":""},{"$f":"IF(Start!B349=\"\",\"\",Start!B349)","v":"702-90915"},{"$f":"IF(Start!C349=\"\",\"\",Start!C349)","v":"CONCRETE, A"},{"$f":"IF(Start!D349=\"\",\"\",Start!D349)","v":47.400000000000006},{"$f":"IF(Start!E349=\"\",\"\",Start!E349)","v":0},{"$f":"IF(Start!F349=\"\",\"\",Start!F349)","v":"C.Y."},{"$f":"IF(Start!G349=\"\",\"\",Start!G349)","v":735.12},{"$f":"IF(Start!H349=\"\",\"\",Start!H349)","v":34844.69},2,{"$f":"IF(I349=\"\",\"\",LOOKUP(I349,{1,\"01\";2,\"02\";3,\"03\";4,\"04\";5,\"05\";6,\"06\";7,\"07\";8,\"08\";9,\"09\";10,\"10\";11,\"11\";12,\"12\";13,\"13\";14,\"14\";15,\"15\"}))","v":"02"},"02. Walsh Construction Company Ii Llc",700,702,{"$f":"IF(B349=\"\",\"\",VLOOKUP(M349,Sections!$A$2:$D$200,3,FALSE))","v":"Structures"},{"$f":"IF(B349=\"\",\"\",VLOOKUP(M349,Sections!$A$2:$D$200,4,FALSE))","v":"Structural Concrete"}]
[{"$f":"IF(Start!A350=\"\",\"\",Start!A350)","v":""},{"$f":"IF(Start!B350=\"\",\"\",Start!B350)","v":"703-06029"},{"$f":"IF(Start!C350=\"\",\"\",Start!C350)","v":"REINFORCING BARS, EPOXY COATED"},{"$f":"IF(Start!D350=\"\",\"\",Start!D350)","v":3869},{"$f":"IF(Start!E350=\"\",\"\",Start!E350)","v":0},{"$f":"IF(Start!F350=\"\",\"\",Start!F350)","v":"LBS"},{"$f":"IF(Start!G350=\"\",\"\",Start!G350)","v":1.07},{"$f":"IF(Start!H350=\"\",\"\",Start!H350)","v":4139.83},2,{"$f":"IF(I350=\"\",\"\",LOOKUP(I350,{1,\"01\";2,\"02\";3,\"03\";4,\"04\";5,\"05\";6,\"06\";7,\"07\";8,\"08\";9,\"09\";10,\"10\";11,\"11\";12,\"12\";13,\"13\";14,\"14\";15,\"15\"}))","v":"02"},"02. Walsh Construction Company Ii Llc",700,703,{"$f":"IF(B350=\"\",\"\",VLOOKUP(M350,Sections!$A$2:$D$200,3,FALSE))","v":"Structures"},{"$f":"IF(B350=\"\",\"\",VLOOKUP(M350,Sections!$A$2:$D$200,4,FALSE))","v":"Reinforcing Bars"}]
[{"$f":"IF(Start!A351=\"\",\"\",Start!A351)","v":""},{"$f":"IF(Start!B351=\"\",\"\",Start!B351)","v":"706-09545"},{"$f":"IF(Start!C351=\"\",\"\",Start!C351)","v":"COARSE AGGREGATE, NO. 8"},{"$f":"IF(Start!D351=\"\",\"\",Start!D351)","v":400},{"$f":"IF(Start!E351=\"\",\"\",Start!E351)","v":0},{"$f":"IF(Start!F351=\"\",\"\",Start!F351)","v":"C.Y."},{"$f":"IF(Start!G351=\"\",\"\",Start!G351)","v":29.41},{"$f":"IF(Start!H351=\"\",\"\",Start!H351)","v":11764},2,{"$f":"IF(I351=\"\",\"\",LOOKUP(I351,{1,\"01\";2,\"02\";3,\"03\";4,\"04\";5,\"05\";6,\"06\";7,\"07\";8,\"08\";9,\"09\";10,\"10\";11,\"11\";12,\"12\";13,\"13\";14,\"14\";15,\"15\"}))","v":"02"},"02. Walsh Construction Company Ii Llc",700,706,{"$f":"IF(B351=\"\",\"\",VLOOKUP(M351,Sections!$A$2:$D$200,3,FALSE))","v":"Structures"},{"$f":"IF(B351=\"\",\"\",VLOOKUP(M351,Sections!$A$2:$D$200,4,FALSE))","v":"Bridge Railings"}]
[{"$f":"IF(Start!A352=\"\",\"\",Start!A352)","v":""},{"$f":"IF(Start!B352=\"\",\"\",Start!B352)","v":"709-51821"},{"$f":"IF(Start!C352=\"\",\"\",Start!C352)","v":"SURFACE SEAL"},{"$f":"IF(Start!D352=\"\",\"\",Start!D352)","v":1},{"$f":"IF(Start!E352=\"\",\"\",Start!E352)","v":0},{"$f":"IF(Start!F352=\"\",\"\",Start!F352)","v":"L.S."},{"$f":"IF(Start!G352=\"\",\"\",Start!G352)","v":10000},{"$f":"IF(Start!H352=\"\",\"\",Start!H352)","v":10000},2,{"$f":"IF(I352=\"\",\"\",LOOKUP(I352,{1,\"01\";2,\"02\";3,\"03\";4,\"04\";5,\"05\";6,\"06\";7,\"07\";8,\"08\";9,\"09\";10,\"10\";11,\"11\";12,\"12\";13,\"13\";14,\"14\";15,\"15\"}))","v":"02"},"02. Walsh Construction Company Ii Llc",700,709,{"$f":"IF(B352=\"\",\"\",VLOOKUP(M352,Sections!$A$2:$D$200,3,FALSE))","v":"Structures"},{"$f":"IF(B352=\"\",\"\",VLOOKUP(M352,Sections!$A$2:$D$200,4,FALSE))","v":"Portland Cement Concrete Sealers"}]
[{"$f":"IF(Start!A353=\"\",\"\",Start!A353)","v":""},{"$f":"IF(Start!B353=\"\",\"\",Start!B353)","v":"714-11175"},{"$f":"IF(Start!C353=\"\",\"\",Start!C353)","v":"STRUCTURE, REINFORCED CONCRETE BOX"},{"$f":"IF(Start!D353=\"\",\"\",Start!D353)","v":225},{"$f":"IF(Start!E353=\"\",\"\",Start!E353)","v":0},{"$f":"IF(Start!F353=\"\",\"\",Start!F353)","v":"L.F."},{"$f":"IF(Start!G353=\"\",\"\",Start!G353)","v":450},{"$f":"IF(Start!H353=\"\",\"\",Start!H353)","v":101250},2,{"$f":"IF(I353=\"\",\"\",LOOKUP(I353,{1,\"01\";2,\"02\";3,\"03\";4,\"04\";5,\"05\";6,\"06\";7,\"07\";8,\"08\";9,\"09\";10,\"10\";11,\"11\";12,\"12\";13,\"13\";14,\"14\";15,\"15\"}))","v":"02"},"02. Walsh Construction Company Ii Llc",700,714,{"$f":"IF(B353=\"\",\"\",VLOOKUP(M353,Sections!$A$2:$D$200,3,FALSE))","v":"Structures"},{"$f":"IF(B353=\"\",\"\",VLOOKUP(M353,Sections!$A$2:$D$200,4,FALSE))","v":"Reinforced Concrete Box Structures"}]
[{"$f":"IF(Start!A354=\"\",\"\",Start!A354)","v":""},{"$f":"IF(Start!B354=\"\",\"\",Start!B354)","v":"714-11311"},{"$f":"IF(Start!C354=\"\",\"\",Start!C354)","v":"STRUCTURE, REINFORCED CONCRETE BOX"},{"$f":"IF(Start!D354=\"\",\"\",Start!D354)","v":137},{"$f":"IF(Start!E354=\"\",\"\",Start!E354)","v":0},{"$f":"IF(Start!F354=\"\",\"\",Start!F354)","v":"L.F."},{"$f":"IF(Start!G354=\"\",\"\",Start!G354)","v":625},{"$f":"IF(Start!H354=\"\",\"\",Start!H354)","v":85625},2,{"$f":"IF(I354=\"\",\"\",LOOKUP(I354,{1,\"01\";2,\"02\";3,\"03\";4,\"04\";5,\"05\";6,\"06\";7,\"07\";8,\"08\";9,\"09\";10,\"10\";11,\"11\";12,\"12\";13,\"13\";14,\"14\";15,\"15\"}))","v":"02"},"02. Walsh Construction Company Ii Llc",700,714,{"$f":"IF(B354=\"\",\"\",VLOOKUP(M354,Sections!$A$2:$D$200,3,FALSE))","v":"Structures"},{"$f":"IF(B354=\"\",\"\",VLOOKUP(M354,Sections!$A$2:$D$200,4,FALSE))","v":"Reinforced Concrete Box Structures"}]
[{"$f":"IF(Start!A355=\"\",\"\",Start!A355)","v":""},{"$f":"IF(Start!B355=\"\",\"\",Start!B355)","v":"715-04555"},{"$f":"IF(Start!C355=\"\",\"\",Start!C355)","v":"PIPE END SECTION, MIN. AREA 5.1 SQ. FT."},{"$f":"IF(Start!D355=\"\",\"\",Start!D355)","v":8},{"$f":"IF(Start!E355=\"\",\"\",Start!E355)","v":0},{"$f":"IF(Start!F355=\"\",\"\",Start!F355)","v":"EACH"},{"$f":"IF(Start!G355=\"\",\"\",Start!G355)","v":676.34},{"$f":"IF(Start!H355=\"\",\"\",Start!H355)","v":5410.72},2,{"$f":"IF(I355=\"\",\"\",LOOKUP(I355,{1,\"01\";2,\"02\";3,\"03\";4,\"04\";5,\"05\";6,\"06\";7,\"07\";8,\"08\";9,\"09\";10,\"10\";11,\"11\";12,\"12\";13,\"13\";14,\"14\";15,\"15\"}))","v":"02"},"02. Walsh Construction Company Ii Llc",700,715,{"$f":"IF(B355=\"\",\"\",VLOOKUP(M355,Sections!$A$2:$D$200,3,FALSE))","v":"Structures"},{"$f":"IF(B355=\"\",\"\",VLOOKUP(M355,Sections!$A$2:$D$200,4,FALSE))","v":"Pipe Culverts, And Storm And Sanitary Sewers"}]
[{"$f":"IF(Start!A356=\"\",\"\",Start!A356)","v":""},{"$f":"IF(Start!B356=\"\",\"\",Start!B356)","v":"715-05032"},{"$f":"IF(Start!C356=\"\",\"\",Start!C356)","v":"PIPE, TYPE 2, CIRCULAR, 15 IN."},{"$f":"IF(Start!D356=\"\",\"\",Start!D356)","v":961},{"$f":"IF(Start!E356=\"\",\"\",Start!E356)","v":0},{"$f":"IF(Start!F356=\"\",\"\",Start!F356)","v":"L.F."},{"$f":"IF(Start!G356=\"\",\"\",Start!G356)","v":29.830000000000002},{"$f":"IF(Start!H356=\"\",\"\",Start!H356)","v":28666.63},2,{"$f":"IF(I356=\"\",\"\",LOOKUP(I356,{1,\"01\";2,\"02\";3,\"03\";4,\"04\";5,\"05\";6,\"06\";7,\"07\";8,\"08\";9,\"09\";10,\"10\";11,\"11\";12,\"12\";13,\"13\";14,\"14\";15,\"15\"}))","v":"02"},"02. Walsh Construction Company Ii Llc",700,715,{"$f":"IF(B356=\"\",\"\",VLOOKUP(M356,Sections!$A$2:$D$200,3,FALSE))","v":"Structures"},{"$f":"IF(B356=\"\",\"\",VLOOKUP(M356,Sections!$A$2:$D$200,4,FALSE))","v":"Pipe Culverts, And Storm And Sanitary Sewers"}]
[{"$f":"IF(Start!A357=\"\",\"\",Start!A357)","v":""},{"$f":"IF(Start!B357=\"\",\"\",Start!B357)","v":"715-05048"},{"$f":"IF(Start!C357=\"\",\"\",Start!C357)","v":"PIPE, TYPE 4, CIRCULAR, 6 IN."},{"$f":"IF(Start!D357=\"\",\"\",Start!D357)","v":16505},{"$f":"IF(Start!E357=\"\",\"\",Start!E357)","v":0},{"$f":"IF(Start!F357=\"\",\"\",Start!F357)","v":"L.F."},{"$f":"IF(Start!G357=\"\",\"\",Start!G357)","v":3.27},{"$f":"IF(Start!H357=\"\",\"\",Start!H357)","v":53971.35},2,{"$f":"IF(I357=\"\",\"\",LOOKUP(I357,{1,\"01\";2,\"02\";3,\"03\";4,\"04\";5,\"05\";6,\"06\";7,\"07\";8,\"08\";9,\"09\";10,\"10\";11,\"11\";12,\"12\";13,\"13\";14,\"14\";15,\"15\"}))","v":"02"},"02. Walsh Construction Company Ii Llc",700,715,{"$f":"IF(B357=\"\",\"\",VLOOKUP(M357,Sections!$A$2:$D$200,3,FALSE))","v":"Structures"},{"$f":"IF(B357=\"\",\"\",VLOOKUP(M357,Sections!$A$2:$D$200,4,FALSE))","v":"Pipe Culverts, And Storm And Sanitary Sewers"}]
[{"$f":"IF(Start!A358=\"\",\"\",Start!A358)","v":""},{"$f":"IF(Start!B358=\"\",\"\",Start!B358)","v":"715-05053"},{"$f":"IF(Start!C358=\"\",\"\",Start!C358)","v":"PIPE, UNDERDRAIN OUTLET, 6 IN."},{"$f":"IF(Start!D358=\"\",\"\",Start!D358)","v":775},{"$f":"IF(Start!E358=\"\",\"\",Start!E358)","v":0},{"$f":"IF(Start!F358=\"\",\"\",Start!F358)","v":"L.F."},{"$f":"IF(Start!G358=\"\",\"\",Start!G358)","v":9.77},{"$f":"IF(Start!H358=\"\",\"\",Start!H358)","v":7571.75},2,{"$f":"IF(I358=\"\",\"\",LOOKUP(I358,{1,\"01\";2,\"02\";3,\"03\";4,\"04\";5,\"05\";6,\"06\";7,\"07\";8,\"08\";9,\"09\";10,\"10\";11,\"11\";12,\"12\";13,\"13\";14,\"14\";15,\"15\"}))","v":"02"},"02. Walsh Construction Company Ii Llc",700,715,{"$f":"IF(B358=\"\",\"\",VLOOKUP(M358,Sections!$A$2:$D$200,3,FALSE))","v":"Structures"},{"$f":"IF(B358=\"\",\"\",VLOOKUP(M358,Sections!$A$2:$D$200,4,FALSE))","v":"Pipe Culverts, And Storm And Sanitary Sewers"}]
[{"$f":"IF(Start!A359=\"\",\"\",Start!A359)","v":""},{"$f":"IF(Start!B359=\"\",\"\",Start!B359)","v":"715-05121"},{"$f":"IF(Start!C359=\"\",\"\",Start!C359)","v":"PIPE, TYPE 1, CIRCULAR, 18 IN."},{"$f":"IF(Start!D359=\"\",\"\",Start!D359)","v":114},{"$f":"IF(Start!E359=\"\",\"\",Start!E359)","v":0},{"$f":"IF(Start!F359=\"\",\"\",Start!F359)","v":"L.F."},{"$f":"IF(Start!G359=\"\",\"\",Start!G359)","v":34.480000000000004},{"$f":"IF(Start!H359=\"\",\"\",Start!H359)","v":3930.7200000000003},2,{"$f":"IF(I359=\"\",\"\",LOOKUP(I359,{1,\"01\";2,\"02\";3,\"03\";4,\"04\";5,\"05\";6,\"06\";7,\"07\";8,\"08\";9,\"09\";10,\"10\";11,\"11\";12,\"12\";13,\"13\";14,\"14\";15,\"15\"}))","v":"02"},"02. Walsh Construction Company Ii Llc",700,715,{"$f":"IF(B359=\"\",\"\",VLOOKUP(M359,Sections!$A$2:$D$200,3,FALSE))","v":"Structures"},{"$f":"IF(B359=\"\",\"\",VLOOKUP(M359,Sections!$A$2:$D$200,4,FALSE))","v":"Pipe Culverts, And Storm And Sanitary Sewers"}]
[{"$f":"IF(Start!A360=\"\",\"\",Start!A360)","v":""},{"$f":"IF(Start!B360=\"\",\"\",Start!B360)","v":"715-05149"},{"$f":"IF(Start!C360=\"\",\"\",Start!C360)","v":"PIPE, TYPE 2, CIRCULAR, 12 IN."},{"$f":"IF(Start!D360=\"\",\"\",Start!D360)","v":210},{"$f":"IF(Start!E360=\"\",\"\",Start!E360)","v":0},{"$f":"IF(Start!F360=\"\",\"\",Start!F360)","v":"L.F."},{"$f":"IF(Start!G360=\"\",\"\",Start!G360)","v":30.8},{"$f":"IF(Start!H360=\"\",\"\",Start!H360)","v":6468},2,{"$f":"IF(I360=\"\",\"\",LOOKUP(I360,{1,\"01\";2,\"02\";3,\"03\";4,\"04\";5,\"05\";6,\"06\";7,\"07\";8,\"08\";9,\"09\";10,\"10\";11,\"11\";12,\"12\";13,\"13\";14,\"14\";15,\"15\"}))","v":"02"},"02. Walsh Construction Company Ii Llc",700,715,{"$f":"IF(B360=\"\",\"\",VLOOKUP(M360,Sections!$A$2:$D$200,3,FALSE))","v":"Structures"},{"$f":"IF(B360=\"\",\"\",VLOOKUP(M360,Sections!$A$2:$D$200,4,FALSE))","v":"Pipe Culverts, And Storm And Sanitary Sewers"}]
[{"$f":"IF(Start!A361=\"\",\"\",Start!A361)","v":""},{"$f":"IF(Start!B361=\"\",\"\",Start!B361)","v":"715-05152"},{"$f":"IF(Start!C361=\"\",\"\",Start!C361)","v":"PIPE, TYPE 2, CIRCULAR, 18 IN."},{"$f":"IF(Start!D361=\"\",\"\",Start!D361)","v":409},{"$f":"IF(Start!E361=\"\",\"\",Start!E361)","v":0},{"$f":"IF(Start!F361=\"\",\"\",Start!F361)","v":"L.F."},{"$f":"IF(Start!G361=\"\",\"\",Start!G361)","v":36.630000000000003},{"$f":"IF(Start!H361=\"\",\"\",Start!H361)","v":14981.67},2,{"$f":"IF(I361=\"\",\"\",LOOKUP(I361,{1,\"01\";2,\"02\";3,\"03\";4,\"04\";5,\"05\";6,\"06\";7,\"07\";8,\"08\";9,\"09\";10,\"10\";11,\"11\";12,\"12\";13,\"13\";14,\"14\";15,\"15\"}))","v":"02"},"02. Walsh Construction Company Ii Llc",700,715,{"$f":"IF(B361=\"\",\"\",VLOOKUP(M361,Sections!$A$2:$D$200,3,FALSE))","v":"Structures"},{"$f":"IF(B361=\"\",\"\",VLOOKUP(M361,Sections!$A$2:$D$200,4,FALSE))","v":"Pipe Culverts, And Storm And Sanitary Sewers"}]
[{"$f":"IF(Start!A362=\"\",\"\",Start!A362)","v":""},{"$f":"IF(Start!B362=\"\",\"\",Start!B362)","v":"715-05154"},{"$f":"IF(Start!C362=\"\",\"\",Start!C362)","v":"PIPE, TYPE 2, CIRCULAR, 24 IN. , SMOOTH"},{"$f":"IF(Start!D362=\"\",\"\",Start!D362)","v":1037},{"$f":"IF(Start!E362=\"\",\"\",Start!E362)","v":0},{"$f":"IF(Start!F362=\"\",\"\",Start!F362)","v":"L.F."},{"$f":"IF(Start!G362=\"\",\"\",Start!G362)","v":46.13},{"$f":"IF(Start!H362=\"\",\"\",Start!H362)","v":47836.81},2,{"$f":"IF(I362=\"\",\"\",LOOKUP(I362,{1,\"01\";2,\"02\";3,\"03\";4,\"04\";5,\"05\";6,\"06\";7,\"07\";8,\"08\";9,\"09\";10,\"10\";11,\"11\";12,\"12\";13,\"13\";14,\"14\";15,\"15\"}))","v":"02"},"02. Walsh Construction Company Ii Llc",700,715,{"$f":"IF(B362=\"\",\"\",VLOOKUP(M362,Sections!$A$2:$D$200,3,FALSE))","v":"Structures"},{"$f":"IF(B362=\"\",\"\",VLOOKUP(M362,Sections!$A$2:$D$200,4,FALSE))","v":"Pipe Culverts, And Storm And Sanitary Sewers"}]
[{"$f":"IF(Start!A363=\"\",\"\",Start!A363)","v":""},{"$f":"IF(Start!B363=\"\",\"\",Start!B363)","v":"715-05156"},{"$f":"IF(Start!C363=\"\",\"\",Start!C363)","v":"PIPE, TYPE 2, CIRCULAR, 30 IN."},{"$f":"IF(Start!D363=\"\",\"\",Start!D363)","v":130},{"$f":"IF(Start!E363=\"\",\"\",Start!E363)","v":0},{"$f":"IF(Start!F363=\"\",\"\",Start!F363)","v":"L.F."},{"$f":"IF(Start!G363=\"\",\"\",Start!G363)","v":53.44},{"$f":"IF(Start!H363=\"\",\"\",Start!H363)","v":6947.2000000000007},2,{"$f":"IF(I363=\"\",\"\",LOOKUP(I363,{1,\"01\";2,\"02\";3,\"03\";4,\"04\";5,\"05\";6,\"06\";7,\"07\";8,\"08\";9,\"09\";10,\"10\";11,\"11\";12,\"12\";13,\"13\";14,\"14\";15,\"15\"}))","v":"02"},"02. Walsh Construction Company Ii Llc",700,715,{"$f":"IF(B363=\"\",\"\",VLOOKUP(M363,Sections!$A$2:$D$200,3,FALSE))","v":"Structures"},{"$f":"IF(B363=\"\",\"\",VLOOKUP(M363,Sections!$A$2:$D$200,4,FALSE))","v":"Pipe Culverts, And Storm And Sanitary Sewers"}]
[{"$f":"IF(Start!A364=\"\",\"\",Start!A364)","v":""},{"$f":"IF(Start!B364=\"\",\"\",Start!B364)","v":"715-05169"},{"$f":"IF(Start!C364=\"\",\"\",Start!C364)","v":"PIPE, TYPE 3, CIRCULAR, 15 IN."},{"$f":"IF(Start!D364=\"\",\"\",Start!D364)","v":319},{"$f":"IF(Start!E364=\"\",\"\",Start!E364)","v":0},{"$f":"IF(Start!F364=\"\",\"\",Start!F364)","v":"L.F."},{"$f":"IF(Start!G364=\"\",\"\",Start!G364)","v":26.94},{"$f":"IF(Start!H364=\"\",\"\",Start!H364)","v":8593.86},2,{"$f":"IF(I364=\"\",\"\",LOOKUP(I364,{1,\"01\";2,\"02\";3,\"03\";4,\"04\";5,\"05\";6,\"06\";7,\"07\";8,\"08\";9,\"09\";10,\"10\";11,\"11\";12,\"12\";13,\"13\";14,\"14\";15,\"15\"}))","v":"02"},"02. Walsh Construction Company Ii Llc",700,715,{"$f":"IF(B364=\"\",\"\",VLOOKUP(M364,Sections!$A$2:$D$200,3,FALSE))","v":"Structures"},{"$f":"IF(B364=\"\",\"\",VLOOKUP(M364,Sections!$A$2:$D$200,4,FALSE))","v":"Pipe Culverts, And Storm And Sanitary Sewers"}]
[{"$f":"IF(Start!A365=\"\",\"\",Start!A365)","v":""},{"$f":"IF(Start!B365=\"\",\"\",Start!B365)","v":"715-05171"},{"$f":"IF(Start!C365=\"\",\"\",Start!C365)","v":"PIPE, TYPE 3, CIRCULAR, 18 IN."},{"$f":"IF(Start!D365=\"\",\"\",Start!D365)","v":88},{"$f":"IF(Start!E365=\"\",\"\",Start!E365)","v":0},{"$f":"IF(Start!F365=\"\",\"\",Start!F365)","v":"L.F."},{"$f":"IF(Start!G365=\"\",\"\",Start!G365)","v":33.11},{"$f":"IF(Start!H365=\"\",\"\",Start!H365)","v":2913.68},2,{"$f":"IF(I365=\"\",\"\",LOOKUP(I365,{1,\"01\";2,\"02\";3,\"03\";4,\"04\";5,\"05\";6,\"06\";7,\"07\";8,\"08\";9,\"09\";10,\"10\";11,\"11\";12,\"12\";13,\"13\";14,\"14\";15,\"15\"}))","v":"02"},"02. Walsh Construction Company Ii Llc",700,715,{"$f":"IF(B365=\"\",\"\",VLOOKUP(M365,Sections!$A$2:$D$200,3,FALSE))","v":"Structures"},{"$f":"IF(B365=\"\",\"\",VLOOKUP(M365,Sections!$A$2:$D$200,4,FALSE))","v":"Pipe Culverts, And Storm And Sanitary Sewers"}]
[{"$f":"IF(Start!A366=\"\",\"\",Start!A366)","v":""},{"$f":"IF(Start!B366=\"\",\"\",Start!B366)","v":"715-05236"},{"$f":"IF(Start!C366=\"\",\"\",Start!C366)","v":"PIPE, TYPE 1, DEFORMED, MIN. AREA 0.47 M2"},{"$f":"IF(Start!D366=\"\",\"\",Start!D366)","v":308},{"$f":"IF(Start!E366=\"\",\"\",Start!E366)","v":0},{"$f":"IF(Start!F366=\"\",\"\",Start!F366)","v":"L.F."},{"$f":"IF(Start!G366=\"\",\"\",Start!G366)","v":79.239999999999995},{"$f":"IF(Start!H366=\"\",\"\",Start!H366)","v":24405.920000000002},2,{"$f":"IF(I366=\"\",\"\",LOOKUP(I366,{1,\"01\";2,\"02\";3,\"03\";4,\"04\";5,\"05\";6,\"06\";7,\"07\";8,\"08\";9,\"09\";10,\"10\";11,\"11\";12,\"12\";13,\"13\";14,\"14\";15,\"15\"}))","v":"02"},"02. Walsh Construction Company Ii Llc",700,715,{"$f":"IF(B366=\"\",\"\",VLOOKUP(M366,Sections!$A$2:$D$200,3,FALSE))","v":"Structures"},{"$f":"IF(B366=\"\",\"\",VLOOKUP(M366,Sections!$A$2:$D$200,4,FALSE))","v":"Pipe Culverts, And Storm And Sanitary Sewers"}]
[{"$f":"IF(Start!A367=\"\",\"\",Start!A367)","v":""},{"$f":"IF(Start!B367=\"\",\"\",Start!B367)","v":"715-06471"},{"$f":"IF(Start!C367=\"\",\"\",Start!C367)","v":"PIPE END SECTION, MIN. AREA .31 M2"},{"$f":"IF(Start!D367=\"\",\"\",Start!D367)","v":2},{"$f":"IF(Start!E367=\"\",\"\",Start!E367)","v":0},{"$f":"IF(Start!F367=\"\",\"\",Start!F367)","v":"EACH"},{"$f":"IF(Start!G367=\"\",\"\",Start!G367)","v":571.34},{"$f":"IF(Start!H367=\"\",\"\",Start!H367)","v":1142.68},2,{"$f":"IF(I367=\"\",\"\",LOOKUP(I367,{1,\"01\";2,\"02\";3,\"03\";4,\"04\";5,\"05\";6,\"06\";7,\"07\";8,\"08\";9,\"09\";10,\"10\";11,\"11\";12,\"12\";13,\"13\";14,\"14\";15,\"15\"}))","v":"02"},"02. Walsh Construction Company Ii Llc",700,715,{"$f":"IF(B367=\"\",\"\",VLOOKUP(M367,Sections!$A$2:$D$200,3,FALSE))","v":"Structures"},{"$f":"IF(B367=\"\",\"\",VLOOKUP(M367,Sections!$A$2:$D$200,4,FALSE))","v":"Pipe Culverts, And Storm And Sanitary Sewers"}]
[{"$f":"IF(Start!A368=\"\",\"\",Start!A368)","v":""},{"$f":"IF(Start!B368=\"\",\"\",Start!B368)","v":"715-08243"},{"$f":"IF(Start!C368=\"\",\"\",Start!C368)","v":"PIPE, TYPE 3, DEFORMED, MIN. AREA 3.3 SQ. FT."},{"$f":"IF(Start!D368=\"\",\"\",Start!D368)","v":48},{"$f":"IF(Start!E368=\"\",\"\",Start!E368)","v":0},{"$f":"IF(Start!F368=\"\",\"\",Start!F368)","v":"L.F."},{"$f":"IF(Start!G368=\"\",\"\",Start!G368)","v":66.31},{"$f":"IF(Start!H368=\"\",\"\",Start!H368)","v":3182.88},2,{"$f":"IF(I368=\"\",\"\",LOOKUP(I368,{1,\"01\";2,\"02\";3,\"03\";4,\"04\";5,\"05\";6,\"06\";7,\"07\";8,\"08\";9,\"09\";10,\"10\";11,\"11\";12,\"12\";13,\"13\";14,\"14\";15,\"15\"}))","v":"02"},"02. Walsh Construction Company Ii Llc",700,715,{"$f":"IF(B368=\"\",\"\",VLOOKUP(M368,Sections!$A$2:$D$200,3,FALSE))","v":"Structures"},{"$f":"IF(B368=\"\",\"\",VLOOKUP(M368,Sections!$A$2:$D$200,4,FALSE))","v":"Pipe Culverts, And Storm And Sanitary Sewers"}]
[{"$f":"IF(Start!A369=\"\",\"\",Start!A369)","v":""},{"$f":"IF(Start!B369=\"\",\"\",Start!B369)","v":"715-09064"},{"$f":"IF(Start!C369=\"\",\"\",Start!C369)","v":"VIDEO INSPECTION FOR PIPE"},{"$f":"IF(Start!D369=\"\",\"\",Start!D369)","v":2792},{"$f":"IF(Start!E369=\"\",\"\",Start!E369)","v":0},{"$f":"IF(Start!F369=\"\",\"\",Start!F369)","v":"L.F."},{"$f":"IF(Start!G369=\"\",\"\",Start!G369)","v":2},{"$f":"IF(Start!H369=\"\",\"\",Start!H369)","v":5584},2,{"$f":"IF(I369=\"\",\"\",LOOKUP(I369,{1,\"01\";2,\"02\";3,\"03\";4,\"04\";5,\"05\";6,\"06\";7,\"07\";8,\"08\";9,\"09\";10,\"10\";11,\"11\";12,\"12\";13,\"13\";14,\"14\";15,\"15\"}))","v":"02"},"02. Walsh Construction Company Ii Llc",700,715,{"$f":"IF(B369=\"\",\"\",VLOOKUP(M369,Sections!$A$2:$D$200,3,FALSE))","v":"Structures"},{"$f":"IF(B369=\"\",\"\",VLOOKUP(M369,Sections!$A$2:$D$200,4,FALSE))","v":"Pipe Culverts, And Storm And Sanitary Sewers"}]
[{"$f":"IF(Start!A370=\"\",\"\",Start!A370)","v":""},{"$f":"IF(Start!B370=\"\",\"\",Start!B370)","v":"715-09769"},{"$f":"IF(Start!C370=\"\",\"\",Start!C370)","v":"PIPE, TYPE 3, DEFORMED, MIN. AREA 5.1"},{"$f":"IF(Start!D370=\"\",\"\",Start!D370)","v":240},{"$f":"IF(Start!E370=\"\",\"\",Start!E370)","v":0},{"$f":"IF(Start!F370=\"\",\"\",Start!F370)","v":"L.F."},{"$f":"IF(Start!G370=\"\",\"\",Start!G370)","v":67.02},{"$f":"IF(Start!H370=\"\",\"\",Start!H370)","v":16084.800000000001},2,{"$f":"IF(I370=\"\",\"\",LOOKUP(I370,{1,\"01\";2,\"02\";3,\"03\";4,\"04\";5,\"05\";6,\"06\";7,\"07\";8,\"08\";9,\"09\";10,\"10\";11,\"11\";12,\"12\";13,\"13\";14,\"14\";15,\"15\"}))","v":"02"},"02. Walsh Construction Company Ii Llc",700,715,{"$f":"IF(B370=\"\",\"\",VLOOKUP(M370,Sections!$A$2:$D$200,3,FALSE))","v":"Structures"},{"$f":"IF(B370=\"\",\"\",VLOOKUP(M370,Sections!$A$2:$D$200,4,FALSE))","v":"Pipe Culverts, And Storm And Sanitary Sewers"}]
[{"$f":"IF(Start!A371=\"\",\"\",Start!A371)","v":""},{"$f":"IF(Start!B371=\"\",\"\",Start!B371)","v":"715-46005"},{"$f":"IF(Start!C371=\"\",\"\",Start!C371)","v":"PIPE END SECTION, 15 IN."},{"$f":"IF(Start!D371=\"\",\"\",Start!D371)","v":14},{"$f":"IF(Start!E371=\"\",\"\",Start!E371)","v":0},{"$f":"IF(Start!F371=\"\",\"\",Start!F371)","v":"EACH"},{"$f":"IF(Start!G371=\"\",\"\",Start!G371)","v":308.28000000000003},{"$f":"IF(Start!H371=\"\",\"\",Start!H371)","v":4315.92},2,{"$f":"IF(I371=\"\",\"\",LOOKUP(I371,{1,\"01\";2,\"02\";3,\"03\";4,\"04\";5,\"05\";6,\"06\";7,\"07\";8,\"08\";9,\"09\";10,\"10\";11,\"11\";12,\"12\";13,\"13\";14,\"14\";15,\"15\"}))","v":"02"},"02. Walsh Construction Company Ii Llc",700,715,{"$f":"IF(B371=\"\",\"\",VLOOKUP(M371,Sections!$A$2:$D$200,3,FALSE))","v":"Structures"},{"$f":"IF(B371=\"\",\"\",VLOOKUP(M371,Sections!$A$2:$D$200,4,FALSE))","v":"Pipe Culverts, And Storm And Sanitary Sewers"}]
[{"$f":"IF(Start!A372=\"\",\"\",Start!A372)","v":""},{"$f":"IF(Start!B372=\"\",\"\",Start!B372)","v":"715-46010"},{"$f":"IF(Start!C372=\"\",\"\",Start!C372)","v":"PIPE END SECTION, 18 IN."},{"$f":"IF(Start!D372=\"\",\"\",Start!D372)","v":5},{"$f":"IF(Start!E372=\"\",\"\",Start!E372)","v":0},{"$f":"IF(Start!F372=\"\",\"\",Start!F372)","v":"EACH"},{"$f":"IF(Start!G372=\"\",\"\",Start!G372)","v":331.27},{"$f":"IF(Start!H372=\"\",\"\",Start!H372)","v":1656.3500000000001},2,{"$f":"IF(I372=\"\",\"\",LOOKUP(I372,{1,\"01\";2,\"02\";3,\"03\";4,\"04\";5,\"05\";6,\"06\";7,\"07\";8,\"08\";9,\"09\";10,\"10\";11,\"11\";12,\"12\";13,\"13\";14,\"14\";15,\"15\"}))","v":"02"},"02. Walsh Construction Company Ii Llc",700,715,{"$f":"IF(B372=\"\",\"\",VLOOKUP(M372,Sections!$A$2:$D$200,3,FALSE))","v":"Structures"},{"$f":"IF(B372=\"\",\"\",VLOOKUP(M372,Sections!$A$2:$D$200,4,FALSE))","v":"Pipe Culverts, And Storm And Sanitary Sewers"}]
[{"$f":"IF(Start!A373=\"\",\"\",Start!A373)","v":""},{"$f":"IF(Start!B373=\"\",\"\",Start!B373)","v":"715-46020"},{"$f":"IF(Start!C373=\"\",\"\",Start!C373)","v":"PIPE END SECTION, 24 IN."},{"$f":"IF(Start!D373=\"\",\"\",Start!D373)","v":4},{"$f":"IF(Start!E373=\"\",\"\",Start!E373)","v":0},{"$f":"IF(Start!F373=\"\",\"\",Start!F373)","v":"EACH"},{"$f":"IF(Start!G373=\"\",\"\",Start!G373)","v":596.91999999999996},{"$f":"IF(Start!H373=\"\",\"\",Start!H373)","v":2387.6799999999998},2,{"$f":"IF(I373=\"\",\"\",LOOKUP(I373,{1,\"01\";2,\"02\";3,\"03\";4,\"04\";5,\"05\";6,\"06\";7,\"07\";8,\"08\";9,\"09\";10,\"10\";11,\"11\";12,\"12\";13,\"13\";14,\"14\";15,\"15\"}))","v":"02"},"02. Walsh Construction Company Ii Llc",700,715,{"$f":"IF(B373=\"\",\"\",VLOOKUP(M373,Sections!$A$2:$D$200,3,FALSE))","v":"Structures"},{"$f":"IF(B373=\"\",\"\",VLOOKUP(M373,Sections!$A$2:$D$200,4,FALSE))","v":"Pipe Culverts, And Storm And Sanitary Sewers"}]
[{"$f":"IF(Start!A374=\"\",\"\",Start!A374)","v":""},{"$f":"IF(Start!B374=\"\",\"\",Start!B374)","v":"715-46030"},{"$f":"IF(Start!C374=\"\",\"\",Start!C374)","v":"PIPE END SECTION, 30 IN."},{"$f":"IF(Start!D374=\"\",\"\",Start!D374)","v":1},{"$f":"IF(Start!E374=\"\",\"\",Start!E374)","v":0},{"$f":"IF(Start!F374=\"\",\"\",Start!F374)","v":"EACH"},{"$f":"IF(Start!G374=\"\",\"\",Start!G374)","v":665.40000000000009},{"$f":"IF(Start!H374=\"\",\"\",Start!H374)","v":665.40000000000009},2,{"$f":"IF(I374=\"\",\"\",LOOKUP(I374,{1,\"01\";2,\"02\";3,\"03\";4,\"04\";5,\"05\";6,\"06\";7,\"07\";8,\"08\";9,\"09\";10,\"10\";11,\"11\";12,\"12\";13,\"13\";14,\"14\";15,\"15\"}))","v":"02"},"02. Walsh Construction Company Ii Llc",700,715,{"$f":"IF(B374=\"\",\"\",VLOOKUP(M374,Sections!$A$2:$D$200,3,FALSE))","v":"Structures"},{"$f":"IF(B374=\"\",\"\",VLOOKUP(M374,Sections!$A$2:$D$200,4,FALSE))","v":"Pipe Culverts, And Storm And Sanitary Sewers"}]
[{"$f":"IF(Start!A375=\"\",\"\",Start!A375)","v":""},{"$f":"IF(Start!B375=\"\",\"\",Start!B375)","v":"718-06529"},{"$f":"IF(Start!C375=\"\",\"\",Start!C375)","v":"OUTLET PROTECTOR, 2"},{"$f":"IF(Start!D375=\"\",\"\",Start!D375)","v":6},{"$f":"IF(Start!E375=\"\",\"\",Start!E375)","v":0},{"$f":"IF(Start!F375=\"\",\"\",Start!F375)","v":"EACH"},{"$f":"IF(Start!G375=\"\",\"\",Start!G375)","v":729.18000000000006},{"$f":"IF(Start!H375=\"\",\"\",Start!H375)","v":4375.08},2,{"$f":"IF(I375=\"\",\"\",LOOKUP(I375,{1,\"01\";2,\"02\";3,\"03\";4,\"04\";5,\"05\";6,\"06\";7,\"07\";8,\"08\";9,\"09\";10,\"10\";11,\"11\";12,\"12\";13,\"13\";14,\"14\";15,\"15\"}))","v":"02"},"02. Walsh Construction Company Ii Llc",700,718,{"$f":"IF(B375=\"\",\"\",VLOOKUP(M375,Sections!$A$2:$D$200,3,FALSE))","v":"Structures"},{"$f":"IF(B375=\"\",\"\",VLOOKUP(M375,Sections!$A$2:$D$200,4,FALSE))","v":"Underdrains"}]
[{"$f":"IF(Start!A376=\"\",\"\",Start!A376)","v":""},{"$f":"IF(Start!B376=\"\",\"\",Start!B376)","v":"718-06531"},{"$f":"IF(Start!C376=\"\",\"\",Start!C376)","v":"OUTLET PROTECTOR, 3"},{"$f":"IF(Start!D376=\"\",\"\",Start!D376)","v":30},{"$f":"IF(Start!E376=\"\",\"\",Start!E376)","v":0},{"$f":"IF(Start!F376=\"\",\"\",Start!F376)","v":"EACH"},{"$f":"IF(Start!G376=\"\",\"\",Start!G376)","v":704.86},{"$f":"IF(Start!H376=\"\",\"\",Start!H376)","v":21145.800000000003},2,{"$f":"IF(I376=\"\",\"\",LOOKUP(I376,{1,\"01\";2,\"02\";3,\"03\";4,\"04\";5,\"05\";6,\"06\";7,\"07\";8,\"08\";9,\"09\";10,\"10\";11,\"11\";12,\"12\";13,\"13\";14,\"14\";15,\"15\"}))","v":"02"},"02. Walsh Construction Company Ii Llc",700,718,{"$f":"IF(B376=\"\",\"\",VLOOKUP(M376,Sections!$A$2:$D$200,3,FALSE))","v":"Structures"},{"$f":"IF(B376=\"\",\"\",VLOOKUP(M376,Sections!$A$2:$D$200,4,FALSE))","v":"Underdrains"}]
[{"$f":"IF(Start!A377=\"\",\"\",Start!A377)","v":""},{"$f":"IF(Start!B377=\"\",\"\",Start!B377)","v":"718-06532"},{"$f":"IF(Start!C377=\"\",\"\",Start!C377)","v":"VIDEO INSPECTION FOR UNDERDRAINS"},{"$f":"IF(Start!D377=\"\",\"\",Start!D377)","v":3000},{"$f":"IF(Start!E377=\"\",\"\",Start!E377)","v":0},{"$f":"IF(Start!F377=\"\",\"\",Start!F377)","v":"L.F."},{"$f":"IF(Start!G377=\"\",\"\",Start!G377)","v":1},{"$f":"IF(Start!H377=\"\",\"\",Start!H377)","v":3000},2,{"$f":"IF(I377=\"\",\"\",LOOKUP(I377,{1,\"01\";2,\"02\";3,\"03\";4,\"04\";5,\"05\";6,\"06\";7,\"07\";8,\"08\";9,\"09\";10,\"10\";11,\"11\";12,\"12\";13,\"13\";14,\"14\";15,\"15\"}))","v":"02"},"02. Walsh Construction Company Ii Llc",700,718,{"$f":"IF(B377=\"\",\"\",VLOOKUP(M377,Sections!$A$2:$D$200,3,FALSE))","v":"Structures"},{"$f":"IF(B377=\"\",\"\",VLOOKUP(M377,Sections!$A$2:$D$200,4,FALSE))","v":"Underdrains"}]
[{"$f":"IF(Start!A378=\"\",\"\",Start!A378)","v":""},{"$f":"IF(Start!B378=\"\",\"\",Start!B378)","v":"718-52610"},{"$f":"IF(Start!C378=\"\",\"\",Start!C378)","v":"AGGREGATE FOR UNDERDRAINS"},{"$f":"IF(Start!D378=\"\",\"\",Start!D378)","v":1496},{"$f":"IF(Start!E378=\"\",\"\",Start!E378)","v":0},{"$f":"IF(Start!F378=\"\",\"\",Start!F378)","v":"C.Y."},{"$f":"IF(Start!G378=\"\",\"\",Start!G378)","v":31.03},{"$f":"IF(Start!H378=\"\",\"\",Start!H378)","v":46420.88},2,{"$f":"IF(I378=\"\",\"\",LOOKUP(I378,{1,\"01\";2,\"02\";3,\"03\";4,\"04\";5,\"05\";6,\"06\";7,\"07\";8,\"08\";9,\"09\";10,\"10\";11,\"11\";12,\"12\";13,\"13\";14,\"14\";15,\"15\"}))","v":"02"},"02. Walsh Construction Company Ii Llc",700,718,{"$f":"IF(B378=\"\",\"\",VLOOKUP(M378,Sections!$A$2:$D$200,3,FALSE))","v":"Structures"},{"$f":"IF(B378=\"\",\"\",VLOOKUP(M378,Sections!$A$2:$D$200,4,FALSE))","v":"Underdrains"}]
[{"$f":"IF(Start!A379=\"\",\"\",Start!A379)","v":""},{"$f":"IF(Start!B379=\"\",\"\",Start!B379)","v":"720-44000"},{"$f":"IF(Start!C379=\"\",\"\",Start!C379)","v":"CASTING, ADJUST TO GRADE"},{"$f":"IF(Start!D379=\"\",\"\",Start!D379)","v":8},{"$f":"IF(Start!E379=\"\",\"\",Start!E379)","v":0},{"$f":"IF(Start!F379=\"\",\"\",Start!F379)","v":"EACH"},{"$f":"IF(Start!G379=\"\",\"\",Start!G379)","v":680.33},{"$f":"IF(Start!H379=\"\",\"\",Start!H379)","v":5442.64},2,{"$f":"IF(I379=\"\",\"\",LOOKUP(I379,{1,\"01\";2,\"02\";3,\"03\";4,\"04\";5,\"05\";6,\"06\";7,\"07\";8,\"08\";9,\"09\";10,\"10\";11,\"11\";12,\"12\";13,\"13\";14,\"14\";15,\"15\"}))","v":"02"},"02. Walsh Construction Company Ii Llc",700,720,{"$f":"IF(B379=\"\",\"\",VLOOKUP(M379,Sections!$A$2:$D$200,3,FALSE))","v":"Structures"},{"$f":"IF(B379=\"\",\"\",VLOOKUP(M379,Sections!$A$2:$D$200,4,FALSE))","v":"Manholes, Inlets, And Catch Basins"}]
[{"$f":"IF(Start!A380=\"\",\"\",Start!A380)","v":""},{"$f":"IF(Start!B380=\"\",\"\",Start!B380)","v":"720-45025"},{"$f":"IF(Start!C380=\"\",\"\",Start!C380)","v":"INLET, D6"},{"$f":"IF(Start!D380=\"\",\"\",Start!D380)","v":1},{"$f":"IF(Start!E380=\"\",\"\",Start!E380)","v":0},{"$f":"IF(Start!F380=\"\",\"\",Start!F380)","v":"EACH"},{"$f":"IF(Start!G380=\"\",\"\",Start!G380)","v":2046.02},{"$f":"IF(Start!H380=\"\",\"\",Start!H380)","v":2046.02},2,{"$f":"IF(I380=\"\",\"\",LOOKUP(I380,{1,\"01\";2,\"02\";3,\"03\";4,\"04\";5,\"05\";6,\"06\";7,\"07\";8,\"08\";9,\"09\";10,\"10\";11,\"11\";12,\"12\";13,\"13\";14,\"14\";15,\"15\"}))","v":"02"},"02. Walsh Construction Company Ii Llc",700,720,{"$f":"IF(B380=\"\",\"\",VLOOKUP(M380,Sections!$A$2:$D$200,3,FALSE))","v":"Structures"},{"$f":"IF(B380=\"\",\"\",VLOOKUP(M380,Sections!$A$2:$D$200,4,FALSE))","v":"Manholes, Inlets, And Catch Basins"}]
[{"$f":"IF(Start!A381=\"\",\"\",Start!A381)","v":""},{"$f":"IF(Start!B381=\"\",\"\",Start!B381)","v":"720-45030"},{"$f":"IF(Start!C381=\"\",\"\",Start!C381)","v":"INLET, E7"},{"$f":"IF(Start!D381=\"\",\"\",Start!D381)","v":1},{"$f":"IF(Start!E381=\"\",\"\",Start!E381)","v":0},{"$f":"IF(Start!F381=\"\",\"\",Start!F381)","v":"EACH"},{"$f":"IF(Start!G381=\"\",\"\",Start!G381)","v":1661.32},{"$f":"IF(Start!H381=\"\",\"\",Start!H381)","v":1661.32},2,{"$f":"IF(I381=\"\",\"\",LOOKUP(I381,{1,\"01\";2,\"02\";3,\"03\";4,\"04\";5,\"05\";6,\"06\";7,\"07\";8,\"08\";9,\"09\";10,\"10\";11,\"11\";12,\"12\";13,\"13\";14,\"14\";15,\"15\"}))","v":"02"},"02. Walsh Construction Company Ii Llc",700,720,{"$f":"IF(B381=\"\",\"\",VLOOKUP(M381,Sections!$A$2:$D$200,3,FALSE))","v":"Structures"},{"$f":"IF(B381=\"\",\"\",VLOOKUP(M381,Sections!$A$2:$D$200,4,FALSE))","v":"Manholes, Inlets, And Catch Basins"}]
[{"$f":"IF(Start!A382=\"\",\"\",Start!A382)","v":""},{"$f":"IF(Start!B382=\"\",\"\",Start!B382)","v":"720-45035"},{"$f":"IF(Start!C382=\"\",\"\",Start!C382)","v":"INLET, F7"},{"$f":"IF(Start!D382=\"\",\"\",Start!D382)","v":3},{"$f":"IF(Start!E382=\"\",\"\",Start!E382)","v":0},{"$f":"IF(Start!F382=\"\",\"\",Start!F382)","v":"EACH"},{"$f":"IF(Start!G382=\"\",\"\",Start!G382)","v":1661.31},{"$f":"IF(Start!H382=\"\",\"\",Start!H382)","v":4983.93},2,{"$f":"IF(I382=\"\",\"\",LOOKUP(I382,{1,\"01\";2,\"02\";3,\"03\";4,\"04\";5,\"05\";6,\"06\";7,\"07\";8,\"08\";9,\"09\";10,\"10\";11,\"11\";12,\"12\";13,\"13\";14,\"14\";15,\"15\"}))","v":"02"},"02. Walsh Construction Company Ii Llc",700,720,{"$f":"IF(B382=\"\",\"\",VLOOKUP(M382,Sections!$A$2:$D$200,3,FALSE))","v":"Structures"},{"$f":"IF(B382=\"\",\"\",VLOOKUP(M382,Sections!$A$2:$D$200,4,FALSE))","v":"Manholes, Inlets, And Catch Basins"}]
[{"$f":"IF(Start!A383=\"\",\"\",Start!A383)","v":""},{"$f":"IF(Start!B383=\"\",\"\",Start!B383)","v":"720-45040"},{"$f":"IF(Start!C383=\"\",\"\",Start!C383)","v":"INLET, G7"},{"$f":"IF(Start!D383=\"\",\"\",Start!D383)","v":2},{"$f":"IF(Start!E383=\"\",\"\",Start!E383)","v":0},{"$f":"IF(Start!F383=\"\",\"\",Start!F383)","v":"EACH"},{"$f":"IF(Start!G383=\"\",\"\",Start!G383)","v":2009.02},{"$f":"IF(Start!H383=\"\",\"\",Start!H383)","v":4018.04},2,{"$f":"IF(I383=\"\",\"\",LOOKUP(I383,{1,\"01\";2,\"02\";3,\"03\";4,\"04\";5,\"05\";6,\"06\";7,\"07\";8,\"08\";9,\"09\";10,\"10\";11,\"11\";12,\"12\";13,\"13\";14,\"14\";15,\"15\"}))","v":"02"},"02. Walsh Construction Company Ii Llc",700,720,{"$f":"IF(B383=\"\",\"\",VLOOKUP(M383,Sections!$A$2:$D$200,3,FALSE))","v":"Structures"},{"$f":"IF(B383=\"\",\"\",VLOOKUP(M383,Sections!$A$2:$D$200,4,FALSE))","v":"Manholes, Inlets, And Catch Basins"}]
[{"$f":"IF(Start!A384=\"\",\"\",Start!A384)","v":""},{"$f":"IF(Start!B384=\"\",\"\",Start!B384)","v":"720-45510"},{"$f":"IF(Start!C384=\"\",\"\",Start!C384)","v":"MANHOLE, C4, MODIFIED"},{"$f":"IF(Start!D384=\"\",\"\",Start!D384)","v":2},{"$f":"IF(Start!E384=\"\",\"\",Start!E384)","v":0},{"$f":"IF(Start!F384=\"\",\"\",Start!F384)","v":"EACH"},{"$f":"IF(Start!G384=\"\",\"\",Start!G384)","v":2410.7600000000002},{"$f":"IF(Start!H384=\"\",\"\",Start!H384)","v":4821.5200000000004},2,{"$f":"IF(I384=\"\",\"\",LOOKUP(I384,{1,\"01\";2,\"02\";3,\"03\";4,\"04\";5,\"05\";6,\"06\";7,\"07\";8,\"08\";9,\"09\";10,\"10\";11,\"11\";12,\"12\";13,\"13\";14,\"14\";15,\"15\"}))","v":"02"},"02. Walsh Construction Company Ii Llc",700,720,{"$f":"IF(B384=\"\",\"\",VLOOKUP(M384,Sections!$A$2:$D$200,3,FALSE))","v":"Structures"},{"$f":"IF(B384=\"\",\"\",VLOOKUP(M384,Sections!$A$2:$D$200,4,FALSE))","v":"Manholes, Inlets, And Catch Basins"}]
[{"$f":"IF(Start!A385=\"\",\"\",Start!A385)","v":""},{"$f":"IF(Start!B385=\"\",\"\",Start!B385)","v":"720-95409"},{"$f":"IF(Start!C385=\"\",\"\",Start!C385)","v":"MANHOLE, J4, MODIFIED"},{"$f":"IF(Start!D385=\"\",\"\",Start!D385)","v":2},{"$f":"IF(Start!E385=\"\",\"\",Start!E385)","v":0},{"$f":"IF(Start!F385=\"\",\"\",Start!F385)","v":"EACH"},{"$f":"IF(Start!G385=\"\",\"\",Start!G385)","v":3483.01},{"$f":"IF(Start!H385=\"\",\"\",Start!H385)","v":6966.02},2,{"$f":"IF(I385=\"\",\"\",LOOKUP(I385,{1,\"01\";2,\"02\";3,\"03\";4,\"04\";5,\"05\";6,\"06\";7,\"07\";8,\"08\";9,\"09\";10,\"10\";11,\"11\";12,\"12\";13,\"13\";14,\"14\";15,\"15\"}))","v":"02"},"02. Walsh Construction Company Ii Llc",700,720,{"$f":"IF(B385=\"\",\"\",VLOOKUP(M385,Sections!$A$2:$D$200,3,FALSE))","v":"Structures"},{"$f":"IF(B385=\"\",\"\",VLOOKUP(M385,Sections!$A$2:$D$200,4,FALSE))","v":"Manholes, Inlets, And Catch Basins"}]
[{"$f":"IF(Start!A386=\"\",\"\",Start!A386)","v":""},{"$f":"IF(Start!B386=\"\",\"\",Start!B386)","v":"720-97865"},{"$f":"IF(Start!C386=\"\",\"\",Start!C386)","v":"MANHOLE, C2, MODIFIED"},{"$f":"IF(Start!D386=\"\",\"\",Start!D386)","v":4},{"$f":"IF(Start!E386=\"\",\"\",Start!E386)","v":0},{"$f":"IF(Start!F386=\"\",\"\",Start!F386)","v":"EACH"},{"$f":"IF(Start!G386=\"\",\"\",Start!G386)","v":2629.8},{"$f":"IF(Start!H386=\"\",\"\",Start!H386)","v":10519.2},2,{"$f":"IF(I386=\"\",\"\",LOOKUP(I386,{1,\"01\";2,\"02\";3,\"03\";4,\"04\";5,\"05\";6,\"06\";7,\"07\";8,\"08\";9,\"09\";10,\"10\";11,\"11\";12,\"12\";13,\"13\";14,\"14\";15,\"15\"}))","v":"02"},"02. Walsh Construction Company Ii Llc",700,720,{"$f":"IF(B386=\"\",\"\",VLOOKUP(M386,Sections!$A$2:$D$200,3,FALSE))","v":"Structures"},{"$f":"IF(B386=\"\",\"\",VLOOKUP(M386,Sections!$A$2:$D$200,4,FALSE))","v":"Manholes, Inlets, And Catch Basins"}]
[{"$f":"IF(Start!A387=\"\",\"\",Start!A387)","v":""},{"$f":"IF(Start!B387=\"\",\"\",Start!B387)","v":"720-98555"},{"$f":"IF(Start!C387=\"\",\"\",Start!C387)","v":"INLET, C15"},{"$f":"IF(Start!D387=\"\",\"\",Start!D387)","v":1},{"$f":"IF(Start!E387=\"\",\"\",Start!E387)","v":0},{"$f":"IF(Start!F387=\"\",\"\",Start!F387)","v":"EACH"},{"$f":"IF(Start!G387=\"\",\"\",Start!G387)","v":2511.1000000000004},{"$f":"IF(Start!H387=\"\",\"\",Start!H387)","v":2511.1000000000004},{"$f":"IF(AND(A387=\"\",B387=\"\",C387=\"\"),\"\",IF(AND(A387<>\"\",B387=\"\",G387=0,H387=0),D387,I386))","v":2},{"$f":"IF(I387=\"\",\"\",LOOKUP(I387,{1,\"01\";2,\"02\";3,\"03\";4,\"04\";5,\"05\";6,\"06\";7,\"07\";8,\"08\";9,\"09\";10,\"10\";11,\"11\";12,\"12\";13,\"13\";14,\"14\";15,\"15\"}))","v":"02"},{"$f":"IF(AND(A387<>\"\",B387=\"\"),J387&\". \"&PROPER(C387),IF(AND(A387=\"\",B387<>\"\"),PROPER(K386),\"\"))","v":"02. Walsh Construction Company Ii Llc"},{"$f":"IF(B387=\"\",\"\",LEFT(B387,1)*100)","v":700},{"$f":"IF(B387=\"\",\"\",LEFT(B387,3)*1)","v":720},{"$f":"IF(B387=\"\",\"\",VLOOKUP(M387,Sections!$A$2:$D$200,3,FALSE))","v":"Structures"},{"$f":"IF(B387=\"\",\"\",VLOOKUP(M387,Sections!$A$2:$D$200,4,FALSE))","v":"Manholes, Inlets, And Catch Basins"}]
[{"$f":"IF(Start!A388=\"\",\"\",Start!A388)","v":""},{"$f":"IF(Start!B388=\"\",\"\",Start!B388)","v":"723-08608"},{"$f":"IF(Start!C388=\"\",\"\",Start!C388)","v":"WINGWALL"},{"$f":"IF(Start!D388=\"\",\"\",Start!D388)","v":608},{"$f":"IF(Start!E388=\"\",\"\",Start!E388)","v":0},{"$f":"IF(Start!F388=\"\",\"\",Start!F388)","v":"S.F."},{"$f":"IF(Start!G388=\"\",\"\",Start!G388)","v":51.26},{"$f":"IF(Start!H388=\"\",\"\",Start!H388)","v":31166.080000000002},2,{"$f":"IF(I388=\"\",\"\",LOOKUP(I388,{1,\"01\";2,\"02\";3,\"03\";4,\"04\";5,\"05\";6,\"06\";7,\"07\";8,\"08\";9,\"09\";10,\"10\";11,\"11\";12,\"12\";13,\"13\";14,\"14\";15,\"15\"}))","v":"02"},"02. Walsh Construction Company Ii Llc",700,723,{"$f":"IF(B388=\"\",\"\",VLOOKUP(M388,Sections!$A$2:$D$200,3,FALSE))","v":"Structures"},{"$f":"IF(B388=\"\",\"\",VLOOKUP(M388,Sections!$A$2:$D$200,4,FALSE))","v":"Reinforced Concrete Three Sided Structures"}]
[{"$f":"IF(Start!A389=\"\",\"\",Start!A389)","v":""},{"$f":"IF(Start!B389=\"\",\"\",Start!B389)","v":"727-90308"},{"$f":"IF(Start!C389=\"\",\"\",Start!C389)","v":"EPOXY INJECTION, CRACK PREPARATION"},{"$f":"IF(Start!D389=\"\",\"\",Start!D389)","v":119},{"$f":"IF(Start!E389=\"\",\"\",Start!E389)","v":0},{"$f":"IF(Start!F389=\"\",\"\",Start!F389)","v":"L.F."},{"$f":"IF(Start!G389=\"\",\"\",Start!G389)","v":34.08},{"$f":"IF(Start!H389=\"\",\"\",Start!H389)","v":4055.52},2,{"$f":"IF(I389=\"\",\"\",LOOKUP(I389,{1,\"01\";2,\"02\";3,\"03\";4,\"04\";5,\"05\";6,\"06\";7,\"07\";8,\"08\";9,\"09\";10,\"10\";11,\"11\";12,\"12\";13,\"13\";14,\"14\";15,\"15\"}))","v":"02"},"02. Walsh Construction Company Ii Llc",700,727,{"$f":"IF(B389=\"\",\"\",VLOOKUP(M389,Sections!$A$2:$D$200,3,FALSE))","v":"Structures"},{"$f":"IF(B389=\"\",\"\",VLOOKUP(M389,Sections!$A$2:$D$200,4,FALSE))","v":"Structural Concrete Repair By Epoxy Injection"}]
[{"$f":"IF(Start!A390=\"\",\"\",Start!A390)","v":""},{"$f":"IF(Start!B390=\"\",\"\",Start!B390)","v":"727-90309"},{"$f":"IF(Start!C390=\"\",\"\",Start!C390)","v":"EPOXY INJECTION, EPOXY MATERIAL"},{"$f":"IF(Start!D390=\"\",\"\",Start!D390)","v":15},{"$f":"IF(Start!E390=\"\",\"\",Start!E390)","v":0},{"$f":"IF(Start!F390=\"\",\"\",Start!F390)","v":"GAL"},{"$f":"IF(Start!G390=\"\",\"\",Start!G390)","v":53.34},{"$f":"IF(Start!H390=\"\",\"\",Start!H390)","v":800.1},2,{"$f":"IF(I390=\"\",\"\",LOOKUP(I390,{1,\"01\";2,\"02\";3,\"03\";4,\"04\";5,\"05\";6,\"06\";7,\"07\";8,\"08\";9,\"09\";10,\"10\";11,\"11\";12,\"12\";13,\"13\";14,\"14\";15,\"15\"}))","v":"02"},"02. Walsh Construction Company Ii Llc",700,727,{"$f":"IF(B390=\"\",\"\",VLOOKUP(M390,Sections!$A$2:$D$200,3,FALSE))","v":"Structures"},{"$f":"IF(B390=\"\",\"\",VLOOKUP(M390,Sections!$A$2:$D$200,4,FALSE))","v":"Structural Concrete Repair By Epoxy Injection"}]
[{"$f":"IF(Start!A391=\"\",\"\",Start!A391)","v":""},{"$f":"IF(Start!B391=\"\",\"\",Start!B391)","v":"727-93560"},{"$f":"IF(Start!C391=\"\",\"\",Start!C391)","v":"EPOXY INJECTION, FURNISHING EQUIPMENT"},{"$f":"IF(Start!D391=\"\",\"\",Start!D391)","v":1},{"$f":"IF(Start!E391=\"\",\"\",Start!E391)","v":0},{"$f":"IF(Start!F391=\"\",\"\",Start!F391)","v":"L.S."},{"$f":"IF(Start!G391=\"\",\"\",Start!G391)","v":500},{"$f":"IF(Start!H391=\"\",\"\",Start!H391)","v":500},2,{"$f":"IF(I391=\"\",\"\",LOOKUP(I391,{1,\"01\";2,\"02\";3,\"03\";4,\"04\";5,\"05\";6,\"06\";7,\"07\";8,\"08\";9,\"09\";10,\"10\";11,\"11\";12,\"12\";13,\"13\";14,\"14\";15,\"15\"}))","v":"02"},"02. Walsh Construction Company Ii Llc",700,727,{"$f":"IF(B391=\"\",\"\",VLOOKUP(M391,Sections!$A$2:$D$200,3,FALSE))","v":"Structures"},{"$f":"IF(B391=\"\",\"\",VLOOKUP(M391,Sections!$A$2:$D$200,4,FALSE))","v":"Structural Concrete Repair By Epoxy Injection"}]
[{"$f":"IF(Start!A392=\"\",\"\",Start!A392)","v":""},{"$f":"IF(Start!B392=\"\",\"\",Start!B392)","v":"801-02595"},{"$f":"IF(Start!C392=\"\",\"\",Start!C392)","v":"CONTROLLER, RESET TIMING"},{"$f":"IF(Start!D392=\"\",\"\",Start!D392)","v":3},{"$f":"IF(Start!E392=\"\",\"\",Start!E392)","v":0},{"$f":"IF(Start!F392=\"\",\"\",Start!F392)","v":"EACH"},{"$f":"IF(Start!G392=\"\",\"\",Start!G392)","v":155},{"$f":"IF(Start!H392=\"\",\"\",Start!H392)","v":465},2,{"$f":"IF(I392=\"\",\"\",LOOKUP(I392,{1,\"01\";2,\"02\";3,\"03\";4,\"04\";5,\"05\";6,\"06\";7,\"07\";8,\"08\";9,\"09\";10,\"10\";11,\"11\";12,\"12\";13,\"13\";14,\"14\";15,\"15\"}))","v":"02"},"02. Walsh Construction Company Ii Llc",800,801,{"$f":"IF(B392=\"\",\"\",VLOOKUP(M392,Sections!$A$2:$D$200,3,FALSE))","v":"Traffic Control Devices And Lighting"},{"$f":"IF(B392=\"\",\"\",VLOOKUP(M392,Sections!$A$2:$D$200,4,FALSE))","v":"Traffic Controls For Construction And Maintenance Operations"}]
[{"$f":"IF(Start!A393=\"\",\"\",Start!A393)","v":""},{"$f":"IF(Start!B393=\"\",\"\",Start!B393)","v":"801-03290"},{"$f":"IF(Start!C393=\"\",\"\",Start!C393)","v":"CONSTRUCTION SIGN, C"},{"$f":"IF(Start!D393=\"\",\"\",Start!D393)","v":12},{"$f":"IF(Start!E393=\"\",\"\",Start!E393)","v":0},{"$f":"IF(Start!F393=\"\",\"\",Start!F393)","v":"EACH"},{"$f":"IF(Start!G393=\"\",\"\",Start!G393)","v":128},{"$f":"IF(Start!H393=\"\",\"\",Start!H393)","v":1536},2,{"$f":"IF(I393=\"\",\"\",LOOKUP(I393,{1,\"01\";2,\"02\";3,\"03\";4,\"04\";5,\"05\";6,\"06\";7,\"07\";8,\"08\";9,\"09\";10,\"10\";11,\"11\";12,\"12\";13,\"13\";14,\"14\";15,\"15\"}))","v":"02"},"02. Walsh Construction Company Ii Llc",800,801,{"$f":"IF(B393=\"\",\"\",VLOOKUP(M393,Sections!$A$2:$D$200,3,FALSE))","v":"Traffic Control Devices And Lighting"},{"$f":"IF(B393=\"\",\"\",VLOOKUP(M393,Sections!$A$2:$D$200,4,FALSE))","v":"Traffic Controls For Construction And Maintenance Operations"}]
[{"$f":"IF(Start!A394=\"\",\"\",Start!A394)","v":""},{"$f":"IF(Start!B394=\"\",\"\",Start!B394)","v":"801-04308"},{"$f":"IF(Start!C394=\"\",\"\",Start!C394)","v":"ROAD CLOSURE SIGN ASSEMBLY"},{"$f":"IF(Start!D394=\"\",\"\",Start!D394)","v":20},{"$f":"IF(Start!E394=\"\",\"\",Start!E394)","v":0},{"$f":"IF(Start!F394=\"\",\"\",Start!F394)","v":"EACH"},{"$f":"IF(Start!G394=\"\",\"\",Start!G394)","v":110},{"$f":"IF(Start!H394=\"\",\"\",Start!H394)","v":2200},2,{"$f":"IF(I394=\"\",\"\",LOOKUP(I394,{1,\"01\";2,\"02\";3,\"03\";4,\"04\";5,\"05\";6,\"06\";7,\"07\";8,\"08\";9,\"09\";10,\"10\";11,\"11\";12,\"12\";13,\"13\";14,\"14\";15,\"15\"}))","v":"02"},"02. Walsh Construction Company Ii Llc",800,801,{"$f":"IF(B394=\"\",\"\",VLOOKUP(M394,Sections!$A$2:$D$200,3,FALSE))","v":"Traffic Control Devices And Lighting"},{"$f":"IF(B394=\"\",\"\",VLOOKUP(M394,Sections!$A$2:$D$200,4,FALSE))","v":"Traffic Controls For Construction And Maintenance Operations"}]
[{"$f":"IF(Start!A395=\"\",\"\",Start!A395)","v":""},{"$f":"IF(Start!B395=\"\",\"\",Start!B395)","v":"801-06201"},{"$f":"IF(Start!C395=\"\",\"\",Start!C395)","v":"TEMPORARY PANEL SIGNS"},{"$f":"IF(Start!D395=\"\",\"\",Start!D395)","v":22.5},{"$f":"IF(Start!E395=\"\",\"\",Start!E395)","v":0},{"$f":"IF(Start!F395=\"\",\"\",Start!F395)","v":"S.Y."},{"$f":"IF(Start!G395=\"\",\"\",Start!G395)","v":22},{"$f":"IF(Start!H395=\"\",\"\",Start!H395)","v":495},2,{"$f":"IF(I395=\"\",\"\",LOOKUP(I395,{1,\"01\";2,\"02\";3,\"03\";4,\"04\";5,\"05\";6,\"06\";7,\"07\";8,\"08\";9,\"09\";10,\"10\";11,\"11\";12,\"12\";13,\"13\";14,\"14\";15,\"15\"}))","v":"02"},"02. Walsh Construction Company Ii Llc",800,801,{"$f":"IF(B395=\"\",\"\",VLOOKUP(M395,Sections!$A$2:$D$200,3,FALSE))","v":"Traffic Control Devices And Lighting"},{"$f":"IF(B395=\"\",\"\",VLOOKUP(M395,Sections!$A$2:$D$200,4,FALSE))","v":"Traffic Controls For Construction And Maintenance Operations"}]
[{"$f":"IF(Start!A396=\"\",\"\",Start!A396)","v":""},{"$f":"IF(Start!B396=\"\",\"\",Start!B396)","v":"801-06202"},{"$f":"IF(Start!C396=\"\",\"\",Start!C396)","v":"TEMPORARY PANEL SIGN SUPPORTS"},{"$f":"IF(Start!D396=\"\",\"\",Start!D396)","v":56},{"$f":"IF(Start!E396=\"\",\"\",Start!E396)","v":0},{"$f":"IF(Start!F396=\"\",\"\",Start!F396)","v":"L.F."},{"$f":"IF(Start!G396=\"\",\"\",Start!G396)","v":20},{"$f":"IF(Start!H396=\"\",\"\",Start!H396)","v":1120},2,{"$f":"IF(I396=\"\",\"\",LOOKUP(I396,{1,\"01\";2,\"02\";3,\"03\";4,\"04\";5,\"05\";6,\"06\";7,\"07\";8,\"08\";9,\"09\";10,\"10\";11,\"11\";12,\"12\";13,\"13\";14,\"14\";15,\"15\"}))","v":"02"},"02. Walsh Construction Company Ii Llc",800,801,{"$f":"IF(B396=\"\",\"\",VLOOKUP(M396,Sections!$A$2:$D$200,3,FALSE))","v":"Traffic Control Devices And Lighting"},{"$f":"IF(B396=\"\",\"\",VLOOKUP(M396,Sections!$A$2:$D$200,4,FALSE))","v":"Traffic Controls For Construction And Maintenance Operations"}]
[{"$f":"IF(Start!A397=\"\",\"\",Start!A397)","v":""},{"$f":"IF(Start!B397=\"\",\"\",Start!B397)","v":"801-06203"},{"$f":"IF(Start!C397=\"\",\"\",Start!C397)","v":"TEMPORARY PAVEMENT MARKING, 4 IN."},{"$f":"IF(Start!D397=\"\",\"\",Start!D397)","v":35000},{"$f":"IF(Start!E397=\"\",\"\",Start!E397)","v":0},{"$f":"IF(Start!F397=\"\",\"\",Start!F397)","v":"L.F."},{"$f":"IF(Start!G397=\"\",\"\",Start!G397)","v":0.16},{"$f":"IF(Start!H397=\"\",\"\",Start!H397)","v":5600},2,{"$f":"IF(I397=\"\",\"\",LOOKUP(I397,{1,\"01\";2,\"02\";3,\"03\";4,\"04\";5,\"05\";6,\"06\";7,\"07\";8,\"08\";9,\"09\";10,\"10\";11,\"11\";12,\"12\";13,\"13\";14,\"14\";15,\"15\"}))","v":"02"},"02. Walsh Construction Company Ii Llc",800,801,{"$f":"IF(B397=\"\",\"\",VLOOKUP(M397,Sections!$A$2:$D$200,3,FALSE))","v":"Traffic Control Devices And Lighting"},{"$f":"IF(B397=\"\",\"\",VLOOKUP(M397,Sections!$A$2:$D$200,4,FALSE))","v":"Traffic Controls For Construction And Maintenance Operations"}]
[{"$f":"IF(Start!A398=\"\",\"\",Start!A398)","v":""},{"$f":"IF(Start!B398=\"\",\"\",Start!B398)","v":"801-06207"},{"$f":"IF(Start!C398=\"\",\"\",Start!C398)","v":"TEMPORARY PAVEMENT MARKING, REMOVABLE, 4 IN."},{"$f":"IF(Start!D398=\"\",\"\",Start!D398)","v":64300},{"$f":"IF(Start!E398=\"\",\"\",Start!E398)","v":0},{"$f":"IF(Start!F398=\"\",\"\",Start!F398)","v":"L.F."},{"$f":"IF(Start!G398=\"\",\"\",Start!G398)","v":0.87},{"$f":"IF(Start!H398=\"\",\"\",Start!H398)","v":55941},2,{"$f":"IF(I398=\"\",\"\",LOOKUP(I398,{1,\"01\";2,\"02\";3,\"03\";4,\"04\";5,\"05\";6,\"06\";7,\"07\";8,\"08\";9,\"09\";10,\"10\";11,\"11\";12,\"12\";13,\"13\";14,\"14\";15,\"15\"}))","v":"02"},"02. Walsh Construction Company Ii Llc",800,801,{"$f":"IF(B398=\"\",\"\",VLOOKUP(M398,Sections!$A$2:$D$200,3,FALSE))","v":"Traffic Control Devices And Lighting"},{"$f":"IF(B398=\"\",\"\",VLOOKUP(M398,Sections!$A$2:$D$200,4,FALSE))","v":"Traffic Controls For Construction And Maintenance Operations"}]
[{"$f":"IF(Start!A399=\"\",\"\",Start!A399)","v":""},{"$f":"IF(Start!B399=\"\",\"\",Start!B399)","v":"801-06211"},{"$f":"IF(Start!C399=\"\",\"\",Start!C399)","v":"TEMPORARY PAVEMENT MESSAGE MARKING, REMOVABLE"},{"$f":"IF(Start!D399=\"\",\"\",Start!D399)","v":13},{"$f":"IF(Start!E399=\"\",\"\",Start!E399)","v":0},{"$f":"IF(Start!F399=\"\",\"\",Start!F399)","v":"EACH"},{"$f":"IF(Start!G399=\"\",\"\",Start!G399)","v":85},{"$f":"IF(Start!H399=\"\",\"\",Start!H399)","v":1105},2,{"$f":"IF(I399=\"\",\"\",LOOKUP(I399,{1,\"01\";2,\"02\";3,\"03\";4,\"04\";5,\"05\";6,\"06\";7,\"07\";8,\"08\";9,\"09\";10,\"10\";11,\"11\";12,\"12\";13,\"13\";14,\"14\";15,\"15\"}))","v":"02"},"02. Walsh Construction Company Ii Llc",800,801,{"$f":"IF(B399=\"\",\"\",VLOOKUP(M399,Sections!$A$2:$D$200,3,FALSE))","v":"Traffic Control Devices And Lighting"},{"$f":"IF(B399=\"\",\"\",VLOOKUP(M399,Sections!$A$2:$D$200,4,FALSE))","v":"Traffic Controls For Construction And Maintenance Operations"}]
[{"$f":"IF(Start!A400=\"\",\"\",Start!A400)","v":""},{"$f":"IF(Start!B400=\"\",\"\",Start!B400)","v":"801-06218"},{"$f":"IF(Start!C400=\"\",\"\",Start!C400)","v":"TEMPORARY TRANSVERSE PAVEMENT MARKING, REMOVA"},{"$f":"IF(Start!D400=\"\",\"\",Start!D400)","v":377},{"$f":"IF(Start!E400=\"\",\"\",Start!E400)","v":0},{"$f":"IF(Start!F400=\"\",\"\",Start!F400)","v":"L.F."},{"$f":"IF(Start!G400=\"\",\"\",Start!G400)","v":4.25},{"$f":"IF(Start!H400=\"\",\"\",Start!H400)","v":1602.25},2,{"$f":"IF(I400=\"\",\"\",LOOKUP(I400,{1,\"01\";2,\"02\";3,\"03\";4,\"04\";5,\"05\";6,\"06\";7,\"07\";8,\"08\";9,\"09\";10,\"10\";11,\"11\";12,\"12\";13,\"13\";14,\"14\";15,\"15\"}))","v":"02"},"02. Walsh Construction Company Ii Llc",800,801,{"$f":"IF(B400=\"\",\"\",VLOOKUP(M400,Sections!$A$2:$D$200,3,FALSE))","v":"Traffic Control Devices And Lighting"},{"$f":"IF(B400=\"\",\"\",VLOOKUP(M400,Sections!$A$2:$D$200,4,FALSE))","v":"Traffic Controls For Construction And Maintenance Operations"}]
[{"$f":"IF(Start!A401=\"\",\"\",Start!A401)","v":""},{"$f":"IF(Start!B401=\"\",\"\",Start!B401)","v":"801-06640"},{"$f":"IF(Start!C401=\"\",\"\",Start!C401)","v":"CONSTRUCTION SIGN, A"},{"$f":"IF(Start!D401=\"\",\"\",Start!D401)","v":37},{"$f":"IF(Start!E401=\"\",\"\",Start!E401)","v":0},{"$f":"IF(Start!F401=\"\",\"\",Start!F401)","v":"EACH"},{"$f":"IF(Start!G401=\"\",\"\",Start!G401)","v":112},{"$f":"IF(Start!H401=\"\",\"\",Start!H401)","v":4144},2,{"$f":"IF(I401=\"\",\"\",LOOKUP(I401,{1,\"01\";2,\"02\";3,\"03\";4,\"04\";5,\"05\";6,\"06\";7,\"07\";8,\"08\";9,\"09\";10,\"10\";11,\"11\";12,\"12\";13,\"13\";14,\"14\";15,\"15\"}))","v":"02"},"02. Walsh Construction Company Ii Llc",800,801,{"$f":"IF(B401=\"\",\"\",VLOOKUP(M401,Sections!$A$2:$D$200,3,FALSE))","v":"Traffic Control Devices And Lighting"},{"$f":"IF(B401=\"\",\"\",VLOOKUP(M401,Sections!$A$2:$D$200,4,FALSE))","v":"Traffic Controls For Construction And Maintenance Operations"}]
[{"$f":"IF(Start!A402=\"\",\"\",Start!A402)","v":""},{"$f":"IF(Start!B402=\"\",\"\",Start!B402)","v":"801-06645"},{"$f":"IF(Start!C402=\"\",\"\",Start!C402)","v":"CONSTRUCTION SIGN, B"},{"$f":"IF(Start!D402=\"\",\"\",Start!D402)","v":5},{"$f":"IF(Start!E402=\"\",\"\",Start!E402)","v":0},{"$f":"IF(Start!F402=\"\",\"\",Start!F402)","v":"EACH"},{"$f":"IF(Start!G402=\"\",\"\",Start!G402)","v":40},{"$f":"IF(Start!H402=\"\",\"\",Start!H402)","v":200},2,{"$f":"IF(I402=\"\",\"\",LOOKUP(I402,{1,\"01\";2,\"02\";3,\"03\";4,\"04\";5,\"05\";6,\"06\";7,\"07\";8,\"08\";9,\"09\";10,\"10\";11,\"11\";12,\"12\";13,\"13\";14,\"14\";15,\"15\"}))","v":"02"},"02. Walsh Construction Company Ii Llc",800,801,{"$f":"IF(B402=\"\",\"\",VLOOKUP(M402,Sections!$A$2:$D$200,3,FALSE))","v":"Traffic Control Devices And Lighting"},{"$f":"IF(B402=\"\",\"\",VLOOKUP(M402,Sections!$A$2:$D$200,4,FALSE))","v":"Traffic Controls For Construction And Maintenance Operations"}]
[{"$f":"IF(Start!A403=\"\",\"\",Start!A403)","v":""},{"$f":"IF(Start!B403=\"\",\"\",Start!B403)","v":"801-06710"},{"$f":"IF(Start!C403=\"\",\"\",Start!C403)","v":"FLASHING ARROW SIGN"},{"$f":"IF(Start!D403=\"\",\"\",Start!D403)","v":30},{"$f":"IF(Start!E403=\"\",\"\",Start!E403)","v":0},{"$f":"IF(Start!F403=\"\",\"\",Start!F403)","v":"DAY"},{"$f":"IF(Start!G403=\"\",\"\",Start!G403)","v":10},{"$f":"IF(Start!H403=\"\",\"\",Start!H403)","v":300},2,{"$f":"IF(I403=\"\",\"\",LOOKUP(I403,{1,\"01\";2,\"02\";3,\"03\";4,\"04\";5,\"05\";6,\"06\";7,\"07\";8,\"08\";9,\"09\";10,\"10\";11,\"11\";12,\"12\";13,\"13\";14,\"14\";15,\"15\"}))","v":"02"},"02. Walsh Construction Company Ii Llc",800,801,{"$f":"IF(B403=\"\",\"\",VLOOKUP(M403,Sections!$A$2:$D$200,3,FALSE))","v":"Traffic Control Devices And Lighting"},{"$f":"IF(B403=\"\",\"\",VLOOKUP(M403,Sections!$A$2:$D$200,4,FALSE))","v":"Traffic Controls For Construction And Maintenance Operations"}]
[{"$f":"IF(Start!A404=\"\",\"\",Start!A404)","v":""},{"$f":"IF(Start!B404=\"\",\"\",Start!B404)","v":"801-06775"},{"$f":"IF(Start!C404=\"\",\"\",Start!C404)","v":"MAINTAINING TRAFFIC"},{"$f":"IF(Start!D404=\"\",\"\",Start!D404)","v":1},{"$f":"IF(Start!E404=\"\",\"\",Start!E404)","v":0},{"$f":"IF(Start!F404=\"\",\"\",Start!F404)","v":"L.S."},{"$f":"IF(Start!G404=\"\",\"\",Start!G404)","v":150000},{"$f":"IF(Start!H404=\"\",\"\",Start!H404)","v":150000},2,{"$f":"IF(I404=\"\",\"\",LOOKUP(I404,{1,\"01\";2,\"02\";3,\"03\";4,\"04\";5,\"05\";6,\"06\";7,\"07\";8,\"08\";9,\"09\";10,\"10\";11,\"11\";12,\"12\";13,\"13\";14,\"14\";15,\"15\"}))","v":"02"},"02. Walsh Construction Company Ii Llc",800,801,{"$f":"IF(B404=\"\",\"\",VLOOKUP(M404,Sections!$A$2:$D$200,3,FALSE))","v":"Traffic Control Devices And Lighting"},{"$f":"IF(B404=\"\",\"\",VLOOKUP(M404,Sections!$A$2:$D$200,4,FALSE))","v":"Traffic Controls For Construction And Maintenance Operations"}]
[{"$f":"IF(Start!A405=\"\",\"\",Start!A405)","v":""},{"$f":"IF(Start!B405=\"\",\"\",Start!B405)","v":"801-07118"},{"$f":"IF(Start!C405=\"\",\"\",Start!C405)","v":"BARRICADE, III-A"},{"$f":"IF(Start!D405=\"\",\"\",Start!D405)","v":468},{"$f":"IF(Start!E405=\"\",\"\",Start!E405)","v":0},{"$f":"IF(Start!F405=\"\",\"\",Start!F405)","v":"L.F."},{"$f":"IF(Start!G405=\"\",\"\",Start!G405)","v":8},{"$f":"IF(Start!H405=\"\",\"\",Start!H405)","v":3744},2,{"$f":"IF(I405=\"\",\"\",LOOKUP(I405,{1,\"01\";2,\"02\";3,\"03\";4,\"04\";5,\"05\";6,\"06\";7,\"07\";8,\"08\";9,\"09\";10,\"10\";11,\"11\";12,\"12\";13,\"13\";14,\"14\";15,\"15\"}))","v":"02"},"02. Walsh Construction Company Ii Llc",800,801,{"$f":"IF(B405=\"\",\"\",VLOOKUP(M405,Sections!$A$2:$D$200,3,FALSE))","v":"Traffic Control Devices And Lighting"},{"$f":"IF(B405=\"\",\"\",VLOOKUP(M405,Sections!$A$2:$D$200,4,FALSE))","v":"Traffic Controls For Construction And Maintenance Operations"}]
[{"$f":"IF(Start!A406=\"\",\"\",Start!A406)","v":""},{"$f":"IF(Start!B406=\"\",\"\",Start!B406)","v":"801-07119"},{"$f":"IF(Start!C406=\"\",\"\",Start!C406)","v":"BARRICADE, III-B"},{"$f":"IF(Start!D406=\"\",\"\",Start!D406)","v":48},{"$f":"IF(Start!E406=\"\",\"\",Start!E406)","v":0},{"$f":"IF(Start!F406=\"\",\"\",Start!F406)","v":"L.F."},{"$f":"IF(Start!G406=\"\",\"\",Start!G406)","v":8.5500000000000007},{"$f":"IF(Start!H406=\"\",\"\",Start!H406)","v":410.40000000000003},2,{"$f":"IF(I406=\"\",\"\",LOOKUP(I406,{1,\"01\";2,\"02\";3,\"03\";4,\"04\";5,\"05\";6,\"06\";7,\"07\";8,\"08\";9,\"09\";10,\"10\";11,\"11\";12,\"12\";13,\"13\";14,\"14\";15,\"15\"}))","v":"02"},"02. Walsh Construction Company Ii Llc",800,801,{"$f":"IF(B406=\"\",\"\",VLOOKUP(M406,Sections!$A$2:$D$200,3,FALSE))","v":"Traffic Control Devices And Lighting"},{"$f":"IF(B406=\"\",\"\",VLOOKUP(M406,Sections!$A$2:$D$200,4,FALSE))","v":"Traffic Controls For Construction And Maintenance Operations"}]
[{"$f":"IF(Start!A407=\"\",\"\",Start!A407)","v":""},{"$f":"IF(Start!B407=\"\",\"\",Start!B407)","v":"801-08401"},{"$f":"IF(Start!C407=\"\",\"\",Start!C407)","v":"TEMPORARY TRAFFIC BARRIER, TYPE 2"},{"$f":"IF(Start!D407=\"\",\"\",Start!D407)","v":9260},{"$f":"IF(Start!E407=\"\",\"\",Start!E407)","v":0},{"$f":"IF(Start!F407=\"\",\"\",Start!F407)","v":"L.F."},{"$f":"IF(Start!G407=\"\",\"\",Start!G407)","v":25.310000000000002},{"$f":"IF(Start!H407=\"\",\"\",Start!H407)","v":234370.6},2,{"$f":"IF(I407=\"\",\"\",LOOKUP(I407,{1,\"01\";2,\"02\";3,\"03\";4,\"04\";5,\"05\";6,\"06\";7,\"07\";8,\"08\";9,\"09\";10,\"10\";11,\"11\";12,\"12\";13,\"13\";14,\"14\";15,\"15\"}))","v":"02"},"02. Walsh Construction Company Ii Llc",800,801,{"$f":"IF(B407=\"\",\"\",VLOOKUP(M407,Sections!$A$2:$D$200,3,FALSE))","v":"Traffic Control Devices And Lighting"},{"$f":"IF(B407=\"\",\"\",VLOOKUP(M407,Sections!$A$2:$D$200,4,FALSE))","v":"Traffic Controls For Construction And Maintenance Operations"}]
[{"$f":"IF(Start!A408=\"\",\"\",Start!A408)","v":""},{"$f":"IF(Start!B408=\"\",\"\",Start!B408)","v":"801-08508"},{"$f":"IF(Start!C408=\"\",\"\",Start!C408)","v":"TEMPORARY TRAFFIC BARRIER, TYPE 2, ANCHORED"},{"$f":"IF(Start!D408=\"\",\"\",Start!D408)","v":252},{"$f":"IF(Start!E408=\"\",\"\",Start!E408)","v":0},{"$f":"IF(Start!F408=\"\",\"\",Start!F408)","v":"L.F."},{"$f":"IF(Start!G408=\"\",\"\",Start!G408)","v":22.84},{"$f":"IF(Start!H408=\"\",\"\",Start!H408)","v":5755.68},2,{"$f":"IF(I408=\"\",\"\",LOOKUP(I408,{1,\"01\";2,\"02\";3,\"03\";4,\"04\";5,\"05\";6,\"06\";7,\"07\";8,\"08\";9,\"09\";10,\"10\";11,\"11\";12,\"12\";13,\"13\";14,\"14\";15,\"15\"}))","v":"02"},"02. Walsh Construction Company Ii Llc",800,801,{"$f":"IF(B408=\"\",\"\",VLOOKUP(M408,Sections!$A$2:$D$200,3,FALSE))","v":"Traffic Control Devices And Lighting"},{"$f":"IF(B408=\"\",\"\",VLOOKUP(M408,Sections!$A$2:$D$200,4,FALSE))","v":"Traffic Controls For Construction And Maintenance Operations"}]
[{"$f":"IF(Start!A409=\"\",\"\",Start!A409)","v":""},{"$f":"IF(Start!B409=\"\",\"\",Start!B409)","v":"801-94295"},{"$f":"IF(Start!C409=\"\",\"\",Start!C409)","v":"SIGNAL HEAD, RELOCATE"},{"$f":"IF(Start!D409=\"\",\"\",Start!D409)","v":32},{"$f":"IF(Start!E409=\"\",\"\",Start!E409)","v":0},{"$f":"IF(Start!F409=\"\",\"\",Start!F409)","v":"EACH"},{"$f":"IF(Start!G409=\"\",\"\",Start!G409)","v":130},{"$f":"IF(Start!H409=\"\",\"\",Start!H409)","v":4160},2,{"$f":"IF(I409=\"\",\"\",LOOKUP(I409,{1,\"01\";2,\"02\";3,\"03\";4,\"04\";5,\"05\";6,\"06\";7,\"07\";8,\"08\";9,\"09\";10,\"10\";11,\"11\";12,\"12\";13,\"13\";14,\"14\";15,\"15\"}))","v":"02"},"02. Walsh Construction Company Ii Llc",800,801,{"$f":"IF(B409=\"\",\"\",VLOOKUP(M409,Sections!$A$2:$D$200,3,FALSE))","v":"Traffic Control Devices And Lighting"},{"$f":"IF(B409=\"\",\"\",VLOOKUP(M409,Sections!$A$2:$D$200,4,FALSE))","v":"Traffic Controls For Construction And Maintenance Operations"}]
[{"$f":"IF(Start!A410=\"\",\"\",Start!A410)","v":""},{"$f":"IF(Start!B410=\"\",\"\",Start!B410)","v":"802-05701"},{"$f":"IF(Start!C410=\"\",\"\",Start!C410)","v":"SIGN POST, SQUARE, 1, REINFORCED ANCHOR"},{"$f":"IF(Start!D410=\"\",\"\",Start!D410)","v":765.5},{"$f":"IF(Start!E410=\"\",\"\",Start!E410)","v":0},{"$f":"IF(Start!F410=\"\",\"\",Start!F410)","v":"L.F."},{"$f":"IF(Start!G410=\"\",\"\",Start!G410)","v":11.3},{"$f":"IF(Start!H410=\"\",\"\",Start!H410)","v":8650.15},2,{"$f":"IF(I410=\"\",\"\",LOOKUP(I410,{1,\"01\";2,\"02\";3,\"03\";4,\"04\";5,\"05\";6,\"06\";7,\"07\";8,\"08\";9,\"09\";10,\"10\";11,\"11\";12,\"12\";13,\"13\";14,\"14\";15,\"15\"}))","v":"02"},"02. Walsh Construction Company Ii Llc",800,802,{"$f":"IF(B410=\"\",\"\",VLOOKUP(M410,Sections!$A$2:$D$200,3,FALSE))","v":"Traffic Control Devices And Lighting"},{"$f":"IF(B410=\"\",\"\",VLOOKUP(M410,Sections!$A$2:$D$200,4,FALSE))","v":"Signs"}]
[{"$f":"IF(Start!A411=\"\",\"\",Start!A411)","v":""},{"$f":"IF(Start!B411=\"\",\"\",Start!B411)","v":"802-05702"},{"$f":"IF(Start!C411=\"\",\"\",Start!C411)","v":"SIGN POST SQUARE, 2, REINFORCED ANCHOR BASE"},{"$f":"IF(Start!D411=\"\",\"\",Start!D411)","v":211.25},{"$f":"IF(Start!E411=\"\",\"\",Start!E411)","v":0},{"$f":"IF(Start!F411=\"\",\"\",Start!F411)","v":"L.F."},{"$f":"IF(Start!G411=\"\",\"\",Start!G411)","v":11.65},{"$f":"IF(Start!H411=\"\",\"\",Start!H411)","v":2461.06},2,{"$f":"IF(I411=\"\",\"\",LOOKUP(I411,{1,\"01\";2,\"02\";3,\"03\";4,\"04\";5,\"05\";6,\"06\";7,\"07\";8,\"08\";9,\"09\";10,\"10\";11,\"11\";12,\"12\";13,\"13\";14,\"14\";15,\"15\"}))","v":"02"},"02. Walsh Construction Company Ii Llc",800,802,{"$f":"IF(B411=\"\",\"\",VLOOKUP(M411,Sections!$A$2:$D$200,3,FALSE))","v":"Traffic Control Devices And Lighting"},{"$f":"IF(B411=\"\",\"\",VLOOKUP(M411,Sections!$A$2:$D$200,4,FALSE))","v":"Signs"}]
[{"$f":"IF(Start!A412=\"\",\"\",Start!A412)","v":""},{"$f":"IF(Start!B412=\"\",\"\",Start!B412)","v":"802-07057"},{"$f":"IF(Start!C412=\"\",\"\",Start!C412)","v":"SIGN, PANEL, WITH LEGEND"},{"$f":"IF(Start!D412=\"\",\"\",Start!D412)","v":899},{"$f":"IF(Start!E412=\"\",\"\",Start!E412)","v":0},{"$f":"IF(Start!F412=\"\",\"\",Start!F412)","v":"S.F."},{"$f":"IF(Start!G412=\"\",\"\",Start!G412)","v":20},{"$f":"IF(Start!H412=\"\",\"\",Start!H412)","v":17980},2,{"$f":"IF(I412=\"\",\"\",LOOKUP(I412,{1,\"01\";2,\"02\";3,\"03\";4,\"04\";5,\"05\";6,\"06\";7,\"07\";8,\"08\";9,\"09\";10,\"10\";11,\"11\";12,\"12\";13,\"13\";14,\"14\";15,\"15\"}))","v":"02"},"02. Walsh Construction Company Ii Llc",800,802,{"$f":"IF(B412=\"\",\"\",VLOOKUP(M412,Sections!$A$2:$D$200,3,FALSE))","v":"Traffic Control Devices And Lighting"},{"$f":"IF(B412=\"\",\"\",VLOOKUP(M412,Sections!$A$2:$D$200,4,FALSE))","v":"Signs"}]
[{"$f":"IF(Start!A413=\"\",\"\",Start!A413)","v":""},{"$f":"IF(Start!B413=\"\",\"\",Start!B413)","v":"802-07151"},{"$f":"IF(Start!C413=\"\",\"\",Start!C413)","v":"WIDE FLANGE SIGN POST SUPPORT FOUNDATION, VII"},{"$f":"IF(Start!D413=\"\",\"\",Start!D413)","v":10},{"$f":"IF(Start!E413=\"\",\"\",Start!E413)","v":0},{"$f":"IF(Start!F413=\"\",\"\",Start!F413)","v":"EACH"},{"$f":"IF(Start!G413=\"\",\"\",Start!G413)","v":375},{"$f":"IF(Start!H413=\"\",\"\",Start!H413)","v":3750},2,{"$f":"IF(I413=\"\",\"\",LOOKUP(I413,{1,\"01\";2,\"02\";3,\"03\";4,\"04\";5,\"05\";6,\"06\";7,\"07\";8,\"08\";9,\"09\";10,\"10\";11,\"11\";12,\"12\";13,\"13\";14,\"14\";15,\"15\"}))","v":"02"},"02. Walsh Construction Company Ii Llc",800,802,{"$f":"IF(B413=\"\",\"\",VLOOKUP(M413,Sections!$A$2:$D$200,3,FALSE))","v":"Traffic Control Devices And Lighting"},{"$f":"IF(B413=\"\",\"\",VLOOKUP(M413,Sections!$A$2:$D$200,4,FALSE))","v":"Signs"}]
[{"$f":"IF(Start!A414=\"\",\"\",Start!A414)","v":""},{"$f":"IF(Start!B414=\"\",\"\",Start!B414)","v":"802-08456"},{"$f":"IF(Start!C414=\"\",\"\",Start!C414)","v":"WIDE FLANGE SIGN POST SUPPORT FOUNDATION, VII"},{"$f":"IF(Start!D414=\"\",\"\",Start!D414)","v":12},{"$f":"IF(Start!E414=\"\",\"\",Start!E414)","v":0},{"$f":"IF(Start!F414=\"\",\"\",Start!F414)","v":"EACH"},{"$f":"IF(Start!G414=\"\",\"\",Start!G414)","v":385},{"$f":"IF(Start!H414=\"\",\"\",Start!H414)","v":4620},2,{"$f":"IF(I414=\"\",\"\",LOOKUP(I414,{1,\"01\";2,\"02\";3,\"03\";4,\"04\";5,\"05\";6,\"06\";7,\"07\";8,\"08\";9,\"09\";10,\"10\";11,\"11\";12,\"12\";13,\"13\";14,\"14\";15,\"15\"}))","v":"02"},"02. Walsh Construction Company Ii Llc",800,802,{"$f":"IF(B414=\"\",\"\",VLOOKUP(M414,Sections!$A$2:$D$200,3,FALSE))","v":"Traffic Control Devices And Lighting"},{"$f":"IF(B414=\"\",\"\",VLOOKUP(M414,Sections!$A$2:$D$200,4,FALSE))","v":"Signs"}]
[{"$f":"IF(Start!A415=\"\",\"\",Start!A415)","v":""},{"$f":"IF(Start!B415=\"\",\"\",Start!B415)","v":"802-09578"},{"$f":"IF(Start!C415=\"\",\"\",Start!C415)","v":"OVERHEAD SIGN STRUCTURE, CANTILEVER,"},{"$f":"IF(Start!D415=\"\",\"\",Start!D415)","v":2},{"$f":"IF(Start!E415=\"\",\"\",Start!E415)","v":0},{"$f":"IF(Start!F415=\"\",\"\",Start!F415)","v":"EACH"},{"$f":"IF(Start!G415=\"\",\"\",Start!G415)","v":34500},{"$f":"IF(Start!H415=\"\",\"\",Start!H415)","v":69000},2,{"$f":"IF(I415=\"\",\"\",LOOKUP(I415,{1,\"01\";2,\"02\";3,\"03\";4,\"04\";5,\"05\";6,\"06\";7,\"07\";8,\"08\";9,\"09\";10,\"10\";11,\"11\";12,\"12\";13,\"13\";14,\"14\";15,\"15\"}))","v":"02"},"02. Walsh Construction Company Ii Llc",800,802,{"$f":"IF(B415=\"\",\"\",VLOOKUP(M415,Sections!$A$2:$D$200,3,FALSE))","v":"Traffic Control Devices And Lighting"},{"$f":"IF(B415=\"\",\"\",VLOOKUP(M415,Sections!$A$2:$D$200,4,FALSE))","v":"Signs"}]
[{"$f":"IF(Start!A416=\"\",\"\",Start!A416)","v":""},{"$f":"IF(Start!B416=\"\",\"\",Start!B416)","v":"802-09581"},{"$f":"IF(Start!C416=\"\",\"\",Start!C416)","v":"CANTILEVER SIGN SUPPORT FOUNDATION,"},{"$f":"IF(Start!D416=\"\",\"\",Start!D416)","v":2},{"$f":"IF(Start!E416=\"\",\"\",Start!E416)","v":0},{"$f":"IF(Start!F416=\"\",\"\",Start!F416)","v":"EACH"},{"$f":"IF(Start!G416=\"\",\"\",Start!G416)","v":7800},{"$f":"IF(Start!H416=\"\",\"\",Start!H416)","v":15600},2,{"$f":"IF(I416=\"\",\"\",LOOKUP(I416,{1,\"01\";2,\"02\";3,\"03\";4,\"04\";5,\"05\";6,\"06\";7,\"07\";8,\"08\";9,\"09\";10,\"10\";11,\"11\";12,\"12\";13,\"13\";14,\"14\";15,\"15\"}))","v":"02"},"02. Walsh Construction Company Ii Llc",800,802,{"$f":"IF(B416=\"\",\"\",VLOOKUP(M416,Sections!$A$2:$D$200,3,FALSE))","v":"Traffic Control Devices And Lighting"},{"$f":"IF(B416=\"\",\"\",VLOOKUP(M416,Sections!$A$2:$D$200,4,FALSE))","v":"Signs"}]
[{"$f":"IF(Start!A417=\"\",\"\",Start!A417)","v":""},{"$f":"IF(Start!B417=\"\",\"\",Start!B417)","v":"802-09838"},{"$f":"IF(Start!C417=\"\",\"\",Start!C417)","v":"SIGN, SHEET, WITH LEGEND 0.08 IN."},{"$f":"IF(Start!D417=\"\",\"\",Start!D417)","v":504.78000000000003},{"$f":"IF(Start!E417=\"\",\"\",Start!E417)","v":0},{"$f":"IF(Start!F417=\"\",\"\",Start!F417)","v":"S.F."},{"$f":"IF(Start!G417=\"\",\"\",Start!G417)","v":15},{"$f":"IF(Start!H417=\"\",\"\",Start!H417)","v":7571.7000000000007},2,{"$f":"IF(I417=\"\",\"\",LOOKUP(I417,{1,\"01\";2,\"02\";3,\"03\";4,\"04\";5,\"05\";6,\"06\";7,\"07\";8,\"08\";9,\"09\";10,\"10\";11,\"11\";12,\"12\";13,\"13\";14,\"14\";15,\"15\"}))","v":"02"},"02. Walsh Construction Company Ii Llc",800,802,{"$f":"IF(B417=\"\",\"\",VLOOKUP(M417,Sections!$A$2:$D$200,3,FALSE))","v":"Traffic Control Devices And Lighting"},{"$f":"IF(B417=\"\",\"\",VLOOKUP(M417,Sections!$A$2:$D$200,4,FALSE))","v":"Signs"}]
[{"$f":"IF(Start!A418=\"\",\"\",Start!A418)","v":""},{"$f":"IF(Start!B418=\"\",\"\",Start!B418)","v":"802-09840"},{"$f":"IF(Start!C418=\"\",\"\",Start!C418)","v":"SIGN, SHEET, WITH LEGEND 0.100 IN"},{"$f":"IF(Start!D418=\"\",\"\",Start!D418)","v":104.10000000000001},{"$f":"IF(Start!E418=\"\",\"\",Start!E418)","v":0},{"$f":"IF(Start!F418=\"\",\"\",Start!F418)","v":"S.F."},{"$f":"IF(Start!G418=\"\",\"\",Start!G418)","v":18},{"$f":"IF(Start!H418=\"\",\"\",Start!H418)","v":1873.8000000000002},2,{"$f":"IF(I418=\"\",\"\",LOOKUP(I418,{1,\"01\";2,\"02\";3,\"03\";4,\"04\";5,\"05\";6,\"06\";7,\"07\";8,\"08\";9,\"09\";10,\"10\";11,\"11\";12,\"12\";13,\"13\";14,\"14\";15,\"15\"}))","v":"02"},"02. Walsh Construction Company Ii Llc",800,802,{"$f":"IF(B418=\"\",\"\",VLOOKUP(M418,Sections!$A$2:$D$200,3,FALSE))","v":"Traffic Control Devices And Lighting"},{"$f":"IF(B418=\"\",\"\",VLOOKUP(M418,Sections!$A$2:$D$200,4,FALSE))","v":"Signs"}]
[{"$f":"IF(Start!A419=\"\",\"\",Start!A419)","v":""},{"$f":"IF(Start!B419=\"\",\"\",Start!B419)","v":"802-09842"},{"$f":"IF(Start!C419=\"\",\"\",Start!C419)","v":"SIGN, SHEET,  WITH LEGEND 0.125 IN"},{"$f":"IF(Start!D419=\"\",\"\",Start!D419)","v":78},{"$f":"IF(Start!E419=\"\",\"\",Start!E419)","v":0},{"$f":"IF(Start!F419=\"\",\"\",Start!F419)","v":"S.F."},{"$f":"IF(Start!G419=\"\",\"\",Start!G419)","v":18},{"$f":"IF(Start!H419=\"\",\"\",Start!H419)","v":1404},2,{"$f":"IF(I419=\"\",\"\",LOOKUP(I419,{1,\"01\";2,\"02\";3,\"03\";4,\"04\";5,\"05\";6,\"06\";7,\"07\";8,\"08\";9,\"09\";10,\"10\";11,\"11\";12,\"12\";13,\"13\";14,\"14\";15,\"15\"}))","v":"02"},"02. Walsh Construction Company Ii Llc",800,802,{"$f":"IF(B419=\"\",\"\",VLOOKUP(M419,Sections!$A$2:$D$200,3,FALSE))","v":"Traffic Control Devices And Lighting"},{"$f":"IF(B419=\"\",\"\",VLOOKUP(M419,Sections!$A$2:$D$200,4,FALSE))","v":"Signs"}]
[{"$f":"IF(Start!A420=\"\",\"\",Start!A420)","v":""},{"$f":"IF(Start!B420=\"\",\"\",Start!B420)","v":"802-74040"},{"$f":"IF(Start!C420=\"\",\"\",Start!C420)","v":"SIGN AND SUPPORTS, WIDE FLANGE, REMOVE"},{"$f":"IF(Start!D420=\"\",\"\",Start!D420)","v":6},{"$f":"IF(Start!E420=\"\",\"\",Start!E420)","v":0},{"$f":"IF(Start!F420=\"\",\"\",Start!F420)","v":"EACH"},{"$f":"IF(Start!G420=\"\",\"\",Start!G420)","v":175},{"$f":"IF(Start!H420=\"\",\"\",Start!H420)","v":1050},2,{"$f":"IF(I420=\"\",\"\",LOOKUP(I420,{1,\"01\";2,\"02\";3,\"03\";4,\"04\";5,\"05\";6,\"06\";7,\"07\";8,\"08\";9,\"09\";10,\"10\";11,\"11\";12,\"12\";13,\"13\";14,\"14\";15,\"15\"}))","v":"02"},"02. Walsh Construction Company Ii Llc",800,802,{"$f":"IF(B420=\"\",\"\",VLOOKUP(M420,Sections!$A$2:$D$200,3,FALSE))","v":"Traffic Control Devices And Lighting"},{"$f":"IF(B420=\"\",\"\",VLOOKUP(M420,Sections!$A$2:$D$200,4,FALSE))","v":"Signs"}]
[{"$f":"IF(Start!A421=\"\",\"\",Start!A421)","v":""},{"$f":"IF(Start!B421=\"\",\"\",Start!B421)","v":"802-76095"},{"$f":"IF(Start!C421=\"\",\"\",Start!C421)","v":"STRUCTURAL STEEL, BREAKAWAY"},{"$f":"IF(Start!D421=\"\",\"\",Start!D421)","v":4874},{"$f":"IF(Start!E421=\"\",\"\",Start!E421)","v":0},{"$f":"IF(Start!F421=\"\",\"\",Start!F421)","v":"LBS"},{"$f":"IF(Start!G421=\"\",\"\",Start!G421)","v":4},{"$f":"IF(Start!H421=\"\",\"\",Start!H421)","v":19496},2,{"$f":"IF(I421=\"\",\"\",LOOKUP(I421,{1,\"01\";2,\"02\";3,\"03\";4,\"04\";5,\"05\";6,\"06\";7,\"07\";8,\"08\";9,\"09\";10,\"10\";11,\"11\";12,\"12\";13,\"13\";14,\"14\";15,\"15\"}))","v":"02"},"02. Walsh Construction Company Ii Llc",800,802,{"$f":"IF(B421=\"\",\"\",VLOOKUP(M421,Sections!$A$2:$D$200,3,FALSE))","v":"Traffic Control Devices And Lighting"},{"$f":"IF(B421=\"\",\"\",VLOOKUP(M421,Sections!$A$2:$D$200,4,FALSE))","v":"Signs"}]
[{"$f":"IF(Start!A422=\"\",\"\",Start!A422)","v":""},{"$f":"IF(Start!B422=\"\",\"\",Start!B422)","v":"804-06771"},{"$f":"IF(Start!C422=\"\",\"\",Start!C422)","v":"DELINEATOR POST, FLEXIBLE"},{"$f":"IF(Start!D422=\"\",\"\",Start!D422)","v":50},{"$f":"IF(Start!E422=\"\",\"\",Start!E422)","v":0},{"$f":"IF(Start!F422=\"\",\"\",Start!F422)","v":"EACH"},{"$f":"IF(Start!G422=\"\",\"\",Start!G422)","v":33},{"$f":"IF(Start!H422=\"\",\"\",Start!H422)","v":1650},2,{"$f":"IF(I422=\"\",\"\",LOOKUP(I422,{1,\"01\";2,\"02\";3,\"03\";4,\"04\";5,\"05\";6,\"06\";7,\"07\";8,\"08\";9,\"09\";10,\"10\";11,\"11\";12,\"12\";13,\"13\";14,\"14\";15,\"15\"}))","v":"02"},"02. Walsh Construction Company Ii Llc",800,804,{"$f":"IF(B422=\"\",\"\",VLOOKUP(M422,Sections!$A$2:$D$200,3,FALSE))","v":"Traffic Control Devices And Lighting"},{"$f":"IF(B422=\"\",\"\",VLOOKUP(M422,Sections!$A$2:$D$200,4,FALSE))","v":"Delineators"}]
[{"$f":"IF(Start!A423=\"\",\"\",Start!A423)","v":""},{"$f":"IF(Start!B423=\"\",\"\",Start!B423)","v":"805-01300"},{"$f":"IF(Start!C423=\"\",\"\",Start!C423)","v":"TRAFFIC SIGNAL EQUIPMENT, REMOVE"},{"$f":"IF(Start!D423=\"\",\"\",Start!D423)","v":2},{"$f":"IF(Start!E423=\"\",\"\",Start!E423)","v":0},{"$f":"IF(Start!F423=\"\",\"\",Start!F423)","v":"EACH"},{"$f":"IF(Start!G423=\"\",\"\",Start!G423)","v":1800},{"$f":"IF(Start!H423=\"\",\"\",Start!H423)","v":3600},2,{"$f":"IF(I423=\"\",\"\",LOOKUP(I423,{1,\"01\";2,\"02\";3,\"03\";4,\"04\";5,\"05\";6,\"06\";7,\"07\";8,\"08\";9,\"09\";10,\"10\";11,\"11\";12,\"12\";13,\"13\";14,\"14\";15,\"15\"}))","v":"02"},"02. Walsh Construction Company Ii Llc",800,805,{"$f":"IF(B423=\"\",\"\",VLOOKUP(M423,Sections!$A$2:$D$200,3,FALSE))","v":"Traffic Control Devices And Lighting"},{"$f":"IF(B423=\"\",\"\",VLOOKUP(M423,Sections!$A$2:$D$200,4,FALSE))","v":"Traffic Signals"}]
[{"$f":"IF(Start!A424=\"\",\"\",Start!A424)","v":""},{"$f":"IF(Start!B424=\"\",\"\",Start!B424)","v":"805-01842"},{"$f":"IF(Start!C424=\"\",\"\",Start!C424)","v":"HANDHOLE, SIGNAL"},{"$f":"IF(Start!D424=\"\",\"\",Start!D424)","v":21},{"$f":"IF(Start!E424=\"\",\"\",Start!E424)","v":0},{"$f":"IF(Start!F424=\"\",\"\",Start!F424)","v":"EACH"},{"$f":"IF(Start!G424=\"\",\"\",Start!G424)","v":700},{"$f":"IF(Start!H424=\"\",\"\",Start!H424)","v":14700},2,{"$f":"IF(I424=\"\",\"\",LOOKUP(I424,{1,\"01\";2,\"02\";3,\"03\";4,\"04\";5,\"05\";6,\"06\";7,\"07\";8,\"08\";9,\"09\";10,\"10\";11,\"11\";12,\"12\";13,\"13\";14,\"14\";15,\"15\"}))","v":"02"},"02. Walsh Construction Company Ii Llc",800,805,{"$f":"IF(B424=\"\",\"\",VLOOKUP(M424,Sections!$A$2:$D$200,3,FALSE))","v":"Traffic Control Devices And Lighting"},{"$f":"IF(B424=\"\",\"\",VLOOKUP(M424,Sections!$A$2:$D$200,4,FALSE))","v":"Traffic Signals"}]
[{"$f":"IF(Start!A425=\"\",\"\",Start!A425)","v":""},{"$f":"IF(Start!B425=\"\",\"\",Start!B425)","v":"805-01843"},{"$f":"IF(Start!C425=\"\",\"\",Start!C425)","v":"SIGNAL HANDHOLE ADJUST TO GRADE"},{"$f":"IF(Start!D425=\"\",\"\",Start!D425)","v":4},{"$f":"IF(Start!E425=\"\",\"\",Start!E425)","v":0},{"$f":"IF(Start!F425=\"\",\"\",Start!F425)","v":"EACH"},{"$f":"IF(Start!G425=\"\",\"\",Start!G425)","v":300},{"$f":"IF(Start!H425=\"\",\"\",Start!H425)","v":1200},2,{"$f":"IF(I425=\"\",\"\",LOOKUP(I425,{1,\"01\";2,\"02\";3,\"03\";4,\"04\";5,\"05\";6,\"06\";7,\"07\";8,\"08\";9,\"09\";10,\"10\";11,\"11\";12,\"12\";13,\"13\";14,\"14\";15,\"15\"}))","v":"02"},"02. Walsh Construction Company Ii Llc",800,805,{"$f":"IF(B425=\"\",\"\",VLOOKUP(M425,Sections!$A$2:$D$200,3,FALSE))","v":"Traffic Control Devices And Lighting"},{"$f":"IF(B425=\"\",\"\",VLOOKUP(M425,Sections!$A$2:$D$200,4,FALSE))","v":"Traffic Signals"}]
[{"$f":"IF(Start!A426=\"\",\"\",Start!A426)","v":""},{"$f":"IF(Start!B426=\"\",\"\",Start!B426)","v":"805-01844"},{"$f":"IF(Start!C426=\"\",\"\",Start!C426)","v":"GALVANIZED STEEL CONDUIT, 2 IN., UNDERGROUND"},{"$f":"IF(Start!D426=\"\",\"\",Start!D426)","v":4042},{"$f":"IF(Start!E426=\"\",\"\",Start!E426)","v":0},{"$f":"IF(Start!F426=\"\",\"\",Start!F426)","v":"L.F."},{"$f":"IF(Start!G426=\"\",\"\",Start!G426)","v":11},{"$f":"IF(Start!H426=\"\",\"\",Start!H426)","v":44462},2,{"$f":"IF(I426=\"\",\"\",LOOKUP(I426,{1,\"01\";2,\"02\";3,\"03\";4,\"04\";5,\"05\";6,\"06\";7,\"07\";8,\"08\";9,\"09\";10,\"10\";11,\"11\";12,\"12\";13,\"13\";14,\"14\";15,\"15\"}))","v":"02"},"02. Walsh Construction Company Ii Llc",800,805,{"$f":"IF(B426=\"\",\"\",VLOOKUP(M426,Sections!$A$2:$D$200,3,FALSE))","v":"Traffic Control Devices And Lighting"},{"$f":"IF(B426=\"\",\"\",VLOOKUP(M426,Sections!$A$2:$D$200,4,FALSE))","v":"Traffic Signals"}]
[{"$f":"IF(Start!A427=\"\",\"\",Start!A427)","v":""},{"$f":"IF(Start!B427=\"\",\"\",Start!B427)","v":"805-02087"},{"$f":"IF(Start!C427=\"\",\"\",Start!C427)","v":"TRANSPORTATION OF SALVAGEABLE SIGNAL EQUIPMEN"},{"$f":"IF(Start!D427=\"\",\"\",Start!D427)","v":1},{"$f":"IF(Start!E427=\"\",\"\",Start!E427)","v":0},{"$f":"IF(Start!F427=\"\",\"\",Start!F427)","v":"L.S."},{"$f":"IF(Start!G427=\"\",\"\",Start!G427)","v":500},{"$f":"IF(Start!H427=\"\",\"\",Start!H427)","v":500},2,{"$f":"IF(I427=\"\",\"\",LOOKUP(I427,{1,\"01\";2,\"02\";3,\"03\";4,\"04\";5,\"05\";6,\"06\";7,\"07\";8,\"08\";9,\"09\";10,\"10\";11,\"11\";12,\"12\";13,\"13\";14,\"14\";15,\"15\"}))","v":"02"},"02. Walsh Construction Company Ii Llc",800,805,{"$f":"IF(B427=\"\",\"\",VLOOKUP(M427,Sections!$A$2:$D$200,3,FALSE))","v":"Traffic Control Devices And Lighting"},{"$f":"IF(B427=\"\",\"\",VLOOKUP(M427,Sections!$A$2:$D$200,4,FALSE))","v":"Traffic Signals"}]
[{"$f":"IF(Start!A428=\"\",\"\",Start!A428)","v":""},{"$f":"IF(Start!B428=\"\",\"\",Start!B428)","v":"805-02373"},{"$f":"IF(Start!C428=\"\",\"\",Start!C428)","v":"INTERCONNECT CABLE, FIBER OPTIC"},{"$f":"IF(Start!D428=\"\",\"\",Start!D428)","v":2057},{"$f":"IF(Start!E428=\"\",\"\",Start!E428)","v":0},{"$f":"IF(Start!F428=\"\",\"\",Start!F428)","v":"L.F."},{"$f":"IF(Start!G428=\"\",\"\",Start!G428)","v":2.6},{"$f":"IF(Start!H428=\"\",\"\",Start!H428)","v":5348.2000000000007},2,{"$f":"IF(I428=\"\",\"\",LOOKUP(I428,{1,\"01\";2,\"02\";3,\"03\";4,\"04\";5,\"05\";6,\"06\";7,\"07\";8,\"08\";9,\"09\";10,\"10\";11,\"11\";12,\"12\";13,\"13\";14,\"14\";15,\"15\"}))","v":"02"},"02. Walsh Construction Company Ii Llc",800,805,{"$f":"IF(B428=\"\",\"\",VLOOKUP(M428,Sections!$A$2:$D$200,3,FALSE))","v":"Traffic Control Devices And Lighting"},{"$f":"IF(B428=\"\",\"\",VLOOKUP(M428,Sections!$A$2:$D$200,4,FALSE))","v":"Traffic Signals"}]
[{"$f":"IF(Start!A429=\"\",\"\",Start!A429)","v":""},{"$f":"IF(Start!B429=\"\",\"\",Start!B429)","v":"805-09539"},{"$f":"IF(Start!C429=\"\",\"\",Start!C429)","v":"LOOP DETECTOR DELAY COUNTING AMPLIFIER,"},{"$f":"IF(Start!D429=\"\",\"\",Start!D429)","v":2},{"$f":"IF(Start!E429=\"\",\"\",Start!E429)","v":0},{"$f":"IF(Start!F429=\"\",\"\",Start!F429)","v":"EACH"},{"$f":"IF(Start!G429=\"\",\"\",Start!G429)","v":1100},{"$f":"IF(Start!H429=\"\",\"\",Start!H429)","v":2200},2,{"$f":"IF(I429=\"\",\"\",LOOKUP(I429,{1,\"01\";2,\"02\";3,\"03\";4,\"04\";5,\"05\";6,\"06\";7,\"07\";8,\"08\";9,\"09\";10,\"10\";11,\"11\";12,\"12\";13,\"13\";14,\"14\";15,\"15\"}))","v":"02"},"02. Walsh Construction Company Ii Llc",800,805,{"$f":"IF(B429=\"\",\"\",VLOOKUP(M429,Sections!$A$2:$D$200,3,FALSE))","v":"Traffic Control Devices And Lighting"},{"$f":"IF(B429=\"\",\"\",VLOOKUP(M429,Sections!$A$2:$D$200,4,FALSE))","v":"Traffic Signals"}]
[{"$f":"IF(Start!A430=\"\",\"\",Start!A430)","v":""},{"$f":"IF(Start!B430=\"\",\"\",Start!B430)","v":"805-78109"},{"$f":"IF(Start!C430=\"\",\"\",Start!C430)","v":"CONTROLLER AND CABINET, SECONDARY, MENU DRIVE"},{"$f":"IF(Start!D430=\"\",\"\",Start!D430)","v":1},{"$f":"IF(Start!E430=\"\",\"\",Start!E430)","v":0},{"$f":"IF(Start!F430=\"\",\"\",Start!F430)","v":"EACH"},{"$f":"IF(Start!G430=\"\",\"\",Start!G430)","v":13900},{"$f":"IF(Start!H430=\"\",\"\",Start!H430)","v":13900},2,{"$f":"IF(I430=\"\",\"\",LOOKUP(I430,{1,\"01\";2,\"02\";3,\"03\";4,\"04\";5,\"05\";6,\"06\";7,\"07\";8,\"08\";9,\"09\";10,\"10\";11,\"11\";12,\"12\";13,\"13\";14,\"14\";15,\"15\"}))","v":"02"},"02. Walsh Construction Company Ii Llc",800,805,{"$f":"IF(B430=\"\",\"\",VLOOKUP(M430,Sections!$A$2:$D$200,3,FALSE))","v":"Traffic Control Devices And Lighting"},{"$f":"IF(B430=\"\",\"\",VLOOKUP(M430,Sections!$A$2:$D$200,4,FALSE))","v":"Traffic Signals"}]
[{"$f":"IF(Start!A431=\"\",\"\",Start!A431)","v":""},{"$f":"IF(Start!B431=\"\",\"\",Start!B431)","v":"805-78205"},{"$f":"IF(Start!C431=\"\",\"\",Start!C431)","v":"TRAFFIC SIGNAL HEAD, 3 FACE, 12.20 IN. RED, A"},{"$f":"IF(Start!D431=\"\",\"\",Start!D431)","v":20},{"$f":"IF(Start!E431=\"\",\"\",Start!E431)","v":0},{"$f":"IF(Start!F431=\"\",\"\",Start!F431)","v":"EACH"},{"$f":"IF(Start!G431=\"\",\"\",Start!G431)","v":777},{"$f":"IF(Start!H431=\"\",\"\",Start!H431)","v":15540},2,{"$f":"IF(I431=\"\",\"\",LOOKUP(I431,{1,\"01\";2,\"02\";3,\"03\";4,\"04\";5,\"05\";6,\"06\";7,\"07\";8,\"08\";9,\"09\";10,\"10\";11,\"11\";12,\"12\";13,\"13\";14,\"14\";15,\"15\"}))","v":"02"},"02. Walsh Construction Company Ii Llc",800,805,{"$f":"IF(B431=\"\",\"\",VLOOKUP(M431,Sections!$A$2:$D$200,3,FALSE))","v":"Traffic Control Devices And Lighting"},{"$f":"IF(B431=\"\",\"\",VLOOKUP(M431,Sections!$A$2:$D$200,4,FALSE))","v":"Traffic Signals"}]
[{"$f":"IF(Start!A432=\"\",\"\",Start!A432)","v":""},{"$f":"IF(Start!B432=\"\",\"\",Start!B432)","v":"805-78230"},{"$f":"IF(Start!C432=\"\",\"\",Start!C432)","v":"TRAFFIC SIGNAL HEAD, 5 FACE, 12.20 IN. RED, A"},{"$f":"IF(Start!D432=\"\",\"\",Start!D432)","v":4},{"$f":"IF(Start!E432=\"\",\"\",Start!E432)","v":0},{"$f":"IF(Start!F432=\"\",\"\",Start!F432)","v":"EACH"},{"$f":"IF(Start!G432=\"\",\"\",Start!G432)","v":1200},{"$f":"IF(Start!H432=\"\",\"\",Start!H432)","v":4800},2,{"$f":"IF(I432=\"\",\"\",LOOKUP(I432,{1,\"01\";2,\"02\";3,\"03\";4,\"04\";5,\"05\";6,\"06\";7,\"07\";8,\"08\";9,\"09\";10,\"10\";11,\"11\";12,\"12\";13,\"13\";14,\"14\";15,\"15\"}))","v":"02"},"02. Walsh Construction Company Ii Llc",800,805,{"$f":"IF(B432=\"\",\"\",VLOOKUP(M432,Sections!$A$2:$D$200,3,FALSE))","v":"Traffic Control Devices And Lighting"},{"$f":"IF(B432=\"\",\"\",VLOOKUP(M432,Sections!$A$2:$D$200,4,FALSE))","v":"Traffic Signals"}]
[{"$f":"IF(Start!A433=\"\",\"\",Start!A433)","v":""},{"$f":"IF(Start!B433=\"\",\"\",Start!B433)","v":"805-78415"},{"$f":"IF(Start!C433=\"\",\"\",Start!C433)","v":"SPAN CATENARY AND TETHER"},{"$f":"IF(Start!D433=\"\",\"\",Start!D433)","v":10},{"$f":"IF(Start!E433=\"\",\"\",Start!E433)","v":0},{"$f":"IF(Start!F433=\"\",\"\",Start!F433)","v":"EACH"},{"$f":"IF(Start!G433=\"\",\"\",Start!G433)","v":1740},{"$f":"IF(Start!H433=\"\",\"\",Start!H433)","v":17400},2,{"$f":"IF(I433=\"\",\"\",LOOKUP(I433,{1,\"01\";2,\"02\";3,\"03\";4,\"04\";5,\"05\";6,\"06\";7,\"07\";8,\"08\";9,\"09\";10,\"10\";11,\"11\";12,\"12\";13,\"13\";14,\"14\";15,\"15\"}))","v":"02"},"02. Walsh Construction Company Ii Llc",800,805,{"$f":"IF(B433=\"\",\"\",VLOOKUP(M433,Sections!$A$2:$D$200,3,FALSE))","v":"Traffic Control Devices And Lighting"},{"$f":"IF(B433=\"\",\"\",VLOOKUP(M433,Sections!$A$2:$D$200,4,FALSE))","v":"Traffic Signals"}]
[{"$f":"IF(Start!A434=\"\",\"\",Start!A434)","v":""},{"$f":"IF(Start!B434=\"\",\"\",Start!B434)","v":"805-78420"},{"$f":"IF(Start!C434=\"\",\"\",Start!C434)","v":"DISCONNECT HANGER"},{"$f":"IF(Start!D434=\"\",\"\",Start!D434)","v":10},{"$f":"IF(Start!E434=\"\",\"\",Start!E434)","v":0},{"$f":"IF(Start!F434=\"\",\"\",Start!F434)","v":"EACH"},{"$f":"IF(Start!G434=\"\",\"\",Start!G434)","v":340},{"$f":"IF(Start!H434=\"\",\"\",Start!H434)","v":3400},2,{"$f":"IF(I434=\"\",\"\",LOOKUP(I434,{1,\"01\";2,\"02\";3,\"03\";4,\"04\";5,\"05\";6,\"06\";7,\"07\";8,\"08\";9,\"09\";10,\"10\";11,\"11\";12,\"12\";13,\"13\";14,\"14\";15,\"15\"}))","v":"02"},"02. Walsh Construction Company Ii Llc",800,805,{"$f":"IF(B434=\"\",\"\",VLOOKUP(M434,Sections!$A$2:$D$200,3,FALSE))","v":"Traffic Control Devices And Lighting"},{"$f":"IF(B434=\"\",\"\",VLOOKUP(M434,Sections!$A$2:$D$200,4,FALSE))","v":"Traffic Signals"}]
[{"$f":"IF(Start!A435=\"\",\"\",Start!A435)","v":""},{"$f":"IF(Start!B435=\"\",\"\",Start!B435)","v":"805-78467"},{"$f":"IF(Start!C435=\"\",\"\",Start!C435)","v":"SIGNAL CABLE, 3C 8GA."},{"$f":"IF(Start!D435=\"\",\"\",Start!D435)","v":55},{"$f":"IF(Start!E435=\"\",\"\",Start!E435)","v":0},{"$f":"IF(Start!F435=\"\",\"\",Start!F435)","v":"L.F."},{"$f":"IF(Start!G435=\"\",\"\",Start!G435)","v":3},{"$f":"IF(Start!H435=\"\",\"\",Start!H435)","v":165},2,{"$f":"IF(I435=\"\",\"\",LOOKUP(I435,{1,\"01\";2,\"02\";3,\"03\";4,\"04\";5,\"05\";6,\"06\";7,\"07\";8,\"08\";9,\"09\";10,\"10\";11,\"11\";12,\"12\";13,\"13\";14,\"14\";15,\"15\"}))","v":"02"},"02. Walsh Construction Company Ii Llc",800,805,{"$f":"IF(B435=\"\",\"\",VLOOKUP(M435,Sections!$A$2:$D$200,3,FALSE))","v":"Traffic Control Devices And Lighting"},{"$f":"IF(B435=\"\",\"\",VLOOKUP(M435,Sections!$A$2:$D$200,4,FALSE))","v":"Traffic Signals"}]
[{"$f":"IF(Start!A436=\"\",\"\",Start!A436)","v":""},{"$f":"IF(Start!B436=\"\",\"\",Start!B436)","v":"805-78470"},{"$f":"IF(Start!C436=\"\",\"\",Start!C436)","v":"SIGNAL CABLE, ROADWAY LOOP, 1C 14GA."},{"$f":"IF(Start!D436=\"\",\"\",Start!D436)","v":6552},{"$f":"IF(Start!E436=\"\",\"\",Start!E436)","v":0},{"$f":"IF(Start!F436=\"\",\"\",Start!F436)","v":"L.F."},{"$f":"IF(Start!G436=\"\",\"\",Start!G436)","v":0.32},{"$f":"IF(Start!H436=\"\",\"\",Start!H436)","v":2096.64},2,{"$f":"IF(I436=\"\",\"\",LOOKUP(I436,{1,\"01\";2,\"02\";3,\"03\";4,\"04\";5,\"05\";6,\"06\";7,\"07\";8,\"08\";9,\"09\";10,\"10\";11,\"11\";12,\"12\";13,\"13\";14,\"14\";15,\"15\"}))","v":"02"},"02. Walsh Construction Company Ii Llc",800,805,{"$f":"IF(B436=\"\",\"\",VLOOKUP(M436,Sections!$A$2:$D$200,3,FALSE))","v":"Traffic Control Devices And Lighting"},{"$f":"IF(B436=\"\",\"\",VLOOKUP(M436,Sections!$A$2:$D$200,4,FALSE))","v":"Traffic Signals"}]
[{"$f":"IF(Start!A437=\"\",\"\",Start!A437)","v":""},{"$f":"IF(Start!B437=\"\",\"\",Start!B437)","v":"805-78485"},{"$f":"IF(Start!C437=\"\",\"\",Start!C437)","v":"SIGNAL CABLE, 5C 14GA."},{"$f":"IF(Start!D437=\"\",\"\",Start!D437)","v":538},{"$f":"IF(Start!E437=\"\",\"\",Start!E437)","v":0},{"$f":"IF(Start!F437=\"\",\"\",Start!F437)","v":"L.F."},{"$f":"IF(Start!G437=\"\",\"\",Start!G437)","v":1.2000000000000002},{"$f":"IF(Start!H437=\"\",\"\",Start!H437)","v":645.6},2,{"$f":"IF(I437=\"\",\"\",LOOKUP(I437,{1,\"01\";2,\"02\";3,\"03\";4,\"04\";5,\"05\";6,\"06\";7,\"07\";8,\"08\";9,\"09\";10,\"10\";11,\"11\";12,\"12\";13,\"13\";14,\"14\";15,\"15\"}))","v":"02"},"02. Walsh Construction Company Ii Llc",800,805,{"$f":"IF(B437=\"\",\"\",VLOOKUP(M437,Sections!$A$2:$D$200,3,FALSE))","v":"Traffic Control Devices And Lighting"},{"$f":"IF(B437=\"\",\"\",VLOOKUP(M437,Sections!$A$2:$D$200,4,FALSE))","v":"Traffic Signals"}]
[{"$f":"IF(Start!A438=\"\",\"\",Start!A438)","v":""},{"$f":"IF(Start!B438=\"\",\"\",Start!B438)","v":"805-78490"},{"$f":"IF(Start!C438=\"\",\"\",Start!C438)","v":"SIGNAL CABLE, 7C 14GA."},{"$f":"IF(Start!D438=\"\",\"\",Start!D438)","v":2486},{"$f":"IF(Start!E438=\"\",\"\",Start!E438)","v":0},{"$f":"IF(Start!F438=\"\",\"\",Start!F438)","v":"L.F."},{"$f":"IF(Start!G438=\"\",\"\",Start!G438)","v":1.6},{"$f":"IF(Start!H438=\"\",\"\",Start!H438)","v":3977.6000000000004},2,{"$f":"IF(I438=\"\",\"\",LOOKUP(I438,{1,\"01\";2,\"02\";3,\"03\";4,\"04\";5,\"05\";6,\"06\";7,\"07\";8,\"08\";9,\"09\";10,\"10\";11,\"11\";12,\"12\";13,\"13\";14,\"14\";15,\"15\"}))","v":"02"},"02. Walsh Construction Company Ii Llc",800,805,{"$f":"IF(B438=\"\",\"\",VLOOKUP(M438,Sections!$A$2:$D$200,3,FALSE))","v":"Traffic Control Devices And Lighting"},{"$f":"IF(B438=\"\",\"\",VLOOKUP(M438,Sections!$A$2:$D$200,4,FALSE))","v":"Traffic Signals"}]
[{"$f":"IF(Start!A439=\"\",\"\",Start!A439)","v":""},{"$f":"IF(Start!B439=\"\",\"\",Start!B439)","v":"805-78510"},{"$f":"IF(Start!C439=\"\",\"\",Start!C439)","v":"SIGNAL CABLE, 2C 16GA., SHIELDED"},{"$f":"IF(Start!D439=\"\",\"\",Start!D439)","v":7814},{"$f":"IF(Start!E439=\"\",\"\",Start!E439)","v":0},{"$f":"IF(Start!F439=\"\",\"\",Start!F439)","v":"L.F."},{"$f":"IF(Start!G439=\"\",\"\",Start!G439)","v":0.8},{"$f":"IF(Start!H439=\"\",\"\",Start!H439)","v":6251.2000000000007},2,{"$f":"IF(I439=\"\",\"\",LOOKUP(I439,{1,\"01\";2,\"02\";3,\"03\";4,\"04\";5,\"05\";6,\"06\";7,\"07\";8,\"08\";9,\"09\";10,\"10\";11,\"11\";12,\"12\";13,\"13\";14,\"14\";15,\"15\"}))","v":"02"},"02. Walsh Construction Company Ii Llc",800,805,{"$f":"IF(B439=\"\",\"\",VLOOKUP(M439,Sections!$A$2:$D$200,3,FALSE))","v":"Traffic Control Devices And Lighting"},{"$f":"IF(B439=\"\",\"\",VLOOKUP(M439,Sections!$A$2:$D$200,4,FALSE))","v":"Traffic Signals"}]
[{"$f":"IF(Start!A440=\"\",\"\",Start!A440)","v":""},{"$f":"IF(Start!B440=\"\",\"\",Start!B440)","v":"805-78785"},{"$f":"IF(Start!C440=\"\",\"\",Start!C440)","v":"SIGNAL DETECTOR HOUSING"},{"$f":"IF(Start!D440=\"\",\"\",Start!D440)","v":17},{"$f":"IF(Start!E440=\"\",\"\",Start!E440)","v":0},{"$f":"IF(Start!F440=\"\",\"\",Start!F440)","v":"EACH"},{"$f":"IF(Start!G440=\"\",\"\",Start!G440)","v":410},{"$f":"IF(Start!H440=\"\",\"\",Start!H440)","v":6970},2,{"$f":"IF(I440=\"\",\"\",LOOKUP(I440,{1,\"01\";2,\"02\";3,\"03\";4,\"04\";5,\"05\";6,\"06\";7,\"07\";8,\"08\";9,\"09\";10,\"10\";11,\"11\";12,\"12\";13,\"13\";14,\"14\";15,\"15\"}))","v":"02"},"02. Walsh Construction Company Ii Llc",800,805,{"$f":"IF(B440=\"\",\"\",VLOOKUP(M440,Sections!$A$2:$D$200,3,FALSE))","v":"Traffic Control Devices And Lighting"},{"$f":"IF(B440=\"\",\"\",VLOOKUP(M440,Sections!$A$2:$D$200,4,FALSE))","v":"Traffic Signals"}]
[{"$f":"IF(Start!A441=\"\",\"\",Start!A441)","v":""},{"$f":"IF(Start!B441=\"\",\"\",Start!B441)","v":"805-78795"},{"$f":"IF(Start!C441=\"\",\"\",Start!C441)","v":"SAW CUT FOR ROADWAY LOOP AND SEALER"},{"$f":"IF(Start!D441=\"\",\"\",Start!D441)","v":2336},{"$f":"IF(Start!E441=\"\",\"\",Start!E441)","v":0},{"$f":"IF(Start!F441=\"\",\"\",Start!F441)","v":"L.F."},{"$f":"IF(Start!G441=\"\",\"\",Start!G441)","v":8},{"$f":"IF(Start!H441=\"\",\"\",Start!H441)","v":18688},2,{"$f":"IF(I441=\"\",\"\",LOOKUP(I441,{1,\"01\";2,\"02\";3,\"03\";4,\"04\";5,\"05\";6,\"06\";7,\"07\";8,\"08\";9,\"09\";10,\"10\";11,\"11\";12,\"12\";13,\"13\";14,\"14\";15,\"15\"}))","v":"02"},"02. Walsh Construction Company Ii Llc",800,805,{"$f":"IF(B441=\"\",\"\",VLOOKUP(M441,Sections!$A$2:$D$200,3,FALSE))","v":"Traffic Control Devices And Lighting"},{"$f":"IF(B441=\"\",\"\",VLOOKUP(M441,Sections!$A$2:$D$200,4,FALSE))","v":"Traffic Signals"}]
[{"$f":"IF(Start!A442=\"\",\"\",Start!A442)","v":""},{"$f":"IF(Start!B442=\"\",\"\",Start!B442)","v":"805-78925"},{"$f":"IF(Start!C442=\"\",\"\",Start!C442)","v":"CONTROLLER CABINET FOUNDATION, P1"},{"$f":"IF(Start!D442=\"\",\"\",Start!D442)","v":1},{"$f":"IF(Start!E442=\"\",\"\",Start!E442)","v":0},{"$f":"IF(Start!F442=\"\",\"\",Start!F442)","v":"EACH"},{"$f":"IF(Start!G442=\"\",\"\",Start!G442)","v":710},{"$f":"IF(Start!H442=\"\",\"\",Start!H442)","v":710},2,{"$f":"IF(I442=\"\",\"\",LOOKUP(I442,{1,\"01\";2,\"02\";3,\"03\";4,\"04\";5,\"05\";6,\"06\";7,\"07\";8,\"08\";9,\"09\";10,\"10\";11,\"11\";12,\"12\";13,\"13\";14,\"14\";15,\"15\"}))","v":"02"},"02. Walsh Construction Company Ii Llc",800,805,{"$f":"IF(B442=\"\",\"\",VLOOKUP(M442,Sections!$A$2:$D$200,3,FALSE))","v":"Traffic Control Devices And Lighting"},{"$f":"IF(B442=\"\",\"\",VLOOKUP(M442,Sections!$A$2:$D$200,4,FALSE))","v":"Traffic Signals"}]
[{"$f":"IF(Start!A443=\"\",\"\",Start!A443)","v":""},{"$f":"IF(Start!B443=\"\",\"\",Start!B443)","v":"805-81060"},{"$f":"IF(Start!C443=\"\",\"\",Start!C443)","v":"SIGNAL STRAIN POLE, STEEL, 36 FT."},{"$f":"IF(Start!D443=\"\",\"\",Start!D443)","v":10},{"$f":"IF(Start!E443=\"\",\"\",Start!E443)","v":0},{"$f":"IF(Start!F443=\"\",\"\",Start!F443)","v":"EACH"},{"$f":"IF(Start!G443=\"\",\"\",Start!G443)","v":5210},{"$f":"IF(Start!H443=\"\",\"\",Start!H443)","v":52100},2,{"$f":"IF(I443=\"\",\"\",LOOKUP(I443,{1,\"01\";2,\"02\";3,\"03\";4,\"04\";5,\"05\";6,\"06\";7,\"07\";8,\"08\";9,\"09\";10,\"10\";11,\"11\";12,\"12\";13,\"13\";14,\"14\";15,\"15\"}))","v":"02"},"02. Walsh Construction Company Ii Llc",800,805,{"$f":"IF(B443=\"\",\"\",VLOOKUP(M443,Sections!$A$2:$D$200,3,FALSE))","v":"Traffic Control Devices And Lighting"},{"$f":"IF(B443=\"\",\"\",VLOOKUP(M443,Sections!$A$2:$D$200,4,FALSE))","v":"Traffic Signals"}]
[{"$f":"IF(Start!A444=\"\",\"\",Start!A444)","v":""},{"$f":"IF(Start!B444=\"\",\"\",Start!B444)","v":"805-86890"},{"$f":"IF(Start!C444=\"\",\"\",Start!C444)","v":"POLE CIRCUIT CABLE, 1C NO. 10 THW OR TW STRAN"},{"$f":"IF(Start!D444=\"\",\"\",Start!D444)","v":840},{"$f":"IF(Start!E444=\"\",\"\",Start!E444)","v":0},{"$f":"IF(Start!F444=\"\",\"\",Start!F444)","v":"L.F."},{"$f":"IF(Start!G444=\"\",\"\",Start!G444)","v":0.88},{"$f":"IF(Start!H444=\"\",\"\",Start!H444)","v":739.2},2,{"$f":"IF(I444=\"\",\"\",LOOKUP(I444,{1,\"01\";2,\"02\";3,\"03\";4,\"04\";5,\"05\";6,\"06\";7,\"07\";8,\"08\";9,\"09\";10,\"10\";11,\"11\";12,\"12\";13,\"13\";14,\"14\";15,\"15\"}))","v":"02"},"02. Walsh Construction Company Ii Llc",800,805,{"$f":"IF(B444=\"\",\"\",VLOOKUP(M444,Sections!$A$2:$D$200,3,FALSE))","v":"Traffic Control Devices And Lighting"},{"$f":"IF(B444=\"\",\"\",VLOOKUP(M444,Sections!$A$2:$D$200,4,FALSE))","v":"Traffic Signals"}]
[{"$f":"IF(Start!A445=\"\",\"\",Start!A445)","v":""},{"$f":"IF(Start!B445=\"\",\"\",Start!B445)","v":"805-92504"},{"$f":"IF(Start!C445=\"\",\"\",Start!C445)","v":"LOOP DETECTOR DELAY AMPLIFIER, 2 CHANNEL"},{"$f":"IF(Start!D445=\"\",\"\",Start!D445)","v":10},{"$f":"IF(Start!E445=\"\",\"\",Start!E445)","v":0},{"$f":"IF(Start!F445=\"\",\"\",Start!F445)","v":"EACH"},{"$f":"IF(Start!G445=\"\",\"\",Start!G445)","v":298},{"$f":"IF(Start!H445=\"\",\"\",Start!H445)","v":2980},2,{"$f":"IF(I445=\"\",\"\",LOOKUP(I445,{1,\"01\";2,\"02\";3,\"03\";4,\"04\";5,\"05\";6,\"06\";7,\"07\";8,\"08\";9,\"09\";10,\"10\";11,\"11\";12,\"12\";13,\"13\";14,\"14\";15,\"15\"}))","v":"02"},"02. Walsh Construction Company Ii Llc",800,805,{"$f":"IF(B445=\"\",\"\",VLOOKUP(M445,Sections!$A$2:$D$200,3,FALSE))","v":"Traffic Control Devices And Lighting"},{"$f":"IF(B445=\"\",\"\",VLOOKUP(M445,Sections!$A$2:$D$200,4,FALSE))","v":"Traffic Signals"}]
[{"$f":"IF(Start!A446=\"\",\"\",Start!A446)","v":""},{"$f":"IF(Start!B446=\"\",\"\",Start!B446)","v":"807-02191"},{"$f":"IF(Start!C446=\"\",\"\",Start!C446)","v":"HANDHOLE, LIGHTING"},{"$f":"IF(Start!D446=\"\",\"\",Start!D446)","v":3},{"$f":"IF(Start!E446=\"\",\"\",Start!E446)","v":0},{"$f":"IF(Start!F446=\"\",\"\",Start!F446)","v":"EACH"},{"$f":"IF(Start!G446=\"\",\"\",Start!G446)","v":700},{"$f":"IF(Start!H446=\"\",\"\",Start!H446)","v":2100},2,{"$f":"IF(I446=\"\",\"\",LOOKUP(I446,{1,\"01\";2,\"02\";3,\"03\";4,\"04\";5,\"05\";6,\"06\";7,\"07\";8,\"08\";9,\"09\";10,\"10\";11,\"11\";12,\"12\";13,\"13\";14,\"14\";15,\"15\"}))","v":"02"},"02. Walsh Construction Company Ii Llc",800,807,{"$f":"IF(B446=\"\",\"\",VLOOKUP(M446,Sections!$A$2:$D$200,3,FALSE))","v":"Traffic Control Devices And Lighting"},{"$f":"IF(B446=\"\",\"\",VLOOKUP(M446,Sections!$A$2:$D$200,4,FALSE))","v":"Highway Illumination"}]
[{"$f":"IF(Start!A447=\"\",\"\",Start!A447)","v":""},{"$f":"IF(Start!B447=\"\",\"\",Start!B447)","v":"807-02193"},{"$f":"IF(Start!C447=\"\",\"\",Start!C447)","v":"LIGHT STANDARD FOUNDATION, 3 FT. DIA. X 8 FT."},{"$f":"IF(Start!D447=\"\",\"\",Start!D447)","v":8},{"$f":"IF(Start!E447=\"\",\"\",Start!E447)","v":0},{"$f":"IF(Start!F447=\"\",\"\",Start!F447)","v":"EACH"},{"$f":"IF(Start!G447=\"\",\"\",Start!G447)","v":800},{"$f":"IF(Start!H447=\"\",\"\",Start!H447)","v":6400},2,{"$f":"IF(I447=\"\",\"\",LOOKUP(I447,{1,\"01\";2,\"02\";3,\"03\";4,\"04\";5,\"05\";6,\"06\";7,\"07\";8,\"08\";9,\"09\";10,\"10\";11,\"11\";12,\"12\";13,\"13\";14,\"14\";15,\"15\"}))","v":"02"},"02. Walsh Construction Company Ii Llc",800,807,{"$f":"IF(B447=\"\",\"\",VLOOKUP(M447,Sections!$A$2:$D$200,3,FALSE))","v":"Traffic Control Devices And Lighting"},{"$f":"IF(B447=\"\",\"\",VLOOKUP(M447,Sections!$A$2:$D$200,4,FALSE))","v":"Highway Illumination"}]
[{"$f":"IF(Start!A448=\"\",\"\",Start!A448)","v":""},{"$f":"IF(Start!B448=\"\",\"\",Start!B448)","v":"807-02426"},{"$f":"IF(Start!C448=\"\",\"\",Start!C448)","v":"WIRE, THW, NO. 4 COPPER, IN PLASTIC"},{"$f":"IF(Start!D448=\"\",\"\",Start!D448)","v":535},{"$f":"IF(Start!E448=\"\",\"\",Start!E448)","v":0},{"$f":"IF(Start!F448=\"\",\"\",Start!F448)","v":"L.F."},{"$f":"IF(Start!G448=\"\",\"\",Start!G448)","v":8.77},{"$f":"IF(Start!H448=\"\",\"\",Start!H448)","v":4691.95},2,{"$f":"IF(I448=\"\",\"\",LOOKUP(I448,{1,\"01\";2,\"02\";3,\"03\";4,\"04\";5,\"05\";6,\"06\";7,\"07\";8,\"08\";9,\"09\";10,\"10\";11,\"11\";12,\"12\";13,\"13\";14,\"14\";15,\"15\"}))","v":"02"},"02. Walsh Construction Company Ii Llc",800,807,{"$f":"IF(B448=\"\",\"\",VLOOKUP(M448,Sections!$A$2:$D$200,3,FALSE))","v":"Traffic Control Devices And Lighting"},{"$f":"IF(B448=\"\",\"\",VLOOKUP(M448,Sections!$A$2:$D$200,4,FALSE))","v":"Highway Illumination"}]
[{"$f":"IF(Start!A449=\"\",\"\",Start!A449)","v":""},{"$f":"IF(Start!B449=\"\",\"\",Start!B449)","v":"807-03051"},{"$f":"IF(Start!C449=\"\",\"\",Start!C449)","v":"LIGHT CABLE, 1C/10"},{"$f":"IF(Start!D449=\"\",\"\",Start!D449)","v":960},{"$f":"IF(Start!E449=\"\",\"\",Start!E449)","v":0},{"$f":"IF(Start!F449=\"\",\"\",Start!F449)","v":"L.F."},{"$f":"IF(Start!G449=\"\",\"\",Start!G449)","v":1},{"$f":"IF(Start!H449=\"\",\"\",Start!H449)","v":960},2,{"$f":"IF(I449=\"\",\"\",LOOKUP(I449,{1,\"01\";2,\"02\";3,\"03\";4,\"04\";5,\"05\";6,\"06\";7,\"07\";8,\"08\";9,\"09\";10,\"10\";11,\"11\";12,\"12\";13,\"13\";14,\"14\";15,\"15\"}))","v":"02"},"02. Walsh Construction Company Ii Llc",800,807,{"$f":"IF(B449=\"\",\"\",VLOOKUP(M449,Sections!$A$2:$D$200,3,FALSE))","v":"Traffic Control Devices And Lighting"},{"$f":"IF(B449=\"\",\"\",VLOOKUP(M449,Sections!$A$2:$D$200,4,FALSE))","v":"Highway Illumination"}]
[{"$f":"IF(Start!A450=\"\",\"\",Start!A450)","v":""},{"$f":"IF(Start!B450=\"\",\"\",Start!B450)","v":"807-07580"},{"$f":"IF(Start!C450=\"\",\"\",Start!C450)","v":"WIRE, NO.4, COPPER, IN PLASTIC DUCT, IN TRENC"},{"$f":"IF(Start!D450=\"\",\"\",Start!D450)","v":2990},{"$f":"IF(Start!E450=\"\",\"\",Start!E450)","v":0},{"$f":"IF(Start!F450=\"\",\"\",Start!F450)","v":"L.F."},{"$f":"IF(Start!G450=\"\",\"\",Start!G450)","v":8.77},{"$f":"IF(Start!H450=\"\",\"\",Start!H450)","v":26222.300000000003},2,{"$f":"IF(I450=\"\",\"\",LOOKUP(I450,{1,\"01\";2,\"02\";3,\"03\";4,\"04\";5,\"05\";6,\"06\";7,\"07\";8,\"08\";9,\"09\";10,\"10\";11,\"11\";12,\"12\";13,\"13\";14,\"14\";15,\"15\"}))","v":"02"},"02. Walsh Construction Company Ii Llc",800,807,{"$f":"IF(B450=\"\",\"\",VLOOKUP(M450,Sections!$A$2:$D$200,3,FALSE))","v":"Traffic Control Devices And Lighting"},{"$f":"IF(B450=\"\",\"\",VLOOKUP(M450,Sections!$A$2:$D$200,4,FALSE))","v":"Highway Illumination"}]
[{"$f":"IF(Start!A451=\"\",\"\",Start!A451)","v":""},{"$f":"IF(Start!B451=\"\",\"\",Start!B451)","v":"807-82052"},{"$f":"IF(Start!C451=\"\",\"\",Start!C451)","v":"UNDERPASS CIRCUIT INSTALLATION, 2 LUMINAIRES"},{"$f":"IF(Start!D451=\"\",\"\",Start!D451)","v":2},{"$f":"IF(Start!E451=\"\",\"\",Start!E451)","v":0},{"$f":"IF(Start!F451=\"\",\"\",Start!F451)","v":"EACH"},{"$f":"IF(Start!G451=\"\",\"\",Start!G451)","v":542},{"$f":"IF(Start!H451=\"\",\"\",Start!H451)","v":1084},{"$f":"IF(AND(A451=\"\",B451=\"\",C451=\"\"),\"\",IF(AND(A451<>\"\",B451=\"\",G451=0,H451=0),D451,I450))","v":2},{"$f":"IF(I451=\"\",\"\",LOOKUP(I451,{1,\"01\";2,\"02\";3,\"03\";4,\"04\";5,\"05\";6,\"06\";7,\"07\";8,\"08\";9,\"09\";10,\"10\";11,\"11\";12,\"12\";13,\"13\";14,\"14\";15,\"15\"}))","v":"02"},{"$f":"IF(AND(A451<>\"\",B451=\"\"),J451&\". \"&PROPER(C451),IF(AND(A451=\"\",B451<>\"\"),PROPER(K450),\"\"))","v":"02. Walsh Construction Company Ii Llc"},{"$f":"IF(B451=\"\",\"\",LEFT(B451,1)*100)","v":800},{"$f":"IF(B451=\"\",\"\",LEFT(B451,3)*1)","v":807},{"$f":"IF(B451=\"\",\"\",VLOOKUP(M451,Sections!$A$2:$D$200,3,FALSE))","v":"Traffic Control Devices And Lighting"},{"$f":"IF(B451=\"\",\"\",VLOOKUP(M451,Sections!$A$2:$D$200,4,FALSE))","v":"Highway Illumination"}]
[{"$f":"IF(Start!A452=\"\",\"\",Start!A452)","v":""},{"$f":"IF(Start!B452=\"\",\"\",Start!B452)","v":"807-85752"},{"$f":"IF(Start!C452=\"\",\"\",Start!C452)","v":"LIGHT POLE, 40 FT. E.M.H., 10.0 FT. MAST ARM,"},{"$f":"IF(Start!D452=\"\",\"\",Start!D452)","v":8},{"$f":"IF(Start!E452=\"\",\"\",Start!E452)","v":0},{"$f":"IF(Start!F452=\"\",\"\",Start!F452)","v":"EACH"},{"$f":"IF(Start!G452=\"\",\"\",Start!G452)","v":1425},{"$f":"IF(Start!H452=\"\",\"\",Start!H452)","v":11400},2,{"$f":"IF(I452=\"\",\"\",LOOKUP(I452,{1,\"01\";2,\"02\";3,\"03\";4,\"04\";5,\"05\";6,\"06\";7,\"07\";8,\"08\";9,\"09\";10,\"10\";11,\"11\";12,\"12\";13,\"13\";14,\"14\";15,\"15\"}))","v":"02"},"02. Walsh Construction Company Ii Llc",800,807,{"$f":"IF(B452=\"\",\"\",VLOOKUP(M452,Sections!$A$2:$D$200,3,FALSE))","v":"Traffic Control Devices And Lighting"},{"$f":"IF(B452=\"\",\"\",VLOOKUP(M452,Sections!$A$2:$D$200,4,FALSE))","v":"Highway Illumination"}]
[{"$f":"IF(Start!A453=\"\",\"\",Start!A453)","v":""},{"$f":"IF(Start!B453=\"\",\"\",Start!B453)","v":"807-86620"},{"$f":"IF(Start!C453=\"\",\"\",Start!C453)","v":"LUMINAIRE, ROADWAY, HIGH PRESSURE SODIUM, 400"},{"$f":"IF(Start!D453=\"\",\"\",Start!D453)","v":8},{"$f":"IF(Start!E453=\"\",\"\",Start!E453)","v":0},{"$f":"IF(Start!F453=\"\",\"\",Start!F453)","v":"EACH"},{"$f":"IF(Start!G453=\"\",\"\",Start!G453)","v":300},{"$f":"IF(Start!H453=\"\",\"\",Start!H453)","v":2400},2,{"$f":"IF(I453=\"\",\"\",LOOKUP(I453,{1,\"01\";2,\"02\";3,\"03\";4,\"04\";5,\"05\";6,\"06\";7,\"07\";8,\"08\";9,\"09\";10,\"10\";11,\"11\";12,\"12\";13,\"13\";14,\"14\";15,\"15\"}))","v":"02"},"02. Walsh Construction Company Ii Llc",800,807,{"$f":"IF(B453=\"\",\"\",VLOOKUP(M453,Sections!$A$2:$D$200,3,FALSE))","v":"Traffic Control Devices And Lighting"},{"$f":"IF(B453=\"\",\"\",VLOOKUP(M453,Sections!$A$2:$D$200,4,FALSE))","v":"Highway Illumination"}]
[{"$f":"IF(Start!A454=\"\",\"\",Start!A454)","v":""},{"$f":"IF(Start!B454=\"\",\"\",Start!B454)","v":"807-86750"},{"$f":"IF(Start!C454=\"\",\"\",Start!C454)","v":"LUMINAIRE UNDERPASS, WALL MOUNTED, HIGH PRESS"},{"$f":"IF(Start!D454=\"\",\"\",Start!D454)","v":4},{"$f":"IF(Start!E454=\"\",\"\",Start!E454)","v":0},{"$f":"IF(Start!F454=\"\",\"\",Start!F454)","v":"EACH"},{"$f":"IF(Start!G454=\"\",\"\",Start!G454)","v":845},{"$f":"IF(Start!H454=\"\",\"\",Start!H454)","v":3380},2,{"$f":"IF(I454=\"\",\"\",LOOKUP(I454,{1,\"01\";2,\"02\";3,\"03\";4,\"04\";5,\"05\";6,\"06\";7,\"07\";8,\"08\";9,\"09\";10,\"10\";11,\"11\";12,\"12\";13,\"13\";14,\"14\";15,\"15\"}))","v":"02"},"02. Walsh Construction Company Ii Llc",800,807,{"$f":"IF(B454=\"\",\"\",VLOOKUP(M454,Sections!$A$2:$D$200,3,FALSE))","v":"Traffic Control Devices And Lighting"},{"$f":"IF(B454=\"\",\"\",VLOOKUP(M454,Sections!$A$2:$D$200,4,FALSE))","v":"Highway Illumination"}]
[{"$f":"IF(Start!A455=\"\",\"\",Start!A455)","v":""},{"$f":"IF(Start!B455=\"\",\"\",Start!B455)","v":"807-86910"},{"$f":"IF(Start!C455=\"\",\"\",Start!C455)","v":"CONNECTOR KIT, UNFUSED"},{"$f":"IF(Start!D455=\"\",\"\",Start!D455)","v":8},{"$f":"IF(Start!E455=\"\",\"\",Start!E455)","v":0},{"$f":"IF(Start!F455=\"\",\"\",Start!F455)","v":"EACH"},{"$f":"IF(Start!G455=\"\",\"\",Start!G455)","v":19},{"$f":"IF(Start!H455=\"\",\"\",Start!H455)","v":152},2,{"$f":"IF(I455=\"\",\"\",LOOKUP(I455,{1,\"01\";2,\"02\";3,\"03\";4,\"04\";5,\"05\";6,\"06\";7,\"07\";8,\"08\";9,\"09\";10,\"10\";11,\"11\";12,\"12\";13,\"13\";14,\"14\";15,\"15\"}))","v":"02"},"02. Walsh Construction Company Ii Llc",800,807,{"$f":"IF(B455=\"\",\"\",VLOOKUP(M455,Sections!$A$2:$D$200,3,FALSE))","v":"Traffic Control Devices And Lighting"},{"$f":"IF(B455=\"\",\"\",VLOOKUP(M455,Sections!$A$2:$D$200,4,FALSE))","v":"Highway Illumination"}]
[{"$f":"IF(Start!A456=\"\",\"\",Start!A456)","v":""},{"$f":"IF(Start!B456=\"\",\"\",Start!B456)","v":"807-86915"},{"$f":"IF(Start!C456=\"\",\"\",Start!C456)","v":"CONNECTOR KIT, FUSED"},{"$f":"IF(Start!D456=\"\",\"\",Start!D456)","v":8},{"$f":"IF(Start!E456=\"\",\"\",Start!E456)","v":0},{"$f":"IF(Start!F456=\"\",\"\",Start!F456)","v":"EACH"},{"$f":"IF(Start!G456=\"\",\"\",Start!G456)","v":20},{"$f":"IF(Start!H456=\"\",\"\",Start!H456)","v":160},2,{"$f":"IF(I456=\"\",\"\",LOOKUP(I456,{1,\"01\";2,\"02\";3,\"03\";4,\"04\";5,\"05\";6,\"06\";7,\"07\";8,\"08\";9,\"09\";10,\"10\";11,\"11\";12,\"12\";13,\"13\";14,\"14\";15,\"15\"}))","v":"02"},"02. Walsh Construction Company Ii Llc",800,807,{"$f":"IF(B456=\"\",\"\",VLOOKUP(M456,Sections!$A$2:$D$200,3,FALSE))","v":"Traffic Control Devices And Lighting"},{"$f":"IF(B456=\"\",\"\",VLOOKUP(M456,Sections!$A$2:$D$200,4,FALSE))","v":"Highway Illumination"}]
[{"$f":"IF(Start!A457=\"\",\"\",Start!A457)","v":""},{"$f":"IF(Start!B457=\"\",\"\",Start!B457)","v":"807-86920"},{"$f":"IF(Start!C457=\"\",\"\",Start!C457)","v":"MULTIPLE COMPRESSION FITTING, NOT WATERPROOFE"},{"$f":"IF(Start!D457=\"\",\"\",Start!D457)","v":18},{"$f":"IF(Start!E457=\"\",\"\",Start!E457)","v":0},{"$f":"IF(Start!F457=\"\",\"\",Start!F457)","v":"EACH"},{"$f":"IF(Start!G457=\"\",\"\",Start!G457)","v":17},{"$f":"IF(Start!H457=\"\",\"\",Start!H457)","v":306},2,{"$f":"IF(I457=\"\",\"\",LOOKUP(I457,{1,\"01\";2,\"02\";3,\"03\";4,\"04\";5,\"05\";6,\"06\";7,\"07\";8,\"08\";9,\"09\";10,\"10\";11,\"11\";12,\"12\";13,\"13\";14,\"14\";15,\"15\"}))","v":"02"},"02. Walsh Construction Company Ii Llc",800,807,{"$f":"IF(B457=\"\",\"\",VLOOKUP(M457,Sections!$A$2:$D$200,3,FALSE))","v":"Traffic Control Devices And Lighting"},{"$f":"IF(B457=\"\",\"\",VLOOKUP(M457,Sections!$A$2:$D$200,4,FALSE))","v":"Highway Illumination"}]
[{"$f":"IF(Start!A458=\"\",\"\",Start!A458)","v":""},{"$f":"IF(Start!B458=\"\",\"\",Start!B458)","v":"807-86925"},{"$f":"IF(Start!C458=\"\",\"\",Start!C458)","v":"MULTIPLE COMPRESSION FITTING, WATERPROOFED"},{"$f":"IF(Start!D458=\"\",\"\",Start!D458)","v":12},{"$f":"IF(Start!E458=\"\",\"\",Start!E458)","v":0},{"$f":"IF(Start!F458=\"\",\"\",Start!F458)","v":"EACH"},{"$f":"IF(Start!G458=\"\",\"\",Start!G458)","v":21},{"$f":"IF(Start!H458=\"\",\"\",Start!H458)","v":252},2,{"$f":"IF(I458=\"\",\"\",LOOKUP(I458,{1,\"01\";2,\"02\";3,\"03\";4,\"04\";5,\"05\";6,\"06\";7,\"07\";8,\"08\";9,\"09\";10,\"10\";11,\"11\";12,\"12\";13,\"13\";14,\"14\";15,\"15\"}))","v":"02"},"02. Walsh Construction Company Ii Llc",800,807,{"$f":"IF(B458=\"\",\"\",VLOOKUP(M458,Sections!$A$2:$D$200,3,FALSE))","v":"Traffic Control Devices And Lighting"},{"$f":"IF(B458=\"\",\"\",VLOOKUP(M458,Sections!$A$2:$D$200,4,FALSE))","v":"Highway Illumination"}]
[{"$f":"IF(Start!A459=\"\",\"\",Start!A459)","v":""},{"$f":"IF(Start!B459=\"\",\"\",Start!B459)","v":"807-86930"},{"$f":"IF(Start!C459=\"\",\"\",Start!C459)","v":"INSULATION LINK, NONWATERPROOFED"},{"$f":"IF(Start!D459=\"\",\"\",Start!D459)","v":16},{"$f":"IF(Start!E459=\"\",\"\",Start!E459)","v":0},{"$f":"IF(Start!F459=\"\",\"\",Start!F459)","v":"EACH"},{"$f":"IF(Start!G459=\"\",\"\",Start!G459)","v":17},{"$f":"IF(Start!H459=\"\",\"\",Start!H459)","v":272},2,{"$f":"IF(I459=\"\",\"\",LOOKUP(I459,{1,\"01\";2,\"02\";3,\"03\";4,\"04\";5,\"05\";6,\"06\";7,\"07\";8,\"08\";9,\"09\";10,\"10\";11,\"11\";12,\"12\";13,\"13\";14,\"14\";15,\"15\"}))","v":"02"},"02. Walsh Construction Company Ii Llc",800,807,{"$f":"IF(B459=\"\",\"\",VLOOKUP(M459,Sections!$A$2:$D$200,3,FALSE))","v":"Traffic Control Devices And Lighting"},{"$f":"IF(B459=\"\",\"\",VLOOKUP(M459,Sections!$A$2:$D$200,4,FALSE))","v":"Highway Illumination"}]
[{"$f":"IF(Start!A460=\"\",\"\",Start!A460)","v":""},{"$f":"IF(Start!B460=\"\",\"\",Start!B460)","v":"807-86935"},{"$f":"IF(Start!C460=\"\",\"\",Start!C460)","v":"INSULATION LINK, WATERPROOFED"},{"$f":"IF(Start!D460=\"\",\"\",Start!D460)","v":12},{"$f":"IF(Start!E460=\"\",\"\",Start!E460)","v":0},{"$f":"IF(Start!F460=\"\",\"\",Start!F460)","v":"EACH"},{"$f":"IF(Start!G460=\"\",\"\",Start!G460)","v":21},{"$f":"IF(Start!H460=\"\",\"\",Start!H460)","v":252},2,{"$f":"IF(I460=\"\",\"\",LOOKUP(I460,{1,\"01\";2,\"02\";3,\"03\";4,\"04\";5,\"05\";6,\"06\";7,\"07\";8,\"08\";9,\"09\";10,\"10\";11,\"11\";12,\"12\";13,\"13\";14,\"14\";15,\"15\"}))","v":"02"},"02. Walsh Construction Company Ii Llc",800,807,{"$f":"IF(B460=\"\",\"\",VLOOKUP(M460,Sections!$A$2:$D$200,3,FALSE))","v":"Traffic Control Devices And Lighting"},{"$f":"IF(B460=\"\",\"\",VLOOKUP(M460,Sections!$A$2:$D$200,4,FALSE))","v":"Highway Illumination"}]
[{"$f":"IF(Start!A461=\"\",\"\",Start!A461)","v":""},{"$f":"IF(Start!B461=\"\",\"\",Start!B461)","v":"807-86955"},{"$f":"IF(Start!C461=\"\",\"\",Start!C461)","v":"CABLE DUCT MARKER"},{"$f":"IF(Start!D461=\"\",\"\",Start!D461)","v":11},{"$f":"IF(Start!E461=\"\",\"\",Start!E461)","v":0},{"$f":"IF(Start!F461=\"\",\"\",Start!F461)","v":"EACH"},{"$f":"IF(Start!G461=\"\",\"\",Start!G461)","v":70},{"$f":"IF(Start!H461=\"\",\"\",Start!H461)","v":770},2,{"$f":"IF(I461=\"\",\"\",LOOKUP(I461,{1,\"01\";2,\"02\";3,\"03\";4,\"04\";5,\"05\";6,\"06\";7,\"07\";8,\"08\";9,\"09\";10,\"10\";11,\"11\";12,\"12\";13,\"13\";14,\"14\";15,\"15\"}))","v":"02"},"02. Walsh Construction Company Ii Llc",800,807,{"$f":"IF(B461=\"\",\"\",VLOOKUP(M461,Sections!$A$2:$D$200,3,FALSE))","v":"Traffic Control Devices And Lighting"},{"$f":"IF(B461=\"\",\"\",VLOOKUP(M461,Sections!$A$2:$D$200,4,FALSE))","v":"Highway Illumination"}]
[{"$f":"IF(Start!A462=\"\",\"\",Start!A462)","v":""},{"$f":"IF(Start!B462=\"\",\"\",Start!B462)","v":"808-06703"},{"$f":"IF(Start!C462=\"\",\"\",Start!C462)","v":"LINE, THERMOPLASTIC, SOLID, WHITE, 4 IN."},{"$f":"IF(Start!D462=\"\",\"\",Start!D462)","v":2771},{"$f":"IF(Start!E462=\"\",\"\",Start!E462)","v":0},{"$f":"IF(Start!F462=\"\",\"\",Start!F462)","v":"L.F."},{"$f":"IF(Start!G462=\"\",\"\",Start!G462)","v":0.35000000000000003},{"$f":"IF(Start!H462=\"\",\"\",Start!H462)","v":969.85},2,{"$f":"IF(I462=\"\",\"\",LOOKUP(I462,{1,\"01\";2,\"02\";3,\"03\";4,\"04\";5,\"05\";6,\"06\";7,\"07\";8,\"08\";9,\"09\";10,\"10\";11,\"11\";12,\"12\";13,\"13\";14,\"14\";15,\"15\"}))","v":"02"},"02. Walsh Construction Company Ii Llc",800,808,{"$f":"IF(B462=\"\",\"\",VLOOKUP(M462,Sections!$A$2:$D$200,3,FALSE))","v":"Traffic Control Devices And Lighting"},{"$f":"IF(B462=\"\",\"\",VLOOKUP(M462,Sections!$A$2:$D$200,4,FALSE))","v":"Pavement Traffic Markings"}]
[{"$f":"IF(Start!A463=\"\",\"\",Start!A463)","v":""},{"$f":"IF(Start!B463=\"\",\"\",Start!B463)","v":"808-06716"},{"$f":"IF(Start!C463=\"\",\"\",Start!C463)","v":"LINE, REMOVE"},{"$f":"IF(Start!D463=\"\",\"\",Start!D463)","v":3615},{"$f":"IF(Start!E463=\"\",\"\",Start!E463)","v":0},{"$f":"IF(Start!F463=\"\",\"\",Start!F463)","v":"L.F."},{"$f":"IF(Start!G463=\"\",\"\",Start!G463)","v":0.35000000000000003},{"$f":"IF(Start!H463=\"\",\"\",Start!H463)","v":1265.25},2,{"$f":"IF(I463=\"\",\"\",LOOKUP(I463,{1,\"01\";2,\"02\";3,\"03\";4,\"04\";5,\"05\";6,\"06\";7,\"07\";8,\"08\";9,\"09\";10,\"10\";11,\"11\";12,\"12\";13,\"13\";14,\"14\";15,\"15\"}))","v":"02"},"02. Walsh Construction Company Ii Llc",800,808,{"$f":"IF(B463=\"\",\"\",VLOOKUP(M463,Sections!$A$2:$D$200,3,FALSE))","v":"Traffic Control Devices And Lighting"},{"$f":"IF(B463=\"\",\"\",VLOOKUP(M463,Sections!$A$2:$D$200,4,FALSE))","v":"Pavement Traffic Markings"}]
[{"$f":"IF(Start!A464=\"\",\"\",Start!A464)","v":""},{"$f":"IF(Start!B464=\"\",\"\",Start!B464)","v":"808-09381"},{"$f":"IF(Start!C464=\"\",\"\",Start!C464)","v":"RETRO-REFLECTIVITY TEST"},{"$f":"IF(Start!D464=\"\",\"\",Start!D464)","v":1},{"$f":"IF(Start!E464=\"\",\"\",Start!E464)","v":0},{"$f":"IF(Start!F464=\"\",\"\",Start!F464)","v":"L.S."},{"$f":"IF(Start!G464=\"\",\"\",Start!G464)","v":800},{"$f":"IF(Start!H464=\"\",\"\",Start!H464)","v":800},2,{"$f":"IF(I464=\"\",\"\",LOOKUP(I464,{1,\"01\";2,\"02\";3,\"03\";4,\"04\";5,\"05\";6,\"06\";7,\"07\";8,\"08\";9,\"09\";10,\"10\";11,\"11\";12,\"12\";13,\"13\";14,\"14\";15,\"15\"}))","v":"02"},"02. Walsh Construction Company Ii Llc",800,808,{"$f":"IF(B464=\"\",\"\",VLOOKUP(M464,Sections!$A$2:$D$200,3,FALSE))","v":"Traffic Control Devices And Lighting"},{"$f":"IF(B464=\"\",\"\",VLOOKUP(M464,Sections!$A$2:$D$200,4,FALSE))","v":"Pavement Traffic Markings"}]
[{"$f":"IF(Start!A465=\"\",\"\",Start!A465)","v":""},{"$f":"IF(Start!B465=\"\",\"\",Start!B465)","v":"808-10031"},{"$f":"IF(Start!C465=\"\",\"\",Start!C465)","v":"LINE, MULTI-COMP, BROKEN, WHITE, 4 IN"},{"$f":"IF(Start!D465=\"\",\"\",Start!D465)","v":2630},{"$f":"IF(Start!E465=\"\",\"\",Start!E465)","v":0},{"$f":"IF(Start!F465=\"\",\"\",Start!F465)","v":"L.F."},{"$f":"IF(Start!G465=\"\",\"\",Start!G465)","v":0.25},{"$f":"IF(Start!H465=\"\",\"\",Start!H465)","v":657.5},2,{"$f":"IF(I465=\"\",\"\",LOOKUP(I465,{1,\"01\";2,\"02\";3,\"03\";4,\"04\";5,\"05\";6,\"06\";7,\"07\";8,\"08\";9,\"09\";10,\"10\";11,\"11\";12,\"12\";13,\"13\";14,\"14\";15,\"15\"}))","v":"02"},"02. Walsh Construction Company Ii Llc",800,808,{"$f":"IF(B465=\"\",\"\",VLOOKUP(M465,Sections!$A$2:$D$200,3,FALSE))","v":"Traffic Control Devices And Lighting"},{"$f":"IF(B465=\"\",\"\",VLOOKUP(M465,Sections!$A$2:$D$200,4,FALSE))","v":"Pavement Traffic Markings"}]
[{"$f":"IF(Start!A466=\"\",\"\",Start!A466)","v":""},{"$f":"IF(Start!B466=\"\",\"\",Start!B466)","v":"808-10033"},{"$f":"IF(Start!C466=\"\",\"\",Start!C466)","v":"LINE, MULTI-COMP, SOLID, WHITE, 4 IN"},{"$f":"IF(Start!D466=\"\",\"\",Start!D466)","v":29503},{"$f":"IF(Start!E466=\"\",\"\",Start!E466)","v":0},{"$f":"IF(Start!F466=\"\",\"\",Start!F466)","v":"L.F."},{"$f":"IF(Start!G466=\"\",\"\",Start!G466)","v":0.25},{"$f":"IF(Start!H466=\"\",\"\",Start!H466)","v":7375.75},2,{"$f":"IF(I466=\"\",\"\",LOOKUP(I466,{1,\"01\";2,\"02\";3,\"03\";4,\"04\";5,\"05\";6,\"06\";7,\"07\";8,\"08\";9,\"09\";10,\"10\";11,\"11\";12,\"12\";13,\"13\";14,\"14\";15,\"15\"}))","v":"02"},"02. Walsh Construction Company Ii Llc",800,808,{"$f":"IF(B466=\"\",\"\",VLOOKUP(M466,Sections!$A$2:$D$200,3,FALSE))","v":"Traffic Control Devices And Lighting"},{"$f":"IF(B466=\"\",\"\",VLOOKUP(M466,Sections!$A$2:$D$200,4,FALSE))","v":"Pavement Traffic Markings"}]
[{"$f":"IF(Start!A467=\"\",\"\",Start!A467)","v":""},{"$f":"IF(Start!B467=\"\",\"\",Start!B467)","v":"808-10034"},{"$f":"IF(Start!C467=\"\",\"\",Start!C467)","v":"LINE, MULTI-COMP, SOLID, YELLOW, 4 IN"},{"$f":"IF(Start!D467=\"\",\"\",Start!D467)","v":13980},{"$f":"IF(Start!E467=\"\",\"\",Start!E467)","v":0},{"$f":"IF(Start!F467=\"\",\"\",Start!F467)","v":"L.F."},{"$f":"IF(Start!G467=\"\",\"\",Start!G467)","v":0.25},{"$f":"IF(Start!H467=\"\",\"\",Start!H467)","v":3495},2,{"$f":"IF(I467=\"\",\"\",LOOKUP(I467,{1,\"01\";2,\"02\";3,\"03\";4,\"04\";5,\"05\";6,\"06\";7,\"07\";8,\"08\";9,\"09\";10,\"10\";11,\"11\";12,\"12\";13,\"13\";14,\"14\";15,\"15\"}))","v":"02"},"02. Walsh Construction Company Ii Llc",800,808,{"$f":"IF(B467=\"\",\"\",VLOOKUP(M467,Sections!$A$2:$D$200,3,FALSE))","v":"Traffic Control Devices And Lighting"},{"$f":"IF(B467=\"\",\"\",VLOOKUP(M467,Sections!$A$2:$D$200,4,FALSE))","v":"Pavement Traffic Markings"}]
[{"$f":"IF(Start!A468=\"\",\"\",Start!A468)","v":""},{"$f":"IF(Start!B468=\"\",\"\",Start!B468)","v":"808-10036"},{"$f":"IF(Start!C468=\"\",\"\",Start!C468)","v":"LINE, MULTI-COMP, BROKEN, YELLOW, 4 IN"},{"$f":"IF(Start!D468=\"\",\"\",Start!D468)","v":300},{"$f":"IF(Start!E468=\"\",\"\",Start!E468)","v":0},{"$f":"IF(Start!F468=\"\",\"\",Start!F468)","v":"L.F."},{"$f":"IF(Start!G468=\"\",\"\",Start!G468)","v":0.25},{"$f":"IF(Start!H468=\"\",\"\",Start!H468)","v":75},2,{"$f":"IF(I468=\"\",\"\",LOOKUP(I468,{1,\"01\";2,\"02\";3,\"03\";4,\"04\";5,\"05\";6,\"06\";7,\"07\";8,\"08\";9,\"09\";10,\"10\";11,\"11\";12,\"12\";13,\"13\";14,\"14\";15,\"15\"}))","v":"02"},"02. Walsh Construction Company Ii Llc",800,808,{"$f":"IF(B468=\"\",\"\",VLOOKUP(M468,Sections!$A$2:$D$200,3,FALSE))","v":"Traffic Control Devices And Lighting"},{"$f":"IF(B468=\"\",\"\",VLOOKUP(M468,Sections!$A$2:$D$200,4,FALSE))","v":"Pavement Traffic Markings"}]
[{"$f":"IF(Start!A469=\"\",\"\",Start!A469)","v":""},{"$f":"IF(Start!B469=\"\",\"\",Start!B469)","v":"808-10037"},{"$f":"IF(Start!C469=\"\",\"\",Start!C469)","v":"LINE, MULTI-COMP, SOLID, WHITE, 8 IN"},{"$f":"IF(Start!D469=\"\",\"\",Start!D469)","v":1838},{"$f":"IF(Start!E469=\"\",\"\",Start!E469)","v":0},{"$f":"IF(Start!F469=\"\",\"\",Start!F469)","v":"L.F."},{"$f":"IF(Start!G469=\"\",\"\",Start!G469)","v":0.5},{"$f":"IF(Start!H469=\"\",\"\",Start!H469)","v":919},2,{"$f":"IF(I469=\"\",\"\",LOOKUP(I469,{1,\"01\";2,\"02\";3,\"03\";4,\"04\";5,\"05\";6,\"06\";7,\"07\";8,\"08\";9,\"09\";10,\"10\";11,\"11\";12,\"12\";13,\"13\";14,\"14\";15,\"15\"}))","v":"02"},"02. Walsh Construction Company Ii Llc",800,808,{"$f":"IF(B469=\"\",\"\",VLOOKUP(M469,Sections!$A$2:$D$200,3,FALSE))","v":"Traffic Control Devices And Lighting"},{"$f":"IF(B469=\"\",\"\",VLOOKUP(M469,Sections!$A$2:$D$200,4,FALSE))","v":"Pavement Traffic Markings"}]
[{"$f":"IF(Start!A470=\"\",\"\",Start!A470)","v":""},{"$f":"IF(Start!B470=\"\",\"\",Start!B470)","v":"808-10038"},{"$f":"IF(Start!C470=\"\",\"\",Start!C470)","v":"TRANSVERSE MKGS MULTI-COMP SOLID WHITE,"},{"$f":"IF(Start!D470=\"\",\"\",Start!D470)","v":999},{"$f":"IF(Start!E470=\"\",\"\",Start!E470)","v":0},{"$f":"IF(Start!F470=\"\",\"\",Start!F470)","v":"L.F."},{"$f":"IF(Start!G470=\"\",\"\",Start!G470)","v":8},{"$f":"IF(Start!H470=\"\",\"\",Start!H470)","v":7992},2,{"$f":"IF(I470=\"\",\"\",LOOKUP(I470,{1,\"01\";2,\"02\";3,\"03\";4,\"04\";5,\"05\";6,\"06\";7,\"07\";8,\"08\";9,\"09\";10,\"10\";11,\"11\";12,\"12\";13,\"13\";14,\"14\";15,\"15\"}))","v":"02"},"02. Walsh Construction Company Ii Llc",800,808,{"$f":"IF(B470=\"\",\"\",VLOOKUP(M470,Sections!$A$2:$D$200,3,FALSE))","v":"Traffic Control Devices And Lighting"},{"$f":"IF(B470=\"\",\"\",VLOOKUP(M470,Sections!$A$2:$D$200,4,FALSE))","v":"Pavement Traffic Markings"}]
[{"$f":"IF(Start!A471=\"\",\"\",Start!A471)","v":""},{"$f":"IF(Start!B471=\"\",\"\",Start!B471)","v":"808-10042"},{"$f":"IF(Start!C471=\"\",\"\",Start!C471)","v":"TRANSVERSE MKG MULTI-COMP SOLID YELLOW"},{"$f":"IF(Start!D471=\"\",\"\",Start!D471)","v":210},{"$f":"IF(Start!E471=\"\",\"\",Start!E471)","v":0},{"$f":"IF(Start!F471=\"\",\"\",Start!F471)","v":"L.F."},{"$f":"IF(Start!G471=\"\",\"\",Start!G471)","v":4},{"$f":"IF(Start!H471=\"\",\"\",Start!H471)","v":840},2,{"$f":"IF(I471=\"\",\"\",LOOKUP(I471,{1,\"01\";2,\"02\";3,\"03\";4,\"04\";5,\"05\";6,\"06\";7,\"07\";8,\"08\";9,\"09\";10,\"10\";11,\"11\";12,\"12\";13,\"13\";14,\"14\";15,\"15\"}))","v":"02"},"02. Walsh Construction Company Ii Llc",800,808,{"$f":"IF(B471=\"\",\"\",VLOOKUP(M471,Sections!$A$2:$D$200,3,FALSE))","v":"Traffic Control Devices And Lighting"},{"$f":"IF(B471=\"\",\"\",VLOOKUP(M471,Sections!$A$2:$D$200,4,FALSE))","v":"Pavement Traffic Markings"}]
[{"$f":"IF(Start!A472=\"\",\"\",Start!A472)","v":""},{"$f":"IF(Start!B472=\"\",\"\",Start!B472)","v":"808-10051"},{"$f":"IF(Start!C472=\"\",\"\",Start!C472)","v":"TRANSVERSE MKG MULTI-COMP, STOP LINE,"},{"$f":"IF(Start!D472=\"\",\"\",Start!D472)","v":354},{"$f":"IF(Start!E472=\"\",\"\",Start!E472)","v":0},{"$f":"IF(Start!F472=\"\",\"\",Start!F472)","v":"L.F."},{"$f":"IF(Start!G472=\"\",\"\",Start!G472)","v":8},{"$f":"IF(Start!H472=\"\",\"\",Start!H472)","v":2832},2,{"$f":"IF(I472=\"\",\"\",LOOKUP(I472,{1,\"01\";2,\"02\";3,\"03\";4,\"04\";5,\"05\";6,\"06\";7,\"07\";8,\"08\";9,\"09\";10,\"10\";11,\"11\";12,\"12\";13,\"13\";14,\"14\";15,\"15\"}))","v":"02"},"02. Walsh Construction Company Ii Llc",800,808,{"$f":"IF(B472=\"\",\"\",VLOOKUP(M472,Sections!$A$2:$D$200,3,FALSE))","v":"Traffic Control Devices And Lighting"},{"$f":"IF(B472=\"\",\"\",VLOOKUP(M472,Sections!$A$2:$D$200,4,FALSE))","v":"Pavement Traffic Markings"}]
[{"$f":"IF(Start!A473=\"\",\"\",Start!A473)","v":""},{"$f":"IF(Start!B473=\"\",\"\",Start!B473)","v":"808-10058"},{"$f":"IF(Start!C473=\"\",\"\",Start!C473)","v":"LINE, MULTI-COMP, SOLID, YELLOW, 8 IN"},{"$f":"IF(Start!D473=\"\",\"\",Start!D473)","v":4078},{"$f":"IF(Start!E473=\"\",\"\",Start!E473)","v":0},{"$f":"IF(Start!F473=\"\",\"\",Start!F473)","v":"L.F."},{"$f":"IF(Start!G473=\"\",\"\",Start!G473)","v":0.5},{"$f":"IF(Start!H473=\"\",\"\",Start!H473)","v":2039},2,{"$f":"IF(I473=\"\",\"\",LOOKUP(I473,{1,\"01\";2,\"02\";3,\"03\";4,\"04\";5,\"05\";6,\"06\";7,\"07\";8,\"08\";9,\"09\";10,\"10\";11,\"11\";12,\"12\";13,\"13\";14,\"14\";15,\"15\"}))","v":"02"},"02. Walsh Construction Company Ii Llc",800,808,{"$f":"IF(B473=\"\",\"\",VLOOKUP(M473,Sections!$A$2:$D$200,3,FALSE))","v":"Traffic Control Devices And Lighting"},{"$f":"IF(B473=\"\",\"\",VLOOKUP(M473,Sections!$A$2:$D$200,4,FALSE))","v":"Pavement Traffic Markings"}]
[{"$f":"IF(Start!A474=\"\",\"\",Start!A474)","v":""},{"$f":"IF(Start!B474=\"\",\"\",Start!B474)","v":"808-10078"},{"$f":"IF(Start!C474=\"\",\"\",Start!C474)","v":"LINE MULTI-COMP DOTTED, WHITE, 4 IN, 24"},{"$f":"IF(Start!D474=\"\",\"\",Start!D474)","v":130},{"$f":"IF(Start!E474=\"\",\"\",Start!E474)","v":0},{"$f":"IF(Start!F474=\"\",\"\",Start!F474)","v":"L.F."},{"$f":"IF(Start!G474=\"\",\"\",Start!G474)","v":4},{"$f":"IF(Start!H474=\"\",\"\",Start!H474)","v":520},2,{"$f":"IF(I474=\"\",\"\",LOOKUP(I474,{1,\"01\";2,\"02\";3,\"03\";4,\"04\";5,\"05\";6,\"06\";7,\"07\";8,\"08\";9,\"09\";10,\"10\";11,\"11\";12,\"12\";13,\"13\";14,\"14\";15,\"15\"}))","v":"02"},"02. Walsh Construction Company Ii Llc",800,808,{"$f":"IF(B474=\"\",\"\",VLOOKUP(M474,Sections!$A$2:$D$200,3,FALSE))","v":"Traffic Control Devices And Lighting"},{"$f":"IF(B474=\"\",\"\",VLOOKUP(M474,Sections!$A$2:$D$200,4,FALSE))","v":"Pavement Traffic Markings"}]
[{"$f":"IF(Start!A475=\"\",\"\",Start!A475)","v":""},{"$f":"IF(Start!B475=\"\",\"\",Start!B475)","v":"808-10119"},{"$f":"IF(Start!C475=\"\",\"\",Start!C475)","v":"TRANSVERSE MARKING, MULTI-COMPONENT,"},{"$f":"IF(Start!D475=\"\",\"\",Start!D475)","v":477},{"$f":"IF(Start!E475=\"\",\"\",Start!E475)","v":0},{"$f":"IF(Start!F475=\"\",\"\",Start!F475)","v":"L.F."},{"$f":"IF(Start!G475=\"\",\"\",Start!G475)","v":7.88},{"$f":"IF(Start!H475=\"\",\"\",Start!H475)","v":3758.76},2,{"$f":"IF(I475=\"\",\"\",LOOKUP(I475,{1,\"01\";2,\"02\";3,\"03\";4,\"04\";5,\"05\";6,\"06\";7,\"07\";8,\"08\";9,\"09\";10,\"10\";11,\"11\";12,\"12\";13,\"13\";14,\"14\";15,\"15\"}))","v":"02"},"02. Walsh Construction Company Ii Llc",800,808,{"$f":"IF(B475=\"\",\"\",VLOOKUP(M475,Sections!$A$2:$D$200,3,FALSE))","v":"Traffic Control Devices And Lighting"},{"$f":"IF(B475=\"\",\"\",VLOOKUP(M475,Sections!$A$2:$D$200,4,FALSE))","v":"Pavement Traffic Markings"}]
[{"$f":"IF(Start!A476=\"\",\"\",Start!A476)","v":""},{"$f":"IF(Start!B476=\"\",\"\",Start!B476)","v":"808-75245"},{"$f":"IF(Start!C476=\"\",\"\",Start!C476)","v":"LINE, THERMOPLASTIC, SOLID, YELLOW, 4 IN."},{"$f":"IF(Start!D476=\"\",\"\",Start!D476)","v":3086},{"$f":"IF(Start!E476=\"\",\"\",Start!E476)","v":0},{"$f":"IF(Start!F476=\"\",\"\",Start!F476)","v":"L.F."},{"$f":"IF(Start!G476=\"\",\"\",Start!G476)","v":0.35000000000000003},{"$f":"IF(Start!H476=\"\",\"\",Start!H476)","v":1080.1000000000001},2,{"$f":"IF(I476=\"\",\"\",LOOKUP(I476,{1,\"01\";2,\"02\";3,\"03\";4,\"04\";5,\"05\";6,\"06\";7,\"07\";8,\"08\";9,\"09\";10,\"10\";11,\"11\";12,\"12\";13,\"13\";14,\"14\";15,\"15\"}))","v":"02"},"02. Walsh Construction Company Ii Llc",800,808,{"$f":"IF(B476=\"\",\"\",VLOOKUP(M476,Sections!$A$2:$D$200,3,FALSE))","v":"Traffic Control Devices And Lighting"},{"$f":"IF(B476=\"\",\"\",VLOOKUP(M476,Sections!$A$2:$D$200,4,FALSE))","v":"Pavement Traffic Markings"}]
[{"$f":"IF(Start!A477=\"\",\"\",Start!A477)","v":""},{"$f":"IF(Start!B477=\"\",\"\",Start!B477)","v":"808-75998"},{"$f":"IF(Start!C477=\"\",\"\",Start!C477)","v":"SNOWPLOWABLE RAISED PAVEMENT MARKER"},{"$f":"IF(Start!D477=\"\",\"\",Start!D477)","v":432},{"$f":"IF(Start!E477=\"\",\"\",Start!E477)","v":0},{"$f":"IF(Start!F477=\"\",\"\",Start!F477)","v":"EACH"},{"$f":"IF(Start!G477=\"\",\"\",Start!G477)","v":19.25},{"$f":"IF(Start!H477=\"\",\"\",Start!H477)","v":8316},2,{"$f":"IF(I477=\"\",\"\",LOOKUP(I477,{1,\"01\";2,\"02\";3,\"03\";4,\"04\";5,\"05\";6,\"06\";7,\"07\";8,\"08\";9,\"09\";10,\"10\";11,\"11\";12,\"12\";13,\"13\";14,\"14\";15,\"15\"}))","v":"02"},"02. Walsh Construction Company Ii Llc",800,808,{"$f":"IF(B477=\"\",\"\",VLOOKUP(M477,Sections!$A$2:$D$200,3,FALSE))","v":"Traffic Control Devices And Lighting"},{"$f":"IF(B477=\"\",\"\",VLOOKUP(M477,Sections!$A$2:$D$200,4,FALSE))","v":"Pavement Traffic Markings"}]
[{"$f":"IF(Start!A478=\"\",\"\",Start!A478)","v":""},{"$f":"IF(Start!B478=\"\",\"\",Start!B478)","v":"202-01405"},{"$f":"IF(Start!C478=\"\",\"\",Start!C478)","v":"CONTAMINATED SOIL, REMOVE AND DISPOSE"},{"$f":"IF(Start!D478=\"\",\"\",Start!D478)","v":20},{"$f":"IF(Start!E478=\"\",\"\",Start!E478)","v":0},{"$f":"IF(Start!F478=\"\",\"\",Start!F478)","v":"C.Y."},{"$f":"IF(Start!G478=\"\",\"\",Start!G478)","v":240.49},{"$f":"IF(Start!H478=\"\",\"\",Start!H478)","v":4809.8},2,{"$f":"IF(I478=\"\",\"\",LOOKUP(I478,{1,\"01\";2,\"02\";3,\"03\";4,\"04\";5,\"05\";6,\"06\";7,\"07\";8,\"08\";9,\"09\";10,\"10\";11,\"11\";12,\"12\";13,\"13\";14,\"14\";15,\"15\"}))","v":"02"},"02. Walsh Construction Company Ii Llc",200,202,{"$f":"IF(B478=\"\",\"\",VLOOKUP(M478,Sections!$A$2:$D$200,3,FALSE))","v":"Earthwork"},{"$f":"IF(B478=\"\",\"\",VLOOKUP(M478,Sections!$A$2:$D$200,4,FALSE))","v":"Removal Of Structures And Obstructions"}]
[{"$f":"IF(Start!A479=\"\",\"\",Start!A479)","v":""},{"$f":"IF(Start!B479=\"\",\"\",Start!B479)","v":"406-05520"},{"$f":"IF(Start!C479=\"\",\"\",Start!C479)","v":"ASPHALT MATERIAL FOR TACK COAT"},{"$f":"IF(Start!D479=\"\",\"\",Start!D479)","v":6},{"$f":"IF(Start!E479=\"\",\"\",Start!E479)","v":0},{"$f":"IF(Start!F479=\"\",\"\",Start!F479)","v":"TON"},{"$f":"IF(Start!G479=\"\",\"\",Start!G479)","v":600},{"$f":"IF(Start!H479=\"\",\"\",Start!H479)","v":3600},2,{"$f":"IF(I479=\"\",\"\",LOOKUP(I479,{1,\"01\";2,\"02\";3,\"03\";4,\"04\";5,\"05\";6,\"06\";7,\"07\";8,\"08\";9,\"09\";10,\"10\";11,\"11\";12,\"12\";13,\"13\";14,\"14\";15,\"15\"}))","v":"02"},"02. Walsh Construction Company Ii Llc",400,406,{"$f":"IF(B479=\"\",\"\",VLOOKUP(M479,Sections!$A$2:$D$200,3,FALSE))","v":"Asphalt Pavements"},{"$f":"IF(B479=\"\",\"\",VLOOKUP(M479,Sections!$A$2:$D$200,4,FALSE))","v":"Tack Coat"}]
[{"$f":"IF(Start!A480=\"\",\"\",Start!A480)","v":""},{"$f":"IF(Start!B480=\"\",\"\",Start!B480)","v":"805-01815"},{"$f":"IF(Start!C480=\"\",\"\",Start!C480)","v":"SIGNAL SUPPORT FOUNDATION, 3 FT. X 12 FT."},{"$f":"IF(Start!D480=\"\",\"\",Start!D480)","v":10},{"$f":"IF(Start!E480=\"\",\"\",Start!E480)","v":0},{"$f":"IF(Start!F480=\"\",\"\",Start!F480)","v":"EACH"},{"$f":"IF(Start!G480=\"\",\"\",Start!G480)","v":2010},{"$f":"IF(Start!H480=\"\",\"\",Start!H480)","v":20100},2,{"$f":"IF(I480=\"\",\"\",LOOKUP(I480,{1,\"01\";2,\"02\";3,\"03\";4,\"04\";5,\"05\";6,\"06\";7,\"07\";8,\"08\";9,\"09\";10,\"10\";11,\"11\";12,\"12\";13,\"13\";14,\"14\";15,\"15\"}))","v":"02"},"02. Walsh Construction Company Ii Llc",800,805,{"$f":"IF(B480=\"\",\"\",VLOOKUP(M480,Sections!$A$2:$D$200,3,FALSE))","v":"Traffic Control Devices And Lighting"},{"$f":"IF(B480=\"\",\"\",VLOOKUP(M480,Sections!$A$2:$D$200,4,FALSE))","v":"Traffic Signals"}]
[{"$f":"IF(Start!A481=\"\",\"\",Start!A481)","v":""},{"$f":"IF(Start!B481=\"\",\"\",Start!B481)","v":"808-10066"},{"$f":"IF(Start!C481=\"\",\"\",Start!C481)","v":"PAVEMENT MESSAGE MARKINGS,"},{"$f":"IF(Start!D481=\"\",\"\",Start!D481)","v":5},{"$f":"IF(Start!E481=\"\",\"\",Start!E481)","v":0},{"$f":"IF(Start!F481=\"\",\"\",Start!F481)","v":"EACH"},{"$f":"IF(Start!G481=\"\",\"\",Start!G481)","v":98},{"$f":"IF(Start!H481=\"\",\"\",Start!H481)","v":490},2,{"$f":"IF(I481=\"\",\"\",LOOKUP(I481,{1,\"01\";2,\"02\";3,\"03\";4,\"04\";5,\"05\";6,\"06\";7,\"07\";8,\"08\";9,\"09\";10,\"10\";11,\"11\";12,\"12\";13,\"13\";14,\"14\";15,\"15\"}))","v":"02"},"02. Walsh Construction Company Ii Llc",800,808,{"$f":"IF(B481=\"\",\"\",VLOOKUP(M481,Sections!$A$2:$D$200,3,FALSE))","v":"Traffic Control Devices And Lighting"},{"$f":"IF(B481=\"\",\"\",VLOOKUP(M481,Sections!$A$2:$D$200,4,FALSE))","v":"Pavement Traffic Markings"}]
[{"$f":"IF(Start!A482=\"\",\"\",Start!A482)","v":""},{"$f":"IF(Start!B482=\"\",\"\",Start!B482)","v":"808-10077"},{"$f":"IF(Start!C482=\"\",\"\",Start!C482)","v":"PAVEMENT MESSAGE MARKINGS,"},{"$f":"IF(Start!D482=\"\",\"\",Start!D482)","v":51},{"$f":"IF(Start!E482=\"\",\"\",Start!E482)","v":0},{"$f":"IF(Start!F482=\"\",\"\",Start!F482)","v":"EACH"},{"$f":"IF(Start!G482=\"\",\"\",Start!G482)","v":80},{"$f":"IF(Start!H482=\"\",\"\",Start!H482)","v":4080},2,{"$f":"IF(I482=\"\",\"\",LOOKUP(I482,{1,\"01\";2,\"02\";3,\"03\";4,\"04\";5,\"05\";6,\"06\";7,\"07\";8,\"08\";9,\"09\";10,\"10\";11,\"11\";12,\"12\";13,\"13\";14,\"14\";15,\"15\"}))","v":"02"},"02. Walsh Construction Company Ii Llc",800,808,{"$f":"IF(B482=\"\",\"\",VLOOKUP(M482,Sections!$A$2:$D$200,3,FALSE))","v":"Traffic Control Devices And Lighting"},{"$f":"IF(B482=\"\",\"\",VLOOKUP(M482,Sections!$A$2:$D$200,4,FALSE))","v":"Pavement Traffic Markings"}]
[{"$f":"IF(Start!A483=\"\",\"\",Start!A483)","v":""},{"$f":"IF(Start!B483=\"\",\"\",Start!B483)","v":"808-10052"},{"$f":"IF(Start!C483=\"\",\"\",Start!C483)","v":"PAVEMENT MESSAGE MKG, MULTI-COMP, (ONLY"},{"$f":"IF(Start!D483=\"\",\"\",Start!D483)","v":20},{"$f":"IF(Start!E483=\"\",\"\",Start!E483)","v":0},{"$f":"IF(Start!F483=\"\",\"\",Start!F483)","v":"EACH"},{"$f":"IF(Start!G483=\"\",\"\",Start!G483)","v":99},{"$f":"IF(Start!H483=\"\",\"\",Start!H483)","v":1980},2,{"$f":"IF(I483=\"\",\"\",LOOKUP(I483,{1,\"01\";2,\"02\";3,\"03\";4,\"04\";5,\"05\";6,\"06\";7,\"07\";8,\"08\";9,\"09\";10,\"10\";11,\"11\";12,\"12\";13,\"13\";14,\"14\";15,\"15\"}))","v":"02"},"02. Walsh Construction Company Ii Llc",800,808,{"$f":"IF(B483=\"\",\"\",VLOOKUP(M483,Sections!$A$2:$D$200,3,FALSE))","v":"Traffic Control Devices And Lighting"},{"$f":"IF(B483=\"\",\"\",VLOOKUP(M483,Sections!$A$2:$D$200,4,FALSE))","v":"Pavement Traffic Markings"}]
[{"$f":"IF(Start!A484=\"\",\"\",Start!A484)","v":""},{"$f":"IF(Start!B484=\"\",\"\",Start!B484)","v":"808-75996"},{"$f":"IF(Start!C484=\"\",\"\",Start!C484)","v":"SNOWPLOWABLE RAISED PAVEMENT MARKER, REMOVE"},{"$f":"IF(Start!D484=\"\",\"\",Start!D484)","v":200},{"$f":"IF(Start!E484=\"\",\"\",Start!E484)","v":0},{"$f":"IF(Start!F484=\"\",\"\",Start!F484)","v":"EACH"},{"$f":"IF(Start!G484=\"\",\"\",Start!G484)","v":4.25},{"$f":"IF(Start!H484=\"\",\"\",Start!H484)","v":850},2,{"$f":"IF(I484=\"\",\"\",LOOKUP(I484,{1,\"01\";2,\"02\";3,\"03\";4,\"04\";5,\"05\";6,\"06\";7,\"07\";8,\"08\";9,\"09\";10,\"10\";11,\"11\";12,\"12\";13,\"13\";14,\"14\";15,\"15\"}))","v":"02"},"02. Walsh Construction Company Ii Llc",800,808,{"$f":"IF(B484=\"\",\"\",VLOOKUP(M484,Sections!$A$2:$D$200,3,FALSE))","v":"Traffic Control Devices And Lighting"},{"$f":"IF(B484=\"\",\"\",VLOOKUP(M484,Sections!$A$2:$D$200,4,FALSE))","v":"Pavement Traffic Markings"}]
[{"$f":"IF(Start!A485=\"\",\"\",Start!A485)","v":""},{"$f":"IF(Start!B485=\"\",\"\",Start!B485)","v":"801-07023"},{"$f":"IF(Start!C485=\"\",\"\",Start!C485)","v":"ENERGY ABSORBIBG TERMINAL, CZ, TL-2"},{"$f":"IF(Start!D485=\"\",\"\",Start!D485)","v":5},{"$f":"IF(Start!E485=\"\",\"\",Start!E485)","v":0},{"$f":"IF(Start!F485=\"\",\"\",Start!F485)","v":"EACH"},{"$f":"IF(Start!G485=\"\",\"\",Start!G485)","v":5500},{"$f":"IF(Start!H485=\"\",\"\",Start!H485)","v":27500},2,{"$f":"IF(I485=\"\",\"\",LOOKUP(I485,{1,\"01\";2,\"02\";3,\"03\";4,\"04\";5,\"05\";6,\"06\";7,\"07\";8,\"08\";9,\"09\";10,\"10\";11,\"11\";12,\"12\";13,\"13\";14,\"14\";15,\"15\"}))","v":"02"},"02. Walsh Construction Company Ii Llc",800,801,{"$f":"IF(B485=\"\",\"\",VLOOKUP(M485,Sections!$A$2:$D$200,3,FALSE))","v":"Traffic Control Devices And Lighting"},{"$f":"IF(B485=\"\",\"\",VLOOKUP(M485,Sections!$A$2:$D$200,4,FALSE))","v":"Traffic Controls For Construction And Maintenance Operations"}]
[{"$f":"IF(Start!A486=\"\",\"\",Start!A486)","v":""},{"$f":"IF(Start!B486=\"\",\"\",Start!B486)","v":"720-45140"},{"$f":"IF(Start!C486=\"\",\"\",Start!C486)","v":"INLET, G7, MODIFIED"},{"$f":"IF(Start!D486=\"\",\"\",Start!D486)","v":1},{"$f":"IF(Start!E486=\"\",\"\",Start!E486)","v":0},{"$f":"IF(Start!F486=\"\",\"\",Start!F486)","v":"EACH"},{"$f":"IF(Start!G486=\"\",\"\",Start!G486)","v":2401.09},{"$f":"IF(Start!H486=\"\",\"\",Start!H486)","v":2401.09},2,{"$f":"IF(I486=\"\",\"\",LOOKUP(I486,{1,\"01\";2,\"02\";3,\"03\";4,\"04\";5,\"05\";6,\"06\";7,\"07\";8,\"08\";9,\"09\";10,\"10\";11,\"11\";12,\"12\";13,\"13\";14,\"14\";15,\"15\"}))","v":"02"},"02. Walsh Construction Company Ii Llc",700,720,{"$f":"IF(B486=\"\",\"\",VLOOKUP(M486,Sections!$A$2:$D$200,3,FALSE))","v":"Structures"},{"$f":"IF(B486=\"\",\"\",VLOOKUP(M486,Sections!$A$2:$D$200,4,FALSE))","v":"Manholes, Inlets, And Catch Basins"}]
[{"$f":"IF(Start!A487=\"\",\"\",Start!A487)","v":""},{"$f":"IF(Start!B487=\"\",\"\",Start!B487)","v":"202-92222"},{"$f":"IF(Start!C487=\"\",\"\",Start!C487)","v":"TESTING FOR CONTAMINATED MATERIALS, TPH (SOIL"},{"$f":"IF(Start!D487=\"\",\"\",Start!D487)","v":5},{"$f":"IF(Start!E487=\"\",\"\",Start!E487)","v":0},{"$f":"IF(Start!F487=\"\",\"\",Start!F487)","v":"EACH"},{"$f":"IF(Start!G487=\"\",\"\",Start!G487)","v":500},{"$f":"IF(Start!H487=\"\",\"\",Start!H487)","v":2500},2,{"$f":"IF(I487=\"\",\"\",LOOKUP(I487,{1,\"01\";2,\"02\";3,\"03\";4,\"04\";5,\"05\";6,\"06\";7,\"07\";8,\"08\";9,\"09\";10,\"10\";11,\"11\";12,\"12\";13,\"13\";14,\"14\";15,\"15\"}))","v":"02"},"02. Walsh Construction Company Ii Llc",200,202,{"$f":"IF(B487=\"\",\"\",VLOOKUP(M487,Sections!$A$2:$D$200,3,FALSE))","v":"Earthwork"},{"$f":"IF(B487=\"\",\"\",VLOOKUP(M487,Sections!$A$2:$D$200,4,FALSE))","v":"Removal Of Structures And Obstructions"}]
[{"$f":"IF(Start!A488=\"\",\"\",Start!A488)","v":""},{"$f":"IF(Start!B488=\"\",\"\",Start!B488)","v":"807-01603"},{"$f":"IF(Start!C488=\"\",\"\",Start!C488)","v":"SERVICE POINT, TYPE II"},{"$f":"IF(Start!D488=\"\",\"\",Start!D488)","v":2},{"$f":"IF(Start!E488=\"\",\"\",Start!E488)","v":0},{"$f":"IF(Start!F488=\"\",\"\",Start!F488)","v":"EACH"},{"$f":"IF(Start!G488=\"\",\"\",Start!G488)","v":3200},{"$f":"IF(Start!H488=\"\",\"\",Start!H488)","v":6400},2,{"$f":"IF(I488=\"\",\"\",LOOKUP(I488,{1,\"01\";2,\"02\";3,\"03\";4,\"04\";5,\"05\";6,\"06\";7,\"07\";8,\"08\";9,\"09\";10,\"10\";11,\"11\";12,\"12\";13,\"13\";14,\"14\";15,\"15\"}))","v":"02"},"02. Walsh Construction Company Ii Llc",800,807,{"$f":"IF(B488=\"\",\"\",VLOOKUP(M488,Sections!$A$2:$D$200,3,FALSE))","v":"Traffic Control Devices And Lighting"},{"$f":"IF(B488=\"\",\"\",VLOOKUP(M488,Sections!$A$2:$D$200,4,FALSE))","v":"Highway Illumination"}]
[{"$f":"IF(Start!A489=\"\",\"\",Start!A489)","v":""},{"$f":"IF(Start!B489=\"\",\"\",Start!B489)","v":"202-95579"},{"$f":"IF(Start!C489=\"\",\"\",Start!C489)","v":"SERVICE POINT, REMOVE"},{"$f":"IF(Start!D489=\"\",\"\",Start!D489)","v":2},{"$f":"IF(Start!E489=\"\",\"\",Start!E489)","v":0},{"$f":"IF(Start!F489=\"\",\"\",Start!F489)","v":"EACH"},{"$f":"IF(Start!G489=\"\",\"\",Start!G489)","v":150},{"$f":"IF(Start!H489=\"\",\"\",Start!H489)","v":300},2,{"$f":"IF(I489=\"\",\"\",LOOKUP(I489,{1,\"01\";2,\"02\";3,\"03\";4,\"04\";5,\"05\";6,\"06\";7,\"07\";8,\"08\";9,\"09\";10,\"10\";11,\"11\";12,\"12\";13,\"13\";14,\"14\";15,\"15\"}))","v":"02"},"02. Walsh Construction Company Ii Llc",200,202,{"$f":"IF(B489=\"\",\"\",VLOOKUP(M489,Sections!$A$2:$D$200,3,FALSE))","v":"Earthwork"},{"$f":"IF(B489=\"\",\"\",VLOOKUP(M489,Sections!$A$2:$D$200,4,FALSE))","v":"Removal Of Structures And Obstructions"}]
[{"$f":"IF(Start!A490=\"\",\"\",Start!A490)","v":""},{"$f":"IF(Start!B490=\"\",\"\",Start!B490)","v":"621-06553"},{"$f":"IF(Start!C490=\"\",\"\",Start!C490)","v":"SEED MIXTURE, R"},{"$f":"IF(Start!D490=\"\",\"\",Start!D490)","v":2000},{"$f":"IF(Start!E490=\"\",\"\",Start!E490)","v":0},{"$f":"IF(Start!F490=\"\",\"\",Start!F490)","v":"LBS"},{"$f":"IF(Start!G490=\"\",\"\",Start!G490)","v":3.4000000000000004},{"$f":"IF(Start!H490=\"\",\"\",Start!H490)","v":6800},2,{"$f":"IF(I490=\"\",\"\",LOOKUP(I490,{1,\"01\";2,\"02\";3,\"03\";4,\"04\";5,\"05\";6,\"06\";7,\"07\";8,\"08\";9,\"09\";10,\"10\";11,\"11\";12,\"12\";13,\"13\";14,\"14\";15,\"15\"}))","v":"02"},"02. Walsh Construction Company Ii Llc",600,621,{"$f":"IF(B490=\"\",\"\",VLOOKUP(M490,Sections!$A$2:$D$200,3,FALSE))","v":"Incidental Construction"},{"$f":"IF(B490=\"\",\"\",VLOOKUP(M490,Sections!$A$2:$D$200,4,FALSE))","v":"Seeding And Sodding"}]
[{"$f":"IF(Start!A491=\"\",\"\",Start!A491)","v":""},{"$f":"IF(Start!B491=\"\",\"\",Start!B491)","v":"801-06625"},{"$f":"IF(Start!C491=\"\",\"\",Start!C491)","v":"DETOUR ROUTE MARKER ASSEMBLY"},{"$f":"IF(Start!D491=\"\",\"\",Start!D491)","v":15},{"$f":"IF(Start!E491=\"\",\"\",Start!E491)","v":0},{"$f":"IF(Start!F491=\"\",\"\",Start!F491)","v":"EACH"},{"$f":"IF(Start!G491=\"\",\"\",Start!G491)","v":80},{"$f":"IF(Start!H491=\"\",\"\",Start!H491)","v":1200},2,{"$f":"IF(I491=\"\",\"\",LOOKUP(I491,{1,\"01\";2,\"02\";3,\"03\";4,\"04\";5,\"05\";6,\"06\";7,\"07\";8,\"08\";9,\"09\";10,\"10\";11,\"11\";12,\"12\";13,\"13\";14,\"14\";15,\"15\"}))","v":"02"},"02. Walsh Construction Company Ii Llc",800,801,{"$f":"IF(B491=\"\",\"\",VLOOKUP(M491,Sections!$A$2:$D$200,3,FALSE))","v":"Traffic Control Devices And Lighting"},{"$f":"IF(B491=\"\",\"\",VLOOKUP(M491,Sections!$A$2:$D$200,4,FALSE))","v":"Traffic Controls For Construction And Maintenance Operations"}]
[{"$f":"IF(Start!A492=\"\",\"\",Start!A492)","v":""},{"$f":"IF(Start!B492=\"\",\"\",Start!B492)","v":"801-06539"},{"$f":"IF(Start!C492=\"\",\"\",Start!C492)","v":"TEMPORARY TRAFFIC SIGNAL INSTALLATION, MAINTA"},{"$f":"IF(Start!D492=\"\",\"\",Start!D492)","v":1},{"$f":"IF(Start!E492=\"\",\"\",Start!E492)","v":0},{"$f":"IF(Start!F492=\"\",\"\",Start!F492)","v":"L.S."},{"$f":"IF(Start!G492=\"\",\"\",Start!G492)","v":4100},{"$f":"IF(Start!H492=\"\",\"\",Start!H492)","v":4100},2,{"$f":"IF(I492=\"\",\"\",LOOKUP(I492,{1,\"01\";2,\"02\";3,\"03\";4,\"04\";5,\"05\";6,\"06\";7,\"07\";8,\"08\";9,\"09\";10,\"10\";11,\"11\";12,\"12\";13,\"13\";14,\"14\";15,\"15\"}))","v":"02"},"02. Walsh Construction Company Ii Llc",800,801,{"$f":"IF(B492=\"\",\"\",VLOOKUP(M492,Sections!$A$2:$D$200,3,FALSE))","v":"Traffic Control Devices And Lighting"},{"$f":"IF(B492=\"\",\"\",VLOOKUP(M492,Sections!$A$2:$D$200,4,FALSE))","v":"Traffic Controls For Construction And Maintenance Operations"}]
[{"$f":"IF(Start!A493=\"\",\"\",Start!A493)","v":""},{"$f":"IF(Start!B493=\"\",\"\",Start!B493)","v":""},{"$f":"IF(Start!C493=\"\",\"\",Start!C493)","v":""},{"$f":"IF(Start!D493=\"\",\"\",Start!D493)","v":0},{"$f":"IF(Start!E493=\"\",\"\",Start!E493)","v":0},{"$f":"IF(Start!F493=\"\",\"\",Start!F493)","v":""},{"$f":"IF(Start!G493=\"\",\"\",Start!G493)","v":0},{"$f":"IF(Start!H493=\"\",\"\",Start!H493)","v":0},"",{"$f":"IF(I493=\"\",\"\",LOOKUP(I493,{1,\"01\";2,\"02\";3,\"03\";4,\"04\";5,\"05\";6,\"06\";7,\"07\";8,\"08\";9,\"09\";10,\"10\";11,\"11\";12,\"12\";13,\"13\";14,\"14\";15,\"15\"}))","v":""},"","","",{"$f":"IF(B493=\"\",\"\",VLOOKUP(M493,Sections!$A$2:$D$200,3,FALSE))","v":""},{"$f":"IF(B493=\"\",\"\",VLOOKUP(M493,Sections!$A$2:$D$200,4,FALSE))","v":""}]
[{"$f":"IF(Start!A494=\"\",\"\",Start!A494)","v":"35-1917625"},{"$f":"IF(Start!B494=\"\",\"\",Start!B494)","v":""},{"$f":"IF(Start!C494=\"\",\"\",Start!C494)","v":"MILESTONE CONTRACTORS, L.P."},{"$f":"IF(Start!D494=\"\",\"\",Start!D494)","v":3},{"$f":"IF(Start!E494=\"\",\"\",Start!E494)","v":0},{"$f":"IF(Start!F494=\"\",\"\",Start!F494)","v":""},{"$f":"IF(Start!G494=\"\",\"\",Start!G494)","v":0},{"$f":"IF(Start!H494=\"\",\"\",Start!H494)","v":0},3,{"$f":"IF(I494=\"\",\"\",LOOKUP(I494,{1,\"01\";2,\"02\";3,\"03\";4,\"04\";5,\"05\";6,\"06\";7,\"07\";8,\"08\";9,\"09\";10,\"10\";11,\"11\";12,\"12\";13,\"13\";14,\"14\";15,\"15\"}))","v":"03"},"03. Milestone Contractors, L.P.","","",{"$f":"IF(B494=\"\",\"\",VLOOKUP(M494,Sections!$A$2:$D$200,3,FALSE))","v":""},{"$f":"IF(B494=\"\",\"\",VLOOKUP(M494,Sections!$A$2:$D$200,4,FALSE))","v":""}]
[{"$f":"IF(Start!A495=\"\",\"\",Start!A495)","v":""},{"$f":"IF(Start!B495=\"\",\"\",Start!B495)","v":"105-06845"},{"$f":"IF(Start!C495=\"\",\"\",Start!C495)","v":"CONSTRUCTION ENGINEERING"},{"$f":"IF(Start!D495=\"\",\"\",Start!D495)","v":1},{"$f":"IF(Start!E495=\"\",\"\",Start!E495)","v":0},{"$f":"IF(Start!F495=\"\",\"\",Start!F495)","v":"L.S."},{"$f":"IF(Start!G495=\"\",\"\",Start!G495)","v":70000},{"$f":"IF(Start!H495=\"\",\"\",Start!H495)","v":70000},3,{"$f":"IF(I495=\"\",\"\",LOOKUP(I495,{1,\"01\";2,\"02\";3,\"03\";4,\"04\";5,\"05\";6,\"06\";7,\"07\";8,\"08\";9,\"09\";10,\"10\";11,\"11\";12,\"12\";13,\"13\";14,\"14\";15,\"15\"}))","v":"03"},"03. Milestone Contractors, L.P.",100,105,{"$f":"IF(B495=\"\",\"\",VLOOKUP(M495,Sections!$A$2:$D$200,3,FALSE))","v":"General Provisions"},{"$f":"IF(B495=\"\",\"\",VLOOKUP(M495,Sections!$A$2:$D$200,4,FALSE))","v":"Control Of Work"}]
[{"$f":"IF(Start!A496=\"\",\"\",Start!A496)","v":""},{"$f":"IF(Start!B496=\"\",\"\",Start!B496)","v":"105-09645"},{"$f":"IF(Start!C496=\"\",\"\",Start!C496)","v":"CONSTRUCTION ENGINEERING AND INSPECTION"},{"$f":"IF(Start!D496=\"\",\"\",Start!D496)","v":1},{"$f":"IF(Start!E496=\"\",\"\",Start!E496)","v":0},{"$f":"IF(Start!F496=\"\",\"\",Start!F496)","v":"L.S."},{"$f":"IF(Start!G496=\"\",\"\",Start!G496)","v":25000},{"$f":"IF(Start!H496=\"\",\"\",Start!H496)","v":25000},3,{"$f":"IF(I496=\"\",\"\",LOOKUP(I496,{1,\"01\";2,\"02\";3,\"03\";4,\"04\";5,\"05\";6,\"06\";7,\"07\";8,\"08\";9,\"09\";10,\"10\";11,\"11\";12,\"12\";13,\"13\";14,\"14\";15,\"15\"}))","v":"03"},"03. Milestone Contractors, L.P.",100,105,{"$f":"IF(B496=\"\",\"\",VLOOKUP(M496,Sections!$A$2:$D$200,3,FALSE))","v":"General Provisions"},{"$f":"IF(B496=\"\",\"\",VLOOKUP(M496,Sections!$A$2:$D$200,4,FALSE))","v":"Control Of Work"}]
[{"$f":"IF(Start!A497=\"\",\"\",Start!A497)","v":""},{"$f":"IF(Start!B497=\"\",\"\",Start!B497)","v":"109-08359"},{"$f":"IF(Start!C497=\"\",\"\",Start!C497)","v":"LIQUIDATED DAMAGES"},{"$f":"IF(Start!D497=\"\",\"\",Start!D497)","v":1},{"$f":"IF(Start!E497=\"\",\"\",Start!E497)","v":0},{"$f":"IF(Start!F497=\"\",\"\",Start!F497)","v":"$"},{"$f":"IF(Start!G497=\"\",\"\",Start!G497)","v":1},{"$f":"IF(Start!H497=\"\",\"\",Start!H497)","v":1},3,{"$f":"IF(I497=\"\",\"\",LOOKUP(I497,{1,\"01\";2,\"02\";3,\"03\";4,\"04\";5,\"05\";6,\"06\";7,\"07\";8,\"08\";9,\"09\";10,\"10\";11,\"11\";12,\"12\";13,\"13\";14,\"14\";15,\"15\"}))","v":"03"},"03. Milestone Contractors, L.P.",100,109,{"$f":"IF(B497=\"\",\"\",VLOOKUP(M497,Sections!$A$2:$D$200,3,FALSE))","v":"General Provisions"},{"$f":"IF(B497=\"\",\"\",VLOOKUP(M497,Sections!$A$2:$D$200,4,FALSE))","v":"Measurement And Payment"}]
[{"$f":"IF(Start!A498=\"\",\"\",Start!A498)","v":""},{"$f":"IF(Start!B498=\"\",\"\",Start!B498)","v":"109-08360"},{"$f":"IF(Start!C498=\"\",\"\",Start!C498)","v":"CONTRACT LIENS"},{"$f":"IF(Start!D498=\"\",\"\",Start!D498)","v":1},{"$f":"IF(Start!E498=\"\",\"\",Start!E498)","v":0},{"$f":"IF(Start!F498=\"\",\"\",Start!F498)","v":"$"},{"$f":"IF(Start!G498=\"\",\"\",Start!G498)","v":1},{"$f":"IF(Start!H498=\"\",\"\",Start!H498)","v":1},3,{"$f":"IF(I498=\"\",\"\",LOOKUP(I498,{1,\"01\";2,\"02\";3,\"03\";4,\"04\";5,\"05\";6,\"06\";7,\"07\";8,\"08\";9,\"09\";10,\"10\";11,\"11\";12,\"12\";13,\"13\";14,\"14\";15,\"15\"}))","v":"03"},"03. Milestone Contractors, L.P.",100,109,{"$f":"IF(B498=\"\",\"\",VLOOKUP(M498,Sections!$A$2:$D$200,3,FALSE))","v":"General Provisions"},{"$f":"IF(B498=\"\",\"\",VLOOKUP(M498,Sections!$A$2:$D$200,4,FALSE))","v":"Measurement And Payment"}]
[{"$f":"IF(Start!A499=\"\",\"\",Start!A499)","v":""},{"$f":"IF(Start!B499=\"\",\"\",Start!B499)","v":"109-08443"},{"$f":"IF(Start!C499=\"\",\"\",Start!C499)","v":"QUALITY ADJUSTMENTS, TEMPORARY TRAFFIC CONTRO"},{"$f":"IF(Start!D499=\"\",\"\",Start!D499)","v":1},{"$f":"IF(Start!E499=\"\",\"\",Start!E499)","v":0},{"$f":"IF(Start!F499=\"\",\"\",Start!F499)","v":"$"},{"$f":"IF(Start!G499=\"\",\"\",Start!G499)","v":1},{"$f":"IF(Start!H499=\"\",\"\",Start!H499)","v":1},3,{"$f":"IF(I499=\"\",\"\",LOOKUP(I499,{1,\"01\";2,\"02\";3,\"03\";4,\"04\";5,\"05\";6,\"06\";7,\"07\";8,\"08\";9,\"09\";10,\"10\";11,\"11\";12,\"12\";13,\"13\";14,\"14\";15,\"15\"}))","v":"03"},"03. Milestone Contractors, L.P.",100,109,{"$f":"IF(B499=\"\",\"\",VLOOKUP(M499,Sections!$A$2:$D$200,3,FALSE))","v":"General Provisions"},{"$f":"IF(B499=\"\",\"\",VLOOKUP(M499,Sections!$A$2:$D$200,4,FALSE))","v":"Measurement And Payment"}]
[{"$f":"IF(Start!A500=\"\",\"\",Start!A500)","v":""},{"$f":"IF(Start!B500=\"\",\"\",Start!B500)","v":"109-08444"},{"$f":"IF(Start!C500=\"\",\"\",Start!C500)","v":"QUALITY ADJUSTMENTS, FAILED MATERIALS"},{"$f":"IF(Start!D500=\"\",\"\",Start!D500)","v":1},{"$f":"IF(Start!E500=\"\",\"\",Start!E500)","v":0},{"$f":"IF(Start!F500=\"\",\"\",Start!F500)","v":"$"},{"$f":"IF(Start!G500=\"\",\"\",Start!G500)","v":1},{"$f":"IF(Start!H500=\"\",\"\",Start!H500)","v":1},3,{"$f":"IF(I500=\"\",\"\",LOOKUP(I500,{1,\"01\";2,\"02\";3,\"03\";4,\"04\";5,\"05\";6,\"06\";7,\"07\";8,\"08\";9,\"09\";10,\"10\";11,\"11\";12,\"12\";13,\"13\";14,\"14\";15,\"15\"}))","v":"03"},"03. Milestone Contractors, L.P.",100,109,{"$f":"IF(B500=\"\",\"\",VLOOKUP(M500,Sections!$A$2:$D$200,3,FALSE))","v":"General Provisions"},{"$f":"IF(B500=\"\",\"\",VLOOKUP(M500,Sections!$A$2:$D$200,4,FALSE))","v":"Measurement And Payment"}]
[{"$f":"IF(Start!A501=\"\",\"\",Start!A501)","v":""},{"$f":"IF(Start!B501=\"\",\"\",Start!B501)","v":"109-08463"},{"$f":"IF(Start!C501=\"\",\"\",Start!C501)","v":"PROJECT ESTIMATE ADJUSTMENT"},{"$f":"IF(Start!D501=\"\",\"\",Start!D501)","v":1},{"$f":"IF(Start!E501=\"\",\"\",Start!E501)","v":0},{"$f":"IF(Start!F501=\"\",\"\",Start!F501)","v":"$"},{"$f":"IF(Start!G501=\"\",\"\",Start!G501)","v":1},{"$f":"IF(Start!H501=\"\",\"\",Start!H501)","v":1},3,{"$f":"IF(I501=\"\",\"\",LOOKUP(I501,{1,\"01\";2,\"02\";3,\"03\";4,\"04\";5,\"05\";6,\"06\";7,\"07\";8,\"08\";9,\"09\";10,\"10\";11,\"11\";12,\"12\";13,\"13\";14,\"14\";15,\"15\"}))","v":"03"},"03. Milestone Contractors, L.P.",100,109,{"$f":"IF(B501=\"\",\"\",VLOOKUP(M501,Sections!$A$2:$D$200,3,FALSE))","v":"General Provisions"},{"$f":"IF(B501=\"\",\"\",VLOOKUP(M501,Sections!$A$2:$D$200,4,FALSE))","v":"Measurement And Payment"}]
[{"$f":"IF(Start!A502=\"\",\"\",Start!A502)","v":""},{"$f":"IF(Start!B502=\"\",\"\",Start!B502)","v":"109-09377"},{"$f":"IF(Start!C502=\"\",\"\",Start!C502)","v":"QUALITY ADJUSTMENT, PAVEMENT TRAFFIC"},{"$f":"IF(Start!D502=\"\",\"\",Start!D502)","v":1},{"$f":"IF(Start!E502=\"\",\"\",Start!E502)","v":0},{"$f":"IF(Start!F502=\"\",\"\",Start!F502)","v":"$"},{"$f":"IF(Start!G502=\"\",\"\",Start!G502)","v":1},{"$f":"IF(Start!H502=\"\",\"\",Start!H502)","v":1},3,{"$f":"IF(I502=\"\",\"\",LOOKUP(I502,{1,\"01\";2,\"02\";3,\"03\";4,\"04\";5,\"05\";6,\"06\";7,\"07\";8,\"08\";9,\"09\";10,\"10\";11,\"11\";12,\"12\";13,\"13\";14,\"14\";15,\"15\"}))","v":"03"},"03. Milestone Contractors, L.P.",100,109,{"$f":"IF(B502=\"\",\"\",VLOOKUP(M502,Sections!$A$2:$D$200,3,FALSE))","v":"General Provisions"},{"$f":"IF(B502=\"\",\"\",VLOOKUP(M502,Sections!$A$2:$D$200,4,FALSE))","v":"Measurement And Payment"}]
[{"$f":"IF(Start!A503=\"\",\"\",Start!A503)","v":""},{"$f":"IF(Start!B503=\"\",\"\",Start!B503)","v":"109-09489"},{"$f":"IF(Start!C503=\"\",\"\",Start!C503)","v":"PAYMENT ADJUSTMENT, PG ASPHALT BINDER"},{"$f":"IF(Start!D503=\"\",\"\",Start!D503)","v":1},{"$f":"IF(Start!E503=\"\",\"\",Start!E503)","v":0},{"$f":"IF(Start!F503=\"\",\"\",Start!F503)","v":"$"},{"$f":"IF(Start!G503=\"\",\"\",Start!G503)","v":1},{"$f":"IF(Start!H503=\"\",\"\",Start!H503)","v":1},3,{"$f":"IF(I503=\"\",\"\",LOOKUP(I503,{1,\"01\";2,\"02\";3,\"03\";4,\"04\";5,\"05\";6,\"06\";7,\"07\";8,\"08\";9,\"09\";10,\"10\";11,\"11\";12,\"12\";13,\"13\";14,\"14\";15,\"15\"}))","v":"03"},"03. Milestone Contractors, L.P.",100,109,{"$f":"IF(B503=\"\",\"\",VLOOKUP(M503,Sections!$A$2:$D$200,3,FALSE))","v":"General Provisions"},{"$f":"IF(B503=\"\",\"\",VLOOKUP(M503,Sections!$A$2:$D$200,4,FALSE))","v":"Measurement And Payment"}]
[{"$f":"IF(Start!A504=\"\",\"\",Start!A504)","v":""},{"$f":"IF(Start!B504=\"\",\"\",Start!B504)","v":"110-01001"},{"$f":"IF(Start!C504=\"\",\"\",Start!C504)","v":"MOBILIZATION AND DEMOBILIZATION"},{"$f":"IF(Start!D504=\"\",\"\",Start!D504)","v":1},{"$f":"IF(Start!E504=\"\",\"\",Start!E504)","v":0},{"$f":"IF(Start!F504=\"\",\"\",Start!F504)","v":"L.S."},{"$f":"IF(Start!G504=\"\",\"\",Start!G504)","v":528244.17000000004},{"$f":"IF(Start!H504=\"\",\"\",Start!H504)","v":528244.17000000004},3,{"$f":"IF(I504=\"\",\"\",LOOKUP(I504,{1,\"01\";2,\"02\";3,\"03\";4,\"04\";5,\"05\";6,\"06\";7,\"07\";8,\"08\";9,\"09\";10,\"10\";11,\"11\";12,\"12\";13,\"13\";14,\"14\";15,\"15\"}))","v":"03"},"03. Milestone Contractors, L.P.",100,110,{"$f":"IF(B504=\"\",\"\",VLOOKUP(M504,Sections!$A$2:$D$200,3,FALSE))","v":"General Provisions"},{"$f":"IF(B504=\"\",\"\",VLOOKUP(M504,Sections!$A$2:$D$200,4,FALSE))","v":"Mobilization And Demobilization"}]
[{"$f":"IF(Start!A505=\"\",\"\",Start!A505)","v":""},{"$f":"IF(Start!B505=\"\",\"\",Start!B505)","v":"201-52370"},{"$f":"IF(Start!C505=\"\",\"\",Start!C505)","v":"CLEARING RIGHT OF WAY"},{"$f":"IF(Start!D505=\"\",\"\",Start!D505)","v":1},{"$f":"IF(Start!E505=\"\",\"\",Start!E505)","v":0},{"$f":"IF(Start!F505=\"\",\"\",Start!F505)","v":"L.S."},{"$f":"IF(Start!G505=\"\",\"\",Start!G505)","v":50000},{"$f":"IF(Start!H505=\"\",\"\",Start!H505)","v":50000},3,{"$f":"IF(I505=\"\",\"\",LOOKUP(I505,{1,\"01\";2,\"02\";3,\"03\";4,\"04\";5,\"05\";6,\"06\";7,\"07\";8,\"08\";9,\"09\";10,\"10\";11,\"11\";12,\"12\";13,\"13\";14,\"14\";15,\"15\"}))","v":"03"},"03. Milestone Contractors, L.P.",200,201,{"$f":"IF(B505=\"\",\"\",VLOOKUP(M505,Sections!$A$2:$D$200,3,FALSE))","v":"Earthwork"},{"$f":"IF(B505=\"\",\"\",VLOOKUP(M505,Sections!$A$2:$D$200,4,FALSE))","v":"Clearing And Grubbing"}]
[{"$f":"IF(Start!A506=\"\",\"\",Start!A506)","v":""},{"$f":"IF(Start!B506=\"\",\"\",Start!B506)","v":"201-90788"},{"$f":"IF(Start!C506=\"\",\"\",Start!C506)","v":"DEBRIS, REMOVE"},{"$f":"IF(Start!D506=\"\",\"\",Start!D506)","v":1},{"$f":"IF(Start!E506=\"\",\"\",Start!E506)","v":0},{"$f":"IF(Start!F506=\"\",\"\",Start!F506)","v":"L.S."},{"$f":"IF(Start!G506=\"\",\"\",Start!G506)","v":7000},{"$f":"IF(Start!H506=\"\",\"\",Start!H506)","v":7000},3,{"$f":"IF(I506=\"\",\"\",LOOKUP(I506,{1,\"01\";2,\"02\";3,\"03\";4,\"04\";5,\"05\";6,\"06\";7,\"07\";8,\"08\";9,\"09\";10,\"10\";11,\"11\";12,\"12\";13,\"13\";14,\"14\";15,\"15\"}))","v":"03"},"03. Milestone Contractors, L.P.",200,201,{"$f":"IF(B506=\"\",\"\",VLOOKUP(M506,Sections!$A$2:$D$200,3,FALSE))","v":"Earthwork"},{"$f":"IF(B506=\"\",\"\",VLOOKUP(M506,Sections!$A$2:$D$200,4,FALSE))","v":"Clearing And Grubbing"}]
[{"$f":"IF(Start!A507=\"\",\"\",Start!A507)","v":""},{"$f":"IF(Start!B507=\"\",\"\",Start!B507)","v":"202-02240"},{"$f":"IF(Start!C507=\"\",\"\",Start!C507)","v":"PAVEMENT, REMOVE"},{"$f":"IF(Start!D507=\"\",\"\",Start!D507)","v":28674},{"$f":"IF(Start!E507=\"\",\"\",Start!E507)","v":0},{"$f":"IF(Start!F507=\"\",\"\",Start!F507)","v":"S.Y."},{"$f":"IF(Start!G507=\"\",\"\",Start!G507)","v":10},{"$f":"IF(Start!H507=\"\",\"\",Start!H507)","v":286740},3,{"$f":"IF(I507=\"\",\"\",LOOKUP(I507,{1,\"01\";2,\"02\";3,\"03\";4,\"04\";5,\"05\";6,\"06\";7,\"07\";8,\"08\";9,\"09\";10,\"10\";11,\"11\";12,\"12\";13,\"13\";14,\"14\";15,\"15\"}))","v":"03"},"03. Milestone Contractors, L.P.",200,202,{"$f":"IF(B507=\"\",\"\",VLOOKUP(M507,Sections!$A$2:$D$200,3,FALSE))","v":"Earthwork"},{"$f":"IF(B507=\"\",\"\",VLOOKUP(M507,Sections!$A$2:$D$200,4,FALSE))","v":"Removal Of Structures And Obstructions"}]
[{"$f":"IF(Start!A508=\"\",\"\",Start!A508)","v":""},{"$f":"IF(Start!B508=\"\",\"\",Start!B508)","v":"202-02271"},{"$f":"IF(Start!C508=\"\",\"\",Start!C508)","v":"HEADWALL, REMOVE"},{"$f":"IF(Start!D508=\"\",\"\",Start!D508)","v":16},{"$f":"IF(Start!E508=\"\",\"\",Start!E508)","v":0},{"$f":"IF(Start!F508=\"\",\"\",Start!F508)","v":"EACH"},{"$f":"IF(Start!G508=\"\",\"\",Start!G508)","v":122},{"$f":"IF(Start!H508=\"\",\"\",Start!H508)","v":1952},3,{"$f":"IF(I508=\"\",\"\",LOOKUP(I508,{1,\"01\";2,\"02\";3,\"03\";4,\"04\";5,\"05\";6,\"06\";7,\"07\";8,\"08\";9,\"09\";10,\"10\";11,\"11\";12,\"12\";13,\"13\";14,\"14\";15,\"15\"}))","v":"03"},"03. Milestone Contractors, L.P.",200,202,{"$f":"IF(B508=\"\",\"\",VLOOKUP(M508,Sections!$A$2:$D$200,3,FALSE))","v":"Earthwork"},{"$f":"IF(B508=\"\",\"\",VLOOKUP(M508,Sections!$A$2:$D$200,4,FALSE))","v":"Removal Of Structures And Obstructions"}]
[{"$f":"IF(Start!A509=\"\",\"\",Start!A509)","v":""},{"$f":"IF(Start!B509=\"\",\"\",Start!B509)","v":"202-02272"},{"$f":"IF(Start!C509=\"\",\"\",Start!C509)","v":"PAVED SIDE DITCH, REMOVE"},{"$f":"IF(Start!D509=\"\",\"\",Start!D509)","v":344},{"$f":"IF(Start!E509=\"\",\"\",Start!E509)","v":0},{"$f":"IF(Start!F509=\"\",\"\",Start!F509)","v":"L.F."},{"$f":"IF(Start!G509=\"\",\"\",Start!G509)","v":5},{"$f":"IF(Start!H509=\"\",\"\",Start!H509)","v":1720},3,{"$f":"IF(I509=\"\",\"\",LOOKUP(I509,{1,\"01\";2,\"02\";3,\"03\";4,\"04\";5,\"05\";6,\"06\";7,\"07\";8,\"08\";9,\"09\";10,\"10\";11,\"11\";12,\"12\";13,\"13\";14,\"14\";15,\"15\"}))","v":"03"},"03. Milestone Contractors, L.P.",200,202,{"$f":"IF(B509=\"\",\"\",VLOOKUP(M509,Sections!$A$2:$D$200,3,FALSE))","v":"Earthwork"},{"$f":"IF(B509=\"\",\"\",VLOOKUP(M509,Sections!$A$2:$D$200,4,FALSE))","v":"Removal Of Structures And Obstructions"}]
[{"$f":"IF(Start!A510=\"\",\"\",Start!A510)","v":""},{"$f":"IF(Start!B510=\"\",\"\",Start!B510)","v":"202-02279"},{"$f":"IF(Start!C510=\"\",\"\",Start!C510)","v":"CURB AND GUTTER, REMOVE"},{"$f":"IF(Start!D510=\"\",\"\",Start!D510)","v":961},{"$f":"IF(Start!E510=\"\",\"\",Start!E510)","v":0},{"$f":"IF(Start!F510=\"\",\"\",Start!F510)","v":"L.F."},{"$f":"IF(Start!G510=\"\",\"\",Start!G510)","v":3},{"$f":"IF(Start!H510=\"\",\"\",Start!H510)","v":2883},3,{"$f":"IF(I510=\"\",\"\",LOOKUP(I510,{1,\"01\";2,\"02\";3,\"03\";4,\"04\";5,\"05\";6,\"06\";7,\"07\";8,\"08\";9,\"09\";10,\"10\";11,\"11\";12,\"12\";13,\"13\";14,\"14\";15,\"15\"}))","v":"03"},"03. Milestone Contractors, L.P.",200,202,{"$f":"IF(B510=\"\",\"\",VLOOKUP(M510,Sections!$A$2:$D$200,3,FALSE))","v":"Earthwork"},{"$f":"IF(B510=\"\",\"\",VLOOKUP(M510,Sections!$A$2:$D$200,4,FALSE))","v":"Removal Of Structures And Obstructions"}]
[{"$f":"IF(Start!A511=\"\",\"\",Start!A511)","v":""},{"$f":"IF(Start!B511=\"\",\"\",Start!B511)","v":"202-74045"},{"$f":"IF(Start!C511=\"\",\"\",Start!C511)","v":"SIGNS AND SUPPORTS, CHANNEL POSTS, REMOVE"},{"$f":"IF(Start!D511=\"\",\"\",Start!D511)","v":74},{"$f":"IF(Start!E511=\"\",\"\",Start!E511)","v":0},{"$f":"IF(Start!F511=\"\",\"\",Start!F511)","v":"EACH"},{"$f":"IF(Start!G511=\"\",\"\",Start!G511)","v":30},{"$f":"IF(Start!H511=\"\",\"\",Start!H511)","v":2220},3,{"$f":"IF(I511=\"\",\"\",LOOKUP(I511,{1,\"01\";2,\"02\";3,\"03\";4,\"04\";5,\"05\";6,\"06\";7,\"07\";8,\"08\";9,\"09\";10,\"10\";11,\"11\";12,\"12\";13,\"13\";14,\"14\";15,\"15\"}))","v":"03"},"03. Milestone Contractors, L.P.",200,202,{"$f":"IF(B511=\"\",\"\",VLOOKUP(M511,Sections!$A$2:$D$200,3,FALSE))","v":"Earthwork"},{"$f":"IF(B511=\"\",\"\",VLOOKUP(M511,Sections!$A$2:$D$200,4,FALSE))","v":"Removal Of Structures And Obstructions"}]
[{"$f":"IF(Start!A512=\"\",\"\",Start!A512)","v":""},{"$f":"IF(Start!B512=\"\",\"\",Start!B512)","v":"202-74080"},{"$f":"IF(Start!C512=\"\",\"\",Start!C512)","v":"OVERHEAD SIGN STRUCTURE, CANTILEVER, REMOVE"},{"$f":"IF(Start!D512=\"\",\"\",Start!D512)","v":2},{"$f":"IF(Start!E512=\"\",\"\",Start!E512)","v":0},{"$f":"IF(Start!F512=\"\",\"\",Start!F512)","v":"EACH"},{"$f":"IF(Start!G512=\"\",\"\",Start!G512)","v":1600},{"$f":"IF(Start!H512=\"\",\"\",Start!H512)","v":3200},3,{"$f":"IF(I512=\"\",\"\",LOOKUP(I512,{1,\"01\";2,\"02\";3,\"03\";4,\"04\";5,\"05\";6,\"06\";7,\"07\";8,\"08\";9,\"09\";10,\"10\";11,\"11\";12,\"12\";13,\"13\";14,\"14\";15,\"15\"}))","v":"03"},"03. Milestone Contractors, L.P.",200,202,{"$f":"IF(B512=\"\",\"\",VLOOKUP(M512,Sections!$A$2:$D$200,3,FALSE))","v":"Earthwork"},{"$f":"IF(B512=\"\",\"\",VLOOKUP(M512,Sections!$A$2:$D$200,4,FALSE))","v":"Removal Of Structures And Obstructions"}]
[{"$f":"IF(Start!A513=\"\",\"\",Start!A513)","v":""},{"$f":"IF(Start!B513=\"\",\"\",Start!B513)","v":"202-82066"},{"$f":"IF(Start!C513=\"\",\"\",Start!C513)","v":"SIGN CIRCUITRY, CANTILEVERS, REMOVE"},{"$f":"IF(Start!D513=\"\",\"\",Start!D513)","v":2},{"$f":"IF(Start!E513=\"\",\"\",Start!E513)","v":0},{"$f":"IF(Start!F513=\"\",\"\",Start!F513)","v":"EACH"},{"$f":"IF(Start!G513=\"\",\"\",Start!G513)","v":250},{"$f":"IF(Start!H513=\"\",\"\",Start!H513)","v":500},3,{"$f":"IF(I513=\"\",\"\",LOOKUP(I513,{1,\"01\";2,\"02\";3,\"03\";4,\"04\";5,\"05\";6,\"06\";7,\"07\";8,\"08\";9,\"09\";10,\"10\";11,\"11\";12,\"12\";13,\"13\";14,\"14\";15,\"15\"}))","v":"03"},"03. Milestone Contractors, L.P.",200,202,{"$f":"IF(B513=\"\",\"\",VLOOKUP(M513,Sections!$A$2:$D$200,3,FALSE))","v":"Earthwork"},{"$f":"IF(B513=\"\",\"\",VLOOKUP(M513,Sections!$A$2:$D$200,4,FALSE))","v":"Removal Of Structures And Obstructions"}]
[{"$f":"IF(Start!A514=\"\",\"\",Start!A514)","v":""},{"$f":"IF(Start!B514=\"\",\"\",Start!B514)","v":"202-86946"},{"$f":"IF(Start!C514=\"\",\"\",Start!C514)","v":"HANDHOLE, REMOVE"},{"$f":"IF(Start!D514=\"\",\"\",Start!D514)","v":3},{"$f":"IF(Start!E514=\"\",\"\",Start!E514)","v":0},{"$f":"IF(Start!F514=\"\",\"\",Start!F514)","v":"EACH"},{"$f":"IF(Start!G514=\"\",\"\",Start!G514)","v":125},{"$f":"IF(Start!H514=\"\",\"\",Start!H514)","v":375},3,{"$f":"IF(I514=\"\",\"\",LOOKUP(I514,{1,\"01\";2,\"02\";3,\"03\";4,\"04\";5,\"05\";6,\"06\";7,\"07\";8,\"08\";9,\"09\";10,\"10\";11,\"11\";12,\"12\";13,\"13\";14,\"14\";15,\"15\"}))","v":"03"},"03. Milestone Contractors, L.P.",200,202,{"$f":"IF(B514=\"\",\"\",VLOOKUP(M514,Sections!$A$2:$D$200,3,FALSE))","v":"Earthwork"},{"$f":"IF(B514=\"\",\"\",VLOOKUP(M514,Sections!$A$2:$D$200,4,FALSE))","v":"Removal Of Structures And Obstructions"}]
[{"$f":"IF(Start!A515=\"\",\"\",Start!A515)","v":""},{"$f":"IF(Start!B515=\"\",\"\",Start!B515)","v":"202-93763"},{"$f":"IF(Start!C515=\"\",\"\",Start!C515)","v":"LIGHT STANDARD AND FOUNDATION,REMOVE"},{"$f":"IF(Start!D515=\"\",\"\",Start!D515)","v":8},{"$f":"IF(Start!E515=\"\",\"\",Start!E515)","v":0},{"$f":"IF(Start!F515=\"\",\"\",Start!F515)","v":"EACH"},{"$f":"IF(Start!G515=\"\",\"\",Start!G515)","v":350},{"$f":"IF(Start!H515=\"\",\"\",Start!H515)","v":2800},{"$f":"IF(AND(A515=\"\",B515=\"\",C515=\"\"),\"\",IF(AND(A515<>\"\",B515=\"\",G515=0,H515=0),D515,I514))","v":3},{"$f":"IF(I515=\"\",\"\",LOOKUP(I515,{1,\"01\";2,\"02\";3,\"03\";4,\"04\";5,\"05\";6,\"06\";7,\"07\";8,\"08\";9,\"09\";10,\"10\";11,\"11\";12,\"12\";13,\"13\";14,\"14\";15,\"15\"}))","v":"03"},{"$f":"IF(AND(A515<>\"\",B515=\"\"),J515&\". \"&PROPER(C515),IF(AND(A515=\"\",B515<>\"\"),PROPER(K514),\"\"))","v":"03. Milestone Contractors, L.P."},{"$f":"IF(B515=\"\",\"\",LEFT(B515,1)*100)","v":200},{"$f":"IF(B515=\"\",\"\",LEFT(B515,3)*1)","v":202},{"$f":"IF(B515=\"\",\"\",VLOOKUP(M515,Sections!$A$2:$D$200,3,FALSE))","v":"Earthwork"},{"$f":"IF(B515=\"\",\"\",VLOOKUP(M515,Sections!$A$2:$D$200,4,FALSE))","v":"Removal Of Structures And Obstructions"}]
[{"$f":"IF(Start!A516=\"\",\"\",Start!A516)","v":""},{"$f":"IF(Start!B516=\"\",\"\",Start!B516)","v":"202-96035"},{"$f":"IF(Start!C516=\"\",\"\",Start!C516)","v":"CONCRETE WALL, REMOVE"},{"$f":"IF(Start!D516=\"\",\"\",Start!D516)","v":20},{"$f":"IF(Start!E516=\"\",\"\",Start!E516)","v":0},{"$f":"IF(Start!F516=\"\",\"\",Start!F516)","v":"L.F."},{"$f":"IF(Start!G516=\"\",\"\",Start!G516)","v":170},{"$f":"IF(Start!H516=\"\",\"\",Start!H516)","v":3400},3,{"$f":"IF(I516=\"\",\"\",LOOKUP(I516,{1,\"01\";2,\"02\";3,\"03\";4,\"04\";5,\"05\";6,\"06\";7,\"07\";8,\"08\";9,\"09\";10,\"10\";11,\"11\";12,\"12\";13,\"13\";14,\"14\";15,\"15\"}))","v":"03"},"03. Milestone Contractors, L.P.",200,202,{"$f":"IF(B516=\"\",\"\",VLOOKUP(M516,Sections!$A$2:$D$200,3,FALSE))","v":"Earthwork"},{"$f":"IF(B516=\"\",\"\",VLOOKUP(M516,Sections!$A$2:$D$200,4,FALSE))","v":"Removal Of Structures And Obstructions"}]
[{"$f":"IF(Start!A517=\"\",\"\",Start!A517)","v":""},{"$f":"IF(Start!B517=\"\",\"\",Start!B517)","v":"202-96133"},{"$f":"IF(Start!C517=\"\",\"\",Start!C517)","v":"PIPE, REMOVE"},{"$f":"IF(Start!D517=\"\",\"\",Start!D517)","v":1108},{"$f":"IF(Start!E517=\"\",\"\",Start!E517)","v":0},{"$f":"IF(Start!F517=\"\",\"\",Start!F517)","v":"L.F."},{"$f":"IF(Start!G517=\"\",\"\",Start!G517)","v":13},{"$f":"IF(Start!H517=\"\",\"\",Start!H517)","v":14404},3,{"$f":"IF(I517=\"\",\"\",LOOKUP(I517,{1,\"01\";2,\"02\";3,\"03\";4,\"04\";5,\"05\";6,\"06\";7,\"07\";8,\"08\";9,\"09\";10,\"10\";11,\"11\";12,\"12\";13,\"13\";14,\"14\";15,\"15\"}))","v":"03"},"03. Milestone Contractors, L.P.",200,202,{"$f":"IF(B517=\"\",\"\",VLOOKUP(M517,Sections!$A$2:$D$200,3,FALSE))","v":"Earthwork"},{"$f":"IF(B517=\"\",\"\",VLOOKUP(M517,Sections!$A$2:$D$200,4,FALSE))","v":"Removal Of Structures And Obstructions"}]
[{"$f":"IF(Start!A518=\"\",\"\",Start!A518)","v":""},{"$f":"IF(Start!B518=\"\",\"\",Start!B518)","v":"202-99187"},{"$f":"IF(Start!C518=\"\",\"\",Start!C518)","v":"FENCE, FARM FIELD, REMOVE"},{"$f":"IF(Start!D518=\"\",\"\",Start!D518)","v":2579},{"$f":"IF(Start!E518=\"\",\"\",Start!E518)","v":0},{"$f":"IF(Start!F518=\"\",\"\",Start!F518)","v":"L.F."},{"$f":"IF(Start!G518=\"\",\"\",Start!G518)","v":2.75},{"$f":"IF(Start!H518=\"\",\"\",Start!H518)","v":7092.25},3,{"$f":"IF(I518=\"\",\"\",LOOKUP(I518,{1,\"01\";2,\"02\";3,\"03\";4,\"04\";5,\"05\";6,\"06\";7,\"07\";8,\"08\";9,\"09\";10,\"10\";11,\"11\";12,\"12\";13,\"13\";14,\"14\";15,\"15\"}))","v":"03"},"03. Milestone Contractors, L.P.",200,202,{"$f":"IF(B518=\"\",\"\",VLOOKUP(M518,Sections!$A$2:$D$200,3,FALSE))","v":"Earthwork"},{"$f":"IF(B518=\"\",\"\",VLOOKUP(M518,Sections!$A$2:$D$200,4,FALSE))","v":"Removal Of Structures And Obstructions"}]
[{"$f":"IF(Start!A519=\"\",\"\",Start!A519)","v":""},{"$f":"IF(Start!B519=\"\",\"\",Start!B519)","v":"203-02000"},{"$f":"IF(Start!C519=\"\",\"\",Start!C519)","v":"EXCAVATION, COMMON"},{"$f":"IF(Start!D519=\"\",\"\",Start!D519)","v":41965},{"$f":"IF(Start!E519=\"\",\"\",Start!E519)","v":0},{"$f":"IF(Start!F519=\"\",\"\",Start!F519)","v":"C.Y."},{"$f":"IF(Start!G519=\"\",\"\",Start!G519)","v":12},{"$f":"IF(Start!H519=\"\",\"\",Start!H519)","v":503580},3,{"$f":"IF(I519=\"\",\"\",LOOKUP(I519,{1,\"01\";2,\"02\";3,\"03\";4,\"04\";5,\"05\";6,\"06\";7,\"07\";8,\"08\";9,\"09\";10,\"10\";11,\"11\";12,\"12\";13,\"13\";14,\"14\";15,\"15\"}))","v":"03"},"03. Milestone Contractors, L.P.",200,203,{"$f":"IF(B519=\"\",\"\",VLOOKUP(M519,Sections!$A$2:$D$200,3,FALSE))","v":"Earthwork"},{"$f":"IF(B519=\"\",\"\",VLOOKUP(M519,Sections!$A$2:$D$200,4,FALSE))","v":"Excavation And Embankment"}]
[{"$f":"IF(Start!A520=\"\",\"\",Start!A520)","v":""},{"$f":"IF(Start!B520=\"\",\"\",Start!B520)","v":"203-02070"},{"$f":"IF(Start!C520=\"\",\"\",Start!C520)","v":"BORROW"},{"$f":"IF(Start!D520=\"\",\"\",Start!D520)","v":9115},{"$f":"IF(Start!E520=\"\",\"\",Start!E520)","v":0},{"$f":"IF(Start!F520=\"\",\"\",Start!F520)","v":"C.Y."},{"$f":"IF(Start!G520=\"\",\"\",Start!G520)","v":15},{"$f":"IF(Start!H520=\"\",\"\",Start!H520)","v":136725},3,{"$f":"IF(I520=\"\",\"\",LOOKUP(I520,{1,\"01\";2,\"02\";3,\"03\";4,\"04\";5,\"05\";6,\"06\";7,\"07\";8,\"08\";9,\"09\";10,\"10\";11,\"11\";12,\"12\";13,\"13\";14,\"14\";15,\"15\"}))","v":"03"},"03. Milestone Contractors, L.P.",200,203,{"$f":"IF(B520=\"\",\"\",VLOOKUP(M520,Sections!$A$2:$D$200,3,FALSE))","v":"Earthwork"},{"$f":"IF(B520=\"\",\"\",VLOOKUP(M520,Sections!$A$2:$D$200,4,FALSE))","v":"Excavation And Embankment"}]
[{"$f":"IF(Start!A521=\"\",\"\",Start!A521)","v":""},{"$f":"IF(Start!B521=\"\",\"\",Start!B521)","v":"205-03371"},{"$f":"IF(Start!C521=\"\",\"\",Start!C521)","v":"SEDIMENT REMOVE"},{"$f":"IF(Start!D521=\"\",\"\",Start!D521)","v":2051},{"$f":"IF(Start!E521=\"\",\"\",Start!E521)","v":0},{"$f":"IF(Start!F521=\"\",\"\",Start!F521)","v":"C.Y."},{"$f":"IF(Start!G521=\"\",\"\",Start!G521)","v":16},{"$f":"IF(Start!H521=\"\",\"\",Start!H521)","v":32816},3,{"$f":"IF(I521=\"\",\"\",LOOKUP(I521,{1,\"01\";2,\"02\";3,\"03\";4,\"04\";5,\"05\";6,\"06\";7,\"07\";8,\"08\";9,\"09\";10,\"10\";11,\"11\";12,\"12\";13,\"13\";14,\"14\";15,\"15\"}))","v":"03"},"03. Milestone Contractors, L.P.",200,205,{"$f":"IF(B521=\"\",\"\",VLOOKUP(M521,Sections!$A$2:$D$200,3,FALSE))","v":"Earthwork"},{"$f":"IF(B521=\"\",\"\",VLOOKUP(M521,Sections!$A$2:$D$200,4,FALSE))","v":"Temporary Erosion And Sediment Control"}]
[{"$f":"IF(Start!A522=\"\",\"\",Start!A522)","v":""},{"$f":"IF(Start!B522=\"\",\"\",Start!B522)","v":"205-06931"},{"$f":"IF(Start!C522=\"\",\"\",Start!C522)","v":"TEMPORARY CHECK DAM, REVETMENT RIPRAP"},{"$f":"IF(Start!D522=\"\",\"\",Start!D522)","v":253},{"$f":"IF(Start!E522=\"\",\"\",Start!E522)","v":0},{"$f":"IF(Start!F522=\"\",\"\",Start!F522)","v":"TON"},{"$f":"IF(Start!G522=\"\",\"\",Start!G522)","v":45},{"$f":"IF(Start!H522=\"\",\"\",Start!H522)","v":11385},3,{"$f":"IF(I522=\"\",\"\",LOOKUP(I522,{1,\"01\";2,\"02\";3,\"03\";4,\"04\";5,\"05\";6,\"06\";7,\"07\";8,\"08\";9,\"09\";10,\"10\";11,\"11\";12,\"12\";13,\"13\";14,\"14\";15,\"15\"}))","v":"03"},"03. Milestone Contractors, L.P.",200,205,{"$f":"IF(B522=\"\",\"\",VLOOKUP(M522,Sections!$A$2:$D$200,3,FALSE))","v":"Earthwork"},{"$f":"IF(B522=\"\",\"\",VLOOKUP(M522,Sections!$A$2:$D$200,4,FALSE))","v":"Temporary Erosion And Sediment Control"}]
[{"$f":"IF(Start!A523=\"\",\"\",Start!A523)","v":""},{"$f":"IF(Start!B523=\"\",\"\",Start!B523)","v":"205-06932"},{"$f":"IF(Start!C523=\"\",\"\",Start!C523)","v":"TEMPORARY CHECK DAM, STRAW BALES"},{"$f":"IF(Start!D523=\"\",\"\",Start!D523)","v":402},{"$f":"IF(Start!E523=\"\",\"\",Start!E523)","v":0},{"$f":"IF(Start!F523=\"\",\"\",Start!F523)","v":"L.F."},{"$f":"IF(Start!G523=\"\",\"\",Start!G523)","v":12},{"$f":"IF(Start!H523=\"\",\"\",Start!H523)","v":4824},3,{"$f":"IF(I523=\"\",\"\",LOOKUP(I523,{1,\"01\";2,\"02\";3,\"03\";4,\"04\";5,\"05\";6,\"06\";7,\"07\";8,\"08\";9,\"09\";10,\"10\";11,\"11\";12,\"12\";13,\"13\";14,\"14\";15,\"15\"}))","v":"03"},"03. Milestone Contractors, L.P.",200,205,{"$f":"IF(B523=\"\",\"\",VLOOKUP(M523,Sections!$A$2:$D$200,3,FALSE))","v":"Earthwork"},{"$f":"IF(B523=\"\",\"\",VLOOKUP(M523,Sections!$A$2:$D$200,4,FALSE))","v":"Temporary Erosion And Sediment Control"}]
[{"$f":"IF(Start!A524=\"\",\"\",Start!A524)","v":""},{"$f":"IF(Start!B524=\"\",\"\",Start!B524)","v":"205-06933"},{"$f":"IF(Start!C524=\"\",\"\",Start!C524)","v":"TEMPORARY DITCH INLET PROTECTION"},{"$f":"IF(Start!D524=\"\",\"\",Start!D524)","v":7},{"$f":"IF(Start!E524=\"\",\"\",Start!E524)","v":0},{"$f":"IF(Start!F524=\"\",\"\",Start!F524)","v":"EACH"},{"$f":"IF(Start!G524=\"\",\"\",Start!G524)","v":125},{"$f":"IF(Start!H524=\"\",\"\",Start!H524)","v":875},3,{"$f":"IF(I524=\"\",\"\",LOOKUP(I524,{1,\"01\";2,\"02\";3,\"03\";4,\"04\";5,\"05\";6,\"06\";7,\"07\";8,\"08\";9,\"09\";10,\"10\";11,\"11\";12,\"12\";13,\"13\";14,\"14\";15,\"15\"}))","v":"03"},"03. Milestone Contractors, L.P.",200,205,{"$f":"IF(B524=\"\",\"\",VLOOKUP(M524,Sections!$A$2:$D$200,3,FALSE))","v":"Earthwork"},{"$f":"IF(B524=\"\",\"\",VLOOKUP(M524,Sections!$A$2:$D$200,4,FALSE))","v":"Temporary Erosion And Sediment Control"}]
[{"$f":"IF(Start!A525=\"\",\"\",Start!A525)","v":""},{"$f":"IF(Start!B525=\"\",\"\",Start!B525)","v":"205-06934"},{"$f":"IF(Start!C525=\"\",\"\",Start!C525)","v":"TEMPORARY MULCHING"},{"$f":"IF(Start!D525=\"\",\"\",Start!D525)","v":73},{"$f":"IF(Start!E525=\"\",\"\",Start!E525)","v":0},{"$f":"IF(Start!F525=\"\",\"\",Start!F525)","v":"TON"},{"$f":"IF(Start!G525=\"\",\"\",Start!G525)","v":345},{"$f":"IF(Start!H525=\"\",\"\",Start!H525)","v":25185},3,{"$f":"IF(I525=\"\",\"\",LOOKUP(I525,{1,\"01\";2,\"02\";3,\"03\";4,\"04\";5,\"05\";6,\"06\";7,\"07\";8,\"08\";9,\"09\";10,\"10\";11,\"11\";12,\"12\";13,\"13\";14,\"14\";15,\"15\"}))","v":"03"},"03. Milestone Contractors, L.P.",200,205,{"$f":"IF(B525=\"\",\"\",VLOOKUP(M525,Sections!$A$2:$D$200,3,FALSE))","v":"Earthwork"},{"$f":"IF(B525=\"\",\"\",VLOOKUP(M525,Sections!$A$2:$D$200,4,FALSE))","v":"Temporary Erosion And Sediment Control"}]
[{"$f":"IF(Start!A526=\"\",\"\",Start!A526)","v":""},{"$f":"IF(Start!B526=\"\",\"\",Start!B526)","v":"205-06936"},{"$f":"IF(Start!C526=\"\",\"\",Start!C526)","v":"TEMPORARY SEDIMENT TRAP"},{"$f":"IF(Start!D526=\"\",\"\",Start!D526)","v":20},{"$f":"IF(Start!E526=\"\",\"\",Start!E526)","v":0},{"$f":"IF(Start!F526=\"\",\"\",Start!F526)","v":"TON"},{"$f":"IF(Start!G526=\"\",\"\",Start!G526)","v":65},{"$f":"IF(Start!H526=\"\",\"\",Start!H526)","v":1300},3,{"$f":"IF(I526=\"\",\"\",LOOKUP(I526,{1,\"01\";2,\"02\";3,\"03\";4,\"04\";5,\"05\";6,\"06\";7,\"07\";8,\"08\";9,\"09\";10,\"10\";11,\"11\";12,\"12\";13,\"13\";14,\"14\";15,\"15\"}))","v":"03"},"03. Milestone Contractors, L.P.",200,205,{"$f":"IF(B526=\"\",\"\",VLOOKUP(M526,Sections!$A$2:$D$200,3,FALSE))","v":"Earthwork"},{"$f":"IF(B526=\"\",\"\",VLOOKUP(M526,Sections!$A$2:$D$200,4,FALSE))","v":"Temporary Erosion And Sediment Control"}]
[{"$f":"IF(Start!A527=\"\",\"\",Start!A527)","v":""},{"$f":"IF(Start!B527=\"\",\"\",Start!B527)","v":"205-06937"},{"$f":"IF(Start!C527=\"\",\"\",Start!C527)","v":"TEMPORARY SILT FENCE"},{"$f":"IF(Start!D527=\"\",\"\",Start!D527)","v":18458},{"$f":"IF(Start!E527=\"\",\"\",Start!E527)","v":0},{"$f":"IF(Start!F527=\"\",\"\",Start!F527)","v":"L.F."},{"$f":"IF(Start!G527=\"\",\"\",Start!G527)","v":1.5},{"$f":"IF(Start!H527=\"\",\"\",Start!H527)","v":27687},3,{"$f":"IF(I527=\"\",\"\",LOOKUP(I527,{1,\"01\";2,\"02\";3,\"03\";4,\"04\";5,\"05\";6,\"06\";7,\"07\";8,\"08\";9,\"09\";10,\"10\";11,\"11\";12,\"12\";13,\"13\";14,\"14\";15,\"15\"}))","v":"03"},"03. Milestone Contractors, L.P.",200,205,{"$f":"IF(B527=\"\",\"\",VLOOKUP(M527,Sections!$A$2:$D$200,3,FALSE))","v":"Earthwork"},{"$f":"IF(B527=\"\",\"\",VLOOKUP(M527,Sections!$A$2:$D$200,4,FALSE))","v":"Temporary Erosion And Sediment Control"}]
[{"$f":"IF(Start!A528=\"\",\"\",Start!A528)","v":""},{"$f":"IF(Start!B528=\"\",\"\",Start!B528)","v":"205-09543"},{"$f":"IF(Start!C528=\"\",\"\",Start!C528)","v":"NO 2 STONE"},{"$f":"IF(Start!D528=\"\",\"\",Start!D528)","v":150},{"$f":"IF(Start!E528=\"\",\"\",Start!E528)","v":0},{"$f":"IF(Start!F528=\"\",\"\",Start!F528)","v":"TON"},{"$f":"IF(Start!G528=\"\",\"\",Start!G528)","v":30},{"$f":"IF(Start!H528=\"\",\"\",Start!H528)","v":4500},3,{"$f":"IF(I528=\"\",\"\",LOOKUP(I528,{1,\"01\";2,\"02\";3,\"03\";4,\"04\";5,\"05\";6,\"06\";7,\"07\";8,\"08\";9,\"09\";10,\"10\";11,\"11\";12,\"12\";13,\"13\";14,\"14\";15,\"15\"}))","v":"03"},"03. Milestone Contractors, L.P.",200,205,{"$f":"IF(B528=\"\",\"\",VLOOKUP(M528,Sections!$A$2:$D$200,3,FALSE))","v":"Earthwork"},{"$f":"IF(B528=\"\",\"\",VLOOKUP(M528,Sections!$A$2:$D$200,4,FALSE))","v":"Temporary Erosion And Sediment Control"}]
[{"$f":"IF(Start!A529=\"\",\"\",Start!A529)","v":""},{"$f":"IF(Start!B529=\"\",\"\",Start!B529)","v":"207-08263"},{"$f":"IF(Start!C529=\"\",\"\",Start!C529)","v":"SUBGRADE TREATMENT, TYPE IA"},{"$f":"IF(Start!D529=\"\",\"\",Start!D529)","v":102662},{"$f":"IF(Start!E529=\"\",\"\",Start!E529)","v":0},{"$f":"IF(Start!F529=\"\",\"\",Start!F529)","v":"S.Y."},{"$f":"IF(Start!G529=\"\",\"\",Start!G529)","v":5.95},{"$f":"IF(Start!H529=\"\",\"\",Start!H529)","v":610838.9},3,{"$f":"IF(I529=\"\",\"\",LOOKUP(I529,{1,\"01\";2,\"02\";3,\"03\";4,\"04\";5,\"05\";6,\"06\";7,\"07\";8,\"08\";9,\"09\";10,\"10\";11,\"11\";12,\"12\";13,\"13\";14,\"14\";15,\"15\"}))","v":"03"},"03. Milestone Contractors, L.P.",200,207,{"$f":"IF(B529=\"\",\"\",VLOOKUP(M529,Sections!$A$2:$D$200,3,FALSE))","v":"Earthwork"},{"$f":"IF(B529=\"\",\"\",VLOOKUP(M529,Sections!$A$2:$D$200,4,FALSE))","v":"Subgrade"}]
[{"$f":"IF(Start!A530=\"\",\"\",Start!A530)","v":""},{"$f":"IF(Start!B530=\"\",\"\",Start!B530)","v":"207-08263"},{"$f":"IF(Start!C530=\"\",\"\",Start!C530)","v":"SUBGRADE TREATMENT, TYPE IA"},{"$f":"IF(Start!D530=\"\",\"\",Start!D530)","v":9100},{"$f":"IF(Start!E530=\"\",\"\",Start!E530)","v":0},{"$f":"IF(Start!F530=\"\",\"\",Start!F530)","v":"S.Y."},{"$f":"IF(Start!G530=\"\",\"\",Start!G530)","v":16.100000000000001},{"$f":"IF(Start!H530=\"\",\"\",Start!H530)","v":146510},3,{"$f":"IF(I530=\"\",\"\",LOOKUP(I530,{1,\"01\";2,\"02\";3,\"03\";4,\"04\";5,\"05\";6,\"06\";7,\"07\";8,\"08\";9,\"09\";10,\"10\";11,\"11\";12,\"12\";13,\"13\";14,\"14\";15,\"15\"}))","v":"03"},"03. Milestone Contractors, L.P.",200,207,{"$f":"IF(B530=\"\",\"\",VLOOKUP(M530,Sections!$A$2:$D$200,3,FALSE))","v":"Earthwork"},{"$f":"IF(B530=\"\",\"\",VLOOKUP(M530,Sections!$A$2:$D$200,4,FALSE))","v":"Subgrade"}]
[{"$f":"IF(Start!A531=\"\",\"\",Start!A531)","v":""},{"$f":"IF(Start!B531=\"\",\"\",Start!B531)","v":"207-08267"},{"$f":"IF(Start!C531=\"\",\"\",Start!C531)","v":"SUBGRADE TREATMENT, TYPE IIIA"},{"$f":"IF(Start!D531=\"\",\"\",Start!D531)","v":5305},{"$f":"IF(Start!E531=\"\",\"\",Start!E531)","v":0},{"$f":"IF(Start!F531=\"\",\"\",Start!F531)","v":"S.Y."},{"$f":"IF(Start!G531=\"\",\"\",Start!G531)","v":9.5},{"$f":"IF(Start!H531=\"\",\"\",Start!H531)","v":50397.5},3,{"$f":"IF(I531=\"\",\"\",LOOKUP(I531,{1,\"01\";2,\"02\";3,\"03\";4,\"04\";5,\"05\";6,\"06\";7,\"07\";8,\"08\";9,\"09\";10,\"10\";11,\"11\";12,\"12\";13,\"13\";14,\"14\";15,\"15\"}))","v":"03"},"03. Milestone Contractors, L.P.",200,207,{"$f":"IF(B531=\"\",\"\",VLOOKUP(M531,Sections!$A$2:$D$200,3,FALSE))","v":"Earthwork"},{"$f":"IF(B531=\"\",\"\",VLOOKUP(M531,Sections!$A$2:$D$200,4,FALSE))","v":"Subgrade"}]
[{"$f":"IF(Start!A532=\"\",\"\",Start!A532)","v":""},{"$f":"IF(Start!B532=\"\",\"\",Start!B532)","v":"211-09264"},{"$f":"IF(Start!C532=\"\",\"\",Start!C532)","v":"STRUCTURE BACKFILL, TYPE 1"},{"$f":"IF(Start!D532=\"\",\"\",Start!D532)","v":900},{"$f":"IF(Start!E532=\"\",\"\",Start!E532)","v":0},{"$f":"IF(Start!F532=\"\",\"\",Start!F532)","v":"C.Y."},{"$f":"IF(Start!G532=\"\",\"\",Start!G532)","v":15},{"$f":"IF(Start!H532=\"\",\"\",Start!H532)","v":13500},3,{"$f":"IF(I532=\"\",\"\",LOOKUP(I532,{1,\"01\";2,\"02\";3,\"03\";4,\"04\";5,\"05\";6,\"06\";7,\"07\";8,\"08\";9,\"09\";10,\"10\";11,\"11\";12,\"12\";13,\"13\";14,\"14\";15,\"15\"}))","v":"03"},"03. Milestone Contractors, L.P.",200,211,{"$f":"IF(B532=\"\",\"\",VLOOKUP(M532,Sections!$A$2:$D$200,3,FALSE))","v":"Earthwork"},{"$f":"IF(B532=\"\",\"\",VLOOKUP(M532,Sections!$A$2:$D$200,4,FALSE))","v":"B Borrow And Structure Backfill"}]
[{"$f":"IF(Start!A533=\"\",\"\",Start!A533)","v":""},{"$f":"IF(Start!B533=\"\",\"\",Start!B533)","v":"211-09265"},{"$f":"IF(Start!C533=\"\",\"\",Start!C533)","v":"STRUCTURE BACKFILL, TYPE 2"},{"$f":"IF(Start!D533=\"\",\"\",Start!D533)","v":1251},{"$f":"IF(Start!E533=\"\",\"\",Start!E533)","v":0},{"$f":"IF(Start!F533=\"\",\"\",Start!F533)","v":"C.Y."},{"$f":"IF(Start!G533=\"\",\"\",Start!G533)","v":15},{"$f":"IF(Start!H533=\"\",\"\",Start!H533)","v":18765},3,{"$f":"IF(I533=\"\",\"\",LOOKUP(I533,{1,\"01\";2,\"02\";3,\"03\";4,\"04\";5,\"05\";6,\"06\";7,\"07\";8,\"08\";9,\"09\";10,\"10\";11,\"11\";12,\"12\";13,\"13\";14,\"14\";15,\"15\"}))","v":"03"},"03. Milestone Contractors, L.P.",200,211,{"$f":"IF(B533=\"\",\"\",VLOOKUP(M533,Sections!$A$2:$D$200,3,FALSE))","v":"Earthwork"},{"$f":"IF(B533=\"\",\"\",VLOOKUP(M533,Sections!$A$2:$D$200,4,FALSE))","v":"B Borrow And Structure Backfill"}]
[{"$f":"IF(Start!A534=\"\",\"\",Start!A534)","v":""},{"$f":"IF(Start!B534=\"\",\"\",Start!B534)","v":"213-09269"},{"$f":"IF(Start!C534=\"\",\"\",Start!C534)","v":"FLOWABLE BACKFILL, NON-REMOVEABLE"},{"$f":"IF(Start!D534=\"\",\"\",Start!D534)","v":613},{"$f":"IF(Start!E534=\"\",\"\",Start!E534)","v":0},{"$f":"IF(Start!F534=\"\",\"\",Start!F534)","v":"C.Y."},{"$f":"IF(Start!G534=\"\",\"\",Start!G534)","v":90},{"$f":"IF(Start!H534=\"\",\"\",Start!H534)","v":55170},3,{"$f":"IF(I534=\"\",\"\",LOOKUP(I534,{1,\"01\";2,\"02\";3,\"03\";4,\"04\";5,\"05\";6,\"06\";7,\"07\";8,\"08\";9,\"09\";10,\"10\";11,\"11\";12,\"12\";13,\"13\";14,\"14\";15,\"15\"}))","v":"03"},"03. Milestone Contractors, L.P.",200,213,{"$f":"IF(B534=\"\",\"\",VLOOKUP(M534,Sections!$A$2:$D$200,3,FALSE))","v":"Earthwork"},{"$f":"IF(B534=\"\",\"\",VLOOKUP(M534,Sections!$A$2:$D$200,4,FALSE))","v":"Flowable Backfill"}]
[{"$f":"IF(Start!A535=\"\",\"\",Start!A535)","v":""},{"$f":"IF(Start!B535=\"\",\"\",Start!B535)","v":"301-07448"},{"$f":"IF(Start!C535=\"\",\"\",Start!C535)","v":"COMPACTED AGGREGATE, NO. 53, BASE"},{"$f":"IF(Start!D535=\"\",\"\",Start!D535)","v":7516},{"$f":"IF(Start!E535=\"\",\"\",Start!E535)","v":0},{"$f":"IF(Start!F535=\"\",\"\",Start!F535)","v":"TON"},{"$f":"IF(Start!G535=\"\",\"\",Start!G535)","v":18},{"$f":"IF(Start!H535=\"\",\"\",Start!H535)","v":135288},3,{"$f":"IF(I535=\"\",\"\",LOOKUP(I535,{1,\"01\";2,\"02\";3,\"03\";4,\"04\";5,\"05\";6,\"06\";7,\"07\";8,\"08\";9,\"09\";10,\"10\";11,\"11\";12,\"12\";13,\"13\";14,\"14\";15,\"15\"}))","v":"03"},"03. Milestone Contractors, L.P.",300,301,{"$f":"IF(B535=\"\",\"\",VLOOKUP(M535,Sections!$A$2:$D$200,3,FALSE))","v":"Aggregate Pavement And Bases"},{"$f":"IF(B535=\"\",\"\",VLOOKUP(M535,Sections!$A$2:$D$200,4,FALSE))","v":"Aggregate Base"}]
[{"$f":"IF(Start!A536=\"\",\"\",Start!A536)","v":""},{"$f":"IF(Start!B536=\"\",\"\",Start!B536)","v":"302-06464"},{"$f":"IF(Start!C536=\"\",\"\",Start!C536)","v":"SUBBASE FOR PCCP"},{"$f":"IF(Start!D536=\"\",\"\",Start!D536)","v":24464},{"$f":"IF(Start!E536=\"\",\"\",Start!E536)","v":0},{"$f":"IF(Start!F536=\"\",\"\",Start!F536)","v":"C.Y."},{"$f":"IF(Start!G536=\"\",\"\",Start!G536)","v":35},{"$f":"IF(Start!H536=\"\",\"\",Start!H536)","v":856240},3,{"$f":"IF(I536=\"\",\"\",LOOKUP(I536,{1,\"01\";2,\"02\";3,\"03\";4,\"04\";5,\"05\";6,\"06\";7,\"07\";8,\"08\";9,\"09\";10,\"10\";11,\"11\";12,\"12\";13,\"13\";14,\"14\";15,\"15\"}))","v":"03"},"03. Milestone Contractors, L.P.",300,302,{"$f":"IF(B536=\"\",\"\",VLOOKUP(M536,Sections!$A$2:$D$200,3,FALSE))","v":"Aggregate Pavement And Bases"},{"$f":"IF(B536=\"\",\"\",VLOOKUP(M536,Sections!$A$2:$D$200,4,FALSE))","v":"Subbase"}]
[{"$f":"IF(Start!A537=\"\",\"\",Start!A537)","v":""},{"$f":"IF(Start!B537=\"\",\"\",Start!B537)","v":"303-08210"},{"$f":"IF(Start!C537=\"\",\"\",Start!C537)","v":"COMPACTED AGGREGATE NO. 53, TEMPORARY FOR DRI"},{"$f":"IF(Start!D537=\"\",\"\",Start!D537)","v":30},{"$f":"IF(Start!E537=\"\",\"\",Start!E537)","v":0},{"$f":"IF(Start!F537=\"\",\"\",Start!F537)","v":"TON"},{"$f":"IF(Start!G537=\"\",\"\",Start!G537)","v":50},{"$f":"IF(Start!H537=\"\",\"\",Start!H537)","v":1500},3,{"$f":"IF(I537=\"\",\"\",LOOKUP(I537,{1,\"01\";2,\"02\";3,\"03\";4,\"04\";5,\"05\";6,\"06\";7,\"07\";8,\"08\";9,\"09\";10,\"10\";11,\"11\";12,\"12\";13,\"13\";14,\"14\";15,\"15\"}))","v":"03"},"03. Milestone Contractors, L.P.",300,303,{"$f":"IF(B537=\"\",\"\",VLOOKUP(M537,Sections!$A$2:$D$200,3,FALSE))","v":"Aggregate Pavement And Bases"},{"$f":"IF(B537=\"\",\"\",VLOOKUP(M537,Sections!$A$2:$D$200,4,FALSE))","v":"Aggregate Pavements Or Shoulders"}]
[{"$f":"IF(Start!A538=\"\",\"\",Start!A538)","v":""},{"$f":"IF(Start!B538=\"\",\"\",Start!B538)","v":"306-08034"},{"$f":"IF(Start!C538=\"\",\"\",Start!C538)","v":"MILLING, ASPHALT, 1 1/2 IN."},{"$f":"IF(Start!D538=\"\",\"\",Start!D538)","v":3039},{"$f":"IF(Start!E538=\"\",\"\",Start!E538)","v":0},{"$f":"IF(Start!F538=\"\",\"\",Start!F538)","v":"S.Y."},{"$f":"IF(Start!G538=\"\",\"\",Start!G538)","v":8},{"$f":"IF(Start!H538=\"\",\"\",Start!H538)","v":24312},3,{"$f":"IF(I538=\"\",\"\",LOOKUP(I538,{1,\"01\";2,\"02\";3,\"03\";4,\"04\";5,\"05\";6,\"06\";7,\"07\";8,\"08\";9,\"09\";10,\"10\";11,\"11\";12,\"12\";13,\"13\";14,\"14\";15,\"15\"}))","v":"03"},"03. Milestone Contractors, L.P.",300,306,{"$f":"IF(B538=\"\",\"\",VLOOKUP(M538,Sections!$A$2:$D$200,3,FALSE))","v":"Aggregate Pavement And Bases"},{"$f":"IF(B538=\"\",\"\",VLOOKUP(M538,Sections!$A$2:$D$200,4,FALSE))","v":"Milling"}]
[{"$f":"IF(Start!A539=\"\",\"\",Start!A539)","v":""},{"$f":"IF(Start!B539=\"\",\"\",Start!B539)","v":"402-07784"},{"$f":"IF(Start!C539=\"\",\"\",Start!C539)","v":"HMA SURFACE, TYPE D"},{"$f":"IF(Start!D539=\"\",\"\",Start!D539)","v":268},{"$f":"IF(Start!E539=\"\",\"\",Start!E539)","v":0},{"$f":"IF(Start!F539=\"\",\"\",Start!F539)","v":"TON"},{"$f":"IF(Start!G539=\"\",\"\",Start!G539)","v":125},{"$f":"IF(Start!H539=\"\",\"\",Start!H539)","v":33500},3,{"$f":"IF(I539=\"\",\"\",LOOKUP(I539,{1,\"01\";2,\"02\";3,\"03\";4,\"04\";5,\"05\";6,\"06\";7,\"07\";8,\"08\";9,\"09\";10,\"10\";11,\"11\";12,\"12\";13,\"13\";14,\"14\";15,\"15\"}))","v":"03"},"03. Milestone Contractors, L.P.",400,402,{"$f":"IF(B539=\"\",\"\",VLOOKUP(M539,Sections!$A$2:$D$200,3,FALSE))","v":"Asphalt Pavements"},{"$f":"IF(B539=\"\",\"\",VLOOKUP(M539,Sections!$A$2:$D$200,4,FALSE))","v":"Hot Mix Asphalt, HMA, Pavement"}]
[{"$f":"IF(Start!A540=\"\",\"\",Start!A540)","v":""},{"$f":"IF(Start!B540=\"\",\"\",Start!B540)","v":"402-07785"},{"$f":"IF(Start!C540=\"\",\"\",Start!C540)","v":"HMA INTERMEDIATE, TYPE D"},{"$f":"IF(Start!D540=\"\",\"\",Start!D540)","v":67},{"$f":"IF(Start!E540=\"\",\"\",Start!E540)","v":0},{"$f":"IF(Start!F540=\"\",\"\",Start!F540)","v":"TON"},{"$f":"IF(Start!G540=\"\",\"\",Start!G540)","v":100},{"$f":"IF(Start!H540=\"\",\"\",Start!H540)","v":6700},3,{"$f":"IF(I540=\"\",\"\",LOOKUP(I540,{1,\"01\";2,\"02\";3,\"03\";4,\"04\";5,\"05\";6,\"06\";7,\"07\";8,\"08\";9,\"09\";10,\"10\";11,\"11\";12,\"12\";13,\"13\";14,\"14\";15,\"15\"}))","v":"03"},"03. Milestone Contractors, L.P.",400,402,{"$f":"IF(B540=\"\",\"\",VLOOKUP(M540,Sections!$A$2:$D$200,3,FALSE))","v":"Asphalt Pavements"},{"$f":"IF(B540=\"\",\"\",VLOOKUP(M540,Sections!$A$2:$D$200,4,FALSE))","v":"Hot Mix Asphalt, HMA, Pavement"}]
[{"$f":"IF(Start!A541=\"\",\"\",Start!A541)","v":""},{"$f":"IF(Start!B541=\"\",\"\",Start!B541)","v":"402-10083"},{"$f":"IF(Start!C541=\"\",\"\",Start!C541)","v":"HMA FOR TEMPORARY PAVEMENT, A"},{"$f":"IF(Start!D541=\"\",\"\",Start!D541)","v":2241},{"$f":"IF(Start!E541=\"\",\"\",Start!E541)","v":0},{"$f":"IF(Start!F541=\"\",\"\",Start!F541)","v":"TON"},{"$f":"IF(Start!G541=\"\",\"\",Start!G541)","v":85},{"$f":"IF(Start!H541=\"\",\"\",Start!H541)","v":190485},3,{"$f":"IF(I541=\"\",\"\",LOOKUP(I541,{1,\"01\";2,\"02\";3,\"03\";4,\"04\";5,\"05\";6,\"06\";7,\"07\";8,\"08\";9,\"09\";10,\"10\";11,\"11\";12,\"12\";13,\"13\";14,\"14\";15,\"15\"}))","v":"03"},"03. Milestone Contractors, L.P.",400,402,{"$f":"IF(B541=\"\",\"\",VLOOKUP(M541,Sections!$A$2:$D$200,3,FALSE))","v":"Asphalt Pavements"},{"$f":"IF(B541=\"\",\"\",VLOOKUP(M541,Sections!$A$2:$D$200,4,FALSE))","v":"Hot Mix Asphalt, HMA, Pavement"}]
[{"$f":"IF(Start!A542=\"\",\"\",Start!A542)","v":""},{"$f":"IF(Start!B542=\"\",\"\",Start!B542)","v":"501-06321"},{"$f":"IF(Start!C542=\"\",\"\",Start!C542)","v":"QC/QA PCCP, 10 IN."},{"$f":"IF(Start!D542=\"\",\"\",Start!D542)","v":93599},{"$f":"IF(Start!E542=\"\",\"\",Start!E542)","v":0},{"$f":"IF(Start!F542=\"\",\"\",Start!F542)","v":"S.Y."},{"$f":"IF(Start!G542=\"\",\"\",Start!G542)","v":36},{"$f":"IF(Start!H542=\"\",\"\",Start!H542)","v":3369564},3,{"$f":"IF(I542=\"\",\"\",LOOKUP(I542,{1,\"01\";2,\"02\";3,\"03\";4,\"04\";5,\"05\";6,\"06\";7,\"07\";8,\"08\";9,\"09\";10,\"10\";11,\"11\";12,\"12\";13,\"13\";14,\"14\";15,\"15\"}))","v":"03"},"03. Milestone Contractors, L.P.",500,501,{"$f":"IF(B542=\"\",\"\",VLOOKUP(M542,Sections!$A$2:$D$200,3,FALSE))","v":"Concrete Pavement"},{"$f":"IF(B542=\"\",\"\",VLOOKUP(M542,Sections!$A$2:$D$200,4,FALSE))","v":"Quality Control/Quality Assurance, QC/QA,  Portland Cement Concrete Pavement, PCCP"}]
[{"$f":"IF(Start!A543=\"\",\"\",Start!A543)","v":""},{"$f":"IF(Start!B543=\"\",\"\",Start!B543)","v":"503-05240"},{"$f":"IF(Start!C543=\"\",\"\",Start!C543)","v":"D-1 CONTRACTION JOINT"},{"$f":"IF(Start!D543=\"\",\"\",Start!D543)","v":53189},{"$f":"IF(Start!E543=\"\",\"\",Start!E543)","v":0},{"$f":"IF(Start!F543=\"\",\"\",Start!F543)","v":"L.F."},{"$f":"IF(Start!G543=\"\",\"\",Start!G543)","v":8},{"$f":"IF(Start!H543=\"\",\"\",Start!H543)","v":425512},3,{"$f":"IF(I543=\"\",\"\",LOOKUP(I543,{1,\"01\";2,\"02\";3,\"03\";4,\"04\";5,\"05\";6,\"06\";7,\"07\";8,\"08\";9,\"09\";10,\"10\";11,\"11\";12,\"12\";13,\"13\";14,\"14\";15,\"15\"}))","v":"03"},"03. Milestone Contractors, L.P.",500,503,{"$f":"IF(B543=\"\",\"\",VLOOKUP(M543,Sections!$A$2:$D$200,3,FALSE))","v":"Concrete Pavement"},{"$f":"IF(B543=\"\",\"\",VLOOKUP(M543,Sections!$A$2:$D$200,4,FALSE))","v":"PCCP Joints"}]
[{"$f":"IF(Start!A544=\"\",\"\",Start!A544)","v":""},{"$f":"IF(Start!B544=\"\",\"\",Start!B544)","v":"601-01522"},{"$f":"IF(Start!C544=\"\",\"\",Start!C544)","v":"GUARDRAIL TRANSITION TYPE TGB"},{"$f":"IF(Start!D544=\"\",\"\",Start!D544)","v":2},{"$f":"IF(Start!E544=\"\",\"\",Start!E544)","v":0},{"$f":"IF(Start!F544=\"\",\"\",Start!F544)","v":"EACH"},{"$f":"IF(Start!G544=\"\",\"\",Start!G544)","v":2100},{"$f":"IF(Start!H544=\"\",\"\",Start!H544)","v":4200},3,{"$f":"IF(I544=\"\",\"\",LOOKUP(I544,{1,\"01\";2,\"02\";3,\"03\";4,\"04\";5,\"05\";6,\"06\";7,\"07\";8,\"08\";9,\"09\";10,\"10\";11,\"11\";12,\"12\";13,\"13\";14,\"14\";15,\"15\"}))","v":"03"},"03. Milestone Contractors, L.P.",600,601,{"$f":"IF(B544=\"\",\"\",VLOOKUP(M544,Sections!$A$2:$D$200,3,FALSE))","v":"Incidental Construction"},{"$f":"IF(B544=\"\",\"\",VLOOKUP(M544,Sections!$A$2:$D$200,4,FALSE))","v":"Guardrail"}]
[{"$f":"IF(Start!A545=\"\",\"\",Start!A545)","v":""},{"$f":"IF(Start!B545=\"\",\"\",Start!B545)","v":"601-01701"},{"$f":"IF(Start!C545=\"\",\"\",Start!C545)","v":"GUARDRAIL TERMINAL SYSTEM, W BEAM, CURVED, 2"},{"$f":"IF(Start!D545=\"\",\"\",Start!D545)","v":2},{"$f":"IF(Start!E545=\"\",\"\",Start!E545)","v":0},{"$f":"IF(Start!F545=\"\",\"\",Start!F545)","v":"EACH"},{"$f":"IF(Start!G545=\"\",\"\",Start!G545)","v":1865},{"$f":"IF(Start!H545=\"\",\"\",Start!H545)","v":3730},3,{"$f":"IF(I545=\"\",\"\",LOOKUP(I545,{1,\"01\";2,\"02\";3,\"03\";4,\"04\";5,\"05\";6,\"06\";7,\"07\";8,\"08\";9,\"09\";10,\"10\";11,\"11\";12,\"12\";13,\"13\";14,\"14\";15,\"15\"}))","v":"03"},"03. Milestone Contractors, L.P.",600,601,{"$f":"IF(B545=\"\",\"\",VLOOKUP(M545,Sections!$A$2:$D$200,3,FALSE))","v":"Incidental Construction"},{"$f":"IF(B545=\"\",\"\",VLOOKUP(M545,Sections!$A$2:$D$200,4,FALSE))","v":"Guardrail"}]
[{"$f":"IF(Start!A546=\"\",\"\",Start!A546)","v":""},{"$f":"IF(Start!B546=\"\",\"\",Start!B546)","v":"601-01848"},{"$f":"IF(Start!C546=\"\",\"\",Start!C546)","v":"GUARDRAIL TERMINAL SYSTEM, W-BEAM, CURVED, 5"},{"$f":"IF(Start!D546=\"\",\"\",Start!D546)","v":1},{"$f":"IF(Start!E546=\"\",\"\",Start!E546)","v":0},{"$f":"IF(Start!F546=\"\",\"\",Start!F546)","v":"EACH"},{"$f":"IF(Start!G546=\"\",\"\",Start!G546)","v":2065},{"$f":"IF(Start!H546=\"\",\"\",Start!H546)","v":2065},3,{"$f":"IF(I546=\"\",\"\",LOOKUP(I546,{1,\"01\";2,\"02\";3,\"03\";4,\"04\";5,\"05\";6,\"06\";7,\"07\";8,\"08\";9,\"09\";10,\"10\";11,\"11\";12,\"12\";13,\"13\";14,\"14\";15,\"15\"}))","v":"03"},"03. Milestone Contractors, L.P.",600,601,{"$f":"IF(B546=\"\",\"\",VLOOKUP(M546,Sections!$A$2:$D$200,3,FALSE))","v":"Incidental Construction"},{"$f":"IF(B546=\"\",\"\",VLOOKUP(M546,Sections!$A$2:$D$200,4,FALSE))","v":"Guardrail"}]
[{"$f":"IF(Start!A547=\"\",\"\",Start!A547)","v":""},{"$f":"IF(Start!B547=\"\",\"\",Start!B547)","v":"601-02241"},{"$f":"IF(Start!C547=\"\",\"\",Start!C547)","v":"GUARDRAIL, REMOVE"},{"$f":"IF(Start!D547=\"\",\"\",Start!D547)","v":1325},{"$f":"IF(Start!E547=\"\",\"\",Start!E547)","v":0},{"$f":"IF(Start!F547=\"\",\"\",Start!F547)","v":"L.F."},{"$f":"IF(Start!G547=\"\",\"\",Start!G547)","v":4.5},{"$f":"IF(Start!H547=\"\",\"\",Start!H547)","v":5962.5},3,{"$f":"IF(I547=\"\",\"\",LOOKUP(I547,{1,\"01\";2,\"02\";3,\"03\";4,\"04\";5,\"05\";6,\"06\";7,\"07\";8,\"08\";9,\"09\";10,\"10\";11,\"11\";12,\"12\";13,\"13\";14,\"14\";15,\"15\"}))","v":"03"},"03. Milestone Contractors, L.P.",600,601,{"$f":"IF(B547=\"\",\"\",VLOOKUP(M547,Sections!$A$2:$D$200,3,FALSE))","v":"Incidental Construction"},{"$f":"IF(B547=\"\",\"\",VLOOKUP(M547,Sections!$A$2:$D$200,4,FALSE))","v":"Guardrail"}]
[{"$f":"IF(Start!A548=\"\",\"\",Start!A548)","v":""},{"$f":"IF(Start!B548=\"\",\"\",Start!B548)","v":"601-05071"},{"$f":"IF(Start!C548=\"\",\"\",Start!C548)","v":"GUARDRAIL TERMINAL SYSTEM, W-BEAM, CURVED, 7"},{"$f":"IF(Start!D548=\"\",\"\",Start!D548)","v":1},{"$f":"IF(Start!E548=\"\",\"\",Start!E548)","v":0},{"$f":"IF(Start!F548=\"\",\"\",Start!F548)","v":"EACH"},{"$f":"IF(Start!G548=\"\",\"\",Start!G548)","v":2500},{"$f":"IF(Start!H548=\"\",\"\",Start!H548)","v":2500},3,{"$f":"IF(I548=\"\",\"\",LOOKUP(I548,{1,\"01\";2,\"02\";3,\"03\";4,\"04\";5,\"05\";6,\"06\";7,\"07\";8,\"08\";9,\"09\";10,\"10\";11,\"11\";12,\"12\";13,\"13\";14,\"14\";15,\"15\"}))","v":"03"},"03. Milestone Contractors, L.P.",600,601,{"$f":"IF(B548=\"\",\"\",VLOOKUP(M548,Sections!$A$2:$D$200,3,FALSE))","v":"Incidental Construction"},{"$f":"IF(B548=\"\",\"\",VLOOKUP(M548,Sections!$A$2:$D$200,4,FALSE))","v":"Guardrail"}]
[{"$f":"IF(Start!A549=\"\",\"\",Start!A549)","v":""},{"$f":"IF(Start!B549=\"\",\"\",Start!B549)","v":"601-06854"},{"$f":"IF(Start!C549=\"\",\"\",Start!C549)","v":"GUARDRAIL, W-BEAM, NESTED"},{"$f":"IF(Start!D549=\"\",\"\",Start!D549)","v":5},{"$f":"IF(Start!E549=\"\",\"\",Start!E549)","v":0},{"$f":"IF(Start!F549=\"\",\"\",Start!F549)","v":"EACH"},{"$f":"IF(Start!G549=\"\",\"\",Start!G549)","v":2800},{"$f":"IF(Start!H549=\"\",\"\",Start!H549)","v":14000},3,{"$f":"IF(I549=\"\",\"\",LOOKUP(I549,{1,\"01\";2,\"02\";3,\"03\";4,\"04\";5,\"05\";6,\"06\";7,\"07\";8,\"08\";9,\"09\";10,\"10\";11,\"11\";12,\"12\";13,\"13\";14,\"14\";15,\"15\"}))","v":"03"},"03. Milestone Contractors, L.P.",600,601,{"$f":"IF(B549=\"\",\"\",VLOOKUP(M549,Sections!$A$2:$D$200,3,FALSE))","v":"Incidental Construction"},{"$f":"IF(B549=\"\",\"\",VLOOKUP(M549,Sections!$A$2:$D$200,4,FALSE))","v":"Guardrail"}]
[{"$f":"IF(Start!A550=\"\",\"\",Start!A550)","v":""},{"$f":"IF(Start!B550=\"\",\"\",Start!B550)","v":"601-08433"},{"$f":"IF(Start!C550=\"\",\"\",Start!C550)","v":"GUARDRAIL END TREATMENT, TYPE OS, SPARE PARTS"},{"$f":"IF(Start!D550=\"\",\"\",Start!D550)","v":1},{"$f":"IF(Start!E550=\"\",\"\",Start!E550)","v":0},{"$f":"IF(Start!F550=\"\",\"\",Start!F550)","v":"EACH"},{"$f":"IF(Start!G550=\"\",\"\",Start!G550)","v":610},{"$f":"IF(Start!H550=\"\",\"\",Start!H550)","v":610},3,{"$f":"IF(I550=\"\",\"\",LOOKUP(I550,{1,\"01\";2,\"02\";3,\"03\";4,\"04\";5,\"05\";6,\"06\";7,\"07\";8,\"08\";9,\"09\";10,\"10\";11,\"11\";12,\"12\";13,\"13\";14,\"14\";15,\"15\"}))","v":"03"},"03. Milestone Contractors, L.P.",600,601,{"$f":"IF(B550=\"\",\"\",VLOOKUP(M550,Sections!$A$2:$D$200,3,FALSE))","v":"Incidental Construction"},{"$f":"IF(B550=\"\",\"\",VLOOKUP(M550,Sections!$A$2:$D$200,4,FALSE))","v":"Guardrail"}]
[{"$f":"IF(Start!A551=\"\",\"\",Start!A551)","v":""},{"$f":"IF(Start!B551=\"\",\"\",Start!B551)","v":"601-08434"},{"$f":"IF(Start!C551=\"\",\"\",Start!C551)","v":"GUARDRAIL END TREATMENT, TYPE OS, SPARE PARTS"},{"$f":"IF(Start!D551=\"\",\"\",Start!D551)","v":1},{"$f":"IF(Start!E551=\"\",\"\",Start!E551)","v":0},{"$f":"IF(Start!F551=\"\",\"\",Start!F551)","v":"EACH"},{"$f":"IF(Start!G551=\"\",\"\",Start!G551)","v":110},{"$f":"IF(Start!H551=\"\",\"\",Start!H551)","v":110},3,{"$f":"IF(I551=\"\",\"\",LOOKUP(I551,{1,\"01\";2,\"02\";3,\"03\";4,\"04\";5,\"05\";6,\"06\";7,\"07\";8,\"08\";9,\"09\";10,\"10\";11,\"11\";12,\"12\";13,\"13\";14,\"14\";15,\"15\"}))","v":"03"},"03. Milestone Contractors, L.P.",600,601,{"$f":"IF(B551=\"\",\"\",VLOOKUP(M551,Sections!$A$2:$D$200,3,FALSE))","v":"Incidental Construction"},{"$f":"IF(B551=\"\",\"\",VLOOKUP(M551,Sections!$A$2:$D$200,4,FALSE))","v":"Guardrail"}]
[{"$f":"IF(Start!A552=\"\",\"\",Start!A552)","v":""},{"$f":"IF(Start!B552=\"\",\"\",Start!B552)","v":"601-09149"},{"$f":"IF(Start!C552=\"\",\"\",Start!C552)","v":"IMPACT ATTENUATOR, CR1, W1, TL-3"},{"$f":"IF(Start!D552=\"\",\"\",Start!D552)","v":2},{"$f":"IF(Start!E552=\"\",\"\",Start!E552)","v":0},{"$f":"IF(Start!F552=\"\",\"\",Start!F552)","v":"EACH"},{"$f":"IF(Start!G552=\"\",\"\",Start!G552)","v":33300},{"$f":"IF(Start!H552=\"\",\"\",Start!H552)","v":66600},3,{"$f":"IF(I552=\"\",\"\",LOOKUP(I552,{1,\"01\";2,\"02\";3,\"03\";4,\"04\";5,\"05\";6,\"06\";7,\"07\";8,\"08\";9,\"09\";10,\"10\";11,\"11\";12,\"12\";13,\"13\";14,\"14\";15,\"15\"}))","v":"03"},"03. Milestone Contractors, L.P.",600,601,{"$f":"IF(B552=\"\",\"\",VLOOKUP(M552,Sections!$A$2:$D$200,3,FALSE))","v":"Incidental Construction"},{"$f":"IF(B552=\"\",\"\",VLOOKUP(M552,Sections!$A$2:$D$200,4,FALSE))","v":"Guardrail"}]
[{"$f":"IF(Start!A553=\"\",\"\",Start!A553)","v":""},{"$f":"IF(Start!B553=\"\",\"\",Start!B553)","v":"601-94689"},{"$f":"IF(Start!C553=\"\",\"\",Start!C553)","v":"GUARDRAIL END TREATMENT, OS"},{"$f":"IF(Start!D553=\"\",\"\",Start!D553)","v":15},{"$f":"IF(Start!E553=\"\",\"\",Start!E553)","v":0},{"$f":"IF(Start!F553=\"\",\"\",Start!F553)","v":"EACH"},{"$f":"IF(Start!G553=\"\",\"\",Start!G553)","v":2635},{"$f":"IF(Start!H553=\"\",\"\",Start!H553)","v":39525},3,{"$f":"IF(I553=\"\",\"\",LOOKUP(I553,{1,\"01\";2,\"02\";3,\"03\";4,\"04\";5,\"05\";6,\"06\";7,\"07\";8,\"08\";9,\"09\";10,\"10\";11,\"11\";12,\"12\";13,\"13\";14,\"14\";15,\"15\"}))","v":"03"},"03. Milestone Contractors, L.P.",600,601,{"$f":"IF(B553=\"\",\"\",VLOOKUP(M553,Sections!$A$2:$D$200,3,FALSE))","v":"Incidental Construction"},{"$f":"IF(B553=\"\",\"\",VLOOKUP(M553,Sections!$A$2:$D$200,4,FALSE))","v":"Guardrail"}]
[{"$f":"IF(Start!A554=\"\",\"\",Start!A554)","v":""},{"$f":"IF(Start!B554=\"\",\"\",Start!B554)","v":"601-99105"},{"$f":"IF(Start!C554=\"\",\"\",Start!C554)","v":"GUARDRAIL, W BEAM, 6 FT. 3 IN. SPACING"},{"$f":"IF(Start!D554=\"\",\"\",Start!D554)","v":3583},{"$f":"IF(Start!E554=\"\",\"\",Start!E554)","v":0},{"$f":"IF(Start!F554=\"\",\"\",Start!F554)","v":"L.F."},{"$f":"IF(Start!G554=\"\",\"\",Start!G554)","v":18.75},{"$f":"IF(Start!H554=\"\",\"\",Start!H554)","v":67181.25},3,{"$f":"IF(I554=\"\",\"\",LOOKUP(I554,{1,\"01\";2,\"02\";3,\"03\";4,\"04\";5,\"05\";6,\"06\";7,\"07\";8,\"08\";9,\"09\";10,\"10\";11,\"11\";12,\"12\";13,\"13\";14,\"14\";15,\"15\"}))","v":"03"},"03. Milestone Contractors, L.P.",600,601,{"$f":"IF(B554=\"\",\"\",VLOOKUP(M554,Sections!$A$2:$D$200,3,FALSE))","v":"Incidental Construction"},{"$f":"IF(B554=\"\",\"\",VLOOKUP(M554,Sections!$A$2:$D$200,4,FALSE))","v":"Guardrail"}]
[{"$f":"IF(Start!A555=\"\",\"\",Start!A555)","v":""},{"$f":"IF(Start!B555=\"\",\"\",Start!B555)","v":"601-99123"},{"$f":"IF(Start!C555=\"\",\"\",Start!C555)","v":"GUARDRAIL TRANSITION, GP"},{"$f":"IF(Start!D555=\"\",\"\",Start!D555)","v":4},{"$f":"IF(Start!E555=\"\",\"\",Start!E555)","v":0},{"$f":"IF(Start!F555=\"\",\"\",Start!F555)","v":"EACH"},{"$f":"IF(Start!G555=\"\",\"\",Start!G555)","v":3100},{"$f":"IF(Start!H555=\"\",\"\",Start!H555)","v":12400},3,{"$f":"IF(I555=\"\",\"\",LOOKUP(I555,{1,\"01\";2,\"02\";3,\"03\";4,\"04\";5,\"05\";6,\"06\";7,\"07\";8,\"08\";9,\"09\";10,\"10\";11,\"11\";12,\"12\";13,\"13\";14,\"14\";15,\"15\"}))","v":"03"},"03. Milestone Contractors, L.P.",600,601,{"$f":"IF(B555=\"\",\"\",VLOOKUP(M555,Sections!$A$2:$D$200,3,FALSE))","v":"Incidental Construction"},{"$f":"IF(B555=\"\",\"\",VLOOKUP(M555,Sections!$A$2:$D$200,4,FALSE))","v":"Guardrail"}]
[{"$f":"IF(Start!A556=\"\",\"\",Start!A556)","v":""},{"$f":"IF(Start!B556=\"\",\"\",Start!B556)","v":"603-06040"},{"$f":"IF(Start!C556=\"\",\"\",Start!C556)","v":"FENCE, FARM FIELD, 47 IN."},{"$f":"IF(Start!D556=\"\",\"\",Start!D556)","v":2579},{"$f":"IF(Start!E556=\"\",\"\",Start!E556)","v":0},{"$f":"IF(Start!F556=\"\",\"\",Start!F556)","v":"L.F."},{"$f":"IF(Start!G556=\"\",\"\",Start!G556)","v":7.25},{"$f":"IF(Start!H556=\"\",\"\",Start!H556)","v":18697.75},3,{"$f":"IF(I556=\"\",\"\",LOOKUP(I556,{1,\"01\";2,\"02\";3,\"03\";4,\"04\";5,\"05\";6,\"06\";7,\"07\";8,\"08\";9,\"09\";10,\"10\";11,\"11\";12,\"12\";13,\"13\";14,\"14\";15,\"15\"}))","v":"03"},"03. Milestone Contractors, L.P.",600,603,{"$f":"IF(B556=\"\",\"\",VLOOKUP(M556,Sections!$A$2:$D$200,3,FALSE))","v":"Incidental Construction"},{"$f":"IF(B556=\"\",\"\",VLOOKUP(M556,Sections!$A$2:$D$200,4,FALSE))","v":"Fences"}]
[{"$f":"IF(Start!A557=\"\",\"\",Start!A557)","v":""},{"$f":"IF(Start!B557=\"\",\"\",Start!B557)","v":"605-06090"},{"$f":"IF(Start!C557=\"\",\"\",Start!C557)","v":"CURB, INTEGRAL, CONCRETE"},{"$f":"IF(Start!D557=\"\",\"\",Start!D557)","v":217},{"$f":"IF(Start!E557=\"\",\"\",Start!E557)","v":0},{"$f":"IF(Start!F557=\"\",\"\",Start!F557)","v":"L.F."},{"$f":"IF(Start!G557=\"\",\"\",Start!G557)","v":12},{"$f":"IF(Start!H557=\"\",\"\",Start!H557)","v":2604},3,{"$f":"IF(I557=\"\",\"\",LOOKUP(I557,{1,\"01\";2,\"02\";3,\"03\";4,\"04\";5,\"05\";6,\"06\";7,\"07\";8,\"08\";9,\"09\";10,\"10\";11,\"11\";12,\"12\";13,\"13\";14,\"14\";15,\"15\"}))","v":"03"},"03. Milestone Contractors, L.P.",600,605,{"$f":"IF(B557=\"\",\"\",VLOOKUP(M557,Sections!$A$2:$D$200,3,FALSE))","v":"Incidental Construction"},{"$f":"IF(B557=\"\",\"\",VLOOKUP(M557,Sections!$A$2:$D$200,4,FALSE))","v":"Curbing"}]
[{"$f":"IF(Start!A558=\"\",\"\",Start!A558)","v":""},{"$f":"IF(Start!B558=\"\",\"\",Start!B558)","v":"605-06121"},{"$f":"IF(Start!C558=\"\",\"\",Start!C558)","v":"CURB, CONCRETE, B"},{"$f":"IF(Start!D558=\"\",\"\",Start!D558)","v":1442},{"$f":"IF(Start!E558=\"\",\"\",Start!E558)","v":0},{"$f":"IF(Start!F558=\"\",\"\",Start!F558)","v":"L.F."},{"$f":"IF(Start!G558=\"\",\"\",Start!G558)","v":16.5},{"$f":"IF(Start!H558=\"\",\"\",Start!H558)","v":23793},3,{"$f":"IF(I558=\"\",\"\",LOOKUP(I558,{1,\"01\";2,\"02\";3,\"03\";4,\"04\";5,\"05\";6,\"06\";7,\"07\";8,\"08\";9,\"09\";10,\"10\";11,\"11\";12,\"12\";13,\"13\";14,\"14\";15,\"15\"}))","v":"03"},"03. Milestone Contractors, L.P.",600,605,{"$f":"IF(B558=\"\",\"\",VLOOKUP(M558,Sections!$A$2:$D$200,3,FALSE))","v":"Incidental Construction"},{"$f":"IF(B558=\"\",\"\",VLOOKUP(M558,Sections!$A$2:$D$200,4,FALSE))","v":"Curbing"}]
[{"$f":"IF(Start!A559=\"\",\"\",Start!A559)","v":""},{"$f":"IF(Start!B559=\"\",\"\",Start!B559)","v":"605-06140"},{"$f":"IF(Start!C559=\"\",\"\",Start!C559)","v":"CURB AND GUTTER, CONCRETE"},{"$f":"IF(Start!D559=\"\",\"\",Start!D559)","v":42},{"$f":"IF(Start!E559=\"\",\"\",Start!E559)","v":0},{"$f":"IF(Start!F559=\"\",\"\",Start!F559)","v":"L.F."},{"$f":"IF(Start!G559=\"\",\"\",Start!G559)","v":50},{"$f":"IF(Start!H559=\"\",\"\",Start!H559)","v":2100},3,{"$f":"IF(I559=\"\",\"\",LOOKUP(I559,{1,\"01\";2,\"02\";3,\"03\";4,\"04\";5,\"05\";6,\"06\";7,\"07\";8,\"08\";9,\"09\";10,\"10\";11,\"11\";12,\"12\";13,\"13\";14,\"14\";15,\"15\"}))","v":"03"},"03. Milestone Contractors, L.P.",600,605,{"$f":"IF(B559=\"\",\"\",VLOOKUP(M559,Sections!$A$2:$D$200,3,FALSE))","v":"Incidental Construction"},{"$f":"IF(B559=\"\",\"\",VLOOKUP(M559,Sections!$A$2:$D$200,4,FALSE))","v":"Curbing"}]
[{"$f":"IF(Start!A560=\"\",\"\",Start!A560)","v":""},{"$f":"IF(Start!B560=\"\",\"\",Start!B560)","v":"605-06145"},{"$f":"IF(Start!C560=\"\",\"\",Start!C560)","v":"CURB AND GUTTER, B, CONCRETE"},{"$f":"IF(Start!D560=\"\",\"\",Start!D560)","v":177},{"$f":"IF(Start!E560=\"\",\"\",Start!E560)","v":0},{"$f":"IF(Start!F560=\"\",\"\",Start!F560)","v":"L.F."},{"$f":"IF(Start!G560=\"\",\"\",Start!G560)","v":30},{"$f":"IF(Start!H560=\"\",\"\",Start!H560)","v":5310},3,{"$f":"IF(I560=\"\",\"\",LOOKUP(I560,{1,\"01\";2,\"02\";3,\"03\";4,\"04\";5,\"05\";6,\"06\";7,\"07\";8,\"08\";9,\"09\";10,\"10\";11,\"11\";12,\"12\";13,\"13\";14,\"14\";15,\"15\"}))","v":"03"},"03. Milestone Contractors, L.P.",600,605,{"$f":"IF(B560=\"\",\"\",VLOOKUP(M560,Sections!$A$2:$D$200,3,FALSE))","v":"Incidental Construction"},{"$f":"IF(B560=\"\",\"\",VLOOKUP(M560,Sections!$A$2:$D$200,4,FALSE))","v":"Curbing"}]
[{"$f":"IF(Start!A561=\"\",\"\",Start!A561)","v":""},{"$f":"IF(Start!B561=\"\",\"\",Start!B561)","v":"605-06245"},{"$f":"IF(Start!C561=\"\",\"\",Start!C561)","v":"CENTER CURB, B, CONCRETE"},{"$f":"IF(Start!D561=\"\",\"\",Start!D561)","v":4255},{"$f":"IF(Start!E561=\"\",\"\",Start!E561)","v":0},{"$f":"IF(Start!F561=\"\",\"\",Start!F561)","v":"S.Y."},{"$f":"IF(Start!G561=\"\",\"\",Start!G561)","v":50},{"$f":"IF(Start!H561=\"\",\"\",Start!H561)","v":212750},3,{"$f":"IF(I561=\"\",\"\",LOOKUP(I561,{1,\"01\";2,\"02\";3,\"03\";4,\"04\";5,\"05\";6,\"06\";7,\"07\";8,\"08\";9,\"09\";10,\"10\";11,\"11\";12,\"12\";13,\"13\";14,\"14\";15,\"15\"}))","v":"03"},"03. Milestone Contractors, L.P.",600,605,{"$f":"IF(B561=\"\",\"\",VLOOKUP(M561,Sections!$A$2:$D$200,3,FALSE))","v":"Incidental Construction"},{"$f":"IF(B561=\"\",\"\",VLOOKUP(M561,Sections!$A$2:$D$200,4,FALSE))","v":"Curbing"}]
[{"$f":"IF(Start!A562=\"\",\"\",Start!A562)","v":""},{"$f":"IF(Start!B562=\"\",\"\",Start!B562)","v":"610-07487"},{"$f":"IF(Start!C562=\"\",\"\",Start!C562)","v":"HMA FOR APPROACHES, TYPE B"},{"$f":"IF(Start!D562=\"\",\"\",Start!D562)","v":1776},{"$f":"IF(Start!E562=\"\",\"\",Start!E562)","v":0},{"$f":"IF(Start!F562=\"\",\"\",Start!F562)","v":"TON"},{"$f":"IF(Start!G562=\"\",\"\",Start!G562)","v":84},{"$f":"IF(Start!H562=\"\",\"\",Start!H562)","v":149184},3,{"$f":"IF(I562=\"\",\"\",LOOKUP(I562,{1,\"01\";2,\"02\";3,\"03\";4,\"04\";5,\"05\";6,\"06\";7,\"07\";8,\"08\";9,\"09\";10,\"10\";11,\"11\";12,\"12\";13,\"13\";14,\"14\";15,\"15\"}))","v":"03"},"03. Milestone Contractors, L.P.",600,610,{"$f":"IF(B562=\"\",\"\",VLOOKUP(M562,Sections!$A$2:$D$200,3,FALSE))","v":"Incidental Construction"},{"$f":"IF(B562=\"\",\"\",VLOOKUP(M562,Sections!$A$2:$D$200,4,FALSE))","v":"Approaches And Crossovers"}]
[{"$f":"IF(Start!A563=\"\",\"\",Start!A563)","v":""},{"$f":"IF(Start!B563=\"\",\"\",Start!B563)","v":"610-09108"},{"$f":"IF(Start!C563=\"\",\"\",Start!C563)","v":"PCCP FOR APPROACHES, 9 IN."},{"$f":"IF(Start!D563=\"\",\"\",Start!D563)","v":2088},{"$f":"IF(Start!E563=\"\",\"\",Start!E563)","v":0},{"$f":"IF(Start!F563=\"\",\"\",Start!F563)","v":"S.Y."},{"$f":"IF(Start!G563=\"\",\"\",Start!G563)","v":45},{"$f":"IF(Start!H563=\"\",\"\",Start!H563)","v":93960},3,{"$f":"IF(I563=\"\",\"\",LOOKUP(I563,{1,\"01\";2,\"02\";3,\"03\";4,\"04\";5,\"05\";6,\"06\";7,\"07\";8,\"08\";9,\"09\";10,\"10\";11,\"11\";12,\"12\";13,\"13\";14,\"14\";15,\"15\"}))","v":"03"},"03. Milestone Contractors, L.P.",600,610,{"$f":"IF(B563=\"\",\"\",VLOOKUP(M563,Sections!$A$2:$D$200,3,FALSE))","v":"Incidental Construction"},{"$f":"IF(B563=\"\",\"\",VLOOKUP(M563,Sections!$A$2:$D$200,4,FALSE))","v":"Approaches And Crossovers"}]
[{"$f":"IF(Start!A564=\"\",\"\",Start!A564)","v":""},{"$f":"IF(Start!B564=\"\",\"\",Start!B564)","v":"611-06497"},{"$f":"IF(Start!C564=\"\",\"\",Start!C564)","v":"MAILBOX ASSEMBLY, SINGLE"},{"$f":"IF(Start!D564=\"\",\"\",Start!D564)","v":2},{"$f":"IF(Start!E564=\"\",\"\",Start!E564)","v":0},{"$f":"IF(Start!F564=\"\",\"\",Start!F564)","v":"EACH"},{"$f":"IF(Start!G564=\"\",\"\",Start!G564)","v":215},{"$f":"IF(Start!H564=\"\",\"\",Start!H564)","v":430},3,{"$f":"IF(I564=\"\",\"\",LOOKUP(I564,{1,\"01\";2,\"02\";3,\"03\";4,\"04\";5,\"05\";6,\"06\";7,\"07\";8,\"08\";9,\"09\";10,\"10\";11,\"11\";12,\"12\";13,\"13\";14,\"14\";15,\"15\"}))","v":"03"},"03. Milestone Contractors, L.P.",600,611,{"$f":"IF(B564=\"\",\"\",VLOOKUP(M564,Sections!$A$2:$D$200,3,FALSE))","v":"Incidental Construction"},{"$f":"IF(B564=\"\",\"\",VLOOKUP(M564,Sections!$A$2:$D$200,4,FALSE))","v":"Mailbox Installations"}]
[{"$f":"IF(Start!A565=\"\",\"\",Start!A565)","v":""},{"$f":"IF(Start!B565=\"\",\"\",Start!B565)","v":"611-06498"},{"$f":"IF(Start!C565=\"\",\"\",Start!C565)","v":"MAILBOX ASSEMBLY, DOUBLE"},{"$f":"IF(Start!D565=\"\",\"\",Start!D565)","v":1},{"$f":"IF(Start!E565=\"\",\"\",Start!E565)","v":0},{"$f":"IF(Start!F565=\"\",\"\",Start!F565)","v":"EACH"},{"$f":"IF(Start!G565=\"\",\"\",Start!G565)","v":275},{"$f":"IF(Start!H565=\"\",\"\",Start!H565)","v":275},3,{"$f":"IF(I565=\"\",\"\",LOOKUP(I565,{1,\"01\";2,\"02\";3,\"03\";4,\"04\";5,\"05\";6,\"06\";7,\"07\";8,\"08\";9,\"09\";10,\"10\";11,\"11\";12,\"12\";13,\"13\";14,\"14\";15,\"15\"}))","v":"03"},"03. Milestone Contractors, L.P.",600,611,{"$f":"IF(B565=\"\",\"\",VLOOKUP(M565,Sections!$A$2:$D$200,3,FALSE))","v":"Incidental Construction"},{"$f":"IF(B565=\"\",\"\",VLOOKUP(M565,Sections!$A$2:$D$200,4,FALSE))","v":"Mailbox Installations"}]
[{"$f":"IF(Start!A566=\"\",\"\",Start!A566)","v":""},{"$f":"IF(Start!B566=\"\",\"\",Start!B566)","v":"615-06490"},{"$f":"IF(Start!C566=\"\",\"\",Start!C566)","v":"RIGHT OF WAY MARKER"},{"$f":"IF(Start!D566=\"\",\"\",Start!D566)","v":61},{"$f":"IF(Start!E566=\"\",\"\",Start!E566)","v":0},{"$f":"IF(Start!F566=\"\",\"\",Start!F566)","v":"EACH"},{"$f":"IF(Start!G566=\"\",\"\",Start!G566)","v":137},{"$f":"IF(Start!H566=\"\",\"\",Start!H566)","v":8357},3,{"$f":"IF(I566=\"\",\"\",LOOKUP(I566,{1,\"01\";2,\"02\";3,\"03\";4,\"04\";5,\"05\";6,\"06\";7,\"07\";8,\"08\";9,\"09\";10,\"10\";11,\"11\";12,\"12\";13,\"13\";14,\"14\";15,\"15\"}))","v":"03"},"03. Milestone Contractors, L.P.",600,615,{"$f":"IF(B566=\"\",\"\",VLOOKUP(M566,Sections!$A$2:$D$200,3,FALSE))","v":"Incidental Construction"},{"$f":"IF(B566=\"\",\"\",VLOOKUP(M566,Sections!$A$2:$D$200,4,FALSE))","v":"Monuments, Markers, And Parking Barriers"}]
[{"$f":"IF(Start!A567=\"\",\"\",Start!A567)","v":""},{"$f":"IF(Start!B567=\"\",\"\",Start!B567)","v":"615-06500"},{"$f":"IF(Start!C567=\"\",\"\",Start!C567)","v":"MONUMENT, A"},{"$f":"IF(Start!D567=\"\",\"\",Start!D567)","v":2},{"$f":"IF(Start!E567=\"\",\"\",Start!E567)","v":0},{"$f":"IF(Start!F567=\"\",\"\",Start!F567)","v":"EACH"},{"$f":"IF(Start!G567=\"\",\"\",Start!G567)","v":650},{"$f":"IF(Start!H567=\"\",\"\",Start!H567)","v":1300},3,{"$f":"IF(I567=\"\",\"\",LOOKUP(I567,{1,\"01\";2,\"02\";3,\"03\";4,\"04\";5,\"05\";6,\"06\";7,\"07\";8,\"08\";9,\"09\";10,\"10\";11,\"11\";12,\"12\";13,\"13\";14,\"14\";15,\"15\"}))","v":"03"},"03. Milestone Contractors, L.P.",600,615,{"$f":"IF(B567=\"\",\"\",VLOOKUP(M567,Sections!$A$2:$D$200,3,FALSE))","v":"Incidental Construction"},{"$f":"IF(B567=\"\",\"\",VLOOKUP(M567,Sections!$A$2:$D$200,4,FALSE))","v":"Monuments, Markers, And Parking Barriers"}]
[{"$f":"IF(Start!A568=\"\",\"\",Start!A568)","v":""},{"$f":"IF(Start!B568=\"\",\"\",Start!B568)","v":"615-06505"},{"$f":"IF(Start!C568=\"\",\"\",Start!C568)","v":"MONUMENT, B"},{"$f":"IF(Start!D568=\"\",\"\",Start!D568)","v":6},{"$f":"IF(Start!E568=\"\",\"\",Start!E568)","v":0},{"$f":"IF(Start!F568=\"\",\"\",Start!F568)","v":"EACH"},{"$f":"IF(Start!G568=\"\",\"\",Start!G568)","v":755},{"$f":"IF(Start!H568=\"\",\"\",Start!H568)","v":4530},3,{"$f":"IF(I568=\"\",\"\",LOOKUP(I568,{1,\"01\";2,\"02\";3,\"03\";4,\"04\";5,\"05\";6,\"06\";7,\"07\";8,\"08\";9,\"09\";10,\"10\";11,\"11\";12,\"12\";13,\"13\";14,\"14\";15,\"15\"}))","v":"03"},"03. Milestone Contractors, L.P.",600,615,{"$f":"IF(B568=\"\",\"\",VLOOKUP(M568,Sections!$A$2:$D$200,3,FALSE))","v":"Incidental Construction"},{"$f":"IF(B568=\"\",\"\",VLOOKUP(M568,Sections!$A$2:$D$200,4,FALSE))","v":"Monuments, Markers, And Parking Barriers"}]
[{"$f":"IF(Start!A569=\"\",\"\",Start!A569)","v":""},{"$f":"IF(Start!B569=\"\",\"\",Start!B569)","v":"615-06510"},{"$f":"IF(Start!C569=\"\",\"\",Start!C569)","v":"MONUMENT, C"},{"$f":"IF(Start!D569=\"\",\"\",Start!D569)","v":2},{"$f":"IF(Start!E569=\"\",\"\",Start!E569)","v":0},{"$f":"IF(Start!F569=\"\",\"\",Start!F569)","v":"EACH"},{"$f":"IF(Start!G569=\"\",\"\",Start!G569)","v":555},{"$f":"IF(Start!H569=\"\",\"\",Start!H569)","v":1110},3,{"$f":"IF(I569=\"\",\"\",LOOKUP(I569,{1,\"01\";2,\"02\";3,\"03\";4,\"04\";5,\"05\";6,\"06\";7,\"07\";8,\"08\";9,\"09\";10,\"10\";11,\"11\";12,\"12\";13,\"13\";14,\"14\";15,\"15\"}))","v":"03"},"03. Milestone Contractors, L.P.",600,615,{"$f":"IF(B569=\"\",\"\",VLOOKUP(M569,Sections!$A$2:$D$200,3,FALSE))","v":"Incidental Construction"},{"$f":"IF(B569=\"\",\"\",VLOOKUP(M569,Sections!$A$2:$D$200,4,FALSE))","v":"Monuments, Markers, And Parking Barriers"}]
[{"$f":"IF(Start!A570=\"\",\"\",Start!A570)","v":""},{"$f":"IF(Start!B570=\"\",\"\",Start!B570)","v":"615-06515"},{"$f":"IF(Start!C570=\"\",\"\",Start!C570)","v":"MONUMENT, D"},{"$f":"IF(Start!D570=\"\",\"\",Start!D570)","v":48},{"$f":"IF(Start!E570=\"\",\"\",Start!E570)","v":0},{"$f":"IF(Start!F570=\"\",\"\",Start!F570)","v":"EACH"},{"$f":"IF(Start!G570=\"\",\"\",Start!G570)","v":135},{"$f":"IF(Start!H570=\"\",\"\",Start!H570)","v":6480},3,{"$f":"IF(I570=\"\",\"\",LOOKUP(I570,{1,\"01\";2,\"02\";3,\"03\";4,\"04\";5,\"05\";6,\"06\";7,\"07\";8,\"08\";9,\"09\";10,\"10\";11,\"11\";12,\"12\";13,\"13\";14,\"14\";15,\"15\"}))","v":"03"},"03. Milestone Contractors, L.P.",600,615,{"$f":"IF(B570=\"\",\"\",VLOOKUP(M570,Sections!$A$2:$D$200,3,FALSE))","v":"Incidental Construction"},{"$f":"IF(B570=\"\",\"\",VLOOKUP(M570,Sections!$A$2:$D$200,4,FALSE))","v":"Monuments, Markers, And Parking Barriers"}]
[{"$f":"IF(Start!A571=\"\",\"\",Start!A571)","v":""},{"$f":"IF(Start!B571=\"\",\"\",Start!B571)","v":"615-06520"},{"$f":"IF(Start!C571=\"\",\"\",Start!C571)","v":"MONUMENT, RE ESTABLISH"},{"$f":"IF(Start!D571=\"\",\"\",Start!D571)","v":1},{"$f":"IF(Start!E571=\"\",\"\",Start!E571)","v":0},{"$f":"IF(Start!F571=\"\",\"\",Start!F571)","v":"EACH"},{"$f":"IF(Start!G571=\"\",\"\",Start!G571)","v":1500},{"$f":"IF(Start!H571=\"\",\"\",Start!H571)","v":1500},3,{"$f":"IF(I571=\"\",\"\",LOOKUP(I571,{1,\"01\";2,\"02\";3,\"03\";4,\"04\";5,\"05\";6,\"06\";7,\"07\";8,\"08\";9,\"09\";10,\"10\";11,\"11\";12,\"12\";13,\"13\";14,\"14\";15,\"15\"}))","v":"03"},"03. Milestone Contractors, L.P.",600,615,{"$f":"IF(B571=\"\",\"\",VLOOKUP(M571,Sections!$A$2:$D$200,3,FALSE))","v":"Incidental Construction"},{"$f":"IF(B571=\"\",\"\",VLOOKUP(M571,Sections!$A$2:$D$200,4,FALSE))","v":"Monuments, Markers, And Parking Barriers"}]
[{"$f":"IF(Start!A572=\"\",\"\",Start!A572)","v":""},{"$f":"IF(Start!B572=\"\",\"\",Start!B572)","v":"615-06535"},{"$f":"IF(Start!C572=\"\",\"\",Start!C572)","v":"BENCH MARK POST, RESET"},{"$f":"IF(Start!D572=\"\",\"\",Start!D572)","v":1},{"$f":"IF(Start!E572=\"\",\"\",Start!E572)","v":0},{"$f":"IF(Start!F572=\"\",\"\",Start!F572)","v":"EACH"},{"$f":"IF(Start!G572=\"\",\"\",Start!G572)","v":1000},{"$f":"IF(Start!H572=\"\",\"\",Start!H572)","v":1000},3,{"$f":"IF(I572=\"\",\"\",LOOKUP(I572,{1,\"01\";2,\"02\";3,\"03\";4,\"04\";5,\"05\";6,\"06\";7,\"07\";8,\"08\";9,\"09\";10,\"10\";11,\"11\";12,\"12\";13,\"13\";14,\"14\";15,\"15\"}))","v":"03"},"03. Milestone Contractors, L.P.",600,615,{"$f":"IF(B572=\"\",\"\",VLOOKUP(M572,Sections!$A$2:$D$200,3,FALSE))","v":"Incidental Construction"},{"$f":"IF(B572=\"\",\"\",VLOOKUP(M572,Sections!$A$2:$D$200,4,FALSE))","v":"Monuments, Markers, And Parking Barriers"}]
[{"$f":"IF(Start!A573=\"\",\"\",Start!A573)","v":""},{"$f":"IF(Start!B573=\"\",\"\",Start!B573)","v":"616-02320"},{"$f":"IF(Start!C573=\"\",\"\",Start!C573)","v":"GEOTEXTILES"},{"$f":"IF(Start!D573=\"\",\"\",Start!D573)","v":1282},{"$f":"IF(Start!E573=\"\",\"\",Start!E573)","v":0},{"$f":"IF(Start!F573=\"\",\"\",Start!F573)","v":"S.Y."},{"$f":"IF(Start!G573=\"\",\"\",Start!G573)","v":1.25},{"$f":"IF(Start!H573=\"\",\"\",Start!H573)","v":1602.5},3,{"$f":"IF(I573=\"\",\"\",LOOKUP(I573,{1,\"01\";2,\"02\";3,\"03\";4,\"04\";5,\"05\";6,\"06\";7,\"07\";8,\"08\";9,\"09\";10,\"10\";11,\"11\";12,\"12\";13,\"13\";14,\"14\";15,\"15\"}))","v":"03"},"03. Milestone Contractors, L.P.",600,616,{"$f":"IF(B573=\"\",\"\",VLOOKUP(M573,Sections!$A$2:$D$200,3,FALSE))","v":"Incidental Construction"},{"$f":"IF(B573=\"\",\"\",VLOOKUP(M573,Sections!$A$2:$D$200,4,FALSE))","v":"Riprap And Slopewall"}]
[{"$f":"IF(Start!A574=\"\",\"\",Start!A574)","v":""},{"$f":"IF(Start!B574=\"\",\"\",Start!B574)","v":"616-05688"},{"$f":"IF(Start!C574=\"\",\"\",Start!C574)","v":"RIPRAP, CLASS 1"},{"$f":"IF(Start!D574=\"\",\"\",Start!D574)","v":77},{"$f":"IF(Start!E574=\"\",\"\",Start!E574)","v":0},{"$f":"IF(Start!F574=\"\",\"\",Start!F574)","v":"TON"},{"$f":"IF(Start!G574=\"\",\"\",Start!G574)","v":43},{"$f":"IF(Start!H574=\"\",\"\",Start!H574)","v":3311},3,{"$f":"IF(I574=\"\",\"\",LOOKUP(I574,{1,\"01\";2,\"02\";3,\"03\";4,\"04\";5,\"05\";6,\"06\";7,\"07\";8,\"08\";9,\"09\";10,\"10\";11,\"11\";12,\"12\";13,\"13\";14,\"14\";15,\"15\"}))","v":"03"},"03. Milestone Contractors, L.P.",600,616,{"$f":"IF(B574=\"\",\"\",VLOOKUP(M574,Sections!$A$2:$D$200,3,FALSE))","v":"Incidental Construction"},{"$f":"IF(B574=\"\",\"\",VLOOKUP(M574,Sections!$A$2:$D$200,4,FALSE))","v":"Riprap And Slopewall"}]
[{"$f":"IF(Start!A575=\"\",\"\",Start!A575)","v":""},{"$f":"IF(Start!B575=\"\",\"\",Start!B575)","v":"616-06405"},{"$f":"IF(Start!C575=\"\",\"\",Start!C575)","v":"RIPRAP, REVETMENT"},{"$f":"IF(Start!D575=\"\",\"\",Start!D575)","v":445},{"$f":"IF(Start!E575=\"\",\"\",Start!E575)","v":0},{"$f":"IF(Start!F575=\"\",\"\",Start!F575)","v":"TON"},{"$f":"IF(Start!G575=\"\",\"\",Start!G575)","v":37},{"$f":"IF(Start!H575=\"\",\"\",Start!H575)","v":16465},3,{"$f":"IF(I575=\"\",\"\",LOOKUP(I575,{1,\"01\";2,\"02\";3,\"03\";4,\"04\";5,\"05\";6,\"06\";7,\"07\";8,\"08\";9,\"09\";10,\"10\";11,\"11\";12,\"12\";13,\"13\";14,\"14\";15,\"15\"}))","v":"03"},"03. Milestone Contractors, L.P.",600,616,{"$f":"IF(B575=\"\",\"\",VLOOKUP(M575,Sections!$A$2:$D$200,3,FALSE))","v":"Incidental Construction"},{"$f":"IF(B575=\"\",\"\",VLOOKUP(M575,Sections!$A$2:$D$200,4,FALSE))","v":"Riprap And Slopewall"}]
[{"$f":"IF(Start!A576=\"\",\"\",Start!A576)","v":""},{"$f":"IF(Start!B576=\"\",\"\",Start!B576)","v":"616-06451"},{"$f":"IF(Start!C576=\"\",\"\",Start!C576)","v":"RIPRAP, UNIFORM"},{"$f":"IF(Start!D576=\"\",\"\",Start!D576)","v":62},{"$f":"IF(Start!E576=\"\",\"\",Start!E576)","v":0},{"$f":"IF(Start!F576=\"\",\"\",Start!F576)","v":"TON"},{"$f":"IF(Start!G576=\"\",\"\",Start!G576)","v":44},{"$f":"IF(Start!H576=\"\",\"\",Start!H576)","v":2728},3,{"$f":"IF(I576=\"\",\"\",LOOKUP(I576,{1,\"01\";2,\"02\";3,\"03\";4,\"04\";5,\"05\";6,\"06\";7,\"07\";8,\"08\";9,\"09\";10,\"10\";11,\"11\";12,\"12\";13,\"13\";14,\"14\";15,\"15\"}))","v":"03"},"03. Milestone Contractors, L.P.",600,616,{"$f":"IF(B576=\"\",\"\",VLOOKUP(M576,Sections!$A$2:$D$200,3,FALSE))","v":"Incidental Construction"},{"$f":"IF(B576=\"\",\"\",VLOOKUP(M576,Sections!$A$2:$D$200,4,FALSE))","v":"Riprap And Slopewall"}]
[{"$f":"IF(Start!A577=\"\",\"\",Start!A577)","v":""},{"$f":"IF(Start!B577=\"\",\"\",Start!B577)","v":"619-11052"},{"$f":"IF(Start!C577=\"\",\"\",Start!C577)","v":"CLEAN STEEL BRIDGE, QP-2, BR. NO. ,"},{"$f":"IF(Start!D577=\"\",\"\",Start!D577)","v":1},{"$f":"IF(Start!E577=\"\",\"\",Start!E577)","v":0},{"$f":"IF(Start!F577=\"\",\"\",Start!F577)","v":"L.S."},{"$f":"IF(Start!G577=\"\",\"\",Start!G577)","v":56000},{"$f":"IF(Start!H577=\"\",\"\",Start!H577)","v":56000},3,{"$f":"IF(I577=\"\",\"\",LOOKUP(I577,{1,\"01\";2,\"02\";3,\"03\";4,\"04\";5,\"05\";6,\"06\";7,\"07\";8,\"08\";9,\"09\";10,\"10\";11,\"11\";12,\"12\";13,\"13\";14,\"14\";15,\"15\"}))","v":"03"},"03. Milestone Contractors, L.P.",600,619,{"$f":"IF(B577=\"\",\"\",VLOOKUP(M577,Sections!$A$2:$D$200,3,FALSE))","v":"Incidental Construction"},{"$f":"IF(B577=\"\",\"\",VLOOKUP(M577,Sections!$A$2:$D$200,4,FALSE))","v":"Painting Bridge Steel"}]
[{"$f":"IF(Start!A578=\"\",\"\",Start!A578)","v":""},{"$f":"IF(Start!B578=\"\",\"\",Start!B578)","v":"619-11052"},{"$f":"IF(Start!C578=\"\",\"\",Start!C578)","v":"CLEAN STEEL BRIDGE, QP-2, BR. NO. ,"},{"$f":"IF(Start!D578=\"\",\"\",Start!D578)","v":1},{"$f":"IF(Start!E578=\"\",\"\",Start!E578)","v":0},{"$f":"IF(Start!F578=\"\",\"\",Start!F578)","v":"L.S."},{"$f":"IF(Start!G578=\"\",\"\",Start!G578)","v":56000},{"$f":"IF(Start!H578=\"\",\"\",Start!H578)","v":56000},3,{"$f":"IF(I578=\"\",\"\",LOOKUP(I578,{1,\"01\";2,\"02\";3,\"03\";4,\"04\";5,\"05\";6,\"06\";7,\"07\";8,\"08\";9,\"09\";10,\"10\";11,\"11\";12,\"12\";13,\"13\";14,\"14\";15,\"15\"}))","v":"03"},"03. Milestone Contractors, L.P.",600,619,{"$f":"IF(B578=\"\",\"\",VLOOKUP(M578,Sections!$A$2:$D$200,3,FALSE))","v":"Incidental Construction"},{"$f":"IF(B578=\"\",\"\",VLOOKUP(M578,Sections!$A$2:$D$200,4,FALSE))","v":"Painting Bridge Steel"}]
[{"$f":"IF(Start!A579=\"\",\"\",Start!A579)","v":""},{"$f":"IF(Start!B579=\"\",\"\",Start!B579)","v":"619-51859"},{"$f":"IF(Start!C579=\"\",\"\",Start!C579)","v":"PAINT STEEL BRIDGE , STR. NO. 2"},{"$f":"IF(Start!D579=\"\",\"\",Start!D579)","v":1},{"$f":"IF(Start!E579=\"\",\"\",Start!E579)","v":0},{"$f":"IF(Start!F579=\"\",\"\",Start!F579)","v":"L.S."},{"$f":"IF(Start!G579=\"\",\"\",Start!G579)","v":5000},{"$f":"IF(Start!H579=\"\",\"\",Start!H579)","v":5000},{"$f":"IF(AND(A579=\"\",B579=\"\",C579=\"\"),\"\",IF(AND(A579<>\"\",B579=\"\",G579=0,H579=0),D579,I578))","v":3},{"$f":"IF(I579=\"\",\"\",LOOKUP(I579,{1,\"01\";2,\"02\";3,\"03\";4,\"04\";5,\"05\";6,\"06\";7,\"07\";8,\"08\";9,\"09\";10,\"10\";11,\"11\";12,\"12\";13,\"13\";14,\"14\";15,\"15\"}))","v":"03"},{"$f":"IF(AND(A579<>\"\",B579=\"\"),J579&\". \"&PROPER(C579),IF(AND(A579=\"\",B579<>\"\"),PROPER(K578),\"\"))","v":"03. Milestone Contractors, L.P."},{"$f":"IF(B579=\"\",\"\",LEFT(B579,1)*100)","v":600},{"$f":"IF(B579=\"\",\"\",LEFT(B579,3)*1)","v":619},{"$f":"IF(B579=\"\",\"\",VLOOKUP(M579,Sections!$A$2:$D$200,3,FALSE))","v":"Incidental Construction"},{"$f":"IF(B579=\"\",\"\",VLOOKUP(M579,Sections!$A$2:$D$200,4,FALSE))","v":"Painting Bridge Steel"}]
[{"$f":"IF(Start!A580=\"\",\"\",Start!A580)","v":""},{"$f":"IF(Start!B580=\"\",\"\",Start!B580)","v":"619-51859"},{"$f":"IF(Start!C580=\"\",\"\",Start!C580)","v":"PAINT STEEL BRIDGE , STR. NO. 2"},{"$f":"IF(Start!D580=\"\",\"\",Start!D580)","v":1},{"$f":"IF(Start!E580=\"\",\"\",Start!E580)","v":0},{"$f":"IF(Start!F580=\"\",\"\",Start!F580)","v":"L.S."},{"$f":"IF(Start!G580=\"\",\"\",Start!G580)","v":5000},{"$f":"IF(Start!H580=\"\",\"\",Start!H580)","v":5000},3,{"$f":"IF(I580=\"\",\"\",LOOKUP(I580,{1,\"01\";2,\"02\";3,\"03\";4,\"04\";5,\"05\";6,\"06\";7,\"07\";8,\"08\";9,\"09\";10,\"10\";11,\"11\";12,\"12\";13,\"13\";14,\"14\";15,\"15\"}))","v":"03"},"03. Milestone Contractors, L.P.",600,619,{"$f":"IF(B580=\"\",\"\",VLOOKUP(M580,Sections!$A$2:$D$200,3,FALSE))","v":"Incidental Construction"},{"$f":"IF(B580=\"\",\"\",VLOOKUP(M580,Sections!$A$2:$D$200,4,FALSE))","v":"Painting Bridge Steel"}]
[{"$f":"IF(Start!A581=\"\",\"\",Start!A581)","v":""},{"$f":"IF(Start!B581=\"\",\"\",Start!B581)","v":"621-01004"},{"$f":"IF(Start!C581=\"\",\"\",Start!C581)","v":"MOBILIZATION AND DEMOBILIZATION FOR SEEDING"},{"$f":"IF(Start!D581=\"\",\"\",Start!D581)","v":3},{"$f":"IF(Start!E581=\"\",\"\",Start!E581)","v":0},{"$f":"IF(Start!F581=\"\",\"\",Start!F581)","v":"EACH"},{"$f":"IF(Start!G581=\"\",\"\",Start!G581)","v":575},{"$f":"IF(Start!H581=\"\",\"\",Start!H581)","v":1725},3,{"$f":"IF(I581=\"\",\"\",LOOKUP(I581,{1,\"01\";2,\"02\";3,\"03\";4,\"04\";5,\"05\";6,\"06\";7,\"07\";8,\"08\";9,\"09\";10,\"10\";11,\"11\";12,\"12\";13,\"13\";14,\"14\";15,\"15\"}))","v":"03"},"03. Milestone Contractors, L.P.",600,621,{"$f":"IF(B581=\"\",\"\",VLOOKUP(M581,Sections!$A$2:$D$200,3,FALSE))","v":"Incidental Construction"},{"$f":"IF(B581=\"\",\"\",VLOOKUP(M581,Sections!$A$2:$D$200,4,FALSE))","v":"Seeding And Sodding"}]
[{"$f":"IF(Start!A582=\"\",\"\",Start!A582)","v":""},{"$f":"IF(Start!B582=\"\",\"\",Start!B582)","v":"621-02770"},{"$f":"IF(Start!C582=\"\",\"\",Start!C582)","v":"EROSION CONTROL BLANKET"},{"$f":"IF(Start!D582=\"\",\"\",Start!D582)","v":66315},{"$f":"IF(Start!E582=\"\",\"\",Start!E582)","v":0},{"$f":"IF(Start!F582=\"\",\"\",Start!F582)","v":"S.Y."},{"$f":"IF(Start!G582=\"\",\"\",Start!G582)","v":1.1500000000000001},{"$f":"IF(Start!H582=\"\",\"\",Start!H582)","v":76262.25},3,{"$f":"IF(I582=\"\",\"\",LOOKUP(I582,{1,\"01\";2,\"02\";3,\"03\";4,\"04\";5,\"05\";6,\"06\";7,\"07\";8,\"08\";9,\"09\";10,\"10\";11,\"11\";12,\"12\";13,\"13\";14,\"14\";15,\"15\"}))","v":"03"},"03. Milestone Contractors, L.P.",600,621,{"$f":"IF(B582=\"\",\"\",VLOOKUP(M582,Sections!$A$2:$D$200,3,FALSE))","v":"Incidental Construction"},{"$f":"IF(B582=\"\",\"\",VLOOKUP(M582,Sections!$A$2:$D$200,4,FALSE))","v":"Seeding And Sodding"}]
[{"$f":"IF(Start!A583=\"\",\"\",Start!A583)","v":""},{"$f":"IF(Start!B583=\"\",\"\",Start!B583)","v":"621-06545"},{"$f":"IF(Start!C583=\"\",\"\",Start!C583)","v":"FERTILIZER"},{"$f":"IF(Start!D583=\"\",\"\",Start!D583)","v":6},{"$f":"IF(Start!E583=\"\",\"\",Start!E583)","v":0},{"$f":"IF(Start!F583=\"\",\"\",Start!F583)","v":"TON"},{"$f":"IF(Start!G583=\"\",\"\",Start!G583)","v":985},{"$f":"IF(Start!H583=\"\",\"\",Start!H583)","v":5910},3,{"$f":"IF(I583=\"\",\"\",LOOKUP(I583,{1,\"01\";2,\"02\";3,\"03\";4,\"04\";5,\"05\";6,\"06\";7,\"07\";8,\"08\";9,\"09\";10,\"10\";11,\"11\";12,\"12\";13,\"13\";14,\"14\";15,\"15\"}))","v":"03"},"03. Milestone Contractors, L.P.",600,621,{"$f":"IF(B583=\"\",\"\",VLOOKUP(M583,Sections!$A$2:$D$200,3,FALSE))","v":"Incidental Construction"},{"$f":"IF(B583=\"\",\"\",VLOOKUP(M583,Sections!$A$2:$D$200,4,FALSE))","v":"Seeding And Sodding"}]
[{"$f":"IF(Start!A584=\"\",\"\",Start!A584)","v":""},{"$f":"IF(Start!B584=\"\",\"\",Start!B584)","v":"621-06557"},{"$f":"IF(Start!C584=\"\",\"\",Start!C584)","v":"SEED MIXTURE, T"},{"$f":"IF(Start!D584=\"\",\"\",Start!D584)","v":1088},{"$f":"IF(Start!E584=\"\",\"\",Start!E584)","v":0},{"$f":"IF(Start!F584=\"\",\"\",Start!F584)","v":"LBS"},{"$f":"IF(Start!G584=\"\",\"\",Start!G584)","v":2.2000000000000002},{"$f":"IF(Start!H584=\"\",\"\",Start!H584)","v":2393.6},3,{"$f":"IF(I584=\"\",\"\",LOOKUP(I584,{1,\"01\";2,\"02\";3,\"03\";4,\"04\";5,\"05\";6,\"06\";7,\"07\";8,\"08\";9,\"09\";10,\"10\";11,\"11\";12,\"12\";13,\"13\";14,\"14\";15,\"15\"}))","v":"03"},"03. Milestone Contractors, L.P.",600,621,{"$f":"IF(B584=\"\",\"\",VLOOKUP(M584,Sections!$A$2:$D$200,3,FALSE))","v":"Incidental Construction"},{"$f":"IF(B584=\"\",\"\",VLOOKUP(M584,Sections!$A$2:$D$200,4,FALSE))","v":"Seeding And Sodding"}]
[{"$f":"IF(Start!A585=\"\",\"\",Start!A585)","v":""},{"$f":"IF(Start!B585=\"\",\"\",Start!B585)","v":"621-06565"},{"$f":"IF(Start!C585=\"\",\"\",Start!C585)","v":"MULCHING MATERIAL"},{"$f":"IF(Start!D585=\"\",\"\",Start!D585)","v":29},{"$f":"IF(Start!E585=\"\",\"\",Start!E585)","v":0},{"$f":"IF(Start!F585=\"\",\"\",Start!F585)","v":"TON"},{"$f":"IF(Start!G585=\"\",\"\",Start!G585)","v":345},{"$f":"IF(Start!H585=\"\",\"\",Start!H585)","v":10005},3,{"$f":"IF(I585=\"\",\"\",LOOKUP(I585,{1,\"01\";2,\"02\";3,\"03\";4,\"04\";5,\"05\";6,\"06\";7,\"07\";8,\"08\";9,\"09\";10,\"10\";11,\"11\";12,\"12\";13,\"13\";14,\"14\";15,\"15\"}))","v":"03"},"03. Milestone Contractors, L.P.",600,621,{"$f":"IF(B585=\"\",\"\",VLOOKUP(M585,Sections!$A$2:$D$200,3,FALSE))","v":"Incidental Construction"},{"$f":"IF(B585=\"\",\"\",VLOOKUP(M585,Sections!$A$2:$D$200,4,FALSE))","v":"Seeding And Sodding"}]
[{"$f":"IF(Start!A586=\"\",\"\",Start!A586)","v":""},{"$f":"IF(Start!B586=\"\",\"\",Start!B586)","v":"621-06567"},{"$f":"IF(Start!C586=\"\",\"\",Start!C586)","v":"WATER"},{"$f":"IF(Start!D586=\"\",\"\",Start!D586)","v":253},{"$f":"IF(Start!E586=\"\",\"\",Start!E586)","v":0},{"$f":"IF(Start!F586=\"\",\"\",Start!F586)","v":"M.G."},{"$f":"IF(Start!G586=\"\",\"\",Start!G586)","v":1},{"$f":"IF(Start!H586=\"\",\"\",Start!H586)","v":253},3,{"$f":"IF(I586=\"\",\"\",LOOKUP(I586,{1,\"01\";2,\"02\";3,\"03\";4,\"04\";5,\"05\";6,\"06\";7,\"07\";8,\"08\";9,\"09\";10,\"10\";11,\"11\";12,\"12\";13,\"13\";14,\"14\";15,\"15\"}))","v":"03"},"03. Milestone Contractors, L.P.",600,621,{"$f":"IF(B586=\"\",\"\",VLOOKUP(M586,Sections!$A$2:$D$200,3,FALSE))","v":"Incidental Construction"},{"$f":"IF(B586=\"\",\"\",VLOOKUP(M586,Sections!$A$2:$D$200,4,FALSE))","v":"Seeding And Sodding"}]
[{"$f":"IF(Start!A587=\"\",\"\",Start!A587)","v":""},{"$f":"IF(Start!B587=\"\",\"\",Start!B587)","v":"621-06574"},{"$f":"IF(Start!C587=\"\",\"\",Start!C587)","v":"SODDING"},{"$f":"IF(Start!D587=\"\",\"\",Start!D587)","v":3864},{"$f":"IF(Start!E587=\"\",\"\",Start!E587)","v":0},{"$f":"IF(Start!F587=\"\",\"\",Start!F587)","v":"S.Y."},{"$f":"IF(Start!G587=\"\",\"\",Start!G587)","v":3.11},{"$f":"IF(Start!H587=\"\",\"\",Start!H587)","v":12017.04},3,{"$f":"IF(I587=\"\",\"\",LOOKUP(I587,{1,\"01\";2,\"02\";3,\"03\";4,\"04\";5,\"05\";6,\"06\";7,\"07\";8,\"08\";9,\"09\";10,\"10\";11,\"11\";12,\"12\";13,\"13\";14,\"14\";15,\"15\"}))","v":"03"},"03. Milestone Contractors, L.P.",600,621,{"$f":"IF(B587=\"\",\"\",VLOOKUP(M587,Sections!$A$2:$D$200,3,FALSE))","v":"Incidental Construction"},{"$f":"IF(B587=\"\",\"\",VLOOKUP(M587,Sections!$A$2:$D$200,4,FALSE))","v":"Seeding And Sodding"}]
[{"$f":"IF(Start!A588=\"\",\"\",Start!A588)","v":""},{"$f":"IF(Start!B588=\"\",\"\",Start!B588)","v":"621-06575"},{"$f":"IF(Start!C588=\"\",\"\",Start!C588)","v":"SODDING, NURSERY"},{"$f":"IF(Start!D588=\"\",\"\",Start!D588)","v":66315},{"$f":"IF(Start!E588=\"\",\"\",Start!E588)","v":0},{"$f":"IF(Start!F588=\"\",\"\",Start!F588)","v":"S.Y."},{"$f":"IF(Start!G588=\"\",\"\",Start!G588)","v":3.11},{"$f":"IF(Start!H588=\"\",\"\",Start!H588)","v":206239.65},3,{"$f":"IF(I588=\"\",\"\",LOOKUP(I588,{1,\"01\";2,\"02\";3,\"03\";4,\"04\";5,\"05\";6,\"06\";7,\"07\";8,\"08\";9,\"09\";10,\"10\";11,\"11\";12,\"12\";13,\"13\";14,\"14\";15,\"15\"}))","v":"03"},"03. Milestone Contractors, L.P.",600,621,{"$f":"IF(B588=\"\",\"\",VLOOKUP(M588,Sections!$A$2:$D$200,3,FALSE))","v":"Incidental Construction"},{"$f":"IF(B588=\"\",\"\",VLOOKUP(M588,Sections!$A$2:$D$200,4,FALSE))","v":"Seeding And Sodding"}]
[{"$f":"IF(Start!A589=\"\",\"\",Start!A589)","v":""},{"$f":"IF(Start!B589=\"\",\"\",Start!B589)","v":"628-08524"},{"$f":"IF(Start!C589=\"\",\"\",Start!C589)","v":"CELLULAR TELEPHONE/RADIO, ADDITIONAL"},{"$f":"IF(Start!D589=\"\",\"\",Start!D589)","v":1},{"$f":"IF(Start!E589=\"\",\"\",Start!E589)","v":0},{"$f":"IF(Start!F589=\"\",\"\",Start!F589)","v":"$"},{"$f":"IF(Start!G589=\"\",\"\",Start!G589)","v":1},{"$f":"IF(Start!H589=\"\",\"\",Start!H589)","v":1},3,{"$f":"IF(I589=\"\",\"\",LOOKUP(I589,{1,\"01\";2,\"02\";3,\"03\";4,\"04\";5,\"05\";6,\"06\";7,\"07\";8,\"08\";9,\"09\";10,\"10\";11,\"11\";12,\"12\";13,\"13\";14,\"14\";15,\"15\"}))","v":"03"},"03. Milestone Contractors, L.P.",600,628,{"$f":"IF(B589=\"\",\"\",VLOOKUP(M589,Sections!$A$2:$D$200,3,FALSE))","v":"Incidental Construction"},{"$f":"IF(B589=\"\",\"\",VLOOKUP(M589,Sections!$A$2:$D$200,4,FALSE))","v":"Field Office, Field Laboratory, Computer Systems, Office Machines And Communications"}]
[{"$f":"IF(Start!A590=\"\",\"\",Start!A590)","v":""},{"$f":"IF(Start!B590=\"\",\"\",Start!B590)","v":"628-09403"},{"$f":"IF(Start!C590=\"\",\"\",Start!C590)","v":"FIELD OFFICE, C"},{"$f":"IF(Start!D590=\"\",\"\",Start!D590)","v":15},{"$f":"IF(Start!E590=\"\",\"\",Start!E590)","v":0},{"$f":"IF(Start!F590=\"\",\"\",Start!F590)","v":"MONTH"},{"$f":"IF(Start!G590=\"\",\"\",Start!G590)","v":2800},{"$f":"IF(Start!H590=\"\",\"\",Start!H590)","v":42000},3,{"$f":"IF(I590=\"\",\"\",LOOKUP(I590,{1,\"01\";2,\"02\";3,\"03\";4,\"04\";5,\"05\";6,\"06\";7,\"07\";8,\"08\";9,\"09\";10,\"10\";11,\"11\";12,\"12\";13,\"13\";14,\"14\";15,\"15\"}))","v":"03"},"03. Milestone Contractors, L.P.",600,628,{"$f":"IF(B590=\"\",\"\",VLOOKUP(M590,Sections!$A$2:$D$200,3,FALSE))","v":"Incidental Construction"},{"$f":"IF(B590=\"\",\"\",VLOOKUP(M590,Sections!$A$2:$D$200,4,FALSE))","v":"Field Office, Field Laboratory, Computer Systems, Office Machines And Communications"}]
[{"$f":"IF(Start!A591=\"\",\"\",Start!A591)","v":""},{"$f":"IF(Start!B591=\"\",\"\",Start!B591)","v":"628-09407"},{"$f":"IF(Start!C591=\"\",\"\",Start!C591)","v":"FIELD OFFICE COMPUTER SYSTEM,"},{"$f":"IF(Start!D591=\"\",\"\",Start!D591)","v":30},{"$f":"IF(Start!E591=\"\",\"\",Start!E591)","v":0},{"$f":"IF(Start!F591=\"\",\"\",Start!F591)","v":"MONTH"},{"$f":"IF(Start!G591=\"\",\"\",Start!G591)","v":165},{"$f":"IF(Start!H591=\"\",\"\",Start!H591)","v":4950},3,{"$f":"IF(I591=\"\",\"\",LOOKUP(I591,{1,\"01\";2,\"02\";3,\"03\";4,\"04\";5,\"05\";6,\"06\";7,\"07\";8,\"08\";9,\"09\";10,\"10\";11,\"11\";12,\"12\";13,\"13\";14,\"14\";15,\"15\"}))","v":"03"},"03. Milestone Contractors, L.P.",600,628,{"$f":"IF(B591=\"\",\"\",VLOOKUP(M591,Sections!$A$2:$D$200,3,FALSE))","v":"Incidental Construction"},{"$f":"IF(B591=\"\",\"\",VLOOKUP(M591,Sections!$A$2:$D$200,4,FALSE))","v":"Field Office, Field Laboratory, Computer Systems, Office Machines And Communications"}]
[{"$f":"IF(Start!A592=\"\",\"\",Start!A592)","v":""},{"$f":"IF(Start!B592=\"\",\"\",Start!B592)","v":"628-11007"},{"$f":"IF(Start!C592=\"\",\"\",Start!C592)","v":"CELLULAR TELEPHONE/RADIO SERVICE, 750"},{"$f":"IF(Start!D592=\"\",\"\",Start!D592)","v":60},{"$f":"IF(Start!E592=\"\",\"\",Start!E592)","v":0},{"$f":"IF(Start!F592=\"\",\"\",Start!F592)","v":"MONTH"},{"$f":"IF(Start!G592=\"\",\"\",Start!G592)","v":150},{"$f":"IF(Start!H592=\"\",\"\",Start!H592)","v":9000},3,{"$f":"IF(I592=\"\",\"\",LOOKUP(I592,{1,\"01\";2,\"02\";3,\"03\";4,\"04\";5,\"05\";6,\"06\";7,\"07\";8,\"08\";9,\"09\";10,\"10\";11,\"11\";12,\"12\";13,\"13\";14,\"14\";15,\"15\"}))","v":"03"},"03. Milestone Contractors, L.P.",600,628,{"$f":"IF(B592=\"\",\"\",VLOOKUP(M592,Sections!$A$2:$D$200,3,FALSE))","v":"Incidental Construction"},{"$f":"IF(B592=\"\",\"\",VLOOKUP(M592,Sections!$A$2:$D$200,4,FALSE))","v":"Field Office, Field Laboratory, Computer Systems, Office Machines And Communications"}]
[{"$f":"IF(Start!A593=\"\",\"\",Start!A593)","v":""},{"$f":"IF(Start!B593=\"\",\"\",Start!B593)","v":"628-11068"},{"$f":"IF(Start!C593=\"\",\"\",Start!C593)","v":"CELLULAR TELEPHONE/RADIO"},{"$f":"IF(Start!D593=\"\",\"\",Start!D593)","v":4},{"$f":"IF(Start!E593=\"\",\"\",Start!E593)","v":0},{"$f":"IF(Start!F593=\"\",\"\",Start!F593)","v":"EACH"},{"$f":"IF(Start!G593=\"\",\"\",Start!G593)","v":70},{"$f":"IF(Start!H593=\"\",\"\",Start!H593)","v":280},3,{"$f":"IF(I593=\"\",\"\",LOOKUP(I593,{1,\"01\";2,\"02\";3,\"03\";4,\"04\";5,\"05\";6,\"06\";7,\"07\";8,\"08\";9,\"09\";10,\"10\";11,\"11\";12,\"12\";13,\"13\";14,\"14\";15,\"15\"}))","v":"03"},"03. Milestone Contractors, L.P.",600,628,{"$f":"IF(B593=\"\",\"\",VLOOKUP(M593,Sections!$A$2:$D$200,3,FALSE))","v":"Incidental Construction"},{"$f":"IF(B593=\"\",\"\",VLOOKUP(M593,Sections!$A$2:$D$200,4,FALSE))","v":"Field Office, Field Laboratory, Computer Systems, Office Machines And Communications"}]
[{"$f":"IF(Start!A594=\"\",\"\",Start!A594)","v":""},{"$f":"IF(Start!B594=\"\",\"\",Start!B594)","v":"702-51863"},{"$f":"IF(Start!C594=\"\",\"\",Start!C594)","v":"FIELD DRILLED HOLE IN CONCRETE"},{"$f":"IF(Start!D594=\"\",\"\",Start!D594)","v":158},{"$f":"IF(Start!E594=\"\",\"\",Start!E594)","v":0},{"$f":"IF(Start!F594=\"\",\"\",Start!F594)","v":"EACH"},{"$f":"IF(Start!G594=\"\",\"\",Start!G594)","v":55},{"$f":"IF(Start!H594=\"\",\"\",Start!H594)","v":8690},3,{"$f":"IF(I594=\"\",\"\",LOOKUP(I594,{1,\"01\";2,\"02\";3,\"03\";4,\"04\";5,\"05\";6,\"06\";7,\"07\";8,\"08\";9,\"09\";10,\"10\";11,\"11\";12,\"12\";13,\"13\";14,\"14\";15,\"15\"}))","v":"03"},"03. Milestone Contractors, L.P.",700,702,{"$f":"IF(B594=\"\",\"\",VLOOKUP(M594,Sections!$A$2:$D$200,3,FALSE))","v":"Structures"},{"$f":"IF(B594=\"\",\"\",VLOOKUP(M594,Sections!$A$2:$D$200,4,FALSE))","v":"Structural Concrete"}]
[{"$f":"IF(Start!A595=\"\",\"\",Start!A595)","v":""},{"$f":"IF(Start!B595=\"\",\"\",Start!B595)","v":"702-90915"},{"$f":"IF(Start!C595=\"\",\"\",Start!C595)","v":"CONCRETE, A"},{"$f":"IF(Start!D595=\"\",\"\",Start!D595)","v":47.400000000000006},{"$f":"IF(Start!E595=\"\",\"\",Start!E595)","v":0},{"$f":"IF(Start!F595=\"\",\"\",Start!F595)","v":"C.Y."},{"$f":"IF(Start!G595=\"\",\"\",Start!G595)","v":700},{"$f":"IF(Start!H595=\"\",\"\",Start!H595)","v":33180},3,{"$f":"IF(I595=\"\",\"\",LOOKUP(I595,{1,\"01\";2,\"02\";3,\"03\";4,\"04\";5,\"05\";6,\"06\";7,\"07\";8,\"08\";9,\"09\";10,\"10\";11,\"11\";12,\"12\";13,\"13\";14,\"14\";15,\"15\"}))","v":"03"},"03. Milestone Contractors, L.P.",700,702,{"$f":"IF(B595=\"\",\"\",VLOOKUP(M595,Sections!$A$2:$D$200,3,FALSE))","v":"Structures"},{"$f":"IF(B595=\"\",\"\",VLOOKUP(M595,Sections!$A$2:$D$200,4,FALSE))","v":"Structural Concrete"}]
[{"$f":"IF(Start!A596=\"\",\"\",Start!A596)","v":""},{"$f":"IF(Start!B596=\"\",\"\",Start!B596)","v":"703-06029"},{"$f":"IF(Start!C596=\"\",\"\",Start!C596)","v":"REINFORCING BARS, EPOXY COATED"},{"$f":"IF(Start!D596=\"\",\"\",Start!D596)","v":3869},{"$f":"IF(Start!E596=\"\",\"\",Start!E596)","v":0},{"$f":"IF(Start!F596=\"\",\"\",Start!F596)","v":"LBS"},{"$f":"IF(Start!G596=\"\",\"\",Start!G596)","v":4},{"$f":"IF(Start!H596=\"\",\"\",Start!H596)","v":15476},3,{"$f":"IF(I596=\"\",\"\",LOOKUP(I596,{1,\"01\";2,\"02\";3,\"03\";4,\"04\";5,\"05\";6,\"06\";7,\"07\";8,\"08\";9,\"09\";10,\"10\";11,\"11\";12,\"12\";13,\"13\";14,\"14\";15,\"15\"}))","v":"03"},"03. Milestone Contractors, L.P.",700,703,{"$f":"IF(B596=\"\",\"\",VLOOKUP(M596,Sections!$A$2:$D$200,3,FALSE))","v":"Structures"},{"$f":"IF(B596=\"\",\"\",VLOOKUP(M596,Sections!$A$2:$D$200,4,FALSE))","v":"Reinforcing Bars"}]
[{"$f":"IF(Start!A597=\"\",\"\",Start!A597)","v":""},{"$f":"IF(Start!B597=\"\",\"\",Start!B597)","v":"706-09545"},{"$f":"IF(Start!C597=\"\",\"\",Start!C597)","v":"COARSE AGGREGATE, NO. 8"},{"$f":"IF(Start!D597=\"\",\"\",Start!D597)","v":400},{"$f":"IF(Start!E597=\"\",\"\",Start!E597)","v":0},{"$f":"IF(Start!F597=\"\",\"\",Start!F597)","v":"C.Y."},{"$f":"IF(Start!G597=\"\",\"\",Start!G597)","v":45},{"$f":"IF(Start!H597=\"\",\"\",Start!H597)","v":18000},3,{"$f":"IF(I597=\"\",\"\",LOOKUP(I597,{1,\"01\";2,\"02\";3,\"03\";4,\"04\";5,\"05\";6,\"06\";7,\"07\";8,\"08\";9,\"09\";10,\"10\";11,\"11\";12,\"12\";13,\"13\";14,\"14\";15,\"15\"}))","v":"03"},"03. Milestone Contractors, L.P.",700,706,{"$f":"IF(B597=\"\",\"\",VLOOKUP(M597,Sections!$A$2:$D$200,3,FALSE))","v":"Structures"},{"$f":"IF(B597=\"\",\"\",VLOOKUP(M597,Sections!$A$2:$D$200,4,FALSE))","v":"Bridge Railings"}]
[{"$f":"IF(Start!A598=\"\",\"\",Start!A598)","v":""},{"$f":"IF(Start!B598=\"\",\"\",Start!B598)","v":"709-51821"},{"$f":"IF(Start!C598=\"\",\"\",Start!C598)","v":"SURFACE SEAL"},{"$f":"IF(Start!D598=\"\",\"\",Start!D598)","v":1},{"$f":"IF(Start!E598=\"\",\"\",Start!E598)","v":0},{"$f":"IF(Start!F598=\"\",\"\",Start!F598)","v":"L.S."},{"$f":"IF(Start!G598=\"\",\"\",Start!G598)","v":8500},{"$f":"IF(Start!H598=\"\",\"\",Start!H598)","v":8500},3,{"$f":"IF(I598=\"\",\"\",LOOKUP(I598,{1,\"01\";2,\"02\";3,\"03\";4,\"04\";5,\"05\";6,\"06\";7,\"07\";8,\"08\";9,\"09\";10,\"10\";11,\"11\";12,\"12\";13,\"13\";14,\"14\";15,\"15\"}))","v":"03"},"03. Milestone Contractors, L.P.",700,709,{"$f":"IF(B598=\"\",\"\",VLOOKUP(M598,Sections!$A$2:$D$200,3,FALSE))","v":"Structures"},{"$f":"IF(B598=\"\",\"\",VLOOKUP(M598,Sections!$A$2:$D$200,4,FALSE))","v":"Portland Cement Concrete Sealers"}]
[{"$f":"IF(Start!A599=\"\",\"\",Start!A599)","v":""},{"$f":"IF(Start!B599=\"\",\"\",Start!B599)","v":"714-11175"},{"$f":"IF(Start!C599=\"\",\"\",Start!C599)","v":"STRUCTURE, REINFORCED CONCRETE BOX"},{"$f":"IF(Start!D599=\"\",\"\",Start!D599)","v":225},{"$f":"IF(Start!E599=\"\",\"\",Start!E599)","v":0},{"$f":"IF(Start!F599=\"\",\"\",Start!F599)","v":"L.F."},{"$f":"IF(Start!G599=\"\",\"\",Start!G599)","v":395},{"$f":"IF(Start!H599=\"\",\"\",Start!H599)","v":88875},3,{"$f":"IF(I599=\"\",\"\",LOOKUP(I599,{1,\"01\";2,\"02\";3,\"03\";4,\"04\";5,\"05\";6,\"06\";7,\"07\";8,\"08\";9,\"09\";10,\"10\";11,\"11\";12,\"12\";13,\"13\";14,\"14\";15,\"15\"}))","v":"03"},"03. Milestone Contractors, L.P.",700,714,{"$f":"IF(B599=\"\",\"\",VLOOKUP(M599,Sections!$A$2:$D$200,3,FALSE))","v":"Structures"},{"$f":"IF(B599=\"\",\"\",VLOOKUP(M599,Sections!$A$2:$D$200,4,FALSE))","v":"Reinforced Concrete Box Structures"}]
[{"$f":"IF(Start!A600=\"\",\"\",Start!A600)","v":""},{"$f":"IF(Start!B600=\"\",\"\",Start!B600)","v":"714-11311"},{"$f":"IF(Start!C600=\"\",\"\",Start!C600)","v":"STRUCTURE, REINFORCED CONCRETE BOX"},{"$f":"IF(Start!D600=\"\",\"\",Start!D600)","v":137},{"$f":"IF(Start!E600=\"\",\"\",Start!E600)","v":0},{"$f":"IF(Start!F600=\"\",\"\",Start!F600)","v":"L.F."},{"$f":"IF(Start!G600=\"\",\"\",Start!G600)","v":575},{"$f":"IF(Start!H600=\"\",\"\",Start!H600)","v":78775},3,{"$f":"IF(I600=\"\",\"\",LOOKUP(I600,{1,\"01\";2,\"02\";3,\"03\";4,\"04\";5,\"05\";6,\"06\";7,\"07\";8,\"08\";9,\"09\";10,\"10\";11,\"11\";12,\"12\";13,\"13\";14,\"14\";15,\"15\"}))","v":"03"},"03. Milestone Contractors, L.P.",700,714,{"$f":"IF(B600=\"\",\"\",VLOOKUP(M600,Sections!$A$2:$D$200,3,FALSE))","v":"Structures"},{"$f":"IF(B600=\"\",\"\",VLOOKUP(M600,Sections!$A$2:$D$200,4,FALSE))","v":"Reinforced Concrete Box Structures"}]
[{"$f":"IF(Start!A601=\"\",\"\",Start!A601)","v":""},{"$f":"IF(Start!B601=\"\",\"\",Start!B601)","v":"715-04555"},{"$f":"IF(Start!C601=\"\",\"\",Start!C601)","v":"PIPE END SECTION, MIN. AREA 5.1 SQ. FT."},{"$f":"IF(Start!D601=\"\",\"\",Start!D601)","v":8},{"$f":"IF(Start!E601=\"\",\"\",Start!E601)","v":0},{"$f":"IF(Start!F601=\"\",\"\",Start!F601)","v":"EACH"},{"$f":"IF(Start!G601=\"\",\"\",Start!G601)","v":817},{"$f":"IF(Start!H601=\"\",\"\",Start!H601)","v":6536},3,{"$f":"IF(I601=\"\",\"\",LOOKUP(I601,{1,\"01\";2,\"02\";3,\"03\";4,\"04\";5,\"05\";6,\"06\";7,\"07\";8,\"08\";9,\"09\";10,\"10\";11,\"11\";12,\"12\";13,\"13\";14,\"14\";15,\"15\"}))","v":"03"},"03. Milestone Contractors, L.P.",700,715,{"$f":"IF(B601=\"\",\"\",VLOOKUP(M601,Sections!$A$2:$D$200,3,FALSE))","v":"Structures"},{"$f":"IF(B601=\"\",\"\",VLOOKUP(M601,Sections!$A$2:$D$200,4,FALSE))","v":"Pipe Culverts, And Storm And Sanitary Sewers"}]
[{"$f":"IF(Start!A602=\"\",\"\",Start!A602)","v":""},{"$f":"IF(Start!B602=\"\",\"\",Start!B602)","v":"715-05032"},{"$f":"IF(Start!C602=\"\",\"\",Start!C602)","v":"PIPE, TYPE 2, CIRCULAR, 15 IN."},{"$f":"IF(Start!D602=\"\",\"\",Start!D602)","v":961},{"$f":"IF(Start!E602=\"\",\"\",Start!E602)","v":0},{"$f":"IF(Start!F602=\"\",\"\",Start!F602)","v":"L.F."},{"$f":"IF(Start!G602=\"\",\"\",Start!G602)","v":36.5},{"$f":"IF(Start!H602=\"\",\"\",Start!H602)","v":35076.5},3,{"$f":"IF(I602=\"\",\"\",LOOKUP(I602,{1,\"01\";2,\"02\";3,\"03\";4,\"04\";5,\"05\";6,\"06\";7,\"07\";8,\"08\";9,\"09\";10,\"10\";11,\"11\";12,\"12\";13,\"13\";14,\"14\";15,\"15\"}))","v":"03"},"03. Milestone Contractors, L.P.",700,715,{"$f":"IF(B602=\"\",\"\",VLOOKUP(M602,Sections!$A$2:$D$200,3,FALSE))","v":"Structures"},{"$f":"IF(B602=\"\",\"\",VLOOKUP(M602,Sections!$A$2:$D$200,4,FALSE))","v":"Pipe Culverts, And Storm And Sanitary Sewers"}]
[{"$f":"IF(Start!A603=\"\",\"\",Start!A603)","v":""},{"$f":"IF(Start!B603=\"\",\"\",Start!B603)","v":"715-05048"},{"$f":"IF(Start!C603=\"\",\"\",Start!C603)","v":"PIPE, TYPE 4, CIRCULAR, 6 IN."},{"$f":"IF(Start!D603=\"\",\"\",Start!D603)","v":16505},{"$f":"IF(Start!E603=\"\",\"\",Start!E603)","v":0},{"$f":"IF(Start!F603=\"\",\"\",Start!F603)","v":"L.F."},{"$f":"IF(Start!G603=\"\",\"\",Start!G603)","v":5},{"$f":"IF(Start!H603=\"\",\"\",Start!H603)","v":82525},3,{"$f":"IF(I603=\"\",\"\",LOOKUP(I603,{1,\"01\";2,\"02\";3,\"03\";4,\"04\";5,\"05\";6,\"06\";7,\"07\";8,\"08\";9,\"09\";10,\"10\";11,\"11\";12,\"12\";13,\"13\";14,\"14\";15,\"15\"}))","v":"03"},"03. Milestone Contractors, L.P.",700,715,{"$f":"IF(B603=\"\",\"\",VLOOKUP(M603,Sections!$A$2:$D$200,3,FALSE))","v":"Structures"},{"$f":"IF(B603=\"\",\"\",VLOOKUP(M603,Sections!$A$2:$D$200,4,FALSE))","v":"Pipe Culverts, And Storm And Sanitary Sewers"}]
[{"$f":"IF(Start!A604=\"\",\"\",Start!A604)","v":""},{"$f":"IF(Start!B604=\"\",\"\",Start!B604)","v":"715-05053"},{"$f":"IF(Start!C604=\"\",\"\",Start!C604)","v":"PIPE, UNDERDRAIN OUTLET, 6 IN."},{"$f":"IF(Start!D604=\"\",\"\",Start!D604)","v":775},{"$f":"IF(Start!E604=\"\",\"\",Start!E604)","v":0},{"$f":"IF(Start!F604=\"\",\"\",Start!F604)","v":"L.F."},{"$f":"IF(Start!G604=\"\",\"\",Start!G604)","v":12},{"$f":"IF(Start!H604=\"\",\"\",Start!H604)","v":9300},3,{"$f":"IF(I604=\"\",\"\",LOOKUP(I604,{1,\"01\";2,\"02\";3,\"03\";4,\"04\";5,\"05\";6,\"06\";7,\"07\";8,\"08\";9,\"09\";10,\"10\";11,\"11\";12,\"12\";13,\"13\";14,\"14\";15,\"15\"}))","v":"03"},"03. Milestone Contractors, L.P.",700,715,{"$f":"IF(B604=\"\",\"\",VLOOKUP(M604,Sections!$A$2:$D$200,3,FALSE))","v":"Structures"},{"$f":"IF(B604=\"\",\"\",VLOOKUP(M604,Sections!$A$2:$D$200,4,FALSE))","v":"Pipe Culverts, And Storm And Sanitary Sewers"}]
[{"$f":"IF(Start!A605=\"\",\"\",Start!A605)","v":""},{"$f":"IF(Start!B605=\"\",\"\",Start!B605)","v":"715-05121"},{"$f":"IF(Start!C605=\"\",\"\",Start!C605)","v":"PIPE, TYPE 1, CIRCULAR, 18 IN."},{"$f":"IF(Start!D605=\"\",\"\",Start!D605)","v":114},{"$f":"IF(Start!E605=\"\",\"\",Start!E605)","v":0},{"$f":"IF(Start!F605=\"\",\"\",Start!F605)","v":"L.F."},{"$f":"IF(Start!G605=\"\",\"\",Start!G605)","v":42},{"$f":"IF(Start!H605=\"\",\"\",Start!H605)","v":4788},3,{"$f":"IF(I605=\"\",\"\",LOOKUP(I605,{1,\"01\";2,\"02\";3,\"03\";4,\"04\";5,\"05\";6,\"06\";7,\"07\";8,\"08\";9,\"09\";10,\"10\";11,\"11\";12,\"12\";13,\"13\";14,\"14\";15,\"15\"}))","v":"03"},"03. Milestone Contractors, L.P.",700,715,{"$f":"IF(B605=\"\",\"\",VLOOKUP(M605,Sections!$A$2:$D$200,3,FALSE))","v":"Structures"},{"$f":"IF(B605=\"\",\"\",VLOOKUP(M605,Sections!$A$2:$D$200,4,FALSE))","v":"Pipe Culverts, And Storm And Sanitary Sewers"}]
[{"$f":"IF(Start!A606=\"\",\"\",Start!A606)","v":""},{"$f":"IF(Start!B606=\"\",\"\",Start!B606)","v":"715-05149"},{"$f":"IF(Start!C606=\"\",\"\",Start!C606)","v":"PIPE, TYPE 2, CIRCULAR, 12 IN."},{"$f":"IF(Start!D606=\"\",\"\",Start!D606)","v":210},{"$f":"IF(Start!E606=\"\",\"\",Start!E606)","v":0},{"$f":"IF(Start!F606=\"\",\"\",Start!F606)","v":"L.F."},{"$f":"IF(Start!G606=\"\",\"\",Start!G606)","v":34.5},{"$f":"IF(Start!H606=\"\",\"\",Start!H606)","v":7245},3,{"$f":"IF(I606=\"\",\"\",LOOKUP(I606,{1,\"01\";2,\"02\";3,\"03\";4,\"04\";5,\"05\";6,\"06\";7,\"07\";8,\"08\";9,\"09\";10,\"10\";11,\"11\";12,\"12\";13,\"13\";14,\"14\";15,\"15\"}))","v":"03"},"03. Milestone Contractors, L.P.",700,715,{"$f":"IF(B606=\"\",\"\",VLOOKUP(M606,Sections!$A$2:$D$200,3,FALSE))","v":"Structures"},{"$f":"IF(B606=\"\",\"\",VLOOKUP(M606,Sections!$A$2:$D$200,4,FALSE))","v":"Pipe Culverts, And Storm And Sanitary Sewers"}]
[{"$f":"IF(Start!A607=\"\",\"\",Start!A607)","v":""},{"$f":"IF(Start!B607=\"\",\"\",Start!B607)","v":"715-05152"},{"$f":"IF(Start!C607=\"\",\"\",Start!C607)","v":"PIPE, TYPE 2, CIRCULAR, 18 IN."},{"$f":"IF(Start!D607=\"\",\"\",Start!D607)","v":409},{"$f":"IF(Start!E607=\"\",\"\",Start!E607)","v":0},{"$f":"IF(Start!F607=\"\",\"\",Start!F607)","v":"L.F."},{"$f":"IF(Start!G607=\"\",\"\",Start!G607)","v":40},{"$f":"IF(Start!H607=\"\",\"\",Start!H607)","v":16360},3,{"$f":"IF(I607=\"\",\"\",LOOKUP(I607,{1,\"01\";2,\"02\";3,\"03\";4,\"04\";5,\"05\";6,\"06\";7,\"07\";8,\"08\";9,\"09\";10,\"10\";11,\"11\";12,\"12\";13,\"13\";14,\"14\";15,\"15\"}))","v":"03"},"03. Milestone Contractors, L.P.",700,715,{"$f":"IF(B607=\"\",\"\",VLOOKUP(M607,Sections!$A$2:$D$200,3,FALSE))","v":"Structures"},{"$f":"IF(B607=\"\",\"\",VLOOKUP(M607,Sections!$A$2:$D$200,4,FALSE))","v":"Pipe Culverts, And Storm And Sanitary Sewers"}]
[{"$f":"IF(Start!A608=\"\",\"\",Start!A608)","v":""},{"$f":"IF(Start!B608=\"\",\"\",Start!B608)","v":"715-05154"},{"$f":"IF(Start!C608=\"\",\"\",Start!C608)","v":"PIPE, TYPE 2, CIRCULAR, 24 IN. , SMOOTH"},{"$f":"IF(Start!D608=\"\",\"\",Start!D608)","v":1037},{"$f":"IF(Start!E608=\"\",\"\",Start!E608)","v":0},{"$f":"IF(Start!F608=\"\",\"\",Start!F608)","v":"L.F."},{"$f":"IF(Start!G608=\"\",\"\",Start!G608)","v":46},{"$f":"IF(Start!H608=\"\",\"\",Start!H608)","v":47702},3,{"$f":"IF(I608=\"\",\"\",LOOKUP(I608,{1,\"01\";2,\"02\";3,\"03\";4,\"04\";5,\"05\";6,\"06\";7,\"07\";8,\"08\";9,\"09\";10,\"10\";11,\"11\";12,\"12\";13,\"13\";14,\"14\";15,\"15\"}))","v":"03"},"03. Milestone Contractors, L.P.",700,715,{"$f":"IF(B608=\"\",\"\",VLOOKUP(M608,Sections!$A$2:$D$200,3,FALSE))","v":"Structures"},{"$f":"IF(B608=\"\",\"\",VLOOKUP(M608,Sections!$A$2:$D$200,4,FALSE))","v":"Pipe Culverts, And Storm And Sanitary Sewers"}]
[{"$f":"IF(Start!A609=\"\",\"\",Start!A609)","v":""},{"$f":"IF(Start!B609=\"\",\"\",Start!B609)","v":"715-05156"},{"$f":"IF(Start!C609=\"\",\"\",Start!C609)","v":"PIPE, TYPE 2, CIRCULAR, 30 IN."},{"$f":"IF(Start!D609=\"\",\"\",Start!D609)","v":130},{"$f":"IF(Start!E609=\"\",\"\",Start!E609)","v":0},{"$f":"IF(Start!F609=\"\",\"\",Start!F609)","v":"L.F."},{"$f":"IF(Start!G609=\"\",\"\",Start!G609)","v":52.5},{"$f":"IF(Start!H609=\"\",\"\",Start!H609)","v":6825},3,{"$f":"IF(I609=\"\",\"\",LOOKUP(I609,{1,\"01\";2,\"02\";3,\"03\";4,\"04\";5,\"05\";6,\"06\";7,\"07\";8,\"08\";9,\"09\";10,\"10\";11,\"11\";12,\"12\";13,\"13\";14,\"14\";15,\"15\"}))","v":"03"},"03. Milestone Contractors, L.P.",700,715,{"$f":"IF(B609=\"\",\"\",VLOOKUP(M609,Sections!$A$2:$D$200,3,FALSE))","v":"Structures"},{"$f":"IF(B609=\"\",\"\",VLOOKUP(M609,Sections!$A$2:$D$200,4,FALSE))","v":"Pipe Culverts, And Storm And Sanitary Sewers"}]
[{"$f":"IF(Start!A610=\"\",\"\",Start!A610)","v":""},{"$f":"IF(Start!B610=\"\",\"\",Start!B610)","v":"715-05169"},{"$f":"IF(Start!C610=\"\",\"\",Start!C610)","v":"PIPE, TYPE 3, CIRCULAR, 15 IN."},{"$f":"IF(Start!D610=\"\",\"\",Start!D610)","v":319},{"$f":"IF(Start!E610=\"\",\"\",Start!E610)","v":0},{"$f":"IF(Start!F610=\"\",\"\",Start!F610)","v":"L.F."},{"$f":"IF(Start!G610=\"\",\"\",Start!G610)","v":35.5},{"$f":"IF(Start!H610=\"\",\"\",Start!H610)","v":11324.5},3,{"$f":"IF(I610=\"\",\"\",LOOKUP(I610,{1,\"01\";2,\"02\";3,\"03\";4,\"04\";5,\"05\";6,\"06\";7,\"07\";8,\"08\";9,\"09\";10,\"10\";11,\"11\";12,\"12\";13,\"13\";14,\"14\";15,\"15\"}))","v":"03"},"03. Milestone Contractors, L.P.",700,715,{"$f":"IF(B610=\"\",\"\",VLOOKUP(M610,Sections!$A$2:$D$200,3,FALSE))","v":"Structures"},{"$f":"IF(B610=\"\",\"\",VLOOKUP(M610,Sections!$A$2:$D$200,4,FALSE))","v":"Pipe Culverts, And Storm And Sanitary Sewers"}]
[{"$f":"IF(Start!A611=\"\",\"\",Start!A611)","v":""},{"$f":"IF(Start!B611=\"\",\"\",Start!B611)","v":"715-05171"},{"$f":"IF(Start!C611=\"\",\"\",Start!C611)","v":"PIPE, TYPE 3, CIRCULAR, 18 IN."},{"$f":"IF(Start!D611=\"\",\"\",Start!D611)","v":88},{"$f":"IF(Start!E611=\"\",\"\",Start!E611)","v":0},{"$f":"IF(Start!F611=\"\",\"\",Start!F611)","v":"L.F."},{"$f":"IF(Start!G611=\"\",\"\",Start!G611)","v":36.5},{"$f":"IF(Start!H611=\"\",\"\",Start!H611)","v":3212},3,{"$f":"IF(I611=\"\",\"\",LOOKUP(I611,{1,\"01\";2,\"02\";3,\"03\";4,\"04\";5,\"05\";6,\"06\";7,\"07\";8,\"08\";9,\"09\";10,\"10\";11,\"11\";12,\"12\";13,\"13\";14,\"14\";15,\"15\"}))","v":"03"},"03. Milestone Contractors, L.P.",700,715,{"$f":"IF(B611=\"\",\"\",VLOOKUP(M611,Sections!$A$2:$D$200,3,FALSE))","v":"Structures"},{"$f":"IF(B611=\"\",\"\",VLOOKUP(M611,Sections!$A$2:$D$200,4,FALSE))","v":"Pipe Culverts, And Storm And Sanitary Sewers"}]
[{"$f":"IF(Start!A612=\"\",\"\",Start!A612)","v":""},{"$f":"IF(Start!B612=\"\",\"\",Start!B612)","v":"715-05236"},{"$f":"IF(Start!C612=\"\",\"\",Start!C612)","v":"PIPE, TYPE 1, DEFORMED, MIN. AREA 0.47 M2"},{"$f":"IF(Start!D612=\"\",\"\",Start!D612)","v":308},{"$f":"IF(Start!E612=\"\",\"\",Start!E612)","v":0},{"$f":"IF(Start!F612=\"\",\"\",Start!F612)","v":"L.F."},{"$f":"IF(Start!G612=\"\",\"\",Start!G612)","v":71},{"$f":"IF(Start!H612=\"\",\"\",Start!H612)","v":21868},3,{"$f":"IF(I612=\"\",\"\",LOOKUP(I612,{1,\"01\";2,\"02\";3,\"03\";4,\"04\";5,\"05\";6,\"06\";7,\"07\";8,\"08\";9,\"09\";10,\"10\";11,\"11\";12,\"12\";13,\"13\";14,\"14\";15,\"15\"}))","v":"03"},"03. Milestone Contractors, L.P.",700,715,{"$f":"IF(B612=\"\",\"\",VLOOKUP(M612,Sections!$A$2:$D$200,3,FALSE))","v":"Structures"},{"$f":"IF(B612=\"\",\"\",VLOOKUP(M612,Sections!$A$2:$D$200,4,FALSE))","v":"Pipe Culverts, And Storm And Sanitary Sewers"}]
[{"$f":"IF(Start!A613=\"\",\"\",Start!A613)","v":""},{"$f":"IF(Start!B613=\"\",\"\",Start!B613)","v":"715-06471"},{"$f":"IF(Start!C613=\"\",\"\",Start!C613)","v":"PIPE END SECTION, MIN. AREA .31 M2"},{"$f":"IF(Start!D613=\"\",\"\",Start!D613)","v":2},{"$f":"IF(Start!E613=\"\",\"\",Start!E613)","v":0},{"$f":"IF(Start!F613=\"\",\"\",Start!F613)","v":"EACH"},{"$f":"IF(Start!G613=\"\",\"\",Start!G613)","v":565},{"$f":"IF(Start!H613=\"\",\"\",Start!H613)","v":1130},3,{"$f":"IF(I613=\"\",\"\",LOOKUP(I613,{1,\"01\";2,\"02\";3,\"03\";4,\"04\";5,\"05\";6,\"06\";7,\"07\";8,\"08\";9,\"09\";10,\"10\";11,\"11\";12,\"12\";13,\"13\";14,\"14\";15,\"15\"}))","v":"03"},"03. Milestone Contractors, L.P.",700,715,{"$f":"IF(B613=\"\",\"\",VLOOKUP(M613,Sections!$A$2:$D$200,3,FALSE))","v":"Structures"},{"$f":"IF(B613=\"\",\"\",VLOOKUP(M613,Sections!$A$2:$D$200,4,FALSE))","v":"Pipe Culverts, And Storm And Sanitary Sewers"}]
[{"$f":"IF(Start!A614=\"\",\"\",Start!A614)","v":""},{"$f":"IF(Start!B614=\"\",\"\",Start!B614)","v":"715-08243"},{"$f":"IF(Start!C614=\"\",\"\",Start!C614)","v":"PIPE, TYPE 3, DEFORMED, MIN. AREA 3.3 SQ. FT."},{"$f":"IF(Start!D614=\"\",\"\",Start!D614)","v":48},{"$f":"IF(Start!E614=\"\",\"\",Start!E614)","v":0},{"$f":"IF(Start!F614=\"\",\"\",Start!F614)","v":"L.F."},{"$f":"IF(Start!G614=\"\",\"\",Start!G614)","v":57},{"$f":"IF(Start!H614=\"\",\"\",Start!H614)","v":2736},3,{"$f":"IF(I614=\"\",\"\",LOOKUP(I614,{1,\"01\";2,\"02\";3,\"03\";4,\"04\";5,\"05\";6,\"06\";7,\"07\";8,\"08\";9,\"09\";10,\"10\";11,\"11\";12,\"12\";13,\"13\";14,\"14\";15,\"15\"}))","v":"03"},"03. Milestone Contractors, L.P.",700,715,{"$f":"IF(B614=\"\",\"\",VLOOKUP(M614,Sections!$A$2:$D$200,3,FALSE))","v":"Structures"},{"$f":"IF(B614=\"\",\"\",VLOOKUP(M614,Sections!$A$2:$D$200,4,FALSE))","v":"Pipe Culverts, And Storm And Sanitary Sewers"}]
[{"$f":"IF(Start!A615=\"\",\"\",Start!A615)","v":""},{"$f":"IF(Start!B615=\"\",\"\",Start!B615)","v":"715-09064"},{"$f":"IF(Start!C615=\"\",\"\",Start!C615)","v":"VIDEO INSPECTION FOR PIPE"},{"$f":"IF(Start!D615=\"\",\"\",Start!D615)","v":2792},{"$f":"IF(Start!E615=\"\",\"\",Start!E615)","v":0},{"$f":"IF(Start!F615=\"\",\"\",Start!F615)","v":"L.F."},{"$f":"IF(Start!G615=\"\",\"\",Start!G615)","v":1.5},{"$f":"IF(Start!H615=\"\",\"\",Start!H615)","v":4188},3,{"$f":"IF(I615=\"\",\"\",LOOKUP(I615,{1,\"01\";2,\"02\";3,\"03\";4,\"04\";5,\"05\";6,\"06\";7,\"07\";8,\"08\";9,\"09\";10,\"10\";11,\"11\";12,\"12\";13,\"13\";14,\"14\";15,\"15\"}))","v":"03"},"03. Milestone Contractors, L.P.",700,715,{"$f":"IF(B615=\"\",\"\",VLOOKUP(M615,Sections!$A$2:$D$200,3,FALSE))","v":"Structures"},{"$f":"IF(B615=\"\",\"\",VLOOKUP(M615,Sections!$A$2:$D$200,4,FALSE))","v":"Pipe Culverts, And Storm And Sanitary Sewers"}]
[{"$f":"IF(Start!A616=\"\",\"\",Start!A616)","v":""},{"$f":"IF(Start!B616=\"\",\"\",Start!B616)","v":"715-09769"},{"$f":"IF(Start!C616=\"\",\"\",Start!C616)","v":"PIPE, TYPE 3, DEFORMED, MIN. AREA 5.1"},{"$f":"IF(Start!D616=\"\",\"\",Start!D616)","v":240},{"$f":"IF(Start!E616=\"\",\"\",Start!E616)","v":0},{"$f":"IF(Start!F616=\"\",\"\",Start!F616)","v":"L.F."},{"$f":"IF(Start!G616=\"\",\"\",Start!G616)","v":68.5},{"$f":"IF(Start!H616=\"\",\"\",Start!H616)","v":16440},3,{"$f":"IF(I616=\"\",\"\",LOOKUP(I616,{1,\"01\";2,\"02\";3,\"03\";4,\"04\";5,\"05\";6,\"06\";7,\"07\";8,\"08\";9,\"09\";10,\"10\";11,\"11\";12,\"12\";13,\"13\";14,\"14\";15,\"15\"}))","v":"03"},"03. Milestone Contractors, L.P.",700,715,{"$f":"IF(B616=\"\",\"\",VLOOKUP(M616,Sections!$A$2:$D$200,3,FALSE))","v":"Structures"},{"$f":"IF(B616=\"\",\"\",VLOOKUP(M616,Sections!$A$2:$D$200,4,FALSE))","v":"Pipe Culverts, And Storm And Sanitary Sewers"}]
[{"$f":"IF(Start!A617=\"\",\"\",Start!A617)","v":""},{"$f":"IF(Start!B617=\"\",\"\",Start!B617)","v":"715-46005"},{"$f":"IF(Start!C617=\"\",\"\",Start!C617)","v":"PIPE END SECTION, 15 IN."},{"$f":"IF(Start!D617=\"\",\"\",Start!D617)","v":14},{"$f":"IF(Start!E617=\"\",\"\",Start!E617)","v":0},{"$f":"IF(Start!F617=\"\",\"\",Start!F617)","v":"EACH"},{"$f":"IF(Start!G617=\"\",\"\",Start!G617)","v":336},{"$f":"IF(Start!H617=\"\",\"\",Start!H617)","v":4704},3,{"$f":"IF(I617=\"\",\"\",LOOKUP(I617,{1,\"01\";2,\"02\";3,\"03\";4,\"04\";5,\"05\";6,\"06\";7,\"07\";8,\"08\";9,\"09\";10,\"10\";11,\"11\";12,\"12\";13,\"13\";14,\"14\";15,\"15\"}))","v":"03"},"03. Milestone Contractors, L.P.",700,715,{"$f":"IF(B617=\"\",\"\",VLOOKUP(M617,Sections!$A$2:$D$200,3,FALSE))","v":"Structures"},{"$f":"IF(B617=\"\",\"\",VLOOKUP(M617,Sections!$A$2:$D$200,4,FALSE))","v":"Pipe Culverts, And Storm And Sanitary Sewers"}]
[{"$f":"IF(Start!A618=\"\",\"\",Start!A618)","v":""},{"$f":"IF(Start!B618=\"\",\"\",Start!B618)","v":"715-46010"},{"$f":"IF(Start!C618=\"\",\"\",Start!C618)","v":"PIPE END SECTION, 18 IN."},{"$f":"IF(Start!D618=\"\",\"\",Start!D618)","v":5},{"$f":"IF(Start!E618=\"\",\"\",Start!E618)","v":0},{"$f":"IF(Start!F618=\"\",\"\",Start!F618)","v":"EACH"},{"$f":"IF(Start!G618=\"\",\"\",Start!G618)","v":402},{"$f":"IF(Start!H618=\"\",\"\",Start!H618)","v":2010},3,{"$f":"IF(I618=\"\",\"\",LOOKUP(I618,{1,\"01\";2,\"02\";3,\"03\";4,\"04\";5,\"05\";6,\"06\";7,\"07\";8,\"08\";9,\"09\";10,\"10\";11,\"11\";12,\"12\";13,\"13\";14,\"14\";15,\"15\"}))","v":"03"},"03. Milestone Contractors, L.P.",700,715,{"$f":"IF(B618=\"\",\"\",VLOOKUP(M618,Sections!$A$2:$D$200,3,FALSE))","v":"Structures"},{"$f":"IF(B618=\"\",\"\",VLOOKUP(M618,Sections!$A$2:$D$200,4,FALSE))","v":"Pipe Culverts, And Storm And Sanitary Sewers"}]
[{"$f":"IF(Start!A619=\"\",\"\",Start!A619)","v":""},{"$f":"IF(Start!B619=\"\",\"\",Start!B619)","v":"715-46020"},{"$f":"IF(Start!C619=\"\",\"\",Start!C619)","v":"PIPE END SECTION, 24 IN."},{"$f":"IF(Start!D619=\"\",\"\",Start!D619)","v":4},{"$f":"IF(Start!E619=\"\",\"\",Start!E619)","v":0},{"$f":"IF(Start!F619=\"\",\"\",Start!F619)","v":"EACH"},{"$f":"IF(Start!G619=\"\",\"\",Start!G619)","v":468},{"$f":"IF(Start!H619=\"\",\"\",Start!H619)","v":1872},3,{"$f":"IF(I619=\"\",\"\",LOOKUP(I619,{1,\"01\";2,\"02\";3,\"03\";4,\"04\";5,\"05\";6,\"06\";7,\"07\";8,\"08\";9,\"09\";10,\"10\";11,\"11\";12,\"12\";13,\"13\";14,\"14\";15,\"15\"}))","v":"03"},"03. Milestone Contractors, L.P.",700,715,{"$f":"IF(B619=\"\",\"\",VLOOKUP(M619,Sections!$A$2:$D$200,3,FALSE))","v":"Structures"},{"$f":"IF(B619=\"\",\"\",VLOOKUP(M619,Sections!$A$2:$D$200,4,FALSE))","v":"Pipe Culverts, And Storm And Sanitary Sewers"}]
[{"$f":"IF(Start!A620=\"\",\"\",Start!A620)","v":""},{"$f":"IF(Start!B620=\"\",\"\",Start!B620)","v":"715-46030"},{"$f":"IF(Start!C620=\"\",\"\",Start!C620)","v":"PIPE END SECTION, 30 IN."},{"$f":"IF(Start!D620=\"\",\"\",Start!D620)","v":1},{"$f":"IF(Start!E620=\"\",\"\",Start!E620)","v":0},{"$f":"IF(Start!F620=\"\",\"\",Start!F620)","v":"EACH"},{"$f":"IF(Start!G620=\"\",\"\",Start!G620)","v":600},{"$f":"IF(Start!H620=\"\",\"\",Start!H620)","v":600},3,{"$f":"IF(I620=\"\",\"\",LOOKUP(I620,{1,\"01\";2,\"02\";3,\"03\";4,\"04\";5,\"05\";6,\"06\";7,\"07\";8,\"08\";9,\"09\";10,\"10\";11,\"11\";12,\"12\";13,\"13\";14,\"14\";15,\"15\"}))","v":"03"},"03. Milestone Contractors, L.P.",700,715,{"$f":"IF(B620=\"\",\"\",VLOOKUP(M620,Sections!$A$2:$D$200,3,FALSE))","v":"Structures"},{"$f":"IF(B620=\"\",\"\",VLOOKUP(M620,Sections!$A$2:$D$200,4,FALSE))","v":"Pipe Culverts, And Storm And Sanitary Sewers"}]
[{"$f":"IF(Start!A621=\"\",\"\",Start!A621)","v":""},{"$f":"IF(Start!B621=\"\",\"\",Start!B621)","v":"718-06529"},{"$f":"IF(Start!C621=\"\",\"\",Start!C621)","v":"OUTLET PROTECTOR, 2"},{"$f":"IF(Start!D621=\"\",\"\",Start!D621)","v":6},{"$f":"IF(Start!E621=\"\",\"\",Start!E621)","v":0},{"$f":"IF(Start!F621=\"\",\"\",Start!F621)","v":"EACH"},{"$f":"IF(Start!G621=\"\",\"\",Start!G621)","v":850},{"$f":"IF(Start!H621=\"\",\"\",Start!H621)","v":5100},3,{"$f":"IF(I621=\"\",\"\",LOOKUP(I621,{1,\"01\";2,\"02\";3,\"03\";4,\"04\";5,\"05\";6,\"06\";7,\"07\";8,\"08\";9,\"09\";10,\"10\";11,\"11\";12,\"12\";13,\"13\";14,\"14\";15,\"15\"}))","v":"03"},"03. Milestone Contractors, L.P.",700,718,{"$f":"IF(B621=\"\",\"\",VLOOKUP(M621,Sections!$A$2:$D$200,3,FALSE))","v":"Structures"},{"$f":"IF(B621=\"\",\"\",VLOOKUP(M621,Sections!$A$2:$D$200,4,FALSE))","v":"Underdrains"}]
[{"$f":"IF(Start!A622=\"\",\"\",Start!A622)","v":""},{"$f":"IF(Start!B622=\"\",\"\",Start!B622)","v":"718-06531"},{"$f":"IF(Start!C622=\"\",\"\",Start!C622)","v":"OUTLET PROTECTOR, 3"},{"$f":"IF(Start!D622=\"\",\"\",Start!D622)","v":30},{"$f":"IF(Start!E622=\"\",\"\",Start!E622)","v":0},{"$f":"IF(Start!F622=\"\",\"\",Start!F622)","v":"EACH"},{"$f":"IF(Start!G622=\"\",\"\",Start!G622)","v":550},{"$f":"IF(Start!H622=\"\",\"\",Start!H622)","v":16500},3,{"$f":"IF(I622=\"\",\"\",LOOKUP(I622,{1,\"01\";2,\"02\";3,\"03\";4,\"04\";5,\"05\";6,\"06\";7,\"07\";8,\"08\";9,\"09\";10,\"10\";11,\"11\";12,\"12\";13,\"13\";14,\"14\";15,\"15\"}))","v":"03"},"03. Milestone Contractors, L.P.",700,718,{"$f":"IF(B622=\"\",\"\",VLOOKUP(M622,Sections!$A$2:$D$200,3,FALSE))","v":"Structures"},{"$f":"IF(B622=\"\",\"\",VLOOKUP(M622,Sections!$A$2:$D$200,4,FALSE))","v":"Underdrains"}]
[{"$f":"IF(Start!A623=\"\",\"\",Start!A623)","v":""},{"$f":"IF(Start!B623=\"\",\"\",Start!B623)","v":"718-06532"},{"$f":"IF(Start!C623=\"\",\"\",Start!C623)","v":"VIDEO INSPECTION FOR UNDERDRAINS"},{"$f":"IF(Start!D623=\"\",\"\",Start!D623)","v":3000},{"$f":"IF(Start!E623=\"\",\"\",Start!E623)","v":0},{"$f":"IF(Start!F623=\"\",\"\",Start!F623)","v":"L.F."},{"$f":"IF(Start!G623=\"\",\"\",Start!G623)","v":1},{"$f":"IF(Start!H623=\"\",\"\",Start!H623)","v":3000},3,{"$f":"IF(I623=\"\",\"\",LOOKUP(I623,{1,\"01\";2,\"02\";3,\"03\";4,\"04\";5,\"05\";6,\"06\";7,\"07\";8,\"08\";9,\"09\";10,\"10\";11,\"11\";12,\"12\";13,\"13\";14,\"14\";15,\"15\"}))","v":"03"},"03. Milestone Contractors, L.P.",700,718,{"$f":"IF(B623=\"\",\"\",VLOOKUP(M623,Sections!$A$2:$D$200,3,FALSE))","v":"Structures"},{"$f":"IF(B623=\"\",\"\",VLOOKUP(M623,Sections!$A$2:$D$200,4,FALSE))","v":"Underdrains"}]
[{"$f":"IF(Start!A624=\"\",\"\",Start!A624)","v":""},{"$f":"IF(Start!B624=\"\",\"\",Start!B624)","v":"718-52610"},{"$f":"IF(Start!C624=\"\",\"\",Start!C624)","v":"AGGREGATE FOR UNDERDRAINS"},{"$f":"IF(Start!D624=\"\",\"\",Start!D624)","v":1496},{"$f":"IF(Start!E624=\"\",\"\",Start!E624)","v":0},{"$f":"IF(Start!F624=\"\",\"\",Start!F624)","v":"C.Y."},{"$f":"IF(Start!G624=\"\",\"\",Start!G624)","v":25},{"$f":"IF(Start!H624=\"\",\"\",Start!H624)","v":37400},3,{"$f":"IF(I624=\"\",\"\",LOOKUP(I624,{1,\"01\";2,\"02\";3,\"03\";4,\"04\";5,\"05\";6,\"06\";7,\"07\";8,\"08\";9,\"09\";10,\"10\";11,\"11\";12,\"12\";13,\"13\";14,\"14\";15,\"15\"}))","v":"03"},"03. Milestone Contractors, L.P.",700,718,{"$f":"IF(B624=\"\",\"\",VLOOKUP(M624,Sections!$A$2:$D$200,3,FALSE))","v":"Structures"},{"$f":"IF(B624=\"\",\"\",VLOOKUP(M624,Sections!$A$2:$D$200,4,FALSE))","v":"Underdrains"}]
[{"$f":"IF(Start!A625=\"\",\"\",Start!A625)","v":""},{"$f":"IF(Start!B625=\"\",\"\",Start!B625)","v":"720-44000"},{"$f":"IF(Start!C625=\"\",\"\",Start!C625)","v":"CASTING, ADJUST TO GRADE"},{"$f":"IF(Start!D625=\"\",\"\",Start!D625)","v":8},{"$f":"IF(Start!E625=\"\",\"\",Start!E625)","v":0},{"$f":"IF(Start!F625=\"\",\"\",Start!F625)","v":"EACH"},{"$f":"IF(Start!G625=\"\",\"\",Start!G625)","v":331},{"$f":"IF(Start!H625=\"\",\"\",Start!H625)","v":2648},3,{"$f":"IF(I625=\"\",\"\",LOOKUP(I625,{1,\"01\";2,\"02\";3,\"03\";4,\"04\";5,\"05\";6,\"06\";7,\"07\";8,\"08\";9,\"09\";10,\"10\";11,\"11\";12,\"12\";13,\"13\";14,\"14\";15,\"15\"}))","v":"03"},"03. Milestone Contractors, L.P.",700,720,{"$f":"IF(B625=\"\",\"\",VLOOKUP(M625,Sections!$A$2:$D$200,3,FALSE))","v":"Structures"},{"$f":"IF(B625=\"\",\"\",VLOOKUP(M625,Sections!$A$2:$D$200,4,FALSE))","v":"Manholes, Inlets, And Catch Basins"}]
[{"$f":"IF(Start!A626=\"\",\"\",Start!A626)","v":""},{"$f":"IF(Start!B626=\"\",\"\",Start!B626)","v":"720-45025"},{"$f":"IF(Start!C626=\"\",\"\",Start!C626)","v":"INLET, D6"},{"$f":"IF(Start!D626=\"\",\"\",Start!D626)","v":1},{"$f":"IF(Start!E626=\"\",\"\",Start!E626)","v":0},{"$f":"IF(Start!F626=\"\",\"\",Start!F626)","v":"EACH"},{"$f":"IF(Start!G626=\"\",\"\",Start!G626)","v":1315},{"$f":"IF(Start!H626=\"\",\"\",Start!H626)","v":1315},3,{"$f":"IF(I626=\"\",\"\",LOOKUP(I626,{1,\"01\";2,\"02\";3,\"03\";4,\"04\";5,\"05\";6,\"06\";7,\"07\";8,\"08\";9,\"09\";10,\"10\";11,\"11\";12,\"12\";13,\"13\";14,\"14\";15,\"15\"}))","v":"03"},"03. Milestone Contractors, L.P.",700,720,{"$f":"IF(B626=\"\",\"\",VLOOKUP(M626,Sections!$A$2:$D$200,3,FALSE))","v":"Structures"},{"$f":"IF(B626=\"\",\"\",VLOOKUP(M626,Sections!$A$2:$D$200,4,FALSE))","v":"Manholes, Inlets, And Catch Basins"}]
[{"$f":"IF(Start!A627=\"\",\"\",Start!A627)","v":""},{"$f":"IF(Start!B627=\"\",\"\",Start!B627)","v":"720-45030"},{"$f":"IF(Start!C627=\"\",\"\",Start!C627)","v":"INLET, E7"},{"$f":"IF(Start!D627=\"\",\"\",Start!D627)","v":1},{"$f":"IF(Start!E627=\"\",\"\",Start!E627)","v":0},{"$f":"IF(Start!F627=\"\",\"\",Start!F627)","v":"EACH"},{"$f":"IF(Start!G627=\"\",\"\",Start!G627)","v":1105},{"$f":"IF(Start!H627=\"\",\"\",Start!H627)","v":1105},3,{"$f":"IF(I627=\"\",\"\",LOOKUP(I627,{1,\"01\";2,\"02\";3,\"03\";4,\"04\";5,\"05\";6,\"06\";7,\"07\";8,\"08\";9,\"09\";10,\"10\";11,\"11\";12,\"12\";13,\"13\";14,\"14\";15,\"15\"}))","v":"03"},"03. Milestone Contractors, L.P.",700,720,{"$f":"IF(B627=\"\",\"\",VLOOKUP(M627,Sections!$A$2:$D$200,3,FALSE))","v":"Structures"},{"$f":"IF(B627=\"\",\"\",VLOOKUP(M627,Sections!$A$2:$D$200,4,FALSE))","v":"Manholes, Inlets, And Catch Basins"}]
[{"$f":"IF(Start!A628=\"\",\"\",Start!A628)","v":""},{"$f":"IF(Start!B628=\"\",\"\",Start!B628)","v":"720-45035"},{"$f":"IF(Start!C628=\"\",\"\",Start!C628)","v":"INLET, F7"},{"$f":"IF(Start!D628=\"\",\"\",Start!D628)","v":3},{"$f":"IF(Start!E628=\"\",\"\",Start!E628)","v":0},{"$f":"IF(Start!F628=\"\",\"\",Start!F628)","v":"EACH"},{"$f":"IF(Start!G628=\"\",\"\",Start!G628)","v":1103},{"$f":"IF(Start!H628=\"\",\"\",Start!H628)","v":3309},3,{"$f":"IF(I628=\"\",\"\",LOOKUP(I628,{1,\"01\";2,\"02\";3,\"03\";4,\"04\";5,\"05\";6,\"06\";7,\"07\";8,\"08\";9,\"09\";10,\"10\";11,\"11\";12,\"12\";13,\"13\";14,\"14\";15,\"15\"}))","v":"03"},"03. Milestone Contractors, L.P.",700,720,{"$f":"IF(B628=\"\",\"\",VLOOKUP(M628,Sections!$A$2:$D$200,3,FALSE))","v":"Structures"},{"$f":"IF(B628=\"\",\"\",VLOOKUP(M628,Sections!$A$2:$D$200,4,FALSE))","v":"Manholes, Inlets, And Catch Basins"}]
[{"$f":"IF(Start!A629=\"\",\"\",Start!A629)","v":""},{"$f":"IF(Start!B629=\"\",\"\",Start!B629)","v":"720-45040"},{"$f":"IF(Start!C629=\"\",\"\",Start!C629)","v":"INLET, G7"},{"$f":"IF(Start!D629=\"\",\"\",Start!D629)","v":2},{"$f":"IF(Start!E629=\"\",\"\",Start!E629)","v":0},{"$f":"IF(Start!F629=\"\",\"\",Start!F629)","v":"EACH"},{"$f":"IF(Start!G629=\"\",\"\",Start!G629)","v":2378},{"$f":"IF(Start!H629=\"\",\"\",Start!H629)","v":4756},3,{"$f":"IF(I629=\"\",\"\",LOOKUP(I629,{1,\"01\";2,\"02\";3,\"03\";4,\"04\";5,\"05\";6,\"06\";7,\"07\";8,\"08\";9,\"09\";10,\"10\";11,\"11\";12,\"12\";13,\"13\";14,\"14\";15,\"15\"}))","v":"03"},"03. Milestone Contractors, L.P.",700,720,{"$f":"IF(B629=\"\",\"\",VLOOKUP(M629,Sections!$A$2:$D$200,3,FALSE))","v":"Structures"},{"$f":"IF(B629=\"\",\"\",VLOOKUP(M629,Sections!$A$2:$D$200,4,FALSE))","v":"Manholes, Inlets, And Catch Basins"}]
[{"$f":"IF(Start!A630=\"\",\"\",Start!A630)","v":""},{"$f":"IF(Start!B630=\"\",\"\",Start!B630)","v":"720-45510"},{"$f":"IF(Start!C630=\"\",\"\",Start!C630)","v":"MANHOLE, C4, MODIFIED"},{"$f":"IF(Start!D630=\"\",\"\",Start!D630)","v":2},{"$f":"IF(Start!E630=\"\",\"\",Start!E630)","v":0},{"$f":"IF(Start!F630=\"\",\"\",Start!F630)","v":"EACH"},{"$f":"IF(Start!G630=\"\",\"\",Start!G630)","v":1836.5},{"$f":"IF(Start!H630=\"\",\"\",Start!H630)","v":3673},3,{"$f":"IF(I630=\"\",\"\",LOOKUP(I630,{1,\"01\";2,\"02\";3,\"03\";4,\"04\";5,\"05\";6,\"06\";7,\"07\";8,\"08\";9,\"09\";10,\"10\";11,\"11\";12,\"12\";13,\"13\";14,\"14\";15,\"15\"}))","v":"03"},"03. Milestone Contractors, L.P.",700,720,{"$f":"IF(B630=\"\",\"\",VLOOKUP(M630,Sections!$A$2:$D$200,3,FALSE))","v":"Structures"},{"$f":"IF(B630=\"\",\"\",VLOOKUP(M630,Sections!$A$2:$D$200,4,FALSE))","v":"Manholes, Inlets, And Catch Basins"}]
[{"$f":"IF(Start!A631=\"\",\"\",Start!A631)","v":""},{"$f":"IF(Start!B631=\"\",\"\",Start!B631)","v":"720-95409"},{"$f":"IF(Start!C631=\"\",\"\",Start!C631)","v":"MANHOLE, J4, MODIFIED"},{"$f":"IF(Start!D631=\"\",\"\",Start!D631)","v":2},{"$f":"IF(Start!E631=\"\",\"\",Start!E631)","v":0},{"$f":"IF(Start!F631=\"\",\"\",Start!F631)","v":"EACH"},{"$f":"IF(Start!G631=\"\",\"\",Start!G631)","v":1787},{"$f":"IF(Start!H631=\"\",\"\",Start!H631)","v":3574},3,{"$f":"IF(I631=\"\",\"\",LOOKUP(I631,{1,\"01\";2,\"02\";3,\"03\";4,\"04\";5,\"05\";6,\"06\";7,\"07\";8,\"08\";9,\"09\";10,\"10\";11,\"11\";12,\"12\";13,\"13\";14,\"14\";15,\"15\"}))","v":"03"},"03. Milestone Contractors, L.P.",700,720,{"$f":"IF(B631=\"\",\"\",VLOOKUP(M631,Sections!$A$2:$D$200,3,FALSE))","v":"Structures"},{"$f":"IF(B631=\"\",\"\",VLOOKUP(M631,Sections!$A$2:$D$200,4,FALSE))","v":"Manholes, Inlets, And Catch Basins"}]
[{"$f":"IF(Start!A632=\"\",\"\",Start!A632)","v":""},{"$f":"IF(Start!B632=\"\",\"\",Start!B632)","v":"720-97865"},{"$f":"IF(Start!C632=\"\",\"\",Start!C632)","v":"MANHOLE, C2, MODIFIED"},{"$f":"IF(Start!D632=\"\",\"\",Start!D632)","v":4},{"$f":"IF(Start!E632=\"\",\"\",Start!E632)","v":0},{"$f":"IF(Start!F632=\"\",\"\",Start!F632)","v":"EACH"},{"$f":"IF(Start!G632=\"\",\"\",Start!G632)","v":2030},{"$f":"IF(Start!H632=\"\",\"\",Start!H632)","v":8120},3,{"$f":"IF(I632=\"\",\"\",LOOKUP(I632,{1,\"01\";2,\"02\";3,\"03\";4,\"04\";5,\"05\";6,\"06\";7,\"07\";8,\"08\";9,\"09\";10,\"10\";11,\"11\";12,\"12\";13,\"13\";14,\"14\";15,\"15\"}))","v":"03"},"03. Milestone Contractors, L.P.",700,720,{"$f":"IF(B632=\"\",\"\",VLOOKUP(M632,Sections!$A$2:$D$200,3,FALSE))","v":"Structures"},{"$f":"IF(B632=\"\",\"\",VLOOKUP(M632,Sections!$A$2:$D$200,4,FALSE))","v":"Manholes, Inlets, And Catch Basins"}]
[{"$f":"IF(Start!A633=\"\",\"\",Start!A633)","v":""},{"$f":"IF(Start!B633=\"\",\"\",Start!B633)","v":"720-98555"},{"$f":"IF(Start!C633=\"\",\"\",Start!C633)","v":"INLET, C15"},{"$f":"IF(Start!D633=\"\",\"\",Start!D633)","v":1},{"$f":"IF(Start!E633=\"\",\"\",Start!E633)","v":0},{"$f":"IF(Start!F633=\"\",\"\",Start!F633)","v":"EACH"},{"$f":"IF(Start!G633=\"\",\"\",Start!G633)","v":1777},{"$f":"IF(Start!H633=\"\",\"\",Start!H633)","v":1777},3,{"$f":"IF(I633=\"\",\"\",LOOKUP(I633,{1,\"01\";2,\"02\";3,\"03\";4,\"04\";5,\"05\";6,\"06\";7,\"07\";8,\"08\";9,\"09\";10,\"10\";11,\"11\";12,\"12\";13,\"13\";14,\"14\";15,\"15\"}))","v":"03"},"03. Milestone Contractors, L.P.",700,720,{"$f":"IF(B633=\"\",\"\",VLOOKUP(M633,Sections!$A$2:$D$200,3,FALSE))","v":"Structures"},{"$f":"IF(B633=\"\",\"\",VLOOKUP(M633,Sections!$A$2:$D$200,4,FALSE))","v":"Manholes, Inlets, And Catch Basins"}]
[{"$f":"IF(Start!A634=\"\",\"\",Start!A634)","v":""},{"$f":"IF(Start!B634=\"\",\"\",Start!B634)","v":"723-08608"},{"$f":"IF(Start!C634=\"\",\"\",Start!C634)","v":"WINGWALL"},{"$f":"IF(Start!D634=\"\",\"\",Start!D634)","v":608},{"$f":"IF(Start!E634=\"\",\"\",Start!E634)","v":0},{"$f":"IF(Start!F634=\"\",\"\",Start!F634)","v":"S.F."},{"$f":"IF(Start!G634=\"\",\"\",Start!G634)","v":87},{"$f":"IF(Start!H634=\"\",\"\",Start!H634)","v":52896},3,{"$f":"IF(I634=\"\",\"\",LOOKUP(I634,{1,\"01\";2,\"02\";3,\"03\";4,\"04\";5,\"05\";6,\"06\";7,\"07\";8,\"08\";9,\"09\";10,\"10\";11,\"11\";12,\"12\";13,\"13\";14,\"14\";15,\"15\"}))","v":"03"},"03. Milestone Contractors, L.P.",700,723,{"$f":"IF(B634=\"\",\"\",VLOOKUP(M634,Sections!$A$2:$D$200,3,FALSE))","v":"Structures"},{"$f":"IF(B634=\"\",\"\",VLOOKUP(M634,Sections!$A$2:$D$200,4,FALSE))","v":"Reinforced Concrete Three Sided Structures"}]
[{"$f":"IF(Start!A635=\"\",\"\",Start!A635)","v":""},{"$f":"IF(Start!B635=\"\",\"\",Start!B635)","v":"727-90308"},{"$f":"IF(Start!C635=\"\",\"\",Start!C635)","v":"EPOXY INJECTION, CRACK PREPARATION"},{"$f":"IF(Start!D635=\"\",\"\",Start!D635)","v":119},{"$f":"IF(Start!E635=\"\",\"\",Start!E635)","v":0},{"$f":"IF(Start!F635=\"\",\"\",Start!F635)","v":"L.F."},{"$f":"IF(Start!G635=\"\",\"\",Start!G635)","v":59.6},{"$f":"IF(Start!H635=\"\",\"\",Start!H635)","v":7092.4000000000005},3,{"$f":"IF(I635=\"\",\"\",LOOKUP(I635,{1,\"01\";2,\"02\";3,\"03\";4,\"04\";5,\"05\";6,\"06\";7,\"07\";8,\"08\";9,\"09\";10,\"10\";11,\"11\";12,\"12\";13,\"13\";14,\"14\";15,\"15\"}))","v":"03"},"03. Milestone Contractors, L.P.",700,727,{"$f":"IF(B635=\"\",\"\",VLOOKUP(M635,Sections!$A$2:$D$200,3,FALSE))","v":"Structures"},{"$f":"IF(B635=\"\",\"\",VLOOKUP(M635,Sections!$A$2:$D$200,4,FALSE))","v":"Structural Concrete Repair By Epoxy Injection"}]
[{"$f":"IF(Start!A636=\"\",\"\",Start!A636)","v":""},{"$f":"IF(Start!B636=\"\",\"\",Start!B636)","v":"727-90309"},{"$f":"IF(Start!C636=\"\",\"\",Start!C636)","v":"EPOXY INJECTION, EPOXY MATERIAL"},{"$f":"IF(Start!D636=\"\",\"\",Start!D636)","v":15},{"$f":"IF(Start!E636=\"\",\"\",Start!E636)","v":0},{"$f":"IF(Start!F636=\"\",\"\",Start!F636)","v":"GAL"},{"$f":"IF(Start!G636=\"\",\"\",Start!G636)","v":54},{"$f":"IF(Start!H636=\"\",\"\",Start!H636)","v":810},3,{"$f":"IF(I636=\"\",\"\",LOOKUP(I636,{1,\"01\";2,\"02\";3,\"03\";4,\"04\";5,\"05\";6,\"06\";7,\"07\";8,\"08\";9,\"09\";10,\"10\";11,\"11\";12,\"12\";13,\"13\";14,\"14\";15,\"15\"}))","v":"03"},"03. Milestone Contractors, L.P.",700,727,{"$f":"IF(B636=\"\",\"\",VLOOKUP(M636,Sections!$A$2:$D$200,3,FALSE))","v":"Structures"},{"$f":"IF(B636=\"\",\"\",VLOOKUP(M636,Sections!$A$2:$D$200,4,FALSE))","v":"Structural Concrete Repair By Epoxy Injection"}]
[{"$f":"IF(Start!A637=\"\",\"\",Start!A637)","v":""},{"$f":"IF(Start!B637=\"\",\"\",Start!B637)","v":"727-93560"},{"$f":"IF(Start!C637=\"\",\"\",Start!C637)","v":"EPOXY INJECTION, FURNISHING EQUIPMENT"},{"$f":"IF(Start!D637=\"\",\"\",Start!D637)","v":1},{"$f":"IF(Start!E637=\"\",\"\",Start!E637)","v":0},{"$f":"IF(Start!F637=\"\",\"\",Start!F637)","v":"L.S."},{"$f":"IF(Start!G637=\"\",\"\",Start!G637)","v":200},{"$f":"IF(Start!H637=\"\",\"\",Start!H637)","v":200},3,{"$f":"IF(I637=\"\",\"\",LOOKUP(I637,{1,\"01\";2,\"02\";3,\"03\";4,\"04\";5,\"05\";6,\"06\";7,\"07\";8,\"08\";9,\"09\";10,\"10\";11,\"11\";12,\"12\";13,\"13\";14,\"14\";15,\"15\"}))","v":"03"},"03. Milestone Contractors, L.P.",700,727,{"$f":"IF(B637=\"\",\"\",VLOOKUP(M637,Sections!$A$2:$D$200,3,FALSE))","v":"Structures"},{"$f":"IF(B637=\"\",\"\",VLOOKUP(M637,Sections!$A$2:$D$200,4,FALSE))","v":"Structural Concrete Repair By Epoxy Injection"}]
[{"$f":"IF(Start!A638=\"\",\"\",Start!A638)","v":""},{"$f":"IF(Start!B638=\"\",\"\",Start!B638)","v":"801-02595"},{"$f":"IF(Start!C638=\"\",\"\",Start!C638)","v":"CONTROLLER, RESET TIMING"},{"$f":"IF(Start!D638=\"\",\"\",Start!D638)","v":3},{"$f":"IF(Start!E638=\"\",\"\",Start!E638)","v":0},{"$f":"IF(Start!F638=\"\",\"\",Start!F638)","v":"EACH"},{"$f":"IF(Start!G638=\"\",\"\",Start!G638)","v":155},{"$f":"IF(Start!H638=\"\",\"\",Start!H638)","v":465},3,{"$f":"IF(I638=\"\",\"\",LOOKUP(I638,{1,\"01\";2,\"02\";3,\"03\";4,\"04\";5,\"05\";6,\"06\";7,\"07\";8,\"08\";9,\"09\";10,\"10\";11,\"11\";12,\"12\";13,\"13\";14,\"14\";15,\"15\"}))","v":"03"},"03. Milestone Contractors, L.P.",800,801,{"$f":"IF(B638=\"\",\"\",VLOOKUP(M638,Sections!$A$2:$D$200,3,FALSE))","v":"Traffic Control Devices And Lighting"},{"$f":"IF(B638=\"\",\"\",VLOOKUP(M638,Sections!$A$2:$D$200,4,FALSE))","v":"Traffic Controls For Construction And Maintenance Operations"}]
[{"$f":"IF(Start!A639=\"\",\"\",Start!A639)","v":""},{"$f":"IF(Start!B639=\"\",\"\",Start!B639)","v":"801-03290"},{"$f":"IF(Start!C639=\"\",\"\",Start!C639)","v":"CONSTRUCTION SIGN, C"},{"$f":"IF(Start!D639=\"\",\"\",Start!D639)","v":12},{"$f":"IF(Start!E639=\"\",\"\",Start!E639)","v":0},{"$f":"IF(Start!F639=\"\",\"\",Start!F639)","v":"EACH"},{"$f":"IF(Start!G639=\"\",\"\",Start!G639)","v":140},{"$f":"IF(Start!H639=\"\",\"\",Start!H639)","v":1680},3,{"$f":"IF(I639=\"\",\"\",LOOKUP(I639,{1,\"01\";2,\"02\";3,\"03\";4,\"04\";5,\"05\";6,\"06\";7,\"07\";8,\"08\";9,\"09\";10,\"10\";11,\"11\";12,\"12\";13,\"13\";14,\"14\";15,\"15\"}))","v":"03"},"03. Milestone Contractors, L.P.",800,801,{"$f":"IF(B639=\"\",\"\",VLOOKUP(M639,Sections!$A$2:$D$200,3,FALSE))","v":"Traffic Control Devices And Lighting"},{"$f":"IF(B639=\"\",\"\",VLOOKUP(M639,Sections!$A$2:$D$200,4,FALSE))","v":"Traffic Controls For Construction And Maintenance Operations"}]
[{"$f":"IF(Start!A640=\"\",\"\",Start!A640)","v":""},{"$f":"IF(Start!B640=\"\",\"\",Start!B640)","v":"801-04308"},{"$f":"IF(Start!C640=\"\",\"\",Start!C640)","v":"ROAD CLOSURE SIGN ASSEMBLY"},{"$f":"IF(Start!D640=\"\",\"\",Start!D640)","v":20},{"$f":"IF(Start!E640=\"\",\"\",Start!E640)","v":0},{"$f":"IF(Start!F640=\"\",\"\",Start!F640)","v":"EACH"},{"$f":"IF(Start!G640=\"\",\"\",Start!G640)","v":345},{"$f":"IF(Start!H640=\"\",\"\",Start!H640)","v":6900},3,{"$f":"IF(I640=\"\",\"\",LOOKUP(I640,{1,\"01\";2,\"02\";3,\"03\";4,\"04\";5,\"05\";6,\"06\";7,\"07\";8,\"08\";9,\"09\";10,\"10\";11,\"11\";12,\"12\";13,\"13\";14,\"14\";15,\"15\"}))","v":"03"},"03. Milestone Contractors, L.P.",800,801,{"$f":"IF(B640=\"\",\"\",VLOOKUP(M640,Sections!$A$2:$D$200,3,FALSE))","v":"Traffic Control Devices And Lighting"},{"$f":"IF(B640=\"\",\"\",VLOOKUP(M640,Sections!$A$2:$D$200,4,FALSE))","v":"Traffic Controls For Construction And Maintenance Operations"}]
[{"$f":"IF(Start!A641=\"\",\"\",Start!A641)","v":""},{"$f":"IF(Start!B641=\"\",\"\",Start!B641)","v":"801-06201"},{"$f":"IF(Start!C641=\"\",\"\",Start!C641)","v":"TEMPORARY PANEL SIGNS"},{"$f":"IF(Start!D641=\"\",\"\",Start!D641)","v":22.5},{"$f":"IF(Start!E641=\"\",\"\",Start!E641)","v":0},{"$f":"IF(Start!F641=\"\",\"\",Start!F641)","v":"S.Y."},{"$f":"IF(Start!G641=\"\",\"\",Start!G641)","v":13.8},{"$f":"IF(Start!H641=\"\",\"\",Start!H641)","v":310.5},3,{"$f":"IF(I641=\"\",\"\",LOOKUP(I641,{1,\"01\";2,\"02\";3,\"03\";4,\"04\";5,\"05\";6,\"06\";7,\"07\";8,\"08\";9,\"09\";10,\"10\";11,\"11\";12,\"12\";13,\"13\";14,\"14\";15,\"15\"}))","v":"03"},"03. Milestone Contractors, L.P.",800,801,{"$f":"IF(B641=\"\",\"\",VLOOKUP(M641,Sections!$A$2:$D$200,3,FALSE))","v":"Traffic Control Devices And Lighting"},{"$f":"IF(B641=\"\",\"\",VLOOKUP(M641,Sections!$A$2:$D$200,4,FALSE))","v":"Traffic Controls For Construction And Maintenance Operations"}]
[{"$f":"IF(Start!A642=\"\",\"\",Start!A642)","v":""},{"$f":"IF(Start!B642=\"\",\"\",Start!B642)","v":"801-06202"},{"$f":"IF(Start!C642=\"\",\"\",Start!C642)","v":"TEMPORARY PANEL SIGN SUPPORTS"},{"$f":"IF(Start!D642=\"\",\"\",Start!D642)","v":56},{"$f":"IF(Start!E642=\"\",\"\",Start!E642)","v":0},{"$f":"IF(Start!F642=\"\",\"\",Start!F642)","v":"L.F."},{"$f":"IF(Start!G642=\"\",\"\",Start!G642)","v":17.7},{"$f":"IF(Start!H642=\"\",\"\",Start!H642)","v":991.2},3,{"$f":"IF(I642=\"\",\"\",LOOKUP(I642,{1,\"01\";2,\"02\";3,\"03\";4,\"04\";5,\"05\";6,\"06\";7,\"07\";8,\"08\";9,\"09\";10,\"10\";11,\"11\";12,\"12\";13,\"13\";14,\"14\";15,\"15\"}))","v":"03"},"03. Milestone Contractors, L.P.",800,801,{"$f":"IF(B642=\"\",\"\",VLOOKUP(M642,Sections!$A$2:$D$200,3,FALSE))","v":"Traffic Control Devices And Lighting"},{"$f":"IF(B642=\"\",\"\",VLOOKUP(M642,Sections!$A$2:$D$200,4,FALSE))","v":"Traffic Controls For Construction And Maintenance Operations"}]
[{"$f":"IF(Start!A643=\"\",\"\",Start!A643)","v":""},{"$f":"IF(Start!B643=\"\",\"\",Start!B643)","v":"801-06203"},{"$f":"IF(Start!C643=\"\",\"\",Start!C643)","v":"TEMPORARY PAVEMENT MARKING, 4 IN."},{"$f":"IF(Start!D643=\"\",\"\",Start!D643)","v":35000},{"$f":"IF(Start!E643=\"\",\"\",Start!E643)","v":0},{"$f":"IF(Start!F643=\"\",\"\",Start!F643)","v":"L.F."},{"$f":"IF(Start!G643=\"\",\"\",Start!G643)","v":0.17},{"$f":"IF(Start!H643=\"\",\"\",Start!H643)","v":5950},{"$f":"IF(AND(A643=\"\",B643=\"\",C643=\"\"),\"\",IF(AND(A643<>\"\",B643=\"\",G643=0,H643=0),D643,I642))","v":3},{"$f":"IF(I643=\"\",\"\",LOOKUP(I643,{1,\"01\";2,\"02\";3,\"03\";4,\"04\";5,\"05\";6,\"06\";7,\"07\";8,\"08\";9,\"09\";10,\"10\";11,\"11\";12,\"12\";13,\"13\";14,\"14\";15,\"15\"}))","v":"03"},{"$f":"IF(AND(A643<>\"\",B643=\"\"),J643&\". \"&PROPER(C643),IF(AND(A643=\"\",B643<>\"\"),PROPER(K642),\"\"))","v":"03. Milestone Contractors, L.P."},{"$f":"IF(B643=\"\",\"\",LEFT(B643,1)*100)","v":800},{"$f":"IF(B643=\"\",\"\",LEFT(B643,3)*1)","v":801},{"$f":"IF(B643=\"\",\"\",VLOOKUP(M643,Sections!$A$2:$D$200,3,FALSE))","v":"Traffic Control Devices And Lighting"},{"$f":"IF(B643=\"\",\"\",VLOOKUP(M643,Sections!$A$2:$D$200,4,FALSE))","v":"Traffic Controls For Construction And Maintenance Operations"}]
[{"$f":"IF(Start!A644=\"\",\"\",Start!A644)","v":""},{"$f":"IF(Start!B644=\"\",\"\",Start!B644)","v":"801-06207"},{"$f":"IF(Start!C644=\"\",\"\",Start!C644)","v":"TEMPORARY PAVEMENT MARKING, REMOVABLE, 4 IN."},{"$f":"IF(Start!D644=\"\",\"\",Start!D644)","v":64300},{"$f":"IF(Start!E644=\"\",\"\",Start!E644)","v":0},{"$f":"IF(Start!F644=\"\",\"\",Start!F644)","v":"L.F."},{"$f":"IF(Start!G644=\"\",\"\",Start!G644)","v":0.88},{"$f":"IF(Start!H644=\"\",\"\",Start!H644)","v":56584},3,{"$f":"IF(I644=\"\",\"\",LOOKUP(I644,{1,\"01\";2,\"02\";3,\"03\";4,\"04\";5,\"05\";6,\"06\";7,\"07\";8,\"08\";9,\"09\";10,\"10\";11,\"11\";12,\"12\";13,\"13\";14,\"14\";15,\"15\"}))","v":"03"},"03. Milestone Contractors, L.P.",800,801,{"$f":"IF(B644=\"\",\"\",VLOOKUP(M644,Sections!$A$2:$D$200,3,FALSE))","v":"Traffic Control Devices And Lighting"},{"$f":"IF(B644=\"\",\"\",VLOOKUP(M644,Sections!$A$2:$D$200,4,FALSE))","v":"Traffic Controls For Construction And Maintenance Operations"}]
[{"$f":"IF(Start!A645=\"\",\"\",Start!A645)","v":""},{"$f":"IF(Start!B645=\"\",\"\",Start!B645)","v":"801-06211"},{"$f":"IF(Start!C645=\"\",\"\",Start!C645)","v":"TEMPORARY PAVEMENT MESSAGE MARKING, REMOVABLE"},{"$f":"IF(Start!D645=\"\",\"\",Start!D645)","v":13},{"$f":"IF(Start!E645=\"\",\"\",Start!E645)","v":0},{"$f":"IF(Start!F645=\"\",\"\",Start!F645)","v":"EACH"},{"$f":"IF(Start!G645=\"\",\"\",Start!G645)","v":95},{"$f":"IF(Start!H645=\"\",\"\",Start!H645)","v":1235},3,{"$f":"IF(I645=\"\",\"\",LOOKUP(I645,{1,\"01\";2,\"02\";3,\"03\";4,\"04\";5,\"05\";6,\"06\";7,\"07\";8,\"08\";9,\"09\";10,\"10\";11,\"11\";12,\"12\";13,\"13\";14,\"14\";15,\"15\"}))","v":"03"},"03. Milestone Contractors, L.P.",800,801,{"$f":"IF(B645=\"\",\"\",VLOOKUP(M645,Sections!$A$2:$D$200,3,FALSE))","v":"Traffic Control Devices And Lighting"},{"$f":"IF(B645=\"\",\"\",VLOOKUP(M645,Sections!$A$2:$D$200,4,FALSE))","v":"Traffic Controls For Construction And Maintenance Operations"}]
[{"$f":"IF(Start!A646=\"\",\"\",Start!A646)","v":""},{"$f":"IF(Start!B646=\"\",\"\",Start!B646)","v":"801-06218"},{"$f":"IF(Start!C646=\"\",\"\",Start!C646)","v":"TEMPORARY TRANSVERSE PAVEMENT MARKING, REMOVA"},{"$f":"IF(Start!D646=\"\",\"\",Start!D646)","v":377},{"$f":"IF(Start!E646=\"\",\"\",Start!E646)","v":0},{"$f":"IF(Start!F646=\"\",\"\",Start!F646)","v":"L.F."},{"$f":"IF(Start!G646=\"\",\"\",Start!G646)","v":5},{"$f":"IF(Start!H646=\"\",\"\",Start!H646)","v":1885},3,{"$f":"IF(I646=\"\",\"\",LOOKUP(I646,{1,\"01\";2,\"02\";3,\"03\";4,\"04\";5,\"05\";6,\"06\";7,\"07\";8,\"08\";9,\"09\";10,\"10\";11,\"11\";12,\"12\";13,\"13\";14,\"14\";15,\"15\"}))","v":"03"},"03. Milestone Contractors, L.P.",800,801,{"$f":"IF(B646=\"\",\"\",VLOOKUP(M646,Sections!$A$2:$D$200,3,FALSE))","v":"Traffic Control Devices And Lighting"},{"$f":"IF(B646=\"\",\"\",VLOOKUP(M646,Sections!$A$2:$D$200,4,FALSE))","v":"Traffic Controls For Construction And Maintenance Operations"}]
[{"$f":"IF(Start!A647=\"\",\"\",Start!A647)","v":""},{"$f":"IF(Start!B647=\"\",\"\",Start!B647)","v":"801-06640"},{"$f":"IF(Start!C647=\"\",\"\",Start!C647)","v":"CONSTRUCTION SIGN, A"},{"$f":"IF(Start!D647=\"\",\"\",Start!D647)","v":37},{"$f":"IF(Start!E647=\"\",\"\",Start!E647)","v":0},{"$f":"IF(Start!F647=\"\",\"\",Start!F647)","v":"EACH"},{"$f":"IF(Start!G647=\"\",\"\",Start!G647)","v":130},{"$f":"IF(Start!H647=\"\",\"\",Start!H647)","v":4810},3,{"$f":"IF(I647=\"\",\"\",LOOKUP(I647,{1,\"01\";2,\"02\";3,\"03\";4,\"04\";5,\"05\";6,\"06\";7,\"07\";8,\"08\";9,\"09\";10,\"10\";11,\"11\";12,\"12\";13,\"13\";14,\"14\";15,\"15\"}))","v":"03"},"03. Milestone Contractors, L.P.",800,801,{"$f":"IF(B647=\"\",\"\",VLOOKUP(M647,Sections!$A$2:$D$200,3,FALSE))","v":"Traffic Control Devices And Lighting"},{"$f":"IF(B647=\"\",\"\",VLOOKUP(M647,Sections!$A$2:$D$200,4,FALSE))","v":"Traffic Controls For Construction And Maintenance Operations"}]
[{"$f":"IF(Start!A648=\"\",\"\",Start!A648)","v":""},{"$f":"IF(Start!B648=\"\",\"\",Start!B648)","v":"801-06645"},{"$f":"IF(Start!C648=\"\",\"\",Start!C648)","v":"CONSTRUCTION SIGN, B"},{"$f":"IF(Start!D648=\"\",\"\",Start!D648)","v":5},{"$f":"IF(Start!E648=\"\",\"\",Start!E648)","v":0},{"$f":"IF(Start!F648=\"\",\"\",Start!F648)","v":"EACH"},{"$f":"IF(Start!G648=\"\",\"\",Start!G648)","v":48},{"$f":"IF(Start!H648=\"\",\"\",Start!H648)","v":240},3,{"$f":"IF(I648=\"\",\"\",LOOKUP(I648,{1,\"01\";2,\"02\";3,\"03\";4,\"04\";5,\"05\";6,\"06\";7,\"07\";8,\"08\";9,\"09\";10,\"10\";11,\"11\";12,\"12\";13,\"13\";14,\"14\";15,\"15\"}))","v":"03"},"03. Milestone Contractors, L.P.",800,801,{"$f":"IF(B648=\"\",\"\",VLOOKUP(M648,Sections!$A$2:$D$200,3,FALSE))","v":"Traffic Control Devices And Lighting"},{"$f":"IF(B648=\"\",\"\",VLOOKUP(M648,Sections!$A$2:$D$200,4,FALSE))","v":"Traffic Controls For Construction And Maintenance Operations"}]
[{"$f":"IF(Start!A649=\"\",\"\",Start!A649)","v":""},{"$f":"IF(Start!B649=\"\",\"\",Start!B649)","v":"801-06710"},{"$f":"IF(Start!C649=\"\",\"\",Start!C649)","v":"FLASHING ARROW SIGN"},{"$f":"IF(Start!D649=\"\",\"\",Start!D649)","v":30},{"$f":"IF(Start!E649=\"\",\"\",Start!E649)","v":0},{"$f":"IF(Start!F649=\"\",\"\",Start!F649)","v":"DAY"},{"$f":"IF(Start!G649=\"\",\"\",Start!G649)","v":10},{"$f":"IF(Start!H649=\"\",\"\",Start!H649)","v":300},3,{"$f":"IF(I649=\"\",\"\",LOOKUP(I649,{1,\"01\";2,\"02\";3,\"03\";4,\"04\";5,\"05\";6,\"06\";7,\"07\";8,\"08\";9,\"09\";10,\"10\";11,\"11\";12,\"12\";13,\"13\";14,\"14\";15,\"15\"}))","v":"03"},"03. Milestone Contractors, L.P.",800,801,{"$f":"IF(B649=\"\",\"\",VLOOKUP(M649,Sections!$A$2:$D$200,3,FALSE))","v":"Traffic Control Devices And Lighting"},{"$f":"IF(B649=\"\",\"\",VLOOKUP(M649,Sections!$A$2:$D$200,4,FALSE))","v":"Traffic Controls For Construction And Maintenance Operations"}]
[{"$f":"IF(Start!A650=\"\",\"\",Start!A650)","v":""},{"$f":"IF(Start!B650=\"\",\"\",Start!B650)","v":"801-06775"},{"$f":"IF(Start!C650=\"\",\"\",Start!C650)","v":"MAINTAINING TRAFFIC"},{"$f":"IF(Start!D650=\"\",\"\",Start!D650)","v":1},{"$f":"IF(Start!E650=\"\",\"\",Start!E650)","v":0},{"$f":"IF(Start!F650=\"\",\"\",Start!F650)","v":"L.S."},{"$f":"IF(Start!G650=\"\",\"\",Start!G650)","v":130000},{"$f":"IF(Start!H650=\"\",\"\",Start!H650)","v":130000},3,{"$f":"IF(I650=\"\",\"\",LOOKUP(I650,{1,\"01\";2,\"02\";3,\"03\";4,\"04\";5,\"05\";6,\"06\";7,\"07\";8,\"08\";9,\"09\";10,\"10\";11,\"11\";12,\"12\";13,\"13\";14,\"14\";15,\"15\"}))","v":"03"},"03. Milestone Contractors, L.P.",800,801,{"$f":"IF(B650=\"\",\"\",VLOOKUP(M650,Sections!$A$2:$D$200,3,FALSE))","v":"Traffic Control Devices And Lighting"},{"$f":"IF(B650=\"\",\"\",VLOOKUP(M650,Sections!$A$2:$D$200,4,FALSE))","v":"Traffic Controls For Construction And Maintenance Operations"}]
[{"$f":"IF(Start!A651=\"\",\"\",Start!A651)","v":""},{"$f":"IF(Start!B651=\"\",\"\",Start!B651)","v":"801-07118"},{"$f":"IF(Start!C651=\"\",\"\",Start!C651)","v":"BARRICADE, III-A"},{"$f":"IF(Start!D651=\"\",\"\",Start!D651)","v":468},{"$f":"IF(Start!E651=\"\",\"\",Start!E651)","v":0},{"$f":"IF(Start!F651=\"\",\"\",Start!F651)","v":"L.F."},{"$f":"IF(Start!G651=\"\",\"\",Start!G651)","v":8.4499999999999993},{"$f":"IF(Start!H651=\"\",\"\",Start!H651)","v":3954.6000000000004},3,{"$f":"IF(I651=\"\",\"\",LOOKUP(I651,{1,\"01\";2,\"02\";3,\"03\";4,\"04\";5,\"05\";6,\"06\";7,\"07\";8,\"08\";9,\"09\";10,\"10\";11,\"11\";12,\"12\";13,\"13\";14,\"14\";15,\"15\"}))","v":"03"},"03. Milestone Contractors, L.P.",800,801,{"$f":"IF(B651=\"\",\"\",VLOOKUP(M651,Sections!$A$2:$D$200,3,FALSE))","v":"Traffic Control Devices And Lighting"},{"$f":"IF(B651=\"\",\"\",VLOOKUP(M651,Sections!$A$2:$D$200,4,FALSE))","v":"Traffic Controls For Construction And Maintenance Operations"}]
[{"$f":"IF(Start!A652=\"\",\"\",Start!A652)","v":""},{"$f":"IF(Start!B652=\"\",\"\",Start!B652)","v":"801-07119"},{"$f":"IF(Start!C652=\"\",\"\",Start!C652)","v":"BARRICADE, III-B"},{"$f":"IF(Start!D652=\"\",\"\",Start!D652)","v":48},{"$f":"IF(Start!E652=\"\",\"\",Start!E652)","v":0},{"$f":"IF(Start!F652=\"\",\"\",Start!F652)","v":"L.F."},{"$f":"IF(Start!G652=\"\",\"\",Start!G652)","v":9.15},{"$f":"IF(Start!H652=\"\",\"\",Start!H652)","v":439.20000000000005},3,{"$f":"IF(I652=\"\",\"\",LOOKUP(I652,{1,\"01\";2,\"02\";3,\"03\";4,\"04\";5,\"05\";6,\"06\";7,\"07\";8,\"08\";9,\"09\";10,\"10\";11,\"11\";12,\"12\";13,\"13\";14,\"14\";15,\"15\"}))","v":"03"},"03. Milestone Contractors, L.P.",800,801,{"$f":"IF(B652=\"\",\"\",VLOOKUP(M652,Sections!$A$2:$D$200,3,FALSE))","v":"Traffic Control Devices And Lighting"},{"$f":"IF(B652=\"\",\"\",VLOOKUP(M652,Sections!$A$2:$D$200,4,FALSE))","v":"Traffic Controls For Construction And Maintenance Operations"}]
[{"$f":"IF(Start!A653=\"\",\"\",Start!A653)","v":""},{"$f":"IF(Start!B653=\"\",\"\",Start!B653)","v":"801-08401"},{"$f":"IF(Start!C653=\"\",\"\",Start!C653)","v":"TEMPORARY TRAFFIC BARRIER, TYPE 2"},{"$f":"IF(Start!D653=\"\",\"\",Start!D653)","v":9260},{"$f":"IF(Start!E653=\"\",\"\",Start!E653)","v":0},{"$f":"IF(Start!F653=\"\",\"\",Start!F653)","v":"L.F."},{"$f":"IF(Start!G653=\"\",\"\",Start!G653)","v":14},{"$f":"IF(Start!H653=\"\",\"\",Start!H653)","v":129640},3,{"$f":"IF(I653=\"\",\"\",LOOKUP(I653,{1,\"01\";2,\"02\";3,\"03\";4,\"04\";5,\"05\";6,\"06\";7,\"07\";8,\"08\";9,\"09\";10,\"10\";11,\"11\";12,\"12\";13,\"13\";14,\"14\";15,\"15\"}))","v":"03"},"03. Milestone Contractors, L.P.",800,801,{"$f":"IF(B653=\"\",\"\",VLOOKUP(M653,Sections!$A$2:$D$200,3,FALSE))","v":"Traffic Control Devices And Lighting"},{"$f":"IF(B653=\"\",\"\",VLOOKUP(M653,Sections!$A$2:$D$200,4,FALSE))","v":"Traffic Controls For Construction And Maintenance Operations"}]
[{"$f":"IF(Start!A654=\"\",\"\",Start!A654)","v":""},{"$f":"IF(Start!B654=\"\",\"\",Start!B654)","v":"801-08508"},{"$f":"IF(Start!C654=\"\",\"\",Start!C654)","v":"TEMPORARY TRAFFIC BARRIER, TYPE 2, ANCHORED"},{"$f":"IF(Start!D654=\"\",\"\",Start!D654)","v":252},{"$f":"IF(Start!E654=\"\",\"\",Start!E654)","v":0},{"$f":"IF(Start!F654=\"\",\"\",Start!F654)","v":"L.F."},{"$f":"IF(Start!G654=\"\",\"\",Start!G654)","v":15},{"$f":"IF(Start!H654=\"\",\"\",Start!H654)","v":3780},3,{"$f":"IF(I654=\"\",\"\",LOOKUP(I654,{1,\"01\";2,\"02\";3,\"03\";4,\"04\";5,\"05\";6,\"06\";7,\"07\";8,\"08\";9,\"09\";10,\"10\";11,\"11\";12,\"12\";13,\"13\";14,\"14\";15,\"15\"}))","v":"03"},"03. Milestone Contractors, L.P.",800,801,{"$f":"IF(B654=\"\",\"\",VLOOKUP(M654,Sections!$A$2:$D$200,3,FALSE))","v":"Traffic Control Devices And Lighting"},{"$f":"IF(B654=\"\",\"\",VLOOKUP(M654,Sections!$A$2:$D$200,4,FALSE))","v":"Traffic Controls For Construction And Maintenance Operations"}]
[{"$f":"IF(Start!A655=\"\",\"\",Start!A655)","v":""},{"$f":"IF(Start!B655=\"\",\"\",Start!B655)","v":"801-94295"},{"$f":"IF(Start!C655=\"\",\"\",Start!C655)","v":"SIGNAL HEAD, RELOCATE"},{"$f":"IF(Start!D655=\"\",\"\",Start!D655)","v":32},{"$f":"IF(Start!E655=\"\",\"\",Start!E655)","v":0},{"$f":"IF(Start!F655=\"\",\"\",Start!F655)","v":"EACH"},{"$f":"IF(Start!G655=\"\",\"\",Start!G655)","v":130},{"$f":"IF(Start!H655=\"\",\"\",Start!H655)","v":4160},3,{"$f":"IF(I655=\"\",\"\",LOOKUP(I655,{1,\"01\";2,\"02\";3,\"03\";4,\"04\";5,\"05\";6,\"06\";7,\"07\";8,\"08\";9,\"09\";10,\"10\";11,\"11\";12,\"12\";13,\"13\";14,\"14\";15,\"15\"}))","v":"03"},"03. Milestone Contractors, L.P.",800,801,{"$f":"IF(B655=\"\",\"\",VLOOKUP(M655,Sections!$A$2:$D$200,3,FALSE))","v":"Traffic Control Devices And Lighting"},{"$f":"IF(B655=\"\",\"\",VLOOKUP(M655,Sections!$A$2:$D$200,4,FALSE))","v":"Traffic Controls For Construction And Maintenance Operations"}]
[{"$f":"IF(Start!A656=\"\",\"\",Start!A656)","v":""},{"$f":"IF(Start!B656=\"\",\"\",Start!B656)","v":"802-05701"},{"$f":"IF(Start!C656=\"\",\"\",Start!C656)","v":"SIGN POST, SQUARE, 1, REINFORCED ANCHOR"},{"$f":"IF(Start!D656=\"\",\"\",Start!D656)","v":765.5},{"$f":"IF(Start!E656=\"\",\"\",Start!E656)","v":0},{"$f":"IF(Start!F656=\"\",\"\",Start!F656)","v":"L.F."},{"$f":"IF(Start!G656=\"\",\"\",Start!G656)","v":11.3},{"$f":"IF(Start!H656=\"\",\"\",Start!H656)","v":8650.15},3,{"$f":"IF(I656=\"\",\"\",LOOKUP(I656,{1,\"01\";2,\"02\";3,\"03\";4,\"04\";5,\"05\";6,\"06\";7,\"07\";8,\"08\";9,\"09\";10,\"10\";11,\"11\";12,\"12\";13,\"13\";14,\"14\";15,\"15\"}))","v":"03"},"03. Milestone Contractors, L.P.",800,802,{"$f":"IF(B656=\"\",\"\",VLOOKUP(M656,Sections!$A$2:$D$200,3,FALSE))","v":"Traffic Control Devices And Lighting"},{"$f":"IF(B656=\"\",\"\",VLOOKUP(M656,Sections!$A$2:$D$200,4,FALSE))","v":"Signs"}]
[{"$f":"IF(Start!A657=\"\",\"\",Start!A657)","v":""},{"$f":"IF(Start!B657=\"\",\"\",Start!B657)","v":"802-05702"},{"$f":"IF(Start!C657=\"\",\"\",Start!C657)","v":"SIGN POST SQUARE, 2, REINFORCED ANCHOR BASE"},{"$f":"IF(Start!D657=\"\",\"\",Start!D657)","v":211.25},{"$f":"IF(Start!E657=\"\",\"\",Start!E657)","v":0},{"$f":"IF(Start!F657=\"\",\"\",Start!F657)","v":"L.F."},{"$f":"IF(Start!G657=\"\",\"\",Start!G657)","v":11.65},{"$f":"IF(Start!H657=\"\",\"\",Start!H657)","v":2461.06},3,{"$f":"IF(I657=\"\",\"\",LOOKUP(I657,{1,\"01\";2,\"02\";3,\"03\";4,\"04\";5,\"05\";6,\"06\";7,\"07\";8,\"08\";9,\"09\";10,\"10\";11,\"11\";12,\"12\";13,\"13\";14,\"14\";15,\"15\"}))","v":"03"},"03. Milestone Contractors, L.P.",800,802,{"$f":"IF(B657=\"\",\"\",VLOOKUP(M657,Sections!$A$2:$D$200,3,FALSE))","v":"Traffic Control Devices And Lighting"},{"$f":"IF(B657=\"\",\"\",VLOOKUP(M657,Sections!$A$2:$D$200,4,FALSE))","v":"Signs"}]
[{"$f":"IF(Start!A658=\"\",\"\",Start!A658)","v":""},{"$f":"IF(Start!B658=\"\",\"\",Start!B658)","v":"802-07057"},{"$f":"IF(Start!C658=\"\",\"\",Start!C658)","v":"SIGN, PANEL, WITH LEGEND"},{"$f":"IF(Start!D658=\"\",\"\",Start!D658)","v":899},{"$f":"IF(Start!E658=\"\",\"\",Start!E658)","v":0},{"$f":"IF(Start!F658=\"\",\"\",Start!F658)","v":"S.F."},{"$f":"IF(Start!G658=\"\",\"\",Start!G658)","v":20},{"$f":"IF(Start!H658=\"\",\"\",Start!H658)","v":17980},3,{"$f":"IF(I658=\"\",\"\",LOOKUP(I658,{1,\"01\";2,\"02\";3,\"03\";4,\"04\";5,\"05\";6,\"06\";7,\"07\";8,\"08\";9,\"09\";10,\"10\";11,\"11\";12,\"12\";13,\"13\";14,\"14\";15,\"15\"}))","v":"03"},"03. Milestone Contractors, L.P.",800,802,{"$f":"IF(B658=\"\",\"\",VLOOKUP(M658,Sections!$A$2:$D$200,3,FALSE))","v":"Traffic Control Devices And Lighting"},{"$f":"IF(B658=\"\",\"\",VLOOKUP(M658,Sections!$A$2:$D$200,4,FALSE))","v":"Signs"}]
[{"$f":"IF(Start!A659=\"\",\"\",Start!A659)","v":""},{"$f":"IF(Start!B659=\"\",\"\",Start!B659)","v":"802-07151"},{"$f":"IF(Start!C659=\"\",\"\",Start!C659)","v":"WIDE FLANGE SIGN POST SUPPORT FOUNDATION, VII"},{"$f":"IF(Start!D659=\"\",\"\",Start!D659)","v":10},{"$f":"IF(Start!E659=\"\",\"\",Start!E659)","v":0},{"$f":"IF(Start!F659=\"\",\"\",Start!F659)","v":"EACH"},{"$f":"IF(Start!G659=\"\",\"\",Start!G659)","v":375},{"$f":"IF(Start!H659=\"\",\"\",Start!H659)","v":3750},3,{"$f":"IF(I659=\"\",\"\",LOOKUP(I659,{1,\"01\";2,\"02\";3,\"03\";4,\"04\";5,\"05\";6,\"06\";7,\"07\";8,\"08\";9,\"09\";10,\"10\";11,\"11\";12,\"12\";13,\"13\";14,\"14\";15,\"15\"}))","v":"03"},"03. Milestone Contractors, L.P.",800,802,{"$f":"IF(B659=\"\",\"\",VLOOKUP(M659,Sections!$A$2:$D$200,3,FALSE))","v":"Traffic Control Devices And Lighting"},{"$f":"IF(B659=\"\",\"\",VLOOKUP(M659,Sections!$A$2:$D$200,4,FALSE))","v":"Signs"}]
[{"$f":"IF(Start!A660=\"\",\"\",Start!A660)","v":""},{"$f":"IF(Start!B660=\"\",\"\",Start!B660)","v":"802-08456"},{"$f":"IF(Start!C660=\"\",\"\",Start!C660)","v":"WIDE FLANGE SIGN POST SUPPORT FOUNDATION, VII"},{"$f":"IF(Start!D660=\"\",\"\",Start!D660)","v":12},{"$f":"IF(Start!E660=\"\",\"\",Start!E660)","v":0},{"$f":"IF(Start!F660=\"\",\"\",Start!F660)","v":"EACH"},{"$f":"IF(Start!G660=\"\",\"\",Start!G660)","v":385},{"$f":"IF(Start!H660=\"\",\"\",Start!H660)","v":4620},3,{"$f":"IF(I660=\"\",\"\",LOOKUP(I660,{1,\"01\";2,\"02\";3,\"03\";4,\"04\";5,\"05\";6,\"06\";7,\"07\";8,\"08\";9,\"09\";10,\"10\";11,\"11\";12,\"12\";13,\"13\";14,\"14\";15,\"15\"}))","v":"03"},"03. Milestone Contractors, L.P.",800,802,{"$f":"IF(B660=\"\",\"\",VLOOKUP(M660,Sections!$A$2:$D$200,3,FALSE))","v":"Traffic Control Devices And Lighting"},{"$f":"IF(B660=\"\",\"\",VLOOKUP(M660,Sections!$A$2:$D$200,4,FALSE))","v":"Signs"}]
[{"$f":"IF(Start!A661=\"\",\"\",Start!A661)","v":""},{"$f":"IF(Start!B661=\"\",\"\",Start!B661)","v":"802-09578"},{"$f":"IF(Start!C661=\"\",\"\",Start!C661)","v":"OVERHEAD SIGN STRUCTURE, CANTILEVER,"},{"$f":"IF(Start!D661=\"\",\"\",Start!D661)","v":2},{"$f":"IF(Start!E661=\"\",\"\",Start!E661)","v":0},{"$f":"IF(Start!F661=\"\",\"\",Start!F661)","v":"EACH"},{"$f":"IF(Start!G661=\"\",\"\",Start!G661)","v":34500},{"$f":"IF(Start!H661=\"\",\"\",Start!H661)","v":69000},3,{"$f":"IF(I661=\"\",\"\",LOOKUP(I661,{1,\"01\";2,\"02\";3,\"03\";4,\"04\";5,\"05\";6,\"06\";7,\"07\";8,\"08\";9,\"09\";10,\"10\";11,\"11\";12,\"12\";13,\"13\";14,\"14\";15,\"15\"}))","v":"03"},"03. Milestone Contractors, L.P.",800,802,{"$f":"IF(B661=\"\",\"\",VLOOKUP(M661,Sections!$A$2:$D$200,3,FALSE))","v":"Traffic Control Devices And Lighting"},{"$f":"IF(B661=\"\",\"\",VLOOKUP(M661,Sections!$A$2:$D$200,4,FALSE))","v":"Signs"}]
[{"$f":"IF(Start!A662=\"\",\"\",Start!A662)","v":""},{"$f":"IF(Start!B662=\"\",\"\",Start!B662)","v":"802-09581"},{"$f":"IF(Start!C662=\"\",\"\",Start!C662)","v":"CANTILEVER SIGN SUPPORT FOUNDATION,"},{"$f":"IF(Start!D662=\"\",\"\",Start!D662)","v":2},{"$f":"IF(Start!E662=\"\",\"\",Start!E662)","v":0},{"$f":"IF(Start!F662=\"\",\"\",Start!F662)","v":"EACH"},{"$f":"IF(Start!G662=\"\",\"\",Start!G662)","v":7800},{"$f":"IF(Start!H662=\"\",\"\",Start!H662)","v":15600},3,{"$f":"IF(I662=\"\",\"\",LOOKUP(I662,{1,\"01\";2,\"02\";3,\"03\";4,\"04\";5,\"05\";6,\"06\";7,\"07\";8,\"08\";9,\"09\";10,\"10\";11,\"11\";12,\"12\";13,\"13\";14,\"14\";15,\"15\"}))","v":"03"},"03. Milestone Contractors, L.P.",800,802,{"$f":"IF(B662=\"\",\"\",VLOOKUP(M662,Sections!$A$2:$D$200,3,FALSE))","v":"Traffic Control Devices And Lighting"},{"$f":"IF(B662=\"\",\"\",VLOOKUP(M662,Sections!$A$2:$D$200,4,FALSE))","v":"Signs"}]
[{"$f":"IF(Start!A663=\"\",\"\",Start!A663)","v":""},{"$f":"IF(Start!B663=\"\",\"\",Start!B663)","v":"802-09838"},{"$f":"IF(Start!C663=\"\",\"\",Start!C663)","v":"SIGN, SHEET, WITH LEGEND 0.08 IN."},{"$f":"IF(Start!D663=\"\",\"\",Start!D663)","v":504.78000000000003},{"$f":"IF(Start!E663=\"\",\"\",Start!E663)","v":0},{"$f":"IF(Start!F663=\"\",\"\",Start!F663)","v":"S.F."},{"$f":"IF(Start!G663=\"\",\"\",Start!G663)","v":15},{"$f":"IF(Start!H663=\"\",\"\",Start!H663)","v":7571.7000000000007},3,{"$f":"IF(I663=\"\",\"\",LOOKUP(I663,{1,\"01\";2,\"02\";3,\"03\";4,\"04\";5,\"05\";6,\"06\";7,\"07\";8,\"08\";9,\"09\";10,\"10\";11,\"11\";12,\"12\";13,\"13\";14,\"14\";15,\"15\"}))","v":"03"},"03. Milestone Contractors, L.P.",800,802,{"$f":"IF(B663=\"\",\"\",VLOOKUP(M663,Sections!$A$2:$D$200,3,FALSE))","v":"Traffic Control Devices And Lighting"},{"$f":"IF(B663=\"\",\"\",VLOOKUP(M663,Sections!$A$2:$D$200,4,FALSE))","v":"Signs"}]
[{"$f":"IF(Start!A664=\"\",\"\",Start!A664)","v":""},{"$f":"IF(Start!B664=\"\",\"\",Start!B664)","v":"802-09840"},{"$f":"IF(Start!C664=\"\",\"\",Start!C664)","v":"SIGN, SHEET, WITH LEGEND 0.100 IN"},{"$f":"IF(Start!D664=\"\",\"\",Start!D664)","v":104.10000000000001},{"$f":"IF(Start!E664=\"\",\"\",Start!E664)","v":0},{"$f":"IF(Start!F664=\"\",\"\",Start!F664)","v":"S.F."},{"$f":"IF(Start!G664=\"\",\"\",Start!G664)","v":18},{"$f":"IF(Start!H664=\"\",\"\",Start!H664)","v":1873.8000000000002},3,{"$f":"IF(I664=\"\",\"\",LOOKUP(I664,{1,\"01\";2,\"02\";3,\"03\";4,\"04\";5,\"05\";6,\"06\";7,\"07\";8,\"08\";9,\"09\";10,\"10\";11,\"11\";12,\"12\";13,\"13\";14,\"14\";15,\"15\"}))","v":"03"},"03. Milestone Contractors, L.P.",800,802,{"$f":"IF(B664=\"\",\"\",VLOOKUP(M664,Sections!$A$2:$D$200,3,FALSE))","v":"Traffic Control Devices And Lighting"},{"$f":"IF(B664=\"\",\"\",VLOOKUP(M664,Sections!$A$2:$D$200,4,FALSE))","v":"Signs"}]
[{"$f":"IF(Start!A665=\"\",\"\",Start!A665)","v":""},{"$f":"IF(Start!B665=\"\",\"\",Start!B665)","v":"802-09842"},{"$f":"IF(Start!C665=\"\",\"\",Start!C665)","v":"SIGN, SHEET,  WITH LEGEND 0.125 IN"},{"$f":"IF(Start!D665=\"\",\"\",Start!D665)","v":78},{"$f":"IF(Start!E665=\"\",\"\",Start!E665)","v":0},{"$f":"IF(Start!F665=\"\",\"\",Start!F665)","v":"S.F."},{"$f":"IF(Start!G665=\"\",\"\",Start!G665)","v":18},{"$f":"IF(Start!H665=\"\",\"\",Start!H665)","v":1404},3,{"$f":"IF(I665=\"\",\"\",LOOKUP(I665,{1,\"01\";2,\"02\";3,\"03\";4,\"04\";5,\"05\";6,\"06\";7,\"07\";8,\"08\";9,\"09\";10,\"10\";11,\"11\";12,\"12\";13,\"13\";14,\"14\";15,\"15\"}))","v":"03"},"03. Milestone Contractors, L.P.",800,802,{"$f":"IF(B665=\"\",\"\",VLOOKUP(M665,Sections!$A$2:$D$200,3,FALSE))","v":"Traffic Control Devices And Lighting"},{"$f":"IF(B665=\"\",\"\",VLOOKUP(M665,Sections!$A$2:$D$200,4,FALSE))","v":"Signs"}]
[{"$f":"IF(Start!A666=\"\",\"\",Start!A666)","v":""},{"$f":"IF(Start!B666=\"\",\"\",Start!B666)","v":"802-74040"},{"$f":"IF(Start!C666=\"\",\"\",Start!C666)","v":"SIGN AND SUPPORTS, WIDE FLANGE, REMOVE"},{"$f":"IF(Start!D666=\"\",\"\",Start!D666)","v":6},{"$f":"IF(Start!E666=\"\",\"\",Start!E666)","v":0},{"$f":"IF(Start!F666=\"\",\"\",Start!F666)","v":"EACH"},{"$f":"IF(Start!G666=\"\",\"\",Start!G666)","v":175},{"$f":"IF(Start!H666=\"\",\"\",Start!H666)","v":1050},3,{"$f":"IF(I666=\"\",\"\",LOOKUP(I666,{1,\"01\";2,\"02\";3,\"03\";4,\"04\";5,\"05\";6,\"06\";7,\"07\";8,\"08\";9,\"09\";10,\"10\";11,\"11\";12,\"12\";13,\"13\";14,\"14\";15,\"15\"}))","v":"03"},"03. Milestone Contractors, L.P.",800,802,{"$f":"IF(B666=\"\",\"\",VLOOKUP(M666,Sections!$A$2:$D$200,3,FALSE))","v":"Traffic Control Devices And Lighting"},{"$f":"IF(B666=\"\",\"\",VLOOKUP(M666,Sections!$A$2:$D$200,4,FALSE))","v":"Signs"}]
[{"$f":"IF(Start!A667=\"\",\"\",Start!A667)","v":""},{"$f":"IF(Start!B667=\"\",\"\",Start!B667)","v":"802-76095"},{"$f":"IF(Start!C667=\"\",\"\",Start!C667)","v":"STRUCTURAL STEEL, BREAKAWAY"},{"$f":"IF(Start!D667=\"\",\"\",Start!D667)","v":4874},{"$f":"IF(Start!E667=\"\",\"\",Start!E667)","v":0},{"$f":"IF(Start!F667=\"\",\"\",Start!F667)","v":"LBS"},{"$f":"IF(Start!G667=\"\",\"\",Start!G667)","v":4},{"$f":"IF(Start!H667=\"\",\"\",Start!H667)","v":19496},3,{"$f":"IF(I667=\"\",\"\",LOOKUP(I667,{1,\"01\";2,\"02\";3,\"03\";4,\"04\";5,\"05\";6,\"06\";7,\"07\";8,\"08\";9,\"09\";10,\"10\";11,\"11\";12,\"12\";13,\"13\";14,\"14\";15,\"15\"}))","v":"03"},"03. Milestone Contractors, L.P.",800,802,{"$f":"IF(B667=\"\",\"\",VLOOKUP(M667,Sections!$A$2:$D$200,3,FALSE))","v":"Traffic Control Devices And Lighting"},{"$f":"IF(B667=\"\",\"\",VLOOKUP(M667,Sections!$A$2:$D$200,4,FALSE))","v":"Signs"}]
[{"$f":"IF(Start!A668=\"\",\"\",Start!A668)","v":""},{"$f":"IF(Start!B668=\"\",\"\",Start!B668)","v":"804-06771"},{"$f":"IF(Start!C668=\"\",\"\",Start!C668)","v":"DELINEATOR POST, FLEXIBLE"},{"$f":"IF(Start!D668=\"\",\"\",Start!D668)","v":50},{"$f":"IF(Start!E668=\"\",\"\",Start!E668)","v":0},{"$f":"IF(Start!F668=\"\",\"\",Start!F668)","v":"EACH"},{"$f":"IF(Start!G668=\"\",\"\",Start!G668)","v":40},{"$f":"IF(Start!H668=\"\",\"\",Start!H668)","v":2000},3,{"$f":"IF(I668=\"\",\"\",LOOKUP(I668,{1,\"01\";2,\"02\";3,\"03\";4,\"04\";5,\"05\";6,\"06\";7,\"07\";8,\"08\";9,\"09\";10,\"10\";11,\"11\";12,\"12\";13,\"13\";14,\"14\";15,\"15\"}))","v":"03"},"03. Milestone Contractors, L.P.",800,804,{"$f":"IF(B668=\"\",\"\",VLOOKUP(M668,Sections!$A$2:$D$200,3,FALSE))","v":"Traffic Control Devices And Lighting"},{"$f":"IF(B668=\"\",\"\",VLOOKUP(M668,Sections!$A$2:$D$200,4,FALSE))","v":"Delineators"}]
[{"$f":"IF(Start!A669=\"\",\"\",Start!A669)","v":""},{"$f":"IF(Start!B669=\"\",\"\",Start!B669)","v":"805-01300"},{"$f":"IF(Start!C669=\"\",\"\",Start!C669)","v":"TRAFFIC SIGNAL EQUIPMENT, REMOVE"},{"$f":"IF(Start!D669=\"\",\"\",Start!D669)","v":2},{"$f":"IF(Start!E669=\"\",\"\",Start!E669)","v":0},{"$f":"IF(Start!F669=\"\",\"\",Start!F669)","v":"EACH"},{"$f":"IF(Start!G669=\"\",\"\",Start!G669)","v":1800},{"$f":"IF(Start!H669=\"\",\"\",Start!H669)","v":3600},3,{"$f":"IF(I669=\"\",\"\",LOOKUP(I669,{1,\"01\";2,\"02\";3,\"03\";4,\"04\";5,\"05\";6,\"06\";7,\"07\";8,\"08\";9,\"09\";10,\"10\";11,\"11\";12,\"12\";13,\"13\";14,\"14\";15,\"15\"}))","v":"03"},"03. Milestone Contractors, L.P.",800,805,{"$f":"IF(B669=\"\",\"\",VLOOKUP(M669,Sections!$A$2:$D$200,3,FALSE))","v":"Traffic Control Devices And Lighting"},{"$f":"IF(B669=\"\",\"\",VLOOKUP(M669,Sections!$A$2:$D$200,4,FALSE))","v":"Traffic Signals"}]
[{"$f":"IF(Start!A670=\"\",\"\",Start!A670)","v":""},{"$f":"IF(Start!B670=\"\",\"\",Start!B670)","v":"805-01842"},{"$f":"IF(Start!C670=\"\",\"\",Start!C670)","v":"HANDHOLE, SIGNAL"},{"$f":"IF(Start!D670=\"\",\"\",Start!D670)","v":21},{"$f":"IF(Start!E670=\"\",\"\",Start!E670)","v":0},{"$f":"IF(Start!F670=\"\",\"\",Start!F670)","v":"EACH"},{"$f":"IF(Start!G670=\"\",\"\",Start!G670)","v":700},{"$f":"IF(Start!H670=\"\",\"\",Start!H670)","v":14700},3,{"$f":"IF(I670=\"\",\"\",LOOKUP(I670,{1,\"01\";2,\"02\";3,\"03\";4,\"04\";5,\"05\";6,\"06\";7,\"07\";8,\"08\";9,\"09\";10,\"10\";11,\"11\";12,\"12\";13,\"13\";14,\"14\";15,\"15\"}))","v":"03"},"03. Milestone Contractors, L.P.",800,805,{"$f":"IF(B670=\"\",\"\",VLOOKUP(M670,Sections!$A$2:$D$200,3,FALSE))","v":"Traffic Control Devices And Lighting"},{"$f":"IF(B670=\"\",\"\",VLOOKUP(M670,Sections!$A$2:$D$200,4,FALSE))","v":"Traffic Signals"}]
[{"$f":"IF(Start!A671=\"\",\"\",Start!A671)","v":""},{"$f":"IF(Start!B671=\"\",\"\",Start!B671)","v":"805-01843"},{"$f":"IF(Start!C671=\"\",\"\",Start!C671)","v":"SIGNAL HANDHOLE ADJUST TO GRADE"},{"$f":"IF(Start!D671=\"\",\"\",Start!D671)","v":4},{"$f":"IF(Start!E671=\"\",\"\",Start!E671)","v":0},{"$f":"IF(Start!F671=\"\",\"\",Start!F671)","v":"EACH"},{"$f":"IF(Start!G671=\"\",\"\",Start!G671)","v":300},{"$f":"IF(Start!H671=\"\",\"\",Start!H671)","v":1200},3,{"$f":"IF(I671=\"\",\"\",LOOKUP(I671,{1,\"01\";2,\"02\";3,\"03\";4,\"04\";5,\"05\";6,\"06\";7,\"07\";8,\"08\";9,\"09\";10,\"10\";11,\"11\";12,\"12\";13,\"13\";14,\"14\";15,\"15\"}))","v":"03"},"03. Milestone Contractors, L.P.",800,805,{"$f":"IF(B671=\"\",\"\",VLOOKUP(M671,Sections!$A$2:$D$200,3,FALSE))","v":"Traffic Control Devices And Lighting"},{"$f":"IF(B671=\"\",\"\",VLOOKUP(M671,Sections!$A$2:$D$200,4,FALSE))","v":"Traffic Signals"}]
[{"$f":"IF(Start!A672=\"\",\"\",Start!A672)","v":""},{"$f":"IF(Start!B672=\"\",\"\",Start!B672)","v":"805-01844"},{"$f":"IF(Start!C672=\"\",\"\",Start!C672)","v":"GALVANIZED STEEL CONDUIT, 2 IN., UNDERGROUND"},{"$f":"IF(Start!D672=\"\",\"\",Start!D672)","v":4042},{"$f":"IF(Start!E672=\"\",\"\",Start!E672)","v":0},{"$f":"IF(Start!F672=\"\",\"\",Start!F672)","v":"L.F."},{"$f":"IF(Start!G672=\"\",\"\",Start!G672)","v":11},{"$f":"IF(Start!H672=\"\",\"\",Start!H672)","v":44462},3,{"$f":"IF(I672=\"\",\"\",LOOKUP(I672,{1,\"01\";2,\"02\";3,\"03\";4,\"04\";5,\"05\";6,\"06\";7,\"07\";8,\"08\";9,\"09\";10,\"10\";11,\"11\";12,\"12\";13,\"13\";14,\"14\";15,\"15\"}))","v":"03"},"03. Milestone Contractors, L.P.",800,805,{"$f":"IF(B672=\"\",\"\",VLOOKUP(M672,Sections!$A$2:$D$200,3,FALSE))","v":"Traffic Control Devices And Lighting"},{"$f":"IF(B672=\"\",\"\",VLOOKUP(M672,Sections!$A$2:$D$200,4,FALSE))","v":"Traffic Signals"}]
[{"$f":"IF(Start!A673=\"\",\"\",Start!A673)","v":""},{"$f":"IF(Start!B673=\"\",\"\",Start!B673)","v":"805-02087"},{"$f":"IF(Start!C673=\"\",\"\",Start!C673)","v":"TRANSPORTATION OF SALVAGEABLE SIGNAL EQUIPMEN"},{"$f":"IF(Start!D673=\"\",\"\",Start!D673)","v":1},{"$f":"IF(Start!E673=\"\",\"\",Start!E673)","v":0},{"$f":"IF(Start!F673=\"\",\"\",Start!F673)","v":"L.S."},{"$f":"IF(Start!G673=\"\",\"\",Start!G673)","v":500},{"$f":"IF(Start!H673=\"\",\"\",Start!H673)","v":500},3,{"$f":"IF(I673=\"\",\"\",LOOKUP(I673,{1,\"01\";2,\"02\";3,\"03\";4,\"04\";5,\"05\";6,\"06\";7,\"07\";8,\"08\";9,\"09\";10,\"10\";11,\"11\";12,\"12\";13,\"13\";14,\"14\";15,\"15\"}))","v":"03"},"03. Milestone Contractors, L.P.",800,805,{"$f":"IF(B673=\"\",\"\",VLOOKUP(M673,Sections!$A$2:$D$200,3,FALSE))","v":"Traffic Control Devices And Lighting"},{"$f":"IF(B673=\"\",\"\",VLOOKUP(M673,Sections!$A$2:$D$200,4,FALSE))","v":"Traffic Signals"}]
[{"$f":"IF(Start!A674=\"\",\"\",Start!A674)","v":""},{"$f":"IF(Start!B674=\"\",\"\",Start!B674)","v":"805-02373"},{"$f":"IF(Start!C674=\"\",\"\",Start!C674)","v":"INTERCONNECT CABLE, FIBER OPTIC"},{"$f":"IF(Start!D674=\"\",\"\",Start!D674)","v":2057},{"$f":"IF(Start!E674=\"\",\"\",Start!E674)","v":0},{"$f":"IF(Start!F674=\"\",\"\",Start!F674)","v":"L.F."},{"$f":"IF(Start!G674=\"\",\"\",Start!G674)","v":2.6},{"$f":"IF(Start!H674=\"\",\"\",Start!H674)","v":5348.2000000000007},3,{"$f":"IF(I674=\"\",\"\",LOOKUP(I674,{1,\"01\";2,\"02\";3,\"03\";4,\"04\";5,\"05\";6,\"06\";7,\"07\";8,\"08\";9,\"09\";10,\"10\";11,\"11\";12,\"12\";13,\"13\";14,\"14\";15,\"15\"}))","v":"03"},"03. Milestone Contractors, L.P.",800,805,{"$f":"IF(B674=\"\",\"\",VLOOKUP(M674,Sections!$A$2:$D$200,3,FALSE))","v":"Traffic Control Devices And Lighting"},{"$f":"IF(B674=\"\",\"\",VLOOKUP(M674,Sections!$A$2:$D$200,4,FALSE))","v":"Traffic Signals"}]
[{"$f":"IF(Start!A675=\"\",\"\",Start!A675)","v":""},{"$f":"IF(Start!B675=\"\",\"\",Start!B675)","v":"805-09539"},{"$f":"IF(Start!C675=\"\",\"\",Start!C675)","v":"LOOP DETECTOR DELAY COUNTING AMPLIFIER,"},{"$f":"IF(Start!D675=\"\",\"\",Start!D675)","v":2},{"$f":"IF(Start!E675=\"\",\"\",Start!E675)","v":0},{"$f":"IF(Start!F675=\"\",\"\",Start!F675)","v":"EACH"},{"$f":"IF(Start!G675=\"\",\"\",Start!G675)","v":1100},{"$f":"IF(Start!H675=\"\",\"\",Start!H675)","v":2200},3,{"$f":"IF(I675=\"\",\"\",LOOKUP(I675,{1,\"01\";2,\"02\";3,\"03\";4,\"04\";5,\"05\";6,\"06\";7,\"07\";8,\"08\";9,\"09\";10,\"10\";11,\"11\";12,\"12\";13,\"13\";14,\"14\";15,\"15\"}))","v":"03"},"03. Milestone Contractors, L.P.",800,805,{"$f":"IF(B675=\"\",\"\",VLOOKUP(M675,Sections!$A$2:$D$200,3,FALSE))","v":"Traffic Control Devices And Lighting"},{"$f":"IF(B675=\"\",\"\",VLOOKUP(M675,Sections!$A$2:$D$200,4,FALSE))","v":"Traffic Signals"}]
[{"$f":"IF(Start!A676=\"\",\"\",Start!A676)","v":""},{"$f":"IF(Start!B676=\"\",\"\",Start!B676)","v":"805-78109"},{"$f":"IF(Start!C676=\"\",\"\",Start!C676)","v":"CONTROLLER AND CABINET, SECONDARY, MENU DRIVE"},{"$f":"IF(Start!D676=\"\",\"\",Start!D676)","v":1},{"$f":"IF(Start!E676=\"\",\"\",Start!E676)","v":0},{"$f":"IF(Start!F676=\"\",\"\",Start!F676)","v":"EACH"},{"$f":"IF(Start!G676=\"\",\"\",Start!G676)","v":13900},{"$f":"IF(Start!H676=\"\",\"\",Start!H676)","v":13900},3,{"$f":"IF(I676=\"\",\"\",LOOKUP(I676,{1,\"01\";2,\"02\";3,\"03\";4,\"04\";5,\"05\";6,\"06\";7,\"07\";8,\"08\";9,\"09\";10,\"10\";11,\"11\";12,\"12\";13,\"13\";14,\"14\";15,\"15\"}))","v":"03"},"03. Milestone Contractors, L.P.",800,805,{"$f":"IF(B676=\"\",\"\",VLOOKUP(M676,Sections!$A$2:$D$200,3,FALSE))","v":"Traffic Control Devices And Lighting"},{"$f":"IF(B676=\"\",\"\",VLOOKUP(M676,Sections!$A$2:$D$200,4,FALSE))","v":"Traffic Signals"}]
[{"$f":"IF(Start!A677=\"\",\"\",Start!A677)","v":""},{"$f":"IF(Start!B677=\"\",\"\",Start!B677)","v":"805-78205"},{"$f":"IF(Start!C677=\"\",\"\",Start!C677)","v":"TRAFFIC SIGNAL HEAD, 3 FACE, 12.20 IN. RED, A"},{"$f":"IF(Start!D677=\"\",\"\",Start!D677)","v":20},{"$f":"IF(Start!E677=\"\",\"\",Start!E677)","v":0},{"$f":"IF(Start!F677=\"\",\"\",Start!F677)","v":"EACH"},{"$f":"IF(Start!G677=\"\",\"\",Start!G677)","v":777},{"$f":"IF(Start!H677=\"\",\"\",Start!H677)","v":15540},3,{"$f":"IF(I677=\"\",\"\",LOOKUP(I677,{1,\"01\";2,\"02\";3,\"03\";4,\"04\";5,\"05\";6,\"06\";7,\"07\";8,\"08\";9,\"09\";10,\"10\";11,\"11\";12,\"12\";13,\"13\";14,\"14\";15,\"15\"}))","v":"03"},"03. Milestone Contractors, L.P.",800,805,{"$f":"IF(B677=\"\",\"\",VLOOKUP(M677,Sections!$A$2:$D$200,3,FALSE))","v":"Traffic Control Devices And Lighting"},{"$f":"IF(B677=\"\",\"\",VLOOKUP(M677,Sections!$A$2:$D$200,4,FALSE))","v":"Traffic Signals"}]
[{"$f":"IF(Start!A678=\"\",\"\",Start!A678)","v":""},{"$f":"IF(Start!B678=\"\",\"\",Start!B678)","v":"805-78230"},{"$f":"IF(Start!C678=\"\",\"\",Start!C678)","v":"TRAFFIC SIGNAL HEAD, 5 FACE, 12.20 IN. RED, A"},{"$f":"IF(Start!D678=\"\",\"\",Start!D678)","v":4},{"$f":"IF(Start!E678=\"\",\"\",Start!E678)","v":0},{"$f":"IF(Start!F678=\"\",\"\",Start!F678)","v":"EACH"},{"$f":"IF(Start!G678=\"\",\"\",Start!G678)","v":1200},{"$f":"IF(Start!H678=\"\",\"\",Start!H678)","v":4800},3,{"$f":"IF(I678=\"\",\"\",LOOKUP(I678,{1,\"01\";2,\"02\";3,\"03\";4,\"04\";5,\"05\";6,\"06\";7,\"07\";8,\"08\";9,\"09\";10,\"10\";11,\"11\";12,\"12\";13,\"13\";14,\"14\";15,\"15\"}))","v":"03"},"03. Milestone Contractors, L.P.",800,805,{"$f":"IF(B678=\"\",\"\",VLOOKUP(M678,Sections!$A$2:$D$200,3,FALSE))","v":"Traffic Control Devices And Lighting"},{"$f":"IF(B678=\"\",\"\",VLOOKUP(M678,Sections!$A$2:$D$200,4,FALSE))","v":"Traffic Signals"}]
[{"$f":"IF(Start!A679=\"\",\"\",Start!A679)","v":""},{"$f":"IF(Start!B679=\"\",\"\",Start!B679)","v":"805-78415"},{"$f":"IF(Start!C679=\"\",\"\",Start!C679)","v":"SPAN CATENARY AND TETHER"},{"$f":"IF(Start!D679=\"\",\"\",Start!D679)","v":10},{"$f":"IF(Start!E679=\"\",\"\",Start!E679)","v":0},{"$f":"IF(Start!F679=\"\",\"\",Start!F679)","v":"EACH"},{"$f":"IF(Start!G679=\"\",\"\",Start!G679)","v":1740},{"$f":"IF(Start!H679=\"\",\"\",Start!H679)","v":17400},3,{"$f":"IF(I679=\"\",\"\",LOOKUP(I679,{1,\"01\";2,\"02\";3,\"03\";4,\"04\";5,\"05\";6,\"06\";7,\"07\";8,\"08\";9,\"09\";10,\"10\";11,\"11\";12,\"12\";13,\"13\";14,\"14\";15,\"15\"}))","v":"03"},"03. Milestone Contractors, L.P.",800,805,{"$f":"IF(B679=\"\",\"\",VLOOKUP(M679,Sections!$A$2:$D$200,3,FALSE))","v":"Traffic Control Devices And Lighting"},{"$f":"IF(B679=\"\",\"\",VLOOKUP(M679,Sections!$A$2:$D$200,4,FALSE))","v":"Traffic Signals"}]
[{"$f":"IF(Start!A680=\"\",\"\",Start!A680)","v":""},{"$f":"IF(Start!B680=\"\",\"\",Start!B680)","v":"805-78420"},{"$f":"IF(Start!C680=\"\",\"\",Start!C680)","v":"DISCONNECT HANGER"},{"$f":"IF(Start!D680=\"\",\"\",Start!D680)","v":10},{"$f":"IF(Start!E680=\"\",\"\",Start!E680)","v":0},{"$f":"IF(Start!F680=\"\",\"\",Start!F680)","v":"EACH"},{"$f":"IF(Start!G680=\"\",\"\",Start!G680)","v":340},{"$f":"IF(Start!H680=\"\",\"\",Start!H680)","v":3400},3,{"$f":"IF(I680=\"\",\"\",LOOKUP(I680,{1,\"01\";2,\"02\";3,\"03\";4,\"04\";5,\"05\";6,\"06\";7,\"07\";8,\"08\";9,\"09\";10,\"10\";11,\"11\";12,\"12\";13,\"13\";14,\"14\";15,\"15\"}))","v":"03"},"03. Milestone Contractors, L.P.",800,805,{"$f":"IF(B680=\"\",\"\",VLOOKUP(M680,Sections!$A$2:$D$200,3,FALSE))","v":"Traffic Control Devices And Lighting"},{"$f":"IF(B680=\"\",\"\",VLOOKUP(M680,Sections!$A$2:$D$200,4,FALSE))","v":"Traffic Signals"}]
[{"$f":"IF(Start!A681=\"\",\"\",Start!A681)","v":""},{"$f":"IF(Start!B681=\"\",\"\",Start!B681)","v":"805-78467"},{"$f":"IF(Start!C681=\"\",\"\",Start!C681)","v":"SIGNAL CABLE, 3C 8GA."},{"$f":"IF(Start!D681=\"\",\"\",Start!D681)","v":55},{"$f":"IF(Start!E681=\"\",\"\",Start!E681)","v":0},{"$f":"IF(Start!F681=\"\",\"\",Start!F681)","v":"L.F."},{"$f":"IF(Start!G681=\"\",\"\",Start!G681)","v":3},{"$f":"IF(Start!H681=\"\",\"\",Start!H681)","v":165},3,{"$f":"IF(I681=\"\",\"\",LOOKUP(I681,{1,\"01\";2,\"02\";3,\"03\";4,\"04\";5,\"05\";6,\"06\";7,\"07\";8,\"08\";9,\"09\";10,\"10\";11,\"11\";12,\"12\";13,\"13\";14,\"14\";15,\"15\"}))","v":"03"},"03. Milestone Contractors, L.P.",800,805,{"$f":"IF(B681=\"\",\"\",VLOOKUP(M681,Sections!$A$2:$D$200,3,FALSE))","v":"Traffic Control Devices And Lighting"},{"$f":"IF(B681=\"\",\"\",VLOOKUP(M681,Sections!$A$2:$D$200,4,FALSE))","v":"Traffic Signals"}]
[{"$f":"IF(Start!A682=\"\",\"\",Start!A682)","v":""},{"$f":"IF(Start!B682=\"\",\"\",Start!B682)","v":"805-78470"},{"$f":"IF(Start!C682=\"\",\"\",Start!C682)","v":"SIGNAL CABLE, ROADWAY LOOP, 1C 14GA."},{"$f":"IF(Start!D682=\"\",\"\",Start!D682)","v":6552},{"$f":"IF(Start!E682=\"\",\"\",Start!E682)","v":0},{"$f":"IF(Start!F682=\"\",\"\",Start!F682)","v":"L.F."},{"$f":"IF(Start!G682=\"\",\"\",Start!G682)","v":0.32},{"$f":"IF(Start!H682=\"\",\"\",Start!H682)","v":2096.64},3,{"$f":"IF(I682=\"\",\"\",LOOKUP(I682,{1,\"01\";2,\"02\";3,\"03\";4,\"04\";5,\"05\";6,\"06\";7,\"07\";8,\"08\";9,\"09\";10,\"10\";11,\"11\";12,\"12\";13,\"13\";14,\"14\";15,\"15\"}))","v":"03"},"03. Milestone Contractors, L.P.",800,805,{"$f":"IF(B682=\"\",\"\",VLOOKUP(M682,Sections!$A$2:$D$200,3,FALSE))","v":"Traffic Control Devices And Lighting"},{"$f":"IF(B682=\"\",\"\",VLOOKUP(M682,Sections!$A$2:$D$200,4,FALSE))","v":"Traffic Signals"}]
[{"$f":"IF(Start!A683=\"\",\"\",Start!A683)","v":""},{"$f":"IF(Start!B683=\"\",\"\",Start!B683)","v":"805-78485"},{"$f":"IF(Start!C683=\"\",\"\",Start!C683)","v":"SIGNAL CABLE, 5C 14GA."},{"$f":"IF(Start!D683=\"\",\"\",Start!D683)","v":538},{"$f":"IF(Start!E683=\"\",\"\",Start!E683)","v":0},{"$f":"IF(Start!F683=\"\",\"\",Start!F683)","v":"L.F."},{"$f":"IF(Start!G683=\"\",\"\",Start!G683)","v":1.2000000000000002},{"$f":"IF(Start!H683=\"\",\"\",Start!H683)","v":645.6},3,{"$f":"IF(I683=\"\",\"\",LOOKUP(I683,{1,\"01\";2,\"02\";3,\"03\";4,\"04\";5,\"05\";6,\"06\";7,\"07\";8,\"08\";9,\"09\";10,\"10\";11,\"11\";12,\"12\";13,\"13\";14,\"14\";15,\"15\"}))","v":"03"},"03. Milestone Contractors, L.P.",800,805,{"$f":"IF(B683=\"\",\"\",VLOOKUP(M683,Sections!$A$2:$D$200,3,FALSE))","v":"Traffic Control Devices And Lighting"},{"$f":"IF(B683=\"\",\"\",VLOOKUP(M683,Sections!$A$2:$D$200,4,FALSE))","v":"Traffic Signals"}]
[{"$f":"IF(Start!A684=\"\",\"\",Start!A684)","v":""},{"$f":"IF(Start!B684=\"\",\"\",Start!B684)","v":"805-78490"},{"$f":"IF(Start!C684=\"\",\"\",Start!C684)","v":"SIGNAL CABLE, 7C 14GA."},{"$f":"IF(Start!D684=\"\",\"\",Start!D684)","v":2486},{"$f":"IF(Start!E684=\"\",\"\",Start!E684)","v":0},{"$f":"IF(Start!F684=\"\",\"\",Start!F684)","v":"L.F."},{"$f":"IF(Start!G684=\"\",\"\",Start!G684)","v":1.6},{"$f":"IF(Start!H684=\"\",\"\",Start!H684)","v":3977.6000000000004},3,{"$f":"IF(I684=\"\",\"\",LOOKUP(I684,{1,\"01\";2,\"02\";3,\"03\";4,\"04\";5,\"05\";6,\"06\";7,\"07\";8,\"08\";9,\"09\";10,\"10\";11,\"11\";12,\"12\";13,\"13\";14,\"14\";15,\"15\"}))","v":"03"},"03. Milestone Contractors, L.P.",800,805,{"$f":"IF(B684=\"\",\"\",VLOOKUP(M684,Sections!$A$2:$D$200,3,FALSE))","v":"Traffic Control Devices And Lighting"},{"$f":"IF(B684=\"\",\"\",VLOOKUP(M684,Sections!$A$2:$D$200,4,FALSE))","v":"Traffic Signals"}]
[{"$f":"IF(Start!A685=\"\",\"\",Start!A685)","v":""},{"$f":"IF(Start!B685=\"\",\"\",Start!B685)","v":"805-78510"},{"$f":"IF(Start!C685=\"\",\"\",Start!C685)","v":"SIGNAL CABLE, 2C 16GA., SHIELDED"},{"$f":"IF(Start!D685=\"\",\"\",Start!D685)","v":7814},{"$f":"IF(Start!E685=\"\",\"\",Start!E685)","v":0},{"$f":"IF(Start!F685=\"\",\"\",Start!F685)","v":"L.F."},{"$f":"IF(Start!G685=\"\",\"\",Start!G685)","v":0.8},{"$f":"IF(Start!H685=\"\",\"\",Start!H685)","v":6251.2000000000007},3,{"$f":"IF(I685=\"\",\"\",LOOKUP(I685,{1,\"01\";2,\"02\";3,\"03\";4,\"04\";5,\"05\";6,\"06\";7,\"07\";8,\"08\";9,\"09\";10,\"10\";11,\"11\";12,\"12\";13,\"13\";14,\"14\";15,\"15\"}))","v":"03"},"03. Milestone Contractors, L.P.",800,805,{"$f":"IF(B685=\"\",\"\",VLOOKUP(M685,Sections!$A$2:$D$200,3,FALSE))","v":"Traffic Control Devices And Lighting"},{"$f":"IF(B685=\"\",\"\",VLOOKUP(M685,Sections!$A$2:$D$200,4,FALSE))","v":"Traffic Signals"}]
[{"$f":"IF(Start!A686=\"\",\"\",Start!A686)","v":""},{"$f":"IF(Start!B686=\"\",\"\",Start!B686)","v":"805-78785"},{"$f":"IF(Start!C686=\"\",\"\",Start!C686)","v":"SIGNAL DETECTOR HOUSING"},{"$f":"IF(Start!D686=\"\",\"\",Start!D686)","v":17},{"$f":"IF(Start!E686=\"\",\"\",Start!E686)","v":0},{"$f":"IF(Start!F686=\"\",\"\",Start!F686)","v":"EACH"},{"$f":"IF(Start!G686=\"\",\"\",Start!G686)","v":410},{"$f":"IF(Start!H686=\"\",\"\",Start!H686)","v":6970},3,{"$f":"IF(I686=\"\",\"\",LOOKUP(I686,{1,\"01\";2,\"02\";3,\"03\";4,\"04\";5,\"05\";6,\"06\";7,\"07\";8,\"08\";9,\"09\";10,\"10\";11,\"11\";12,\"12\";13,\"13\";14,\"14\";15,\"15\"}))","v":"03"},"03. Milestone Contractors, L.P.",800,805,{"$f":"IF(B686=\"\",\"\",VLOOKUP(M686,Sections!$A$2:$D$200,3,FALSE))","v":"Traffic Control Devices And Lighting"},{"$f":"IF(B686=\"\",\"\",VLOOKUP(M686,Sections!$A$2:$D$200,4,FALSE))","v":"Traffic Signals"}]
[{"$f":"IF(Start!A687=\"\",\"\",Start!A687)","v":""},{"$f":"IF(Start!B687=\"\",\"\",Start!B687)","v":"805-78795"},{"$f":"IF(Start!C687=\"\",\"\",Start!C687)","v":"SAW CUT FOR ROADWAY LOOP AND SEALER"},{"$f":"IF(Start!D687=\"\",\"\",Start!D687)","v":2336},{"$f":"IF(Start!E687=\"\",\"\",Start!E687)","v":0},{"$f":"IF(Start!F687=\"\",\"\",Start!F687)","v":"L.F."},{"$f":"IF(Start!G687=\"\",\"\",Start!G687)","v":8},{"$f":"IF(Start!H687=\"\",\"\",Start!H687)","v":18688},3,{"$f":"IF(I687=\"\",\"\",LOOKUP(I687,{1,\"01\";2,\"02\";3,\"03\";4,\"04\";5,\"05\";6,\"06\";7,\"07\";8,\"08\";9,\"09\";10,\"10\";11,\"11\";12,\"12\";13,\"13\";14,\"14\";15,\"15\"}))","v":"03"},"03. Milestone Contractors, L.P.",800,805,{"$f":"IF(B687=\"\",\"\",VLOOKUP(M687,Sections!$A$2:$D$200,3,FALSE))","v":"Traffic Control Devices And Lighting"},{"$f":"IF(B687=\"\",\"\",VLOOKUP(M687,Sections!$A$2:$D$200,4,FALSE))","v":"Traffic Signals"}]
[{"$f":"IF(Start!A688=\"\",\"\",Start!A688)","v":""},{"$f":"IF(Start!B688=\"\",\"\",Start!B688)","v":"805-78925"},{"$f":"IF(Start!C688=\"\",\"\",Start!C688)","v":"CONTROLLER CABINET FOUNDATION, P1"},{"$f":"IF(Start!D688=\"\",\"\",Start!D688)","v":1},{"$f":"IF(Start!E688=\"\",\"\",Start!E688)","v":0},{"$f":"IF(Start!F688=\"\",\"\",Start!F688)","v":"EACH"},{"$f":"IF(Start!G688=\"\",\"\",Start!G688)","v":710},{"$f":"IF(Start!H688=\"\",\"\",Start!H688)","v":710},3,{"$f":"IF(I688=\"\",\"\",LOOKUP(I688,{1,\"01\";2,\"02\";3,\"03\";4,\"04\";5,\"05\";6,\"06\";7,\"07\";8,\"08\";9,\"09\";10,\"10\";11,\"11\";12,\"12\";13,\"13\";14,\"14\";15,\"15\"}))","v":"03"},"03. Milestone Contractors, L.P.",800,805,{"$f":"IF(B688=\"\",\"\",VLOOKUP(M688,Sections!$A$2:$D$200,3,FALSE))","v":"Traffic Control Devices And Lighting"},{"$f":"IF(B688=\"\",\"\",VLOOKUP(M688,Sections!$A$2:$D$200,4,FALSE))","v":"Traffic Signals"}]
[{"$f":"IF(Start!A689=\"\",\"\",Start!A689)","v":""},{"$f":"IF(Start!B689=\"\",\"\",Start!B689)","v":"805-81060"},{"$f":"IF(Start!C689=\"\",\"\",Start!C689)","v":"SIGNAL STRAIN POLE, STEEL, 36 FT."},{"$f":"IF(Start!D689=\"\",\"\",Start!D689)","v":10},{"$f":"IF(Start!E689=\"\",\"\",Start!E689)","v":0},{"$f":"IF(Start!F689=\"\",\"\",Start!F689)","v":"EACH"},{"$f":"IF(Start!G689=\"\",\"\",Start!G689)","v":5210},{"$f":"IF(Start!H689=\"\",\"\",Start!H689)","v":52100},3,{"$f":"IF(I689=\"\",\"\",LOOKUP(I689,{1,\"01\";2,\"02\";3,\"03\";4,\"04\";5,\"05\";6,\"06\";7,\"07\";8,\"08\";9,\"09\";10,\"10\";11,\"11\";12,\"12\";13,\"13\";14,\"14\";15,\"15\"}))","v":"03"},"03. Milestone Contractors, L.P.",800,805,{"$f":"IF(B689=\"\",\"\",VLOOKUP(M689,Sections!$A$2:$D$200,3,FALSE))","v":"Traffic Control Devices And Lighting"},{"$f":"IF(B689=\"\",\"\",VLOOKUP(M689,Sections!$A$2:$D$200,4,FALSE))","v":"Traffic Signals"}]
[{"$f":"IF(Start!A690=\"\",\"\",Start!A690)","v":""},{"$f":"IF(Start!B690=\"\",\"\",Start!B690)","v":"805-86890"},{"$f":"IF(Start!C690=\"\",\"\",Start!C690)","v":"POLE CIRCUIT CABLE, 1C NO. 10 THW OR TW STRAN"},{"$f":"IF(Start!D690=\"\",\"\",Start!D690)","v":840},{"$f":"IF(Start!E690=\"\",\"\",Start!E690)","v":0},{"$f":"IF(Start!F690=\"\",\"\",Start!F690)","v":"L.F."},{"$f":"IF(Start!G690=\"\",\"\",Start!G690)","v":0.88},{"$f":"IF(Start!H690=\"\",\"\",Start!H690)","v":739.2},3,{"$f":"IF(I690=\"\",\"\",LOOKUP(I690,{1,\"01\";2,\"02\";3,\"03\";4,\"04\";5,\"05\";6,\"06\";7,\"07\";8,\"08\";9,\"09\";10,\"10\";11,\"11\";12,\"12\";13,\"13\";14,\"14\";15,\"15\"}))","v":"03"},"03. Milestone Contractors, L.P.",800,805,{"$f":"IF(B690=\"\",\"\",VLOOKUP(M690,Sections!$A$2:$D$200,3,FALSE))","v":"Traffic Control Devices And Lighting"},{"$f":"IF(B690=\"\",\"\",VLOOKUP(M690,Sections!$A$2:$D$200,4,FALSE))","v":"Traffic Signals"}]
[{"$f":"IF(Start!A691=\"\",\"\",Start!A691)","v":""},{"$f":"IF(Start!B691=\"\",\"\",Start!B691)","v":"805-92504"},{"$f":"IF(Start!C691=\"\",\"\",Start!C691)","v":"LOOP DETECTOR DELAY AMPLIFIER, 2 CHANNEL"},{"$f":"IF(Start!D691=\"\",\"\",Start!D691)","v":10},{"$f":"IF(Start!E691=\"\",\"\",Start!E691)","v":0},{"$f":"IF(Start!F691=\"\",\"\",Start!F691)","v":"EACH"},{"$f":"IF(Start!G691=\"\",\"\",Start!G691)","v":298},{"$f":"IF(Start!H691=\"\",\"\",Start!H691)","v":2980},3,{"$f":"IF(I691=\"\",\"\",LOOKUP(I691,{1,\"01\";2,\"02\";3,\"03\";4,\"04\";5,\"05\";6,\"06\";7,\"07\";8,\"08\";9,\"09\";10,\"10\";11,\"11\";12,\"12\";13,\"13\";14,\"14\";15,\"15\"}))","v":"03"},"03. Milestone Contractors, L.P.",800,805,{"$f":"IF(B691=\"\",\"\",VLOOKUP(M691,Sections!$A$2:$D$200,3,FALSE))","v":"Traffic Control Devices And Lighting"},{"$f":"IF(B691=\"\",\"\",VLOOKUP(M691,Sections!$A$2:$D$200,4,FALSE))","v":"Traffic Signals"}]
[{"$f":"IF(Start!A692=\"\",\"\",Start!A692)","v":""},{"$f":"IF(Start!B692=\"\",\"\",Start!B692)","v":"807-02191"},{"$f":"IF(Start!C692=\"\",\"\",Start!C692)","v":"HANDHOLE, LIGHTING"},{"$f":"IF(Start!D692=\"\",\"\",Start!D692)","v":3},{"$f":"IF(Start!E692=\"\",\"\",Start!E692)","v":0},{"$f":"IF(Start!F692=\"\",\"\",Start!F692)","v":"EACH"},{"$f":"IF(Start!G692=\"\",\"\",Start!G692)","v":700},{"$f":"IF(Start!H692=\"\",\"\",Start!H692)","v":2100},3,{"$f":"IF(I692=\"\",\"\",LOOKUP(I692,{1,\"01\";2,\"02\";3,\"03\";4,\"04\";5,\"05\";6,\"06\";7,\"07\";8,\"08\";9,\"09\";10,\"10\";11,\"11\";12,\"12\";13,\"13\";14,\"14\";15,\"15\"}))","v":"03"},"03. Milestone Contractors, L.P.",800,807,{"$f":"IF(B692=\"\",\"\",VLOOKUP(M692,Sections!$A$2:$D$200,3,FALSE))","v":"Traffic Control Devices And Lighting"},{"$f":"IF(B692=\"\",\"\",VLOOKUP(M692,Sections!$A$2:$D$200,4,FALSE))","v":"Highway Illumination"}]
[{"$f":"IF(Start!A693=\"\",\"\",Start!A693)","v":""},{"$f":"IF(Start!B693=\"\",\"\",Start!B693)","v":"807-02193"},{"$f":"IF(Start!C693=\"\",\"\",Start!C693)","v":"LIGHT STANDARD FOUNDATION, 3 FT. DIA. X 8 FT."},{"$f":"IF(Start!D693=\"\",\"\",Start!D693)","v":8},{"$f":"IF(Start!E693=\"\",\"\",Start!E693)","v":0},{"$f":"IF(Start!F693=\"\",\"\",Start!F693)","v":"EACH"},{"$f":"IF(Start!G693=\"\",\"\",Start!G693)","v":800},{"$f":"IF(Start!H693=\"\",\"\",Start!H693)","v":6400},3,{"$f":"IF(I693=\"\",\"\",LOOKUP(I693,{1,\"01\";2,\"02\";3,\"03\";4,\"04\";5,\"05\";6,\"06\";7,\"07\";8,\"08\";9,\"09\";10,\"10\";11,\"11\";12,\"12\";13,\"13\";14,\"14\";15,\"15\"}))","v":"03"},"03. Milestone Contractors, L.P.",800,807,{"$f":"IF(B693=\"\",\"\",VLOOKUP(M693,Sections!$A$2:$D$200,3,FALSE))","v":"Traffic Control Devices And Lighting"},{"$f":"IF(B693=\"\",\"\",VLOOKUP(M693,Sections!$A$2:$D$200,4,FALSE))","v":"Highway Illumination"}]
[{"$f":"IF(Start!A694=\"\",\"\",Start!A694)","v":""},{"$f":"IF(Start!B694=\"\",\"\",Start!B694)","v":"807-02426"},{"$f":"IF(Start!C694=\"\",\"\",Start!C694)","v":"WIRE, THW, NO. 4 COPPER, IN PLASTIC"},{"$f":"IF(Start!D694=\"\",\"\",Start!D694)","v":535},{"$f":"IF(Start!E694=\"\",\"\",Start!E694)","v":0},{"$f":"IF(Start!F694=\"\",\"\",Start!F694)","v":"L.F."},{"$f":"IF(Start!G694=\"\",\"\",Start!G694)","v":8.77},{"$f":"IF(Start!H694=\"\",\"\",Start!H694)","v":4691.95},3,{"$f":"IF(I694=\"\",\"\",LOOKUP(I694,{1,\"01\";2,\"02\";3,\"03\";4,\"04\";5,\"05\";6,\"06\";7,\"07\";8,\"08\";9,\"09\";10,\"10\";11,\"11\";12,\"12\";13,\"13\";14,\"14\";15,\"15\"}))","v":"03"},"03. Milestone Contractors, L.P.",800,807,{"$f":"IF(B694=\"\",\"\",VLOOKUP(M694,Sections!$A$2:$D$200,3,FALSE))","v":"Traffic Control Devices And Lighting"},{"$f":"IF(B694=\"\",\"\",VLOOKUP(M694,Sections!$A$2:$D$200,4,FALSE))","v":"Highway Illumination"}]
[{"$f":"IF(Start!A695=\"\",\"\",Start!A695)","v":""},{"$f":"IF(Start!B695=\"\",\"\",Start!B695)","v":"807-03051"},{"$f":"IF(Start!C695=\"\",\"\",Start!C695)","v":"LIGHT CABLE, 1C/10"},{"$f":"IF(Start!D695=\"\",\"\",Start!D695)","v":960},{"$f":"IF(Start!E695=\"\",\"\",Start!E695)","v":0},{"$f":"IF(Start!F695=\"\",\"\",Start!F695)","v":"L.F."},{"$f":"IF(Start!G695=\"\",\"\",Start!G695)","v":1},{"$f":"IF(Start!H695=\"\",\"\",Start!H695)","v":960},3,{"$f":"IF(I695=\"\",\"\",LOOKUP(I695,{1,\"01\";2,\"02\";3,\"03\";4,\"04\";5,\"05\";6,\"06\";7,\"07\";8,\"08\";9,\"09\";10,\"10\";11,\"11\";12,\"12\";13,\"13\";14,\"14\";15,\"15\"}))","v":"03"},"03. Milestone Contractors, L.P.",800,807,{"$f":"IF(B695=\"\",\"\",VLOOKUP(M695,Sections!$A$2:$D$200,3,FALSE))","v":"Traffic Control Devices And Lighting"},{"$f":"IF(B695=\"\",\"\",VLOOKUP(M695,Sections!$A$2:$D$200,4,FALSE))","v":"Highway Illumination"}]
[{"$f":"IF(Start!A696=\"\",\"\",Start!A696)","v":""},{"$f":"IF(Start!B696=\"\",\"\",Start!B696)","v":"807-07580"},{"$f":"IF(Start!C696=\"\",\"\",Start!C696)","v":"WIRE, NO.4, COPPER, IN PLASTIC DUCT, IN TRENC"},{"$f":"IF(Start!D696=\"\",\"\",Start!D696)","v":2990},{"$f":"IF(Start!E696=\"\",\"\",Start!E696)","v":0},{"$f":"IF(Start!F696=\"\",\"\",Start!F696)","v":"L.F."},{"$f":"IF(Start!G696=\"\",\"\",Start!G696)","v":8.77},{"$f":"IF(Start!H696=\"\",\"\",Start!H696)","v":26222.300000000003},3,{"$f":"IF(I696=\"\",\"\",LOOKUP(I696,{1,\"01\";2,\"02\";3,\"03\";4,\"04\";5,\"05\";6,\"06\";7,\"07\";8,\"08\";9,\"09\";10,\"10\";11,\"11\";12,\"12\";13,\"13\";14,\"14\";15,\"15\"}))","v":"03"},"03. Milestone Contractors, L.P.",800,807,{"$f":"IF(B696=\"\",\"\",VLOOKUP(M696,Sections!$A$2:$D$200,3,FALSE))","v":"Traffic Control Devices And Lighting"},{"$f":"IF(B696=\"\",\"\",VLOOKUP(M696,Sections!$A$2:$D$200,4,FALSE))","v":"Highway Illumination"}]
[{"$f":"IF(Start!A697=\"\",\"\",Start!A697)","v":""},{"$f":"IF(Start!B697=\"\",\"\",Start!B697)","v":"807-82052"},{"$f":"IF(Start!C697=\"\",\"\",Start!C697)","v":"UNDERPASS CIRCUIT INSTALLATION, 2 LUMINAIRES"},{"$f":"IF(Start!D697=\"\",\"\",Start!D697)","v":2},{"$f":"IF(Start!E697=\"\",\"\",Start!E697)","v":0},{"$f":"IF(Start!F697=\"\",\"\",Start!F697)","v":"EACH"},{"$f":"IF(Start!G697=\"\",\"\",Start!G697)","v":542},{"$f":"IF(Start!H697=\"\",\"\",Start!H697)","v":1084},3,{"$f":"IF(I697=\"\",\"\",LOOKUP(I697,{1,\"01\";2,\"02\";3,\"03\";4,\"04\";5,\"05\";6,\"06\";7,\"07\";8,\"08\";9,\"09\";10,\"10\";11,\"11\";12,\"12\";13,\"13\";14,\"14\";15,\"15\"}))","v":"03"},"03. Milestone Contractors, L.P.",800,807,{"$f":"IF(B697=\"\",\"\",VLOOKUP(M697,Sections!$A$2:$D$200,3,FALSE))","v":"Traffic Control Devices And Lighting"},{"$f":"IF(B697=\"\",\"\",VLOOKUP(M697,Sections!$A$2:$D$200,4,FALSE))","v":"Highway Illumination"}]
[{"$f":"IF(Start!A698=\"\",\"\",Start!A698)","v":""},{"$f":"IF(Start!B698=\"\",\"\",Start!B698)","v":"807-85752"},{"$f":"IF(Start!C698=\"\",\"\",Start!C698)","v":"LIGHT POLE, 40 FT. E.M.H., 10.0 FT. MAST ARM,"},{"$f":"IF(Start!D698=\"\",\"\",Start!D698)","v":8},{"$f":"IF(Start!E698=\"\",\"\",Start!E698)","v":0},{"$f":"IF(Start!F698=\"\",\"\",Start!F698)","v":"EACH"},{"$f":"IF(Start!G698=\"\",\"\",Start!G698)","v":1425},{"$f":"IF(Start!H698=\"\",\"\",Start!H698)","v":11400},3,{"$f":"IF(I698=\"\",\"\",LOOKUP(I698,{1,\"01\";2,\"02\";3,\"03\";4,\"04\";5,\"05\";6,\"06\";7,\"07\";8,\"08\";9,\"09\";10,\"10\";11,\"11\";12,\"12\";13,\"13\";14,\"14\";15,\"15\"}))","v":"03"},"03. Milestone Contractors, L.P.",800,807,{"$f":"IF(B698=\"\",\"\",VLOOKUP(M698,Sections!$A$2:$D$200,3,FALSE))","v":"Traffic Control Devices And Lighting"},{"$f":"IF(B698=\"\",\"\",VLOOKUP(M698,Sections!$A$2:$D$200,4,FALSE))","v":"Highway Illumination"}]
[{"$f":"IF(Start!A699=\"\",\"\",Start!A699)","v":""},{"$f":"IF(Start!B699=\"\",\"\",Start!B699)","v":"807-86620"},{"$f":"IF(Start!C699=\"\",\"\",Start!C699)","v":"LUMINAIRE, ROADWAY, HIGH PRESSURE SODIUM, 400"},{"$f":"IF(Start!D699=\"\",\"\",Start!D699)","v":8},{"$f":"IF(Start!E699=\"\",\"\",Start!E699)","v":0},{"$f":"IF(Start!F699=\"\",\"\",Start!F699)","v":"EACH"},{"$f":"IF(Start!G699=\"\",\"\",Start!G699)","v":300},{"$f":"IF(Start!H699=\"\",\"\",Start!H699)","v":2400},3,{"$f":"IF(I699=\"\",\"\",LOOKUP(I699,{1,\"01\";2,\"02\";3,\"03\";4,\"04\";5,\"05\";6,\"06\";7,\"07\";8,\"08\";9,\"09\";10,\"10\";11,\"11\";12,\"12\";13,\"13\";14,\"14\";15,\"15\"}))","v":"03"},"03. Milestone Contractors, L.P.",800,807,{"$f":"IF(B699=\"\",\"\",VLOOKUP(M699,Sections!$A$2:$D$200,3,FALSE))","v":"Traffic Control Devices And Lighting"},{"$f":"IF(B699=\"\",\"\",VLOOKUP(M699,Sections!$A$2:$D$200,4,FALSE))","v":"Highway Illumination"}]
[{"$f":"IF(Start!A700=\"\",\"\",Start!A700)","v":""},{"$f":"IF(Start!B700=\"\",\"\",Start!B700)","v":"807-86750"},{"$f":"IF(Start!C700=\"\",\"\",Start!C700)","v":"LUMINAIRE UNDERPASS, WALL MOUNTED, HIGH PRESS"},{"$f":"IF(Start!D700=\"\",\"\",Start!D700)","v":4},{"$f":"IF(Start!E700=\"\",\"\",Start!E700)","v":0},{"$f":"IF(Start!F700=\"\",\"\",Start!F700)","v":"EACH"},{"$f":"IF(Start!G700=\"\",\"\",Start!G700)","v":845},{"$f":"IF(Start!H700=\"\",\"\",Start!H700)","v":3380},3,{"$f":"IF(I700=\"\",\"\",LOOKUP(I700,{1,\"01\";2,\"02\";3,\"03\";4,\"04\";5,\"05\";6,\"06\";7,\"07\";8,\"08\";9,\"09\";10,\"10\";11,\"11\";12,\"12\";13,\"13\";14,\"14\";15,\"15\"}))","v":"03"},"03. Milestone Contractors, L.P.",800,807,{"$f":"IF(B700=\"\",\"\",VLOOKUP(M700,Sections!$A$2:$D$200,3,FALSE))","v":"Traffic Control Devices And Lighting"},{"$f":"IF(B700=\"\",\"\",VLOOKUP(M700,Sections!$A$2:$D$200,4,FALSE))","v":"Highway Illumination"}]
[{"$f":"IF(Start!A701=\"\",\"\",Start!A701)","v":""},{"$f":"IF(Start!B701=\"\",\"\",Start!B701)","v":"807-86910"},{"$f":"IF(Start!C701=\"\",\"\",Start!C701)","v":"CONNECTOR KIT, UNFUSED"},{"$f":"IF(Start!D701=\"\",\"\",Start!D701)","v":8},{"$f":"IF(Start!E701=\"\",\"\",Start!E701)","v":0},{"$f":"IF(Start!F701=\"\",\"\",Start!F701)","v":"EACH"},{"$f":"IF(Start!G701=\"\",\"\",Start!G701)","v":19},{"$f":"IF(Start!H701=\"\",\"\",Start!H701)","v":152},3,{"$f":"IF(I701=\"\",\"\",LOOKUP(I701,{1,\"01\";2,\"02\";3,\"03\";4,\"04\";5,\"05\";6,\"06\";7,\"07\";8,\"08\";9,\"09\";10,\"10\";11,\"11\";12,\"12\";13,\"13\";14,\"14\";15,\"15\"}))","v":"03"},"03. Milestone Contractors, L.P.",800,807,{"$f":"IF(B701=\"\",\"\",VLOOKUP(M701,Sections!$A$2:$D$200,3,FALSE))","v":"Traffic Control Devices And Lighting"},{"$f":"IF(B701=\"\",\"\",VLOOKUP(M701,Sections!$A$2:$D$200,4,FALSE))","v":"Highway Illumination"}]
[{"$f":"IF(Start!A702=\"\",\"\",Start!A702)","v":""},{"$f":"IF(Start!B702=\"\",\"\",Start!B702)","v":"807-86915"},{"$f":"IF(Start!C702=\"\",\"\",Start!C702)","v":"CONNECTOR KIT, FUSED"},{"$f":"IF(Start!D702=\"\",\"\",Start!D702)","v":8},{"$f":"IF(Start!E702=\"\",\"\",Start!E702)","v":0},{"$f":"IF(Start!F702=\"\",\"\",Start!F702)","v":"EACH"},{"$f":"IF(Start!G702=\"\",\"\",Start!G702)","v":20},{"$f":"IF(Start!H702=\"\",\"\",Start!H702)","v":160},3,{"$f":"IF(I702=\"\",\"\",LOOKUP(I702,{1,\"01\";2,\"02\";3,\"03\";4,\"04\";5,\"05\";6,\"06\";7,\"07\";8,\"08\";9,\"09\";10,\"10\";11,\"11\";12,\"12\";13,\"13\";14,\"14\";15,\"15\"}))","v":"03"},"03. Milestone Contractors, L.P.",800,807,{"$f":"IF(B702=\"\",\"\",VLOOKUP(M702,Sections!$A$2:$D$200,3,FALSE))","v":"Traffic Control Devices And Lighting"},{"$f":"IF(B702=\"\",\"\",VLOOKUP(M702,Sections!$A$2:$D$200,4,FALSE))","v":"Highway Illumination"}]
[{"$f":"IF(Start!A703=\"\",\"\",Start!A703)","v":""},{"$f":"IF(Start!B703=\"\",\"\",Start!B703)","v":"807-86920"},{"$f":"IF(Start!C703=\"\",\"\",Start!C703)","v":"MULTIPLE COMPRESSION FITTING, NOT WATERPROOFE"},{"$f":"IF(Start!D703=\"\",\"\",Start!D703)","v":18},{"$f":"IF(Start!E703=\"\",\"\",Start!E703)","v":0},{"$f":"IF(Start!F703=\"\",\"\",Start!F703)","v":"EACH"},{"$f":"IF(Start!G703=\"\",\"\",Start!G703)","v":17},{"$f":"IF(Start!H703=\"\",\"\",Start!H703)","v":306},3,{"$f":"IF(I703=\"\",\"\",LOOKUP(I703,{1,\"01\";2,\"02\";3,\"03\";4,\"04\";5,\"05\";6,\"06\";7,\"07\";8,\"08\";9,\"09\";10,\"10\";11,\"11\";12,\"12\";13,\"13\";14,\"14\";15,\"15\"}))","v":"03"},"03. Milestone Contractors, L.P.",800,807,{"$f":"IF(B703=\"\",\"\",VLOOKUP(M703,Sections!$A$2:$D$200,3,FALSE))","v":"Traffic Control Devices And Lighting"},{"$f":"IF(B703=\"\",\"\",VLOOKUP(M703,Sections!$A$2:$D$200,4,FALSE))","v":"Highway Illumination"}]
[{"$f":"IF(Start!A704=\"\",\"\",Start!A704)","v":""},{"$f":"IF(Start!B704=\"\",\"\",Start!B704)","v":"807-86925"},{"$f":"IF(Start!C704=\"\",\"\",Start!C704)","v":"MULTIPLE COMPRESSION FITTING, WATERPROOFED"},{"$f":"IF(Start!D704=\"\",\"\",Start!D704)","v":12},{"$f":"IF(Start!E704=\"\",\"\",Start!E704)","v":0},{"$f":"IF(Start!F704=\"\",\"\",Start!F704)","v":"EACH"},{"$f":"IF(Start!G704=\"\",\"\",Start!G704)","v":21},{"$f":"IF(Start!H704=\"\",\"\",Start!H704)","v":252},3,{"$f":"IF(I704=\"\",\"\",LOOKUP(I704,{1,\"01\";2,\"02\";3,\"03\";4,\"04\";5,\"05\";6,\"06\";7,\"07\";8,\"08\";9,\"09\";10,\"10\";11,\"11\";12,\"12\";13,\"13\";14,\"14\";15,\"15\"}))","v":"03"},"03. Milestone Contractors, L.P.",800,807,{"$f":"IF(B704=\"\",\"\",VLOOKUP(M704,Sections!$A$2:$D$200,3,FALSE))","v":"Traffic Control Devices And Lighting"},{"$f":"IF(B704=\"\",\"\",VLOOKUP(M704,Sections!$A$2:$D$200,4,FALSE))","v":"Highway Illumination"}]
[{"$f":"IF(Start!A705=\"\",\"\",Start!A705)","v":""},{"$f":"IF(Start!B705=\"\",\"\",Start!B705)","v":"807-86930"},{"$f":"IF(Start!C705=\"\",\"\",Start!C705)","v":"INSULATION LINK, NONWATERPROOFED"},{"$f":"IF(Start!D705=\"\",\"\",Start!D705)","v":16},{"$f":"IF(Start!E705=\"\",\"\",Start!E705)","v":0},{"$f":"IF(Start!F705=\"\",\"\",Start!F705)","v":"EACH"},{"$f":"IF(Start!G705=\"\",\"\",Start!G705)","v":17},{"$f":"IF(Start!H705=\"\",\"\",Start!H705)","v":272},3,{"$f":"IF(I705=\"\",\"\",LOOKUP(I705,{1,\"01\";2,\"02\";3,\"03\";4,\"04\";5,\"05\";6,\"06\";7,\"07\";8,\"08\";9,\"09\";10,\"10\";11,\"11\";12,\"12\";13,\"13\";14,\"14\";15,\"15\"}))","v":"03"},"03. Milestone Contractors, L.P.",800,807,{"$f":"IF(B705=\"\",\"\",VLOOKUP(M705,Sections!$A$2:$D$200,3,FALSE))","v":"Traffic Control Devices And Lighting"},{"$f":"IF(B705=\"\",\"\",VLOOKUP(M705,Sections!$A$2:$D$200,4,FALSE))","v":"Highway Illumination"}]
[{"$f":"IF(Start!A706=\"\",\"\",Start!A706)","v":""},{"$f":"IF(Start!B706=\"\",\"\",Start!B706)","v":"807-86935"},{"$f":"IF(Start!C706=\"\",\"\",Start!C706)","v":"INSULATION LINK, WATERPROOFED"},{"$f":"IF(Start!D706=\"\",\"\",Start!D706)","v":12},{"$f":"IF(Start!E706=\"\",\"\",Start!E706)","v":0},{"$f":"IF(Start!F706=\"\",\"\",Start!F706)","v":"EACH"},{"$f":"IF(Start!G706=\"\",\"\",Start!G706)","v":21},{"$f":"IF(Start!H706=\"\",\"\",Start!H706)","v":252},3,{"$f":"IF(I706=\"\",\"\",LOOKUP(I706,{1,\"01\";2,\"02\";3,\"03\";4,\"04\";5,\"05\";6,\"06\";7,\"07\";8,\"08\";9,\"09\";10,\"10\";11,\"11\";12,\"12\";13,\"13\";14,\"14\";15,\"15\"}))","v":"03"},"03. Milestone Contractors, L.P.",800,807,{"$f":"IF(B706=\"\",\"\",VLOOKUP(M706,Sections!$A$2:$D$200,3,FALSE))","v":"Traffic Control Devices And Lighting"},{"$f":"IF(B706=\"\",\"\",VLOOKUP(M706,Sections!$A$2:$D$200,4,FALSE))","v":"Highway Illumination"}]
[{"$f":"IF(Start!A707=\"\",\"\",Start!A707)","v":""},{"$f":"IF(Start!B707=\"\",\"\",Start!B707)","v":"807-86955"},{"$f":"IF(Start!C707=\"\",\"\",Start!C707)","v":"CABLE DUCT MARKER"},{"$f":"IF(Start!D707=\"\",\"\",Start!D707)","v":11},{"$f":"IF(Start!E707=\"\",\"\",Start!E707)","v":0},{"$f":"IF(Start!F707=\"\",\"\",Start!F707)","v":"EACH"},{"$f":"IF(Start!G707=\"\",\"\",Start!G707)","v":70},{"$f":"IF(Start!H707=\"\",\"\",Start!H707)","v":770},{"$f":"IF(AND(A707=\"\",B707=\"\",C707=\"\"),\"\",IF(AND(A707<>\"\",B707=\"\",G707=0,H707=0),D707,I706))","v":3},{"$f":"IF(I707=\"\",\"\",LOOKUP(I707,{1,\"01\";2,\"02\";3,\"03\";4,\"04\";5,\"05\";6,\"06\";7,\"07\";8,\"08\";9,\"09\";10,\"10\";11,\"11\";12,\"12\";13,\"13\";14,\"14\";15,\"15\"}))","v":"03"},{"$f":"IF(AND(A707<>\"\",B707=\"\"),J707&\". \"&PROPER(C707),IF(AND(A707=\"\",B707<>\"\"),PROPER(K706),\"\"))","v":"03. Milestone Contractors, L.P."},{"$f":"IF(B707=\"\",\"\",LEFT(B707,1)*100)","v":800},{"$f":"IF(B707=\"\",\"\",LEFT(B707,3)*1)","v":807},{"$f":"IF(B707=\"\",\"\",VLOOKUP(M707,Sections!$A$2:$D$200,3,FALSE))","v":"Traffic Control Devices And Lighting"},{"$f":"IF(B707=\"\",\"\",VLOOKUP(M707,Sections!$A$2:$D$200,4,FALSE))","v":"Highway Illumination"}]
[{"$f":"IF(Start!A708=\"\",\"\",Start!A708)","v":""},{"$f":"IF(Start!B708=\"\",\"\",Start!B708)","v":"808-06703"},{"$f":"IF(Start!C708=\"\",\"\",Start!C708)","v":"LINE, THERMOPLASTIC, SOLID, WHITE, 4 IN."},{"$f":"IF(Start!D708=\"\",\"\",Start!D708)","v":2771},{"$f":"IF(Start!E708=\"\",\"\",Start!E708)","v":0},{"$f":"IF(Start!F708=\"\",\"\",Start!F708)","v":"L.F."},{"$f":"IF(Start!G708=\"\",\"\",Start!G708)","v":0.35000000000000003},{"$f":"IF(Start!H708=\"\",\"\",Start!H708)","v":969.85},3,{"$f":"IF(I708=\"\",\"\",LOOKUP(I708,{1,\"01\";2,\"02\";3,\"03\";4,\"04\";5,\"05\";6,\"06\";7,\"07\";8,\"08\";9,\"09\";10,\"10\";11,\"11\";12,\"12\";13,\"13\";14,\"14\";15,\"15\"}))","v":"03"},"03. Milestone Contractors, L.P.",800,808,{"$f":"IF(B708=\"\",\"\",VLOOKUP(M708,Sections!$A$2:$D$200,3,FALSE))","v":"Traffic Control Devices And Lighting"},{"$f":"IF(B708=\"\",\"\",VLOOKUP(M708,Sections!$A$2:$D$200,4,FALSE))","v":"Pavement Traffic Markings"}]
[{"$f":"IF(Start!A709=\"\",\"\",Start!A709)","v":""},{"$f":"IF(Start!B709=\"\",\"\",Start!B709)","v":"808-06716"},{"$f":"IF(Start!C709=\"\",\"\",Start!C709)","v":"LINE, REMOVE"},{"$f":"IF(Start!D709=\"\",\"\",Start!D709)","v":3615},{"$f":"IF(Start!E709=\"\",\"\",Start!E709)","v":0},{"$f":"IF(Start!F709=\"\",\"\",Start!F709)","v":"L.F."},{"$f":"IF(Start!G709=\"\",\"\",Start!G709)","v":0.38},{"$f":"IF(Start!H709=\"\",\"\",Start!H709)","v":1373.7},3,{"$f":"IF(I709=\"\",\"\",LOOKUP(I709,{1,\"01\";2,\"02\";3,\"03\";4,\"04\";5,\"05\";6,\"06\";7,\"07\";8,\"08\";9,\"09\";10,\"10\";11,\"11\";12,\"12\";13,\"13\";14,\"14\";15,\"15\"}))","v":"03"},"03. Milestone Contractors, L.P.",800,808,{"$f":"IF(B709=\"\",\"\",VLOOKUP(M709,Sections!$A$2:$D$200,3,FALSE))","v":"Traffic Control Devices And Lighting"},{"$f":"IF(B709=\"\",\"\",VLOOKUP(M709,Sections!$A$2:$D$200,4,FALSE))","v":"Pavement Traffic Markings"}]
[{"$f":"IF(Start!A710=\"\",\"\",Start!A710)","v":""},{"$f":"IF(Start!B710=\"\",\"\",Start!B710)","v":"808-09381"},{"$f":"IF(Start!C710=\"\",\"\",Start!C710)","v":"RETRO-REFLECTIVITY TEST"},{"$f":"IF(Start!D710=\"\",\"\",Start!D710)","v":1},{"$f":"IF(Start!E710=\"\",\"\",Start!E710)","v":0},{"$f":"IF(Start!F710=\"\",\"\",Start!F710)","v":"L.S."},{"$f":"IF(Start!G710=\"\",\"\",Start!G710)","v":800},{"$f":"IF(Start!H710=\"\",\"\",Start!H710)","v":800},3,{"$f":"IF(I710=\"\",\"\",LOOKUP(I710,{1,\"01\";2,\"02\";3,\"03\";4,\"04\";5,\"05\";6,\"06\";7,\"07\";8,\"08\";9,\"09\";10,\"10\";11,\"11\";12,\"12\";13,\"13\";14,\"14\";15,\"15\"}))","v":"03"},"03. Milestone Contractors, L.P.",800,808,{"$f":"IF(B710=\"\",\"\",VLOOKUP(M710,Sections!$A$2:$D$200,3,FALSE))","v":"Traffic Control Devices And Lighting"},{"$f":"IF(B710=\"\",\"\",VLOOKUP(M710,Sections!$A$2:$D$200,4,FALSE))","v":"Pavement Traffic Markings"}]
[{"$f":"IF(Start!A711=\"\",\"\",Start!A711)","v":""},{"$f":"IF(Start!B711=\"\",\"\",Start!B711)","v":"808-10031"},{"$f":"IF(Start!C711=\"\",\"\",Start!C711)","v":"LINE, MULTI-COMP, BROKEN, WHITE, 4 IN"},{"$f":"IF(Start!D711=\"\",\"\",Start!D711)","v":2630},{"$f":"IF(Start!E711=\"\",\"\",Start!E711)","v":0},{"$f":"IF(Start!F711=\"\",\"\",Start!F711)","v":"L.F."},{"$f":"IF(Start!G711=\"\",\"\",Start!G711)","v":0.25},{"$f":"IF(Start!H711=\"\",\"\",Start!H711)","v":657.5},3,{"$f":"IF(I711=\"\",\"\",LOOKUP(I711,{1,\"01\";2,\"02\";3,\"03\";4,\"04\";5,\"05\";6,\"06\";7,\"07\";8,\"08\";9,\"09\";10,\"10\";11,\"11\";12,\"12\";13,\"13\";14,\"14\";15,\"15\"}))","v":"03"},"03. Milestone Contractors, L.P.",800,808,{"$f":"IF(B711=\"\",\"\",VLOOKUP(M711,Sections!$A$2:$D$200,3,FALSE))","v":"Traffic Control Devices And Lighting"},{"$f":"IF(B711=\"\",\"\",VLOOKUP(M711,Sections!$A$2:$D$200,4,FALSE))","v":"Pavement Traffic Markings"}]
[{"$f":"IF(Start!A712=\"\",\"\",Start!A712)","v":""},{"$f":"IF(Start!B712=\"\",\"\",Start!B712)","v":"808-10033"},{"$f":"IF(Start!C712=\"\",\"\",Start!C712)","v":"LINE, MULTI-COMP, SOLID, WHITE, 4 IN"},{"$f":"IF(Start!D712=\"\",\"\",Start!D712)","v":29503},{"$f":"IF(Start!E712=\"\",\"\",Start!E712)","v":0},{"$f":"IF(Start!F712=\"\",\"\",Start!F712)","v":"L.F."},{"$f":"IF(Start!G712=\"\",\"\",Start!G712)","v":0.25},{"$f":"IF(Start!H712=\"\",\"\",Start!H712)","v":7375.75},3,{"$f":"IF(I712=\"\",\"\",LOOKUP(I712,{1,\"01\";2,\"02\";3,\"03\";4,\"04\";5,\"05\";6,\"06\";7,\"07\";8,\"08\";9,\"09\";10,\"10\";11,\"11\";12,\"12\";13,\"13\";14,\"14\";15,\"15\"}))","v":"03"},"03. Milestone Contractors, L.P.",800,808,{"$f":"IF(B712=\"\",\"\",VLOOKUP(M712,Sections!$A$2:$D$200,3,FALSE))","v":"Traffic Control Devices And Lighting"},{"$f":"IF(B712=\"\",\"\",VLOOKUP(M712,Sections!$A$2:$D$200,4,FALSE))","v":"Pavement Traffic Markings"}]
[{"$f":"IF(Start!A713=\"\",\"\",Start!A713)","v":""},{"$f":"IF(Start!B713=\"\",\"\",Start!B713)","v":"808-10034"},{"$f":"IF(Start!C713=\"\",\"\",Start!C713)","v":"LINE, MULTI-COMP, SOLID, YELLOW, 4 IN"},{"$f":"IF(Start!D713=\"\",\"\",Start!D713)","v":13980},{"$f":"IF(Start!E713=\"\",\"\",Start!E713)","v":0},{"$f":"IF(Start!F713=\"\",\"\",Start!F713)","v":"L.F."},{"$f":"IF(Start!G713=\"\",\"\",Start!G713)","v":0.25},{"$f":"IF(Start!H713=\"\",\"\",Start!H713)","v":3495},3,{"$f":"IF(I713=\"\",\"\",LOOKUP(I713,{1,\"01\";2,\"02\";3,\"03\";4,\"04\";5,\"05\";6,\"06\";7,\"07\";8,\"08\";9,\"09\";10,\"10\";11,\"11\";12,\"12\";13,\"13\";14,\"14\";15,\"15\"}))","v":"03"},"03. Milestone Contractors, L.P.",800,808,{"$f":"IF(B713=\"\",\"\",VLOOKUP(M713,Sections!$A$2:$D$200,3,FALSE))","v":"Traffic Control Devices And Lighting"},{"$f":"IF(B713=\"\",\"\",VLOOKUP(M713,Sections!$A$2:$D$200,4,FALSE))","v":"Pavement Traffic Markings"}]
[{"$f":"IF(Start!A714=\"\",\"\",Start!A714)","v":""},{"$f":"IF(Start!B714=\"\",\"\",Start!B714)","v":"808-10036"},{"$f":"IF(Start!C714=\"\",\"\",Start!C714)","v":"LINE, MULTI-COMP, BROKEN, YELLOW, 4 IN"},{"$f":"IF(Start!D714=\"\",\"\",Start!D714)","v":300},{"$f":"IF(Start!E714=\"\",\"\",Start!E714)","v":0},{"$f":"IF(Start!F714=\"\",\"\",Start!F714)","v":"L.F."},{"$f":"IF(Start!G714=\"\",\"\",Start!G714)","v":0.25},{"$f":"IF(Start!H714=\"\",\"\",Start!H714)","v":75},3,{"$f":"IF(I714=\"\",\"\",LOOKUP(I714,{1,\"01\";2,\"02\";3,\"03\";4,\"04\";5,\"05\";6,\"06\";7,\"07\";8,\"08\";9,\"09\";10,\"10\";11,\"11\";12,\"12\";13,\"13\";14,\"14\";15,\"15\"}))","v":"03"},"03. Milestone Contractors, L.P.",800,808,{"$f":"IF(B714=\"\",\"\",VLOOKUP(M714,Sections!$A$2:$D$200,3,FALSE))","v":"Traffic Control Devices And Lighting"},{"$f":"IF(B714=\"\",\"\",VLOOKUP(M714,Sections!$A$2:$D$200,4,FALSE))","v":"Pavement Traffic Markings"}]
[{"$f":"IF(Start!A715=\"\",\"\",Start!A715)","v":""},{"$f":"IF(Start!B715=\"\",\"\",Start!B715)","v":"808-10037"},{"$f":"IF(Start!C715=\"\",\"\",Start!C715)","v":"LINE, MULTI-COMP, SOLID, WHITE, 8 IN"},{"$f":"IF(Start!D715=\"\",\"\",Start!D715)","v":1838},{"$f":"IF(Start!E715=\"\",\"\",Start!E715)","v":0},{"$f":"IF(Start!F715=\"\",\"\",Start!F715)","v":"L.F."},{"$f":"IF(Start!G715=\"\",\"\",Start!G715)","v":0.5},{"$f":"IF(Start!H715=\"\",\"\",Start!H715)","v":919},3,{"$f":"IF(I715=\"\",\"\",LOOKUP(I715,{1,\"01\";2,\"02\";3,\"03\";4,\"04\";5,\"05\";6,\"06\";7,\"07\";8,\"08\";9,\"09\";10,\"10\";11,\"11\";12,\"12\";13,\"13\";14,\"14\";15,\"15\"}))","v":"03"},"03. Milestone Contractors, L.P.",800,808,{"$f":"IF(B715=\"\",\"\",VLOOKUP(M715,Sections!$A$2:$D$200,3,FALSE))","v":"Traffic Control Devices And Lighting"},{"$f":"IF(B715=\"\",\"\",VLOOKUP(M715,Sections!$A$2:$D$200,4,FALSE))","v":"Pavement Traffic Markings"}]
[{"$f":"IF(Start!A716=\"\",\"\",Start!A716)","v":""},{"$f":"IF(Start!B716=\"\",\"\",Start!B716)","v":"808-10038"},{"$f":"IF(Start!C716=\"\",\"\",Start!C716)","v":"TRANSVERSE MKGS MULTI-COMP SOLID WHITE,"},{"$f":"IF(Start!D716=\"\",\"\",Start!D716)","v":999},{"$f":"IF(Start!E716=\"\",\"\",Start!E716)","v":0},{"$f":"IF(Start!F716=\"\",\"\",Start!F716)","v":"L.F."},{"$f":"IF(Start!G716=\"\",\"\",Start!G716)","v":8},{"$f":"IF(Start!H716=\"\",\"\",Start!H716)","v":7992},3,{"$f":"IF(I716=\"\",\"\",LOOKUP(I716,{1,\"01\";2,\"02\";3,\"03\";4,\"04\";5,\"05\";6,\"06\";7,\"07\";8,\"08\";9,\"09\";10,\"10\";11,\"11\";12,\"12\";13,\"13\";14,\"14\";15,\"15\"}))","v":"03"},"03. Milestone Contractors, L.P.",800,808,{"$f":"IF(B716=\"\",\"\",VLOOKUP(M716,Sections!$A$2:$D$200,3,FALSE))","v":"Traffic Control Devices And Lighting"},{"$f":"IF(B716=\"\",\"\",VLOOKUP(M716,Sections!$A$2:$D$200,4,FALSE))","v":"Pavement Traffic Markings"}]
[{"$f":"IF(Start!A717=\"\",\"\",Start!A717)","v":""},{"$f":"IF(Start!B717=\"\",\"\",Start!B717)","v":"808-10042"},{"$f":"IF(Start!C717=\"\",\"\",Start!C717)","v":"TRANSVERSE MKG MULTI-COMP SOLID YELLOW"},{"$f":"IF(Start!D717=\"\",\"\",Start!D717)","v":210},{"$f":"IF(Start!E717=\"\",\"\",Start!E717)","v":0},{"$f":"IF(Start!F717=\"\",\"\",Start!F717)","v":"L.F."},{"$f":"IF(Start!G717=\"\",\"\",Start!G717)","v":4},{"$f":"IF(Start!H717=\"\",\"\",Start!H717)","v":840},3,{"$f":"IF(I717=\"\",\"\",LOOKUP(I717,{1,\"01\";2,\"02\";3,\"03\";4,\"04\";5,\"05\";6,\"06\";7,\"07\";8,\"08\";9,\"09\";10,\"10\";11,\"11\";12,\"12\";13,\"13\";14,\"14\";15,\"15\"}))","v":"03"},"03. Milestone Contractors, L.P.",800,808,{"$f":"IF(B717=\"\",\"\",VLOOKUP(M717,Sections!$A$2:$D$200,3,FALSE))","v":"Traffic Control Devices And Lighting"},{"$f":"IF(B717=\"\",\"\",VLOOKUP(M717,Sections!$A$2:$D$200,4,FALSE))","v":"Pavement Traffic Markings"}]
[{"$f":"IF(Start!A718=\"\",\"\",Start!A718)","v":""},{"$f":"IF(Start!B718=\"\",\"\",Start!B718)","v":"808-10051"},{"$f":"IF(Start!C718=\"\",\"\",Start!C718)","v":"TRANSVERSE MKG MULTI-COMP, STOP LINE,"},{"$f":"IF(Start!D718=\"\",\"\",Start!D718)","v":354},{"$f":"IF(Start!E718=\"\",\"\",Start!E718)","v":0},{"$f":"IF(Start!F718=\"\",\"\",Start!F718)","v":"L.F."},{"$f":"IF(Start!G718=\"\",\"\",Start!G718)","v":8},{"$f":"IF(Start!H718=\"\",\"\",Start!H718)","v":2832},3,{"$f":"IF(I718=\"\",\"\",LOOKUP(I718,{1,\"01\";2,\"02\";3,\"03\";4,\"04\";5,\"05\";6,\"06\";7,\"07\";8,\"08\";9,\"09\";10,\"10\";11,\"11\";12,\"12\";13,\"13\";14,\"14\";15,\"15\"}))","v":"03"},"03. Milestone Contractors, L.P.",800,808,{"$f":"IF(B718=\"\",\"\",VLOOKUP(M718,Sections!$A$2:$D$200,3,FALSE))","v":"Traffic Control Devices And Lighting"},{"$f":"IF(B718=\"\",\"\",VLOOKUP(M718,Sections!$A$2:$D$200,4,FALSE))","v":"Pavement Traffic Markings"}]
[{"$f":"IF(Start!A719=\"\",\"\",Start!A719)","v":""},{"$f":"IF(Start!B719=\"\",\"\",Start!B719)","v":"808-10058"},{"$f":"IF(Start!C719=\"\",\"\",Start!C719)","v":"LINE, MULTI-COMP, SOLID, YELLOW, 8 IN"},{"$f":"IF(Start!D719=\"\",\"\",Start!D719)","v":4078},{"$f":"IF(Start!E719=\"\",\"\",Start!E719)","v":0},{"$f":"IF(Start!F719=\"\",\"\",Start!F719)","v":"L.F."},{"$f":"IF(Start!G719=\"\",\"\",Start!G719)","v":0.5},{"$f":"IF(Start!H719=\"\",\"\",Start!H719)","v":2039},3,{"$f":"IF(I719=\"\",\"\",LOOKUP(I719,{1,\"01\";2,\"02\";3,\"03\";4,\"04\";5,\"05\";6,\"06\";7,\"07\";8,\"08\";9,\"09\";10,\"10\";11,\"11\";12,\"12\";13,\"13\";14,\"14\";15,\"15\"}))","v":"03"},"03. Milestone Contractors, L.P.",800,808,{"$f":"IF(B719=\"\",\"\",VLOOKUP(M719,Sections!$A$2:$D$200,3,FALSE))","v":"Traffic Control Devices And Lighting"},{"$f":"IF(B719=\"\",\"\",VLOOKUP(M719,Sections!$A$2:$D$200,4,FALSE))","v":"Pavement Traffic Markings"}]
[{"$f":"IF(Start!A720=\"\",\"\",Start!A720)","v":""},{"$f":"IF(Start!B720=\"\",\"\",Start!B720)","v":"808-10078"},{"$f":"IF(Start!C720=\"\",\"\",Start!C720)","v":"LINE MULTI-COMP DOTTED, WHITE, 4 IN, 24"},{"$f":"IF(Start!D720=\"\",\"\",Start!D720)","v":130},{"$f":"IF(Start!E720=\"\",\"\",Start!E720)","v":0},{"$f":"IF(Start!F720=\"\",\"\",Start!F720)","v":"L.F."},{"$f":"IF(Start!G720=\"\",\"\",Start!G720)","v":4},{"$f":"IF(Start!H720=\"\",\"\",Start!H720)","v":520},3,{"$f":"IF(I720=\"\",\"\",LOOKUP(I720,{1,\"01\";2,\"02\";3,\"03\";4,\"04\";5,\"05\";6,\"06\";7,\"07\";8,\"08\";9,\"09\";10,\"10\";11,\"11\";12,\"12\";13,\"13\";14,\"14\";15,\"15\"}))","v":"03"},"03. Milestone Contractors, L.P.",800,808,{"$f":"IF(B720=\"\",\"\",VLOOKUP(M720,Sections!$A$2:$D$200,3,FALSE))","v":"Traffic Control Devices And Lighting"},{"$f":"IF(B720=\"\",\"\",VLOOKUP(M720,Sections!$A$2:$D$200,4,FALSE))","v":"Pavement Traffic Markings"}]
[{"$f":"IF(Start!A721=\"\",\"\",Start!A721)","v":""},{"$f":"IF(Start!B721=\"\",\"\",Start!B721)","v":"808-10119"},{"$f":"IF(Start!C721=\"\",\"\",Start!C721)","v":"TRANSVERSE MARKING, MULTI-COMPONENT,"},{"$f":"IF(Start!D721=\"\",\"\",Start!D721)","v":477},{"$f":"IF(Start!E721=\"\",\"\",Start!E721)","v":0},{"$f":"IF(Start!F721=\"\",\"\",Start!F721)","v":"L.F."},{"$f":"IF(Start!G721=\"\",\"\",Start!G721)","v":7.88},{"$f":"IF(Start!H721=\"\",\"\",Start!H721)","v":3758.76},3,{"$f":"IF(I721=\"\",\"\",LOOKUP(I721,{1,\"01\";2,\"02\";3,\"03\";4,\"04\";5,\"05\";6,\"06\";7,\"07\";8,\"08\";9,\"09\";10,\"10\";11,\"11\";12,\"12\";13,\"13\";14,\"14\";15,\"15\"}))","v":"03"},"03. Milestone Contractors, L.P.",800,808,{"$f":"IF(B721=\"\",\"\",VLOOKUP(M721,Sections!$A$2:$D$200,3,FALSE))","v":"Traffic Control Devices And Lighting"},{"$f":"IF(B721=\"\",\"\",VLOOKUP(M721,Sections!$A$2:$D$200,4,FALSE))","v":"Pavement Traffic Markings"}]
[{"$f":"IF(Start!A722=\"\",\"\",Start!A722)","v":""},{"$f":"IF(Start!B722=\"\",\"\",Start!B722)","v":"808-75245"},{"$f":"IF(Start!C722=\"\",\"\",Start!C722)","v":"LINE, THERMOPLASTIC, SOLID, YELLOW, 4 IN."},{"$f":"IF(Start!D722=\"\",\"\",Start!D722)","v":3086},{"$f":"IF(Start!E722=\"\",\"\",Start!E722)","v":0},{"$f":"IF(Start!F722=\"\",\"\",Start!F722)","v":"L.F."},{"$f":"IF(Start!G722=\"\",\"\",Start!G722)","v":0.35000000000000003},{"$f":"IF(Start!H722=\"\",\"\",Start!H722)","v":1080.1000000000001},3,{"$f":"IF(I722=\"\",\"\",LOOKUP(I722,{1,\"01\";2,\"02\";3,\"03\";4,\"04\";5,\"05\";6,\"06\";7,\"07\";8,\"08\";9,\"09\";10,\"10\";11,\"11\";12,\"12\";13,\"13\";14,\"14\";15,\"15\"}))","v":"03"},"03. Milestone Contractors, L.P.",800,808,{"$f":"IF(B722=\"\",\"\",VLOOKUP(M722,Sections!$A$2:$D$200,3,FALSE))","v":"Traffic Control Devices And Lighting"},{"$f":"IF(B722=\"\",\"\",VLOOKUP(M722,Sections!$A$2:$D$200,4,FALSE))","v":"Pavement Traffic Markings"}]
[{"$f":"IF(Start!A723=\"\",\"\",Start!A723)","v":""},{"$f":"IF(Start!B723=\"\",\"\",Start!B723)","v":"808-75998"},{"$f":"IF(Start!C723=\"\",\"\",Start!C723)","v":"SNOWPLOWABLE RAISED PAVEMENT MARKER"},{"$f":"IF(Start!D723=\"\",\"\",Start!D723)","v":432},{"$f":"IF(Start!E723=\"\",\"\",Start!E723)","v":0},{"$f":"IF(Start!F723=\"\",\"\",Start!F723)","v":"EACH"},{"$f":"IF(Start!G723=\"\",\"\",Start!G723)","v":18.79},{"$f":"IF(Start!H723=\"\",\"\",Start!H723)","v":8117.28},3,{"$f":"IF(I723=\"\",\"\",LOOKUP(I723,{1,\"01\";2,\"02\";3,\"03\";4,\"04\";5,\"05\";6,\"06\";7,\"07\";8,\"08\";9,\"09\";10,\"10\";11,\"11\";12,\"12\";13,\"13\";14,\"14\";15,\"15\"}))","v":"03"},"03. Milestone Contractors, L.P.",800,808,{"$f":"IF(B723=\"\",\"\",VLOOKUP(M723,Sections!$A$2:$D$200,3,FALSE))","v":"Traffic Control Devices And Lighting"},{"$f":"IF(B723=\"\",\"\",VLOOKUP(M723,Sections!$A$2:$D$200,4,FALSE))","v":"Pavement Traffic Markings"}]
[{"$f":"IF(Start!A724=\"\",\"\",Start!A724)","v":""},{"$f":"IF(Start!B724=\"\",\"\",Start!B724)","v":"202-01405"},{"$f":"IF(Start!C724=\"\",\"\",Start!C724)","v":"CONTAMINATED SOIL, REMOVE AND DISPOSE"},{"$f":"IF(Start!D724=\"\",\"\",Start!D724)","v":20},{"$f":"IF(Start!E724=\"\",\"\",Start!E724)","v":0},{"$f":"IF(Start!F724=\"\",\"\",Start!F724)","v":"C.Y."},{"$f":"IF(Start!G724=\"\",\"\",Start!G724)","v":150.52000000000001},{"$f":"IF(Start!H724=\"\",\"\",Start!H724)","v":3010.4},3,{"$f":"IF(I724=\"\",\"\",LOOKUP(I724,{1,\"01\";2,\"02\";3,\"03\";4,\"04\";5,\"05\";6,\"06\";7,\"07\";8,\"08\";9,\"09\";10,\"10\";11,\"11\";12,\"12\";13,\"13\";14,\"14\";15,\"15\"}))","v":"03"},"03. Milestone Contractors, L.P.",200,202,{"$f":"IF(B724=\"\",\"\",VLOOKUP(M724,Sections!$A$2:$D$200,3,FALSE))","v":"Earthwork"},{"$f":"IF(B724=\"\",\"\",VLOOKUP(M724,Sections!$A$2:$D$200,4,FALSE))","v":"Removal Of Structures And Obstructions"}]
[{"$f":"IF(Start!A725=\"\",\"\",Start!A725)","v":""},{"$f":"IF(Start!B725=\"\",\"\",Start!B725)","v":"406-05520"},{"$f":"IF(Start!C725=\"\",\"\",Start!C725)","v":"ASPHALT MATERIAL FOR TACK COAT"},{"$f":"IF(Start!D725=\"\",\"\",Start!D725)","v":6},{"$f":"IF(Start!E725=\"\",\"\",Start!E725)","v":0},{"$f":"IF(Start!F725=\"\",\"\",Start!F725)","v":"TON"},{"$f":"IF(Start!G725=\"\",\"\",Start!G725)","v":100},{"$f":"IF(Start!H725=\"\",\"\",Start!H725)","v":600},3,{"$f":"IF(I725=\"\",\"\",LOOKUP(I725,{1,\"01\";2,\"02\";3,\"03\";4,\"04\";5,\"05\";6,\"06\";7,\"07\";8,\"08\";9,\"09\";10,\"10\";11,\"11\";12,\"12\";13,\"13\";14,\"14\";15,\"15\"}))","v":"03"},"03. Milestone Contractors, L.P.",400,406,{"$f":"IF(B725=\"\",\"\",VLOOKUP(M725,Sections!$A$2:$D$200,3,FALSE))","v":"Asphalt Pavements"},{"$f":"IF(B725=\"\",\"\",VLOOKUP(M725,Sections!$A$2:$D$200,4,FALSE))","v":"Tack Coat"}]
[{"$f":"IF(Start!A726=\"\",\"\",Start!A726)","v":""},{"$f":"IF(Start!B726=\"\",\"\",Start!B726)","v":"805-01815"},{"$f":"IF(Start!C726=\"\",\"\",Start!C726)","v":"SIGNAL SUPPORT FOUNDATION, 3 FT. X 12 FT."},{"$f":"IF(Start!D726=\"\",\"\",Start!D726)","v":10},{"$f":"IF(Start!E726=\"\",\"\",Start!E726)","v":0},{"$f":"IF(Start!F726=\"\",\"\",Start!F726)","v":"EACH"},{"$f":"IF(Start!G726=\"\",\"\",Start!G726)","v":2010},{"$f":"IF(Start!H726=\"\",\"\",Start!H726)","v":20100},3,{"$f":"IF(I726=\"\",\"\",LOOKUP(I726,{1,\"01\";2,\"02\";3,\"03\";4,\"04\";5,\"05\";6,\"06\";7,\"07\";8,\"08\";9,\"09\";10,\"10\";11,\"11\";12,\"12\";13,\"13\";14,\"14\";15,\"15\"}))","v":"03"},"03. Milestone Contractors, L.P.",800,805,{"$f":"IF(B726=\"\",\"\",VLOOKUP(M726,Sections!$A$2:$D$200,3,FALSE))","v":"Traffic Control Devices And Lighting"},{"$f":"IF(B726=\"\",\"\",VLOOKUP(M726,Sections!$A$2:$D$200,4,FALSE))","v":"Traffic Signals"}]
[{"$f":"IF(Start!A727=\"\",\"\",Start!A727)","v":""},{"$f":"IF(Start!B727=\"\",\"\",Start!B727)","v":"808-10066"},{"$f":"IF(Start!C727=\"\",\"\",Start!C727)","v":"PAVEMENT MESSAGE MARKINGS,"},{"$f":"IF(Start!D727=\"\",\"\",Start!D727)","v":5},{"$f":"IF(Start!E727=\"\",\"\",Start!E727)","v":0},{"$f":"IF(Start!F727=\"\",\"\",Start!F727)","v":"EACH"},{"$f":"IF(Start!G727=\"\",\"\",Start!G727)","v":98},{"$f":"IF(Start!H727=\"\",\"\",Start!H727)","v":490},3,{"$f":"IF(I727=\"\",\"\",LOOKUP(I727,{1,\"01\";2,\"02\";3,\"03\";4,\"04\";5,\"05\";6,\"06\";7,\"07\";8,\"08\";9,\"09\";10,\"10\";11,\"11\";12,\"12\";13,\"13\";14,\"14\";15,\"15\"}))","v":"03"},"03. Milestone Contractors, L.P.",800,808,{"$f":"IF(B727=\"\",\"\",VLOOKUP(M727,Sections!$A$2:$D$200,3,FALSE))","v":"Traffic Control Devices And Lighting"},{"$f":"IF(B727=\"\",\"\",VLOOKUP(M727,Sections!$A$2:$D$200,4,FALSE))","v":"Pavement Traffic Markings"}]
[{"$f":"IF(Start!A728=\"\",\"\",Start!A728)","v":""},{"$f":"IF(Start!B728=\"\",\"\",Start!B728)","v":"808-10077"},{"$f":"IF(Start!C728=\"\",\"\",Start!C728)","v":"PAVEMENT MESSAGE MARKINGS,"},{"$f":"IF(Start!D728=\"\",\"\",Start!D728)","v":51},{"$f":"IF(Start!E728=\"\",\"\",Start!E728)","v":0},{"$f":"IF(Start!F728=\"\",\"\",Start!F728)","v":"EACH"},{"$f":"IF(Start!G728=\"\",\"\",Start!G728)","v":80},{"$f":"IF(Start!H728=\"\",\"\",Start!H728)","v":4080},3,{"$f":"IF(I728=\"\",\"\",LOOKUP(I728,{1,\"01\";2,\"02\";3,\"03\";4,\"04\";5,\"05\";6,\"06\";7,\"07\";8,\"08\";9,\"09\";10,\"10\";11,\"11\";12,\"12\";13,\"13\";14,\"14\";15,\"15\"}))","v":"03"},"03. Milestone Contractors, L.P.",800,808,{"$f":"IF(B728=\"\",\"\",VLOOKUP(M728,Sections!$A$2:$D$200,3,FALSE))","v":"Traffic Control Devices And Lighting"},{"$f":"IF(B728=\"\",\"\",VLOOKUP(M728,Sections!$A$2:$D$200,4,FALSE))","v":"Pavement Traffic Markings"}]
[{"$f":"IF(Start!A729=\"\",\"\",Start!A729)","v":""},{"$f":"IF(Start!B729=\"\",\"\",Start!B729)","v":"808-10052"},{"$f":"IF(Start!C729=\"\",\"\",Start!C729)","v":"PAVEMENT MESSAGE MKG, MULTI-COMP, (ONLY"},{"$f":"IF(Start!D729=\"\",\"\",Start!D729)","v":20},{"$f":"IF(Start!E729=\"\",\"\",Start!E729)","v":0},{"$f":"IF(Start!F729=\"\",\"\",Start!F729)","v":"EACH"},{"$f":"IF(Start!G729=\"\",\"\",Start!G729)","v":99},{"$f":"IF(Start!H729=\"\",\"\",Start!H729)","v":1980},3,{"$f":"IF(I729=\"\",\"\",LOOKUP(I729,{1,\"01\";2,\"02\";3,\"03\";4,\"04\";5,\"05\";6,\"06\";7,\"07\";8,\"08\";9,\"09\";10,\"10\";11,\"11\";12,\"12\";13,\"13\";14,\"14\";15,\"15\"}))","v":"03"},"03. Milestone Contractors, L.P.",800,808,{"$f":"IF(B729=\"\",\"\",VLOOKUP(M729,Sections!$A$2:$D$200,3,FALSE))","v":"Traffic Control Devices And Lighting"},{"$f":"IF(B729=\"\",\"\",VLOOKUP(M729,Sections!$A$2:$D$200,4,FALSE))","v":"Pavement Traffic Markings"}]
[{"$f":"IF(Start!A730=\"\",\"\",Start!A730)","v":""},{"$f":"IF(Start!B730=\"\",\"\",Start!B730)","v":"808-75996"},{"$f":"IF(Start!C730=\"\",\"\",Start!C730)","v":"SNOWPLOWABLE RAISED PAVEMENT MARKER, REMOVE"},{"$f":"IF(Start!D730=\"\",\"\",Start!D730)","v":200},{"$f":"IF(Start!E730=\"\",\"\",Start!E730)","v":0},{"$f":"IF(Start!F730=\"\",\"\",Start!F730)","v":"EACH"},{"$f":"IF(Start!G730=\"\",\"\",Start!G730)","v":4},{"$f":"IF(Start!H730=\"\",\"\",Start!H730)","v":800},3,{"$f":"IF(I730=\"\",\"\",LOOKUP(I730,{1,\"01\";2,\"02\";3,\"03\";4,\"04\";5,\"05\";6,\"06\";7,\"07\";8,\"08\";9,\"09\";10,\"10\";11,\"11\";12,\"12\";13,\"13\";14,\"14\";15,\"15\"}))","v":"03"},"03. Milestone Contractors, L.P.",800,808,{"$f":"IF(B730=\"\",\"\",VLOOKUP(M730,Sections!$A$2:$D$200,3,FALSE))","v":"Traffic Control Devices And Lighting"},{"$f":"IF(B730=\"\",\"\",VLOOKUP(M730,Sections!$A$2:$D$200,4,FALSE))","v":"Pavement Traffic Markings"}]
[{"$f":"IF(Start!A731=\"\",\"\",Start!A731)","v":""},{"$f":"IF(Start!B731=\"\",\"\",Start!B731)","v":"801-07023"},{"$f":"IF(Start!C731=\"\",\"\",Start!C731)","v":"ENERGY ABSORBIBG TERMINAL, CZ, TL-2"},{"$f":"IF(Start!D731=\"\",\"\",Start!D731)","v":5},{"$f":"IF(Start!E731=\"\",\"\",Start!E731)","v":0},{"$f":"IF(Start!F731=\"\",\"\",Start!F731)","v":"EACH"},{"$f":"IF(Start!G731=\"\",\"\",Start!G731)","v":6900},{"$f":"IF(Start!H731=\"\",\"\",Start!H731)","v":34500},3,{"$f":"IF(I731=\"\",\"\",LOOKUP(I731,{1,\"01\";2,\"02\";3,\"03\";4,\"04\";5,\"05\";6,\"06\";7,\"07\";8,\"08\";9,\"09\";10,\"10\";11,\"11\";12,\"12\";13,\"13\";14,\"14\";15,\"15\"}))","v":"03"},"03. Milestone Contractors, L.P.",800,801,{"$f":"IF(B731=\"\",\"\",VLOOKUP(M731,Sections!$A$2:$D$200,3,FALSE))","v":"Traffic Control Devices And Lighting"},{"$f":"IF(B731=\"\",\"\",VLOOKUP(M731,Sections!$A$2:$D$200,4,FALSE))","v":"Traffic Controls For Construction And Maintenance Operations"}]
[{"$f":"IF(Start!A732=\"\",\"\",Start!A732)","v":""},{"$f":"IF(Start!B732=\"\",\"\",Start!B732)","v":"720-45140"},{"$f":"IF(Start!C732=\"\",\"\",Start!C732)","v":"INLET, G7, MODIFIED"},{"$f":"IF(Start!D732=\"\",\"\",Start!D732)","v":1},{"$f":"IF(Start!E732=\"\",\"\",Start!E732)","v":0},{"$f":"IF(Start!F732=\"\",\"\",Start!F732)","v":"EACH"},{"$f":"IF(Start!G732=\"\",\"\",Start!G732)","v":1725},{"$f":"IF(Start!H732=\"\",\"\",Start!H732)","v":1725},3,{"$f":"IF(I732=\"\",\"\",LOOKUP(I732,{1,\"01\";2,\"02\";3,\"03\";4,\"04\";5,\"05\";6,\"06\";7,\"07\";8,\"08\";9,\"09\";10,\"10\";11,\"11\";12,\"12\";13,\"13\";14,\"14\";15,\"15\"}))","v":"03"},"03. Milestone Contractors, L.P.",700,720,{"$f":"IF(B732=\"\",\"\",VLOOKUP(M732,Sections!$A$2:$D$200,3,FALSE))","v":"Structures"},{"$f":"IF(B732=\"\",\"\",VLOOKUP(M732,Sections!$A$2:$D$200,4,FALSE))","v":"Manholes, Inlets, And Catch Basins"}]
[{"$f":"IF(Start!A733=\"\",\"\",Start!A733)","v":""},{"$f":"IF(Start!B733=\"\",\"\",Start!B733)","v":"202-92222"},{"$f":"IF(Start!C733=\"\",\"\",Start!C733)","v":"TESTING FOR CONTAMINATED MATERIALS, TPH (SOIL"},{"$f":"IF(Start!D733=\"\",\"\",Start!D733)","v":5},{"$f":"IF(Start!E733=\"\",\"\",Start!E733)","v":0},{"$f":"IF(Start!F733=\"\",\"\",Start!F733)","v":"EACH"},{"$f":"IF(Start!G733=\"\",\"\",Start!G733)","v":600},{"$f":"IF(Start!H733=\"\",\"\",Start!H733)","v":3000},3,{"$f":"IF(I733=\"\",\"\",LOOKUP(I733,{1,\"01\";2,\"02\";3,\"03\";4,\"04\";5,\"05\";6,\"06\";7,\"07\";8,\"08\";9,\"09\";10,\"10\";11,\"11\";12,\"12\";13,\"13\";14,\"14\";15,\"15\"}))","v":"03"},"03. Milestone Contractors, L.P.",200,202,{"$f":"IF(B733=\"\",\"\",VLOOKUP(M733,Sections!$A$2:$D$200,3,FALSE))","v":"Earthwork"},{"$f":"IF(B733=\"\",\"\",VLOOKUP(M733,Sections!$A$2:$D$200,4,FALSE))","v":"Removal Of Structures And Obstructions"}]
[{"$f":"IF(Start!A734=\"\",\"\",Start!A734)","v":""},{"$f":"IF(Start!B734=\"\",\"\",Start!B734)","v":"807-01603"},{"$f":"IF(Start!C734=\"\",\"\",Start!C734)","v":"SERVICE POINT, TYPE II"},{"$f":"IF(Start!D734=\"\",\"\",Start!D734)","v":2},{"$f":"IF(Start!E734=\"\",\"\",Start!E734)","v":0},{"$f":"IF(Start!F734=\"\",\"\",Start!F734)","v":"EACH"},{"$f":"IF(Start!G734=\"\",\"\",Start!G734)","v":3200},{"$f":"IF(Start!H734=\"\",\"\",Start!H734)","v":6400},3,{"$f":"IF(I734=\"\",\"\",LOOKUP(I734,{1,\"01\";2,\"02\";3,\"03\";4,\"04\";5,\"05\";6,\"06\";7,\"07\";8,\"08\";9,\"09\";10,\"10\";11,\"11\";12,\"12\";13,\"13\";14,\"14\";15,\"15\"}))","v":"03"},"03. Milestone Contractors, L.P.",800,807,{"$f":"IF(B734=\"\",\"\",VLOOKUP(M734,Sections!$A$2:$D$200,3,FALSE))","v":"Traffic Control Devices And Lighting"},{"$f":"IF(B734=\"\",\"\",VLOOKUP(M734,Sections!$A$2:$D$200,4,FALSE))","v":"Highway Illumination"}]
[{"$f":"IF(Start!A735=\"\",\"\",Start!A735)","v":""},{"$f":"IF(Start!B735=\"\",\"\",Start!B735)","v":"202-95579"},{"$f":"IF(Start!C735=\"\",\"\",Start!C735)","v":"SERVICE POINT, REMOVE"},{"$f":"IF(Start!D735=\"\",\"\",Start!D735)","v":2},{"$f":"IF(Start!E735=\"\",\"\",Start!E735)","v":0},{"$f":"IF(Start!F735=\"\",\"\",Start!F735)","v":"EACH"},{"$f":"IF(Start!G735=\"\",\"\",Start!G735)","v":150},{"$f":"IF(Start!H735=\"\",\"\",Start!H735)","v":300},3,{"$f":"IF(I735=\"\",\"\",LOOKUP(I735,{1,\"01\";2,\"02\";3,\"03\";4,\"04\";5,\"05\";6,\"06\";7,\"07\";8,\"08\";9,\"09\";10,\"10\";11,\"11\";12,\"12\";13,\"13\";14,\"14\";15,\"15\"}))","v":"03"},"03. Milestone Contractors, L.P.",200,202,{"$f":"IF(B735=\"\",\"\",VLOOKUP(M735,Sections!$A$2:$D$200,3,FALSE))","v":"Earthwork"},{"$f":"IF(B735=\"\",\"\",VLOOKUP(M735,Sections!$A$2:$D$200,4,FALSE))","v":"Removal Of Structures And Obstructions"}]
[{"$f":"IF(Start!A736=\"\",\"\",Start!A736)","v":""},{"$f":"IF(Start!B736=\"\",\"\",Start!B736)","v":"621-06553"},{"$f":"IF(Start!C736=\"\",\"\",Start!C736)","v":"SEED MIXTURE, R"},{"$f":"IF(Start!D736=\"\",\"\",Start!D736)","v":2000},{"$f":"IF(Start!E736=\"\",\"\",Start!E736)","v":0},{"$f":"IF(Start!F736=\"\",\"\",Start!F736)","v":"LBS"},{"$f":"IF(Start!G736=\"\",\"\",Start!G736)","v":2.73},{"$f":"IF(Start!H736=\"\",\"\",Start!H736)","v":5460},3,{"$f":"IF(I736=\"\",\"\",LOOKUP(I736,{1,\"01\";2,\"02\";3,\"03\";4,\"04\";5,\"05\";6,\"06\";7,\"07\";8,\"08\";9,\"09\";10,\"10\";11,\"11\";12,\"12\";13,\"13\";14,\"14\";15,\"15\"}))","v":"03"},"03. Milestone Contractors, L.P.",600,621,{"$f":"IF(B736=\"\",\"\",VLOOKUP(M736,Sections!$A$2:$D$200,3,FALSE))","v":"Incidental Construction"},{"$f":"IF(B736=\"\",\"\",VLOOKUP(M736,Sections!$A$2:$D$200,4,FALSE))","v":"Seeding And Sodding"}]
[{"$f":"IF(Start!A737=\"\",\"\",Start!A737)","v":""},{"$f":"IF(Start!B737=\"\",\"\",Start!B737)","v":"801-06625"},{"$f":"IF(Start!C737=\"\",\"\",Start!C737)","v":"DETOUR ROUTE MARKER ASSEMBLY"},{"$f":"IF(Start!D737=\"\",\"\",Start!D737)","v":15},{"$f":"IF(Start!E737=\"\",\"\",Start!E737)","v":0},{"$f":"IF(Start!F737=\"\",\"\",Start!F737)","v":"EACH"},{"$f":"IF(Start!G737=\"\",\"\",Start!G737)","v":89},{"$f":"IF(Start!H737=\"\",\"\",Start!H737)","v":1335},3,{"$f":"IF(I737=\"\",\"\",LOOKUP(I737,{1,\"01\";2,\"02\";3,\"03\";4,\"04\";5,\"05\";6,\"06\";7,\"07\";8,\"08\";9,\"09\";10,\"10\";11,\"11\";12,\"12\";13,\"13\";14,\"14\";15,\"15\"}))","v":"03"},"03. Milestone Contractors, L.P.",800,801,{"$f":"IF(B737=\"\",\"\",VLOOKUP(M737,Sections!$A$2:$D$200,3,FALSE))","v":"Traffic Control Devices And Lighting"},{"$f":"IF(B737=\"\",\"\",VLOOKUP(M737,Sections!$A$2:$D$200,4,FALSE))","v":"Traffic Controls For Construction And Maintenance Operations"}]
[{"$f":"IF(Start!A738=\"\",\"\",Start!A738)","v":""},{"$f":"IF(Start!B738=\"\",\"\",Start!B738)","v":"801-06539"},{"$f":"IF(Start!C738=\"\",\"\",Start!C738)","v":"TEMPORARY TRAFFIC SIGNAL INSTALLATION, MAINTA"},{"$f":"IF(Start!D738=\"\",\"\",Start!D738)","v":1},{"$f":"IF(Start!E738=\"\",\"\",Start!E738)","v":0},{"$f":"IF(Start!F738=\"\",\"\",Start!F738)","v":"L.S."},{"$f":"IF(Start!G738=\"\",\"\",Start!G738)","v":4100},{"$f":"IF(Start!H738=\"\",\"\",Start!H738)","v":4100},3,{"$f":"IF(I738=\"\",\"\",LOOKUP(I738,{1,\"01\";2,\"02\";3,\"03\";4,\"04\";5,\"05\";6,\"06\";7,\"07\";8,\"08\";9,\"09\";10,\"10\";11,\"11\";12,\"12\";13,\"13\";14,\"14\";15,\"15\"}))","v":"03"},"03. Milestone Contractors, L.P.",800,801,{"$f":"IF(B738=\"\",\"\",VLOOKUP(M738,Sections!$A$2:$D$200,3,FALSE))","v":"Traffic Control Devices And Lighting"},{"$f":"IF(B738=\"\",\"\",VLOOKUP(M738,Sections!$A$2:$D$200,4,FALSE))","v":"Traffic Controls For Construction And Maintenance Operations"}]
[{"$f":"IF(Start!A739=\"\",\"\",Start!A739)","v":""},{"$f":"IF(Start!B739=\"\",\"\",Start!B739)","v":""},{"$f":"IF(Start!C739=\"\",\"\",Start!C739)","v":""},{"$f":"IF(Start!D739=\"\",\"\",Start!D739)","v":0},{"$f":"IF(Start!E739=\"\",\"\",Start!E739)","v":0},{"$f":"IF(Start!F739=\"\",\"\",Start!F739)","v":""},{"$f":"IF(Start!G739=\"\",\"\",Start!G739)","v":0},{"$f":"IF(Start!H739=\"\",\"\",Start!H739)","v":0},"",{"$f":"IF(I739=\"\",\"\",LOOKUP(I739,{1,\"01\";2,\"02\";3,\"03\";4,\"04\";5,\"05\";6,\"06\";7,\"07\";8,\"08\";9,\"09\";10,\"10\";11,\"11\";12,\"12\";13,\"13\";14,\"14\";15,\"15\"}))","v":""},"","","",{"$f":"IF(B739=\"\",\"\",VLOOKUP(M739,Sections!$A$2:$D$200,3,FALSE))","v":""},{"$f":"IF(B739=\"\",\"\",VLOOKUP(M739,Sections!$A$2:$D$200,4,FALSE))","v":""}]
[{"$f":"IF(Start!A740=\"\",\"\",Start!A740)","v":"35-0918397"},{"$f":"IF(Start!B740=\"\",\"\",Start!B740)","v":""},{"$f":"IF(Start!C740=\"\",\"\",Start!C740)","v":"RIETH-RILEY CONSTRUCTION"},{"$f":"IF(Start!D740=\"\",\"\",Start!D740)","v":4},{"$f":"IF(Start!E740=\"\",\"\",Start!E740)","v":0},{"$f":"IF(Start!F740=\"\",\"\",Start!F740)","v":""},{"$f":"IF(Start!G740=\"\",\"\",Start!G740)","v":0},{"$f":"IF(Start!H740=\"\",\"\",Start!H740)","v":0},4,{"$f":"IF(I740=\"\",\"\",LOOKUP(I740,{1,\"01\";2,\"02\";3,\"03\";4,\"04\";5,\"05\";6,\"06\";7,\"07\";8,\"08\";9,\"09\";10,\"10\";11,\"11\";12,\"12\";13,\"13\";14,\"14\";15,\"15\"}))","v":"04"},"04. Rieth-Riley Construction","","",{"$f":"IF(B740=\"\",\"\",VLOOKUP(M740,Sections!$A$2:$D$200,3,FALSE))","v":""},{"$f":"IF(B740=\"\",\"\",VLOOKUP(M740,Sections!$A$2:$D$200,4,FALSE))","v":""}]
[{"$f":"IF(Start!A741=\"\",\"\",Start!A741)","v":""},{"$f":"IF(Start!B741=\"\",\"\",Start!B741)","v":"105-06845"},{"$f":"IF(Start!C741=\"\",\"\",Start!C741)","v":"CONSTRUCTION ENGINEERING"},{"$f":"IF(Start!D741=\"\",\"\",Start!D741)","v":1},{"$f":"IF(Start!E741=\"\",\"\",Start!E741)","v":0},{"$f":"IF(Start!F741=\"\",\"\",Start!F741)","v":"L.S."},{"$f":"IF(Start!G741=\"\",\"\",Start!G741)","v":200000},{"$f":"IF(Start!H741=\"\",\"\",Start!H741)","v":200000},4,{"$f":"IF(I741=\"\",\"\",LOOKUP(I741,{1,\"01\";2,\"02\";3,\"03\";4,\"04\";5,\"05\";6,\"06\";7,\"07\";8,\"08\";9,\"09\";10,\"10\";11,\"11\";12,\"12\";13,\"13\";14,\"14\";15,\"15\"}))","v":"04"},"04. Rieth-Riley Construction",100,105,{"$f":"IF(B741=\"\",\"\",VLOOKUP(M741,Sections!$A$2:$D$200,3,FALSE))","v":"General Provisions"},{"$f":"IF(B741=\"\",\"\",VLOOKUP(M741,Sections!$A$2:$D$200,4,FALSE))","v":"Control Of Work"}]
[{"$f":"IF(Start!A742=\"\",\"\",Start!A742)","v":""},{"$f":"IF(Start!B742=\"\",\"\",Start!B742)","v":"105-09645"},{"$f":"IF(Start!C742=\"\",\"\",Start!C742)","v":"CONSTRUCTION ENGINEERING AND INSPECTION"},{"$f":"IF(Start!D742=\"\",\"\",Start!D742)","v":1},{"$f":"IF(Start!E742=\"\",\"\",Start!E742)","v":0},{"$f":"IF(Start!F742=\"\",\"\",Start!F742)","v":"L.S."},{"$f":"IF(Start!G742=\"\",\"\",Start!G742)","v":20000},{"$f":"IF(Start!H742=\"\",\"\",Start!H742)","v":20000},4,{"$f":"IF(I742=\"\",\"\",LOOKUP(I742,{1,\"01\";2,\"02\";3,\"03\";4,\"04\";5,\"05\";6,\"06\";7,\"07\";8,\"08\";9,\"09\";10,\"10\";11,\"11\";12,\"12\";13,\"13\";14,\"14\";15,\"15\"}))","v":"04"},"04. Rieth-Riley Construction",100,105,{"$f":"IF(B742=\"\",\"\",VLOOKUP(M742,Sections!$A$2:$D$200,3,FALSE))","v":"General Provisions"},{"$f":"IF(B742=\"\",\"\",VLOOKUP(M742,Sections!$A$2:$D$200,4,FALSE))","v":"Control Of Work"}]
[{"$f":"IF(Start!A743=\"\",\"\",Start!A743)","v":""},{"$f":"IF(Start!B743=\"\",\"\",Start!B743)","v":"109-08359"},{"$f":"IF(Start!C743=\"\",\"\",Start!C743)","v":"LIQUIDATED DAMAGES"},{"$f":"IF(Start!D743=\"\",\"\",Start!D743)","v":1},{"$f":"IF(Start!E743=\"\",\"\",Start!E743)","v":0},{"$f":"IF(Start!F743=\"\",\"\",Start!F743)","v":"$"},{"$f":"IF(Start!G743=\"\",\"\",Start!G743)","v":1},{"$f":"IF(Start!H743=\"\",\"\",Start!H743)","v":1},4,{"$f":"IF(I743=\"\",\"\",LOOKUP(I743,{1,\"01\";2,\"02\";3,\"03\";4,\"04\";5,\"05\";6,\"06\";7,\"07\";8,\"08\";9,\"09\";10,\"10\";11,\"11\";12,\"12\";13,\"13\";14,\"14\";15,\"15\"}))","v":"04"},"04. Rieth-Riley Construction",100,109,{"$f":"IF(B743=\"\",\"\",VLOOKUP(M743,Sections!$A$2:$D$200,3,FALSE))","v":"General Provisions"},{"$f":"IF(B743=\"\",\"\",VLOOKUP(M743,Sections!$A$2:$D$200,4,FALSE))","v":"Measurement And Payment"}]
[{"$f":"IF(Start!A744=\"\",\"\",Start!A744)","v":""},{"$f":"IF(Start!B744=\"\",\"\",Start!B744)","v":"109-08360"},{"$f":"IF(Start!C744=\"\",\"\",Start!C744)","v":"CONTRACT LIENS"},{"$f":"IF(Start!D744=\"\",\"\",Start!D744)","v":1},{"$f":"IF(Start!E744=\"\",\"\",Start!E744)","v":0},{"$f":"IF(Start!F744=\"\",\"\",Start!F744)","v":"$"},{"$f":"IF(Start!G744=\"\",\"\",Start!G744)","v":1},{"$f":"IF(Start!H744=\"\",\"\",Start!H744)","v":1},4,{"$f":"IF(I744=\"\",\"\",LOOKUP(I744,{1,\"01\";2,\"02\";3,\"03\";4,\"04\";5,\"05\";6,\"06\";7,\"07\";8,\"08\";9,\"09\";10,\"10\";11,\"11\";12,\"12\";13,\"13\";14,\"14\";15,\"15\"}))","v":"04"},"04. Rieth-Riley Construction",100,109,{"$f":"IF(B744=\"\",\"\",VLOOKUP(M744,Sections!$A$2:$D$200,3,FALSE))","v":"General Provisions"},{"$f":"IF(B744=\"\",\"\",VLOOKUP(M744,Sections!$A$2:$D$200,4,FALSE))","v":"Measurement And Payment"}]
[{"$f":"IF(Start!A745=\"\",\"\",Start!A745)","v":""},{"$f":"IF(Start!B745=\"\",\"\",Start!B745)","v":"109-08443"},{"$f":"IF(Start!C745=\"\",\"\",Start!C745)","v":"QUALITY ADJUSTMENTS, TEMPORARY TRAFFIC CONTRO"},{"$f":"IF(Start!D745=\"\",\"\",Start!D745)","v":1},{"$f":"IF(Start!E745=\"\",\"\",Start!E745)","v":0},{"$f":"IF(Start!F745=\"\",\"\",Start!F745)","v":"$"},{"$f":"IF(Start!G745=\"\",\"\",Start!G745)","v":1},{"$f":"IF(Start!H745=\"\",\"\",Start!H745)","v":1},4,{"$f":"IF(I745=\"\",\"\",LOOKUP(I745,{1,\"01\";2,\"02\";3,\"03\";4,\"04\";5,\"05\";6,\"06\";7,\"07\";8,\"08\";9,\"09\";10,\"10\";11,\"11\";12,\"12\";13,\"13\";14,\"14\";15,\"15\"}))","v":"04"},"04. Rieth-Riley Construction",100,109,{"$f":"IF(B745=\"\",\"\",VLOOKUP(M745,Sections!$A$2:$D$200,3,FALSE))","v":"General Provisions"},{"$f":"IF(B745=\"\",\"\",VLOOKUP(M745,Sections!$A$2:$D$200,4,FALSE))","v":"Measurement And Payment"}]
[{"$f":"IF(Start!A746=\"\",\"\",Start!A746)","v":""},{"$f":"IF(Start!B746=\"\",\"\",Start!B746)","v":"109-08444"},{"$f":"IF(Start!C746=\"\",\"\",Start!C746)","v":"QUALITY ADJUSTMENTS, FAILED MATERIALS"},{"$f":"IF(Start!D746=\"\",\"\",Start!D746)","v":1},{"$f":"IF(Start!E746=\"\",\"\",Start!E746)","v":0},{"$f":"IF(Start!F746=\"\",\"\",Start!F746)","v":"$"},{"$f":"IF(Start!G746=\"\",\"\",Start!G746)","v":1},{"$f":"IF(Start!H746=\"\",\"\",Start!H746)","v":1},4,{"$f":"IF(I746=\"\",\"\",LOOKUP(I746,{1,\"01\";2,\"02\";3,\"03\";4,\"04\";5,\"05\";6,\"06\";7,\"07\";8,\"08\";9,\"09\";10,\"10\";11,\"11\";12,\"12\";13,\"13\";14,\"14\";15,\"15\"}))","v":"04"},"04. Rieth-Riley Construction",100,109,{"$f":"IF(B746=\"\",\"\",VLOOKUP(M746,Sections!$A$2:$D$200,3,FALSE))","v":"General Provisions"},{"$f":"IF(B746=\"\",\"\",VLOOKUP(M746,Sections!$A$2:$D$200,4,FALSE))","v":"Measurement And Payment"}]
[{"$f":"IF(Start!A747=\"\",\"\",Start!A747)","v":""},{"$f":"IF(Start!B747=\"\",\"\",Start!B747)","v":"109-08463"},{"$f":"IF(Start!C747=\"\",\"\",Start!C747)","v":"PROJECT ESTIMATE ADJUSTMENT"},{"$f":"IF(Start!D747=\"\",\"\",Start!D747)","v":1},{"$f":"IF(Start!E747=\"\",\"\",Start!E747)","v":0},{"$f":"IF(Start!F747=\"\",\"\",Start!F747)","v":"$"},{"$f":"IF(Start!G747=\"\",\"\",Start!G747)","v":1},{"$f":"IF(Start!H747=\"\",\"\",Start!H747)","v":1},4,{"$f":"IF(I747=\"\",\"\",LOOKUP(I747,{1,\"01\";2,\"02\";3,\"03\";4,\"04\";5,\"05\";6,\"06\";7,\"07\";8,\"08\";9,\"09\";10,\"10\";11,\"11\";12,\"12\";13,\"13\";14,\"14\";15,\"15\"}))","v":"04"},"04. Rieth-Riley Construction",100,109,{"$f":"IF(B747=\"\",\"\",VLOOKUP(M747,Sections!$A$2:$D$200,3,FALSE))","v":"General Provisions"},{"$f":"IF(B747=\"\",\"\",VLOOKUP(M747,Sections!$A$2:$D$200,4,FALSE))","v":"Measurement And Payment"}]
[{"$f":"IF(Start!A748=\"\",\"\",Start!A748)","v":""},{"$f":"IF(Start!B748=\"\",\"\",Start!B748)","v":"109-09377"},{"$f":"IF(Start!C748=\"\",\"\",Start!C748)","v":"QUALITY ADJUSTMENT, PAVEMENT TRAFFIC"},{"$f":"IF(Start!D748=\"\",\"\",Start!D748)","v":1},{"$f":"IF(Start!E748=\"\",\"\",Start!E748)","v":0},{"$f":"IF(Start!F748=\"\",\"\",Start!F748)","v":"$"},{"$f":"IF(Start!G748=\"\",\"\",Start!G748)","v":1},{"$f":"IF(Start!H748=\"\",\"\",Start!H748)","v":1},4,{"$f":"IF(I748=\"\",\"\",LOOKUP(I748,{1,\"01\";2,\"02\";3,\"03\";4,\"04\";5,\"05\";6,\"06\";7,\"07\";8,\"08\";9,\"09\";10,\"10\";11,\"11\";12,\"12\";13,\"13\";14,\"14\";15,\"15\"}))","v":"04"},"04. Rieth-Riley Construction",100,109,{"$f":"IF(B748=\"\",\"\",VLOOKUP(M748,Sections!$A$2:$D$200,3,FALSE))","v":"General Provisions"},{"$f":"IF(B748=\"\",\"\",VLOOKUP(M748,Sections!$A$2:$D$200,4,FALSE))","v":"Measurement And Payment"}]
[{"$f":"IF(Start!A749=\"\",\"\",Start!A749)","v":""},{"$f":"IF(Start!B749=\"\",\"\",Start!B749)","v":"109-09489"},{"$f":"IF(Start!C749=\"\",\"\",Start!C749)","v":"PAYMENT ADJUSTMENT, PG ASPHALT BINDER"},{"$f":"IF(Start!D749=\"\",\"\",Start!D749)","v":1},{"$f":"IF(Start!E749=\"\",\"\",Start!E749)","v":0},{"$f":"IF(Start!F749=\"\",\"\",Start!F749)","v":"$"},{"$f":"IF(Start!G749=\"\",\"\",Start!G749)","v":1},{"$f":"IF(Start!H749=\"\",\"\",Start!H749)","v":1},4,{"$f":"IF(I749=\"\",\"\",LOOKUP(I749,{1,\"01\";2,\"02\";3,\"03\";4,\"04\";5,\"05\";6,\"06\";7,\"07\";8,\"08\";9,\"09\";10,\"10\";11,\"11\";12,\"12\";13,\"13\";14,\"14\";15,\"15\"}))","v":"04"},"04. Rieth-Riley Construction",100,109,{"$f":"IF(B749=\"\",\"\",VLOOKUP(M749,Sections!$A$2:$D$200,3,FALSE))","v":"General Provisions"},{"$f":"IF(B749=\"\",\"\",VLOOKUP(M749,Sections!$A$2:$D$200,4,FALSE))","v":"Measurement And Payment"}]
[{"$f":"IF(Start!A750=\"\",\"\",Start!A750)","v":""},{"$f":"IF(Start!B750=\"\",\"\",Start!B750)","v":"110-01001"},{"$f":"IF(Start!C750=\"\",\"\",Start!C750)","v":"MOBILIZATION AND DEMOBILIZATION"},{"$f":"IF(Start!D750=\"\",\"\",Start!D750)","v":1},{"$f":"IF(Start!E750=\"\",\"\",Start!E750)","v":0},{"$f":"IF(Start!F750=\"\",\"\",Start!F750)","v":"L.S."},{"$f":"IF(Start!G750=\"\",\"\",Start!G750)","v":1100000},{"$f":"IF(Start!H750=\"\",\"\",Start!H750)","v":1100000},4,{"$f":"IF(I750=\"\",\"\",LOOKUP(I750,{1,\"01\";2,\"02\";3,\"03\";4,\"04\";5,\"05\";6,\"06\";7,\"07\";8,\"08\";9,\"09\";10,\"10\";11,\"11\";12,\"12\";13,\"13\";14,\"14\";15,\"15\"}))","v":"04"},"04. Rieth-Riley Construction",100,110,{"$f":"IF(B750=\"\",\"\",VLOOKUP(M750,Sections!$A$2:$D$200,3,FALSE))","v":"General Provisions"},{"$f":"IF(B750=\"\",\"\",VLOOKUP(M750,Sections!$A$2:$D$200,4,FALSE))","v":"Mobilization And Demobilization"}]
[{"$f":"IF(Start!A751=\"\",\"\",Start!A751)","v":""},{"$f":"IF(Start!B751=\"\",\"\",Start!B751)","v":"201-52370"},{"$f":"IF(Start!C751=\"\",\"\",Start!C751)","v":"CLEARING RIGHT OF WAY"},{"$f":"IF(Start!D751=\"\",\"\",Start!D751)","v":1},{"$f":"IF(Start!E751=\"\",\"\",Start!E751)","v":0},{"$f":"IF(Start!F751=\"\",\"\",Start!F751)","v":"L.S."},{"$f":"IF(Start!G751=\"\",\"\",Start!G751)","v":150000},{"$f":"IF(Start!H751=\"\",\"\",Start!H751)","v":150000},4,{"$f":"IF(I751=\"\",\"\",LOOKUP(I751,{1,\"01\";2,\"02\";3,\"03\";4,\"04\";5,\"05\";6,\"06\";7,\"07\";8,\"08\";9,\"09\";10,\"10\";11,\"11\";12,\"12\";13,\"13\";14,\"14\";15,\"15\"}))","v":"04"},"04. Rieth-Riley Construction",200,201,{"$f":"IF(B751=\"\",\"\",VLOOKUP(M751,Sections!$A$2:$D$200,3,FALSE))","v":"Earthwork"},{"$f":"IF(B751=\"\",\"\",VLOOKUP(M751,Sections!$A$2:$D$200,4,FALSE))","v":"Clearing And Grubbing"}]
[{"$f":"IF(Start!A752=\"\",\"\",Start!A752)","v":""},{"$f":"IF(Start!B752=\"\",\"\",Start!B752)","v":"201-90788"},{"$f":"IF(Start!C752=\"\",\"\",Start!C752)","v":"DEBRIS, REMOVE"},{"$f":"IF(Start!D752=\"\",\"\",Start!D752)","v":1},{"$f":"IF(Start!E752=\"\",\"\",Start!E752)","v":0},{"$f":"IF(Start!F752=\"\",\"\",Start!F752)","v":"L.S."},{"$f":"IF(Start!G752=\"\",\"\",Start!G752)","v":6400},{"$f":"IF(Start!H752=\"\",\"\",Start!H752)","v":6400},4,{"$f":"IF(I752=\"\",\"\",LOOKUP(I752,{1,\"01\";2,\"02\";3,\"03\";4,\"04\";5,\"05\";6,\"06\";7,\"07\";8,\"08\";9,\"09\";10,\"10\";11,\"11\";12,\"12\";13,\"13\";14,\"14\";15,\"15\"}))","v":"04"},"04. Rieth-Riley Construction",200,201,{"$f":"IF(B752=\"\",\"\",VLOOKUP(M752,Sections!$A$2:$D$200,3,FALSE))","v":"Earthwork"},{"$f":"IF(B752=\"\",\"\",VLOOKUP(M752,Sections!$A$2:$D$200,4,FALSE))","v":"Clearing And Grubbing"}]
[{"$f":"IF(Start!A753=\"\",\"\",Start!A753)","v":""},{"$f":"IF(Start!B753=\"\",\"\",Start!B753)","v":"202-02240"},{"$f":"IF(Start!C753=\"\",\"\",Start!C753)","v":"PAVEMENT, REMOVE"},{"$f":"IF(Start!D753=\"\",\"\",Start!D753)","v":28674},{"$f":"IF(Start!E753=\"\",\"\",Start!E753)","v":0},{"$f":"IF(Start!F753=\"\",\"\",Start!F753)","v":"S.Y."},{"$f":"IF(Start!G753=\"\",\"\",Start!G753)","v":9.3000000000000007},{"$f":"IF(Start!H753=\"\",\"\",Start!H753)","v":266668.2},4,{"$f":"IF(I753=\"\",\"\",LOOKUP(I753,{1,\"01\";2,\"02\";3,\"03\";4,\"04\";5,\"05\";6,\"06\";7,\"07\";8,\"08\";9,\"09\";10,\"10\";11,\"11\";12,\"12\";13,\"13\";14,\"14\";15,\"15\"}))","v":"04"},"04. Rieth-Riley Construction",200,202,{"$f":"IF(B753=\"\",\"\",VLOOKUP(M753,Sections!$A$2:$D$200,3,FALSE))","v":"Earthwork"},{"$f":"IF(B753=\"\",\"\",VLOOKUP(M753,Sections!$A$2:$D$200,4,FALSE))","v":"Removal Of Structures And Obstructions"}]
[{"$f":"IF(Start!A754=\"\",\"\",Start!A754)","v":""},{"$f":"IF(Start!B754=\"\",\"\",Start!B754)","v":"202-02271"},{"$f":"IF(Start!C754=\"\",\"\",Start!C754)","v":"HEADWALL, REMOVE"},{"$f":"IF(Start!D754=\"\",\"\",Start!D754)","v":16},{"$f":"IF(Start!E754=\"\",\"\",Start!E754)","v":0},{"$f":"IF(Start!F754=\"\",\"\",Start!F754)","v":"EACH"},{"$f":"IF(Start!G754=\"\",\"\",Start!G754)","v":120},{"$f":"IF(Start!H754=\"\",\"\",Start!H754)","v":1920},4,{"$f":"IF(I754=\"\",\"\",LOOKUP(I754,{1,\"01\";2,\"02\";3,\"03\";4,\"04\";5,\"05\";6,\"06\";7,\"07\";8,\"08\";9,\"09\";10,\"10\";11,\"11\";12,\"12\";13,\"13\";14,\"14\";15,\"15\"}))","v":"04"},"04. Rieth-Riley Construction",200,202,{"$f":"IF(B754=\"\",\"\",VLOOKUP(M754,Sections!$A$2:$D$200,3,FALSE))","v":"Earthwork"},{"$f":"IF(B754=\"\",\"\",VLOOKUP(M754,Sections!$A$2:$D$200,4,FALSE))","v":"Removal Of Structures And Obstructions"}]
[{"$f":"IF(Start!A755=\"\",\"\",Start!A755)","v":""},{"$f":"IF(Start!B755=\"\",\"\",Start!B755)","v":"202-02272"},{"$f":"IF(Start!C755=\"\",\"\",Start!C755)","v":"PAVED SIDE DITCH, REMOVE"},{"$f":"IF(Start!D755=\"\",\"\",Start!D755)","v":344},{"$f":"IF(Start!E755=\"\",\"\",Start!E755)","v":0},{"$f":"IF(Start!F755=\"\",\"\",Start!F755)","v":"L.F."},{"$f":"IF(Start!G755=\"\",\"\",Start!G755)","v":4.1000000000000005},{"$f":"IF(Start!H755=\"\",\"\",Start!H755)","v":1410.4},4,{"$f":"IF(I755=\"\",\"\",LOOKUP(I755,{1,\"01\";2,\"02\";3,\"03\";4,\"04\";5,\"05\";6,\"06\";7,\"07\";8,\"08\";9,\"09\";10,\"10\";11,\"11\";12,\"12\";13,\"13\";14,\"14\";15,\"15\"}))","v":"04"},"04. Rieth-Riley Construction",200,202,{"$f":"IF(B755=\"\",\"\",VLOOKUP(M755,Sections!$A$2:$D$200,3,FALSE))","v":"Earthwork"},{"$f":"IF(B755=\"\",\"\",VLOOKUP(M755,Sections!$A$2:$D$200,4,FALSE))","v":"Removal Of Structures And Obstructions"}]
[{"$f":"IF(Start!A756=\"\",\"\",Start!A756)","v":""},{"$f":"IF(Start!B756=\"\",\"\",Start!B756)","v":"202-02279"},{"$f":"IF(Start!C756=\"\",\"\",Start!C756)","v":"CURB AND GUTTER, REMOVE"},{"$f":"IF(Start!D756=\"\",\"\",Start!D756)","v":961},{"$f":"IF(Start!E756=\"\",\"\",Start!E756)","v":0},{"$f":"IF(Start!F756=\"\",\"\",Start!F756)","v":"L.F."},{"$f":"IF(Start!G756=\"\",\"\",Start!G756)","v":2.85},{"$f":"IF(Start!H756=\"\",\"\",Start!H756)","v":2738.85},4,{"$f":"IF(I756=\"\",\"\",LOOKUP(I756,{1,\"01\";2,\"02\";3,\"03\";4,\"04\";5,\"05\";6,\"06\";7,\"07\";8,\"08\";9,\"09\";10,\"10\";11,\"11\";12,\"12\";13,\"13\";14,\"14\";15,\"15\"}))","v":"04"},"04. Rieth-Riley Construction",200,202,{"$f":"IF(B756=\"\",\"\",VLOOKUP(M756,Sections!$A$2:$D$200,3,FALSE))","v":"Earthwork"},{"$f":"IF(B756=\"\",\"\",VLOOKUP(M756,Sections!$A$2:$D$200,4,FALSE))","v":"Removal Of Structures And Obstructions"}]
[{"$f":"IF(Start!A757=\"\",\"\",Start!A757)","v":""},{"$f":"IF(Start!B757=\"\",\"\",Start!B757)","v":"202-74045"},{"$f":"IF(Start!C757=\"\",\"\",Start!C757)","v":"SIGNS AND SUPPORTS, CHANNEL POSTS, REMOVE"},{"$f":"IF(Start!D757=\"\",\"\",Start!D757)","v":74},{"$f":"IF(Start!E757=\"\",\"\",Start!E757)","v":0},{"$f":"IF(Start!F757=\"\",\"\",Start!F757)","v":"EACH"},{"$f":"IF(Start!G757=\"\",\"\",Start!G757)","v":30},{"$f":"IF(Start!H757=\"\",\"\",Start!H757)","v":2220},4,{"$f":"IF(I757=\"\",\"\",LOOKUP(I757,{1,\"01\";2,\"02\";3,\"03\";4,\"04\";5,\"05\";6,\"06\";7,\"07\";8,\"08\";9,\"09\";10,\"10\";11,\"11\";12,\"12\";13,\"13\";14,\"14\";15,\"15\"}))","v":"04"},"04. Rieth-Riley Construction",200,202,{"$f":"IF(B757=\"\",\"\",VLOOKUP(M757,Sections!$A$2:$D$200,3,FALSE))","v":"Earthwork"},{"$f":"IF(B757=\"\",\"\",VLOOKUP(M757,Sections!$A$2:$D$200,4,FALSE))","v":"Removal Of Structures And Obstructions"}]
[{"$f":"IF(Start!A758=\"\",\"\",Start!A758)","v":""},{"$f":"IF(Start!B758=\"\",\"\",Start!B758)","v":"202-74080"},{"$f":"IF(Start!C758=\"\",\"\",Start!C758)","v":"OVERHEAD SIGN STRUCTURE, CANTILEVER, REMOVE"},{"$f":"IF(Start!D758=\"\",\"\",Start!D758)","v":2},{"$f":"IF(Start!E758=\"\",\"\",Start!E758)","v":0},{"$f":"IF(Start!F758=\"\",\"\",Start!F758)","v":"EACH"},{"$f":"IF(Start!G758=\"\",\"\",Start!G758)","v":1600},{"$f":"IF(Start!H758=\"\",\"\",Start!H758)","v":3200},4,{"$f":"IF(I758=\"\",\"\",LOOKUP(I758,{1,\"01\";2,\"02\";3,\"03\";4,\"04\";5,\"05\";6,\"06\";7,\"07\";8,\"08\";9,\"09\";10,\"10\";11,\"11\";12,\"12\";13,\"13\";14,\"14\";15,\"15\"}))","v":"04"},"04. Rieth-Riley Construction",200,202,{"$f":"IF(B758=\"\",\"\",VLOOKUP(M758,Sections!$A$2:$D$200,3,FALSE))","v":"Earthwork"},{"$f":"IF(B758=\"\",\"\",VLOOKUP(M758,Sections!$A$2:$D$200,4,FALSE))","v":"Removal Of Structures And Obstructions"}]
[{"$f":"IF(Start!A759=\"\",\"\",Start!A759)","v":""},{"$f":"IF(Start!B759=\"\",\"\",Start!B759)","v":"202-82066"},{"$f":"IF(Start!C759=\"\",\"\",Start!C759)","v":"SIGN CIRCUITRY, CANTILEVERS, REMOVE"},{"$f":"IF(Start!D759=\"\",\"\",Start!D759)","v":2},{"$f":"IF(Start!E759=\"\",\"\",Start!E759)","v":0},{"$f":"IF(Start!F759=\"\",\"\",Start!F759)","v":"EACH"},{"$f":"IF(Start!G759=\"\",\"\",Start!G759)","v":250},{"$f":"IF(Start!H759=\"\",\"\",Start!H759)","v":500},4,{"$f":"IF(I759=\"\",\"\",LOOKUP(I759,{1,\"01\";2,\"02\";3,\"03\";4,\"04\";5,\"05\";6,\"06\";7,\"07\";8,\"08\";9,\"09\";10,\"10\";11,\"11\";12,\"12\";13,\"13\";14,\"14\";15,\"15\"}))","v":"04"},"04. Rieth-Riley Construction",200,202,{"$f":"IF(B759=\"\",\"\",VLOOKUP(M759,Sections!$A$2:$D$200,3,FALSE))","v":"Earthwork"},{"$f":"IF(B759=\"\",\"\",VLOOKUP(M759,Sections!$A$2:$D$200,4,FALSE))","v":"Removal Of Structures And Obstructions"}]
[{"$f":"IF(Start!A760=\"\",\"\",Start!A760)","v":""},{"$f":"IF(Start!B760=\"\",\"\",Start!B760)","v":"202-86946"},{"$f":"IF(Start!C760=\"\",\"\",Start!C760)","v":"HANDHOLE, REMOVE"},{"$f":"IF(Start!D760=\"\",\"\",Start!D760)","v":3},{"$f":"IF(Start!E760=\"\",\"\",Start!E760)","v":0},{"$f":"IF(Start!F760=\"\",\"\",Start!F760)","v":"EACH"},{"$f":"IF(Start!G760=\"\",\"\",Start!G760)","v":125},{"$f":"IF(Start!H760=\"\",\"\",Start!H760)","v":375},4,{"$f":"IF(I760=\"\",\"\",LOOKUP(I760,{1,\"01\";2,\"02\";3,\"03\";4,\"04\";5,\"05\";6,\"06\";7,\"07\";8,\"08\";9,\"09\";10,\"10\";11,\"11\";12,\"12\";13,\"13\";14,\"14\";15,\"15\"}))","v":"04"},"04. Rieth-Riley Construction",200,202,{"$f":"IF(B760=\"\",\"\",VLOOKUP(M760,Sections!$A$2:$D$200,3,FALSE))","v":"Earthwork"},{"$f":"IF(B760=\"\",\"\",VLOOKUP(M760,Sections!$A$2:$D$200,4,FALSE))","v":"Removal Of Structures And Obstructions"}]
[{"$f":"IF(Start!A761=\"\",\"\",Start!A761)","v":""},{"$f":"IF(Start!B761=\"\",\"\",Start!B761)","v":"202-93763"},{"$f":"IF(Start!C761=\"\",\"\",Start!C761)","v":"LIGHT STANDARD AND FOUNDATION,REMOVE"},{"$f":"IF(Start!D761=\"\",\"\",Start!D761)","v":8},{"$f":"IF(Start!E761=\"\",\"\",Start!E761)","v":0},{"$f":"IF(Start!F761=\"\",\"\",Start!F761)","v":"EACH"},{"$f":"IF(Start!G761=\"\",\"\",Start!G761)","v":350},{"$f":"IF(Start!H761=\"\",\"\",Start!H761)","v":2800},4,{"$f":"IF(I761=\"\",\"\",LOOKUP(I761,{1,\"01\";2,\"02\";3,\"03\";4,\"04\";5,\"05\";6,\"06\";7,\"07\";8,\"08\";9,\"09\";10,\"10\";11,\"11\";12,\"12\";13,\"13\";14,\"14\";15,\"15\"}))","v":"04"},"04. Rieth-Riley Construction",200,202,{"$f":"IF(B761=\"\",\"\",VLOOKUP(M761,Sections!$A$2:$D$200,3,FALSE))","v":"Earthwork"},{"$f":"IF(B761=\"\",\"\",VLOOKUP(M761,Sections!$A$2:$D$200,4,FALSE))","v":"Removal Of Structures And Obstructions"}]
[{"$f":"IF(Start!A762=\"\",\"\",Start!A762)","v":""},{"$f":"IF(Start!B762=\"\",\"\",Start!B762)","v":"202-96035"},{"$f":"IF(Start!C762=\"\",\"\",Start!C762)","v":"CONCRETE WALL, REMOVE"},{"$f":"IF(Start!D762=\"\",\"\",Start!D762)","v":20},{"$f":"IF(Start!E762=\"\",\"\",Start!E762)","v":0},{"$f":"IF(Start!F762=\"\",\"\",Start!F762)","v":"L.F."},{"$f":"IF(Start!G762=\"\",\"\",Start!G762)","v":170},{"$f":"IF(Start!H762=\"\",\"\",Start!H762)","v":3400},4,{"$f":"IF(I762=\"\",\"\",LOOKUP(I762,{1,\"01\";2,\"02\";3,\"03\";4,\"04\";5,\"05\";6,\"06\";7,\"07\";8,\"08\";9,\"09\";10,\"10\";11,\"11\";12,\"12\";13,\"13\";14,\"14\";15,\"15\"}))","v":"04"},"04. Rieth-Riley Construction",200,202,{"$f":"IF(B762=\"\",\"\",VLOOKUP(M762,Sections!$A$2:$D$200,3,FALSE))","v":"Earthwork"},{"$f":"IF(B762=\"\",\"\",VLOOKUP(M762,Sections!$A$2:$D$200,4,FALSE))","v":"Removal Of Structures And Obstructions"}]
[{"$f":"IF(Start!A763=\"\",\"\",Start!A763)","v":""},{"$f":"IF(Start!B763=\"\",\"\",Start!B763)","v":"202-96133"},{"$f":"IF(Start!C763=\"\",\"\",Start!C763)","v":"PIPE, REMOVE"},{"$f":"IF(Start!D763=\"\",\"\",Start!D763)","v":1108},{"$f":"IF(Start!E763=\"\",\"\",Start!E763)","v":0},{"$f":"IF(Start!F763=\"\",\"\",Start!F763)","v":"L.F."},{"$f":"IF(Start!G763=\"\",\"\",Start!G763)","v":12.4},{"$f":"IF(Start!H763=\"\",\"\",Start!H763)","v":13739.2},4,{"$f":"IF(I763=\"\",\"\",LOOKUP(I763,{1,\"01\";2,\"02\";3,\"03\";4,\"04\";5,\"05\";6,\"06\";7,\"07\";8,\"08\";9,\"09\";10,\"10\";11,\"11\";12,\"12\";13,\"13\";14,\"14\";15,\"15\"}))","v":"04"},"04. Rieth-Riley Construction",200,202,{"$f":"IF(B763=\"\",\"\",VLOOKUP(M763,Sections!$A$2:$D$200,3,FALSE))","v":"Earthwork"},{"$f":"IF(B763=\"\",\"\",VLOOKUP(M763,Sections!$A$2:$D$200,4,FALSE))","v":"Removal Of Structures And Obstructions"}]
[{"$f":"IF(Start!A764=\"\",\"\",Start!A764)","v":""},{"$f":"IF(Start!B764=\"\",\"\",Start!B764)","v":"202-99187"},{"$f":"IF(Start!C764=\"\",\"\",Start!C764)","v":"FENCE, FARM FIELD, REMOVE"},{"$f":"IF(Start!D764=\"\",\"\",Start!D764)","v":2579},{"$f":"IF(Start!E764=\"\",\"\",Start!E764)","v":0},{"$f":"IF(Start!F764=\"\",\"\",Start!F764)","v":"L.F."},{"$f":"IF(Start!G764=\"\",\"\",Start!G764)","v":2.75},{"$f":"IF(Start!H764=\"\",\"\",Start!H764)","v":7092.25},4,{"$f":"IF(I764=\"\",\"\",LOOKUP(I764,{1,\"01\";2,\"02\";3,\"03\";4,\"04\";5,\"05\";6,\"06\";7,\"07\";8,\"08\";9,\"09\";10,\"10\";11,\"11\";12,\"12\";13,\"13\";14,\"14\";15,\"15\"}))","v":"04"},"04. Rieth-Riley Construction",200,202,{"$f":"IF(B764=\"\",\"\",VLOOKUP(M764,Sections!$A$2:$D$200,3,FALSE))","v":"Earthwork"},{"$f":"IF(B764=\"\",\"\",VLOOKUP(M764,Sections!$A$2:$D$200,4,FALSE))","v":"Removal Of Structures And Obstructions"}]
[{"$f":"IF(Start!A765=\"\",\"\",Start!A765)","v":""},{"$f":"IF(Start!B765=\"\",\"\",Start!B765)","v":"203-02000"},{"$f":"IF(Start!C765=\"\",\"\",Start!C765)","v":"EXCAVATION, COMMON"},{"$f":"IF(Start!D765=\"\",\"\",Start!D765)","v":41965},{"$f":"IF(Start!E765=\"\",\"\",Start!E765)","v":0},{"$f":"IF(Start!F765=\"\",\"\",Start!F765)","v":"C.Y."},{"$f":"IF(Start!G765=\"\",\"\",Start!G765)","v":15},{"$f":"IF(Start!H765=\"\",\"\",Start!H765)","v":629475},4,{"$f":"IF(I765=\"\",\"\",LOOKUP(I765,{1,\"01\";2,\"02\";3,\"03\";4,\"04\";5,\"05\";6,\"06\";7,\"07\";8,\"08\";9,\"09\";10,\"10\";11,\"11\";12,\"12\";13,\"13\";14,\"14\";15,\"15\"}))","v":"04"},"04. Rieth-Riley Construction",200,203,{"$f":"IF(B765=\"\",\"\",VLOOKUP(M765,Sections!$A$2:$D$200,3,FALSE))","v":"Earthwork"},{"$f":"IF(B765=\"\",\"\",VLOOKUP(M765,Sections!$A$2:$D$200,4,FALSE))","v":"Excavation And Embankment"}]
[{"$f":"IF(Start!A766=\"\",\"\",Start!A766)","v":""},{"$f":"IF(Start!B766=\"\",\"\",Start!B766)","v":"203-02070"},{"$f":"IF(Start!C766=\"\",\"\",Start!C766)","v":"BORROW"},{"$f":"IF(Start!D766=\"\",\"\",Start!D766)","v":9115},{"$f":"IF(Start!E766=\"\",\"\",Start!E766)","v":0},{"$f":"IF(Start!F766=\"\",\"\",Start!F766)","v":"C.Y."},{"$f":"IF(Start!G766=\"\",\"\",Start!G766)","v":0.1},{"$f":"IF(Start!H766=\"\",\"\",Start!H766)","v":911.5},4,{"$f":"IF(I766=\"\",\"\",LOOKUP(I766,{1,\"01\";2,\"02\";3,\"03\";4,\"04\";5,\"05\";6,\"06\";7,\"07\";8,\"08\";9,\"09\";10,\"10\";11,\"11\";12,\"12\";13,\"13\";14,\"14\";15,\"15\"}))","v":"04"},"04. Rieth-Riley Construction",200,203,{"$f":"IF(B766=\"\",\"\",VLOOKUP(M766,Sections!$A$2:$D$200,3,FALSE))","v":"Earthwork"},{"$f":"IF(B766=\"\",\"\",VLOOKUP(M766,Sections!$A$2:$D$200,4,FALSE))","v":"Excavation And Embankment"}]
[{"$f":"IF(Start!A767=\"\",\"\",Start!A767)","v":""},{"$f":"IF(Start!B767=\"\",\"\",Start!B767)","v":"205-03371"},{"$f":"IF(Start!C767=\"\",\"\",Start!C767)","v":"SEDIMENT REMOVE"},{"$f":"IF(Start!D767=\"\",\"\",Start!D767)","v":2051},{"$f":"IF(Start!E767=\"\",\"\",Start!E767)","v":0},{"$f":"IF(Start!F767=\"\",\"\",Start!F767)","v":"C.Y."},{"$f":"IF(Start!G767=\"\",\"\",Start!G767)","v":0.1},{"$f":"IF(Start!H767=\"\",\"\",Start!H767)","v":205.10000000000002},4,{"$f":"IF(I767=\"\",\"\",LOOKUP(I767,{1,\"01\";2,\"02\";3,\"03\";4,\"04\";5,\"05\";6,\"06\";7,\"07\";8,\"08\";9,\"09\";10,\"10\";11,\"11\";12,\"12\";13,\"13\";14,\"14\";15,\"15\"}))","v":"04"},"04. Rieth-Riley Construction",200,205,{"$f":"IF(B767=\"\",\"\",VLOOKUP(M767,Sections!$A$2:$D$200,3,FALSE))","v":"Earthwork"},{"$f":"IF(B767=\"\",\"\",VLOOKUP(M767,Sections!$A$2:$D$200,4,FALSE))","v":"Temporary Erosion And Sediment Control"}]
[{"$f":"IF(Start!A768=\"\",\"\",Start!A768)","v":""},{"$f":"IF(Start!B768=\"\",\"\",Start!B768)","v":"205-06931"},{"$f":"IF(Start!C768=\"\",\"\",Start!C768)","v":"TEMPORARY CHECK DAM, REVETMENT RIPRAP"},{"$f":"IF(Start!D768=\"\",\"\",Start!D768)","v":253},{"$f":"IF(Start!E768=\"\",\"\",Start!E768)","v":0},{"$f":"IF(Start!F768=\"\",\"\",Start!F768)","v":"TON"},{"$f":"IF(Start!G768=\"\",\"\",Start!G768)","v":52.75},{"$f":"IF(Start!H768=\"\",\"\",Start!H768)","v":13345.75},4,{"$f":"IF(I768=\"\",\"\",LOOKUP(I768,{1,\"01\";2,\"02\";3,\"03\";4,\"04\";5,\"05\";6,\"06\";7,\"07\";8,\"08\";9,\"09\";10,\"10\";11,\"11\";12,\"12\";13,\"13\";14,\"14\";15,\"15\"}))","v":"04"},"04. Rieth-Riley Construction",200,205,{"$f":"IF(B768=\"\",\"\",VLOOKUP(M768,Sections!$A$2:$D$200,3,FALSE))","v":"Earthwork"},{"$f":"IF(B768=\"\",\"\",VLOOKUP(M768,Sections!$A$2:$D$200,4,FALSE))","v":"Temporary Erosion And Sediment Control"}]
[{"$f":"IF(Start!A769=\"\",\"\",Start!A769)","v":""},{"$f":"IF(Start!B769=\"\",\"\",Start!B769)","v":"205-06932"},{"$f":"IF(Start!C769=\"\",\"\",Start!C769)","v":"TEMPORARY CHECK DAM, STRAW BALES"},{"$f":"IF(Start!D769=\"\",\"\",Start!D769)","v":402},{"$f":"IF(Start!E769=\"\",\"\",Start!E769)","v":0},{"$f":"IF(Start!F769=\"\",\"\",Start!F769)","v":"L.F."},{"$f":"IF(Start!G769=\"\",\"\",Start!G769)","v":11.75},{"$f":"IF(Start!H769=\"\",\"\",Start!H769)","v":4723.5},4,{"$f":"IF(I769=\"\",\"\",LOOKUP(I769,{1,\"01\";2,\"02\";3,\"03\";4,\"04\";5,\"05\";6,\"06\";7,\"07\";8,\"08\";9,\"09\";10,\"10\";11,\"11\";12,\"12\";13,\"13\";14,\"14\";15,\"15\"}))","v":"04"},"04. Rieth-Riley Construction",200,205,{"$f":"IF(B769=\"\",\"\",VLOOKUP(M769,Sections!$A$2:$D$200,3,FALSE))","v":"Earthwork"},{"$f":"IF(B769=\"\",\"\",VLOOKUP(M769,Sections!$A$2:$D$200,4,FALSE))","v":"Temporary Erosion And Sediment Control"}]
[{"$f":"IF(Start!A770=\"\",\"\",Start!A770)","v":""},{"$f":"IF(Start!B770=\"\",\"\",Start!B770)","v":"205-06933"},{"$f":"IF(Start!C770=\"\",\"\",Start!C770)","v":"TEMPORARY DITCH INLET PROTECTION"},{"$f":"IF(Start!D770=\"\",\"\",Start!D770)","v":7},{"$f":"IF(Start!E770=\"\",\"\",Start!E770)","v":0},{"$f":"IF(Start!F770=\"\",\"\",Start!F770)","v":"EACH"},{"$f":"IF(Start!G770=\"\",\"\",Start!G770)","v":175},{"$f":"IF(Start!H770=\"\",\"\",Start!H770)","v":1225},4,{"$f":"IF(I770=\"\",\"\",LOOKUP(I770,{1,\"01\";2,\"02\";3,\"03\";4,\"04\";5,\"05\";6,\"06\";7,\"07\";8,\"08\";9,\"09\";10,\"10\";11,\"11\";12,\"12\";13,\"13\";14,\"14\";15,\"15\"}))","v":"04"},"04. Rieth-Riley Construction",200,205,{"$f":"IF(B770=\"\",\"\",VLOOKUP(M770,Sections!$A$2:$D$200,3,FALSE))","v":"Earthwork"},{"$f":"IF(B770=\"\",\"\",VLOOKUP(M770,Sections!$A$2:$D$200,4,FALSE))","v":"Temporary Erosion And Sediment Control"}]
[{"$f":"IF(Start!A771=\"\",\"\",Start!A771)","v":""},{"$f":"IF(Start!B771=\"\",\"\",Start!B771)","v":"205-06934"},{"$f":"IF(Start!C771=\"\",\"\",Start!C771)","v":"TEMPORARY MULCHING"},{"$f":"IF(Start!D771=\"\",\"\",Start!D771)","v":73},{"$f":"IF(Start!E771=\"\",\"\",Start!E771)","v":0},{"$f":"IF(Start!F771=\"\",\"\",Start!F771)","v":"TON"},{"$f":"IF(Start!G771=\"\",\"\",Start!G771)","v":400},{"$f":"IF(Start!H771=\"\",\"\",Start!H771)","v":29200},{"$f":"IF(AND(A771=\"\",B771=\"\",C771=\"\"),\"\",IF(AND(A771<>\"\",B771=\"\",G771=0,H771=0),D771,I770))","v":4},{"$f":"IF(I771=\"\",\"\",LOOKUP(I771,{1,\"01\";2,\"02\";3,\"03\";4,\"04\";5,\"05\";6,\"06\";7,\"07\";8,\"08\";9,\"09\";10,\"10\";11,\"11\";12,\"12\";13,\"13\";14,\"14\";15,\"15\"}))","v":"04"},{"$f":"IF(AND(A771<>\"\",B771=\"\"),J771&\". \"&PROPER(C771),IF(AND(A771=\"\",B771<>\"\"),PROPER(K770),\"\"))","v":"04. Rieth-Riley Construction"},{"$f":"IF(B771=\"\",\"\",LEFT(B771,1)*100)","v":200},{"$f":"IF(B771=\"\",\"\",LEFT(B771,3)*1)","v":205},{"$f":"IF(B771=\"\",\"\",VLOOKUP(M771,Sections!$A$2:$D$200,3,FALSE))","v":"Earthwork"},{"$f":"IF(B771=\"\",\"\",VLOOKUP(M771,Sections!$A$2:$D$200,4,FALSE))","v":"Temporary Erosion And Sediment Control"}]
[{"$f":"IF(Start!A772=\"\",\"\",Start!A772)","v":""},{"$f":"IF(Start!B772=\"\",\"\",Start!B772)","v":"205-06936"},{"$f":"IF(Start!C772=\"\",\"\",Start!C772)","v":"TEMPORARY SEDIMENT TRAP"},{"$f":"IF(Start!D772=\"\",\"\",Start!D772)","v":20},{"$f":"IF(Start!E772=\"\",\"\",Start!E772)","v":0},{"$f":"IF(Start!F772=\"\",\"\",Start!F772)","v":"TON"},{"$f":"IF(Start!G772=\"\",\"\",Start!G772)","v":75.600000000000009},{"$f":"IF(Start!H772=\"\",\"\",Start!H772)","v":1512},4,{"$f":"IF(I772=\"\",\"\",LOOKUP(I772,{1,\"01\";2,\"02\";3,\"03\";4,\"04\";5,\"05\";6,\"06\";7,\"07\";8,\"08\";9,\"09\";10,\"10\";11,\"11\";12,\"12\";13,\"13\";14,\"14\";15,\"15\"}))","v":"04"},"04. Rieth-Riley Construction",200,205,{"$f":"IF(B772=\"\",\"\",VLOOKUP(M772,Sections!$A$2:$D$200,3,FALSE))","v":"Earthwork"},{"$f":"IF(B772=\"\",\"\",VLOOKUP(M772,Sections!$A$2:$D$200,4,FALSE))","v":"Temporary Erosion And Sediment Control"}]
[{"$f":"IF(Start!A773=\"\",\"\",Start!A773)","v":""},{"$f":"IF(Start!B773=\"\",\"\",Start!B773)","v":"205-06937"},{"$f":"IF(Start!C773=\"\",\"\",Start!C773)","v":"TEMPORARY SILT FENCE"},{"$f":"IF(Start!D773=\"\",\"\",Start!D773)","v":18458},{"$f":"IF(Start!E773=\"\",\"\",Start!E773)","v":0},{"$f":"IF(Start!F773=\"\",\"\",Start!F773)","v":"L.F."},{"$f":"IF(Start!G773=\"\",\"\",Start!G773)","v":1},{"$f":"IF(Start!H773=\"\",\"\",Start!H773)","v":18458},4,{"$f":"IF(I773=\"\",\"\",LOOKUP(I773,{1,\"01\";2,\"02\";3,\"03\";4,\"04\";5,\"05\";6,\"06\";7,\"07\";8,\"08\";9,\"09\";10,\"10\";11,\"11\";12,\"12\";13,\"13\";14,\"14\";15,\"15\"}))","v":"04"},"04. Rieth-Riley Construction",200,205,{"$f":"IF(B773=\"\",\"\",VLOOKUP(M773,Sections!$A$2:$D$200,3,FALSE))","v":"Earthwork"},{"$f":"IF(B773=\"\",\"\",VLOOKUP(M773,Sections!$A$2:$D$200,4,FALSE))","v":"Temporary Erosion And Sediment Control"}]
[{"$f":"IF(Start!A774=\"\",\"\",Start!A774)","v":""},{"$f":"IF(Start!B774=\"\",\"\",Start!B774)","v":"205-09543"},{"$f":"IF(Start!C774=\"\",\"\",Start!C774)","v":"NO 2 STONE"},{"$f":"IF(Start!D774=\"\",\"\",Start!D774)","v":150},{"$f":"IF(Start!E774=\"\",\"\",Start!E774)","v":0},{"$f":"IF(Start!F774=\"\",\"\",Start!F774)","v":"TON"},{"$f":"IF(Start!G774=\"\",\"\",Start!G774)","v":28.6},{"$f":"IF(Start!H774=\"\",\"\",Start!H774)","v":4290},4,{"$f":"IF(I774=\"\",\"\",LOOKUP(I774,{1,\"01\";2,\"02\";3,\"03\";4,\"04\";5,\"05\";6,\"06\";7,\"07\";8,\"08\";9,\"09\";10,\"10\";11,\"11\";12,\"12\";13,\"13\";14,\"14\";15,\"15\"}))","v":"04"},"04. Rieth-Riley Construction",200,205,{"$f":"IF(B774=\"\",\"\",VLOOKUP(M774,Sections!$A$2:$D$200,3,FALSE))","v":"Earthwork"},{"$f":"IF(B774=\"\",\"\",VLOOKUP(M774,Sections!$A$2:$D$200,4,FALSE))","v":"Temporary Erosion And Sediment Control"}]
[{"$f":"IF(Start!A775=\"\",\"\",Start!A775)","v":""},{"$f":"IF(Start!B775=\"\",\"\",Start!B775)","v":"207-08263"},{"$f":"IF(Start!C775=\"\",\"\",Start!C775)","v":"SUBGRADE TREATMENT, TYPE IA"},{"$f":"IF(Start!D775=\"\",\"\",Start!D775)","v":102662},{"$f":"IF(Start!E775=\"\",\"\",Start!E775)","v":0},{"$f":"IF(Start!F775=\"\",\"\",Start!F775)","v":"S.Y."},{"$f":"IF(Start!G775=\"\",\"\",Start!G775)","v":5.75},{"$f":"IF(Start!H775=\"\",\"\",Start!H775)","v":590306.5},4,{"$f":"IF(I775=\"\",\"\",LOOKUP(I775,{1,\"01\";2,\"02\";3,\"03\";4,\"04\";5,\"05\";6,\"06\";7,\"07\";8,\"08\";9,\"09\";10,\"10\";11,\"11\";12,\"12\";13,\"13\";14,\"14\";15,\"15\"}))","v":"04"},"04. Rieth-Riley Construction",200,207,{"$f":"IF(B775=\"\",\"\",VLOOKUP(M775,Sections!$A$2:$D$200,3,FALSE))","v":"Earthwork"},{"$f":"IF(B775=\"\",\"\",VLOOKUP(M775,Sections!$A$2:$D$200,4,FALSE))","v":"Subgrade"}]
[{"$f":"IF(Start!A776=\"\",\"\",Start!A776)","v":""},{"$f":"IF(Start!B776=\"\",\"\",Start!B776)","v":"207-08263"},{"$f":"IF(Start!C776=\"\",\"\",Start!C776)","v":"SUBGRADE TREATMENT, TYPE IA"},{"$f":"IF(Start!D776=\"\",\"\",Start!D776)","v":9100},{"$f":"IF(Start!E776=\"\",\"\",Start!E776)","v":0},{"$f":"IF(Start!F776=\"\",\"\",Start!F776)","v":"S.Y."},{"$f":"IF(Start!G776=\"\",\"\",Start!G776)","v":16.100000000000001},{"$f":"IF(Start!H776=\"\",\"\",Start!H776)","v":146510},4,{"$f":"IF(I776=\"\",\"\",LOOKUP(I776,{1,\"01\";2,\"02\";3,\"03\";4,\"04\";5,\"05\";6,\"06\";7,\"07\";8,\"08\";9,\"09\";10,\"10\";11,\"11\";12,\"12\";13,\"13\";14,\"14\";15,\"15\"}))","v":"04"},"04. Rieth-Riley Construction",200,207,{"$f":"IF(B776=\"\",\"\",VLOOKUP(M776,Sections!$A$2:$D$200,3,FALSE))","v":"Earthwork"},{"$f":"IF(B776=\"\",\"\",VLOOKUP(M776,Sections!$A$2:$D$200,4,FALSE))","v":"Subgrade"}]
[{"$f":"IF(Start!A777=\"\",\"\",Start!A777)","v":""},{"$f":"IF(Start!B777=\"\",\"\",Start!B777)","v":"207-08267"},{"$f":"IF(Start!C777=\"\",\"\",Start!C777)","v":"SUBGRADE TREATMENT, TYPE IIIA"},{"$f":"IF(Start!D777=\"\",\"\",Start!D777)","v":5305},{"$f":"IF(Start!E777=\"\",\"\",Start!E777)","v":0},{"$f":"IF(Start!F777=\"\",\"\",Start!F777)","v":"S.Y."},{"$f":"IF(Start!G777=\"\",\"\",Start!G777)","v":18.05},{"$f":"IF(Start!H777=\"\",\"\",Start!H777)","v":95755.25},4,{"$f":"IF(I777=\"\",\"\",LOOKUP(I777,{1,\"01\";2,\"02\";3,\"03\";4,\"04\";5,\"05\";6,\"06\";7,\"07\";8,\"08\";9,\"09\";10,\"10\";11,\"11\";12,\"12\";13,\"13\";14,\"14\";15,\"15\"}))","v":"04"},"04. Rieth-Riley Construction",200,207,{"$f":"IF(B777=\"\",\"\",VLOOKUP(M777,Sections!$A$2:$D$200,3,FALSE))","v":"Earthwork"},{"$f":"IF(B777=\"\",\"\",VLOOKUP(M777,Sections!$A$2:$D$200,4,FALSE))","v":"Subgrade"}]
[{"$f":"IF(Start!A778=\"\",\"\",Start!A778)","v":""},{"$f":"IF(Start!B778=\"\",\"\",Start!B778)","v":"211-09264"},{"$f":"IF(Start!C778=\"\",\"\",Start!C778)","v":"STRUCTURE BACKFILL, TYPE 1"},{"$f":"IF(Start!D778=\"\",\"\",Start!D778)","v":900},{"$f":"IF(Start!E778=\"\",\"\",Start!E778)","v":0},{"$f":"IF(Start!F778=\"\",\"\",Start!F778)","v":"C.Y."},{"$f":"IF(Start!G778=\"\",\"\",Start!G778)","v":15},{"$f":"IF(Start!H778=\"\",\"\",Start!H778)","v":13500},4,{"$f":"IF(I778=\"\",\"\",LOOKUP(I778,{1,\"01\";2,\"02\";3,\"03\";4,\"04\";5,\"05\";6,\"06\";7,\"07\";8,\"08\";9,\"09\";10,\"10\";11,\"11\";12,\"12\";13,\"13\";14,\"14\";15,\"15\"}))","v":"04"},"04. Rieth-Riley Construction",200,211,{"$f":"IF(B778=\"\",\"\",VLOOKUP(M778,Sections!$A$2:$D$200,3,FALSE))","v":"Earthwork"},{"$f":"IF(B778=\"\",\"\",VLOOKUP(M778,Sections!$A$2:$D$200,4,FALSE))","v":"B Borrow And Structure Backfill"}]
[{"$f":"IF(Start!A779=\"\",\"\",Start!A779)","v":""},{"$f":"IF(Start!B779=\"\",\"\",Start!B779)","v":"211-09265"},{"$f":"IF(Start!C779=\"\",\"\",Start!C779)","v":"STRUCTURE BACKFILL, TYPE 2"},{"$f":"IF(Start!D779=\"\",\"\",Start!D779)","v":1251},{"$f":"IF(Start!E779=\"\",\"\",Start!E779)","v":0},{"$f":"IF(Start!F779=\"\",\"\",Start!F779)","v":"C.Y."},{"$f":"IF(Start!G779=\"\",\"\",Start!G779)","v":15},{"$f":"IF(Start!H779=\"\",\"\",Start!H779)","v":18765},4,{"$f":"IF(I779=\"\",\"\",LOOKUP(I779,{1,\"01\";2,\"02\";3,\"03\";4,\"04\";5,\"05\";6,\"06\";7,\"07\";8,\"08\";9,\"09\";10,\"10\";11,\"11\";12,\"12\";13,\"13\";14,\"14\";15,\"15\"}))","v":"04"},"04. Rieth-Riley Construction",200,211,{"$f":"IF(B779=\"\",\"\",VLOOKUP(M779,Sections!$A$2:$D$200,3,FALSE))","v":"Earthwork"},{"$f":"IF(B779=\"\",\"\",VLOOKUP(M779,Sections!$A$2:$D$200,4,FALSE))","v":"B Borrow And Structure Backfill"}]
[{"$f":"IF(Start!A780=\"\",\"\",Start!A780)","v":""},{"$f":"IF(Start!B780=\"\",\"\",Start!B780)","v":"213-09269"},{"$f":"IF(Start!C780=\"\",\"\",Start!C780)","v":"FLOWABLE BACKFILL, NON-REMOVEABLE"},{"$f":"IF(Start!D780=\"\",\"\",Start!D780)","v":613},{"$f":"IF(Start!E780=\"\",\"\",Start!E780)","v":0},{"$f":"IF(Start!F780=\"\",\"\",Start!F780)","v":"C.Y."},{"$f":"IF(Start!G780=\"\",\"\",Start!G780)","v":85.15},{"$f":"IF(Start!H780=\"\",\"\",Start!H780)","v":52196.950000000004},4,{"$f":"IF(I780=\"\",\"\",LOOKUP(I780,{1,\"01\";2,\"02\";3,\"03\";4,\"04\";5,\"05\";6,\"06\";7,\"07\";8,\"08\";9,\"09\";10,\"10\";11,\"11\";12,\"12\";13,\"13\";14,\"14\";15,\"15\"}))","v":"04"},"04. Rieth-Riley Construction",200,213,{"$f":"IF(B780=\"\",\"\",VLOOKUP(M780,Sections!$A$2:$D$200,3,FALSE))","v":"Earthwork"},{"$f":"IF(B780=\"\",\"\",VLOOKUP(M780,Sections!$A$2:$D$200,4,FALSE))","v":"Flowable Backfill"}]
[{"$f":"IF(Start!A781=\"\",\"\",Start!A781)","v":""},{"$f":"IF(Start!B781=\"\",\"\",Start!B781)","v":"301-07448"},{"$f":"IF(Start!C781=\"\",\"\",Start!C781)","v":"COMPACTED AGGREGATE, NO. 53, BASE"},{"$f":"IF(Start!D781=\"\",\"\",Start!D781)","v":7516},{"$f":"IF(Start!E781=\"\",\"\",Start!E781)","v":0},{"$f":"IF(Start!F781=\"\",\"\",Start!F781)","v":"TON"},{"$f":"IF(Start!G781=\"\",\"\",Start!G781)","v":18.5},{"$f":"IF(Start!H781=\"\",\"\",Start!H781)","v":139046},4,{"$f":"IF(I781=\"\",\"\",LOOKUP(I781,{1,\"01\";2,\"02\";3,\"03\";4,\"04\";5,\"05\";6,\"06\";7,\"07\";8,\"08\";9,\"09\";10,\"10\";11,\"11\";12,\"12\";13,\"13\";14,\"14\";15,\"15\"}))","v":"04"},"04. Rieth-Riley Construction",300,301,{"$f":"IF(B781=\"\",\"\",VLOOKUP(M781,Sections!$A$2:$D$200,3,FALSE))","v":"Aggregate Pavement And Bases"},{"$f":"IF(B781=\"\",\"\",VLOOKUP(M781,Sections!$A$2:$D$200,4,FALSE))","v":"Aggregate Base"}]
[{"$f":"IF(Start!A782=\"\",\"\",Start!A782)","v":""},{"$f":"IF(Start!B782=\"\",\"\",Start!B782)","v":"302-06464"},{"$f":"IF(Start!C782=\"\",\"\",Start!C782)","v":"SUBBASE FOR PCCP"},{"$f":"IF(Start!D782=\"\",\"\",Start!D782)","v":24464},{"$f":"IF(Start!E782=\"\",\"\",Start!E782)","v":0},{"$f":"IF(Start!F782=\"\",\"\",Start!F782)","v":"C.Y."},{"$f":"IF(Start!G782=\"\",\"\",Start!G782)","v":40.75},{"$f":"IF(Start!H782=\"\",\"\",Start!H782)","v":996908},4,{"$f":"IF(I782=\"\",\"\",LOOKUP(I782,{1,\"01\";2,\"02\";3,\"03\";4,\"04\";5,\"05\";6,\"06\";7,\"07\";8,\"08\";9,\"09\";10,\"10\";11,\"11\";12,\"12\";13,\"13\";14,\"14\";15,\"15\"}))","v":"04"},"04. Rieth-Riley Construction",300,302,{"$f":"IF(B782=\"\",\"\",VLOOKUP(M782,Sections!$A$2:$D$200,3,FALSE))","v":"Aggregate Pavement And Bases"},{"$f":"IF(B782=\"\",\"\",VLOOKUP(M782,Sections!$A$2:$D$200,4,FALSE))","v":"Subbase"}]
[{"$f":"IF(Start!A783=\"\",\"\",Start!A783)","v":""},{"$f":"IF(Start!B783=\"\",\"\",Start!B783)","v":"303-08210"},{"$f":"IF(Start!C783=\"\",\"\",Start!C783)","v":"COMPACTED AGGREGATE NO. 53, TEMPORARY FOR DRI"},{"$f":"IF(Start!D783=\"\",\"\",Start!D783)","v":30},{"$f":"IF(Start!E783=\"\",\"\",Start!E783)","v":0},{"$f":"IF(Start!F783=\"\",\"\",Start!F783)","v":"TON"},{"$f":"IF(Start!G783=\"\",\"\",Start!G783)","v":36.700000000000003},{"$f":"IF(Start!H783=\"\",\"\",Start!H783)","v":1101},4,{"$f":"IF(I783=\"\",\"\",LOOKUP(I783,{1,\"01\";2,\"02\";3,\"03\";4,\"04\";5,\"05\";6,\"06\";7,\"07\";8,\"08\";9,\"09\";10,\"10\";11,\"11\";12,\"12\";13,\"13\";14,\"14\";15,\"15\"}))","v":"04"},"04. Rieth-Riley Construction",300,303,{"$f":"IF(B783=\"\",\"\",VLOOKUP(M783,Sections!$A$2:$D$200,3,FALSE))","v":"Aggregate Pavement And Bases"},{"$f":"IF(B783=\"\",\"\",VLOOKUP(M783,Sections!$A$2:$D$200,4,FALSE))","v":"Aggregate Pavements Or Shoulders"}]
[{"$f":"IF(Start!A784=\"\",\"\",Start!A784)","v":""},{"$f":"IF(Start!B784=\"\",\"\",Start!B784)","v":"306-08034"},{"$f":"IF(Start!C784=\"\",\"\",Start!C784)","v":"MILLING, ASPHALT, 1 1/2 IN."},{"$f":"IF(Start!D784=\"\",\"\",Start!D784)","v":3039},{"$f":"IF(Start!E784=\"\",\"\",Start!E784)","v":0},{"$f":"IF(Start!F784=\"\",\"\",Start!F784)","v":"S.Y."},{"$f":"IF(Start!G784=\"\",\"\",Start!G784)","v":2.65},{"$f":"IF(Start!H784=\"\",\"\",Start!H784)","v":8053.35},4,{"$f":"IF(I784=\"\",\"\",LOOKUP(I784,{1,\"01\";2,\"02\";3,\"03\";4,\"04\";5,\"05\";6,\"06\";7,\"07\";8,\"08\";9,\"09\";10,\"10\";11,\"11\";12,\"12\";13,\"13\";14,\"14\";15,\"15\"}))","v":"04"},"04. Rieth-Riley Construction",300,306,{"$f":"IF(B784=\"\",\"\",VLOOKUP(M784,Sections!$A$2:$D$200,3,FALSE))","v":"Aggregate Pavement And Bases"},{"$f":"IF(B784=\"\",\"\",VLOOKUP(M784,Sections!$A$2:$D$200,4,FALSE))","v":"Milling"}]
[{"$f":"IF(Start!A785=\"\",\"\",Start!A785)","v":""},{"$f":"IF(Start!B785=\"\",\"\",Start!B785)","v":"402-07784"},{"$f":"IF(Start!C785=\"\",\"\",Start!C785)","v":"HMA SURFACE, TYPE D"},{"$f":"IF(Start!D785=\"\",\"\",Start!D785)","v":268},{"$f":"IF(Start!E785=\"\",\"\",Start!E785)","v":0},{"$f":"IF(Start!F785=\"\",\"\",Start!F785)","v":"TON"},{"$f":"IF(Start!G785=\"\",\"\",Start!G785)","v":97.5},{"$f":"IF(Start!H785=\"\",\"\",Start!H785)","v":26130},4,{"$f":"IF(I785=\"\",\"\",LOOKUP(I785,{1,\"01\";2,\"02\";3,\"03\";4,\"04\";5,\"05\";6,\"06\";7,\"07\";8,\"08\";9,\"09\";10,\"10\";11,\"11\";12,\"12\";13,\"13\";14,\"14\";15,\"15\"}))","v":"04"},"04. Rieth-Riley Construction",400,402,{"$f":"IF(B785=\"\",\"\",VLOOKUP(M785,Sections!$A$2:$D$200,3,FALSE))","v":"Asphalt Pavements"},{"$f":"IF(B785=\"\",\"\",VLOOKUP(M785,Sections!$A$2:$D$200,4,FALSE))","v":"Hot Mix Asphalt, HMA, Pavement"}]
[{"$f":"IF(Start!A786=\"\",\"\",Start!A786)","v":""},{"$f":"IF(Start!B786=\"\",\"\",Start!B786)","v":"402-07785"},{"$f":"IF(Start!C786=\"\",\"\",Start!C786)","v":"HMA INTERMEDIATE, TYPE D"},{"$f":"IF(Start!D786=\"\",\"\",Start!D786)","v":67},{"$f":"IF(Start!E786=\"\",\"\",Start!E786)","v":0},{"$f":"IF(Start!F786=\"\",\"\",Start!F786)","v":"TON"},{"$f":"IF(Start!G786=\"\",\"\",Start!G786)","v":94.5},{"$f":"IF(Start!H786=\"\",\"\",Start!H786)","v":6331.5},4,{"$f":"IF(I786=\"\",\"\",LOOKUP(I786,{1,\"01\";2,\"02\";3,\"03\";4,\"04\";5,\"05\";6,\"06\";7,\"07\";8,\"08\";9,\"09\";10,\"10\";11,\"11\";12,\"12\";13,\"13\";14,\"14\";15,\"15\"}))","v":"04"},"04. Rieth-Riley Construction",400,402,{"$f":"IF(B786=\"\",\"\",VLOOKUP(M786,Sections!$A$2:$D$200,3,FALSE))","v":"Asphalt Pavements"},{"$f":"IF(B786=\"\",\"\",VLOOKUP(M786,Sections!$A$2:$D$200,4,FALSE))","v":"Hot Mix Asphalt, HMA, Pavement"}]
[{"$f":"IF(Start!A787=\"\",\"\",Start!A787)","v":""},{"$f":"IF(Start!B787=\"\",\"\",Start!B787)","v":"402-10083"},{"$f":"IF(Start!C787=\"\",\"\",Start!C787)","v":"HMA FOR TEMPORARY PAVEMENT, A"},{"$f":"IF(Start!D787=\"\",\"\",Start!D787)","v":2241},{"$f":"IF(Start!E787=\"\",\"\",Start!E787)","v":0},{"$f":"IF(Start!F787=\"\",\"\",Start!F787)","v":"TON"},{"$f":"IF(Start!G787=\"\",\"\",Start!G787)","v":96.5},{"$f":"IF(Start!H787=\"\",\"\",Start!H787)","v":216256.5},4,{"$f":"IF(I787=\"\",\"\",LOOKUP(I787,{1,\"01\";2,\"02\";3,\"03\";4,\"04\";5,\"05\";6,\"06\";7,\"07\";8,\"08\";9,\"09\";10,\"10\";11,\"11\";12,\"12\";13,\"13\";14,\"14\";15,\"15\"}))","v":"04"},"04. Rieth-Riley Construction",400,402,{"$f":"IF(B787=\"\",\"\",VLOOKUP(M787,Sections!$A$2:$D$200,3,FALSE))","v":"Asphalt Pavements"},{"$f":"IF(B787=\"\",\"\",VLOOKUP(M787,Sections!$A$2:$D$200,4,FALSE))","v":"Hot Mix Asphalt, HMA, Pavement"}]
[{"$f":"IF(Start!A788=\"\",\"\",Start!A788)","v":""},{"$f":"IF(Start!B788=\"\",\"\",Start!B788)","v":"501-06321"},{"$f":"IF(Start!C788=\"\",\"\",Start!C788)","v":"QC/QA PCCP, 10 IN."},{"$f":"IF(Start!D788=\"\",\"\",Start!D788)","v":93599},{"$f":"IF(Start!E788=\"\",\"\",Start!E788)","v":0},{"$f":"IF(Start!F788=\"\",\"\",Start!F788)","v":"S.Y."},{"$f":"IF(Start!G788=\"\",\"\",Start!G788)","v":38},{"$f":"IF(Start!H788=\"\",\"\",Start!H788)","v":3556762},4,{"$f":"IF(I788=\"\",\"\",LOOKUP(I788,{1,\"01\";2,\"02\";3,\"03\";4,\"04\";5,\"05\";6,\"06\";7,\"07\";8,\"08\";9,\"09\";10,\"10\";11,\"11\";12,\"12\";13,\"13\";14,\"14\";15,\"15\"}))","v":"04"},"04. Rieth-Riley Construction",500,501,{"$f":"IF(B788=\"\",\"\",VLOOKUP(M788,Sections!$A$2:$D$200,3,FALSE))","v":"Concrete Pavement"},{"$f":"IF(B788=\"\",\"\",VLOOKUP(M788,Sections!$A$2:$D$200,4,FALSE))","v":"Quality Control/Quality Assurance, QC/QA,  Portland Cement Concrete Pavement, PCCP"}]
[{"$f":"IF(Start!A789=\"\",\"\",Start!A789)","v":""},{"$f":"IF(Start!B789=\"\",\"\",Start!B789)","v":"503-05240"},{"$f":"IF(Start!C789=\"\",\"\",Start!C789)","v":"D-1 CONTRACTION JOINT"},{"$f":"IF(Start!D789=\"\",\"\",Start!D789)","v":53189},{"$f":"IF(Start!E789=\"\",\"\",Start!E789)","v":0},{"$f":"IF(Start!F789=\"\",\"\",Start!F789)","v":"L.F."},{"$f":"IF(Start!G789=\"\",\"\",Start!G789)","v":11.05},{"$f":"IF(Start!H789=\"\",\"\",Start!H789)","v":587738.45000000007},4,{"$f":"IF(I789=\"\",\"\",LOOKUP(I789,{1,\"01\";2,\"02\";3,\"03\";4,\"04\";5,\"05\";6,\"06\";7,\"07\";8,\"08\";9,\"09\";10,\"10\";11,\"11\";12,\"12\";13,\"13\";14,\"14\";15,\"15\"}))","v":"04"},"04. Rieth-Riley Construction",500,503,{"$f":"IF(B789=\"\",\"\",VLOOKUP(M789,Sections!$A$2:$D$200,3,FALSE))","v":"Concrete Pavement"},{"$f":"IF(B789=\"\",\"\",VLOOKUP(M789,Sections!$A$2:$D$200,4,FALSE))","v":"PCCP Joints"}]
[{"$f":"IF(Start!A790=\"\",\"\",Start!A790)","v":""},{"$f":"IF(Start!B790=\"\",\"\",Start!B790)","v":"601-01522"},{"$f":"IF(Start!C790=\"\",\"\",Start!C790)","v":"GUARDRAIL TRANSITION TYPE TGB"},{"$f":"IF(Start!D790=\"\",\"\",Start!D790)","v":2},{"$f":"IF(Start!E790=\"\",\"\",Start!E790)","v":0},{"$f":"IF(Start!F790=\"\",\"\",Start!F790)","v":"EACH"},{"$f":"IF(Start!G790=\"\",\"\",Start!G790)","v":2100},{"$f":"IF(Start!H790=\"\",\"\",Start!H790)","v":4200},4,{"$f":"IF(I790=\"\",\"\",LOOKUP(I790,{1,\"01\";2,\"02\";3,\"03\";4,\"04\";5,\"05\";6,\"06\";7,\"07\";8,\"08\";9,\"09\";10,\"10\";11,\"11\";12,\"12\";13,\"13\";14,\"14\";15,\"15\"}))","v":"04"},"04. Rieth-Riley Construction",600,601,{"$f":"IF(B790=\"\",\"\",VLOOKUP(M790,Sections!$A$2:$D$200,3,FALSE))","v":"Incidental Construction"},{"$f":"IF(B790=\"\",\"\",VLOOKUP(M790,Sections!$A$2:$D$200,4,FALSE))","v":"Guardrail"}]
[{"$f":"IF(Start!A791=\"\",\"\",Start!A791)","v":""},{"$f":"IF(Start!B791=\"\",\"\",Start!B791)","v":"601-01701"},{"$f":"IF(Start!C791=\"\",\"\",Start!C791)","v":"GUARDRAIL TERMINAL SYSTEM, W BEAM, CURVED, 2"},{"$f":"IF(Start!D791=\"\",\"\",Start!D791)","v":2},{"$f":"IF(Start!E791=\"\",\"\",Start!E791)","v":0},{"$f":"IF(Start!F791=\"\",\"\",Start!F791)","v":"EACH"},{"$f":"IF(Start!G791=\"\",\"\",Start!G791)","v":1865},{"$f":"IF(Start!H791=\"\",\"\",Start!H791)","v":3730},4,{"$f":"IF(I791=\"\",\"\",LOOKUP(I791,{1,\"01\";2,\"02\";3,\"03\";4,\"04\";5,\"05\";6,\"06\";7,\"07\";8,\"08\";9,\"09\";10,\"10\";11,\"11\";12,\"12\";13,\"13\";14,\"14\";15,\"15\"}))","v":"04"},"04. Rieth-Riley Construction",600,601,{"$f":"IF(B791=\"\",\"\",VLOOKUP(M791,Sections!$A$2:$D$200,3,FALSE))","v":"Incidental Construction"},{"$f":"IF(B791=\"\",\"\",VLOOKUP(M791,Sections!$A$2:$D$200,4,FALSE))","v":"Guardrail"}]
[{"$f":"IF(Start!A792=\"\",\"\",Start!A792)","v":""},{"$f":"IF(Start!B792=\"\",\"\",Start!B792)","v":"601-01848"},{"$f":"IF(Start!C792=\"\",\"\",Start!C792)","v":"GUARDRAIL TERMINAL SYSTEM, W-BEAM, CURVED, 5"},{"$f":"IF(Start!D792=\"\",\"\",Start!D792)","v":1},{"$f":"IF(Start!E792=\"\",\"\",Start!E792)","v":0},{"$f":"IF(Start!F792=\"\",\"\",Start!F792)","v":"EACH"},{"$f":"IF(Start!G792=\"\",\"\",Start!G792)","v":2065},{"$f":"IF(Start!H792=\"\",\"\",Start!H792)","v":2065},4,{"$f":"IF(I792=\"\",\"\",LOOKUP(I792,{1,\"01\";2,\"02\";3,\"03\";4,\"04\";5,\"05\";6,\"06\";7,\"07\";8,\"08\";9,\"09\";10,\"10\";11,\"11\";12,\"12\";13,\"13\";14,\"14\";15,\"15\"}))","v":"04"},"04. Rieth-Riley Construction",600,601,{"$f":"IF(B792=\"\",\"\",VLOOKUP(M792,Sections!$A$2:$D$200,3,FALSE))","v":"Incidental Construction"},{"$f":"IF(B792=\"\",\"\",VLOOKUP(M792,Sections!$A$2:$D$200,4,FALSE))","v":"Guardrail"}]
[{"$f":"IF(Start!A793=\"\",\"\",Start!A793)","v":""},{"$f":"IF(Start!B793=\"\",\"\",Start!B793)","v":"601-02241"},{"$f":"IF(Start!C793=\"\",\"\",Start!C793)","v":"GUARDRAIL, REMOVE"},{"$f":"IF(Start!D793=\"\",\"\",Start!D793)","v":1325},{"$f":"IF(Start!E793=\"\",\"\",Start!E793)","v":0},{"$f":"IF(Start!F793=\"\",\"\",Start!F793)","v":"L.F."},{"$f":"IF(Start!G793=\"\",\"\",Start!G793)","v":4.5},{"$f":"IF(Start!H793=\"\",\"\",Start!H793)","v":5962.5},4,{"$f":"IF(I793=\"\",\"\",LOOKUP(I793,{1,\"01\";2,\"02\";3,\"03\";4,\"04\";5,\"05\";6,\"06\";7,\"07\";8,\"08\";9,\"09\";10,\"10\";11,\"11\";12,\"12\";13,\"13\";14,\"14\";15,\"15\"}))","v":"04"},"04. Rieth-Riley Construction",600,601,{"$f":"IF(B793=\"\",\"\",VLOOKUP(M793,Sections!$A$2:$D$200,3,FALSE))","v":"Incidental Construction"},{"$f":"IF(B793=\"\",\"\",VLOOKUP(M793,Sections!$A$2:$D$200,4,FALSE))","v":"Guardrail"}]
[{"$f":"IF(Start!A794=\"\",\"\",Start!A794)","v":""},{"$f":"IF(Start!B794=\"\",\"\",Start!B794)","v":"601-05071"},{"$f":"IF(Start!C794=\"\",\"\",Start!C794)","v":"GUARDRAIL TERMINAL SYSTEM, W-BEAM, CURVED, 7"},{"$f":"IF(Start!D794=\"\",\"\",Start!D794)","v":1},{"$f":"IF(Start!E794=\"\",\"\",Start!E794)","v":0},{"$f":"IF(Start!F794=\"\",\"\",Start!F794)","v":"EACH"},{"$f":"IF(Start!G794=\"\",\"\",Start!G794)","v":2500},{"$f":"IF(Start!H794=\"\",\"\",Start!H794)","v":2500},4,{"$f":"IF(I794=\"\",\"\",LOOKUP(I794,{1,\"01\";2,\"02\";3,\"03\";4,\"04\";5,\"05\";6,\"06\";7,\"07\";8,\"08\";9,\"09\";10,\"10\";11,\"11\";12,\"12\";13,\"13\";14,\"14\";15,\"15\"}))","v":"04"},"04. Rieth-Riley Construction",600,601,{"$f":"IF(B794=\"\",\"\",VLOOKUP(M794,Sections!$A$2:$D$200,3,FALSE))","v":"Incidental Construction"},{"$f":"IF(B794=\"\",\"\",VLOOKUP(M794,Sections!$A$2:$D$200,4,FALSE))","v":"Guardrail"}]
[{"$f":"IF(Start!A795=\"\",\"\",Start!A795)","v":""},{"$f":"IF(Start!B795=\"\",\"\",Start!B795)","v":"601-06854"},{"$f":"IF(Start!C795=\"\",\"\",Start!C795)","v":"GUARDRAIL, W-BEAM, NESTED"},{"$f":"IF(Start!D795=\"\",\"\",Start!D795)","v":5},{"$f":"IF(Start!E795=\"\",\"\",Start!E795)","v":0},{"$f":"IF(Start!F795=\"\",\"\",Start!F795)","v":"EACH"},{"$f":"IF(Start!G795=\"\",\"\",Start!G795)","v":2800},{"$f":"IF(Start!H795=\"\",\"\",Start!H795)","v":14000},4,{"$f":"IF(I795=\"\",\"\",LOOKUP(I795,{1,\"01\";2,\"02\";3,\"03\";4,\"04\";5,\"05\";6,\"06\";7,\"07\";8,\"08\";9,\"09\";10,\"10\";11,\"11\";12,\"12\";13,\"13\";14,\"14\";15,\"15\"}))","v":"04"},"04. Rieth-Riley Construction",600,601,{"$f":"IF(B795=\"\",\"\",VLOOKUP(M795,Sections!$A$2:$D$200,3,FALSE))","v":"Incidental Construction"},{"$f":"IF(B795=\"\",\"\",VLOOKUP(M795,Sections!$A$2:$D$200,4,FALSE))","v":"Guardrail"}]
[{"$f":"IF(Start!A796=\"\",\"\",Start!A796)","v":""},{"$f":"IF(Start!B796=\"\",\"\",Start!B796)","v":"601-08433"},{"$f":"IF(Start!C796=\"\",\"\",Start!C796)","v":"GUARDRAIL END TREATMENT, TYPE OS, SPARE PARTS"},{"$f":"IF(Start!D796=\"\",\"\",Start!D796)","v":1},{"$f":"IF(Start!E796=\"\",\"\",Start!E796)","v":0},{"$f":"IF(Start!F796=\"\",\"\",Start!F796)","v":"EACH"},{"$f":"IF(Start!G796=\"\",\"\",Start!G796)","v":610},{"$f":"IF(Start!H796=\"\",\"\",Start!H796)","v":610},4,{"$f":"IF(I796=\"\",\"\",LOOKUP(I796,{1,\"01\";2,\"02\";3,\"03\";4,\"04\";5,\"05\";6,\"06\";7,\"07\";8,\"08\";9,\"09\";10,\"10\";11,\"11\";12,\"12\";13,\"13\";14,\"14\";15,\"15\"}))","v":"04"},"04. Rieth-Riley Construction",600,601,{"$f":"IF(B796=\"\",\"\",VLOOKUP(M796,Sections!$A$2:$D$200,3,FALSE))","v":"Incidental Construction"},{"$f":"IF(B796=\"\",\"\",VLOOKUP(M796,Sections!$A$2:$D$200,4,FALSE))","v":"Guardrail"}]
[{"$f":"IF(Start!A797=\"\",\"\",Start!A797)","v":""},{"$f":"IF(Start!B797=\"\",\"\",Start!B797)","v":"601-08434"},{"$f":"IF(Start!C797=\"\",\"\",Start!C797)","v":"GUARDRAIL END TREATMENT, TYPE OS, SPARE PARTS"},{"$f":"IF(Start!D797=\"\",\"\",Start!D797)","v":1},{"$f":"IF(Start!E797=\"\",\"\",Start!E797)","v":0},{"$f":"IF(Start!F797=\"\",\"\",Start!F797)","v":"EACH"},{"$f":"IF(Start!G797=\"\",\"\",Start!G797)","v":110},{"$f":"IF(Start!H797=\"\",\"\",Start!H797)","v":110},4,{"$f":"IF(I797=\"\",\"\",LOOKUP(I797,{1,\"01\";2,\"02\";3,\"03\";4,\"04\";5,\"05\";6,\"06\";7,\"07\";8,\"08\";9,\"09\";10,\"10\";11,\"11\";12,\"12\";13,\"13\";14,\"14\";15,\"15\"}))","v":"04"},"04. Rieth-Riley Construction",600,601,{"$f":"IF(B797=\"\",\"\",VLOOKUP(M797,Sections!$A$2:$D$200,3,FALSE))","v":"Incidental Construction"},{"$f":"IF(B797=\"\",\"\",VLOOKUP(M797,Sections!$A$2:$D$200,4,FALSE))","v":"Guardrail"}]
[{"$f":"IF(Start!A798=\"\",\"\",Start!A798)","v":""},{"$f":"IF(Start!B798=\"\",\"\",Start!B798)","v":"601-09149"},{"$f":"IF(Start!C798=\"\",\"\",Start!C798)","v":"IMPACT ATTENUATOR, CR1, W1, TL-3"},{"$f":"IF(Start!D798=\"\",\"\",Start!D798)","v":2},{"$f":"IF(Start!E798=\"\",\"\",Start!E798)","v":0},{"$f":"IF(Start!F798=\"\",\"\",Start!F798)","v":"EACH"},{"$f":"IF(Start!G798=\"\",\"\",Start!G798)","v":33000},{"$f":"IF(Start!H798=\"\",\"\",Start!H798)","v":66000},4,{"$f":"IF(I798=\"\",\"\",LOOKUP(I798,{1,\"01\";2,\"02\";3,\"03\";4,\"04\";5,\"05\";6,\"06\";7,\"07\";8,\"08\";9,\"09\";10,\"10\";11,\"11\";12,\"12\";13,\"13\";14,\"14\";15,\"15\"}))","v":"04"},"04. Rieth-Riley Construction",600,601,{"$f":"IF(B798=\"\",\"\",VLOOKUP(M798,Sections!$A$2:$D$200,3,FALSE))","v":"Incidental Construction"},{"$f":"IF(B798=\"\",\"\",VLOOKUP(M798,Sections!$A$2:$D$200,4,FALSE))","v":"Guardrail"}]
[{"$f":"IF(Start!A799=\"\",\"\",Start!A799)","v":""},{"$f":"IF(Start!B799=\"\",\"\",Start!B799)","v":"601-94689"},{"$f":"IF(Start!C799=\"\",\"\",Start!C799)","v":"GUARDRAIL END TREATMENT, OS"},{"$f":"IF(Start!D799=\"\",\"\",Start!D799)","v":15},{"$f":"IF(Start!E799=\"\",\"\",Start!E799)","v":0},{"$f":"IF(Start!F799=\"\",\"\",Start!F799)","v":"EACH"},{"$f":"IF(Start!G799=\"\",\"\",Start!G799)","v":2635},{"$f":"IF(Start!H799=\"\",\"\",Start!H799)","v":39525},4,{"$f":"IF(I799=\"\",\"\",LOOKUP(I799,{1,\"01\";2,\"02\";3,\"03\";4,\"04\";5,\"05\";6,\"06\";7,\"07\";8,\"08\";9,\"09\";10,\"10\";11,\"11\";12,\"12\";13,\"13\";14,\"14\";15,\"15\"}))","v":"04"},"04. Rieth-Riley Construction",600,601,{"$f":"IF(B799=\"\",\"\",VLOOKUP(M799,Sections!$A$2:$D$200,3,FALSE))","v":"Incidental Construction"},{"$f":"IF(B799=\"\",\"\",VLOOKUP(M799,Sections!$A$2:$D$200,4,FALSE))","v":"Guardrail"}]
[{"$f":"IF(Start!A800=\"\",\"\",Start!A800)","v":""},{"$f":"IF(Start!B800=\"\",\"\",Start!B800)","v":"601-99105"},{"$f":"IF(Start!C800=\"\",\"\",Start!C800)","v":"GUARDRAIL, W BEAM, 6 FT. 3 IN. SPACING"},{"$f":"IF(Start!D800=\"\",\"\",Start!D800)","v":3583},{"$f":"IF(Start!E800=\"\",\"\",Start!E800)","v":0},{"$f":"IF(Start!F800=\"\",\"\",Start!F800)","v":"L.F."},{"$f":"IF(Start!G800=\"\",\"\",Start!G800)","v":18.75},{"$f":"IF(Start!H800=\"\",\"\",Start!H800)","v":67181.25},4,{"$f":"IF(I800=\"\",\"\",LOOKUP(I800,{1,\"01\";2,\"02\";3,\"03\";4,\"04\";5,\"05\";6,\"06\";7,\"07\";8,\"08\";9,\"09\";10,\"10\";11,\"11\";12,\"12\";13,\"13\";14,\"14\";15,\"15\"}))","v":"04"},"04. Rieth-Riley Construction",600,601,{"$f":"IF(B800=\"\",\"\",VLOOKUP(M800,Sections!$A$2:$D$200,3,FALSE))","v":"Incidental Construction"},{"$f":"IF(B800=\"\",\"\",VLOOKUP(M800,Sections!$A$2:$D$200,4,FALSE))","v":"Guardrail"}]
[{"$f":"IF(Start!A801=\"\",\"\",Start!A801)","v":""},{"$f":"IF(Start!B801=\"\",\"\",Start!B801)","v":"601-99123"},{"$f":"IF(Start!C801=\"\",\"\",Start!C801)","v":"GUARDRAIL TRANSITION, GP"},{"$f":"IF(Start!D801=\"\",\"\",Start!D801)","v":4},{"$f":"IF(Start!E801=\"\",\"\",Start!E801)","v":0},{"$f":"IF(Start!F801=\"\",\"\",Start!F801)","v":"EACH"},{"$f":"IF(Start!G801=\"\",\"\",Start!G801)","v":3100},{"$f":"IF(Start!H801=\"\",\"\",Start!H801)","v":12400},4,{"$f":"IF(I801=\"\",\"\",LOOKUP(I801,{1,\"01\";2,\"02\";3,\"03\";4,\"04\";5,\"05\";6,\"06\";7,\"07\";8,\"08\";9,\"09\";10,\"10\";11,\"11\";12,\"12\";13,\"13\";14,\"14\";15,\"15\"}))","v":"04"},"04. Rieth-Riley Construction",600,601,{"$f":"IF(B801=\"\",\"\",VLOOKUP(M801,Sections!$A$2:$D$200,3,FALSE))","v":"Incidental Construction"},{"$f":"IF(B801=\"\",\"\",VLOOKUP(M801,Sections!$A$2:$D$200,4,FALSE))","v":"Guardrail"}]
[{"$f":"IF(Start!A802=\"\",\"\",Start!A802)","v":""},{"$f":"IF(Start!B802=\"\",\"\",Start!B802)","v":"603-06040"},{"$f":"IF(Start!C802=\"\",\"\",Start!C802)","v":"FENCE, FARM FIELD, 47 IN."},{"$f":"IF(Start!D802=\"\",\"\",Start!D802)","v":2579},{"$f":"IF(Start!E802=\"\",\"\",Start!E802)","v":0},{"$f":"IF(Start!F802=\"\",\"\",Start!F802)","v":"L.F."},{"$f":"IF(Start!G802=\"\",\"\",Start!G802)","v":7.25},{"$f":"IF(Start!H802=\"\",\"\",Start!H802)","v":18697.75},4,{"$f":"IF(I802=\"\",\"\",LOOKUP(I802,{1,\"01\";2,\"02\";3,\"03\";4,\"04\";5,\"05\";6,\"06\";7,\"07\";8,\"08\";9,\"09\";10,\"10\";11,\"11\";12,\"12\";13,\"13\";14,\"14\";15,\"15\"}))","v":"04"},"04. Rieth-Riley Construction",600,603,{"$f":"IF(B802=\"\",\"\",VLOOKUP(M802,Sections!$A$2:$D$200,3,FALSE))","v":"Incidental Construction"},{"$f":"IF(B802=\"\",\"\",VLOOKUP(M802,Sections!$A$2:$D$200,4,FALSE))","v":"Fences"}]
[{"$f":"IF(Start!A803=\"\",\"\",Start!A803)","v":""},{"$f":"IF(Start!B803=\"\",\"\",Start!B803)","v":"605-06090"},{"$f":"IF(Start!C803=\"\",\"\",Start!C803)","v":"CURB, INTEGRAL, CONCRETE"},{"$f":"IF(Start!D803=\"\",\"\",Start!D803)","v":217},{"$f":"IF(Start!E803=\"\",\"\",Start!E803)","v":0},{"$f":"IF(Start!F803=\"\",\"\",Start!F803)","v":"L.F."},{"$f":"IF(Start!G803=\"\",\"\",Start!G803)","v":34.4},{"$f":"IF(Start!H803=\"\",\"\",Start!H803)","v":7464.8},4,{"$f":"IF(I803=\"\",\"\",LOOKUP(I803,{1,\"01\";2,\"02\";3,\"03\";4,\"04\";5,\"05\";6,\"06\";7,\"07\";8,\"08\";9,\"09\";10,\"10\";11,\"11\";12,\"12\";13,\"13\";14,\"14\";15,\"15\"}))","v":"04"},"04. Rieth-Riley Construction",600,605,{"$f":"IF(B803=\"\",\"\",VLOOKUP(M803,Sections!$A$2:$D$200,3,FALSE))","v":"Incidental Construction"},{"$f":"IF(B803=\"\",\"\",VLOOKUP(M803,Sections!$A$2:$D$200,4,FALSE))","v":"Curbing"}]
[{"$f":"IF(Start!A804=\"\",\"\",Start!A804)","v":""},{"$f":"IF(Start!B804=\"\",\"\",Start!B804)","v":"605-06121"},{"$f":"IF(Start!C804=\"\",\"\",Start!C804)","v":"CURB, CONCRETE, B"},{"$f":"IF(Start!D804=\"\",\"\",Start!D804)","v":1442},{"$f":"IF(Start!E804=\"\",\"\",Start!E804)","v":0},{"$f":"IF(Start!F804=\"\",\"\",Start!F804)","v":"L.F."},{"$f":"IF(Start!G804=\"\",\"\",Start!G804)","v":17.900000000000002},{"$f":"IF(Start!H804=\"\",\"\",Start!H804)","v":25811.800000000003},4,{"$f":"IF(I804=\"\",\"\",LOOKUP(I804,{1,\"01\";2,\"02\";3,\"03\";4,\"04\";5,\"05\";6,\"06\";7,\"07\";8,\"08\";9,\"09\";10,\"10\";11,\"11\";12,\"12\";13,\"13\";14,\"14\";15,\"15\"}))","v":"04"},"04. Rieth-Riley Construction",600,605,{"$f":"IF(B804=\"\",\"\",VLOOKUP(M804,Sections!$A$2:$D$200,3,FALSE))","v":"Incidental Construction"},{"$f":"IF(B804=\"\",\"\",VLOOKUP(M804,Sections!$A$2:$D$200,4,FALSE))","v":"Curbing"}]
[{"$f":"IF(Start!A805=\"\",\"\",Start!A805)","v":""},{"$f":"IF(Start!B805=\"\",\"\",Start!B805)","v":"605-06140"},{"$f":"IF(Start!C805=\"\",\"\",Start!C805)","v":"CURB AND GUTTER, CONCRETE"},{"$f":"IF(Start!D805=\"\",\"\",Start!D805)","v":42},{"$f":"IF(Start!E805=\"\",\"\",Start!E805)","v":0},{"$f":"IF(Start!F805=\"\",\"\",Start!F805)","v":"L.F."},{"$f":"IF(Start!G805=\"\",\"\",Start!G805)","v":37.300000000000004},{"$f":"IF(Start!H805=\"\",\"\",Start!H805)","v":1566.6000000000001},4,{"$f":"IF(I805=\"\",\"\",LOOKUP(I805,{1,\"01\";2,\"02\";3,\"03\";4,\"04\";5,\"05\";6,\"06\";7,\"07\";8,\"08\";9,\"09\";10,\"10\";11,\"11\";12,\"12\";13,\"13\";14,\"14\";15,\"15\"}))","v":"04"},"04. Rieth-Riley Construction",600,605,{"$f":"IF(B805=\"\",\"\",VLOOKUP(M805,Sections!$A$2:$D$200,3,FALSE))","v":"Incidental Construction"},{"$f":"IF(B805=\"\",\"\",VLOOKUP(M805,Sections!$A$2:$D$200,4,FALSE))","v":"Curbing"}]
[{"$f":"IF(Start!A806=\"\",\"\",Start!A806)","v":""},{"$f":"IF(Start!B806=\"\",\"\",Start!B806)","v":"605-06145"},{"$f":"IF(Start!C806=\"\",\"\",Start!C806)","v":"CURB AND GUTTER, B, CONCRETE"},{"$f":"IF(Start!D806=\"\",\"\",Start!D806)","v":177},{"$f":"IF(Start!E806=\"\",\"\",Start!E806)","v":0},{"$f":"IF(Start!F806=\"\",\"\",Start!F806)","v":"L.F."},{"$f":"IF(Start!G806=\"\",\"\",Start!G806)","v":32.75},{"$f":"IF(Start!H806=\"\",\"\",Start!H806)","v":5796.75},4,{"$f":"IF(I806=\"\",\"\",LOOKUP(I806,{1,\"01\";2,\"02\";3,\"03\";4,\"04\";5,\"05\";6,\"06\";7,\"07\";8,\"08\";9,\"09\";10,\"10\";11,\"11\";12,\"12\";13,\"13\";14,\"14\";15,\"15\"}))","v":"04"},"04. Rieth-Riley Construction",600,605,{"$f":"IF(B806=\"\",\"\",VLOOKUP(M806,Sections!$A$2:$D$200,3,FALSE))","v":"Incidental Construction"},{"$f":"IF(B806=\"\",\"\",VLOOKUP(M806,Sections!$A$2:$D$200,4,FALSE))","v":"Curbing"}]
[{"$f":"IF(Start!A807=\"\",\"\",Start!A807)","v":""},{"$f":"IF(Start!B807=\"\",\"\",Start!B807)","v":"605-06245"},{"$f":"IF(Start!C807=\"\",\"\",Start!C807)","v":"CENTER CURB, B, CONCRETE"},{"$f":"IF(Start!D807=\"\",\"\",Start!D807)","v":4255},{"$f":"IF(Start!E807=\"\",\"\",Start!E807)","v":0},{"$f":"IF(Start!F807=\"\",\"\",Start!F807)","v":"S.Y."},{"$f":"IF(Start!G807=\"\",\"\",Start!G807)","v":52.75},{"$f":"IF(Start!H807=\"\",\"\",Start!H807)","v":224451.25},4,{"$f":"IF(I807=\"\",\"\",LOOKUP(I807,{1,\"01\";2,\"02\";3,\"03\";4,\"04\";5,\"05\";6,\"06\";7,\"07\";8,\"08\";9,\"09\";10,\"10\";11,\"11\";12,\"12\";13,\"13\";14,\"14\";15,\"15\"}))","v":"04"},"04. Rieth-Riley Construction",600,605,{"$f":"IF(B807=\"\",\"\",VLOOKUP(M807,Sections!$A$2:$D$200,3,FALSE))","v":"Incidental Construction"},{"$f":"IF(B807=\"\",\"\",VLOOKUP(M807,Sections!$A$2:$D$200,4,FALSE))","v":"Curbing"}]
[{"$f":"IF(Start!A808=\"\",\"\",Start!A808)","v":""},{"$f":"IF(Start!B808=\"\",\"\",Start!B808)","v":"610-07487"},{"$f":"IF(Start!C808=\"\",\"\",Start!C808)","v":"HMA FOR APPROACHES, TYPE B"},{"$f":"IF(Start!D808=\"\",\"\",Start!D808)","v":1776},{"$f":"IF(Start!E808=\"\",\"\",Start!E808)","v":0},{"$f":"IF(Start!F808=\"\",\"\",Start!F808)","v":"TON"},{"$f":"IF(Start!G808=\"\",\"\",Start!G808)","v":83},{"$f":"IF(Start!H808=\"\",\"\",Start!H808)","v":147408},4,{"$f":"IF(I808=\"\",\"\",LOOKUP(I808,{1,\"01\";2,\"02\";3,\"03\";4,\"04\";5,\"05\";6,\"06\";7,\"07\";8,\"08\";9,\"09\";10,\"10\";11,\"11\";12,\"12\";13,\"13\";14,\"14\";15,\"15\"}))","v":"04"},"04. Rieth-Riley Construction",600,610,{"$f":"IF(B808=\"\",\"\",VLOOKUP(M808,Sections!$A$2:$D$200,3,FALSE))","v":"Incidental Construction"},{"$f":"IF(B808=\"\",\"\",VLOOKUP(M808,Sections!$A$2:$D$200,4,FALSE))","v":"Approaches And Crossovers"}]
[{"$f":"IF(Start!A809=\"\",\"\",Start!A809)","v":""},{"$f":"IF(Start!B809=\"\",\"\",Start!B809)","v":"610-09108"},{"$f":"IF(Start!C809=\"\",\"\",Start!C809)","v":"PCCP FOR APPROACHES, 9 IN."},{"$f":"IF(Start!D809=\"\",\"\",Start!D809)","v":2088},{"$f":"IF(Start!E809=\"\",\"\",Start!E809)","v":0},{"$f":"IF(Start!F809=\"\",\"\",Start!F809)","v":"S.Y."},{"$f":"IF(Start!G809=\"\",\"\",Start!G809)","v":59.5},{"$f":"IF(Start!H809=\"\",\"\",Start!H809)","v":124236},4,{"$f":"IF(I809=\"\",\"\",LOOKUP(I809,{1,\"01\";2,\"02\";3,\"03\";4,\"04\";5,\"05\";6,\"06\";7,\"07\";8,\"08\";9,\"09\";10,\"10\";11,\"11\";12,\"12\";13,\"13\";14,\"14\";15,\"15\"}))","v":"04"},"04. Rieth-Riley Construction",600,610,{"$f":"IF(B809=\"\",\"\",VLOOKUP(M809,Sections!$A$2:$D$200,3,FALSE))","v":"Incidental Construction"},{"$f":"IF(B809=\"\",\"\",VLOOKUP(M809,Sections!$A$2:$D$200,4,FALSE))","v":"Approaches And Crossovers"}]
[{"$f":"IF(Start!A810=\"\",\"\",Start!A810)","v":""},{"$f":"IF(Start!B810=\"\",\"\",Start!B810)","v":"611-06497"},{"$f":"IF(Start!C810=\"\",\"\",Start!C810)","v":"MAILBOX ASSEMBLY, SINGLE"},{"$f":"IF(Start!D810=\"\",\"\",Start!D810)","v":2},{"$f":"IF(Start!E810=\"\",\"\",Start!E810)","v":0},{"$f":"IF(Start!F810=\"\",\"\",Start!F810)","v":"EACH"},{"$f":"IF(Start!G810=\"\",\"\",Start!G810)","v":215},{"$f":"IF(Start!H810=\"\",\"\",Start!H810)","v":430},4,{"$f":"IF(I810=\"\",\"\",LOOKUP(I810,{1,\"01\";2,\"02\";3,\"03\";4,\"04\";5,\"05\";6,\"06\";7,\"07\";8,\"08\";9,\"09\";10,\"10\";11,\"11\";12,\"12\";13,\"13\";14,\"14\";15,\"15\"}))","v":"04"},"04. Rieth-Riley Construction",600,611,{"$f":"IF(B810=\"\",\"\",VLOOKUP(M810,Sections!$A$2:$D$200,3,FALSE))","v":"Incidental Construction"},{"$f":"IF(B810=\"\",\"\",VLOOKUP(M810,Sections!$A$2:$D$200,4,FALSE))","v":"Mailbox Installations"}]
[{"$f":"IF(Start!A811=\"\",\"\",Start!A811)","v":""},{"$f":"IF(Start!B811=\"\",\"\",Start!B811)","v":"611-06498"},{"$f":"IF(Start!C811=\"\",\"\",Start!C811)","v":"MAILBOX ASSEMBLY, DOUBLE"},{"$f":"IF(Start!D811=\"\",\"\",Start!D811)","v":1},{"$f":"IF(Start!E811=\"\",\"\",Start!E811)","v":0},{"$f":"IF(Start!F811=\"\",\"\",Start!F811)","v":"EACH"},{"$f":"IF(Start!G811=\"\",\"\",Start!G811)","v":275},{"$f":"IF(Start!H811=\"\",\"\",Start!H811)","v":275},4,{"$f":"IF(I811=\"\",\"\",LOOKUP(I811,{1,\"01\";2,\"02\";3,\"03\";4,\"04\";5,\"05\";6,\"06\";7,\"07\";8,\"08\";9,\"09\";10,\"10\";11,\"11\";12,\"12\";13,\"13\";14,\"14\";15,\"15\"}))","v":"04"},"04. Rieth-Riley Construction",600,611,{"$f":"IF(B811=\"\",\"\",VLOOKUP(M811,Sections!$A$2:$D$200,3,FALSE))","v":"Incidental Construction"},{"$f":"IF(B811=\"\",\"\",VLOOKUP(M811,Sections!$A$2:$D$200,4,FALSE))","v":"Mailbox Installations"}]
[{"$f":"IF(Start!A812=\"\",\"\",Start!A812)","v":""},{"$f":"IF(Start!B812=\"\",\"\",Start!B812)","v":"615-06490"},{"$f":"IF(Start!C812=\"\",\"\",Start!C812)","v":"RIGHT OF WAY MARKER"},{"$f":"IF(Start!D812=\"\",\"\",Start!D812)","v":61},{"$f":"IF(Start!E812=\"\",\"\",Start!E812)","v":0},{"$f":"IF(Start!F812=\"\",\"\",Start!F812)","v":"EACH"},{"$f":"IF(Start!G812=\"\",\"\",Start!G812)","v":137},{"$f":"IF(Start!H812=\"\",\"\",Start!H812)","v":8357},4,{"$f":"IF(I812=\"\",\"\",LOOKUP(I812,{1,\"01\";2,\"02\";3,\"03\";4,\"04\";5,\"05\";6,\"06\";7,\"07\";8,\"08\";9,\"09\";10,\"10\";11,\"11\";12,\"12\";13,\"13\";14,\"14\";15,\"15\"}))","v":"04"},"04. Rieth-Riley Construction",600,615,{"$f":"IF(B812=\"\",\"\",VLOOKUP(M812,Sections!$A$2:$D$200,3,FALSE))","v":"Incidental Construction"},{"$f":"IF(B812=\"\",\"\",VLOOKUP(M812,Sections!$A$2:$D$200,4,FALSE))","v":"Monuments, Markers, And Parking Barriers"}]
[{"$f":"IF(Start!A813=\"\",\"\",Start!A813)","v":""},{"$f":"IF(Start!B813=\"\",\"\",Start!B813)","v":"615-06500"},{"$f":"IF(Start!C813=\"\",\"\",Start!C813)","v":"MONUMENT, A"},{"$f":"IF(Start!D813=\"\",\"\",Start!D813)","v":2},{"$f":"IF(Start!E813=\"\",\"\",Start!E813)","v":0},{"$f":"IF(Start!F813=\"\",\"\",Start!F813)","v":"EACH"},{"$f":"IF(Start!G813=\"\",\"\",Start!G813)","v":650},{"$f":"IF(Start!H813=\"\",\"\",Start!H813)","v":1300},4,{"$f":"IF(I813=\"\",\"\",LOOKUP(I813,{1,\"01\";2,\"02\";3,\"03\";4,\"04\";5,\"05\";6,\"06\";7,\"07\";8,\"08\";9,\"09\";10,\"10\";11,\"11\";12,\"12\";13,\"13\";14,\"14\";15,\"15\"}))","v":"04"},"04. Rieth-Riley Construction",600,615,{"$f":"IF(B813=\"\",\"\",VLOOKUP(M813,Sections!$A$2:$D$200,3,FALSE))","v":"Incidental Construction"},{"$f":"IF(B813=\"\",\"\",VLOOKUP(M813,Sections!$A$2:$D$200,4,FALSE))","v":"Monuments, Markers, And Parking Barriers"}]
[{"$f":"IF(Start!A814=\"\",\"\",Start!A814)","v":""},{"$f":"IF(Start!B814=\"\",\"\",Start!B814)","v":"615-06505"},{"$f":"IF(Start!C814=\"\",\"\",Start!C814)","v":"MONUMENT, B"},{"$f":"IF(Start!D814=\"\",\"\",Start!D814)","v":6},{"$f":"IF(Start!E814=\"\",\"\",Start!E814)","v":0},{"$f":"IF(Start!F814=\"\",\"\",Start!F814)","v":"EACH"},{"$f":"IF(Start!G814=\"\",\"\",Start!G814)","v":755},{"$f":"IF(Start!H814=\"\",\"\",Start!H814)","v":4530},4,{"$f":"IF(I814=\"\",\"\",LOOKUP(I814,{1,\"01\";2,\"02\";3,\"03\";4,\"04\";5,\"05\";6,\"06\";7,\"07\";8,\"08\";9,\"09\";10,\"10\";11,\"11\";12,\"12\";13,\"13\";14,\"14\";15,\"15\"}))","v":"04"},"04. Rieth-Riley Construction",600,615,{"$f":"IF(B814=\"\",\"\",VLOOKUP(M814,Sections!$A$2:$D$200,3,FALSE))","v":"Incidental Construction"},{"$f":"IF(B814=\"\",\"\",VLOOKUP(M814,Sections!$A$2:$D$200,4,FALSE))","v":"Monuments, Markers, And Parking Barriers"}]
[{"$f":"IF(Start!A815=\"\",\"\",Start!A815)","v":""},{"$f":"IF(Start!B815=\"\",\"\",Start!B815)","v":"615-06510"},{"$f":"IF(Start!C815=\"\",\"\",Start!C815)","v":"MONUMENT, C"},{"$f":"IF(Start!D815=\"\",\"\",Start!D815)","v":2},{"$f":"IF(Start!E815=\"\",\"\",Start!E815)","v":0},{"$f":"IF(Start!F815=\"\",\"\",Start!F815)","v":"EACH"},{"$f":"IF(Start!G815=\"\",\"\",Start!G815)","v":555},{"$f":"IF(Start!H815=\"\",\"\",Start!H815)","v":1110},4,{"$f":"IF(I815=\"\",\"\",LOOKUP(I815,{1,\"01\";2,\"02\";3,\"03\";4,\"04\";5,\"05\";6,\"06\";7,\"07\";8,\"08\";9,\"09\";10,\"10\";11,\"11\";12,\"12\";13,\"13\";14,\"14\";15,\"15\"}))","v":"04"},"04. Rieth-Riley Construction",600,615,{"$f":"IF(B815=\"\",\"\",VLOOKUP(M815,Sections!$A$2:$D$200,3,FALSE))","v":"Incidental Construction"},{"$f":"IF(B815=\"\",\"\",VLOOKUP(M815,Sections!$A$2:$D$200,4,FALSE))","v":"Monuments, Markers, And Parking Barriers"}]
[{"$f":"IF(Start!A816=\"\",\"\",Start!A816)","v":""},{"$f":"IF(Start!B816=\"\",\"\",Start!B816)","v":"615-06515"},{"$f":"IF(Start!C816=\"\",\"\",Start!C816)","v":"MONUMENT, D"},{"$f":"IF(Start!D816=\"\",\"\",Start!D816)","v":48},{"$f":"IF(Start!E816=\"\",\"\",Start!E816)","v":0},{"$f":"IF(Start!F816=\"\",\"\",Start!F816)","v":"EACH"},{"$f":"IF(Start!G816=\"\",\"\",Start!G816)","v":135},{"$f":"IF(Start!H816=\"\",\"\",Start!H816)","v":6480},4,{"$f":"IF(I816=\"\",\"\",LOOKUP(I816,{1,\"01\";2,\"02\";3,\"03\";4,\"04\";5,\"05\";6,\"06\";7,\"07\";8,\"08\";9,\"09\";10,\"10\";11,\"11\";12,\"12\";13,\"13\";14,\"14\";15,\"15\"}))","v":"04"},"04. Rieth-Riley Construction",600,615,{"$f":"IF(B816=\"\",\"\",VLOOKUP(M816,Sections!$A$2:$D$200,3,FALSE))","v":"Incidental Construction"},{"$f":"IF(B816=\"\",\"\",VLOOKUP(M816,Sections!$A$2:$D$200,4,FALSE))","v":"Monuments, Markers, And Parking Barriers"}]
[{"$f":"IF(Start!A817=\"\",\"\",Start!A817)","v":""},{"$f":"IF(Start!B817=\"\",\"\",Start!B817)","v":"615-06520"},{"$f":"IF(Start!C817=\"\",\"\",Start!C817)","v":"MONUMENT, RE ESTABLISH"},{"$f":"IF(Start!D817=\"\",\"\",Start!D817)","v":1},{"$f":"IF(Start!E817=\"\",\"\",Start!E817)","v":0},{"$f":"IF(Start!F817=\"\",\"\",Start!F817)","v":"EACH"},{"$f":"IF(Start!G817=\"\",\"\",Start!G817)","v":1500},{"$f":"IF(Start!H817=\"\",\"\",Start!H817)","v":1500},4,{"$f":"IF(I817=\"\",\"\",LOOKUP(I817,{1,\"01\";2,\"02\";3,\"03\";4,\"04\";5,\"05\";6,\"06\";7,\"07\";8,\"08\";9,\"09\";10,\"10\";11,\"11\";12,\"12\";13,\"13\";14,\"14\";15,\"15\"}))","v":"04"},"04. Rieth-Riley Construction",600,615,{"$f":"IF(B817=\"\",\"\",VLOOKUP(M817,Sections!$A$2:$D$200,3,FALSE))","v":"Incidental Construction"},{"$f":"IF(B817=\"\",\"\",VLOOKUP(M817,Sections!$A$2:$D$200,4,FALSE))","v":"Monuments, Markers, And Parking Barriers"}]
[{"$f":"IF(Start!A818=\"\",\"\",Start!A818)","v":""},{"$f":"IF(Start!B818=\"\",\"\",Start!B818)","v":"615-06535"},{"$f":"IF(Start!C818=\"\",\"\",Start!C818)","v":"BENCH MARK POST, RESET"},{"$f":"IF(Start!D818=\"\",\"\",Start!D818)","v":1},{"$f":"IF(Start!E818=\"\",\"\",Start!E818)","v":0},{"$f":"IF(Start!F818=\"\",\"\",Start!F818)","v":"EACH"},{"$f":"IF(Start!G818=\"\",\"\",Start!G818)","v":1000},{"$f":"IF(Start!H818=\"\",\"\",Start!H818)","v":1000},4,{"$f":"IF(I818=\"\",\"\",LOOKUP(I818,{1,\"01\";2,\"02\";3,\"03\";4,\"04\";5,\"05\";6,\"06\";7,\"07\";8,\"08\";9,\"09\";10,\"10\";11,\"11\";12,\"12\";13,\"13\";14,\"14\";15,\"15\"}))","v":"04"},"04. Rieth-Riley Construction",600,615,{"$f":"IF(B818=\"\",\"\",VLOOKUP(M818,Sections!$A$2:$D$200,3,FALSE))","v":"Incidental Construction"},{"$f":"IF(B818=\"\",\"\",VLOOKUP(M818,Sections!$A$2:$D$200,4,FALSE))","v":"Monuments, Markers, And Parking Barriers"}]
[{"$f":"IF(Start!A819=\"\",\"\",Start!A819)","v":""},{"$f":"IF(Start!B819=\"\",\"\",Start!B819)","v":"616-02320"},{"$f":"IF(Start!C819=\"\",\"\",Start!C819)","v":"GEOTEXTILES"},{"$f":"IF(Start!D819=\"\",\"\",Start!D819)","v":1282},{"$f":"IF(Start!E819=\"\",\"\",Start!E819)","v":0},{"$f":"IF(Start!F819=\"\",\"\",Start!F819)","v":"S.Y."},{"$f":"IF(Start!G819=\"\",\"\",Start!G819)","v":1.25},{"$f":"IF(Start!H819=\"\",\"\",Start!H819)","v":1602.5},4,{"$f":"IF(I819=\"\",\"\",LOOKUP(I819,{1,\"01\";2,\"02\";3,\"03\";4,\"04\";5,\"05\";6,\"06\";7,\"07\";8,\"08\";9,\"09\";10,\"10\";11,\"11\";12,\"12\";13,\"13\";14,\"14\";15,\"15\"}))","v":"04"},"04. Rieth-Riley Construction",600,616,{"$f":"IF(B819=\"\",\"\",VLOOKUP(M819,Sections!$A$2:$D$200,3,FALSE))","v":"Incidental Construction"},{"$f":"IF(B819=\"\",\"\",VLOOKUP(M819,Sections!$A$2:$D$200,4,FALSE))","v":"Riprap And Slopewall"}]
[{"$f":"IF(Start!A820=\"\",\"\",Start!A820)","v":""},{"$f":"IF(Start!B820=\"\",\"\",Start!B820)","v":"616-05688"},{"$f":"IF(Start!C820=\"\",\"\",Start!C820)","v":"RIPRAP, CLASS 1"},{"$f":"IF(Start!D820=\"\",\"\",Start!D820)","v":77},{"$f":"IF(Start!E820=\"\",\"\",Start!E820)","v":0},{"$f":"IF(Start!F820=\"\",\"\",Start!F820)","v":"TON"},{"$f":"IF(Start!G820=\"\",\"\",Start!G820)","v":42.050000000000004},{"$f":"IF(Start!H820=\"\",\"\",Start!H820)","v":3237.85},4,{"$f":"IF(I820=\"\",\"\",LOOKUP(I820,{1,\"01\";2,\"02\";3,\"03\";4,\"04\";5,\"05\";6,\"06\";7,\"07\";8,\"08\";9,\"09\";10,\"10\";11,\"11\";12,\"12\";13,\"13\";14,\"14\";15,\"15\"}))","v":"04"},"04. Rieth-Riley Construction",600,616,{"$f":"IF(B820=\"\",\"\",VLOOKUP(M820,Sections!$A$2:$D$200,3,FALSE))","v":"Incidental Construction"},{"$f":"IF(B820=\"\",\"\",VLOOKUP(M820,Sections!$A$2:$D$200,4,FALSE))","v":"Riprap And Slopewall"}]
[{"$f":"IF(Start!A821=\"\",\"\",Start!A821)","v":""},{"$f":"IF(Start!B821=\"\",\"\",Start!B821)","v":"616-06405"},{"$f":"IF(Start!C821=\"\",\"\",Start!C821)","v":"RIPRAP, REVETMENT"},{"$f":"IF(Start!D821=\"\",\"\",Start!D821)","v":445},{"$f":"IF(Start!E821=\"\",\"\",Start!E821)","v":0},{"$f":"IF(Start!F821=\"\",\"\",Start!F821)","v":"TON"},{"$f":"IF(Start!G821=\"\",\"\",Start!G821)","v":36.200000000000003},{"$f":"IF(Start!H821=\"\",\"\",Start!H821)","v":16109},4,{"$f":"IF(I821=\"\",\"\",LOOKUP(I821,{1,\"01\";2,\"02\";3,\"03\";4,\"04\";5,\"05\";6,\"06\";7,\"07\";8,\"08\";9,\"09\";10,\"10\";11,\"11\";12,\"12\";13,\"13\";14,\"14\";15,\"15\"}))","v":"04"},"04. Rieth-Riley Construction",600,616,{"$f":"IF(B821=\"\",\"\",VLOOKUP(M821,Sections!$A$2:$D$200,3,FALSE))","v":"Incidental Construction"},{"$f":"IF(B821=\"\",\"\",VLOOKUP(M821,Sections!$A$2:$D$200,4,FALSE))","v":"Riprap And Slopewall"}]
[{"$f":"IF(Start!A822=\"\",\"\",Start!A822)","v":""},{"$f":"IF(Start!B822=\"\",\"\",Start!B822)","v":"616-06451"},{"$f":"IF(Start!C822=\"\",\"\",Start!C822)","v":"RIPRAP, UNIFORM"},{"$f":"IF(Start!D822=\"\",\"\",Start!D822)","v":62},{"$f":"IF(Start!E822=\"\",\"\",Start!E822)","v":0},{"$f":"IF(Start!F822=\"\",\"\",Start!F822)","v":"TON"},{"$f":"IF(Start!G822=\"\",\"\",Start!G822)","v":43.1},{"$f":"IF(Start!H822=\"\",\"\",Start!H822)","v":2672.2000000000003},4,{"$f":"IF(I822=\"\",\"\",LOOKUP(I822,{1,\"01\";2,\"02\";3,\"03\";4,\"04\";5,\"05\";6,\"06\";7,\"07\";8,\"08\";9,\"09\";10,\"10\";11,\"11\";12,\"12\";13,\"13\";14,\"14\";15,\"15\"}))","v":"04"},"04. Rieth-Riley Construction",600,616,{"$f":"IF(B822=\"\",\"\",VLOOKUP(M822,Sections!$A$2:$D$200,3,FALSE))","v":"Incidental Construction"},{"$f":"IF(B822=\"\",\"\",VLOOKUP(M822,Sections!$A$2:$D$200,4,FALSE))","v":"Riprap And Slopewall"}]
[{"$f":"IF(Start!A823=\"\",\"\",Start!A823)","v":""},{"$f":"IF(Start!B823=\"\",\"\",Start!B823)","v":"619-11052"},{"$f":"IF(Start!C823=\"\",\"\",Start!C823)","v":"CLEAN STEEL BRIDGE, QP-2, BR. NO. ,"},{"$f":"IF(Start!D823=\"\",\"\",Start!D823)","v":1},{"$f":"IF(Start!E823=\"\",\"\",Start!E823)","v":0},{"$f":"IF(Start!F823=\"\",\"\",Start!F823)","v":"L.S."},{"$f":"IF(Start!G823=\"\",\"\",Start!G823)","v":40000},{"$f":"IF(Start!H823=\"\",\"\",Start!H823)","v":40000},4,{"$f":"IF(I823=\"\",\"\",LOOKUP(I823,{1,\"01\";2,\"02\";3,\"03\";4,\"04\";5,\"05\";6,\"06\";7,\"07\";8,\"08\";9,\"09\";10,\"10\";11,\"11\";12,\"12\";13,\"13\";14,\"14\";15,\"15\"}))","v":"04"},"04. Rieth-Riley Construction",600,619,{"$f":"IF(B823=\"\",\"\",VLOOKUP(M823,Sections!$A$2:$D$200,3,FALSE))","v":"Incidental Construction"},{"$f":"IF(B823=\"\",\"\",VLOOKUP(M823,Sections!$A$2:$D$200,4,FALSE))","v":"Painting Bridge Steel"}]
[{"$f":"IF(Start!A824=\"\",\"\",Start!A824)","v":""},{"$f":"IF(Start!B824=\"\",\"\",Start!B824)","v":"619-11052"},{"$f":"IF(Start!C824=\"\",\"\",Start!C824)","v":"CLEAN STEEL BRIDGE, QP-2, BR. NO. ,"},{"$f":"IF(Start!D824=\"\",\"\",Start!D824)","v":1},{"$f":"IF(Start!E824=\"\",\"\",Start!E824)","v":0},{"$f":"IF(Start!F824=\"\",\"\",Start!F824)","v":"L.S."},{"$f":"IF(Start!G824=\"\",\"\",Start!G824)","v":40000},{"$f":"IF(Start!H824=\"\",\"\",Start!H824)","v":40000},4,{"$f":"IF(I824=\"\",\"\",LOOKUP(I824,{1,\"01\";2,\"02\";3,\"03\";4,\"04\";5,\"05\";6,\"06\";7,\"07\";8,\"08\";9,\"09\";10,\"10\";11,\"11\";12,\"12\";13,\"13\";14,\"14\";15,\"15\"}))","v":"04"},"04. Rieth-Riley Construction",600,619,{"$f":"IF(B824=\"\",\"\",VLOOKUP(M824,Sections!$A$2:$D$200,3,FALSE))","v":"Incidental Construction"},{"$f":"IF(B824=\"\",\"\",VLOOKUP(M824,Sections!$A$2:$D$200,4,FALSE))","v":"Painting Bridge Steel"}]
[{"$f":"IF(Start!A825=\"\",\"\",Start!A825)","v":""},{"$f":"IF(Start!B825=\"\",\"\",Start!B825)","v":"619-51859"},{"$f":"IF(Start!C825=\"\",\"\",Start!C825)","v":"PAINT STEEL BRIDGE , STR. NO. 2"},{"$f":"IF(Start!D825=\"\",\"\",Start!D825)","v":1},{"$f":"IF(Start!E825=\"\",\"\",Start!E825)","v":0},{"$f":"IF(Start!F825=\"\",\"\",Start!F825)","v":"L.S."},{"$f":"IF(Start!G825=\"\",\"\",Start!G825)","v":15000},{"$f":"IF(Start!H825=\"\",\"\",Start!H825)","v":15000},4,{"$f":"IF(I825=\"\",\"\",LOOKUP(I825,{1,\"01\";2,\"02\";3,\"03\";4,\"04\";5,\"05\";6,\"06\";7,\"07\";8,\"08\";9,\"09\";10,\"10\";11,\"11\";12,\"12\";13,\"13\";14,\"14\";15,\"15\"}))","v":"04"},"04. Rieth-Riley Construction",600,619,{"$f":"IF(B825=\"\",\"\",VLOOKUP(M825,Sections!$A$2:$D$200,3,FALSE))","v":"Incidental Construction"},{"$f":"IF(B825=\"\",\"\",VLOOKUP(M825,Sections!$A$2:$D$200,4,FALSE))","v":"Painting Bridge Steel"}]
[{"$f":"IF(Start!A826=\"\",\"\",Start!A826)","v":""},{"$f":"IF(Start!B826=\"\",\"\",Start!B826)","v":"619-51859"},{"$f":"IF(Start!C826=\"\",\"\",Start!C826)","v":"PAINT STEEL BRIDGE , STR. NO. 2"},{"$f":"IF(Start!D826=\"\",\"\",Start!D826)","v":1},{"$f":"IF(Start!E826=\"\",\"\",Start!E826)","v":0},{"$f":"IF(Start!F826=\"\",\"\",Start!F826)","v":"L.S."},{"$f":"IF(Start!G826=\"\",\"\",Start!G826)","v":15000},{"$f":"IF(Start!H826=\"\",\"\",Start!H826)","v":15000},4,{"$f":"IF(I826=\"\",\"\",LOOKUP(I826,{1,\"01\";2,\"02\";3,\"03\";4,\"04\";5,\"05\";6,\"06\";7,\"07\";8,\"08\";9,\"09\";10,\"10\";11,\"11\";12,\"12\";13,\"13\";14,\"14\";15,\"15\"}))","v":"04"},"04. Rieth-Riley Construction",600,619,{"$f":"IF(B826=\"\",\"\",VLOOKUP(M826,Sections!$A$2:$D$200,3,FALSE))","v":"Incidental Construction"},{"$f":"IF(B826=\"\",\"\",VLOOKUP(M826,Sections!$A$2:$D$200,4,FALSE))","v":"Painting Bridge Steel"}]
[{"$f":"IF(Start!A827=\"\",\"\",Start!A827)","v":""},{"$f":"IF(Start!B827=\"\",\"\",Start!B827)","v":"621-01004"},{"$f":"IF(Start!C827=\"\",\"\",Start!C827)","v":"MOBILIZATION AND DEMOBILIZATION FOR SEEDING"},{"$f":"IF(Start!D827=\"\",\"\",Start!D827)","v":3},{"$f":"IF(Start!E827=\"\",\"\",Start!E827)","v":0},{"$f":"IF(Start!F827=\"\",\"\",Start!F827)","v":"EACH"},{"$f":"IF(Start!G827=\"\",\"\",Start!G827)","v":400},{"$f":"IF(Start!H827=\"\",\"\",Start!H827)","v":1200},4,{"$f":"IF(I827=\"\",\"\",LOOKUP(I827,{1,\"01\";2,\"02\";3,\"03\";4,\"04\";5,\"05\";6,\"06\";7,\"07\";8,\"08\";9,\"09\";10,\"10\";11,\"11\";12,\"12\";13,\"13\";14,\"14\";15,\"15\"}))","v":"04"},"04. Rieth-Riley Construction",600,621,{"$f":"IF(B827=\"\",\"\",VLOOKUP(M827,Sections!$A$2:$D$200,3,FALSE))","v":"Incidental Construction"},{"$f":"IF(B827=\"\",\"\",VLOOKUP(M827,Sections!$A$2:$D$200,4,FALSE))","v":"Seeding And Sodding"}]
[{"$f":"IF(Start!A828=\"\",\"\",Start!A828)","v":""},{"$f":"IF(Start!B828=\"\",\"\",Start!B828)","v":"621-02770"},{"$f":"IF(Start!C828=\"\",\"\",Start!C828)","v":"EROSION CONTROL BLANKET"},{"$f":"IF(Start!D828=\"\",\"\",Start!D828)","v":66315},{"$f":"IF(Start!E828=\"\",\"\",Start!E828)","v":0},{"$f":"IF(Start!F828=\"\",\"\",Start!F828)","v":"S.Y."},{"$f":"IF(Start!G828=\"\",\"\",Start!G828)","v":0.25},{"$f":"IF(Start!H828=\"\",\"\",Start!H828)","v":16578.75},4,{"$f":"IF(I828=\"\",\"\",LOOKUP(I828,{1,\"01\";2,\"02\";3,\"03\";4,\"04\";5,\"05\";6,\"06\";7,\"07\";8,\"08\";9,\"09\";10,\"10\";11,\"11\";12,\"12\";13,\"13\";14,\"14\";15,\"15\"}))","v":"04"},"04. Rieth-Riley Construction",600,621,{"$f":"IF(B828=\"\",\"\",VLOOKUP(M828,Sections!$A$2:$D$200,3,FALSE))","v":"Incidental Construction"},{"$f":"IF(B828=\"\",\"\",VLOOKUP(M828,Sections!$A$2:$D$200,4,FALSE))","v":"Seeding And Sodding"}]
[{"$f":"IF(Start!A829=\"\",\"\",Start!A829)","v":""},{"$f":"IF(Start!B829=\"\",\"\",Start!B829)","v":"621-06545"},{"$f":"IF(Start!C829=\"\",\"\",Start!C829)","v":"FERTILIZER"},{"$f":"IF(Start!D829=\"\",\"\",Start!D829)","v":6},{"$f":"IF(Start!E829=\"\",\"\",Start!E829)","v":0},{"$f":"IF(Start!F829=\"\",\"\",Start!F829)","v":"TON"},{"$f":"IF(Start!G829=\"\",\"\",Start!G829)","v":600},{"$f":"IF(Start!H829=\"\",\"\",Start!H829)","v":3600},4,{"$f":"IF(I829=\"\",\"\",LOOKUP(I829,{1,\"01\";2,\"02\";3,\"03\";4,\"04\";5,\"05\";6,\"06\";7,\"07\";8,\"08\";9,\"09\";10,\"10\";11,\"11\";12,\"12\";13,\"13\";14,\"14\";15,\"15\"}))","v":"04"},"04. Rieth-Riley Construction",600,621,{"$f":"IF(B829=\"\",\"\",VLOOKUP(M829,Sections!$A$2:$D$200,3,FALSE))","v":"Incidental Construction"},{"$f":"IF(B829=\"\",\"\",VLOOKUP(M829,Sections!$A$2:$D$200,4,FALSE))","v":"Seeding And Sodding"}]
[{"$f":"IF(Start!A830=\"\",\"\",Start!A830)","v":""},{"$f":"IF(Start!B830=\"\",\"\",Start!B830)","v":"621-06557"},{"$f":"IF(Start!C830=\"\",\"\",Start!C830)","v":"SEED MIXTURE, T"},{"$f":"IF(Start!D830=\"\",\"\",Start!D830)","v":1088},{"$f":"IF(Start!E830=\"\",\"\",Start!E830)","v":0},{"$f":"IF(Start!F830=\"\",\"\",Start!F830)","v":"LBS"},{"$f":"IF(Start!G830=\"\",\"\",Start!G830)","v":2.5},{"$f":"IF(Start!H830=\"\",\"\",Start!H830)","v":2720},4,{"$f":"IF(I830=\"\",\"\",LOOKUP(I830,{1,\"01\";2,\"02\";3,\"03\";4,\"04\";5,\"05\";6,\"06\";7,\"07\";8,\"08\";9,\"09\";10,\"10\";11,\"11\";12,\"12\";13,\"13\";14,\"14\";15,\"15\"}))","v":"04"},"04. Rieth-Riley Construction",600,621,{"$f":"IF(B830=\"\",\"\",VLOOKUP(M830,Sections!$A$2:$D$200,3,FALSE))","v":"Incidental Construction"},{"$f":"IF(B830=\"\",\"\",VLOOKUP(M830,Sections!$A$2:$D$200,4,FALSE))","v":"Seeding And Sodding"}]
[{"$f":"IF(Start!A831=\"\",\"\",Start!A831)","v":""},{"$f":"IF(Start!B831=\"\",\"\",Start!B831)","v":"621-06565"},{"$f":"IF(Start!C831=\"\",\"\",Start!C831)","v":"MULCHING MATERIAL"},{"$f":"IF(Start!D831=\"\",\"\",Start!D831)","v":29},{"$f":"IF(Start!E831=\"\",\"\",Start!E831)","v":0},{"$f":"IF(Start!F831=\"\",\"\",Start!F831)","v":"TON"},{"$f":"IF(Start!G831=\"\",\"\",Start!G831)","v":400},{"$f":"IF(Start!H831=\"\",\"\",Start!H831)","v":11600},4,{"$f":"IF(I831=\"\",\"\",LOOKUP(I831,{1,\"01\";2,\"02\";3,\"03\";4,\"04\";5,\"05\";6,\"06\";7,\"07\";8,\"08\";9,\"09\";10,\"10\";11,\"11\";12,\"12\";13,\"13\";14,\"14\";15,\"15\"}))","v":"04"},"04. Rieth-Riley Construction",600,621,{"$f":"IF(B831=\"\",\"\",VLOOKUP(M831,Sections!$A$2:$D$200,3,FALSE))","v":"Incidental Construction"},{"$f":"IF(B831=\"\",\"\",VLOOKUP(M831,Sections!$A$2:$D$200,4,FALSE))","v":"Seeding And Sodding"}]
[{"$f":"IF(Start!A832=\"\",\"\",Start!A832)","v":""},{"$f":"IF(Start!B832=\"\",\"\",Start!B832)","v":"621-06567"},{"$f":"IF(Start!C832=\"\",\"\",Start!C832)","v":"WATER"},{"$f":"IF(Start!D832=\"\",\"\",Start!D832)","v":253},{"$f":"IF(Start!E832=\"\",\"\",Start!E832)","v":0},{"$f":"IF(Start!F832=\"\",\"\",Start!F832)","v":"M.G."},{"$f":"IF(Start!G832=\"\",\"\",Start!G832)","v":1},{"$f":"IF(Start!H832=\"\",\"\",Start!H832)","v":253},4,{"$f":"IF(I832=\"\",\"\",LOOKUP(I832,{1,\"01\";2,\"02\";3,\"03\";4,\"04\";5,\"05\";6,\"06\";7,\"07\";8,\"08\";9,\"09\";10,\"10\";11,\"11\";12,\"12\";13,\"13\";14,\"14\";15,\"15\"}))","v":"04"},"04. Rieth-Riley Construction",600,621,{"$f":"IF(B832=\"\",\"\",VLOOKUP(M832,Sections!$A$2:$D$200,3,FALSE))","v":"Incidental Construction"},{"$f":"IF(B832=\"\",\"\",VLOOKUP(M832,Sections!$A$2:$D$200,4,FALSE))","v":"Seeding And Sodding"}]
[{"$f":"IF(Start!A833=\"\",\"\",Start!A833)","v":""},{"$f":"IF(Start!B833=\"\",\"\",Start!B833)","v":"621-06574"},{"$f":"IF(Start!C833=\"\",\"\",Start!C833)","v":"SODDING"},{"$f":"IF(Start!D833=\"\",\"\",Start!D833)","v":3864},{"$f":"IF(Start!E833=\"\",\"\",Start!E833)","v":0},{"$f":"IF(Start!F833=\"\",\"\",Start!F833)","v":"S.Y."},{"$f":"IF(Start!G833=\"\",\"\",Start!G833)","v":1},{"$f":"IF(Start!H833=\"\",\"\",Start!H833)","v":3864},4,{"$f":"IF(I833=\"\",\"\",LOOKUP(I833,{1,\"01\";2,\"02\";3,\"03\";4,\"04\";5,\"05\";6,\"06\";7,\"07\";8,\"08\";9,\"09\";10,\"10\";11,\"11\";12,\"12\";13,\"13\";14,\"14\";15,\"15\"}))","v":"04"},"04. Rieth-Riley Construction",600,621,{"$f":"IF(B833=\"\",\"\",VLOOKUP(M833,Sections!$A$2:$D$200,3,FALSE))","v":"Incidental Construction"},{"$f":"IF(B833=\"\",\"\",VLOOKUP(M833,Sections!$A$2:$D$200,4,FALSE))","v":"Seeding And Sodding"}]
[{"$f":"IF(Start!A834=\"\",\"\",Start!A834)","v":""},{"$f":"IF(Start!B834=\"\",\"\",Start!B834)","v":"621-06575"},{"$f":"IF(Start!C834=\"\",\"\",Start!C834)","v":"SODDING, NURSERY"},{"$f":"IF(Start!D834=\"\",\"\",Start!D834)","v":66315},{"$f":"IF(Start!E834=\"\",\"\",Start!E834)","v":0},{"$f":"IF(Start!F834=\"\",\"\",Start!F834)","v":"S.Y."},{"$f":"IF(Start!G834=\"\",\"\",Start!G834)","v":1},{"$f":"IF(Start!H834=\"\",\"\",Start!H834)","v":66315},4,{"$f":"IF(I834=\"\",\"\",LOOKUP(I834,{1,\"01\";2,\"02\";3,\"03\";4,\"04\";5,\"05\";6,\"06\";7,\"07\";8,\"08\";9,\"09\";10,\"10\";11,\"11\";12,\"12\";13,\"13\";14,\"14\";15,\"15\"}))","v":"04"},"04. Rieth-Riley Construction",600,621,{"$f":"IF(B834=\"\",\"\",VLOOKUP(M834,Sections!$A$2:$D$200,3,FALSE))","v":"Incidental Construction"},{"$f":"IF(B834=\"\",\"\",VLOOKUP(M834,Sections!$A$2:$D$200,4,FALSE))","v":"Seeding And Sodding"}]
[{"$f":"IF(Start!A835=\"\",\"\",Start!A835)","v":""},{"$f":"IF(Start!B835=\"\",\"\",Start!B835)","v":"628-08524"},{"$f":"IF(Start!C835=\"\",\"\",Start!C835)","v":"CELLULAR TELEPHONE/RADIO, ADDITIONAL"},{"$f":"IF(Start!D835=\"\",\"\",Start!D835)","v":1},{"$f":"IF(Start!E835=\"\",\"\",Start!E835)","v":0},{"$f":"IF(Start!F835=\"\",\"\",Start!F835)","v":"$"},{"$f":"IF(Start!G835=\"\",\"\",Start!G835)","v":1},{"$f":"IF(Start!H835=\"\",\"\",Start!H835)","v":1},{"$f":"IF(AND(A835=\"\",B835=\"\",C835=\"\"),\"\",IF(AND(A835<>\"\",B835=\"\",G835=0,H835=0),D835,I834))","v":4},{"$f":"IF(I835=\"\",\"\",LOOKUP(I835,{1,\"01\";2,\"02\";3,\"03\";4,\"04\";5,\"05\";6,\"06\";7,\"07\";8,\"08\";9,\"09\";10,\"10\";11,\"11\";12,\"12\";13,\"13\";14,\"14\";15,\"15\"}))","v":"04"},{"$f":"IF(AND(A835<>\"\",B835=\"\"),J835&\". \"&PROPER(C835),IF(AND(A835=\"\",B835<>\"\"),PROPER(K834),\"\"))","v":"04. Rieth-Riley Construction"},{"$f":"IF(B835=\"\",\"\",LEFT(B835,1)*100)","v":600},{"$f":"IF(B835=\"\",\"\",LEFT(B835,3)*1)","v":628},{"$f":"IF(B835=\"\",\"\",VLOOKUP(M835,Sections!$A$2:$D$200,3,FALSE))","v":"Incidental Construction"},{"$f":"IF(B835=\"\",\"\",VLOOKUP(M835,Sections!$A$2:$D$200,4,FALSE))","v":"Field Office, Field Laboratory, Computer Systems, Office Machines And Communications"}]
[{"$f":"IF(Start!A836=\"\",\"\",Start!A836)","v":""},{"$f":"IF(Start!B836=\"\",\"\",Start!B836)","v":"628-09403"},{"$f":"IF(Start!C836=\"\",\"\",Start!C836)","v":"FIELD OFFICE, C"},{"$f":"IF(Start!D836=\"\",\"\",Start!D836)","v":15},{"$f":"IF(Start!E836=\"\",\"\",Start!E836)","v":0},{"$f":"IF(Start!F836=\"\",\"\",Start!F836)","v":"MONTH"},{"$f":"IF(Start!G836=\"\",\"\",Start!G836)","v":2300},{"$f":"IF(Start!H836=\"\",\"\",Start!H836)","v":34500},4,{"$f":"IF(I836=\"\",\"\",LOOKUP(I836,{1,\"01\";2,\"02\";3,\"03\";4,\"04\";5,\"05\";6,\"06\";7,\"07\";8,\"08\";9,\"09\";10,\"10\";11,\"11\";12,\"12\";13,\"13\";14,\"14\";15,\"15\"}))","v":"04"},"04. Rieth-Riley Construction",600,628,{"$f":"IF(B836=\"\",\"\",VLOOKUP(M836,Sections!$A$2:$D$200,3,FALSE))","v":"Incidental Construction"},{"$f":"IF(B836=\"\",\"\",VLOOKUP(M836,Sections!$A$2:$D$200,4,FALSE))","v":"Field Office, Field Laboratory, Computer Systems, Office Machines And Communications"}]
[{"$f":"IF(Start!A837=\"\",\"\",Start!A837)","v":""},{"$f":"IF(Start!B837=\"\",\"\",Start!B837)","v":"628-09407"},{"$f":"IF(Start!C837=\"\",\"\",Start!C837)","v":"FIELD OFFICE COMPUTER SYSTEM,"},{"$f":"IF(Start!D837=\"\",\"\",Start!D837)","v":30},{"$f":"IF(Start!E837=\"\",\"\",Start!E837)","v":0},{"$f":"IF(Start!F837=\"\",\"\",Start!F837)","v":"MONTH"},{"$f":"IF(Start!G837=\"\",\"\",Start!G837)","v":130},{"$f":"IF(Start!H837=\"\",\"\",Start!H837)","v":3900},4,{"$f":"IF(I837=\"\",\"\",LOOKUP(I837,{1,\"01\";2,\"02\";3,\"03\";4,\"04\";5,\"05\";6,\"06\";7,\"07\";8,\"08\";9,\"09\";10,\"10\";11,\"11\";12,\"12\";13,\"13\";14,\"14\";15,\"15\"}))","v":"04"},"04. Rieth-Riley Construction",600,628,{"$f":"IF(B837=\"\",\"\",VLOOKUP(M837,Sections!$A$2:$D$200,3,FALSE))","v":"Incidental Construction"},{"$f":"IF(B837=\"\",\"\",VLOOKUP(M837,Sections!$A$2:$D$200,4,FALSE))","v":"Field Office, Field Laboratory, Computer Systems, Office Machines And Communications"}]
[{"$f":"IF(Start!A838=\"\",\"\",Start!A838)","v":""},{"$f":"IF(Start!B838=\"\",\"\",Start!B838)","v":"628-11007"},{"$f":"IF(Start!C838=\"\",\"\",Start!C838)","v":"CELLULAR TELEPHONE/RADIO SERVICE, 750"},{"$f":"IF(Start!D838=\"\",\"\",Start!D838)","v":60},{"$f":"IF(Start!E838=\"\",\"\",Start!E838)","v":0},{"$f":"IF(Start!F838=\"\",\"\",Start!F838)","v":"MONTH"},{"$f":"IF(Start!G838=\"\",\"\",Start!G838)","v":66.25},{"$f":"IF(Start!H838=\"\",\"\",Start!H838)","v":3975},4,{"$f":"IF(I838=\"\",\"\",LOOKUP(I838,{1,\"01\";2,\"02\";3,\"03\";4,\"04\";5,\"05\";6,\"06\";7,\"07\";8,\"08\";9,\"09\";10,\"10\";11,\"11\";12,\"12\";13,\"13\";14,\"14\";15,\"15\"}))","v":"04"},"04. Rieth-Riley Construction",600,628,{"$f":"IF(B838=\"\",\"\",VLOOKUP(M838,Sections!$A$2:$D$200,3,FALSE))","v":"Incidental Construction"},{"$f":"IF(B838=\"\",\"\",VLOOKUP(M838,Sections!$A$2:$D$200,4,FALSE))","v":"Field Office, Field Laboratory, Computer Systems, Office Machines And Communications"}]
[{"$f":"IF(Start!A839=\"\",\"\",Start!A839)","v":""},{"$f":"IF(Start!B839=\"\",\"\",Start!B839)","v":"628-11068"},{"$f":"IF(Start!C839=\"\",\"\",Start!C839)","v":"CELLULAR TELEPHONE/RADIO"},{"$f":"IF(Start!D839=\"\",\"\",Start!D839)","v":4},{"$f":"IF(Start!E839=\"\",\"\",Start!E839)","v":0},{"$f":"IF(Start!F839=\"\",\"\",Start!F839)","v":"EACH"},{"$f":"IF(Start!G839=\"\",\"\",Start!G839)","v":100},{"$f":"IF(Start!H839=\"\",\"\",Start!H839)","v":400},4,{"$f":"IF(I839=\"\",\"\",LOOKUP(I839,{1,\"01\";2,\"02\";3,\"03\";4,\"04\";5,\"05\";6,\"06\";7,\"07\";8,\"08\";9,\"09\";10,\"10\";11,\"11\";12,\"12\";13,\"13\";14,\"14\";15,\"15\"}))","v":"04"},"04. Rieth-Riley Construction",600,628,{"$f":"IF(B839=\"\",\"\",VLOOKUP(M839,Sections!$A$2:$D$200,3,FALSE))","v":"Incidental Construction"},{"$f":"IF(B839=\"\",\"\",VLOOKUP(M839,Sections!$A$2:$D$200,4,FALSE))","v":"Field Office, Field Laboratory, Computer Systems, Office Machines And Communications"}]
[{"$f":"IF(Start!A840=\"\",\"\",Start!A840)","v":""},{"$f":"IF(Start!B840=\"\",\"\",Start!B840)","v":"702-51863"},{"$f":"IF(Start!C840=\"\",\"\",Start!C840)","v":"FIELD DRILLED HOLE IN CONCRETE"},{"$f":"IF(Start!D840=\"\",\"\",Start!D840)","v":158},{"$f":"IF(Start!E840=\"\",\"\",Start!E840)","v":0},{"$f":"IF(Start!F840=\"\",\"\",Start!F840)","v":"EACH"},{"$f":"IF(Start!G840=\"\",\"\",Start!G840)","v":12.65},{"$f":"IF(Start!H840=\"\",\"\",Start!H840)","v":1998.7},4,{"$f":"IF(I840=\"\",\"\",LOOKUP(I840,{1,\"01\";2,\"02\";3,\"03\";4,\"04\";5,\"05\";6,\"06\";7,\"07\";8,\"08\";9,\"09\";10,\"10\";11,\"11\";12,\"12\";13,\"13\";14,\"14\";15,\"15\"}))","v":"04"},"04. Rieth-Riley Construction",700,702,{"$f":"IF(B840=\"\",\"\",VLOOKUP(M840,Sections!$A$2:$D$200,3,FALSE))","v":"Structures"},{"$f":"IF(B840=\"\",\"\",VLOOKUP(M840,Sections!$A$2:$D$200,4,FALSE))","v":"Structural Concrete"}]
[{"$f":"IF(Start!A841=\"\",\"\",Start!A841)","v":""},{"$f":"IF(Start!B841=\"\",\"\",Start!B841)","v":"702-90915"},{"$f":"IF(Start!C841=\"\",\"\",Start!C841)","v":"CONCRETE, A"},{"$f":"IF(Start!D841=\"\",\"\",Start!D841)","v":47.400000000000006},{"$f":"IF(Start!E841=\"\",\"\",Start!E841)","v":0},{"$f":"IF(Start!F841=\"\",\"\",Start!F841)","v":"C.Y."},{"$f":"IF(Start!G841=\"\",\"\",Start!G841)","v":900},{"$f":"IF(Start!H841=\"\",\"\",Start!H841)","v":42660},4,{"$f":"IF(I841=\"\",\"\",LOOKUP(I841,{1,\"01\";2,\"02\";3,\"03\";4,\"04\";5,\"05\";6,\"06\";7,\"07\";8,\"08\";9,\"09\";10,\"10\";11,\"11\";12,\"12\";13,\"13\";14,\"14\";15,\"15\"}))","v":"04"},"04. Rieth-Riley Construction",700,702,{"$f":"IF(B841=\"\",\"\",VLOOKUP(M841,Sections!$A$2:$D$200,3,FALSE))","v":"Structures"},{"$f":"IF(B841=\"\",\"\",VLOOKUP(M841,Sections!$A$2:$D$200,4,FALSE))","v":"Structural Concrete"}]
[{"$f":"IF(Start!A842=\"\",\"\",Start!A842)","v":""},{"$f":"IF(Start!B842=\"\",\"\",Start!B842)","v":"703-06029"},{"$f":"IF(Start!C842=\"\",\"\",Start!C842)","v":"REINFORCING BARS, EPOXY COATED"},{"$f":"IF(Start!D842=\"\",\"\",Start!D842)","v":3869},{"$f":"IF(Start!E842=\"\",\"\",Start!E842)","v":0},{"$f":"IF(Start!F842=\"\",\"\",Start!F842)","v":"LBS"},{"$f":"IF(Start!G842=\"\",\"\",Start!G842)","v":2},{"$f":"IF(Start!H842=\"\",\"\",Start!H842)","v":7738},4,{"$f":"IF(I842=\"\",\"\",LOOKUP(I842,{1,\"01\";2,\"02\";3,\"03\";4,\"04\";5,\"05\";6,\"06\";7,\"07\";8,\"08\";9,\"09\";10,\"10\";11,\"11\";12,\"12\";13,\"13\";14,\"14\";15,\"15\"}))","v":"04"},"04. Rieth-Riley Construction",700,703,{"$f":"IF(B842=\"\",\"\",VLOOKUP(M842,Sections!$A$2:$D$200,3,FALSE))","v":"Structures"},{"$f":"IF(B842=\"\",\"\",VLOOKUP(M842,Sections!$A$2:$D$200,4,FALSE))","v":"Reinforcing Bars"}]
[{"$f":"IF(Start!A843=\"\",\"\",Start!A843)","v":""},{"$f":"IF(Start!B843=\"\",\"\",Start!B843)","v":"706-09545"},{"$f":"IF(Start!C843=\"\",\"\",Start!C843)","v":"COARSE AGGREGATE, NO. 8"},{"$f":"IF(Start!D843=\"\",\"\",Start!D843)","v":400},{"$f":"IF(Start!E843=\"\",\"\",Start!E843)","v":0},{"$f":"IF(Start!F843=\"\",\"\",Start!F843)","v":"C.Y."},{"$f":"IF(Start!G843=\"\",\"\",Start!G843)","v":43.900000000000006},{"$f":"IF(Start!H843=\"\",\"\",Start!H843)","v":17560},4,{"$f":"IF(I843=\"\",\"\",LOOKUP(I843,{1,\"01\";2,\"02\";3,\"03\";4,\"04\";5,\"05\";6,\"06\";7,\"07\";8,\"08\";9,\"09\";10,\"10\";11,\"11\";12,\"12\";13,\"13\";14,\"14\";15,\"15\"}))","v":"04"},"04. Rieth-Riley Construction",700,706,{"$f":"IF(B843=\"\",\"\",VLOOKUP(M843,Sections!$A$2:$D$200,3,FALSE))","v":"Structures"},{"$f":"IF(B843=\"\",\"\",VLOOKUP(M843,Sections!$A$2:$D$200,4,FALSE))","v":"Bridge Railings"}]
[{"$f":"IF(Start!A844=\"\",\"\",Start!A844)","v":""},{"$f":"IF(Start!B844=\"\",\"\",Start!B844)","v":"709-51821"},{"$f":"IF(Start!C844=\"\",\"\",Start!C844)","v":"SURFACE SEAL"},{"$f":"IF(Start!D844=\"\",\"\",Start!D844)","v":1},{"$f":"IF(Start!E844=\"\",\"\",Start!E844)","v":0},{"$f":"IF(Start!F844=\"\",\"\",Start!F844)","v":"L.S."},{"$f":"IF(Start!G844=\"\",\"\",Start!G844)","v":7500},{"$f":"IF(Start!H844=\"\",\"\",Start!H844)","v":7500},4,{"$f":"IF(I844=\"\",\"\",LOOKUP(I844,{1,\"01\";2,\"02\";3,\"03\";4,\"04\";5,\"05\";6,\"06\";7,\"07\";8,\"08\";9,\"09\";10,\"10\";11,\"11\";12,\"12\";13,\"13\";14,\"14\";15,\"15\"}))","v":"04"},"04. Rieth-Riley Construction",700,709,{"$f":"IF(B844=\"\",\"\",VLOOKUP(M844,Sections!$A$2:$D$200,3,FALSE))","v":"Structures"},{"$f":"IF(B844=\"\",\"\",VLOOKUP(M844,Sections!$A$2:$D$200,4,FALSE))","v":"Portland Cement Concrete Sealers"}]
[{"$f":"IF(Start!A845=\"\",\"\",Start!A845)","v":""},{"$f":"IF(Start!B845=\"\",\"\",Start!B845)","v":"714-11175"},{"$f":"IF(Start!C845=\"\",\"\",Start!C845)","v":"STRUCTURE, REINFORCED CONCRETE BOX"},{"$f":"IF(Start!D845=\"\",\"\",Start!D845)","v":225},{"$f":"IF(Start!E845=\"\",\"\",Start!E845)","v":0},{"$f":"IF(Start!F845=\"\",\"\",Start!F845)","v":"L.F."},{"$f":"IF(Start!G845=\"\",\"\",Start!G845)","v":395},{"$f":"IF(Start!H845=\"\",\"\",Start!H845)","v":88875},4,{"$f":"IF(I845=\"\",\"\",LOOKUP(I845,{1,\"01\";2,\"02\";3,\"03\";4,\"04\";5,\"05\";6,\"06\";7,\"07\";8,\"08\";9,\"09\";10,\"10\";11,\"11\";12,\"12\";13,\"13\";14,\"14\";15,\"15\"}))","v":"04"},"04. Rieth-Riley Construction",700,714,{"$f":"IF(B845=\"\",\"\",VLOOKUP(M845,Sections!$A$2:$D$200,3,FALSE))","v":"Structures"},{"$f":"IF(B845=\"\",\"\",VLOOKUP(M845,Sections!$A$2:$D$200,4,FALSE))","v":"Reinforced Concrete Box Structures"}]
[{"$f":"IF(Start!A846=\"\",\"\",Start!A846)","v":""},{"$f":"IF(Start!B846=\"\",\"\",Start!B846)","v":"714-11311"},{"$f":"IF(Start!C846=\"\",\"\",Start!C846)","v":"STRUCTURE, REINFORCED CONCRETE BOX"},{"$f":"IF(Start!D846=\"\",\"\",Start!D846)","v":137},{"$f":"IF(Start!E846=\"\",\"\",Start!E846)","v":0},{"$f":"IF(Start!F846=\"\",\"\",Start!F846)","v":"L.F."},{"$f":"IF(Start!G846=\"\",\"\",Start!G846)","v":572},{"$f":"IF(Start!H846=\"\",\"\",Start!H846)","v":78364},4,{"$f":"IF(I846=\"\",\"\",LOOKUP(I846,{1,\"01\";2,\"02\";3,\"03\";4,\"04\";5,\"05\";6,\"06\";7,\"07\";8,\"08\";9,\"09\";10,\"10\";11,\"11\";12,\"12\";13,\"13\";14,\"14\";15,\"15\"}))","v":"04"},"04. Rieth-Riley Construction",700,714,{"$f":"IF(B846=\"\",\"\",VLOOKUP(M846,Sections!$A$2:$D$200,3,FALSE))","v":"Structures"},{"$f":"IF(B846=\"\",\"\",VLOOKUP(M846,Sections!$A$2:$D$200,4,FALSE))","v":"Reinforced Concrete Box Structures"}]
[{"$f":"IF(Start!A847=\"\",\"\",Start!A847)","v":""},{"$f":"IF(Start!B847=\"\",\"\",Start!B847)","v":"715-04555"},{"$f":"IF(Start!C847=\"\",\"\",Start!C847)","v":"PIPE END SECTION, MIN. AREA 5.1 SQ. FT."},{"$f":"IF(Start!D847=\"\",\"\",Start!D847)","v":8},{"$f":"IF(Start!E847=\"\",\"\",Start!E847)","v":0},{"$f":"IF(Start!F847=\"\",\"\",Start!F847)","v":"EACH"},{"$f":"IF(Start!G847=\"\",\"\",Start!G847)","v":816.65},{"$f":"IF(Start!H847=\"\",\"\",Start!H847)","v":6533.2000000000007},4,{"$f":"IF(I847=\"\",\"\",LOOKUP(I847,{1,\"01\";2,\"02\";3,\"03\";4,\"04\";5,\"05\";6,\"06\";7,\"07\";8,\"08\";9,\"09\";10,\"10\";11,\"11\";12,\"12\";13,\"13\";14,\"14\";15,\"15\"}))","v":"04"},"04. Rieth-Riley Construction",700,715,{"$f":"IF(B847=\"\",\"\",VLOOKUP(M847,Sections!$A$2:$D$200,3,FALSE))","v":"Structures"},{"$f":"IF(B847=\"\",\"\",VLOOKUP(M847,Sections!$A$2:$D$200,4,FALSE))","v":"Pipe Culverts, And Storm And Sanitary Sewers"}]
[{"$f":"IF(Start!A848=\"\",\"\",Start!A848)","v":""},{"$f":"IF(Start!B848=\"\",\"\",Start!B848)","v":"715-05032"},{"$f":"IF(Start!C848=\"\",\"\",Start!C848)","v":"PIPE, TYPE 2, CIRCULAR, 15 IN."},{"$f":"IF(Start!D848=\"\",\"\",Start!D848)","v":961},{"$f":"IF(Start!E848=\"\",\"\",Start!E848)","v":0},{"$f":"IF(Start!F848=\"\",\"\",Start!F848)","v":"L.F."},{"$f":"IF(Start!G848=\"\",\"\",Start!G848)","v":36.020000000000003},{"$f":"IF(Start!H848=\"\",\"\",Start!H848)","v":34615.22},4,{"$f":"IF(I848=\"\",\"\",LOOKUP(I848,{1,\"01\";2,\"02\";3,\"03\";4,\"04\";5,\"05\";6,\"06\";7,\"07\";8,\"08\";9,\"09\";10,\"10\";11,\"11\";12,\"12\";13,\"13\";14,\"14\";15,\"15\"}))","v":"04"},"04. Rieth-Riley Construction",700,715,{"$f":"IF(B848=\"\",\"\",VLOOKUP(M848,Sections!$A$2:$D$200,3,FALSE))","v":"Structures"},{"$f":"IF(B848=\"\",\"\",VLOOKUP(M848,Sections!$A$2:$D$200,4,FALSE))","v":"Pipe Culverts, And Storm And Sanitary Sewers"}]
[{"$f":"IF(Start!A849=\"\",\"\",Start!A849)","v":""},{"$f":"IF(Start!B849=\"\",\"\",Start!B849)","v":"715-05048"},{"$f":"IF(Start!C849=\"\",\"\",Start!C849)","v":"PIPE, TYPE 4, CIRCULAR, 6 IN."},{"$f":"IF(Start!D849=\"\",\"\",Start!D849)","v":16505},{"$f":"IF(Start!E849=\"\",\"\",Start!E849)","v":0},{"$f":"IF(Start!F849=\"\",\"\",Start!F849)","v":"L.F."},{"$f":"IF(Start!G849=\"\",\"\",Start!G849)","v":3.75},{"$f":"IF(Start!H849=\"\",\"\",Start!H849)","v":61893.75},4,{"$f":"IF(I849=\"\",\"\",LOOKUP(I849,{1,\"01\";2,\"02\";3,\"03\";4,\"04\";5,\"05\";6,\"06\";7,\"07\";8,\"08\";9,\"09\";10,\"10\";11,\"11\";12,\"12\";13,\"13\";14,\"14\";15,\"15\"}))","v":"04"},"04. Rieth-Riley Construction",700,715,{"$f":"IF(B849=\"\",\"\",VLOOKUP(M849,Sections!$A$2:$D$200,3,FALSE))","v":"Structures"},{"$f":"IF(B849=\"\",\"\",VLOOKUP(M849,Sections!$A$2:$D$200,4,FALSE))","v":"Pipe Culverts, And Storm And Sanitary Sewers"}]
[{"$f":"IF(Start!A850=\"\",\"\",Start!A850)","v":""},{"$f":"IF(Start!B850=\"\",\"\",Start!B850)","v":"715-05053"},{"$f":"IF(Start!C850=\"\",\"\",Start!C850)","v":"PIPE, UNDERDRAIN OUTLET, 6 IN."},{"$f":"IF(Start!D850=\"\",\"\",Start!D850)","v":775},{"$f":"IF(Start!E850=\"\",\"\",Start!E850)","v":0},{"$f":"IF(Start!F850=\"\",\"\",Start!F850)","v":"L.F."},{"$f":"IF(Start!G850=\"\",\"\",Start!G850)","v":18},{"$f":"IF(Start!H850=\"\",\"\",Start!H850)","v":13950},4,{"$f":"IF(I850=\"\",\"\",LOOKUP(I850,{1,\"01\";2,\"02\";3,\"03\";4,\"04\";5,\"05\";6,\"06\";7,\"07\";8,\"08\";9,\"09\";10,\"10\";11,\"11\";12,\"12\";13,\"13\";14,\"14\";15,\"15\"}))","v":"04"},"04. Rieth-Riley Construction",700,715,{"$f":"IF(B850=\"\",\"\",VLOOKUP(M850,Sections!$A$2:$D$200,3,FALSE))","v":"Structures"},{"$f":"IF(B850=\"\",\"\",VLOOKUP(M850,Sections!$A$2:$D$200,4,FALSE))","v":"Pipe Culverts, And Storm And Sanitary Sewers"}]
[{"$f":"IF(Start!A851=\"\",\"\",Start!A851)","v":""},{"$f":"IF(Start!B851=\"\",\"\",Start!B851)","v":"715-05121"},{"$f":"IF(Start!C851=\"\",\"\",Start!C851)","v":"PIPE, TYPE 1, CIRCULAR, 18 IN."},{"$f":"IF(Start!D851=\"\",\"\",Start!D851)","v":114},{"$f":"IF(Start!E851=\"\",\"\",Start!E851)","v":0},{"$f":"IF(Start!F851=\"\",\"\",Start!F851)","v":"L.F."},{"$f":"IF(Start!G851=\"\",\"\",Start!G851)","v":41.57},{"$f":"IF(Start!H851=\"\",\"\",Start!H851)","v":4738.9800000000005},4,{"$f":"IF(I851=\"\",\"\",LOOKUP(I851,{1,\"01\";2,\"02\";3,\"03\";4,\"04\";5,\"05\";6,\"06\";7,\"07\";8,\"08\";9,\"09\";10,\"10\";11,\"11\";12,\"12\";13,\"13\";14,\"14\";15,\"15\"}))","v":"04"},"04. Rieth-Riley Construction",700,715,{"$f":"IF(B851=\"\",\"\",VLOOKUP(M851,Sections!$A$2:$D$200,3,FALSE))","v":"Structures"},{"$f":"IF(B851=\"\",\"\",VLOOKUP(M851,Sections!$A$2:$D$200,4,FALSE))","v":"Pipe Culverts, And Storm And Sanitary Sewers"}]
[{"$f":"IF(Start!A852=\"\",\"\",Start!A852)","v":""},{"$f":"IF(Start!B852=\"\",\"\",Start!B852)","v":"715-05149"},{"$f":"IF(Start!C852=\"\",\"\",Start!C852)","v":"PIPE, TYPE 2, CIRCULAR, 12 IN."},{"$f":"IF(Start!D852=\"\",\"\",Start!D852)","v":210},{"$f":"IF(Start!E852=\"\",\"\",Start!E852)","v":0},{"$f":"IF(Start!F852=\"\",\"\",Start!F852)","v":"L.F."},{"$f":"IF(Start!G852=\"\",\"\",Start!G852)","v":34.090000000000003},{"$f":"IF(Start!H852=\"\",\"\",Start!H852)","v":7158.9000000000005},4,{"$f":"IF(I852=\"\",\"\",LOOKUP(I852,{1,\"01\";2,\"02\";3,\"03\";4,\"04\";5,\"05\";6,\"06\";7,\"07\";8,\"08\";9,\"09\";10,\"10\";11,\"11\";12,\"12\";13,\"13\";14,\"14\";15,\"15\"}))","v":"04"},"04. Rieth-Riley Construction",700,715,{"$f":"IF(B852=\"\",\"\",VLOOKUP(M852,Sections!$A$2:$D$200,3,FALSE))","v":"Structures"},{"$f":"IF(B852=\"\",\"\",VLOOKUP(M852,Sections!$A$2:$D$200,4,FALSE))","v":"Pipe Culverts, And Storm And Sanitary Sewers"}]
[{"$f":"IF(Start!A853=\"\",\"\",Start!A853)","v":""},{"$f":"IF(Start!B853=\"\",\"\",Start!B853)","v":"715-05152"},{"$f":"IF(Start!C853=\"\",\"\",Start!C853)","v":"PIPE, TYPE 2, CIRCULAR, 18 IN."},{"$f":"IF(Start!D853=\"\",\"\",Start!D853)","v":409},{"$f":"IF(Start!E853=\"\",\"\",Start!E853)","v":0},{"$f":"IF(Start!F853=\"\",\"\",Start!F853)","v":"L.F."},{"$f":"IF(Start!G853=\"\",\"\",Start!G853)","v":39.18},{"$f":"IF(Start!H853=\"\",\"\",Start!H853)","v":16024.62},4,{"$f":"IF(I853=\"\",\"\",LOOKUP(I853,{1,\"01\";2,\"02\";3,\"03\";4,\"04\";5,\"05\";6,\"06\";7,\"07\";8,\"08\";9,\"09\";10,\"10\";11,\"11\";12,\"12\";13,\"13\";14,\"14\";15,\"15\"}))","v":"04"},"04. Rieth-Riley Construction",700,715,{"$f":"IF(B853=\"\",\"\",VLOOKUP(M853,Sections!$A$2:$D$200,3,FALSE))","v":"Structures"},{"$f":"IF(B853=\"\",\"\",VLOOKUP(M853,Sections!$A$2:$D$200,4,FALSE))","v":"Pipe Culverts, And Storm And Sanitary Sewers"}]
[{"$f":"IF(Start!A854=\"\",\"\",Start!A854)","v":""},{"$f":"IF(Start!B854=\"\",\"\",Start!B854)","v":"715-05154"},{"$f":"IF(Start!C854=\"\",\"\",Start!C854)","v":"PIPE, TYPE 2, CIRCULAR, 24 IN. , SMOOTH"},{"$f":"IF(Start!D854=\"\",\"\",Start!D854)","v":1037},{"$f":"IF(Start!E854=\"\",\"\",Start!E854)","v":0},{"$f":"IF(Start!F854=\"\",\"\",Start!F854)","v":"L.F."},{"$f":"IF(Start!G854=\"\",\"\",Start!G854)","v":45.78},{"$f":"IF(Start!H854=\"\",\"\",Start!H854)","v":47473.86},4,{"$f":"IF(I854=\"\",\"\",LOOKUP(I854,{1,\"01\";2,\"02\";3,\"03\";4,\"04\";5,\"05\";6,\"06\";7,\"07\";8,\"08\";9,\"09\";10,\"10\";11,\"11\";12,\"12\";13,\"13\";14,\"14\";15,\"15\"}))","v":"04"},"04. Rieth-Riley Construction",700,715,{"$f":"IF(B854=\"\",\"\",VLOOKUP(M854,Sections!$A$2:$D$200,3,FALSE))","v":"Structures"},{"$f":"IF(B854=\"\",\"\",VLOOKUP(M854,Sections!$A$2:$D$200,4,FALSE))","v":"Pipe Culverts, And Storm And Sanitary Sewers"}]
[{"$f":"IF(Start!A855=\"\",\"\",Start!A855)","v":""},{"$f":"IF(Start!B855=\"\",\"\",Start!B855)","v":"715-05156"},{"$f":"IF(Start!C855=\"\",\"\",Start!C855)","v":"PIPE, TYPE 2, CIRCULAR, 30 IN."},{"$f":"IF(Start!D855=\"\",\"\",Start!D855)","v":130},{"$f":"IF(Start!E855=\"\",\"\",Start!E855)","v":0},{"$f":"IF(Start!F855=\"\",\"\",Start!F855)","v":"L.F."},{"$f":"IF(Start!G855=\"\",\"\",Start!G855)","v":52.17},{"$f":"IF(Start!H855=\"\",\"\",Start!H855)","v":6782.1},4,{"$f":"IF(I855=\"\",\"\",LOOKUP(I855,{1,\"01\";2,\"02\";3,\"03\";4,\"04\";5,\"05\";6,\"06\";7,\"07\";8,\"08\";9,\"09\";10,\"10\";11,\"11\";12,\"12\";13,\"13\";14,\"14\";15,\"15\"}))","v":"04"},"04. Rieth-Riley Construction",700,715,{"$f":"IF(B855=\"\",\"\",VLOOKUP(M855,Sections!$A$2:$D$200,3,FALSE))","v":"Structures"},{"$f":"IF(B855=\"\",\"\",VLOOKUP(M855,Sections!$A$2:$D$200,4,FALSE))","v":"Pipe Culverts, And Storm And Sanitary Sewers"}]
[{"$f":"IF(Start!A856=\"\",\"\",Start!A856)","v":""},{"$f":"IF(Start!B856=\"\",\"\",Start!B856)","v":"715-05169"},{"$f":"IF(Start!C856=\"\",\"\",Start!C856)","v":"PIPE, TYPE 3, CIRCULAR, 15 IN."},{"$f":"IF(Start!D856=\"\",\"\",Start!D856)","v":319},{"$f":"IF(Start!E856=\"\",\"\",Start!E856)","v":0},{"$f":"IF(Start!F856=\"\",\"\",Start!F856)","v":"L.F."},{"$f":"IF(Start!G856=\"\",\"\",Start!G856)","v":35.15},{"$f":"IF(Start!H856=\"\",\"\",Start!H856)","v":11212.85},4,{"$f":"IF(I856=\"\",\"\",LOOKUP(I856,{1,\"01\";2,\"02\";3,\"03\";4,\"04\";5,\"05\";6,\"06\";7,\"07\";8,\"08\";9,\"09\";10,\"10\";11,\"11\";12,\"12\";13,\"13\";14,\"14\";15,\"15\"}))","v":"04"},"04. Rieth-Riley Construction",700,715,{"$f":"IF(B856=\"\",\"\",VLOOKUP(M856,Sections!$A$2:$D$200,3,FALSE))","v":"Structures"},{"$f":"IF(B856=\"\",\"\",VLOOKUP(M856,Sections!$A$2:$D$200,4,FALSE))","v":"Pipe Culverts, And Storm And Sanitary Sewers"}]
[{"$f":"IF(Start!A857=\"\",\"\",Start!A857)","v":""},{"$f":"IF(Start!B857=\"\",\"\",Start!B857)","v":"715-05171"},{"$f":"IF(Start!C857=\"\",\"\",Start!C857)","v":"PIPE, TYPE 3, CIRCULAR, 18 IN."},{"$f":"IF(Start!D857=\"\",\"\",Start!D857)","v":88},{"$f":"IF(Start!E857=\"\",\"\",Start!E857)","v":0},{"$f":"IF(Start!F857=\"\",\"\",Start!F857)","v":"L.F."},{"$f":"IF(Start!G857=\"\",\"\",Start!G857)","v":36.160000000000004},{"$f":"IF(Start!H857=\"\",\"\",Start!H857)","v":3182.08},4,{"$f":"IF(I857=\"\",\"\",LOOKUP(I857,{1,\"01\";2,\"02\";3,\"03\";4,\"04\";5,\"05\";6,\"06\";7,\"07\";8,\"08\";9,\"09\";10,\"10\";11,\"11\";12,\"12\";13,\"13\";14,\"14\";15,\"15\"}))","v":"04"},"04. Rieth-Riley Construction",700,715,{"$f":"IF(B857=\"\",\"\",VLOOKUP(M857,Sections!$A$2:$D$200,3,FALSE))","v":"Structures"},{"$f":"IF(B857=\"\",\"\",VLOOKUP(M857,Sections!$A$2:$D$200,4,FALSE))","v":"Pipe Culverts, And Storm And Sanitary Sewers"}]
[{"$f":"IF(Start!A858=\"\",\"\",Start!A858)","v":""},{"$f":"IF(Start!B858=\"\",\"\",Start!B858)","v":"715-05236"},{"$f":"IF(Start!C858=\"\",\"\",Start!C858)","v":"PIPE, TYPE 1, DEFORMED, MIN. AREA 0.47 M2"},{"$f":"IF(Start!D858=\"\",\"\",Start!D858)","v":308},{"$f":"IF(Start!E858=\"\",\"\",Start!E858)","v":0},{"$f":"IF(Start!F858=\"\",\"\",Start!F858)","v":"L.F."},{"$f":"IF(Start!G858=\"\",\"\",Start!G858)","v":70.900000000000006},{"$f":"IF(Start!H858=\"\",\"\",Start!H858)","v":21837.200000000001},4,{"$f":"IF(I858=\"\",\"\",LOOKUP(I858,{1,\"01\";2,\"02\";3,\"03\";4,\"04\";5,\"05\";6,\"06\";7,\"07\";8,\"08\";9,\"09\";10,\"10\";11,\"11\";12,\"12\";13,\"13\";14,\"14\";15,\"15\"}))","v":"04"},"04. Rieth-Riley Construction",700,715,{"$f":"IF(B858=\"\",\"\",VLOOKUP(M858,Sections!$A$2:$D$200,3,FALSE))","v":"Structures"},{"$f":"IF(B858=\"\",\"\",VLOOKUP(M858,Sections!$A$2:$D$200,4,FALSE))","v":"Pipe Culverts, And Storm And Sanitary Sewers"}]
[{"$f":"IF(Start!A859=\"\",\"\",Start!A859)","v":""},{"$f":"IF(Start!B859=\"\",\"\",Start!B859)","v":"715-06471"},{"$f":"IF(Start!C859=\"\",\"\",Start!C859)","v":"PIPE END SECTION, MIN. AREA .31 M2"},{"$f":"IF(Start!D859=\"\",\"\",Start!D859)","v":2},{"$f":"IF(Start!E859=\"\",\"\",Start!E859)","v":0},{"$f":"IF(Start!F859=\"\",\"\",Start!F859)","v":"EACH"},{"$f":"IF(Start!G859=\"\",\"\",Start!G859)","v":565.04},{"$f":"IF(Start!H859=\"\",\"\",Start!H859)","v":1130.08},4,{"$f":"IF(I859=\"\",\"\",LOOKUP(I859,{1,\"01\";2,\"02\";3,\"03\";4,\"04\";5,\"05\";6,\"06\";7,\"07\";8,\"08\";9,\"09\";10,\"10\";11,\"11\";12,\"12\";13,\"13\";14,\"14\";15,\"15\"}))","v":"04"},"04. Rieth-Riley Construction",700,715,{"$f":"IF(B859=\"\",\"\",VLOOKUP(M859,Sections!$A$2:$D$200,3,FALSE))","v":"Structures"},{"$f":"IF(B859=\"\",\"\",VLOOKUP(M859,Sections!$A$2:$D$200,4,FALSE))","v":"Pipe Culverts, And Storm And Sanitary Sewers"}]
[{"$f":"IF(Start!A860=\"\",\"\",Start!A860)","v":""},{"$f":"IF(Start!B860=\"\",\"\",Start!B860)","v":"715-08243"},{"$f":"IF(Start!C860=\"\",\"\",Start!C860)","v":"PIPE, TYPE 3, DEFORMED, MIN. AREA 3.3 SQ. FT."},{"$f":"IF(Start!D860=\"\",\"\",Start!D860)","v":48},{"$f":"IF(Start!E860=\"\",\"\",Start!E860)","v":0},{"$f":"IF(Start!F860=\"\",\"\",Start!F860)","v":"L.F."},{"$f":"IF(Start!G860=\"\",\"\",Start!G860)","v":56.45},{"$f":"IF(Start!H860=\"\",\"\",Start!H860)","v":2709.6000000000004},4,{"$f":"IF(I860=\"\",\"\",LOOKUP(I860,{1,\"01\";2,\"02\";3,\"03\";4,\"04\";5,\"05\";6,\"06\";7,\"07\";8,\"08\";9,\"09\";10,\"10\";11,\"11\";12,\"12\";13,\"13\";14,\"14\";15,\"15\"}))","v":"04"},"04. Rieth-Riley Construction",700,715,{"$f":"IF(B860=\"\",\"\",VLOOKUP(M860,Sections!$A$2:$D$200,3,FALSE))","v":"Structures"},{"$f":"IF(B860=\"\",\"\",VLOOKUP(M860,Sections!$A$2:$D$200,4,FALSE))","v":"Pipe Culverts, And Storm And Sanitary Sewers"}]
[{"$f":"IF(Start!A861=\"\",\"\",Start!A861)","v":""},{"$f":"IF(Start!B861=\"\",\"\",Start!B861)","v":"715-09064"},{"$f":"IF(Start!C861=\"\",\"\",Start!C861)","v":"VIDEO INSPECTION FOR PIPE"},{"$f":"IF(Start!D861=\"\",\"\",Start!D861)","v":2792},{"$f":"IF(Start!E861=\"\",\"\",Start!E861)","v":0},{"$f":"IF(Start!F861=\"\",\"\",Start!F861)","v":"L.F."},{"$f":"IF(Start!G861=\"\",\"\",Start!G861)","v":1.45},{"$f":"IF(Start!H861=\"\",\"\",Start!H861)","v":4048.4},4,{"$f":"IF(I861=\"\",\"\",LOOKUP(I861,{1,\"01\";2,\"02\";3,\"03\";4,\"04\";5,\"05\";6,\"06\";7,\"07\";8,\"08\";9,\"09\";10,\"10\";11,\"11\";12,\"12\";13,\"13\";14,\"14\";15,\"15\"}))","v":"04"},"04. Rieth-Riley Construction",700,715,{"$f":"IF(B861=\"\",\"\",VLOOKUP(M861,Sections!$A$2:$D$200,3,FALSE))","v":"Structures"},{"$f":"IF(B861=\"\",\"\",VLOOKUP(M861,Sections!$A$2:$D$200,4,FALSE))","v":"Pipe Culverts, And Storm And Sanitary Sewers"}]
[{"$f":"IF(Start!A862=\"\",\"\",Start!A862)","v":""},{"$f":"IF(Start!B862=\"\",\"\",Start!B862)","v":"715-09769"},{"$f":"IF(Start!C862=\"\",\"\",Start!C862)","v":"PIPE, TYPE 3, DEFORMED, MIN. AREA 5.1"},{"$f":"IF(Start!D862=\"\",\"\",Start!D862)","v":240},{"$f":"IF(Start!E862=\"\",\"\",Start!E862)","v":0},{"$f":"IF(Start!F862=\"\",\"\",Start!F862)","v":"L.F."},{"$f":"IF(Start!G862=\"\",\"\",Start!G862)","v":68.06},{"$f":"IF(Start!H862=\"\",\"\",Start!H862)","v":16334.400000000001},4,{"$f":"IF(I862=\"\",\"\",LOOKUP(I862,{1,\"01\";2,\"02\";3,\"03\";4,\"04\";5,\"05\";6,\"06\";7,\"07\";8,\"08\";9,\"09\";10,\"10\";11,\"11\";12,\"12\";13,\"13\";14,\"14\";15,\"15\"}))","v":"04"},"04. Rieth-Riley Construction",700,715,{"$f":"IF(B862=\"\",\"\",VLOOKUP(M862,Sections!$A$2:$D$200,3,FALSE))","v":"Structures"},{"$f":"IF(B862=\"\",\"\",VLOOKUP(M862,Sections!$A$2:$D$200,4,FALSE))","v":"Pipe Culverts, And Storm And Sanitary Sewers"}]
[{"$f":"IF(Start!A863=\"\",\"\",Start!A863)","v":""},{"$f":"IF(Start!B863=\"\",\"\",Start!B863)","v":"715-46005"},{"$f":"IF(Start!C863=\"\",\"\",Start!C863)","v":"PIPE END SECTION, 15 IN."},{"$f":"IF(Start!D863=\"\",\"\",Start!D863)","v":14},{"$f":"IF(Start!E863=\"\",\"\",Start!E863)","v":0},{"$f":"IF(Start!F863=\"\",\"\",Start!F863)","v":"EACH"},{"$f":"IF(Start!G863=\"\",\"\",Start!G863)","v":335.93},{"$f":"IF(Start!H863=\"\",\"\",Start!H863)","v":4703.0200000000004},4,{"$f":"IF(I863=\"\",\"\",LOOKUP(I863,{1,\"01\";2,\"02\";3,\"03\";4,\"04\";5,\"05\";6,\"06\";7,\"07\";8,\"08\";9,\"09\";10,\"10\";11,\"11\";12,\"12\";13,\"13\";14,\"14\";15,\"15\"}))","v":"04"},"04. Rieth-Riley Construction",700,715,{"$f":"IF(B863=\"\",\"\",VLOOKUP(M863,Sections!$A$2:$D$200,3,FALSE))","v":"Structures"},{"$f":"IF(B863=\"\",\"\",VLOOKUP(M863,Sections!$A$2:$D$200,4,FALSE))","v":"Pipe Culverts, And Storm And Sanitary Sewers"}]
[{"$f":"IF(Start!A864=\"\",\"\",Start!A864)","v":""},{"$f":"IF(Start!B864=\"\",\"\",Start!B864)","v":"715-46010"},{"$f":"IF(Start!C864=\"\",\"\",Start!C864)","v":"PIPE END SECTION, 18 IN."},{"$f":"IF(Start!D864=\"\",\"\",Start!D864)","v":5},{"$f":"IF(Start!E864=\"\",\"\",Start!E864)","v":0},{"$f":"IF(Start!F864=\"\",\"\",Start!F864)","v":"EACH"},{"$f":"IF(Start!G864=\"\",\"\",Start!G864)","v":401.63},{"$f":"IF(Start!H864=\"\",\"\",Start!H864)","v":2008.15},4,{"$f":"IF(I864=\"\",\"\",LOOKUP(I864,{1,\"01\";2,\"02\";3,\"03\";4,\"04\";5,\"05\";6,\"06\";7,\"07\";8,\"08\";9,\"09\";10,\"10\";11,\"11\";12,\"12\";13,\"13\";14,\"14\";15,\"15\"}))","v":"04"},"04. Rieth-Riley Construction",700,715,{"$f":"IF(B864=\"\",\"\",VLOOKUP(M864,Sections!$A$2:$D$200,3,FALSE))","v":"Structures"},{"$f":"IF(B864=\"\",\"\",VLOOKUP(M864,Sections!$A$2:$D$200,4,FALSE))","v":"Pipe Culverts, And Storm And Sanitary Sewers"}]
[{"$f":"IF(Start!A865=\"\",\"\",Start!A865)","v":""},{"$f":"IF(Start!B865=\"\",\"\",Start!B865)","v":"715-46020"},{"$f":"IF(Start!C865=\"\",\"\",Start!C865)","v":"PIPE END SECTION, 24 IN."},{"$f":"IF(Start!D865=\"\",\"\",Start!D865)","v":4},{"$f":"IF(Start!E865=\"\",\"\",Start!E865)","v":0},{"$f":"IF(Start!F865=\"\",\"\",Start!F865)","v":"EACH"},{"$f":"IF(Start!G865=\"\",\"\",Start!G865)","v":467.33},{"$f":"IF(Start!H865=\"\",\"\",Start!H865)","v":1869.32},4,{"$f":"IF(I865=\"\",\"\",LOOKUP(I865,{1,\"01\";2,\"02\";3,\"03\";4,\"04\";5,\"05\";6,\"06\";7,\"07\";8,\"08\";9,\"09\";10,\"10\";11,\"11\";12,\"12\";13,\"13\";14,\"14\";15,\"15\"}))","v":"04"},"04. Rieth-Riley Construction",700,715,{"$f":"IF(B865=\"\",\"\",VLOOKUP(M865,Sections!$A$2:$D$200,3,FALSE))","v":"Structures"},{"$f":"IF(B865=\"\",\"\",VLOOKUP(M865,Sections!$A$2:$D$200,4,FALSE))","v":"Pipe Culverts, And Storm And Sanitary Sewers"}]
[{"$f":"IF(Start!A866=\"\",\"\",Start!A866)","v":""},{"$f":"IF(Start!B866=\"\",\"\",Start!B866)","v":"715-46030"},{"$f":"IF(Start!C866=\"\",\"\",Start!C866)","v":"PIPE END SECTION, 30 IN."},{"$f":"IF(Start!D866=\"\",\"\",Start!D866)","v":1},{"$f":"IF(Start!E866=\"\",\"\",Start!E866)","v":0},{"$f":"IF(Start!F866=\"\",\"\",Start!F866)","v":"EACH"},{"$f":"IF(Start!G866=\"\",\"\",Start!G866)","v":596.9},{"$f":"IF(Start!H866=\"\",\"\",Start!H866)","v":596.9},4,{"$f":"IF(I866=\"\",\"\",LOOKUP(I866,{1,\"01\";2,\"02\";3,\"03\";4,\"04\";5,\"05\";6,\"06\";7,\"07\";8,\"08\";9,\"09\";10,\"10\";11,\"11\";12,\"12\";13,\"13\";14,\"14\";15,\"15\"}))","v":"04"},"04. Rieth-Riley Construction",700,715,{"$f":"IF(B866=\"\",\"\",VLOOKUP(M866,Sections!$A$2:$D$200,3,FALSE))","v":"Structures"},{"$f":"IF(B866=\"\",\"\",VLOOKUP(M866,Sections!$A$2:$D$200,4,FALSE))","v":"Pipe Culverts, And Storm And Sanitary Sewers"}]
[{"$f":"IF(Start!A867=\"\",\"\",Start!A867)","v":""},{"$f":"IF(Start!B867=\"\",\"\",Start!B867)","v":"718-06529"},{"$f":"IF(Start!C867=\"\",\"\",Start!C867)","v":"OUTLET PROTECTOR, 2"},{"$f":"IF(Start!D867=\"\",\"\",Start!D867)","v":6},{"$f":"IF(Start!E867=\"\",\"\",Start!E867)","v":0},{"$f":"IF(Start!F867=\"\",\"\",Start!F867)","v":"EACH"},{"$f":"IF(Start!G867=\"\",\"\",Start!G867)","v":850},{"$f":"IF(Start!H867=\"\",\"\",Start!H867)","v":5100},4,{"$f":"IF(I867=\"\",\"\",LOOKUP(I867,{1,\"01\";2,\"02\";3,\"03\";4,\"04\";5,\"05\";6,\"06\";7,\"07\";8,\"08\";9,\"09\";10,\"10\";11,\"11\";12,\"12\";13,\"13\";14,\"14\";15,\"15\"}))","v":"04"},"04. Rieth-Riley Construction",700,718,{"$f":"IF(B867=\"\",\"\",VLOOKUP(M867,Sections!$A$2:$D$200,3,FALSE))","v":"Structures"},{"$f":"IF(B867=\"\",\"\",VLOOKUP(M867,Sections!$A$2:$D$200,4,FALSE))","v":"Underdrains"}]
[{"$f":"IF(Start!A868=\"\",\"\",Start!A868)","v":""},{"$f":"IF(Start!B868=\"\",\"\",Start!B868)","v":"718-06531"},{"$f":"IF(Start!C868=\"\",\"\",Start!C868)","v":"OUTLET PROTECTOR, 3"},{"$f":"IF(Start!D868=\"\",\"\",Start!D868)","v":30},{"$f":"IF(Start!E868=\"\",\"\",Start!E868)","v":0},{"$f":"IF(Start!F868=\"\",\"\",Start!F868)","v":"EACH"},{"$f":"IF(Start!G868=\"\",\"\",Start!G868)","v":800},{"$f":"IF(Start!H868=\"\",\"\",Start!H868)","v":24000},4,{"$f":"IF(I868=\"\",\"\",LOOKUP(I868,{1,\"01\";2,\"02\";3,\"03\";4,\"04\";5,\"05\";6,\"06\";7,\"07\";8,\"08\";9,\"09\";10,\"10\";11,\"11\";12,\"12\";13,\"13\";14,\"14\";15,\"15\"}))","v":"04"},"04. Rieth-Riley Construction",700,718,{"$f":"IF(B868=\"\",\"\",VLOOKUP(M868,Sections!$A$2:$D$200,3,FALSE))","v":"Structures"},{"$f":"IF(B868=\"\",\"\",VLOOKUP(M868,Sections!$A$2:$D$200,4,FALSE))","v":"Underdrains"}]
[{"$f":"IF(Start!A869=\"\",\"\",Start!A869)","v":""},{"$f":"IF(Start!B869=\"\",\"\",Start!B869)","v":"718-06532"},{"$f":"IF(Start!C869=\"\",\"\",Start!C869)","v":"VIDEO INSPECTION FOR UNDERDRAINS"},{"$f":"IF(Start!D869=\"\",\"\",Start!D869)","v":3000},{"$f":"IF(Start!E869=\"\",\"\",Start!E869)","v":0},{"$f":"IF(Start!F869=\"\",\"\",Start!F869)","v":"L.F."},{"$f":"IF(Start!G869=\"\",\"\",Start!G869)","v":1.1500000000000001},{"$f":"IF(Start!H869=\"\",\"\",Start!H869)","v":3450},4,{"$f":"IF(I869=\"\",\"\",LOOKUP(I869,{1,\"01\";2,\"02\";3,\"03\";4,\"04\";5,\"05\";6,\"06\";7,\"07\";8,\"08\";9,\"09\";10,\"10\";11,\"11\";12,\"12\";13,\"13\";14,\"14\";15,\"15\"}))","v":"04"},"04. Rieth-Riley Construction",700,718,{"$f":"IF(B869=\"\",\"\",VLOOKUP(M869,Sections!$A$2:$D$200,3,FALSE))","v":"Structures"},{"$f":"IF(B869=\"\",\"\",VLOOKUP(M869,Sections!$A$2:$D$200,4,FALSE))","v":"Underdrains"}]
[{"$f":"IF(Start!A870=\"\",\"\",Start!A870)","v":""},{"$f":"IF(Start!B870=\"\",\"\",Start!B870)","v":"718-52610"},{"$f":"IF(Start!C870=\"\",\"\",Start!C870)","v":"AGGREGATE FOR UNDERDRAINS"},{"$f":"IF(Start!D870=\"\",\"\",Start!D870)","v":1496},{"$f":"IF(Start!E870=\"\",\"\",Start!E870)","v":0},{"$f":"IF(Start!F870=\"\",\"\",Start!F870)","v":"C.Y."},{"$f":"IF(Start!G870=\"\",\"\",Start!G870)","v":33},{"$f":"IF(Start!H870=\"\",\"\",Start!H870)","v":49368},4,{"$f":"IF(I870=\"\",\"\",LOOKUP(I870,{1,\"01\";2,\"02\";3,\"03\";4,\"04\";5,\"05\";6,\"06\";7,\"07\";8,\"08\";9,\"09\";10,\"10\";11,\"11\";12,\"12\";13,\"13\";14,\"14\";15,\"15\"}))","v":"04"},"04. Rieth-Riley Construction",700,718,{"$f":"IF(B870=\"\",\"\",VLOOKUP(M870,Sections!$A$2:$D$200,3,FALSE))","v":"Structures"},{"$f":"IF(B870=\"\",\"\",VLOOKUP(M870,Sections!$A$2:$D$200,4,FALSE))","v":"Underdrains"}]
[{"$f":"IF(Start!A871=\"\",\"\",Start!A871)","v":""},{"$f":"IF(Start!B871=\"\",\"\",Start!B871)","v":"720-44000"},{"$f":"IF(Start!C871=\"\",\"\",Start!C871)","v":"CASTING, ADJUST TO GRADE"},{"$f":"IF(Start!D871=\"\",\"\",Start!D871)","v":8},{"$f":"IF(Start!E871=\"\",\"\",Start!E871)","v":0},{"$f":"IF(Start!F871=\"\",\"\",Start!F871)","v":"EACH"},{"$f":"IF(Start!G871=\"\",\"\",Start!G871)","v":330.99},{"$f":"IF(Start!H871=\"\",\"\",Start!H871)","v":2647.92},4,{"$f":"IF(I871=\"\",\"\",LOOKUP(I871,{1,\"01\";2,\"02\";3,\"03\";4,\"04\";5,\"05\";6,\"06\";7,\"07\";8,\"08\";9,\"09\";10,\"10\";11,\"11\";12,\"12\";13,\"13\";14,\"14\";15,\"15\"}))","v":"04"},"04. Rieth-Riley Construction",700,720,{"$f":"IF(B871=\"\",\"\",VLOOKUP(M871,Sections!$A$2:$D$200,3,FALSE))","v":"Structures"},{"$f":"IF(B871=\"\",\"\",VLOOKUP(M871,Sections!$A$2:$D$200,4,FALSE))","v":"Manholes, Inlets, And Catch Basins"}]
[{"$f":"IF(Start!A872=\"\",\"\",Start!A872)","v":""},{"$f":"IF(Start!B872=\"\",\"\",Start!B872)","v":"720-45025"},{"$f":"IF(Start!C872=\"\",\"\",Start!C872)","v":"INLET, D6"},{"$f":"IF(Start!D872=\"\",\"\",Start!D872)","v":1},{"$f":"IF(Start!E872=\"\",\"\",Start!E872)","v":0},{"$f":"IF(Start!F872=\"\",\"\",Start!F872)","v":"EACH"},{"$f":"IF(Start!G872=\"\",\"\",Start!G872)","v":1315.23},{"$f":"IF(Start!H872=\"\",\"\",Start!H872)","v":1315.23},4,{"$f":"IF(I872=\"\",\"\",LOOKUP(I872,{1,\"01\";2,\"02\";3,\"03\";4,\"04\";5,\"05\";6,\"06\";7,\"07\";8,\"08\";9,\"09\";10,\"10\";11,\"11\";12,\"12\";13,\"13\";14,\"14\";15,\"15\"}))","v":"04"},"04. Rieth-Riley Construction",700,720,{"$f":"IF(B872=\"\",\"\",VLOOKUP(M872,Sections!$A$2:$D$200,3,FALSE))","v":"Structures"},{"$f":"IF(B872=\"\",\"\",VLOOKUP(M872,Sections!$A$2:$D$200,4,FALSE))","v":"Manholes, Inlets, And Catch Basins"}]
[{"$f":"IF(Start!A873=\"\",\"\",Start!A873)","v":""},{"$f":"IF(Start!B873=\"\",\"\",Start!B873)","v":"720-45030"},{"$f":"IF(Start!C873=\"\",\"\",Start!C873)","v":"INLET, E7"},{"$f":"IF(Start!D873=\"\",\"\",Start!D873)","v":1},{"$f":"IF(Start!E873=\"\",\"\",Start!E873)","v":0},{"$f":"IF(Start!F873=\"\",\"\",Start!F873)","v":"EACH"},{"$f":"IF(Start!G873=\"\",\"\",Start!G873)","v":1101.7},{"$f":"IF(Start!H873=\"\",\"\",Start!H873)","v":1101.7},4,{"$f":"IF(I873=\"\",\"\",LOOKUP(I873,{1,\"01\";2,\"02\";3,\"03\";4,\"04\";5,\"05\";6,\"06\";7,\"07\";8,\"08\";9,\"09\";10,\"10\";11,\"11\";12,\"12\";13,\"13\";14,\"14\";15,\"15\"}))","v":"04"},"04. Rieth-Riley Construction",700,720,{"$f":"IF(B873=\"\",\"\",VLOOKUP(M873,Sections!$A$2:$D$200,3,FALSE))","v":"Structures"},{"$f":"IF(B873=\"\",\"\",VLOOKUP(M873,Sections!$A$2:$D$200,4,FALSE))","v":"Manholes, Inlets, And Catch Basins"}]
[{"$f":"IF(Start!A874=\"\",\"\",Start!A874)","v":""},{"$f":"IF(Start!B874=\"\",\"\",Start!B874)","v":"720-45035"},{"$f":"IF(Start!C874=\"\",\"\",Start!C874)","v":"INLET, F7"},{"$f":"IF(Start!D874=\"\",\"\",Start!D874)","v":3},{"$f":"IF(Start!E874=\"\",\"\",Start!E874)","v":0},{"$f":"IF(Start!F874=\"\",\"\",Start!F874)","v":"EACH"},{"$f":"IF(Start!G874=\"\",\"\",Start!G874)","v":1102.8},{"$f":"IF(Start!H874=\"\",\"\",Start!H874)","v":3308.4},4,{"$f":"IF(I874=\"\",\"\",LOOKUP(I874,{1,\"01\";2,\"02\";3,\"03\";4,\"04\";5,\"05\";6,\"06\";7,\"07\";8,\"08\";9,\"09\";10,\"10\";11,\"11\";12,\"12\";13,\"13\";14,\"14\";15,\"15\"}))","v":"04"},"04. Rieth-Riley Construction",700,720,{"$f":"IF(B874=\"\",\"\",VLOOKUP(M874,Sections!$A$2:$D$200,3,FALSE))","v":"Structures"},{"$f":"IF(B874=\"\",\"\",VLOOKUP(M874,Sections!$A$2:$D$200,4,FALSE))","v":"Manholes, Inlets, And Catch Basins"}]
[{"$f":"IF(Start!A875=\"\",\"\",Start!A875)","v":""},{"$f":"IF(Start!B875=\"\",\"\",Start!B875)","v":"720-45040"},{"$f":"IF(Start!C875=\"\",\"\",Start!C875)","v":"INLET, G7"},{"$f":"IF(Start!D875=\"\",\"\",Start!D875)","v":2},{"$f":"IF(Start!E875=\"\",\"\",Start!E875)","v":0},{"$f":"IF(Start!F875=\"\",\"\",Start!F875)","v":"EACH"},{"$f":"IF(Start!G875=\"\",\"\",Start!G875)","v":2378.5500000000002},{"$f":"IF(Start!H875=\"\",\"\",Start!H875)","v":4757.1000000000004},4,{"$f":"IF(I875=\"\",\"\",LOOKUP(I875,{1,\"01\";2,\"02\";3,\"03\";4,\"04\";5,\"05\";6,\"06\";7,\"07\";8,\"08\";9,\"09\";10,\"10\";11,\"11\";12,\"12\";13,\"13\";14,\"14\";15,\"15\"}))","v":"04"},"04. Rieth-Riley Construction",700,720,{"$f":"IF(B875=\"\",\"\",VLOOKUP(M875,Sections!$A$2:$D$200,3,FALSE))","v":"Structures"},{"$f":"IF(B875=\"\",\"\",VLOOKUP(M875,Sections!$A$2:$D$200,4,FALSE))","v":"Manholes, Inlets, And Catch Basins"}]
[{"$f":"IF(Start!A876=\"\",\"\",Start!A876)","v":""},{"$f":"IF(Start!B876=\"\",\"\",Start!B876)","v":"720-45510"},{"$f":"IF(Start!C876=\"\",\"\",Start!C876)","v":"MANHOLE, C4, MODIFIED"},{"$f":"IF(Start!D876=\"\",\"\",Start!D876)","v":2},{"$f":"IF(Start!E876=\"\",\"\",Start!E876)","v":0},{"$f":"IF(Start!F876=\"\",\"\",Start!F876)","v":"EACH"},{"$f":"IF(Start!G876=\"\",\"\",Start!G876)","v":1836.5},{"$f":"IF(Start!H876=\"\",\"\",Start!H876)","v":3673},4,{"$f":"IF(I876=\"\",\"\",LOOKUP(I876,{1,\"01\";2,\"02\";3,\"03\";4,\"04\";5,\"05\";6,\"06\";7,\"07\";8,\"08\";9,\"09\";10,\"10\";11,\"11\";12,\"12\";13,\"13\";14,\"14\";15,\"15\"}))","v":"04"},"04. Rieth-Riley Construction",700,720,{"$f":"IF(B876=\"\",\"\",VLOOKUP(M876,Sections!$A$2:$D$200,3,FALSE))","v":"Structures"},{"$f":"IF(B876=\"\",\"\",VLOOKUP(M876,Sections!$A$2:$D$200,4,FALSE))","v":"Manholes, Inlets, And Catch Basins"}]
[{"$f":"IF(Start!A877=\"\",\"\",Start!A877)","v":""},{"$f":"IF(Start!B877=\"\",\"\",Start!B877)","v":"720-95409"},{"$f":"IF(Start!C877=\"\",\"\",Start!C877)","v":"MANHOLE, J4, MODIFIED"},{"$f":"IF(Start!D877=\"\",\"\",Start!D877)","v":2},{"$f":"IF(Start!E877=\"\",\"\",Start!E877)","v":0},{"$f":"IF(Start!F877=\"\",\"\",Start!F877)","v":"EACH"},{"$f":"IF(Start!G877=\"\",\"\",Start!G877)","v":1787.22},{"$f":"IF(Start!H877=\"\",\"\",Start!H877)","v":3574.44},4,{"$f":"IF(I877=\"\",\"\",LOOKUP(I877,{1,\"01\";2,\"02\";3,\"03\";4,\"04\";5,\"05\";6,\"06\";7,\"07\";8,\"08\";9,\"09\";10,\"10\";11,\"11\";12,\"12\";13,\"13\";14,\"14\";15,\"15\"}))","v":"04"},"04. Rieth-Riley Construction",700,720,{"$f":"IF(B877=\"\",\"\",VLOOKUP(M877,Sections!$A$2:$D$200,3,FALSE))","v":"Structures"},{"$f":"IF(B877=\"\",\"\",VLOOKUP(M877,Sections!$A$2:$D$200,4,FALSE))","v":"Manholes, Inlets, And Catch Basins"}]
[{"$f":"IF(Start!A878=\"\",\"\",Start!A878)","v":""},{"$f":"IF(Start!B878=\"\",\"\",Start!B878)","v":"720-97865"},{"$f":"IF(Start!C878=\"\",\"\",Start!C878)","v":"MANHOLE, C2, MODIFIED"},{"$f":"IF(Start!D878=\"\",\"\",Start!D878)","v":4},{"$f":"IF(Start!E878=\"\",\"\",Start!E878)","v":0},{"$f":"IF(Start!F878=\"\",\"\",Start!F878)","v":"EACH"},{"$f":"IF(Start!G878=\"\",\"\",Start!G878)","v":2030.3000000000002},{"$f":"IF(Start!H878=\"\",\"\",Start!H878)","v":8121.2000000000007},4,{"$f":"IF(I878=\"\",\"\",LOOKUP(I878,{1,\"01\";2,\"02\";3,\"03\";4,\"04\";5,\"05\";6,\"06\";7,\"07\";8,\"08\";9,\"09\";10,\"10\";11,\"11\";12,\"12\";13,\"13\";14,\"14\";15,\"15\"}))","v":"04"},"04. Rieth-Riley Construction",700,720,{"$f":"IF(B878=\"\",\"\",VLOOKUP(M878,Sections!$A$2:$D$200,3,FALSE))","v":"Structures"},{"$f":"IF(B878=\"\",\"\",VLOOKUP(M878,Sections!$A$2:$D$200,4,FALSE))","v":"Manholes, Inlets, And Catch Basins"}]
[{"$f":"IF(Start!A879=\"\",\"\",Start!A879)","v":""},{"$f":"IF(Start!B879=\"\",\"\",Start!B879)","v":"720-98555"},{"$f":"IF(Start!C879=\"\",\"\",Start!C879)","v":"INLET, C15"},{"$f":"IF(Start!D879=\"\",\"\",Start!D879)","v":1},{"$f":"IF(Start!E879=\"\",\"\",Start!E879)","v":0},{"$f":"IF(Start!F879=\"\",\"\",Start!F879)","v":"EACH"},{"$f":"IF(Start!G879=\"\",\"\",Start!G879)","v":1776.98},{"$f":"IF(Start!H879=\"\",\"\",Start!H879)","v":1776.98},4,{"$f":"IF(I879=\"\",\"\",LOOKUP(I879,{1,\"01\";2,\"02\";3,\"03\";4,\"04\";5,\"05\";6,\"06\";7,\"07\";8,\"08\";9,\"09\";10,\"10\";11,\"11\";12,\"12\";13,\"13\";14,\"14\";15,\"15\"}))","v":"04"},"04. Rieth-Riley Construction",700,720,{"$f":"IF(B879=\"\",\"\",VLOOKUP(M879,Sections!$A$2:$D$200,3,FALSE))","v":"Structures"},{"$f":"IF(B879=\"\",\"\",VLOOKUP(M879,Sections!$A$2:$D$200,4,FALSE))","v":"Manholes, Inlets, And Catch Basins"}]
[{"$f":"IF(Start!A880=\"\",\"\",Start!A880)","v":""},{"$f":"IF(Start!B880=\"\",\"\",Start!B880)","v":"723-08608"},{"$f":"IF(Start!C880=\"\",\"\",Start!C880)","v":"WINGWALL"},{"$f":"IF(Start!D880=\"\",\"\",Start!D880)","v":608},{"$f":"IF(Start!E880=\"\",\"\",Start!E880)","v":0},{"$f":"IF(Start!F880=\"\",\"\",Start!F880)","v":"S.F."},{"$f":"IF(Start!G880=\"\",\"\",Start!G880)","v":86.99},{"$f":"IF(Start!H880=\"\",\"\",Start!H880)","v":52889.919999999998},4,{"$f":"IF(I880=\"\",\"\",LOOKUP(I880,{1,\"01\";2,\"02\";3,\"03\";4,\"04\";5,\"05\";6,\"06\";7,\"07\";8,\"08\";9,\"09\";10,\"10\";11,\"11\";12,\"12\";13,\"13\";14,\"14\";15,\"15\"}))","v":"04"},"04. Rieth-Riley Construction",700,723,{"$f":"IF(B880=\"\",\"\",VLOOKUP(M880,Sections!$A$2:$D$200,3,FALSE))","v":"Structures"},{"$f":"IF(B880=\"\",\"\",VLOOKUP(M880,Sections!$A$2:$D$200,4,FALSE))","v":"Reinforced Concrete Three Sided Structures"}]
[{"$f":"IF(Start!A881=\"\",\"\",Start!A881)","v":""},{"$f":"IF(Start!B881=\"\",\"\",Start!B881)","v":"727-90308"},{"$f":"IF(Start!C881=\"\",\"\",Start!C881)","v":"EPOXY INJECTION, CRACK PREPARATION"},{"$f":"IF(Start!D881=\"\",\"\",Start!D881)","v":119},{"$f":"IF(Start!E881=\"\",\"\",Start!E881)","v":0},{"$f":"IF(Start!F881=\"\",\"\",Start!F881)","v":"L.F."},{"$f":"IF(Start!G881=\"\",\"\",Start!G881)","v":93},{"$f":"IF(Start!H881=\"\",\"\",Start!H881)","v":11067},4,{"$f":"IF(I881=\"\",\"\",LOOKUP(I881,{1,\"01\";2,\"02\";3,\"03\";4,\"04\";5,\"05\";6,\"06\";7,\"07\";8,\"08\";9,\"09\";10,\"10\";11,\"11\";12,\"12\";13,\"13\";14,\"14\";15,\"15\"}))","v":"04"},"04. Rieth-Riley Construction",700,727,{"$f":"IF(B881=\"\",\"\",VLOOKUP(M881,Sections!$A$2:$D$200,3,FALSE))","v":"Structures"},{"$f":"IF(B881=\"\",\"\",VLOOKUP(M881,Sections!$A$2:$D$200,4,FALSE))","v":"Structural Concrete Repair By Epoxy Injection"}]
[{"$f":"IF(Start!A882=\"\",\"\",Start!A882)","v":""},{"$f":"IF(Start!B882=\"\",\"\",Start!B882)","v":"727-90309"},{"$f":"IF(Start!C882=\"\",\"\",Start!C882)","v":"EPOXY INJECTION, EPOXY MATERIAL"},{"$f":"IF(Start!D882=\"\",\"\",Start!D882)","v":15},{"$f":"IF(Start!E882=\"\",\"\",Start!E882)","v":0},{"$f":"IF(Start!F882=\"\",\"\",Start!F882)","v":"GAL"},{"$f":"IF(Start!G882=\"\",\"\",Start!G882)","v":85},{"$f":"IF(Start!H882=\"\",\"\",Start!H882)","v":1275},4,{"$f":"IF(I882=\"\",\"\",LOOKUP(I882,{1,\"01\";2,\"02\";3,\"03\";4,\"04\";5,\"05\";6,\"06\";7,\"07\";8,\"08\";9,\"09\";10,\"10\";11,\"11\";12,\"12\";13,\"13\";14,\"14\";15,\"15\"}))","v":"04"},"04. Rieth-Riley Construction",700,727,{"$f":"IF(B882=\"\",\"\",VLOOKUP(M882,Sections!$A$2:$D$200,3,FALSE))","v":"Structures"},{"$f":"IF(B882=\"\",\"\",VLOOKUP(M882,Sections!$A$2:$D$200,4,FALSE))","v":"Structural Concrete Repair By Epoxy Injection"}]
[{"$f":"IF(Start!A883=\"\",\"\",Start!A883)","v":""},{"$f":"IF(Start!B883=\"\",\"\",Start!B883)","v":"727-93560"},{"$f":"IF(Start!C883=\"\",\"\",Start!C883)","v":"EPOXY INJECTION, FURNISHING EQUIPMENT"},{"$f":"IF(Start!D883=\"\",\"\",Start!D883)","v":1},{"$f":"IF(Start!E883=\"\",\"\",Start!E883)","v":0},{"$f":"IF(Start!F883=\"\",\"\",Start!F883)","v":"L.S."},{"$f":"IF(Start!G883=\"\",\"\",Start!G883)","v":1875},{"$f":"IF(Start!H883=\"\",\"\",Start!H883)","v":1875},4,{"$f":"IF(I883=\"\",\"\",LOOKUP(I883,{1,\"01\";2,\"02\";3,\"03\";4,\"04\";5,\"05\";6,\"06\";7,\"07\";8,\"08\";9,\"09\";10,\"10\";11,\"11\";12,\"12\";13,\"13\";14,\"14\";15,\"15\"}))","v":"04"},"04. Rieth-Riley Construction",700,727,{"$f":"IF(B883=\"\",\"\",VLOOKUP(M883,Sections!$A$2:$D$200,3,FALSE))","v":"Structures"},{"$f":"IF(B883=\"\",\"\",VLOOKUP(M883,Sections!$A$2:$D$200,4,FALSE))","v":"Structural Concrete Repair By Epoxy Injection"}]
[{"$f":"IF(Start!A884=\"\",\"\",Start!A884)","v":""},{"$f":"IF(Start!B884=\"\",\"\",Start!B884)","v":"801-02595"},{"$f":"IF(Start!C884=\"\",\"\",Start!C884)","v":"CONTROLLER, RESET TIMING"},{"$f":"IF(Start!D884=\"\",\"\",Start!D884)","v":3},{"$f":"IF(Start!E884=\"\",\"\",Start!E884)","v":0},{"$f":"IF(Start!F884=\"\",\"\",Start!F884)","v":"EACH"},{"$f":"IF(Start!G884=\"\",\"\",Start!G884)","v":155},{"$f":"IF(Start!H884=\"\",\"\",Start!H884)","v":465},4,{"$f":"IF(I884=\"\",\"\",LOOKUP(I884,{1,\"01\";2,\"02\";3,\"03\";4,\"04\";5,\"05\";6,\"06\";7,\"07\";8,\"08\";9,\"09\";10,\"10\";11,\"11\";12,\"12\";13,\"13\";14,\"14\";15,\"15\"}))","v":"04"},"04. Rieth-Riley Construction",800,801,{"$f":"IF(B884=\"\",\"\",VLOOKUP(M884,Sections!$A$2:$D$200,3,FALSE))","v":"Traffic Control Devices And Lighting"},{"$f":"IF(B884=\"\",\"\",VLOOKUP(M884,Sections!$A$2:$D$200,4,FALSE))","v":"Traffic Controls For Construction And Maintenance Operations"}]
[{"$f":"IF(Start!A885=\"\",\"\",Start!A885)","v":""},{"$f":"IF(Start!B885=\"\",\"\",Start!B885)","v":"801-03290"},{"$f":"IF(Start!C885=\"\",\"\",Start!C885)","v":"CONSTRUCTION SIGN, C"},{"$f":"IF(Start!D885=\"\",\"\",Start!D885)","v":12},{"$f":"IF(Start!E885=\"\",\"\",Start!E885)","v":0},{"$f":"IF(Start!F885=\"\",\"\",Start!F885)","v":"EACH"},{"$f":"IF(Start!G885=\"\",\"\",Start!G885)","v":153},{"$f":"IF(Start!H885=\"\",\"\",Start!H885)","v":1836},4,{"$f":"IF(I885=\"\",\"\",LOOKUP(I885,{1,\"01\";2,\"02\";3,\"03\";4,\"04\";5,\"05\";6,\"06\";7,\"07\";8,\"08\";9,\"09\";10,\"10\";11,\"11\";12,\"12\";13,\"13\";14,\"14\";15,\"15\"}))","v":"04"},"04. Rieth-Riley Construction",800,801,{"$f":"IF(B885=\"\",\"\",VLOOKUP(M885,Sections!$A$2:$D$200,3,FALSE))","v":"Traffic Control Devices And Lighting"},{"$f":"IF(B885=\"\",\"\",VLOOKUP(M885,Sections!$A$2:$D$200,4,FALSE))","v":"Traffic Controls For Construction And Maintenance Operations"}]
[{"$f":"IF(Start!A886=\"\",\"\",Start!A886)","v":""},{"$f":"IF(Start!B886=\"\",\"\",Start!B886)","v":"801-04308"},{"$f":"IF(Start!C886=\"\",\"\",Start!C886)","v":"ROAD CLOSURE SIGN ASSEMBLY"},{"$f":"IF(Start!D886=\"\",\"\",Start!D886)","v":20},{"$f":"IF(Start!E886=\"\",\"\",Start!E886)","v":0},{"$f":"IF(Start!F886=\"\",\"\",Start!F886)","v":"EACH"},{"$f":"IF(Start!G886=\"\",\"\",Start!G886)","v":132},{"$f":"IF(Start!H886=\"\",\"\",Start!H886)","v":2640},4,{"$f":"IF(I886=\"\",\"\",LOOKUP(I886,{1,\"01\";2,\"02\";3,\"03\";4,\"04\";5,\"05\";6,\"06\";7,\"07\";8,\"08\";9,\"09\";10,\"10\";11,\"11\";12,\"12\";13,\"13\";14,\"14\";15,\"15\"}))","v":"04"},"04. Rieth-Riley Construction",800,801,{"$f":"IF(B886=\"\",\"\",VLOOKUP(M886,Sections!$A$2:$D$200,3,FALSE))","v":"Traffic Control Devices And Lighting"},{"$f":"IF(B886=\"\",\"\",VLOOKUP(M886,Sections!$A$2:$D$200,4,FALSE))","v":"Traffic Controls For Construction And Maintenance Operations"}]
[{"$f":"IF(Start!A887=\"\",\"\",Start!A887)","v":""},{"$f":"IF(Start!B887=\"\",\"\",Start!B887)","v":"801-06201"},{"$f":"IF(Start!C887=\"\",\"\",Start!C887)","v":"TEMPORARY PANEL SIGNS"},{"$f":"IF(Start!D887=\"\",\"\",Start!D887)","v":22.5},{"$f":"IF(Start!E887=\"\",\"\",Start!E887)","v":0},{"$f":"IF(Start!F887=\"\",\"\",Start!F887)","v":"S.Y."},{"$f":"IF(Start!G887=\"\",\"\",Start!G887)","v":22},{"$f":"IF(Start!H887=\"\",\"\",Start!H887)","v":495},4,{"$f":"IF(I887=\"\",\"\",LOOKUP(I887,{1,\"01\";2,\"02\";3,\"03\";4,\"04\";5,\"05\";6,\"06\";7,\"07\";8,\"08\";9,\"09\";10,\"10\";11,\"11\";12,\"12\";13,\"13\";14,\"14\";15,\"15\"}))","v":"04"},"04. Rieth-Riley Construction",800,801,{"$f":"IF(B887=\"\",\"\",VLOOKUP(M887,Sections!$A$2:$D$200,3,FALSE))","v":"Traffic Control Devices And Lighting"},{"$f":"IF(B887=\"\",\"\",VLOOKUP(M887,Sections!$A$2:$D$200,4,FALSE))","v":"Traffic Controls For Construction And Maintenance Operations"}]
[{"$f":"IF(Start!A888=\"\",\"\",Start!A888)","v":""},{"$f":"IF(Start!B888=\"\",\"\",Start!B888)","v":"801-06202"},{"$f":"IF(Start!C888=\"\",\"\",Start!C888)","v":"TEMPORARY PANEL SIGN SUPPORTS"},{"$f":"IF(Start!D888=\"\",\"\",Start!D888)","v":56},{"$f":"IF(Start!E888=\"\",\"\",Start!E888)","v":0},{"$f":"IF(Start!F888=\"\",\"\",Start!F888)","v":"L.F."},{"$f":"IF(Start!G888=\"\",\"\",Start!G888)","v":20},{"$f":"IF(Start!H888=\"\",\"\",Start!H888)","v":1120},4,{"$f":"IF(I888=\"\",\"\",LOOKUP(I888,{1,\"01\";2,\"02\";3,\"03\";4,\"04\";5,\"05\";6,\"06\";7,\"07\";8,\"08\";9,\"09\";10,\"10\";11,\"11\";12,\"12\";13,\"13\";14,\"14\";15,\"15\"}))","v":"04"},"04. Rieth-Riley Construction",800,801,{"$f":"IF(B888=\"\",\"\",VLOOKUP(M888,Sections!$A$2:$D$200,3,FALSE))","v":"Traffic Control Devices And Lighting"},{"$f":"IF(B888=\"\",\"\",VLOOKUP(M888,Sections!$A$2:$D$200,4,FALSE))","v":"Traffic Controls For Construction And Maintenance Operations"}]
[{"$f":"IF(Start!A889=\"\",\"\",Start!A889)","v":""},{"$f":"IF(Start!B889=\"\",\"\",Start!B889)","v":"801-06203"},{"$f":"IF(Start!C889=\"\",\"\",Start!C889)","v":"TEMPORARY PAVEMENT MARKING, 4 IN."},{"$f":"IF(Start!D889=\"\",\"\",Start!D889)","v":35000},{"$f":"IF(Start!E889=\"\",\"\",Start!E889)","v":0},{"$f":"IF(Start!F889=\"\",\"\",Start!F889)","v":"L.F."},{"$f":"IF(Start!G889=\"\",\"\",Start!G889)","v":0.22},{"$f":"IF(Start!H889=\"\",\"\",Start!H889)","v":7700},4,{"$f":"IF(I889=\"\",\"\",LOOKUP(I889,{1,\"01\";2,\"02\";3,\"03\";4,\"04\";5,\"05\";6,\"06\";7,\"07\";8,\"08\";9,\"09\";10,\"10\";11,\"11\";12,\"12\";13,\"13\";14,\"14\";15,\"15\"}))","v":"04"},"04. Rieth-Riley Construction",800,801,{"$f":"IF(B889=\"\",\"\",VLOOKUP(M889,Sections!$A$2:$D$200,3,FALSE))","v":"Traffic Control Devices And Lighting"},{"$f":"IF(B889=\"\",\"\",VLOOKUP(M889,Sections!$A$2:$D$200,4,FALSE))","v":"Traffic Controls For Construction And Maintenance Operations"}]
[{"$f":"IF(Start!A890=\"\",\"\",Start!A890)","v":""},{"$f":"IF(Start!B890=\"\",\"\",Start!B890)","v":"801-06207"},{"$f":"IF(Start!C890=\"\",\"\",Start!C890)","v":"TEMPORARY PAVEMENT MARKING, REMOVABLE, 4 IN."},{"$f":"IF(Start!D890=\"\",\"\",Start!D890)","v":64300},{"$f":"IF(Start!E890=\"\",\"\",Start!E890)","v":0},{"$f":"IF(Start!F890=\"\",\"\",Start!F890)","v":"L.F."},{"$f":"IF(Start!G890=\"\",\"\",Start!G890)","v":0.1},{"$f":"IF(Start!H890=\"\",\"\",Start!H890)","v":6430},4,{"$f":"IF(I890=\"\",\"\",LOOKUP(I890,{1,\"01\";2,\"02\";3,\"03\";4,\"04\";5,\"05\";6,\"06\";7,\"07\";8,\"08\";9,\"09\";10,\"10\";11,\"11\";12,\"12\";13,\"13\";14,\"14\";15,\"15\"}))","v":"04"},"04. Rieth-Riley Construction",800,801,{"$f":"IF(B890=\"\",\"\",VLOOKUP(M890,Sections!$A$2:$D$200,3,FALSE))","v":"Traffic Control Devices And Lighting"},{"$f":"IF(B890=\"\",\"\",VLOOKUP(M890,Sections!$A$2:$D$200,4,FALSE))","v":"Traffic Controls For Construction And Maintenance Operations"}]
[{"$f":"IF(Start!A891=\"\",\"\",Start!A891)","v":""},{"$f":"IF(Start!B891=\"\",\"\",Start!B891)","v":"801-06211"},{"$f":"IF(Start!C891=\"\",\"\",Start!C891)","v":"TEMPORARY PAVEMENT MESSAGE MARKING, REMOVABLE"},{"$f":"IF(Start!D891=\"\",\"\",Start!D891)","v":13},{"$f":"IF(Start!E891=\"\",\"\",Start!E891)","v":0},{"$f":"IF(Start!F891=\"\",\"\",Start!F891)","v":"EACH"},{"$f":"IF(Start!G891=\"\",\"\",Start!G891)","v":115},{"$f":"IF(Start!H891=\"\",\"\",Start!H891)","v":1495},4,{"$f":"IF(I891=\"\",\"\",LOOKUP(I891,{1,\"01\";2,\"02\";3,\"03\";4,\"04\";5,\"05\";6,\"06\";7,\"07\";8,\"08\";9,\"09\";10,\"10\";11,\"11\";12,\"12\";13,\"13\";14,\"14\";15,\"15\"}))","v":"04"},"04. Rieth-Riley Construction",800,801,{"$f":"IF(B891=\"\",\"\",VLOOKUP(M891,Sections!$A$2:$D$200,3,FALSE))","v":"Traffic Control Devices And Lighting"},{"$f":"IF(B891=\"\",\"\",VLOOKUP(M891,Sections!$A$2:$D$200,4,FALSE))","v":"Traffic Controls For Construction And Maintenance Operations"}]
[{"$f":"IF(Start!A892=\"\",\"\",Start!A892)","v":""},{"$f":"IF(Start!B892=\"\",\"\",Start!B892)","v":"801-06218"},{"$f":"IF(Start!C892=\"\",\"\",Start!C892)","v":"TEMPORARY TRANSVERSE PAVEMENT MARKING, REMOVA"},{"$f":"IF(Start!D892=\"\",\"\",Start!D892)","v":377},{"$f":"IF(Start!E892=\"\",\"\",Start!E892)","v":0},{"$f":"IF(Start!F892=\"\",\"\",Start!F892)","v":"L.F."},{"$f":"IF(Start!G892=\"\",\"\",Start!G892)","v":5.18},{"$f":"IF(Start!H892=\"\",\"\",Start!H892)","v":1952.8600000000001},4,{"$f":"IF(I892=\"\",\"\",LOOKUP(I892,{1,\"01\";2,\"02\";3,\"03\";4,\"04\";5,\"05\";6,\"06\";7,\"07\";8,\"08\";9,\"09\";10,\"10\";11,\"11\";12,\"12\";13,\"13\";14,\"14\";15,\"15\"}))","v":"04"},"04. Rieth-Riley Construction",800,801,{"$f":"IF(B892=\"\",\"\",VLOOKUP(M892,Sections!$A$2:$D$200,3,FALSE))","v":"Traffic Control Devices And Lighting"},{"$f":"IF(B892=\"\",\"\",VLOOKUP(M892,Sections!$A$2:$D$200,4,FALSE))","v":"Traffic Controls For Construction And Maintenance Operations"}]
[{"$f":"IF(Start!A893=\"\",\"\",Start!A893)","v":""},{"$f":"IF(Start!B893=\"\",\"\",Start!B893)","v":"801-06640"},{"$f":"IF(Start!C893=\"\",\"\",Start!C893)","v":"CONSTRUCTION SIGN, A"},{"$f":"IF(Start!D893=\"\",\"\",Start!D893)","v":37},{"$f":"IF(Start!E893=\"\",\"\",Start!E893)","v":0},{"$f":"IF(Start!F893=\"\",\"\",Start!F893)","v":"EACH"},{"$f":"IF(Start!G893=\"\",\"\",Start!G893)","v":129},{"$f":"IF(Start!H893=\"\",\"\",Start!H893)","v":4773},4,{"$f":"IF(I893=\"\",\"\",LOOKUP(I893,{1,\"01\";2,\"02\";3,\"03\";4,\"04\";5,\"05\";6,\"06\";7,\"07\";8,\"08\";9,\"09\";10,\"10\";11,\"11\";12,\"12\";13,\"13\";14,\"14\";15,\"15\"}))","v":"04"},"04. Rieth-Riley Construction",800,801,{"$f":"IF(B893=\"\",\"\",VLOOKUP(M893,Sections!$A$2:$D$200,3,FALSE))","v":"Traffic Control Devices And Lighting"},{"$f":"IF(B893=\"\",\"\",VLOOKUP(M893,Sections!$A$2:$D$200,4,FALSE))","v":"Traffic Controls For Construction And Maintenance Operations"}]
[{"$f":"IF(Start!A894=\"\",\"\",Start!A894)","v":""},{"$f":"IF(Start!B894=\"\",\"\",Start!B894)","v":"801-06645"},{"$f":"IF(Start!C894=\"\",\"\",Start!C894)","v":"CONSTRUCTION SIGN, B"},{"$f":"IF(Start!D894=\"\",\"\",Start!D894)","v":5},{"$f":"IF(Start!E894=\"\",\"\",Start!E894)","v":0},{"$f":"IF(Start!F894=\"\",\"\",Start!F894)","v":"EACH"},{"$f":"IF(Start!G894=\"\",\"\",Start!G894)","v":48},{"$f":"IF(Start!H894=\"\",\"\",Start!H894)","v":240},4,{"$f":"IF(I894=\"\",\"\",LOOKUP(I894,{1,\"01\";2,\"02\";3,\"03\";4,\"04\";5,\"05\";6,\"06\";7,\"07\";8,\"08\";9,\"09\";10,\"10\";11,\"11\";12,\"12\";13,\"13\";14,\"14\";15,\"15\"}))","v":"04"},"04. Rieth-Riley Construction",800,801,{"$f":"IF(B894=\"\",\"\",VLOOKUP(M894,Sections!$A$2:$D$200,3,FALSE))","v":"Traffic Control Devices And Lighting"},{"$f":"IF(B894=\"\",\"\",VLOOKUP(M894,Sections!$A$2:$D$200,4,FALSE))","v":"Traffic Controls For Construction And Maintenance Operations"}]
[{"$f":"IF(Start!A895=\"\",\"\",Start!A895)","v":""},{"$f":"IF(Start!B895=\"\",\"\",Start!B895)","v":"801-06710"},{"$f":"IF(Start!C895=\"\",\"\",Start!C895)","v":"FLASHING ARROW SIGN"},{"$f":"IF(Start!D895=\"\",\"\",Start!D895)","v":30},{"$f":"IF(Start!E895=\"\",\"\",Start!E895)","v":0},{"$f":"IF(Start!F895=\"\",\"\",Start!F895)","v":"DAY"},{"$f":"IF(Start!G895=\"\",\"\",Start!G895)","v":10},{"$f":"IF(Start!H895=\"\",\"\",Start!H895)","v":300},4,{"$f":"IF(I895=\"\",\"\",LOOKUP(I895,{1,\"01\";2,\"02\";3,\"03\";4,\"04\";5,\"05\";6,\"06\";7,\"07\";8,\"08\";9,\"09\";10,\"10\";11,\"11\";12,\"12\";13,\"13\";14,\"14\";15,\"15\"}))","v":"04"},"04. Rieth-Riley Construction",800,801,{"$f":"IF(B895=\"\",\"\",VLOOKUP(M895,Sections!$A$2:$D$200,3,FALSE))","v":"Traffic Control Devices And Lighting"},{"$f":"IF(B895=\"\",\"\",VLOOKUP(M895,Sections!$A$2:$D$200,4,FALSE))","v":"Traffic Controls For Construction And Maintenance Operations"}]
[{"$f":"IF(Start!A896=\"\",\"\",Start!A896)","v":""},{"$f":"IF(Start!B896=\"\",\"\",Start!B896)","v":"801-06775"},{"$f":"IF(Start!C896=\"\",\"\",Start!C896)","v":"MAINTAINING TRAFFIC"},{"$f":"IF(Start!D896=\"\",\"\",Start!D896)","v":1},{"$f":"IF(Start!E896=\"\",\"\",Start!E896)","v":0},{"$f":"IF(Start!F896=\"\",\"\",Start!F896)","v":"L.S."},{"$f":"IF(Start!G896=\"\",\"\",Start!G896)","v":175000},{"$f":"IF(Start!H896=\"\",\"\",Start!H896)","v":175000},4,{"$f":"IF(I896=\"\",\"\",LOOKUP(I896,{1,\"01\";2,\"02\";3,\"03\";4,\"04\";5,\"05\";6,\"06\";7,\"07\";8,\"08\";9,\"09\";10,\"10\";11,\"11\";12,\"12\";13,\"13\";14,\"14\";15,\"15\"}))","v":"04"},"04. Rieth-Riley Construction",800,801,{"$f":"IF(B896=\"\",\"\",VLOOKUP(M896,Sections!$A$2:$D$200,3,FALSE))","v":"Traffic Control Devices And Lighting"},{"$f":"IF(B896=\"\",\"\",VLOOKUP(M896,Sections!$A$2:$D$200,4,FALSE))","v":"Traffic Controls For Construction And Maintenance Operations"}]
[{"$f":"IF(Start!A897=\"\",\"\",Start!A897)","v":""},{"$f":"IF(Start!B897=\"\",\"\",Start!B897)","v":"801-07118"},{"$f":"IF(Start!C897=\"\",\"\",Start!C897)","v":"BARRICADE, III-A"},{"$f":"IF(Start!D897=\"\",\"\",Start!D897)","v":468},{"$f":"IF(Start!E897=\"\",\"\",Start!E897)","v":0},{"$f":"IF(Start!F897=\"\",\"\",Start!F897)","v":"L.F."},{"$f":"IF(Start!G897=\"\",\"\",Start!G897)","v":11.100000000000001},{"$f":"IF(Start!H897=\"\",\"\",Start!H897)","v":5194.8},4,{"$f":"IF(I897=\"\",\"\",LOOKUP(I897,{1,\"01\";2,\"02\";3,\"03\";4,\"04\";5,\"05\";6,\"06\";7,\"07\";8,\"08\";9,\"09\";10,\"10\";11,\"11\";12,\"12\";13,\"13\";14,\"14\";15,\"15\"}))","v":"04"},"04. Rieth-Riley Construction",800,801,{"$f":"IF(B897=\"\",\"\",VLOOKUP(M897,Sections!$A$2:$D$200,3,FALSE))","v":"Traffic Control Devices And Lighting"},{"$f":"IF(B897=\"\",\"\",VLOOKUP(M897,Sections!$A$2:$D$200,4,FALSE))","v":"Traffic Controls For Construction And Maintenance Operations"}]
[{"$f":"IF(Start!A898=\"\",\"\",Start!A898)","v":""},{"$f":"IF(Start!B898=\"\",\"\",Start!B898)","v":"801-07119"},{"$f":"IF(Start!C898=\"\",\"\",Start!C898)","v":"BARRICADE, III-B"},{"$f":"IF(Start!D898=\"\",\"\",Start!D898)","v":48},{"$f":"IF(Start!E898=\"\",\"\",Start!E898)","v":0},{"$f":"IF(Start!F898=\"\",\"\",Start!F898)","v":"L.F."},{"$f":"IF(Start!G898=\"\",\"\",Start!G898)","v":15.280000000000001},{"$f":"IF(Start!H898=\"\",\"\",Start!H898)","v":733.44},4,{"$f":"IF(I898=\"\",\"\",LOOKUP(I898,{1,\"01\";2,\"02\";3,\"03\";4,\"04\";5,\"05\";6,\"06\";7,\"07\";8,\"08\";9,\"09\";10,\"10\";11,\"11\";12,\"12\";13,\"13\";14,\"14\";15,\"15\"}))","v":"04"},"04. Rieth-Riley Construction",800,801,{"$f":"IF(B898=\"\",\"\",VLOOKUP(M898,Sections!$A$2:$D$200,3,FALSE))","v":"Traffic Control Devices And Lighting"},{"$f":"IF(B898=\"\",\"\",VLOOKUP(M898,Sections!$A$2:$D$200,4,FALSE))","v":"Traffic Controls For Construction And Maintenance Operations"}]
[{"$f":"IF(Start!A899=\"\",\"\",Start!A899)","v":""},{"$f":"IF(Start!B899=\"\",\"\",Start!B899)","v":"801-08401"},{"$f":"IF(Start!C899=\"\",\"\",Start!C899)","v":"TEMPORARY TRAFFIC BARRIER, TYPE 2"},{"$f":"IF(Start!D899=\"\",\"\",Start!D899)","v":9260},{"$f":"IF(Start!E899=\"\",\"\",Start!E899)","v":0},{"$f":"IF(Start!F899=\"\",\"\",Start!F899)","v":"L.F."},{"$f":"IF(Start!G899=\"\",\"\",Start!G899)","v":6},{"$f":"IF(Start!H899=\"\",\"\",Start!H899)","v":55560},{"$f":"IF(AND(A899=\"\",B899=\"\",C899=\"\"),\"\",IF(AND(A899<>\"\",B899=\"\",G899=0,H899=0),D899,I898))","v":4},{"$f":"IF(I899=\"\",\"\",LOOKUP(I899,{1,\"01\";2,\"02\";3,\"03\";4,\"04\";5,\"05\";6,\"06\";7,\"07\";8,\"08\";9,\"09\";10,\"10\";11,\"11\";12,\"12\";13,\"13\";14,\"14\";15,\"15\"}))","v":"04"},{"$f":"IF(AND(A899<>\"\",B899=\"\"),J899&\". \"&PROPER(C899),IF(AND(A899=\"\",B899<>\"\"),PROPER(K898),\"\"))","v":"04. Rieth-Riley Construction"},{"$f":"IF(B899=\"\",\"\",LEFT(B899,1)*100)","v":800},{"$f":"IF(B899=\"\",\"\",LEFT(B899,3)*1)","v":801},{"$f":"IF(B899=\"\",\"\",VLOOKUP(M899,Sections!$A$2:$D$200,3,FALSE))","v":"Traffic Control Devices And Lighting"},{"$f":"IF(B899=\"\",\"\",VLOOKUP(M899,Sections!$A$2:$D$200,4,FALSE))","v":"Traffic Controls For Construction And Maintenance Operations"}]
[{"$f":"IF(Start!A900=\"\",\"\",Start!A900)","v":""},{"$f":"IF(Start!B900=\"\",\"\",Start!B900)","v":"801-08508"},{"$f":"IF(Start!C900=\"\",\"\",Start!C900)","v":"TEMPORARY TRAFFIC BARRIER, TYPE 2, ANCHORED"},{"$f":"IF(Start!D900=\"\",\"\",Start!D900)","v":252},{"$f":"IF(Start!E900=\"\",\"\",Start!E900)","v":0},{"$f":"IF(Start!F900=\"\",\"\",Start!F900)","v":"L.F."},{"$f":"IF(Start!G900=\"\",\"\",Start!G900)","v":7},{"$f":"IF(Start!H900=\"\",\"\",Start!H900)","v":1764},4,{"$f":"IF(I900=\"\",\"\",LOOKUP(I900,{1,\"01\";2,\"02\";3,\"03\";4,\"04\";5,\"05\";6,\"06\";7,\"07\";8,\"08\";9,\"09\";10,\"10\";11,\"11\";12,\"12\";13,\"13\";14,\"14\";15,\"15\"}))","v":"04"},"04. Rieth-Riley Construction",800,801,{"$f":"IF(B900=\"\",\"\",VLOOKUP(M900,Sections!$A$2:$D$200,3,FALSE))","v":"Traffic Control Devices And Lighting"},{"$f":"IF(B900=\"\",\"\",VLOOKUP(M900,Sections!$A$2:$D$200,4,FALSE))","v":"Traffic Controls For Construction And Maintenance Operations"}]
[{"$f":"IF(Start!A901=\"\",\"\",Start!A901)","v":""},{"$f":"IF(Start!B901=\"\",\"\",Start!B901)","v":"801-94295"},{"$f":"IF(Start!C901=\"\",\"\",Start!C901)","v":"SIGNAL HEAD, RELOCATE"},{"$f":"IF(Start!D901=\"\",\"\",Start!D901)","v":32},{"$f":"IF(Start!E901=\"\",\"\",Start!E901)","v":0},{"$f":"IF(Start!F901=\"\",\"\",Start!F901)","v":"EACH"},{"$f":"IF(Start!G901=\"\",\"\",Start!G901)","v":130},{"$f":"IF(Start!H901=\"\",\"\",Start!H901)","v":4160},4,{"$f":"IF(I901=\"\",\"\",LOOKUP(I901,{1,\"01\";2,\"02\";3,\"03\";4,\"04\";5,\"05\";6,\"06\";7,\"07\";8,\"08\";9,\"09\";10,\"10\";11,\"11\";12,\"12\";13,\"13\";14,\"14\";15,\"15\"}))","v":"04"},"04. Rieth-Riley Construction",800,801,{"$f":"IF(B901=\"\",\"\",VLOOKUP(M901,Sections!$A$2:$D$200,3,FALSE))","v":"Traffic Control Devices And Lighting"},{"$f":"IF(B901=\"\",\"\",VLOOKUP(M901,Sections!$A$2:$D$200,4,FALSE))","v":"Traffic Controls For Construction And Maintenance Operations"}]
[{"$f":"IF(Start!A902=\"\",\"\",Start!A902)","v":""},{"$f":"IF(Start!B902=\"\",\"\",Start!B902)","v":"802-05701"},{"$f":"IF(Start!C902=\"\",\"\",Start!C902)","v":"SIGN POST, SQUARE, 1, REINFORCED ANCHOR"},{"$f":"IF(Start!D902=\"\",\"\",Start!D902)","v":765.5},{"$f":"IF(Start!E902=\"\",\"\",Start!E902)","v":0},{"$f":"IF(Start!F902=\"\",\"\",Start!F902)","v":"L.F."},{"$f":"IF(Start!G902=\"\",\"\",Start!G902)","v":11.3},{"$f":"IF(Start!H902=\"\",\"\",Start!H902)","v":8650.15},4,{"$f":"IF(I902=\"\",\"\",LOOKUP(I902,{1,\"01\";2,\"02\";3,\"03\";4,\"04\";5,\"05\";6,\"06\";7,\"07\";8,\"08\";9,\"09\";10,\"10\";11,\"11\";12,\"12\";13,\"13\";14,\"14\";15,\"15\"}))","v":"04"},"04. Rieth-Riley Construction",800,802,{"$f":"IF(B902=\"\",\"\",VLOOKUP(M902,Sections!$A$2:$D$200,3,FALSE))","v":"Traffic Control Devices And Lighting"},{"$f":"IF(B902=\"\",\"\",VLOOKUP(M902,Sections!$A$2:$D$200,4,FALSE))","v":"Signs"}]
[{"$f":"IF(Start!A903=\"\",\"\",Start!A903)","v":""},{"$f":"IF(Start!B903=\"\",\"\",Start!B903)","v":"802-05702"},{"$f":"IF(Start!C903=\"\",\"\",Start!C903)","v":"SIGN POST SQUARE, 2, REINFORCED ANCHOR BASE"},{"$f":"IF(Start!D903=\"\",\"\",Start!D903)","v":211.25},{"$f":"IF(Start!E903=\"\",\"\",Start!E903)","v":0},{"$f":"IF(Start!F903=\"\",\"\",Start!F903)","v":"L.F."},{"$f":"IF(Start!G903=\"\",\"\",Start!G903)","v":11.65},{"$f":"IF(Start!H903=\"\",\"\",Start!H903)","v":2461.06},4,{"$f":"IF(I903=\"\",\"\",LOOKUP(I903,{1,\"01\";2,\"02\";3,\"03\";4,\"04\";5,\"05\";6,\"06\";7,\"07\";8,\"08\";9,\"09\";10,\"10\";11,\"11\";12,\"12\";13,\"13\";14,\"14\";15,\"15\"}))","v":"04"},"04. Rieth-Riley Construction",800,802,{"$f":"IF(B903=\"\",\"\",VLOOKUP(M903,Sections!$A$2:$D$200,3,FALSE))","v":"Traffic Control Devices And Lighting"},{"$f":"IF(B903=\"\",\"\",VLOOKUP(M903,Sections!$A$2:$D$200,4,FALSE))","v":"Signs"}]
[{"$f":"IF(Start!A904=\"\",\"\",Start!A904)","v":""},{"$f":"IF(Start!B904=\"\",\"\",Start!B904)","v":"802-07057"},{"$f":"IF(Start!C904=\"\",\"\",Start!C904)","v":"SIGN, PANEL, WITH LEGEND"},{"$f":"IF(Start!D904=\"\",\"\",Start!D904)","v":899},{"$f":"IF(Start!E904=\"\",\"\",Start!E904)","v":0},{"$f":"IF(Start!F904=\"\",\"\",Start!F904)","v":"S.F."},{"$f":"IF(Start!G904=\"\",\"\",Start!G904)","v":20},{"$f":"IF(Start!H904=\"\",\"\",Start!H904)","v":17980},4,{"$f":"IF(I904=\"\",\"\",LOOKUP(I904,{1,\"01\";2,\"02\";3,\"03\";4,\"04\";5,\"05\";6,\"06\";7,\"07\";8,\"08\";9,\"09\";10,\"10\";11,\"11\";12,\"12\";13,\"13\";14,\"14\";15,\"15\"}))","v":"04"},"04. Rieth-Riley Construction",800,802,{"$f":"IF(B904=\"\",\"\",VLOOKUP(M904,Sections!$A$2:$D$200,3,FALSE))","v":"Traffic Control Devices And Lighting"},{"$f":"IF(B904=\"\",\"\",VLOOKUP(M904,Sections!$A$2:$D$200,4,FALSE))","v":"Signs"}]
[{"$f":"IF(Start!A905=\"\",\"\",Start!A905)","v":""},{"$f":"IF(Start!B905=\"\",\"\",Start!B905)","v":"802-07151"},{"$f":"IF(Start!C905=\"\",\"\",Start!C905)","v":"WIDE FLANGE SIGN POST SUPPORT FOUNDATION, VII"},{"$f":"IF(Start!D905=\"\",\"\",Start!D905)","v":10},{"$f":"IF(Start!E905=\"\",\"\",Start!E905)","v":0},{"$f":"IF(Start!F905=\"\",\"\",Start!F905)","v":"EACH"},{"$f":"IF(Start!G905=\"\",\"\",Start!G905)","v":375},{"$f":"IF(Start!H905=\"\",\"\",Start!H905)","v":3750},4,{"$f":"IF(I905=\"\",\"\",LOOKUP(I905,{1,\"01\";2,\"02\";3,\"03\";4,\"04\";5,\"05\";6,\"06\";7,\"07\";8,\"08\";9,\"09\";10,\"10\";11,\"11\";12,\"12\";13,\"13\";14,\"14\";15,\"15\"}))","v":"04"},"04. Rieth-Riley Construction",800,802,{"$f":"IF(B905=\"\",\"\",VLOOKUP(M905,Sections!$A$2:$D$200,3,FALSE))","v":"Traffic Control Devices And Lighting"},{"$f":"IF(B905=\"\",\"\",VLOOKUP(M905,Sections!$A$2:$D$200,4,FALSE))","v":"Signs"}]
[{"$f":"IF(Start!A906=\"\",\"\",Start!A906)","v":""},{"$f":"IF(Start!B906=\"\",\"\",Start!B906)","v":"802-08456"},{"$f":"IF(Start!C906=\"\",\"\",Start!C906)","v":"WIDE FLANGE SIGN POST SUPPORT FOUNDATION, VII"},{"$f":"IF(Start!D906=\"\",\"\",Start!D906)","v":12},{"$f":"IF(Start!E906=\"\",\"\",Start!E906)","v":0},{"$f":"IF(Start!F906=\"\",\"\",Start!F906)","v":"EACH"},{"$f":"IF(Start!G906=\"\",\"\",Start!G906)","v":385},{"$f":"IF(Start!H906=\"\",\"\",Start!H906)","v":4620},4,{"$f":"IF(I906=\"\",\"\",LOOKUP(I906,{1,\"01\";2,\"02\";3,\"03\";4,\"04\";5,\"05\";6,\"06\";7,\"07\";8,\"08\";9,\"09\";10,\"10\";11,\"11\";12,\"12\";13,\"13\";14,\"14\";15,\"15\"}))","v":"04"},"04. Rieth-Riley Construction",800,802,{"$f":"IF(B906=\"\",\"\",VLOOKUP(M906,Sections!$A$2:$D$200,3,FALSE))","v":"Traffic Control Devices And Lighting"},{"$f":"IF(B906=\"\",\"\",VLOOKUP(M906,Sections!$A$2:$D$200,4,FALSE))","v":"Signs"}]
[{"$f":"IF(Start!A907=\"\",\"\",Start!A907)","v":""},{"$f":"IF(Start!B907=\"\",\"\",Start!B907)","v":"802-09578"},{"$f":"IF(Start!C907=\"\",\"\",Start!C907)","v":"OVERHEAD SIGN STRUCTURE, CANTILEVER,"},{"$f":"IF(Start!D907=\"\",\"\",Start!D907)","v":2},{"$f":"IF(Start!E907=\"\",\"\",Start!E907)","v":0},{"$f":"IF(Start!F907=\"\",\"\",Start!F907)","v":"EACH"},{"$f":"IF(Start!G907=\"\",\"\",Start!G907)","v":34500},{"$f":"IF(Start!H907=\"\",\"\",Start!H907)","v":69000},4,{"$f":"IF(I907=\"\",\"\",LOOKUP(I907,{1,\"01\";2,\"02\";3,\"03\";4,\"04\";5,\"05\";6,\"06\";7,\"07\";8,\"08\";9,\"09\";10,\"10\";11,\"11\";12,\"12\";13,\"13\";14,\"14\";15,\"15\"}))","v":"04"},"04. Rieth-Riley Construction",800,802,{"$f":"IF(B907=\"\",\"\",VLOOKUP(M907,Sections!$A$2:$D$200,3,FALSE))","v":"Traffic Control Devices And Lighting"},{"$f":"IF(B907=\"\",\"\",VLOOKUP(M907,Sections!$A$2:$D$200,4,FALSE))","v":"Signs"}]
[{"$f":"IF(Start!A908=\"\",\"\",Start!A908)","v":""},{"$f":"IF(Start!B908=\"\",\"\",Start!B908)","v":"802-09581"},{"$f":"IF(Start!C908=\"\",\"\",Start!C908)","v":"CANTILEVER SIGN SUPPORT FOUNDATION,"},{"$f":"IF(Start!D908=\"\",\"\",Start!D908)","v":2},{"$f":"IF(Start!E908=\"\",\"\",Start!E908)","v":0},{"$f":"IF(Start!F908=\"\",\"\",Start!F908)","v":"EACH"},{"$f":"IF(Start!G908=\"\",\"\",Start!G908)","v":7800},{"$f":"IF(Start!H908=\"\",\"\",Start!H908)","v":15600},4,{"$f":"IF(I908=\"\",\"\",LOOKUP(I908,{1,\"01\";2,\"02\";3,\"03\";4,\"04\";5,\"05\";6,\"06\";7,\"07\";8,\"08\";9,\"09\";10,\"10\";11,\"11\";12,\"12\";13,\"13\";14,\"14\";15,\"15\"}))","v":"04"},"04. Rieth-Riley Construction",800,802,{"$f":"IF(B908=\"\",\"\",VLOOKUP(M908,Sections!$A$2:$D$200,3,FALSE))","v":"Traffic Control Devices And Lighting"},{"$f":"IF(B908=\"\",\"\",VLOOKUP(M908,Sections!$A$2:$D$200,4,FALSE))","v":"Signs"}]
[{"$f":"IF(Start!A909=\"\",\"\",Start!A909)","v":""},{"$f":"IF(Start!B909=\"\",\"\",Start!B909)","v":"802-09838"},{"$f":"IF(Start!C909=\"\",\"\",Start!C909)","v":"SIGN, SHEET, WITH LEGEND 0.08 IN."},{"$f":"IF(Start!D909=\"\",\"\",Start!D909)","v":504.78000000000003},{"$f":"IF(Start!E909=\"\",\"\",Start!E909)","v":0},{"$f":"IF(Start!F909=\"\",\"\",Start!F909)","v":"S.F."},{"$f":"IF(Start!G909=\"\",\"\",Start!G909)","v":15},{"$f":"IF(Start!H909=\"\",\"\",Start!H909)","v":7571.7000000000007},4,{"$f":"IF(I909=\"\",\"\",LOOKUP(I909,{1,\"01\";2,\"02\";3,\"03\";4,\"04\";5,\"05\";6,\"06\";7,\"07\";8,\"08\";9,\"09\";10,\"10\";11,\"11\";12,\"12\";13,\"13\";14,\"14\";15,\"15\"}))","v":"04"},"04. Rieth-Riley Construction",800,802,{"$f":"IF(B909=\"\",\"\",VLOOKUP(M909,Sections!$A$2:$D$200,3,FALSE))","v":"Traffic Control Devices And Lighting"},{"$f":"IF(B909=\"\",\"\",VLOOKUP(M909,Sections!$A$2:$D$200,4,FALSE))","v":"Signs"}]
[{"$f":"IF(Start!A910=\"\",\"\",Start!A910)","v":""},{"$f":"IF(Start!B910=\"\",\"\",Start!B910)","v":"802-09840"},{"$f":"IF(Start!C910=\"\",\"\",Start!C910)","v":"SIGN, SHEET, WITH LEGEND 0.100 IN"},{"$f":"IF(Start!D910=\"\",\"\",Start!D910)","v":104.10000000000001},{"$f":"IF(Start!E910=\"\",\"\",Start!E910)","v":0},{"$f":"IF(Start!F910=\"\",\"\",Start!F910)","v":"S.F."},{"$f":"IF(Start!G910=\"\",\"\",Start!G910)","v":18},{"$f":"IF(Start!H910=\"\",\"\",Start!H910)","v":1873.8000000000002},4,{"$f":"IF(I910=\"\",\"\",LOOKUP(I910,{1,\"01\";2,\"02\";3,\"03\";4,\"04\";5,\"05\";6,\"06\";7,\"07\";8,\"08\";9,\"09\";10,\"10\";11,\"11\";12,\"12\";13,\"13\";14,\"14\";15,\"15\"}))","v":"04"},"04. Rieth-Riley Construction",800,802,{"$f":"IF(B910=\"\",\"\",VLOOKUP(M910,Sections!$A$2:$D$200,3,FALSE))","v":"Traffic Control Devices And Lighting"},{"$f":"IF(B910=\"\",\"\",VLOOKUP(M910,Sections!$A$2:$D$200,4,FALSE))","v":"Signs"}]
[{"$f":"IF(Start!A911=\"\",\"\",Start!A911)","v":""},{"$f":"IF(Start!B911=\"\",\"\",Start!B911)","v":"802-09842"},{"$f":"IF(Start!C911=\"\",\"\",Start!C911)","v":"SIGN, SHEET,  WITH LEGEND 0.125 IN"},{"$f":"IF(Start!D911=\"\",\"\",Start!D911)","v":78},{"$f":"IF(Start!E911=\"\",\"\",Start!E911)","v":0},{"$f":"IF(Start!F911=\"\",\"\",Start!F911)","v":"S.F."},{"$f":"IF(Start!G911=\"\",\"\",Start!G911)","v":18},{"$f":"IF(Start!H911=\"\",\"\",Start!H911)","v":1404},4,{"$f":"IF(I911=\"\",\"\",LOOKUP(I911,{1,\"01\";2,\"02\";3,\"03\";4,\"04\";5,\"05\";6,\"06\";7,\"07\";8,\"08\";9,\"09\";10,\"10\";11,\"11\";12,\"12\";13,\"13\";14,\"14\";15,\"15\"}))","v":"04"},"04. Rieth-Riley Construction",800,802,{"$f":"IF(B911=\"\",\"\",VLOOKUP(M911,Sections!$A$2:$D$200,3,FALSE))","v":"Traffic Control Devices And Lighting"},{"$f":"IF(B911=\"\",\"\",VLOOKUP(M911,Sections!$A$2:$D$200,4,FALSE))","v":"Signs"}]
[{"$f":"IF(Start!A912=\"\",\"\",Start!A912)","v":""},{"$f":"IF(Start!B912=\"\",\"\",Start!B912)","v":"802-74040"},{"$f":"IF(Start!C912=\"\",\"\",Start!C912)","v":"SIGN AND SUPPORTS, WIDE FLANGE, REMOVE"},{"$f":"IF(Start!D912=\"\",\"\",Start!D912)","v":6},{"$f":"IF(Start!E912=\"\",\"\",Start!E912)","v":0},{"$f":"IF(Start!F912=\"\",\"\",Start!F912)","v":"EACH"},{"$f":"IF(Start!G912=\"\",\"\",Start!G912)","v":175},{"$f":"IF(Start!H912=\"\",\"\",Start!H912)","v":1050},4,{"$f":"IF(I912=\"\",\"\",LOOKUP(I912,{1,\"01\";2,\"02\";3,\"03\";4,\"04\";5,\"05\";6,\"06\";7,\"07\";8,\"08\";9,\"09\";10,\"10\";11,\"11\";12,\"12\";13,\"13\";14,\"14\";15,\"15\"}))","v":"04"},"04. Rieth-Riley Construction",800,802,{"$f":"IF(B912=\"\",\"\",VLOOKUP(M912,Sections!$A$2:$D$200,3,FALSE))","v":"Traffic Control Devices And Lighting"},{"$f":"IF(B912=\"\",\"\",VLOOKUP(M912,Sections!$A$2:$D$200,4,FALSE))","v":"Signs"}]
[{"$f":"IF(Start!A913=\"\",\"\",Start!A913)","v":""},{"$f":"IF(Start!B913=\"\",\"\",Start!B913)","v":"802-76095"},{"$f":"IF(Start!C913=\"\",\"\",Start!C913)","v":"STRUCTURAL STEEL, BREAKAWAY"},{"$f":"IF(Start!D913=\"\",\"\",Start!D913)","v":4874},{"$f":"IF(Start!E913=\"\",\"\",Start!E913)","v":0},{"$f":"IF(Start!F913=\"\",\"\",Start!F913)","v":"LBS"},{"$f":"IF(Start!G913=\"\",\"\",Start!G913)","v":4},{"$f":"IF(Start!H913=\"\",\"\",Start!H913)","v":19496},4,{"$f":"IF(I913=\"\",\"\",LOOKUP(I913,{1,\"01\";2,\"02\";3,\"03\";4,\"04\";5,\"05\";6,\"06\";7,\"07\";8,\"08\";9,\"09\";10,\"10\";11,\"11\";12,\"12\";13,\"13\";14,\"14\";15,\"15\"}))","v":"04"},"04. Rieth-Riley Construction",800,802,{"$f":"IF(B913=\"\",\"\",VLOOKUP(M913,Sections!$A$2:$D$200,3,FALSE))","v":"Traffic Control Devices And Lighting"},{"$f":"IF(B913=\"\",\"\",VLOOKUP(M913,Sections!$A$2:$D$200,4,FALSE))","v":"Signs"}]
[{"$f":"IF(Start!A914=\"\",\"\",Start!A914)","v":""},{"$f":"IF(Start!B914=\"\",\"\",Start!B914)","v":"804-06771"},{"$f":"IF(Start!C914=\"\",\"\",Start!C914)","v":"DELINEATOR POST, FLEXIBLE"},{"$f":"IF(Start!D914=\"\",\"\",Start!D914)","v":50},{"$f":"IF(Start!E914=\"\",\"\",Start!E914)","v":0},{"$f":"IF(Start!F914=\"\",\"\",Start!F914)","v":"EACH"},{"$f":"IF(Start!G914=\"\",\"\",Start!G914)","v":35},{"$f":"IF(Start!H914=\"\",\"\",Start!H914)","v":1750},4,{"$f":"IF(I914=\"\",\"\",LOOKUP(I914,{1,\"01\";2,\"02\";3,\"03\";4,\"04\";5,\"05\";6,\"06\";7,\"07\";8,\"08\";9,\"09\";10,\"10\";11,\"11\";12,\"12\";13,\"13\";14,\"14\";15,\"15\"}))","v":"04"},"04. Rieth-Riley Construction",800,804,{"$f":"IF(B914=\"\",\"\",VLOOKUP(M914,Sections!$A$2:$D$200,3,FALSE))","v":"Traffic Control Devices And Lighting"},{"$f":"IF(B914=\"\",\"\",VLOOKUP(M914,Sections!$A$2:$D$200,4,FALSE))","v":"Delineators"}]
[{"$f":"IF(Start!A915=\"\",\"\",Start!A915)","v":""},{"$f":"IF(Start!B915=\"\",\"\",Start!B915)","v":"805-01300"},{"$f":"IF(Start!C915=\"\",\"\",Start!C915)","v":"TRAFFIC SIGNAL EQUIPMENT, REMOVE"},{"$f":"IF(Start!D915=\"\",\"\",Start!D915)","v":2},{"$f":"IF(Start!E915=\"\",\"\",Start!E915)","v":0},{"$f":"IF(Start!F915=\"\",\"\",Start!F915)","v":"EACH"},{"$f":"IF(Start!G915=\"\",\"\",Start!G915)","v":1800},{"$f":"IF(Start!H915=\"\",\"\",Start!H915)","v":3600},4,{"$f":"IF(I915=\"\",\"\",LOOKUP(I915,{1,\"01\";2,\"02\";3,\"03\";4,\"04\";5,\"05\";6,\"06\";7,\"07\";8,\"08\";9,\"09\";10,\"10\";11,\"11\";12,\"12\";13,\"13\";14,\"14\";15,\"15\"}))","v":"04"},"04. Rieth-Riley Construction",800,805,{"$f":"IF(B915=\"\",\"\",VLOOKUP(M915,Sections!$A$2:$D$200,3,FALSE))","v":"Traffic Control Devices And Lighting"},{"$f":"IF(B915=\"\",\"\",VLOOKUP(M915,Sections!$A$2:$D$200,4,FALSE))","v":"Traffic Signals"}]
[{"$f":"IF(Start!A916=\"\",\"\",Start!A916)","v":""},{"$f":"IF(Start!B916=\"\",\"\",Start!B916)","v":"805-01842"},{"$f":"IF(Start!C916=\"\",\"\",Start!C916)","v":"HANDHOLE, SIGNAL"},{"$f":"IF(Start!D916=\"\",\"\",Start!D916)","v":21},{"$f":"IF(Start!E916=\"\",\"\",Start!E916)","v":0},{"$f":"IF(Start!F916=\"\",\"\",Start!F916)","v":"EACH"},{"$f":"IF(Start!G916=\"\",\"\",Start!G916)","v":700},{"$f":"IF(Start!H916=\"\",\"\",Start!H916)","v":14700},4,{"$f":"IF(I916=\"\",\"\",LOOKUP(I916,{1,\"01\";2,\"02\";3,\"03\";4,\"04\";5,\"05\";6,\"06\";7,\"07\";8,\"08\";9,\"09\";10,\"10\";11,\"11\";12,\"12\";13,\"13\";14,\"14\";15,\"15\"}))","v":"04"},"04. Rieth-Riley Construction",800,805,{"$f":"IF(B916=\"\",\"\",VLOOKUP(M916,Sections!$A$2:$D$200,3,FALSE))","v":"Traffic Control Devices And Lighting"},{"$f":"IF(B916=\"\",\"\",VLOOKUP(M916,Sections!$A$2:$D$200,4,FALSE))","v":"Traffic Signals"}]
[{"$f":"IF(Start!A917=\"\",\"\",Start!A917)","v":""},{"$f":"IF(Start!B917=\"\",\"\",Start!B917)","v":"805-01843"},{"$f":"IF(Start!C917=\"\",\"\",Start!C917)","v":"SIGNAL HANDHOLE ADJUST TO GRADE"},{"$f":"IF(Start!D917=\"\",\"\",Start!D917)","v":4},{"$f":"IF(Start!E917=\"\",\"\",Start!E917)","v":0},{"$f":"IF(Start!F917=\"\",\"\",Start!F917)","v":"EACH"},{"$f":"IF(Start!G917=\"\",\"\",Start!G917)","v":300},{"$f":"IF(Start!H917=\"\",\"\",Start!H917)","v":1200},4,{"$f":"IF(I917=\"\",\"\",LOOKUP(I917,{1,\"01\";2,\"02\";3,\"03\";4,\"04\";5,\"05\";6,\"06\";7,\"07\";8,\"08\";9,\"09\";10,\"10\";11,\"11\";12,\"12\";13,\"13\";14,\"14\";15,\"15\"}))","v":"04"},"04. Rieth-Riley Construction",800,805,{"$f":"IF(B917=\"\",\"\",VLOOKUP(M917,Sections!$A$2:$D$200,3,FALSE))","v":"Traffic Control Devices And Lighting"},{"$f":"IF(B917=\"\",\"\",VLOOKUP(M917,Sections!$A$2:$D$200,4,FALSE))","v":"Traffic Signals"}]
[{"$f":"IF(Start!A918=\"\",\"\",Start!A918)","v":""},{"$f":"IF(Start!B918=\"\",\"\",Start!B918)","v":"805-01844"},{"$f":"IF(Start!C918=\"\",\"\",Start!C918)","v":"GALVANIZED STEEL CONDUIT, 2 IN., UNDERGROUND"},{"$f":"IF(Start!D918=\"\",\"\",Start!D918)","v":4042},{"$f":"IF(Start!E918=\"\",\"\",Start!E918)","v":0},{"$f":"IF(Start!F918=\"\",\"\",Start!F918)","v":"L.F."},{"$f":"IF(Start!G918=\"\",\"\",Start!G918)","v":11},{"$f":"IF(Start!H918=\"\",\"\",Start!H918)","v":44462},4,{"$f":"IF(I918=\"\",\"\",LOOKUP(I918,{1,\"01\";2,\"02\";3,\"03\";4,\"04\";5,\"05\";6,\"06\";7,\"07\";8,\"08\";9,\"09\";10,\"10\";11,\"11\";12,\"12\";13,\"13\";14,\"14\";15,\"15\"}))","v":"04"},"04. Rieth-Riley Construction",800,805,{"$f":"IF(B918=\"\",\"\",VLOOKUP(M918,Sections!$A$2:$D$200,3,FALSE))","v":"Traffic Control Devices And Lighting"},{"$f":"IF(B918=\"\",\"\",VLOOKUP(M918,Sections!$A$2:$D$200,4,FALSE))","v":"Traffic Signals"}]
[{"$f":"IF(Start!A919=\"\",\"\",Start!A919)","v":""},{"$f":"IF(Start!B919=\"\",\"\",Start!B919)","v":"805-02087"},{"$f":"IF(Start!C919=\"\",\"\",Start!C919)","v":"TRANSPORTATION OF SALVAGEABLE SIGNAL EQUIPMEN"},{"$f":"IF(Start!D919=\"\",\"\",Start!D919)","v":1},{"$f":"IF(Start!E919=\"\",\"\",Start!E919)","v":0},{"$f":"IF(Start!F919=\"\",\"\",Start!F919)","v":"L.S."},{"$f":"IF(Start!G919=\"\",\"\",Start!G919)","v":500},{"$f":"IF(Start!H919=\"\",\"\",Start!H919)","v":500},4,{"$f":"IF(I919=\"\",\"\",LOOKUP(I919,{1,\"01\";2,\"02\";3,\"03\";4,\"04\";5,\"05\";6,\"06\";7,\"07\";8,\"08\";9,\"09\";10,\"10\";11,\"11\";12,\"12\";13,\"13\";14,\"14\";15,\"15\"}))","v":"04"},"04. Rieth-Riley Construction",800,805,{"$f":"IF(B919=\"\",\"\",VLOOKUP(M919,Sections!$A$2:$D$200,3,FALSE))","v":"Traffic Control Devices And Lighting"},{"$f":"IF(B919=\"\",\"\",VLOOKUP(M919,Sections!$A$2:$D$200,4,FALSE))","v":"Traffic Signals"}]
[{"$f":"IF(Start!A920=\"\",\"\",Start!A920)","v":""},{"$f":"IF(Start!B920=\"\",\"\",Start!B920)","v":"805-02373"},{"$f":"IF(Start!C920=\"\",\"\",Start!C920)","v":"INTERCONNECT CABLE, FIBER OPTIC"},{"$f":"IF(Start!D920=\"\",\"\",Start!D920)","v":2057},{"$f":"IF(Start!E920=\"\",\"\",Start!E920)","v":0},{"$f":"IF(Start!F920=\"\",\"\",Start!F920)","v":"L.F."},{"$f":"IF(Start!G920=\"\",\"\",Start!G920)","v":2.6},{"$f":"IF(Start!H920=\"\",\"\",Start!H920)","v":5348.2000000000007},4,{"$f":"IF(I920=\"\",\"\",LOOKUP(I920,{1,\"01\";2,\"02\";3,\"03\";4,\"04\";5,\"05\";6,\"06\";7,\"07\";8,\"08\";9,\"09\";10,\"10\";11,\"11\";12,\"12\";13,\"13\";14,\"14\";15,\"15\"}))","v":"04"},"04. Rieth-Riley Construction",800,805,{"$f":"IF(B920=\"\",\"\",VLOOKUP(M920,Sections!$A$2:$D$200,3,FALSE))","v":"Traffic Control Devices And Lighting"},{"$f":"IF(B920=\"\",\"\",VLOOKUP(M920,Sections!$A$2:$D$200,4,FALSE))","v":"Traffic Signals"}]
[{"$f":"IF(Start!A921=\"\",\"\",Start!A921)","v":""},{"$f":"IF(Start!B921=\"\",\"\",Start!B921)","v":"805-09539"},{"$f":"IF(Start!C921=\"\",\"\",Start!C921)","v":"LOOP DETECTOR DELAY COUNTING AMPLIFIER,"},{"$f":"IF(Start!D921=\"\",\"\",Start!D921)","v":2},{"$f":"IF(Start!E921=\"\",\"\",Start!E921)","v":0},{"$f":"IF(Start!F921=\"\",\"\",Start!F921)","v":"EACH"},{"$f":"IF(Start!G921=\"\",\"\",Start!G921)","v":1100},{"$f":"IF(Start!H921=\"\",\"\",Start!H921)","v":2200},4,{"$f":"IF(I921=\"\",\"\",LOOKUP(I921,{1,\"01\";2,\"02\";3,\"03\";4,\"04\";5,\"05\";6,\"06\";7,\"07\";8,\"08\";9,\"09\";10,\"10\";11,\"11\";12,\"12\";13,\"13\";14,\"14\";15,\"15\"}))","v":"04"},"04. Rieth-Riley Construction",800,805,{"$f":"IF(B921=\"\",\"\",VLOOKUP(M921,Sections!$A$2:$D$200,3,FALSE))","v":"Traffic Control Devices And Lighting"},{"$f":"IF(B921=\"\",\"\",VLOOKUP(M921,Sections!$A$2:$D$200,4,FALSE))","v":"Traffic Signals"}]
[{"$f":"IF(Start!A922=\"\",\"\",Start!A922)","v":""},{"$f":"IF(Start!B922=\"\",\"\",Start!B922)","v":"805-78109"},{"$f":"IF(Start!C922=\"\",\"\",Start!C922)","v":"CONTROLLER AND CABINET, SECONDARY, MENU DRIVE"},{"$f":"IF(Start!D922=\"\",\"\",Start!D922)","v":1},{"$f":"IF(Start!E922=\"\",\"\",Start!E922)","v":0},{"$f":"IF(Start!F922=\"\",\"\",Start!F922)","v":"EACH"},{"$f":"IF(Start!G922=\"\",\"\",Start!G922)","v":13900},{"$f":"IF(Start!H922=\"\",\"\",Start!H922)","v":13900},4,{"$f":"IF(I922=\"\",\"\",LOOKUP(I922,{1,\"01\";2,\"02\";3,\"03\";4,\"04\";5,\"05\";6,\"06\";7,\"07\";8,\"08\";9,\"09\";10,\"10\";11,\"11\";12,\"12\";13,\"13\";14,\"14\";15,\"15\"}))","v":"04"},"04. Rieth-Riley Construction",800,805,{"$f":"IF(B922=\"\",\"\",VLOOKUP(M922,Sections!$A$2:$D$200,3,FALSE))","v":"Traffic Control Devices And Lighting"},{"$f":"IF(B922=\"\",\"\",VLOOKUP(M922,Sections!$A$2:$D$200,4,FALSE))","v":"Traffic Signals"}]
[{"$f":"IF(Start!A923=\"\",\"\",Start!A923)","v":""},{"$f":"IF(Start!B923=\"\",\"\",Start!B923)","v":"805-78205"},{"$f":"IF(Start!C923=\"\",\"\",Start!C923)","v":"TRAFFIC SIGNAL HEAD, 3 FACE, 12.20 IN. RED, A"},{"$f":"IF(Start!D923=\"\",\"\",Start!D923)","v":20},{"$f":"IF(Start!E923=\"\",\"\",Start!E923)","v":0},{"$f":"IF(Start!F923=\"\",\"\",Start!F923)","v":"EACH"},{"$f":"IF(Start!G923=\"\",\"\",Start!G923)","v":777},{"$f":"IF(Start!H923=\"\",\"\",Start!H923)","v":15540},4,{"$f":"IF(I923=\"\",\"\",LOOKUP(I923,{1,\"01\";2,\"02\";3,\"03\";4,\"04\";5,\"05\";6,\"06\";7,\"07\";8,\"08\";9,\"09\";10,\"10\";11,\"11\";12,\"12\";13,\"13\";14,\"14\";15,\"15\"}))","v":"04"},"04. Rieth-Riley Construction",800,805,{"$f":"IF(B923=\"\",\"\",VLOOKUP(M923,Sections!$A$2:$D$200,3,FALSE))","v":"Traffic Control Devices And Lighting"},{"$f":"IF(B923=\"\",\"\",VLOOKUP(M923,Sections!$A$2:$D$200,4,FALSE))","v":"Traffic Signals"}]
[{"$f":"IF(Start!A924=\"\",\"\",Start!A924)","v":""},{"$f":"IF(Start!B924=\"\",\"\",Start!B924)","v":"805-78230"},{"$f":"IF(Start!C924=\"\",\"\",Start!C924)","v":"TRAFFIC SIGNAL HEAD, 5 FACE, 12.20 IN. RED, A"},{"$f":"IF(Start!D924=\"\",\"\",Start!D924)","v":4},{"$f":"IF(Start!E924=\"\",\"\",Start!E924)","v":0},{"$f":"IF(Start!F924=\"\",\"\",Start!F924)","v":"EACH"},{"$f":"IF(Start!G924=\"\",\"\",Start!G924)","v":1200},{"$f":"IF(Start!H924=\"\",\"\",Start!H924)","v":4800},4,{"$f":"IF(I924=\"\",\"\",LOOKUP(I924,{1,\"01\";2,\"02\";3,\"03\";4,\"04\";5,\"05\";6,\"06\";7,\"07\";8,\"08\";9,\"09\";10,\"10\";11,\"11\";12,\"12\";13,\"13\";14,\"14\";15,\"15\"}))","v":"04"},"04. Rieth-Riley Construction",800,805,{"$f":"IF(B924=\"\",\"\",VLOOKUP(M924,Sections!$A$2:$D$200,3,FALSE))","v":"Traffic Control Devices And Lighting"},{"$f":"IF(B924=\"\",\"\",VLOOKUP(M924,Sections!$A$2:$D$200,4,FALSE))","v":"Traffic Signals"}]
[{"$f":"IF(Start!A925=\"\",\"\",Start!A925)","v":""},{"$f":"IF(Start!B925=\"\",\"\",Start!B925)","v":"805-78415"},{"$f":"IF(Start!C925=\"\",\"\",Start!C925)","v":"SPAN CATENARY AND TETHER"},{"$f":"IF(Start!D925=\"\",\"\",Start!D925)","v":10},{"$f":"IF(Start!E925=\"\",\"\",Start!E925)","v":0},{"$f":"IF(Start!F925=\"\",\"\",Start!F925)","v":"EACH"},{"$f":"IF(Start!G925=\"\",\"\",Start!G925)","v":1740},{"$f":"IF(Start!H925=\"\",\"\",Start!H925)","v":17400},4,{"$f":"IF(I925=\"\",\"\",LOOKUP(I925,{1,\"01\";2,\"02\";3,\"03\";4,\"04\";5,\"05\";6,\"06\";7,\"07\";8,\"08\";9,\"09\";10,\"10\";11,\"11\";12,\"12\";13,\"13\";14,\"14\";15,\"15\"}))","v":"04"},"04. Rieth-Riley Construction",800,805,{"$f":"IF(B925=\"\",\"\",VLOOKUP(M925,Sections!$A$2:$D$200,3,FALSE))","v":"Traffic Control Devices And Lighting"},{"$f":"IF(B925=\"\",\"\",VLOOKUP(M925,Sections!$A$2:$D$200,4,FALSE))","v":"Traffic Signals"}]
[{"$f":"IF(Start!A926=\"\",\"\",Start!A926)","v":""},{"$f":"IF(Start!B926=\"\",\"\",Start!B926)","v":"805-78420"},{"$f":"IF(Start!C926=\"\",\"\",Start!C926)","v":"DISCONNECT HANGER"},{"$f":"IF(Start!D926=\"\",\"\",Start!D926)","v":10},{"$f":"IF(Start!E926=\"\",\"\",Start!E926)","v":0},{"$f":"IF(Start!F926=\"\",\"\",Start!F926)","v":"EACH"},{"$f":"IF(Start!G926=\"\",\"\",Start!G926)","v":340},{"$f":"IF(Start!H926=\"\",\"\",Start!H926)","v":3400},4,{"$f":"IF(I926=\"\",\"\",LOOKUP(I926,{1,\"01\";2,\"02\";3,\"03\";4,\"04\";5,\"05\";6,\"06\";7,\"07\";8,\"08\";9,\"09\";10,\"10\";11,\"11\";12,\"12\";13,\"13\";14,\"14\";15,\"15\"}))","v":"04"},"04. Rieth-Riley Construction",800,805,{"$f":"IF(B926=\"\",\"\",VLOOKUP(M926,Sections!$A$2:$D$200,3,FALSE))","v":"Traffic Control Devices And Lighting"},{"$f":"IF(B926=\"\",\"\",VLOOKUP(M926,Sections!$A$2:$D$200,4,FALSE))","v":"Traffic Signals"}]
[{"$f":"IF(Start!A927=\"\",\"\",Start!A927)","v":""},{"$f":"IF(Start!B927=\"\",\"\",Start!B927)","v":"805-78467"},{"$f":"IF(Start!C927=\"\",\"\",Start!C927)","v":"SIGNAL CABLE, 3C 8GA."},{"$f":"IF(Start!D927=\"\",\"\",Start!D927)","v":55},{"$f":"IF(Start!E927=\"\",\"\",Start!E927)","v":0},{"$f":"IF(Start!F927=\"\",\"\",Start!F927)","v":"L.F."},{"$f":"IF(Start!G927=\"\",\"\",Start!G927)","v":3},{"$f":"IF(Start!H927=\"\",\"\",Start!H927)","v":165},4,{"$f":"IF(I927=\"\",\"\",LOOKUP(I927,{1,\"01\";2,\"02\";3,\"03\";4,\"04\";5,\"05\";6,\"06\";7,\"07\";8,\"08\";9,\"09\";10,\"10\";11,\"11\";12,\"12\";13,\"13\";14,\"14\";15,\"15\"}))","v":"04"},"04. Rieth-Riley Construction",800,805,{"$f":"IF(B927=\"\",\"\",VLOOKUP(M927,Sections!$A$2:$D$200,3,FALSE))","v":"Traffic Control Devices And Lighting"},{"$f":"IF(B927=\"\",\"\",VLOOKUP(M927,Sections!$A$2:$D$200,4,FALSE))","v":"Traffic Signals"}]
[{"$f":"IF(Start!A928=\"\",\"\",Start!A928)","v":""},{"$f":"IF(Start!B928=\"\",\"\",Start!B928)","v":"805-78470"},{"$f":"IF(Start!C928=\"\",\"\",Start!C928)","v":"SIGNAL CABLE, ROADWAY LOOP, 1C 14GA."},{"$f":"IF(Start!D928=\"\",\"\",Start!D928)","v":6552},{"$f":"IF(Start!E928=\"\",\"\",Start!E928)","v":0},{"$f":"IF(Start!F928=\"\",\"\",Start!F928)","v":"L.F."},{"$f":"IF(Start!G928=\"\",\"\",Start!G928)","v":0.32},{"$f":"IF(Start!H928=\"\",\"\",Start!H928)","v":2096.64},4,{"$f":"IF(I928=\"\",\"\",LOOKUP(I928,{1,\"01\";2,\"02\";3,\"03\";4,\"04\";5,\"05\";6,\"06\";7,\"07\";8,\"08\";9,\"09\";10,\"10\";11,\"11\";12,\"12\";13,\"13\";14,\"14\";15,\"15\"}))","v":"04"},"04. Rieth-Riley Construction",800,805,{"$f":"IF(B928=\"\",\"\",VLOOKUP(M928,Sections!$A$2:$D$200,3,FALSE))","v":"Traffic Control Devices And Lighting"},{"$f":"IF(B928=\"\",\"\",VLOOKUP(M928,Sections!$A$2:$D$200,4,FALSE))","v":"Traffic Signals"}]
[{"$f":"IF(Start!A929=\"\",\"\",Start!A929)","v":""},{"$f":"IF(Start!B929=\"\",\"\",Start!B929)","v":"805-78485"},{"$f":"IF(Start!C929=\"\",\"\",Start!C929)","v":"SIGNAL CABLE, 5C 14GA."},{"$f":"IF(Start!D929=\"\",\"\",Start!D929)","v":538},{"$f":"IF(Start!E929=\"\",\"\",Start!E929)","v":0},{"$f":"IF(Start!F929=\"\",\"\",Start!F929)","v":"L.F."},{"$f":"IF(Start!G929=\"\",\"\",Start!G929)","v":1.2000000000000002},{"$f":"IF(Start!H929=\"\",\"\",Start!H929)","v":645.6},4,{"$f":"IF(I929=\"\",\"\",LOOKUP(I929,{1,\"01\";2,\"02\";3,\"03\";4,\"04\";5,\"05\";6,\"06\";7,\"07\";8,\"08\";9,\"09\";10,\"10\";11,\"11\";12,\"12\";13,\"13\";14,\"14\";15,\"15\"}))","v":"04"},"04. Rieth-Riley Construction",800,805,{"$f":"IF(B929=\"\",\"\",VLOOKUP(M929,Sections!$A$2:$D$200,3,FALSE))","v":"Traffic Control Devices And Lighting"},{"$f":"IF(B929=\"\",\"\",VLOOKUP(M929,Sections!$A$2:$D$200,4,FALSE))","v":"Traffic Signals"}]
[{"$f":"IF(Start!A930=\"\",\"\",Start!A930)","v":""},{"$f":"IF(Start!B930=\"\",\"\",Start!B930)","v":"805-78490"},{"$f":"IF(Start!C930=\"\",\"\",Start!C930)","v":"SIGNAL CABLE, 7C 14GA."},{"$f":"IF(Start!D930=\"\",\"\",Start!D930)","v":2486},{"$f":"IF(Start!E930=\"\",\"\",Start!E930)","v":0},{"$f":"IF(Start!F930=\"\",\"\",Start!F930)","v":"L.F."},{"$f":"IF(Start!G930=\"\",\"\",Start!G930)","v":1.6},{"$f":"IF(Start!H930=\"\",\"\",Start!H930)","v":3977.6000000000004},4,{"$f":"IF(I930=\"\",\"\",LOOKUP(I930,{1,\"01\";2,\"02\";3,\"03\";4,\"04\";5,\"05\";6,\"06\";7,\"07\";8,\"08\";9,\"09\";10,\"10\";11,\"11\";12,\"12\";13,\"13\";14,\"14\";15,\"15\"}))","v":"04"},"04. Rieth-Riley Construction",800,805,{"$f":"IF(B930=\"\",\"\",VLOOKUP(M930,Sections!$A$2:$D$200,3,FALSE))","v":"Traffic Control Devices And Lighting"},{"$f":"IF(B930=\"\",\"\",VLOOKUP(M930,Sections!$A$2:$D$200,4,FALSE))","v":"Traffic Signals"}]
[{"$f":"IF(Start!A931=\"\",\"\",Start!A931)","v":""},{"$f":"IF(Start!B931=\"\",\"\",Start!B931)","v":"805-78510"},{"$f":"IF(Start!C931=\"\",\"\",Start!C931)","v":"SIGNAL CABLE, 2C 16GA., SHIELDED"},{"$f":"IF(Start!D931=\"\",\"\",Start!D931)","v":7814},{"$f":"IF(Start!E931=\"\",\"\",Start!E931)","v":0},{"$f":"IF(Start!F931=\"\",\"\",Start!F931)","v":"L.F."},{"$f":"IF(Start!G931=\"\",\"\",Start!G931)","v":0.8},{"$f":"IF(Start!H931=\"\",\"\",Start!H931)","v":6251.2000000000007},4,{"$f":"IF(I931=\"\",\"\",LOOKUP(I931,{1,\"01\";2,\"02\";3,\"03\";4,\"04\";5,\"05\";6,\"06\";7,\"07\";8,\"08\";9,\"09\";10,\"10\";11,\"11\";12,\"12\";13,\"13\";14,\"14\";15,\"15\"}))","v":"04"},"04. Rieth-Riley Construction",800,805,{"$f":"IF(B931=\"\",\"\",VLOOKUP(M931,Sections!$A$2:$D$200,3,FALSE))","v":"Traffic Control Devices And Lighting"},{"$f":"IF(B931=\"\",\"\",VLOOKUP(M931,Sections!$A$2:$D$200,4,FALSE))","v":"Traffic Signals"}]
[{"$f":"IF(Start!A932=\"\",\"\",Start!A932)","v":""},{"$f":"IF(Start!B932=\"\",\"\",Start!B932)","v":"805-78785"},{"$f":"IF(Start!C932=\"\",\"\",Start!C932)","v":"SIGNAL DETECTOR HOUSING"},{"$f":"IF(Start!D932=\"\",\"\",Start!D932)","v":17},{"$f":"IF(Start!E932=\"\",\"\",Start!E932)","v":0},{"$f":"IF(Start!F932=\"\",\"\",Start!F932)","v":"EACH"},{"$f":"IF(Start!G932=\"\",\"\",Start!G932)","v":410},{"$f":"IF(Start!H932=\"\",\"\",Start!H932)","v":6970},4,{"$f":"IF(I932=\"\",\"\",LOOKUP(I932,{1,\"01\";2,\"02\";3,\"03\";4,\"04\";5,\"05\";6,\"06\";7,\"07\";8,\"08\";9,\"09\";10,\"10\";11,\"11\";12,\"12\";13,\"13\";14,\"14\";15,\"15\"}))","v":"04"},"04. Rieth-Riley Construction",800,805,{"$f":"IF(B932=\"\",\"\",VLOOKUP(M932,Sections!$A$2:$D$200,3,FALSE))","v":"Traffic Control Devices And Lighting"},{"$f":"IF(B932=\"\",\"\",VLOOKUP(M932,Sections!$A$2:$D$200,4,FALSE))","v":"Traffic Signals"}]
[{"$f":"IF(Start!A933=\"\",\"\",Start!A933)","v":""},{"$f":"IF(Start!B933=\"\",\"\",Start!B933)","v":"805-78795"},{"$f":"IF(Start!C933=\"\",\"\",Start!C933)","v":"SAW CUT FOR ROADWAY LOOP AND SEALER"},{"$f":"IF(Start!D933=\"\",\"\",Start!D933)","v":2336},{"$f":"IF(Start!E933=\"\",\"\",Start!E933)","v":0},{"$f":"IF(Start!F933=\"\",\"\",Start!F933)","v":"L.F."},{"$f":"IF(Start!G933=\"\",\"\",Start!G933)","v":8},{"$f":"IF(Start!H933=\"\",\"\",Start!H933)","v":18688},4,{"$f":"IF(I933=\"\",\"\",LOOKUP(I933,{1,\"01\";2,\"02\";3,\"03\";4,\"04\";5,\"05\";6,\"06\";7,\"07\";8,\"08\";9,\"09\";10,\"10\";11,\"11\";12,\"12\";13,\"13\";14,\"14\";15,\"15\"}))","v":"04"},"04. Rieth-Riley Construction",800,805,{"$f":"IF(B933=\"\",\"\",VLOOKUP(M933,Sections!$A$2:$D$200,3,FALSE))","v":"Traffic Control Devices And Lighting"},{"$f":"IF(B933=\"\",\"\",VLOOKUP(M933,Sections!$A$2:$D$200,4,FALSE))","v":"Traffic Signals"}]
[{"$f":"IF(Start!A934=\"\",\"\",Start!A934)","v":""},{"$f":"IF(Start!B934=\"\",\"\",Start!B934)","v":"805-78925"},{"$f":"IF(Start!C934=\"\",\"\",Start!C934)","v":"CONTROLLER CABINET FOUNDATION, P1"},{"$f":"IF(Start!D934=\"\",\"\",Start!D934)","v":1},{"$f":"IF(Start!E934=\"\",\"\",Start!E934)","v":0},{"$f":"IF(Start!F934=\"\",\"\",Start!F934)","v":"EACH"},{"$f":"IF(Start!G934=\"\",\"\",Start!G934)","v":710},{"$f":"IF(Start!H934=\"\",\"\",Start!H934)","v":710},4,{"$f":"IF(I934=\"\",\"\",LOOKUP(I934,{1,\"01\";2,\"02\";3,\"03\";4,\"04\";5,\"05\";6,\"06\";7,\"07\";8,\"08\";9,\"09\";10,\"10\";11,\"11\";12,\"12\";13,\"13\";14,\"14\";15,\"15\"}))","v":"04"},"04. Rieth-Riley Construction",800,805,{"$f":"IF(B934=\"\",\"\",VLOOKUP(M934,Sections!$A$2:$D$200,3,FALSE))","v":"Traffic Control Devices And Lighting"},{"$f":"IF(B934=\"\",\"\",VLOOKUP(M934,Sections!$A$2:$D$200,4,FALSE))","v":"Traffic Signals"}]
[{"$f":"IF(Start!A935=\"\",\"\",Start!A935)","v":""},{"$f":"IF(Start!B935=\"\",\"\",Start!B935)","v":"805-81060"},{"$f":"IF(Start!C935=\"\",\"\",Start!C935)","v":"SIGNAL STRAIN POLE, STEEL, 36 FT."},{"$f":"IF(Start!D935=\"\",\"\",Start!D935)","v":10},{"$f":"IF(Start!E935=\"\",\"\",Start!E935)","v":0},{"$f":"IF(Start!F935=\"\",\"\",Start!F935)","v":"EACH"},{"$f":"IF(Start!G935=\"\",\"\",Start!G935)","v":5210},{"$f":"IF(Start!H935=\"\",\"\",Start!H935)","v":52100},4,{"$f":"IF(I935=\"\",\"\",LOOKUP(I935,{1,\"01\";2,\"02\";3,\"03\";4,\"04\";5,\"05\";6,\"06\";7,\"07\";8,\"08\";9,\"09\";10,\"10\";11,\"11\";12,\"12\";13,\"13\";14,\"14\";15,\"15\"}))","v":"04"},"04. Rieth-Riley Construction",800,805,{"$f":"IF(B935=\"\",\"\",VLOOKUP(M935,Sections!$A$2:$D$200,3,FALSE))","v":"Traffic Control Devices And Lighting"},{"$f":"IF(B935=\"\",\"\",VLOOKUP(M935,Sections!$A$2:$D$200,4,FALSE))","v":"Traffic Signals"}]
[{"$f":"IF(Start!A936=\"\",\"\",Start!A936)","v":""},{"$f":"IF(Start!B936=\"\",\"\",Start!B936)","v":"805-86890"},{"$f":"IF(Start!C936=\"\",\"\",Start!C936)","v":"POLE CIRCUIT CABLE, 1C NO. 10 THW OR TW STRAN"},{"$f":"IF(Start!D936=\"\",\"\",Start!D936)","v":840},{"$f":"IF(Start!E936=\"\",\"\",Start!E936)","v":0},{"$f":"IF(Start!F936=\"\",\"\",Start!F936)","v":"L.F."},{"$f":"IF(Start!G936=\"\",\"\",Start!G936)","v":0.88},{"$f":"IF(Start!H936=\"\",\"\",Start!H936)","v":739.2},4,{"$f":"IF(I936=\"\",\"\",LOOKUP(I936,{1,\"01\";2,\"02\";3,\"03\";4,\"04\";5,\"05\";6,\"06\";7,\"07\";8,\"08\";9,\"09\";10,\"10\";11,\"11\";12,\"12\";13,\"13\";14,\"14\";15,\"15\"}))","v":"04"},"04. Rieth-Riley Construction",800,805,{"$f":"IF(B936=\"\",\"\",VLOOKUP(M936,Sections!$A$2:$D$200,3,FALSE))","v":"Traffic Control Devices And Lighting"},{"$f":"IF(B936=\"\",\"\",VLOOKUP(M936,Sections!$A$2:$D$200,4,FALSE))","v":"Traffic Signals"}]
[{"$f":"IF(Start!A937=\"\",\"\",Start!A937)","v":""},{"$f":"IF(Start!B937=\"\",\"\",Start!B937)","v":"805-92504"},{"$f":"IF(Start!C937=\"\",\"\",Start!C937)","v":"LOOP DETECTOR DELAY AMPLIFIER, 2 CHANNEL"},{"$f":"IF(Start!D937=\"\",\"\",Start!D937)","v":10},{"$f":"IF(Start!E937=\"\",\"\",Start!E937)","v":0},{"$f":"IF(Start!F937=\"\",\"\",Start!F937)","v":"EACH"},{"$f":"IF(Start!G937=\"\",\"\",Start!G937)","v":298},{"$f":"IF(Start!H937=\"\",\"\",Start!H937)","v":2980},4,{"$f":"IF(I937=\"\",\"\",LOOKUP(I937,{1,\"01\";2,\"02\";3,\"03\";4,\"04\";5,\"05\";6,\"06\";7,\"07\";8,\"08\";9,\"09\";10,\"10\";11,\"11\";12,\"12\";13,\"13\";14,\"14\";15,\"15\"}))","v":"04"},"04. Rieth-Riley Construction",800,805,{"$f":"IF(B937=\"\",\"\",VLOOKUP(M937,Sections!$A$2:$D$200,3,FALSE))","v":"Traffic Control Devices And Lighting"},{"$f":"IF(B937=\"\",\"\",VLOOKUP(M937,Sections!$A$2:$D$200,4,FALSE))","v":"Traffic Signals"}]
[{"$f":"IF(Start!A938=\"\",\"\",Start!A938)","v":""},{"$f":"IF(Start!B938=\"\",\"\",Start!B938)","v":"807-02191"},{"$f":"IF(Start!C938=\"\",\"\",Start!C938)","v":"HANDHOLE, LIGHTING"},{"$f":"IF(Start!D938=\"\",\"\",Start!D938)","v":3},{"$f":"IF(Start!E938=\"\",\"\",Start!E938)","v":0},{"$f":"IF(Start!F938=\"\",\"\",Start!F938)","v":"EACH"},{"$f":"IF(Start!G938=\"\",\"\",Start!G938)","v":700},{"$f":"IF(Start!H938=\"\",\"\",Start!H938)","v":2100},4,{"$f":"IF(I938=\"\",\"\",LOOKUP(I938,{1,\"01\";2,\"02\";3,\"03\";4,\"04\";5,\"05\";6,\"06\";7,\"07\";8,\"08\";9,\"09\";10,\"10\";11,\"11\";12,\"12\";13,\"13\";14,\"14\";15,\"15\"}))","v":"04"},"04. Rieth-Riley Construction",800,807,{"$f":"IF(B938=\"\",\"\",VLOOKUP(M938,Sections!$A$2:$D$200,3,FALSE))","v":"Traffic Control Devices And Lighting"},{"$f":"IF(B938=\"\",\"\",VLOOKUP(M938,Sections!$A$2:$D$200,4,FALSE))","v":"Highway Illumination"}]
[{"$f":"IF(Start!A939=\"\",\"\",Start!A939)","v":""},{"$f":"IF(Start!B939=\"\",\"\",Start!B939)","v":"807-02193"},{"$f":"IF(Start!C939=\"\",\"\",Start!C939)","v":"LIGHT STANDARD FOUNDATION, 3 FT. DIA. X 8 FT."},{"$f":"IF(Start!D939=\"\",\"\",Start!D939)","v":8},{"$f":"IF(Start!E939=\"\",\"\",Start!E939)","v":0},{"$f":"IF(Start!F939=\"\",\"\",Start!F939)","v":"EACH"},{"$f":"IF(Start!G939=\"\",\"\",Start!G939)","v":800},{"$f":"IF(Start!H939=\"\",\"\",Start!H939)","v":6400},4,{"$f":"IF(I939=\"\",\"\",LOOKUP(I939,{1,\"01\";2,\"02\";3,\"03\";4,\"04\";5,\"05\";6,\"06\";7,\"07\";8,\"08\";9,\"09\";10,\"10\";11,\"11\";12,\"12\";13,\"13\";14,\"14\";15,\"15\"}))","v":"04"},"04. Rieth-Riley Construction",800,807,{"$f":"IF(B939=\"\",\"\",VLOOKUP(M939,Sections!$A$2:$D$200,3,FALSE))","v":"Traffic Control Devices And Lighting"},{"$f":"IF(B939=\"\",\"\",VLOOKUP(M939,Sections!$A$2:$D$200,4,FALSE))","v":"Highway Illumination"}]
[{"$f":"IF(Start!A940=\"\",\"\",Start!A940)","v":""},{"$f":"IF(Start!B940=\"\",\"\",Start!B940)","v":"807-02426"},{"$f":"IF(Start!C940=\"\",\"\",Start!C940)","v":"WIRE, THW, NO. 4 COPPER, IN PLASTIC"},{"$f":"IF(Start!D940=\"\",\"\",Start!D940)","v":535},{"$f":"IF(Start!E940=\"\",\"\",Start!E940)","v":0},{"$f":"IF(Start!F940=\"\",\"\",Start!F940)","v":"L.F."},{"$f":"IF(Start!G940=\"\",\"\",Start!G940)","v":8.77},{"$f":"IF(Start!H940=\"\",\"\",Start!H940)","v":4691.95},4,{"$f":"IF(I940=\"\",\"\",LOOKUP(I940,{1,\"01\";2,\"02\";3,\"03\";4,\"04\";5,\"05\";6,\"06\";7,\"07\";8,\"08\";9,\"09\";10,\"10\";11,\"11\";12,\"12\";13,\"13\";14,\"14\";15,\"15\"}))","v":"04"},"04. Rieth-Riley Construction",800,807,{"$f":"IF(B940=\"\",\"\",VLOOKUP(M940,Sections!$A$2:$D$200,3,FALSE))","v":"Traffic Control Devices And Lighting"},{"$f":"IF(B940=\"\",\"\",VLOOKUP(M940,Sections!$A$2:$D$200,4,FALSE))","v":"Highway Illumination"}]
[{"$f":"IF(Start!A941=\"\",\"\",Start!A941)","v":""},{"$f":"IF(Start!B941=\"\",\"\",Start!B941)","v":"807-03051"},{"$f":"IF(Start!C941=\"\",\"\",Start!C941)","v":"LIGHT CABLE, 1C/10"},{"$f":"IF(Start!D941=\"\",\"\",Start!D941)","v":960},{"$f":"IF(Start!E941=\"\",\"\",Start!E941)","v":0},{"$f":"IF(Start!F941=\"\",\"\",Start!F941)","v":"L.F."},{"$f":"IF(Start!G941=\"\",\"\",Start!G941)","v":1},{"$f":"IF(Start!H941=\"\",\"\",Start!H941)","v":960},4,{"$f":"IF(I941=\"\",\"\",LOOKUP(I941,{1,\"01\";2,\"02\";3,\"03\";4,\"04\";5,\"05\";6,\"06\";7,\"07\";8,\"08\";9,\"09\";10,\"10\";11,\"11\";12,\"12\";13,\"13\";14,\"14\";15,\"15\"}))","v":"04"},"04. Rieth-Riley Construction",800,807,{"$f":"IF(B941=\"\",\"\",VLOOKUP(M941,Sections!$A$2:$D$200,3,FALSE))","v":"Traffic Control Devices And Lighting"},{"$f":"IF(B941=\"\",\"\",VLOOKUP(M941,Sections!$A$2:$D$200,4,FALSE))","v":"Highway Illumination"}]
[{"$f":"IF(Start!A942=\"\",\"\",Start!A942)","v":""},{"$f":"IF(Start!B942=\"\",\"\",Start!B942)","v":"807-07580"},{"$f":"IF(Start!C942=\"\",\"\",Start!C942)","v":"WIRE, NO.4, COPPER, IN PLASTIC DUCT, IN TRENC"},{"$f":"IF(Start!D942=\"\",\"\",Start!D942)","v":2990},{"$f":"IF(Start!E942=\"\",\"\",Start!E942)","v":0},{"$f":"IF(Start!F942=\"\",\"\",Start!F942)","v":"L.F."},{"$f":"IF(Start!G942=\"\",\"\",Start!G942)","v":8.77},{"$f":"IF(Start!H942=\"\",\"\",Start!H942)","v":26222.300000000003},4,{"$f":"IF(I942=\"\",\"\",LOOKUP(I942,{1,\"01\";2,\"02\";3,\"03\";4,\"04\";5,\"05\";6,\"06\";7,\"07\";8,\"08\";9,\"09\";10,\"10\";11,\"11\";12,\"12\";13,\"13\";14,\"14\";15,\"15\"}))","v":"04"},"04. Rieth-Riley Construction",800,807,{"$f":"IF(B942=\"\",\"\",VLOOKUP(M942,Sections!$A$2:$D$200,3,FALSE))","v":"Traffic Control Devices And Lighting"},{"$f":"IF(B942=\"\",\"\",VLOOKUP(M942,Sections!$A$2:$D$200,4,FALSE))","v":"Highway Illumination"}]
[{"$f":"IF(Start!A943=\"\",\"\",Start!A943)","v":""},{"$f":"IF(Start!B943=\"\",\"\",Start!B943)","v":"807-82052"},{"$f":"IF(Start!C943=\"\",\"\",Start!C943)","v":"UNDERPASS CIRCUIT INSTALLATION, 2 LUMINAIRES"},{"$f":"IF(Start!D943=\"\",\"\",Start!D943)","v":2},{"$f":"IF(Start!E943=\"\",\"\",Start!E943)","v":0},{"$f":"IF(Start!F943=\"\",\"\",Start!F943)","v":"EACH"},{"$f":"IF(Start!G943=\"\",\"\",Start!G943)","v":542},{"$f":"IF(Start!H943=\"\",\"\",Start!H943)","v":1084},4,{"$f":"IF(I943=\"\",\"\",LOOKUP(I943,{1,\"01\";2,\"02\";3,\"03\";4,\"04\";5,\"05\";6,\"06\";7,\"07\";8,\"08\";9,\"09\";10,\"10\";11,\"11\";12,\"12\";13,\"13\";14,\"14\";15,\"15\"}))","v":"04"},"04. Rieth-Riley Construction",800,807,{"$f":"IF(B943=\"\",\"\",VLOOKUP(M943,Sections!$A$2:$D$200,3,FALSE))","v":"Traffic Control Devices And Lighting"},{"$f":"IF(B943=\"\",\"\",VLOOKUP(M943,Sections!$A$2:$D$200,4,FALSE))","v":"Highway Illumination"}]
[{"$f":"IF(Start!A944=\"\",\"\",Start!A944)","v":""},{"$f":"IF(Start!B944=\"\",\"\",Start!B944)","v":"807-85752"},{"$f":"IF(Start!C944=\"\",\"\",Start!C944)","v":"LIGHT POLE, 40 FT. E.M.H., 10.0 FT. MAST ARM,"},{"$f":"IF(Start!D944=\"\",\"\",Start!D944)","v":8},{"$f":"IF(Start!E944=\"\",\"\",Start!E944)","v":0},{"$f":"IF(Start!F944=\"\",\"\",Start!F944)","v":"EACH"},{"$f":"IF(Start!G944=\"\",\"\",Start!G944)","v":1425},{"$f":"IF(Start!H944=\"\",\"\",Start!H944)","v":11400},4,{"$f":"IF(I944=\"\",\"\",LOOKUP(I944,{1,\"01\";2,\"02\";3,\"03\";4,\"04\";5,\"05\";6,\"06\";7,\"07\";8,\"08\";9,\"09\";10,\"10\";11,\"11\";12,\"12\";13,\"13\";14,\"14\";15,\"15\"}))","v":"04"},"04. Rieth-Riley Construction",800,807,{"$f":"IF(B944=\"\",\"\",VLOOKUP(M944,Sections!$A$2:$D$200,3,FALSE))","v":"Traffic Control Devices And Lighting"},{"$f":"IF(B944=\"\",\"\",VLOOKUP(M944,Sections!$A$2:$D$200,4,FALSE))","v":"Highway Illumination"}]
[{"$f":"IF(Start!A945=\"\",\"\",Start!A945)","v":""},{"$f":"IF(Start!B945=\"\",\"\",Start!B945)","v":"807-86620"},{"$f":"IF(Start!C945=\"\",\"\",Start!C945)","v":"LUMINAIRE, ROADWAY, HIGH PRESSURE SODIUM, 400"},{"$f":"IF(Start!D945=\"\",\"\",Start!D945)","v":8},{"$f":"IF(Start!E945=\"\",\"\",Start!E945)","v":0},{"$f":"IF(Start!F945=\"\",\"\",Start!F945)","v":"EACH"},{"$f":"IF(Start!G945=\"\",\"\",Start!G945)","v":300},{"$f":"IF(Start!H945=\"\",\"\",Start!H945)","v":2400},4,{"$f":"IF(I945=\"\",\"\",LOOKUP(I945,{1,\"01\";2,\"02\";3,\"03\";4,\"04\";5,\"05\";6,\"06\";7,\"07\";8,\"08\";9,\"09\";10,\"10\";11,\"11\";12,\"12\";13,\"13\";14,\"14\";15,\"15\"}))","v":"04"},"04. Rieth-Riley Construction",800,807,{"$f":"IF(B945=\"\",\"\",VLOOKUP(M945,Sections!$A$2:$D$200,3,FALSE))","v":"Traffic Control Devices And Lighting"},{"$f":"IF(B945=\"\",\"\",VLOOKUP(M945,Sections!$A$2:$D$200,4,FALSE))","v":"Highway Illumination"}]
[{"$f":"IF(Start!A946=\"\",\"\",Start!A946)","v":""},{"$f":"IF(Start!B946=\"\",\"\",Start!B946)","v":"807-86750"},{"$f":"IF(Start!C946=\"\",\"\",Start!C946)","v":"LUMINAIRE UNDERPASS, WALL MOUNTED, HIGH PRESS"},{"$f":"IF(Start!D946=\"\",\"\",Start!D946)","v":4},{"$f":"IF(Start!E946=\"\",\"\",Start!E946)","v":0},{"$f":"IF(Start!F946=\"\",\"\",Start!F946)","v":"EACH"},{"$f":"IF(Start!G946=\"\",\"\",Start!G946)","v":845},{"$f":"IF(Start!H946=\"\",\"\",Start!H946)","v":3380},4,{"$f":"IF(I946=\"\",\"\",LOOKUP(I946,{1,\"01\";2,\"02\";3,\"03\";4,\"04\";5,\"05\";6,\"06\";7,\"07\";8,\"08\";9,\"09\";10,\"10\";11,\"11\";12,\"12\";13,\"13\";14,\"14\";15,\"15\"}))","v":"04"},"04. Rieth-Riley Construction",800,807,{"$f":"IF(B946=\"\",\"\",VLOOKUP(M946,Sections!$A$2:$D$200,3,FALSE))","v":"Traffic Control Devices And Lighting"},{"$f":"IF(B946=\"\",\"\",VLOOKUP(M946,Sections!$A$2:$D$200,4,FALSE))","v":"Highway Illumination"}]
[{"$f":"IF(Start!A947=\"\",\"\",Start!A947)","v":""},{"$f":"IF(Start!B947=\"\",\"\",Start!B947)","v":"807-86910"},{"$f":"IF(Start!C947=\"\",\"\",Start!C947)","v":"CONNECTOR KIT, UNFUSED"},{"$f":"IF(Start!D947=\"\",\"\",Start!D947)","v":8},{"$f":"IF(Start!E947=\"\",\"\",Start!E947)","v":0},{"$f":"IF(Start!F947=\"\",\"\",Start!F947)","v":"EACH"},{"$f":"IF(Start!G947=\"\",\"\",Start!G947)","v":19},{"$f":"IF(Start!H947=\"\",\"\",Start!H947)","v":152},4,{"$f":"IF(I947=\"\",\"\",LOOKUP(I947,{1,\"01\";2,\"02\";3,\"03\";4,\"04\";5,\"05\";6,\"06\";7,\"07\";8,\"08\";9,\"09\";10,\"10\";11,\"11\";12,\"12\";13,\"13\";14,\"14\";15,\"15\"}))","v":"04"},"04. Rieth-Riley Construction",800,807,{"$f":"IF(B947=\"\",\"\",VLOOKUP(M947,Sections!$A$2:$D$200,3,FALSE))","v":"Traffic Control Devices And Lighting"},{"$f":"IF(B947=\"\",\"\",VLOOKUP(M947,Sections!$A$2:$D$200,4,FALSE))","v":"Highway Illumination"}]
[{"$f":"IF(Start!A948=\"\",\"\",Start!A948)","v":""},{"$f":"IF(Start!B948=\"\",\"\",Start!B948)","v":"807-86915"},{"$f":"IF(Start!C948=\"\",\"\",Start!C948)","v":"CONNECTOR KIT, FUSED"},{"$f":"IF(Start!D948=\"\",\"\",Start!D948)","v":8},{"$f":"IF(Start!E948=\"\",\"\",Start!E948)","v":0},{"$f":"IF(Start!F948=\"\",\"\",Start!F948)","v":"EACH"},{"$f":"IF(Start!G948=\"\",\"\",Start!G948)","v":20},{"$f":"IF(Start!H948=\"\",\"\",Start!H948)","v":160},4,{"$f":"IF(I948=\"\",\"\",LOOKUP(I948,{1,\"01\";2,\"02\";3,\"03\";4,\"04\";5,\"05\";6,\"06\";7,\"07\";8,\"08\";9,\"09\";10,\"10\";11,\"11\";12,\"12\";13,\"13\";14,\"14\";15,\"15\"}))","v":"04"},"04. Rieth-Riley Construction",800,807,{"$f":"IF(B948=\"\",\"\",VLOOKUP(M948,Sections!$A$2:$D$200,3,FALSE))","v":"Traffic Control Devices And Lighting"},{"$f":"IF(B948=\"\",\"\",VLOOKUP(M948,Sections!$A$2:$D$200,4,FALSE))","v":"Highway Illumination"}]
[{"$f":"IF(Start!A949=\"\",\"\",Start!A949)","v":""},{"$f":"IF(Start!B949=\"\",\"\",Start!B949)","v":"807-86920"},{"$f":"IF(Start!C949=\"\",\"\",Start!C949)","v":"MULTIPLE COMPRESSION FITTING, NOT WATERPROOFE"},{"$f":"IF(Start!D949=\"\",\"\",Start!D949)","v":18},{"$f":"IF(Start!E949=\"\",\"\",Start!E949)","v":0},{"$f":"IF(Start!F949=\"\",\"\",Start!F949)","v":"EACH"},{"$f":"IF(Start!G949=\"\",\"\",Start!G949)","v":17},{"$f":"IF(Start!H949=\"\",\"\",Start!H949)","v":306},4,{"$f":"IF(I949=\"\",\"\",LOOKUP(I949,{1,\"01\";2,\"02\";3,\"03\";4,\"04\";5,\"05\";6,\"06\";7,\"07\";8,\"08\";9,\"09\";10,\"10\";11,\"11\";12,\"12\";13,\"13\";14,\"14\";15,\"15\"}))","v":"04"},"04. Rieth-Riley Construction",800,807,{"$f":"IF(B949=\"\",\"\",VLOOKUP(M949,Sections!$A$2:$D$200,3,FALSE))","v":"Traffic Control Devices And Lighting"},{"$f":"IF(B949=\"\",\"\",VLOOKUP(M949,Sections!$A$2:$D$200,4,FALSE))","v":"Highway Illumination"}]
[{"$f":"IF(Start!A950=\"\",\"\",Start!A950)","v":""},{"$f":"IF(Start!B950=\"\",\"\",Start!B950)","v":"807-86925"},{"$f":"IF(Start!C950=\"\",\"\",Start!C950)","v":"MULTIPLE COMPRESSION FITTING, WATERPROOFED"},{"$f":"IF(Start!D950=\"\",\"\",Start!D950)","v":12},{"$f":"IF(Start!E950=\"\",\"\",Start!E950)","v":0},{"$f":"IF(Start!F950=\"\",\"\",Start!F950)","v":"EACH"},{"$f":"IF(Start!G950=\"\",\"\",Start!G950)","v":21},{"$f":"IF(Start!H950=\"\",\"\",Start!H950)","v":252},4,{"$f":"IF(I950=\"\",\"\",LOOKUP(I950,{1,\"01\";2,\"02\";3,\"03\";4,\"04\";5,\"05\";6,\"06\";7,\"07\";8,\"08\";9,\"09\";10,\"10\";11,\"11\";12,\"12\";13,\"13\";14,\"14\";15,\"15\"}))","v":"04"},"04. Rieth-Riley Construction",800,807,{"$f":"IF(B950=\"\",\"\",VLOOKUP(M950,Sections!$A$2:$D$200,3,FALSE))","v":"Traffic Control Devices And Lighting"},{"$f":"IF(B950=\"\",\"\",VLOOKUP(M950,Sections!$A$2:$D$200,4,FALSE))","v":"Highway Illumination"}]
[{"$f":"IF(Start!A951=\"\",\"\",Start!A951)","v":""},{"$f":"IF(Start!B951=\"\",\"\",Start!B951)","v":"807-86930"},{"$f":"IF(Start!C951=\"\",\"\",Start!C951)","v":"INSULATION LINK, NONWATERPROOFED"},{"$f":"IF(Start!D951=\"\",\"\",Start!D951)","v":16},{"$f":"IF(Start!E951=\"\",\"\",Start!E951)","v":0},{"$f":"IF(Start!F951=\"\",\"\",Start!F951)","v":"EACH"},{"$f":"IF(Start!G951=\"\",\"\",Start!G951)","v":17},{"$f":"IF(Start!H951=\"\",\"\",Start!H951)","v":272},4,{"$f":"IF(I951=\"\",\"\",LOOKUP(I951,{1,\"01\";2,\"02\";3,\"03\";4,\"04\";5,\"05\";6,\"06\";7,\"07\";8,\"08\";9,\"09\";10,\"10\";11,\"11\";12,\"12\";13,\"13\";14,\"14\";15,\"15\"}))","v":"04"},"04. Rieth-Riley Construction",800,807,{"$f":"IF(B951=\"\",\"\",VLOOKUP(M951,Sections!$A$2:$D$200,3,FALSE))","v":"Traffic Control Devices And Lighting"},{"$f":"IF(B951=\"\",\"\",VLOOKUP(M951,Sections!$A$2:$D$200,4,FALSE))","v":"Highway Illumination"}]
[{"$f":"IF(Start!A952=\"\",\"\",Start!A952)","v":""},{"$f":"IF(Start!B952=\"\",\"\",Start!B952)","v":"807-86935"},{"$f":"IF(Start!C952=\"\",\"\",Start!C952)","v":"INSULATION LINK, WATERPROOFED"},{"$f":"IF(Start!D952=\"\",\"\",Start!D952)","v":12},{"$f":"IF(Start!E952=\"\",\"\",Start!E952)","v":0},{"$f":"IF(Start!F952=\"\",\"\",Start!F952)","v":"EACH"},{"$f":"IF(Start!G952=\"\",\"\",Start!G952)","v":21},{"$f":"IF(Start!H952=\"\",\"\",Start!H952)","v":252},4,{"$f":"IF(I952=\"\",\"\",LOOKUP(I952,{1,\"01\";2,\"02\";3,\"03\";4,\"04\";5,\"05\";6,\"06\";7,\"07\";8,\"08\";9,\"09\";10,\"10\";11,\"11\";12,\"12\";13,\"13\";14,\"14\";15,\"15\"}))","v":"04"},"04. Rieth-Riley Construction",800,807,{"$f":"IF(B952=\"\",\"\",VLOOKUP(M952,Sections!$A$2:$D$200,3,FALSE))","v":"Traffic Control Devices And Lighting"},{"$f":"IF(B952=\"\",\"\",VLOOKUP(M952,Sections!$A$2:$D$200,4,FALSE))","v":"Highway Illumination"}]
[{"$f":"IF(Start!A953=\"\",\"\",Start!A953)","v":""},{"$f":"IF(Start!B953=\"\",\"\",Start!B953)","v":"807-86955"},{"$f":"IF(Start!C953=\"\",\"\",Start!C953)","v":"CABLE DUCT MARKER"},{"$f":"IF(Start!D953=\"\",\"\",Start!D953)","v":11},{"$f":"IF(Start!E953=\"\",\"\",Start!E953)","v":0},{"$f":"IF(Start!F953=\"\",\"\",Start!F953)","v":"EACH"},{"$f":"IF(Start!G953=\"\",\"\",Start!G953)","v":70},{"$f":"IF(Start!H953=\"\",\"\",Start!H953)","v":770},4,{"$f":"IF(I953=\"\",\"\",LOOKUP(I953,{1,\"01\";2,\"02\";3,\"03\";4,\"04\";5,\"05\";6,\"06\";7,\"07\";8,\"08\";9,\"09\";10,\"10\";11,\"11\";12,\"12\";13,\"13\";14,\"14\";15,\"15\"}))","v":"04"},"04. Rieth-Riley Construction",800,807,{"$f":"IF(B953=\"\",\"\",VLOOKUP(M953,Sections!$A$2:$D$200,3,FALSE))","v":"Traffic Control Devices And Lighting"},{"$f":"IF(B953=\"\",\"\",VLOOKUP(M953,Sections!$A$2:$D$200,4,FALSE))","v":"Highway Illumination"}]
[{"$f":"IF(Start!A954=\"\",\"\",Start!A954)","v":""},{"$f":"IF(Start!B954=\"\",\"\",Start!B954)","v":"808-06703"},{"$f":"IF(Start!C954=\"\",\"\",Start!C954)","v":"LINE, THERMOPLASTIC, SOLID, WHITE, 4 IN."},{"$f":"IF(Start!D954=\"\",\"\",Start!D954)","v":2771},{"$f":"IF(Start!E954=\"\",\"\",Start!E954)","v":0},{"$f":"IF(Start!F954=\"\",\"\",Start!F954)","v":"L.F."},{"$f":"IF(Start!G954=\"\",\"\",Start!G954)","v":0.35000000000000003},{"$f":"IF(Start!H954=\"\",\"\",Start!H954)","v":969.85},4,{"$f":"IF(I954=\"\",\"\",LOOKUP(I954,{1,\"01\";2,\"02\";3,\"03\";4,\"04\";5,\"05\";6,\"06\";7,\"07\";8,\"08\";9,\"09\";10,\"10\";11,\"11\";12,\"12\";13,\"13\";14,\"14\";15,\"15\"}))","v":"04"},"04. Rieth-Riley Construction",800,808,{"$f":"IF(B954=\"\",\"\",VLOOKUP(M954,Sections!$A$2:$D$200,3,FALSE))","v":"Traffic Control Devices And Lighting"},{"$f":"IF(B954=\"\",\"\",VLOOKUP(M954,Sections!$A$2:$D$200,4,FALSE))","v":"Pavement Traffic Markings"}]
[{"$f":"IF(Start!A955=\"\",\"\",Start!A955)","v":""},{"$f":"IF(Start!B955=\"\",\"\",Start!B955)","v":"808-06716"},{"$f":"IF(Start!C955=\"\",\"\",Start!C955)","v":"LINE, REMOVE"},{"$f":"IF(Start!D955=\"\",\"\",Start!D955)","v":3615},{"$f":"IF(Start!E955=\"\",\"\",Start!E955)","v":0},{"$f":"IF(Start!F955=\"\",\"\",Start!F955)","v":"L.F."},{"$f":"IF(Start!G955=\"\",\"\",Start!G955)","v":0.38},{"$f":"IF(Start!H955=\"\",\"\",Start!H955)","v":1373.7},4,{"$f":"IF(I955=\"\",\"\",LOOKUP(I955,{1,\"01\";2,\"02\";3,\"03\";4,\"04\";5,\"05\";6,\"06\";7,\"07\";8,\"08\";9,\"09\";10,\"10\";11,\"11\";12,\"12\";13,\"13\";14,\"14\";15,\"15\"}))","v":"04"},"04. Rieth-Riley Construction",800,808,{"$f":"IF(B955=\"\",\"\",VLOOKUP(M955,Sections!$A$2:$D$200,3,FALSE))","v":"Traffic Control Devices And Lighting"},{"$f":"IF(B955=\"\",\"\",VLOOKUP(M955,Sections!$A$2:$D$200,4,FALSE))","v":"Pavement Traffic Markings"}]
[{"$f":"IF(Start!A956=\"\",\"\",Start!A956)","v":""},{"$f":"IF(Start!B956=\"\",\"\",Start!B956)","v":"808-09381"},{"$f":"IF(Start!C956=\"\",\"\",Start!C956)","v":"RETRO-REFLECTIVITY TEST"},{"$f":"IF(Start!D956=\"\",\"\",Start!D956)","v":1},{"$f":"IF(Start!E956=\"\",\"\",Start!E956)","v":0},{"$f":"IF(Start!F956=\"\",\"\",Start!F956)","v":"L.S."},{"$f":"IF(Start!G956=\"\",\"\",Start!G956)","v":800},{"$f":"IF(Start!H956=\"\",\"\",Start!H956)","v":800},4,{"$f":"IF(I956=\"\",\"\",LOOKUP(I956,{1,\"01\";2,\"02\";3,\"03\";4,\"04\";5,\"05\";6,\"06\";7,\"07\";8,\"08\";9,\"09\";10,\"10\";11,\"11\";12,\"12\";13,\"13\";14,\"14\";15,\"15\"}))","v":"04"},"04. Rieth-Riley Construction",800,808,{"$f":"IF(B956=\"\",\"\",VLOOKUP(M956,Sections!$A$2:$D$200,3,FALSE))","v":"Traffic Control Devices And Lighting"},{"$f":"IF(B956=\"\",\"\",VLOOKUP(M956,Sections!$A$2:$D$200,4,FALSE))","v":"Pavement Traffic Markings"}]
[{"$f":"IF(Start!A957=\"\",\"\",Start!A957)","v":""},{"$f":"IF(Start!B957=\"\",\"\",Start!B957)","v":"808-10031"},{"$f":"IF(Start!C957=\"\",\"\",Start!C957)","v":"LINE, MULTI-COMP, BROKEN, WHITE, 4 IN"},{"$f":"IF(Start!D957=\"\",\"\",Start!D957)","v":2630},{"$f":"IF(Start!E957=\"\",\"\",Start!E957)","v":0},{"$f":"IF(Start!F957=\"\",\"\",Start!F957)","v":"L.F."},{"$f":"IF(Start!G957=\"\",\"\",Start!G957)","v":0.25},{"$f":"IF(Start!H957=\"\",\"\",Start!H957)","v":657.5},4,{"$f":"IF(I957=\"\",\"\",LOOKUP(I957,{1,\"01\";2,\"02\";3,\"03\";4,\"04\";5,\"05\";6,\"06\";7,\"07\";8,\"08\";9,\"09\";10,\"10\";11,\"11\";12,\"12\";13,\"13\";14,\"14\";15,\"15\"}))","v":"04"},"04. Rieth-Riley Construction",800,808,{"$f":"IF(B957=\"\",\"\",VLOOKUP(M957,Sections!$A$2:$D$200,3,FALSE))","v":"Traffic Control Devices And Lighting"},{"$f":"IF(B957=\"\",\"\",VLOOKUP(M957,Sections!$A$2:$D$200,4,FALSE))","v":"Pavement Traffic Markings"}]
[{"$f":"IF(Start!A958=\"\",\"\",Start!A958)","v":""},{"$f":"IF(Start!B958=\"\",\"\",Start!B958)","v":"808-10033"},{"$f":"IF(Start!C958=\"\",\"\",Start!C958)","v":"LINE, MULTI-COMP, SOLID, WHITE, 4 IN"},{"$f":"IF(Start!D958=\"\",\"\",Start!D958)","v":29503},{"$f":"IF(Start!E958=\"\",\"\",Start!E958)","v":0},{"$f":"IF(Start!F958=\"\",\"\",Start!F958)","v":"L.F."},{"$f":"IF(Start!G958=\"\",\"\",Start!G958)","v":0.25},{"$f":"IF(Start!H958=\"\",\"\",Start!H958)","v":7375.75},4,{"$f":"IF(I958=\"\",\"\",LOOKUP(I958,{1,\"01\";2,\"02\";3,\"03\";4,\"04\";5,\"05\";6,\"06\";7,\"07\";8,\"08\";9,\"09\";10,\"10\";11,\"11\";12,\"12\";13,\"13\";14,\"14\";15,\"15\"}))","v":"04"},"04. Rieth-Riley Construction",800,808,{"$f":"IF(B958=\"\",\"\",VLOOKUP(M958,Sections!$A$2:$D$200,3,FALSE))","v":"Traffic Control Devices And Lighting"},{"$f":"IF(B958=\"\",\"\",VLOOKUP(M958,Sections!$A$2:$D$200,4,FALSE))","v":"Pavement Traffic Markings"}]
[{"$f":"IF(Start!A959=\"\",\"\",Start!A959)","v":""},{"$f":"IF(Start!B959=\"\",\"\",Start!B959)","v":"808-10034"},{"$f":"IF(Start!C959=\"\",\"\",Start!C959)","v":"LINE, MULTI-COMP, SOLID, YELLOW, 4 IN"},{"$f":"IF(Start!D959=\"\",\"\",Start!D959)","v":13980},{"$f":"IF(Start!E959=\"\",\"\",Start!E959)","v":0},{"$f":"IF(Start!F959=\"\",\"\",Start!F959)","v":"L.F."},{"$f":"IF(Start!G959=\"\",\"\",Start!G959)","v":0.25},{"$f":"IF(Start!H959=\"\",\"\",Start!H959)","v":3495},4,{"$f":"IF(I959=\"\",\"\",LOOKUP(I959,{1,\"01\";2,\"02\";3,\"03\";4,\"04\";5,\"05\";6,\"06\";7,\"07\";8,\"08\";9,\"09\";10,\"10\";11,\"11\";12,\"12\";13,\"13\";14,\"14\";15,\"15\"}))","v":"04"},"04. Rieth-Riley Construction",800,808,{"$f":"IF(B959=\"\",\"\",VLOOKUP(M959,Sections!$A$2:$D$200,3,FALSE))","v":"Traffic Control Devices And Lighting"},{"$f":"IF(B959=\"\",\"\",VLOOKUP(M959,Sections!$A$2:$D$200,4,FALSE))","v":"Pavement Traffic Markings"}]
[{"$f":"IF(Start!A960=\"\",\"\",Start!A960)","v":""},{"$f":"IF(Start!B960=\"\",\"\",Start!B960)","v":"808-10036"},{"$f":"IF(Start!C960=\"\",\"\",Start!C960)","v":"LINE, MULTI-COMP, BROKEN, YELLOW, 4 IN"},{"$f":"IF(Start!D960=\"\",\"\",Start!D960)","v":300},{"$f":"IF(Start!E960=\"\",\"\",Start!E960)","v":0},{"$f":"IF(Start!F960=\"\",\"\",Start!F960)","v":"L.F."},{"$f":"IF(Start!G960=\"\",\"\",Start!G960)","v":0.25},{"$f":"IF(Start!H960=\"\",\"\",Start!H960)","v":75},4,{"$f":"IF(I960=\"\",\"\",LOOKUP(I960,{1,\"01\";2,\"02\";3,\"03\";4,\"04\";5,\"05\";6,\"06\";7,\"07\";8,\"08\";9,\"09\";10,\"10\";11,\"11\";12,\"12\";13,\"13\";14,\"14\";15,\"15\"}))","v":"04"},"04. Rieth-Riley Construction",800,808,{"$f":"IF(B960=\"\",\"\",VLOOKUP(M960,Sections!$A$2:$D$200,3,FALSE))","v":"Traffic Control Devices And Lighting"},{"$f":"IF(B960=\"\",\"\",VLOOKUP(M960,Sections!$A$2:$D$200,4,FALSE))","v":"Pavement Traffic Markings"}]
[{"$f":"IF(Start!A961=\"\",\"\",Start!A961)","v":""},{"$f":"IF(Start!B961=\"\",\"\",Start!B961)","v":"808-10037"},{"$f":"IF(Start!C961=\"\",\"\",Start!C961)","v":"LINE, MULTI-COMP, SOLID, WHITE, 8 IN"},{"$f":"IF(Start!D961=\"\",\"\",Start!D961)","v":1838},{"$f":"IF(Start!E961=\"\",\"\",Start!E961)","v":0},{"$f":"IF(Start!F961=\"\",\"\",Start!F961)","v":"L.F."},{"$f":"IF(Start!G961=\"\",\"\",Start!G961)","v":0.5},{"$f":"IF(Start!H961=\"\",\"\",Start!H961)","v":919},4,{"$f":"IF(I961=\"\",\"\",LOOKUP(I961,{1,\"01\";2,\"02\";3,\"03\";4,\"04\";5,\"05\";6,\"06\";7,\"07\";8,\"08\";9,\"09\";10,\"10\";11,\"11\";12,\"12\";13,\"13\";14,\"14\";15,\"15\"}))","v":"04"},"04. Rieth-Riley Construction",800,808,{"$f":"IF(B961=\"\",\"\",VLOOKUP(M961,Sections!$A$2:$D$200,3,FALSE))","v":"Traffic Control Devices And Lighting"},{"$f":"IF(B961=\"\",\"\",VLOOKUP(M961,Sections!$A$2:$D$200,4,FALSE))","v":"Pavement Traffic Markings"}]
[{"$f":"IF(Start!A962=\"\",\"\",Start!A962)","v":""},{"$f":"IF(Start!B962=\"\",\"\",Start!B962)","v":"808-10038"},{"$f":"IF(Start!C962=\"\",\"\",Start!C962)","v":"TRANSVERSE MKGS MULTI-COMP SOLID WHITE,"},{"$f":"IF(Start!D962=\"\",\"\",Start!D962)","v":999},{"$f":"IF(Start!E962=\"\",\"\",Start!E962)","v":0},{"$f":"IF(Start!F962=\"\",\"\",Start!F962)","v":"L.F."},{"$f":"IF(Start!G962=\"\",\"\",Start!G962)","v":8},{"$f":"IF(Start!H962=\"\",\"\",Start!H962)","v":7992},4,{"$f":"IF(I962=\"\",\"\",LOOKUP(I962,{1,\"01\";2,\"02\";3,\"03\";4,\"04\";5,\"05\";6,\"06\";7,\"07\";8,\"08\";9,\"09\";10,\"10\";11,\"11\";12,\"12\";13,\"13\";14,\"14\";15,\"15\"}))","v":"04"},"04. Rieth-Riley Construction",800,808,{"$f":"IF(B962=\"\",\"\",VLOOKUP(M962,Sections!$A$2:$D$200,3,FALSE))","v":"Traffic Control Devices And Lighting"},{"$f":"IF(B962=\"\",\"\",VLOOKUP(M962,Sections!$A$2:$D$200,4,FALSE))","v":"Pavement Traffic Markings"}]
[{"$f":"IF(Start!A963=\"\",\"\",Start!A963)","v":""},{"$f":"IF(Start!B963=\"\",\"\",Start!B963)","v":"808-10042"},{"$f":"IF(Start!C963=\"\",\"\",Start!C963)","v":"TRANSVERSE MKG MULTI-COMP SOLID YELLOW"},{"$f":"IF(Start!D963=\"\",\"\",Start!D963)","v":210},{"$f":"IF(Start!E963=\"\",\"\",Start!E963)","v":0},{"$f":"IF(Start!F963=\"\",\"\",Start!F963)","v":"L.F."},{"$f":"IF(Start!G963=\"\",\"\",Start!G963)","v":4},{"$f":"IF(Start!H963=\"\",\"\",Start!H963)","v":840},{"$f":"IF(AND(A963=\"\",B963=\"\",C963=\"\"),\"\",IF(AND(A963<>\"\",B963=\"\",G963=0,H963=0),D963,I962))","v":4},{"$f":"IF(I963=\"\",\"\",LOOKUP(I963,{1,\"01\";2,\"02\";3,\"03\";4,\"04\";5,\"05\";6,\"06\";7,\"07\";8,\"08\";9,\"09\";10,\"10\";11,\"11\";12,\"12\";13,\"13\";14,\"14\";15,\"15\"}))","v":"04"},{"$f":"IF(AND(A963<>\"\",B963=\"\"),J963&\". \"&PROPER(C963),IF(AND(A963=\"\",B963<>\"\"),PROPER(K962),\"\"))","v":"04. Rieth-Riley Construction"},{"$f":"IF(B963=\"\",\"\",LEFT(B963,1)*100)","v":800},{"$f":"IF(B963=\"\",\"\",LEFT(B963,3)*1)","v":808},{"$f":"IF(B963=\"\",\"\",VLOOKUP(M963,Sections!$A$2:$D$200,3,FALSE))","v":"Traffic Control Devices And Lighting"},{"$f":"IF(B963=\"\",\"\",VLOOKUP(M963,Sections!$A$2:$D$200,4,FALSE))","v":"Pavement Traffic Markings"}]
[{"$f":"IF(Start!A964=\"\",\"\",Start!A964)","v":""},{"$f":"IF(Start!B964=\"\",\"\",Start!B964)","v":"808-10051"},{"$f":"IF(Start!C964=\"\",\"\",Start!C964)","v":"TRANSVERSE MKG MULTI-COMP, STOP LINE,"},{"$f":"IF(Start!D964=\"\",\"\",Start!D964)","v":354},{"$f":"IF(Start!E964=\"\",\"\",Start!E964)","v":0},{"$f":"IF(Start!F964=\"\",\"\",Start!F964)","v":"L.F."},{"$f":"IF(Start!G964=\"\",\"\",Start!G964)","v":8},{"$f":"IF(Start!H964=\"\",\"\",Start!H964)","v":2832},4,{"$f":"IF(I964=\"\",\"\",LOOKUP(I964,{1,\"01\";2,\"02\";3,\"03\";4,\"04\";5,\"05\";6,\"06\";7,\"07\";8,\"08\";9,\"09\";10,\"10\";11,\"11\";12,\"12\";13,\"13\";14,\"14\";15,\"15\"}))","v":"04"},"04. Rieth-Riley Construction",800,808,{"$f":"IF(B964=\"\",\"\",VLOOKUP(M964,Sections!$A$2:$D$200,3,FALSE))","v":"Traffic Control Devices And Lighting"},{"$f":"IF(B964=\"\",\"\",VLOOKUP(M964,Sections!$A$2:$D$200,4,FALSE))","v":"Pavement Traffic Markings"}]
[{"$f":"IF(Start!A965=\"\",\"\",Start!A965)","v":""},{"$f":"IF(Start!B965=\"\",\"\",Start!B965)","v":"808-10058"},{"$f":"IF(Start!C965=\"\",\"\",Start!C965)","v":"LINE, MULTI-COMP, SOLID, YELLOW, 8 IN"},{"$f":"IF(Start!D965=\"\",\"\",Start!D965)","v":4078},{"$f":"IF(Start!E965=\"\",\"\",Start!E965)","v":0},{"$f":"IF(Start!F965=\"\",\"\",Start!F965)","v":"L.F."},{"$f":"IF(Start!G965=\"\",\"\",Start!G965)","v":0.5},{"$f":"IF(Start!H965=\"\",\"\",Start!H965)","v":2039},4,{"$f":"IF(I965=\"\",\"\",LOOKUP(I965,{1,\"01\";2,\"02\";3,\"03\";4,\"04\";5,\"05\";6,\"06\";7,\"07\";8,\"08\";9,\"09\";10,\"10\";11,\"11\";12,\"12\";13,\"13\";14,\"14\";15,\"15\"}))","v":"04"},"04. Rieth-Riley Construction",800,808,{"$f":"IF(B965=\"\",\"\",VLOOKUP(M965,Sections!$A$2:$D$200,3,FALSE))","v":"Traffic Control Devices And Lighting"},{"$f":"IF(B965=\"\",\"\",VLOOKUP(M965,Sections!$A$2:$D$200,4,FALSE))","v":"Pavement Traffic Markings"}]
[{"$f":"IF(Start!A966=\"\",\"\",Start!A966)","v":""},{"$f":"IF(Start!B966=\"\",\"\",Start!B966)","v":"808-10078"},{"$f":"IF(Start!C966=\"\",\"\",Start!C966)","v":"LINE MULTI-COMP DOTTED, WHITE, 4 IN, 24"},{"$f":"IF(Start!D966=\"\",\"\",Start!D966)","v":130},{"$f":"IF(Start!E966=\"\",\"\",Start!E966)","v":0},{"$f":"IF(Start!F966=\"\",\"\",Start!F966)","v":"L.F."},{"$f":"IF(Start!G966=\"\",\"\",Start!G966)","v":4},{"$f":"IF(Start!H966=\"\",\"\",Start!H966)","v":520},4,{"$f":"IF(I966=\"\",\"\",LOOKUP(I966,{1,\"01\";2,\"02\";3,\"03\";4,\"04\";5,\"05\";6,\"06\";7,\"07\";8,\"08\";9,\"09\";10,\"10\";11,\"11\";12,\"12\";13,\"13\";14,\"14\";15,\"15\"}))","v":"04"},"04. Rieth-Riley Construction",800,808,{"$f":"IF(B966=\"\",\"\",VLOOKUP(M966,Sections!$A$2:$D$200,3,FALSE))","v":"Traffic Control Devices And Lighting"},{"$f":"IF(B966=\"\",\"\",VLOOKUP(M966,Sections!$A$2:$D$200,4,FALSE))","v":"Pavement Traffic Markings"}]
[{"$f":"IF(Start!A967=\"\",\"\",Start!A967)","v":""},{"$f":"IF(Start!B967=\"\",\"\",Start!B967)","v":"808-10119"},{"$f":"IF(Start!C967=\"\",\"\",Start!C967)","v":"TRANSVERSE MARKING, MULTI-COMPONENT,"},{"$f":"IF(Start!D967=\"\",\"\",Start!D967)","v":477},{"$f":"IF(Start!E967=\"\",\"\",Start!E967)","v":0},{"$f":"IF(Start!F967=\"\",\"\",Start!F967)","v":"L.F."},{"$f":"IF(Start!G967=\"\",\"\",Start!G967)","v":7.88},{"$f":"IF(Start!H967=\"\",\"\",Start!H967)","v":3758.76},4,{"$f":"IF(I967=\"\",\"\",LOOKUP(I967,{1,\"01\";2,\"02\";3,\"03\";4,\"04\";5,\"05\";6,\"06\";7,\"07\";8,\"08\";9,\"09\";10,\"10\";11,\"11\";12,\"12\";13,\"13\";14,\"14\";15,\"15\"}))","v":"04"},"04. Rieth-Riley Construction",800,808,{"$f":"IF(B967=\"\",\"\",VLOOKUP(M967,Sections!$A$2:$D$200,3,FALSE))","v":"Traffic Control Devices And Lighting"},{"$f":"IF(B967=\"\",\"\",VLOOKUP(M967,Sections!$A$2:$D$200,4,FALSE))","v":"Pavement Traffic Markings"}]
[{"$f":"IF(Start!A968=\"\",\"\",Start!A968)","v":""},{"$f":"IF(Start!B968=\"\",\"\",Start!B968)","v":"808-75245"},{"$f":"IF(Start!C968=\"\",\"\",Start!C968)","v":"LINE, THERMOPLASTIC, SOLID, YELLOW, 4 IN."},{"$f":"IF(Start!D968=\"\",\"\",Start!D968)","v":3086},{"$f":"IF(Start!E968=\"\",\"\",Start!E968)","v":0},{"$f":"IF(Start!F968=\"\",\"\",Start!F968)","v":"L.F."},{"$f":"IF(Start!G968=\"\",\"\",Start!G968)","v":0.35000000000000003},{"$f":"IF(Start!H968=\"\",\"\",Start!H968)","v":1080.1000000000001},4,{"$f":"IF(I968=\"\",\"\",LOOKUP(I968,{1,\"01\";2,\"02\";3,\"03\";4,\"04\";5,\"05\";6,\"06\";7,\"07\";8,\"08\";9,\"09\";10,\"10\";11,\"11\";12,\"12\";13,\"13\";14,\"14\";15,\"15\"}))","v":"04"},"04. Rieth-Riley Construction",800,808,{"$f":"IF(B968=\"\",\"\",VLOOKUP(M968,Sections!$A$2:$D$200,3,FALSE))","v":"Traffic Control Devices And Lighting"},{"$f":"IF(B968=\"\",\"\",VLOOKUP(M968,Sections!$A$2:$D$200,4,FALSE))","v":"Pavement Traffic Markings"}]
[{"$f":"IF(Start!A969=\"\",\"\",Start!A969)","v":""},{"$f":"IF(Start!B969=\"\",\"\",Start!B969)","v":"808-75998"},{"$f":"IF(Start!C969=\"\",\"\",Start!C969)","v":"SNOWPLOWABLE RAISED PAVEMENT MARKER"},{"$f":"IF(Start!D969=\"\",\"\",Start!D969)","v":432},{"$f":"IF(Start!E969=\"\",\"\",Start!E969)","v":0},{"$f":"IF(Start!F969=\"\",\"\",Start!F969)","v":"EACH"},{"$f":"IF(Start!G969=\"\",\"\",Start!G969)","v":19.25},{"$f":"IF(Start!H969=\"\",\"\",Start!H969)","v":8316},4,{"$f":"IF(I969=\"\",\"\",LOOKUP(I969,{1,\"01\";2,\"02\";3,\"03\";4,\"04\";5,\"05\";6,\"06\";7,\"07\";8,\"08\";9,\"09\";10,\"10\";11,\"11\";12,\"12\";13,\"13\";14,\"14\";15,\"15\"}))","v":"04"},"04. Rieth-Riley Construction",800,808,{"$f":"IF(B969=\"\",\"\",VLOOKUP(M969,Sections!$A$2:$D$200,3,FALSE))","v":"Traffic Control Devices And Lighting"},{"$f":"IF(B969=\"\",\"\",VLOOKUP(M969,Sections!$A$2:$D$200,4,FALSE))","v":"Pavement Traffic Markings"}]
[{"$f":"IF(Start!A970=\"\",\"\",Start!A970)","v":""},{"$f":"IF(Start!B970=\"\",\"\",Start!B970)","v":"202-01405"},{"$f":"IF(Start!C970=\"\",\"\",Start!C970)","v":"CONTAMINATED SOIL, REMOVE AND DISPOSE"},{"$f":"IF(Start!D970=\"\",\"\",Start!D970)","v":20},{"$f":"IF(Start!E970=\"\",\"\",Start!E970)","v":0},{"$f":"IF(Start!F970=\"\",\"\",Start!F970)","v":"C.Y."},{"$f":"IF(Start!G970=\"\",\"\",Start!G970)","v":150.55000000000001},{"$f":"IF(Start!H970=\"\",\"\",Start!H970)","v":3011},4,{"$f":"IF(I970=\"\",\"\",LOOKUP(I970,{1,\"01\";2,\"02\";3,\"03\";4,\"04\";5,\"05\";6,\"06\";7,\"07\";8,\"08\";9,\"09\";10,\"10\";11,\"11\";12,\"12\";13,\"13\";14,\"14\";15,\"15\"}))","v":"04"},"04. Rieth-Riley Construction",200,202,{"$f":"IF(B970=\"\",\"\",VLOOKUP(M970,Sections!$A$2:$D$200,3,FALSE))","v":"Earthwork"},{"$f":"IF(B970=\"\",\"\",VLOOKUP(M970,Sections!$A$2:$D$200,4,FALSE))","v":"Removal Of Structures And Obstructions"}]
[{"$f":"IF(Start!A971=\"\",\"\",Start!A971)","v":""},{"$f":"IF(Start!B971=\"\",\"\",Start!B971)","v":"406-05520"},{"$f":"IF(Start!C971=\"\",\"\",Start!C971)","v":"ASPHALT MATERIAL FOR TACK COAT"},{"$f":"IF(Start!D971=\"\",\"\",Start!D971)","v":6},{"$f":"IF(Start!E971=\"\",\"\",Start!E971)","v":0},{"$f":"IF(Start!F971=\"\",\"\",Start!F971)","v":"TON"},{"$f":"IF(Start!G971=\"\",\"\",Start!G971)","v":1},{"$f":"IF(Start!H971=\"\",\"\",Start!H971)","v":6},4,{"$f":"IF(I971=\"\",\"\",LOOKUP(I971,{1,\"01\";2,\"02\";3,\"03\";4,\"04\";5,\"05\";6,\"06\";7,\"07\";8,\"08\";9,\"09\";10,\"10\";11,\"11\";12,\"12\";13,\"13\";14,\"14\";15,\"15\"}))","v":"04"},"04. Rieth-Riley Construction",400,406,{"$f":"IF(B971=\"\",\"\",VLOOKUP(M971,Sections!$A$2:$D$200,3,FALSE))","v":"Asphalt Pavements"},{"$f":"IF(B971=\"\",\"\",VLOOKUP(M971,Sections!$A$2:$D$200,4,FALSE))","v":"Tack Coat"}]
[{"$f":"IF(Start!A972=\"\",\"\",Start!A972)","v":""},{"$f":"IF(Start!B972=\"\",\"\",Start!B972)","v":"805-01815"},{"$f":"IF(Start!C972=\"\",\"\",Start!C972)","v":"SIGNAL SUPPORT FOUNDATION, 3 FT. X 12 FT."},{"$f":"IF(Start!D972=\"\",\"\",Start!D972)","v":10},{"$f":"IF(Start!E972=\"\",\"\",Start!E972)","v":0},{"$f":"IF(Start!F972=\"\",\"\",Start!F972)","v":"EACH"},{"$f":"IF(Start!G972=\"\",\"\",Start!G972)","v":2010},{"$f":"IF(Start!H972=\"\",\"\",Start!H972)","v":20100},4,{"$f":"IF(I972=\"\",\"\",LOOKUP(I972,{1,\"01\";2,\"02\";3,\"03\";4,\"04\";5,\"05\";6,\"06\";7,\"07\";8,\"08\";9,\"09\";10,\"10\";11,\"11\";12,\"12\";13,\"13\";14,\"14\";15,\"15\"}))","v":"04"},"04. Rieth-Riley Construction",800,805,{"$f":"IF(B972=\"\",\"\",VLOOKUP(M972,Sections!$A$2:$D$200,3,FALSE))","v":"Traffic Control Devices And Lighting"},{"$f":"IF(B972=\"\",\"\",VLOOKUP(M972,Sections!$A$2:$D$200,4,FALSE))","v":"Traffic Signals"}]
[{"$f":"IF(Start!A973=\"\",\"\",Start!A973)","v":""},{"$f":"IF(Start!B973=\"\",\"\",Start!B973)","v":"808-10066"},{"$f":"IF(Start!C973=\"\",\"\",Start!C973)","v":"PAVEMENT MESSAGE MARKINGS,"},{"$f":"IF(Start!D973=\"\",\"\",Start!D973)","v":5},{"$f":"IF(Start!E973=\"\",\"\",Start!E973)","v":0},{"$f":"IF(Start!F973=\"\",\"\",Start!F973)","v":"EACH"},{"$f":"IF(Start!G973=\"\",\"\",Start!G973)","v":98},{"$f":"IF(Start!H973=\"\",\"\",Start!H973)","v":490},4,{"$f":"IF(I973=\"\",\"\",LOOKUP(I973,{1,\"01\";2,\"02\";3,\"03\";4,\"04\";5,\"05\";6,\"06\";7,\"07\";8,\"08\";9,\"09\";10,\"10\";11,\"11\";12,\"12\";13,\"13\";14,\"14\";15,\"15\"}))","v":"04"},"04. Rieth-Riley Construction",800,808,{"$f":"IF(B973=\"\",\"\",VLOOKUP(M973,Sections!$A$2:$D$200,3,FALSE))","v":"Traffic Control Devices And Lighting"},{"$f":"IF(B973=\"\",\"\",VLOOKUP(M973,Sections!$A$2:$D$200,4,FALSE))","v":"Pavement Traffic Markings"}]
[{"$f":"IF(Start!A974=\"\",\"\",Start!A974)","v":""},{"$f":"IF(Start!B974=\"\",\"\",Start!B974)","v":"808-10077"},{"$f":"IF(Start!C974=\"\",\"\",Start!C974)","v":"PAVEMENT MESSAGE MARKINGS,"},{"$f":"IF(Start!D974=\"\",\"\",Start!D974)","v":51},{"$f":"IF(Start!E974=\"\",\"\",Start!E974)","v":0},{"$f":"IF(Start!F974=\"\",\"\",Start!F974)","v":"EACH"},{"$f":"IF(Start!G974=\"\",\"\",Start!G974)","v":80},{"$f":"IF(Start!H974=\"\",\"\",Start!H974)","v":4080},4,{"$f":"IF(I974=\"\",\"\",LOOKUP(I974,{1,\"01\";2,\"02\";3,\"03\";4,\"04\";5,\"05\";6,\"06\";7,\"07\";8,\"08\";9,\"09\";10,\"10\";11,\"11\";12,\"12\";13,\"13\";14,\"14\";15,\"15\"}))","v":"04"},"04. Rieth-Riley Construction",800,808,{"$f":"IF(B974=\"\",\"\",VLOOKUP(M974,Sections!$A$2:$D$200,3,FALSE))","v":"Traffic Control Devices And Lighting"},{"$f":"IF(B974=\"\",\"\",VLOOKUP(M974,Sections!$A$2:$D$200,4,FALSE))","v":"Pavement Traffic Markings"}]
[{"$f":"IF(Start!A975=\"\",\"\",Start!A975)","v":""},{"$f":"IF(Start!B975=\"\",\"\",Start!B975)","v":"808-10052"},{"$f":"IF(Start!C975=\"\",\"\",Start!C975)","v":"PAVEMENT MESSAGE MKG, MULTI-COMP, (ONLY"},{"$f":"IF(Start!D975=\"\",\"\",Start!D975)","v":20},{"$f":"IF(Start!E975=\"\",\"\",Start!E975)","v":0},{"$f":"IF(Start!F975=\"\",\"\",Start!F975)","v":"EACH"},{"$f":"IF(Start!G975=\"\",\"\",Start!G975)","v":99},{"$f":"IF(Start!H975=\"\",\"\",Start!H975)","v":1980},4,{"$f":"IF(I975=\"\",\"\",LOOKUP(I975,{1,\"01\";2,\"02\";3,\"03\";4,\"04\";5,\"05\";6,\"06\";7,\"07\";8,\"08\";9,\"09\";10,\"10\";11,\"11\";12,\"12\";13,\"13\";14,\"14\";15,\"15\"}))","v":"04"},"04. Rieth-Riley Construction",800,808,{"$f":"IF(B975=\"\",\"\",VLOOKUP(M975,Sections!$A$2:$D$200,3,FALSE))","v":"Traffic Control Devices And Lighting"},{"$f":"IF(B975=\"\",\"\",VLOOKUP(M975,Sections!$A$2:$D$200,4,FALSE))","v":"Pavement Traffic Markings"}]
[{"$f":"IF(Start!A976=\"\",\"\",Start!A976)","v":""},{"$f":"IF(Start!B976=\"\",\"\",Start!B976)","v":"808-75996"},{"$f":"IF(Start!C976=\"\",\"\",Start!C976)","v":"SNOWPLOWABLE RAISED PAVEMENT MARKER, REMOVE"},{"$f":"IF(Start!D976=\"\",\"\",Start!D976)","v":200},{"$f":"IF(Start!E976=\"\",\"\",Start!E976)","v":0},{"$f":"IF(Start!F976=\"\",\"\",Start!F976)","v":"EACH"},{"$f":"IF(Start!G976=\"\",\"\",Start!G976)","v":4.25},{"$f":"IF(Start!H976=\"\",\"\",Start!H976)","v":850},4,{"$f":"IF(I976=\"\",\"\",LOOKUP(I976,{1,\"01\";2,\"02\";3,\"03\";4,\"04\";5,\"05\";6,\"06\";7,\"07\";8,\"08\";9,\"09\";10,\"10\";11,\"11\";12,\"12\";13,\"13\";14,\"14\";15,\"15\"}))","v":"04"},"04. Rieth-Riley Construction",800,808,{"$f":"IF(B976=\"\",\"\",VLOOKUP(M976,Sections!$A$2:$D$200,3,FALSE))","v":"Traffic Control Devices And Lighting"},{"$f":"IF(B976=\"\",\"\",VLOOKUP(M976,Sections!$A$2:$D$200,4,FALSE))","v":"Pavement Traffic Markings"}]
[{"$f":"IF(Start!A977=\"\",\"\",Start!A977)","v":""},{"$f":"IF(Start!B977=\"\",\"\",Start!B977)","v":"801-07023"},{"$f":"IF(Start!C977=\"\",\"\",Start!C977)","v":"ENERGY ABSORBIBG TERMINAL, CZ, TL-2"},{"$f":"IF(Start!D977=\"\",\"\",Start!D977)","v":5},{"$f":"IF(Start!E977=\"\",\"\",Start!E977)","v":0},{"$f":"IF(Start!F977=\"\",\"\",Start!F977)","v":"EACH"},{"$f":"IF(Start!G977=\"\",\"\",Start!G977)","v":5400},{"$f":"IF(Start!H977=\"\",\"\",Start!H977)","v":27000},4,{"$f":"IF(I977=\"\",\"\",LOOKUP(I977,{1,\"01\";2,\"02\";3,\"03\";4,\"04\";5,\"05\";6,\"06\";7,\"07\";8,\"08\";9,\"09\";10,\"10\";11,\"11\";12,\"12\";13,\"13\";14,\"14\";15,\"15\"}))","v":"04"},"04. Rieth-Riley Construction",800,801,{"$f":"IF(B977=\"\",\"\",VLOOKUP(M977,Sections!$A$2:$D$200,3,FALSE))","v":"Traffic Control Devices And Lighting"},{"$f":"IF(B977=\"\",\"\",VLOOKUP(M977,Sections!$A$2:$D$200,4,FALSE))","v":"Traffic Controls For Construction And Maintenance Operations"}]
[{"$f":"IF(Start!A978=\"\",\"\",Start!A978)","v":""},{"$f":"IF(Start!B978=\"\",\"\",Start!B978)","v":"720-45140"},{"$f":"IF(Start!C978=\"\",\"\",Start!C978)","v":"INLET, G7, MODIFIED"},{"$f":"IF(Start!D978=\"\",\"\",Start!D978)","v":1},{"$f":"IF(Start!E978=\"\",\"\",Start!E978)","v":0},{"$f":"IF(Start!F978=\"\",\"\",Start!F978)","v":"EACH"},{"$f":"IF(Start!G978=\"\",\"\",Start!G978)","v":1721.49},{"$f":"IF(Start!H978=\"\",\"\",Start!H978)","v":1721.49},4,{"$f":"IF(I978=\"\",\"\",LOOKUP(I978,{1,\"01\";2,\"02\";3,\"03\";4,\"04\";5,\"05\";6,\"06\";7,\"07\";8,\"08\";9,\"09\";10,\"10\";11,\"11\";12,\"12\";13,\"13\";14,\"14\";15,\"15\"}))","v":"04"},"04. Rieth-Riley Construction",700,720,{"$f":"IF(B978=\"\",\"\",VLOOKUP(M978,Sections!$A$2:$D$200,3,FALSE))","v":"Structures"},{"$f":"IF(B978=\"\",\"\",VLOOKUP(M978,Sections!$A$2:$D$200,4,FALSE))","v":"Manholes, Inlets, And Catch Basins"}]
[{"$f":"IF(Start!A979=\"\",\"\",Start!A979)","v":""},{"$f":"IF(Start!B979=\"\",\"\",Start!B979)","v":"202-92222"},{"$f":"IF(Start!C979=\"\",\"\",Start!C979)","v":"TESTING FOR CONTAMINATED MATERIALS, TPH (SOIL"},{"$f":"IF(Start!D979=\"\",\"\",Start!D979)","v":5},{"$f":"IF(Start!E979=\"\",\"\",Start!E979)","v":0},{"$f":"IF(Start!F979=\"\",\"\",Start!F979)","v":"EACH"},{"$f":"IF(Start!G979=\"\",\"\",Start!G979)","v":750},{"$f":"IF(Start!H979=\"\",\"\",Start!H979)","v":3750},4,{"$f":"IF(I979=\"\",\"\",LOOKUP(I979,{1,\"01\";2,\"02\";3,\"03\";4,\"04\";5,\"05\";6,\"06\";7,\"07\";8,\"08\";9,\"09\";10,\"10\";11,\"11\";12,\"12\";13,\"13\";14,\"14\";15,\"15\"}))","v":"04"},"04. Rieth-Riley Construction",200,202,{"$f":"IF(B979=\"\",\"\",VLOOKUP(M979,Sections!$A$2:$D$200,3,FALSE))","v":"Earthwork"},{"$f":"IF(B979=\"\",\"\",VLOOKUP(M979,Sections!$A$2:$D$200,4,FALSE))","v":"Removal Of Structures And Obstructions"}]
[{"$f":"IF(Start!A980=\"\",\"\",Start!A980)","v":""},{"$f":"IF(Start!B980=\"\",\"\",Start!B980)","v":"807-01603"},{"$f":"IF(Start!C980=\"\",\"\",Start!C980)","v":"SERVICE POINT, TYPE II"},{"$f":"IF(Start!D980=\"\",\"\",Start!D980)","v":2},{"$f":"IF(Start!E980=\"\",\"\",Start!E980)","v":0},{"$f":"IF(Start!F980=\"\",\"\",Start!F980)","v":"EACH"},{"$f":"IF(Start!G980=\"\",\"\",Start!G980)","v":3200},{"$f":"IF(Start!H980=\"\",\"\",Start!H980)","v":6400},4,{"$f":"IF(I980=\"\",\"\",LOOKUP(I980,{1,\"01\";2,\"02\";3,\"03\";4,\"04\";5,\"05\";6,\"06\";7,\"07\";8,\"08\";9,\"09\";10,\"10\";11,\"11\";12,\"12\";13,\"13\";14,\"14\";15,\"15\"}))","v":"04"},"04. Rieth-Riley Construction",800,807,{"$f":"IF(B980=\"\",\"\",VLOOKUP(M980,Sections!$A$2:$D$200,3,FALSE))","v":"Traffic Control Devices And Lighting"},{"$f":"IF(B980=\"\",\"\",VLOOKUP(M980,Sections!$A$2:$D$200,4,FALSE))","v":"Highway Illumination"}]
[{"$f":"IF(Start!A981=\"\",\"\",Start!A981)","v":""},{"$f":"IF(Start!B981=\"\",\"\",Start!B981)","v":"202-95579"},{"$f":"IF(Start!C981=\"\",\"\",Start!C981)","v":"SERVICE POINT, REMOVE"},{"$f":"IF(Start!D981=\"\",\"\",Start!D981)","v":2},{"$f":"IF(Start!E981=\"\",\"\",Start!E981)","v":0},{"$f":"IF(Start!F981=\"\",\"\",Start!F981)","v":"EACH"},{"$f":"IF(Start!G981=\"\",\"\",Start!G981)","v":150},{"$f":"IF(Start!H981=\"\",\"\",Start!H981)","v":300},4,{"$f":"IF(I981=\"\",\"\",LOOKUP(I981,{1,\"01\";2,\"02\";3,\"03\";4,\"04\";5,\"05\";6,\"06\";7,\"07\";8,\"08\";9,\"09\";10,\"10\";11,\"11\";12,\"12\";13,\"13\";14,\"14\";15,\"15\"}))","v":"04"},"04. Rieth-Riley Construction",200,202,{"$f":"IF(B981=\"\",\"\",VLOOKUP(M981,Sections!$A$2:$D$200,3,FALSE))","v":"Earthwork"},{"$f":"IF(B981=\"\",\"\",VLOOKUP(M981,Sections!$A$2:$D$200,4,FALSE))","v":"Removal Of Structures And Obstructions"}]
[{"$f":"IF(Start!A982=\"\",\"\",Start!A982)","v":""},{"$f":"IF(Start!B982=\"\",\"\",Start!B982)","v":"621-06553"},{"$f":"IF(Start!C982=\"\",\"\",Start!C982)","v":"SEED MIXTURE, R"},{"$f":"IF(Start!D982=\"\",\"\",Start!D982)","v":2000},{"$f":"IF(Start!E982=\"\",\"\",Start!E982)","v":0},{"$f":"IF(Start!F982=\"\",\"\",Start!F982)","v":"LBS"},{"$f":"IF(Start!G982=\"\",\"\",Start!G982)","v":3.4000000000000004},{"$f":"IF(Start!H982=\"\",\"\",Start!H982)","v":6800},4,{"$f":"IF(I982=\"\",\"\",LOOKUP(I982,{1,\"01\";2,\"02\";3,\"03\";4,\"04\";5,\"05\";6,\"06\";7,\"07\";8,\"08\";9,\"09\";10,\"10\";11,\"11\";12,\"12\";13,\"13\";14,\"14\";15,\"15\"}))","v":"04"},"04. Rieth-Riley Construction",600,621,{"$f":"IF(B982=\"\",\"\",VLOOKUP(M982,Sections!$A$2:$D$200,3,FALSE))","v":"Incidental Construction"},{"$f":"IF(B982=\"\",\"\",VLOOKUP(M982,Sections!$A$2:$D$200,4,FALSE))","v":"Seeding And Sodding"}]
[{"$f":"IF(Start!A983=\"\",\"\",Start!A983)","v":""},{"$f":"IF(Start!B983=\"\",\"\",Start!B983)","v":"801-06625"},{"$f":"IF(Start!C983=\"\",\"\",Start!C983)","v":"DETOUR ROUTE MARKER ASSEMBLY"},{"$f":"IF(Start!D983=\"\",\"\",Start!D983)","v":15},{"$f":"IF(Start!E983=\"\",\"\",Start!E983)","v":0},{"$f":"IF(Start!F983=\"\",\"\",Start!F983)","v":"EACH"},{"$f":"IF(Start!G983=\"\",\"\",Start!G983)","v":89},{"$f":"IF(Start!H983=\"\",\"\",Start!H983)","v":1335},4,{"$f":"IF(I983=\"\",\"\",LOOKUP(I983,{1,\"01\";2,\"02\";3,\"03\";4,\"04\";5,\"05\";6,\"06\";7,\"07\";8,\"08\";9,\"09\";10,\"10\";11,\"11\";12,\"12\";13,\"13\";14,\"14\";15,\"15\"}))","v":"04"},"04. Rieth-Riley Construction",800,801,{"$f":"IF(B983=\"\",\"\",VLOOKUP(M983,Sections!$A$2:$D$200,3,FALSE))","v":"Traffic Control Devices And Lighting"},{"$f":"IF(B983=\"\",\"\",VLOOKUP(M983,Sections!$A$2:$D$200,4,FALSE))","v":"Traffic Controls For Construction And Maintenance Operations"}]
[{"$f":"IF(Start!A984=\"\",\"\",Start!A984)","v":""},{"$f":"IF(Start!B984=\"\",\"\",Start!B984)","v":"801-06539"},{"$f":"IF(Start!C984=\"\",\"\",Start!C984)","v":"TEMPORARY TRAFFIC SIGNAL INSTALLATION, MAINTA"},{"$f":"IF(Start!D984=\"\",\"\",Start!D984)","v":1},{"$f":"IF(Start!E984=\"\",\"\",Start!E984)","v":0},{"$f":"IF(Start!F984=\"\",\"\",Start!F984)","v":"L.S."},{"$f":"IF(Start!G984=\"\",\"\",Start!G984)","v":4100},{"$f":"IF(Start!H984=\"\",\"\",Start!H984)","v":4100},4,{"$f":"IF(I984=\"\",\"\",LOOKUP(I984,{1,\"01\";2,\"02\";3,\"03\";4,\"04\";5,\"05\";6,\"06\";7,\"07\";8,\"08\";9,\"09\";10,\"10\";11,\"11\";12,\"12\";13,\"13\";14,\"14\";15,\"15\"}))","v":"04"},"04. Rieth-Riley Construction",800,801,{"$f":"IF(B984=\"\",\"\",VLOOKUP(M984,Sections!$A$2:$D$200,3,FALSE))","v":"Traffic Control Devices And Lighting"},{"$f":"IF(B984=\"\",\"\",VLOOKUP(M984,Sections!$A$2:$D$200,4,FALSE))","v":"Traffic Controls For Construction And Maintenance Operations"}]
[{"$f":"IF(Start!A985=\"\",\"\",Start!A985)","v":""},{"$f":"IF(Start!B985=\"\",\"\",Start!B985)","v":""},{"$f":"IF(Start!C985=\"\",\"\",Start!C985)","v":""},{"$f":"IF(Start!D985=\"\",\"\",Start!D985)","v":0},{"$f":"IF(Start!E985=\"\",\"\",Start!E985)","v":0},{"$f":"IF(Start!F985=\"\",\"\",Start!F985)","v":""},{"$f":"IF(Start!G985=\"\",\"\",Start!G985)","v":0},{"$f":"IF(Start!H985=\"\",\"\",Start!H985)","v":0},"",{"$f":"IF(I985=\"\",\"\",LOOKUP(I985,{1,\"01\";2,\"02\";3,\"03\";4,\"04\";5,\"05\";6,\"06\";7,\"07\";8,\"08\";9,\"09\";10,\"10\";11,\"11\";12,\"12\";13,\"13\";14,\"14\";15,\"15\"}))","v":""},"","","",{"$f":"IF(B985=\"\",\"\",VLOOKUP(M985,Sections!$A$2:$D$200,3,FALSE))","v":""},{"$f":"IF(B985=\"\",\"\",VLOOKUP(M985,Sections!$A$2:$D$200,4,FALSE))","v":""}]
[{"$f":"IF(Start!A986=\"\",\"\",Start!A986)","v":""},{"$f":"IF(Start!B986=\"\",\"\",Start!B986)","v":""},{"$f":"IF(Start!C986=\"\",\"\",Start!C986)","v":""},{"$f":"IF(Start!D986=\"\",\"\",Start!D986)","v":""},{"$f":"IF(Start!E986=\"\",\"\",Start!E986)","v":""},{"$f":"IF(Start!F986=\"\",\"\",Start!F986)","v":""},{"$f":"IF(Start!G986=\"\",\"\",Start!G986)","v":""},{"$f":"IF(Start!H986=\"\",\"\",Start!H986)","v":""},"",{"$f":"IF(I986=\"\",\"\",LOOKUP(I986,{1,\"01\";2,\"02\";3,\"03\";4,\"04\";5,\"05\";6,\"06\";7,\"07\";8,\"08\";9,\"09\";10,\"10\";11,\"11\";12,\"12\";13,\"13\";14,\"14\";15,\"15\"}))","v":""},"","","",{"$f":"IF(B986=\"\",\"\",VLOOKUP(M986,Sections!$A$2:$D$200,3,FALSE))","v":""},{"$f":"IF(B986=\"\",\"\",VLOOKUP(M986,Sections!$A$2:$D$200,4,FALSE))","v":""}]
[{"$f":"IF(Start!A987=\"\",\"\",Start!A987)","v":""},{"$f":"IF(Start!B987=\"\",\"\",Start!B987)","v":""},{"$f":"IF(Start!C987=\"\",\"\",Start!C987)","v":""},{"$f":"IF(Start!D987=\"\",\"\",Start!D987)","v":""},{"$f":"IF(Start!E987=\"\",\"\",Start!E987)","v":""},{"$f":"IF(Start!F987=\"\",\"\",Start!F987)","v":""},{"$f":"IF(Start!G987=\"\",\"\",Start!G987)","v":""},{"$f":"IF(Start!H987=\"\",\"\",Start!H987)","v":""},"",{"$f":"IF(I987=\"\",\"\",LOOKUP(I987,{1,\"01\";2,\"02\";3,\"03\";4,\"04\";5,\"05\";6,\"06\";7,\"07\";8,\"08\";9,\"09\";10,\"10\";11,\"11\";12,\"12\";13,\"13\";14,\"14\";15,\"15\"}))","v":""},"","","",{"$f":"IF(B987=\"\",\"\",VLOOKUP(M987,Sections!$A$2:$D$200,3,FALSE))","v":""},{"$f":"IF(B987=\"\",\"\",VLOOKUP(M987,Sections!$A$2:$D$200,4,FALSE))","v":""}]
[{"$f":"IF(Start!A988=\"\",\"\",Start!A988)","v":""},{"$f":"IF(Start!B988=\"\",\"\",Start!B988)","v":""},{"$f":"IF(Start!C988=\"\",\"\",Start!C988)","v":""},{"$f":"IF(Start!D988=\"\",\"\",Start!D988)","v":""},{"$f":"IF(Start!E988=\"\",\"\",Start!E988)","v":""},{"$f":"IF(Start!F988=\"\",\"\",Start!F988)","v":""},{"$f":"IF(Start!G988=\"\",\"\",Start!G988)","v":""},{"$f":"IF(Start!H988=\"\",\"\",Start!H988)","v":""},"",{"$f":"IF(I988=\"\",\"\",LOOKUP(I988,{1,\"01\";2,\"02\";3,\"03\";4,\"04\";5,\"05\";6,\"06\";7,\"07\";8,\"08\";9,\"09\";10,\"10\";11,\"11\";12,\"12\";13,\"13\";14,\"14\";15,\"15\"}))","v":""},"","","",{"$f":"IF(B988=\"\",\"\",VLOOKUP(M988,Sections!$A$2:$D$200,3,FALSE))","v":""},{"$f":"IF(B988=\"\",\"\",VLOOKUP(M988,Sections!$A$2:$D$200,4,FALSE))","v":""}]
[{"$f":"IF(Start!A989=\"\",\"\",Start!A989)","v":""},{"$f":"IF(Start!B989=\"\",\"\",Start!B989)","v":""},{"$f":"IF(Start!C989=\"\",\"\",Start!C989)","v":""},{"$f":"IF(Start!D989=\"\",\"\",Start!D989)","v":""},{"$f":"IF(Start!E989=\"\",\"\",Start!E989)","v":""},{"$f":"IF(Start!F989=\"\",\"\",Start!F989)","v":""},{"$f":"IF(Start!G989=\"\",\"\",Start!G989)","v":""},{"$f":"IF(Start!H989=\"\",\"\",Start!H989)","v":""},"",{"$f":"IF(I989=\"\",\"\",LOOKUP(I989,{1,\"01\";2,\"02\";3,\"03\";4,\"04\";5,\"05\";6,\"06\";7,\"07\";8,\"08\";9,\"09\";10,\"10\";11,\"11\";12,\"12\";13,\"13\";14,\"14\";15,\"15\"}))","v":""},"","","",{"$f":"IF(B989=\"\",\"\",VLOOKUP(M989,Sections!$A$2:$D$200,3,FALSE))","v":""},{"$f":"IF(B989=\"\",\"\",VLOOKUP(M989,Sections!$A$2:$D$200,4,FALSE))","v":""}]
[{"$f":"IF(Start!A990=\"\",\"\",Start!A990)","v":""},{"$f":"IF(Start!B990=\"\",\"\",Start!B990)","v":""},{"$f":"IF(Start!C990=\"\",\"\",Start!C990)","v":""},{"$f":"IF(Start!D990=\"\",\"\",Start!D990)","v":""},{"$f":"IF(Start!E990=\"\",\"\",Start!E990)","v":""},{"$f":"IF(Start!F990=\"\",\"\",Start!F990)","v":""},{"$f":"IF(Start!G990=\"\",\"\",Start!G990)","v":""},{"$f":"IF(Start!H990=\"\",\"\",Start!H990)","v":""},"",{"$f":"IF(I990=\"\",\"\",LOOKUP(I990,{1,\"01\";2,\"02\";3,\"03\";4,\"04\";5,\"05\";6,\"06\";7,\"07\";8,\"08\";9,\"09\";10,\"10\";11,\"11\";12,\"12\";13,\"13\";14,\"14\";15,\"15\"}))","v":""},"","","",{"$f":"IF(B990=\"\",\"\",VLOOKUP(M990,Sections!$A$2:$D$200,3,FALSE))","v":""},{"$f":"IF(B990=\"\",\"\",VLOOKUP(M990,Sections!$A$2:$D$200,4,FALSE))","v":""}]
[{"$f":"IF(Start!A991=\"\",\"\",Start!A991)","v":""},{"$f":"IF(Start!B991=\"\",\"\",Start!B991)","v":""},{"$f":"IF(Start!C991=\"\",\"\",Start!C991)","v":""},{"$f":"IF(Start!D991=\"\",\"\",Start!D991)","v":""},{"$f":"IF(Start!E991=\"\",\"\",Start!E991)","v":""},{"$f":"IF(Start!F991=\"\",\"\",Start!F991)","v":""},{"$f":"IF(Start!G991=\"\",\"\",Start!G991)","v":""},{"$f":"IF(Start!H991=\"\",\"\",Start!H991)","v":""},"",{"$f":"IF(I991=\"\",\"\",LOOKUP(I991,{1,\"01\";2,\"02\";3,\"03\";4,\"04\";5,\"05\";6,\"06\";7,\"07\";8,\"08\";9,\"09\";10,\"10\";11,\"11\";12,\"12\";13,\"13\";14,\"14\";15,\"15\"}))","v":""},"","","",{"$f":"IF(B991=\"\",\"\",VLOOKUP(M991,Sections!$A$2:$D$200,3,FALSE))","v":""},{"$f":"IF(B991=\"\",\"\",VLOOKUP(M991,Sections!$A$2:$D$200,4,FALSE))","v":""}]
[{"$f":"IF(Start!A992=\"\",\"\",Start!A992)","v":""},{"$f":"IF(Start!B992=\"\",\"\",Start!B992)","v":""},{"$f":"IF(Start!C992=\"\",\"\",Start!C992)","v":""},{"$f":"IF(Start!D992=\"\",\"\",Start!D992)","v":""},{"$f":"IF(Start!E992=\"\",\"\",Start!E992)","v":""},{"$f":"IF(Start!F992=\"\",\"\",Start!F992)","v":""},{"$f":"IF(Start!G992=\"\",\"\",Start!G992)","v":""},{"$f":"IF(Start!H992=\"\",\"\",Start!H992)","v":""},"",{"$f":"IF(I992=\"\",\"\",LOOKUP(I992,{1,\"01\";2,\"02\";3,\"03\";4,\"04\";5,\"05\";6,\"06\";7,\"07\";8,\"08\";9,\"09\";10,\"10\";11,\"11\";12,\"12\";13,\"13\";14,\"14\";15,\"15\"}))","v":""},"","","",{"$f":"IF(B992=\"\",\"\",VLOOKUP(M992,Sections!$A$2:$D$200,3,FALSE))","v":""},{"$f":"IF(B992=\"\",\"\",VLOOKUP(M992,Sections!$A$2:$D$200,4,FALSE))","v":""}]
[{"$f":"IF(Start!A993=\"\",\"\",Start!A993)","v":""},{"$f":"IF(Start!B993=\"\",\"\",Start!B993)","v":""},{"$f":"IF(Start!C993=\"\",\"\",Start!C993)","v":""},{"$f":"IF(Start!D993=\"\",\"\",Start!D993)","v":""},{"$f":"IF(Start!E993=\"\",\"\",Start!E993)","v":""},{"$f":"IF(Start!F993=\"\",\"\",Start!F993)","v":""},{"$f":"IF(Start!G993=\"\",\"\",Start!G993)","v":""},{"$f":"IF(Start!H993=\"\",\"\",Start!H993)","v":""},"",{"$f":"IF(I993=\"\",\"\",LOOKUP(I993,{1,\"01\";2,\"02\";3,\"03\";4,\"04\";5,\"05\";6,\"06\";7,\"07\";8,\"08\";9,\"09\";10,\"10\";11,\"11\";12,\"12\";13,\"13\";14,\"14\";15,\"15\"}))","v":""},"","","",{"$f":"IF(B993=\"\",\"\",VLOOKUP(M993,Sections!$A$2:$D$200,3,FALSE))","v":""},{"$f":"IF(B993=\"\",\"\",VLOOKUP(M993,Sections!$A$2:$D$200,4,FALSE))","v":""}]
[{"$f":"IF(Start!A994=\"\",\"\",Start!A994)","v":""},{"$f":"IF(Start!B994=\"\",\"\",Start!B994)","v":""},{"$f":"IF(Start!C994=\"\",\"\",Start!C994)","v":""},{"$f":"IF(Start!D994=\"\",\"\",Start!D994)","v":""},{"$f":"IF(Start!E994=\"\",\"\",Start!E994)","v":""},{"$f":"IF(Start!F994=\"\",\"\",Start!F994)","v":""},{"$f":"IF(Start!G994=\"\",\"\",Start!G994)","v":""},{"$f":"IF(Start!H994=\"\",\"\",Start!H994)","v":""},"",{"$f":"IF(I994=\"\",\"\",LOOKUP(I994,{1,\"01\";2,\"02\";3,\"03\";4,\"04\";5,\"05\";6,\"06\";7,\"07\";8,\"08\";9,\"09\";10,\"10\";11,\"11\";12,\"12\";13,\"13\";14,\"14\";15,\"15\"}))","v":""},"","","",{"$f":"IF(B994=\"\",\"\",VLOOKUP(M994,Sections!$A$2:$D$200,3,FALSE))","v":""},{"$f":"IF(B994=\"\",\"\",VLOOKUP(M994,Sections!$A$2:$D$200,4,FALSE))","v":""}]
[{"$f":"IF(Start!A995=\"\",\"\",Start!A995)","v":""},{"$f":"IF(Start!B995=\"\",\"\",Start!B995)","v":""},{"$f":"IF(Start!C995=\"\",\"\",Start!C995)","v":""},{"$f":"IF(Start!D995=\"\",\"\",Start!D995)","v":""},{"$f":"IF(Start!E995=\"\",\"\",Start!E995)","v":""},{"$f":"IF(Start!F995=\"\",\"\",Start!F995)","v":""},{"$f":"IF(Start!G995=\"\",\"\",Start!G995)","v":""},{"$f":"IF(Start!H995=\"\",\"\",Start!H995)","v":""},"",{"$f":"IF(I995=\"\",\"\",LOOKUP(I995,{1,\"01\";2,\"02\";3,\"03\";4,\"04\";5,\"05\";6,\"06\";7,\"07\";8,\"08\";9,\"09\";10,\"10\";11,\"11\";12,\"12\";13,\"13\";14,\"14\";15,\"15\"}))","v":""},"","","",{"$f":"IF(B995=\"\",\"\",VLOOKUP(M995,Sections!$A$2:$D$200,3,FALSE))","v":""},{"$f":"IF(B995=\"\",\"\",VLOOKUP(M995,Sections!$A$2:$D$200,4,FALSE))","v":""}]
[{"$f":"IF(Start!A996=\"\",\"\",Start!A996)","v":""},{"$f":"IF(Start!B996=\"\",\"\",Start!B996)","v":""},{"$f":"IF(Start!C996=\"\",\"\",Start!C996)","v":""},{"$f":"IF(Start!D996=\"\",\"\",Start!D996)","v":""},{"$f":"IF(Start!E996=\"\",\"\",Start!E996)","v":""},{"$f":"IF(Start!F996=\"\",\"\",Start!F996)","v":""},{"$f":"IF(Start!G996=\"\",\"\",Start!G996)","v":""},{"$f":"IF(Start!H996=\"\",\"\",Start!H996)","v":""},"",{"$f":"IF(I996=\"\",\"\",LOOKUP(I996,{1,\"01\";2,\"02\";3,\"03\";4,\"04\";5,\"05\";6,\"06\";7,\"07\";8,\"08\";9,\"09\";10,\"10\";11,\"11\";12,\"12\";13,\"13\";14,\"14\";15,\"15\"}))","v":""},"","","",{"$f":"IF(B996=\"\",\"\",VLOOKUP(M996,Sections!$A$2:$D$200,3,FALSE))","v":""},{"$f":"IF(B996=\"\",\"\",VLOOKUP(M996,Sections!$A$2:$D$200,4,FALSE))","v":""}]
[{"$f":"IF(Start!A997=\"\",\"\",Start!A997)","v":""},{"$f":"IF(Start!B997=\"\",\"\",Start!B997)","v":""},{"$f":"IF(Start!C997=\"\",\"\",Start!C997)","v":""},{"$f":"IF(Start!D997=\"\",\"\",Start!D997)","v":""},{"$f":"IF(Start!E997=\"\",\"\",Start!E997)","v":""},{"$f":"IF(Start!F997=\"\",\"\",Start!F997)","v":""},{"$f":"IF(Start!G997=\"\",\"\",Start!G997)","v":""},{"$f":"IF(Start!H997=\"\",\"\",Start!H997)","v":""},"",{"$f":"IF(I997=\"\",\"\",LOOKUP(I997,{1,\"01\";2,\"02\";3,\"03\";4,\"04\";5,\"05\";6,\"06\";7,\"07\";8,\"08\";9,\"09\";10,\"10\";11,\"11\";12,\"12\";13,\"13\";14,\"14\";15,\"15\"}))","v":""},"","","",{"$f":"IF(B997=\"\",\"\",VLOOKUP(M997,Sections!$A$2:$D$200,3,FALSE))","v":""},{"$f":"IF(B997=\"\",\"\",VLOOKUP(M997,Sections!$A$2:$D$200,4,FALSE))","v":""}]
[{"$f":"IF(Start!A998=\"\",\"\",Start!A998)","v":""},{"$f":"IF(Start!B998=\"\",\"\",Start!B998)","v":""},{"$f":"IF(Start!C998=\"\",\"\",Start!C998)","v":""},{"$f":"IF(Start!D998=\"\",\"\",Start!D998)","v":""},{"$f":"IF(Start!E998=\"\",\"\",Start!E998)","v":""},{"$f":"IF(Start!F998=\"\",\"\",Start!F998)","v":""},{"$f":"IF(Start!G998=\"\",\"\",Start!G998)","v":""},{"$f":"IF(Start!H998=\"\",\"\",Start!H998)","v":""},"",{"$f":"IF(I998=\"\",\"\",LOOKUP(I998,{1,\"01\";2,\"02\";3,\"03\";4,\"04\";5,\"05\";6,\"06\";7,\"07\";8,\"08\";9,\"09\";10,\"10\";11,\"11\";12,\"12\";13,\"13\";14,\"14\";15,\"15\"}))","v":""},"","","",{"$f":"IF(B998=\"\",\"\",VLOOKUP(M998,Sections!$A$2:$D$200,3,FALSE))","v":""},{"$f":"IF(B998=\"\",\"\",VLOOKUP(M998,Sections!$A$2:$D$200,4,FALSE))","v":""}]
[{"$f":"IF(Start!A999=\"\",\"\",Start!A999)","v":""},{"$f":"IF(Start!B999=\"\",\"\",Start!B999)","v":""},{"$f":"IF(Start!C999=\"\",\"\",Start!C999)","v":""},{"$f":"IF(Start!D999=\"\",\"\",Start!D999)","v":""},{"$f":"IF(Start!E999=\"\",\"\",Start!E999)","v":""},{"$f":"IF(Start!F999=\"\",\"\",Start!F999)","v":""},{"$f":"IF(Start!G999=\"\",\"\",Start!G999)","v":""},{"$f":"IF(Start!H999=\"\",\"\",Start!H999)","v":""},"",{"$f":"IF(I999=\"\",\"\",LOOKUP(I999,{1,\"01\";2,\"02\";3,\"03\";4,\"04\";5,\"05\";6,\"06\";7,\"07\";8,\"08\";9,\"09\";10,\"10\";11,\"11\";12,\"12\";13,\"13\";14,\"14\";15,\"15\"}))","v":""},"","","",{"$f":"IF(B999=\"\",\"\",VLOOKUP(M999,Sections!$A$2:$D$200,3,FALSE))","v":""},{"$f":"IF(B999=\"\",\"\",VLOOKUP(M999,Sections!$A$2:$D$200,4,FALSE))","v":""}]
[{"$f":"IF(Start!A1000=\"\",\"\",Start!A1000)","v":""},{"$f":"IF(Start!B1000=\"\",\"\",Start!B1000)","v":""},{"$f":"IF(Start!C1000=\"\",\"\",Start!C1000)","v":""},{"$f":"IF(Start!D1000=\"\",\"\",Start!D1000)","v":""},{"$f":"IF(Start!E1000=\"\",\"\",Start!E1000)","v":""},{"$f":"IF(Start!F1000=\"\",\"\",Start!F1000)","v":""},{"$f":"IF(Start!G1000=\"\",\"\",Start!G1000)","v":""},{"$f":"IF(Start!H1000=\"\",\"\",Start!H1000)","v":""},"",{"$f":"IF(I1000=\"\",\"\",LOOKUP(I1000,{1,\"01\";2,\"02\";3,\"03\";4,\"04\";5,\"05\";6,\"06\";7,\"07\";8,\"08\";9,\"09\";10,\"10\";11,\"11\";12,\"12\";13,\"13\";14,\"14\";15,\"15\"}))","v":""},"","","",{"$f":"IF(B1000=\"\",\"\",VLOOKUP(M1000,Sections!$A$2:$D$200,3,FALSE))","v":""},{"$f":"IF(B1000=\"\",\"\",VLOOKUP(M1000,Sections!$A$2:$D$200,4,FALSE))","v":""}]
[{"$f":"IF(Start!A1001=\"\",\"\",Start!A1001)","v":""},{"$f":"IF(Start!B1001=\"\",\"\",Start!B1001)","v":""},{"$f":"IF(Start!C1001=\"\",\"\",Start!C1001)","v":""},{"$f":"IF(Start!D1001=\"\",\"\",Start!D1001)","v":""},{"$f":"IF(Start!E1001=\"\",\"\",Start!E1001)","v":""},{"$f":"IF(Start!F1001=\"\",\"\",Start!F1001)","v":""},{"$f":"IF(Start!G1001=\"\",\"\",Start!G1001)","v":""},{"$f":"IF(Start!H1001=\"\",\"\",Start!H1001)","v":""},"",{"$f":"IF(I1001=\"\",\"\",LOOKUP(I1001,{1,\"01\";2,\"02\";3,\"03\";4,\"04\";5,\"05\";6,\"06\";7,\"07\";8,\"08\";9,\"09\";10,\"10\";11,\"11\";12,\"12\";13,\"13\";14,\"14\";15,\"15\"}))","v":""},"","","",{"$f":"IF(B1001=\"\",\"\",VLOOKUP(M1001,Sections!$A$2:$D$200,3,FALSE))","v":""},{"$f":"IF(B1001=\"\",\"\",VLOOKUP(M1001,Sections!$A$2:$D$200,4,FALSE))","v":""}]
[{"$f":"IF(Start!A1002=\"\",\"\",Start!A1002)","v":""},{"$f":"IF(Start!B1002=\"\",\"\",Start!B1002)","v":""},{"$f":"IF(Start!C1002=\"\",\"\",Start!C1002)","v":""},{"$f":"IF(Start!D1002=\"\",\"\",Start!D1002)","v":""},{"$f":"IF(Start!E1002=\"\",\"\",Start!E1002)","v":""},{"$f":"IF(Start!F1002=\"\",\"\",Start!F1002)","v":""},{"$f":"IF(Start!G1002=\"\",\"\",Start!G1002)","v":""},{"$f":"IF(Start!H1002=\"\",\"\",Start!H1002)","v":""},"",{"$f":"IF(I1002=\"\",\"\",LOOKUP(I1002,{1,\"01\";2,\"02\";3,\"03\";4,\"04\";5,\"05\";6,\"06\";7,\"07\";8,\"08\";9,\"09\";10,\"10\";11,\"11\";12,\"12\";13,\"13\";14,\"14\";15,\"15\"}))","v":""},"","","",{"$f":"IF(B1002=\"\",\"\",VLOOKUP(M1002,Sections!$A$2:$D$200,3,FALSE))","v":""},{"$f":"IF(B1002=\"\",\"\",VLOOKUP(M1002,Sections!$A$2:$D$200,4,FALSE))","v":""}]
[{"$f":"IF(Start!A1003=\"\",\"\",Start!A1003)","v":""},{"$f":"IF(Start!B1003=\"\",\"\",Start!B1003)","v":""},{"$f":"IF(Start!C1003=\"\",\"\",Start!C1003)","v":""},{"$f":"IF(Start!D1003=\"\",\"\",Start!D1003)","v":""},{"$f":"IF(Start!E1003=\"\",\"\",Start!E1003)","v":""},{"$f":"IF(Start!F1003=\"\",\"\",Start!F1003)","v":""},{"$f":"IF(Start!G1003=\"\",\"\",Start!G1003)","v":""},{"$f":"IF(Start!H1003=\"\",\"\",Start!H1003)","v":""},"",{"$f":"IF(I1003=\"\",\"\",LOOKUP(I1003,{1,\"01\";2,\"02\";3,\"03\";4,\"04\";5,\"05\";6,\"06\";7,\"07\";8,\"08\";9,\"09\";10,\"10\";11,\"11\";12,\"12\";13,\"13\";14,\"14\";15,\"15\"}))","v":""},"","","",{"$f":"IF(B1003=\"\",\"\",VLOOKUP(M1003,Sections!$A$2:$D$200,3,FALSE))","v":""},{"$f":"IF(B1003=\"\",\"\",VLOOKUP(M1003,Sections!$A$2:$D$200,4,FALSE))","v":""}]
[{"$f":"IF(Start!A1004=\"\",\"\",Start!A1004)","v":""},{"$f":"IF(Start!B1004=\"\",\"\",Start!B1004)","v":""},{"$f":"IF(Start!C1004=\"\",\"\",Start!C1004)","v":""},{"$f":"IF(Start!D1004=\"\",\"\",Start!D1004)","v":""},{"$f":"IF(Start!E1004=\"\",\"\",Start!E1004)","v":""},{"$f":"IF(Start!F1004=\"\",\"\",Start!F1004)","v":""},{"$f":"IF(Start!G1004=\"\",\"\",Start!G1004)","v":""},{"$f":"IF(Start!H1004=\"\",\"\",Start!H1004)","v":""},"",{"$f":"IF(I1004=\"\",\"\",LOOKUP(I1004,{1,\"01\";2,\"02\";3,\"03\";4,\"04\";5,\"05\";6,\"06\";7,\"07\";8,\"08\";9,\"09\";10,\"10\";11,\"11\";12,\"12\";13,\"13\";14,\"14\";15,\"15\"}))","v":""},"","","",{"$f":"IF(B1004=\"\",\"\",VLOOKUP(M1004,Sections!$A$2:$D$200,3,FALSE))","v":""},{"$f":"IF(B1004=\"\",\"\",VLOOKUP(M1004,Sections!$A$2:$D$200,4,FALSE))","v":""}]
[{"$f":"IF(Start!A1005=\"\",\"\",Start!A1005)","v":""},{"$f":"IF(Start!B1005=\"\",\"\",Start!B1005)","v":""},{"$f":"IF(Start!C1005=\"\",\"\",Start!C1005)","v":""},{"$f":"IF(Start!D1005=\"\",\"\",Start!D1005)","v":""},{"$f":"IF(Start!E1005=\"\",\"\",Start!E1005)","v":""},{"$f":"IF(Start!F1005=\"\",\"\",Start!F1005)","v":""},{"$f":"IF(Start!G1005=\"\",\"\",Start!G1005)","v":""},{"$f":"IF(Start!H1005=\"\",\"\",Start!H1005)","v":""},"",{"$f":"IF(I1005=\"\",\"\",LOOKUP(I1005,{1,\"01\";2,\"02\";3,\"03\";4,\"04\";5,\"05\";6,\"06\";7,\"07\";8,\"08\";9,\"09\";10,\"10\";11,\"11\";12,\"12\";13,\"13\";14,\"14\";15,\"15\"}))","v":""},"","","",{"$f":"IF(B1005=\"\",\"\",VLOOKUP(M1005,Sections!$A$2:$D$200,3,FALSE))","v":""},{"$f":"IF(B1005=\"\",\"\",VLOOKUP(M1005,Sections!$A$2:$D$200,4,FALSE))","v":""}]
[{"$f":"IF(Start!A1006=\"\",\"\",Start!A1006)","v":""},{"$f":"IF(Start!B1006=\"\",\"\",Start!B1006)","v":""},{"$f":"IF(Start!C1006=\"\",\"\",Start!C1006)","v":""},{"$f":"IF(Start!D1006=\"\",\"\",Start!D1006)","v":""},{"$f":"IF(Start!E1006=\"\",\"\",Start!E1006)","v":""},{"$f":"IF(Start!F1006=\"\",\"\",Start!F1006)","v":""},{"$f":"IF(Start!G1006=\"\",\"\",Start!G1006)","v":""},{"$f":"IF(Start!H1006=\"\",\"\",Start!H1006)","v":""},"",{"$f":"IF(I1006=\"\",\"\",LOOKUP(I1006,{1,\"01\";2,\"02\";3,\"03\";4,\"04\";5,\"05\";6,\"06\";7,\"07\";8,\"08\";9,\"09\";10,\"10\";11,\"11\";12,\"12\";13,\"13\";14,\"14\";15,\"15\"}))","v":""},"","","",{"$f":"IF(B1006=\"\",\"\",VLOOKUP(M1006,Sections!$A$2:$D$200,3,FALSE))","v":""},{"$f":"IF(B1006=\"\",\"\",VLOOKUP(M1006,Sections!$A$2:$D$200,4,FALSE))","v":""}]
[{"$f":"IF(Start!A1007=\"\",\"\",Start!A1007)","v":""},{"$f":"IF(Start!B1007=\"\",\"\",Start!B1007)","v":""},{"$f":"IF(Start!C1007=\"\",\"\",Start!C1007)","v":""},{"$f":"IF(Start!D1007=\"\",\"\",Start!D1007)","v":""},{"$f":"IF(Start!E1007=\"\",\"\",Start!E1007)","v":""},{"$f":"IF(Start!F1007=\"\",\"\",Start!F1007)","v":""},{"$f":"IF(Start!G1007=\"\",\"\",Start!G1007)","v":""},{"$f":"IF(Start!H1007=\"\",\"\",Start!H1007)","v":""},"",{"$f":"IF(I1007=\"\",\"\",LOOKUP(I1007,{1,\"01\";2,\"02\";3,\"03\";4,\"04\";5,\"05\";6,\"06\";7,\"07\";8,\"08\";9,\"09\";10,\"10\";11,\"11\";12,\"12\";13,\"13\";14,\"14\";15,\"15\"}))","v":""},"","","",{"$f":"IF(B1007=\"\",\"\",VLOOKUP(M1007,Sections!$A$2:$D$200,3,FALSE))","v":""},{"$f":"IF(B1007=\"\",\"\",VLOOKUP(M1007,Sections!$A$2:$D$200,4,FALSE))","v":""}]
[{"$f":"IF(Start!A1008=\"\",\"\",Start!A1008)","v":""},{"$f":"IF(Start!B1008=\"\",\"\",Start!B1008)","v":""},{"$f":"IF(Start!C1008=\"\",\"\",Start!C1008)","v":""},{"$f":"IF(Start!D1008=\"\",\"\",Start!D1008)","v":""},{"$f":"IF(Start!E1008=\"\",\"\",Start!E1008)","v":""},{"$f":"IF(Start!F1008=\"\",\"\",Start!F1008)","v":""},{"$f":"IF(Start!G1008=\"\",\"\",Start!G1008)","v":""},{"$f":"IF(Start!H1008=\"\",\"\",Start!H1008)","v":""},"",{"$f":"IF(I1008=\"\",\"\",LOOKUP(I1008,{1,\"01\";2,\"02\";3,\"03\";4,\"04\";5,\"05\";6,\"06\";7,\"07\";8,\"08\";9,\"09\";10,\"10\";11,\"11\";12,\"12\";13,\"13\";14,\"14\";15,\"15\"}))","v":""},"","","",{"$f":"IF(B1008=\"\",\"\",VLOOKUP(M1008,Sections!$A$2:$D$200,3,FALSE))","v":""},{"$f":"IF(B1008=\"\",\"\",VLOOKUP(M1008,Sections!$A$2:$D$200,4,FALSE))","v":""}]
[{"$f":"IF(Start!A1009=\"\",\"\",Start!A1009)","v":""},{"$f":"IF(Start!B1009=\"\",\"\",Start!B1009)","v":""},{"$f":"IF(Start!C1009=\"\",\"\",Start!C1009)","v":""},{"$f":"IF(Start!D1009=\"\",\"\",Start!D1009)","v":""},{"$f":"IF(Start!E1009=\"\",\"\",Start!E1009)","v":""},{"$f":"IF(Start!F1009=\"\",\"\",Start!F1009)","v":""},{"$f":"IF(Start!G1009=\"\",\"\",Start!G1009)","v":""},{"$f":"IF(Start!H1009=\"\",\"\",Start!H1009)","v":""},"",{"$f":"IF(I1009=\"\",\"\",LOOKUP(I1009,{1,\"01\";2,\"02\";3,\"03\";4,\"04\";5,\"05\";6,\"06\";7,\"07\";8,\"08\";9,\"09\";10,\"10\";11,\"11\";12,\"12\";13,\"13\";14,\"14\";15,\"15\"}))","v":""},"","","",{"$f":"IF(B1009=\"\",\"\",VLOOKUP(M1009,Sections!$A$2:$D$200,3,FALSE))","v":""},{"$f":"IF(B1009=\"\",\"\",VLOOKUP(M1009,Sections!$A$2:$D$200,4,FALSE))","v":""}]
[{"$f":"IF(Start!A1010=\"\",\"\",Start!A1010)","v":""},{"$f":"IF(Start!B1010=\"\",\"\",Start!B1010)","v":""},{"$f":"IF(Start!C1010=\"\",\"\",Start!C1010)","v":""},{"$f":"IF(Start!D1010=\"\",\"\",Start!D1010)","v":""},{"$f":"IF(Start!E1010=\"\",\"\",Start!E1010)","v":""},{"$f":"IF(Start!F1010=\"\",\"\",Start!F1010)","v":""},{"$f":"IF(Start!G1010=\"\",\"\",Start!G1010)","v":""},{"$f":"IF(Start!H1010=\"\",\"\",Start!H1010)","v":""},"",{"$f":"IF(I1010=\"\",\"\",LOOKUP(I1010,{1,\"01\";2,\"02\";3,\"03\";4,\"04\";5,\"05\";6,\"06\";7,\"07\";8,\"08\";9,\"09\";10,\"10\";11,\"11\";12,\"12\";13,\"13\";14,\"14\";15,\"15\"}))","v":""},"","","",{"$f":"IF(B1010=\"\",\"\",VLOOKUP(M1010,Sections!$A$2:$D$200,3,FALSE))","v":""},{"$f":"IF(B1010=\"\",\"\",VLOOKUP(M1010,Sections!$A$2:$D$200,4,FALSE))","v":""}]
[{"$f":"IF(Start!A1011=\"\",\"\",Start!A1011)","v":""},{"$f":"IF(Start!B1011=\"\",\"\",Start!B1011)","v":""},{"$f":"IF(Start!C1011=\"\",\"\",Start!C1011)","v":""},{"$f":"IF(Start!D1011=\"\",\"\",Start!D1011)","v":""},{"$f":"IF(Start!E1011=\"\",\"\",Start!E1011)","v":""},{"$f":"IF(Start!F1011=\"\",\"\",Start!F1011)","v":""},{"$f":"IF(Start!G1011=\"\",\"\",Start!G1011)","v":""},{"$f":"IF(Start!H1011=\"\",\"\",Start!H1011)","v":""},"",{"$f":"IF(I1011=\"\",\"\",LOOKUP(I1011,{1,\"01\";2,\"02\";3,\"03\";4,\"04\";5,\"05\";6,\"06\";7,\"07\";8,\"08\";9,\"09\";10,\"10\";11,\"11\";12,\"12\";13,\"13\";14,\"14\";15,\"15\"}))","v":""},"","","",{"$f":"IF(B1011=\"\",\"\",VLOOKUP(M1011,Sections!$A$2:$D$200,3,FALSE))","v":""},{"$f":"IF(B1011=\"\",\"\",VLOOKUP(M1011,Sections!$A$2:$D$200,4,FALSE))","v":""}]
[{"$f":"IF(Start!A1012=\"\",\"\",Start!A1012)","v":""},{"$f":"IF(Start!B1012=\"\",\"\",Start!B1012)","v":""},{"$f":"IF(Start!C1012=\"\",\"\",Start!C1012)","v":""},{"$f":"IF(Start!D1012=\"\",\"\",Start!D1012)","v":""},{"$f":"IF(Start!E1012=\"\",\"\",Start!E1012)","v":""},{"$f":"IF(Start!F1012=\"\",\"\",Start!F1012)","v":""},{"$f":"IF(Start!G1012=\"\",\"\",Start!G1012)","v":""},{"$f":"IF(Start!H1012=\"\",\"\",Start!H1012)","v":""},"",{"$f":"IF(I1012=\"\",\"\",LOOKUP(I1012,{1,\"01\";2,\"02\";3,\"03\";4,\"04\";5,\"05\";6,\"06\";7,\"07\";8,\"08\";9,\"09\";10,\"10\";11,\"11\";12,\"12\";13,\"13\";14,\"14\";15,\"15\"}))","v":""},"","","",{"$f":"IF(B1012=\"\",\"\",VLOOKUP(M1012,Sections!$A$2:$D$200,3,FALSE))","v":""},{"$f":"IF(B1012=\"\",\"\",VLOOKUP(M1012,Sections!$A$2:$D$200,4,FALSE))","v":""}]
[{"$f":"IF(Start!A1013=\"\",\"\",Start!A1013)","v":""},{"$f":"IF(Start!B1013=\"\",\"\",Start!B1013)","v":""},{"$f":"IF(Start!C1013=\"\",\"\",Start!C1013)","v":""},{"$f":"IF(Start!D1013=\"\",\"\",Start!D1013)","v":""},{"$f":"IF(Start!E1013=\"\",\"\",Start!E1013)","v":""},{"$f":"IF(Start!F1013=\"\",\"\",Start!F1013)","v":""},{"$f":"IF(Start!G1013=\"\",\"\",Start!G1013)","v":""},{"$f":"IF(Start!H1013=\"\",\"\",Start!H1013)","v":""},"",{"$f":"IF(I1013=\"\",\"\",LOOKUP(I1013,{1,\"01\";2,\"02\";3,\"03\";4,\"04\";5,\"05\";6,\"06\";7,\"07\";8,\"08\";9,\"09\";10,\"10\";11,\"11\";12,\"12\";13,\"13\";14,\"14\";15,\"15\"}))","v":""},"","","",{"$f":"IF(B1013=\"\",\"\",VLOOKUP(M1013,Sections!$A$2:$D$200,3,FALSE))","v":""},{"$f":"IF(B1013=\"\",\"\",VLOOKUP(M1013,Sections!$A$2:$D$200,4,FALSE))","v":""}]
[{"$f":"IF(Start!A1014=\"\",\"\",Start!A1014)","v":""},{"$f":"IF(Start!B1014=\"\",\"\",Start!B1014)","v":""},{"$f":"IF(Start!C1014=\"\",\"\",Start!C1014)","v":""},{"$f":"IF(Start!D1014=\"\",\"\",Start!D1014)","v":""},{"$f":"IF(Start!E1014=\"\",\"\",Start!E1014)","v":""},{"$f":"IF(Start!F1014=\"\",\"\",Start!F1014)","v":""},{"$f":"IF(Start!G1014=\"\",\"\",Start!G1014)","v":""},{"$f":"IF(Start!H1014=\"\",\"\",Start!H1014)","v":""},"",{"$f":"IF(I1014=\"\",\"\",LOOKUP(I1014,{1,\"01\";2,\"02\";3,\"03\";4,\"04\";5,\"05\";6,\"06\";7,\"07\";8,\"08\";9,\"09\";10,\"10\";11,\"11\";12,\"12\";13,\"13\";14,\"14\";15,\"15\"}))","v":""},"","","",{"$f":"IF(B1014=\"\",\"\",VLOOKUP(M1014,Sections!$A$2:$D$200,3,FALSE))","v":""},{"$f":"IF(B1014=\"\",\"\",VLOOKUP(M1014,Sections!$A$2:$D$200,4,FALSE))","v":""}]
[{"$f":"IF(Start!A1015=\"\",\"\",Start!A1015)","v":""},{"$f":"IF(Start!B1015=\"\",\"\",Start!B1015)","v":""},{"$f":"IF(Start!C1015=\"\",\"\",Start!C1015)","v":""},{"$f":"IF(Start!D1015=\"\",\"\",Start!D1015)","v":""},{"$f":"IF(Start!E1015=\"\",\"\",Start!E1015)","v":""},{"$f":"IF(Start!F1015=\"\",\"\",Start!F1015)","v":""},{"$f":"IF(Start!G1015=\"\",\"\",Start!G1015)","v":""},{"$f":"IF(Start!H1015=\"\",\"\",Start!H1015)","v":""},"",{"$f":"IF(I1015=\"\",\"\",LOOKUP(I1015,{1,\"01\";2,\"02\";3,\"03\";4,\"04\";5,\"05\";6,\"06\";7,\"07\";8,\"08\";9,\"09\";10,\"10\";11,\"11\";12,\"12\";13,\"13\";14,\"14\";15,\"15\"}))","v":""},"","","",{"$f":"IF(B1015=\"\",\"\",VLOOKUP(M1015,Sections!$A$2:$D$200,3,FALSE))","v":""},{"$f":"IF(B1015=\"\",\"\",VLOOKUP(M1015,Sections!$A$2:$D$200,4,FALSE))","v":""}]
[{"$f":"IF(Start!A1016=\"\",\"\",Start!A1016)","v":""},{"$f":"IF(Start!B1016=\"\",\"\",Start!B1016)","v":""},{"$f":"IF(Start!C1016=\"\",\"\",Start!C1016)","v":""},{"$f":"IF(Start!D1016=\"\",\"\",Start!D1016)","v":""},{"$f":"IF(Start!E1016=\"\",\"\",Start!E1016)","v":""},{"$f":"IF(Start!F1016=\"\",\"\",Start!F1016)","v":""},{"$f":"IF(Start!G1016=\"\",\"\",Start!G1016)","v":""},{"$f":"IF(Start!H1016=\"\",\"\",Start!H1016)","v":""},"",{"$f":"IF(I1016=\"\",\"\",LOOKUP(I1016,{1,\"01\";2,\"02\";3,\"03\";4,\"04\";5,\"05\";6,\"06\";7,\"07\";8,\"08\";9,\"09\";10,\"10\";11,\"11\";12,\"12\";13,\"13\";14,\"14\";15,\"15\"}))","v":""},"","","",{"$f":"IF(B1016=\"\",\"\",VLOOKUP(M1016,Sections!$A$2:$D$200,3,FALSE))","v":""},{"$f":"IF(B1016=\"\",\"\",VLOOKUP(M1016,Sections!$A$2:$D$200,4,FALSE))","v":""}]
[{"$f":"IF(Start!A1017=\"\",\"\",Start!A1017)","v":""},{"$f":"IF(Start!B1017=\"\",\"\",Start!B1017)","v":""},{"$f":"IF(Start!C1017=\"\",\"\",Start!C1017)","v":""},{"$f":"IF(Start!D1017=\"\",\"\",Start!D1017)","v":""},{"$f":"IF(Start!E1017=\"\",\"\",Start!E1017)","v":""},{"$f":"IF(Start!F1017=\"\",\"\",Start!F1017)","v":""},{"$f":"IF(Start!G1017=\"\",\"\",Start!G1017)","v":""},{"$f":"IF(Start!H1017=\"\",\"\",Start!H1017)","v":""},"",{"$f":"IF(I1017=\"\",\"\",LOOKUP(I1017,{1,\"01\";2,\"02\";3,\"03\";4,\"04\";5,\"05\";6,\"06\";7,\"07\";8,\"08\";9,\"09\";10,\"10\";11,\"11\";12,\"12\";13,\"13\";14,\"14\";15,\"15\"}))","v":""},"","","",{"$f":"IF(B1017=\"\",\"\",VLOOKUP(M1017,Sections!$A$2:$D$200,3,FALSE))","v":""},{"$f":"IF(B1017=\"\",\"\",VLOOKUP(M1017,Sections!$A$2:$D$200,4,FALSE))","v":""}]
[{"$f":"IF(Start!A1018=\"\",\"\",Start!A1018)","v":""},{"$f":"IF(Start!B1018=\"\",\"\",Start!B1018)","v":""},{"$f":"IF(Start!C1018=\"\",\"\",Start!C1018)","v":""},{"$f":"IF(Start!D1018=\"\",\"\",Start!D1018)","v":""},{"$f":"IF(Start!E1018=\"\",\"\",Start!E1018)","v":""},{"$f":"IF(Start!F1018=\"\",\"\",Start!F1018)","v":""},{"$f":"IF(Start!G1018=\"\",\"\",Start!G1018)","v":""},{"$f":"IF(Start!H1018=\"\",\"\",Start!H1018)","v":""},"",{"$f":"IF(I1018=\"\",\"\",LOOKUP(I1018,{1,\"01\";2,\"02\";3,\"03\";4,\"04\";5,\"05\";6,\"06\";7,\"07\";8,\"08\";9,\"09\";10,\"10\";11,\"11\";12,\"12\";13,\"13\";14,\"14\";15,\"15\"}))","v":""},"","","",{"$f":"IF(B1018=\"\",\"\",VLOOKUP(M1018,Sections!$A$2:$D$200,3,FALSE))","v":""},{"$f":"IF(B1018=\"\",\"\",VLOOKUP(M1018,Sections!$A$2:$D$200,4,FALSE))","v":""}]
[{"$f":"IF(Start!A1019=\"\",\"\",Start!A1019)","v":""},{"$f":"IF(Start!B1019=\"\",\"\",Start!B1019)","v":""},{"$f":"IF(Start!C1019=\"\",\"\",Start!C1019)","v":""},{"$f":"IF(Start!D1019=\"\",\"\",Start!D1019)","v":""},{"$f":"IF(Start!E1019=\"\",\"\",Start!E1019)","v":""},{"$f":"IF(Start!F1019=\"\",\"\",Start!F1019)","v":""},{"$f":"IF(Start!G1019=\"\",\"\",Start!G1019)","v":""},{"$f":"IF(Start!H1019=\"\",\"\",Start!H1019)","v":""},"",{"$f":"IF(I1019=\"\",\"\",LOOKUP(I1019,{1,\"01\";2,\"02\";3,\"03\";4,\"04\";5,\"05\";6,\"06\";7,\"07\";8,\"08\";9,\"09\";10,\"10\";11,\"11\";12,\"12\";13,\"13\";14,\"14\";15,\"15\"}))","v":""},"","","",{"$f":"IF(B1019=\"\",\"\",VLOOKUP(M1019,Sections!$A$2:$D$200,3,FALSE))","v":""},{"$f":"IF(B1019=\"\",\"\",VLOOKUP(M1019,Sections!$A$2:$D$200,4,FALSE))","v":""}]
[{"$f":"IF(Start!A1020=\"\",\"\",Start!A1020)","v":""},{"$f":"IF(Start!B1020=\"\",\"\",Start!B1020)","v":""},{"$f":"IF(Start!C1020=\"\",\"\",Start!C1020)","v":""},{"$f":"IF(Start!D1020=\"\",\"\",Start!D1020)","v":""},{"$f":"IF(Start!E1020=\"\",\"\",Start!E1020)","v":""},{"$f":"IF(Start!F1020=\"\",\"\",Start!F1020)","v":""},{"$f":"IF(Start!G1020=\"\",\"\",Start!G1020)","v":""},{"$f":"IF(Start!H1020=\"\",\"\",Start!H1020)","v":""},"",{"$f":"IF(I1020=\"\",\"\",LOOKUP(I1020,{1,\"01\";2,\"02\";3,\"03\";4,\"04\";5,\"05\";6,\"06\";7,\"07\";8,\"08\";9,\"09\";10,\"10\";11,\"11\";12,\"12\";13,\"13\";14,\"14\";15,\"15\"}))","v":""},"","","",{"$f":"IF(B1020=\"\",\"\",VLOOKUP(M1020,Sections!$A$2:$D$200,3,FALSE))","v":""},{"$f":"IF(B1020=\"\",\"\",VLOOKUP(M1020,Sections!$A$2:$D$200,4,FALSE))","v":""}]
[{"$f":"IF(Start!A1021=\"\",\"\",Start!A1021)","v":""},{"$f":"IF(Start!B1021=\"\",\"\",Start!B1021)","v":""},{"$f":"IF(Start!C1021=\"\",\"\",Start!C1021)","v":""},{"$f":"IF(Start!D1021=\"\",\"\",Start!D1021)","v":""},{"$f":"IF(Start!E1021=\"\",\"\",Start!E1021)","v":""},{"$f":"IF(Start!F1021=\"\",\"\",Start!F1021)","v":""},{"$f":"IF(Start!G1021=\"\",\"\",Start!G1021)","v":""},{"$f":"IF(Start!H1021=\"\",\"\",Start!H1021)","v":""},"",{"$f":"IF(I1021=\"\",\"\",LOOKUP(I1021,{1,\"01\";2,\"02\";3,\"03\";4,\"04\";5,\"05\";6,\"06\";7,\"07\";8,\"08\";9,\"09\";10,\"10\";11,\"11\";12,\"12\";13,\"13\";14,\"14\";15,\"15\"}))","v":""},"","","",{"$f":"IF(B1021=\"\",\"\",VLOOKUP(M1021,Sections!$A$2:$D$200,3,FALSE))","v":""},{"$f":"IF(B1021=\"\",\"\",VLOOKUP(M1021,Sections!$A$2:$D$200,4,FALSE))","v":""}]
[{"$f":"IF(Start!A1022=\"\",\"\",Start!A1022)","v":""},{"$f":"IF(Start!B1022=\"\",\"\",Start!B1022)","v":""},{"$f":"IF(Start!C1022=\"\",\"\",Start!C1022)","v":""},{"$f":"IF(Start!D1022=\"\",\"\",Start!D1022)","v":""},{"$f":"IF(Start!E1022=\"\",\"\",Start!E1022)","v":""},{"$f":"IF(Start!F1022=\"\",\"\",Start!F1022)","v":""},{"$f":"IF(Start!G1022=\"\",\"\",Start!G1022)","v":""},{"$f":"IF(Start!H1022=\"\",\"\",Start!H1022)","v":""},"",{"$f":"IF(I1022=\"\",\"\",LOOKUP(I1022,{1,\"01\";2,\"02\";3,\"03\";4,\"04\";5,\"05\";6,\"06\";7,\"07\";8,\"08\";9,\"09\";10,\"10\";11,\"11\";12,\"12\";13,\"13\";14,\"14\";15,\"15\"}))","v":""},"","","",{"$f":"IF(B1022=\"\",\"\",VLOOKUP(M1022,Sections!$A$2:$D$200,3,FALSE))","v":""},{"$f":"IF(B1022=\"\",\"\",VLOOKUP(M1022,Sections!$A$2:$D$200,4,FALSE))","v":""}]
[{"$f":"IF(Start!A1023=\"\",\"\",Start!A1023)","v":""},{"$f":"IF(Start!B1023=\"\",\"\",Start!B1023)","v":""},{"$f":"IF(Start!C1023=\"\",\"\",Start!C1023)","v":""},{"$f":"IF(Start!D1023=\"\",\"\",Start!D1023)","v":""},{"$f":"IF(Start!E1023=\"\",\"\",Start!E1023)","v":""},{"$f":"IF(Start!F1023=\"\",\"\",Start!F1023)","v":""},{"$f":"IF(Start!G1023=\"\",\"\",Start!G1023)","v":""},{"$f":"IF(Start!H1023=\"\",\"\",Start!H1023)","v":""},"",{"$f":"IF(I1023=\"\",\"\",LOOKUP(I1023,{1,\"01\";2,\"02\";3,\"03\";4,\"04\";5,\"05\";6,\"06\";7,\"07\";8,\"08\";9,\"09\";10,\"10\";11,\"11\";12,\"12\";13,\"13\";14,\"14\";15,\"15\"}))","v":""},"","","",{"$f":"IF(B1023=\"\",\"\",VLOOKUP(M1023,Sections!$A$2:$D$200,3,FALSE))","v":""},{"$f":"IF(B1023=\"\",\"\",VLOOKUP(M1023,Sections!$A$2:$D$200,4,FALSE))","v":""}]
[{"$f":"IF(Start!A1024=\"\",\"\",Start!A1024)","v":""},{"$f":"IF(Start!B1024=\"\",\"\",Start!B1024)","v":""},{"$f":"IF(Start!C1024=\"\",\"\",Start!C1024)","v":""},{"$f":"IF(Start!D1024=\"\",\"\",Start!D1024)","v":""},{"$f":"IF(Start!E1024=\"\",\"\",Start!E1024)","v":""},{"$f":"IF(Start!F1024=\"\",\"\",Start!F1024)","v":""},{"$f":"IF(Start!G1024=\"\",\"\",Start!G1024)","v":""},{"$f":"IF(Start!H1024=\"\",\"\",Start!H1024)","v":""},"",{"$f":"IF(I1024=\"\",\"\",LOOKUP(I1024,{1,\"01\";2,\"02\";3,\"03\";4,\"04\";5,\"05\";6,\"06\";7,\"07\";8,\"08\";9,\"09\";10,\"10\";11,\"11\";12,\"12\";13,\"13\";14,\"14\";15,\"15\"}))","v":""},"","","",{"$f":"IF(B1024=\"\",\"\",VLOOKUP(M1024,Sections!$A$2:$D$200,3,FALSE))","v":""},{"$f":"IF(B1024=\"\",\"\",VLOOKUP(M1024,Sections!$A$2:$D$200,4,FALSE))","v":""}]
[{"$f":"IF(Start!A1025=\"\",\"\",Start!A1025)","v":""},{"$f":"IF(Start!B1025=\"\",\"\",Start!B1025)","v":""},{"$f":"IF(Start!C1025=\"\",\"\",Start!C1025)","v":""},{"$f":"IF(Start!D1025=\"\",\"\",Start!D1025)","v":""},{"$f":"IF(Start!E1025=\"\",\"\",Start!E1025)","v":""},{"$f":"IF(Start!F1025=\"\",\"\",Start!F1025)","v":""},{"$f":"IF(Start!G1025=\"\",\"\",Start!G1025)","v":""},{"$f":"IF(Start!H1025=\"\",\"\",Start!H1025)","v":""},"",{"$f":"IF(I1025=\"\",\"\",LOOKUP(I1025,{1,\"01\";2,\"02\";3,\"03\";4,\"04\";5,\"05\";6,\"06\";7,\"07\";8,\"08\";9,\"09\";10,\"10\";11,\"11\";12,\"12\";13,\"13\";14,\"14\";15,\"15\"}))","v":""},"","","",{"$f":"IF(B1025=\"\",\"\",VLOOKUP(M1025,Sections!$A$2:$D$200,3,FALSE))","v":""},{"$f":"IF(B1025=\"\",\"\",VLOOKUP(M1025,Sections!$A$2:$D$200,4,FALSE))","v":""}]
[{"$f":"IF(Start!A1026=\"\",\"\",Start!A1026)","v":""},{"$f":"IF(Start!B1026=\"\",\"\",Start!B1026)","v":""},{"$f":"IF(Start!C1026=\"\",\"\",Start!C1026)","v":""},{"$f":"IF(Start!D1026=\"\",\"\",Start!D1026)","v":""},{"$f":"IF(Start!E1026=\"\",\"\",Start!E1026)","v":""},{"$f":"IF(Start!F1026=\"\",\"\",Start!F1026)","v":""},{"$f":"IF(Start!G1026=\"\",\"\",Start!G1026)","v":""},{"$f":"IF(Start!H1026=\"\",\"\",Start!H1026)","v":""},"",{"$f":"IF(I1026=\"\",\"\",LOOKUP(I1026,{1,\"01\";2,\"02\";3,\"03\";4,\"04\";5,\"05\";6,\"06\";7,\"07\";8,\"08\";9,\"09\";10,\"10\";11,\"11\";12,\"12\";13,\"13\";14,\"14\";15,\"15\"}))","v":""},"","","",{"$f":"IF(B1026=\"\",\"\",VLOOKUP(M1026,Sections!$A$2:$D$200,3,FALSE))","v":""},{"$f":"IF(B1026=\"\",\"\",VLOOKUP(M1026,Sections!$A$2:$D$200,4,FALSE))","v":""}]
[{"$f":"IF(Start!A1027=\"\",\"\",Start!A1027)","v":""},{"$f":"IF(Start!B1027=\"\",\"\",Start!B1027)","v":""},{"$f":"IF(Start!C1027=\"\",\"\",Start!C1027)","v":""},{"$f":"IF(Start!D1027=\"\",\"\",Start!D1027)","v":""},{"$f":"IF(Start!E1027=\"\",\"\",Start!E1027)","v":""},{"$f":"IF(Start!F1027=\"\",\"\",Start!F1027)","v":""},{"$f":"IF(Start!G1027=\"\",\"\",Start!G1027)","v":""},{"$f":"IF(Start!H1027=\"\",\"\",Start!H1027)","v":""},{"$f":"IF(AND(A1027=\"\",B1027=\"\",C1027=\"\"),\"\",IF(AND(A1027<>\"\",B1027=\"\",G1027=0,H1027=0),D1027,I1026))","v":""},{"$f":"IF(I1027=\"\",\"\",LOOKUP(I1027,{1,\"01\";2,\"02\";3,\"03\";4,\"04\";5,\"05\";6,\"06\";7,\"07\";8,\"08\";9,\"09\";10,\"10\";11,\"11\";12,\"12\";13,\"13\";14,\"14\";15,\"15\"}))","v":""},{"$f":"IF(AND(A1027<>\"\",B1027=\"\"),J1027&\". \"&PROPER(C1027),IF(AND(A1027=\"\",B1027<>\"\"),PROPER(K1026),\"\"))","v":""},{"$f":"IF(B1027=\"\",\"\",LEFT(B1027,1)*100)","v":""},{"$f":"IF(B1027=\"\",\"\",LEFT(B1027,3)*1)","v":""},{"$f":"IF(B1027=\"\",\"\",VLOOKUP(M1027,Sections!$A$2:$D$200,3,FALSE))","v":""},{"$f":"IF(B1027=\"\",\"\",VLOOKUP(M1027,Sections!$A$2:$D$200,4,FALSE))","v":""}]
[{"$f":"IF(Start!A1028=\"\",\"\",Start!A1028)","v":""},{"$f":"IF(Start!B1028=\"\",\"\",Start!B1028)","v":""},{"$f":"IF(Start!C1028=\"\",\"\",Start!C1028)","v":""},{"$f":"IF(Start!D1028=\"\",\"\",Start!D1028)","v":""},{"$f":"IF(Start!E1028=\"\",\"\",Start!E1028)","v":""},{"$f":"IF(Start!F1028=\"\",\"\",Start!F1028)","v":""},{"$f":"IF(Start!G1028=\"\",\"\",Start!G1028)","v":""},{"$f":"IF(Start!H1028=\"\",\"\",Start!H1028)","v":""},"",{"$f":"IF(I1028=\"\",\"\",LOOKUP(I1028,{1,\"01\";2,\"02\";3,\"03\";4,\"04\";5,\"05\";6,\"06\";7,\"07\";8,\"08\";9,\"09\";10,\"10\";11,\"11\";12,\"12\";13,\"13\";14,\"14\";15,\"15\"}))","v":""},"","","",{"$f":"IF(B1028=\"\",\"\",VLOOKUP(M1028,Sections!$A$2:$D$200,3,FALSE))","v":""},{"$f":"IF(B1028=\"\",\"\",VLOOKUP(M1028,Sections!$A$2:$D$200,4,FALSE))","v":""}]
[{"$f":"IF(Start!A1029=\"\",\"\",Start!A1029)","v":""},{"$f":"IF(Start!B1029=\"\",\"\",Start!B1029)","v":""},{"$f":"IF(Start!C1029=\"\",\"\",Start!C1029)","v":""},{"$f":"IF(Start!D1029=\"\",\"\",Start!D1029)","v":""},{"$f":"IF(Start!E1029=\"\",\"\",Start!E1029)","v":""},{"$f":"IF(Start!F1029=\"\",\"\",Start!F1029)","v":""},{"$f":"IF(Start!G1029=\"\",\"\",Start!G1029)","v":""},{"$f":"IF(Start!H1029=\"\",\"\",Start!H1029)","v":""},"",{"$f":"IF(I1029=\"\",\"\",LOOKUP(I1029,{1,\"01\";2,\"02\";3,\"03\";4,\"04\";5,\"05\";6,\"06\";7,\"07\";8,\"08\";9,\"09\";10,\"10\";11,\"11\";12,\"12\";13,\"13\";14,\"14\";15,\"15\"}))","v":""},"","","",{"$f":"IF(B1029=\"\",\"\",VLOOKUP(M1029,Sections!$A$2:$D$200,3,FALSE))","v":""},{"$f":"IF(B1029=\"\",\"\",VLOOKUP(M1029,Sections!$A$2:$D$200,4,FALSE))","v":""}]
[{"$f":"IF(Start!A1030=\"\",\"\",Start!A1030)","v":""},{"$f":"IF(Start!B1030=\"\",\"\",Start!B1030)","v":""},{"$f":"IF(Start!C1030=\"\",\"\",Start!C1030)","v":""},{"$f":"IF(Start!D1030=\"\",\"\",Start!D1030)","v":""},{"$f":"IF(Start!E1030=\"\",\"\",Start!E1030)","v":""},{"$f":"IF(Start!F1030=\"\",\"\",Start!F1030)","v":""},{"$f":"IF(Start!G1030=\"\",\"\",Start!G1030)","v":""},{"$f":"IF(Start!H1030=\"\",\"\",Start!H1030)","v":""},"",{"$f":"IF(I1030=\"\",\"\",LOOKUP(I1030,{1,\"01\";2,\"02\";3,\"03\";4,\"04\";5,\"05\";6,\"06\";7,\"07\";8,\"08\";9,\"09\";10,\"10\";11,\"11\";12,\"12\";13,\"13\";14,\"14\";15,\"15\"}))","v":""},"","","",{"$f":"IF(B1030=\"\",\"\",VLOOKUP(M1030,Sections!$A$2:$D$200,3,FALSE))","v":""},{"$f":"IF(B1030=\"\",\"\",VLOOKUP(M1030,Sections!$A$2:$D$200,4,FALSE))","v":""}]
[{"$f":"IF(Start!A1031=\"\",\"\",Start!A1031)","v":""},{"$f":"IF(Start!B1031=\"\",\"\",Start!B1031)","v":""},{"$f":"IF(Start!C1031=\"\",\"\",Start!C1031)","v":""},{"$f":"IF(Start!D1031=\"\",\"\",Start!D1031)","v":""},{"$f":"IF(Start!E1031=\"\",\"\",Start!E1031)","v":""},{"$f":"IF(Start!F1031=\"\",\"\",Start!F1031)","v":""},{"$f":"IF(Start!G1031=\"\",\"\",Start!G1031)","v":""},{"$f":"IF(Start!H1031=\"\",\"\",Start!H1031)","v":""},"",{"$f":"IF(I1031=\"\",\"\",LOOKUP(I1031,{1,\"01\";2,\"02\";3,\"03\";4,\"04\";5,\"05\";6,\"06\";7,\"07\";8,\"08\";9,\"09\";10,\"10\";11,\"11\";12,\"12\";13,\"13\";14,\"14\";15,\"15\"}))","v":""},"","","",{"$f":"IF(B1031=\"\",\"\",VLOOKUP(M1031,Sections!$A$2:$D$200,3,FALSE))","v":""},{"$f":"IF(B1031=\"\",\"\",VLOOKUP(M1031,Sections!$A$2:$D$200,4,FALSE))","v":""}]
[{"$f":"IF(Start!A1032=\"\",\"\",Start!A1032)","v":""},{"$f":"IF(Start!B1032=\"\",\"\",Start!B1032)","v":""},{"$f":"IF(Start!C1032=\"\",\"\",Start!C1032)","v":""},{"$f":"IF(Start!D1032=\"\",\"\",Start!D1032)","v":""},{"$f":"IF(Start!E1032=\"\",\"\",Start!E1032)","v":""},{"$f":"IF(Start!F1032=\"\",\"\",Start!F1032)","v":""},{"$f":"IF(Start!G1032=\"\",\"\",Start!G1032)","v":""},{"$f":"IF(Start!H1032=\"\",\"\",Start!H1032)","v":""},"",{"$f":"IF(I1032=\"\",\"\",LOOKUP(I1032,{1,\"01\";2,\"02\";3,\"03\";4,\"04\";5,\"05\";6,\"06\";7,\"07\";8,\"08\";9,\"09\";10,\"10\";11,\"11\";12,\"12\";13,\"13\";14,\"14\";15,\"15\"}))","v":""},"","","",{"$f":"IF(B1032=\"\",\"\",VLOOKUP(M1032,Sections!$A$2:$D$200,3,FALSE))","v":""},{"$f":"IF(B1032=\"\",\"\",VLOOKUP(M1032,Sections!$A$2:$D$200,4,FALSE))","v":""}]
[{"$f":"IF(Start!A1033=\"\",\"\",Start!A1033)","v":""},{"$f":"IF(Start!B1033=\"\",\"\",Start!B1033)","v":""},{"$f":"IF(Start!C1033=\"\",\"\",Start!C1033)","v":""},{"$f":"IF(Start!D1033=\"\",\"\",Start!D1033)","v":""},{"$f":"IF(Start!E1033=\"\",\"\",Start!E1033)","v":""},{"$f":"IF(Start!F1033=\"\",\"\",Start!F1033)","v":""},{"$f":"IF(Start!G1033=\"\",\"\",Start!G1033)","v":""},{"$f":"IF(Start!H1033=\"\",\"\",Start!H1033)","v":""},"",{"$f":"IF(I1033=\"\",\"\",LOOKUP(I1033,{1,\"01\";2,\"02\";3,\"03\";4,\"04\";5,\"05\";6,\"06\";7,\"07\";8,\"08\";9,\"09\";10,\"10\";11,\"11\";12,\"12\";13,\"13\";14,\"14\";15,\"15\"}))","v":""},"","","",{"$f":"IF(B1033=\"\",\"\",VLOOKUP(M1033,Sections!$A$2:$D$200,3,FALSE))","v":""},{"$f":"IF(B1033=\"\",\"\",VLOOKUP(M1033,Sections!$A$2:$D$200,4,FALSE))","v":""}]
[{"$f":"IF(Start!A1034=\"\",\"\",Start!A1034)","v":""},{"$f":"IF(Start!B1034=\"\",\"\",Start!B1034)","v":""},{"$f":"IF(Start!C1034=\"\",\"\",Start!C1034)","v":""},{"$f":"IF(Start!D1034=\"\",\"\",Start!D1034)","v":""},{"$f":"IF(Start!E1034=\"\",\"\",Start!E1034)","v":""},{"$f":"IF(Start!F1034=\"\",\"\",Start!F1034)","v":""},{"$f":"IF(Start!G1034=\"\",\"\",Start!G1034)","v":""},{"$f":"IF(Start!H1034=\"\",\"\",Start!H1034)","v":""},"",{"$f":"IF(I1034=\"\",\"\",LOOKUP(I1034,{1,\"01\";2,\"02\";3,\"03\";4,\"04\";5,\"05\";6,\"06\";7,\"07\";8,\"08\";9,\"09\";10,\"10\";11,\"11\";12,\"12\";13,\"13\";14,\"14\";15,\"15\"}))","v":""},"","","",{"$f":"IF(B1034=\"\",\"\",VLOOKUP(M1034,Sections!$A$2:$D$200,3,FALSE))","v":""},{"$f":"IF(B1034=\"\",\"\",VLOOKUP(M1034,Sections!$A$2:$D$200,4,FALSE))","v":""}]
[{"$f":"IF(Start!A1035=\"\",\"\",Start!A1035)","v":""},{"$f":"IF(Start!B1035=\"\",\"\",Start!B1035)","v":""},{"$f":"IF(Start!C1035=\"\",\"\",Start!C1035)","v":""},{"$f":"IF(Start!D1035=\"\",\"\",Start!D1035)","v":""},{"$f":"IF(Start!E1035=\"\",\"\",Start!E1035)","v":""},{"$f":"IF(Start!F1035=\"\",\"\",Start!F1035)","v":""},{"$f":"IF(Start!G1035=\"\",\"\",Start!G1035)","v":""},{"$f":"IF(Start!H1035=\"\",\"\",Start!H1035)","v":""},"",{"$f":"IF(I1035=\"\",\"\",LOOKUP(I1035,{1,\"01\";2,\"02\";3,\"03\";4,\"04\";5,\"05\";6,\"06\";7,\"07\";8,\"08\";9,\"09\";10,\"10\";11,\"11\";12,\"12\";13,\"13\";14,\"14\";15,\"15\"}))","v":""},"","","",{"$f":"IF(B1035=\"\",\"\",VLOOKUP(M1035,Sections!$A$2:$D$200,3,FALSE))","v":""},{"$f":"IF(B1035=\"\",\"\",VLOOKUP(M1035,Sections!$A$2:$D$200,4,FALSE))","v":""}]
[{"$f":"IF(Start!A1036=\"\",\"\",Start!A1036)","v":""},{"$f":"IF(Start!B1036=\"\",\"\",Start!B1036)","v":""},{"$f":"IF(Start!C1036=\"\",\"\",Start!C1036)","v":""},{"$f":"IF(Start!D1036=\"\",\"\",Start!D1036)","v":""},{"$f":"IF(Start!E1036=\"\",\"\",Start!E1036)","v":""},{"$f":"IF(Start!F1036=\"\",\"\",Start!F1036)","v":""},{"$f":"IF(Start!G1036=\"\",\"\",Start!G1036)","v":""},{"$f":"IF(Start!H1036=\"\",\"\",Start!H1036)","v":""},"",{"$f":"IF(I1036=\"\",\"\",LOOKUP(I1036,{1,\"01\";2,\"02\";3,\"03\";4,\"04\";5,\"05\";6,\"06\";7,\"07\";8,\"08\";9,\"09\";10,\"10\";11,\"11\";12,\"12\";13,\"13\";14,\"14\";15,\"15\"}))","v":""},"","","",{"$f":"IF(B1036=\"\",\"\",VLOOKUP(M1036,Sections!$A$2:$D$200,3,FALSE))","v":""},{"$f":"IF(B1036=\"\",\"\",VLOOKUP(M1036,Sections!$A$2:$D$200,4,FALSE))","v":""}]
[{"$f":"IF(Start!A1037=\"\",\"\",Start!A1037)","v":""},{"$f":"IF(Start!B1037=\"\",\"\",Start!B1037)","v":""},{"$f":"IF(Start!C1037=\"\",\"\",Start!C1037)","v":""},{"$f":"IF(Start!D1037=\"\",\"\",Start!D1037)","v":""},{"$f":"IF(Start!E1037=\"\",\"\",Start!E1037)","v":""},{"$f":"IF(Start!F1037=\"\",\"\",Start!F1037)","v":""},{"$f":"IF(Start!G1037=\"\",\"\",Start!G1037)","v":""},{"$f":"IF(Start!H1037=\"\",\"\",Start!H1037)","v":""},"",{"$f":"IF(I1037=\"\",\"\",LOOKUP(I1037,{1,\"01\";2,\"02\";3,\"03\";4,\"04\";5,\"05\";6,\"06\";7,\"07\";8,\"08\";9,\"09\";10,\"10\";11,\"11\";12,\"12\";13,\"13\";14,\"14\";15,\"15\"}))","v":""},"","","",{"$f":"IF(B1037=\"\",\"\",VLOOKUP(M1037,Sections!$A$2:$D$200,3,FALSE))","v":""},{"$f":"IF(B1037=\"\",\"\",VLOOKUP(M1037,Sections!$A$2:$D$200,4,FALSE))","v":""}]
[{"$f":"IF(Start!A1038=\"\",\"\",Start!A1038)","v":""},{"$f":"IF(Start!B1038=\"\",\"\",Start!B1038)","v":""},{"$f":"IF(Start!C1038=\"\",\"\",Start!C1038)","v":""},{"$f":"IF(Start!D1038=\"\",\"\",Start!D1038)","v":""},{"$f":"IF(Start!E1038=\"\",\"\",Start!E1038)","v":""},{"$f":"IF(Start!F1038=\"\",\"\",Start!F1038)","v":""},{"$f":"IF(Start!G1038=\"\",\"\",Start!G1038)","v":""},{"$f":"IF(Start!H1038=\"\",\"\",Start!H1038)","v":""},"",{"$f":"IF(I1038=\"\",\"\",LOOKUP(I1038,{1,\"01\";2,\"02\";3,\"03\";4,\"04\";5,\"05\";6,\"06\";7,\"07\";8,\"08\";9,\"09\";10,\"10\";11,\"11\";12,\"12\";13,\"13\";14,\"14\";15,\"15\"}))","v":""},"","","",{"$f":"IF(B1038=\"\",\"\",VLOOKUP(M1038,Sections!$A$2:$D$200,3,FALSE))","v":""},{"$f":"IF(B1038=\"\",\"\",VLOOKUP(M1038,Sections!$A$2:$D$200,4,FALSE))","v":""}]
[{"$f":"IF(Start!A1039=\"\",\"\",Start!A1039)","v":""},{"$f":"IF(Start!B1039=\"\",\"\",Start!B1039)","v":""},{"$f":"IF(Start!C1039=\"\",\"\",Start!C1039)","v":""},{"$f":"IF(Start!D1039=\"\",\"\",Start!D1039)","v":""},{"$f":"IF(Start!E1039=\"\",\"\",Start!E1039)","v":""},{"$f":"IF(Start!F1039=\"\",\"\",Start!F1039)","v":""},{"$f":"IF(Start!G1039=\"\",\"\",Start!G1039)","v":""},{"$f":"IF(Start!H1039=\"\",\"\",Start!H1039)","v":""},"",{"$f":"IF(I1039=\"\",\"\",LOOKUP(I1039,{1,\"01\";2,\"02\";3,\"03\";4,\"04\";5,\"05\";6,\"06\";7,\"07\";8,\"08\";9,\"09\";10,\"10\";11,\"11\";12,\"12\";13,\"13\";14,\"14\";15,\"15\"}))","v":""},"","","",{"$f":"IF(B1039=\"\",\"\",VLOOKUP(M1039,Sections!$A$2:$D$200,3,FALSE))","v":""},{"$f":"IF(B1039=\"\",\"\",VLOOKUP(M1039,Sections!$A$2:$D$200,4,FALSE))","v":""}]
[{"$f":"IF(Start!A1040=\"\",\"\",Start!A1040)","v":""},{"$f":"IF(Start!B1040=\"\",\"\",Start!B1040)","v":""},{"$f":"IF(Start!C1040=\"\",\"\",Start!C1040)","v":""},{"$f":"IF(Start!D1040=\"\",\"\",Start!D1040)","v":""},{"$f":"IF(Start!E1040=\"\",\"\",Start!E1040)","v":""},{"$f":"IF(Start!F1040=\"\",\"\",Start!F1040)","v":""},{"$f":"IF(Start!G1040=\"\",\"\",Start!G1040)","v":""},{"$f":"IF(Start!H1040=\"\",\"\",Start!H1040)","v":""},"",{"$f":"IF(I1040=\"\",\"\",LOOKUP(I1040,{1,\"01\";2,\"02\";3,\"03\";4,\"04\";5,\"05\";6,\"06\";7,\"07\";8,\"08\";9,\"09\";10,\"10\";11,\"11\";12,\"12\";13,\"13\";14,\"14\";15,\"15\"}))","v":""},"","","",{"$f":"IF(B1040=\"\",\"\",VLOOKUP(M1040,Sections!$A$2:$D$200,3,FALSE))","v":""},{"$f":"IF(B1040=\"\",\"\",VLOOKUP(M1040,Sections!$A$2:$D$200,4,FALSE))","v":""}]
[{"$f":"IF(Start!A1041=\"\",\"\",Start!A1041)","v":""},{"$f":"IF(Start!B1041=\"\",\"\",Start!B1041)","v":""},{"$f":"IF(Start!C1041=\"\",\"\",Start!C1041)","v":""},{"$f":"IF(Start!D1041=\"\",\"\",Start!D1041)","v":""},{"$f":"IF(Start!E1041=\"\",\"\",Start!E1041)","v":""},{"$f":"IF(Start!F1041=\"\",\"\",Start!F1041)","v":""},{"$f":"IF(Start!G1041=\"\",\"\",Start!G1041)","v":""},{"$f":"IF(Start!H1041=\"\",\"\",Start!H1041)","v":""},"",{"$f":"IF(I1041=\"\",\"\",LOOKUP(I1041,{1,\"01\";2,\"02\";3,\"03\";4,\"04\";5,\"05\";6,\"06\";7,\"07\";8,\"08\";9,\"09\";10,\"10\";11,\"11\";12,\"12\";13,\"13\";14,\"14\";15,\"15\"}))","v":""},"","","",{"$f":"IF(B1041=\"\",\"\",VLOOKUP(M1041,Sections!$A$2:$D$200,3,FALSE))","v":""},{"$f":"IF(B1041=\"\",\"\",VLOOKUP(M1041,Sections!$A$2:$D$200,4,FALSE))","v":""}]
[{"$f":"IF(Start!A1042=\"\",\"\",Start!A1042)","v":""},{"$f":"IF(Start!B1042=\"\",\"\",Start!B1042)","v":""},{"$f":"IF(Start!C1042=\"\",\"\",Start!C1042)","v":""},{"$f":"IF(Start!D1042=\"\",\"\",Start!D1042)","v":""},{"$f":"IF(Start!E1042=\"\",\"\",Start!E1042)","v":""},{"$f":"IF(Start!F1042=\"\",\"\",Start!F1042)","v":""},{"$f":"IF(Start!G1042=\"\",\"\",Start!G1042)","v":""},{"$f":"IF(Start!H1042=\"\",\"\",Start!H1042)","v":""},"",{"$f":"IF(I1042=\"\",\"\",LOOKUP(I1042,{1,\"01\";2,\"02\";3,\"03\";4,\"04\";5,\"05\";6,\"06\";7,\"07\";8,\"08\";9,\"09\";10,\"10\";11,\"11\";12,\"12\";13,\"13\";14,\"14\";15,\"15\"}))","v":""},"","","",{"$f":"IF(B1042=\"\",\"\",VLOOKUP(M1042,Sections!$A$2:$D$200,3,FALSE))","v":""},{"$f":"IF(B1042=\"\",\"\",VLOOKUP(M1042,Sections!$A$2:$D$200,4,FALSE))","v":""}]
[{"$f":"IF(Start!A1043=\"\",\"\",Start!A1043)","v":""},{"$f":"IF(Start!B1043=\"\",\"\",Start!B1043)","v":""},{"$f":"IF(Start!C1043=\"\",\"\",Start!C1043)","v":""},{"$f":"IF(Start!D1043=\"\",\"\",Start!D1043)","v":""},{"$f":"IF(Start!E1043=\"\",\"\",Start!E1043)","v":""},{"$f":"IF(Start!F1043=\"\",\"\",Start!F1043)","v":""},{"$f":"IF(Start!G1043=\"\",\"\",Start!G1043)","v":""},{"$f":"IF(Start!H1043=\"\",\"\",Start!H1043)","v":""},"",{"$f":"IF(I1043=\"\",\"\",LOOKUP(I1043,{1,\"01\";2,\"02\";3,\"03\";4,\"04\";5,\"05\";6,\"06\";7,\"07\";8,\"08\";9,\"09\";10,\"10\";11,\"11\";12,\"12\";13,\"13\";14,\"14\";15,\"15\"}))","v":""},"","","",{"$f":"IF(B1043=\"\",\"\",VLOOKUP(M1043,Sections!$A$2:$D$200,3,FALSE))","v":""},{"$f":"IF(B1043=\"\",\"\",VLOOKUP(M1043,Sections!$A$2:$D$200,4,FALSE))","v":""}]
[{"$f":"IF(Start!A1044=\"\",\"\",Start!A1044)","v":""},{"$f":"IF(Start!B1044=\"\",\"\",Start!B1044)","v":""},{"$f":"IF(Start!C1044=\"\",\"\",Start!C1044)","v":""},{"$f":"IF(Start!D1044=\"\",\"\",Start!D1044)","v":""},{"$f":"IF(Start!E1044=\"\",\"\",Start!E1044)","v":""},{"$f":"IF(Start!F1044=\"\",\"\",Start!F1044)","v":""},{"$f":"IF(Start!G1044=\"\",\"\",Start!G1044)","v":""},{"$f":"IF(Start!H1044=\"\",\"\",Start!H1044)","v":""},"",{"$f":"IF(I1044=\"\",\"\",LOOKUP(I1044,{1,\"01\";2,\"02\";3,\"03\";4,\"04\";5,\"05\";6,\"06\";7,\"07\";8,\"08\";9,\"09\";10,\"10\";11,\"11\";12,\"12\";13,\"13\";14,\"14\";15,\"15\"}))","v":""},"","","",{"$f":"IF(B1044=\"\",\"\",VLOOKUP(M1044,Sections!$A$2:$D$200,3,FALSE))","v":""},{"$f":"IF(B1044=\"\",\"\",VLOOKUP(M1044,Sections!$A$2:$D$200,4,FALSE))","v":""}]
[{"$f":"IF(Start!A1045=\"\",\"\",Start!A1045)","v":""},{"$f":"IF(Start!B1045=\"\",\"\",Start!B1045)","v":""},{"$f":"IF(Start!C1045=\"\",\"\",Start!C1045)","v":""},{"$f":"IF(Start!D1045=\"\",\"\",Start!D1045)","v":""},{"$f":"IF(Start!E1045=\"\",\"\",Start!E1045)","v":""},{"$f":"IF(Start!F1045=\"\",\"\",Start!F1045)","v":""},{"$f":"IF(Start!G1045=\"\",\"\",Start!G1045)","v":""},{"$f":"IF(Start!H1045=\"\",\"\",Start!H1045)","v":""},"",{"$f":"IF(I1045=\"\",\"\",LOOKUP(I1045,{1,\"01\";2,\"02\";3,\"03\";4,\"04\";5,\"05\";6,\"06\";7,\"07\";8,\"08\";9,\"09\";10,\"10\";11,\"11\";12,\"12\";13,\"13\";14,\"14\";15,\"15\"}))","v":""},"","","",{"$f":"IF(B1045=\"\",\"\",VLOOKUP(M1045,Sections!$A$2:$D$200,3,FALSE))","v":""},{"$f":"IF(B1045=\"\",\"\",VLOOKUP(M1045,Sections!$A$2:$D$200,4,FALSE))","v":""}]
[{"$f":"IF(Start!A1046=\"\",\"\",Start!A1046)","v":""},{"$f":"IF(Start!B1046=\"\",\"\",Start!B1046)","v":""},{"$f":"IF(Start!C1046=\"\",\"\",Start!C1046)","v":""},{"$f":"IF(Start!D1046=\"\",\"\",Start!D1046)","v":""},{"$f":"IF(Start!E1046=\"\",\"\",Start!E1046)","v":""},{"$f":"IF(Start!F1046=\"\",\"\",Start!F1046)","v":""},{"$f":"IF(Start!G1046=\"\",\"\",Start!G1046)","v":""},{"$f":"IF(Start!H1046=\"\",\"\",Start!H1046)","v":""},"",{"$f":"IF(I1046=\"\",\"\",LOOKUP(I1046,{1,\"01\";2,\"02\";3,\"03\";4,\"04\";5,\"05\";6,\"06\";7,\"07\";8,\"08\";9,\"09\";10,\"10\";11,\"11\";12,\"12\";13,\"13\";14,\"14\";15,\"15\"}))","v":""},"","","",{"$f":"IF(B1046=\"\",\"\",VLOOKUP(M1046,Sections!$A$2:$D$200,3,FALSE))","v":""},{"$f":"IF(B1046=\"\",\"\",VLOOKUP(M1046,Sections!$A$2:$D$200,4,FALSE))","v":""}]
[{"$f":"IF(Start!A1047=\"\",\"\",Start!A1047)","v":""},{"$f":"IF(Start!B1047=\"\",\"\",Start!B1047)","v":""},{"$f":"IF(Start!C1047=\"\",\"\",Start!C1047)","v":""},{"$f":"IF(Start!D1047=\"\",\"\",Start!D1047)","v":""},{"$f":"IF(Start!E1047=\"\",\"\",Start!E1047)","v":""},{"$f":"IF(Start!F1047=\"\",\"\",Start!F1047)","v":""},{"$f":"IF(Start!G1047=\"\",\"\",Start!G1047)","v":""},{"$f":"IF(Start!H1047=\"\",\"\",Start!H1047)","v":""},"",{"$f":"IF(I1047=\"\",\"\",LOOKUP(I1047,{1,\"01\";2,\"02\";3,\"03\";4,\"04\";5,\"05\";6,\"06\";7,\"07\";8,\"08\";9,\"09\";10,\"10\";11,\"11\";12,\"12\";13,\"13\";14,\"14\";15,\"15\"}))","v":""},"","","",{"$f":"IF(B1047=\"\",\"\",VLOOKUP(M1047,Sections!$A$2:$D$200,3,FALSE))","v":""},{"$f":"IF(B1047=\"\",\"\",VLOOKUP(M1047,Sections!$A$2:$D$200,4,FALSE))","v":""}]
[{"$f":"IF(Start!A1048=\"\",\"\",Start!A1048)","v":""},{"$f":"IF(Start!B1048=\"\",\"\",Start!B1048)","v":""},{"$f":"IF(Start!C1048=\"\",\"\",Start!C1048)","v":""},{"$f":"IF(Start!D1048=\"\",\"\",Start!D1048)","v":""},{"$f":"IF(Start!E1048=\"\",\"\",Start!E1048)","v":""},{"$f":"IF(Start!F1048=\"\",\"\",Start!F1048)","v":""},{"$f":"IF(Start!G1048=\"\",\"\",Start!G1048)","v":""},{"$f":"IF(Start!H1048=\"\",\"\",Start!H1048)","v":""},"",{"$f":"IF(I1048=\"\",\"\",LOOKUP(I1048,{1,\"01\";2,\"02\";3,\"03\";4,\"04\";5,\"05\";6,\"06\";7,\"07\";8,\"08\";9,\"09\";10,\"10\";11,\"11\";12,\"12\";13,\"13\";14,\"14\";15,\"15\"}))","v":""},"","","",{"$f":"IF(B1048=\"\",\"\",VLOOKUP(M1048,Sections!$A$2:$D$200,3,FALSE))","v":""},{"$f":"IF(B1048=\"\",\"\",VLOOKUP(M1048,Sections!$A$2:$D$200,4,FALSE))","v":""}]
[{"$f":"IF(Start!A1049=\"\",\"\",Start!A1049)","v":""},{"$f":"IF(Start!B1049=\"\",\"\",Start!B1049)","v":""},{"$f":"IF(Start!C1049=\"\",\"\",Start!C1049)","v":""},{"$f":"IF(Start!D1049=\"\",\"\",Start!D1049)","v":""},{"$f":"IF(Start!E1049=\"\",\"\",Start!E1049)","v":""},{"$f":"IF(Start!F1049=\"\",\"\",Start!F1049)","v":""},{"$f":"IF(Start!G1049=\"\",\"\",Start!G1049)","v":""},{"$f":"IF(Start!H1049=\"\",\"\",Start!H1049)","v":""},"",{"$f":"IF(I1049=\"\",\"\",LOOKUP(I1049,{1,\"01\";2,\"02\";3,\"03\";4,\"04\";5,\"05\";6,\"06\";7,\"07\";8,\"08\";9,\"09\";10,\"10\";11,\"11\";12,\"12\";13,\"13\";14,\"14\";15,\"15\"}))","v":""},"","","",{"$f":"IF(B1049=\"\",\"\",VLOOKUP(M1049,Sections!$A$2:$D$200,3,FALSE))","v":""},{"$f":"IF(B1049=\"\",\"\",VLOOKUP(M1049,Sections!$A$2:$D$200,4,FALSE))","v":""}]
[{"$f":"IF(Start!A1050=\"\",\"\",Start!A1050)","v":""},{"$f":"IF(Start!B1050=\"\",\"\",Start!B1050)","v":""},{"$f":"IF(Start!C1050=\"\",\"\",Start!C1050)","v":""},{"$f":"IF(Start!D1050=\"\",\"\",Start!D1050)","v":""},{"$f":"IF(Start!E1050=\"\",\"\",Start!E1050)","v":""},{"$f":"IF(Start!F1050=\"\",\"\",Start!F1050)","v":""},{"$f":"IF(Start!G1050=\"\",\"\",Start!G1050)","v":""},{"$f":"IF(Start!H1050=\"\",\"\",Start!H1050)","v":""},"",{"$f":"IF(I1050=\"\",\"\",LOOKUP(I1050,{1,\"01\";2,\"02\";3,\"03\";4,\"04\";5,\"05\";6,\"06\";7,\"07\";8,\"08\";9,\"09\";10,\"10\";11,\"11\";12,\"12\";13,\"13\";14,\"14\";15,\"15\"}))","v":""},"","","",{"$f":"IF(B1050=\"\",\"\",VLOOKUP(M1050,Sections!$A$2:$D$200,3,FALSE))","v":""},{"$f":"IF(B1050=\"\",\"\",VLOOKUP(M1050,Sections!$A$2:$D$200,4,FALSE))","v":""}]
[{"$f":"IF(Start!A1051=\"\",\"\",Start!A1051)","v":""},{"$f":"IF(Start!B1051=\"\",\"\",Start!B1051)","v":""},{"$f":"IF(Start!C1051=\"\",\"\",Start!C1051)","v":""},{"$f":"IF(Start!D1051=\"\",\"\",Start!D1051)","v":""},{"$f":"IF(Start!E1051=\"\",\"\",Start!E1051)","v":""},{"$f":"IF(Start!F1051=\"\",\"\",Start!F1051)","v":""},{"$f":"IF(Start!G1051=\"\",\"\",Start!G1051)","v":""},{"$f":"IF(Start!H1051=\"\",\"\",Start!H1051)","v":""},"",{"$f":"IF(I1051=\"\",\"\",LOOKUP(I1051,{1,\"01\";2,\"02\";3,\"03\";4,\"04\";5,\"05\";6,\"06\";7,\"07\";8,\"08\";9,\"09\";10,\"10\";11,\"11\";12,\"12\";13,\"13\";14,\"14\";15,\"15\"}))","v":""},"","","",{"$f":"IF(B1051=\"\",\"\",VLOOKUP(M1051,Sections!$A$2:$D$200,3,FALSE))","v":""},{"$f":"IF(B1051=\"\",\"\",VLOOKUP(M1051,Sections!$A$2:$D$200,4,FALSE))","v":""}]
[{"$f":"IF(Start!A1052=\"\",\"\",Start!A1052)","v":""},{"$f":"IF(Start!B1052=\"\",\"\",Start!B1052)","v":""},{"$f":"IF(Start!C1052=\"\",\"\",Start!C1052)","v":""},{"$f":"IF(Start!D1052=\"\",\"\",Start!D1052)","v":""},{"$f":"IF(Start!E1052=\"\",\"\",Start!E1052)","v":""},{"$f":"IF(Start!F1052=\"\",\"\",Start!F1052)","v":""},{"$f":"IF(Start!G1052=\"\",\"\",Start!G1052)","v":""},{"$f":"IF(Start!H1052=\"\",\"\",Start!H1052)","v":""},"",{"$f":"IF(I1052=\"\",\"\",LOOKUP(I1052,{1,\"01\";2,\"02\";3,\"03\";4,\"04\";5,\"05\";6,\"06\";7,\"07\";8,\"08\";9,\"09\";10,\"10\";11,\"11\";12,\"12\";13,\"13\";14,\"14\";15,\"15\"}))","v":""},"","","",{"$f":"IF(B1052=\"\",\"\",VLOOKUP(M1052,Sections!$A$2:$D$200,3,FALSE))","v":""},{"$f":"IF(B1052=\"\",\"\",VLOOKUP(M1052,Sections!$A$2:$D$200,4,FALSE))","v":""}]
[{"$f":"IF(Start!A1053=\"\",\"\",Start!A1053)","v":""},{"$f":"IF(Start!B1053=\"\",\"\",Start!B1053)","v":""},{"$f":"IF(Start!C1053=\"\",\"\",Start!C1053)","v":""},{"$f":"IF(Start!D1053=\"\",\"\",Start!D1053)","v":""},{"$f":"IF(Start!E1053=\"\",\"\",Start!E1053)","v":""},{"$f":"IF(Start!F1053=\"\",\"\",Start!F1053)","v":""},{"$f":"IF(Start!G1053=\"\",\"\",Start!G1053)","v":""},{"$f":"IF(Start!H1053=\"\",\"\",Start!H1053)","v":""},"",{"$f":"IF(I1053=\"\",\"\",LOOKUP(I1053,{1,\"01\";2,\"02\";3,\"03\";4,\"04\";5,\"05\";6,\"06\";7,\"07\";8,\"08\";9,\"09\";10,\"10\";11,\"11\";12,\"12\";13,\"13\";14,\"14\";15,\"15\"}))","v":""},"","","",{"$f":"IF(B1053=\"\",\"\",VLOOKUP(M1053,Sections!$A$2:$D$200,3,FALSE))","v":""},{"$f":"IF(B1053=\"\",\"\",VLOOKUP(M1053,Sections!$A$2:$D$200,4,FALSE))","v":""}]
[{"$f":"IF(Start!A1054=\"\",\"\",Start!A1054)","v":""},{"$f":"IF(Start!B1054=\"\",\"\",Start!B1054)","v":""},{"$f":"IF(Start!C1054=\"\",\"\",Start!C1054)","v":""},{"$f":"IF(Start!D1054=\"\",\"\",Start!D1054)","v":""},{"$f":"IF(Start!E1054=\"\",\"\",Start!E1054)","v":""},{"$f":"IF(Start!F1054=\"\",\"\",Start!F1054)","v":""},{"$f":"IF(Start!G1054=\"\",\"\",Start!G1054)","v":""},{"$f":"IF(Start!H1054=\"\",\"\",Start!H1054)","v":""},"",{"$f":"IF(I1054=\"\",\"\",LOOKUP(I1054,{1,\"01\";2,\"02\";3,\"03\";4,\"04\";5,\"05\";6,\"06\";7,\"07\";8,\"08\";9,\"09\";10,\"10\";11,\"11\";12,\"12\";13,\"13\";14,\"14\";15,\"15\"}))","v":""},"","","",{"$f":"IF(B1054=\"\",\"\",VLOOKUP(M1054,Sections!$A$2:$D$200,3,FALSE))","v":""},{"$f":"IF(B1054=\"\",\"\",VLOOKUP(M1054,Sections!$A$2:$D$200,4,FALSE))","v":""}]
[{"$f":"IF(Start!A1055=\"\",\"\",Start!A1055)","v":""},{"$f":"IF(Start!B1055=\"\",\"\",Start!B1055)","v":""},{"$f":"IF(Start!C1055=\"\",\"\",Start!C1055)","v":""},{"$f":"IF(Start!D1055=\"\",\"\",Start!D1055)","v":""},{"$f":"IF(Start!E1055=\"\",\"\",Start!E1055)","v":""},{"$f":"IF(Start!F1055=\"\",\"\",Start!F1055)","v":""},{"$f":"IF(Start!G1055=\"\",\"\",Start!G1055)","v":""},{"$f":"IF(Start!H1055=\"\",\"\",Start!H1055)","v":""},"",{"$f":"IF(I1055=\"\",\"\",LOOKUP(I1055,{1,\"01\";2,\"02\";3,\"03\";4,\"04\";5,\"05\";6,\"06\";7,\"07\";8,\"08\";9,\"09\";10,\"10\";11,\"11\";12,\"12\";13,\"13\";14,\"14\";15,\"15\"}))","v":""},"","","",{"$f":"IF(B1055=\"\",\"\",VLOOKUP(M1055,Sections!$A$2:$D$200,3,FALSE))","v":""},{"$f":"IF(B1055=\"\",\"\",VLOOKUP(M1055,Sections!$A$2:$D$200,4,FALSE))","v":""}]
[{"$f":"IF(Start!A1056=\"\",\"\",Start!A1056)","v":""},{"$f":"IF(Start!B1056=\"\",\"\",Start!B1056)","v":""},{"$f":"IF(Start!C1056=\"\",\"\",Start!C1056)","v":""},{"$f":"IF(Start!D1056=\"\",\"\",Start!D1056)","v":""},{"$f":"IF(Start!E1056=\"\",\"\",Start!E1056)","v":""},{"$f":"IF(Start!F1056=\"\",\"\",Start!F1056)","v":""},{"$f":"IF(Start!G1056=\"\",\"\",Start!G1056)","v":""},{"$f":"IF(Start!H1056=\"\",\"\",Start!H1056)","v":""},"",{"$f":"IF(I1056=\"\",\"\",LOOKUP(I1056,{1,\"01\";2,\"02\";3,\"03\";4,\"04\";5,\"05\";6,\"06\";7,\"07\";8,\"08\";9,\"09\";10,\"10\";11,\"11\";12,\"12\";13,\"13\";14,\"14\";15,\"15\"}))","v":""},"","","",{"$f":"IF(B1056=\"\",\"\",VLOOKUP(M1056,Sections!$A$2:$D$200,3,FALSE))","v":""},{"$f":"IF(B1056=\"\",\"\",VLOOKUP(M1056,Sections!$A$2:$D$200,4,FALSE))","v":""}]
[{"$f":"IF(Start!A1057=\"\",\"\",Start!A1057)","v":""},{"$f":"IF(Start!B1057=\"\",\"\",Start!B1057)","v":""},{"$f":"IF(Start!C1057=\"\",\"\",Start!C1057)","v":""},{"$f":"IF(Start!D1057=\"\",\"\",Start!D1057)","v":""},{"$f":"IF(Start!E1057=\"\",\"\",Start!E1057)","v":""},{"$f":"IF(Start!F1057=\"\",\"\",Start!F1057)","v":""},{"$f":"IF(Start!G1057=\"\",\"\",Start!G1057)","v":""},{"$f":"IF(Start!H1057=\"\",\"\",Start!H1057)","v":""},"",{"$f":"IF(I1057=\"\",\"\",LOOKUP(I1057,{1,\"01\";2,\"02\";3,\"03\";4,\"04\";5,\"05\";6,\"06\";7,\"07\";8,\"08\";9,\"09\";10,\"10\";11,\"11\";12,\"12\";13,\"13\";14,\"14\";15,\"15\"}))","v":""},"","","",{"$f":"IF(B1057=\"\",\"\",VLOOKUP(M1057,Sections!$A$2:$D$200,3,FALSE))","v":""},{"$f":"IF(B1057=\"\",\"\",VLOOKUP(M1057,Sections!$A$2:$D$200,4,FALSE))","v":""}]
[{"$f":"IF(Start!A1058=\"\",\"\",Start!A1058)","v":""},{"$f":"IF(Start!B1058=\"\",\"\",Start!B1058)","v":""},{"$f":"IF(Start!C1058=\"\",\"\",Start!C1058)","v":""},{"$f":"IF(Start!D1058=\"\",\"\",Start!D1058)","v":""},{"$f":"IF(Start!E1058=\"\",\"\",Start!E1058)","v":""},{"$f":"IF(Start!F1058=\"\",\"\",Start!F1058)","v":""},{"$f":"IF(Start!G1058=\"\",\"\",Start!G1058)","v":""},{"$f":"IF(Start!H1058=\"\",\"\",Start!H1058)","v":""},"",{"$f":"IF(I1058=\"\",\"\",LOOKUP(I1058,{1,\"01\";2,\"02\";3,\"03\";4,\"04\";5,\"05\";6,\"06\";7,\"07\";8,\"08\";9,\"09\";10,\"10\";11,\"11\";12,\"12\";13,\"13\";14,\"14\";15,\"15\"}))","v":""},"","","",{"$f":"IF(B1058=\"\",\"\",VLOOKUP(M1058,Sections!$A$2:$D$200,3,FALSE))","v":""},{"$f":"IF(B1058=\"\",\"\",VLOOKUP(M1058,Sections!$A$2:$D$200,4,FALSE))","v":""}]
[{"$f":"IF(Start!A1059=\"\",\"\",Start!A1059)","v":""},{"$f":"IF(Start!B1059=\"\",\"\",Start!B1059)","v":""},{"$f":"IF(Start!C1059=\"\",\"\",Start!C1059)","v":""},{"$f":"IF(Start!D1059=\"\",\"\",Start!D1059)","v":""},{"$f":"IF(Start!E1059=\"\",\"\",Start!E1059)","v":""},{"$f":"IF(Start!F1059=\"\",\"\",Start!F1059)","v":""},{"$f":"IF(Start!G1059=\"\",\"\",Start!G1059)","v":""},{"$f":"IF(Start!H1059=\"\",\"\",Start!H1059)","v":""},"",{"$f":"IF(I1059=\"\",\"\",LOOKUP(I1059,{1,\"01\";2,\"02\";3,\"03\";4,\"04\";5,\"05\";6,\"06\";7,\"07\";8,\"08\";9,\"09\";10,\"10\";11,\"11\";12,\"12\";13,\"13\";14,\"14\";15,\"15\"}))","v":""},"","","",{"$f":"IF(B1059=\"\",\"\",VLOOKUP(M1059,Sections!$A$2:$D$200,3,FALSE))","v":""},{"$f":"IF(B1059=\"\",\"\",VLOOKUP(M1059,Sections!$A$2:$D$200,4,FALSE))","v":""}]
[{"$f":"IF(Start!A1060=\"\",\"\",Start!A1060)","v":""},{"$f":"IF(Start!B1060=\"\",\"\",Start!B1060)","v":""},{"$f":"IF(Start!C1060=\"\",\"\",Start!C1060)","v":""},{"$f":"IF(Start!D1060=\"\",\"\",Start!D1060)","v":""},{"$f":"IF(Start!E1060=\"\",\"\",Start!E1060)","v":""},{"$f":"IF(Start!F1060=\"\",\"\",Start!F1060)","v":""},{"$f":"IF(Start!G1060=\"\",\"\",Start!G1060)","v":""},{"$f":"IF(Start!H1060=\"\",\"\",Start!H1060)","v":""},"",{"$f":"IF(I1060=\"\",\"\",LOOKUP(I1060,{1,\"01\";2,\"02\";3,\"03\";4,\"04\";5,\"05\";6,\"06\";7,\"07\";8,\"08\";9,\"09\";10,\"10\";11,\"11\";12,\"12\";13,\"13\";14,\"14\";15,\"15\"}))","v":""},"","","",{"$f":"IF(B1060=\"\",\"\",VLOOKUP(M1060,Sections!$A$2:$D$200,3,FALSE))","v":""},{"$f":"IF(B1060=\"\",\"\",VLOOKUP(M1060,Sections!$A$2:$D$200,4,FALSE))","v":""}]
[{"$f":"IF(Start!A1061=\"\",\"\",Start!A1061)","v":""},{"$f":"IF(Start!B1061=\"\",\"\",Start!B1061)","v":""},{"$f":"IF(Start!C1061=\"\",\"\",Start!C1061)","v":""},{"$f":"IF(Start!D1061=\"\",\"\",Start!D1061)","v":""},{"$f":"IF(Start!E1061=\"\",\"\",Start!E1061)","v":""},{"$f":"IF(Start!F1061=\"\",\"\",Start!F1061)","v":""},{"$f":"IF(Start!G1061=\"\",\"\",Start!G1061)","v":""},{"$f":"IF(Start!H1061=\"\",\"\",Start!H1061)","v":""},"",{"$f":"IF(I1061=\"\",\"\",LOOKUP(I1061,{1,\"01\";2,\"02\";3,\"03\";4,\"04\";5,\"05\";6,\"06\";7,\"07\";8,\"08\";9,\"09\";10,\"10\";11,\"11\";12,\"12\";13,\"13\";14,\"14\";15,\"15\"}))","v":""},"","","",{"$f":"IF(B1061=\"\",\"\",VLOOKUP(M1061,Sections!$A$2:$D$200,3,FALSE))","v":""},{"$f":"IF(B1061=\"\",\"\",VLOOKUP(M1061,Sections!$A$2:$D$200,4,FALSE))","v":""}]
[{"$f":"IF(Start!A1062=\"\",\"\",Start!A1062)","v":""},{"$f":"IF(Start!B1062=\"\",\"\",Start!B1062)","v":""},{"$f":"IF(Start!C1062=\"\",\"\",Start!C1062)","v":""},{"$f":"IF(Start!D1062=\"\",\"\",Start!D1062)","v":""},{"$f":"IF(Start!E1062=\"\",\"\",Start!E1062)","v":""},{"$f":"IF(Start!F1062=\"\",\"\",Start!F1062)","v":""},{"$f":"IF(Start!G1062=\"\",\"\",Start!G1062)","v":""},{"$f":"IF(Start!H1062=\"\",\"\",Start!H1062)","v":""},"",{"$f":"IF(I1062=\"\",\"\",LOOKUP(I1062,{1,\"01\";2,\"02\";3,\"03\";4,\"04\";5,\"05\";6,\"06\";7,\"07\";8,\"08\";9,\"09\";10,\"10\";11,\"11\";12,\"12\";13,\"13\";14,\"14\";15,\"15\"}))","v":""},"","","",{"$f":"IF(B1062=\"\",\"\",VLOOKUP(M1062,Sections!$A$2:$D$200,3,FALSE))","v":""},{"$f":"IF(B1062=\"\",\"\",VLOOKUP(M1062,Sections!$A$2:$D$200,4,FALSE))","v":""}]
[{"$f":"IF(Start!A1063=\"\",\"\",Start!A1063)","v":""},{"$f":"IF(Start!B1063=\"\",\"\",Start!B1063)","v":""},{"$f":"IF(Start!C1063=\"\",\"\",Start!C1063)","v":""},{"$f":"IF(Start!D1063=\"\",\"\",Start!D1063)","v":""},{"$f":"IF(Start!E1063=\"\",\"\",Start!E1063)","v":""},{"$f":"IF(Start!F1063=\"\",\"\",Start!F1063)","v":""},{"$f":"IF(Start!G1063=\"\",\"\",Start!G1063)","v":""},{"$f":"IF(Start!H1063=\"\",\"\",Start!H1063)","v":""},"",{"$f":"IF(I1063=\"\",\"\",LOOKUP(I1063,{1,\"01\";2,\"02\";3,\"03\";4,\"04\";5,\"05\";6,\"06\";7,\"07\";8,\"08\";9,\"09\";10,\"10\";11,\"11\";12,\"12\";13,\"13\";14,\"14\";15,\"15\"}))","v":""},"","","",{"$f":"IF(B1063=\"\",\"\",VLOOKUP(M1063,Sections!$A$2:$D$200,3,FALSE))","v":""},{"$f":"IF(B1063=\"\",\"\",VLOOKUP(M1063,Sections!$A$2:$D$200,4,FALSE))","v":""}]
[{"$f":"IF(Start!A1064=\"\",\"\",Start!A1064)","v":""},{"$f":"IF(Start!B1064=\"\",\"\",Start!B1064)","v":""},{"$f":"IF(Start!C1064=\"\",\"\",Start!C1064)","v":""},{"$f":"IF(Start!D1064=\"\",\"\",Start!D1064)","v":""},{"$f":"IF(Start!E1064=\"\",\"\",Start!E1064)","v":""},{"$f":"IF(Start!F1064=\"\",\"\",Start!F1064)","v":""},{"$f":"IF(Start!G1064=\"\",\"\",Start!G1064)","v":""},{"$f":"IF(Start!H1064=\"\",\"\",Start!H1064)","v":""},"",{"$f":"IF(I1064=\"\",\"\",LOOKUP(I1064,{1,\"01\";2,\"02\";3,\"03\";4,\"04\";5,\"05\";6,\"06\";7,\"07\";8,\"08\";9,\"09\";10,\"10\";11,\"11\";12,\"12\";13,\"13\";14,\"14\";15,\"15\"}))","v":""},"","","",{"$f":"IF(B1064=\"\",\"\",VLOOKUP(M1064,Sections!$A$2:$D$200,3,FALSE))","v":""},{"$f":"IF(B1064=\"\",\"\",VLOOKUP(M1064,Sections!$A$2:$D$200,4,FALSE))","v":""}]
[{"$f":"IF(Start!A1065=\"\",\"\",Start!A1065)","v":""},{"$f":"IF(Start!B1065=\"\",\"\",Start!B1065)","v":""},{"$f":"IF(Start!C1065=\"\",\"\",Start!C1065)","v":""},{"$f":"IF(Start!D1065=\"\",\"\",Start!D1065)","v":""},{"$f":"IF(Start!E1065=\"\",\"\",Start!E1065)","v":""},{"$f":"IF(Start!F1065=\"\",\"\",Start!F1065)","v":""},{"$f":"IF(Start!G1065=\"\",\"\",Start!G1065)","v":""},{"$f":"IF(Start!H1065=\"\",\"\",Start!H1065)","v":""},"",{"$f":"IF(I1065=\"\",\"\",LOOKUP(I1065,{1,\"01\";2,\"02\";3,\"03\";4,\"04\";5,\"05\";6,\"06\";7,\"07\";8,\"08\";9,\"09\";10,\"10\";11,\"11\";12,\"12\";13,\"13\";14,\"14\";15,\"15\"}))","v":""},"","","",{"$f":"IF(B1065=\"\",\"\",VLOOKUP(M1065,Sections!$A$2:$D$200,3,FALSE))","v":""},{"$f":"IF(B1065=\"\",\"\",VLOOKUP(M1065,Sections!$A$2:$D$200,4,FALSE))","v":""}]
[{"$f":"IF(Start!A1066=\"\",\"\",Start!A1066)","v":""},{"$f":"IF(Start!B1066=\"\",\"\",Start!B1066)","v":""},{"$f":"IF(Start!C1066=\"\",\"\",Start!C1066)","v":""},{"$f":"IF(Start!D1066=\"\",\"\",Start!D1066)","v":""},{"$f":"IF(Start!E1066=\"\",\"\",Start!E1066)","v":""},{"$f":"IF(Start!F1066=\"\",\"\",Start!F1066)","v":""},{"$f":"IF(Start!G1066=\"\",\"\",Start!G1066)","v":""},{"$f":"IF(Start!H1066=\"\",\"\",Start!H1066)","v":""},"",{"$f":"IF(I1066=\"\",\"\",LOOKUP(I1066,{1,\"01\";2,\"02\";3,\"03\";4,\"04\";5,\"05\";6,\"06\";7,\"07\";8,\"08\";9,\"09\";10,\"10\";11,\"11\";12,\"12\";13,\"13\";14,\"14\";15,\"15\"}))","v":""},"","","",{"$f":"IF(B1066=\"\",\"\",VLOOKUP(M1066,Sections!$A$2:$D$200,3,FALSE))","v":""},{"$f":"IF(B1066=\"\",\"\",VLOOKUP(M1066,Sections!$A$2:$D$200,4,FALSE))","v":""}]
[{"$f":"IF(Start!A1067=\"\",\"\",Start!A1067)","v":""},{"$f":"IF(Start!B1067=\"\",\"\",Start!B1067)","v":""},{"$f":"IF(Start!C1067=\"\",\"\",Start!C1067)","v":""},{"$f":"IF(Start!D1067=\"\",\"\",Start!D1067)","v":""},{"$f":"IF(Start!E1067=\"\",\"\",Start!E1067)","v":""},{"$f":"IF(Start!F1067=\"\",\"\",Start!F1067)","v":""},{"$f":"IF(Start!G1067=\"\",\"\",Start!G1067)","v":""},{"$f":"IF(Start!H1067=\"\",\"\",Start!H1067)","v":""},"",{"$f":"IF(I1067=\"\",\"\",LOOKUP(I1067,{1,\"01\";2,\"02\";3,\"03\";4,\"04\";5,\"05\";6,\"06\";7,\"07\";8,\"08\";9,\"09\";10,\"10\";11,\"11\";12,\"12\";13,\"13\";14,\"14\";15,\"15\"}))","v":""},"","","",{"$f":"IF(B1067=\"\",\"\",VLOOKUP(M1067,Sections!$A$2:$D$200,3,FALSE))","v":""},{"$f":"IF(B1067=\"\",\"\",VLOOKUP(M1067,Sections!$A$2:$D$200,4,FALSE))","v":""}]
[{"$f":"IF(Start!A1068=\"\",\"\",Start!A1068)","v":""},{"$f":"IF(Start!B1068=\"\",\"\",Start!B1068)","v":""},{"$f":"IF(Start!C1068=\"\",\"\",Start!C1068)","v":""},{"$f":"IF(Start!D1068=\"\",\"\",Start!D1068)","v":""},{"$f":"IF(Start!E1068=\"\",\"\",Start!E1068)","v":""},{"$f":"IF(Start!F1068=\"\",\"\",Start!F1068)","v":""},{"$f":"IF(Start!G1068=\"\",\"\",Start!G1068)","v":""},{"$f":"IF(Start!H1068=\"\",\"\",Start!H1068)","v":""},"",{"$f":"IF(I1068=\"\",\"\",LOOKUP(I1068,{1,\"01\";2,\"02\";3,\"03\";4,\"04\";5,\"05\";6,\"06\";7,\"07\";8,\"08\";9,\"09\";10,\"10\";11,\"11\";12,\"12\";13,\"13\";14,\"14\";15,\"15\"}))","v":""},"","","",{"$f":"IF(B1068=\"\",\"\",VLOOKUP(M1068,Sections!$A$2:$D$200,3,FALSE))","v":""},{"$f":"IF(B1068=\"\",\"\",VLOOKUP(M1068,Sections!$A$2:$D$200,4,FALSE))","v":""}]
[{"$f":"IF(Start!A1069=\"\",\"\",Start!A1069)","v":""},{"$f":"IF(Start!B1069=\"\",\"\",Start!B1069)","v":""},{"$f":"IF(Start!C1069=\"\",\"\",Start!C1069)","v":""},{"$f":"IF(Start!D1069=\"\",\"\",Start!D1069)","v":""},{"$f":"IF(Start!E1069=\"\",\"\",Start!E1069)","v":""},{"$f":"IF(Start!F1069=\"\",\"\",Start!F1069)","v":""},{"$f":"IF(Start!G1069=\"\",\"\",Start!G1069)","v":""},{"$f":"IF(Start!H1069=\"\",\"\",Start!H1069)","v":""},"",{"$f":"IF(I1069=\"\",\"\",LOOKUP(I1069,{1,\"01\";2,\"02\";3,\"03\";4,\"04\";5,\"05\";6,\"06\";7,\"07\";8,\"08\";9,\"09\";10,\"10\";11,\"11\";12,\"12\";13,\"13\";14,\"14\";15,\"15\"}))","v":""},"","","",{"$f":"IF(B1069=\"\",\"\",VLOOKUP(M1069,Sections!$A$2:$D$200,3,FALSE))","v":""},{"$f":"IF(B1069=\"\",\"\",VLOOKUP(M1069,Sections!$A$2:$D$200,4,FALSE))","v":""}]
[{"$f":"IF(Start!A1070=\"\",\"\",Start!A1070)","v":""},{"$f":"IF(Start!B1070=\"\",\"\",Start!B1070)","v":""},{"$f":"IF(Start!C1070=\"\",\"\",Start!C1070)","v":""},{"$f":"IF(Start!D1070=\"\",\"\",Start!D1070)","v":""},{"$f":"IF(Start!E1070=\"\",\"\",Start!E1070)","v":""},{"$f":"IF(Start!F1070=\"\",\"\",Start!F1070)","v":""},{"$f":"IF(Start!G1070=\"\",\"\",Start!G1070)","v":""},{"$f":"IF(Start!H1070=\"\",\"\",Start!H1070)","v":""},"",{"$f":"IF(I1070=\"\",\"\",LOOKUP(I1070,{1,\"01\";2,\"02\";3,\"03\";4,\"04\";5,\"05\";6,\"06\";7,\"07\";8,\"08\";9,\"09\";10,\"10\";11,\"11\";12,\"12\";13,\"13\";14,\"14\";15,\"15\"}))","v":""},"","","",{"$f":"IF(B1070=\"\",\"\",VLOOKUP(M1070,Sections!$A$2:$D$200,3,FALSE))","v":""},{"$f":"IF(B1070=\"\",\"\",VLOOKUP(M1070,Sections!$A$2:$D$200,4,FALSE))","v":""}]
[{"$f":"IF(Start!A1071=\"\",\"\",Start!A1071)","v":""},{"$f":"IF(Start!B1071=\"\",\"\",Start!B1071)","v":""},{"$f":"IF(Start!C1071=\"\",\"\",Start!C1071)","v":""},{"$f":"IF(Start!D1071=\"\",\"\",Start!D1071)","v":""},{"$f":"IF(Start!E1071=\"\",\"\",Start!E1071)","v":""},{"$f":"IF(Start!F1071=\"\",\"\",Start!F1071)","v":""},{"$f":"IF(Start!G1071=\"\",\"\",Start!G1071)","v":""},{"$f":"IF(Start!H1071=\"\",\"\",Start!H1071)","v":""},"",{"$f":"IF(I1071=\"\",\"\",LOOKUP(I1071,{1,\"01\";2,\"02\";3,\"03\";4,\"04\";5,\"05\";6,\"06\";7,\"07\";8,\"08\";9,\"09\";10,\"10\";11,\"11\";12,\"12\";13,\"13\";14,\"14\";15,\"15\"}))","v":""},"","","",{"$f":"IF(B1071=\"\",\"\",VLOOKUP(M1071,Sections!$A$2:$D$200,3,FALSE))","v":""},{"$f":"IF(B1071=\"\",\"\",VLOOKUP(M1071,Sections!$A$2:$D$200,4,FALSE))","v":""}]
[{"$f":"IF(Start!A1072=\"\",\"\",Start!A1072)","v":""},{"$f":"IF(Start!B1072=\"\",\"\",Start!B1072)","v":""},{"$f":"IF(Start!C1072=\"\",\"\",Start!C1072)","v":""},{"$f":"IF(Start!D1072=\"\",\"\",Start!D1072)","v":""},{"$f":"IF(Start!E1072=\"\",\"\",Start!E1072)","v":""},{"$f":"IF(Start!F1072=\"\",\"\",Start!F1072)","v":""},{"$f":"IF(Start!G1072=\"\",\"\",Start!G1072)","v":""},{"$f":"IF(Start!H1072=\"\",\"\",Start!H1072)","v":""},"",{"$f":"IF(I1072=\"\",\"\",LOOKUP(I1072,{1,\"01\";2,\"02\";3,\"03\";4,\"04\";5,\"05\";6,\"06\";7,\"07\";8,\"08\";9,\"09\";10,\"10\";11,\"11\";12,\"12\";13,\"13\";14,\"14\";15,\"15\"}))","v":""},"","","",{"$f":"IF(B1072=\"\",\"\",VLOOKUP(M1072,Sections!$A$2:$D$200,3,FALSE))","v":""},{"$f":"IF(B1072=\"\",\"\",VLOOKUP(M1072,Sections!$A$2:$D$200,4,FALSE))","v":""}]
[{"$f":"IF(Start!A1073=\"\",\"\",Start!A1073)","v":""},{"$f":"IF(Start!B1073=\"\",\"\",Start!B1073)","v":""},{"$f":"IF(Start!C1073=\"\",\"\",Start!C1073)","v":""},{"$f":"IF(Start!D1073=\"\",\"\",Start!D1073)","v":""},{"$f":"IF(Start!E1073=\"\",\"\",Start!E1073)","v":""},{"$f":"IF(Start!F1073=\"\",\"\",Start!F1073)","v":""},{"$f":"IF(Start!G1073=\"\",\"\",Start!G1073)","v":""},{"$f":"IF(Start!H1073=\"\",\"\",Start!H1073)","v":""},"",{"$f":"IF(I1073=\"\",\"\",LOOKUP(I1073,{1,\"01\";2,\"02\";3,\"03\";4,\"04\";5,\"05\";6,\"06\";7,\"07\";8,\"08\";9,\"09\";10,\"10\";11,\"11\";12,\"12\";13,\"13\";14,\"14\";15,\"15\"}))","v":""},"","","",{"$f":"IF(B1073=\"\",\"\",VLOOKUP(M1073,Sections!$A$2:$D$200,3,FALSE))","v":""},{"$f":"IF(B1073=\"\",\"\",VLOOKUP(M1073,Sections!$A$2:$D$200,4,FALSE))","v":""}]
[{"$f":"IF(Start!A1074=\"\",\"\",Start!A1074)","v":""},{"$f":"IF(Start!B1074=\"\",\"\",Start!B1074)","v":""},{"$f":"IF(Start!C1074=\"\",\"\",Start!C1074)","v":""},{"$f":"IF(Start!D1074=\"\",\"\",Start!D1074)","v":""},{"$f":"IF(Start!E1074=\"\",\"\",Start!E1074)","v":""},{"$f":"IF(Start!F1074=\"\",\"\",Start!F1074)","v":""},{"$f":"IF(Start!G1074=\"\",\"\",Start!G1074)","v":""},{"$f":"IF(Start!H1074=\"\",\"\",Start!H1074)","v":""},"",{"$f":"IF(I1074=\"\",\"\",LOOKUP(I1074,{1,\"01\";2,\"02\";3,\"03\";4,\"04\";5,\"05\";6,\"06\";7,\"07\";8,\"08\";9,\"09\";10,\"10\";11,\"11\";12,\"12\";13,\"13\";14,\"14\";15,\"15\"}))","v":""},"","","",{"$f":"IF(B1074=\"\",\"\",VLOOKUP(M1074,Sections!$A$2:$D$200,3,FALSE))","v":""},{"$f":"IF(B1074=\"\",\"\",VLOOKUP(M1074,Sections!$A$2:$D$200,4,FALSE))","v":""}]
[{"$f":"IF(Start!A1075=\"\",\"\",Start!A1075)","v":""},{"$f":"IF(Start!B1075=\"\",\"\",Start!B1075)","v":""},{"$f":"IF(Start!C1075=\"\",\"\",Start!C1075)","v":""},{"$f":"IF(Start!D1075=\"\",\"\",Start!D1075)","v":""},{"$f":"IF(Start!E1075=\"\",\"\",Start!E1075)","v":""},{"$f":"IF(Start!F1075=\"\",\"\",Start!F1075)","v":""},{"$f":"IF(Start!G1075=\"\",\"\",Start!G1075)","v":""},{"$f":"IF(Start!H1075=\"\",\"\",Start!H1075)","v":""},"",{"$f":"IF(I1075=\"\",\"\",LOOKUP(I1075,{1,\"01\";2,\"02\";3,\"03\";4,\"04\";5,\"05\";6,\"06\";7,\"07\";8,\"08\";9,\"09\";10,\"10\";11,\"11\";12,\"12\";13,\"13\";14,\"14\";15,\"15\"}))","v":""},"","","",{"$f":"IF(B1075=\"\",\"\",VLOOKUP(M1075,Sections!$A$2:$D$200,3,FALSE))","v":""},{"$f":"IF(B1075=\"\",\"\",VLOOKUP(M1075,Sections!$A$2:$D$200,4,FALSE))","v":""}]
[{"$f":"IF(Start!A1076=\"\",\"\",Start!A1076)","v":""},{"$f":"IF(Start!B1076=\"\",\"\",Start!B1076)","v":""},{"$f":"IF(Start!C1076=\"\",\"\",Start!C1076)","v":""},{"$f":"IF(Start!D1076=\"\",\"\",Start!D1076)","v":""},{"$f":"IF(Start!E1076=\"\",\"\",Start!E1076)","v":""},{"$f":"IF(Start!F1076=\"\",\"\",Start!F1076)","v":""},{"$f":"IF(Start!G1076=\"\",\"\",Start!G1076)","v":""},{"$f":"IF(Start!H1076=\"\",\"\",Start!H1076)","v":""},"",{"$f":"IF(I1076=\"\",\"\",LOOKUP(I1076,{1,\"01\";2,\"02\";3,\"03\";4,\"04\";5,\"05\";6,\"06\";7,\"07\";8,\"08\";9,\"09\";10,\"10\";11,\"11\";12,\"12\";13,\"13\";14,\"14\";15,\"15\"}))","v":""},"","","",{"$f":"IF(B1076=\"\",\"\",VLOOKUP(M1076,Sections!$A$2:$D$200,3,FALSE))","v":""},{"$f":"IF(B1076=\"\",\"\",VLOOKUP(M1076,Sections!$A$2:$D$200,4,FALSE))","v":""}]
[{"$f":"IF(Start!A1077=\"\",\"\",Start!A1077)","v":""},{"$f":"IF(Start!B1077=\"\",\"\",Start!B1077)","v":""},{"$f":"IF(Start!C1077=\"\",\"\",Start!C1077)","v":""},{"$f":"IF(Start!D1077=\"\",\"\",Start!D1077)","v":""},{"$f":"IF(Start!E1077=\"\",\"\",Start!E1077)","v":""},{"$f":"IF(Start!F1077=\"\",\"\",Start!F1077)","v":""},{"$f":"IF(Start!G1077=\"\",\"\",Start!G1077)","v":""},{"$f":"IF(Start!H1077=\"\",\"\",Start!H1077)","v":""},"",{"$f":"IF(I1077=\"\",\"\",LOOKUP(I1077,{1,\"01\";2,\"02\";3,\"03\";4,\"04\";5,\"05\";6,\"06\";7,\"07\";8,\"08\";9,\"09\";10,\"10\";11,\"11\";12,\"12\";13,\"13\";14,\"14\";15,\"15\"}))","v":""},"","","",{"$f":"IF(B1077=\"\",\"\",VLOOKUP(M1077,Sections!$A$2:$D$200,3,FALSE))","v":""},{"$f":"IF(B1077=\"\",\"\",VLOOKUP(M1077,Sections!$A$2:$D$200,4,FALSE))","v":""}]
[{"$f":"IF(Start!A1078=\"\",\"\",Start!A1078)","v":""},{"$f":"IF(Start!B1078=\"\",\"\",Start!B1078)","v":""},{"$f":"IF(Start!C1078=\"\",\"\",Start!C1078)","v":""},{"$f":"IF(Start!D1078=\"\",\"\",Start!D1078)","v":""},{"$f":"IF(Start!E1078=\"\",\"\",Start!E1078)","v":""},{"$f":"IF(Start!F1078=\"\",\"\",Start!F1078)","v":""},{"$f":"IF(Start!G1078=\"\",\"\",Start!G1078)","v":""},{"$f":"IF(Start!H1078=\"\",\"\",Start!H1078)","v":""},"",{"$f":"IF(I1078=\"\",\"\",LOOKUP(I1078,{1,\"01\";2,\"02\";3,\"03\";4,\"04\";5,\"05\";6,\"06\";7,\"07\";8,\"08\";9,\"09\";10,\"10\";11,\"11\";12,\"12\";13,\"13\";14,\"14\";15,\"15\"}))","v":""},"","","",{"$f":"IF(B1078=\"\",\"\",VLOOKUP(M1078,Sections!$A$2:$D$200,3,FALSE))","v":""},{"$f":"IF(B1078=\"\",\"\",VLOOKUP(M1078,Sections!$A$2:$D$200,4,FALSE))","v":""}]
[{"$f":"IF(Start!A1079=\"\",\"\",Start!A1079)","v":""},{"$f":"IF(Start!B1079=\"\",\"\",Start!B1079)","v":""},{"$f":"IF(Start!C1079=\"\",\"\",Start!C1079)","v":""},{"$f":"IF(Start!D1079=\"\",\"\",Start!D1079)","v":""},{"$f":"IF(Start!E1079=\"\",\"\",Start!E1079)","v":""},{"$f":"IF(Start!F1079=\"\",\"\",Start!F1079)","v":""},{"$f":"IF(Start!G1079=\"\",\"\",Start!G1079)","v":""},{"$f":"IF(Start!H1079=\"\",\"\",Start!H1079)","v":""},"",{"$f":"IF(I1079=\"\",\"\",LOOKUP(I1079,{1,\"01\";2,\"02\";3,\"03\";4,\"04\";5,\"05\";6,\"06\";7,\"07\";8,\"08\";9,\"09\";10,\"10\";11,\"11\";12,\"12\";13,\"13\";14,\"14\";15,\"15\"}))","v":""},"","","",{"$f":"IF(B1079=\"\",\"\",VLOOKUP(M1079,Sections!$A$2:$D$200,3,FALSE))","v":""},{"$f":"IF(B1079=\"\",\"\",VLOOKUP(M1079,Sections!$A$2:$D$200,4,FALSE))","v":""}]
[{"$f":"IF(Start!A1080=\"\",\"\",Start!A1080)","v":""},{"$f":"IF(Start!B1080=\"\",\"\",Start!B1080)","v":""},{"$f":"IF(Start!C1080=\"\",\"\",Start!C1080)","v":""},{"$f":"IF(Start!D1080=\"\",\"\",Start!D1080)","v":""},{"$f":"IF(Start!E1080=\"\",\"\",Start!E1080)","v":""},{"$f":"IF(Start!F1080=\"\",\"\",Start!F1080)","v":""},{"$f":"IF(Start!G1080=\"\",\"\",Start!G1080)","v":""},{"$f":"IF(Start!H1080=\"\",\"\",Start!H1080)","v":""},"",{"$f":"IF(I1080=\"\",\"\",LOOKUP(I1080,{1,\"01\";2,\"02\";3,\"03\";4,\"04\";5,\"05\";6,\"06\";7,\"07\";8,\"08\";9,\"09\";10,\"10\";11,\"11\";12,\"12\";13,\"13\";14,\"14\";15,\"15\"}))","v":""},"","","",{"$f":"IF(B1080=\"\",\"\",VLOOKUP(M1080,Sections!$A$2:$D$200,3,FALSE))","v":""},{"$f":"IF(B1080=\"\",\"\",VLOOKUP(M1080,Sections!$A$2:$D$200,4,FALSE))","v":""}]
[{"$f":"IF(Start!A1081=\"\",\"\",Start!A1081)","v":""},{"$f":"IF(Start!B1081=\"\",\"\",Start!B1081)","v":""},{"$f":"IF(Start!C1081=\"\",\"\",Start!C1081)","v":""},{"$f":"IF(Start!D1081=\"\",\"\",Start!D1081)","v":""},{"$f":"IF(Start!E1081=\"\",\"\",Start!E1081)","v":""},{"$f":"IF(Start!F1081=\"\",\"\",Start!F1081)","v":""},{"$f":"IF(Start!G1081=\"\",\"\",Start!G1081)","v":""},{"$f":"IF(Start!H1081=\"\",\"\",Start!H1081)","v":""},"",{"$f":"IF(I1081=\"\",\"\",LOOKUP(I1081,{1,\"01\";2,\"02\";3,\"03\";4,\"04\";5,\"05\";6,\"06\";7,\"07\";8,\"08\";9,\"09\";10,\"10\";11,\"11\";12,\"12\";13,\"13\";14,\"14\";15,\"15\"}))","v":""},"","","",{"$f":"IF(B1081=\"\",\"\",VLOOKUP(M1081,Sections!$A$2:$D$200,3,FALSE))","v":""},{"$f":"IF(B1081=\"\",\"\",VLOOKUP(M1081,Sections!$A$2:$D$200,4,FALSE))","v":""}]
[{"$f":"IF(Start!A1082=\"\",\"\",Start!A1082)","v":""},{"$f":"IF(Start!B1082=\"\",\"\",Start!B1082)","v":""},{"$f":"IF(Start!C1082=\"\",\"\",Start!C1082)","v":""},{"$f":"IF(Start!D1082=\"\",\"\",Start!D1082)","v":""},{"$f":"IF(Start!E1082=\"\",\"\",Start!E1082)","v":""},{"$f":"IF(Start!F1082=\"\",\"\",Start!F1082)","v":""},{"$f":"IF(Start!G1082=\"\",\"\",Start!G1082)","v":""},{"$f":"IF(Start!H1082=\"\",\"\",Start!H1082)","v":""},"",{"$f":"IF(I1082=\"\",\"\",LOOKUP(I1082,{1,\"01\";2,\"02\";3,\"03\";4,\"04\";5,\"05\";6,\"06\";7,\"07\";8,\"08\";9,\"09\";10,\"10\";11,\"11\";12,\"12\";13,\"13\";14,\"14\";15,\"15\"}))","v":""},"","","",{"$f":"IF(B1082=\"\",\"\",VLOOKUP(M1082,Sections!$A$2:$D$200,3,FALSE))","v":""},{"$f":"IF(B1082=\"\",\"\",VLOOKUP(M1082,Sections!$A$2:$D$200,4,FALSE))","v":""}]
[{"$f":"IF(Start!A1083=\"\",\"\",Start!A1083)","v":""},{"$f":"IF(Start!B1083=\"\",\"\",Start!B1083)","v":""},{"$f":"IF(Start!C1083=\"\",\"\",Start!C1083)","v":""},{"$f":"IF(Start!D1083=\"\",\"\",Start!D1083)","v":""},{"$f":"IF(Start!E1083=\"\",\"\",Start!E1083)","v":""},{"$f":"IF(Start!F1083=\"\",\"\",Start!F1083)","v":""},{"$f":"IF(Start!G1083=\"\",\"\",Start!G1083)","v":""},{"$f":"IF(Start!H1083=\"\",\"\",Start!H1083)","v":""},"",{"$f":"IF(I1083=\"\",\"\",LOOKUP(I1083,{1,\"01\";2,\"02\";3,\"03\";4,\"04\";5,\"05\";6,\"06\";7,\"07\";8,\"08\";9,\"09\";10,\"10\";11,\"11\";12,\"12\";13,\"13\";14,\"14\";15,\"15\"}))","v":""},"","","",{"$f":"IF(B1083=\"\",\"\",VLOOKUP(M1083,Sections!$A$2:$D$200,3,FALSE))","v":""},{"$f":"IF(B1083=\"\",\"\",VLOOKUP(M1083,Sections!$A$2:$D$200,4,FALSE))","v":""}]
[{"$f":"IF(Start!A1084=\"\",\"\",Start!A1084)","v":""},{"$f":"IF(Start!B1084=\"\",\"\",Start!B1084)","v":""},{"$f":"IF(Start!C1084=\"\",\"\",Start!C1084)","v":""},{"$f":"IF(Start!D1084=\"\",\"\",Start!D1084)","v":""},{"$f":"IF(Start!E1084=\"\",\"\",Start!E1084)","v":""},{"$f":"IF(Start!F1084=\"\",\"\",Start!F1084)","v":""},{"$f":"IF(Start!G1084=\"\",\"\",Start!G1084)","v":""},{"$f":"IF(Start!H1084=\"\",\"\",Start!H1084)","v":""},"",{"$f":"IF(I1084=\"\",\"\",LOOKUP(I1084,{1,\"01\";2,\"02\";3,\"03\";4,\"04\";5,\"05\";6,\"06\";7,\"07\";8,\"08\";9,\"09\";10,\"10\";11,\"11\";12,\"12\";13,\"13\";14,\"14\";15,\"15\"}))","v":""},"","","",{"$f":"IF(B1084=\"\",\"\",VLOOKUP(M1084,Sections!$A$2:$D$200,3,FALSE))","v":""},{"$f":"IF(B1084=\"\",\"\",VLOOKUP(M1084,Sections!$A$2:$D$200,4,FALSE))","v":""}]
[{"$f":"IF(Start!A1085=\"\",\"\",Start!A1085)","v":""},{"$f":"IF(Start!B1085=\"\",\"\",Start!B1085)","v":""},{"$f":"IF(Start!C1085=\"\",\"\",Start!C1085)","v":""},{"$f":"IF(Start!D1085=\"\",\"\",Start!D1085)","v":""},{"$f":"IF(Start!E1085=\"\",\"\",Start!E1085)","v":""},{"$f":"IF(Start!F1085=\"\",\"\",Start!F1085)","v":""},{"$f":"IF(Start!G1085=\"\",\"\",Start!G1085)","v":""},{"$f":"IF(Start!H1085=\"\",\"\",Start!H1085)","v":""},"",{"$f":"IF(I1085=\"\",\"\",LOOKUP(I1085,{1,\"01\";2,\"02\";3,\"03\";4,\"04\";5,\"05\";6,\"06\";7,\"07\";8,\"08\";9,\"09\";10,\"10\";11,\"11\";12,\"12\";13,\"13\";14,\"14\";15,\"15\"}))","v":""},"","","",{"$f":"IF(B1085=\"\",\"\",VLOOKUP(M1085,Sections!$A$2:$D$200,3,FALSE))","v":""},{"$f":"IF(B1085=\"\",\"\",VLOOKUP(M1085,Sections!$A$2:$D$200,4,FALSE))","v":""}]
[{"$f":"IF(Start!A1086=\"\",\"\",Start!A1086)","v":""},{"$f":"IF(Start!B1086=\"\",\"\",Start!B1086)","v":""},{"$f":"IF(Start!C1086=\"\",\"\",Start!C1086)","v":""},{"$f":"IF(Start!D1086=\"\",\"\",Start!D1086)","v":""},{"$f":"IF(Start!E1086=\"\",\"\",Start!E1086)","v":""},{"$f":"IF(Start!F1086=\"\",\"\",Start!F1086)","v":""},{"$f":"IF(Start!G1086=\"\",\"\",Start!G1086)","v":""},{"$f":"IF(Start!H1086=\"\",\"\",Start!H1086)","v":""},"",{"$f":"IF(I1086=\"\",\"\",LOOKUP(I1086,{1,\"01\";2,\"02\";3,\"03\";4,\"04\";5,\"05\";6,\"06\";7,\"07\";8,\"08\";9,\"09\";10,\"10\";11,\"11\";12,\"12\";13,\"13\";14,\"14\";15,\"15\"}))","v":""},"","","",{"$f":"IF(B1086=\"\",\"\",VLOOKUP(M1086,Sections!$A$2:$D$200,3,FALSE))","v":""},{"$f":"IF(B1086=\"\",\"\",VLOOKUP(M1086,Sections!$A$2:$D$200,4,FALSE))","v":""}]
[{"$f":"IF(Start!A1087=\"\",\"\",Start!A1087)","v":""},{"$f":"IF(Start!B1087=\"\",\"\",Start!B1087)","v":""},{"$f":"IF(Start!C1087=\"\",\"\",Start!C1087)","v":""},{"$f":"IF(Start!D1087=\"\",\"\",Start!D1087)","v":""},{"$f":"IF(Start!E1087=\"\",\"\",Start!E1087)","v":""},{"$f":"IF(Start!F1087=\"\",\"\",Start!F1087)","v":""},{"$f":"IF(Start!G1087=\"\",\"\",Start!G1087)","v":""},{"$f":"IF(Start!H1087=\"\",\"\",Start!H1087)","v":""},"",{"$f":"IF(I1087=\"\",\"\",LOOKUP(I1087,{1,\"01\";2,\"02\";3,\"03\";4,\"04\";5,\"05\";6,\"06\";7,\"07\";8,\"08\";9,\"09\";10,\"10\";11,\"11\";12,\"12\";13,\"13\";14,\"14\";15,\"15\"}))","v":""},"","","",{"$f":"IF(B1087=\"\",\"\",VLOOKUP(M1087,Sections!$A$2:$D$200,3,FALSE))","v":""},{"$f":"IF(B1087=\"\",\"\",VLOOKUP(M1087,Sections!$A$2:$D$200,4,FALSE))","v":""}]
[{"$f":"IF(Start!A1088=\"\",\"\",Start!A1088)","v":""},{"$f":"IF(Start!B1088=\"\",\"\",Start!B1088)","v":""},{"$f":"IF(Start!C1088=\"\",\"\",Start!C1088)","v":""},{"$f":"IF(Start!D1088=\"\",\"\",Start!D1088)","v":""},{"$f":"IF(Start!E1088=\"\",\"\",Start!E1088)","v":""},{"$f":"IF(Start!F1088=\"\",\"\",Start!F1088)","v":""},{"$f":"IF(Start!G1088=\"\",\"\",Start!G1088)","v":""},{"$f":"IF(Start!H1088=\"\",\"\",Start!H1088)","v":""},"",{"$f":"IF(I1088=\"\",\"\",LOOKUP(I1088,{1,\"01\";2,\"02\";3,\"03\";4,\"04\";5,\"05\";6,\"06\";7,\"07\";8,\"08\";9,\"09\";10,\"10\";11,\"11\";12,\"12\";13,\"13\";14,\"14\";15,\"15\"}))","v":""},"","","",{"$f":"IF(B1088=\"\",\"\",VLOOKUP(M1088,Sections!$A$2:$D$200,3,FALSE))","v":""},{"$f":"IF(B1088=\"\",\"\",VLOOKUP(M1088,Sections!$A$2:$D$200,4,FALSE))","v":""}]
[{"$f":"IF(Start!A1089=\"\",\"\",Start!A1089)","v":""},{"$f":"IF(Start!B1089=\"\",\"\",Start!B1089)","v":""},{"$f":"IF(Start!C1089=\"\",\"\",Start!C1089)","v":""},{"$f":"IF(Start!D1089=\"\",\"\",Start!D1089)","v":""},{"$f":"IF(Start!E1089=\"\",\"\",Start!E1089)","v":""},{"$f":"IF(Start!F1089=\"\",\"\",Start!F1089)","v":""},{"$f":"IF(Start!G1089=\"\",\"\",Start!G1089)","v":""},{"$f":"IF(Start!H1089=\"\",\"\",Start!H1089)","v":""},"",{"$f":"IF(I1089=\"\",\"\",LOOKUP(I1089,{1,\"01\";2,\"02\";3,\"03\";4,\"04\";5,\"05\";6,\"06\";7,\"07\";8,\"08\";9,\"09\";10,\"10\";11,\"11\";12,\"12\";13,\"13\";14,\"14\";15,\"15\"}))","v":""},"","","",{"$f":"IF(B1089=\"\",\"\",VLOOKUP(M1089,Sections!$A$2:$D$200,3,FALSE))","v":""},{"$f":"IF(B1089=\"\",\"\",VLOOKUP(M1089,Sections!$A$2:$D$200,4,FALSE))","v":""}]
[{"$f":"IF(Start!A1090=\"\",\"\",Start!A1090)","v":""},{"$f":"IF(Start!B1090=\"\",\"\",Start!B1090)","v":""},{"$f":"IF(Start!C1090=\"\",\"\",Start!C1090)","v":""},{"$f":"IF(Start!D1090=\"\",\"\",Start!D1090)","v":""},{"$f":"IF(Start!E1090=\"\",\"\",Start!E1090)","v":""},{"$f":"IF(Start!F1090=\"\",\"\",Start!F1090)","v":""},{"$f":"IF(Start!G1090=\"\",\"\",Start!G1090)","v":""},{"$f":"IF(Start!H1090=\"\",\"\",Start!H1090)","v":""},"",{"$f":"IF(I1090=\"\",\"\",LOOKUP(I1090,{1,\"01\";2,\"02\";3,\"03\";4,\"04\";5,\"05\";6,\"06\";7,\"07\";8,\"08\";9,\"09\";10,\"10\";11,\"11\";12,\"12\";13,\"13\";14,\"14\";15,\"15\"}))","v":""},"","","",{"$f":"IF(B1090=\"\",\"\",VLOOKUP(M1090,Sections!$A$2:$D$200,3,FALSE))","v":""},{"$f":"IF(B1090=\"\",\"\",VLOOKUP(M1090,Sections!$A$2:$D$200,4,FALSE))","v":""}]
[{"$f":"IF(Start!A1091=\"\",\"\",Start!A1091)","v":""},{"$f":"IF(Start!B1091=\"\",\"\",Start!B1091)","v":""},{"$f":"IF(Start!C1091=\"\",\"\",Start!C1091)","v":""},{"$f":"IF(Start!D1091=\"\",\"\",Start!D1091)","v":""},{"$f":"IF(Start!E1091=\"\",\"\",Start!E1091)","v":""},{"$f":"IF(Start!F1091=\"\",\"\",Start!F1091)","v":""},{"$f":"IF(Start!G1091=\"\",\"\",Start!G1091)","v":""},{"$f":"IF(Start!H1091=\"\",\"\",Start!H1091)","v":""},{"$f":"IF(AND(A1091=\"\",B1091=\"\",C1091=\"\"),\"\",IF(AND(A1091<>\"\",B1091=\"\",G1091=0,H1091=0),D1091,I1090))","v":""},{"$f":"IF(I1091=\"\",\"\",LOOKUP(I1091,{1,\"01\";2,\"02\";3,\"03\";4,\"04\";5,\"05\";6,\"06\";7,\"07\";8,\"08\";9,\"09\";10,\"10\";11,\"11\";12,\"12\";13,\"13\";14,\"14\";15,\"15\"}))","v":""},{"$f":"IF(AND(A1091<>\"\",B1091=\"\"),J1091&\". \"&PROPER(C1091),IF(AND(A1091=\"\",B1091<>\"\"),PROPER(K1090),\"\"))","v":""},{"$f":"IF(B1091=\"\",\"\",LEFT(B1091,1)*100)","v":""},{"$f":"IF(B1091=\"\",\"\",LEFT(B1091,3)*1)","v":""},{"$f":"IF(B1091=\"\",\"\",VLOOKUP(M1091,Sections!$A$2:$D$200,3,FALSE))","v":""},{"$f":"IF(B1091=\"\",\"\",VLOOKUP(M1091,Sections!$A$2:$D$200,4,FALSE))","v":""}]
[{"$f":"IF(Start!A1092=\"\",\"\",Start!A1092)","v":""},{"$f":"IF(Start!B1092=\"\",\"\",Start!B1092)","v":""},{"$f":"IF(Start!C1092=\"\",\"\",Start!C1092)","v":""},{"$f":"IF(Start!D1092=\"\",\"\",Start!D1092)","v":""},{"$f":"IF(Start!E1092=\"\",\"\",Start!E1092)","v":""},{"$f":"IF(Start!F1092=\"\",\"\",Start!F1092)","v":""},{"$f":"IF(Start!G1092=\"\",\"\",Start!G1092)","v":""},{"$f":"IF(Start!H1092=\"\",\"\",Start!H1092)","v":""},"",{"$f":"IF(I1092=\"\",\"\",LOOKUP(I1092,{1,\"01\";2,\"02\";3,\"03\";4,\"04\";5,\"05\";6,\"06\";7,\"07\";8,\"08\";9,\"09\";10,\"10\";11,\"11\";12,\"12\";13,\"13\";14,\"14\";15,\"15\"}))","v":""},"","","",{"$f":"IF(B1092=\"\",\"\",VLOOKUP(M1092,Sections!$A$2:$D$200,3,FALSE))","v":""},{"$f":"IF(B1092=\"\",\"\",VLOOKUP(M1092,Sections!$A$2:$D$200,4,FALSE))","v":""}]
[{"$f":"IF(Start!A1093=\"\",\"\",Start!A1093)","v":""},{"$f":"IF(Start!B1093=\"\",\"\",Start!B1093)","v":""},{"$f":"IF(Start!C1093=\"\",\"\",Start!C1093)","v":""},{"$f":"IF(Start!D1093=\"\",\"\",Start!D1093)","v":""},{"$f":"IF(Start!E1093=\"\",\"\",Start!E1093)","v":""},{"$f":"IF(Start!F1093=\"\",\"\",Start!F1093)","v":""},{"$f":"IF(Start!G1093=\"\",\"\",Start!G1093)","v":""},{"$f":"IF(Start!H1093=\"\",\"\",Start!H1093)","v":""},"",{"$f":"IF(I1093=\"\",\"\",LOOKUP(I1093,{1,\"01\";2,\"02\";3,\"03\";4,\"04\";5,\"05\";6,\"06\";7,\"07\";8,\"08\";9,\"09\";10,\"10\";11,\"11\";12,\"12\";13,\"13\";14,\"14\";15,\"15\"}))","v":""},"","","",{"$f":"IF(B1093=\"\",\"\",VLOOKUP(M1093,Sections!$A$2:$D$200,3,FALSE))","v":""},{"$f":"IF(B1093=\"\",\"\",VLOOKUP(M1093,Sections!$A$2:$D$200,4,FALSE))","v":""}]
[{"$f":"IF(Start!A1094=\"\",\"\",Start!A1094)","v":""},{"$f":"IF(Start!B1094=\"\",\"\",Start!B1094)","v":""},{"$f":"IF(Start!C1094=\"\",\"\",Start!C1094)","v":""},{"$f":"IF(Start!D1094=\"\",\"\",Start!D1094)","v":""},{"$f":"IF(Start!E1094=\"\",\"\",Start!E1094)","v":""},{"$f":"IF(Start!F1094=\"\",\"\",Start!F1094)","v":""},{"$f":"IF(Start!G1094=\"\",\"\",Start!G1094)","v":""},{"$f":"IF(Start!H1094=\"\",\"\",Start!H1094)","v":""},"",{"$f":"IF(I1094=\"\",\"\",LOOKUP(I1094,{1,\"01\";2,\"02\";3,\"03\";4,\"04\";5,\"05\";6,\"06\";7,\"07\";8,\"08\";9,\"09\";10,\"10\";11,\"11\";12,\"12\";13,\"13\";14,\"14\";15,\"15\"}))","v":""},"","","",{"$f":"IF(B1094=\"\",\"\",VLOOKUP(M1094,Sections!$A$2:$D$200,3,FALSE))","v":""},{"$f":"IF(B1094=\"\",\"\",VLOOKUP(M1094,Sections!$A$2:$D$200,4,FALSE))","v":""}]
[{"$f":"IF(Start!A1095=\"\",\"\",Start!A1095)","v":""},{"$f":"IF(Start!B1095=\"\",\"\",Start!B1095)","v":""},{"$f":"IF(Start!C1095=\"\",\"\",Start!C1095)","v":""},{"$f":"IF(Start!D1095=\"\",\"\",Start!D1095)","v":""},{"$f":"IF(Start!E1095=\"\",\"\",Start!E1095)","v":""},{"$f":"IF(Start!F1095=\"\",\"\",Start!F1095)","v":""},{"$f":"IF(Start!G1095=\"\",\"\",Start!G1095)","v":""},{"$f":"IF(Start!H1095=\"\",\"\",Start!H1095)","v":""},"",{"$f":"IF(I1095=\"\",\"\",LOOKUP(I1095,{1,\"01\";2,\"02\";3,\"03\";4,\"04\";5,\"05\";6,\"06\";7,\"07\";8,\"08\";9,\"09\";10,\"10\";11,\"11\";12,\"12\";13,\"13\";14,\"14\";15,\"15\"}))","v":""},"","","",{"$f":"IF(B1095=\"\",\"\",VLOOKUP(M1095,Sections!$A$2:$D$200,3,FALSE))","v":""},{"$f":"IF(B1095=\"\",\"\",VLOOKUP(M1095,Sections!$A$2:$D$200,4,FALSE))","v":""}]
[{"$f":"IF(Start!A1096=\"\",\"\",Start!A1096)","v":""},{"$f":"IF(Start!B1096=\"\",\"\",Start!B1096)","v":""},{"$f":"IF(Start!C1096=\"\",\"\",Start!C1096)","v":""},{"$f":"IF(Start!D1096=\"\",\"\",Start!D1096)","v":""},{"$f":"IF(Start!E1096=\"\",\"\",Start!E1096)","v":""},{"$f":"IF(Start!F1096=\"\",\"\",Start!F1096)","v":""},{"$f":"IF(Start!G1096=\"\",\"\",Start!G1096)","v":""},{"$f":"IF(Start!H1096=\"\",\"\",Start!H1096)","v":""},"",{"$f":"IF(I1096=\"\",\"\",LOOKUP(I1096,{1,\"01\";2,\"02\";3,\"03\";4,\"04\";5,\"05\";6,\"06\";7,\"07\";8,\"08\";9,\"09\";10,\"10\";11,\"11\";12,\"12\";13,\"13\";14,\"14\";15,\"15\"}))","v":""},"","","",{"$f":"IF(B1096=\"\",\"\",VLOOKUP(M1096,Sections!$A$2:$D$200,3,FALSE))","v":""},{"$f":"IF(B1096=\"\",\"\",VLOOKUP(M1096,Sections!$A$2:$D$200,4,FALSE))","v":""}]
[{"$f":"IF(Start!A1097=\"\",\"\",Start!A1097)","v":""},{"$f":"IF(Start!B1097=\"\",\"\",Start!B1097)","v":""},{"$f":"IF(Start!C1097=\"\",\"\",Start!C1097)","v":""},{"$f":"IF(Start!D1097=\"\",\"\",Start!D1097)","v":""},{"$f":"IF(Start!E1097=\"\",\"\",Start!E1097)","v":""},{"$f":"IF(Start!F1097=\"\",\"\",Start!F1097)","v":""},{"$f":"IF(Start!G1097=\"\",\"\",Start!G1097)","v":""},{"$f":"IF(Start!H1097=\"\",\"\",Start!H1097)","v":""},"",{"$f":"IF(I1097=\"\",\"\",LOOKUP(I1097,{1,\"01\";2,\"02\";3,\"03\";4,\"04\";5,\"05\";6,\"06\";7,\"07\";8,\"08\";9,\"09\";10,\"10\";11,\"11\";12,\"12\";13,\"13\";14,\"14\";15,\"15\"}))","v":""},"","","",{"$f":"IF(B1097=\"\",\"\",VLOOKUP(M1097,Sections!$A$2:$D$200,3,FALSE))","v":""},{"$f":"IF(B1097=\"\",\"\",VLOOKUP(M1097,Sections!$A$2:$D$200,4,FALSE))","v":""}]
[{"$f":"IF(Start!A1098=\"\",\"\",Start!A1098)","v":""},{"$f":"IF(Start!B1098=\"\",\"\",Start!B1098)","v":""},{"$f":"IF(Start!C1098=\"\",\"\",Start!C1098)","v":""},{"$f":"IF(Start!D1098=\"\",\"\",Start!D1098)","v":""},{"$f":"IF(Start!E1098=\"\",\"\",Start!E1098)","v":""},{"$f":"IF(Start!F1098=\"\",\"\",Start!F1098)","v":""},{"$f":"IF(Start!G1098=\"\",\"\",Start!G1098)","v":""},{"$f":"IF(Start!H1098=\"\",\"\",Start!H1098)","v":""},"",{"$f":"IF(I1098=\"\",\"\",LOOKUP(I1098,{1,\"01\";2,\"02\";3,\"03\";4,\"04\";5,\"05\";6,\"06\";7,\"07\";8,\"08\";9,\"09\";10,\"10\";11,\"11\";12,\"12\";13,\"13\";14,\"14\";15,\"15\"}))","v":""},"","","",{"$f":"IF(B1098=\"\",\"\",VLOOKUP(M1098,Sections!$A$2:$D$200,3,FALSE))","v":""},{"$f":"IF(B1098=\"\",\"\",VLOOKUP(M1098,Sections!$A$2:$D$200,4,FALSE))","v":""}]
[{"$f":"IF(Start!A1099=\"\",\"\",Start!A1099)","v":""},{"$f":"IF(Start!B1099=\"\",\"\",Start!B1099)","v":""},{"$f":"IF(Start!C1099=\"\",\"\",Start!C1099)","v":""},{"$f":"IF(Start!D1099=\"\",\"\",Start!D1099)","v":""},{"$f":"IF(Start!E1099=\"\",\"\",Start!E1099)","v":""},{"$f":"IF(Start!F1099=\"\",\"\",Start!F1099)","v":""},{"$f":"IF(Start!G1099=\"\",\"\",Start!G1099)","v":""},{"$f":"IF(Start!H1099=\"\",\"\",Start!H1099)","v":""},"",{"$f":"IF(I1099=\"\",\"\",LOOKUP(I1099,{1,\"01\";2,\"02\";3,\"03\";4,\"04\";5,\"05\";6,\"06\";7,\"07\";8,\"08\";9,\"09\";10,\"10\";11,\"11\";12,\"12\";13,\"13\";14,\"14\";15,\"15\"}))","v":""},"","","",{"$f":"IF(B1099=\"\",\"\",VLOOKUP(M1099,Sections!$A$2:$D$200,3,FALSE))","v":""},{"$f":"IF(B1099=\"\",\"\",VLOOKUP(M1099,Sections!$A$2:$D$200,4,FALSE))","v":""}]
[{"$f":"IF(Start!A1100=\"\",\"\",Start!A1100)","v":""},{"$f":"IF(Start!B1100=\"\",\"\",Start!B1100)","v":""},{"$f":"IF(Start!C1100=\"\",\"\",Start!C1100)","v":""},{"$f":"IF(Start!D1100=\"\",\"\",Start!D1100)","v":""},{"$f":"IF(Start!E1100=\"\",\"\",Start!E1100)","v":""},{"$f":"IF(Start!F1100=\"\",\"\",Start!F1100)","v":""},{"$f":"IF(Start!G1100=\"\",\"\",Start!G1100)","v":""},{"$f":"IF(Start!H1100=\"\",\"\",Start!H1100)","v":""},"",{"$f":"IF(I1100=\"\",\"\",LOOKUP(I1100,{1,\"01\";2,\"02\";3,\"03\";4,\"04\";5,\"05\";6,\"06\";7,\"07\";8,\"08\";9,\"09\";10,\"10\";11,\"11\";12,\"12\";13,\"13\";14,\"14\";15,\"15\"}))","v":""},"","","",{"$f":"IF(B1100=\"\",\"\",VLOOKUP(M1100,Sections!$A$2:$D$200,3,FALSE))","v":""},{"$f":"IF(B1100=\"\",\"\",VLOOKUP(M1100,Sections!$A$2:$D$200,4,FALSE))","v":""}]
[{"$f":"IF(Start!A1101=\"\",\"\",Start!A1101)","v":""},{"$f":"IF(Start!B1101=\"\",\"\",Start!B1101)","v":""},{"$f":"IF(Start!C1101=\"\",\"\",Start!C1101)","v":""},{"$f":"IF(Start!D1101=\"\",\"\",Start!D1101)","v":""},{"$f":"IF(Start!E1101=\"\",\"\",Start!E1101)","v":""},{"$f":"IF(Start!F1101=\"\",\"\",Start!F1101)","v":""},{"$f":"IF(Start!G1101=\"\",\"\",Start!G1101)","v":""},{"$f":"IF(Start!H1101=\"\",\"\",Start!H1101)","v":""},"",{"$f":"IF(I1101=\"\",\"\",LOOKUP(I1101,{1,\"01\";2,\"02\";3,\"03\";4,\"04\";5,\"05\";6,\"06\";7,\"07\";8,\"08\";9,\"09\";10,\"10\";11,\"11\";12,\"12\";13,\"13\";14,\"14\";15,\"15\"}))","v":""},"","","",{"$f":"IF(B1101=\"\",\"\",VLOOKUP(M1101,Sections!$A$2:$D$200,3,FALSE))","v":""},{"$f":"IF(B1101=\"\",\"\",VLOOKUP(M1101,Sections!$A$2:$D$200,4,FALSE))","v":""}]
[{"$f":"IF(Start!A1102=\"\",\"\",Start!A1102)","v":""},{"$f":"IF(Start!B1102=\"\",\"\",Start!B1102)","v":""},{"$f":"IF(Start!C1102=\"\",\"\",Start!C1102)","v":""},{"$f":"IF(Start!D1102=\"\",\"\",Start!D1102)","v":""},{"$f":"IF(Start!E1102=\"\",\"\",Start!E1102)","v":""},{"$f":"IF(Start!F1102=\"\",\"\",Start!F1102)","v":""},{"$f":"IF(Start!G1102=\"\",\"\",Start!G1102)","v":""},{"$f":"IF(Start!H1102=\"\",\"\",Start!H1102)","v":""},"",{"$f":"IF(I1102=\"\",\"\",LOOKUP(I1102,{1,\"01\";2,\"02\";3,\"03\";4,\"04\";5,\"05\";6,\"06\";7,\"07\";8,\"08\";9,\"09\";10,\"10\";11,\"11\";12,\"12\";13,\"13\";14,\"14\";15,\"15\"}))","v":""},"","","",{"$f":"IF(B1102=\"\",\"\",VLOOKUP(M1102,Sections!$A$2:$D$200,3,FALSE))","v":""},{"$f":"IF(B1102=\"\",\"\",VLOOKUP(M1102,Sections!$A$2:$D$200,4,FALSE))","v":""}]
[{"$f":"IF(Start!A1103=\"\",\"\",Start!A1103)","v":""},{"$f":"IF(Start!B1103=\"\",\"\",Start!B1103)","v":""},{"$f":"IF(Start!C1103=\"\",\"\",Start!C1103)","v":""},{"$f":"IF(Start!D1103=\"\",\"\",Start!D1103)","v":""},{"$f":"IF(Start!E1103=\"\",\"\",Start!E1103)","v":""},{"$f":"IF(Start!F1103=\"\",\"\",Start!F1103)","v":""},{"$f":"IF(Start!G1103=\"\",\"\",Start!G1103)","v":""},{"$f":"IF(Start!H1103=\"\",\"\",Start!H1103)","v":""},"",{"$f":"IF(I1103=\"\",\"\",LOOKUP(I1103,{1,\"01\";2,\"02\";3,\"03\";4,\"04\";5,\"05\";6,\"06\";7,\"07\";8,\"08\";9,\"09\";10,\"10\";11,\"11\";12,\"12\";13,\"13\";14,\"14\";15,\"15\"}))","v":""},"","","",{"$f":"IF(B1103=\"\",\"\",VLOOKUP(M1103,Sections!$A$2:$D$200,3,FALSE))","v":""},{"$f":"IF(B1103=\"\",\"\",VLOOKUP(M1103,Sections!$A$2:$D$200,4,FALSE))","v":""}]
[{"$f":"IF(Start!A1104=\"\",\"\",Start!A1104)","v":""},{"$f":"IF(Start!B1104=\"\",\"\",Start!B1104)","v":""},{"$f":"IF(Start!C1104=\"\",\"\",Start!C1104)","v":""},{"$f":"IF(Start!D1104=\"\",\"\",Start!D1104)","v":""},{"$f":"IF(Start!E1104=\"\",\"\",Start!E1104)","v":""},{"$f":"IF(Start!F1104=\"\",\"\",Start!F1104)","v":""},{"$f":"IF(Start!G1104=\"\",\"\",Start!G1104)","v":""},{"$f":"IF(Start!H1104=\"\",\"\",Start!H1104)","v":""},"",{"$f":"IF(I1104=\"\",\"\",LOOKUP(I1104,{1,\"01\";2,\"02\";3,\"03\";4,\"04\";5,\"05\";6,\"06\";7,\"07\";8,\"08\";9,\"09\";10,\"10\";11,\"11\";12,\"12\";13,\"13\";14,\"14\";15,\"15\"}))","v":""},"","","",{"$f":"IF(B1104=\"\",\"\",VLOOKUP(M1104,Sections!$A$2:$D$200,3,FALSE))","v":""},{"$f":"IF(B1104=\"\",\"\",VLOOKUP(M1104,Sections!$A$2:$D$200,4,FALSE))","v":""}]
[{"$f":"IF(Start!A1105=\"\",\"\",Start!A1105)","v":""},{"$f":"IF(Start!B1105=\"\",\"\",Start!B1105)","v":""},{"$f":"IF(Start!C1105=\"\",\"\",Start!C1105)","v":""},{"$f":"IF(Start!D1105=\"\",\"\",Start!D1105)","v":""},{"$f":"IF(Start!E1105=\"\",\"\",Start!E1105)","v":""},{"$f":"IF(Start!F1105=\"\",\"\",Start!F1105)","v":""},{"$f":"IF(Start!G1105=\"\",\"\",Start!G1105)","v":""},{"$f":"IF(Start!H1105=\"\",\"\",Start!H1105)","v":""},"",{"$f":"IF(I1105=\"\",\"\",LOOKUP(I1105,{1,\"01\";2,\"02\";3,\"03\";4,\"04\";5,\"05\";6,\"06\";7,\"07\";8,\"08\";9,\"09\";10,\"10\";11,\"11\";12,\"12\";13,\"13\";14,\"14\";15,\"15\"}))","v":""},"","","",{"$f":"IF(B1105=\"\",\"\",VLOOKUP(M1105,Sections!$A$2:$D$200,3,FALSE))","v":""},{"$f":"IF(B1105=\"\",\"\",VLOOKUP(M1105,Sections!$A$2:$D$200,4,FALSE))","v":""}]
[{"$f":"IF(Start!A1106=\"\",\"\",Start!A1106)","v":""},{"$f":"IF(Start!B1106=\"\",\"\",Start!B1106)","v":""},{"$f":"IF(Start!C1106=\"\",\"\",Start!C1106)","v":""},{"$f":"IF(Start!D1106=\"\",\"\",Start!D1106)","v":""},{"$f":"IF(Start!E1106=\"\",\"\",Start!E1106)","v":""},{"$f":"IF(Start!F1106=\"\",\"\",Start!F1106)","v":""},{"$f":"IF(Start!G1106=\"\",\"\",Start!G1106)","v":""},{"$f":"IF(Start!H1106=\"\",\"\",Start!H1106)","v":""},"",{"$f":"IF(I1106=\"\",\"\",LOOKUP(I1106,{1,\"01\";2,\"02\";3,\"03\";4,\"04\";5,\"05\";6,\"06\";7,\"07\";8,\"08\";9,\"09\";10,\"10\";11,\"11\";12,\"12\";13,\"13\";14,\"14\";15,\"15\"}))","v":""},"","","",{"$f":"IF(B1106=\"\",\"\",VLOOKUP(M1106,Sections!$A$2:$D$200,3,FALSE))","v":""},{"$f":"IF(B1106=\"\",\"\",VLOOKUP(M1106,Sections!$A$2:$D$200,4,FALSE))","v":""}]
[{"$f":"IF(Start!A1107=\"\",\"\",Start!A1107)","v":""},{"$f":"IF(Start!B1107=\"\",\"\",Start!B1107)","v":""},{"$f":"IF(Start!C1107=\"\",\"\",Start!C1107)","v":""},{"$f":"IF(Start!D1107=\"\",\"\",Start!D1107)","v":""},{"$f":"IF(Start!E1107=\"\",\"\",Start!E1107)","v":""},{"$f":"IF(Start!F1107=\"\",\"\",Start!F1107)","v":""},{"$f":"IF(Start!G1107=\"\",\"\",Start!G1107)","v":""},{"$f":"IF(Start!H1107=\"\",\"\",Start!H1107)","v":""},"",{"$f":"IF(I1107=\"\",\"\",LOOKUP(I1107,{1,\"01\";2,\"02\";3,\"03\";4,\"04\";5,\"05\";6,\"06\";7,\"07\";8,\"08\";9,\"09\";10,\"10\";11,\"11\";12,\"12\";13,\"13\";14,\"14\";15,\"15\"}))","v":""},"","","",{"$f":"IF(B1107=\"\",\"\",VLOOKUP(M1107,Sections!$A$2:$D$200,3,FALSE))","v":""},{"$f":"IF(B1107=\"\",\"\",VLOOKUP(M1107,Sections!$A$2:$D$200,4,FALSE))","v":""}]
[{"$f":"IF(Start!A1108=\"\",\"\",Start!A1108)","v":""},{"$f":"IF(Start!B1108=\"\",\"\",Start!B1108)","v":""},{"$f":"IF(Start!C1108=\"\",\"\",Start!C1108)","v":""},{"$f":"IF(Start!D1108=\"\",\"\",Start!D1108)","v":""},{"$f":"IF(Start!E1108=\"\",\"\",Start!E1108)","v":""},{"$f":"IF(Start!F1108=\"\",\"\",Start!F1108)","v":""},{"$f":"IF(Start!G1108=\"\",\"\",Start!G1108)","v":""},{"$f":"IF(Start!H1108=\"\",\"\",Start!H1108)","v":""},"",{"$f":"IF(I1108=\"\",\"\",LOOKUP(I1108,{1,\"01\";2,\"02\";3,\"03\";4,\"04\";5,\"05\";6,\"06\";7,\"07\";8,\"08\";9,\"09\";10,\"10\";11,\"11\";12,\"12\";13,\"13\";14,\"14\";15,\"15\"}))","v":""},"","","",{"$f":"IF(B1108=\"\",\"\",VLOOKUP(M1108,Sections!$A$2:$D$200,3,FALSE))","v":""},{"$f":"IF(B1108=\"\",\"\",VLOOKUP(M1108,Sections!$A$2:$D$200,4,FALSE))","v":""}]
[{"$f":"IF(Start!A1109=\"\",\"\",Start!A1109)","v":""},{"$f":"IF(Start!B1109=\"\",\"\",Start!B1109)","v":""},{"$f":"IF(Start!C1109=\"\",\"\",Start!C1109)","v":""},{"$f":"IF(Start!D1109=\"\",\"\",Start!D1109)","v":""},{"$f":"IF(Start!E1109=\"\",\"\",Start!E1109)","v":""},{"$f":"IF(Start!F1109=\"\",\"\",Start!F1109)","v":""},{"$f":"IF(Start!G1109=\"\",\"\",Start!G1109)","v":""},{"$f":"IF(Start!H1109=\"\",\"\",Start!H1109)","v":""},"",{"$f":"IF(I1109=\"\",\"\",LOOKUP(I1109,{1,\"01\";2,\"02\";3,\"03\";4,\"04\";5,\"05\";6,\"06\";7,\"07\";8,\"08\";9,\"09\";10,\"10\";11,\"11\";12,\"12\";13,\"13\";14,\"14\";15,\"15\"}))","v":""},"","","",{"$f":"IF(B1109=\"\",\"\",VLOOKUP(M1109,Sections!$A$2:$D$200,3,FALSE))","v":""},{"$f":"IF(B1109=\"\",\"\",VLOOKUP(M1109,Sections!$A$2:$D$200,4,FALSE))","v":""}]
[{"$f":"IF(Start!A1110=\"\",\"\",Start!A1110)","v":""},{"$f":"IF(Start!B1110=\"\",\"\",Start!B1110)","v":""},{"$f":"IF(Start!C1110=\"\",\"\",Start!C1110)","v":""},{"$f":"IF(Start!D1110=\"\",\"\",Start!D1110)","v":""},{"$f":"IF(Start!E1110=\"\",\"\",Start!E1110)","v":""},{"$f":"IF(Start!F1110=\"\",\"\",Start!F1110)","v":""},{"$f":"IF(Start!G1110=\"\",\"\",Start!G1110)","v":""},{"$f":"IF(Start!H1110=\"\",\"\",Start!H1110)","v":""},"",{"$f":"IF(I1110=\"\",\"\",LOOKUP(I1110,{1,\"01\";2,\"02\";3,\"03\";4,\"04\";5,\"05\";6,\"06\";7,\"07\";8,\"08\";9,\"09\";10,\"10\";11,\"11\";12,\"12\";13,\"13\";14,\"14\";15,\"15\"}))","v":""},"","","",{"$f":"IF(B1110=\"\",\"\",VLOOKUP(M1110,Sections!$A$2:$D$200,3,FALSE))","v":""},{"$f":"IF(B1110=\"\",\"\",VLOOKUP(M1110,Sections!$A$2:$D$200,4,FALSE))","v":""}]
[{"$f":"IF(Start!A1111=\"\",\"\",Start!A1111)","v":""},{"$f":"IF(Start!B1111=\"\",\"\",Start!B1111)","v":""},{"$f":"IF(Start!C1111=\"\",\"\",Start!C1111)","v":""},{"$f":"IF(Start!D1111=\"\",\"\",Start!D1111)","v":""},{"$f":"IF(Start!E1111=\"\",\"\",Start!E1111)","v":""},{"$f":"IF(Start!F1111=\"\",\"\",Start!F1111)","v":""},{"$f":"IF(Start!G1111=\"\",\"\",Start!G1111)","v":""},{"$f":"IF(Start!H1111=\"\",\"\",Start!H1111)","v":""},"",{"$f":"IF(I1111=\"\",\"\",LOOKUP(I1111,{1,\"01\";2,\"02\";3,\"03\";4,\"04\";5,\"05\";6,\"06\";7,\"07\";8,\"08\";9,\"09\";10,\"10\";11,\"11\";12,\"12\";13,\"13\";14,\"14\";15,\"15\"}))","v":""},"","","",{"$f":"IF(B1111=\"\",\"\",VLOOKUP(M1111,Sections!$A$2:$D$200,3,FALSE))","v":""},{"$f":"IF(B1111=\"\",\"\",VLOOKUP(M1111,Sections!$A$2:$D$200,4,FALSE))","v":""}]
[{"$f":"IF(Start!A1112=\"\",\"\",Start!A1112)","v":""},{"$f":"IF(Start!B1112=\"\",\"\",Start!B1112)","v":""},{"$f":"IF(Start!C1112=\"\",\"\",Start!C1112)","v":""},{"$f":"IF(Start!D1112=\"\",\"\",Start!D1112)","v":""},{"$f":"IF(Start!E1112=\"\",\"\",Start!E1112)","v":""},{"$f":"IF(Start!F1112=\"\",\"\",Start!F1112)","v":""},{"$f":"IF(Start!G1112=\"\",\"\",Start!G1112)","v":""},{"$f":"IF(Start!H1112=\"\",\"\",Start!H1112)","v":""},"",{"$f":"IF(I1112=\"\",\"\",LOOKUP(I1112,{1,\"01\";2,\"02\";3,\"03\";4,\"04\";5,\"05\";6,\"06\";7,\"07\";8,\"08\";9,\"09\";10,\"10\";11,\"11\";12,\"12\";13,\"13\";14,\"14\";15,\"15\"}))","v":""},"","","",{"$f":"IF(B1112=\"\",\"\",VLOOKUP(M1112,Sections!$A$2:$D$200,3,FALSE))","v":""},{"$f":"IF(B1112=\"\",\"\",VLOOKUP(M1112,Sections!$A$2:$D$200,4,FALSE))","v":""}]
[{"$f":"IF(Start!A1113=\"\",\"\",Start!A1113)","v":""},{"$f":"IF(Start!B1113=\"\",\"\",Start!B1113)","v":""},{"$f":"IF(Start!C1113=\"\",\"\",Start!C1113)","v":""},{"$f":"IF(Start!D1113=\"\",\"\",Start!D1113)","v":""},{"$f":"IF(Start!E1113=\"\",\"\",Start!E1113)","v":""},{"$f":"IF(Start!F1113=\"\",\"\",Start!F1113)","v":""},{"$f":"IF(Start!G1113=\"\",\"\",Start!G1113)","v":""},{"$f":"IF(Start!H1113=\"\",\"\",Start!H1113)","v":""},"",{"$f":"IF(I1113=\"\",\"\",LOOKUP(I1113,{1,\"01\";2,\"02\";3,\"03\";4,\"04\";5,\"05\";6,\"06\";7,\"07\";8,\"08\";9,\"09\";10,\"10\";11,\"11\";12,\"12\";13,\"13\";14,\"14\";15,\"15\"}))","v":""},"","","",{"$f":"IF(B1113=\"\",\"\",VLOOKUP(M1113,Sections!$A$2:$D$200,3,FALSE))","v":""},{"$f":"IF(B1113=\"\",\"\",VLOOKUP(M1113,Sections!$A$2:$D$200,4,FALSE))","v":""}]
[{"$f":"IF(Start!A1114=\"\",\"\",Start!A1114)","v":""},{"$f":"IF(Start!B1114=\"\",\"\",Start!B1114)","v":""},{"$f":"IF(Start!C1114=\"\",\"\",Start!C1114)","v":""},{"$f":"IF(Start!D1114=\"\",\"\",Start!D1114)","v":""},{"$f":"IF(Start!E1114=\"\",\"\",Start!E1114)","v":""},{"$f":"IF(Start!F1114=\"\",\"\",Start!F1114)","v":""},{"$f":"IF(Start!G1114=\"\",\"\",Start!G1114)","v":""},{"$f":"IF(Start!H1114=\"\",\"\",Start!H1114)","v":""},"",{"$f":"IF(I1114=\"\",\"\",LOOKUP(I1114,{1,\"01\";2,\"02\";3,\"03\";4,\"04\";5,\"05\";6,\"06\";7,\"07\";8,\"08\";9,\"09\";10,\"10\";11,\"11\";12,\"12\";13,\"13\";14,\"14\";15,\"15\"}))","v":""},"","","",{"$f":"IF(B1114=\"\",\"\",VLOOKUP(M1114,Sections!$A$2:$D$200,3,FALSE))","v":""},{"$f":"IF(B1114=\"\",\"\",VLOOKUP(M1114,Sections!$A$2:$D$200,4,FALSE))","v":""}]
[{"$f":"IF(Start!A1115=\"\",\"\",Start!A1115)","v":""},{"$f":"IF(Start!B1115=\"\",\"\",Start!B1115)","v":""},{"$f":"IF(Start!C1115=\"\",\"\",Start!C1115)","v":""},{"$f":"IF(Start!D1115=\"\",\"\",Start!D1115)","v":""},{"$f":"IF(Start!E1115=\"\",\"\",Start!E1115)","v":""},{"$f":"IF(Start!F1115=\"\",\"\",Start!F1115)","v":""},{"$f":"IF(Start!G1115=\"\",\"\",Start!G1115)","v":""},{"$f":"IF(Start!H1115=\"\",\"\",Start!H1115)","v":""},"",{"$f":"IF(I1115=\"\",\"\",LOOKUP(I1115,{1,\"01\";2,\"02\";3,\"03\";4,\"04\";5,\"05\";6,\"06\";7,\"07\";8,\"08\";9,\"09\";10,\"10\";11,\"11\";12,\"12\";13,\"13\";14,\"14\";15,\"15\"}))","v":""},"","","",{"$f":"IF(B1115=\"\",\"\",VLOOKUP(M1115,Sections!$A$2:$D$200,3,FALSE))","v":""},{"$f":"IF(B1115=\"\",\"\",VLOOKUP(M1115,Sections!$A$2:$D$200,4,FALSE))","v":""}]
[{"$f":"IF(Start!A1116=\"\",\"\",Start!A1116)","v":""},{"$f":"IF(Start!B1116=\"\",\"\",Start!B1116)","v":""},{"$f":"IF(Start!C1116=\"\",\"\",Start!C1116)","v":""},{"$f":"IF(Start!D1116=\"\",\"\",Start!D1116)","v":""},{"$f":"IF(Start!E1116=\"\",\"\",Start!E1116)","v":""},{"$f":"IF(Start!F1116=\"\",\"\",Start!F1116)","v":""},{"$f":"IF(Start!G1116=\"\",\"\",Start!G1116)","v":""},{"$f":"IF(Start!H1116=\"\",\"\",Start!H1116)","v":""},"",{"$f":"IF(I1116=\"\",\"\",LOOKUP(I1116,{1,\"01\";2,\"02\";3,\"03\";4,\"04\";5,\"05\";6,\"06\";7,\"07\";8,\"08\";9,\"09\";10,\"10\";11,\"11\";12,\"12\";13,\"13\";14,\"14\";15,\"15\"}))","v":""},"","","",{"$f":"IF(B1116=\"\",\"\",VLOOKUP(M1116,Sections!$A$2:$D$200,3,FALSE))","v":""},{"$f":"IF(B1116=\"\",\"\",VLOOKUP(M1116,Sections!$A$2:$D$200,4,FALSE))","v":""}]
[{"$f":"IF(Start!A1117=\"\",\"\",Start!A1117)","v":""},{"$f":"IF(Start!B1117=\"\",\"\",Start!B1117)","v":""},{"$f":"IF(Start!C1117=\"\",\"\",Start!C1117)","v":""},{"$f":"IF(Start!D1117=\"\",\"\",Start!D1117)","v":""},{"$f":"IF(Start!E1117=\"\",\"\",Start!E1117)","v":""},{"$f":"IF(Start!F1117=\"\",\"\",Start!F1117)","v":""},{"$f":"IF(Start!G1117=\"\",\"\",Start!G1117)","v":""},{"$f":"IF(Start!H1117=\"\",\"\",Start!H1117)","v":""},"",{"$f":"IF(I1117=\"\",\"\",LOOKUP(I1117,{1,\"01\";2,\"02\";3,\"03\";4,\"04\";5,\"05\";6,\"06\";7,\"07\";8,\"08\";9,\"09\";10,\"10\";11,\"11\";12,\"12\";13,\"13\";14,\"14\";15,\"15\"}))","v":""},"","","",{"$f":"IF(B1117=\"\",\"\",VLOOKUP(M1117,Sections!$A$2:$D$200,3,FALSE))","v":""},{"$f":"IF(B1117=\"\",\"\",VLOOKUP(M1117,Sections!$A$2:$D$200,4,FALSE))","v":""}]
[{"$f":"IF(Start!A1118=\"\",\"\",Start!A1118)","v":""},{"$f":"IF(Start!B1118=\"\",\"\",Start!B1118)","v":""},{"$f":"IF(Start!C1118=\"\",\"\",Start!C1118)","v":""},{"$f":"IF(Start!D1118=\"\",\"\",Start!D1118)","v":""},{"$f":"IF(Start!E1118=\"\",\"\",Start!E1118)","v":""},{"$f":"IF(Start!F1118=\"\",\"\",Start!F1118)","v":""},{"$f":"IF(Start!G1118=\"\",\"\",Start!G1118)","v":""},{"$f":"IF(Start!H1118=\"\",\"\",Start!H1118)","v":""},"",{"$f":"IF(I1118=\"\",\"\",LOOKUP(I1118,{1,\"01\";2,\"02\";3,\"03\";4,\"04\";5,\"05\";6,\"06\";7,\"07\";8,\"08\";9,\"09\";10,\"10\";11,\"11\";12,\"12\";13,\"13\";14,\"14\";15,\"15\"}))","v":""},"","","",{"$f":"IF(B1118=\"\",\"\",VLOOKUP(M1118,Sections!$A$2:$D$200,3,FALSE))","v":""},{"$f":"IF(B1118=\"\",\"\",VLOOKUP(M1118,Sections!$A$2:$D$200,4,FALSE))","v":""}]
[{"$f":"IF(Start!A1119=\"\",\"\",Start!A1119)","v":""},{"$f":"IF(Start!B1119=\"\",\"\",Start!B1119)","v":""},{"$f":"IF(Start!C1119=\"\",\"\",Start!C1119)","v":""},{"$f":"IF(Start!D1119=\"\",\"\",Start!D1119)","v":""},{"$f":"IF(Start!E1119=\"\",\"\",Start!E1119)","v":""},{"$f":"IF(Start!F1119=\"\",\"\",Start!F1119)","v":""},{"$f":"IF(Start!G1119=\"\",\"\",Start!G1119)","v":""},{"$f":"IF(Start!H1119=\"\",\"\",Start!H1119)","v":""},"",{"$f":"IF(I1119=\"\",\"\",LOOKUP(I1119,{1,\"01\";2,\"02\";3,\"03\";4,\"04\";5,\"05\";6,\"06\";7,\"07\";8,\"08\";9,\"09\";10,\"10\";11,\"11\";12,\"12\";13,\"13\";14,\"14\";15,\"15\"}))","v":""},"","","",{"$f":"IF(B1119=\"\",\"\",VLOOKUP(M1119,Sections!$A$2:$D$200,3,FALSE))","v":""},{"$f":"IF(B1119=\"\",\"\",VLOOKUP(M1119,Sections!$A$2:$D$200,4,FALSE))","v":""}]
[{"$f":"IF(Start!A1120=\"\",\"\",Start!A1120)","v":""},{"$f":"IF(Start!B1120=\"\",\"\",Start!B1120)","v":""},{"$f":"IF(Start!C1120=\"\",\"\",Start!C1120)","v":""},{"$f":"IF(Start!D1120=\"\",\"\",Start!D1120)","v":""},{"$f":"IF(Start!E1120=\"\",\"\",Start!E1120)","v":""},{"$f":"IF(Start!F1120=\"\",\"\",Start!F1120)","v":""},{"$f":"IF(Start!G1120=\"\",\"\",Start!G1120)","v":""},{"$f":"IF(Start!H1120=\"\",\"\",Start!H1120)","v":""},"",{"$f":"IF(I1120=\"\",\"\",LOOKUP(I1120,{1,\"01\";2,\"02\";3,\"03\";4,\"04\";5,\"05\";6,\"06\";7,\"07\";8,\"08\";9,\"09\";10,\"10\";11,\"11\";12,\"12\";13,\"13\";14,\"14\";15,\"15\"}))","v":""},"","","",{"$f":"IF(B1120=\"\",\"\",VLOOKUP(M1120,Sections!$A$2:$D$200,3,FALSE))","v":""},{"$f":"IF(B1120=\"\",\"\",VLOOKUP(M1120,Sections!$A$2:$D$200,4,FALSE))","v":""}]
[{"$f":"IF(Start!A1121=\"\",\"\",Start!A1121)","v":""},{"$f":"IF(Start!B1121=\"\",\"\",Start!B1121)","v":""},{"$f":"IF(Start!C1121=\"\",\"\",Start!C1121)","v":""},{"$f":"IF(Start!D1121=\"\",\"\",Start!D1121)","v":""},{"$f":"IF(Start!E1121=\"\",\"\",Start!E1121)","v":""},{"$f":"IF(Start!F1121=\"\",\"\",Start!F1121)","v":""},{"$f":"IF(Start!G1121=\"\",\"\",Start!G1121)","v":""},{"$f":"IF(Start!H1121=\"\",\"\",Start!H1121)","v":""},"",{"$f":"IF(I1121=\"\",\"\",LOOKUP(I1121,{1,\"01\";2,\"02\";3,\"03\";4,\"04\";5,\"05\";6,\"06\";7,\"07\";8,\"08\";9,\"09\";10,\"10\";11,\"11\";12,\"12\";13,\"13\";14,\"14\";15,\"15\"}))","v":""},"","","",{"$f":"IF(B1121=\"\",\"\",VLOOKUP(M1121,Sections!$A$2:$D$200,3,FALSE))","v":""},{"$f":"IF(B1121=\"\",\"\",VLOOKUP(M1121,Sections!$A$2:$D$200,4,FALSE))","v":""}]
[{"$f":"IF(Start!A1122=\"\",\"\",Start!A1122)","v":""},{"$f":"IF(Start!B1122=\"\",\"\",Start!B1122)","v":""},{"$f":"IF(Start!C1122=\"\",\"\",Start!C1122)","v":""},{"$f":"IF(Start!D1122=\"\",\"\",Start!D1122)","v":""},{"$f":"IF(Start!E1122=\"\",\"\",Start!E1122)","v":""},{"$f":"IF(Start!F1122=\"\",\"\",Start!F1122)","v":""},{"$f":"IF(Start!G1122=\"\",\"\",Start!G1122)","v":""},{"$f":"IF(Start!H1122=\"\",\"\",Start!H1122)","v":""},"",{"$f":"IF(I1122=\"\",\"\",LOOKUP(I1122,{1,\"01\";2,\"02\";3,\"03\";4,\"04\";5,\"05\";6,\"06\";7,\"07\";8,\"08\";9,\"09\";10,\"10\";11,\"11\";12,\"12\";13,\"13\";14,\"14\";15,\"15\"}))","v":""},"","","",{"$f":"IF(B1122=\"\",\"\",VLOOKUP(M1122,Sections!$A$2:$D$200,3,FALSE))","v":""},{"$f":"IF(B1122=\"\",\"\",VLOOKUP(M1122,Sections!$A$2:$D$200,4,FALSE))","v":""}]
[{"$f":"IF(Start!A1123=\"\",\"\",Start!A1123)","v":""},{"$f":"IF(Start!B1123=\"\",\"\",Start!B1123)","v":""},{"$f":"IF(Start!C1123=\"\",\"\",Start!C1123)","v":""},{"$f":"IF(Start!D1123=\"\",\"\",Start!D1123)","v":""},{"$f":"IF(Start!E1123=\"\",\"\",Start!E1123)","v":""},{"$f":"IF(Start!F1123=\"\",\"\",Start!F1123)","v":""},{"$f":"IF(Start!G1123=\"\",\"\",Start!G1123)","v":""},{"$f":"IF(Start!H1123=\"\",\"\",Start!H1123)","v":""},"",{"$f":"IF(I1123=\"\",\"\",LOOKUP(I1123,{1,\"01\";2,\"02\";3,\"03\";4,\"04\";5,\"05\";6,\"06\";7,\"07\";8,\"08\";9,\"09\";10,\"10\";11,\"11\";12,\"12\";13,\"13\";14,\"14\";15,\"15\"}))","v":""},"","","",{"$f":"IF(B1123=\"\",\"\",VLOOKUP(M1123,Sections!$A$2:$D$200,3,FALSE))","v":""},{"$f":"IF(B1123=\"\",\"\",VLOOKUP(M1123,Sections!$A$2:$D$200,4,FALSE))","v":""}]
[{"$f":"IF(Start!A1124=\"\",\"\",Start!A1124)","v":""},{"$f":"IF(Start!B1124=\"\",\"\",Start!B1124)","v":""},{"$f":"IF(Start!C1124=\"\",\"\",Start!C1124)","v":""},{"$f":"IF(Start!D1124=\"\",\"\",Start!D1124)","v":""},{"$f":"IF(Start!E1124=\"\",\"\",Start!E1124)","v":""},{"$f":"IF(Start!F1124=\"\",\"\",Start!F1124)","v":""},{"$f":"IF(Start!G1124=\"\",\"\",Start!G1124)","v":""},{"$f":"IF(Start!H1124=\"\",\"\",Start!H1124)","v":""},"",{"$f":"IF(I1124=\"\",\"\",LOOKUP(I1124,{1,\"01\";2,\"02\";3,\"03\";4,\"04\";5,\"05\";6,\"06\";7,\"07\";8,\"08\";9,\"09\";10,\"10\";11,\"11\";12,\"12\";13,\"13\";14,\"14\";15,\"15\"}))","v":""},"","","",{"$f":"IF(B1124=\"\",\"\",VLOOKUP(M1124,Sections!$A$2:$D$200,3,FALSE))","v":""},{"$f":"IF(B1124=\"\",\"\",VLOOKUP(M1124,Sections!$A$2:$D$200,4,FALSE))","v":""}]
[{"$f":"IF(Start!A1125=\"\",\"\",Start!A1125)","v":""},{"$f":"IF(Start!B1125=\"\",\"\",Start!B1125)","v":""},{"$f":"IF(Start!C1125=\"\",\"\",Start!C1125)","v":""},{"$f":"IF(Start!D1125=\"\",\"\",Start!D1125)","v":""},{"$f":"IF(Start!E1125=\"\",\"\",Start!E1125)","v":""},{"$f":"IF(Start!F1125=\"\",\"\",Start!F1125)","v":""},{"$f":"IF(Start!G1125=\"\",\"\",Start!G1125)","v":""},{"$f":"IF(Start!H1125=\"\",\"\",Start!H1125)","v":""},"",{"$f":"IF(I1125=\"\",\"\",LOOKUP(I1125,{1,\"01\";2,\"02\";3,\"03\";4,\"04\";5,\"05\";6,\"06\";7,\"07\";8,\"08\";9,\"09\";10,\"10\";11,\"11\";12,\"12\";13,\"13\";14,\"14\";15,\"15\"}))","v":""},"","","",{"$f":"IF(B1125=\"\",\"\",VLOOKUP(M1125,Sections!$A$2:$D$200,3,FALSE))","v":""},{"$f":"IF(B1125=\"\",\"\",VLOOKUP(M1125,Sections!$A$2:$D$200,4,FALSE))","v":""}]
[{"$f":"IF(Start!A1126=\"\",\"\",Start!A1126)","v":""},{"$f":"IF(Start!B1126=\"\",\"\",Start!B1126)","v":""},{"$f":"IF(Start!C1126=\"\",\"\",Start!C1126)","v":""},{"$f":"IF(Start!D1126=\"\",\"\",Start!D1126)","v":""},{"$f":"IF(Start!E1126=\"\",\"\",Start!E1126)","v":""},{"$f":"IF(Start!F1126=\"\",\"\",Start!F1126)","v":""},{"$f":"IF(Start!G1126=\"\",\"\",Start!G1126)","v":""},{"$f":"IF(Start!H1126=\"\",\"\",Start!H1126)","v":""},"",{"$f":"IF(I1126=\"\",\"\",LOOKUP(I1126,{1,\"01\";2,\"02\";3,\"03\";4,\"04\";5,\"05\";6,\"06\";7,\"07\";8,\"08\";9,\"09\";10,\"10\";11,\"11\";12,\"12\";13,\"13\";14,\"14\";15,\"15\"}))","v":""},"","","",{"$f":"IF(B1126=\"\",\"\",VLOOKUP(M1126,Sections!$A$2:$D$200,3,FALSE))","v":""},{"$f":"IF(B1126=\"\",\"\",VLOOKUP(M1126,Sections!$A$2:$D$200,4,FALSE))","v":""}]
[{"$f":"IF(Start!A1127=\"\",\"\",Start!A1127)","v":""},{"$f":"IF(Start!B1127=\"\",\"\",Start!B1127)","v":""},{"$f":"IF(Start!C1127=\"\",\"\",Start!C1127)","v":""},{"$f":"IF(Start!D1127=\"\",\"\",Start!D1127)","v":""},{"$f":"IF(Start!E1127=\"\",\"\",Start!E1127)","v":""},{"$f":"IF(Start!F1127=\"\",\"\",Start!F1127)","v":""},{"$f":"IF(Start!G1127=\"\",\"\",Start!G1127)","v":""},{"$f":"IF(Start!H1127=\"\",\"\",Start!H1127)","v":""},"",{"$f":"IF(I1127=\"\",\"\",LOOKUP(I1127,{1,\"01\";2,\"02\";3,\"03\";4,\"04\";5,\"05\";6,\"06\";7,\"07\";8,\"08\";9,\"09\";10,\"10\";11,\"11\";12,\"12\";13,\"13\";14,\"14\";15,\"15\"}))","v":""},"","","",{"$f":"IF(B1127=\"\",\"\",VLOOKUP(M1127,Sections!$A$2:$D$200,3,FALSE))","v":""},{"$f":"IF(B1127=\"\",\"\",VLOOKUP(M1127,Sections!$A$2:$D$200,4,FALSE))","v":""}]
[{"$f":"IF(Start!A1128=\"\",\"\",Start!A1128)","v":""},{"$f":"IF(Start!B1128=\"\",\"\",Start!B1128)","v":""},{"$f":"IF(Start!C1128=\"\",\"\",Start!C1128)","v":""},{"$f":"IF(Start!D1128=\"\",\"\",Start!D1128)","v":""},{"$f":"IF(Start!E1128=\"\",\"\",Start!E1128)","v":""},{"$f":"IF(Start!F1128=\"\",\"\",Start!F1128)","v":""},{"$f":"IF(Start!G1128=\"\",\"\",Start!G1128)","v":""},{"$f":"IF(Start!H1128=\"\",\"\",Start!H1128)","v":""},"",{"$f":"IF(I1128=\"\",\"\",LOOKUP(I1128,{1,\"01\";2,\"02\";3,\"03\";4,\"04\";5,\"05\";6,\"06\";7,\"07\";8,\"08\";9,\"09\";10,\"10\";11,\"11\";12,\"12\";13,\"13\";14,\"14\";15,\"15\"}))","v":""},"","","",{"$f":"IF(B1128=\"\",\"\",VLOOKUP(M1128,Sections!$A$2:$D$200,3,FALSE))","v":""},{"$f":"IF(B1128=\"\",\"\",VLOOKUP(M1128,Sections!$A$2:$D$200,4,FALSE))","v":""}]
[{"$f":"IF(Start!A1129=\"\",\"\",Start!A1129)","v":""},{"$f":"IF(Start!B1129=\"\",\"\",Start!B1129)","v":""},{"$f":"IF(Start!C1129=\"\",\"\",Start!C1129)","v":""},{"$f":"IF(Start!D1129=\"\",\"\",Start!D1129)","v":""},{"$f":"IF(Start!E1129=\"\",\"\",Start!E1129)","v":""},{"$f":"IF(Start!F1129=\"\",\"\",Start!F1129)","v":""},{"$f":"IF(Start!G1129=\"\",\"\",Start!G1129)","v":""},{"$f":"IF(Start!H1129=\"\",\"\",Start!H1129)","v":""},"",{"$f":"IF(I1129=\"\",\"\",LOOKUP(I1129,{1,\"01\";2,\"02\";3,\"03\";4,\"04\";5,\"05\";6,\"06\";7,\"07\";8,\"08\";9,\"09\";10,\"10\";11,\"11\";12,\"12\";13,\"13\";14,\"14\";15,\"15\"}))","v":""},"","","",{"$f":"IF(B1129=\"\",\"\",VLOOKUP(M1129,Sections!$A$2:$D$200,3,FALSE))","v":""},{"$f":"IF(B1129=\"\",\"\",VLOOKUP(M1129,Sections!$A$2:$D$200,4,FALSE))","v":""}]
[{"$f":"IF(Start!A1130=\"\",\"\",Start!A1130)","v":""},{"$f":"IF(Start!B1130=\"\",\"\",Start!B1130)","v":""},{"$f":"IF(Start!C1130=\"\",\"\",Start!C1130)","v":""},{"$f":"IF(Start!D1130=\"\",\"\",Start!D1130)","v":""},{"$f":"IF(Start!E1130=\"\",\"\",Start!E1130)","v":""},{"$f":"IF(Start!F1130=\"\",\"\",Start!F1130)","v":""},{"$f":"IF(Start!G1130=\"\",\"\",Start!G1130)","v":""},{"$f":"IF(Start!H1130=\"\",\"\",Start!H1130)","v":""},"",{"$f":"IF(I1130=\"\",\"\",LOOKUP(I1130,{1,\"01\";2,\"02\";3,\"03\";4,\"04\";5,\"05\";6,\"06\";7,\"07\";8,\"08\";9,\"09\";10,\"10\";11,\"11\";12,\"12\";13,\"13\";14,\"14\";15,\"15\"}))","v":""},"","","",{"$f":"IF(B1130=\"\",\"\",VLOOKUP(M1130,Sections!$A$2:$D$200,3,FALSE))","v":""},{"$f":"IF(B1130=\"\",\"\",VLOOKUP(M1130,Sections!$A$2:$D$200,4,FALSE))","v":""}]
[{"$f":"IF(Start!A1131=\"\",\"\",Start!A1131)","v":""},{"$f":"IF(Start!B1131=\"\",\"\",Start!B1131)","v":""},{"$f":"IF(Start!C1131=\"\",\"\",Start!C1131)","v":""},{"$f":"IF(Start!D1131=\"\",\"\",Start!D1131)","v":""},{"$f":"IF(Start!E1131=\"\",\"\",Start!E1131)","v":""},{"$f":"IF(Start!F1131=\"\",\"\",Start!F1131)","v":""},{"$f":"IF(Start!G1131=\"\",\"\",Start!G1131)","v":""},{"$f":"IF(Start!H1131=\"\",\"\",Start!H1131)","v":""},"",{"$f":"IF(I1131=\"\",\"\",LOOKUP(I1131,{1,\"01\";2,\"02\";3,\"03\";4,\"04\";5,\"05\";6,\"06\";7,\"07\";8,\"08\";9,\"09\";10,\"10\";11,\"11\";12,\"12\";13,\"13\";14,\"14\";15,\"15\"}))","v":""},"","","",{"$f":"IF(B1131=\"\",\"\",VLOOKUP(M1131,Sections!$A$2:$D$200,3,FALSE))","v":""},{"$f":"IF(B1131=\"\",\"\",VLOOKUP(M1131,Sections!$A$2:$D$200,4,FALSE))","v":""}]
[{"$f":"IF(Start!A1132=\"\",\"\",Start!A1132)","v":""},{"$f":"IF(Start!B1132=\"\",\"\",Start!B1132)","v":""},{"$f":"IF(Start!C1132=\"\",\"\",Start!C1132)","v":""},{"$f":"IF(Start!D1132=\"\",\"\",Start!D1132)","v":""},{"$f":"IF(Start!E1132=\"\",\"\",Start!E1132)","v":""},{"$f":"IF(Start!F1132=\"\",\"\",Start!F1132)","v":""},{"$f":"IF(Start!G1132=\"\",\"\",Start!G1132)","v":""},{"$f":"IF(Start!H1132=\"\",\"\",Start!H1132)","v":""},"",{"$f":"IF(I1132=\"\",\"\",LOOKUP(I1132,{1,\"01\";2,\"02\";3,\"03\";4,\"04\";5,\"05\";6,\"06\";7,\"07\";8,\"08\";9,\"09\";10,\"10\";11,\"11\";12,\"12\";13,\"13\";14,\"14\";15,\"15\"}))","v":""},"","","",{"$f":"IF(B1132=\"\",\"\",VLOOKUP(M1132,Sections!$A$2:$D$200,3,FALSE))","v":""},{"$f":"IF(B1132=\"\",\"\",VLOOKUP(M1132,Sections!$A$2:$D$200,4,FALSE))","v":""}]
[{"$f":"IF(Start!A1133=\"\",\"\",Start!A1133)","v":""},{"$f":"IF(Start!B1133=\"\",\"\",Start!B1133)","v":""},{"$f":"IF(Start!C1133=\"\",\"\",Start!C1133)","v":""},{"$f":"IF(Start!D1133=\"\",\"\",Start!D1133)","v":""},{"$f":"IF(Start!E1133=\"\",\"\",Start!E1133)","v":""},{"$f":"IF(Start!F1133=\"\",\"\",Start!F1133)","v":""},{"$f":"IF(Start!G1133=\"\",\"\",Start!G1133)","v":""},{"$f":"IF(Start!H1133=\"\",\"\",Start!H1133)","v":""},"",{"$f":"IF(I1133=\"\",\"\",LOOKUP(I1133,{1,\"01\";2,\"02\";3,\"03\";4,\"04\";5,\"05\";6,\"06\";7,\"07\";8,\"08\";9,\"09\";10,\"10\";11,\"11\";12,\"12\";13,\"13\";14,\"14\";15,\"15\"}))","v":""},"","","",{"$f":"IF(B1133=\"\",\"\",VLOOKUP(M1133,Sections!$A$2:$D$200,3,FALSE))","v":""},{"$f":"IF(B1133=\"\",\"\",VLOOKUP(M1133,Sections!$A$2:$D$200,4,FALSE))","v":""}]
[{"$f":"IF(Start!A1134=\"\",\"\",Start!A1134)","v":""},{"$f":"IF(Start!B1134=\"\",\"\",Start!B1134)","v":""},{"$f":"IF(Start!C1134=\"\",\"\",Start!C1134)","v":""},{"$f":"IF(Start!D1134=\"\",\"\",Start!D1134)","v":""},{"$f":"IF(Start!E1134=\"\",\"\",Start!E1134)","v":""},{"$f":"IF(Start!F1134=\"\",\"\",Start!F1134)","v":""},{"$f":"IF(Start!G1134=\"\",\"\",Start!G1134)","v":""},{"$f":"IF(Start!H1134=\"\",\"\",Start!H1134)","v":""},"",{"$f":"IF(I1134=\"\",\"\",LOOKUP(I1134,{1,\"01\";2,\"02\";3,\"03\";4,\"04\";5,\"05\";6,\"06\";7,\"07\";8,\"08\";9,\"09\";10,\"10\";11,\"11\";12,\"12\";13,\"13\";14,\"14\";15,\"15\"}))","v":""},"","","",{"$f":"IF(B1134=\"\",\"\",VLOOKUP(M1134,Sections!$A$2:$D$200,3,FALSE))","v":""},{"$f":"IF(B1134=\"\",\"\",VLOOKUP(M1134,Sections!$A$2:$D$200,4,FALSE))","v":""}]
[{"$f":"IF(Start!A1135=\"\",\"\",Start!A1135)","v":""},{"$f":"IF(Start!B1135=\"\",\"\",Start!B1135)","v":""},{"$f":"IF(Start!C1135=\"\",\"\",Start!C1135)","v":""},{"$f":"IF(Start!D1135=\"\",\"\",Start!D1135)","v":""},{"$f":"IF(Start!E1135=\"\",\"\",Start!E1135)","v":""},{"$f":"IF(Start!F1135=\"\",\"\",Start!F1135)","v":""},{"$f":"IF(Start!G1135=\"\",\"\",Start!G1135)","v":""},{"$f":"IF(Start!H1135=\"\",\"\",Start!H1135)","v":""},"",{"$f":"IF(I1135=\"\",\"\",LOOKUP(I1135,{1,\"01\";2,\"02\";3,\"03\";4,\"04\";5,\"05\";6,\"06\";7,\"07\";8,\"08\";9,\"09\";10,\"10\";11,\"11\";12,\"12\";13,\"13\";14,\"14\";15,\"15\"}))","v":""},"","","",{"$f":"IF(B1135=\"\",\"\",VLOOKUP(M1135,Sections!$A$2:$D$200,3,FALSE))","v":""},{"$f":"IF(B1135=\"\",\"\",VLOOKUP(M1135,Sections!$A$2:$D$200,4,FALSE))","v":""}]
[{"$f":"IF(Start!A1136=\"\",\"\",Start!A1136)","v":""},{"$f":"IF(Start!B1136=\"\",\"\",Start!B1136)","v":""},{"$f":"IF(Start!C1136=\"\",\"\",Start!C1136)","v":""},{"$f":"IF(Start!D1136=\"\",\"\",Start!D1136)","v":""},{"$f":"IF(Start!E1136=\"\",\"\",Start!E1136)","v":""},{"$f":"IF(Start!F1136=\"\",\"\",Start!F1136)","v":""},{"$f":"IF(Start!G1136=\"\",\"\",Start!G1136)","v":""},{"$f":"IF(Start!H1136=\"\",\"\",Start!H1136)","v":""},"",{"$f":"IF(I1136=\"\",\"\",LOOKUP(I1136,{1,\"01\";2,\"02\";3,\"03\";4,\"04\";5,\"05\";6,\"06\";7,\"07\";8,\"08\";9,\"09\";10,\"10\";11,\"11\";12,\"12\";13,\"13\";14,\"14\";15,\"15\"}))","v":""},"","","",{"$f":"IF(B1136=\"\",\"\",VLOOKUP(M1136,Sections!$A$2:$D$200,3,FALSE))","v":""},{"$f":"IF(B1136=\"\",\"\",VLOOKUP(M1136,Sections!$A$2:$D$200,4,FALSE))","v":""}]
[{"$f":"IF(Start!A1137=\"\",\"\",Start!A1137)","v":""},{"$f":"IF(Start!B1137=\"\",\"\",Start!B1137)","v":""},{"$f":"IF(Start!C1137=\"\",\"\",Start!C1137)","v":""},{"$f":"IF(Start!D1137=\"\",\"\",Start!D1137)","v":""},{"$f":"IF(Start!E1137=\"\",\"\",Start!E1137)","v":""},{"$f":"IF(Start!F1137=\"\",\"\",Start!F1137)","v":""},{"$f":"IF(Start!G1137=\"\",\"\",Start!G1137)","v":""},{"$f":"IF(Start!H1137=\"\",\"\",Start!H1137)","v":""},"",{"$f":"IF(I1137=\"\",\"\",LOOKUP(I1137,{1,\"01\";2,\"02\";3,\"03\";4,\"04\";5,\"05\";6,\"06\";7,\"07\";8,\"08\";9,\"09\";10,\"10\";11,\"11\";12,\"12\";13,\"13\";14,\"14\";15,\"15\"}))","v":""},"","","",{"$f":"IF(B1137=\"\",\"\",VLOOKUP(M1137,Sections!$A$2:$D$200,3,FALSE))","v":""},{"$f":"IF(B1137=\"\",\"\",VLOOKUP(M1137,Sections!$A$2:$D$200,4,FALSE))","v":""}]
[{"$f":"IF(Start!A1138=\"\",\"\",Start!A1138)","v":""},{"$f":"IF(Start!B1138=\"\",\"\",Start!B1138)","v":""},{"$f":"IF(Start!C1138=\"\",\"\",Start!C1138)","v":""},{"$f":"IF(Start!D1138=\"\",\"\",Start!D1138)","v":""},{"$f":"IF(Start!E1138=\"\",\"\",Start!E1138)","v":""},{"$f":"IF(Start!F1138=\"\",\"\",Start!F1138)","v":""},{"$f":"IF(Start!G1138=\"\",\"\",Start!G1138)","v":""},{"$f":"IF(Start!H1138=\"\",\"\",Start!H1138)","v":""},"",{"$f":"IF(I1138=\"\",\"\",LOOKUP(I1138,{1,\"01\";2,\"02\";3,\"03\";4,\"04\";5,\"05\";6,\"06\";7,\"07\";8,\"08\";9,\"09\";10,\"10\";11,\"11\";12,\"12\";13,\"13\";14,\"14\";15,\"15\"}))","v":""},"","","",{"$f":"IF(B1138=\"\",\"\",VLOOKUP(M1138,Sections!$A$2:$D$200,3,FALSE))","v":""},{"$f":"IF(B1138=\"\",\"\",VLOOKUP(M1138,Sections!$A$2:$D$200,4,FALSE))","v":""}]
[{"$f":"IF(Start!A1139=\"\",\"\",Start!A1139)","v":""},{"$f":"IF(Start!B1139=\"\",\"\",Start!B1139)","v":""},{"$f":"IF(Start!C1139=\"\",\"\",Start!C1139)","v":""},{"$f":"IF(Start!D1139=\"\",\"\",Start!D1139)","v":""},{"$f":"IF(Start!E1139=\"\",\"\",Start!E1139)","v":""},{"$f":"IF(Start!F1139=\"\",\"\",Start!F1139)","v":""},{"$f":"IF(Start!G1139=\"\",\"\",Start!G1139)","v":""},{"$f":"IF(Start!H1139=\"\",\"\",Start!H1139)","v":""},"",{"$f":"IF(I1139=\"\",\"\",LOOKUP(I1139,{1,\"01\";2,\"02\";3,\"03\";4,\"04\";5,\"05\";6,\"06\";7,\"07\";8,\"08\";9,\"09\";10,\"10\";11,\"11\";12,\"12\";13,\"13\";14,\"14\";15,\"15\"}))","v":""},"","","",{"$f":"IF(B1139=\"\",\"\",VLOOKUP(M1139,Sections!$A$2:$D$200,3,FALSE))","v":""},{"$f":"IF(B1139=\"\",\"\",VLOOKUP(M1139,Sections!$A$2:$D$200,4,FALSE))","v":""}]
[{"$f":"IF(Start!A1140=\"\",\"\",Start!A1140)","v":""},{"$f":"IF(Start!B1140=\"\",\"\",Start!B1140)","v":""},{"$f":"IF(Start!C1140=\"\",\"\",Start!C1140)","v":""},{"$f":"IF(Start!D1140=\"\",\"\",Start!D1140)","v":""},{"$f":"IF(Start!E1140=\"\",\"\",Start!E1140)","v":""},{"$f":"IF(Start!F1140=\"\",\"\",Start!F1140)","v":""},{"$f":"IF(Start!G1140=\"\",\"\",Start!G1140)","v":""},{"$f":"IF(Start!H1140=\"\",\"\",Start!H1140)","v":""},"",{"$f":"IF(I1140=\"\",\"\",LOOKUP(I1140,{1,\"01\";2,\"02\";3,\"03\";4,\"04\";5,\"05\";6,\"06\";7,\"07\";8,\"08\";9,\"09\";10,\"10\";11,\"11\";12,\"12\";13,\"13\";14,\"14\";15,\"15\"}))","v":""},"","","",{"$f":"IF(B1140=\"\",\"\",VLOOKUP(M1140,Sections!$A$2:$D$200,3,FALSE))","v":""},{"$f":"IF(B1140=\"\",\"\",VLOOKUP(M1140,Sections!$A$2:$D$200,4,FALSE))","v":""}]
[{"$f":"IF(Start!A1141=\"\",\"\",Start!A1141)","v":""},{"$f":"IF(Start!B1141=\"\",\"\",Start!B1141)","v":""},{"$f":"IF(Start!C1141=\"\",\"\",Start!C1141)","v":""},{"$f":"IF(Start!D1141=\"\",\"\",Start!D1141)","v":""},{"$f":"IF(Start!E1141=\"\",\"\",Start!E1141)","v":""},{"$f":"IF(Start!F1141=\"\",\"\",Start!F1141)","v":""},{"$f":"IF(Start!G1141=\"\",\"\",Start!G1141)","v":""},{"$f":"IF(Start!H1141=\"\",\"\",Start!H1141)","v":""},"",{"$f":"IF(I1141=\"\",\"\",LOOKUP(I1141,{1,\"01\";2,\"02\";3,\"03\";4,\"04\";5,\"05\";6,\"06\";7,\"07\";8,\"08\";9,\"09\";10,\"10\";11,\"11\";12,\"12\";13,\"13\";14,\"14\";15,\"15\"}))","v":""},"","","",{"$f":"IF(B1141=\"\",\"\",VLOOKUP(M1141,Sections!$A$2:$D$200,3,FALSE))","v":""},{"$f":"IF(B1141=\"\",\"\",VLOOKUP(M1141,Sections!$A$2:$D$200,4,FALSE))","v":""}]
[{"$f":"IF(Start!A1142=\"\",\"\",Start!A1142)","v":""},{"$f":"IF(Start!B1142=\"\",\"\",Start!B1142)","v":""},{"$f":"IF(Start!C1142=\"\",\"\",Start!C1142)","v":""},{"$f":"IF(Start!D1142=\"\",\"\",Start!D1142)","v":""},{"$f":"IF(Start!E1142=\"\",\"\",Start!E1142)","v":""},{"$f":"IF(Start!F1142=\"\",\"\",Start!F1142)","v":""},{"$f":"IF(Start!G1142=\"\",\"\",Start!G1142)","v":""},{"$f":"IF(Start!H1142=\"\",\"\",Start!H1142)","v":""},"",{"$f":"IF(I1142=\"\",\"\",LOOKUP(I1142,{1,\"01\";2,\"02\";3,\"03\";4,\"04\";5,\"05\";6,\"06\";7,\"07\";8,\"08\";9,\"09\";10,\"10\";11,\"11\";12,\"12\";13,\"13\";14,\"14\";15,\"15\"}))","v":""},"","","",{"$f":"IF(B1142=\"\",\"\",VLOOKUP(M1142,Sections!$A$2:$D$200,3,FALSE))","v":""},{"$f":"IF(B1142=\"\",\"\",VLOOKUP(M1142,Sections!$A$2:$D$200,4,FALSE))","v":""}]
[{"$f":"IF(Start!A1143=\"\",\"\",Start!A1143)","v":""},{"$f":"IF(Start!B1143=\"\",\"\",Start!B1143)","v":""},{"$f":"IF(Start!C1143=\"\",\"\",Start!C1143)","v":""},{"$f":"IF(Start!D1143=\"\",\"\",Start!D1143)","v":""},{"$f":"IF(Start!E1143=\"\",\"\",Start!E1143)","v":""},{"$f":"IF(Start!F1143=\"\",\"\",Start!F1143)","v":""},{"$f":"IF(Start!G1143=\"\",\"\",Start!G1143)","v":""},{"$f":"IF(Start!H1143=\"\",\"\",Start!H1143)","v":""},"",{"$f":"IF(I1143=\"\",\"\",LOOKUP(I1143,{1,\"01\";2,\"02\";3,\"03\";4,\"04\";5,\"05\";6,\"06\";7,\"07\";8,\"08\";9,\"09\";10,\"10\";11,\"11\";12,\"12\";13,\"13\";14,\"14\";15,\"15\"}))","v":""},"","","",{"$f":"IF(B1143=\"\",\"\",VLOOKUP(M1143,Sections!$A$2:$D$200,3,FALSE))","v":""},{"$f":"IF(B1143=\"\",\"\",VLOOKUP(M1143,Sections!$A$2:$D$200,4,FALSE))","v":""}]
[{"$f":"IF(Start!A1144=\"\",\"\",Start!A1144)","v":""},{"$f":"IF(Start!B1144=\"\",\"\",Start!B1144)","v":""},{"$f":"IF(Start!C1144=\"\",\"\",Start!C1144)","v":""},{"$f":"IF(Start!D1144=\"\",\"\",Start!D1144)","v":""},{"$f":"IF(Start!E1144=\"\",\"\",Start!E1144)","v":""},{"$f":"IF(Start!F1144=\"\",\"\",Start!F1144)","v":""},{"$f":"IF(Start!G1144=\"\",\"\",Start!G1144)","v":""},{"$f":"IF(Start!H1144=\"\",\"\",Start!H1144)","v":""},"",{"$f":"IF(I1144=\"\",\"\",LOOKUP(I1144,{1,\"01\";2,\"02\";3,\"03\";4,\"04\";5,\"05\";6,\"06\";7,\"07\";8,\"08\";9,\"09\";10,\"10\";11,\"11\";12,\"12\";13,\"13\";14,\"14\";15,\"15\"}))","v":""},"","","",{"$f":"IF(B1144=\"\",\"\",VLOOKUP(M1144,Sections!$A$2:$D$200,3,FALSE))","v":""},{"$f":"IF(B1144=\"\",\"\",VLOOKUP(M1144,Sections!$A$2:$D$200,4,FALSE))","v":""}]
[{"$f":"IF(Start!A1145=\"\",\"\",Start!A1145)","v":""},{"$f":"IF(Start!B1145=\"\",\"\",Start!B1145)","v":""},{"$f":"IF(Start!C1145=\"\",\"\",Start!C1145)","v":""},{"$f":"IF(Start!D1145=\"\",\"\",Start!D1145)","v":""},{"$f":"IF(Start!E1145=\"\",\"\",Start!E1145)","v":""},{"$f":"IF(Start!F1145=\"\",\"\",Start!F1145)","v":""},{"$f":"IF(Start!G1145=\"\",\"\",Start!G1145)","v":""},{"$f":"IF(Start!H1145=\"\",\"\",Start!H1145)","v":""},"",{"$f":"IF(I1145=\"\",\"\",LOOKUP(I1145,{1,\"01\";2,\"02\";3,\"03\";4,\"04\";5,\"05\";6,\"06\";7,\"07\";8,\"08\";9,\"09\";10,\"10\";11,\"11\";12,\"12\";13,\"13\";14,\"14\";15,\"15\"}))","v":""},"","","",{"$f":"IF(B1145=\"\",\"\",VLOOKUP(M1145,Sections!$A$2:$D$200,3,FALSE))","v":""},{"$f":"IF(B1145=\"\",\"\",VLOOKUP(M1145,Sections!$A$2:$D$200,4,FALSE))","v":""}]
[{"$f":"IF(Start!A1146=\"\",\"\",Start!A1146)","v":""},{"$f":"IF(Start!B1146=\"\",\"\",Start!B1146)","v":""},{"$f":"IF(Start!C1146=\"\",\"\",Start!C1146)","v":""},{"$f":"IF(Start!D1146=\"\",\"\",Start!D1146)","v":""},{"$f":"IF(Start!E1146=\"\",\"\",Start!E1146)","v":""},{"$f":"IF(Start!F1146=\"\",\"\",Start!F1146)","v":""},{"$f":"IF(Start!G1146=\"\",\"\",Start!G1146)","v":""},{"$f":"IF(Start!H1146=\"\",\"\",Start!H1146)","v":""},"",{"$f":"IF(I1146=\"\",\"\",LOOKUP(I1146,{1,\"01\";2,\"02\";3,\"03\";4,\"04\";5,\"05\";6,\"06\";7,\"07\";8,\"08\";9,\"09\";10,\"10\";11,\"11\";12,\"12\";13,\"13\";14,\"14\";15,\"15\"}))","v":""},"","","",{"$f":"IF(B1146=\"\",\"\",VLOOKUP(M1146,Sections!$A$2:$D$200,3,FALSE))","v":""},{"$f":"IF(B1146=\"\",\"\",VLOOKUP(M1146,Sections!$A$2:$D$200,4,FALSE))","v":""}]
[{"$f":"IF(Start!A1147=\"\",\"\",Start!A1147)","v":""},{"$f":"IF(Start!B1147=\"\",\"\",Start!B1147)","v":""},{"$f":"IF(Start!C1147=\"\",\"\",Start!C1147)","v":""},{"$f":"IF(Start!D1147=\"\",\"\",Start!D1147)","v":""},{"$f":"IF(Start!E1147=\"\",\"\",Start!E1147)","v":""},{"$f":"IF(Start!F1147=\"\",\"\",Start!F1147)","v":""},{"$f":"IF(Start!G1147=\"\",\"\",Start!G1147)","v":""},{"$f":"IF(Start!H1147=\"\",\"\",Start!H1147)","v":""},"",{"$f":"IF(I1147=\"\",\"\",LOOKUP(I1147,{1,\"01\";2,\"02\";3,\"03\";4,\"04\";5,\"05\";6,\"06\";7,\"07\";8,\"08\";9,\"09\";10,\"10\";11,\"11\";12,\"12\";13,\"13\";14,\"14\";15,\"15\"}))","v":""},"","","",{"$f":"IF(B1147=\"\",\"\",VLOOKUP(M1147,Sections!$A$2:$D$200,3,FALSE))","v":""},{"$f":"IF(B1147=\"\",\"\",VLOOKUP(M1147,Sections!$A$2:$D$200,4,FALSE))","v":""}]
[{"$f":"IF(Start!A1148=\"\",\"\",Start!A1148)","v":""},{"$f":"IF(Start!B1148=\"\",\"\",Start!B1148)","v":""},{"$f":"IF(Start!C1148=\"\",\"\",Start!C1148)","v":""},{"$f":"IF(Start!D1148=\"\",\"\",Start!D1148)","v":""},{"$f":"IF(Start!E1148=\"\",\"\",Start!E1148)","v":""},{"$f":"IF(Start!F1148=\"\",\"\",Start!F1148)","v":""},{"$f":"IF(Start!G1148=\"\",\"\",Start!G1148)","v":""},{"$f":"IF(Start!H1148=\"\",\"\",Start!H1148)","v":""},"",{"$f":"IF(I1148=\"\",\"\",LOOKUP(I1148,{1,\"01\";2,\"02\";3,\"03\";4,\"04\";5,\"05\";6,\"06\";7,\"07\";8,\"08\";9,\"09\";10,\"10\";11,\"11\";12,\"12\";13,\"13\";14,\"14\";15,\"15\"}))","v":""},"","","",{"$f":"IF(B1148=\"\",\"\",VLOOKUP(M1148,Sections!$A$2:$D$200,3,FALSE))","v":""},{"$f":"IF(B1148=\"\",\"\",VLOOKUP(M1148,Sections!$A$2:$D$200,4,FALSE))","v":""}]
[{"$f":"IF(Start!A1149=\"\",\"\",Start!A1149)","v":""},{"$f":"IF(Start!B1149=\"\",\"\",Start!B1149)","v":""},{"$f":"IF(Start!C1149=\"\",\"\",Start!C1149)","v":""},{"$f":"IF(Start!D1149=\"\",\"\",Start!D1149)","v":""},{"$f":"IF(Start!E1149=\"\",\"\",Start!E1149)","v":""},{"$f":"IF(Start!F1149=\"\",\"\",Start!F1149)","v":""},{"$f":"IF(Start!G1149=\"\",\"\",Start!G1149)","v":""},{"$f":"IF(Start!H1149=\"\",\"\",Start!H1149)","v":""},"",{"$f":"IF(I1149=\"\",\"\",LOOKUP(I1149,{1,\"01\";2,\"02\";3,\"03\";4,\"04\";5,\"05\";6,\"06\";7,\"07\";8,\"08\";9,\"09\";10,\"10\";11,\"11\";12,\"12\";13,\"13\";14,\"14\";15,\"15\"}))","v":""},"","","",{"$f":"IF(B1149=\"\",\"\",VLOOKUP(M1149,Sections!$A$2:$D$200,3,FALSE))","v":""},{"$f":"IF(B1149=\"\",\"\",VLOOKUP(M1149,Sections!$A$2:$D$200,4,FALSE))","v":""}]
[{"$f":"IF(Start!A1150=\"\",\"\",Start!A1150)","v":""},{"$f":"IF(Start!B1150=\"\",\"\",Start!B1150)","v":""},{"$f":"IF(Start!C1150=\"\",\"\",Start!C1150)","v":""},{"$f":"IF(Start!D1150=\"\",\"\",Start!D1150)","v":""},{"$f":"IF(Start!E1150=\"\",\"\",Start!E1150)","v":""},{"$f":"IF(Start!F1150=\"\",\"\",Start!F1150)","v":""},{"$f":"IF(Start!G1150=\"\",\"\",Start!G1150)","v":""},{"$f":"IF(Start!H1150=\"\",\"\",Start!H1150)","v":""},"",{"$f":"IF(I1150=\"\",\"\",LOOKUP(I1150,{1,\"01\";2,\"02\";3,\"03\";4,\"04\";5,\"05\";6,\"06\";7,\"07\";8,\"08\";9,\"09\";10,\"10\";11,\"11\";12,\"12\";13,\"13\";14,\"14\";15,\"15\"}))","v":""},"","","",{"$f":"IF(B1150=\"\",\"\",VLOOKUP(M1150,Sections!$A$2:$D$200,3,FALSE))","v":""},{"$f":"IF(B1150=\"\",\"\",VLOOKUP(M1150,Sections!$A$2:$D$200,4,FALSE))","v":""}]
[{"$f":"IF(Start!A1151=\"\",\"\",Start!A1151)","v":""},{"$f":"IF(Start!B1151=\"\",\"\",Start!B1151)","v":""},{"$f":"IF(Start!C1151=\"\",\"\",Start!C1151)","v":""},{"$f":"IF(Start!D1151=\"\",\"\",Start!D1151)","v":""},{"$f":"IF(Start!E1151=\"\",\"\",Start!E1151)","v":""},{"$f":"IF(Start!F1151=\"\",\"\",Start!F1151)","v":""},{"$f":"IF(Start!G1151=\"\",\"\",Start!G1151)","v":""},{"$f":"IF(Start!H1151=\"\",\"\",Start!H1151)","v":""},"",{"$f":"IF(I1151=\"\",\"\",LOOKUP(I1151,{1,\"01\";2,\"02\";3,\"03\";4,\"04\";5,\"05\";6,\"06\";7,\"07\";8,\"08\";9,\"09\";10,\"10\";11,\"11\";12,\"12\";13,\"13\";14,\"14\";15,\"15\"}))","v":""},"","","",{"$f":"IF(B1151=\"\",\"\",VLOOKUP(M1151,Sections!$A$2:$D$200,3,FALSE))","v":""},{"$f":"IF(B1151=\"\",\"\",VLOOKUP(M1151,Sections!$A$2:$D$200,4,FALSE))","v":""}]
[{"$f":"IF(Start!A1152=\"\",\"\",Start!A1152)","v":""},{"$f":"IF(Start!B1152=\"\",\"\",Start!B1152)","v":""},{"$f":"IF(Start!C1152=\"\",\"\",Start!C1152)","v":""},{"$f":"IF(Start!D1152=\"\",\"\",Start!D1152)","v":""},{"$f":"IF(Start!E1152=\"\",\"\",Start!E1152)","v":""},{"$f":"IF(Start!F1152=\"\",\"\",Start!F1152)","v":""},{"$f":"IF(Start!G1152=\"\",\"\",Start!G1152)","v":""},{"$f":"IF(Start!H1152=\"\",\"\",Start!H1152)","v":""},"",{"$f":"IF(I1152=\"\",\"\",LOOKUP(I1152,{1,\"01\";2,\"02\";3,\"03\";4,\"04\";5,\"05\";6,\"06\";7,\"07\";8,\"08\";9,\"09\";10,\"10\";11,\"11\";12,\"12\";13,\"13\";14,\"14\";15,\"15\"}))","v":""},"","","",{"$f":"IF(B1152=\"\",\"\",VLOOKUP(M1152,Sections!$A$2:$D$200,3,FALSE))","v":""},{"$f":"IF(B1152=\"\",\"\",VLOOKUP(M1152,Sections!$A$2:$D$200,4,FALSE))","v":""}]
[{"$f":"IF(Start!A1153=\"\",\"\",Start!A1153)","v":""},{"$f":"IF(Start!B1153=\"\",\"\",Start!B1153)","v":""},{"$f":"IF(Start!C1153=\"\",\"\",Start!C1153)","v":""},{"$f":"IF(Start!D1153=\"\",\"\",Start!D1153)","v":""},{"$f":"IF(Start!E1153=\"\",\"\",Start!E1153)","v":""},{"$f":"IF(Start!F1153=\"\",\"\",Start!F1153)","v":""},{"$f":"IF(Start!G1153=\"\",\"\",Start!G1153)","v":""},{"$f":"IF(Start!H1153=\"\",\"\",Start!H1153)","v":""},"",{"$f":"IF(I1153=\"\",\"\",LOOKUP(I1153,{1,\"01\";2,\"02\";3,\"03\";4,\"04\";5,\"05\";6,\"06\";7,\"07\";8,\"08\";9,\"09\";10,\"10\";11,\"11\";12,\"12\";13,\"13\";14,\"14\";15,\"15\"}))","v":""},"","","",{"$f":"IF(B1153=\"\",\"\",VLOOKUP(M1153,Sections!$A$2:$D$200,3,FALSE))","v":""},{"$f":"IF(B1153=\"\",\"\",VLOOKUP(M1153,Sections!$A$2:$D$200,4,FALSE))","v":""}]
[{"$f":"IF(Start!A1154=\"\",\"\",Start!A1154)","v":""},{"$f":"IF(Start!B1154=\"\",\"\",Start!B1154)","v":""},{"$f":"IF(Start!C1154=\"\",\"\",Start!C1154)","v":""},{"$f":"IF(Start!D1154=\"\",\"\",Start!D1154)","v":""},{"$f":"IF(Start!E1154=\"\",\"\",Start!E1154)","v":""},{"$f":"IF(Start!F1154=\"\",\"\",Start!F1154)","v":""},{"$f":"IF(Start!G1154=\"\",\"\",Start!G1154)","v":""},{"$f":"IF(Start!H1154=\"\",\"\",Start!H1154)","v":""},"",{"$f":"IF(I1154=\"\",\"\",LOOKUP(I1154,{1,\"01\";2,\"02\";3,\"03\";4,\"04\";5,\"05\";6,\"06\";7,\"07\";8,\"08\";9,\"09\";10,\"10\";11,\"11\";12,\"12\";13,\"13\";14,\"14\";15,\"15\"}))","v":""},"","","",{"$f":"IF(B1154=\"\",\"\",VLOOKUP(M1154,Sections!$A$2:$D$200,3,FALSE))","v":""},{"$f":"IF(B1154=\"\",\"\",VLOOKUP(M1154,Sections!$A$2:$D$200,4,FALSE))","v":""}]
[{"$f":"IF(Start!A1155=\"\",\"\",Start!A1155)","v":""},{"$f":"IF(Start!B1155=\"\",\"\",Start!B1155)","v":""},{"$f":"IF(Start!C1155=\"\",\"\",Start!C1155)","v":""},{"$f":"IF(Start!D1155=\"\",\"\",Start!D1155)","v":""},{"$f":"IF(Start!E1155=\"\",\"\",Start!E1155)","v":""},{"$f":"IF(Start!F1155=\"\",\"\",Start!F1155)","v":""},{"$f":"IF(Start!G1155=\"\",\"\",Start!G1155)","v":""},{"$f":"IF(Start!H1155=\"\",\"\",Start!H1155)","v":""},{"$f":"IF(AND(A1155=\"\",B1155=\"\",C1155=\"\"),\"\",IF(AND(A1155<>\"\",B1155=\"\",G1155=0,H1155=0),D1155,I1154))","v":""},{"$f":"IF(I1155=\"\",\"\",LOOKUP(I1155,{1,\"01\";2,\"02\";3,\"03\";4,\"04\";5,\"05\";6,\"06\";7,\"07\";8,\"08\";9,\"09\";10,\"10\";11,\"11\";12,\"12\";13,\"13\";14,\"14\";15,\"15\"}))","v":""},{"$f":"IF(AND(A1155<>\"\",B1155=\"\"),J1155&\". \"&PROPER(C1155),IF(AND(A1155=\"\",B1155<>\"\"),PROPER(K1154),\"\"))","v":""},{"$f":"IF(B1155=\"\",\"\",LEFT(B1155,1)*100)","v":""},{"$f":"IF(B1155=\"\",\"\",LEFT(B1155,3)*1)","v":""},{"$f":"IF(B1155=\"\",\"\",VLOOKUP(M1155,Sections!$A$2:$D$200,3,FALSE))","v":""},{"$f":"IF(B1155=\"\",\"\",VLOOKUP(M1155,Sections!$A$2:$D$200,4,FALSE))","v":""}]
[{"$f":"IF(Start!A1156=\"\",\"\",Start!A1156)","v":""},{"$f":"IF(Start!B1156=\"\",\"\",Start!B1156)","v":""},{"$f":"IF(Start!C1156=\"\",\"\",Start!C1156)","v":""},{"$f":"IF(Start!D1156=\"\",\"\",Start!D1156)","v":""},{"$f":"IF(Start!E1156=\"\",\"\",Start!E1156)","v":""},{"$f":"IF(Start!F1156=\"\",\"\",Start!F1156)","v":""},{"$f":"IF(Start!G1156=\"\",\"\",Start!G1156)","v":""},{"$f":"IF(Start!H1156=\"\",\"\",Start!H1156)","v":""},"",{"$f":"IF(I1156=\"\",\"\",LOOKUP(I1156,{1,\"01\";2,\"02\";3,\"03\";4,\"04\";5,\"05\";6,\"06\";7,\"07\";8,\"08\";9,\"09\";10,\"10\";11,\"11\";12,\"12\";13,\"13\";14,\"14\";15,\"15\"}))","v":""},"","","",{"$f":"IF(B1156=\"\",\"\",VLOOKUP(M1156,Sections!$A$2:$D$200,3,FALSE))","v":""},{"$f":"IF(B1156=\"\",\"\",VLOOKUP(M1156,Sections!$A$2:$D$200,4,FALSE))","v":""}]
[{"$f":"IF(Start!A1157=\"\",\"\",Start!A1157)","v":""},{"$f":"IF(Start!B1157=\"\",\"\",Start!B1157)","v":""},{"$f":"IF(Start!C1157=\"\",\"\",Start!C1157)","v":""},{"$f":"IF(Start!D1157=\"\",\"\",Start!D1157)","v":""},{"$f":"IF(Start!E1157=\"\",\"\",Start!E1157)","v":""},{"$f":"IF(Start!F1157=\"\",\"\",Start!F1157)","v":""},{"$f":"IF(Start!G1157=\"\",\"\",Start!G1157)","v":""},{"$f":"IF(Start!H1157=\"\",\"\",Start!H1157)","v":""},"",{"$f":"IF(I1157=\"\",\"\",LOOKUP(I1157,{1,\"01\";2,\"02\";3,\"03\";4,\"04\";5,\"05\";6,\"06\";7,\"07\";8,\"08\";9,\"09\";10,\"10\";11,\"11\";12,\"12\";13,\"13\";14,\"14\";15,\"15\"}))","v":""},"","","",{"$f":"IF(B1157=\"\",\"\",VLOOKUP(M1157,Sections!$A$2:$D$200,3,FALSE))","v":""},{"$f":"IF(B1157=\"\",\"\",VLOOKUP(M1157,Sections!$A$2:$D$200,4,FALSE))","v":""}]
[{"$f":"IF(Start!A1158=\"\",\"\",Start!A1158)","v":""},{"$f":"IF(Start!B1158=\"\",\"\",Start!B1158)","v":""},{"$f":"IF(Start!C1158=\"\",\"\",Start!C1158)","v":""},{"$f":"IF(Start!D1158=\"\",\"\",Start!D1158)","v":""},{"$f":"IF(Start!E1158=\"\",\"\",Start!E1158)","v":""},{"$f":"IF(Start!F1158=\"\",\"\",Start!F1158)","v":""},{"$f":"IF(Start!G1158=\"\",\"\",Start!G1158)","v":""},{"$f":"IF(Start!H1158=\"\",\"\",Start!H1158)","v":""},"",{"$f":"IF(I1158=\"\",\"\",LOOKUP(I1158,{1,\"01\";2,\"02\";3,\"03\";4,\"04\";5,\"05\";6,\"06\";7,\"07\";8,\"08\";9,\"09\";10,\"10\";11,\"11\";12,\"12\";13,\"13\";14,\"14\";15,\"15\"}))","v":""},"","","",{"$f":"IF(B1158=\"\",\"\",VLOOKUP(M1158,Sections!$A$2:$D$200,3,FALSE))","v":""},{"$f":"IF(B1158=\"\",\"\",VLOOKUP(M1158,Sections!$A$2:$D$200,4,FALSE))","v":""}]
[{"$f":"IF(Start!A1159=\"\",\"\",Start!A1159)","v":""},{"$f":"IF(Start!B1159=\"\",\"\",Start!B1159)","v":""},{"$f":"IF(Start!C1159=\"\",\"\",Start!C1159)","v":""},{"$f":"IF(Start!D1159=\"\",\"\",Start!D1159)","v":""},{"$f":"IF(Start!E1159=\"\",\"\",Start!E1159)","v":""},{"$f":"IF(Start!F1159=\"\",\"\",Start!F1159)","v":""},{"$f":"IF(Start!G1159=\"\",\"\",Start!G1159)","v":""},{"$f":"IF(Start!H1159=\"\",\"\",Start!H1159)","v":""},"",{"$f":"IF(I1159=\"\",\"\",LOOKUP(I1159,{1,\"01\";2,\"02\";3,\"03\";4,\"04\";5,\"05\";6,\"06\";7,\"07\";8,\"08\";9,\"09\";10,\"10\";11,\"11\";12,\"12\";13,\"13\";14,\"14\";15,\"15\"}))","v":""},"","","",{"$f":"IF(B1159=\"\",\"\",VLOOKUP(M1159,Sections!$A$2:$D$200,3,FALSE))","v":""},{"$f":"IF(B1159=\"\",\"\",VLOOKUP(M1159,Sections!$A$2:$D$200,4,FALSE))","v":""}]
[{"$f":"IF(Start!A1160=\"\",\"\",Start!A1160)","v":""},{"$f":"IF(Start!B1160=\"\",\"\",Start!B1160)","v":""},{"$f":"IF(Start!C1160=\"\",\"\",Start!C1160)","v":""},{"$f":"IF(Start!D1160=\"\",\"\",Start!D1160)","v":""},{"$f":"IF(Start!E1160=\"\",\"\",Start!E1160)","v":""},{"$f":"IF(Start!F1160=\"\",\"\",Start!F1160)","v":""},{"$f":"IF(Start!G1160=\"\",\"\",Start!G1160)","v":""},{"$f":"IF(Start!H1160=\"\",\"\",Start!H1160)","v":""},"",{"$f":"IF(I1160=\"\",\"\",LOOKUP(I1160,{1,\"01\";2,\"02\";3,\"03\";4,\"04\";5,\"05\";6,\"06\";7,\"07\";8,\"08\";9,\"09\";10,\"10\";11,\"11\";12,\"12\";13,\"13\";14,\"14\";15,\"15\"}))","v":""},"","","",{"$f":"IF(B1160=\"\",\"\",VLOOKUP(M1160,Sections!$A$2:$D$200,3,FALSE))","v":""},{"$f":"IF(B1160=\"\",\"\",VLOOKUP(M1160,Sections!$A$2:$D$200,4,FALSE))","v":""}]
[{"$f":"IF(Start!A1161=\"\",\"\",Start!A1161)","v":""},{"$f":"IF(Start!B1161=\"\",\"\",Start!B1161)","v":""},{"$f":"IF(Start!C1161=\"\",\"\",Start!C1161)","v":""},{"$f":"IF(Start!D1161=\"\",\"\",Start!D1161)","v":""},{"$f":"IF(Start!E1161=\"\",\"\",Start!E1161)","v":""},{"$f":"IF(Start!F1161=\"\",\"\",Start!F1161)","v":""},{"$f":"IF(Start!G1161=\"\",\"\",Start!G1161)","v":""},{"$f":"IF(Start!H1161=\"\",\"\",Start!H1161)","v":""},"",{"$f":"IF(I1161=\"\",\"\",LOOKUP(I1161,{1,\"01\";2,\"02\";3,\"03\";4,\"04\";5,\"05\";6,\"06\";7,\"07\";8,\"08\";9,\"09\";10,\"10\";11,\"11\";12,\"12\";13,\"13\";14,\"14\";15,\"15\"}))","v":""},"","","",{"$f":"IF(B1161=\"\",\"\",VLOOKUP(M1161,Sections!$A$2:$D$200,3,FALSE))","v":""},{"$f":"IF(B1161=\"\",\"\",VLOOKUP(M1161,Sections!$A$2:$D$200,4,FALSE))","v":""}]
[{"$f":"IF(Start!A1162=\"\",\"\",Start!A1162)","v":""},{"$f":"IF(Start!B1162=\"\",\"\",Start!B1162)","v":""},{"$f":"IF(Start!C1162=\"\",\"\",Start!C1162)","v":""},{"$f":"IF(Start!D1162=\"\",\"\",Start!D1162)","v":""},{"$f":"IF(Start!E1162=\"\",\"\",Start!E1162)","v":""},{"$f":"IF(Start!F1162=\"\",\"\",Start!F1162)","v":""},{"$f":"IF(Start!G1162=\"\",\"\",Start!G1162)","v":""},{"$f":"IF(Start!H1162=\"\",\"\",Start!H1162)","v":""},"",{"$f":"IF(I1162=\"\",\"\",LOOKUP(I1162,{1,\"01\";2,\"02\";3,\"03\";4,\"04\";5,\"05\";6,\"06\";7,\"07\";8,\"08\";9,\"09\";10,\"10\";11,\"11\";12,\"12\";13,\"13\";14,\"14\";15,\"15\"}))","v":""},"","","",{"$f":"IF(B1162=\"\",\"\",VLOOKUP(M1162,Sections!$A$2:$D$200,3,FALSE))","v":""},{"$f":"IF(B1162=\"\",\"\",VLOOKUP(M1162,Sections!$A$2:$D$200,4,FALSE))","v":""}]
[{"$f":"IF(Start!A1163=\"\",\"\",Start!A1163)","v":""},{"$f":"IF(Start!B1163=\"\",\"\",Start!B1163)","v":""},{"$f":"IF(Start!C1163=\"\",\"\",Start!C1163)","v":""},{"$f":"IF(Start!D1163=\"\",\"\",Start!D1163)","v":""},{"$f":"IF(Start!E1163=\"\",\"\",Start!E1163)","v":""},{"$f":"IF(Start!F1163=\"\",\"\",Start!F1163)","v":""},{"$f":"IF(Start!G1163=\"\",\"\",Start!G1163)","v":""},{"$f":"IF(Start!H1163=\"\",\"\",Start!H1163)","v":""},"",{"$f":"IF(I1163=\"\",\"\",LOOKUP(I1163,{1,\"01\";2,\"02\";3,\"03\";4,\"04\";5,\"05\";6,\"06\";7,\"07\";8,\"08\";9,\"09\";10,\"10\";11,\"11\";12,\"12\";13,\"13\";14,\"14\";15,\"15\"}))","v":""},"","","",{"$f":"IF(B1163=\"\",\"\",VLOOKUP(M1163,Sections!$A$2:$D$200,3,FALSE))","v":""},{"$f":"IF(B1163=\"\",\"\",VLOOKUP(M1163,Sections!$A$2:$D$200,4,FALSE))","v":""}]
[{"$f":"IF(Start!A1164=\"\",\"\",Start!A1164)","v":""},{"$f":"IF(Start!B1164=\"\",\"\",Start!B1164)","v":""},{"$f":"IF(Start!C1164=\"\",\"\",Start!C1164)","v":""},{"$f":"IF(Start!D1164=\"\",\"\",Start!D1164)","v":""},{"$f":"IF(Start!E1164=\"\",\"\",Start!E1164)","v":""},{"$f":"IF(Start!F1164=\"\",\"\",Start!F1164)","v":""},{"$f":"IF(Start!G1164=\"\",\"\",Start!G1164)","v":""},{"$f":"IF(Start!H1164=\"\",\"\",Start!H1164)","v":""},"",{"$f":"IF(I1164=\"\",\"\",LOOKUP(I1164,{1,\"01\";2,\"02\";3,\"03\";4,\"04\";5,\"05\";6,\"06\";7,\"07\";8,\"08\";9,\"09\";10,\"10\";11,\"11\";12,\"12\";13,\"13\";14,\"14\";15,\"15\"}))","v":""},"","","",{"$f":"IF(B1164=\"\",\"\",VLOOKUP(M1164,Sections!$A$2:$D$200,3,FALSE))","v":""},{"$f":"IF(B1164=\"\",\"\",VLOOKUP(M1164,Sections!$A$2:$D$200,4,FALSE))","v":""}]
[{"$f":"IF(Start!A1165=\"\",\"\",Start!A1165)","v":""},{"$f":"IF(Start!B1165=\"\",\"\",Start!B1165)","v":""},{"$f":"IF(Start!C1165=\"\",\"\",Start!C1165)","v":""},{"$f":"IF(Start!D1165=\"\",\"\",Start!D1165)","v":""},{"$f":"IF(Start!E1165=\"\",\"\",Start!E1165)","v":""},{"$f":"IF(Start!F1165=\"\",\"\",Start!F1165)","v":""},{"$f":"IF(Start!G1165=\"\",\"\",Start!G1165)","v":""},{"$f":"IF(Start!H1165=\"\",\"\",Start!H1165)","v":""},"",{"$f":"IF(I1165=\"\",\"\",LOOKUP(I1165,{1,\"01\";2,\"02\";3,\"03\";4,\"04\";5,\"05\";6,\"06\";7,\"07\";8,\"08\";9,\"09\";10,\"10\";11,\"11\";12,\"12\";13,\"13\";14,\"14\";15,\"15\"}))","v":""},"","","",{"$f":"IF(B1165=\"\",\"\",VLOOKUP(M1165,Sections!$A$2:$D$200,3,FALSE))","v":""},{"$f":"IF(B1165=\"\",\"\",VLOOKUP(M1165,Sections!$A$2:$D$200,4,FALSE))","v":""}]
[{"$f":"IF(Start!A1166=\"\",\"\",Start!A1166)","v":""},{"$f":"IF(Start!B1166=\"\",\"\",Start!B1166)","v":""},{"$f":"IF(Start!C1166=\"\",\"\",Start!C1166)","v":""},{"$f":"IF(Start!D1166=\"\",\"\",Start!D1166)","v":""},{"$f":"IF(Start!E1166=\"\",\"\",Start!E1166)","v":""},{"$f":"IF(Start!F1166=\"\",\"\",Start!F1166)","v":""},{"$f":"IF(Start!G1166=\"\",\"\",Start!G1166)","v":""},{"$f":"IF(Start!H1166=\"\",\"\",Start!H1166)","v":""},"",{"$f":"IF(I1166=\"\",\"\",LOOKUP(I1166,{1,\"01\";2,\"02\";3,\"03\";4,\"04\";5,\"05\";6,\"06\";7,\"07\";8,\"08\";9,\"09\";10,\"10\";11,\"11\";12,\"12\";13,\"13\";14,\"14\";15,\"15\"}))","v":""},"","","",{"$f":"IF(B1166=\"\",\"\",VLOOKUP(M1166,Sections!$A$2:$D$200,3,FALSE))","v":""},{"$f":"IF(B1166=\"\",\"\",VLOOKUP(M1166,Sections!$A$2:$D$200,4,FALSE))","v":""}]
[{"$f":"IF(Start!A1167=\"\",\"\",Start!A1167)","v":""},{"$f":"IF(Start!B1167=\"\",\"\",Start!B1167)","v":""},{"$f":"IF(Start!C1167=\"\",\"\",Start!C1167)","v":""},{"$f":"IF(Start!D1167=\"\",\"\",Start!D1167)","v":""},{"$f":"IF(Start!E1167=\"\",\"\",Start!E1167)","v":""},{"$f":"IF(Start!F1167=\"\",\"\",Start!F1167)","v":""},{"$f":"IF(Start!G1167=\"\",\"\",Start!G1167)","v":""},{"$f":"IF(Start!H1167=\"\",\"\",Start!H1167)","v":""},"",{"$f":"IF(I1167=\"\",\"\",LOOKUP(I1167,{1,\"01\";2,\"02\";3,\"03\";4,\"04\";5,\"05\";6,\"06\";7,\"07\";8,\"08\";9,\"09\";10,\"10\";11,\"11\";12,\"12\";13,\"13\";14,\"14\";15,\"15\"}))","v":""},"","","",{"$f":"IF(B1167=\"\",\"\",VLOOKUP(M1167,Sections!$A$2:$D$200,3,FALSE))","v":""},{"$f":"IF(B1167=\"\",\"\",VLOOKUP(M1167,Sections!$A$2:$D$200,4,FALSE))","v":""}]
[{"$f":"IF(Start!A1168=\"\",\"\",Start!A1168)","v":""},{"$f":"IF(Start!B1168=\"\",\"\",Start!B1168)","v":""},{"$f":"IF(Start!C1168=\"\",\"\",Start!C1168)","v":""},{"$f":"IF(Start!D1168=\"\",\"\",Start!D1168)","v":""},{"$f":"IF(Start!E1168=\"\",\"\",Start!E1168)","v":""},{"$f":"IF(Start!F1168=\"\",\"\",Start!F1168)","v":""},{"$f":"IF(Start!G1168=\"\",\"\",Start!G1168)","v":""},{"$f":"IF(Start!H1168=\"\",\"\",Start!H1168)","v":""},"",{"$f":"IF(I1168=\"\",\"\",LOOKUP(I1168,{1,\"01\";2,\"02\";3,\"03\";4,\"04\";5,\"05\";6,\"06\";7,\"07\";8,\"08\";9,\"09\";10,\"10\";11,\"11\";12,\"12\";13,\"13\";14,\"14\";15,\"15\"}))","v":""},"","","",{"$f":"IF(B1168=\"\",\"\",VLOOKUP(M1168,Sections!$A$2:$D$200,3,FALSE))","v":""},{"$f":"IF(B1168=\"\",\"\",VLOOKUP(M1168,Sections!$A$2:$D$200,4,FALSE))","v":""}]
[{"$f":"IF(Start!A1169=\"\",\"\",Start!A1169)","v":""},{"$f":"IF(Start!B1169=\"\",\"\",Start!B1169)","v":""},{"$f":"IF(Start!C1169=\"\",\"\",Start!C1169)","v":""},{"$f":"IF(Start!D1169=\"\",\"\",Start!D1169)","v":""},{"$f":"IF(Start!E1169=\"\",\"\",Start!E1169)","v":""},{"$f":"IF(Start!F1169=\"\",\"\",Start!F1169)","v":""},{"$f":"IF(Start!G1169=\"\",\"\",Start!G1169)","v":""},{"$f":"IF(Start!H1169=\"\",\"\",Start!H1169)","v":""},"",{"$f":"IF(I1169=\"\",\"\",LOOKUP(I1169,{1,\"01\";2,\"02\";3,\"03\";4,\"04\";5,\"05\";6,\"06\";7,\"07\";8,\"08\";9,\"09\";10,\"10\";11,\"11\";12,\"12\";13,\"13\";14,\"14\";15,\"15\"}))","v":""},"","","",{"$f":"IF(B1169=\"\",\"\",VLOOKUP(M1169,Sections!$A$2:$D$200,3,FALSE))","v":""},{"$f":"IF(B1169=\"\",\"\",VLOOKUP(M1169,Sections!$A$2:$D$200,4,FALSE))","v":""}]
[{"$f":"IF(Start!A1170=\"\",\"\",Start!A1170)","v":""},{"$f":"IF(Start!B1170=\"\",\"\",Start!B1170)","v":""},{"$f":"IF(Start!C1170=\"\",\"\",Start!C1170)","v":""},{"$f":"IF(Start!D1170=\"\",\"\",Start!D1170)","v":""},{"$f":"IF(Start!E1170=\"\",\"\",Start!E1170)","v":""},{"$f":"IF(Start!F1170=\"\",\"\",Start!F1170)","v":""},{"$f":"IF(Start!G1170=\"\",\"\",Start!G1170)","v":""},{"$f":"IF(Start!H1170=\"\",\"\",Start!H1170)","v":""},"",{"$f":"IF(I1170=\"\",\"\",LOOKUP(I1170,{1,\"01\";2,\"02\";3,\"03\";4,\"04\";5,\"05\";6,\"06\";7,\"07\";8,\"08\";9,\"09\";10,\"10\";11,\"11\";12,\"12\";13,\"13\";14,\"14\";15,\"15\"}))","v":""},"","","",{"$f":"IF(B1170=\"\",\"\",VLOOKUP(M1170,Sections!$A$2:$D$200,3,FALSE))","v":""},{"$f":"IF(B1170=\"\",\"\",VLOOKUP(M1170,Sections!$A$2:$D$200,4,FALSE))","v":""}]
[{"$f":"IF(Start!A1171=\"\",\"\",Start!A1171)","v":""},{"$f":"IF(Start!B1171=\"\",\"\",Start!B1171)","v":""},{"$f":"IF(Start!C1171=\"\",\"\",Start!C1171)","v":""},{"$f":"IF(Start!D1171=\"\",\"\",Start!D1171)","v":""},{"$f":"IF(Start!E1171=\"\",\"\",Start!E1171)","v":""},{"$f":"IF(Start!F1171=\"\",\"\",Start!F1171)","v":""},{"$f":"IF(Start!G1171=\"\",\"\",Start!G1171)","v":""},{"$f":"IF(Start!H1171=\"\",\"\",Start!H1171)","v":""},"",{"$f":"IF(I1171=\"\",\"\",LOOKUP(I1171,{1,\"01\";2,\"02\";3,\"03\";4,\"04\";5,\"05\";6,\"06\";7,\"07\";8,\"08\";9,\"09\";10,\"10\";11,\"11\";12,\"12\";13,\"13\";14,\"14\";15,\"15\"}))","v":""},"","","",{"$f":"IF(B1171=\"\",\"\",VLOOKUP(M1171,Sections!$A$2:$D$200,3,FALSE))","v":""},{"$f":"IF(B1171=\"\",\"\",VLOOKUP(M1171,Sections!$A$2:$D$200,4,FALSE))","v":""}]
[{"$f":"IF(Start!A1172=\"\",\"\",Start!A1172)","v":""},{"$f":"IF(Start!B1172=\"\",\"\",Start!B1172)","v":""},{"$f":"IF(Start!C1172=\"\",\"\",Start!C1172)","v":""},{"$f":"IF(Start!D1172=\"\",\"\",Start!D1172)","v":""},{"$f":"IF(Start!E1172=\"\",\"\",Start!E1172)","v":""},{"$f":"IF(Start!F1172=\"\",\"\",Start!F1172)","v":""},{"$f":"IF(Start!G1172=\"\",\"\",Start!G1172)","v":""},{"$f":"IF(Start!H1172=\"\",\"\",Start!H1172)","v":""},"",{"$f":"IF(I1172=\"\",\"\",LOOKUP(I1172,{1,\"01\";2,\"02\";3,\"03\";4,\"04\";5,\"05\";6,\"06\";7,\"07\";8,\"08\";9,\"09\";10,\"10\";11,\"11\";12,\"12\";13,\"13\";14,\"14\";15,\"15\"}))","v":""},"","","",{"$f":"IF(B1172=\"\",\"\",VLOOKUP(M1172,Sections!$A$2:$D$200,3,FALSE))","v":""},{"$f":"IF(B1172=\"\",\"\",VLOOKUP(M1172,Sections!$A$2:$D$200,4,FALSE))","v":""}]
[{"$f":"IF(Start!A1173=\"\",\"\",Start!A1173)","v":""},{"$f":"IF(Start!B1173=\"\",\"\",Start!B1173)","v":""},{"$f":"IF(Start!C1173=\"\",\"\",Start!C1173)","v":""},{"$f":"IF(Start!D1173=\"\",\"\",Start!D1173)","v":""},{"$f":"IF(Start!E1173=\"\",\"\",Start!E1173)","v":""},{"$f":"IF(Start!F1173=\"\",\"\",Start!F1173)","v":""},{"$f":"IF(Start!G1173=\"\",\"\",Start!G1173)","v":""},{"$f":"IF(Start!H1173=\"\",\"\",Start!H1173)","v":""},"",{"$f":"IF(I1173=\"\",\"\",LOOKUP(I1173,{1,\"01\";2,\"02\";3,\"03\";4,\"04\";5,\"05\";6,\"06\";7,\"07\";8,\"08\";9,\"09\";10,\"10\";11,\"11\";12,\"12\";13,\"13\";14,\"14\";15,\"15\"}))","v":""},"","","",{"$f":"IF(B1173=\"\",\"\",VLOOKUP(M1173,Sections!$A$2:$D$200,3,FALSE))","v":""},{"$f":"IF(B1173=\"\",\"\",VLOOKUP(M1173,Sections!$A$2:$D$200,4,FALSE))","v":""}]
[{"$f":"IF(Start!A1174=\"\",\"\",Start!A1174)","v":""},{"$f":"IF(Start!B1174=\"\",\"\",Start!B1174)","v":""},{"$f":"IF(Start!C1174=\"\",\"\",Start!C1174)","v":""},{"$f":"IF(Start!D1174=\"\",\"\",Start!D1174)","v":""},{"$f":"IF(Start!E1174=\"\",\"\",Start!E1174)","v":""},{"$f":"IF(Start!F1174=\"\",\"\",Start!F1174)","v":""},{"$f":"IF(Start!G1174=\"\",\"\",Start!G1174)","v":""},{"$f":"IF(Start!H1174=\"\",\"\",Start!H1174)","v":""},"",{"$f":"IF(I1174=\"\",\"\",LOOKUP(I1174,{1,\"01\";2,\"02\";3,\"03\";4,\"04\";5,\"05\";6,\"06\";7,\"07\";8,\"08\";9,\"09\";10,\"10\";11,\"11\";12,\"12\";13,\"13\";14,\"14\";15,\"15\"}))","v":""},"","","",{"$f":"IF(B1174=\"\",\"\",VLOOKUP(M1174,Sections!$A$2:$D$200,3,FALSE))","v":""},{"$f":"IF(B1174=\"\",\"\",VLOOKUP(M1174,Sections!$A$2:$D$200,4,FALSE))","v":""}]
[{"$f":"IF(Start!A1175=\"\",\"\",Start!A1175)","v":""},{"$f":"IF(Start!B1175=\"\",\"\",Start!B1175)","v":""},{"$f":"IF(Start!C1175=\"\",\"\",Start!C1175)","v":""},{"$f":"IF(Start!D1175=\"\",\"\",Start!D1175)","v":""},{"$f":"IF(Start!E1175=\"\",\"\",Start!E1175)","v":""},{"$f":"IF(Start!F1175=\"\",\"\",Start!F1175)","v":""},{"$f":"IF(Start!G1175=\"\",\"\",Start!G1175)","v":""},{"$f":"IF(Start!H1175=\"\",\"\",Start!H1175)","v":""},"",{"$f":"IF(I1175=\"\",\"\",LOOKUP(I1175,{1,\"01\";2,\"02\";3,\"03\";4,\"04\";5,\"05\";6,\"06\";7,\"07\";8,\"08\";9,\"09\";10,\"10\";11,\"11\";12,\"12\";13,\"13\";14,\"14\";15,\"15\"}))","v":""},"","","",{"$f":"IF(B1175=\"\",\"\",VLOOKUP(M1175,Sections!$A$2:$D$200,3,FALSE))","v":""},{"$f":"IF(B1175=\"\",\"\",VLOOKUP(M1175,Sections!$A$2:$D$200,4,FALSE))","v":""}]
[{"$f":"IF(Start!A1176=\"\",\"\",Start!A1176)","v":""},{"$f":"IF(Start!B1176=\"\",\"\",Start!B1176)","v":""},{"$f":"IF(Start!C1176=\"\",\"\",Start!C1176)","v":""},{"$f":"IF(Start!D1176=\"\",\"\",Start!D1176)","v":""},{"$f":"IF(Start!E1176=\"\",\"\",Start!E1176)","v":""},{"$f":"IF(Start!F1176=\"\",\"\",Start!F1176)","v":""},{"$f":"IF(Start!G1176=\"\",\"\",Start!G1176)","v":""},{"$f":"IF(Start!H1176=\"\",\"\",Start!H1176)","v":""},"",{"$f":"IF(I1176=\"\",\"\",LOOKUP(I1176,{1,\"01\";2,\"02\";3,\"03\";4,\"04\";5,\"05\";6,\"06\";7,\"07\";8,\"08\";9,\"09\";10,\"10\";11,\"11\";12,\"12\";13,\"13\";14,\"14\";15,\"15\"}))","v":""},"","","",{"$f":"IF(B1176=\"\",\"\",VLOOKUP(M1176,Sections!$A$2:$D$200,3,FALSE))","v":""},{"$f":"IF(B1176=\"\",\"\",VLOOKUP(M1176,Sections!$A$2:$D$200,4,FALSE))","v":""}]
[{"$f":"IF(Start!A1177=\"\",\"\",Start!A1177)","v":""},{"$f":"IF(Start!B1177=\"\",\"\",Start!B1177)","v":""},{"$f":"IF(Start!C1177=\"\",\"\",Start!C1177)","v":""},{"$f":"IF(Start!D1177=\"\",\"\",Start!D1177)","v":""},{"$f":"IF(Start!E1177=\"\",\"\",Start!E1177)","v":""},{"$f":"IF(Start!F1177=\"\",\"\",Start!F1177)","v":""},{"$f":"IF(Start!G1177=\"\",\"\",Start!G1177)","v":""},{"$f":"IF(Start!H1177=\"\",\"\",Start!H1177)","v":""},"",{"$f":"IF(I1177=\"\",\"\",LOOKUP(I1177,{1,\"01\";2,\"02\";3,\"03\";4,\"04\";5,\"05\";6,\"06\";7,\"07\";8,\"08\";9,\"09\";10,\"10\";11,\"11\";12,\"12\";13,\"13\";14,\"14\";15,\"15\"}))","v":""},"","","",{"$f":"IF(B1177=\"\",\"\",VLOOKUP(M1177,Sections!$A$2:$D$200,3,FALSE))","v":""},{"$f":"IF(B1177=\"\",\"\",VLOOKUP(M1177,Sections!$A$2:$D$200,4,FALSE))","v":""}]
[{"$f":"IF(Start!A1178=\"\",\"\",Start!A1178)","v":""},{"$f":"IF(Start!B1178=\"\",\"\",Start!B1178)","v":""},{"$f":"IF(Start!C1178=\"\",\"\",Start!C1178)","v":""},{"$f":"IF(Start!D1178=\"\",\"\",Start!D1178)","v":""},{"$f":"IF(Start!E1178=\"\",\"\",Start!E1178)","v":""},{"$f":"IF(Start!F1178=\"\",\"\",Start!F1178)","v":""},{"$f":"IF(Start!G1178=\"\",\"\",Start!G1178)","v":""},{"$f":"IF(Start!H1178=\"\",\"\",Start!H1178)","v":""},"",{"$f":"IF(I1178=\"\",\"\",LOOKUP(I1178,{1,\"01\";2,\"02\";3,\"03\";4,\"04\";5,\"05\";6,\"06\";7,\"07\";8,\"08\";9,\"09\";10,\"10\";11,\"11\";12,\"12\";13,\"13\";14,\"14\";15,\"15\"}))","v":""},"","","",{"$f":"IF(B1178=\"\",\"\",VLOOKUP(M1178,Sections!$A$2:$D$200,3,FALSE))","v":""},{"$f":"IF(B1178=\"\",\"\",VLOOKUP(M1178,Sections!$A$2:$D$200,4,FALSE))","v":""}]
[{"$f":"IF(Start!A1179=\"\",\"\",Start!A1179)","v":""},{"$f":"IF(Start!B1179=\"\",\"\",Start!B1179)","v":""},{"$f":"IF(Start!C1179=\"\",\"\",Start!C1179)","v":""},{"$f":"IF(Start!D1179=\"\",\"\",Start!D1179)","v":""},{"$f":"IF(Start!E1179=\"\",\"\",Start!E1179)","v":""},{"$f":"IF(Start!F1179=\"\",\"\",Start!F1179)","v":""},{"$f":"IF(Start!G1179=\"\",\"\",Start!G1179)","v":""},{"$f":"IF(Start!H1179=\"\",\"\",Start!H1179)","v":""},"",{"$f":"IF(I1179=\"\",\"\",LOOKUP(I1179,{1,\"01\";2,\"02\";3,\"03\";4,\"04\";5,\"05\";6,\"06\";7,\"07\";8,\"08\";9,\"09\";10,\"10\";11,\"11\";12,\"12\";13,\"13\";14,\"14\";15,\"15\"}))","v":""},"","","",{"$f":"IF(B1179=\"\",\"\",VLOOKUP(M1179,Sections!$A$2:$D$200,3,FALSE))","v":""},{"$f":"IF(B1179=\"\",\"\",VLOOKUP(M1179,Sections!$A$2:$D$200,4,FALSE))","v":""}]
[{"$f":"IF(Start!A1180=\"\",\"\",Start!A1180)","v":""},{"$f":"IF(Start!B1180=\"\",\"\",Start!B1180)","v":""},{"$f":"IF(Start!C1180=\"\",\"\",Start!C1180)","v":""},{"$f":"IF(Start!D1180=\"\",\"\",Start!D1180)","v":""},{"$f":"IF(Start!E1180=\"\",\"\",Start!E1180)","v":""},{"$f":"IF(Start!F1180=\"\",\"\",Start!F1180)","v":""},{"$f":"IF(Start!G1180=\"\",\"\",Start!G1180)","v":""},{"$f":"IF(Start!H1180=\"\",\"\",Start!H1180)","v":""},"",{"$f":"IF(I1180=\"\",\"\",LOOKUP(I1180,{1,\"01\";2,\"02\";3,\"03\";4,\"04\";5,\"05\";6,\"06\";7,\"07\";8,\"08\";9,\"09\";10,\"10\";11,\"11\";12,\"12\";13,\"13\";14,\"14\";15,\"15\"}))","v":""},"","","",{"$f":"IF(B1180=\"\",\"\",VLOOKUP(M1180,Sections!$A$2:$D$200,3,FALSE))","v":""},{"$f":"IF(B1180=\"\",\"\",VLOOKUP(M1180,Sections!$A$2:$D$200,4,FALSE))","v":""}]
[{"$f":"IF(Start!A1181=\"\",\"\",Start!A1181)","v":""},{"$f":"IF(Start!B1181=\"\",\"\",Start!B1181)","v":""},{"$f":"IF(Start!C1181=\"\",\"\",Start!C1181)","v":""},{"$f":"IF(Start!D1181=\"\",\"\",Start!D1181)","v":""},{"$f":"IF(Start!E1181=\"\",\"\",Start!E1181)","v":""},{"$f":"IF(Start!F1181=\"\",\"\",Start!F1181)","v":""},{"$f":"IF(Start!G1181=\"\",\"\",Start!G1181)","v":""},{"$f":"IF(Start!H1181=\"\",\"\",Start!H1181)","v":""},"",{"$f":"IF(I1181=\"\",\"\",LOOKUP(I1181,{1,\"01\";2,\"02\";3,\"03\";4,\"04\";5,\"05\";6,\"06\";7,\"07\";8,\"08\";9,\"09\";10,\"10\";11,\"11\";12,\"12\";13,\"13\";14,\"14\";15,\"15\"}))","v":""},"","","",{"$f":"IF(B1181=\"\",\"\",VLOOKUP(M1181,Sections!$A$2:$D$200,3,FALSE))","v":""},{"$f":"IF(B1181=\"\",\"\",VLOOKUP(M1181,Sections!$A$2:$D$200,4,FALSE))","v":""}]
[{"$f":"IF(Start!A1182=\"\",\"\",Start!A1182)","v":""},{"$f":"IF(Start!B1182=\"\",\"\",Start!B1182)","v":""},{"$f":"IF(Start!C1182=\"\",\"\",Start!C1182)","v":""},{"$f":"IF(Start!D1182=\"\",\"\",Start!D1182)","v":""},{"$f":"IF(Start!E1182=\"\",\"\",Start!E1182)","v":""},{"$f":"IF(Start!F1182=\"\",\"\",Start!F1182)","v":""},{"$f":"IF(Start!G1182=\"\",\"\",Start!G1182)","v":""},{"$f":"IF(Start!H1182=\"\",\"\",Start!H1182)","v":""},"",{"$f":"IF(I1182=\"\",\"\",LOOKUP(I1182,{1,\"01\";2,\"02\";3,\"03\";4,\"04\";5,\"05\";6,\"06\";7,\"07\";8,\"08\";9,\"09\";10,\"10\";11,\"11\";12,\"12\";13,\"13\";14,\"14\";15,\"15\"}))","v":""},"","","",{"$f":"IF(B1182=\"\",\"\",VLOOKUP(M1182,Sections!$A$2:$D$200,3,FALSE))","v":""},{"$f":"IF(B1182=\"\",\"\",VLOOKUP(M1182,Sections!$A$2:$D$200,4,FALSE))","v":""}]
[{"$f":"IF(Start!A1183=\"\",\"\",Start!A1183)","v":""},{"$f":"IF(Start!B1183=\"\",\"\",Start!B1183)","v":""},{"$f":"IF(Start!C1183=\"\",\"\",Start!C1183)","v":""},{"$f":"IF(Start!D1183=\"\",\"\",Start!D1183)","v":""},{"$f":"IF(Start!E1183=\"\",\"\",Start!E1183)","v":""},{"$f":"IF(Start!F1183=\"\",\"\",Start!F1183)","v":""},{"$f":"IF(Start!G1183=\"\",\"\",Start!G1183)","v":""},{"$f":"IF(Start!H1183=\"\",\"\",Start!H1183)","v":""},"",{"$f":"IF(I1183=\"\",\"\",LOOKUP(I1183,{1,\"01\";2,\"02\";3,\"03\";4,\"04\";5,\"05\";6,\"06\";7,\"07\";8,\"08\";9,\"09\";10,\"10\";11,\"11\";12,\"12\";13,\"13\";14,\"14\";15,\"15\"}))","v":""},"","","",{"$f":"IF(B1183=\"\",\"\",VLOOKUP(M1183,Sections!$A$2:$D$200,3,FALSE))","v":""},{"$f":"IF(B1183=\"\",\"\",VLOOKUP(M1183,Sections!$A$2:$D$200,4,FALSE))","v":""}]
[{"$f":"IF(Start!A1184=\"\",\"\",Start!A1184)","v":""},{"$f":"IF(Start!B1184=\"\",\"\",Start!B1184)","v":""},{"$f":"IF(Start!C1184=\"\",\"\",Start!C1184)","v":""},{"$f":"IF(Start!D1184=\"\",\"\",Start!D1184)","v":""},{"$f":"IF(Start!E1184=\"\",\"\",Start!E1184)","v":""},{"$f":"IF(Start!F1184=\"\",\"\",Start!F1184)","v":""},{"$f":"IF(Start!G1184=\"\",\"\",Start!G1184)","v":""},{"$f":"IF(Start!H1184=\"\",\"\",Start!H1184)","v":""},"",{"$f":"IF(I1184=\"\",\"\",LOOKUP(I1184,{1,\"01\";2,\"02\";3,\"03\";4,\"04\";5,\"05\";6,\"06\";7,\"07\";8,\"08\";9,\"09\";10,\"10\";11,\"11\";12,\"12\";13,\"13\";14,\"14\";15,\"15\"}))","v":""},"","","",{"$f":"IF(B1184=\"\",\"\",VLOOKUP(M1184,Sections!$A$2:$D$200,3,FALSE))","v":""},{"$f":"IF(B1184=\"\",\"\",VLOOKUP(M1184,Sections!$A$2:$D$200,4,FALSE))","v":""}]
[{"$f":"IF(Start!A1185=\"\",\"\",Start!A1185)","v":""},{"$f":"IF(Start!B1185=\"\",\"\",Start!B1185)","v":""},{"$f":"IF(Start!C1185=\"\",\"\",Start!C1185)","v":""},{"$f":"IF(Start!D1185=\"\",\"\",Start!D1185)","v":""},{"$f":"IF(Start!E1185=\"\",\"\",Start!E1185)","v":""},{"$f":"IF(Start!F1185=\"\",\"\",Start!F1185)","v":""},{"$f":"IF(Start!G1185=\"\",\"\",Start!G1185)","v":""},{"$f":"IF(Start!H1185=\"\",\"\",Start!H1185)","v":""},"",{"$f":"IF(I1185=\"\",\"\",LOOKUP(I1185,{1,\"01\";2,\"02\";3,\"03\";4,\"04\";5,\"05\";6,\"06\";7,\"07\";8,\"08\";9,\"09\";10,\"10\";11,\"11\";12,\"12\";13,\"13\";14,\"14\";15,\"15\"}))","v":""},"","","",{"$f":"IF(B1185=\"\",\"\",VLOOKUP(M1185,Sections!$A$2:$D$200,3,FALSE))","v":""},{"$f":"IF(B1185=\"\",\"\",VLOOKUP(M1185,Sections!$A$2:$D$200,4,FALSE))","v":""}]
[{"$f":"IF(Start!A1186=\"\",\"\",Start!A1186)","v":""},{"$f":"IF(Start!B1186=\"\",\"\",Start!B1186)","v":""},{"$f":"IF(Start!C1186=\"\",\"\",Start!C1186)","v":""},{"$f":"IF(Start!D1186=\"\",\"\",Start!D1186)","v":""},{"$f":"IF(Start!E1186=\"\",\"\",Start!E1186)","v":""},{"$f":"IF(Start!F1186=\"\",\"\",Start!F1186)","v":""},{"$f":"IF(Start!G1186=\"\",\"\",Start!G1186)","v":""},{"$f":"IF(Start!H1186=\"\",\"\",Start!H1186)","v":""},"",{"$f":"IF(I1186=\"\",\"\",LOOKUP(I1186,{1,\"01\";2,\"02\";3,\"03\";4,\"04\";5,\"05\";6,\"06\";7,\"07\";8,\"08\";9,\"09\";10,\"10\";11,\"11\";12,\"12\";13,\"13\";14,\"14\";15,\"15\"}))","v":""},"","","",{"$f":"IF(B1186=\"\",\"\",VLOOKUP(M1186,Sections!$A$2:$D$200,3,FALSE))","v":""},{"$f":"IF(B1186=\"\",\"\",VLOOKUP(M1186,Sections!$A$2:$D$200,4,FALSE))","v":""}]
[{"$f":"IF(Start!A1187=\"\",\"\",Start!A1187)","v":""},{"$f":"IF(Start!B1187=\"\",\"\",Start!B1187)","v":""},{"$f":"IF(Start!C1187=\"\",\"\",Start!C1187)","v":""},{"$f":"IF(Start!D1187=\"\",\"\",Start!D1187)","v":""},{"$f":"IF(Start!E1187=\"\",\"\",Start!E1187)","v":""},{"$f":"IF(Start!F1187=\"\",\"\",Start!F1187)","v":""},{"$f":"IF(Start!G1187=\"\",\"\",Start!G1187)","v":""},{"$f":"IF(Start!H1187=\"\",\"\",Start!H1187)","v":""},"",{"$f":"IF(I1187=\"\",\"\",LOOKUP(I1187,{1,\"01\";2,\"02\";3,\"03\";4,\"04\";5,\"05\";6,\"06\";7,\"07\";8,\"08\";9,\"09\";10,\"10\";11,\"11\";12,\"12\";13,\"13\";14,\"14\";15,\"15\"}))","v":""},"","","",{"$f":"IF(B1187=\"\",\"\",VLOOKUP(M1187,Sections!$A$2:$D$200,3,FALSE))","v":""},{"$f":"IF(B1187=\"\",\"\",VLOOKUP(M1187,Sections!$A$2:$D$200,4,FALSE))","v":""}]
[{"$f":"IF(Start!A1188=\"\",\"\",Start!A1188)","v":""},{"$f":"IF(Start!B1188=\"\",\"\",Start!B1188)","v":""},{"$f":"IF(Start!C1188=\"\",\"\",Start!C1188)","v":""},{"$f":"IF(Start!D1188=\"\",\"\",Start!D1188)","v":""},{"$f":"IF(Start!E1188=\"\",\"\",Start!E1188)","v":""},{"$f":"IF(Start!F1188=\"\",\"\",Start!F1188)","v":""},{"$f":"IF(Start!G1188=\"\",\"\",Start!G1188)","v":""},{"$f":"IF(Start!H1188=\"\",\"\",Start!H1188)","v":""},"",{"$f":"IF(I1188=\"\",\"\",LOOKUP(I1188,{1,\"01\";2,\"02\";3,\"03\";4,\"04\";5,\"05\";6,\"06\";7,\"07\";8,\"08\";9,\"09\";10,\"10\";11,\"11\";12,\"12\";13,\"13\";14,\"14\";15,\"15\"}))","v":""},"","","",{"$f":"IF(B1188=\"\",\"\",VLOOKUP(M1188,Sections!$A$2:$D$200,3,FALSE))","v":""},{"$f":"IF(B1188=\"\",\"\",VLOOKUP(M1188,Sections!$A$2:$D$200,4,FALSE))","v":""}]
[{"$f":"IF(Start!A1189=\"\",\"\",Start!A1189)","v":""},{"$f":"IF(Start!B1189=\"\",\"\",Start!B1189)","v":""},{"$f":"IF(Start!C1189=\"\",\"\",Start!C1189)","v":""},{"$f":"IF(Start!D1189=\"\",\"\",Start!D1189)","v":""},{"$f":"IF(Start!E1189=\"\",\"\",Start!E1189)","v":""},{"$f":"IF(Start!F1189=\"\",\"\",Start!F1189)","v":""},{"$f":"IF(Start!G1189=\"\",\"\",Start!G1189)","v":""},{"$f":"IF(Start!H1189=\"\",\"\",Start!H1189)","v":""},"",{"$f":"IF(I1189=\"\",\"\",LOOKUP(I1189,{1,\"01\";2,\"02\";3,\"03\";4,\"04\";5,\"05\";6,\"06\";7,\"07\";8,\"08\";9,\"09\";10,\"10\";11,\"11\";12,\"12\";13,\"13\";14,\"14\";15,\"15\"}))","v":""},"","","",{"$f":"IF(B1189=\"\",\"\",VLOOKUP(M1189,Sections!$A$2:$D$200,3,FALSE))","v":""},{"$f":"IF(B1189=\"\",\"\",VLOOKUP(M1189,Sections!$A$2:$D$200,4,FALSE))","v":""}]
[{"$f":"IF(Start!A1190=\"\",\"\",Start!A1190)","v":""},{"$f":"IF(Start!B1190=\"\",\"\",Start!B1190)","v":""},{"$f":"IF(Start!C1190=\"\",\"\",Start!C1190)","v":""},{"$f":"IF(Start!D1190=\"\",\"\",Start!D1190)","v":""},{"$f":"IF(Start!E1190=\"\",\"\",Start!E1190)","v":""},{"$f":"IF(Start!F1190=\"\",\"\",Start!F1190)","v":""},{"$f":"IF(Start!G1190=\"\",\"\",Start!G1190)","v":""},{"$f":"IF(Start!H1190=\"\",\"\",Start!H1190)","v":""},"",{"$f":"IF(I1190=\"\",\"\",LOOKUP(I1190,{1,\"01\";2,\"02\";3,\"03\";4,\"04\";5,\"05\";6,\"06\";7,\"07\";8,\"08\";9,\"09\";10,\"10\";11,\"11\";12,\"12\";13,\"13\";14,\"14\";15,\"15\"}))","v":""},"","","",{"$f":"IF(B1190=\"\",\"\",VLOOKUP(M1190,Sections!$A$2:$D$200,3,FALSE))","v":""},{"$f":"IF(B1190=\"\",\"\",VLOOKUP(M1190,Sections!$A$2:$D$200,4,FALSE))","v":""}]
[{"$f":"IF(Start!A1191=\"\",\"\",Start!A1191)","v":""},{"$f":"IF(Start!B1191=\"\",\"\",Start!B1191)","v":""},{"$f":"IF(Start!C1191=\"\",\"\",Start!C1191)","v":""},{"$f":"IF(Start!D1191=\"\",\"\",Start!D1191)","v":""},{"$f":"IF(Start!E1191=\"\",\"\",Start!E1191)","v":""},{"$f":"IF(Start!F1191=\"\",\"\",Start!F1191)","v":""},{"$f":"IF(Start!G1191=\"\",\"\",Start!G1191)","v":""},{"$f":"IF(Start!H1191=\"\",\"\",Start!H1191)","v":""},"",{"$f":"IF(I1191=\"\",\"\",LOOKUP(I1191,{1,\"01\";2,\"02\";3,\"03\";4,\"04\";5,\"05\";6,\"06\";7,\"07\";8,\"08\";9,\"09\";10,\"10\";11,\"11\";12,\"12\";13,\"13\";14,\"14\";15,\"15\"}))","v":""},"","","",{"$f":"IF(B1191=\"\",\"\",VLOOKUP(M1191,Sections!$A$2:$D$200,3,FALSE))","v":""},{"$f":"IF(B1191=\"\",\"\",VLOOKUP(M1191,Sections!$A$2:$D$200,4,FALSE))","v":""}]
[{"$f":"IF(Start!A1192=\"\",\"\",Start!A1192)","v":""},{"$f":"IF(Start!B1192=\"\",\"\",Start!B1192)","v":""},{"$f":"IF(Start!C1192=\"\",\"\",Start!C1192)","v":""},{"$f":"IF(Start!D1192=\"\",\"\",Start!D1192)","v":""},{"$f":"IF(Start!E1192=\"\",\"\",Start!E1192)","v":""},{"$f":"IF(Start!F1192=\"\",\"\",Start!F1192)","v":""},{"$f":"IF(Start!G1192=\"\",\"\",Start!G1192)","v":""},{"$f":"IF(Start!H1192=\"\",\"\",Start!H1192)","v":""},"",{"$f":"IF(I1192=\"\",\"\",LOOKUP(I1192,{1,\"01\";2,\"02\";3,\"03\";4,\"04\";5,\"05\";6,\"06\";7,\"07\";8,\"08\";9,\"09\";10,\"10\";11,\"11\";12,\"12\";13,\"13\";14,\"14\";15,\"15\"}))","v":""},"","","",{"$f":"IF(B1192=\"\",\"\",VLOOKUP(M1192,Sections!$A$2:$D$200,3,FALSE))","v":""},{"$f":"IF(B1192=\"\",\"\",VLOOKUP(M1192,Sections!$A$2:$D$200,4,FALSE))","v":""}]
[{"$f":"IF(Start!A1193=\"\",\"\",Start!A1193)","v":""},{"$f":"IF(Start!B1193=\"\",\"\",Start!B1193)","v":""},{"$f":"IF(Start!C1193=\"\",\"\",Start!C1193)","v":""},{"$f":"IF(Start!D1193=\"\",\"\",Start!D1193)","v":""},{"$f":"IF(Start!E1193=\"\",\"\",Start!E1193)","v":""},{"$f":"IF(Start!F1193=\"\",\"\",Start!F1193)","v":""},{"$f":"IF(Start!G1193=\"\",\"\",Start!G1193)","v":""},{"$f":"IF(Start!H1193=\"\",\"\",Start!H1193)","v":""},"",{"$f":"IF(I1193=\"\",\"\",LOOKUP(I1193,{1,\"01\";2,\"02\";3,\"03\";4,\"04\";5,\"05\";6,\"06\";7,\"07\";8,\"08\";9,\"09\";10,\"10\";11,\"11\";12,\"12\";13,\"13\";14,\"14\";15,\"15\"}))","v":""},"","","",{"$f":"IF(B1193=\"\",\"\",VLOOKUP(M1193,Sections!$A$2:$D$200,3,FALSE))","v":""},{"$f":"IF(B1193=\"\",\"\",VLOOKUP(M1193,Sections!$A$2:$D$200,4,FALSE))","v":""}]
[{"$f":"IF(Start!A1194=\"\",\"\",Start!A1194)","v":""},{"$f":"IF(Start!B1194=\"\",\"\",Start!B1194)","v":""},{"$f":"IF(Start!C1194=\"\",\"\",Start!C1194)","v":""},{"$f":"IF(Start!D1194=\"\",\"\",Start!D1194)","v":""},{"$f":"IF(Start!E1194=\"\",\"\",Start!E1194)","v":""},{"$f":"IF(Start!F1194=\"\",\"\",Start!F1194)","v":""},{"$f":"IF(Start!G1194=\"\",\"\",Start!G1194)","v":""},{"$f":"IF(Start!H1194=\"\",\"\",Start!H1194)","v":""},"",{"$f":"IF(I1194=\"\",\"\",LOOKUP(I1194,{1,\"01\";2,\"02\";3,\"03\";4,\"04\";5,\"05\";6,\"06\";7,\"07\";8,\"08\";9,\"09\";10,\"10\";11,\"11\";12,\"12\";13,\"13\";14,\"14\";15,\"15\"}))","v":""},"","","",{"$f":"IF(B1194=\"\",\"\",VLOOKUP(M1194,Sections!$A$2:$D$200,3,FALSE))","v":""},{"$f":"IF(B1194=\"\",\"\",VLOOKUP(M1194,Sections!$A$2:$D$200,4,FALSE))","v":""}]
[{"$f":"IF(Start!A1195=\"\",\"\",Start!A1195)","v":""},{"$f":"IF(Start!B1195=\"\",\"\",Start!B1195)","v":""},{"$f":"IF(Start!C1195=\"\",\"\",Start!C1195)","v":""},{"$f":"IF(Start!D1195=\"\",\"\",Start!D1195)","v":""},{"$f":"IF(Start!E1195=\"\",\"\",Start!E1195)","v":""},{"$f":"IF(Start!F1195=\"\",\"\",Start!F1195)","v":""},{"$f":"IF(Start!G1195=\"\",\"\",Start!G1195)","v":""},{"$f":"IF(Start!H1195=\"\",\"\",Start!H1195)","v":""},"",{"$f":"IF(I1195=\"\",\"\",LOOKUP(I1195,{1,\"01\";2,\"02\";3,\"03\";4,\"04\";5,\"05\";6,\"06\";7,\"07\";8,\"08\";9,\"09\";10,\"10\";11,\"11\";12,\"12\";13,\"13\";14,\"14\";15,\"15\"}))","v":""},"","","",{"$f":"IF(B1195=\"\",\"\",VLOOKUP(M1195,Sections!$A$2:$D$200,3,FALSE))","v":""},{"$f":"IF(B1195=\"\",\"\",VLOOKUP(M1195,Sections!$A$2:$D$200,4,FALSE))","v":""}]
[{"$f":"IF(Start!A1196=\"\",\"\",Start!A1196)","v":""},{"$f":"IF(Start!B1196=\"\",\"\",Start!B1196)","v":""},{"$f":"IF(Start!C1196=\"\",\"\",Start!C1196)","v":""},{"$f":"IF(Start!D1196=\"\",\"\",Start!D1196)","v":""},{"$f":"IF(Start!E1196=\"\",\"\",Start!E1196)","v":""},{"$f":"IF(Start!F1196=\"\",\"\",Start!F1196)","v":""},{"$f":"IF(Start!G1196=\"\",\"\",Start!G1196)","v":""},{"$f":"IF(Start!H1196=\"\",\"\",Start!H1196)","v":""},"",{"$f":"IF(I1196=\"\",\"\",LOOKUP(I1196,{1,\"01\";2,\"02\";3,\"03\";4,\"04\";5,\"05\";6,\"06\";7,\"07\";8,\"08\";9,\"09\";10,\"10\";11,\"11\";12,\"12\";13,\"13\";14,\"14\";15,\"15\"}))","v":""},"","","",{"$f":"IF(B1196=\"\",\"\",VLOOKUP(M1196,Sections!$A$2:$D$200,3,FALSE))","v":""},{"$f":"IF(B1196=\"\",\"\",VLOOKUP(M1196,Sections!$A$2:$D$200,4,FALSE))","v":""}]
[{"$f":"IF(Start!A1197=\"\",\"\",Start!A1197)","v":""},{"$f":"IF(Start!B1197=\"\",\"\",Start!B1197)","v":""},{"$f":"IF(Start!C1197=\"\",\"\",Start!C1197)","v":""},{"$f":"IF(Start!D1197=\"\",\"\",Start!D1197)","v":""},{"$f":"IF(Start!E1197=\"\",\"\",Start!E1197)","v":""},{"$f":"IF(Start!F1197=\"\",\"\",Start!F1197)","v":""},{"$f":"IF(Start!G1197=\"\",\"\",Start!G1197)","v":""},{"$f":"IF(Start!H1197=\"\",\"\",Start!H1197)","v":""},"",{"$f":"IF(I1197=\"\",\"\",LOOKUP(I1197,{1,\"01\";2,\"02\";3,\"03\";4,\"04\";5,\"05\";6,\"06\";7,\"07\";8,\"08\";9,\"09\";10,\"10\";11,\"11\";12,\"12\";13,\"13\";14,\"14\";15,\"15\"}))","v":""},"","","",{"$f":"IF(B1197=\"\",\"\",VLOOKUP(M1197,Sections!$A$2:$D$200,3,FALSE))","v":""},{"$f":"IF(B1197=\"\",\"\",VLOOKUP(M1197,Sections!$A$2:$D$200,4,FALSE))","v":""}]
[{"$f":"IF(Start!A1198=\"\",\"\",Start!A1198)","v":""},{"$f":"IF(Start!B1198=\"\",\"\",Start!B1198)","v":""},{"$f":"IF(Start!C1198=\"\",\"\",Start!C1198)","v":""},{"$f":"IF(Start!D1198=\"\",\"\",Start!D1198)","v":""},{"$f":"IF(Start!E1198=\"\",\"\",Start!E1198)","v":""},{"$f":"IF(Start!F1198=\"\",\"\",Start!F1198)","v":""},{"$f":"IF(Start!G1198=\"\",\"\",Start!G1198)","v":""},{"$f":"IF(Start!H1198=\"\",\"\",Start!H1198)","v":""},"",{"$f":"IF(I1198=\"\",\"\",LOOKUP(I1198,{1,\"01\";2,\"02\";3,\"03\";4,\"04\";5,\"05\";6,\"06\";7,\"07\";8,\"08\";9,\"09\";10,\"10\";11,\"11\";12,\"12\";13,\"13\";14,\"14\";15,\"15\"}))","v":""},"","","",{"$f":"IF(B1198=\"\",\"\",VLOOKUP(M1198,Sections!$A$2:$D$200,3,FALSE))","v":""},{"$f":"IF(B1198=\"\",\"\",VLOOKUP(M1198,Sections!$A$2:$D$200,4,FALSE))","v":""}]
[{"$f":"IF(Start!A1199=\"\",\"\",Start!A1199)","v":""},{"$f":"IF(Start!B1199=\"\",\"\",Start!B1199)","v":""},{"$f":"IF(Start!C1199=\"\",\"\",Start!C1199)","v":""},{"$f":"IF(Start!D1199=\"\",\"\",Start!D1199)","v":""},{"$f":"IF(Start!E1199=\"\",\"\",Start!E1199)","v":""},{"$f":"IF(Start!F1199=\"\",\"\",Start!F1199)","v":""},{"$f":"IF(Start!G1199=\"\",\"\",Start!G1199)","v":""},{"$f":"IF(Start!H1199=\"\",\"\",Start!H1199)","v":""},"",{"$f":"IF(I1199=\"\",\"\",LOOKUP(I1199,{1,\"01\";2,\"02\";3,\"03\";4,\"04\";5,\"05\";6,\"06\";7,\"07\";8,\"08\";9,\"09\";10,\"10\";11,\"11\";12,\"12\";13,\"13\";14,\"14\";15,\"15\"}))","v":""},"","","",{"$f":"IF(B1199=\"\",\"\",VLOOKUP(M1199,Sections!$A$2:$D$200,3,FALSE))","v":""},{"$f":"IF(B1199=\"\",\"\",VLOOKUP(M1199,Sections!$A$2:$D$200,4,FALSE))","v":""}]
[{"$f":"IF(Start!A1200=\"\",\"\",Start!A1200)","v":""},{"$f":"IF(Start!B1200=\"\",\"\",Start!B1200)","v":""},{"$f":"IF(Start!C1200=\"\",\"\",Start!C1200)","v":""},{"$f":"IF(Start!D1200=\"\",\"\",Start!D1200)","v":""},{"$f":"IF(Start!E1200=\"\",\"\",Start!E1200)","v":""},{"$f":"IF(Start!F1200=\"\",\"\",Start!F1200)","v":""},{"$f":"IF(Start!G1200=\"\",\"\",Start!G1200)","v":""},{"$f":"IF(Start!H1200=\"\",\"\",Start!H1200)","v":""},"",{"$f":"IF(I1200=\"\",\"\",LOOKUP(I1200,{1,\"01\";2,\"02\";3,\"03\";4,\"04\";5,\"05\";6,\"06\";7,\"07\";8,\"08\";9,\"09\";10,\"10\";11,\"11\";12,\"12\";13,\"13\";14,\"14\";15,\"15\"}))","v":""},"","","",{"$f":"IF(B1200=\"\",\"\",VLOOKUP(M1200,Sections!$A$2:$D$200,3,FALSE))","v":""},{"$f":"IF(B1200=\"\",\"\",VLOOKUP(M1200,Sections!$A$2:$D$200,4,FALSE))","v":""}]
[{"$f":"IF(Start!A1201=\"\",\"\",Start!A1201)","v":""},{"$f":"IF(Start!B1201=\"\",\"\",Start!B1201)","v":""},{"$f":"IF(Start!C1201=\"\",\"\",Start!C1201)","v":""},{"$f":"IF(Start!D1201=\"\",\"\",Start!D1201)","v":""},{"$f":"IF(Start!E1201=\"\",\"\",Start!E1201)","v":""},{"$f":"IF(Start!F1201=\"\",\"\",Start!F1201)","v":""},{"$f":"IF(Start!G1201=\"\",\"\",Start!G1201)","v":""},{"$f":"IF(Start!H1201=\"\",\"\",Start!H1201)","v":""},"",{"$f":"IF(I1201=\"\",\"\",LOOKUP(I1201,{1,\"01\";2,\"02\";3,\"03\";4,\"04\";5,\"05\";6,\"06\";7,\"07\";8,\"08\";9,\"09\";10,\"10\";11,\"11\";12,\"12\";13,\"13\";14,\"14\";15,\"15\"}))","v":""},"","","",{"$f":"IF(B1201=\"\",\"\",VLOOKUP(M1201,Sections!$A$2:$D$200,3,FALSE))","v":""},{"$f":"IF(B1201=\"\",\"\",VLOOKUP(M1201,Sections!$A$2:$D$200,4,FALSE))","v":""}]
[{"$f":"IF(Start!A1202=\"\",\"\",Start!A1202)","v":""},{"$f":"IF(Start!B1202=\"\",\"\",Start!B1202)","v":""},{"$f":"IF(Start!C1202=\"\",\"\",Start!C1202)","v":""},{"$f":"IF(Start!D1202=\"\",\"\",Start!D1202)","v":""},{"$f":"IF(Start!E1202=\"\",\"\",Start!E1202)","v":""},{"$f":"IF(Start!F1202=\"\",\"\",Start!F1202)","v":""},{"$f":"IF(Start!G1202=\"\",\"\",Start!G1202)","v":""},{"$f":"IF(Start!H1202=\"\",\"\",Start!H1202)","v":""},"",{"$f":"IF(I1202=\"\",\"\",LOOKUP(I1202,{1,\"01\";2,\"02\";3,\"03\";4,\"04\";5,\"05\";6,\"06\";7,\"07\";8,\"08\";9,\"09\";10,\"10\";11,\"11\";12,\"12\";13,\"13\";14,\"14\";15,\"15\"}))","v":""},"","","",{"$f":"IF(B1202=\"\",\"\",VLOOKUP(M1202,Sections!$A$2:$D$200,3,FALSE))","v":""},{"$f":"IF(B1202=\"\",\"\",VLOOKUP(M1202,Sections!$A$2:$D$200,4,FALSE))","v":""}]
[{"$f":"IF(Start!A1203=\"\",\"\",Start!A1203)","v":""},{"$f":"IF(Start!B1203=\"\",\"\",Start!B1203)","v":""},{"$f":"IF(Start!C1203=\"\",\"\",Start!C1203)","v":""},{"$f":"IF(Start!D1203=\"\",\"\",Start!D1203)","v":""},{"$f":"IF(Start!E1203=\"\",\"\",Start!E1203)","v":""},{"$f":"IF(Start!F1203=\"\",\"\",Start!F1203)","v":""},{"$f":"IF(Start!G1203=\"\",\"\",Start!G1203)","v":""},{"$f":"IF(Start!H1203=\"\",\"\",Start!H1203)","v":""},"",{"$f":"IF(I1203=\"\",\"\",LOOKUP(I1203,{1,\"01\";2,\"02\";3,\"03\";4,\"04\";5,\"05\";6,\"06\";7,\"07\";8,\"08\";9,\"09\";10,\"10\";11,\"11\";12,\"12\";13,\"13\";14,\"14\";15,\"15\"}))","v":""},"","","",{"$f":"IF(B1203=\"\",\"\",VLOOKUP(M1203,Sections!$A$2:$D$200,3,FALSE))","v":""},{"$f":"IF(B1203=\"\",\"\",VLOOKUP(M1203,Sections!$A$2:$D$200,4,FALSE))","v":""}]
[{"$f":"IF(Start!A1204=\"\",\"\",Start!A1204)","v":""},{"$f":"IF(Start!B1204=\"\",\"\",Start!B1204)","v":""},{"$f":"IF(Start!C1204=\"\",\"\",Start!C1204)","v":""},{"$f":"IF(Start!D1204=\"\",\"\",Start!D1204)","v":""},{"$f":"IF(Start!E1204=\"\",\"\",Start!E1204)","v":""},{"$f":"IF(Start!F1204=\"\",\"\",Start!F1204)","v":""},{"$f":"IF(Start!G1204=\"\",\"\",Start!G1204)","v":""},{"$f":"IF(Start!H1204=\"\",\"\",Start!H1204)","v":""},"",{"$f":"IF(I1204=\"\",\"\",LOOKUP(I1204,{1,\"01\";2,\"02\";3,\"03\";4,\"04\";5,\"05\";6,\"06\";7,\"07\";8,\"08\";9,\"09\";10,\"10\";11,\"11\";12,\"12\";13,\"13\";14,\"14\";15,\"15\"}))","v":""},"","","",{"$f":"IF(B1204=\"\",\"\",VLOOKUP(M1204,Sections!$A$2:$D$200,3,FALSE))","v":""},{"$f":"IF(B1204=\"\",\"\",VLOOKUP(M1204,Sections!$A$2:$D$200,4,FALSE))","v":""}]
[{"$f":"IF(Start!A1205=\"\",\"\",Start!A1205)","v":""},{"$f":"IF(Start!B1205=\"\",\"\",Start!B1205)","v":""},{"$f":"IF(Start!C1205=\"\",\"\",Start!C1205)","v":""},{"$f":"IF(Start!D1205=\"\",\"\",Start!D1205)","v":""},{"$f":"IF(Start!E1205=\"\",\"\",Start!E1205)","v":""},{"$f":"IF(Start!F1205=\"\",\"\",Start!F1205)","v":""},{"$f":"IF(Start!G1205=\"\",\"\",Start!G1205)","v":""},{"$f":"IF(Start!H1205=\"\",\"\",Start!H1205)","v":""},"",{"$f":"IF(I1205=\"\",\"\",LOOKUP(I1205,{1,\"01\";2,\"02\";3,\"03\";4,\"04\";5,\"05\";6,\"06\";7,\"07\";8,\"08\";9,\"09\";10,\"10\";11,\"11\";12,\"12\";13,\"13\";14,\"14\";15,\"15\"}))","v":""},"","","",{"$f":"IF(B1205=\"\",\"\",VLOOKUP(M1205,Sections!$A$2:$D$200,3,FALSE))","v":""},{"$f":"IF(B1205=\"\",\"\",VLOOKUP(M1205,Sections!$A$2:$D$200,4,FALSE))","v":""}]
[{"$f":"IF(Start!A1206=\"\",\"\",Start!A1206)","v":""},{"$f":"IF(Start!B1206=\"\",\"\",Start!B1206)","v":""},{"$f":"IF(Start!C1206=\"\",\"\",Start!C1206)","v":""},{"$f":"IF(Start!D1206=\"\",\"\",Start!D1206)","v":""},{"$f":"IF(Start!E1206=\"\",\"\",Start!E1206)","v":""},{"$f":"IF(Start!F1206=\"\",\"\",Start!F1206)","v":""},{"$f":"IF(Start!G1206=\"\",\"\",Start!G1206)","v":""},{"$f":"IF(Start!H1206=\"\",\"\",Start!H1206)","v":""},"",{"$f":"IF(I1206=\"\",\"\",LOOKUP(I1206,{1,\"01\";2,\"02\";3,\"03\";4,\"04\";5,\"05\";6,\"06\";7,\"07\";8,\"08\";9,\"09\";10,\"10\";11,\"11\";12,\"12\";13,\"13\";14,\"14\";15,\"15\"}))","v":""},"","","",{"$f":"IF(B1206=\"\",\"\",VLOOKUP(M1206,Sections!$A$2:$D$200,3,FALSE))","v":""},{"$f":"IF(B1206=\"\",\"\",VLOOKUP(M1206,Sections!$A$2:$D$200,4,FALSE))","v":""}]
[{"$f":"IF(Start!A1207=\"\",\"\",Start!A1207)","v":""},{"$f":"IF(Start!B1207=\"\",\"\",Start!B1207)","v":""},{"$f":"IF(Start!C1207=\"\",\"\",Start!C1207)","v":""},{"$f":"IF(Start!D1207=\"\",\"\",Start!D1207)","v":""},{"$f":"IF(Start!E1207=\"\",\"\",Start!E1207)","v":""},{"$f":"IF(Start!F1207=\"\",\"\",Start!F1207)","v":""},{"$f":"IF(Start!G1207=\"\",\"\",Start!G1207)","v":""},{"$f":"IF(Start!H1207=\"\",\"\",Start!H1207)","v":""},"",{"$f":"IF(I1207=\"\",\"\",LOOKUP(I1207,{1,\"01\";2,\"02\";3,\"03\";4,\"04\";5,\"05\";6,\"06\";7,\"07\";8,\"08\";9,\"09\";10,\"10\";11,\"11\";12,\"12\";13,\"13\";14,\"14\";15,\"15\"}))","v":""},"","","",{"$f":"IF(B1207=\"\",\"\",VLOOKUP(M1207,Sections!$A$2:$D$200,3,FALSE))","v":""},{"$f":"IF(B1207=\"\",\"\",VLOOKUP(M1207,Sections!$A$2:$D$200,4,FALSE))","v":""}]
[{"$f":"IF(Start!A1208=\"\",\"\",Start!A1208)","v":""},{"$f":"IF(Start!B1208=\"\",\"\",Start!B1208)","v":""},{"$f":"IF(Start!C1208=\"\",\"\",Start!C1208)","v":""},{"$f":"IF(Start!D1208=\"\",\"\",Start!D1208)","v":""},{"$f":"IF(Start!E1208=\"\",\"\",Start!E1208)","v":""},{"$f":"IF(Start!F1208=\"\",\"\",Start!F1208)","v":""},{"$f":"IF(Start!G1208=\"\",\"\",Start!G1208)","v":""},{"$f":"IF(Start!H1208=\"\",\"\",Start!H1208)","v":""},"",{"$f":"IF(I1208=\"\",\"\",LOOKUP(I1208,{1,\"01\";2,\"02\";3,\"03\";4,\"04\";5,\"05\";6,\"06\";7,\"07\";8,\"08\";9,\"09\";10,\"10\";11,\"11\";12,\"12\";13,\"13\";14,\"14\";15,\"15\"}))","v":""},"","","",{"$f":"IF(B1208=\"\",\"\",VLOOKUP(M1208,Sections!$A$2:$D$200,3,FALSE))","v":""},{"$f":"IF(B1208=\"\",\"\",VLOOKUP(M1208,Sections!$A$2:$D$200,4,FALSE))","v":""}]
[{"$f":"IF(Start!A1209=\"\",\"\",Start!A1209)","v":""},{"$f":"IF(Start!B1209=\"\",\"\",Start!B1209)","v":""},{"$f":"IF(Start!C1209=\"\",\"\",Start!C1209)","v":""},{"$f":"IF(Start!D1209=\"\",\"\",Start!D1209)","v":""},{"$f":"IF(Start!E1209=\"\",\"\",Start!E1209)","v":""},{"$f":"IF(Start!F1209=\"\",\"\",Start!F1209)","v":""},{"$f":"IF(Start!G1209=\"\",\"\",Start!G1209)","v":""},{"$f":"IF(Start!H1209=\"\",\"\",Start!H1209)","v":""},"",{"$f":"IF(I1209=\"\",\"\",LOOKUP(I1209,{1,\"01\";2,\"02\";3,\"03\";4,\"04\";5,\"05\";6,\"06\";7,\"07\";8,\"08\";9,\"09\";10,\"10\";11,\"11\";12,\"12\";13,\"13\";14,\"14\";15,\"15\"}))","v":""},"","","",{"$f":"IF(B1209=\"\",\"\",VLOOKUP(M1209,Sections!$A$2:$D$200,3,FALSE))","v":""},{"$f":"IF(B1209=\"\",\"\",VLOOKUP(M1209,Sections!$A$2:$D$200,4,FALSE))","v":""}]
[{"$f":"IF(Start!A1210=\"\",\"\",Start!A1210)","v":""},{"$f":"IF(Start!B1210=\"\",\"\",Start!B1210)","v":""},{"$f":"IF(Start!C1210=\"\",\"\",Start!C1210)","v":""},{"$f":"IF(Start!D1210=\"\",\"\",Start!D1210)","v":""},{"$f":"IF(Start!E1210=\"\",\"\",Start!E1210)","v":""},{"$f":"IF(Start!F1210=\"\",\"\",Start!F1210)","v":""},{"$f":"IF(Start!G1210=\"\",\"\",Start!G1210)","v":""},{"$f":"IF(Start!H1210=\"\",\"\",Start!H1210)","v":""},"",{"$f":"IF(I1210=\"\",\"\",LOOKUP(I1210,{1,\"01\";2,\"02\";3,\"03\";4,\"04\";5,\"05\";6,\"06\";7,\"07\";8,\"08\";9,\"09\";10,\"10\";11,\"11\";12,\"12\";13,\"13\";14,\"14\";15,\"15\"}))","v":""},"","","",{"$f":"IF(B1210=\"\",\"\",VLOOKUP(M1210,Sections!$A$2:$D$200,3,FALSE))","v":""},{"$f":"IF(B1210=\"\",\"\",VLOOKUP(M1210,Sections!$A$2:$D$200,4,FALSE))","v":""}]
[{"$f":"IF(Start!A1211=\"\",\"\",Start!A1211)","v":""},{"$f":"IF(Start!B1211=\"\",\"\",Start!B1211)","v":""},{"$f":"IF(Start!C1211=\"\",\"\",Start!C1211)","v":""},{"$f":"IF(Start!D1211=\"\",\"\",Start!D1211)","v":""},{"$f":"IF(Start!E1211=\"\",\"\",Start!E1211)","v":""},{"$f":"IF(Start!F1211=\"\",\"\",Start!F1211)","v":""},{"$f":"IF(Start!G1211=\"\",\"\",Start!G1211)","v":""},{"$f":"IF(Start!H1211=\"\",\"\",Start!H1211)","v":""},"",{"$f":"IF(I1211=\"\",\"\",LOOKUP(I1211,{1,\"01\";2,\"02\";3,\"03\";4,\"04\";5,\"05\";6,\"06\";7,\"07\";8,\"08\";9,\"09\";10,\"10\";11,\"11\";12,\"12\";13,\"13\";14,\"14\";15,\"15\"}))","v":""},"","","",{"$f":"IF(B1211=\"\",\"\",VLOOKUP(M1211,Sections!$A$2:$D$200,3,FALSE))","v":""},{"$f":"IF(B1211=\"\",\"\",VLOOKUP(M1211,Sections!$A$2:$D$200,4,FALSE))","v":""}]
[{"$f":"IF(Start!A1212=\"\",\"\",Start!A1212)","v":""},{"$f":"IF(Start!B1212=\"\",\"\",Start!B1212)","v":""},{"$f":"IF(Start!C1212=\"\",\"\",Start!C1212)","v":""},{"$f":"IF(Start!D1212=\"\",\"\",Start!D1212)","v":""},{"$f":"IF(Start!E1212=\"\",\"\",Start!E1212)","v":""},{"$f":"IF(Start!F1212=\"\",\"\",Start!F1212)","v":""},{"$f":"IF(Start!G1212=\"\",\"\",Start!G1212)","v":""},{"$f":"IF(Start!H1212=\"\",\"\",Start!H1212)","v":""},"",{"$f":"IF(I1212=\"\",\"\",LOOKUP(I1212,{1,\"01\";2,\"02\";3,\"03\";4,\"04\";5,\"05\";6,\"06\";7,\"07\";8,\"08\";9,\"09\";10,\"10\";11,\"11\";12,\"12\";13,\"13\";14,\"14\";15,\"15\"}))","v":""},"","","",{"$f":"IF(B1212=\"\",\"\",VLOOKUP(M1212,Sections!$A$2:$D$200,3,FALSE))","v":""},{"$f":"IF(B1212=\"\",\"\",VLOOKUP(M1212,Sections!$A$2:$D$200,4,FALSE))","v":""}]
[{"$f":"IF(Start!A1213=\"\",\"\",Start!A1213)","v":""},{"$f":"IF(Start!B1213=\"\",\"\",Start!B1213)","v":""},{"$f":"IF(Start!C1213=\"\",\"\",Start!C1213)","v":""},{"$f":"IF(Start!D1213=\"\",\"\",Start!D1213)","v":""},{"$f":"IF(Start!E1213=\"\",\"\",Start!E1213)","v":""},{"$f":"IF(Start!F1213=\"\",\"\",Start!F1213)","v":""},{"$f":"IF(Start!G1213=\"\",\"\",Start!G1213)","v":""},{"$f":"IF(Start!H1213=\"\",\"\",Start!H1213)","v":""},"",{"$f":"IF(I1213=\"\",\"\",LOOKUP(I1213,{1,\"01\";2,\"02\";3,\"03\";4,\"04\";5,\"05\";6,\"06\";7,\"07\";8,\"08\";9,\"09\";10,\"10\";11,\"11\";12,\"12\";13,\"13\";14,\"14\";15,\"15\"}))","v":""},"","","",{"$f":"IF(B1213=\"\",\"\",VLOOKUP(M1213,Sections!$A$2:$D$200,3,FALSE))","v":""},{"$f":"IF(B1213=\"\",\"\",VLOOKUP(M1213,Sections!$A$2:$D$200,4,FALSE))","v":""}]
[{"$f":"IF(Start!A1214=\"\",\"\",Start!A1214)","v":""},{"$f":"IF(Start!B1214=\"\",\"\",Start!B1214)","v":""},{"$f":"IF(Start!C1214=\"\",\"\",Start!C1214)","v":""},{"$f":"IF(Start!D1214=\"\",\"\",Start!D1214)","v":""},{"$f":"IF(Start!E1214=\"\",\"\",Start!E1214)","v":""},{"$f":"IF(Start!F1214=\"\",\"\",Start!F1214)","v":""},{"$f":"IF(Start!G1214=\"\",\"\",Start!G1214)","v":""},{"$f":"IF(Start!H1214=\"\",\"\",Start!H1214)","v":""},"",{"$f":"IF(I1214=\"\",\"\",LOOKUP(I1214,{1,\"01\";2,\"02\";3,\"03\";4,\"04\";5,\"05\";6,\"06\";7,\"07\";8,\"08\";9,\"09\";10,\"10\";11,\"11\";12,\"12\";13,\"13\";14,\"14\";15,\"15\"}))","v":""},"","","",{"$f":"IF(B1214=\"\",\"\",VLOOKUP(M1214,Sections!$A$2:$D$200,3,FALSE))","v":""},{"$f":"IF(B1214=\"\",\"\",VLOOKUP(M1214,Sections!$A$2:$D$200,4,FALSE))","v":""}]
[{"$f":"IF(Start!A1215=\"\",\"\",Start!A1215)","v":""},{"$f":"IF(Start!B1215=\"\",\"\",Start!B1215)","v":""},{"$f":"IF(Start!C1215=\"\",\"\",Start!C1215)","v":""},{"$f":"IF(Start!D1215=\"\",\"\",Start!D1215)","v":""},{"$f":"IF(Start!E1215=\"\",\"\",Start!E1215)","v":""},{"$f":"IF(Start!F1215=\"\",\"\",Start!F1215)","v":""},{"$f":"IF(Start!G1215=\"\",\"\",Start!G1215)","v":""},{"$f":"IF(Start!H1215=\"\",\"\",Start!H1215)","v":""},"",{"$f":"IF(I1215=\"\",\"\",LOOKUP(I1215,{1,\"01\";2,\"02\";3,\"03\";4,\"04\";5,\"05\";6,\"06\";7,\"07\";8,\"08\";9,\"09\";10,\"10\";11,\"11\";12,\"12\";13,\"13\";14,\"14\";15,\"15\"}))","v":""},"","","",{"$f":"IF(B1215=\"\",\"\",VLOOKUP(M1215,Sections!$A$2:$D$200,3,FALSE))","v":""},{"$f":"IF(B1215=\"\",\"\",VLOOKUP(M1215,Sections!$A$2:$D$200,4,FALSE))","v":""}]
[{"$f":"IF(Start!A1216=\"\",\"\",Start!A1216)","v":""},{"$f":"IF(Start!B1216=\"\",\"\",Start!B1216)","v":""},{"$f":"IF(Start!C1216=\"\",\"\",Start!C1216)","v":""},{"$f":"IF(Start!D1216=\"\",\"\",Start!D1216)","v":""},{"$f":"IF(Start!E1216=\"\",\"\",Start!E1216)","v":""},{"$f":"IF(Start!F1216=\"\",\"\",Start!F1216)","v":""},{"$f":"IF(Start!G1216=\"\",\"\",Start!G1216)","v":""},{"$f":"IF(Start!H1216=\"\",\"\",Start!H1216)","v":""},"",{"$f":"IF(I1216=\"\",\"\",LOOKUP(I1216,{1,\"01\";2,\"02\";3,\"03\";4,\"04\";5,\"05\";6,\"06\";7,\"07\";8,\"08\";9,\"09\";10,\"10\";11,\"11\";12,\"12\";13,\"13\";14,\"14\";15,\"15\"}))","v":""},"","","",{"$f":"IF(B1216=\"\",\"\",VLOOKUP(M1216,Sections!$A$2:$D$200,3,FALSE))","v":""},{"$f":"IF(B1216=\"\",\"\",VLOOKUP(M1216,Sections!$A$2:$D$200,4,FALSE))","v":""}]
[{"$f":"IF(Start!A1217=\"\",\"\",Start!A1217)","v":""},{"$f":"IF(Start!B1217=\"\",\"\",Start!B1217)","v":""},{"$f":"IF(Start!C1217=\"\",\"\",Start!C1217)","v":""},{"$f":"IF(Start!D1217=\"\",\"\",Start!D1217)","v":""},{"$f":"IF(Start!E1217=\"\",\"\",Start!E1217)","v":""},{"$f":"IF(Start!F1217=\"\",\"\",Start!F1217)","v":""},{"$f":"IF(Start!G1217=\"\",\"\",Start!G1217)","v":""},{"$f":"IF(Start!H1217=\"\",\"\",Start!H1217)","v":""},"",{"$f":"IF(I1217=\"\",\"\",LOOKUP(I1217,{1,\"01\";2,\"02\";3,\"03\";4,\"04\";5,\"05\";6,\"06\";7,\"07\";8,\"08\";9,\"09\";10,\"10\";11,\"11\";12,\"12\";13,\"13\";14,\"14\";15,\"15\"}))","v":""},"","","",{"$f":"IF(B1217=\"\",\"\",VLOOKUP(M1217,Sections!$A$2:$D$200,3,FALSE))","v":""},{"$f":"IF(B1217=\"\",\"\",VLOOKUP(M1217,Sections!$A$2:$D$200,4,FALSE))","v":""}]
[{"$f":"IF(Start!A1218=\"\",\"\",Start!A1218)","v":""},{"$f":"IF(Start!B1218=\"\",\"\",Start!B1218)","v":""},{"$f":"IF(Start!C1218=\"\",\"\",Start!C1218)","v":""},{"$f":"IF(Start!D1218=\"\",\"\",Start!D1218)","v":""},{"$f":"IF(Start!E1218=\"\",\"\",Start!E1218)","v":""},{"$f":"IF(Start!F1218=\"\",\"\",Start!F1218)","v":""},{"$f":"IF(Start!G1218=\"\",\"\",Start!G1218)","v":""},{"$f":"IF(Start!H1218=\"\",\"\",Start!H1218)","v":""},"",{"$f":"IF(I1218=\"\",\"\",LOOKUP(I1218,{1,\"01\";2,\"02\";3,\"03\";4,\"04\";5,\"05\";6,\"06\";7,\"07\";8,\"08\";9,\"09\";10,\"10\";11,\"11\";12,\"12\";13,\"13\";14,\"14\";15,\"15\"}))","v":""},"","","",{"$f":"IF(B1218=\"\",\"\",VLOOKUP(M1218,Sections!$A$2:$D$200,3,FALSE))","v":""},{"$f":"IF(B1218=\"\",\"\",VLOOKUP(M1218,Sections!$A$2:$D$200,4,FALSE))","v":""}]
[{"$f":"IF(Start!A1219=\"\",\"\",Start!A1219)","v":""},{"$f":"IF(Start!B1219=\"\",\"\",Start!B1219)","v":""},{"$f":"IF(Start!C1219=\"\",\"\",Start!C1219)","v":""},{"$f":"IF(Start!D1219=\"\",\"\",Start!D1219)","v":""},{"$f":"IF(Start!E1219=\"\",\"\",Start!E1219)","v":""},{"$f":"IF(Start!F1219=\"\",\"\",Start!F1219)","v":""},{"$f":"IF(Start!G1219=\"\",\"\",Start!G1219)","v":""},{"$f":"IF(Start!H1219=\"\",\"\",Start!H1219)","v":""},{"$f":"IF(AND(A1219=\"\",B1219=\"\",C1219=\"\"),\"\",IF(AND(A1219<>\"\",B1219=\"\",G1219=0,H1219=0),D1219,I1218))","v":""},{"$f":"IF(I1219=\"\",\"\",LOOKUP(I1219,{1,\"01\";2,\"02\";3,\"03\";4,\"04\";5,\"05\";6,\"06\";7,\"07\";8,\"08\";9,\"09\";10,\"10\";11,\"11\";12,\"12\";13,\"13\";14,\"14\";15,\"15\"}))","v":""},{"$f":"IF(AND(A1219<>\"\",B1219=\"\"),J1219&\". \"&PROPER(C1219),IF(AND(A1219=\"\",B1219<>\"\"),PROPER(K1218),\"\"))","v":""},{"$f":"IF(B1219=\"\",\"\",LEFT(B1219,1)*100)","v":""},{"$f":"IF(B1219=\"\",\"\",LEFT(B1219,3)*1)","v":""},{"$f":"IF(B1219=\"\",\"\",VLOOKUP(M1219,Sections!$A$2:$D$200,3,FALSE))","v":""},{"$f":"IF(B1219=\"\",\"\",VLOOKUP(M1219,Sections!$A$2:$D$200,4,FALSE))","v":""}]
[{"$f":"IF(Start!A1220=\"\",\"\",Start!A1220)","v":""},{"$f":"IF(Start!B1220=\"\",\"\",Start!B1220)","v":""},{"$f":"IF(Start!C1220=\"\",\"\",Start!C1220)","v":""},{"$f":"IF(Start!D1220=\"\",\"\",Start!D1220)","v":""},{"$f":"IF(Start!E1220=\"\",\"\",Start!E1220)","v":""},{"$f":"IF(Start!F1220=\"\",\"\",Start!F1220)","v":""},{"$f":"IF(Start!G1220=\"\",\"\",Start!G1220)","v":""},{"$f":"IF(Start!H1220=\"\",\"\",Start!H1220)","v":""},"",{"$f":"IF(I1220=\"\",\"\",LOOKUP(I1220,{1,\"01\";2,\"02\";3,\"03\";4,\"04\";5,\"05\";6,\"06\";7,\"07\";8,\"08\";9,\"09\";10,\"10\";11,\"11\";12,\"12\";13,\"13\";14,\"14\";15,\"15\"}))","v":""},"","","",{"$f":"IF(B1220=\"\",\"\",VLOOKUP(M1220,Sections!$A$2:$D$200,3,FALSE))","v":""},{"$f":"IF(B1220=\"\",\"\",VLOOKUP(M1220,Sections!$A$2:$D$200,4,FALSE))","v":""}]
[{"$f":"IF(Start!A1221=\"\",\"\",Start!A1221)","v":""},{"$f":"IF(Start!B1221=\"\",\"\",Start!B1221)","v":""},{"$f":"IF(Start!C1221=\"\",\"\",Start!C1221)","v":""},{"$f":"IF(Start!D1221=\"\",\"\",Start!D1221)","v":""},{"$f":"IF(Start!E1221=\"\",\"\",Start!E1221)","v":""},{"$f":"IF(Start!F1221=\"\",\"\",Start!F1221)","v":""},{"$f":"IF(Start!G1221=\"\",\"\",Start!G1221)","v":""},{"$f":"IF(Start!H1221=\"\",\"\",Start!H1221)","v":""},"",{"$f":"IF(I1221=\"\",\"\",LOOKUP(I1221,{1,\"01\";2,\"02\";3,\"03\";4,\"04\";5,\"05\";6,\"06\";7,\"07\";8,\"08\";9,\"09\";10,\"10\";11,\"11\";12,\"12\";13,\"13\";14,\"14\";15,\"15\"}))","v":""},"","","",{"$f":"IF(B1221=\"\",\"\",VLOOKUP(M1221,Sections!$A$2:$D$200,3,FALSE))","v":""},{"$f":"IF(B1221=\"\",\"\",VLOOKUP(M1221,Sections!$A$2:$D$200,4,FALSE))","v":""}]
[{"$f":"IF(Start!A1222=\"\",\"\",Start!A1222)","v":""},{"$f":"IF(Start!B1222=\"\",\"\",Start!B1222)","v":""},{"$f":"IF(Start!C1222=\"\",\"\",Start!C1222)","v":""},{"$f":"IF(Start!D1222=\"\",\"\",Start!D1222)","v":""},{"$f":"IF(Start!E1222=\"\",\"\",Start!E1222)","v":""},{"$f":"IF(Start!F1222=\"\",\"\",Start!F1222)","v":""},{"$f":"IF(Start!G1222=\"\",\"\",Start!G1222)","v":""},{"$f":"IF(Start!H1222=\"\",\"\",Start!H1222)","v":""},"",{"$f":"IF(I1222=\"\",\"\",LOOKUP(I1222,{1,\"01\";2,\"02\";3,\"03\";4,\"04\";5,\"05\";6,\"06\";7,\"07\";8,\"08\";9,\"09\";10,\"10\";11,\"11\";12,\"12\";13,\"13\";14,\"14\";15,\"15\"}))","v":""},"","","",{"$f":"IF(B1222=\"\",\"\",VLOOKUP(M1222,Sections!$A$2:$D$200,3,FALSE))","v":""},{"$f":"IF(B1222=\"\",\"\",VLOOKUP(M1222,Sections!$A$2:$D$200,4,FALSE))","v":""}]
[{"$f":"IF(Start!A1223=\"\",\"\",Start!A1223)","v":""},{"$f":"IF(Start!B1223=\"\",\"\",Start!B1223)","v":""},{"$f":"IF(Start!C1223=\"\",\"\",Start!C1223)","v":""},{"$f":"IF(Start!D1223=\"\",\"\",Start!D1223)","v":""},{"$f":"IF(Start!E1223=\"\",\"\",Start!E1223)","v":""},{"$f":"IF(Start!F1223=\"\",\"\",Start!F1223)","v":""},{"$f":"IF(Start!G1223=\"\",\"\",Start!G1223)","v":""},{"$f":"IF(Start!H1223=\"\",\"\",Start!H1223)","v":""},"",{"$f":"IF(I1223=\"\",\"\",LOOKUP(I1223,{1,\"01\";2,\"02\";3,\"03\";4,\"04\";5,\"05\";6,\"06\";7,\"07\";8,\"08\";9,\"09\";10,\"10\";11,\"11\";12,\"12\";13,\"13\";14,\"14\";15,\"15\"}))","v":""},"","","",{"$f":"IF(B1223=\"\",\"\",VLOOKUP(M1223,Sections!$A$2:$D$200,3,FALSE))","v":""},{"$f":"IF(B1223=\"\",\"\",VLOOKUP(M1223,Sections!$A$2:$D$200,4,FALSE))","v":""}]
[{"$f":"IF(Start!A1224=\"\",\"\",Start!A1224)","v":""},{"$f":"IF(Start!B1224=\"\",\"\",Start!B1224)","v":""},{"$f":"IF(Start!C1224=\"\",\"\",Start!C1224)","v":""},{"$f":"IF(Start!D1224=\"\",\"\",Start!D1224)","v":""},{"$f":"IF(Start!E1224=\"\",\"\",Start!E1224)","v":""},{"$f":"IF(Start!F1224=\"\",\"\",Start!F1224)","v":""},{"$f":"IF(Start!G1224=\"\",\"\",Start!G1224)","v":""},{"$f":"IF(Start!H1224=\"\",\"\",Start!H1224)","v":""},"",{"$f":"IF(I1224=\"\",\"\",LOOKUP(I1224,{1,\"01\";2,\"02\";3,\"03\";4,\"04\";5,\"05\";6,\"06\";7,\"07\";8,\"08\";9,\"09\";10,\"10\";11,\"11\";12,\"12\";13,\"13\";14,\"14\";15,\"15\"}))","v":""},"","","",{"$f":"IF(B1224=\"\",\"\",VLOOKUP(M1224,Sections!$A$2:$D$200,3,FALSE))","v":""},{"$f":"IF(B1224=\"\",\"\",VLOOKUP(M1224,Sections!$A$2:$D$200,4,FALSE))","v":""}]
[{"$f":"IF(Start!A1225=\"\",\"\",Start!A1225)","v":""},{"$f":"IF(Start!B1225=\"\",\"\",Start!B1225)","v":""},{"$f":"IF(Start!C1225=\"\",\"\",Start!C1225)","v":""},{"$f":"IF(Start!D1225=\"\",\"\",Start!D1225)","v":""},{"$f":"IF(Start!E1225=\"\",\"\",Start!E1225)","v":""},{"$f":"IF(Start!F1225=\"\",\"\",Start!F1225)","v":""},{"$f":"IF(Start!G1225=\"\",\"\",Start!G1225)","v":""},{"$f":"IF(Start!H1225=\"\",\"\",Start!H1225)","v":""},"",{"$f":"IF(I1225=\"\",\"\",LOOKUP(I1225,{1,\"01\";2,\"02\";3,\"03\";4,\"04\";5,\"05\";6,\"06\";7,\"07\";8,\"08\";9,\"09\";10,\"10\";11,\"11\";12,\"12\";13,\"13\";14,\"14\";15,\"15\"}))","v":""},"","","",{"$f":"IF(B1225=\"\",\"\",VLOOKUP(M1225,Sections!$A$2:$D$200,3,FALSE))","v":""},{"$f":"IF(B1225=\"\",\"\",VLOOKUP(M1225,Sections!$A$2:$D$200,4,FALSE))","v":""}]
[{"$f":"IF(Start!A1226=\"\",\"\",Start!A1226)","v":""},{"$f":"IF(Start!B1226=\"\",\"\",Start!B1226)","v":""},{"$f":"IF(Start!C1226=\"\",\"\",Start!C1226)","v":""},{"$f":"IF(Start!D1226=\"\",\"\",Start!D1226)","v":""},{"$f":"IF(Start!E1226=\"\",\"\",Start!E1226)","v":""},{"$f":"IF(Start!F1226=\"\",\"\",Start!F1226)","v":""},{"$f":"IF(Start!G1226=\"\",\"\",Start!G1226)","v":""},{"$f":"IF(Start!H1226=\"\",\"\",Start!H1226)","v":""},"",{"$f":"IF(I1226=\"\",\"\",LOOKUP(I1226,{1,\"01\";2,\"02\";3,\"03\";4,\"04\";5,\"05\";6,\"06\";7,\"07\";8,\"08\";9,\"09\";10,\"10\";11,\"11\";12,\"12\";13,\"13\";14,\"14\";15,\"15\"}))","v":""},"","","",{"$f":"IF(B1226=\"\",\"\",VLOOKUP(M1226,Sections!$A$2:$D$200,3,FALSE))","v":""},{"$f":"IF(B1226=\"\",\"\",VLOOKUP(M1226,Sections!$A$2:$D$200,4,FALSE))","v":""}]
[{"$f":"IF(Start!A1227=\"\",\"\",Start!A1227)","v":""},{"$f":"IF(Start!B1227=\"\",\"\",Start!B1227)","v":""},{"$f":"IF(Start!C1227=\"\",\"\",Start!C1227)","v":""},{"$f":"IF(Start!D1227=\"\",\"\",Start!D1227)","v":""},{"$f":"IF(Start!E1227=\"\",\"\",Start!E1227)","v":""},{"$f":"IF(Start!F1227=\"\",\"\",Start!F1227)","v":""},{"$f":"IF(Start!G1227=\"\",\"\",Start!G1227)","v":""},{"$f":"IF(Start!H1227=\"\",\"\",Start!H1227)","v":""},"",{"$f":"IF(I1227=\"\",\"\",LOOKUP(I1227,{1,\"01\";2,\"02\";3,\"03\";4,\"04\";5,\"05\";6,\"06\";7,\"07\";8,\"08\";9,\"09\";10,\"10\";11,\"11\";12,\"12\";13,\"13\";14,\"14\";15,\"15\"}))","v":""},"","","",{"$f":"IF(B1227=\"\",\"\",VLOOKUP(M1227,Sections!$A$2:$D$200,3,FALSE))","v":""},{"$f":"IF(B1227=\"\",\"\",VLOOKUP(M1227,Sections!$A$2:$D$200,4,FALSE))","v":""}]
[{"$f":"IF(Start!A1228=\"\",\"\",Start!A1228)","v":""},{"$f":"IF(Start!B1228=\"\",\"\",Start!B1228)","v":""},{"$f":"IF(Start!C1228=\"\",\"\",Start!C1228)","v":""},{"$f":"IF(Start!D1228=\"\",\"\",Start!D1228)","v":""},{"$f":"IF(Start!E1228=\"\",\"\",Start!E1228)","v":""},{"$f":"IF(Start!F1228=\"\",\"\",Start!F1228)","v":""},{"$f":"IF(Start!G1228=\"\",\"\",Start!G1228)","v":""},{"$f":"IF(Start!H1228=\"\",\"\",Start!H1228)","v":""},"",{"$f":"IF(I1228=\"\",\"\",LOOKUP(I1228,{1,\"01\";2,\"02\";3,\"03\";4,\"04\";5,\"05\";6,\"06\";7,\"07\";8,\"08\";9,\"09\";10,\"10\";11,\"11\";12,\"12\";13,\"13\";14,\"14\";15,\"15\"}))","v":""},"","","",{"$f":"IF(B1228=\"\",\"\",VLOOKUP(M1228,Sections!$A$2:$D$200,3,FALSE))","v":""},{"$f":"IF(B1228=\"\",\"\",VLOOKUP(M1228,Sections!$A$2:$D$200,4,FALSE))","v":""}]
[{"$f":"IF(Start!A1229=\"\",\"\",Start!A1229)","v":""},{"$f":"IF(Start!B1229=\"\",\"\",Start!B1229)","v":""},{"$f":"IF(Start!C1229=\"\",\"\",Start!C1229)","v":""},{"$f":"IF(Start!D1229=\"\",\"\",Start!D1229)","v":""},{"$f":"IF(Start!E1229=\"\",\"\",Start!E1229)","v":""},{"$f":"IF(Start!F1229=\"\",\"\",Start!F1229)","v":""},{"$f":"IF(Start!G1229=\"\",\"\",Start!G1229)","v":""},{"$f":"IF(Start!H1229=\"\",\"\",Start!H1229)","v":""},"",{"$f":"IF(I1229=\"\",\"\",LOOKUP(I1229,{1,\"01\";2,\"02\";3,\"03\";4,\"04\";5,\"05\";6,\"06\";7,\"07\";8,\"08\";9,\"09\";10,\"10\";11,\"11\";12,\"12\";13,\"13\";14,\"14\";15,\"15\"}))","v":""},"","","",{"$f":"IF(B1229=\"\",\"\",VLOOKUP(M1229,Sections!$A$2:$D$200,3,FALSE))","v":""},{"$f":"IF(B1229=\"\",\"\",VLOOKUP(M1229,Sections!$A$2:$D$200,4,FALSE))","v":""}]
[{"$f":"IF(Start!A1230=\"\",\"\",Start!A1230)","v":""},{"$f":"IF(Start!B1230=\"\",\"\",Start!B1230)","v":""},{"$f":"IF(Start!C1230=\"\",\"\",Start!C1230)","v":""},{"$f":"IF(Start!D1230=\"\",\"\",Start!D1230)","v":""},{"$f":"IF(Start!E1230=\"\",\"\",Start!E1230)","v":""},{"$f":"IF(Start!F1230=\"\",\"\",Start!F1230)","v":""},{"$f":"IF(Start!G1230=\"\",\"\",Start!G1230)","v":""},{"$f":"IF(Start!H1230=\"\",\"\",Start!H1230)","v":""},"",{"$f":"IF(I1230=\"\",\"\",LOOKUP(I1230,{1,\"01\";2,\"02\";3,\"03\";4,\"04\";5,\"05\";6,\"06\";7,\"07\";8,\"08\";9,\"09\";10,\"10\";11,\"11\";12,\"12\";13,\"13\";14,\"14\";15,\"15\"}))","v":""},"","","",{"$f":"IF(B1230=\"\",\"\",VLOOKUP(M1230,Sections!$A$2:$D$200,3,FALSE))","v":""},{"$f":"IF(B1230=\"\",\"\",VLOOKUP(M1230,Sections!$A$2:$D$200,4,FALSE))","v":""}]
[{"$f":"IF(Start!A1231=\"\",\"\",Start!A1231)","v":""},{"$f":"IF(Start!B1231=\"\",\"\",Start!B1231)","v":""},{"$f":"IF(Start!C1231=\"\",\"\",Start!C1231)","v":""},{"$f":"IF(Start!D1231=\"\",\"\",Start!D1231)","v":""},{"$f":"IF(Start!E1231=\"\",\"\",Start!E1231)","v":""},{"$f":"IF(Start!F1231=\"\",\"\",Start!F1231)","v":""},{"$f":"IF(Start!G1231=\"\",\"\",Start!G1231)","v":""},{"$f":"IF(Start!H1231=\"\",\"\",Start!H1231)","v":""},"",{"$f":"IF(I1231=\"\",\"\",LOOKUP(I1231,{1,\"01\";2,\"02\";3,\"03\";4,\"04\";5,\"05\";6,\"06\";7,\"07\";8,\"08\";9,\"09\";10,\"10\";11,\"11\";12,\"12\";13,\"13\";14,\"14\";15,\"15\"}))","v":""},"","","",{"$f":"IF(B1231=\"\",\"\",VLOOKUP(M1231,Sections!$A$2:$D$200,3,FALSE))","v":""},{"$f":"IF(B1231=\"\",\"\",VLOOKUP(M1231,Sections!$A$2:$D$200,4,FALSE))","v":""}]
[{"$f":"IF(Start!A1232=\"\",\"\",Start!A1232)","v":""},{"$f":"IF(Start!B1232=\"\",\"\",Start!B1232)","v":""},{"$f":"IF(Start!C1232=\"\",\"\",Start!C1232)","v":""},{"$f":"IF(Start!D1232=\"\",\"\",Start!D1232)","v":""},{"$f":"IF(Start!E1232=\"\",\"\",Start!E1232)","v":""},{"$f":"IF(Start!F1232=\"\",\"\",Start!F1232)","v":""},{"$f":"IF(Start!G1232=\"\",\"\",Start!G1232)","v":""},{"$f":"IF(Start!H1232=\"\",\"\",Start!H1232)","v":""},"",{"$f":"IF(I1232=\"\",\"\",LOOKUP(I1232,{1,\"01\";2,\"02\";3,\"03\";4,\"04\";5,\"05\";6,\"06\";7,\"07\";8,\"08\";9,\"09\";10,\"10\";11,\"11\";12,\"12\";13,\"13\";14,\"14\";15,\"15\"}))","v":""},"","","",{"$f":"IF(B1232=\"\",\"\",VLOOKUP(M1232,Sections!$A$2:$D$200,3,FALSE))","v":""},{"$f":"IF(B1232=\"\",\"\",VLOOKUP(M1232,Sections!$A$2:$D$200,4,FALSE))","v":""}]
[{"$f":"IF(Start!A1233=\"\",\"\",Start!A1233)","v":""},{"$f":"IF(Start!B1233=\"\",\"\",Start!B1233)","v":""},{"$f":"IF(Start!C1233=\"\",\"\",Start!C1233)","v":""},{"$f":"IF(Start!D1233=\"\",\"\",Start!D1233)","v":""},{"$f":"IF(Start!E1233=\"\",\"\",Start!E1233)","v":""},{"$f":"IF(Start!F1233=\"\",\"\",Start!F1233)","v":""},{"$f":"IF(Start!G1233=\"\",\"\",Start!G1233)","v":""},{"$f":"IF(Start!H1233=\"\",\"\",Start!H1233)","v":""},"",{"$f":"IF(I1233=\"\",\"\",LOOKUP(I1233,{1,\"01\";2,\"02\";3,\"03\";4,\"04\";5,\"05\";6,\"06\";7,\"07\";8,\"08\";9,\"09\";10,\"10\";11,\"11\";12,\"12\";13,\"13\";14,\"14\";15,\"15\"}))","v":""},"","","",{"$f":"IF(B1233=\"\",\"\",VLOOKUP(M1233,Sections!$A$2:$D$200,3,FALSE))","v":""},{"$f":"IF(B1233=\"\",\"\",VLOOKUP(M1233,Sections!$A$2:$D$200,4,FALSE))","v":""}]
[{"$f":"IF(Start!A1234=\"\",\"\",Start!A1234)","v":""},{"$f":"IF(Start!B1234=\"\",\"\",Start!B1234)","v":""},{"$f":"IF(Start!C1234=\"\",\"\",Start!C1234)","v":""},{"$f":"IF(Start!D1234=\"\",\"\",Start!D1234)","v":""},{"$f":"IF(Start!E1234=\"\",\"\",Start!E1234)","v":""},{"$f":"IF(Start!F1234=\"\",\"\",Start!F1234)","v":""},{"$f":"IF(Start!G1234=\"\",\"\",Start!G1234)","v":""},{"$f":"IF(Start!H1234=\"\",\"\",Start!H1234)","v":""},"",{"$f":"IF(I1234=\"\",\"\",LOOKUP(I1234,{1,\"01\";2,\"02\";3,\"03\";4,\"04\";5,\"05\";6,\"06\";7,\"07\";8,\"08\";9,\"09\";10,\"10\";11,\"11\";12,\"12\";13,\"13\";14,\"14\";15,\"15\"}))","v":""},"","","",{"$f":"IF(B1234=\"\",\"\",VLOOKUP(M1234,Sections!$A$2:$D$200,3,FALSE))","v":""},{"$f":"IF(B1234=\"\",\"\",VLOOKUP(M1234,Sections!$A$2:$D$200,4,FALSE))","v":""}]
[{"$f":"IF(Start!A1235=\"\",\"\",Start!A1235)","v":""},{"$f":"IF(Start!B1235=\"\",\"\",Start!B1235)","v":""},{"$f":"IF(Start!C1235=\"\",\"\",Start!C1235)","v":""},{"$f":"IF(Start!D1235=\"\",\"\",Start!D1235)","v":""},{"$f":"IF(Start!E1235=\"\",\"\",Start!E1235)","v":""},{"$f":"IF(Start!F1235=\"\",\"\",Start!F1235)","v":""},{"$f":"IF(Start!G1235=\"\",\"\",Start!G1235)","v":""},{"$f":"IF(Start!H1235=\"\",\"\",Start!H1235)","v":""},"",{"$f":"IF(I1235=\"\",\"\",LOOKUP(I1235,{1,\"01\";2,\"02\";3,\"03\";4,\"04\";5,\"05\";6,\"06\";7,\"07\";8,\"08\";9,\"09\";10,\"10\";11,\"11\";12,\"12\";13,\"13\";14,\"14\";15,\"15\"}))","v":""},"","","",{"$f":"IF(B1235=\"\",\"\",VLOOKUP(M1235,Sections!$A$2:$D$200,3,FALSE))","v":""},{"$f":"IF(B1235=\"\",\"\",VLOOKUP(M1235,Sections!$A$2:$D$200,4,FALSE))","v":""}]
[{"$f":"IF(Start!A1236=\"\",\"\",Start!A1236)","v":""},{"$f":"IF(Start!B1236=\"\",\"\",Start!B1236)","v":""},{"$f":"IF(Start!C1236=\"\",\"\",Start!C1236)","v":""},{"$f":"IF(Start!D1236=\"\",\"\",Start!D1236)","v":""},{"$f":"IF(Start!E1236=\"\",\"\",Start!E1236)","v":""},{"$f":"IF(Start!F1236=\"\",\"\",Start!F1236)","v":""},{"$f":"IF(Start!G1236=\"\",\"\",Start!G1236)","v":""},{"$f":"IF(Start!H1236=\"\",\"\",Start!H1236)","v":""},"",{"$f":"IF(I1236=\"\",\"\",LOOKUP(I1236,{1,\"01\";2,\"02\";3,\"03\";4,\"04\";5,\"05\";6,\"06\";7,\"07\";8,\"08\";9,\"09\";10,\"10\";11,\"11\";12,\"12\";13,\"13\";14,\"14\";15,\"15\"}))","v":""},"","","",{"$f":"IF(B1236=\"\",\"\",VLOOKUP(M1236,Sections!$A$2:$D$200,3,FALSE))","v":""},{"$f":"IF(B1236=\"\",\"\",VLOOKUP(M1236,Sections!$A$2:$D$200,4,FALSE))","v":""}]
[{"$f":"IF(Start!A1237=\"\",\"\",Start!A1237)","v":""},{"$f":"IF(Start!B1237=\"\",\"\",Start!B1237)","v":""},{"$f":"IF(Start!C1237=\"\",\"\",Start!C1237)","v":""},{"$f":"IF(Start!D1237=\"\",\"\",Start!D1237)","v":""},{"$f":"IF(Start!E1237=\"\",\"\",Start!E1237)","v":""},{"$f":"IF(Start!F1237=\"\",\"\",Start!F1237)","v":""},{"$f":"IF(Start!G1237=\"\",\"\",Start!G1237)","v":""},{"$f":"IF(Start!H1237=\"\",\"\",Start!H1237)","v":""},"",{"$f":"IF(I1237=\"\",\"\",LOOKUP(I1237,{1,\"01\";2,\"02\";3,\"03\";4,\"04\";5,\"05\";6,\"06\";7,\"07\";8,\"08\";9,\"09\";10,\"10\";11,\"11\";12,\"12\";13,\"13\";14,\"14\";15,\"15\"}))","v":""},"","","",{"$f":"IF(B1237=\"\",\"\",VLOOKUP(M1237,Sections!$A$2:$D$200,3,FALSE))","v":""},{"$f":"IF(B1237=\"\",\"\",VLOOKUP(M1237,Sections!$A$2:$D$200,4,FALSE))","v":""}]
[{"$f":"IF(Start!A1238=\"\",\"\",Start!A1238)","v":""},{"$f":"IF(Start!B1238=\"\",\"\",Start!B1238)","v":""},{"$f":"IF(Start!C1238=\"\",\"\",Start!C1238)","v":""},{"$f":"IF(Start!D1238=\"\",\"\",Start!D1238)","v":""},{"$f":"IF(Start!E1238=\"\",\"\",Start!E1238)","v":""},{"$f":"IF(Start!F1238=\"\",\"\",Start!F1238)","v":""},{"$f":"IF(Start!G1238=\"\",\"\",Start!G1238)","v":""},{"$f":"IF(Start!H1238=\"\",\"\",Start!H1238)","v":""},"",{"$f":"IF(I1238=\"\",\"\",LOOKUP(I1238,{1,\"01\";2,\"02\";3,\"03\";4,\"04\";5,\"05\";6,\"06\";7,\"07\";8,\"08\";9,\"09\";10,\"10\";11,\"11\";12,\"12\";13,\"13\";14,\"14\";15,\"15\"}))","v":""},"","","",{"$f":"IF(B1238=\"\",\"\",VLOOKUP(M1238,Sections!$A$2:$D$200,3,FALSE))","v":""},{"$f":"IF(B1238=\"\",\"\",VLOOKUP(M1238,Sections!$A$2:$D$200,4,FALSE))","v":""}]
[{"$f":"IF(Start!A1239=\"\",\"\",Start!A1239)","v":""},{"$f":"IF(Start!B1239=\"\",\"\",Start!B1239)","v":""},{"$f":"IF(Start!C1239=\"\",\"\",Start!C1239)","v":""},{"$f":"IF(Start!D1239=\"\",\"\",Start!D1239)","v":""},{"$f":"IF(Start!E1239=\"\",\"\",Start!E1239)","v":""},{"$f":"IF(Start!F1239=\"\",\"\",Start!F1239)","v":""},{"$f":"IF(Start!G1239=\"\",\"\",Start!G1239)","v":""},{"$f":"IF(Start!H1239=\"\",\"\",Start!H1239)","v":""},"",{"$f":"IF(I1239=\"\",\"\",LOOKUP(I1239,{1,\"01\";2,\"02\";3,\"03\";4,\"04\";5,\"05\";6,\"06\";7,\"07\";8,\"08\";9,\"09\";10,\"10\";11,\"11\";12,\"12\";13,\"13\";14,\"14\";15,\"15\"}))","v":""},"","","",{"$f":"IF(B1239=\"\",\"\",VLOOKUP(M1239,Sections!$A$2:$D$200,3,FALSE))","v":""},{"$f":"IF(B1239=\"\",\"\",VLOOKUP(M1239,Sections!$A$2:$D$200,4,FALSE))","v":""}]
[{"$f":"IF(Start!A1240=\"\",\"\",Start!A1240)","v":""},{"$f":"IF(Start!B1240=\"\",\"\",Start!B1240)","v":""},{"$f":"IF(Start!C1240=\"\",\"\",Start!C1240)","v":""},{"$f":"IF(Start!D1240=\"\",\"\",Start!D1240)","v":""},{"$f":"IF(Start!E1240=\"\",\"\",Start!E1240)","v":""},{"$f":"IF(Start!F1240=\"\",\"\",Start!F1240)","v":""},{"$f":"IF(Start!G1240=\"\",\"\",Start!G1240)","v":""},{"$f":"IF(Start!H1240=\"\",\"\",Start!H1240)","v":""},"",{"$f":"IF(I1240=\"\",\"\",LOOKUP(I1240,{1,\"01\";2,\"02\";3,\"03\";4,\"04\";5,\"05\";6,\"06\";7,\"07\";8,\"08\";9,\"09\";10,\"10\";11,\"11\";12,\"12\";13,\"13\";14,\"14\";15,\"15\"}))","v":""},"","","",{"$f":"IF(B1240=\"\",\"\",VLOOKUP(M1240,Sections!$A$2:$D$200,3,FALSE))","v":""},{"$f":"IF(B1240=\"\",\"\",VLOOKUP(M1240,Sections!$A$2:$D$200,4,FALSE))","v":""}]
[{"$f":"IF(Start!A1241=\"\",\"\",Start!A1241)","v":""},{"$f":"IF(Start!B1241=\"\",\"\",Start!B1241)","v":""},{"$f":"IF(Start!C1241=\"\",\"\",Start!C1241)","v":""},{"$f":"IF(Start!D1241=\"\",\"\",Start!D1241)","v":""},{"$f":"IF(Start!E1241=\"\",\"\",Start!E1241)","v":""},{"$f":"IF(Start!F1241=\"\",\"\",Start!F1241)","v":""},{"$f":"IF(Start!G1241=\"\",\"\",Start!G1241)","v":""},{"$f":"IF(Start!H1241=\"\",\"\",Start!H1241)","v":""},"",{"$f":"IF(I1241=\"\",\"\",LOOKUP(I1241,{1,\"01\";2,\"02\";3,\"03\";4,\"04\";5,\"05\";6,\"06\";7,\"07\";8,\"08\";9,\"09\";10,\"10\";11,\"11\";12,\"12\";13,\"13\";14,\"14\";15,\"15\"}))","v":""},"","","",{"$f":"IF(B1241=\"\",\"\",VLOOKUP(M1241,Sections!$A$2:$D$200,3,FALSE))","v":""},{"$f":"IF(B1241=\"\",\"\",VLOOKUP(M1241,Sections!$A$2:$D$200,4,FALSE))","v":""}]
[{"$f":"IF(Start!A1242=\"\",\"\",Start!A1242)","v":""},{"$f":"IF(Start!B1242=\"\",\"\",Start!B1242)","v":""},{"$f":"IF(Start!C1242=\"\",\"\",Start!C1242)","v":""},{"$f":"IF(Start!D1242=\"\",\"\",Start!D1242)","v":""},{"$f":"IF(Start!E1242=\"\",\"\",Start!E1242)","v":""},{"$f":"IF(Start!F1242=\"\",\"\",Start!F1242)","v":""},{"$f":"IF(Start!G1242=\"\",\"\",Start!G1242)","v":""},{"$f":"IF(Start!H1242=\"\",\"\",Start!H1242)","v":""},"",{"$f":"IF(I1242=\"\",\"\",LOOKUP(I1242,{1,\"01\";2,\"02\";3,\"03\";4,\"04\";5,\"05\";6,\"06\";7,\"07\";8,\"08\";9,\"09\";10,\"10\";11,\"11\";12,\"12\";13,\"13\";14,\"14\";15,\"15\"}))","v":""},"","","",{"$f":"IF(B1242=\"\",\"\",VLOOKUP(M1242,Sections!$A$2:$D$200,3,FALSE))","v":""},{"$f":"IF(B1242=\"\",\"\",VLOOKUP(M1242,Sections!$A$2:$D$200,4,FALSE))","v":""}]
[{"$f":"IF(Start!A1243=\"\",\"\",Start!A1243)","v":""},{"$f":"IF(Start!B1243=\"\",\"\",Start!B1243)","v":""},{"$f":"IF(Start!C1243=\"\",\"\",Start!C1243)","v":""},{"$f":"IF(Start!D1243=\"\",\"\",Start!D1243)","v":""},{"$f":"IF(Start!E1243=\"\",\"\",Start!E1243)","v":""},{"$f":"IF(Start!F1243=\"\",\"\",Start!F1243)","v":""},{"$f":"IF(Start!G1243=\"\",\"\",Start!G1243)","v":""},{"$f":"IF(Start!H1243=\"\",\"\",Start!H1243)","v":""},"",{"$f":"IF(I1243=\"\",\"\",LOOKUP(I1243,{1,\"01\";2,\"02\";3,\"03\";4,\"04\";5,\"05\";6,\"06\";7,\"07\";8,\"08\";9,\"09\";10,\"10\";11,\"11\";12,\"12\";13,\"13\";14,\"14\";15,\"15\"}))","v":""},"","","",{"$f":"IF(B1243=\"\",\"\",VLOOKUP(M1243,Sections!$A$2:$D$200,3,FALSE))","v":""},{"$f":"IF(B1243=\"\",\"\",VLOOKUP(M1243,Sections!$A$2:$D$200,4,FALSE))","v":""}]
[{"$f":"IF(Start!A1244=\"\",\"\",Start!A1244)","v":""},{"$f":"IF(Start!B1244=\"\",\"\",Start!B1244)","v":""},{"$f":"IF(Start!C1244=\"\",\"\",Start!C1244)","v":""},{"$f":"IF(Start!D1244=\"\",\"\",Start!D1244)","v":""},{"$f":"IF(Start!E1244=\"\",\"\",Start!E1244)","v":""},{"$f":"IF(Start!F1244=\"\",\"\",Start!F1244)","v":""},{"$f":"IF(Start!G1244=\"\",\"\",Start!G1244)","v":""},{"$f":"IF(Start!H1244=\"\",\"\",Start!H1244)","v":""},"",{"$f":"IF(I1244=\"\",\"\",LOOKUP(I1244,{1,\"01\";2,\"02\";3,\"03\";4,\"04\";5,\"05\";6,\"06\";7,\"07\";8,\"08\";9,\"09\";10,\"10\";11,\"11\";12,\"12\";13,\"13\";14,\"14\";15,\"15\"}))","v":""},"","","",{"$f":"IF(B1244=\"\",\"\",VLOOKUP(M1244,Sections!$A$2:$D$200,3,FALSE))","v":""},{"$f":"IF(B1244=\"\",\"\",VLOOKUP(M1244,Sections!$A$2:$D$200,4,FALSE))","v":""}]
[{"$f":"IF(Start!A1245=\"\",\"\",Start!A1245)","v":""},{"$f":"IF(Start!B1245=\"\",\"\",Start!B1245)","v":""},{"$f":"IF(Start!C1245=\"\",\"\",Start!C1245)","v":""},{"$f":"IF(Start!D1245=\"\",\"\",Start!D1245)","v":""},{"$f":"IF(Start!E1245=\"\",\"\",Start!E1245)","v":""},{"$f":"IF(Start!F1245=\"\",\"\",Start!F1245)","v":""},{"$f":"IF(Start!G1245=\"\",\"\",Start!G1245)","v":""},{"$f":"IF(Start!H1245=\"\",\"\",Start!H1245)","v":""},"",{"$f":"IF(I1245=\"\",\"\",LOOKUP(I1245,{1,\"01\";2,\"02\";3,\"03\";4,\"04\";5,\"05\";6,\"06\";7,\"07\";8,\"08\";9,\"09\";10,\"10\";11,\"11\";12,\"12\";13,\"13\";14,\"14\";15,\"15\"}))","v":""},"","","",{"$f":"IF(B1245=\"\",\"\",VLOOKUP(M1245,Sections!$A$2:$D$200,3,FALSE))","v":""},{"$f":"IF(B1245=\"\",\"\",VLOOKUP(M1245,Sections!$A$2:$D$200,4,FALSE))","v":""}]
[{"$f":"IF(Start!A1246=\"\",\"\",Start!A1246)","v":""},{"$f":"IF(Start!B1246=\"\",\"\",Start!B1246)","v":""},{"$f":"IF(Start!C1246=\"\",\"\",Start!C1246)","v":""},{"$f":"IF(Start!D1246=\"\",\"\",Start!D1246)","v":""},{"$f":"IF(Start!E1246=\"\",\"\",Start!E1246)","v":""},{"$f":"IF(Start!F1246=\"\",\"\",Start!F1246)","v":""},{"$f":"IF(Start!G1246=\"\",\"\",Start!G1246)","v":""},{"$f":"IF(Start!H1246=\"\",\"\",Start!H1246)","v":""},"",{"$f":"IF(I1246=\"\",\"\",LOOKUP(I1246,{1,\"01\";2,\"02\";3,\"03\";4,\"04\";5,\"05\";6,\"06\";7,\"07\";8,\"08\";9,\"09\";10,\"10\";11,\"11\";12,\"12\";13,\"13\";14,\"14\";15,\"15\"}))","v":""},"","","",{"$f":"IF(B1246=\"\",\"\",VLOOKUP(M1246,Sections!$A$2:$D$200,3,FALSE))","v":""},{"$f":"IF(B1246=\"\",\"\",VLOOKUP(M1246,Sections!$A$2:$D$200,4,FALSE))","v":""}]
[{"$f":"IF(Start!A1247=\"\",\"\",Start!A1247)","v":""},{"$f":"IF(Start!B1247=\"\",\"\",Start!B1247)","v":""},{"$f":"IF(Start!C1247=\"\",\"\",Start!C1247)","v":""},{"$f":"IF(Start!D1247=\"\",\"\",Start!D1247)","v":""},{"$f":"IF(Start!E1247=\"\",\"\",Start!E1247)","v":""},{"$f":"IF(Start!F1247=\"\",\"\",Start!F1247)","v":""},{"$f":"IF(Start!G1247=\"\",\"\",Start!G1247)","v":""},{"$f":"IF(Start!H1247=\"\",\"\",Start!H1247)","v":""},"",{"$f":"IF(I1247=\"\",\"\",LOOKUP(I1247,{1,\"01\";2,\"02\";3,\"03\";4,\"04\";5,\"05\";6,\"06\";7,\"07\";8,\"08\";9,\"09\";10,\"10\";11,\"11\";12,\"12\";13,\"13\";14,\"14\";15,\"15\"}))","v":""},"","","",{"$f":"IF(B1247=\"\",\"\",VLOOKUP(M1247,Sections!$A$2:$D$200,3,FALSE))","v":""},{"$f":"IF(B1247=\"\",\"\",VLOOKUP(M1247,Sections!$A$2:$D$200,4,FALSE))","v":""}]
[{"$f":"IF(Start!A1248=\"\",\"\",Start!A1248)","v":""},{"$f":"IF(Start!B1248=\"\",\"\",Start!B1248)","v":""},{"$f":"IF(Start!C1248=\"\",\"\",Start!C1248)","v":""},{"$f":"IF(Start!D1248=\"\",\"\",Start!D1248)","v":""},{"$f":"IF(Start!E1248=\"\",\"\",Start!E1248)","v":""},{"$f":"IF(Start!F1248=\"\",\"\",Start!F1248)","v":""},{"$f":"IF(Start!G1248=\"\",\"\",Start!G1248)","v":""},{"$f":"IF(Start!H1248=\"\",\"\",Start!H1248)","v":""},"",{"$f":"IF(I1248=\"\",\"\",LOOKUP(I1248,{1,\"01\";2,\"02\";3,\"03\";4,\"04\";5,\"05\";6,\"06\";7,\"07\";8,\"08\";9,\"09\";10,\"10\";11,\"11\";12,\"12\";13,\"13\";14,\"14\";15,\"15\"}))","v":""},"","","",{"$f":"IF(B1248=\"\",\"\",VLOOKUP(M1248,Sections!$A$2:$D$200,3,FALSE))","v":""},{"$f":"IF(B1248=\"\",\"\",VLOOKUP(M1248,Sections!$A$2:$D$200,4,FALSE))","v":""}]
[{"$f":"IF(Start!A1249=\"\",\"\",Start!A1249)","v":""},{"$f":"IF(Start!B1249=\"\",\"\",Start!B1249)","v":""},{"$f":"IF(Start!C1249=\"\",\"\",Start!C1249)","v":""},{"$f":"IF(Start!D1249=\"\",\"\",Start!D1249)","v":""},{"$f":"IF(Start!E1249=\"\",\"\",Start!E1249)","v":""},{"$f":"IF(Start!F1249=\"\",\"\",Start!F1249)","v":""},{"$f":"IF(Start!G1249=\"\",\"\",Start!G1249)","v":""},{"$f":"IF(Start!H1249=\"\",\"\",Start!H1249)","v":""},"",{"$f":"IF(I1249=\"\",\"\",LOOKUP(I1249,{1,\"01\";2,\"02\";3,\"03\";4,\"04\";5,\"05\";6,\"06\";7,\"07\";8,\"08\";9,\"09\";10,\"10\";11,\"11\";12,\"12\";13,\"13\";14,\"14\";15,\"15\"}))","v":""},"","","",{"$f":"IF(B1249=\"\",\"\",VLOOKUP(M1249,Sections!$A$2:$D$200,3,FALSE))","v":""},{"$f":"IF(B1249=\"\",\"\",VLOOKUP(M1249,Sections!$A$2:$D$200,4,FALSE))","v":""}]
[{"$f":"IF(Start!A1250=\"\",\"\",Start!A1250)","v":""},{"$f":"IF(Start!B1250=\"\",\"\",Start!B1250)","v":""},{"$f":"IF(Start!C1250=\"\",\"\",Start!C1250)","v":""},{"$f":"IF(Start!D1250=\"\",\"\",Start!D1250)","v":""},{"$f":"IF(Start!E1250=\"\",\"\",Start!E1250)","v":""},{"$f":"IF(Start!F1250=\"\",\"\",Start!F1250)","v":""},{"$f":"IF(Start!G1250=\"\",\"\",Start!G1250)","v":""},{"$f":"IF(Start!H1250=\"\",\"\",Start!H1250)","v":""},"",{"$f":"IF(I1250=\"\",\"\",LOOKUP(I1250,{1,\"01\";2,\"02\";3,\"03\";4,\"04\";5,\"05\";6,\"06\";7,\"07\";8,\"08\";9,\"09\";10,\"10\";11,\"11\";12,\"12\";13,\"13\";14,\"14\";15,\"15\"}))","v":""},"","","",{"$f":"IF(B1250=\"\",\"\",VLOOKUP(M1250,Sections!$A$2:$D$200,3,FALSE))","v":""},{"$f":"IF(B1250=\"\",\"\",VLOOKUP(M1250,Sections!$A$2:$D$200,4,FALSE))","v":""}]
[{"$f":"IF(Start!A1251=\"\",\"\",Start!A1251)","v":""},{"$f":"IF(Start!B1251=\"\",\"\",Start!B1251)","v":""},{"$f":"IF(Start!C1251=\"\",\"\",Start!C1251)","v":""},{"$f":"IF(Start!D1251=\"\",\"\",Start!D1251)","v":""},{"$f":"IF(Start!E1251=\"\",\"\",Start!E1251)","v":""},{"$f":"IF(Start!F1251=\"\",\"\",Start!F1251)","v":""},{"$f":"IF(Start!G1251=\"\",\"\",Start!G1251)","v":""},{"$f":"IF(Start!H1251=\"\",\"\",Start!H1251)","v":""},"",{"$f":"IF(I1251=\"\",\"\",LOOKUP(I1251,{1,\"01\";2,\"02\";3,\"03\";4,\"04\";5,\"05\";6,\"06\";7,\"07\";8,\"08\";9,\"09\";10,\"10\";11,\"11\";12,\"12\";13,\"13\";14,\"14\";15,\"15\"}))","v":""},"","","",{"$f":"IF(B1251=\"\",\"\",VLOOKUP(M1251,Sections!$A$2:$D$200,3,FALSE))","v":""},{"$f":"IF(B1251=\"\",\"\",VLOOKUP(M1251,Sections!$A$2:$D$200,4,FALSE))","v":""}]
[{"$f":"IF(Start!A1252=\"\",\"\",Start!A1252)","v":""},{"$f":"IF(Start!B1252=\"\",\"\",Start!B1252)","v":""},{"$f":"IF(Start!C1252=\"\",\"\",Start!C1252)","v":""},{"$f":"IF(Start!D1252=\"\",\"\",Start!D1252)","v":""},{"$f":"IF(Start!E1252=\"\",\"\",Start!E1252)","v":""},{"$f":"IF(Start!F1252=\"\",\"\",Start!F1252)","v":""},{"$f":"IF(Start!G1252=\"\",\"\",Start!G1252)","v":""},{"$f":"IF(Start!H1252=\"\",\"\",Start!H1252)","v":""},"",{"$f":"IF(I1252=\"\",\"\",LOOKUP(I1252,{1,\"01\";2,\"02\";3,\"03\";4,\"04\";5,\"05\";6,\"06\";7,\"07\";8,\"08\";9,\"09\";10,\"10\";11,\"11\";12,\"12\";13,\"13\";14,\"14\";15,\"15\"}))","v":""},"","","",{"$f":"IF(B1252=\"\",\"\",VLOOKUP(M1252,Sections!$A$2:$D$200,3,FALSE))","v":""},{"$f":"IF(B1252=\"\",\"\",VLOOKUP(M1252,Sections!$A$2:$D$200,4,FALSE))","v":""}]
[{"$f":"IF(Start!A1253=\"\",\"\",Start!A1253)","v":""},{"$f":"IF(Start!B1253=\"\",\"\",Start!B1253)","v":""},{"$f":"IF(Start!C1253=\"\",\"\",Start!C1253)","v":""},{"$f":"IF(Start!D1253=\"\",\"\",Start!D1253)","v":""},{"$f":"IF(Start!E1253=\"\",\"\",Start!E1253)","v":""},{"$f":"IF(Start!F1253=\"\",\"\",Start!F1253)","v":""},{"$f":"IF(Start!G1253=\"\",\"\",Start!G1253)","v":""},{"$f":"IF(Start!H1253=\"\",\"\",Start!H1253)","v":""},"",{"$f":"IF(I1253=\"\",\"\",LOOKUP(I1253,{1,\"01\";2,\"02\";3,\"03\";4,\"04\";5,\"05\";6,\"06\";7,\"07\";8,\"08\";9,\"09\";10,\"10\";11,\"11\";12,\"12\";13,\"13\";14,\"14\";15,\"15\"}))","v":""},"","","",{"$f":"IF(B1253=\"\",\"\",VLOOKUP(M1253,Sections!$A$2:$D$200,3,FALSE))","v":""},{"$f":"IF(B1253=\"\",\"\",VLOOKUP(M1253,Sections!$A$2:$D$200,4,FALSE))","v":""}]
[{"$f":"IF(Start!A1254=\"\",\"\",Start!A1254)","v":""},{"$f":"IF(Start!B1254=\"\",\"\",Start!B1254)","v":""},{"$f":"IF(Start!C1254=\"\",\"\",Start!C1254)","v":""},{"$f":"IF(Start!D1254=\"\",\"\",Start!D1254)","v":""},{"$f":"IF(Start!E1254=\"\",\"\",Start!E1254)","v":""},{"$f":"IF(Start!F1254=\"\",\"\",Start!F1254)","v":""},{"$f":"IF(Start!G1254=\"\",\"\",Start!G1254)","v":""},{"$f":"IF(Start!H1254=\"\",\"\",Start!H1254)","v":""},"",{"$f":"IF(I1254=\"\",\"\",LOOKUP(I1254,{1,\"01\";2,\"02\";3,\"03\";4,\"04\";5,\"05\";6,\"06\";7,\"07\";8,\"08\";9,\"09\";10,\"10\";11,\"11\";12,\"12\";13,\"13\";14,\"14\";15,\"15\"}))","v":""},"","","",{"$f":"IF(B1254=\"\",\"\",VLOOKUP(M1254,Sections!$A$2:$D$200,3,FALSE))","v":""},{"$f":"IF(B1254=\"\",\"\",VLOOKUP(M1254,Sections!$A$2:$D$200,4,FALSE))","v":""}]
[{"$f":"IF(Start!A1255=\"\",\"\",Start!A1255)","v":""},{"$f":"IF(Start!B1255=\"\",\"\",Start!B1255)","v":""},{"$f":"IF(Start!C1255=\"\",\"\",Start!C1255)","v":""},{"$f":"IF(Start!D1255=\"\",\"\",Start!D1255)","v":""},{"$f":"IF(Start!E1255=\"\",\"\",Start!E1255)","v":""},{"$f":"IF(Start!F1255=\"\",\"\",Start!F1255)","v":""},{"$f":"IF(Start!G1255=\"\",\"\",Start!G1255)","v":""},{"$f":"IF(Start!H1255=\"\",\"\",Start!H1255)","v":""},"",{"$f":"IF(I1255=\"\",\"\",LOOKUP(I1255,{1,\"01\";2,\"02\";3,\"03\";4,\"04\";5,\"05\";6,\"06\";7,\"07\";8,\"08\";9,\"09\";10,\"10\";11,\"11\";12,\"12\";13,\"13\";14,\"14\";15,\"15\"}))","v":""},"","","",{"$f":"IF(B1255=\"\",\"\",VLOOKUP(M1255,Sections!$A$2:$D$200,3,FALSE))","v":""},{"$f":"IF(B1255=\"\",\"\",VLOOKUP(M1255,Sections!$A$2:$D$200,4,FALSE))","v":""}]
[{"$f":"IF(Start!A1256=\"\",\"\",Start!A1256)","v":""},{"$f":"IF(Start!B1256=\"\",\"\",Start!B1256)","v":""},{"$f":"IF(Start!C1256=\"\",\"\",Start!C1256)","v":""},{"$f":"IF(Start!D1256=\"\",\"\",Start!D1256)","v":""},{"$f":"IF(Start!E1256=\"\",\"\",Start!E1256)","v":""},{"$f":"IF(Start!F1256=\"\",\"\",Start!F1256)","v":""},{"$f":"IF(Start!G1256=\"\",\"\",Start!G1256)","v":""},{"$f":"IF(Start!H1256=\"\",\"\",Start!H1256)","v":""},"",{"$f":"IF(I1256=\"\",\"\",LOOKUP(I1256,{1,\"01\";2,\"02\";3,\"03\";4,\"04\";5,\"05\";6,\"06\";7,\"07\";8,\"08\";9,\"09\";10,\"10\";11,\"11\";12,\"12\";13,\"13\";14,\"14\";15,\"15\"}))","v":""},"","","",{"$f":"IF(B1256=\"\",\"\",VLOOKUP(M1256,Sections!$A$2:$D$200,3,FALSE))","v":""},{"$f":"IF(B1256=\"\",\"\",VLOOKUP(M1256,Sections!$A$2:$D$200,4,FALSE))","v":""}]
[{"$f":"IF(Start!A1257=\"\",\"\",Start!A1257)","v":""},{"$f":"IF(Start!B1257=\"\",\"\",Start!B1257)","v":""},{"$f":"IF(Start!C1257=\"\",\"\",Start!C1257)","v":""},{"$f":"IF(Start!D1257=\"\",\"\",Start!D1257)","v":""},{"$f":"IF(Start!E1257=\"\",\"\",Start!E1257)","v":""},{"$f":"IF(Start!F1257=\"\",\"\",Start!F1257)","v":""},{"$f":"IF(Start!G1257=\"\",\"\",Start!G1257)","v":""},{"$f":"IF(Start!H1257=\"\",\"\",Start!H1257)","v":""},"",{"$f":"IF(I1257=\"\",\"\",LOOKUP(I1257,{1,\"01\";2,\"02\";3,\"03\";4,\"04\";5,\"05\";6,\"06\";7,\"07\";8,\"08\";9,\"09\";10,\"10\";11,\"11\";12,\"12\";13,\"13\";14,\"14\";15,\"15\"}))","v":""},"","","",{"$f":"IF(B1257=\"\",\"\",VLOOKUP(M1257,Sections!$A$2:$D$200,3,FALSE))","v":""},{"$f":"IF(B1257=\"\",\"\",VLOOKUP(M1257,Sections!$A$2:$D$200,4,FALSE))","v":""}]
[{"$f":"IF(Start!A1258=\"\",\"\",Start!A1258)","v":""},{"$f":"IF(Start!B1258=\"\",\"\",Start!B1258)","v":""},{"$f":"IF(Start!C1258=\"\",\"\",Start!C1258)","v":""},{"$f":"IF(Start!D1258=\"\",\"\",Start!D1258)","v":""},{"$f":"IF(Start!E1258=\"\",\"\",Start!E1258)","v":""},{"$f":"IF(Start!F1258=\"\",\"\",Start!F1258)","v":""},{"$f":"IF(Start!G1258=\"\",\"\",Start!G1258)","v":""},{"$f":"IF(Start!H1258=\"\",\"\",Start!H1258)","v":""},"",{"$f":"IF(I1258=\"\",\"\",LOOKUP(I1258,{1,\"01\";2,\"02\";3,\"03\";4,\"04\";5,\"05\";6,\"06\";7,\"07\";8,\"08\";9,\"09\";10,\"10\";11,\"11\";12,\"12\";13,\"13\";14,\"14\";15,\"15\"}))","v":""},"","","",{"$f":"IF(B1258=\"\",\"\",VLOOKUP(M1258,Sections!$A$2:$D$200,3,FALSE))","v":""},{"$f":"IF(B1258=\"\",\"\",VLOOKUP(M1258,Sections!$A$2:$D$200,4,FALSE))","v":""}]
[{"$f":"IF(Start!A1259=\"\",\"\",Start!A1259)","v":""},{"$f":"IF(Start!B1259=\"\",\"\",Start!B1259)","v":""},{"$f":"IF(Start!C1259=\"\",\"\",Start!C1259)","v":""},{"$f":"IF(Start!D1259=\"\",\"\",Start!D1259)","v":""},{"$f":"IF(Start!E1259=\"\",\"\",Start!E1259)","v":""},{"$f":"IF(Start!F1259=\"\",\"\",Start!F1259)","v":""},{"$f":"IF(Start!G1259=\"\",\"\",Start!G1259)","v":""},{"$f":"IF(Start!H1259=\"\",\"\",Start!H1259)","v":""},"",{"$f":"IF(I1259=\"\",\"\",LOOKUP(I1259,{1,\"01\";2,\"02\";3,\"03\";4,\"04\";5,\"05\";6,\"06\";7,\"07\";8,\"08\";9,\"09\";10,\"10\";11,\"11\";12,\"12\";13,\"13\";14,\"14\";15,\"15\"}))","v":""},"","","",{"$f":"IF(B1259=\"\",\"\",VLOOKUP(M1259,Sections!$A$2:$D$200,3,FALSE))","v":""},{"$f":"IF(B1259=\"\",\"\",VLOOKUP(M1259,Sections!$A$2:$D$200,4,FALSE))","v":""}]
[{"$f":"IF(Start!A1260=\"\",\"\",Start!A1260)","v":""},{"$f":"IF(Start!B1260=\"\",\"\",Start!B1260)","v":""},{"$f":"IF(Start!C1260=\"\",\"\",Start!C1260)","v":""},{"$f":"IF(Start!D1260=\"\",\"\",Start!D1260)","v":""},{"$f":"IF(Start!E1260=\"\",\"\",Start!E1260)","v":""},{"$f":"IF(Start!F1260=\"\",\"\",Start!F1260)","v":""},{"$f":"IF(Start!G1260=\"\",\"\",Start!G1260)","v":""},{"$f":"IF(Start!H1260=\"\",\"\",Start!H1260)","v":""},"",{"$f":"IF(I1260=\"\",\"\",LOOKUP(I1260,{1,\"01\";2,\"02\";3,\"03\";4,\"04\";5,\"05\";6,\"06\";7,\"07\";8,\"08\";9,\"09\";10,\"10\";11,\"11\";12,\"12\";13,\"13\";14,\"14\";15,\"15\"}))","v":""},"","","",{"$f":"IF(B1260=\"\",\"\",VLOOKUP(M1260,Sections!$A$2:$D$200,3,FALSE))","v":""},{"$f":"IF(B1260=\"\",\"\",VLOOKUP(M1260,Sections!$A$2:$D$200,4,FALSE))","v":""}]
[{"$f":"IF(Start!A1261=\"\",\"\",Start!A1261)","v":""},{"$f":"IF(Start!B1261=\"\",\"\",Start!B1261)","v":""},{"$f":"IF(Start!C1261=\"\",\"\",Start!C1261)","v":""},{"$f":"IF(Start!D1261=\"\",\"\",Start!D1261)","v":""},{"$f":"IF(Start!E1261=\"\",\"\",Start!E1261)","v":""},{"$f":"IF(Start!F1261=\"\",\"\",Start!F1261)","v":""},{"$f":"IF(Start!G1261=\"\",\"\",Start!G1261)","v":""},{"$f":"IF(Start!H1261=\"\",\"\",Start!H1261)","v":""},"",{"$f":"IF(I1261=\"\",\"\",LOOKUP(I1261,{1,\"01\";2,\"02\";3,\"03\";4,\"04\";5,\"05\";6,\"06\";7,\"07\";8,\"08\";9,\"09\";10,\"10\";11,\"11\";12,\"12\";13,\"13\";14,\"14\";15,\"15\"}))","v":""},"","","",{"$f":"IF(B1261=\"\",\"\",VLOOKUP(M1261,Sections!$A$2:$D$200,3,FALSE))","v":""},{"$f":"IF(B1261=\"\",\"\",VLOOKUP(M1261,Sections!$A$2:$D$200,4,FALSE))","v":""}]
[{"$f":"IF(Start!A1262=\"\",\"\",Start!A1262)","v":""},{"$f":"IF(Start!B1262=\"\",\"\",Start!B1262)","v":""},{"$f":"IF(Start!C1262=\"\",\"\",Start!C1262)","v":""},{"$f":"IF(Start!D1262=\"\",\"\",Start!D1262)","v":""},{"$f":"IF(Start!E1262=\"\",\"\",Start!E1262)","v":""},{"$f":"IF(Start!F1262=\"\",\"\",Start!F1262)","v":""},{"$f":"IF(Start!G1262=\"\",\"\",Start!G1262)","v":""},{"$f":"IF(Start!H1262=\"\",\"\",Start!H1262)","v":""},"",{"$f":"IF(I1262=\"\",\"\",LOOKUP(I1262,{1,\"01\";2,\"02\";3,\"03\";4,\"04\";5,\"05\";6,\"06\";7,\"07\";8,\"08\";9,\"09\";10,\"10\";11,\"11\";12,\"12\";13,\"13\";14,\"14\";15,\"15\"}))","v":""},"","","",{"$f":"IF(B1262=\"\",\"\",VLOOKUP(M1262,Sections!$A$2:$D$200,3,FALSE))","v":""},{"$f":"IF(B1262=\"\",\"\",VLOOKUP(M1262,Sections!$A$2:$D$200,4,FALSE))","v":""}]
[{"$f":"IF(Start!A1263=\"\",\"\",Start!A1263)","v":""},{"$f":"IF(Start!B1263=\"\",\"\",Start!B1263)","v":""},{"$f":"IF(Start!C1263=\"\",\"\",Start!C1263)","v":""},{"$f":"IF(Start!D1263=\"\",\"\",Start!D1263)","v":""},{"$f":"IF(Start!E1263=\"\",\"\",Start!E1263)","v":""},{"$f":"IF(Start!F1263=\"\",\"\",Start!F1263)","v":""},{"$f":"IF(Start!G1263=\"\",\"\",Start!G1263)","v":""},{"$f":"IF(Start!H1263=\"\",\"\",Start!H1263)","v":""},"",{"$f":"IF(I1263=\"\",\"\",LOOKUP(I1263,{1,\"01\";2,\"02\";3,\"03\";4,\"04\";5,\"05\";6,\"06\";7,\"07\";8,\"08\";9,\"09\";10,\"10\";11,\"11\";12,\"12\";13,\"13\";14,\"14\";15,\"15\"}))","v":""},"","","",{"$f":"IF(B1263=\"\",\"\",VLOOKUP(M1263,Sections!$A$2:$D$200,3,FALSE))","v":""},{"$f":"IF(B1263=\"\",\"\",VLOOKUP(M1263,Sections!$A$2:$D$200,4,FALSE))","v":""}]
[{"$f":"IF(Start!A1264=\"\",\"\",Start!A1264)","v":""},{"$f":"IF(Start!B1264=\"\",\"\",Start!B1264)","v":""},{"$f":"IF(Start!C1264=\"\",\"\",Start!C1264)","v":""},{"$f":"IF(Start!D1264=\"\",\"\",Start!D1264)","v":""},{"$f":"IF(Start!E1264=\"\",\"\",Start!E1264)","v":""},{"$f":"IF(Start!F1264=\"\",\"\",Start!F1264)","v":""},{"$f":"IF(Start!G1264=\"\",\"\",Start!G1264)","v":""},{"$f":"IF(Start!H1264=\"\",\"\",Start!H1264)","v":""},"",{"$f":"IF(I1264=\"\",\"\",LOOKUP(I1264,{1,\"01\";2,\"02\";3,\"03\";4,\"04\";5,\"05\";6,\"06\";7,\"07\";8,\"08\";9,\"09\";10,\"10\";11,\"11\";12,\"12\";13,\"13\";14,\"14\";15,\"15\"}))","v":""},"","","",{"$f":"IF(B1264=\"\",\"\",VLOOKUP(M1264,Sections!$A$2:$D$200,3,FALSE))","v":""},{"$f":"IF(B1264=\"\",\"\",VLOOKUP(M1264,Sections!$A$2:$D$200,4,FALSE))","v":""}]
[{"$f":"IF(Start!A1265=\"\",\"\",Start!A1265)","v":""},{"$f":"IF(Start!B1265=\"\",\"\",Start!B1265)","v":""},{"$f":"IF(Start!C1265=\"\",\"\",Start!C1265)","v":""},{"$f":"IF(Start!D1265=\"\",\"\",Start!D1265)","v":""},{"$f":"IF(Start!E1265=\"\",\"\",Start!E1265)","v":""},{"$f":"IF(Start!F1265=\"\",\"\",Start!F1265)","v":""},{"$f":"IF(Start!G1265=\"\",\"\",Start!G1265)","v":""},{"$f":"IF(Start!H1265=\"\",\"\",Start!H1265)","v":""},"",{"$f":"IF(I1265=\"\",\"\",LOOKUP(I1265,{1,\"01\";2,\"02\";3,\"03\";4,\"04\";5,\"05\";6,\"06\";7,\"07\";8,\"08\";9,\"09\";10,\"10\";11,\"11\";12,\"12\";13,\"13\";14,\"14\";15,\"15\"}))","v":""},"","","",{"$f":"IF(B1265=\"\",\"\",VLOOKUP(M1265,Sections!$A$2:$D$200,3,FALSE))","v":""},{"$f":"IF(B1265=\"\",\"\",VLOOKUP(M1265,Sections!$A$2:$D$200,4,FALSE))","v":""}]
[{"$f":"IF(Start!A1266=\"\",\"\",Start!A1266)","v":""},{"$f":"IF(Start!B1266=\"\",\"\",Start!B1266)","v":""},{"$f":"IF(Start!C1266=\"\",\"\",Start!C1266)","v":""},{"$f":"IF(Start!D1266=\"\",\"\",Start!D1266)","v":""},{"$f":"IF(Start!E1266=\"\",\"\",Start!E1266)","v":""},{"$f":"IF(Start!F1266=\"\",\"\",Start!F1266)","v":""},{"$f":"IF(Start!G1266=\"\",\"\",Start!G1266)","v":""},{"$f":"IF(Start!H1266=\"\",\"\",Start!H1266)","v":""},"",{"$f":"IF(I1266=\"\",\"\",LOOKUP(I1266,{1,\"01\";2,\"02\";3,\"03\";4,\"04\";5,\"05\";6,\"06\";7,\"07\";8,\"08\";9,\"09\";10,\"10\";11,\"11\";12,\"12\";13,\"13\";14,\"14\";15,\"15\"}))","v":""},"","","",{"$f":"IF(B1266=\"\",\"\",VLOOKUP(M1266,Sections!$A$2:$D$200,3,FALSE))","v":""},{"$f":"IF(B1266=\"\",\"\",VLOOKUP(M1266,Sections!$A$2:$D$200,4,FALSE))","v":""}]
[{"$f":"IF(Start!A1267=\"\",\"\",Start!A1267)","v":""},{"$f":"IF(Start!B1267=\"\",\"\",Start!B1267)","v":""},{"$f":"IF(Start!C1267=\"\",\"\",Start!C1267)","v":""},{"$f":"IF(Start!D1267=\"\",\"\",Start!D1267)","v":""},{"$f":"IF(Start!E1267=\"\",\"\",Start!E1267)","v":""},{"$f":"IF(Start!F1267=\"\",\"\",Start!F1267)","v":""},{"$f":"IF(Start!G1267=\"\",\"\",Start!G1267)","v":""},{"$f":"IF(Start!H1267=\"\",\"\",Start!H1267)","v":""},"",{"$f":"IF(I1267=\"\",\"\",LOOKUP(I1267,{1,\"01\";2,\"02\";3,\"03\";4,\"04\";5,\"05\";6,\"06\";7,\"07\";8,\"08\";9,\"09\";10,\"10\";11,\"11\";12,\"12\";13,\"13\";14,\"14\";15,\"15\"}))","v":""},"","","",{"$f":"IF(B1267=\"\",\"\",VLOOKUP(M1267,Sections!$A$2:$D$200,3,FALSE))","v":""},{"$f":"IF(B1267=\"\",\"\",VLOOKUP(M1267,Sections!$A$2:$D$200,4,FALSE))","v":""}]
[{"$f":"IF(Start!A1268=\"\",\"\",Start!A1268)","v":""},{"$f":"IF(Start!B1268=\"\",\"\",Start!B1268)","v":""},{"$f":"IF(Start!C1268=\"\",\"\",Start!C1268)","v":""},{"$f":"IF(Start!D1268=\"\",\"\",Start!D1268)","v":""},{"$f":"IF(Start!E1268=\"\",\"\",Start!E1268)","v":""},{"$f":"IF(Start!F1268=\"\",\"\",Start!F1268)","v":""},{"$f":"IF(Start!G1268=\"\",\"\",Start!G1268)","v":""},{"$f":"IF(Start!H1268=\"\",\"\",Start!H1268)","v":""},"",{"$f":"IF(I1268=\"\",\"\",LOOKUP(I1268,{1,\"01\";2,\"02\";3,\"03\";4,\"04\";5,\"05\";6,\"06\";7,\"07\";8,\"08\";9,\"09\";10,\"10\";11,\"11\";12,\"12\";13,\"13\";14,\"14\";15,\"15\"}))","v":""},"","","",{"$f":"IF(B1268=\"\",\"\",VLOOKUP(M1268,Sections!$A$2:$D$200,3,FALSE))","v":""},{"$f":"IF(B1268=\"\",\"\",VLOOKUP(M1268,Sections!$A$2:$D$200,4,FALSE))","v":""}]
[{"$f":"IF(Start!A1269=\"\",\"\",Start!A1269)","v":""},{"$f":"IF(Start!B1269=\"\",\"\",Start!B1269)","v":""},{"$f":"IF(Start!C1269=\"\",\"\",Start!C1269)","v":""},{"$f":"IF(Start!D1269=\"\",\"\",Start!D1269)","v":""},{"$f":"IF(Start!E1269=\"\",\"\",Start!E1269)","v":""},{"$f":"IF(Start!F1269=\"\",\"\",Start!F1269)","v":""},{"$f":"IF(Start!G1269=\"\",\"\",Start!G1269)","v":""},{"$f":"IF(Start!H1269=\"\",\"\",Start!H1269)","v":""},"",{"$f":"IF(I1269=\"\",\"\",LOOKUP(I1269,{1,\"01\";2,\"02\";3,\"03\";4,\"04\";5,\"05\";6,\"06\";7,\"07\";8,\"08\";9,\"09\";10,\"10\";11,\"11\";12,\"12\";13,\"13\";14,\"14\";15,\"15\"}))","v":""},"","","",{"$f":"IF(B1269=\"\",\"\",VLOOKUP(M1269,Sections!$A$2:$D$200,3,FALSE))","v":""},{"$f":"IF(B1269=\"\",\"\",VLOOKUP(M1269,Sections!$A$2:$D$200,4,FALSE))","v":""}]
[{"$f":"IF(Start!A1270=\"\",\"\",Start!A1270)","v":""},{"$f":"IF(Start!B1270=\"\",\"\",Start!B1270)","v":""},{"$f":"IF(Start!C1270=\"\",\"\",Start!C1270)","v":""},{"$f":"IF(Start!D1270=\"\",\"\",Start!D1270)","v":""},{"$f":"IF(Start!E1270=\"\",\"\",Start!E1270)","v":""},{"$f":"IF(Start!F1270=\"\",\"\",Start!F1270)","v":""},{"$f":"IF(Start!G1270=\"\",\"\",Start!G1270)","v":""},{"$f":"IF(Start!H1270=\"\",\"\",Start!H1270)","v":""},"",{"$f":"IF(I1270=\"\",\"\",LOOKUP(I1270,{1,\"01\";2,\"02\";3,\"03\";4,\"04\";5,\"05\";6,\"06\";7,\"07\";8,\"08\";9,\"09\";10,\"10\";11,\"11\";12,\"12\";13,\"13\";14,\"14\";15,\"15\"}))","v":""},"","","",{"$f":"IF(B1270=\"\",\"\",VLOOKUP(M1270,Sections!$A$2:$D$200,3,FALSE))","v":""},{"$f":"IF(B1270=\"\",\"\",VLOOKUP(M1270,Sections!$A$2:$D$200,4,FALSE))","v":""}]
[{"$f":"IF(Start!A1271=\"\",\"\",Start!A1271)","v":""},{"$f":"IF(Start!B1271=\"\",\"\",Start!B1271)","v":""},{"$f":"IF(Start!C1271=\"\",\"\",Start!C1271)","v":""},{"$f":"IF(Start!D1271=\"\",\"\",Start!D1271)","v":""},{"$f":"IF(Start!E1271=\"\",\"\",Start!E1271)","v":""},{"$f":"IF(Start!F1271=\"\",\"\",Start!F1271)","v":""},{"$f":"IF(Start!G1271=\"\",\"\",Start!G1271)","v":""},{"$f":"IF(Start!H1271=\"\",\"\",Start!H1271)","v":""},"",{"$f":"IF(I1271=\"\",\"\",LOOKUP(I1271,{1,\"01\";2,\"02\";3,\"03\";4,\"04\";5,\"05\";6,\"06\";7,\"07\";8,\"08\";9,\"09\";10,\"10\";11,\"11\";12,\"12\";13,\"13\";14,\"14\";15,\"15\"}))","v":""},"","","",{"$f":"IF(B1271=\"\",\"\",VLOOKUP(M1271,Sections!$A$2:$D$200,3,FALSE))","v":""},{"$f":"IF(B1271=\"\",\"\",VLOOKUP(M1271,Sections!$A$2:$D$200,4,FALSE))","v":""}]
[{"$f":"IF(Start!A1272=\"\",\"\",Start!A1272)","v":""},{"$f":"IF(Start!B1272=\"\",\"\",Start!B1272)","v":""},{"$f":"IF(Start!C1272=\"\",\"\",Start!C1272)","v":""},{"$f":"IF(Start!D1272=\"\",\"\",Start!D1272)","v":""},{"$f":"IF(Start!E1272=\"\",\"\",Start!E1272)","v":""},{"$f":"IF(Start!F1272=\"\",\"\",Start!F1272)","v":""},{"$f":"IF(Start!G1272=\"\",\"\",Start!G1272)","v":""},{"$f":"IF(Start!H1272=\"\",\"\",Start!H1272)","v":""},"",{"$f":"IF(I1272=\"\",\"\",LOOKUP(I1272,{1,\"01\";2,\"02\";3,\"03\";4,\"04\";5,\"05\";6,\"06\";7,\"07\";8,\"08\";9,\"09\";10,\"10\";11,\"11\";12,\"12\";13,\"13\";14,\"14\";15,\"15\"}))","v":""},"","","",{"$f":"IF(B1272=\"\",\"\",VLOOKUP(M1272,Sections!$A$2:$D$200,3,FALSE))","v":""},{"$f":"IF(B1272=\"\",\"\",VLOOKUP(M1272,Sections!$A$2:$D$200,4,FALSE))","v":""}]
[{"$f":"IF(Start!A1273=\"\",\"\",Start!A1273)","v":""},{"$f":"IF(Start!B1273=\"\",\"\",Start!B1273)","v":""},{"$f":"IF(Start!C1273=\"\",\"\",Start!C1273)","v":""},{"$f":"IF(Start!D1273=\"\",\"\",Start!D1273)","v":""},{"$f":"IF(Start!E1273=\"\",\"\",Start!E1273)","v":""},{"$f":"IF(Start!F1273=\"\",\"\",Start!F1273)","v":""},{"$f":"IF(Start!G1273=\"\",\"\",Start!G1273)","v":""},{"$f":"IF(Start!H1273=\"\",\"\",Start!H1273)","v":""},"",{"$f":"IF(I1273=\"\",\"\",LOOKUP(I1273,{1,\"01\";2,\"02\";3,\"03\";4,\"04\";5,\"05\";6,\"06\";7,\"07\";8,\"08\";9,\"09\";10,\"10\";11,\"11\";12,\"12\";13,\"13\";14,\"14\";15,\"15\"}))","v":""},"","","",{"$f":"IF(B1273=\"\",\"\",VLOOKUP(M1273,Sections!$A$2:$D$200,3,FALSE))","v":""},{"$f":"IF(B1273=\"\",\"\",VLOOKUP(M1273,Sections!$A$2:$D$200,4,FALSE))","v":""}]
[{"$f":"IF(Start!A1274=\"\",\"\",Start!A1274)","v":""},{"$f":"IF(Start!B1274=\"\",\"\",Start!B1274)","v":""},{"$f":"IF(Start!C1274=\"\",\"\",Start!C1274)","v":""},{"$f":"IF(Start!D1274=\"\",\"\",Start!D1274)","v":""},{"$f":"IF(Start!E1274=\"\",\"\",Start!E1274)","v":""},{"$f":"IF(Start!F1274=\"\",\"\",Start!F1274)","v":""},{"$f":"IF(Start!G1274=\"\",\"\",Start!G1274)","v":""},{"$f":"IF(Start!H1274=\"\",\"\",Start!H1274)","v":""},"",{"$f":"IF(I1274=\"\",\"\",LOOKUP(I1274,{1,\"01\";2,\"02\";3,\"03\";4,\"04\";5,\"05\";6,\"06\";7,\"07\";8,\"08\";9,\"09\";10,\"10\";11,\"11\";12,\"12\";13,\"13\";14,\"14\";15,\"15\"}))","v":""},"","","",{"$f":"IF(B1274=\"\",\"\",VLOOKUP(M1274,Sections!$A$2:$D$200,3,FALSE))","v":""},{"$f":"IF(B1274=\"\",\"\",VLOOKUP(M1274,Sections!$A$2:$D$200,4,FALSE))","v":""}]
[{"$f":"IF(Start!A1275=\"\",\"\",Start!A1275)","v":""},{"$f":"IF(Start!B1275=\"\",\"\",Start!B1275)","v":""},{"$f":"IF(Start!C1275=\"\",\"\",Start!C1275)","v":""},{"$f":"IF(Start!D1275=\"\",\"\",Start!D1275)","v":""},{"$f":"IF(Start!E1275=\"\",\"\",Start!E1275)","v":""},{"$f":"IF(Start!F1275=\"\",\"\",Start!F1275)","v":""},{"$f":"IF(Start!G1275=\"\",\"\",Start!G1275)","v":""},{"$f":"IF(Start!H1275=\"\",\"\",Start!H1275)","v":""},"",{"$f":"IF(I1275=\"\",\"\",LOOKUP(I1275,{1,\"01\";2,\"02\";3,\"03\";4,\"04\";5,\"05\";6,\"06\";7,\"07\";8,\"08\";9,\"09\";10,\"10\";11,\"11\";12,\"12\";13,\"13\";14,\"14\";15,\"15\"}))","v":""},"","","",{"$f":"IF(B1275=\"\",\"\",VLOOKUP(M1275,Sections!$A$2:$D$200,3,FALSE))","v":""},{"$f":"IF(B1275=\"\",\"\",VLOOKUP(M1275,Sections!$A$2:$D$200,4,FALSE))","v":""}]
[{"$f":"IF(Start!A1276=\"\",\"\",Start!A1276)","v":""},{"$f":"IF(Start!B1276=\"\",\"\",Start!B1276)","v":""},{"$f":"IF(Start!C1276=\"\",\"\",Start!C1276)","v":""},{"$f":"IF(Start!D1276=\"\",\"\",Start!D1276)","v":""},{"$f":"IF(Start!E1276=\"\",\"\",Start!E1276)","v":""},{"$f":"IF(Start!F1276=\"\",\"\",Start!F1276)","v":""},{"$f":"IF(Start!G1276=\"\",\"\",Start!G1276)","v":""},{"$f":"IF(Start!H1276=\"\",\"\",Start!H1276)","v":""},"",{"$f":"IF(I1276=\"\",\"\",LOOKUP(I1276,{1,\"01\";2,\"02\";3,\"03\";4,\"04\";5,\"05\";6,\"06\";7,\"07\";8,\"08\";9,\"09\";10,\"10\";11,\"11\";12,\"12\";13,\"13\";14,\"14\";15,\"15\"}))","v":""},"","","",{"$f":"IF(B1276=\"\",\"\",VLOOKUP(M1276,Sections!$A$2:$D$200,3,FALSE))","v":""},{"$f":"IF(B1276=\"\",\"\",VLOOKUP(M1276,Sections!$A$2:$D$200,4,FALSE))","v":""}]
[{"$f":"IF(Start!A1277=\"\",\"\",Start!A1277)","v":""},{"$f":"IF(Start!B1277=\"\",\"\",Start!B1277)","v":""},{"$f":"IF(Start!C1277=\"\",\"\",Start!C1277)","v":""},{"$f":"IF(Start!D1277=\"\",\"\",Start!D1277)","v":""},{"$f":"IF(Start!E1277=\"\",\"\",Start!E1277)","v":""},{"$f":"IF(Start!F1277=\"\",\"\",Start!F1277)","v":""},{"$f":"IF(Start!G1277=\"\",\"\",Start!G1277)","v":""},{"$f":"IF(Start!H1277=\"\",\"\",Start!H1277)","v":""},"",{"$f":"IF(I1277=\"\",\"\",LOOKUP(I1277,{1,\"01\";2,\"02\";3,\"03\";4,\"04\";5,\"05\";6,\"06\";7,\"07\";8,\"08\";9,\"09\";10,\"10\";11,\"11\";12,\"12\";13,\"13\";14,\"14\";15,\"15\"}))","v":""},"","","",{"$f":"IF(B1277=\"\",\"\",VLOOKUP(M1277,Sections!$A$2:$D$200,3,FALSE))","v":""},{"$f":"IF(B1277=\"\",\"\",VLOOKUP(M1277,Sections!$A$2:$D$200,4,FALSE))","v":""}]
[{"$f":"IF(Start!A1278=\"\",\"\",Start!A1278)","v":""},{"$f":"IF(Start!B1278=\"\",\"\",Start!B1278)","v":""},{"$f":"IF(Start!C1278=\"\",\"\",Start!C1278)","v":""},{"$f":"IF(Start!D1278=\"\",\"\",Start!D1278)","v":""},{"$f":"IF(Start!E1278=\"\",\"\",Start!E1278)","v":""},{"$f":"IF(Start!F1278=\"\",\"\",Start!F1278)","v":""},{"$f":"IF(Start!G1278=\"\",\"\",Start!G1278)","v":""},{"$f":"IF(Start!H1278=\"\",\"\",Start!H1278)","v":""},"",{"$f":"IF(I1278=\"\",\"\",LOOKUP(I1278,{1,\"01\";2,\"02\";3,\"03\";4,\"04\";5,\"05\";6,\"06\";7,\"07\";8,\"08\";9,\"09\";10,\"10\";11,\"11\";12,\"12\";13,\"13\";14,\"14\";15,\"15\"}))","v":""},"","","",{"$f":"IF(B1278=\"\",\"\",VLOOKUP(M1278,Sections!$A$2:$D$200,3,FALSE))","v":""},{"$f":"IF(B1278=\"\",\"\",VLOOKUP(M1278,Sections!$A$2:$D$200,4,FALSE))","v":""}]
[{"$f":"IF(Start!A1279=\"\",\"\",Start!A1279)","v":""},{"$f":"IF(Start!B1279=\"\",\"\",Start!B1279)","v":""},{"$f":"IF(Start!C1279=\"\",\"\",Start!C1279)","v":""},{"$f":"IF(Start!D1279=\"\",\"\",Start!D1279)","v":""},{"$f":"IF(Start!E1279=\"\",\"\",Start!E1279)","v":""},{"$f":"IF(Start!F1279=\"\",\"\",Start!F1279)","v":""},{"$f":"IF(Start!G1279=\"\",\"\",Start!G1279)","v":""},{"$f":"IF(Start!H1279=\"\",\"\",Start!H1279)","v":""},"",{"$f":"IF(I1279=\"\",\"\",LOOKUP(I1279,{1,\"01\";2,\"02\";3,\"03\";4,\"04\";5,\"05\";6,\"06\";7,\"07\";8,\"08\";9,\"09\";10,\"10\";11,\"11\";12,\"12\";13,\"13\";14,\"14\";15,\"15\"}))","v":""},"","","",{"$f":"IF(B1279=\"\",\"\",VLOOKUP(M1279,Sections!$A$2:$D$200,3,FALSE))","v":""},{"$f":"IF(B1279=\"\",\"\",VLOOKUP(M1279,Sections!$A$2:$D$200,4,FALSE))","v":""}]
[{"$f":"IF(Start!A1280=\"\",\"\",Start!A1280)","v":""},{"$f":"IF(Start!B1280=\"\",\"\",Start!B1280)","v":""},{"$f":"IF(Start!C1280=\"\",\"\",Start!C1280)","v":""},{"$f":"IF(Start!D1280=\"\",\"\",Start!D1280)","v":""},{"$f":"IF(Start!E1280=\"\",\"\",Start!E1280)","v":""},{"$f":"IF(Start!F1280=\"\",\"\",Start!F1280)","v":""},{"$f":"IF(Start!G1280=\"\",\"\",Start!G1280)","v":""},{"$f":"IF(Start!H1280=\"\",\"\",Start!H1280)","v":""},"",{"$f":"IF(I1280=\"\",\"\",LOOKUP(I1280,{1,\"01\";2,\"02\";3,\"03\";4,\"04\";5,\"05\";6,\"06\";7,\"07\";8,\"08\";9,\"09\";10,\"10\";11,\"11\";12,\"12\";13,\"13\";14,\"14\";15,\"15\"}))","v":""},"","","",{"$f":"IF(B1280=\"\",\"\",VLOOKUP(M1280,Sections!$A$2:$D$200,3,FALSE))","v":""},{"$f":"IF(B1280=\"\",\"\",VLOOKUP(M1280,Sections!$A$2:$D$200,4,FALSE))","v":""}]
[{"$f":"IF(Start!A1281=\"\",\"\",Start!A1281)","v":""},{"$f":"IF(Start!B1281=\"\",\"\",Start!B1281)","v":""},{"$f":"IF(Start!C1281=\"\",\"\",Start!C1281)","v":""},{"$f":"IF(Start!D1281=\"\",\"\",Start!D1281)","v":""},{"$f":"IF(Start!E1281=\"\",\"\",Start!E1281)","v":""},{"$f":"IF(Start!F1281=\"\",\"\",Start!F1281)","v":""},{"$f":"IF(Start!G1281=\"\",\"\",Start!G1281)","v":""},{"$f":"IF(Start!H1281=\"\",\"\",Start!H1281)","v":""},"",{"$f":"IF(I1281=\"\",\"\",LOOKUP(I1281,{1,\"01\";2,\"02\";3,\"03\";4,\"04\";5,\"05\";6,\"06\";7,\"07\";8,\"08\";9,\"09\";10,\"10\";11,\"11\";12,\"12\";13,\"13\";14,\"14\";15,\"15\"}))","v":""},"","","",{"$f":"IF(B1281=\"\",\"\",VLOOKUP(M1281,Sections!$A$2:$D$200,3,FALSE))","v":""},{"$f":"IF(B1281=\"\",\"\",VLOOKUP(M1281,Sections!$A$2:$D$200,4,FALSE))","v":""}]
[{"$f":"IF(Start!A1282=\"\",\"\",Start!A1282)","v":""},{"$f":"IF(Start!B1282=\"\",\"\",Start!B1282)","v":""},{"$f":"IF(Start!C1282=\"\",\"\",Start!C1282)","v":""},{"$f":"IF(Start!D1282=\"\",\"\",Start!D1282)","v":""},{"$f":"IF(Start!E1282=\"\",\"\",Start!E1282)","v":""},{"$f":"IF(Start!F1282=\"\",\"\",Start!F1282)","v":""},{"$f":"IF(Start!G1282=\"\",\"\",Start!G1282)","v":""},{"$f":"IF(Start!H1282=\"\",\"\",Start!H1282)","v":""},"",{"$f":"IF(I1282=\"\",\"\",LOOKUP(I1282,{1,\"01\";2,\"02\";3,\"03\";4,\"04\";5,\"05\";6,\"06\";7,\"07\";8,\"08\";9,\"09\";10,\"10\";11,\"11\";12,\"12\";13,\"13\";14,\"14\";15,\"15\"}))","v":""},"","","",{"$f":"IF(B1282=\"\",\"\",VLOOKUP(M1282,Sections!$A$2:$D$200,3,FALSE))","v":""},{"$f":"IF(B1282=\"\",\"\",VLOOKUP(M1282,Sections!$A$2:$D$200,4,FALSE))","v":""}]
[{"$f":"IF(Start!A1283=\"\",\"\",Start!A1283)","v":""},{"$f":"IF(Start!B1283=\"\",\"\",Start!B1283)","v":""},{"$f":"IF(Start!C1283=\"\",\"\",Start!C1283)","v":""},{"$f":"IF(Start!D1283=\"\",\"\",Start!D1283)","v":""},{"$f":"IF(Start!E1283=\"\",\"\",Start!E1283)","v":""},{"$f":"IF(Start!F1283=\"\",\"\",Start!F1283)","v":""},{"$f":"IF(Start!G1283=\"\",\"\",Start!G1283)","v":""},{"$f":"IF(Start!H1283=\"\",\"\",Start!H1283)","v":""},{"$f":"IF(AND(A1283=\"\",B1283=\"\",C1283=\"\"),\"\",IF(AND(A1283<>\"\",B1283=\"\",G1283=0,H1283=0),D1283,I1282))","v":""},{"$f":"IF(I1283=\"\",\"\",LOOKUP(I1283,{1,\"01\";2,\"02\";3,\"03\";4,\"04\";5,\"05\";6,\"06\";7,\"07\";8,\"08\";9,\"09\";10,\"10\";11,\"11\";12,\"12\";13,\"13\";14,\"14\";15,\"15\"}))","v":""},{"$f":"IF(AND(A1283<>\"\",B1283=\"\"),J1283&\". \"&PROPER(C1283),IF(AND(A1283=\"\",B1283<>\"\"),PROPER(K1282),\"\"))","v":""},{"$f":"IF(B1283=\"\",\"\",LEFT(B1283,1)*100)","v":""},{"$f":"IF(B1283=\"\",\"\",LEFT(B1283,3)*1)","v":""},{"$f":"IF(B1283=\"\",\"\",VLOOKUP(M1283,Sections!$A$2:$D$200,3,FALSE))","v":""},{"$f":"IF(B1283=\"\",\"\",VLOOKUP(M1283,Sections!$A$2:$D$200,4,FALSE))","v":""}]
[{"$f":"IF(Start!A1284=\"\",\"\",Start!A1284)","v":""},{"$f":"IF(Start!B1284=\"\",\"\",Start!B1284)","v":""},{"$f":"IF(Start!C1284=\"\",\"\",Start!C1284)","v":""},{"$f":"IF(Start!D1284=\"\",\"\",Start!D1284)","v":""},{"$f":"IF(Start!E1284=\"\",\"\",Start!E1284)","v":""},{"$f":"IF(Start!F1284=\"\",\"\",Start!F1284)","v":""},{"$f":"IF(Start!G1284=\"\",\"\",Start!G1284)","v":""},{"$f":"IF(Start!H1284=\"\",\"\",Start!H1284)","v":""},"",{"$f":"IF(I1284=\"\",\"\",LOOKUP(I1284,{1,\"01\";2,\"02\";3,\"03\";4,\"04\";5,\"05\";6,\"06\";7,\"07\";8,\"08\";9,\"09\";10,\"10\";11,\"11\";12,\"12\";13,\"13\";14,\"14\";15,\"15\"}))","v":""},"","","",{"$f":"IF(B1284=\"\",\"\",VLOOKUP(M1284,Sections!$A$2:$D$200,3,FALSE))","v":""},{"$f":"IF(B1284=\"\",\"\",VLOOKUP(M1284,Sections!$A$2:$D$200,4,FALSE))","v":""}]
[{"$f":"IF(Start!A1285=\"\",\"\",Start!A1285)","v":""},{"$f":"IF(Start!B1285=\"\",\"\",Start!B1285)","v":""},{"$f":"IF(Start!C1285=\"\",\"\",Start!C1285)","v":""},{"$f":"IF(Start!D1285=\"\",\"\",Start!D1285)","v":""},{"$f":"IF(Start!E1285=\"\",\"\",Start!E1285)","v":""},{"$f":"IF(Start!F1285=\"\",\"\",Start!F1285)","v":""},{"$f":"IF(Start!G1285=\"\",\"\",Start!G1285)","v":""},{"$f":"IF(Start!H1285=\"\",\"\",Start!H1285)","v":""},"",{"$f":"IF(I1285=\"\",\"\",LOOKUP(I1285,{1,\"01\";2,\"02\";3,\"03\";4,\"04\";5,\"05\";6,\"06\";7,\"07\";8,\"08\";9,\"09\";10,\"10\";11,\"11\";12,\"12\";13,\"13\";14,\"14\";15,\"15\"}))","v":""},"","","",{"$f":"IF(B1285=\"\",\"\",VLOOKUP(M1285,Sections!$A$2:$D$200,3,FALSE))","v":""},{"$f":"IF(B1285=\"\",\"\",VLOOKUP(M1285,Sections!$A$2:$D$200,4,FALSE))","v":""}]
[{"$f":"IF(Start!A1286=\"\",\"\",Start!A1286)","v":""},{"$f":"IF(Start!B1286=\"\",\"\",Start!B1286)","v":""},{"$f":"IF(Start!C1286=\"\",\"\",Start!C1286)","v":""},{"$f":"IF(Start!D1286=\"\",\"\",Start!D1286)","v":""},{"$f":"IF(Start!E1286=\"\",\"\",Start!E1286)","v":""},{"$f":"IF(Start!F1286=\"\",\"\",Start!F1286)","v":""},{"$f":"IF(Start!G1286=\"\",\"\",Start!G1286)","v":""},{"$f":"IF(Start!H1286=\"\",\"\",Start!H1286)","v":""},"",{"$f":"IF(I1286=\"\",\"\",LOOKUP(I1286,{1,\"01\";2,\"02\";3,\"03\";4,\"04\";5,\"05\";6,\"06\";7,\"07\";8,\"08\";9,\"09\";10,\"10\";11,\"11\";12,\"12\";13,\"13\";14,\"14\";15,\"15\"}))","v":""},"","","",{"$f":"IF(B1286=\"\",\"\",VLOOKUP(M1286,Sections!$A$2:$D$200,3,FALSE))","v":""},{"$f":"IF(B1286=\"\",\"\",VLOOKUP(M1286,Sections!$A$2:$D$200,4,FALSE))","v":""}]
[{"$f":"IF(Start!A1287=\"\",\"\",Start!A1287)","v":""},{"$f":"IF(Start!B1287=\"\",\"\",Start!B1287)","v":""},{"$f":"IF(Start!C1287=\"\",\"\",Start!C1287)","v":""},{"$f":"IF(Start!D1287=\"\",\"\",Start!D1287)","v":""},{"$f":"IF(Start!E1287=\"\",\"\",Start!E1287)","v":""},{"$f":"IF(Start!F1287=\"\",\"\",Start!F1287)","v":""},{"$f":"IF(Start!G1287=\"\",\"\",Start!G1287)","v":""},{"$f":"IF(Start!H1287=\"\",\"\",Start!H1287)","v":""},"",{"$f":"IF(I1287=\"\",\"\",LOOKUP(I1287,{1,\"01\";2,\"02\";3,\"03\";4,\"04\";5,\"05\";6,\"06\";7,\"07\";8,\"08\";9,\"09\";10,\"10\";11,\"11\";12,\"12\";13,\"13\";14,\"14\";15,\"15\"}))","v":""},"","","",{"$f":"IF(B1287=\"\",\"\",VLOOKUP(M1287,Sections!$A$2:$D$200,3,FALSE))","v":""},{"$f":"IF(B1287=\"\",\"\",VLOOKUP(M1287,Sections!$A$2:$D$200,4,FALSE))","v":""}]
[{"$f":"IF(Start!A1288=\"\",\"\",Start!A1288)","v":""},{"$f":"IF(Start!B1288=\"\",\"\",Start!B1288)","v":""},{"$f":"IF(Start!C1288=\"\",\"\",Start!C1288)","v":""},{"$f":"IF(Start!D1288=\"\",\"\",Start!D1288)","v":""},{"$f":"IF(Start!E1288=\"\",\"\",Start!E1288)","v":""},{"$f":"IF(Start!F1288=\"\",\"\",Start!F1288)","v":""},{"$f":"IF(Start!G1288=\"\",\"\",Start!G1288)","v":""},{"$f":"IF(Start!H1288=\"\",\"\",Start!H1288)","v":""},"",{"$f":"IF(I1288=\"\",\"\",LOOKUP(I1288,{1,\"01\";2,\"02\";3,\"03\";4,\"04\";5,\"05\";6,\"06\";7,\"07\";8,\"08\";9,\"09\";10,\"10\";11,\"11\";12,\"12\";13,\"13\";14,\"14\";15,\"15\"}))","v":""},"","","",{"$f":"IF(B1288=\"\",\"\",VLOOKUP(M1288,Sections!$A$2:$D$200,3,FALSE))","v":""},{"$f":"IF(B1288=\"\",\"\",VLOOKUP(M1288,Sections!$A$2:$D$200,4,FALSE))","v":""}]
[{"$f":"IF(Start!A1289=\"\",\"\",Start!A1289)","v":""},{"$f":"IF(Start!B1289=\"\",\"\",Start!B1289)","v":""},{"$f":"IF(Start!C1289=\"\",\"\",Start!C1289)","v":""},{"$f":"IF(Start!D1289=\"\",\"\",Start!D1289)","v":""},{"$f":"IF(Start!E1289=\"\",\"\",Start!E1289)","v":""},{"$f":"IF(Start!F1289=\"\",\"\",Start!F1289)","v":""},{"$f":"IF(Start!G1289=\"\",\"\",Start!G1289)","v":""},{"$f":"IF(Start!H1289=\"\",\"\",Start!H1289)","v":""},"",{"$f":"IF(I1289=\"\",\"\",LOOKUP(I1289,{1,\"01\";2,\"02\";3,\"03\";4,\"04\";5,\"05\";6,\"06\";7,\"07\";8,\"08\";9,\"09\";10,\"10\";11,\"11\";12,\"12\";13,\"13\";14,\"14\";15,\"15\"}))","v":""},"","","",{"$f":"IF(B1289=\"\",\"\",VLOOKUP(M1289,Sections!$A$2:$D$200,3,FALSE))","v":""},{"$f":"IF(B1289=\"\",\"\",VLOOKUP(M1289,Sections!$A$2:$D$200,4,FALSE))","v":""}]
[{"$f":"IF(Start!A1290=\"\",\"\",Start!A1290)","v":""},{"$f":"IF(Start!B1290=\"\",\"\",Start!B1290)","v":""},{"$f":"IF(Start!C1290=\"\",\"\",Start!C1290)","v":""},{"$f":"IF(Start!D1290=\"\",\"\",Start!D1290)","v":""},{"$f":"IF(Start!E1290=\"\",\"\",Start!E1290)","v":""},{"$f":"IF(Start!F1290=\"\",\"\",Start!F1290)","v":""},{"$f":"IF(Start!G1290=\"\",\"\",Start!G1290)","v":""},{"$f":"IF(Start!H1290=\"\",\"\",Start!H1290)","v":""},"",{"$f":"IF(I1290=\"\",\"\",LOOKUP(I1290,{1,\"01\";2,\"02\";3,\"03\";4,\"04\";5,\"05\";6,\"06\";7,\"07\";8,\"08\";9,\"09\";10,\"10\";11,\"11\";12,\"12\";13,\"13\";14,\"14\";15,\"15\"}))","v":""},"","","",{"$f":"IF(B1290=\"\",\"\",VLOOKUP(M1290,Sections!$A$2:$D$200,3,FALSE))","v":""},{"$f":"IF(B1290=\"\",\"\",VLOOKUP(M1290,Sections!$A$2:$D$200,4,FALSE))","v":""}]
[{"$f":"IF(Start!A1291=\"\",\"\",Start!A1291)","v":""},{"$f":"IF(Start!B1291=\"\",\"\",Start!B1291)","v":""},{"$f":"IF(Start!C1291=\"\",\"\",Start!C1291)","v":""},{"$f":"IF(Start!D1291=\"\",\"\",Start!D1291)","v":""},{"$f":"IF(Start!E1291=\"\",\"\",Start!E1291)","v":""},{"$f":"IF(Start!F1291=\"\",\"\",Start!F1291)","v":""},{"$f":"IF(Start!G1291=\"\",\"\",Start!G1291)","v":""},{"$f":"IF(Start!H1291=\"\",\"\",Start!H1291)","v":""},"",{"$f":"IF(I1291=\"\",\"\",LOOKUP(I1291,{1,\"01\";2,\"02\";3,\"03\";4,\"04\";5,\"05\";6,\"06\";7,\"07\";8,\"08\";9,\"09\";10,\"10\";11,\"11\";12,\"12\";13,\"13\";14,\"14\";15,\"15\"}))","v":""},"","","",{"$f":"IF(B1291=\"\",\"\",VLOOKUP(M1291,Sections!$A$2:$D$200,3,FALSE))","v":""},{"$f":"IF(B1291=\"\",\"\",VLOOKUP(M1291,Sections!$A$2:$D$200,4,FALSE))","v":""}]
[{"$f":"IF(Start!A1292=\"\",\"\",Start!A1292)","v":""},{"$f":"IF(Start!B1292=\"\",\"\",Start!B1292)","v":""},{"$f":"IF(Start!C1292=\"\",\"\",Start!C1292)","v":""},{"$f":"IF(Start!D1292=\"\",\"\",Start!D1292)","v":""},{"$f":"IF(Start!E1292=\"\",\"\",Start!E1292)","v":""},{"$f":"IF(Start!F1292=\"\",\"\",Start!F1292)","v":""},{"$f":"IF(Start!G1292=\"\",\"\",Start!G1292)","v":""},{"$f":"IF(Start!H1292=\"\",\"\",Start!H1292)","v":""},"",{"$f":"IF(I1292=\"\",\"\",LOOKUP(I1292,{1,\"01\";2,\"02\";3,\"03\";4,\"04\";5,\"05\";6,\"06\";7,\"07\";8,\"08\";9,\"09\";10,\"10\";11,\"11\";12,\"12\";13,\"13\";14,\"14\";15,\"15\"}))","v":""},"","","",{"$f":"IF(B1292=\"\",\"\",VLOOKUP(M1292,Sections!$A$2:$D$200,3,FALSE))","v":""},{"$f":"IF(B1292=\"\",\"\",VLOOKUP(M1292,Sections!$A$2:$D$200,4,FALSE))","v":""}]
[{"$f":"IF(Start!A1293=\"\",\"\",Start!A1293)","v":""},{"$f":"IF(Start!B1293=\"\",\"\",Start!B1293)","v":""},{"$f":"IF(Start!C1293=\"\",\"\",Start!C1293)","v":""},{"$f":"IF(Start!D1293=\"\",\"\",Start!D1293)","v":""},{"$f":"IF(Start!E1293=\"\",\"\",Start!E1293)","v":""},{"$f":"IF(Start!F1293=\"\",\"\",Start!F1293)","v":""},{"$f":"IF(Start!G1293=\"\",\"\",Start!G1293)","v":""},{"$f":"IF(Start!H1293=\"\",\"\",Start!H1293)","v":""},"",{"$f":"IF(I1293=\"\",\"\",LOOKUP(I1293,{1,\"01\";2,\"02\";3,\"03\";4,\"04\";5,\"05\";6,\"06\";7,\"07\";8,\"08\";9,\"09\";10,\"10\";11,\"11\";12,\"12\";13,\"13\";14,\"14\";15,\"15\"}))","v":""},"","","",{"$f":"IF(B1293=\"\",\"\",VLOOKUP(M1293,Sections!$A$2:$D$200,3,FALSE))","v":""},{"$f":"IF(B1293=\"\",\"\",VLOOKUP(M1293,Sections!$A$2:$D$200,4,FALSE))","v":""}]
[{"$f":"IF(Start!A1294=\"\",\"\",Start!A1294)","v":""},{"$f":"IF(Start!B1294=\"\",\"\",Start!B1294)","v":""},{"$f":"IF(Start!C1294=\"\",\"\",Start!C1294)","v":""},{"$f":"IF(Start!D1294=\"\",\"\",Start!D1294)","v":""},{"$f":"IF(Start!E1294=\"\",\"\",Start!E1294)","v":""},{"$f":"IF(Start!F1294=\"\",\"\",Start!F1294)","v":""},{"$f":"IF(Start!G1294=\"\",\"\",Start!G1294)","v":""},{"$f":"IF(Start!H1294=\"\",\"\",Start!H1294)","v":""},"",{"$f":"IF(I1294=\"\",\"\",LOOKUP(I1294,{1,\"01\";2,\"02\";3,\"03\";4,\"04\";5,\"05\";6,\"06\";7,\"07\";8,\"08\";9,\"09\";10,\"10\";11,\"11\";12,\"12\";13,\"13\";14,\"14\";15,\"15\"}))","v":""},"","","",{"$f":"IF(B1294=\"\",\"\",VLOOKUP(M1294,Sections!$A$2:$D$200,3,FALSE))","v":""},{"$f":"IF(B1294=\"\",\"\",VLOOKUP(M1294,Sections!$A$2:$D$200,4,FALSE))","v":""}]
[{"$f":"IF(Start!A1295=\"\",\"\",Start!A1295)","v":""},{"$f":"IF(Start!B1295=\"\",\"\",Start!B1295)","v":""},{"$f":"IF(Start!C1295=\"\",\"\",Start!C1295)","v":""},{"$f":"IF(Start!D1295=\"\",\"\",Start!D1295)","v":""},{"$f":"IF(Start!E1295=\"\",\"\",Start!E1295)","v":""},{"$f":"IF(Start!F1295=\"\",\"\",Start!F1295)","v":""},{"$f":"IF(Start!G1295=\"\",\"\",Start!G1295)","v":""},{"$f":"IF(Start!H1295=\"\",\"\",Start!H1295)","v":""},"",{"$f":"IF(I1295=\"\",\"\",LOOKUP(I1295,{1,\"01\";2,\"02\";3,\"03\";4,\"04\";5,\"05\";6,\"06\";7,\"07\";8,\"08\";9,\"09\";10,\"10\";11,\"11\";12,\"12\";13,\"13\";14,\"14\";15,\"15\"}))","v":""},"","","",{"$f":"IF(B1295=\"\",\"\",VLOOKUP(M1295,Sections!$A$2:$D$200,3,FALSE))","v":""},{"$f":"IF(B1295=\"\",\"\",VLOOKUP(M1295,Sections!$A$2:$D$200,4,FALSE))","v":""}]
[{"$f":"IF(Start!A1296=\"\",\"\",Start!A1296)","v":""},{"$f":"IF(Start!B1296=\"\",\"\",Start!B1296)","v":""},{"$f":"IF(Start!C1296=\"\",\"\",Start!C1296)","v":""},{"$f":"IF(Start!D1296=\"\",\"\",Start!D1296)","v":""},{"$f":"IF(Start!E1296=\"\",\"\",Start!E1296)","v":""},{"$f":"IF(Start!F1296=\"\",\"\",Start!F1296)","v":""},{"$f":"IF(Start!G1296=\"\",\"\",Start!G1296)","v":""},{"$f":"IF(Start!H1296=\"\",\"\",Start!H1296)","v":""},"",{"$f":"IF(I1296=\"\",\"\",LOOKUP(I1296,{1,\"01\";2,\"02\";3,\"03\";4,\"04\";5,\"05\";6,\"06\";7,\"07\";8,\"08\";9,\"09\";10,\"10\";11,\"11\";12,\"12\";13,\"13\";14,\"14\";15,\"15\"}))","v":""},"","","",{"$f":"IF(B1296=\"\",\"\",VLOOKUP(M1296,Sections!$A$2:$D$200,3,FALSE))","v":""},{"$f":"IF(B1296=\"\",\"\",VLOOKUP(M1296,Sections!$A$2:$D$200,4,FALSE))","v":""}]
[{"$f":"IF(Start!A1297=\"\",\"\",Start!A1297)","v":""},{"$f":"IF(Start!B1297=\"\",\"\",Start!B1297)","v":""},{"$f":"IF(Start!C1297=\"\",\"\",Start!C1297)","v":""},{"$f":"IF(Start!D1297=\"\",\"\",Start!D1297)","v":""},{"$f":"IF(Start!E1297=\"\",\"\",Start!E1297)","v":""},{"$f":"IF(Start!F1297=\"\",\"\",Start!F1297)","v":""},{"$f":"IF(Start!G1297=\"\",\"\",Start!G1297)","v":""},{"$f":"IF(Start!H1297=\"\",\"\",Start!H1297)","v":""},"",{"$f":"IF(I1297=\"\",\"\",LOOKUP(I1297,{1,\"01\";2,\"02\";3,\"03\";4,\"04\";5,\"05\";6,\"06\";7,\"07\";8,\"08\";9,\"09\";10,\"10\";11,\"11\";12,\"12\";13,\"13\";14,\"14\";15,\"15\"}))","v":""},"","","",{"$f":"IF(B1297=\"\",\"\",VLOOKUP(M1297,Sections!$A$2:$D$200,3,FALSE))","v":""},{"$f":"IF(B1297=\"\",\"\",VLOOKUP(M1297,Sections!$A$2:$D$200,4,FALSE))","v":""}]
[{"$f":"IF(Start!A1298=\"\",\"\",Start!A1298)","v":""},{"$f":"IF(Start!B1298=\"\",\"\",Start!B1298)","v":""},{"$f":"IF(Start!C1298=\"\",\"\",Start!C1298)","v":""},{"$f":"IF(Start!D1298=\"\",\"\",Start!D1298)","v":""},{"$f":"IF(Start!E1298=\"\",\"\",Start!E1298)","v":""},{"$f":"IF(Start!F1298=\"\",\"\",Start!F1298)","v":""},{"$f":"IF(Start!G1298=\"\",\"\",Start!G1298)","v":""},{"$f":"IF(Start!H1298=\"\",\"\",Start!H1298)","v":""},"",{"$f":"IF(I1298=\"\",\"\",LOOKUP(I1298,{1,\"01\";2,\"02\";3,\"03\";4,\"04\";5,\"05\";6,\"06\";7,\"07\";8,\"08\";9,\"09\";10,\"10\";11,\"11\";12,\"12\";13,\"13\";14,\"14\";15,\"15\"}))","v":""},"","","",{"$f":"IF(B1298=\"\",\"\",VLOOKUP(M1298,Sections!$A$2:$D$200,3,FALSE))","v":""},{"$f":"IF(B1298=\"\",\"\",VLOOKUP(M1298,Sections!$A$2:$D$200,4,FALSE))","v":""}]
[{"$f":"IF(Start!A1299=\"\",\"\",Start!A1299)","v":""},{"$f":"IF(Start!B1299=\"\",\"\",Start!B1299)","v":""},{"$f":"IF(Start!C1299=\"\",\"\",Start!C1299)","v":""},{"$f":"IF(Start!D1299=\"\",\"\",Start!D1299)","v":""},{"$f":"IF(Start!E1299=\"\",\"\",Start!E1299)","v":""},{"$f":"IF(Start!F1299=\"\",\"\",Start!F1299)","v":""},{"$f":"IF(Start!G1299=\"\",\"\",Start!G1299)","v":""},{"$f":"IF(Start!H1299=\"\",\"\",Start!H1299)","v":""},"",{"$f":"IF(I1299=\"\",\"\",LOOKUP(I1299,{1,\"01\";2,\"02\";3,\"03\";4,\"04\";5,\"05\";6,\"06\";7,\"07\";8,\"08\";9,\"09\";10,\"10\";11,\"11\";12,\"12\";13,\"13\";14,\"14\";15,\"15\"}))","v":""},"","","",{"$f":"IF(B1299=\"\",\"\",VLOOKUP(M1299,Sections!$A$2:$D$200,3,FALSE))","v":""},{"$f":"IF(B1299=\"\",\"\",VLOOKUP(M1299,Sections!$A$2:$D$200,4,FALSE))","v":""}]
[{"$f":"IF(Start!A1300=\"\",\"\",Start!A1300)","v":""},{"$f":"IF(Start!B1300=\"\",\"\",Start!B1300)","v":""},{"$f":"IF(Start!C1300=\"\",\"\",Start!C1300)","v":""},{"$f":"IF(Start!D1300=\"\",\"\",Start!D1300)","v":""},{"$f":"IF(Start!E1300=\"\",\"\",Start!E1300)","v":""},{"$f":"IF(Start!F1300=\"\",\"\",Start!F1300)","v":""},{"$f":"IF(Start!G1300=\"\",\"\",Start!G1300)","v":""},{"$f":"IF(Start!H1300=\"\",\"\",Start!H1300)","v":""},"",{"$f":"IF(I1300=\"\",\"\",LOOKUP(I1300,{1,\"01\";2,\"02\";3,\"03\";4,\"04\";5,\"05\";6,\"06\";7,\"07\";8,\"08\";9,\"09\";10,\"10\";11,\"11\";12,\"12\";13,\"13\";14,\"14\";15,\"15\"}))","v":""},"","","",{"$f":"IF(B1300=\"\",\"\",VLOOKUP(M1300,Sections!$A$2:$D$200,3,FALSE))","v":""},{"$f":"IF(B1300=\"\",\"\",VLOOKUP(M1300,Sections!$A$2:$D$200,4,FALSE))","v":""}]
[{"$f":"IF(Start!A1301=\"\",\"\",Start!A1301)","v":""},{"$f":"IF(Start!B1301=\"\",\"\",Start!B1301)","v":""},{"$f":"IF(Start!C1301=\"\",\"\",Start!C1301)","v":""},{"$f":"IF(Start!D1301=\"\",\"\",Start!D1301)","v":""},{"$f":"IF(Start!E1301=\"\",\"\",Start!E1301)","v":""},{"$f":"IF(Start!F1301=\"\",\"\",Start!F1301)","v":""},{"$f":"IF(Start!G1301=\"\",\"\",Start!G1301)","v":""},{"$f":"IF(Start!H1301=\"\",\"\",Start!H1301)","v":""},"",{"$f":"IF(I1301=\"\",\"\",LOOKUP(I1301,{1,\"01\";2,\"02\";3,\"03\";4,\"04\";5,\"05\";6,\"06\";7,\"07\";8,\"08\";9,\"09\";10,\"10\";11,\"11\";12,\"12\";13,\"13\";14,\"14\";15,\"15\"}))","v":""},"","","",{"$f":"IF(B1301=\"\",\"\",VLOOKUP(M1301,Sections!$A$2:$D$200,3,FALSE))","v":""},{"$f":"IF(B1301=\"\",\"\",VLOOKUP(M1301,Sections!$A$2:$D$200,4,FALSE))","v":""}]
[{"$f":"IF(Start!A1302=\"\",\"\",Start!A1302)","v":""},{"$f":"IF(Start!B1302=\"\",\"\",Start!B1302)","v":""},{"$f":"IF(Start!C1302=\"\",\"\",Start!C1302)","v":""},{"$f":"IF(Start!D1302=\"\",\"\",Start!D1302)","v":""},{"$f":"IF(Start!E1302=\"\",\"\",Start!E1302)","v":""},{"$f":"IF(Start!F1302=\"\",\"\",Start!F1302)","v":""},{"$f":"IF(Start!G1302=\"\",\"\",Start!G1302)","v":""},{"$f":"IF(Start!H1302=\"\",\"\",Start!H1302)","v":""},"",{"$f":"IF(I1302=\"\",\"\",LOOKUP(I1302,{1,\"01\";2,\"02\";3,\"03\";4,\"04\";5,\"05\";6,\"06\";7,\"07\";8,\"08\";9,\"09\";10,\"10\";11,\"11\";12,\"12\";13,\"13\";14,\"14\";15,\"15\"}))","v":""},"","","",{"$f":"IF(B1302=\"\",\"\",VLOOKUP(M1302,Sections!$A$2:$D$200,3,FALSE))","v":""},{"$f":"IF(B1302=\"\",\"\",VLOOKUP(M1302,Sections!$A$2:$D$200,4,FALSE))","v":""}]
[{"$f":"IF(Start!A1303=\"\",\"\",Start!A1303)","v":""},{"$f":"IF(Start!B1303=\"\",\"\",Start!B1303)","v":""},{"$f":"IF(Start!C1303=\"\",\"\",Start!C1303)","v":""},{"$f":"IF(Start!D1303=\"\",\"\",Start!D1303)","v":""},{"$f":"IF(Start!E1303=\"\",\"\",Start!E1303)","v":""},{"$f":"IF(Start!F1303=\"\",\"\",Start!F1303)","v":""},{"$f":"IF(Start!G1303=\"\",\"\",Start!G1303)","v":""},{"$f":"IF(Start!H1303=\"\",\"\",Start!H1303)","v":""},"",{"$f":"IF(I1303=\"\",\"\",LOOKUP(I1303,{1,\"01\";2,\"02\";3,\"03\";4,\"04\";5,\"05\";6,\"06\";7,\"07\";8,\"08\";9,\"09\";10,\"10\";11,\"11\";12,\"12\";13,\"13\";14,\"14\";15,\"15\"}))","v":""},"","","",{"$f":"IF(B1303=\"\",\"\",VLOOKUP(M1303,Sections!$A$2:$D$200,3,FALSE))","v":""},{"$f":"IF(B1303=\"\",\"\",VLOOKUP(M1303,Sections!$A$2:$D$200,4,FALSE))","v":""}]
[{"$f":"IF(Start!A1304=\"\",\"\",Start!A1304)","v":""},{"$f":"IF(Start!B1304=\"\",\"\",Start!B1304)","v":""},{"$f":"IF(Start!C1304=\"\",\"\",Start!C1304)","v":""},{"$f":"IF(Start!D1304=\"\",\"\",Start!D1304)","v":""},{"$f":"IF(Start!E1304=\"\",\"\",Start!E1304)","v":""},{"$f":"IF(Start!F1304=\"\",\"\",Start!F1304)","v":""},{"$f":"IF(Start!G1304=\"\",\"\",Start!G1304)","v":""},{"$f":"IF(Start!H1304=\"\",\"\",Start!H1304)","v":""},"",{"$f":"IF(I1304=\"\",\"\",LOOKUP(I1304,{1,\"01\";2,\"02\";3,\"03\";4,\"04\";5,\"05\";6,\"06\";7,\"07\";8,\"08\";9,\"09\";10,\"10\";11,\"11\";12,\"12\";13,\"13\";14,\"14\";15,\"15\"}))","v":""},"","","",{"$f":"IF(B1304=\"\",\"\",VLOOKUP(M1304,Sections!$A$2:$D$200,3,FALSE))","v":""},{"$f":"IF(B1304=\"\",\"\",VLOOKUP(M1304,Sections!$A$2:$D$200,4,FALSE))","v":""}]
[{"$f":"IF(Start!A1305=\"\",\"\",Start!A1305)","v":""},{"$f":"IF(Start!B1305=\"\",\"\",Start!B1305)","v":""},{"$f":"IF(Start!C1305=\"\",\"\",Start!C1305)","v":""},{"$f":"IF(Start!D1305=\"\",\"\",Start!D1305)","v":""},{"$f":"IF(Start!E1305=\"\",\"\",Start!E1305)","v":""},{"$f":"IF(Start!F1305=\"\",\"\",Start!F1305)","v":""},{"$f":"IF(Start!G1305=\"\",\"\",Start!G1305)","v":""},{"$f":"IF(Start!H1305=\"\",\"\",Start!H1305)","v":""},"",{"$f":"IF(I1305=\"\",\"\",LOOKUP(I1305,{1,\"01\";2,\"02\";3,\"03\";4,\"04\";5,\"05\";6,\"06\";7,\"07\";8,\"08\";9,\"09\";10,\"10\";11,\"11\";12,\"12\";13,\"13\";14,\"14\";15,\"15\"}))","v":""},"","","",{"$f":"IF(B1305=\"\",\"\",VLOOKUP(M1305,Sections!$A$2:$D$200,3,FALSE))","v":""},{"$f":"IF(B1305=\"\",\"\",VLOOKUP(M1305,Sections!$A$2:$D$200,4,FALSE))","v":""}]
[{"$f":"IF(Start!A1306=\"\",\"\",Start!A1306)","v":""},{"$f":"IF(Start!B1306=\"\",\"\",Start!B1306)","v":""},{"$f":"IF(Start!C1306=\"\",\"\",Start!C1306)","v":""},{"$f":"IF(Start!D1306=\"\",\"\",Start!D1306)","v":""},{"$f":"IF(Start!E1306=\"\",\"\",Start!E1306)","v":""},{"$f":"IF(Start!F1306=\"\",\"\",Start!F1306)","v":""},{"$f":"IF(Start!G1306=\"\",\"\",Start!G1306)","v":""},{"$f":"IF(Start!H1306=\"\",\"\",Start!H1306)","v":""},"",{"$f":"IF(I1306=\"\",\"\",LOOKUP(I1306,{1,\"01\";2,\"02\";3,\"03\";4,\"04\";5,\"05\";6,\"06\";7,\"07\";8,\"08\";9,\"09\";10,\"10\";11,\"11\";12,\"12\";13,\"13\";14,\"14\";15,\"15\"}))","v":""},"","","",{"$f":"IF(B1306=\"\",\"\",VLOOKUP(M1306,Sections!$A$2:$D$200,3,FALSE))","v":""},{"$f":"IF(B1306=\"\",\"\",VLOOKUP(M1306,Sections!$A$2:$D$200,4,FALSE))","v":""}]
[{"$f":"IF(Start!A1307=\"\",\"\",Start!A1307)","v":""},{"$f":"IF(Start!B1307=\"\",\"\",Start!B1307)","v":""},{"$f":"IF(Start!C1307=\"\",\"\",Start!C1307)","v":""},{"$f":"IF(Start!D1307=\"\",\"\",Start!D1307)","v":""},{"$f":"IF(Start!E1307=\"\",\"\",Start!E1307)","v":""},{"$f":"IF(Start!F1307=\"\",\"\",Start!F1307)","v":""},{"$f":"IF(Start!G1307=\"\",\"\",Start!G1307)","v":""},{"$f":"IF(Start!H1307=\"\",\"\",Start!H1307)","v":""},"",{"$f":"IF(I1307=\"\",\"\",LOOKUP(I1307,{1,\"01\";2,\"02\";3,\"03\";4,\"04\";5,\"05\";6,\"06\";7,\"07\";8,\"08\";9,\"09\";10,\"10\";11,\"11\";12,\"12\";13,\"13\";14,\"14\";15,\"15\"}))","v":""},"","","",{"$f":"IF(B1307=\"\",\"\",VLOOKUP(M1307,Sections!$A$2:$D$200,3,FALSE))","v":""},{"$f":"IF(B1307=\"\",\"\",VLOOKUP(M1307,Sections!$A$2:$D$200,4,FALSE))","v":""}]
[{"$f":"IF(Start!A1308=\"\",\"\",Start!A1308)","v":""},{"$f":"IF(Start!B1308=\"\",\"\",Start!B1308)","v":""},{"$f":"IF(Start!C1308=\"\",\"\",Start!C1308)","v":""},{"$f":"IF(Start!D1308=\"\",\"\",Start!D1308)","v":""},{"$f":"IF(Start!E1308=\"\",\"\",Start!E1308)","v":""},{"$f":"IF(Start!F1308=\"\",\"\",Start!F1308)","v":""},{"$f":"IF(Start!G1308=\"\",\"\",Start!G1308)","v":""},{"$f":"IF(Start!H1308=\"\",\"\",Start!H1308)","v":""},"",{"$f":"IF(I1308=\"\",\"\",LOOKUP(I1308,{1,\"01\";2,\"02\";3,\"03\";4,\"04\";5,\"05\";6,\"06\";7,\"07\";8,\"08\";9,\"09\";10,\"10\";11,\"11\";12,\"12\";13,\"13\";14,\"14\";15,\"15\"}))","v":""},"","","",{"$f":"IF(B1308=\"\",\"\",VLOOKUP(M1308,Sections!$A$2:$D$200,3,FALSE))","v":""},{"$f":"IF(B1308=\"\",\"\",VLOOKUP(M1308,Sections!$A$2:$D$200,4,FALSE))","v":""}]
[{"$f":"IF(Start!A1309=\"\",\"\",Start!A1309)","v":""},{"$f":"IF(Start!B1309=\"\",\"\",Start!B1309)","v":""},{"$f":"IF(Start!C1309=\"\",\"\",Start!C1309)","v":""},{"$f":"IF(Start!D1309=\"\",\"\",Start!D1309)","v":""},{"$f":"IF(Start!E1309=\"\",\"\",Start!E1309)","v":""},{"$f":"IF(Start!F1309=\"\",\"\",Start!F1309)","v":""},{"$f":"IF(Start!G1309=\"\",\"\",Start!G1309)","v":""},{"$f":"IF(Start!H1309=\"\",\"\",Start!H1309)","v":""},"",{"$f":"IF(I1309=\"\",\"\",LOOKUP(I1309,{1,\"01\";2,\"02\";3,\"03\";4,\"04\";5,\"05\";6,\"06\";7,\"07\";8,\"08\";9,\"09\";10,\"10\";11,\"11\";12,\"12\";13,\"13\";14,\"14\";15,\"15\"}))","v":""},"","","",{"$f":"IF(B1309=\"\",\"\",VLOOKUP(M1309,Sections!$A$2:$D$200,3,FALSE))","v":""},{"$f":"IF(B1309=\"\",\"\",VLOOKUP(M1309,Sections!$A$2:$D$200,4,FALSE))","v":""}]
[{"$f":"IF(Start!A1310=\"\",\"\",Start!A1310)","v":""},{"$f":"IF(Start!B1310=\"\",\"\",Start!B1310)","v":""},{"$f":"IF(Start!C1310=\"\",\"\",Start!C1310)","v":""},{"$f":"IF(Start!D1310=\"\",\"\",Start!D1310)","v":""},{"$f":"IF(Start!E1310=\"\",\"\",Start!E1310)","v":""},{"$f":"IF(Start!F1310=\"\",\"\",Start!F1310)","v":""},{"$f":"IF(Start!G1310=\"\",\"\",Start!G1310)","v":""},{"$f":"IF(Start!H1310=\"\",\"\",Start!H1310)","v":""},"",{"$f":"IF(I1310=\"\",\"\",LOOKUP(I1310,{1,\"01\";2,\"02\";3,\"03\";4,\"04\";5,\"05\";6,\"06\";7,\"07\";8,\"08\";9,\"09\";10,\"10\";11,\"11\";12,\"12\";13,\"13\";14,\"14\";15,\"15\"}))","v":""},"","","",{"$f":"IF(B1310=\"\",\"\",VLOOKUP(M1310,Sections!$A$2:$D$200,3,FALSE))","v":""},{"$f":"IF(B1310=\"\",\"\",VLOOKUP(M1310,Sections!$A$2:$D$200,4,FALSE))","v":""}]
[{"$f":"IF(Start!A1311=\"\",\"\",Start!A1311)","v":""},{"$f":"IF(Start!B1311=\"\",\"\",Start!B1311)","v":""},{"$f":"IF(Start!C1311=\"\",\"\",Start!C1311)","v":""},{"$f":"IF(Start!D1311=\"\",\"\",Start!D1311)","v":""},{"$f":"IF(Start!E1311=\"\",\"\",Start!E1311)","v":""},{"$f":"IF(Start!F1311=\"\",\"\",Start!F1311)","v":""},{"$f":"IF(Start!G1311=\"\",\"\",Start!G1311)","v":""},{"$f":"IF(Start!H1311=\"\",\"\",Start!H1311)","v":""},"",{"$f":"IF(I1311=\"\",\"\",LOOKUP(I1311,{1,\"01\";2,\"02\";3,\"03\";4,\"04\";5,\"05\";6,\"06\";7,\"07\";8,\"08\";9,\"09\";10,\"10\";11,\"11\";12,\"12\";13,\"13\";14,\"14\";15,\"15\"}))","v":""},"","","",{"$f":"IF(B1311=\"\",\"\",VLOOKUP(M1311,Sections!$A$2:$D$200,3,FALSE))","v":""},{"$f":"IF(B1311=\"\",\"\",VLOOKUP(M1311,Sections!$A$2:$D$200,4,FALSE))","v":""}]
[{"$f":"IF(Start!A1312=\"\",\"\",Start!A1312)","v":""},{"$f":"IF(Start!B1312=\"\",\"\",Start!B1312)","v":""},{"$f":"IF(Start!C1312=\"\",\"\",Start!C1312)","v":""},{"$f":"IF(Start!D1312=\"\",\"\",Start!D1312)","v":""},{"$f":"IF(Start!E1312=\"\",\"\",Start!E1312)","v":""},{"$f":"IF(Start!F1312=\"\",\"\",Start!F1312)","v":""},{"$f":"IF(Start!G1312=\"\",\"\",Start!G1312)","v":""},{"$f":"IF(Start!H1312=\"\",\"\",Start!H1312)","v":""},"",{"$f":"IF(I1312=\"\",\"\",LOOKUP(I1312,{1,\"01\";2,\"02\";3,\"03\";4,\"04\";5,\"05\";6,\"06\";7,\"07\";8,\"08\";9,\"09\";10,\"10\";11,\"11\";12,\"12\";13,\"13\";14,\"14\";15,\"15\"}))","v":""},"","","",{"$f":"IF(B1312=\"\",\"\",VLOOKUP(M1312,Sections!$A$2:$D$200,3,FALSE))","v":""},{"$f":"IF(B1312=\"\",\"\",VLOOKUP(M1312,Sections!$A$2:$D$200,4,FALSE))","v":""}]
[{"$f":"IF(Start!A1313=\"\",\"\",Start!A1313)","v":""},{"$f":"IF(Start!B1313=\"\",\"\",Start!B1313)","v":""},{"$f":"IF(Start!C1313=\"\",\"\",Start!C1313)","v":""},{"$f":"IF(Start!D1313=\"\",\"\",Start!D1313)","v":""},{"$f":"IF(Start!E1313=\"\",\"\",Start!E1313)","v":""},{"$f":"IF(Start!F1313=\"\",\"\",Start!F1313)","v":""},{"$f":"IF(Start!G1313=\"\",\"\",Start!G1313)","v":""},{"$f":"IF(Start!H1313=\"\",\"\",Start!H1313)","v":""},"",{"$f":"IF(I1313=\"\",\"\",LOOKUP(I1313,{1,\"01\";2,\"02\";3,\"03\";4,\"04\";5,\"05\";6,\"06\";7,\"07\";8,\"08\";9,\"09\";10,\"10\";11,\"11\";12,\"12\";13,\"13\";14,\"14\";15,\"15\"}))","v":""},"","","",{"$f":"IF(B1313=\"\",\"\",VLOOKUP(M1313,Sections!$A$2:$D$200,3,FALSE))","v":""},{"$f":"IF(B1313=\"\",\"\",VLOOKUP(M1313,Sections!$A$2:$D$200,4,FALSE))","v":""}]
[{"$f":"IF(Start!A1314=\"\",\"\",Start!A1314)","v":""},{"$f":"IF(Start!B1314=\"\",\"\",Start!B1314)","v":""},{"$f":"IF(Start!C1314=\"\",\"\",Start!C1314)","v":""},{"$f":"IF(Start!D1314=\"\",\"\",Start!D1314)","v":""},{"$f":"IF(Start!E1314=\"\",\"\",Start!E1314)","v":""},{"$f":"IF(Start!F1314=\"\",\"\",Start!F1314)","v":""},{"$f":"IF(Start!G1314=\"\",\"\",Start!G1314)","v":""},{"$f":"IF(Start!H1314=\"\",\"\",Start!H1314)","v":""},"",{"$f":"IF(I1314=\"\",\"\",LOOKUP(I1314,{1,\"01\";2,\"02\";3,\"03\";4,\"04\";5,\"05\";6,\"06\";7,\"07\";8,\"08\";9,\"09\";10,\"10\";11,\"11\";12,\"12\";13,\"13\";14,\"14\";15,\"15\"}))","v":""},"","","",{"$f":"IF(B1314=\"\",\"\",VLOOKUP(M1314,Sections!$A$2:$D$200,3,FALSE))","v":""},{"$f":"IF(B1314=\"\",\"\",VLOOKUP(M1314,Sections!$A$2:$D$200,4,FALSE))","v":""}]
[{"$f":"IF(Start!A1315=\"\",\"\",Start!A1315)","v":""},{"$f":"IF(Start!B1315=\"\",\"\",Start!B1315)","v":""},{"$f":"IF(Start!C1315=\"\",\"\",Start!C1315)","v":""},{"$f":"IF(Start!D1315=\"\",\"\",Start!D1315)","v":""},{"$f":"IF(Start!E1315=\"\",\"\",Start!E1315)","v":""},{"$f":"IF(Start!F1315=\"\",\"\",Start!F1315)","v":""},{"$f":"IF(Start!G1315=\"\",\"\",Start!G1315)","v":""},{"$f":"IF(Start!H1315=\"\",\"\",Start!H1315)","v":""},"",{"$f":"IF(I1315=\"\",\"\",LOOKUP(I1315,{1,\"01\";2,\"02\";3,\"03\";4,\"04\";5,\"05\";6,\"06\";7,\"07\";8,\"08\";9,\"09\";10,\"10\";11,\"11\";12,\"12\";13,\"13\";14,\"14\";15,\"15\"}))","v":""},"","","",{"$f":"IF(B1315=\"\",\"\",VLOOKUP(M1315,Sections!$A$2:$D$200,3,FALSE))","v":""},{"$f":"IF(B1315=\"\",\"\",VLOOKUP(M1315,Sections!$A$2:$D$200,4,FALSE))","v":""}]
[{"$f":"IF(Start!A1316=\"\",\"\",Start!A1316)","v":""},{"$f":"IF(Start!B1316=\"\",\"\",Start!B1316)","v":""},{"$f":"IF(Start!C1316=\"\",\"\",Start!C1316)","v":""},{"$f":"IF(Start!D1316=\"\",\"\",Start!D1316)","v":""},{"$f":"IF(Start!E1316=\"\",\"\",Start!E1316)","v":""},{"$f":"IF(Start!F1316=\"\",\"\",Start!F1316)","v":""},{"$f":"IF(Start!G1316=\"\",\"\",Start!G1316)","v":""},{"$f":"IF(Start!H1316=\"\",\"\",Start!H1316)","v":""},"",{"$f":"IF(I1316=\"\",\"\",LOOKUP(I1316,{1,\"01\";2,\"02\";3,\"03\";4,\"04\";5,\"05\";6,\"06\";7,\"07\";8,\"08\";9,\"09\";10,\"10\";11,\"11\";12,\"12\";13,\"13\";14,\"14\";15,\"15\"}))","v":""},"","","",{"$f":"IF(B1316=\"\",\"\",VLOOKUP(M1316,Sections!$A$2:$D$200,3,FALSE))","v":""},{"$f":"IF(B1316=\"\",\"\",VLOOKUP(M1316,Sections!$A$2:$D$200,4,FALSE))","v":""}]
[{"$f":"IF(Start!A1317=\"\",\"\",Start!A1317)","v":""},{"$f":"IF(Start!B1317=\"\",\"\",Start!B1317)","v":""},{"$f":"IF(Start!C1317=\"\",\"\",Start!C1317)","v":""},{"$f":"IF(Start!D1317=\"\",\"\",Start!D1317)","v":""},{"$f":"IF(Start!E1317=\"\",\"\",Start!E1317)","v":""},{"$f":"IF(Start!F1317=\"\",\"\",Start!F1317)","v":""},{"$f":"IF(Start!G1317=\"\",\"\",Start!G1317)","v":""},{"$f":"IF(Start!H1317=\"\",\"\",Start!H1317)","v":""},"",{"$f":"IF(I1317=\"\",\"\",LOOKUP(I1317,{1,\"01\";2,\"02\";3,\"03\";4,\"04\";5,\"05\";6,\"06\";7,\"07\";8,\"08\";9,\"09\";10,\"10\";11,\"11\";12,\"12\";13,\"13\";14,\"14\";15,\"15\"}))","v":""},"","","",{"$f":"IF(B1317=\"\",\"\",VLOOKUP(M1317,Sections!$A$2:$D$200,3,FALSE))","v":""},{"$f":"IF(B1317=\"\",\"\",VLOOKUP(M1317,Sections!$A$2:$D$200,4,FALSE))","v":""}]
[{"$f":"IF(Start!A1318=\"\",\"\",Start!A1318)","v":""},{"$f":"IF(Start!B1318=\"\",\"\",Start!B1318)","v":""},{"$f":"IF(Start!C1318=\"\",\"\",Start!C1318)","v":""},{"$f":"IF(Start!D1318=\"\",\"\",Start!D1318)","v":""},{"$f":"IF(Start!E1318=\"\",\"\",Start!E1318)","v":""},{"$f":"IF(Start!F1318=\"\",\"\",Start!F1318)","v":""},{"$f":"IF(Start!G1318=\"\",\"\",Start!G1318)","v":""},{"$f":"IF(Start!H1318=\"\",\"\",Start!H1318)","v":""},"",{"$f":"IF(I1318=\"\",\"\",LOOKUP(I1318,{1,\"01\";2,\"02\";3,\"03\";4,\"04\";5,\"05\";6,\"06\";7,\"07\";8,\"08\";9,\"09\";10,\"10\";11,\"11\";12,\"12\";13,\"13\";14,\"14\";15,\"15\"}))","v":""},"","","",{"$f":"IF(B1318=\"\",\"\",VLOOKUP(M1318,Sections!$A$2:$D$200,3,FALSE))","v":""},{"$f":"IF(B1318=\"\",\"\",VLOOKUP(M1318,Sections!$A$2:$D$200,4,FALSE))","v":""}]
[{"$f":"IF(Start!A1319=\"\",\"\",Start!A1319)","v":""},{"$f":"IF(Start!B1319=\"\",\"\",Start!B1319)","v":""},{"$f":"IF(Start!C1319=\"\",\"\",Start!C1319)","v":""},{"$f":"IF(Start!D1319=\"\",\"\",Start!D1319)","v":""},{"$f":"IF(Start!E1319=\"\",\"\",Start!E1319)","v":""},{"$f":"IF(Start!F1319=\"\",\"\",Start!F1319)","v":""},{"$f":"IF(Start!G1319=\"\",\"\",Start!G1319)","v":""},{"$f":"IF(Start!H1319=\"\",\"\",Start!H1319)","v":""},"",{"$f":"IF(I1319=\"\",\"\",LOOKUP(I1319,{1,\"01\";2,\"02\";3,\"03\";4,\"04\";5,\"05\";6,\"06\";7,\"07\";8,\"08\";9,\"09\";10,\"10\";11,\"11\";12,\"12\";13,\"13\";14,\"14\";15,\"15\"}))","v":""},"","","",{"$f":"IF(B1319=\"\",\"\",VLOOKUP(M1319,Sections!$A$2:$D$200,3,FALSE))","v":""},{"$f":"IF(B1319=\"\",\"\",VLOOKUP(M1319,Sections!$A$2:$D$200,4,FALSE))","v":""}]
[{"$f":"IF(Start!A1320=\"\",\"\",Start!A1320)","v":""},{"$f":"IF(Start!B1320=\"\",\"\",Start!B1320)","v":""},{"$f":"IF(Start!C1320=\"\",\"\",Start!C1320)","v":""},{"$f":"IF(Start!D1320=\"\",\"\",Start!D1320)","v":""},{"$f":"IF(Start!E1320=\"\",\"\",Start!E1320)","v":""},{"$f":"IF(Start!F1320=\"\",\"\",Start!F1320)","v":""},{"$f":"IF(Start!G1320=\"\",\"\",Start!G1320)","v":""},{"$f":"IF(Start!H1320=\"\",\"\",Start!H1320)","v":""},"",{"$f":"IF(I1320=\"\",\"\",LOOKUP(I1320,{1,\"01\";2,\"02\";3,\"03\";4,\"04\";5,\"05\";6,\"06\";7,\"07\";8,\"08\";9,\"09\";10,\"10\";11,\"11\";12,\"12\";13,\"13\";14,\"14\";15,\"15\"}))","v":""},"","","",{"$f":"IF(B1320=\"\",\"\",VLOOKUP(M1320,Sections!$A$2:$D$200,3,FALSE))","v":""},{"$f":"IF(B1320=\"\",\"\",VLOOKUP(M1320,Sections!$A$2:$D$200,4,FALSE))","v":""}]
[{"$f":"IF(Start!A1321=\"\",\"\",Start!A1321)","v":""},{"$f":"IF(Start!B1321=\"\",\"\",Start!B1321)","v":""},{"$f":"IF(Start!C1321=\"\",\"\",Start!C1321)","v":""},{"$f":"IF(Start!D1321=\"\",\"\",Start!D1321)","v":""},{"$f":"IF(Start!E1321=\"\",\"\",Start!E1321)","v":""},{"$f":"IF(Start!F1321=\"\",\"\",Start!F1321)","v":""},{"$f":"IF(Start!G1321=\"\",\"\",Start!G1321)","v":""},{"$f":"IF(Start!H1321=\"\",\"\",Start!H1321)","v":""},"",{"$f":"IF(I1321=\"\",\"\",LOOKUP(I1321,{1,\"01\";2,\"02\";3,\"03\";4,\"04\";5,\"05\";6,\"06\";7,\"07\";8,\"08\";9,\"09\";10,\"10\";11,\"11\";12,\"12\";13,\"13\";14,\"14\";15,\"15\"}))","v":""},"","","",{"$f":"IF(B1321=\"\",\"\",VLOOKUP(M1321,Sections!$A$2:$D$200,3,FALSE))","v":""},{"$f":"IF(B1321=\"\",\"\",VLOOKUP(M1321,Sections!$A$2:$D$200,4,FALSE))","v":""}]
[{"$f":"IF(Start!A1322=\"\",\"\",Start!A1322)","v":""},{"$f":"IF(Start!B1322=\"\",\"\",Start!B1322)","v":""},{"$f":"IF(Start!C1322=\"\",\"\",Start!C1322)","v":""},{"$f":"IF(Start!D1322=\"\",\"\",Start!D1322)","v":""},{"$f":"IF(Start!E1322=\"\",\"\",Start!E1322)","v":""},{"$f":"IF(Start!F1322=\"\",\"\",Start!F1322)","v":""},{"$f":"IF(Start!G1322=\"\",\"\",Start!G1322)","v":""},{"$f":"IF(Start!H1322=\"\",\"\",Start!H1322)","v":""},"",{"$f":"IF(I1322=\"\",\"\",LOOKUP(I1322,{1,\"01\";2,\"02\";3,\"03\";4,\"04\";5,\"05\";6,\"06\";7,\"07\";8,\"08\";9,\"09\";10,\"10\";11,\"11\";12,\"12\";13,\"13\";14,\"14\";15,\"15\"}))","v":""},"","","",{"$f":"IF(B1322=\"\",\"\",VLOOKUP(M1322,Sections!$A$2:$D$200,3,FALSE))","v":""},{"$f":"IF(B1322=\"\",\"\",VLOOKUP(M1322,Sections!$A$2:$D$200,4,FALSE))","v":""}]
[{"$f":"IF(Start!A1323=\"\",\"\",Start!A1323)","v":""},{"$f":"IF(Start!B1323=\"\",\"\",Start!B1323)","v":""},{"$f":"IF(Start!C1323=\"\",\"\",Start!C1323)","v":""},{"$f":"IF(Start!D1323=\"\",\"\",Start!D1323)","v":""},{"$f":"IF(Start!E1323=\"\",\"\",Start!E1323)","v":""},{"$f":"IF(Start!F1323=\"\",\"\",Start!F1323)","v":""},{"$f":"IF(Start!G1323=\"\",\"\",Start!G1323)","v":""},{"$f":"IF(Start!H1323=\"\",\"\",Start!H1323)","v":""},"",{"$f":"IF(I1323=\"\",\"\",LOOKUP(I1323,{1,\"01\";2,\"02\";3,\"03\";4,\"04\";5,\"05\";6,\"06\";7,\"07\";8,\"08\";9,\"09\";10,\"10\";11,\"11\";12,\"12\";13,\"13\";14,\"14\";15,\"15\"}))","v":""},"","","",{"$f":"IF(B1323=\"\",\"\",VLOOKUP(M1323,Sections!$A$2:$D$200,3,FALSE))","v":""},{"$f":"IF(B1323=\"\",\"\",VLOOKUP(M1323,Sections!$A$2:$D$200,4,FALSE))","v":""}]
[{"$f":"IF(Start!A1324=\"\",\"\",Start!A1324)","v":""},{"$f":"IF(Start!B1324=\"\",\"\",Start!B1324)","v":""},{"$f":"IF(Start!C1324=\"\",\"\",Start!C1324)","v":""},{"$f":"IF(Start!D1324=\"\",\"\",Start!D1324)","v":""},{"$f":"IF(Start!E1324=\"\",\"\",Start!E1324)","v":""},{"$f":"IF(Start!F1324=\"\",\"\",Start!F1324)","v":""},{"$f":"IF(Start!G1324=\"\",\"\",Start!G1324)","v":""},{"$f":"IF(Start!H1324=\"\",\"\",Start!H1324)","v":""},"",{"$f":"IF(I1324=\"\",\"\",LOOKUP(I1324,{1,\"01\";2,\"02\";3,\"03\";4,\"04\";5,\"05\";6,\"06\";7,\"07\";8,\"08\";9,\"09\";10,\"10\";11,\"11\";12,\"12\";13,\"13\";14,\"14\";15,\"15\"}))","v":""},"","","",{"$f":"IF(B1324=\"\",\"\",VLOOKUP(M1324,Sections!$A$2:$D$200,3,FALSE))","v":""},{"$f":"IF(B1324=\"\",\"\",VLOOKUP(M1324,Sections!$A$2:$D$200,4,FALSE))","v":""}]
[{"$f":"IF(Start!A1325=\"\",\"\",Start!A1325)","v":""},{"$f":"IF(Start!B1325=\"\",\"\",Start!B1325)","v":""},{"$f":"IF(Start!C1325=\"\",\"\",Start!C1325)","v":""},{"$f":"IF(Start!D1325=\"\",\"\",Start!D1325)","v":""},{"$f":"IF(Start!E1325=\"\",\"\",Start!E1325)","v":""},{"$f":"IF(Start!F1325=\"\",\"\",Start!F1325)","v":""},{"$f":"IF(Start!G1325=\"\",\"\",Start!G1325)","v":""},{"$f":"IF(Start!H1325=\"\",\"\",Start!H1325)","v":""},"",{"$f":"IF(I1325=\"\",\"\",LOOKUP(I1325,{1,\"01\";2,\"02\";3,\"03\";4,\"04\";5,\"05\";6,\"06\";7,\"07\";8,\"08\";9,\"09\";10,\"10\";11,\"11\";12,\"12\";13,\"13\";14,\"14\";15,\"15\"}))","v":""},"","","",{"$f":"IF(B1325=\"\",\"\",VLOOKUP(M1325,Sections!$A$2:$D$200,3,FALSE))","v":""},{"$f":"IF(B1325=\"\",\"\",VLOOKUP(M1325,Sections!$A$2:$D$200,4,FALSE))","v":""}]
[{"$f":"IF(Start!A1326=\"\",\"\",Start!A1326)","v":""},{"$f":"IF(Start!B1326=\"\",\"\",Start!B1326)","v":""},{"$f":"IF(Start!C1326=\"\",\"\",Start!C1326)","v":""},{"$f":"IF(Start!D1326=\"\",\"\",Start!D1326)","v":""},{"$f":"IF(Start!E1326=\"\",\"\",Start!E1326)","v":""},{"$f":"IF(Start!F1326=\"\",\"\",Start!F1326)","v":""},{"$f":"IF(Start!G1326=\"\",\"\",Start!G1326)","v":""},{"$f":"IF(Start!H1326=\"\",\"\",Start!H1326)","v":""},"",{"$f":"IF(I1326=\"\",\"\",LOOKUP(I1326,{1,\"01\";2,\"02\";3,\"03\";4,\"04\";5,\"05\";6,\"06\";7,\"07\";8,\"08\";9,\"09\";10,\"10\";11,\"11\";12,\"12\";13,\"13\";14,\"14\";15,\"15\"}))","v":""},"","","",{"$f":"IF(B1326=\"\",\"\",VLOOKUP(M1326,Sections!$A$2:$D$200,3,FALSE))","v":""},{"$f":"IF(B1326=\"\",\"\",VLOOKUP(M1326,Sections!$A$2:$D$200,4,FALSE))","v":""}]
[{"$f":"IF(Start!A1327=\"\",\"\",Start!A1327)","v":""},{"$f":"IF(Start!B1327=\"\",\"\",Start!B1327)","v":""},{"$f":"IF(Start!C1327=\"\",\"\",Start!C1327)","v":""},{"$f":"IF(Start!D1327=\"\",\"\",Start!D1327)","v":""},{"$f":"IF(Start!E1327=\"\",\"\",Start!E1327)","v":""},{"$f":"IF(Start!F1327=\"\",\"\",Start!F1327)","v":""},{"$f":"IF(Start!G1327=\"\",\"\",Start!G1327)","v":""},{"$f":"IF(Start!H1327=\"\",\"\",Start!H1327)","v":""},"",{"$f":"IF(I1327=\"\",\"\",LOOKUP(I1327,{1,\"01\";2,\"02\";3,\"03\";4,\"04\";5,\"05\";6,\"06\";7,\"07\";8,\"08\";9,\"09\";10,\"10\";11,\"11\";12,\"12\";13,\"13\";14,\"14\";15,\"15\"}))","v":""},"","","",{"$f":"IF(B1327=\"\",\"\",VLOOKUP(M1327,Sections!$A$2:$D$200,3,FALSE))","v":""},{"$f":"IF(B1327=\"\",\"\",VLOOKUP(M1327,Sections!$A$2:$D$200,4,FALSE))","v":""}]
[{"$f":"IF(Start!A1328=\"\",\"\",Start!A1328)","v":""},{"$f":"IF(Start!B1328=\"\",\"\",Start!B1328)","v":""},{"$f":"IF(Start!C1328=\"\",\"\",Start!C1328)","v":""},{"$f":"IF(Start!D1328=\"\",\"\",Start!D1328)","v":""},{"$f":"IF(Start!E1328=\"\",\"\",Start!E1328)","v":""},{"$f":"IF(Start!F1328=\"\",\"\",Start!F1328)","v":""},{"$f":"IF(Start!G1328=\"\",\"\",Start!G1328)","v":""},{"$f":"IF(Start!H1328=\"\",\"\",Start!H1328)","v":""},"",{"$f":"IF(I1328=\"\",\"\",LOOKUP(I1328,{1,\"01\";2,\"02\";3,\"03\";4,\"04\";5,\"05\";6,\"06\";7,\"07\";8,\"08\";9,\"09\";10,\"10\";11,\"11\";12,\"12\";13,\"13\";14,\"14\";15,\"15\"}))","v":""},"","","",{"$f":"IF(B1328=\"\",\"\",VLOOKUP(M1328,Sections!$A$2:$D$200,3,FALSE))","v":""},{"$f":"IF(B1328=\"\",\"\",VLOOKUP(M1328,Sections!$A$2:$D$200,4,FALSE))","v":""}]
[{"$f":"IF(Start!A1329=\"\",\"\",Start!A1329)","v":""},{"$f":"IF(Start!B1329=\"\",\"\",Start!B1329)","v":""},{"$f":"IF(Start!C1329=\"\",\"\",Start!C1329)","v":""},{"$f":"IF(Start!D1329=\"\",\"\",Start!D1329)","v":""},{"$f":"IF(Start!E1329=\"\",\"\",Start!E1329)","v":""},{"$f":"IF(Start!F1329=\"\",\"\",Start!F1329)","v":""},{"$f":"IF(Start!G1329=\"\",\"\",Start!G1329)","v":""},{"$f":"IF(Start!H1329=\"\",\"\",Start!H1329)","v":""},"",{"$f":"IF(I1329=\"\",\"\",LOOKUP(I1329,{1,\"01\";2,\"02\";3,\"03\";4,\"04\";5,\"05\";6,\"06\";7,\"07\";8,\"08\";9,\"09\";10,\"10\";11,\"11\";12,\"12\";13,\"13\";14,\"14\";15,\"15\"}))","v":""},"","","",{"$f":"IF(B1329=\"\",\"\",VLOOKUP(M1329,Sections!$A$2:$D$200,3,FALSE))","v":""},{"$f":"IF(B1329=\"\",\"\",VLOOKUP(M1329,Sections!$A$2:$D$200,4,FALSE))","v":""}]
[{"$f":"IF(Start!A1330=\"\",\"\",Start!A1330)","v":""},{"$f":"IF(Start!B1330=\"\",\"\",Start!B1330)","v":""},{"$f":"IF(Start!C1330=\"\",\"\",Start!C1330)","v":""},{"$f":"IF(Start!D1330=\"\",\"\",Start!D1330)","v":""},{"$f":"IF(Start!E1330=\"\",\"\",Start!E1330)","v":""},{"$f":"IF(Start!F1330=\"\",\"\",Start!F1330)","v":""},{"$f":"IF(Start!G1330=\"\",\"\",Start!G1330)","v":""},{"$f":"IF(Start!H1330=\"\",\"\",Start!H1330)","v":""},"",{"$f":"IF(I1330=\"\",\"\",LOOKUP(I1330,{1,\"01\";2,\"02\";3,\"03\";4,\"04\";5,\"05\";6,\"06\";7,\"07\";8,\"08\";9,\"09\";10,\"10\";11,\"11\";12,\"12\";13,\"13\";14,\"14\";15,\"15\"}))","v":""},"","","",{"$f":"IF(B1330=\"\",\"\",VLOOKUP(M1330,Sections!$A$2:$D$200,3,FALSE))","v":""},{"$f":"IF(B1330=\"\",\"\",VLOOKUP(M1330,Sections!$A$2:$D$200,4,FALSE))","v":""}]
[{"$f":"IF(Start!A1331=\"\",\"\",Start!A1331)","v":""},{"$f":"IF(Start!B1331=\"\",\"\",Start!B1331)","v":""},{"$f":"IF(Start!C1331=\"\",\"\",Start!C1331)","v":""},{"$f":"IF(Start!D1331=\"\",\"\",Start!D1331)","v":""},{"$f":"IF(Start!E1331=\"\",\"\",Start!E1331)","v":""},{"$f":"IF(Start!F1331=\"\",\"\",Start!F1331)","v":""},{"$f":"IF(Start!G1331=\"\",\"\",Start!G1331)","v":""},{"$f":"IF(Start!H1331=\"\",\"\",Start!H1331)","v":""},"",{"$f":"IF(I1331=\"\",\"\",LOOKUP(I1331,{1,\"01\";2,\"02\";3,\"03\";4,\"04\";5,\"05\";6,\"06\";7,\"07\";8,\"08\";9,\"09\";10,\"10\";11,\"11\";12,\"12\";13,\"13\";14,\"14\";15,\"15\"}))","v":""},"","","",{"$f":"IF(B1331=\"\",\"\",VLOOKUP(M1331,Sections!$A$2:$D$200,3,FALSE))","v":""},{"$f":"IF(B1331=\"\",\"\",VLOOKUP(M1331,Sections!$A$2:$D$200,4,FALSE))","v":""}]
[{"$f":"IF(Start!A1332=\"\",\"\",Start!A1332)","v":""},{"$f":"IF(Start!B1332=\"\",\"\",Start!B1332)","v":""},{"$f":"IF(Start!C1332=\"\",\"\",Start!C1332)","v":""},{"$f":"IF(Start!D1332=\"\",\"\",Start!D1332)","v":""},{"$f":"IF(Start!E1332=\"\",\"\",Start!E1332)","v":""},{"$f":"IF(Start!F1332=\"\",\"\",Start!F1332)","v":""},{"$f":"IF(Start!G1332=\"\",\"\",Start!G1332)","v":""},{"$f":"IF(Start!H1332=\"\",\"\",Start!H1332)","v":""},"",{"$f":"IF(I1332=\"\",\"\",LOOKUP(I1332,{1,\"01\";2,\"02\";3,\"03\";4,\"04\";5,\"05\";6,\"06\";7,\"07\";8,\"08\";9,\"09\";10,\"10\";11,\"11\";12,\"12\";13,\"13\";14,\"14\";15,\"15\"}))","v":""},"","","",{"$f":"IF(B1332=\"\",\"\",VLOOKUP(M1332,Sections!$A$2:$D$200,3,FALSE))","v":""},{"$f":"IF(B1332=\"\",\"\",VLOOKUP(M1332,Sections!$A$2:$D$200,4,FALSE))","v":""}]
[{"$f":"IF(Start!A1333=\"\",\"\",Start!A1333)","v":""},{"$f":"IF(Start!B1333=\"\",\"\",Start!B1333)","v":""},{"$f":"IF(Start!C1333=\"\",\"\",Start!C1333)","v":""},{"$f":"IF(Start!D1333=\"\",\"\",Start!D1333)","v":""},{"$f":"IF(Start!E1333=\"\",\"\",Start!E1333)","v":""},{"$f":"IF(Start!F1333=\"\",\"\",Start!F1333)","v":""},{"$f":"IF(Start!G1333=\"\",\"\",Start!G1333)","v":""},{"$f":"IF(Start!H1333=\"\",\"\",Start!H1333)","v":""},"",{"$f":"IF(I1333=\"\",\"\",LOOKUP(I1333,{1,\"01\";2,\"02\";3,\"03\";4,\"04\";5,\"05\";6,\"06\";7,\"07\";8,\"08\";9,\"09\";10,\"10\";11,\"11\";12,\"12\";13,\"13\";14,\"14\";15,\"15\"}))","v":""},"","","",{"$f":"IF(B1333=\"\",\"\",VLOOKUP(M1333,Sections!$A$2:$D$200,3,FALSE))","v":""},{"$f":"IF(B1333=\"\",\"\",VLOOKUP(M1333,Sections!$A$2:$D$200,4,FALSE))","v":""}]
[{"$f":"IF(Start!A1334=\"\",\"\",Start!A1334)","v":""},{"$f":"IF(Start!B1334=\"\",\"\",Start!B1334)","v":""},{"$f":"IF(Start!C1334=\"\",\"\",Start!C1334)","v":""},{"$f":"IF(Start!D1334=\"\",\"\",Start!D1334)","v":""},{"$f":"IF(Start!E1334=\"\",\"\",Start!E1334)","v":""},{"$f":"IF(Start!F1334=\"\",\"\",Start!F1334)","v":""},{"$f":"IF(Start!G1334=\"\",\"\",Start!G1334)","v":""},{"$f":"IF(Start!H1334=\"\",\"\",Start!H1334)","v":""},"",{"$f":"IF(I1334=\"\",\"\",LOOKUP(I1334,{1,\"01\";2,\"02\";3,\"03\";4,\"04\";5,\"05\";6,\"06\";7,\"07\";8,\"08\";9,\"09\";10,\"10\";11,\"11\";12,\"12\";13,\"13\";14,\"14\";15,\"15\"}))","v":""},"","","",{"$f":"IF(B1334=\"\",\"\",VLOOKUP(M1334,Sections!$A$2:$D$200,3,FALSE))","v":""},{"$f":"IF(B1334=\"\",\"\",VLOOKUP(M1334,Sections!$A$2:$D$200,4,FALSE))","v":""}]
[{"$f":"IF(Start!A1335=\"\",\"\",Start!A1335)","v":""},{"$f":"IF(Start!B1335=\"\",\"\",Start!B1335)","v":""},{"$f":"IF(Start!C1335=\"\",\"\",Start!C1335)","v":""},{"$f":"IF(Start!D1335=\"\",\"\",Start!D1335)","v":""},{"$f":"IF(Start!E1335=\"\",\"\",Start!E1335)","v":""},{"$f":"IF(Start!F1335=\"\",\"\",Start!F1335)","v":""},{"$f":"IF(Start!G1335=\"\",\"\",Start!G1335)","v":""},{"$f":"IF(Start!H1335=\"\",\"\",Start!H1335)","v":""},"",{"$f":"IF(I1335=\"\",\"\",LOOKUP(I1335,{1,\"01\";2,\"02\";3,\"03\";4,\"04\";5,\"05\";6,\"06\";7,\"07\";8,\"08\";9,\"09\";10,\"10\";11,\"11\";12,\"12\";13,\"13\";14,\"14\";15,\"15\"}))","v":""},"","","",{"$f":"IF(B1335=\"\",\"\",VLOOKUP(M1335,Sections!$A$2:$D$200,3,FALSE))","v":""},{"$f":"IF(B1335=\"\",\"\",VLOOKUP(M1335,Sections!$A$2:$D$200,4,FALSE))","v":""}]
[{"$f":"IF(Start!A1336=\"\",\"\",Start!A1336)","v":""},{"$f":"IF(Start!B1336=\"\",\"\",Start!B1336)","v":""},{"$f":"IF(Start!C1336=\"\",\"\",Start!C1336)","v":""},{"$f":"IF(Start!D1336=\"\",\"\",Start!D1336)","v":""},{"$f":"IF(Start!E1336=\"\",\"\",Start!E1336)","v":""},{"$f":"IF(Start!F1336=\"\",\"\",Start!F1336)","v":""},{"$f":"IF(Start!G1336=\"\",\"\",Start!G1336)","v":""},{"$f":"IF(Start!H1336=\"\",\"\",Start!H1336)","v":""},"",{"$f":"IF(I1336=\"\",\"\",LOOKUP(I1336,{1,\"01\";2,\"02\";3,\"03\";4,\"04\";5,\"05\";6,\"06\";7,\"07\";8,\"08\";9,\"09\";10,\"10\";11,\"11\";12,\"12\";13,\"13\";14,\"14\";15,\"15\"}))","v":""},"","","",{"$f":"IF(B1336=\"\",\"\",VLOOKUP(M1336,Sections!$A$2:$D$200,3,FALSE))","v":""},{"$f":"IF(B1336=\"\",\"\",VLOOKUP(M1336,Sections!$A$2:$D$200,4,FALSE))","v":""}]
[{"$f":"IF(Start!A1337=\"\",\"\",Start!A1337)","v":""},{"$f":"IF(Start!B1337=\"\",\"\",Start!B1337)","v":""},{"$f":"IF(Start!C1337=\"\",\"\",Start!C1337)","v":""},{"$f":"IF(Start!D1337=\"\",\"\",Start!D1337)","v":""},{"$f":"IF(Start!E1337=\"\",\"\",Start!E1337)","v":""},{"$f":"IF(Start!F1337=\"\",\"\",Start!F1337)","v":""},{"$f":"IF(Start!G1337=\"\",\"\",Start!G1337)","v":""},{"$f":"IF(Start!H1337=\"\",\"\",Start!H1337)","v":""},"",{"$f":"IF(I1337=\"\",\"\",LOOKUP(I1337,{1,\"01\";2,\"02\";3,\"03\";4,\"04\";5,\"05\";6,\"06\";7,\"07\";8,\"08\";9,\"09\";10,\"10\";11,\"11\";12,\"12\";13,\"13\";14,\"14\";15,\"15\"}))","v":""},"","","",{"$f":"IF(B1337=\"\",\"\",VLOOKUP(M1337,Sections!$A$2:$D$200,3,FALSE))","v":""},{"$f":"IF(B1337=\"\",\"\",VLOOKUP(M1337,Sections!$A$2:$D$200,4,FALSE))","v":""}]
[{"$f":"IF(Start!A1338=\"\",\"\",Start!A1338)","v":""},{"$f":"IF(Start!B1338=\"\",\"\",Start!B1338)","v":""},{"$f":"IF(Start!C1338=\"\",\"\",Start!C1338)","v":""},{"$f":"IF(Start!D1338=\"\",\"\",Start!D1338)","v":""},{"$f":"IF(Start!E1338=\"\",\"\",Start!E1338)","v":""},{"$f":"IF(Start!F1338=\"\",\"\",Start!F1338)","v":""},{"$f":"IF(Start!G1338=\"\",\"\",Start!G1338)","v":""},{"$f":"IF(Start!H1338=\"\",\"\",Start!H1338)","v":""},"",{"$f":"IF(I1338=\"\",\"\",LOOKUP(I1338,{1,\"01\";2,\"02\";3,\"03\";4,\"04\";5,\"05\";6,\"06\";7,\"07\";8,\"08\";9,\"09\";10,\"10\";11,\"11\";12,\"12\";13,\"13\";14,\"14\";15,\"15\"}))","v":""},"","","",{"$f":"IF(B1338=\"\",\"\",VLOOKUP(M1338,Sections!$A$2:$D$200,3,FALSE))","v":""},{"$f":"IF(B1338=\"\",\"\",VLOOKUP(M1338,Sections!$A$2:$D$200,4,FALSE))","v":""}]
[{"$f":"IF(Start!A1339=\"\",\"\",Start!A1339)","v":""},{"$f":"IF(Start!B1339=\"\",\"\",Start!B1339)","v":""},{"$f":"IF(Start!C1339=\"\",\"\",Start!C1339)","v":""},{"$f":"IF(Start!D1339=\"\",\"\",Start!D1339)","v":""},{"$f":"IF(Start!E1339=\"\",\"\",Start!E1339)","v":""},{"$f":"IF(Start!F1339=\"\",\"\",Start!F1339)","v":""},{"$f":"IF(Start!G1339=\"\",\"\",Start!G1339)","v":""},{"$f":"IF(Start!H1339=\"\",\"\",Start!H1339)","v":""},"",{"$f":"IF(I1339=\"\",\"\",LOOKUP(I1339,{1,\"01\";2,\"02\";3,\"03\";4,\"04\";5,\"05\";6,\"06\";7,\"07\";8,\"08\";9,\"09\";10,\"10\";11,\"11\";12,\"12\";13,\"13\";14,\"14\";15,\"15\"}))","v":""},"","","",{"$f":"IF(B1339=\"\",\"\",VLOOKUP(M1339,Sections!$A$2:$D$200,3,FALSE))","v":""},{"$f":"IF(B1339=\"\",\"\",VLOOKUP(M1339,Sections!$A$2:$D$200,4,FALSE))","v":""}]
[{"$f":"IF(Start!A1340=\"\",\"\",Start!A1340)","v":""},{"$f":"IF(Start!B1340=\"\",\"\",Start!B1340)","v":""},{"$f":"IF(Start!C1340=\"\",\"\",Start!C1340)","v":""},{"$f":"IF(Start!D1340=\"\",\"\",Start!D1340)","v":""},{"$f":"IF(Start!E1340=\"\",\"\",Start!E1340)","v":""},{"$f":"IF(Start!F1340=\"\",\"\",Start!F1340)","v":""},{"$f":"IF(Start!G1340=\"\",\"\",Start!G1340)","v":""},{"$f":"IF(Start!H1340=\"\",\"\",Start!H1340)","v":""},"",{"$f":"IF(I1340=\"\",\"\",LOOKUP(I1340,{1,\"01\";2,\"02\";3,\"03\";4,\"04\";5,\"05\";6,\"06\";7,\"07\";8,\"08\";9,\"09\";10,\"10\";11,\"11\";12,\"12\";13,\"13\";14,\"14\";15,\"15\"}))","v":""},"","","",{"$f":"IF(B1340=\"\",\"\",VLOOKUP(M1340,Sections!$A$2:$D$200,3,FALSE))","v":""},{"$f":"IF(B1340=\"\",\"\",VLOOKUP(M1340,Sections!$A$2:$D$200,4,FALSE))","v":""}]
[{"$f":"IF(Start!A1341=\"\",\"\",Start!A1341)","v":""},{"$f":"IF(Start!B1341=\"\",\"\",Start!B1341)","v":""},{"$f":"IF(Start!C1341=\"\",\"\",Start!C1341)","v":""},{"$f":"IF(Start!D1341=\"\",\"\",Start!D1341)","v":""},{"$f":"IF(Start!E1341=\"\",\"\",Start!E1341)","v":""},{"$f":"IF(Start!F1341=\"\",\"\",Start!F1341)","v":""},{"$f":"IF(Start!G1341=\"\",\"\",Start!G1341)","v":""},{"$f":"IF(Start!H1341=\"\",\"\",Start!H1341)","v":""},"",{"$f":"IF(I1341=\"\",\"\",LOOKUP(I1341,{1,\"01\";2,\"02\";3,\"03\";4,\"04\";5,\"05\";6,\"06\";7,\"07\";8,\"08\";9,\"09\";10,\"10\";11,\"11\";12,\"12\";13,\"13\";14,\"14\";15,\"15\"}))","v":""},"","","",{"$f":"IF(B1341=\"\",\"\",VLOOKUP(M1341,Sections!$A$2:$D$200,3,FALSE))","v":""},{"$f":"IF(B1341=\"\",\"\",VLOOKUP(M1341,Sections!$A$2:$D$200,4,FALSE))","v":""}]
[{"$f":"IF(Start!A1342=\"\",\"\",Start!A1342)","v":""},{"$f":"IF(Start!B1342=\"\",\"\",Start!B1342)","v":""},{"$f":"IF(Start!C1342=\"\",\"\",Start!C1342)","v":""},{"$f":"IF(Start!D1342=\"\",\"\",Start!D1342)","v":""},{"$f":"IF(Start!E1342=\"\",\"\",Start!E1342)","v":""},{"$f":"IF(Start!F1342=\"\",\"\",Start!F1342)","v":""},{"$f":"IF(Start!G1342=\"\",\"\",Start!G1342)","v":""},{"$f":"IF(Start!H1342=\"\",\"\",Start!H1342)","v":""},"",{"$f":"IF(I1342=\"\",\"\",LOOKUP(I1342,{1,\"01\";2,\"02\";3,\"03\";4,\"04\";5,\"05\";6,\"06\";7,\"07\";8,\"08\";9,\"09\";10,\"10\";11,\"11\";12,\"12\";13,\"13\";14,\"14\";15,\"15\"}))","v":""},"","","",{"$f":"IF(B1342=\"\",\"\",VLOOKUP(M1342,Sections!$A$2:$D$200,3,FALSE))","v":""},{"$f":"IF(B1342=\"\",\"\",VLOOKUP(M1342,Sections!$A$2:$D$200,4,FALSE))","v":""}]
[{"$f":"IF(Start!A1343=\"\",\"\",Start!A1343)","v":""},{"$f":"IF(Start!B1343=\"\",\"\",Start!B1343)","v":""},{"$f":"IF(Start!C1343=\"\",\"\",Start!C1343)","v":""},{"$f":"IF(Start!D1343=\"\",\"\",Start!D1343)","v":""},{"$f":"IF(Start!E1343=\"\",\"\",Start!E1343)","v":""},{"$f":"IF(Start!F1343=\"\",\"\",Start!F1343)","v":""},{"$f":"IF(Start!G1343=\"\",\"\",Start!G1343)","v":""},{"$f":"IF(Start!H1343=\"\",\"\",Start!H1343)","v":""},"",{"$f":"IF(I1343=\"\",\"\",LOOKUP(I1343,{1,\"01\";2,\"02\";3,\"03\";4,\"04\";5,\"05\";6,\"06\";7,\"07\";8,\"08\";9,\"09\";10,\"10\";11,\"11\";12,\"12\";13,\"13\";14,\"14\";15,\"15\"}))","v":""},"","","",{"$f":"IF(B1343=\"\",\"\",VLOOKUP(M1343,Sections!$A$2:$D$200,3,FALSE))","v":""},{"$f":"IF(B1343=\"\",\"\",VLOOKUP(M1343,Sections!$A$2:$D$200,4,FALSE))","v":""}]
[{"$f":"IF(Start!A1344=\"\",\"\",Start!A1344)","v":""},{"$f":"IF(Start!B1344=\"\",\"\",Start!B1344)","v":""},{"$f":"IF(Start!C1344=\"\",\"\",Start!C1344)","v":""},{"$f":"IF(Start!D1344=\"\",\"\",Start!D1344)","v":""},{"$f":"IF(Start!E1344=\"\",\"\",Start!E1344)","v":""},{"$f":"IF(Start!F1344=\"\",\"\",Start!F1344)","v":""},{"$f":"IF(Start!G1344=\"\",\"\",Start!G1344)","v":""},{"$f":"IF(Start!H1344=\"\",\"\",Start!H1344)","v":""},"",{"$f":"IF(I1344=\"\",\"\",LOOKUP(I1344,{1,\"01\";2,\"02\";3,\"03\";4,\"04\";5,\"05\";6,\"06\";7,\"07\";8,\"08\";9,\"09\";10,\"10\";11,\"11\";12,\"12\";13,\"13\";14,\"14\";15,\"15\"}))","v":""},"","","",{"$f":"IF(B1344=\"\",\"\",VLOOKUP(M1344,Sections!$A$2:$D$200,3,FALSE))","v":""},{"$f":"IF(B1344=\"\",\"\",VLOOKUP(M1344,Sections!$A$2:$D$200,4,FALSE))","v":""}]
[{"$f":"IF(Start!A1345=\"\",\"\",Start!A1345)","v":""},{"$f":"IF(Start!B1345=\"\",\"\",Start!B1345)","v":""},{"$f":"IF(Start!C1345=\"\",\"\",Start!C1345)","v":""},{"$f":"IF(Start!D1345=\"\",\"\",Start!D1345)","v":""},{"$f":"IF(Start!E1345=\"\",\"\",Start!E1345)","v":""},{"$f":"IF(Start!F1345=\"\",\"\",Start!F1345)","v":""},{"$f":"IF(Start!G1345=\"\",\"\",Start!G1345)","v":""},{"$f":"IF(Start!H1345=\"\",\"\",Start!H1345)","v":""},"",{"$f":"IF(I1345=\"\",\"\",LOOKUP(I1345,{1,\"01\";2,\"02\";3,\"03\";4,\"04\";5,\"05\";6,\"06\";7,\"07\";8,\"08\";9,\"09\";10,\"10\";11,\"11\";12,\"12\";13,\"13\";14,\"14\";15,\"15\"}))","v":""},"","","",{"$f":"IF(B1345=\"\",\"\",VLOOKUP(M1345,Sections!$A$2:$D$200,3,FALSE))","v":""},{"$f":"IF(B1345=\"\",\"\",VLOOKUP(M1345,Sections!$A$2:$D$200,4,FALSE))","v":""}]
[{"$f":"IF(Start!A1346=\"\",\"\",Start!A1346)","v":""},{"$f":"IF(Start!B1346=\"\",\"\",Start!B1346)","v":""},{"$f":"IF(Start!C1346=\"\",\"\",Start!C1346)","v":""},{"$f":"IF(Start!D1346=\"\",\"\",Start!D1346)","v":""},{"$f":"IF(Start!E1346=\"\",\"\",Start!E1346)","v":""},{"$f":"IF(Start!F1346=\"\",\"\",Start!F1346)","v":""},{"$f":"IF(Start!G1346=\"\",\"\",Start!G1346)","v":""},{"$f":"IF(Start!H1346=\"\",\"\",Start!H1346)","v":""},"",{"$f":"IF(I1346=\"\",\"\",LOOKUP(I1346,{1,\"01\";2,\"02\";3,\"03\";4,\"04\";5,\"05\";6,\"06\";7,\"07\";8,\"08\";9,\"09\";10,\"10\";11,\"11\";12,\"12\";13,\"13\";14,\"14\";15,\"15\"}))","v":""},"","","",{"$f":"IF(B1346=\"\",\"\",VLOOKUP(M1346,Sections!$A$2:$D$200,3,FALSE))","v":""},{"$f":"IF(B1346=\"\",\"\",VLOOKUP(M1346,Sections!$A$2:$D$200,4,FALSE))","v":""}]
[{"$f":"IF(Start!A1347=\"\",\"\",Start!A1347)","v":""},{"$f":"IF(Start!B1347=\"\",\"\",Start!B1347)","v":""},{"$f":"IF(Start!C1347=\"\",\"\",Start!C1347)","v":""},{"$f":"IF(Start!D1347=\"\",\"\",Start!D1347)","v":""},{"$f":"IF(Start!E1347=\"\",\"\",Start!E1347)","v":""},{"$f":"IF(Start!F1347=\"\",\"\",Start!F1347)","v":""},{"$f":"IF(Start!G1347=\"\",\"\",Start!G1347)","v":""},{"$f":"IF(Start!H1347=\"\",\"\",Start!H1347)","v":""},{"$f":"IF(AND(A1347=\"\",B1347=\"\",C1347=\"\"),\"\",IF(AND(A1347<>\"\",B1347=\"\",G1347=0,H1347=0),D1347,I1346))","v":""},{"$f":"IF(I1347=\"\",\"\",LOOKUP(I1347,{1,\"01\";2,\"02\";3,\"03\";4,\"04\";5,\"05\";6,\"06\";7,\"07\";8,\"08\";9,\"09\";10,\"10\";11,\"11\";12,\"12\";13,\"13\";14,\"14\";15,\"15\"}))","v":""},{"$f":"IF(AND(A1347<>\"\",B1347=\"\"),J1347&\". \"&PROPER(C1347),IF(AND(A1347=\"\",B1347<>\"\"),PROPER(K1346),\"\"))","v":""},{"$f":"IF(B1347=\"\",\"\",LEFT(B1347,1)*100)","v":""},{"$f":"IF(B1347=\"\",\"\",LEFT(B1347,3)*1)","v":""},{"$f":"IF(B1347=\"\",\"\",VLOOKUP(M1347,Sections!$A$2:$D$200,3,FALSE))","v":""},{"$f":"IF(B1347=\"\",\"\",VLOOKUP(M1347,Sections!$A$2:$D$200,4,FALSE))","v":""}]
[{"$f":"IF(Start!A1348=\"\",\"\",Start!A1348)","v":""},{"$f":"IF(Start!B1348=\"\",\"\",Start!B1348)","v":""},{"$f":"IF(Start!C1348=\"\",\"\",Start!C1348)","v":""},{"$f":"IF(Start!D1348=\"\",\"\",Start!D1348)","v":""},{"$f":"IF(Start!E1348=\"\",\"\",Start!E1348)","v":""},{"$f":"IF(Start!F1348=\"\",\"\",Start!F1348)","v":""},{"$f":"IF(Start!G1348=\"\",\"\",Start!G1348)","v":""},{"$f":"IF(Start!H1348=\"\",\"\",Start!H1348)","v":""},"",{"$f":"IF(I1348=\"\",\"\",LOOKUP(I1348,{1,\"01\";2,\"02\";3,\"03\";4,\"04\";5,\"05\";6,\"06\";7,\"07\";8,\"08\";9,\"09\";10,\"10\";11,\"11\";12,\"12\";13,\"13\";14,\"14\";15,\"15\"}))","v":""},"","","",{"$f":"IF(B1348=\"\",\"\",VLOOKUP(M1348,Sections!$A$2:$D$200,3,FALSE))","v":""},{"$f":"IF(B1348=\"\",\"\",VLOOKUP(M1348,Sections!$A$2:$D$200,4,FALSE))","v":""}]
[{"$f":"IF(Start!A1349=\"\",\"\",Start!A1349)","v":""},{"$f":"IF(Start!B1349=\"\",\"\",Start!B1349)","v":""},{"$f":"IF(Start!C1349=\"\",\"\",Start!C1349)","v":""},{"$f":"IF(Start!D1349=\"\",\"\",Start!D1349)","v":""},{"$f":"IF(Start!E1349=\"\",\"\",Start!E1349)","v":""},{"$f":"IF(Start!F1349=\"\",\"\",Start!F1349)","v":""},{"$f":"IF(Start!G1349=\"\",\"\",Start!G1349)","v":""},{"$f":"IF(Start!H1349=\"\",\"\",Start!H1349)","v":""},"",{"$f":"IF(I1349=\"\",\"\",LOOKUP(I1349,{1,\"01\";2,\"02\";3,\"03\";4,\"04\";5,\"05\";6,\"06\";7,\"07\";8,\"08\";9,\"09\";10,\"10\";11,\"11\";12,\"12\";13,\"13\";14,\"14\";15,\"15\"}))","v":""},"","","",{"$f":"IF(B1349=\"\",\"\",VLOOKUP(M1349,Sections!$A$2:$D$200,3,FALSE))","v":""},{"$f":"IF(B1349=\"\",\"\",VLOOKUP(M1349,Sections!$A$2:$D$200,4,FALSE))","v":""}]
[{"$f":"IF(Start!A1350=\"\",\"\",Start!A1350)","v":""},{"$f":"IF(Start!B1350=\"\",\"\",Start!B1350)","v":""},{"$f":"IF(Start!C1350=\"\",\"\",Start!C1350)","v":""},{"$f":"IF(Start!D1350=\"\",\"\",Start!D1350)","v":""},{"$f":"IF(Start!E1350=\"\",\"\",Start!E1350)","v":""},{"$f":"IF(Start!F1350=\"\",\"\",Start!F1350)","v":""},{"$f":"IF(Start!G1350=\"\",\"\",Start!G1350)","v":""},{"$f":"IF(Start!H1350=\"\",\"\",Start!H1350)","v":""},"",{"$f":"IF(I1350=\"\",\"\",LOOKUP(I1350,{1,\"01\";2,\"02\";3,\"03\";4,\"04\";5,\"05\";6,\"06\";7,\"07\";8,\"08\";9,\"09\";10,\"10\";11,\"11\";12,\"12\";13,\"13\";14,\"14\";15,\"15\"}))","v":""},"","","",{"$f":"IF(B1350=\"\",\"\",VLOOKUP(M1350,Sections!$A$2:$D$200,3,FALSE))","v":""},{"$f":"IF(B1350=\"\",\"\",VLOOKUP(M1350,Sections!$A$2:$D$200,4,FALSE))","v":""}]
[{"$f":"IF(Start!A1351=\"\",\"\",Start!A1351)","v":""},{"$f":"IF(Start!B1351=\"\",\"\",Start!B1351)","v":""},{"$f":"IF(Start!C1351=\"\",\"\",Start!C1351)","v":""},{"$f":"IF(Start!D1351=\"\",\"\",Start!D1351)","v":""},{"$f":"IF(Start!E1351=\"\",\"\",Start!E1351)","v":""},{"$f":"IF(Start!F1351=\"\",\"\",Start!F1351)","v":""},{"$f":"IF(Start!G1351=\"\",\"\",Start!G1351)","v":""},{"$f":"IF(Start!H1351=\"\",\"\",Start!H1351)","v":""},"",{"$f":"IF(I1351=\"\",\"\",LOOKUP(I1351,{1,\"01\";2,\"02\";3,\"03\";4,\"04\";5,\"05\";6,\"06\";7,\"07\";8,\"08\";9,\"09\";10,\"10\";11,\"11\";12,\"12\";13,\"13\";14,\"14\";15,\"15\"}))","v":""},"","","",{"$f":"IF(B1351=\"\",\"\",VLOOKUP(M1351,Sections!$A$2:$D$200,3,FALSE))","v":""},{"$f":"IF(B1351=\"\",\"\",VLOOKUP(M1351,Sections!$A$2:$D$200,4,FALSE))","v":""}]
[{"$f":"IF(Start!A1352=\"\",\"\",Start!A1352)","v":""},{"$f":"IF(Start!B1352=\"\",\"\",Start!B1352)","v":""},{"$f":"IF(Start!C1352=\"\",\"\",Start!C1352)","v":""},{"$f":"IF(Start!D1352=\"\",\"\",Start!D1352)","v":""},{"$f":"IF(Start!E1352=\"\",\"\",Start!E1352)","v":""},{"$f":"IF(Start!F1352=\"\",\"\",Start!F1352)","v":""},{"$f":"IF(Start!G1352=\"\",\"\",Start!G1352)","v":""},{"$f":"IF(Start!H1352=\"\",\"\",Start!H1352)","v":""},"",{"$f":"IF(I1352=\"\",\"\",LOOKUP(I1352,{1,\"01\";2,\"02\";3,\"03\";4,\"04\";5,\"05\";6,\"06\";7,\"07\";8,\"08\";9,\"09\";10,\"10\";11,\"11\";12,\"12\";13,\"13\";14,\"14\";15,\"15\"}))","v":""},"","","",{"$f":"IF(B1352=\"\",\"\",VLOOKUP(M1352,Sections!$A$2:$D$200,3,FALSE))","v":""},{"$f":"IF(B1352=\"\",\"\",VLOOKUP(M1352,Sections!$A$2:$D$200,4,FALSE))","v":""}]
[{"$f":"IF(Start!A1353=\"\",\"\",Start!A1353)","v":""},{"$f":"IF(Start!B1353=\"\",\"\",Start!B1353)","v":""},{"$f":"IF(Start!C1353=\"\",\"\",Start!C1353)","v":""},{"$f":"IF(Start!D1353=\"\",\"\",Start!D1353)","v":""},{"$f":"IF(Start!E1353=\"\",\"\",Start!E1353)","v":""},{"$f":"IF(Start!F1353=\"\",\"\",Start!F1353)","v":""},{"$f":"IF(Start!G1353=\"\",\"\",Start!G1353)","v":""},{"$f":"IF(Start!H1353=\"\",\"\",Start!H1353)","v":""},"",{"$f":"IF(I1353=\"\",\"\",LOOKUP(I1353,{1,\"01\";2,\"02\";3,\"03\";4,\"04\";5,\"05\";6,\"06\";7,\"07\";8,\"08\";9,\"09\";10,\"10\";11,\"11\";12,\"12\";13,\"13\";14,\"14\";15,\"15\"}))","v":""},"","","",{"$f":"IF(B1353=\"\",\"\",VLOOKUP(M1353,Sections!$A$2:$D$200,3,FALSE))","v":""},{"$f":"IF(B1353=\"\",\"\",VLOOKUP(M1353,Sections!$A$2:$D$200,4,FALSE))","v":""}]
[{"$f":"IF(Start!A1354=\"\",\"\",Start!A1354)","v":""},{"$f":"IF(Start!B1354=\"\",\"\",Start!B1354)","v":""},{"$f":"IF(Start!C1354=\"\",\"\",Start!C1354)","v":""},{"$f":"IF(Start!D1354=\"\",\"\",Start!D1354)","v":""},{"$f":"IF(Start!E1354=\"\",\"\",Start!E1354)","v":""},{"$f":"IF(Start!F1354=\"\",\"\",Start!F1354)","v":""},{"$f":"IF(Start!G1354=\"\",\"\",Start!G1354)","v":""},{"$f":"IF(Start!H1354=\"\",\"\",Start!H1354)","v":""},"",{"$f":"IF(I1354=\"\",\"\",LOOKUP(I1354,{1,\"01\";2,\"02\";3,\"03\";4,\"04\";5,\"05\";6,\"06\";7,\"07\";8,\"08\";9,\"09\";10,\"10\";11,\"11\";12,\"12\";13,\"13\";14,\"14\";15,\"15\"}))","v":""},"","","",{"$f":"IF(B1354=\"\",\"\",VLOOKUP(M1354,Sections!$A$2:$D$200,3,FALSE))","v":""},{"$f":"IF(B1354=\"\",\"\",VLOOKUP(M1354,Sections!$A$2:$D$200,4,FALSE))","v":""}]
[{"$f":"IF(Start!A1355=\"\",\"\",Start!A1355)","v":""},{"$f":"IF(Start!B1355=\"\",\"\",Start!B1355)","v":""},{"$f":"IF(Start!C1355=\"\",\"\",Start!C1355)","v":""},{"$f":"IF(Start!D1355=\"\",\"\",Start!D1355)","v":""},{"$f":"IF(Start!E1355=\"\",\"\",Start!E1355)","v":""},{"$f":"IF(Start!F1355=\"\",\"\",Start!F1355)","v":""},{"$f":"IF(Start!G1355=\"\",\"\",Start!G1355)","v":""},{"$f":"IF(Start!H1355=\"\",\"\",Start!H1355)","v":""},"",{"$f":"IF(I1355=\"\",\"\",LOOKUP(I1355,{1,\"01\";2,\"02\";3,\"03\";4,\"04\";5,\"05\";6,\"06\";7,\"07\";8,\"08\";9,\"09\";10,\"10\";11,\"11\";12,\"12\";13,\"13\";14,\"14\";15,\"15\"}))","v":""},"","","",{"$f":"IF(B1355=\"\",\"\",VLOOKUP(M1355,Sections!$A$2:$D$200,3,FALSE))","v":""},{"$f":"IF(B1355=\"\",\"\",VLOOKUP(M1355,Sections!$A$2:$D$200,4,FALSE))","v":""}]
[{"$f":"IF(Start!A1356=\"\",\"\",Start!A1356)","v":""},{"$f":"IF(Start!B1356=\"\",\"\",Start!B1356)","v":""},{"$f":"IF(Start!C1356=\"\",\"\",Start!C1356)","v":""},{"$f":"IF(Start!D1356=\"\",\"\",Start!D1356)","v":""},{"$f":"IF(Start!E1356=\"\",\"\",Start!E1356)","v":""},{"$f":"IF(Start!F1356=\"\",\"\",Start!F1356)","v":""},{"$f":"IF(Start!G1356=\"\",\"\",Start!G1356)","v":""},{"$f":"IF(Start!H1356=\"\",\"\",Start!H1356)","v":""},"",{"$f":"IF(I1356=\"\",\"\",LOOKUP(I1356,{1,\"01\";2,\"02\";3,\"03\";4,\"04\";5,\"05\";6,\"06\";7,\"07\";8,\"08\";9,\"09\";10,\"10\";11,\"11\";12,\"12\";13,\"13\";14,\"14\";15,\"15\"}))","v":""},"","","",{"$f":"IF(B1356=\"\",\"\",VLOOKUP(M1356,Sections!$A$2:$D$200,3,FALSE))","v":""},{"$f":"IF(B1356=\"\",\"\",VLOOKUP(M1356,Sections!$A$2:$D$200,4,FALSE))","v":""}]
[{"$f":"IF(Start!A1357=\"\",\"\",Start!A1357)","v":""},{"$f":"IF(Start!B1357=\"\",\"\",Start!B1357)","v":""},{"$f":"IF(Start!C1357=\"\",\"\",Start!C1357)","v":""},{"$f":"IF(Start!D1357=\"\",\"\",Start!D1357)","v":""},{"$f":"IF(Start!E1357=\"\",\"\",Start!E1357)","v":""},{"$f":"IF(Start!F1357=\"\",\"\",Start!F1357)","v":""},{"$f":"IF(Start!G1357=\"\",\"\",Start!G1357)","v":""},{"$f":"IF(Start!H1357=\"\",\"\",Start!H1357)","v":""},"",{"$f":"IF(I1357=\"\",\"\",LOOKUP(I1357,{1,\"01\";2,\"02\";3,\"03\";4,\"04\";5,\"05\";6,\"06\";7,\"07\";8,\"08\";9,\"09\";10,\"10\";11,\"11\";12,\"12\";13,\"13\";14,\"14\";15,\"15\"}))","v":""},"","","",{"$f":"IF(B1357=\"\",\"\",VLOOKUP(M1357,Sections!$A$2:$D$200,3,FALSE))","v":""},{"$f":"IF(B1357=\"\",\"\",VLOOKUP(M1357,Sections!$A$2:$D$200,4,FALSE))","v":""}]
[{"$f":"IF(Start!A1358=\"\",\"\",Start!A1358)","v":""},{"$f":"IF(Start!B1358=\"\",\"\",Start!B1358)","v":""},{"$f":"IF(Start!C1358=\"\",\"\",Start!C1358)","v":""},{"$f":"IF(Start!D1358=\"\",\"\",Start!D1358)","v":""},{"$f":"IF(Start!E1358=\"\",\"\",Start!E1358)","v":""},{"$f":"IF(Start!F1358=\"\",\"\",Start!F1358)","v":""},{"$f":"IF(Start!G1358=\"\",\"\",Start!G1358)","v":""},{"$f":"IF(Start!H1358=\"\",\"\",Start!H1358)","v":""},"",{"$f":"IF(I1358=\"\",\"\",LOOKUP(I1358,{1,\"01\";2,\"02\";3,\"03\";4,\"04\";5,\"05\";6,\"06\";7,\"07\";8,\"08\";9,\"09\";10,\"10\";11,\"11\";12,\"12\";13,\"13\";14,\"14\";15,\"15\"}))","v":""},"","","",{"$f":"IF(B1358=\"\",\"\",VLOOKUP(M1358,Sections!$A$2:$D$200,3,FALSE))","v":""},{"$f":"IF(B1358=\"\",\"\",VLOOKUP(M1358,Sections!$A$2:$D$200,4,FALSE))","v":""}]
[{"$f":"IF(Start!A1359=\"\",\"\",Start!A1359)","v":""},{"$f":"IF(Start!B1359=\"\",\"\",Start!B1359)","v":""},{"$f":"IF(Start!C1359=\"\",\"\",Start!C1359)","v":""},{"$f":"IF(Start!D1359=\"\",\"\",Start!D1359)","v":""},{"$f":"IF(Start!E1359=\"\",\"\",Start!E1359)","v":""},{"$f":"IF(Start!F1359=\"\",\"\",Start!F1359)","v":""},{"$f":"IF(Start!G1359=\"\",\"\",Start!G1359)","v":""},{"$f":"IF(Start!H1359=\"\",\"\",Start!H1359)","v":""},"",{"$f":"IF(I1359=\"\",\"\",LOOKUP(I1359,{1,\"01\";2,\"02\";3,\"03\";4,\"04\";5,\"05\";6,\"06\";7,\"07\";8,\"08\";9,\"09\";10,\"10\";11,\"11\";12,\"12\";13,\"13\";14,\"14\";15,\"15\"}))","v":""},"","","",{"$f":"IF(B1359=\"\",\"\",VLOOKUP(M1359,Sections!$A$2:$D$200,3,FALSE))","v":""},{"$f":"IF(B1359=\"\",\"\",VLOOKUP(M1359,Sections!$A$2:$D$200,4,FALSE))","v":""}]
[{"$f":"IF(Start!A1360=\"\",\"\",Start!A1360)","v":""},{"$f":"IF(Start!B1360=\"\",\"\",Start!B1360)","v":""},{"$f":"IF(Start!C1360=\"\",\"\",Start!C1360)","v":""},{"$f":"IF(Start!D1360=\"\",\"\",Start!D1360)","v":""},{"$f":"IF(Start!E1360=\"\",\"\",Start!E1360)","v":""},{"$f":"IF(Start!F1360=\"\",\"\",Start!F1360)","v":""},{"$f":"IF(Start!G1360=\"\",\"\",Start!G1360)","v":""},{"$f":"IF(Start!H1360=\"\",\"\",Start!H1360)","v":""},"",{"$f":"IF(I1360=\"\",\"\",LOOKUP(I1360,{1,\"01\";2,\"02\";3,\"03\";4,\"04\";5,\"05\";6,\"06\";7,\"07\";8,\"08\";9,\"09\";10,\"10\";11,\"11\";12,\"12\";13,\"13\";14,\"14\";15,\"15\"}))","v":""},"","","",{"$f":"IF(B1360=\"\",\"\",VLOOKUP(M1360,Sections!$A$2:$D$200,3,FALSE))","v":""},{"$f":"IF(B1360=\"\",\"\",VLOOKUP(M1360,Sections!$A$2:$D$200,4,FALSE))","v":""}]
[{"$f":"IF(Start!A1361=\"\",\"\",Start!A1361)","v":""},{"$f":"IF(Start!B1361=\"\",\"\",Start!B1361)","v":""},{"$f":"IF(Start!C1361=\"\",\"\",Start!C1361)","v":""},{"$f":"IF(Start!D1361=\"\",\"\",Start!D1361)","v":""},{"$f":"IF(Start!E1361=\"\",\"\",Start!E1361)","v":""},{"$f":"IF(Start!F1361=\"\",\"\",Start!F1361)","v":""},{"$f":"IF(Start!G1361=\"\",\"\",Start!G1361)","v":""},{"$f":"IF(Start!H1361=\"\",\"\",Start!H1361)","v":""},"",{"$f":"IF(I1361=\"\",\"\",LOOKUP(I1361,{1,\"01\";2,\"02\";3,\"03\";4,\"04\";5,\"05\";6,\"06\";7,\"07\";8,\"08\";9,\"09\";10,\"10\";11,\"11\";12,\"12\";13,\"13\";14,\"14\";15,\"15\"}))","v":""},"","","",{"$f":"IF(B1361=\"\",\"\",VLOOKUP(M1361,Sections!$A$2:$D$200,3,FALSE))","v":""},{"$f":"IF(B1361=\"\",\"\",VLOOKUP(M1361,Sections!$A$2:$D$200,4,FALSE))","v":""}]
[{"$f":"IF(Start!A1362=\"\",\"\",Start!A1362)","v":""},{"$f":"IF(Start!B1362=\"\",\"\",Start!B1362)","v":""},{"$f":"IF(Start!C1362=\"\",\"\",Start!C1362)","v":""},{"$f":"IF(Start!D1362=\"\",\"\",Start!D1362)","v":""},{"$f":"IF(Start!E1362=\"\",\"\",Start!E1362)","v":""},{"$f":"IF(Start!F1362=\"\",\"\",Start!F1362)","v":""},{"$f":"IF(Start!G1362=\"\",\"\",Start!G1362)","v":""},{"$f":"IF(Start!H1362=\"\",\"\",Start!H1362)","v":""},"",{"$f":"IF(I1362=\"\",\"\",LOOKUP(I1362,{1,\"01\";2,\"02\";3,\"03\";4,\"04\";5,\"05\";6,\"06\";7,\"07\";8,\"08\";9,\"09\";10,\"10\";11,\"11\";12,\"12\";13,\"13\";14,\"14\";15,\"15\"}))","v":""},"","","",{"$f":"IF(B1362=\"\",\"\",VLOOKUP(M1362,Sections!$A$2:$D$200,3,FALSE))","v":""},{"$f":"IF(B1362=\"\",\"\",VLOOKUP(M1362,Sections!$A$2:$D$200,4,FALSE))","v":""}]
[{"$f":"IF(Start!A1363=\"\",\"\",Start!A1363)","v":""},{"$f":"IF(Start!B1363=\"\",\"\",Start!B1363)","v":""},{"$f":"IF(Start!C1363=\"\",\"\",Start!C1363)","v":""},{"$f":"IF(Start!D1363=\"\",\"\",Start!D1363)","v":""},{"$f":"IF(Start!E1363=\"\",\"\",Start!E1363)","v":""},{"$f":"IF(Start!F1363=\"\",\"\",Start!F1363)","v":""},{"$f":"IF(Start!G1363=\"\",\"\",Start!G1363)","v":""},{"$f":"IF(Start!H1363=\"\",\"\",Start!H1363)","v":""},"",{"$f":"IF(I1363=\"\",\"\",LOOKUP(I1363,{1,\"01\";2,\"02\";3,\"03\";4,\"04\";5,\"05\";6,\"06\";7,\"07\";8,\"08\";9,\"09\";10,\"10\";11,\"11\";12,\"12\";13,\"13\";14,\"14\";15,\"15\"}))","v":""},"","","",{"$f":"IF(B1363=\"\",\"\",VLOOKUP(M1363,Sections!$A$2:$D$200,3,FALSE))","v":""},{"$f":"IF(B1363=\"\",\"\",VLOOKUP(M1363,Sections!$A$2:$D$200,4,FALSE))","v":""}]
[{"$f":"IF(Start!A1364=\"\",\"\",Start!A1364)","v":""},{"$f":"IF(Start!B1364=\"\",\"\",Start!B1364)","v":""},{"$f":"IF(Start!C1364=\"\",\"\",Start!C1364)","v":""},{"$f":"IF(Start!D1364=\"\",\"\",Start!D1364)","v":""},{"$f":"IF(Start!E1364=\"\",\"\",Start!E1364)","v":""},{"$f":"IF(Start!F1364=\"\",\"\",Start!F1364)","v":""},{"$f":"IF(Start!G1364=\"\",\"\",Start!G1364)","v":""},{"$f":"IF(Start!H1364=\"\",\"\",Start!H1364)","v":""},"",{"$f":"IF(I1364=\"\",\"\",LOOKUP(I1364,{1,\"01\";2,\"02\";3,\"03\";4,\"04\";5,\"05\";6,\"06\";7,\"07\";8,\"08\";9,\"09\";10,\"10\";11,\"11\";12,\"12\";13,\"13\";14,\"14\";15,\"15\"}))","v":""},"","","",{"$f":"IF(B1364=\"\",\"\",VLOOKUP(M1364,Sections!$A$2:$D$200,3,FALSE))","v":""},{"$f":"IF(B1364=\"\",\"\",VLOOKUP(M1364,Sections!$A$2:$D$200,4,FALSE))","v":""}]
[{"$f":"IF(Start!A1365=\"\",\"\",Start!A1365)","v":""},{"$f":"IF(Start!B1365=\"\",\"\",Start!B1365)","v":""},{"$f":"IF(Start!C1365=\"\",\"\",Start!C1365)","v":""},{"$f":"IF(Start!D1365=\"\",\"\",Start!D1365)","v":""},{"$f":"IF(Start!E1365=\"\",\"\",Start!E1365)","v":""},{"$f":"IF(Start!F1365=\"\",\"\",Start!F1365)","v":""},{"$f":"IF(Start!G1365=\"\",\"\",Start!G1365)","v":""},{"$f":"IF(Start!H1365=\"\",\"\",Start!H1365)","v":""},"",{"$f":"IF(I1365=\"\",\"\",LOOKUP(I1365,{1,\"01\";2,\"02\";3,\"03\";4,\"04\";5,\"05\";6,\"06\";7,\"07\";8,\"08\";9,\"09\";10,\"10\";11,\"11\";12,\"12\";13,\"13\";14,\"14\";15,\"15\"}))","v":""},"","","",{"$f":"IF(B1365=\"\",\"\",VLOOKUP(M1365,Sections!$A$2:$D$200,3,FALSE))","v":""},{"$f":"IF(B1365=\"\",\"\",VLOOKUP(M1365,Sections!$A$2:$D$200,4,FALSE))","v":""}]
[{"$f":"IF(Start!A1366=\"\",\"\",Start!A1366)","v":""},{"$f":"IF(Start!B1366=\"\",\"\",Start!B1366)","v":""},{"$f":"IF(Start!C1366=\"\",\"\",Start!C1366)","v":""},{"$f":"IF(Start!D1366=\"\",\"\",Start!D1366)","v":""},{"$f":"IF(Start!E1366=\"\",\"\",Start!E1366)","v":""},{"$f":"IF(Start!F1366=\"\",\"\",Start!F1366)","v":""},{"$f":"IF(Start!G1366=\"\",\"\",Start!G1366)","v":""},{"$f":"IF(Start!H1366=\"\",\"\",Start!H1366)","v":""},"",{"$f":"IF(I1366=\"\",\"\",LOOKUP(I1366,{1,\"01\";2,\"02\";3,\"03\";4,\"04\";5,\"05\";6,\"06\";7,\"07\";8,\"08\";9,\"09\";10,\"10\";11,\"11\";12,\"12\";13,\"13\";14,\"14\";15,\"15\"}))","v":""},"","","",{"$f":"IF(B1366=\"\",\"\",VLOOKUP(M1366,Sections!$A$2:$D$200,3,FALSE))","v":""},{"$f":"IF(B1366=\"\",\"\",VLOOKUP(M1366,Sections!$A$2:$D$200,4,FALSE))","v":""}]
[{"$f":"IF(Start!A1367=\"\",\"\",Start!A1367)","v":""},{"$f":"IF(Start!B1367=\"\",\"\",Start!B1367)","v":""},{"$f":"IF(Start!C1367=\"\",\"\",Start!C1367)","v":""},{"$f":"IF(Start!D1367=\"\",\"\",Start!D1367)","v":""},{"$f":"IF(Start!E1367=\"\",\"\",Start!E1367)","v":""},{"$f":"IF(Start!F1367=\"\",\"\",Start!F1367)","v":""},{"$f":"IF(Start!G1367=\"\",\"\",Start!G1367)","v":""},{"$f":"IF(Start!H1367=\"\",\"\",Start!H1367)","v":""},"",{"$f":"IF(I1367=\"\",\"\",LOOKUP(I1367,{1,\"01\";2,\"02\";3,\"03\";4,\"04\";5,\"05\";6,\"06\";7,\"07\";8,\"08\";9,\"09\";10,\"10\";11,\"11\";12,\"12\";13,\"13\";14,\"14\";15,\"15\"}))","v":""},"","","",{"$f":"IF(B1367=\"\",\"\",VLOOKUP(M1367,Sections!$A$2:$D$200,3,FALSE))","v":""},{"$f":"IF(B1367=\"\",\"\",VLOOKUP(M1367,Sections!$A$2:$D$200,4,FALSE))","v":""}]
[{"$f":"IF(Start!A1368=\"\",\"\",Start!A1368)","v":""},{"$f":"IF(Start!B1368=\"\",\"\",Start!B1368)","v":""},{"$f":"IF(Start!C1368=\"\",\"\",Start!C1368)","v":""},{"$f":"IF(Start!D1368=\"\",\"\",Start!D1368)","v":""},{"$f":"IF(Start!E1368=\"\",\"\",Start!E1368)","v":""},{"$f":"IF(Start!F1368=\"\",\"\",Start!F1368)","v":""},{"$f":"IF(Start!G1368=\"\",\"\",Start!G1368)","v":""},{"$f":"IF(Start!H1368=\"\",\"\",Start!H1368)","v":""},"",{"$f":"IF(I1368=\"\",\"\",LOOKUP(I1368,{1,\"01\";2,\"02\";3,\"03\";4,\"04\";5,\"05\";6,\"06\";7,\"07\";8,\"08\";9,\"09\";10,\"10\";11,\"11\";12,\"12\";13,\"13\";14,\"14\";15,\"15\"}))","v":""},"","","",{"$f":"IF(B1368=\"\",\"\",VLOOKUP(M1368,Sections!$A$2:$D$200,3,FALSE))","v":""},{"$f":"IF(B1368=\"\",\"\",VLOOKUP(M1368,Sections!$A$2:$D$200,4,FALSE))","v":""}]
[{"$f":"IF(Start!A1369=\"\",\"\",Start!A1369)","v":""},{"$f":"IF(Start!B1369=\"\",\"\",Start!B1369)","v":""},{"$f":"IF(Start!C1369=\"\",\"\",Start!C1369)","v":""},{"$f":"IF(Start!D1369=\"\",\"\",Start!D1369)","v":""},{"$f":"IF(Start!E1369=\"\",\"\",Start!E1369)","v":""},{"$f":"IF(Start!F1369=\"\",\"\",Start!F1369)","v":""},{"$f":"IF(Start!G1369=\"\",\"\",Start!G1369)","v":""},{"$f":"IF(Start!H1369=\"\",\"\",Start!H1369)","v":""},"",{"$f":"IF(I1369=\"\",\"\",LOOKUP(I1369,{1,\"01\";2,\"02\";3,\"03\";4,\"04\";5,\"05\";6,\"06\";7,\"07\";8,\"08\";9,\"09\";10,\"10\";11,\"11\";12,\"12\";13,\"13\";14,\"14\";15,\"15\"}))","v":""},"","","",{"$f":"IF(B1369=\"\",\"\",VLOOKUP(M1369,Sections!$A$2:$D$200,3,FALSE))","v":""},{"$f":"IF(B1369=\"\",\"\",VLOOKUP(M1369,Sections!$A$2:$D$200,4,FALSE))","v":""}]
[{"$f":"IF(Start!A1370=\"\",\"\",Start!A1370)","v":""},{"$f":"IF(Start!B1370=\"\",\"\",Start!B1370)","v":""},{"$f":"IF(Start!C1370=\"\",\"\",Start!C1370)","v":""},{"$f":"IF(Start!D1370=\"\",\"\",Start!D1370)","v":""},{"$f":"IF(Start!E1370=\"\",\"\",Start!E1370)","v":""},{"$f":"IF(Start!F1370=\"\",\"\",Start!F1370)","v":""},{"$f":"IF(Start!G1370=\"\",\"\",Start!G1370)","v":""},{"$f":"IF(Start!H1370=\"\",\"\",Start!H1370)","v":""},"",{"$f":"IF(I1370=\"\",\"\",LOOKUP(I1370,{1,\"01\";2,\"02\";3,\"03\";4,\"04\";5,\"05\";6,\"06\";7,\"07\";8,\"08\";9,\"09\";10,\"10\";11,\"11\";12,\"12\";13,\"13\";14,\"14\";15,\"15\"}))","v":""},"","","",{"$f":"IF(B1370=\"\",\"\",VLOOKUP(M1370,Sections!$A$2:$D$200,3,FALSE))","v":""},{"$f":"IF(B1370=\"\",\"\",VLOOKUP(M1370,Sections!$A$2:$D$200,4,FALSE))","v":""}]
[{"$f":"IF(Start!A1371=\"\",\"\",Start!A1371)","v":""},{"$f":"IF(Start!B1371=\"\",\"\",Start!B1371)","v":""},{"$f":"IF(Start!C1371=\"\",\"\",Start!C1371)","v":""},{"$f":"IF(Start!D1371=\"\",\"\",Start!D1371)","v":""},{"$f":"IF(Start!E1371=\"\",\"\",Start!E1371)","v":""},{"$f":"IF(Start!F1371=\"\",\"\",Start!F1371)","v":""},{"$f":"IF(Start!G1371=\"\",\"\",Start!G1371)","v":""},{"$f":"IF(Start!H1371=\"\",\"\",Start!H1371)","v":""},"",{"$f":"IF(I1371=\"\",\"\",LOOKUP(I1371,{1,\"01\";2,\"02\";3,\"03\";4,\"04\";5,\"05\";6,\"06\";7,\"07\";8,\"08\";9,\"09\";10,\"10\";11,\"11\";12,\"12\";13,\"13\";14,\"14\";15,\"15\"}))","v":""},"","","",{"$f":"IF(B1371=\"\",\"\",VLOOKUP(M1371,Sections!$A$2:$D$200,3,FALSE))","v":""},{"$f":"IF(B1371=\"\",\"\",VLOOKUP(M1371,Sections!$A$2:$D$200,4,FALSE))","v":""}]
[{"$f":"IF(Start!A1372=\"\",\"\",Start!A1372)","v":""},{"$f":"IF(Start!B1372=\"\",\"\",Start!B1372)","v":""},{"$f":"IF(Start!C1372=\"\",\"\",Start!C1372)","v":""},{"$f":"IF(Start!D1372=\"\",\"\",Start!D1372)","v":""},{"$f":"IF(Start!E1372=\"\",\"\",Start!E1372)","v":""},{"$f":"IF(Start!F1372=\"\",\"\",Start!F1372)","v":""},{"$f":"IF(Start!G1372=\"\",\"\",Start!G1372)","v":""},{"$f":"IF(Start!H1372=\"\",\"\",Start!H1372)","v":""},"",{"$f":"IF(I1372=\"\",\"\",LOOKUP(I1372,{1,\"01\";2,\"02\";3,\"03\";4,\"04\";5,\"05\";6,\"06\";7,\"07\";8,\"08\";9,\"09\";10,\"10\";11,\"11\";12,\"12\";13,\"13\";14,\"14\";15,\"15\"}))","v":""},"","","",{"$f":"IF(B1372=\"\",\"\",VLOOKUP(M1372,Sections!$A$2:$D$200,3,FALSE))","v":""},{"$f":"IF(B1372=\"\",\"\",VLOOKUP(M1372,Sections!$A$2:$D$200,4,FALSE))","v":""}]
[{"$f":"IF(Start!A1373=\"\",\"\",Start!A1373)","v":""},{"$f":"IF(Start!B1373=\"\",\"\",Start!B1373)","v":""},{"$f":"IF(Start!C1373=\"\",\"\",Start!C1373)","v":""},{"$f":"IF(Start!D1373=\"\",\"\",Start!D1373)","v":""},{"$f":"IF(Start!E1373=\"\",\"\",Start!E1373)","v":""},{"$f":"IF(Start!F1373=\"\",\"\",Start!F1373)","v":""},{"$f":"IF(Start!G1373=\"\",\"\",Start!G1373)","v":""},{"$f":"IF(Start!H1373=\"\",\"\",Start!H1373)","v":""},"",{"$f":"IF(I1373=\"\",\"\",LOOKUP(I1373,{1,\"01\";2,\"02\";3,\"03\";4,\"04\";5,\"05\";6,\"06\";7,\"07\";8,\"08\";9,\"09\";10,\"10\";11,\"11\";12,\"12\";13,\"13\";14,\"14\";15,\"15\"}))","v":""},"","","",{"$f":"IF(B1373=\"\",\"\",VLOOKUP(M1373,Sections!$A$2:$D$200,3,FALSE))","v":""},{"$f":"IF(B1373=\"\",\"\",VLOOKUP(M1373,Sections!$A$2:$D$200,4,FALSE))","v":""}]
[{"$f":"IF(Start!A1374=\"\",\"\",Start!A1374)","v":""},{"$f":"IF(Start!B1374=\"\",\"\",Start!B1374)","v":""},{"$f":"IF(Start!C1374=\"\",\"\",Start!C1374)","v":""},{"$f":"IF(Start!D1374=\"\",\"\",Start!D1374)","v":""},{"$f":"IF(Start!E1374=\"\",\"\",Start!E1374)","v":""},{"$f":"IF(Start!F1374=\"\",\"\",Start!F1374)","v":""},{"$f":"IF(Start!G1374=\"\",\"\",Start!G1374)","v":""},{"$f":"IF(Start!H1374=\"\",\"\",Start!H1374)","v":""},"",{"$f":"IF(I1374=\"\",\"\",LOOKUP(I1374,{1,\"01\";2,\"02\";3,\"03\";4,\"04\";5,\"05\";6,\"06\";7,\"07\";8,\"08\";9,\"09\";10,\"10\";11,\"11\";12,\"12\";13,\"13\";14,\"14\";15,\"15\"}))","v":""},"","","",{"$f":"IF(B1374=\"\",\"\",VLOOKUP(M1374,Sections!$A$2:$D$200,3,FALSE))","v":""},{"$f":"IF(B1374=\"\",\"\",VLOOKUP(M1374,Sections!$A$2:$D$200,4,FALSE))","v":""}]
[{"$f":"IF(Start!A1375=\"\",\"\",Start!A1375)","v":""},{"$f":"IF(Start!B1375=\"\",\"\",Start!B1375)","v":""},{"$f":"IF(Start!C1375=\"\",\"\",Start!C1375)","v":""},{"$f":"IF(Start!D1375=\"\",\"\",Start!D1375)","v":""},{"$f":"IF(Start!E1375=\"\",\"\",Start!E1375)","v":""},{"$f":"IF(Start!F1375=\"\",\"\",Start!F1375)","v":""},{"$f":"IF(Start!G1375=\"\",\"\",Start!G1375)","v":""},{"$f":"IF(Start!H1375=\"\",\"\",Start!H1375)","v":""},"",{"$f":"IF(I1375=\"\",\"\",LOOKUP(I1375,{1,\"01\";2,\"02\";3,\"03\";4,\"04\";5,\"05\";6,\"06\";7,\"07\";8,\"08\";9,\"09\";10,\"10\";11,\"11\";12,\"12\";13,\"13\";14,\"14\";15,\"15\"}))","v":""},"","","",{"$f":"IF(B1375=\"\",\"\",VLOOKUP(M1375,Sections!$A$2:$D$200,3,FALSE))","v":""},{"$f":"IF(B1375=\"\",\"\",VLOOKUP(M1375,Sections!$A$2:$D$200,4,FALSE))","v":""}]
[{"$f":"IF(Start!A1376=\"\",\"\",Start!A1376)","v":""},{"$f":"IF(Start!B1376=\"\",\"\",Start!B1376)","v":""},{"$f":"IF(Start!C1376=\"\",\"\",Start!C1376)","v":""},{"$f":"IF(Start!D1376=\"\",\"\",Start!D1376)","v":""},{"$f":"IF(Start!E1376=\"\",\"\",Start!E1376)","v":""},{"$f":"IF(Start!F1376=\"\",\"\",Start!F1376)","v":""},{"$f":"IF(Start!G1376=\"\",\"\",Start!G1376)","v":""},{"$f":"IF(Start!H1376=\"\",\"\",Start!H1376)","v":""},"",{"$f":"IF(I1376=\"\",\"\",LOOKUP(I1376,{1,\"01\";2,\"02\";3,\"03\";4,\"04\";5,\"05\";6,\"06\";7,\"07\";8,\"08\";9,\"09\";10,\"10\";11,\"11\";12,\"12\";13,\"13\";14,\"14\";15,\"15\"}))","v":""},"","","",{"$f":"IF(B1376=\"\",\"\",VLOOKUP(M1376,Sections!$A$2:$D$200,3,FALSE))","v":""},{"$f":"IF(B1376=\"\",\"\",VLOOKUP(M1376,Sections!$A$2:$D$200,4,FALSE))","v":""}]
[{"$f":"IF(Start!A1377=\"\",\"\",Start!A1377)","v":""},{"$f":"IF(Start!B1377=\"\",\"\",Start!B1377)","v":""},{"$f":"IF(Start!C1377=\"\",\"\",Start!C1377)","v":""},{"$f":"IF(Start!D1377=\"\",\"\",Start!D1377)","v":""},{"$f":"IF(Start!E1377=\"\",\"\",Start!E1377)","v":""},{"$f":"IF(Start!F1377=\"\",\"\",Start!F1377)","v":""},{"$f":"IF(Start!G1377=\"\",\"\",Start!G1377)","v":""},{"$f":"IF(Start!H1377=\"\",\"\",Start!H1377)","v":""},"",{"$f":"IF(I1377=\"\",\"\",LOOKUP(I1377,{1,\"01\";2,\"02\";3,\"03\";4,\"04\";5,\"05\";6,\"06\";7,\"07\";8,\"08\";9,\"09\";10,\"10\";11,\"11\";12,\"12\";13,\"13\";14,\"14\";15,\"15\"}))","v":""},"","","",{"$f":"IF(B1377=\"\",\"\",VLOOKUP(M1377,Sections!$A$2:$D$200,3,FALSE))","v":""},{"$f":"IF(B1377=\"\",\"\",VLOOKUP(M1377,Sections!$A$2:$D$200,4,FALSE))","v":""}]
[{"$f":"IF(Start!A1378=\"\",\"\",Start!A1378)","v":""},{"$f":"IF(Start!B1378=\"\",\"\",Start!B1378)","v":""},{"$f":"IF(Start!C1378=\"\",\"\",Start!C1378)","v":""},{"$f":"IF(Start!D1378=\"\",\"\",Start!D1378)","v":""},{"$f":"IF(Start!E1378=\"\",\"\",Start!E1378)","v":""},{"$f":"IF(Start!F1378=\"\",\"\",Start!F1378)","v":""},{"$f":"IF(Start!G1378=\"\",\"\",Start!G1378)","v":""},{"$f":"IF(Start!H1378=\"\",\"\",Start!H1378)","v":""},"",{"$f":"IF(I1378=\"\",\"\",LOOKUP(I1378,{1,\"01\";2,\"02\";3,\"03\";4,\"04\";5,\"05\";6,\"06\";7,\"07\";8,\"08\";9,\"09\";10,\"10\";11,\"11\";12,\"12\";13,\"13\";14,\"14\";15,\"15\"}))","v":""},"","","",{"$f":"IF(B1378=\"\",\"\",VLOOKUP(M1378,Sections!$A$2:$D$200,3,FALSE))","v":""},{"$f":"IF(B1378=\"\",\"\",VLOOKUP(M1378,Sections!$A$2:$D$200,4,FALSE))","v":""}]
[{"$f":"IF(Start!A1379=\"\",\"\",Start!A1379)","v":""},{"$f":"IF(Start!B1379=\"\",\"\",Start!B1379)","v":""},{"$f":"IF(Start!C1379=\"\",\"\",Start!C1379)","v":""},{"$f":"IF(Start!D1379=\"\",\"\",Start!D1379)","v":""},{"$f":"IF(Start!E1379=\"\",\"\",Start!E1379)","v":""},{"$f":"IF(Start!F1379=\"\",\"\",Start!F1379)","v":""},{"$f":"IF(Start!G1379=\"\",\"\",Start!G1379)","v":""},{"$f":"IF(Start!H1379=\"\",\"\",Start!H1379)","v":""},"",{"$f":"IF(I1379=\"\",\"\",LOOKUP(I1379,{1,\"01\";2,\"02\";3,\"03\";4,\"04\";5,\"05\";6,\"06\";7,\"07\";8,\"08\";9,\"09\";10,\"10\";11,\"11\";12,\"12\";13,\"13\";14,\"14\";15,\"15\"}))","v":""},"","","",{"$f":"IF(B1379=\"\",\"\",VLOOKUP(M1379,Sections!$A$2:$D$200,3,FALSE))","v":""},{"$f":"IF(B1379=\"\",\"\",VLOOKUP(M1379,Sections!$A$2:$D$200,4,FALSE))","v":""}]
[{"$f":"IF(Start!A1380=\"\",\"\",Start!A1380)","v":""},{"$f":"IF(Start!B1380=\"\",\"\",Start!B1380)","v":""},{"$f":"IF(Start!C1380=\"\",\"\",Start!C1380)","v":""},{"$f":"IF(Start!D1380=\"\",\"\",Start!D1380)","v":""},{"$f":"IF(Start!E1380=\"\",\"\",Start!E1380)","v":""},{"$f":"IF(Start!F1380=\"\",\"\",Start!F1380)","v":""},{"$f":"IF(Start!G1380=\"\",\"\",Start!G1380)","v":""},{"$f":"IF(Start!H1380=\"\",\"\",Start!H1380)","v":""},"",{"$f":"IF(I1380=\"\",\"\",LOOKUP(I1380,{1,\"01\";2,\"02\";3,\"03\";4,\"04\";5,\"05\";6,\"06\";7,\"07\";8,\"08\";9,\"09\";10,\"10\";11,\"11\";12,\"12\";13,\"13\";14,\"14\";15,\"15\"}))","v":""},"","","",{"$f":"IF(B1380=\"\",\"\",VLOOKUP(M1380,Sections!$A$2:$D$200,3,FALSE))","v":""},{"$f":"IF(B1380=\"\",\"\",VLOOKUP(M1380,Sections!$A$2:$D$200,4,FALSE))","v":""}]
[{"$f":"IF(Start!A1381=\"\",\"\",Start!A1381)","v":""},{"$f":"IF(Start!B1381=\"\",\"\",Start!B1381)","v":""},{"$f":"IF(Start!C1381=\"\",\"\",Start!C1381)","v":""},{"$f":"IF(Start!D1381=\"\",\"\",Start!D1381)","v":""},{"$f":"IF(Start!E1381=\"\",\"\",Start!E1381)","v":""},{"$f":"IF(Start!F1381=\"\",\"\",Start!F1381)","v":""},{"$f":"IF(Start!G1381=\"\",\"\",Start!G1381)","v":""},{"$f":"IF(Start!H1381=\"\",\"\",Start!H1381)","v":""},"",{"$f":"IF(I1381=\"\",\"\",LOOKUP(I1381,{1,\"01\";2,\"02\";3,\"03\";4,\"04\";5,\"05\";6,\"06\";7,\"07\";8,\"08\";9,\"09\";10,\"10\";11,\"11\";12,\"12\";13,\"13\";14,\"14\";15,\"15\"}))","v":""},"","","",{"$f":"IF(B1381=\"\",\"\",VLOOKUP(M1381,Sections!$A$2:$D$200,3,FALSE))","v":""},{"$f":"IF(B1381=\"\",\"\",VLOOKUP(M1381,Sections!$A$2:$D$200,4,FALSE))","v":""}]
[{"$f":"IF(Start!A1382=\"\",\"\",Start!A1382)","v":""},{"$f":"IF(Start!B1382=\"\",\"\",Start!B1382)","v":""},{"$f":"IF(Start!C1382=\"\",\"\",Start!C1382)","v":""},{"$f":"IF(Start!D1382=\"\",\"\",Start!D1382)","v":""},{"$f":"IF(Start!E1382=\"\",\"\",Start!E1382)","v":""},{"$f":"IF(Start!F1382=\"\",\"\",Start!F1382)","v":""},{"$f":"IF(Start!G1382=\"\",\"\",Start!G1382)","v":""},{"$f":"IF(Start!H1382=\"\",\"\",Start!H1382)","v":""},"",{"$f":"IF(I1382=\"\",\"\",LOOKUP(I1382,{1,\"01\";2,\"02\";3,\"03\";4,\"04\";5,\"05\";6,\"06\";7,\"07\";8,\"08\";9,\"09\";10,\"10\";11,\"11\";12,\"12\";13,\"13\";14,\"14\";15,\"15\"}))","v":""},"","","",{"$f":"IF(B1382=\"\",\"\",VLOOKUP(M1382,Sections!$A$2:$D$200,3,FALSE))","v":""},{"$f":"IF(B1382=\"\",\"\",VLOOKUP(M1382,Sections!$A$2:$D$200,4,FALSE))","v":""}]
[{"$f":"IF(Start!A1383=\"\",\"\",Start!A1383)","v":""},{"$f":"IF(Start!B1383=\"\",\"\",Start!B1383)","v":""},{"$f":"IF(Start!C1383=\"\",\"\",Start!C1383)","v":""},{"$f":"IF(Start!D1383=\"\",\"\",Start!D1383)","v":""},{"$f":"IF(Start!E1383=\"\",\"\",Start!E1383)","v":""},{"$f":"IF(Start!F1383=\"\",\"\",Start!F1383)","v":""},{"$f":"IF(Start!G1383=\"\",\"\",Start!G1383)","v":""},{"$f":"IF(Start!H1383=\"\",\"\",Start!H1383)","v":""},"",{"$f":"IF(I1383=\"\",\"\",LOOKUP(I1383,{1,\"01\";2,\"02\";3,\"03\";4,\"04\";5,\"05\";6,\"06\";7,\"07\";8,\"08\";9,\"09\";10,\"10\";11,\"11\";12,\"12\";13,\"13\";14,\"14\";15,\"15\"}))","v":""},"","","",{"$f":"IF(B1383=\"\",\"\",VLOOKUP(M1383,Sections!$A$2:$D$200,3,FALSE))","v":""},{"$f":"IF(B1383=\"\",\"\",VLOOKUP(M1383,Sections!$A$2:$D$200,4,FALSE))","v":""}]
[{"$f":"IF(Start!A1384=\"\",\"\",Start!A1384)","v":""},{"$f":"IF(Start!B1384=\"\",\"\",Start!B1384)","v":""},{"$f":"IF(Start!C1384=\"\",\"\",Start!C1384)","v":""},{"$f":"IF(Start!D1384=\"\",\"\",Start!D1384)","v":""},{"$f":"IF(Start!E1384=\"\",\"\",Start!E1384)","v":""},{"$f":"IF(Start!F1384=\"\",\"\",Start!F1384)","v":""},{"$f":"IF(Start!G1384=\"\",\"\",Start!G1384)","v":""},{"$f":"IF(Start!H1384=\"\",\"\",Start!H1384)","v":""},"",{"$f":"IF(I1384=\"\",\"\",LOOKUP(I1384,{1,\"01\";2,\"02\";3,\"03\";4,\"04\";5,\"05\";6,\"06\";7,\"07\";8,\"08\";9,\"09\";10,\"10\";11,\"11\";12,\"12\";13,\"13\";14,\"14\";15,\"15\"}))","v":""},"","","",{"$f":"IF(B1384=\"\",\"\",VLOOKUP(M1384,Sections!$A$2:$D$200,3,FALSE))","v":""},{"$f":"IF(B1384=\"\",\"\",VLOOKUP(M1384,Sections!$A$2:$D$200,4,FALSE))","v":""}]
[{"$f":"IF(Start!A1385=\"\",\"\",Start!A1385)","v":""},{"$f":"IF(Start!B1385=\"\",\"\",Start!B1385)","v":""},{"$f":"IF(Start!C1385=\"\",\"\",Start!C1385)","v":""},{"$f":"IF(Start!D1385=\"\",\"\",Start!D1385)","v":""},{"$f":"IF(Start!E1385=\"\",\"\",Start!E1385)","v":""},{"$f":"IF(Start!F1385=\"\",\"\",Start!F1385)","v":""},{"$f":"IF(Start!G1385=\"\",\"\",Start!G1385)","v":""},{"$f":"IF(Start!H1385=\"\",\"\",Start!H1385)","v":""},"",{"$f":"IF(I1385=\"\",\"\",LOOKUP(I1385,{1,\"01\";2,\"02\";3,\"03\";4,\"04\";5,\"05\";6,\"06\";7,\"07\";8,\"08\";9,\"09\";10,\"10\";11,\"11\";12,\"12\";13,\"13\";14,\"14\";15,\"15\"}))","v":""},"","","",{"$f":"IF(B1385=\"\",\"\",VLOOKUP(M1385,Sections!$A$2:$D$200,3,FALSE))","v":""},{"$f":"IF(B1385=\"\",\"\",VLOOKUP(M1385,Sections!$A$2:$D$200,4,FALSE))","v":""}]
[{"$f":"IF(Start!A1386=\"\",\"\",Start!A1386)","v":""},{"$f":"IF(Start!B1386=\"\",\"\",Start!B1386)","v":""},{"$f":"IF(Start!C1386=\"\",\"\",Start!C1386)","v":""},{"$f":"IF(Start!D1386=\"\",\"\",Start!D1386)","v":""},{"$f":"IF(Start!E1386=\"\",\"\",Start!E1386)","v":""},{"$f":"IF(Start!F1386=\"\",\"\",Start!F1386)","v":""},{"$f":"IF(Start!G1386=\"\",\"\",Start!G1386)","v":""},{"$f":"IF(Start!H1386=\"\",\"\",Start!H1386)","v":""},"",{"$f":"IF(I1386=\"\",\"\",LOOKUP(I1386,{1,\"01\";2,\"02\";3,\"03\";4,\"04\";5,\"05\";6,\"06\";7,\"07\";8,\"08\";9,\"09\";10,\"10\";11,\"11\";12,\"12\";13,\"13\";14,\"14\";15,\"15\"}))","v":""},"","","",{"$f":"IF(B1386=\"\",\"\",VLOOKUP(M1386,Sections!$A$2:$D$200,3,FALSE))","v":""},{"$f":"IF(B1386=\"\",\"\",VLOOKUP(M1386,Sections!$A$2:$D$200,4,FALSE))","v":""}]
[{"$f":"IF(Start!A1387=\"\",\"\",Start!A1387)","v":""},{"$f":"IF(Start!B1387=\"\",\"\",Start!B1387)","v":""},{"$f":"IF(Start!C1387=\"\",\"\",Start!C1387)","v":""},{"$f":"IF(Start!D1387=\"\",\"\",Start!D1387)","v":""},{"$f":"IF(Start!E1387=\"\",\"\",Start!E1387)","v":""},{"$f":"IF(Start!F1387=\"\",\"\",Start!F1387)","v":""},{"$f":"IF(Start!G1387=\"\",\"\",Start!G1387)","v":""},{"$f":"IF(Start!H1387=\"\",\"\",Start!H1387)","v":""},"",{"$f":"IF(I1387=\"\",\"\",LOOKUP(I1387,{1,\"01\";2,\"02\";3,\"03\";4,\"04\";5,\"05\";6,\"06\";7,\"07\";8,\"08\";9,\"09\";10,\"10\";11,\"11\";12,\"12\";13,\"13\";14,\"14\";15,\"15\"}))","v":""},"","","",{"$f":"IF(B1387=\"\",\"\",VLOOKUP(M1387,Sections!$A$2:$D$200,3,FALSE))","v":""},{"$f":"IF(B1387=\"\",\"\",VLOOKUP(M1387,Sections!$A$2:$D$200,4,FALSE))","v":""}]
[{"$f":"IF(Start!A1388=\"\",\"\",Start!A1388)","v":""},{"$f":"IF(Start!B1388=\"\",\"\",Start!B1388)","v":""},{"$f":"IF(Start!C1388=\"\",\"\",Start!C1388)","v":""},{"$f":"IF(Start!D1388=\"\",\"\",Start!D1388)","v":""},{"$f":"IF(Start!E1388=\"\",\"\",Start!E1388)","v":""},{"$f":"IF(Start!F1388=\"\",\"\",Start!F1388)","v":""},{"$f":"IF(Start!G1388=\"\",\"\",Start!G1388)","v":""},{"$f":"IF(Start!H1388=\"\",\"\",Start!H1388)","v":""},"",{"$f":"IF(I1388=\"\",\"\",LOOKUP(I1388,{1,\"01\";2,\"02\";3,\"03\";4,\"04\";5,\"05\";6,\"06\";7,\"07\";8,\"08\";9,\"09\";10,\"10\";11,\"11\";12,\"12\";13,\"13\";14,\"14\";15,\"15\"}))","v":""},"","","",{"$f":"IF(B1388=\"\",\"\",VLOOKUP(M1388,Sections!$A$2:$D$200,3,FALSE))","v":""},{"$f":"IF(B1388=\"\",\"\",VLOOKUP(M1388,Sections!$A$2:$D$200,4,FALSE))","v":""}]
[{"$f":"IF(Start!A1389=\"\",\"\",Start!A1389)","v":""},{"$f":"IF(Start!B1389=\"\",\"\",Start!B1389)","v":""},{"$f":"IF(Start!C1389=\"\",\"\",Start!C1389)","v":""},{"$f":"IF(Start!D1389=\"\",\"\",Start!D1389)","v":""},{"$f":"IF(Start!E1389=\"\",\"\",Start!E1389)","v":""},{"$f":"IF(Start!F1389=\"\",\"\",Start!F1389)","v":""},{"$f":"IF(Start!G1389=\"\",\"\",Start!G1389)","v":""},{"$f":"IF(Start!H1389=\"\",\"\",Start!H1389)","v":""},"",{"$f":"IF(I1389=\"\",\"\",LOOKUP(I1389,{1,\"01\";2,\"02\";3,\"03\";4,\"04\";5,\"05\";6,\"06\";7,\"07\";8,\"08\";9,\"09\";10,\"10\";11,\"11\";12,\"12\";13,\"13\";14,\"14\";15,\"15\"}))","v":""},"","","",{"$f":"IF(B1389=\"\",\"\",VLOOKUP(M1389,Sections!$A$2:$D$200,3,FALSE))","v":""},{"$f":"IF(B1389=\"\",\"\",VLOOKUP(M1389,Sections!$A$2:$D$200,4,FALSE))","v":""}]
[{"$f":"IF(Start!A1390=\"\",\"\",Start!A1390)","v":""},{"$f":"IF(Start!B1390=\"\",\"\",Start!B1390)","v":""},{"$f":"IF(Start!C1390=\"\",\"\",Start!C1390)","v":""},{"$f":"IF(Start!D1390=\"\",\"\",Start!D1390)","v":""},{"$f":"IF(Start!E1390=\"\",\"\",Start!E1390)","v":""},{"$f":"IF(Start!F1390=\"\",\"\",Start!F1390)","v":""},{"$f":"IF(Start!G1390=\"\",\"\",Start!G1390)","v":""},{"$f":"IF(Start!H1390=\"\",\"\",Start!H1390)","v":""},"",{"$f":"IF(I1390=\"\",\"\",LOOKUP(I1390,{1,\"01\";2,\"02\";3,\"03\";4,\"04\";5,\"05\";6,\"06\";7,\"07\";8,\"08\";9,\"09\";10,\"10\";11,\"11\";12,\"12\";13,\"13\";14,\"14\";15,\"15\"}))","v":""},"","","",{"$f":"IF(B1390=\"\",\"\",VLOOKUP(M1390,Sections!$A$2:$D$200,3,FALSE))","v":""},{"$f":"IF(B1390=\"\",\"\",VLOOKUP(M1390,Sections!$A$2:$D$200,4,FALSE))","v":""}]
[{"$f":"IF(Start!A1391=\"\",\"\",Start!A1391)","v":""},{"$f":"IF(Start!B1391=\"\",\"\",Start!B1391)","v":""},{"$f":"IF(Start!C1391=\"\",\"\",Start!C1391)","v":""},{"$f":"IF(Start!D1391=\"\",\"\",Start!D1391)","v":""},{"$f":"IF(Start!E1391=\"\",\"\",Start!E1391)","v":""},{"$f":"IF(Start!F1391=\"\",\"\",Start!F1391)","v":""},{"$f":"IF(Start!G1391=\"\",\"\",Start!G1391)","v":""},{"$f":"IF(Start!H1391=\"\",\"\",Start!H1391)","v":""},"",{"$f":"IF(I1391=\"\",\"\",LOOKUP(I1391,{1,\"01\";2,\"02\";3,\"03\";4,\"04\";5,\"05\";6,\"06\";7,\"07\";8,\"08\";9,\"09\";10,\"10\";11,\"11\";12,\"12\";13,\"13\";14,\"14\";15,\"15\"}))","v":""},"","","",{"$f":"IF(B1391=\"\",\"\",VLOOKUP(M1391,Sections!$A$2:$D$200,3,FALSE))","v":""},{"$f":"IF(B1391=\"\",\"\",VLOOKUP(M1391,Sections!$A$2:$D$200,4,FALSE))","v":""}]
[{"$f":"IF(Start!A1392=\"\",\"\",Start!A1392)","v":""},{"$f":"IF(Start!B1392=\"\",\"\",Start!B1392)","v":""},{"$f":"IF(Start!C1392=\"\",\"\",Start!C1392)","v":""},{"$f":"IF(Start!D1392=\"\",\"\",Start!D1392)","v":""},{"$f":"IF(Start!E1392=\"\",\"\",Start!E1392)","v":""},{"$f":"IF(Start!F1392=\"\",\"\",Start!F1392)","v":""},{"$f":"IF(Start!G1392=\"\",\"\",Start!G1392)","v":""},{"$f":"IF(Start!H1392=\"\",\"\",Start!H1392)","v":""},"",{"$f":"IF(I1392=\"\",\"\",LOOKUP(I1392,{1,\"01\";2,\"02\";3,\"03\";4,\"04\";5,\"05\";6,\"06\";7,\"07\";8,\"08\";9,\"09\";10,\"10\";11,\"11\";12,\"12\";13,\"13\";14,\"14\";15,\"15\"}))","v":""},"","","",{"$f":"IF(B1392=\"\",\"\",VLOOKUP(M1392,Sections!$A$2:$D$200,3,FALSE))","v":""},{"$f":"IF(B1392=\"\",\"\",VLOOKUP(M1392,Sections!$A$2:$D$200,4,FALSE))","v":""}]
[{"$f":"IF(Start!A1393=\"\",\"\",Start!A1393)","v":""},{"$f":"IF(Start!B1393=\"\",\"\",Start!B1393)","v":""},{"$f":"IF(Start!C1393=\"\",\"\",Start!C1393)","v":""},{"$f":"IF(Start!D1393=\"\",\"\",Start!D1393)","v":""},{"$f":"IF(Start!E1393=\"\",\"\",Start!E1393)","v":""},{"$f":"IF(Start!F1393=\"\",\"\",Start!F1393)","v":""},{"$f":"IF(Start!G1393=\"\",\"\",Start!G1393)","v":""},{"$f":"IF(Start!H1393=\"\",\"\",Start!H1393)","v":""},"",{"$f":"IF(I1393=\"\",\"\",LOOKUP(I1393,{1,\"01\";2,\"02\";3,\"03\";4,\"04\";5,\"05\";6,\"06\";7,\"07\";8,\"08\";9,\"09\";10,\"10\";11,\"11\";12,\"12\";13,\"13\";14,\"14\";15,\"15\"}))","v":""},"","","",{"$f":"IF(B1393=\"\",\"\",VLOOKUP(M1393,Sections!$A$2:$D$200,3,FALSE))","v":""},{"$f":"IF(B1393=\"\",\"\",VLOOKUP(M1393,Sections!$A$2:$D$200,4,FALSE))","v":""}]
[{"$f":"IF(Start!A1394=\"\",\"\",Start!A1394)","v":""},{"$f":"IF(Start!B1394=\"\",\"\",Start!B1394)","v":""},{"$f":"IF(Start!C1394=\"\",\"\",Start!C1394)","v":""},{"$f":"IF(Start!D1394=\"\",\"\",Start!D1394)","v":""},{"$f":"IF(Start!E1394=\"\",\"\",Start!E1394)","v":""},{"$f":"IF(Start!F1394=\"\",\"\",Start!F1394)","v":""},{"$f":"IF(Start!G1394=\"\",\"\",Start!G1394)","v":""},{"$f":"IF(Start!H1394=\"\",\"\",Start!H1394)","v":""},"",{"$f":"IF(I1394=\"\",\"\",LOOKUP(I1394,{1,\"01\";2,\"02\";3,\"03\";4,\"04\";5,\"05\";6,\"06\";7,\"07\";8,\"08\";9,\"09\";10,\"10\";11,\"11\";12,\"12\";13,\"13\";14,\"14\";15,\"15\"}))","v":""},"","","",{"$f":"IF(B1394=\"\",\"\",VLOOKUP(M1394,Sections!$A$2:$D$200,3,FALSE))","v":""},{"$f":"IF(B1394=\"\",\"\",VLOOKUP(M1394,Sections!$A$2:$D$200,4,FALSE))","v":""}]
[{"$f":"IF(Start!A1395=\"\",\"\",Start!A1395)","v":""},{"$f":"IF(Start!B1395=\"\",\"\",Start!B1395)","v":""},{"$f":"IF(Start!C1395=\"\",\"\",Start!C1395)","v":""},{"$f":"IF(Start!D1395=\"\",\"\",Start!D1395)","v":""},{"$f":"IF(Start!E1395=\"\",\"\",Start!E1395)","v":""},{"$f":"IF(Start!F1395=\"\",\"\",Start!F1395)","v":""},{"$f":"IF(Start!G1395=\"\",\"\",Start!G1395)","v":""},{"$f":"IF(Start!H1395=\"\",\"\",Start!H1395)","v":""},"",{"$f":"IF(I1395=\"\",\"\",LOOKUP(I1395,{1,\"01\";2,\"02\";3,\"03\";4,\"04\";5,\"05\";6,\"06\";7,\"07\";8,\"08\";9,\"09\";10,\"10\";11,\"11\";12,\"12\";13,\"13\";14,\"14\";15,\"15\"}))","v":""},"","","",{"$f":"IF(B1395=\"\",\"\",VLOOKUP(M1395,Sections!$A$2:$D$200,3,FALSE))","v":""},{"$f":"IF(B1395=\"\",\"\",VLOOKUP(M1395,Sections!$A$2:$D$200,4,FALSE))","v":""}]
[{"$f":"IF(Start!A1396=\"\",\"\",Start!A1396)","v":""},{"$f":"IF(Start!B1396=\"\",\"\",Start!B1396)","v":""},{"$f":"IF(Start!C1396=\"\",\"\",Start!C1396)","v":""},{"$f":"IF(Start!D1396=\"\",\"\",Start!D1396)","v":""},{"$f":"IF(Start!E1396=\"\",\"\",Start!E1396)","v":""},{"$f":"IF(Start!F1396=\"\",\"\",Start!F1396)","v":""},{"$f":"IF(Start!G1396=\"\",\"\",Start!G1396)","v":""},{"$f":"IF(Start!H1396=\"\",\"\",Start!H1396)","v":""},"",{"$f":"IF(I1396=\"\",\"\",LOOKUP(I1396,{1,\"01\";2,\"02\";3,\"03\";4,\"04\";5,\"05\";6,\"06\";7,\"07\";8,\"08\";9,\"09\";10,\"10\";11,\"11\";12,\"12\";13,\"13\";14,\"14\";15,\"15\"}))","v":""},"","","",{"$f":"IF(B1396=\"\",\"\",VLOOKUP(M1396,Sections!$A$2:$D$200,3,FALSE))","v":""},{"$f":"IF(B1396=\"\",\"\",VLOOKUP(M1396,Sections!$A$2:$D$200,4,FALSE))","v":""}]
[{"$f":"IF(Start!A1397=\"\",\"\",Start!A1397)","v":""},{"$f":"IF(Start!B1397=\"\",\"\",Start!B1397)","v":""},{"$f":"IF(Start!C1397=\"\",\"\",Start!C1397)","v":""},{"$f":"IF(Start!D1397=\"\",\"\",Start!D1397)","v":""},{"$f":"IF(Start!E1397=\"\",\"\",Start!E1397)","v":""},{"$f":"IF(Start!F1397=\"\",\"\",Start!F1397)","v":""},{"$f":"IF(Start!G1397=\"\",\"\",Start!G1397)","v":""},{"$f":"IF(Start!H1397=\"\",\"\",Start!H1397)","v":""},"",{"$f":"IF(I1397=\"\",\"\",LOOKUP(I1397,{1,\"01\";2,\"02\";3,\"03\";4,\"04\";5,\"05\";6,\"06\";7,\"07\";8,\"08\";9,\"09\";10,\"10\";11,\"11\";12,\"12\";13,\"13\";14,\"14\";15,\"15\"}))","v":""},"","","",{"$f":"IF(B1397=\"\",\"\",VLOOKUP(M1397,Sections!$A$2:$D$200,3,FALSE))","v":""},{"$f":"IF(B1397=\"\",\"\",VLOOKUP(M1397,Sections!$A$2:$D$200,4,FALSE))","v":""}]
[{"$f":"IF(Start!A1398=\"\",\"\",Start!A1398)","v":""},{"$f":"IF(Start!B1398=\"\",\"\",Start!B1398)","v":""},{"$f":"IF(Start!C1398=\"\",\"\",Start!C1398)","v":""},{"$f":"IF(Start!D1398=\"\",\"\",Start!D1398)","v":""},{"$f":"IF(Start!E1398=\"\",\"\",Start!E1398)","v":""},{"$f":"IF(Start!F1398=\"\",\"\",Start!F1398)","v":""},{"$f":"IF(Start!G1398=\"\",\"\",Start!G1398)","v":""},{"$f":"IF(Start!H1398=\"\",\"\",Start!H1398)","v":""},"",{"$f":"IF(I1398=\"\",\"\",LOOKUP(I1398,{1,\"01\";2,\"02\";3,\"03\";4,\"04\";5,\"05\";6,\"06\";7,\"07\";8,\"08\";9,\"09\";10,\"10\";11,\"11\";12,\"12\";13,\"13\";14,\"14\";15,\"15\"}))","v":""},"","","",{"$f":"IF(B1398=\"\",\"\",VLOOKUP(M1398,Sections!$A$2:$D$200,3,FALSE))","v":""},{"$f":"IF(B1398=\"\",\"\",VLOOKUP(M1398,Sections!$A$2:$D$200,4,FALSE))","v":""}]
[{"$f":"IF(Start!A1399=\"\",\"\",Start!A1399)","v":""},{"$f":"IF(Start!B1399=\"\",\"\",Start!B1399)","v":""},{"$f":"IF(Start!C1399=\"\",\"\",Start!C1399)","v":""},{"$f":"IF(Start!D1399=\"\",\"\",Start!D1399)","v":""},{"$f":"IF(Start!E1399=\"\",\"\",Start!E1399)","v":""},{"$f":"IF(Start!F1399=\"\",\"\",Start!F1399)","v":""},{"$f":"IF(Start!G1399=\"\",\"\",Start!G1399)","v":""},{"$f":"IF(Start!H1399=\"\",\"\",Start!H1399)","v":""},"",{"$f":"IF(I1399=\"\",\"\",LOOKUP(I1399,{1,\"01\";2,\"02\";3,\"03\";4,\"04\";5,\"05\";6,\"06\";7,\"07\";8,\"08\";9,\"09\";10,\"10\";11,\"11\";12,\"12\";13,\"13\";14,\"14\";15,\"15\"}))","v":""},"","","",{"$f":"IF(B1399=\"\",\"\",VLOOKUP(M1399,Sections!$A$2:$D$200,3,FALSE))","v":""},{"$f":"IF(B1399=\"\",\"\",VLOOKUP(M1399,Sections!$A$2:$D$200,4,FALSE))","v":""}]
[{"$f":"IF(Start!A1400=\"\",\"\",Start!A1400)","v":""},{"$f":"IF(Start!B1400=\"\",\"\",Start!B1400)","v":""},{"$f":"IF(Start!C1400=\"\",\"\",Start!C1400)","v":""},{"$f":"IF(Start!D1400=\"\",\"\",Start!D1400)","v":""},{"$f":"IF(Start!E1400=\"\",\"\",Start!E1400)","v":""},{"$f":"IF(Start!F1400=\"\",\"\",Start!F1400)","v":""},{"$f":"IF(Start!G1400=\"\",\"\",Start!G1400)","v":""},{"$f":"IF(Start!H1400=\"\",\"\",Start!H1400)","v":""},"",{"$f":"IF(I1400=\"\",\"\",LOOKUP(I1400,{1,\"01\";2,\"02\";3,\"03\";4,\"04\";5,\"05\";6,\"06\";7,\"07\";8,\"08\";9,\"09\";10,\"10\";11,\"11\";12,\"12\";13,\"13\";14,\"14\";15,\"15\"}))","v":""},"","","",{"$f":"IF(B1400=\"\",\"\",VLOOKUP(M1400,Sections!$A$2:$D$200,3,FALSE))","v":""},{"$f":"IF(B1400=\"\",\"\",VLOOKUP(M1400,Sections!$A$2:$D$200,4,FALSE))","v":""}]
[{"$f":"IF(Start!A1401=\"\",\"\",Start!A1401)","v":""},{"$f":"IF(Start!B1401=\"\",\"\",Start!B1401)","v":""},{"$f":"IF(Start!C1401=\"\",\"\",Start!C1401)","v":""},{"$f":"IF(Start!D1401=\"\",\"\",Start!D1401)","v":""},{"$f":"IF(Start!E1401=\"\",\"\",Start!E1401)","v":""},{"$f":"IF(Start!F1401=\"\",\"\",Start!F1401)","v":""},{"$f":"IF(Start!G1401=\"\",\"\",Start!G1401)","v":""},{"$f":"IF(Start!H1401=\"\",\"\",Start!H1401)","v":""},"",{"$f":"IF(I1401=\"\",\"\",LOOKUP(I1401,{1,\"01\";2,\"02\";3,\"03\";4,\"04\";5,\"05\";6,\"06\";7,\"07\";8,\"08\";9,\"09\";10,\"10\";11,\"11\";12,\"12\";13,\"13\";14,\"14\";15,\"15\"}))","v":""},"","","",{"$f":"IF(B1401=\"\",\"\",VLOOKUP(M1401,Sections!$A$2:$D$200,3,FALSE))","v":""},{"$f":"IF(B1401=\"\",\"\",VLOOKUP(M1401,Sections!$A$2:$D$200,4,FALSE))","v":""}]
[{"$f":"IF(Start!A1402=\"\",\"\",Start!A1402)","v":""},{"$f":"IF(Start!B1402=\"\",\"\",Start!B1402)","v":""},{"$f":"IF(Start!C1402=\"\",\"\",Start!C1402)","v":""},{"$f":"IF(Start!D1402=\"\",\"\",Start!D1402)","v":""},{"$f":"IF(Start!E1402=\"\",\"\",Start!E1402)","v":""},{"$f":"IF(Start!F1402=\"\",\"\",Start!F1402)","v":""},{"$f":"IF(Start!G1402=\"\",\"\",Start!G1402)","v":""},{"$f":"IF(Start!H1402=\"\",\"\",Start!H1402)","v":""},"",{"$f":"IF(I1402=\"\",\"\",LOOKUP(I1402,{1,\"01\";2,\"02\";3,\"03\";4,\"04\";5,\"05\";6,\"06\";7,\"07\";8,\"08\";9,\"09\";10,\"10\";11,\"11\";12,\"12\";13,\"13\";14,\"14\";15,\"15\"}))","v":""},"","","",{"$f":"IF(B1402=\"\",\"\",VLOOKUP(M1402,Sections!$A$2:$D$200,3,FALSE))","v":""},{"$f":"IF(B1402=\"\",\"\",VLOOKUP(M1402,Sections!$A$2:$D$200,4,FALSE))","v":""}]
[{"$f":"IF(Start!A1403=\"\",\"\",Start!A1403)","v":""},{"$f":"IF(Start!B1403=\"\",\"\",Start!B1403)","v":""},{"$f":"IF(Start!C1403=\"\",\"\",Start!C1403)","v":""},{"$f":"IF(Start!D1403=\"\",\"\",Start!D1403)","v":""},{"$f":"IF(Start!E1403=\"\",\"\",Start!E1403)","v":""},{"$f":"IF(Start!F1403=\"\",\"\",Start!F1403)","v":""},{"$f":"IF(Start!G1403=\"\",\"\",Start!G1403)","v":""},{"$f":"IF(Start!H1403=\"\",\"\",Start!H1403)","v":""},"",{"$f":"IF(I1403=\"\",\"\",LOOKUP(I1403,{1,\"01\";2,\"02\";3,\"03\";4,\"04\";5,\"05\";6,\"06\";7,\"07\";8,\"08\";9,\"09\";10,\"10\";11,\"11\";12,\"12\";13,\"13\";14,\"14\";15,\"15\"}))","v":""},"","","",{"$f":"IF(B1403=\"\",\"\",VLOOKUP(M1403,Sections!$A$2:$D$200,3,FALSE))","v":""},{"$f":"IF(B1403=\"\",\"\",VLOOKUP(M1403,Sections!$A$2:$D$200,4,FALSE))","v":""}]
[{"$f":"IF(Start!A1404=\"\",\"\",Start!A1404)","v":""},{"$f":"IF(Start!B1404=\"\",\"\",Start!B1404)","v":""},{"$f":"IF(Start!C1404=\"\",\"\",Start!C1404)","v":""},{"$f":"IF(Start!D1404=\"\",\"\",Start!D1404)","v":""},{"$f":"IF(Start!E1404=\"\",\"\",Start!E1404)","v":""},{"$f":"IF(Start!F1404=\"\",\"\",Start!F1404)","v":""},{"$f":"IF(Start!G1404=\"\",\"\",Start!G1404)","v":""},{"$f":"IF(Start!H1404=\"\",\"\",Start!H1404)","v":""},"",{"$f":"IF(I1404=\"\",\"\",LOOKUP(I1404,{1,\"01\";2,\"02\";3,\"03\";4,\"04\";5,\"05\";6,\"06\";7,\"07\";8,\"08\";9,\"09\";10,\"10\";11,\"11\";12,\"12\";13,\"13\";14,\"14\";15,\"15\"}))","v":""},"","","",{"$f":"IF(B1404=\"\",\"\",VLOOKUP(M1404,Sections!$A$2:$D$200,3,FALSE))","v":""},{"$f":"IF(B1404=\"\",\"\",VLOOKUP(M1404,Sections!$A$2:$D$200,4,FALSE))","v":""}]
[{"$f":"IF(Start!A1405=\"\",\"\",Start!A1405)","v":""},{"$f":"IF(Start!B1405=\"\",\"\",Start!B1405)","v":""},{"$f":"IF(Start!C1405=\"\",\"\",Start!C1405)","v":""},{"$f":"IF(Start!D1405=\"\",\"\",Start!D1405)","v":""},{"$f":"IF(Start!E1405=\"\",\"\",Start!E1405)","v":""},{"$f":"IF(Start!F1405=\"\",\"\",Start!F1405)","v":""},{"$f":"IF(Start!G1405=\"\",\"\",Start!G1405)","v":""},{"$f":"IF(Start!H1405=\"\",\"\",Start!H1405)","v":""},"",{"$f":"IF(I1405=\"\",\"\",LOOKUP(I1405,{1,\"01\";2,\"02\";3,\"03\";4,\"04\";5,\"05\";6,\"06\";7,\"07\";8,\"08\";9,\"09\";10,\"10\";11,\"11\";12,\"12\";13,\"13\";14,\"14\";15,\"15\"}))","v":""},"","","",{"$f":"IF(B1405=\"\",\"\",VLOOKUP(M1405,Sections!$A$2:$D$200,3,FALSE))","v":""},{"$f":"IF(B1405=\"\",\"\",VLOOKUP(M1405,Sections!$A$2:$D$200,4,FALSE))","v":""}]
[{"$f":"IF(Start!A1406=\"\",\"\",Start!A1406)","v":""},{"$f":"IF(Start!B1406=\"\",\"\",Start!B1406)","v":""},{"$f":"IF(Start!C1406=\"\",\"\",Start!C1406)","v":""},{"$f":"IF(Start!D1406=\"\",\"\",Start!D1406)","v":""},{"$f":"IF(Start!E1406=\"\",\"\",Start!E1406)","v":""},{"$f":"IF(Start!F1406=\"\",\"\",Start!F1406)","v":""},{"$f":"IF(Start!G1406=\"\",\"\",Start!G1406)","v":""},{"$f":"IF(Start!H1406=\"\",\"\",Start!H1406)","v":""},"",{"$f":"IF(I1406=\"\",\"\",LOOKUP(I1406,{1,\"01\";2,\"02\";3,\"03\";4,\"04\";5,\"05\";6,\"06\";7,\"07\";8,\"08\";9,\"09\";10,\"10\";11,\"11\";12,\"12\";13,\"13\";14,\"14\";15,\"15\"}))","v":""},"","","",{"$f":"IF(B1406=\"\",\"\",VLOOKUP(M1406,Sections!$A$2:$D$200,3,FALSE))","v":""},{"$f":"IF(B1406=\"\",\"\",VLOOKUP(M1406,Sections!$A$2:$D$200,4,FALSE))","v":""}]
[{"$f":"IF(Start!A1407=\"\",\"\",Start!A1407)","v":""},{"$f":"IF(Start!B1407=\"\",\"\",Start!B1407)","v":""},{"$f":"IF(Start!C1407=\"\",\"\",Start!C1407)","v":""},{"$f":"IF(Start!D1407=\"\",\"\",Start!D1407)","v":""},{"$f":"IF(Start!E1407=\"\",\"\",Start!E1407)","v":""},{"$f":"IF(Start!F1407=\"\",\"\",Start!F1407)","v":""},{"$f":"IF(Start!G1407=\"\",\"\",Start!G1407)","v":""},{"$f":"IF(Start!H1407=\"\",\"\",Start!H1407)","v":""},"",{"$f":"IF(I1407=\"\",\"\",LOOKUP(I1407,{1,\"01\";2,\"02\";3,\"03\";4,\"04\";5,\"05\";6,\"06\";7,\"07\";8,\"08\";9,\"09\";10,\"10\";11,\"11\";12,\"12\";13,\"13\";14,\"14\";15,\"15\"}))","v":""},"","","",{"$f":"IF(B1407=\"\",\"\",VLOOKUP(M1407,Sections!$A$2:$D$200,3,FALSE))","v":""},{"$f":"IF(B1407=\"\",\"\",VLOOKUP(M1407,Sections!$A$2:$D$200,4,FALSE))","v":""}]
[{"$f":"IF(Start!A1408=\"\",\"\",Start!A1408)","v":""},{"$f":"IF(Start!B1408=\"\",\"\",Start!B1408)","v":""},{"$f":"IF(Start!C1408=\"\",\"\",Start!C1408)","v":""},{"$f":"IF(Start!D1408=\"\",\"\",Start!D1408)","v":""},{"$f":"IF(Start!E1408=\"\",\"\",Start!E1408)","v":""},{"$f":"IF(Start!F1408=\"\",\"\",Start!F1408)","v":""},{"$f":"IF(Start!G1408=\"\",\"\",Start!G1408)","v":""},{"$f":"IF(Start!H1408=\"\",\"\",Start!H1408)","v":""},"",{"$f":"IF(I1408=\"\",\"\",LOOKUP(I1408,{1,\"01\";2,\"02\";3,\"03\";4,\"04\";5,\"05\";6,\"06\";7,\"07\";8,\"08\";9,\"09\";10,\"10\";11,\"11\";12,\"12\";13,\"13\";14,\"14\";15,\"15\"}))","v":""},"","","",{"$f":"IF(B1408=\"\",\"\",VLOOKUP(M1408,Sections!$A$2:$D$200,3,FALSE))","v":""},{"$f":"IF(B1408=\"\",\"\",VLOOKUP(M1408,Sections!$A$2:$D$200,4,FALSE))","v":""}]
[{"$f":"IF(Start!A1409=\"\",\"\",Start!A1409)","v":""},{"$f":"IF(Start!B1409=\"\",\"\",Start!B1409)","v":""},{"$f":"IF(Start!C1409=\"\",\"\",Start!C1409)","v":""},{"$f":"IF(Start!D1409=\"\",\"\",Start!D1409)","v":""},{"$f":"IF(Start!E1409=\"\",\"\",Start!E1409)","v":""},{"$f":"IF(Start!F1409=\"\",\"\",Start!F1409)","v":""},{"$f":"IF(Start!G1409=\"\",\"\",Start!G1409)","v":""},{"$f":"IF(Start!H1409=\"\",\"\",Start!H1409)","v":""},"",{"$f":"IF(I1409=\"\",\"\",LOOKUP(I1409,{1,\"01\";2,\"02\";3,\"03\";4,\"04\";5,\"05\";6,\"06\";7,\"07\";8,\"08\";9,\"09\";10,\"10\";11,\"11\";12,\"12\";13,\"13\";14,\"14\";15,\"15\"}))","v":""},"","","",{"$f":"IF(B1409=\"\",\"\",VLOOKUP(M1409,Sections!$A$2:$D$200,3,FALSE))","v":""},{"$f":"IF(B1409=\"\",\"\",VLOOKUP(M1409,Sections!$A$2:$D$200,4,FALSE))","v":""}]
[{"$f":"IF(Start!A1410=\"\",\"\",Start!A1410)","v":""},{"$f":"IF(Start!B1410=\"\",\"\",Start!B1410)","v":""},{"$f":"IF(Start!C1410=\"\",\"\",Start!C1410)","v":""},{"$f":"IF(Start!D1410=\"\",\"\",Start!D1410)","v":""},{"$f":"IF(Start!E1410=\"\",\"\",Start!E1410)","v":""},{"$f":"IF(Start!F1410=\"\",\"\",Start!F1410)","v":""},{"$f":"IF(Start!G1410=\"\",\"\",Start!G1410)","v":""},{"$f":"IF(Start!H1410=\"\",\"\",Start!H1410)","v":""},"",{"$f":"IF(I1410=\"\",\"\",LOOKUP(I1410,{1,\"01\";2,\"02\";3,\"03\";4,\"04\";5,\"05\";6,\"06\";7,\"07\";8,\"08\";9,\"09\";10,\"10\";11,\"11\";12,\"12\";13,\"13\";14,\"14\";15,\"15\"}))","v":""},"","","",{"$f":"IF(B1410=\"\",\"\",VLOOKUP(M1410,Sections!$A$2:$D$200,3,FALSE))","v":""},{"$f":"IF(B1410=\"\",\"\",VLOOKUP(M1410,Sections!$A$2:$D$200,4,FALSE))","v":""}]
[{"$f":"IF(Start!A1411=\"\",\"\",Start!A1411)","v":""},{"$f":"IF(Start!B1411=\"\",\"\",Start!B1411)","v":""},{"$f":"IF(Start!C1411=\"\",\"\",Start!C1411)","v":""},{"$f":"IF(Start!D1411=\"\",\"\",Start!D1411)","v":""},{"$f":"IF(Start!E1411=\"\",\"\",Start!E1411)","v":""},{"$f":"IF(Start!F1411=\"\",\"\",Start!F1411)","v":""},{"$f":"IF(Start!G1411=\"\",\"\",Start!G1411)","v":""},{"$f":"IF(Start!H1411=\"\",\"\",Start!H1411)","v":""},{"$f":"IF(AND(A1411=\"\",B1411=\"\",C1411=\"\"),\"\",IF(AND(A1411<>\"\",B1411=\"\",G1411=0,H1411=0),D1411,I1410))","v":""},{"$f":"IF(I1411=\"\",\"\",LOOKUP(I1411,{1,\"01\";2,\"02\";3,\"03\";4,\"04\";5,\"05\";6,\"06\";7,\"07\";8,\"08\";9,\"09\";10,\"10\";11,\"11\";12,\"12\";13,\"13\";14,\"14\";15,\"15\"}))","v":""},{"$f":"IF(AND(A1411<>\"\",B1411=\"\"),J1411&\". \"&PROPER(C1411),IF(AND(A1411=\"\",B1411<>\"\"),PROPER(K1410),\"\"))","v":""},{"$f":"IF(B1411=\"\",\"\",LEFT(B1411,1)*100)","v":""},{"$f":"IF(B1411=\"\",\"\",LEFT(B1411,3)*1)","v":""},{"$f":"IF(B1411=\"\",\"\",VLOOKUP(M1411,Sections!$A$2:$D$200,3,FALSE))","v":""},{"$f":"IF(B1411=\"\",\"\",VLOOKUP(M1411,Sections!$A$2:$D$200,4,FALSE))","v":""}]
[{"$f":"IF(Start!A1412=\"\",\"\",Start!A1412)","v":""},{"$f":"IF(Start!B1412=\"\",\"\",Start!B1412)","v":""},{"$f":"IF(Start!C1412=\"\",\"\",Start!C1412)","v":""},{"$f":"IF(Start!D1412=\"\",\"\",Start!D1412)","v":""},{"$f":"IF(Start!E1412=\"\",\"\",Start!E1412)","v":""},{"$f":"IF(Start!F1412=\"\",\"\",Start!F1412)","v":""},{"$f":"IF(Start!G1412=\"\",\"\",Start!G1412)","v":""},{"$f":"IF(Start!H1412=\"\",\"\",Start!H1412)","v":""},"",{"$f":"IF(I1412=\"\",\"\",LOOKUP(I1412,{1,\"01\";2,\"02\";3,\"03\";4,\"04\";5,\"05\";6,\"06\";7,\"07\";8,\"08\";9,\"09\";10,\"10\";11,\"11\";12,\"12\";13,\"13\";14,\"14\";15,\"15\"}))","v":""},"","","",{"$f":"IF(B1412=\"\",\"\",VLOOKUP(M1412,Sections!$A$2:$D$200,3,FALSE))","v":""},{"$f":"IF(B1412=\"\",\"\",VLOOKUP(M1412,Sections!$A$2:$D$200,4,FALSE))","v":""}]
[{"$f":"IF(Start!A1413=\"\",\"\",Start!A1413)","v":""},{"$f":"IF(Start!B1413=\"\",\"\",Start!B1413)","v":""},{"$f":"IF(Start!C1413=\"\",\"\",Start!C1413)","v":""},{"$f":"IF(Start!D1413=\"\",\"\",Start!D1413)","v":""},{"$f":"IF(Start!E1413=\"\",\"\",Start!E1413)","v":""},{"$f":"IF(Start!F1413=\"\",\"\",Start!F1413)","v":""},{"$f":"IF(Start!G1413=\"\",\"\",Start!G1413)","v":""},{"$f":"IF(Start!H1413=\"\",\"\",Start!H1413)","v":""},"",{"$f":"IF(I1413=\"\",\"\",LOOKUP(I1413,{1,\"01\";2,\"02\";3,\"03\";4,\"04\";5,\"05\";6,\"06\";7,\"07\";8,\"08\";9,\"09\";10,\"10\";11,\"11\";12,\"12\";13,\"13\";14,\"14\";15,\"15\"}))","v":""},"","","",{"$f":"IF(B1413=\"\",\"\",VLOOKUP(M1413,Sections!$A$2:$D$200,3,FALSE))","v":""},{"$f":"IF(B1413=\"\",\"\",VLOOKUP(M1413,Sections!$A$2:$D$200,4,FALSE))","v":""}]
[{"$f":"IF(Start!A1414=\"\",\"\",Start!A1414)","v":""},{"$f":"IF(Start!B1414=\"\",\"\",Start!B1414)","v":""},{"$f":"IF(Start!C1414=\"\",\"\",Start!C1414)","v":""},{"$f":"IF(Start!D1414=\"\",\"\",Start!D1414)","v":""},{"$f":"IF(Start!E1414=\"\",\"\",Start!E1414)","v":""},{"$f":"IF(Start!F1414=\"\",\"\",Start!F1414)","v":""},{"$f":"IF(Start!G1414=\"\",\"\",Start!G1414)","v":""},{"$f":"IF(Start!H1414=\"\",\"\",Start!H1414)","v":""},"",{"$f":"IF(I1414=\"\",\"\",LOOKUP(I1414,{1,\"01\";2,\"02\";3,\"03\";4,\"04\";5,\"05\";6,\"06\";7,\"07\";8,\"08\";9,\"09\";10,\"10\";11,\"11\";12,\"12\";13,\"13\";14,\"14\";15,\"15\"}))","v":""},"","","",{"$f":"IF(B1414=\"\",\"\",VLOOKUP(M1414,Sections!$A$2:$D$200,3,FALSE))","v":""},{"$f":"IF(B1414=\"\",\"\",VLOOKUP(M1414,Sections!$A$2:$D$200,4,FALSE))","v":""}]
[{"$f":"IF(Start!A1415=\"\",\"\",Start!A1415)","v":""},{"$f":"IF(Start!B1415=\"\",\"\",Start!B1415)","v":""},{"$f":"IF(Start!C1415=\"\",\"\",Start!C1415)","v":""},{"$f":"IF(Start!D1415=\"\",\"\",Start!D1415)","v":""},{"$f":"IF(Start!E1415=\"\",\"\",Start!E1415)","v":""},{"$f":"IF(Start!F1415=\"\",\"\",Start!F1415)","v":""},{"$f":"IF(Start!G1415=\"\",\"\",Start!G1415)","v":""},{"$f":"IF(Start!H1415=\"\",\"\",Start!H1415)","v":""},"",{"$f":"IF(I1415=\"\",\"\",LOOKUP(I1415,{1,\"01\";2,\"02\";3,\"03\";4,\"04\";5,\"05\";6,\"06\";7,\"07\";8,\"08\";9,\"09\";10,\"10\";11,\"11\";12,\"12\";13,\"13\";14,\"14\";15,\"15\"}))","v":""},"","","",{"$f":"IF(B1415=\"\",\"\",VLOOKUP(M1415,Sections!$A$2:$D$200,3,FALSE))","v":""},{"$f":"IF(B1415=\"\",\"\",VLOOKUP(M1415,Sections!$A$2:$D$200,4,FALSE))","v":""}]
[{"$f":"IF(Start!A1416=\"\",\"\",Start!A1416)","v":""},{"$f":"IF(Start!B1416=\"\",\"\",Start!B1416)","v":""},{"$f":"IF(Start!C1416=\"\",\"\",Start!C1416)","v":""},{"$f":"IF(Start!D1416=\"\",\"\",Start!D1416)","v":""},{"$f":"IF(Start!E1416=\"\",\"\",Start!E1416)","v":""},{"$f":"IF(Start!F1416=\"\",\"\",Start!F1416)","v":""},{"$f":"IF(Start!G1416=\"\",\"\",Start!G1416)","v":""},{"$f":"IF(Start!H1416=\"\",\"\",Start!H1416)","v":""},"",{"$f":"IF(I1416=\"\",\"\",LOOKUP(I1416,{1,\"01\";2,\"02\";3,\"03\";4,\"04\";5,\"05\";6,\"06\";7,\"07\";8,\"08\";9,\"09\";10,\"10\";11,\"11\";12,\"12\";13,\"13\";14,\"14\";15,\"15\"}))","v":""},"","","",{"$f":"IF(B1416=\"\",\"\",VLOOKUP(M1416,Sections!$A$2:$D$200,3,FALSE))","v":""},{"$f":"IF(B1416=\"\",\"\",VLOOKUP(M1416,Sections!$A$2:$D$200,4,FALSE))","v":""}]
[{"$f":"IF(Start!A1417=\"\",\"\",Start!A1417)","v":""},{"$f":"IF(Start!B1417=\"\",\"\",Start!B1417)","v":""},{"$f":"IF(Start!C1417=\"\",\"\",Start!C1417)","v":""},{"$f":"IF(Start!D1417=\"\",\"\",Start!D1417)","v":""},{"$f":"IF(Start!E1417=\"\",\"\",Start!E1417)","v":""},{"$f":"IF(Start!F1417=\"\",\"\",Start!F1417)","v":""},{"$f":"IF(Start!G1417=\"\",\"\",Start!G1417)","v":""},{"$f":"IF(Start!H1417=\"\",\"\",Start!H1417)","v":""},"",{"$f":"IF(I1417=\"\",\"\",LOOKUP(I1417,{1,\"01\";2,\"02\";3,\"03\";4,\"04\";5,\"05\";6,\"06\";7,\"07\";8,\"08\";9,\"09\";10,\"10\";11,\"11\";12,\"12\";13,\"13\";14,\"14\";15,\"15\"}))","v":""},"","","",{"$f":"IF(B1417=\"\",\"\",VLOOKUP(M1417,Sections!$A$2:$D$200,3,FALSE))","v":""},{"$f":"IF(B1417=\"\",\"\",VLOOKUP(M1417,Sections!$A$2:$D$200,4,FALSE))","v":""}]
[{"$f":"IF(Start!A1418=\"\",\"\",Start!A1418)","v":""},{"$f":"IF(Start!B1418=\"\",\"\",Start!B1418)","v":""},{"$f":"IF(Start!C1418=\"\",\"\",Start!C1418)","v":""},{"$f":"IF(Start!D1418=\"\",\"\",Start!D1418)","v":""},{"$f":"IF(Start!E1418=\"\",\"\",Start!E1418)","v":""},{"$f":"IF(Start!F1418=\"\",\"\",Start!F1418)","v":""},{"$f":"IF(Start!G1418=\"\",\"\",Start!G1418)","v":""},{"$f":"IF(Start!H1418=\"\",\"\",Start!H1418)","v":""},"",{"$f":"IF(I1418=\"\",\"\",LOOKUP(I1418,{1,\"01\";2,\"02\";3,\"03\";4,\"04\";5,\"05\";6,\"06\";7,\"07\";8,\"08\";9,\"09\";10,\"10\";11,\"11\";12,\"12\";13,\"13\";14,\"14\";15,\"15\"}))","v":""},"","","",{"$f":"IF(B1418=\"\",\"\",VLOOKUP(M1418,Sections!$A$2:$D$200,3,FALSE))","v":""},{"$f":"IF(B1418=\"\",\"\",VLOOKUP(M1418,Sections!$A$2:$D$200,4,FALSE))","v":""}]
[{"$f":"IF(Start!A1419=\"\",\"\",Start!A1419)","v":""},{"$f":"IF(Start!B1419=\"\",\"\",Start!B1419)","v":""},{"$f":"IF(Start!C1419=\"\",\"\",Start!C1419)","v":""},{"$f":"IF(Start!D1419=\"\",\"\",Start!D1419)","v":""},{"$f":"IF(Start!E1419=\"\",\"\",Start!E1419)","v":""},{"$f":"IF(Start!F1419=\"\",\"\",Start!F1419)","v":""},{"$f":"IF(Start!G1419=\"\",\"\",Start!G1419)","v":""},{"$f":"IF(Start!H1419=\"\",\"\",Start!H1419)","v":""},"",{"$f":"IF(I1419=\"\",\"\",LOOKUP(I1419,{1,\"01\";2,\"02\";3,\"03\";4,\"04\";5,\"05\";6,\"06\";7,\"07\";8,\"08\";9,\"09\";10,\"10\";11,\"11\";12,\"12\";13,\"13\";14,\"14\";15,\"15\"}))","v":""},"","","",{"$f":"IF(B1419=\"\",\"\",VLOOKUP(M1419,Sections!$A$2:$D$200,3,FALSE))","v":""},{"$f":"IF(B1419=\"\",\"\",VLOOKUP(M1419,Sections!$A$2:$D$200,4,FALSE))","v":""}]
[{"$f":"IF(Start!A1420=\"\",\"\",Start!A1420)","v":""},{"$f":"IF(Start!B1420=\"\",\"\",Start!B1420)","v":""},{"$f":"IF(Start!C1420=\"\",\"\",Start!C1420)","v":""},{"$f":"IF(Start!D1420=\"\",\"\",Start!D1420)","v":""},{"$f":"IF(Start!E1420=\"\",\"\",Start!E1420)","v":""},{"$f":"IF(Start!F1420=\"\",\"\",Start!F1420)","v":""},{"$f":"IF(Start!G1420=\"\",\"\",Start!G1420)","v":""},{"$f":"IF(Start!H1420=\"\",\"\",Start!H1420)","v":""},"",{"$f":"IF(I1420=\"\",\"\",LOOKUP(I1420,{1,\"01\";2,\"02\";3,\"03\";4,\"04\";5,\"05\";6,\"06\";7,\"07\";8,\"08\";9,\"09\";10,\"10\";11,\"11\";12,\"12\";13,\"13\";14,\"14\";15,\"15\"}))","v":""},"","","",{"$f":"IF(B1420=\"\",\"\",VLOOKUP(M1420,Sections!$A$2:$D$200,3,FALSE))","v":""},{"$f":"IF(B1420=\"\",\"\",VLOOKUP(M1420,Sections!$A$2:$D$200,4,FALSE))","v":""}]
[{"$f":"IF(Start!A1421=\"\",\"\",Start!A1421)","v":""},{"$f":"IF(Start!B1421=\"\",\"\",Start!B1421)","v":""},{"$f":"IF(Start!C1421=\"\",\"\",Start!C1421)","v":""},{"$f":"IF(Start!D1421=\"\",\"\",Start!D1421)","v":""},{"$f":"IF(Start!E1421=\"\",\"\",Start!E1421)","v":""},{"$f":"IF(Start!F1421=\"\",\"\",Start!F1421)","v":""},{"$f":"IF(Start!G1421=\"\",\"\",Start!G1421)","v":""},{"$f":"IF(Start!H1421=\"\",\"\",Start!H1421)","v":""},"",{"$f":"IF(I1421=\"\",\"\",LOOKUP(I1421,{1,\"01\";2,\"02\";3,\"03\";4,\"04\";5,\"05\";6,\"06\";7,\"07\";8,\"08\";9,\"09\";10,\"10\";11,\"11\";12,\"12\";13,\"13\";14,\"14\";15,\"15\"}))","v":""},"","","",{"$f":"IF(B1421=\"\",\"\",VLOOKUP(M1421,Sections!$A$2:$D$200,3,FALSE))","v":""},{"$f":"IF(B1421=\"\",\"\",VLOOKUP(M1421,Sections!$A$2:$D$200,4,FALSE))","v":""}]
[{"$f":"IF(Start!A1422=\"\",\"\",Start!A1422)","v":""},{"$f":"IF(Start!B1422=\"\",\"\",Start!B1422)","v":""},{"$f":"IF(Start!C1422=\"\",\"\",Start!C1422)","v":""},{"$f":"IF(Start!D1422=\"\",\"\",Start!D1422)","v":""},{"$f":"IF(Start!E1422=\"\",\"\",Start!E1422)","v":""},{"$f":"IF(Start!F1422=\"\",\"\",Start!F1422)","v":""},{"$f":"IF(Start!G1422=\"\",\"\",Start!G1422)","v":""},{"$f":"IF(Start!H1422=\"\",\"\",Start!H1422)","v":""},"",{"$f":"IF(I1422=\"\",\"\",LOOKUP(I1422,{1,\"01\";2,\"02\";3,\"03\";4,\"04\";5,\"05\";6,\"06\";7,\"07\";8,\"08\";9,\"09\";10,\"10\";11,\"11\";12,\"12\";13,\"13\";14,\"14\";15,\"15\"}))","v":""},"","","",{"$f":"IF(B1422=\"\",\"\",VLOOKUP(M1422,Sections!$A$2:$D$200,3,FALSE))","v":""},{"$f":"IF(B1422=\"\",\"\",VLOOKUP(M1422,Sections!$A$2:$D$200,4,FALSE))","v":""}]
[{"$f":"IF(Start!A1423=\"\",\"\",Start!A1423)","v":""},{"$f":"IF(Start!B1423=\"\",\"\",Start!B1423)","v":""},{"$f":"IF(Start!C1423=\"\",\"\",Start!C1423)","v":""},{"$f":"IF(Start!D1423=\"\",\"\",Start!D1423)","v":""},{"$f":"IF(Start!E1423=\"\",\"\",Start!E1423)","v":""},{"$f":"IF(Start!F1423=\"\",\"\",Start!F1423)","v":""},{"$f":"IF(Start!G1423=\"\",\"\",Start!G1423)","v":""},{"$f":"IF(Start!H1423=\"\",\"\",Start!H1423)","v":""},"",{"$f":"IF(I1423=\"\",\"\",LOOKUP(I1423,{1,\"01\";2,\"02\";3,\"03\";4,\"04\";5,\"05\";6,\"06\";7,\"07\";8,\"08\";9,\"09\";10,\"10\";11,\"11\";12,\"12\";13,\"13\";14,\"14\";15,\"15\"}))","v":""},"","","",{"$f":"IF(B1423=\"\",\"\",VLOOKUP(M1423,Sections!$A$2:$D$200,3,FALSE))","v":""},{"$f":"IF(B1423=\"\",\"\",VLOOKUP(M1423,Sections!$A$2:$D$200,4,FALSE))","v":""}]
[{"$f":"IF(Start!A1424=\"\",\"\",Start!A1424)","v":""},{"$f":"IF(Start!B1424=\"\",\"\",Start!B1424)","v":""},{"$f":"IF(Start!C1424=\"\",\"\",Start!C1424)","v":""},{"$f":"IF(Start!D1424=\"\",\"\",Start!D1424)","v":""},{"$f":"IF(Start!E1424=\"\",\"\",Start!E1424)","v":""},{"$f":"IF(Start!F1424=\"\",\"\",Start!F1424)","v":""},{"$f":"IF(Start!G1424=\"\",\"\",Start!G1424)","v":""},{"$f":"IF(Start!H1424=\"\",\"\",Start!H1424)","v":""},"",{"$f":"IF(I1424=\"\",\"\",LOOKUP(I1424,{1,\"01\";2,\"02\";3,\"03\";4,\"04\";5,\"05\";6,\"06\";7,\"07\";8,\"08\";9,\"09\";10,\"10\";11,\"11\";12,\"12\";13,\"13\";14,\"14\";15,\"15\"}))","v":""},"","","",{"$f":"IF(B1424=\"\",\"\",VLOOKUP(M1424,Sections!$A$2:$D$200,3,FALSE))","v":""},{"$f":"IF(B1424=\"\",\"\",VLOOKUP(M1424,Sections!$A$2:$D$200,4,FALSE))","v":""}]
[{"$f":"IF(Start!A1425=\"\",\"\",Start!A1425)","v":""},{"$f":"IF(Start!B1425=\"\",\"\",Start!B1425)","v":""},{"$f":"IF(Start!C1425=\"\",\"\",Start!C1425)","v":""},{"$f":"IF(Start!D1425=\"\",\"\",Start!D1425)","v":""},{"$f":"IF(Start!E1425=\"\",\"\",Start!E1425)","v":""},{"$f":"IF(Start!F1425=\"\",\"\",Start!F1425)","v":""},{"$f":"IF(Start!G1425=\"\",\"\",Start!G1425)","v":""},{"$f":"IF(Start!H1425=\"\",\"\",Start!H1425)","v":""},"",{"$f":"IF(I1425=\"\",\"\",LOOKUP(I1425,{1,\"01\";2,\"02\";3,\"03\";4,\"04\";5,\"05\";6,\"06\";7,\"07\";8,\"08\";9,\"09\";10,\"10\";11,\"11\";12,\"12\";13,\"13\";14,\"14\";15,\"15\"}))","v":""},"","","",{"$f":"IF(B1425=\"\",\"\",VLOOKUP(M1425,Sections!$A$2:$D$200,3,FALSE))","v":""},{"$f":"IF(B1425=\"\",\"\",VLOOKUP(M1425,Sections!$A$2:$D$200,4,FALSE))","v":""}]
[{"$f":"IF(Start!A1426=\"\",\"\",Start!A1426)","v":""},{"$f":"IF(Start!B1426=\"\",\"\",Start!B1426)","v":""},{"$f":"IF(Start!C1426=\"\",\"\",Start!C1426)","v":""},{"$f":"IF(Start!D1426=\"\",\"\",Start!D1426)","v":""},{"$f":"IF(Start!E1426=\"\",\"\",Start!E1426)","v":""},{"$f":"IF(Start!F1426=\"\",\"\",Start!F1426)","v":""},{"$f":"IF(Start!G1426=\"\",\"\",Start!G1426)","v":""},{"$f":"IF(Start!H1426=\"\",\"\",Start!H1426)","v":""},"",{"$f":"IF(I1426=\"\",\"\",LOOKUP(I1426,{1,\"01\";2,\"02\";3,\"03\";4,\"04\";5,\"05\";6,\"06\";7,\"07\";8,\"08\";9,\"09\";10,\"10\";11,\"11\";12,\"12\";13,\"13\";14,\"14\";15,\"15\"}))","v":""},"","","",{"$f":"IF(B1426=\"\",\"\",VLOOKUP(M1426,Sections!$A$2:$D$200,3,FALSE))","v":""},{"$f":"IF(B1426=\"\",\"\",VLOOKUP(M1426,Sections!$A$2:$D$200,4,FALSE))","v":""}]
[{"$f":"IF(Start!A1427=\"\",\"\",Start!A1427)","v":""},{"$f":"IF(Start!B1427=\"\",\"\",Start!B1427)","v":""},{"$f":"IF(Start!C1427=\"\",\"\",Start!C1427)","v":""},{"$f":"IF(Start!D1427=\"\",\"\",Start!D1427)","v":""},{"$f":"IF(Start!E1427=\"\",\"\",Start!E1427)","v":""},{"$f":"IF(Start!F1427=\"\",\"\",Start!F1427)","v":""},{"$f":"IF(Start!G1427=\"\",\"\",Start!G1427)","v":""},{"$f":"IF(Start!H1427=\"\",\"\",Start!H1427)","v":""},"",{"$f":"IF(I1427=\"\",\"\",LOOKUP(I1427,{1,\"01\";2,\"02\";3,\"03\";4,\"04\";5,\"05\";6,\"06\";7,\"07\";8,\"08\";9,\"09\";10,\"10\";11,\"11\";12,\"12\";13,\"13\";14,\"14\";15,\"15\"}))","v":""},"","","",{"$f":"IF(B1427=\"\",\"\",VLOOKUP(M1427,Sections!$A$2:$D$200,3,FALSE))","v":""},{"$f":"IF(B1427=\"\",\"\",VLOOKUP(M1427,Sections!$A$2:$D$200,4,FALSE))","v":""}]
[{"$f":"IF(Start!A1428=\"\",\"\",Start!A1428)","v":""},{"$f":"IF(Start!B1428=\"\",\"\",Start!B1428)","v":""},{"$f":"IF(Start!C1428=\"\",\"\",Start!C1428)","v":""},{"$f":"IF(Start!D1428=\"\",\"\",Start!D1428)","v":""},{"$f":"IF(Start!E1428=\"\",\"\",Start!E1428)","v":""},{"$f":"IF(Start!F1428=\"\",\"\",Start!F1428)","v":""},{"$f":"IF(Start!G1428=\"\",\"\",Start!G1428)","v":""},{"$f":"IF(Start!H1428=\"\",\"\",Start!H1428)","v":""},"",{"$f":"IF(I1428=\"\",\"\",LOOKUP(I1428,{1,\"01\";2,\"02\";3,\"03\";4,\"04\";5,\"05\";6,\"06\";7,\"07\";8,\"08\";9,\"09\";10,\"10\";11,\"11\";12,\"12\";13,\"13\";14,\"14\";15,\"15\"}))","v":""},"","","",{"$f":"IF(B1428=\"\",\"\",VLOOKUP(M1428,Sections!$A$2:$D$200,3,FALSE))","v":""},{"$f":"IF(B1428=\"\",\"\",VLOOKUP(M1428,Sections!$A$2:$D$200,4,FALSE))","v":""}]
[{"$f":"IF(Start!A1429=\"\",\"\",Start!A1429)","v":""},{"$f":"IF(Start!B1429=\"\",\"\",Start!B1429)","v":""},{"$f":"IF(Start!C1429=\"\",\"\",Start!C1429)","v":""},{"$f":"IF(Start!D1429=\"\",\"\",Start!D1429)","v":""},{"$f":"IF(Start!E1429=\"\",\"\",Start!E1429)","v":""},{"$f":"IF(Start!F1429=\"\",\"\",Start!F1429)","v":""},{"$f":"IF(Start!G1429=\"\",\"\",Start!G1429)","v":""},{"$f":"IF(Start!H1429=\"\",\"\",Start!H1429)","v":""},"",{"$f":"IF(I1429=\"\",\"\",LOOKUP(I1429,{1,\"01\";2,\"02\";3,\"03\";4,\"04\";5,\"05\";6,\"06\";7,\"07\";8,\"08\";9,\"09\";10,\"10\";11,\"11\";12,\"12\";13,\"13\";14,\"14\";15,\"15\"}))","v":""},"","","",{"$f":"IF(B1429=\"\",\"\",VLOOKUP(M1429,Sections!$A$2:$D$200,3,FALSE))","v":""},{"$f":"IF(B1429=\"\",\"\",VLOOKUP(M1429,Sections!$A$2:$D$200,4,FALSE))","v":""}]
[{"$f":"IF(Start!A1430=\"\",\"\",Start!A1430)","v":""},{"$f":"IF(Start!B1430=\"\",\"\",Start!B1430)","v":""},{"$f":"IF(Start!C1430=\"\",\"\",Start!C1430)","v":""},{"$f":"IF(Start!D1430=\"\",\"\",Start!D1430)","v":""},{"$f":"IF(Start!E1430=\"\",\"\",Start!E1430)","v":""},{"$f":"IF(Start!F1430=\"\",\"\",Start!F1430)","v":""},{"$f":"IF(Start!G1430=\"\",\"\",Start!G1430)","v":""},{"$f":"IF(Start!H1430=\"\",\"\",Start!H1430)","v":""},"",{"$f":"IF(I1430=\"\",\"\",LOOKUP(I1430,{1,\"01\";2,\"02\";3,\"03\";4,\"04\";5,\"05\";6,\"06\";7,\"07\";8,\"08\";9,\"09\";10,\"10\";11,\"11\";12,\"12\";13,\"13\";14,\"14\";15,\"15\"}))","v":""},"","","",{"$f":"IF(B1430=\"\",\"\",VLOOKUP(M1430,Sections!$A$2:$D$200,3,FALSE))","v":""},{"$f":"IF(B1430=\"\",\"\",VLOOKUP(M1430,Sections!$A$2:$D$200,4,FALSE))","v":""}]
[{"$f":"IF(Start!A1431=\"\",\"\",Start!A1431)","v":""},{"$f":"IF(Start!B1431=\"\",\"\",Start!B1431)","v":""},{"$f":"IF(Start!C1431=\"\",\"\",Start!C1431)","v":""},{"$f":"IF(Start!D1431=\"\",\"\",Start!D1431)","v":""},{"$f":"IF(Start!E1431=\"\",\"\",Start!E1431)","v":""},{"$f":"IF(Start!F1431=\"\",\"\",Start!F1431)","v":""},{"$f":"IF(Start!G1431=\"\",\"\",Start!G1431)","v":""},{"$f":"IF(Start!H1431=\"\",\"\",Start!H1431)","v":""},"",{"$f":"IF(I1431=\"\",\"\",LOOKUP(I1431,{1,\"01\";2,\"02\";3,\"03\";4,\"04\";5,\"05\";6,\"06\";7,\"07\";8,\"08\";9,\"09\";10,\"10\";11,\"11\";12,\"12\";13,\"13\";14,\"14\";15,\"15\"}))","v":""},"","","",{"$f":"IF(B1431=\"\",\"\",VLOOKUP(M1431,Sections!$A$2:$D$200,3,FALSE))","v":""},{"$f":"IF(B1431=\"\",\"\",VLOOKUP(M1431,Sections!$A$2:$D$200,4,FALSE))","v":""}]
[{"$f":"IF(Start!A1432=\"\",\"\",Start!A1432)","v":""},{"$f":"IF(Start!B1432=\"\",\"\",Start!B1432)","v":""},{"$f":"IF(Start!C1432=\"\",\"\",Start!C1432)","v":""},{"$f":"IF(Start!D1432=\"\",\"\",Start!D1432)","v":""},{"$f":"IF(Start!E1432=\"\",\"\",Start!E1432)","v":""},{"$f":"IF(Start!F1432=\"\",\"\",Start!F1432)","v":""},{"$f":"IF(Start!G1432=\"\",\"\",Start!G1432)","v":""},{"$f":"IF(Start!H1432=\"\",\"\",Start!H1432)","v":""},"",{"$f":"IF(I1432=\"\",\"\",LOOKUP(I1432,{1,\"01\";2,\"02\";3,\"03\";4,\"04\";5,\"05\";6,\"06\";7,\"07\";8,\"08\";9,\"09\";10,\"10\";11,\"11\";12,\"12\";13,\"13\";14,\"14\";15,\"15\"}))","v":""},"","","",{"$f":"IF(B1432=\"\",\"\",VLOOKUP(M1432,Sections!$A$2:$D$200,3,FALSE))","v":""},{"$f":"IF(B1432=\"\",\"\",VLOOKUP(M1432,Sections!$A$2:$D$200,4,FALSE))","v":""}]
[{"$f":"IF(Start!A1433=\"\",\"\",Start!A1433)","v":""},{"$f":"IF(Start!B1433=\"\",\"\",Start!B1433)","v":""},{"$f":"IF(Start!C1433=\"\",\"\",Start!C1433)","v":""},{"$f":"IF(Start!D1433=\"\",\"\",Start!D1433)","v":""},{"$f":"IF(Start!E1433=\"\",\"\",Start!E1433)","v":""},{"$f":"IF(Start!F1433=\"\",\"\",Start!F1433)","v":""},{"$f":"IF(Start!G1433=\"\",\"\",Start!G1433)","v":""},{"$f":"IF(Start!H1433=\"\",\"\",Start!H1433)","v":""},"",{"$f":"IF(I1433=\"\",\"\",LOOKUP(I1433,{1,\"01\";2,\"02\";3,\"03\";4,\"04\";5,\"05\";6,\"06\";7,\"07\";8,\"08\";9,\"09\";10,\"10\";11,\"11\";12,\"12\";13,\"13\";14,\"14\";15,\"15\"}))","v":""},"","","",{"$f":"IF(B1433=\"\",\"\",VLOOKUP(M1433,Sections!$A$2:$D$200,3,FALSE))","v":""},{"$f":"IF(B1433=\"\",\"\",VLOOKUP(M1433,Sections!$A$2:$D$200,4,FALSE))","v":""}]
[{"$f":"IF(Start!A1434=\"\",\"\",Start!A1434)","v":""},{"$f":"IF(Start!B1434=\"\",\"\",Start!B1434)","v":""},{"$f":"IF(Start!C1434=\"\",\"\",Start!C1434)","v":""},{"$f":"IF(Start!D1434=\"\",\"\",Start!D1434)","v":""},{"$f":"IF(Start!E1434=\"\",\"\",Start!E1434)","v":""},{"$f":"IF(Start!F1434=\"\",\"\",Start!F1434)","v":""},{"$f":"IF(Start!G1434=\"\",\"\",Start!G1434)","v":""},{"$f":"IF(Start!H1434=\"\",\"\",Start!H1434)","v":""},"",{"$f":"IF(I1434=\"\",\"\",LOOKUP(I1434,{1,\"01\";2,\"02\";3,\"03\";4,\"04\";5,\"05\";6,\"06\";7,\"07\";8,\"08\";9,\"09\";10,\"10\";11,\"11\";12,\"12\";13,\"13\";14,\"14\";15,\"15\"}))","v":""},"","","",{"$f":"IF(B1434=\"\",\"\",VLOOKUP(M1434,Sections!$A$2:$D$200,3,FALSE))","v":""},{"$f":"IF(B1434=\"\",\"\",VLOOKUP(M1434,Sections!$A$2:$D$200,4,FALSE))","v":""}]
[{"$f":"IF(Start!A1435=\"\",\"\",Start!A1435)","v":""},{"$f":"IF(Start!B1435=\"\",\"\",Start!B1435)","v":""},{"$f":"IF(Start!C1435=\"\",\"\",Start!C1435)","v":""},{"$f":"IF(Start!D1435=\"\",\"\",Start!D1435)","v":""},{"$f":"IF(Start!E1435=\"\",\"\",Start!E1435)","v":""},{"$f":"IF(Start!F1435=\"\",\"\",Start!F1435)","v":""},{"$f":"IF(Start!G1435=\"\",\"\",Start!G1435)","v":""},{"$f":"IF(Start!H1435=\"\",\"\",Start!H1435)","v":""},"",{"$f":"IF(I1435=\"\",\"\",LOOKUP(I1435,{1,\"01\";2,\"02\";3,\"03\";4,\"04\";5,\"05\";6,\"06\";7,\"07\";8,\"08\";9,\"09\";10,\"10\";11,\"11\";12,\"12\";13,\"13\";14,\"14\";15,\"15\"}))","v":""},"","","",{"$f":"IF(B1435=\"\",\"\",VLOOKUP(M1435,Sections!$A$2:$D$200,3,FALSE))","v":""},{"$f":"IF(B1435=\"\",\"\",VLOOKUP(M1435,Sections!$A$2:$D$200,4,FALSE))","v":""}]
[{"$f":"IF(Start!A1436=\"\",\"\",Start!A1436)","v":""},{"$f":"IF(Start!B1436=\"\",\"\",Start!B1436)","v":""},{"$f":"IF(Start!C1436=\"\",\"\",Start!C1436)","v":""},{"$f":"IF(Start!D1436=\"\",\"\",Start!D1436)","v":""},{"$f":"IF(Start!E1436=\"\",\"\",Start!E1436)","v":""},{"$f":"IF(Start!F1436=\"\",\"\",Start!F1436)","v":""},{"$f":"IF(Start!G1436=\"\",\"\",Start!G1436)","v":""},{"$f":"IF(Start!H1436=\"\",\"\",Start!H1436)","v":""},"",{"$f":"IF(I1436=\"\",\"\",LOOKUP(I1436,{1,\"01\";2,\"02\";3,\"03\";4,\"04\";5,\"05\";6,\"06\";7,\"07\";8,\"08\";9,\"09\";10,\"10\";11,\"11\";12,\"12\";13,\"13\";14,\"14\";15,\"15\"}))","v":""},"","","",{"$f":"IF(B1436=\"\",\"\",VLOOKUP(M1436,Sections!$A$2:$D$200,3,FALSE))","v":""},{"$f":"IF(B1436=\"\",\"\",VLOOKUP(M1436,Sections!$A$2:$D$200,4,FALSE))","v":""}]
[{"$f":"IF(Start!A1437=\"\",\"\",Start!A1437)","v":""},{"$f":"IF(Start!B1437=\"\",\"\",Start!B1437)","v":""},{"$f":"IF(Start!C1437=\"\",\"\",Start!C1437)","v":""},{"$f":"IF(Start!D1437=\"\",\"\",Start!D1437)","v":""},{"$f":"IF(Start!E1437=\"\",\"\",Start!E1437)","v":""},{"$f":"IF(Start!F1437=\"\",\"\",Start!F1437)","v":""},{"$f":"IF(Start!G1437=\"\",\"\",Start!G1437)","v":""},{"$f":"IF(Start!H1437=\"\",\"\",Start!H1437)","v":""},"",{"$f":"IF(I1437=\"\",\"\",LOOKUP(I1437,{1,\"01\";2,\"02\";3,\"03\";4,\"04\";5,\"05\";6,\"06\";7,\"07\";8,\"08\";9,\"09\";10,\"10\";11,\"11\";12,\"12\";13,\"13\";14,\"14\";15,\"15\"}))","v":""},"","","",{"$f":"IF(B1437=\"\",\"\",VLOOKUP(M1437,Sections!$A$2:$D$200,3,FALSE))","v":""},{"$f":"IF(B1437=\"\",\"\",VLOOKUP(M1437,Sections!$A$2:$D$200,4,FALSE))","v":""}]
[{"$f":"IF(Start!A1438=\"\",\"\",Start!A1438)","v":""},{"$f":"IF(Start!B1438=\"\",\"\",Start!B1438)","v":""},{"$f":"IF(Start!C1438=\"\",\"\",Start!C1438)","v":""},{"$f":"IF(Start!D1438=\"\",\"\",Start!D1438)","v":""},{"$f":"IF(Start!E1438=\"\",\"\",Start!E1438)","v":""},{"$f":"IF(Start!F1438=\"\",\"\",Start!F1438)","v":""},{"$f":"IF(Start!G1438=\"\",\"\",Start!G1438)","v":""},{"$f":"IF(Start!H1438=\"\",\"\",Start!H1438)","v":""},"",{"$f":"IF(I1438=\"\",\"\",LOOKUP(I1438,{1,\"01\";2,\"02\";3,\"03\";4,\"04\";5,\"05\";6,\"06\";7,\"07\";8,\"08\";9,\"09\";10,\"10\";11,\"11\";12,\"12\";13,\"13\";14,\"14\";15,\"15\"}))","v":""},"","","",{"$f":"IF(B1438=\"\",\"\",VLOOKUP(M1438,Sections!$A$2:$D$200,3,FALSE))","v":""},{"$f":"IF(B1438=\"\",\"\",VLOOKUP(M1438,Sections!$A$2:$D$200,4,FALSE))","v":""}]
[{"$f":"IF(Start!A1439=\"\",\"\",Start!A1439)","v":""},{"$f":"IF(Start!B1439=\"\",\"\",Start!B1439)","v":""},{"$f":"IF(Start!C1439=\"\",\"\",Start!C1439)","v":""},{"$f":"IF(Start!D1439=\"\",\"\",Start!D1439)","v":""},{"$f":"IF(Start!E1439=\"\",\"\",Start!E1439)","v":""},{"$f":"IF(Start!F1439=\"\",\"\",Start!F1439)","v":""},{"$f":"IF(Start!G1439=\"\",\"\",Start!G1439)","v":""},{"$f":"IF(Start!H1439=\"\",\"\",Start!H1439)","v":""},"",{"$f":"IF(I1439=\"\",\"\",LOOKUP(I1439,{1,\"01\";2,\"02\";3,\"03\";4,\"04\";5,\"05\";6,\"06\";7,\"07\";8,\"08\";9,\"09\";10,\"10\";11,\"11\";12,\"12\";13,\"13\";14,\"14\";15,\"15\"}))","v":""},"","","",{"$f":"IF(B1439=\"\",\"\",VLOOKUP(M1439,Sections!$A$2:$D$200,3,FALSE))","v":""},{"$f":"IF(B1439=\"\",\"\",VLOOKUP(M1439,Sections!$A$2:$D$200,4,FALSE))","v":""}]
[{"$f":"IF(Start!A1440=\"\",\"\",Start!A1440)","v":""},{"$f":"IF(Start!B1440=\"\",\"\",Start!B1440)","v":""},{"$f":"IF(Start!C1440=\"\",\"\",Start!C1440)","v":""},{"$f":"IF(Start!D1440=\"\",\"\",Start!D1440)","v":""},{"$f":"IF(Start!E1440=\"\",\"\",Start!E1440)","v":""},{"$f":"IF(Start!F1440=\"\",\"\",Start!F1440)","v":""},{"$f":"IF(Start!G1440=\"\",\"\",Start!G1440)","v":""},{"$f":"IF(Start!H1440=\"\",\"\",Start!H1440)","v":""},"",{"$f":"IF(I1440=\"\",\"\",LOOKUP(I1440,{1,\"01\";2,\"02\";3,\"03\";4,\"04\";5,\"05\";6,\"06\";7,\"07\";8,\"08\";9,\"09\";10,\"10\";11,\"11\";12,\"12\";13,\"13\";14,\"14\";15,\"15\"}))","v":""},"","","",{"$f":"IF(B1440=\"\",\"\",VLOOKUP(M1440,Sections!$A$2:$D$200,3,FALSE))","v":""},{"$f":"IF(B1440=\"\",\"\",VLOOKUP(M1440,Sections!$A$2:$D$200,4,FALSE))","v":""}]
[{"$f":"IF(Start!A1441=\"\",\"\",Start!A1441)","v":""},{"$f":"IF(Start!B1441=\"\",\"\",Start!B1441)","v":""},{"$f":"IF(Start!C1441=\"\",\"\",Start!C1441)","v":""},{"$f":"IF(Start!D1441=\"\",\"\",Start!D1441)","v":""},{"$f":"IF(Start!E1441=\"\",\"\",Start!E1441)","v":""},{"$f":"IF(Start!F1441=\"\",\"\",Start!F1441)","v":""},{"$f":"IF(Start!G1441=\"\",\"\",Start!G1441)","v":""},{"$f":"IF(Start!H1441=\"\",\"\",Start!H1441)","v":""},"",{"$f":"IF(I1441=\"\",\"\",LOOKUP(I1441,{1,\"01\";2,\"02\";3,\"03\";4,\"04\";5,\"05\";6,\"06\";7,\"07\";8,\"08\";9,\"09\";10,\"10\";11,\"11\";12,\"12\";13,\"13\";14,\"14\";15,\"15\"}))","v":""},"","","",{"$f":"IF(B1441=\"\",\"\",VLOOKUP(M1441,Sections!$A$2:$D$200,3,FALSE))","v":""},{"$f":"IF(B1441=\"\",\"\",VLOOKUP(M1441,Sections!$A$2:$D$200,4,FALSE))","v":""}]
[{"$f":"IF(Start!A1442=\"\",\"\",Start!A1442)","v":""},{"$f":"IF(Start!B1442=\"\",\"\",Start!B1442)","v":""},{"$f":"IF(Start!C1442=\"\",\"\",Start!C1442)","v":""},{"$f":"IF(Start!D1442=\"\",\"\",Start!D1442)","v":""},{"$f":"IF(Start!E1442=\"\",\"\",Start!E1442)","v":""},{"$f":"IF(Start!F1442=\"\",\"\",Start!F1442)","v":""},{"$f":"IF(Start!G1442=\"\",\"\",Start!G1442)","v":""},{"$f":"IF(Start!H1442=\"\",\"\",Start!H1442)","v":""},"",{"$f":"IF(I1442=\"\",\"\",LOOKUP(I1442,{1,\"01\";2,\"02\";3,\"03\";4,\"04\";5,\"05\";6,\"06\";7,\"07\";8,\"08\";9,\"09\";10,\"10\";11,\"11\";12,\"12\";13,\"13\";14,\"14\";15,\"15\"}))","v":""},"","","",{"$f":"IF(B1442=\"\",\"\",VLOOKUP(M1442,Sections!$A$2:$D$200,3,FALSE))","v":""},{"$f":"IF(B1442=\"\",\"\",VLOOKUP(M1442,Sections!$A$2:$D$200,4,FALSE))","v":""}]
[{"$f":"IF(Start!A1443=\"\",\"\",Start!A1443)","v":""},{"$f":"IF(Start!B1443=\"\",\"\",Start!B1443)","v":""},{"$f":"IF(Start!C1443=\"\",\"\",Start!C1443)","v":""},{"$f":"IF(Start!D1443=\"\",\"\",Start!D1443)","v":""},{"$f":"IF(Start!E1443=\"\",\"\",Start!E1443)","v":""},{"$f":"IF(Start!F1443=\"\",\"\",Start!F1443)","v":""},{"$f":"IF(Start!G1443=\"\",\"\",Start!G1443)","v":""},{"$f":"IF(Start!H1443=\"\",\"\",Start!H1443)","v":""},"",{"$f":"IF(I1443=\"\",\"\",LOOKUP(I1443,{1,\"01\";2,\"02\";3,\"03\";4,\"04\";5,\"05\";6,\"06\";7,\"07\";8,\"08\";9,\"09\";10,\"10\";11,\"11\";12,\"12\";13,\"13\";14,\"14\";15,\"15\"}))","v":""},"","","",{"$f":"IF(B1443=\"\",\"\",VLOOKUP(M1443,Sections!$A$2:$D$200,3,FALSE))","v":""},{"$f":"IF(B1443=\"\",\"\",VLOOKUP(M1443,Sections!$A$2:$D$200,4,FALSE))","v":""}]
[{"$f":"IF(Start!A1444=\"\",\"\",Start!A1444)","v":""},{"$f":"IF(Start!B1444=\"\",\"\",Start!B1444)","v":""},{"$f":"IF(Start!C1444=\"\",\"\",Start!C1444)","v":""},{"$f":"IF(Start!D1444=\"\",\"\",Start!D1444)","v":""},{"$f":"IF(Start!E1444=\"\",\"\",Start!E1444)","v":""},{"$f":"IF(Start!F1444=\"\",\"\",Start!F1444)","v":""},{"$f":"IF(Start!G1444=\"\",\"\",Start!G1444)","v":""},{"$f":"IF(Start!H1444=\"\",\"\",Start!H1444)","v":""},"",{"$f":"IF(I1444=\"\",\"\",LOOKUP(I1444,{1,\"01\";2,\"02\";3,\"03\";4,\"04\";5,\"05\";6,\"06\";7,\"07\";8,\"08\";9,\"09\";10,\"10\";11,\"11\";12,\"12\";13,\"13\";14,\"14\";15,\"15\"}))","v":""},"","","",{"$f":"IF(B1444=\"\",\"\",VLOOKUP(M1444,Sections!$A$2:$D$200,3,FALSE))","v":""},{"$f":"IF(B1444=\"\",\"\",VLOOKUP(M1444,Sections!$A$2:$D$200,4,FALSE))","v":""}]
[{"$f":"IF(Start!A1445=\"\",\"\",Start!A1445)","v":""},{"$f":"IF(Start!B1445=\"\",\"\",Start!B1445)","v":""},{"$f":"IF(Start!C1445=\"\",\"\",Start!C1445)","v":""},{"$f":"IF(Start!D1445=\"\",\"\",Start!D1445)","v":""},{"$f":"IF(Start!E1445=\"\",\"\",Start!E1445)","v":""},{"$f":"IF(Start!F1445=\"\",\"\",Start!F1445)","v":""},{"$f":"IF(Start!G1445=\"\",\"\",Start!G1445)","v":""},{"$f":"IF(Start!H1445=\"\",\"\",Start!H1445)","v":""},"",{"$f":"IF(I1445=\"\",\"\",LOOKUP(I1445,{1,\"01\";2,\"02\";3,\"03\";4,\"04\";5,\"05\";6,\"06\";7,\"07\";8,\"08\";9,\"09\";10,\"10\";11,\"11\";12,\"12\";13,\"13\";14,\"14\";15,\"15\"}))","v":""},"","","",{"$f":"IF(B1445=\"\",\"\",VLOOKUP(M1445,Sections!$A$2:$D$200,3,FALSE))","v":""},{"$f":"IF(B1445=\"\",\"\",VLOOKUP(M1445,Sections!$A$2:$D$200,4,FALSE))","v":""}]
[{"$f":"IF(Start!A1446=\"\",\"\",Start!A1446)","v":""},{"$f":"IF(Start!B1446=\"\",\"\",Start!B1446)","v":""},{"$f":"IF(Start!C1446=\"\",\"\",Start!C1446)","v":""},{"$f":"IF(Start!D1446=\"\",\"\",Start!D1446)","v":""},{"$f":"IF(Start!E1446=\"\",\"\",Start!E1446)","v":""},{"$f":"IF(Start!F1446=\"\",\"\",Start!F1446)","v":""},{"$f":"IF(Start!G1446=\"\",\"\",Start!G1446)","v":""},{"$f":"IF(Start!H1446=\"\",\"\",Start!H1446)","v":""},"",{"$f":"IF(I1446=\"\",\"\",LOOKUP(I1446,{1,\"01\";2,\"02\";3,\"03\";4,\"04\";5,\"05\";6,\"06\";7,\"07\";8,\"08\";9,\"09\";10,\"10\";11,\"11\";12,\"12\";13,\"13\";14,\"14\";15,\"15\"}))","v":""},"","","",{"$f":"IF(B1446=\"\",\"\",VLOOKUP(M1446,Sections!$A$2:$D$200,3,FALSE))","v":""},{"$f":"IF(B1446=\"\",\"\",VLOOKUP(M1446,Sections!$A$2:$D$200,4,FALSE))","v":""}]
[{"$f":"IF(Start!A1447=\"\",\"\",Start!A1447)","v":""},{"$f":"IF(Start!B1447=\"\",\"\",Start!B1447)","v":""},{"$f":"IF(Start!C1447=\"\",\"\",Start!C1447)","v":""},{"$f":"IF(Start!D1447=\"\",\"\",Start!D1447)","v":""},{"$f":"IF(Start!E1447=\"\",\"\",Start!E1447)","v":""},{"$f":"IF(Start!F1447=\"\",\"\",Start!F1447)","v":""},{"$f":"IF(Start!G1447=\"\",\"\",Start!G1447)","v":""},{"$f":"IF(Start!H1447=\"\",\"\",Start!H1447)","v":""},"",{"$f":"IF(I1447=\"\",\"\",LOOKUP(I1447,{1,\"01\";2,\"02\";3,\"03\";4,\"04\";5,\"05\";6,\"06\";7,\"07\";8,\"08\";9,\"09\";10,\"10\";11,\"11\";12,\"12\";13,\"13\";14,\"14\";15,\"15\"}))","v":""},"","","",{"$f":"IF(B1447=\"\",\"\",VLOOKUP(M1447,Sections!$A$2:$D$200,3,FALSE))","v":""},{"$f":"IF(B1447=\"\",\"\",VLOOKUP(M1447,Sections!$A$2:$D$200,4,FALSE))","v":""}]
[{"$f":"IF(Start!A1448=\"\",\"\",Start!A1448)","v":""},{"$f":"IF(Start!B1448=\"\",\"\",Start!B1448)","v":""},{"$f":"IF(Start!C1448=\"\",\"\",Start!C1448)","v":""},{"$f":"IF(Start!D1448=\"\",\"\",Start!D1448)","v":""},{"$f":"IF(Start!E1448=\"\",\"\",Start!E1448)","v":""},{"$f":"IF(Start!F1448=\"\",\"\",Start!F1448)","v":""},{"$f":"IF(Start!G1448=\"\",\"\",Start!G1448)","v":""},{"$f":"IF(Start!H1448=\"\",\"\",Start!H1448)","v":""},"",{"$f":"IF(I1448=\"\",\"\",LOOKUP(I1448,{1,\"01\";2,\"02\";3,\"03\";4,\"04\";5,\"05\";6,\"06\";7,\"07\";8,\"08\";9,\"09\";10,\"10\";11,\"11\";12,\"12\";13,\"13\";14,\"14\";15,\"15\"}))","v":""},"","","",{"$f":"IF(B1448=\"\",\"\",VLOOKUP(M1448,Sections!$A$2:$D$200,3,FALSE))","v":""},{"$f":"IF(B1448=\"\",\"\",VLOOKUP(M1448,Sections!$A$2:$D$200,4,FALSE))","v":""}]
[{"$f":"IF(Start!A1449=\"\",\"\",Start!A1449)","v":""},{"$f":"IF(Start!B1449=\"\",\"\",Start!B1449)","v":""},{"$f":"IF(Start!C1449=\"\",\"\",Start!C1449)","v":""},{"$f":"IF(Start!D1449=\"\",\"\",Start!D1449)","v":""},{"$f":"IF(Start!E1449=\"\",\"\",Start!E1449)","v":""},{"$f":"IF(Start!F1449=\"\",\"\",Start!F1449)","v":""},{"$f":"IF(Start!G1449=\"\",\"\",Start!G1449)","v":""},{"$f":"IF(Start!H1449=\"\",\"\",Start!H1449)","v":""},"",{"$f":"IF(I1449=\"\",\"\",LOOKUP(I1449,{1,\"01\";2,\"02\";3,\"03\";4,\"04\";5,\"05\";6,\"06\";7,\"07\";8,\"08\";9,\"09\";10,\"10\";11,\"11\";12,\"12\";13,\"13\";14,\"14\";15,\"15\"}))","v":""},"","","",{"$f":"IF(B1449=\"\",\"\",VLOOKUP(M1449,Sections!$A$2:$D$200,3,FALSE))","v":""},{"$f":"IF(B1449=\"\",\"\",VLOOKUP(M1449,Sections!$A$2:$D$200,4,FALSE))","v":""}]
[{"$f":"IF(Start!A1450=\"\",\"\",Start!A1450)","v":""},{"$f":"IF(Start!B1450=\"\",\"\",Start!B1450)","v":""},{"$f":"IF(Start!C1450=\"\",\"\",Start!C1450)","v":""},{"$f":"IF(Start!D1450=\"\",\"\",Start!D1450)","v":""},{"$f":"IF(Start!E1450=\"\",\"\",Start!E1450)","v":""},{"$f":"IF(Start!F1450=\"\",\"\",Start!F1450)","v":""},{"$f":"IF(Start!G1450=\"\",\"\",Start!G1450)","v":""},{"$f":"IF(Start!H1450=\"\",\"\",Start!H1450)","v":""},"",{"$f":"IF(I1450=\"\",\"\",LOOKUP(I1450,{1,\"01\";2,\"02\";3,\"03\";4,\"04\";5,\"05\";6,\"06\";7,\"07\";8,\"08\";9,\"09\";10,\"10\";11,\"11\";12,\"12\";13,\"13\";14,\"14\";15,\"15\"}))","v":""},"","","",{"$f":"IF(B1450=\"\",\"\",VLOOKUP(M1450,Sections!$A$2:$D$200,3,FALSE))","v":""},{"$f":"IF(B1450=\"\",\"\",VLOOKUP(M1450,Sections!$A$2:$D$200,4,FALSE))","v":""}]
[{"$f":"IF(Start!A1451=\"\",\"\",Start!A1451)","v":""},{"$f":"IF(Start!B1451=\"\",\"\",Start!B1451)","v":""},{"$f":"IF(Start!C1451=\"\",\"\",Start!C1451)","v":""},{"$f":"IF(Start!D1451=\"\",\"\",Start!D1451)","v":""},{"$f":"IF(Start!E1451=\"\",\"\",Start!E1451)","v":""},{"$f":"IF(Start!F1451=\"\",\"\",Start!F1451)","v":""},{"$f":"IF(Start!G1451=\"\",\"\",Start!G1451)","v":""},{"$f":"IF(Start!H1451=\"\",\"\",Start!H1451)","v":""},"",{"$f":"IF(I1451=\"\",\"\",LOOKUP(I1451,{1,\"01\";2,\"02\";3,\"03\";4,\"04\";5,\"05\";6,\"06\";7,\"07\";8,\"08\";9,\"09\";10,\"10\";11,\"11\";12,\"12\";13,\"13\";14,\"14\";15,\"15\"}))","v":""},"","","",{"$f":"IF(B1451=\"\",\"\",VLOOKUP(M1451,Sections!$A$2:$D$200,3,FALSE))","v":""},{"$f":"IF(B1451=\"\",\"\",VLOOKUP(M1451,Sections!$A$2:$D$200,4,FALSE))","v":""}]
[{"$f":"IF(Start!A1452=\"\",\"\",Start!A1452)","v":""},{"$f":"IF(Start!B1452=\"\",\"\",Start!B1452)","v":""},{"$f":"IF(Start!C1452=\"\",\"\",Start!C1452)","v":""},{"$f":"IF(Start!D1452=\"\",\"\",Start!D1452)","v":""},{"$f":"IF(Start!E1452=\"\",\"\",Start!E1452)","v":""},{"$f":"IF(Start!F1452=\"\",\"\",Start!F1452)","v":""},{"$f":"IF(Start!G1452=\"\",\"\",Start!G1452)","v":""},{"$f":"IF(Start!H1452=\"\",\"\",Start!H1452)","v":""},"",{"$f":"IF(I1452=\"\",\"\",LOOKUP(I1452,{1,\"01\";2,\"02\";3,\"03\";4,\"04\";5,\"05\";6,\"06\";7,\"07\";8,\"08\";9,\"09\";10,\"10\";11,\"11\";12,\"12\";13,\"13\";14,\"14\";15,\"15\"}))","v":""},"","","",{"$f":"IF(B1452=\"\",\"\",VLOOKUP(M1452,Sections!$A$2:$D$200,3,FALSE))","v":""},{"$f":"IF(B1452=\"\",\"\",VLOOKUP(M1452,Sections!$A$2:$D$200,4,FALSE))","v":""}]
[{"$f":"IF(Start!A1453=\"\",\"\",Start!A1453)","v":""},{"$f":"IF(Start!B1453=\"\",\"\",Start!B1453)","v":""},{"$f":"IF(Start!C1453=\"\",\"\",Start!C1453)","v":""},{"$f":"IF(Start!D1453=\"\",\"\",Start!D1453)","v":""},{"$f":"IF(Start!E1453=\"\",\"\",Start!E1453)","v":""},{"$f":"IF(Start!F1453=\"\",\"\",Start!F1453)","v":""},{"$f":"IF(Start!G1453=\"\",\"\",Start!G1453)","v":""},{"$f":"IF(Start!H1453=\"\",\"\",Start!H1453)","v":""},"",{"$f":"IF(I1453=\"\",\"\",LOOKUP(I1453,{1,\"01\";2,\"02\";3,\"03\";4,\"04\";5,\"05\";6,\"06\";7,\"07\";8,\"08\";9,\"09\";10,\"10\";11,\"11\";12,\"12\";13,\"13\";14,\"14\";15,\"15\"}))","v":""},"","","",{"$f":"IF(B1453=\"\",\"\",VLOOKUP(M1453,Sections!$A$2:$D$200,3,FALSE))","v":""},{"$f":"IF(B1453=\"\",\"\",VLOOKUP(M1453,Sections!$A$2:$D$200,4,FALSE))","v":""}]
[{"$f":"IF(Start!A1454=\"\",\"\",Start!A1454)","v":""},{"$f":"IF(Start!B1454=\"\",\"\",Start!B1454)","v":""},{"$f":"IF(Start!C1454=\"\",\"\",Start!C1454)","v":""},{"$f":"IF(Start!D1454=\"\",\"\",Start!D1454)","v":""},{"$f":"IF(Start!E1454=\"\",\"\",Start!E1454)","v":""},{"$f":"IF(Start!F1454=\"\",\"\",Start!F1454)","v":""},{"$f":"IF(Start!G1454=\"\",\"\",Start!G1454)","v":""},{"$f":"IF(Start!H1454=\"\",\"\",Start!H1454)","v":""},"",{"$f":"IF(I1454=\"\",\"\",LOOKUP(I1454,{1,\"01\";2,\"02\";3,\"03\";4,\"04\";5,\"05\";6,\"06\";7,\"07\";8,\"08\";9,\"09\";10,\"10\";11,\"11\";12,\"12\";13,\"13\";14,\"14\";15,\"15\"}))","v":""},"","","",{"$f":"IF(B1454=\"\",\"\",VLOOKUP(M1454,Sections!$A$2:$D$200,3,FALSE))","v":""},{"$f":"IF(B1454=\"\",\"\",VLOOKUP(M1454,Sections!$A$2:$D$200,4,FALSE))","v":""}]
[{"$f":"IF(Start!A1455=\"\",\"\",Start!A1455)","v":""},{"$f":"IF(Start!B1455=\"\",\"\",Start!B1455)","v":""},{"$f":"IF(Start!C1455=\"\",\"\",Start!C1455)","v":""},{"$f":"IF(Start!D1455=\"\",\"\",Start!D1455)","v":""},{"$f":"IF(Start!E1455=\"\",\"\",Start!E1455)","v":""},{"$f":"IF(Start!F1455=\"\",\"\",Start!F1455)","v":""},{"$f":"IF(Start!G1455=\"\",\"\",Start!G1455)","v":""},{"$f":"IF(Start!H1455=\"\",\"\",Start!H1455)","v":""},"",{"$f":"IF(I1455=\"\",\"\",LOOKUP(I1455,{1,\"01\";2,\"02\";3,\"03\";4,\"04\";5,\"05\";6,\"06\";7,\"07\";8,\"08\";9,\"09\";10,\"10\";11,\"11\";12,\"12\";13,\"13\";14,\"14\";15,\"15\"}))","v":""},"","","",{"$f":"IF(B1455=\"\",\"\",VLOOKUP(M1455,Sections!$A$2:$D$200,3,FALSE))","v":""},{"$f":"IF(B1455=\"\",\"\",VLOOKUP(M1455,Sections!$A$2:$D$200,4,FALSE))","v":""}]
[{"$f":"IF(Start!A1456=\"\",\"\",Start!A1456)","v":""},{"$f":"IF(Start!B1456=\"\",\"\",Start!B1456)","v":""},{"$f":"IF(Start!C1456=\"\",\"\",Start!C1456)","v":""},{"$f":"IF(Start!D1456=\"\",\"\",Start!D1456)","v":""},{"$f":"IF(Start!E1456=\"\",\"\",Start!E1456)","v":""},{"$f":"IF(Start!F1456=\"\",\"\",Start!F1456)","v":""},{"$f":"IF(Start!G1456=\"\",\"\",Start!G1456)","v":""},{"$f":"IF(Start!H1456=\"\",\"\",Start!H1456)","v":""},"",{"$f":"IF(I1456=\"\",\"\",LOOKUP(I1456,{1,\"01\";2,\"02\";3,\"03\";4,\"04\";5,\"05\";6,\"06\";7,\"07\";8,\"08\";9,\"09\";10,\"10\";11,\"11\";12,\"12\";13,\"13\";14,\"14\";15,\"15\"}))","v":""},"","","",{"$f":"IF(B1456=\"\",\"\",VLOOKUP(M1456,Sections!$A$2:$D$200,3,FALSE))","v":""},{"$f":"IF(B1456=\"\",\"\",VLOOKUP(M1456,Sections!$A$2:$D$200,4,FALSE))","v":""}]
[{"$f":"IF(Start!A1457=\"\",\"\",Start!A1457)","v":""},{"$f":"IF(Start!B1457=\"\",\"\",Start!B1457)","v":""},{"$f":"IF(Start!C1457=\"\",\"\",Start!C1457)","v":""},{"$f":"IF(Start!D1457=\"\",\"\",Start!D1457)","v":""},{"$f":"IF(Start!E1457=\"\",\"\",Start!E1457)","v":""},{"$f":"IF(Start!F1457=\"\",\"\",Start!F1457)","v":""},{"$f":"IF(Start!G1457=\"\",\"\",Start!G1457)","v":""},{"$f":"IF(Start!H1457=\"\",\"\",Start!H1457)","v":""},"",{"$f":"IF(I1457=\"\",\"\",LOOKUP(I1457,{1,\"01\";2,\"02\";3,\"03\";4,\"04\";5,\"05\";6,\"06\";7,\"07\";8,\"08\";9,\"09\";10,\"10\";11,\"11\";12,\"12\";13,\"13\";14,\"14\";15,\"15\"}))","v":""},"","","",{"$f":"IF(B1457=\"\",\"\",VLOOKUP(M1457,Sections!$A$2:$D$200,3,FALSE))","v":""},{"$f":"IF(B1457=\"\",\"\",VLOOKUP(M1457,Sections!$A$2:$D$200,4,FALSE))","v":""}]
[{"$f":"IF(Start!A1458=\"\",\"\",Start!A1458)","v":""},{"$f":"IF(Start!B1458=\"\",\"\",Start!B1458)","v":""},{"$f":"IF(Start!C1458=\"\",\"\",Start!C1458)","v":""},{"$f":"IF(Start!D1458=\"\",\"\",Start!D1458)","v":""},{"$f":"IF(Start!E1458=\"\",\"\",Start!E1458)","v":""},{"$f":"IF(Start!F1458=\"\",\"\",Start!F1458)","v":""},{"$f":"IF(Start!G1458=\"\",\"\",Start!G1458)","v":""},{"$f":"IF(Start!H1458=\"\",\"\",Start!H1458)","v":""},"",{"$f":"IF(I1458=\"\",\"\",LOOKUP(I1458,{1,\"01\";2,\"02\";3,\"03\";4,\"04\";5,\"05\";6,\"06\";7,\"07\";8,\"08\";9,\"09\";10,\"10\";11,\"11\";12,\"12\";13,\"13\";14,\"14\";15,\"15\"}))","v":""},"","","",{"$f":"IF(B1458=\"\",\"\",VLOOKUP(M1458,Sections!$A$2:$D$200,3,FALSE))","v":""},{"$f":"IF(B1458=\"\",\"\",VLOOKUP(M1458,Sections!$A$2:$D$200,4,FALSE))","v":""}]
[{"$f":"IF(Start!A1459=\"\",\"\",Start!A1459)","v":""},{"$f":"IF(Start!B1459=\"\",\"\",Start!B1459)","v":""},{"$f":"IF(Start!C1459=\"\",\"\",Start!C1459)","v":""},{"$f":"IF(Start!D1459=\"\",\"\",Start!D1459)","v":""},{"$f":"IF(Start!E1459=\"\",\"\",Start!E1459)","v":""},{"$f":"IF(Start!F1459=\"\",\"\",Start!F1459)","v":""},{"$f":"IF(Start!G1459=\"\",\"\",Start!G1459)","v":""},{"$f":"IF(Start!H1459=\"\",\"\",Start!H1459)","v":""},"",{"$f":"IF(I1459=\"\",\"\",LOOKUP(I1459,{1,\"01\";2,\"02\";3,\"03\";4,\"04\";5,\"05\";6,\"06\";7,\"07\";8,\"08\";9,\"09\";10,\"10\";11,\"11\";12,\"12\";13,\"13\";14,\"14\";15,\"15\"}))","v":""},"","","",{"$f":"IF(B1459=\"\",\"\",VLOOKUP(M1459,Sections!$A$2:$D$200,3,FALSE))","v":""},{"$f":"IF(B1459=\"\",\"\",VLOOKUP(M1459,Sections!$A$2:$D$200,4,FALSE))","v":""}]
[{"$f":"IF(Start!A1460=\"\",\"\",Start!A1460)","v":""},{"$f":"IF(Start!B1460=\"\",\"\",Start!B1460)","v":""},{"$f":"IF(Start!C1460=\"\",\"\",Start!C1460)","v":""},{"$f":"IF(Start!D1460=\"\",\"\",Start!D1460)","v":""},{"$f":"IF(Start!E1460=\"\",\"\",Start!E1460)","v":""},{"$f":"IF(Start!F1460=\"\",\"\",Start!F1460)","v":""},{"$f":"IF(Start!G1460=\"\",\"\",Start!G1460)","v":""},{"$f":"IF(Start!H1460=\"\",\"\",Start!H1460)","v":""},"",{"$f":"IF(I1460=\"\",\"\",LOOKUP(I1460,{1,\"01\";2,\"02\";3,\"03\";4,\"04\";5,\"05\";6,\"06\";7,\"07\";8,\"08\";9,\"09\";10,\"10\";11,\"11\";12,\"12\";13,\"13\";14,\"14\";15,\"15\"}))","v":""},"","","",{"$f":"IF(B1460=\"\",\"\",VLOOKUP(M1460,Sections!$A$2:$D$200,3,FALSE))","v":""},{"$f":"IF(B1460=\"\",\"\",VLOOKUP(M1460,Sections!$A$2:$D$200,4,FALSE))","v":""}]
[{"$f":"IF(Start!A1461=\"\",\"\",Start!A1461)","v":""},{"$f":"IF(Start!B1461=\"\",\"\",Start!B1461)","v":""},{"$f":"IF(Start!C1461=\"\",\"\",Start!C1461)","v":""},{"$f":"IF(Start!D1461=\"\",\"\",Start!D1461)","v":""},{"$f":"IF(Start!E1461=\"\",\"\",Start!E1461)","v":""},{"$f":"IF(Start!F1461=\"\",\"\",Start!F1461)","v":""},{"$f":"IF(Start!G1461=\"\",\"\",Start!G1461)","v":""},{"$f":"IF(Start!H1461=\"\",\"\",Start!H1461)","v":""},"",{"$f":"IF(I1461=\"\",\"\",LOOKUP(I1461,{1,\"01\";2,\"02\";3,\"03\";4,\"04\";5,\"05\";6,\"06\";7,\"07\";8,\"08\";9,\"09\";10,\"10\";11,\"11\";12,\"12\";13,\"13\";14,\"14\";15,\"15\"}))","v":""},"","","",{"$f":"IF(B1461=\"\",\"\",VLOOKUP(M1461,Sections!$A$2:$D$200,3,FALSE))","v":""},{"$f":"IF(B1461=\"\",\"\",VLOOKUP(M1461,Sections!$A$2:$D$200,4,FALSE))","v":""}]
[{"$f":"IF(Start!A1462=\"\",\"\",Start!A1462)","v":""},{"$f":"IF(Start!B1462=\"\",\"\",Start!B1462)","v":""},{"$f":"IF(Start!C1462=\"\",\"\",Start!C1462)","v":""},{"$f":"IF(Start!D1462=\"\",\"\",Start!D1462)","v":""},{"$f":"IF(Start!E1462=\"\",\"\",Start!E1462)","v":""},{"$f":"IF(Start!F1462=\"\",\"\",Start!F1462)","v":""},{"$f":"IF(Start!G1462=\"\",\"\",Start!G1462)","v":""},{"$f":"IF(Start!H1462=\"\",\"\",Start!H1462)","v":""},"",{"$f":"IF(I1462=\"\",\"\",LOOKUP(I1462,{1,\"01\";2,\"02\";3,\"03\";4,\"04\";5,\"05\";6,\"06\";7,\"07\";8,\"08\";9,\"09\";10,\"10\";11,\"11\";12,\"12\";13,\"13\";14,\"14\";15,\"15\"}))","v":""},"","","",{"$f":"IF(B1462=\"\",\"\",VLOOKUP(M1462,Sections!$A$2:$D$200,3,FALSE))","v":""},{"$f":"IF(B1462=\"\",\"\",VLOOKUP(M1462,Sections!$A$2:$D$200,4,FALSE))","v":""}]
[{"$f":"IF(Start!A1463=\"\",\"\",Start!A1463)","v":""},{"$f":"IF(Start!B1463=\"\",\"\",Start!B1463)","v":""},{"$f":"IF(Start!C1463=\"\",\"\",Start!C1463)","v":""},{"$f":"IF(Start!D1463=\"\",\"\",Start!D1463)","v":""},{"$f":"IF(Start!E1463=\"\",\"\",Start!E1463)","v":""},{"$f":"IF(Start!F1463=\"\",\"\",Start!F1463)","v":""},{"$f":"IF(Start!G1463=\"\",\"\",Start!G1463)","v":""},{"$f":"IF(Start!H1463=\"\",\"\",Start!H1463)","v":""},"",{"$f":"IF(I1463=\"\",\"\",LOOKUP(I1463,{1,\"01\";2,\"02\";3,\"03\";4,\"04\";5,\"05\";6,\"06\";7,\"07\";8,\"08\";9,\"09\";10,\"10\";11,\"11\";12,\"12\";13,\"13\";14,\"14\";15,\"15\"}))","v":""},"","","",{"$f":"IF(B1463=\"\",\"\",VLOOKUP(M1463,Sections!$A$2:$D$200,3,FALSE))","v":""},{"$f":"IF(B1463=\"\",\"\",VLOOKUP(M1463,Sections!$A$2:$D$200,4,FALSE))","v":""}]
[{"$f":"IF(Start!A1464=\"\",\"\",Start!A1464)","v":""},{"$f":"IF(Start!B1464=\"\",\"\",Start!B1464)","v":""},{"$f":"IF(Start!C1464=\"\",\"\",Start!C1464)","v":""},{"$f":"IF(Start!D1464=\"\",\"\",Start!D1464)","v":""},{"$f":"IF(Start!E1464=\"\",\"\",Start!E1464)","v":""},{"$f":"IF(Start!F1464=\"\",\"\",Start!F1464)","v":""},{"$f":"IF(Start!G1464=\"\",\"\",Start!G1464)","v":""},{"$f":"IF(Start!H1464=\"\",\"\",Start!H1464)","v":""},"",{"$f":"IF(I1464=\"\",\"\",LOOKUP(I1464,{1,\"01\";2,\"02\";3,\"03\";4,\"04\";5,\"05\";6,\"06\";7,\"07\";8,\"08\";9,\"09\";10,\"10\";11,\"11\";12,\"12\";13,\"13\";14,\"14\";15,\"15\"}))","v":""},"","","",{"$f":"IF(B1464=\"\",\"\",VLOOKUP(M1464,Sections!$A$2:$D$200,3,FALSE))","v":""},{"$f":"IF(B1464=\"\",\"\",VLOOKUP(M1464,Sections!$A$2:$D$200,4,FALSE))","v":""}]
[{"$f":"IF(Start!A1465=\"\",\"\",Start!A1465)","v":""},{"$f":"IF(Start!B1465=\"\",\"\",Start!B1465)","v":""},{"$f":"IF(Start!C1465=\"\",\"\",Start!C1465)","v":""},{"$f":"IF(Start!D1465=\"\",\"\",Start!D1465)","v":""},{"$f":"IF(Start!E1465=\"\",\"\",Start!E1465)","v":""},{"$f":"IF(Start!F1465=\"\",\"\",Start!F1465)","v":""},{"$f":"IF(Start!G1465=\"\",\"\",Start!G1465)","v":""},{"$f":"IF(Start!H1465=\"\",\"\",Start!H1465)","v":""},"",{"$f":"IF(I1465=\"\",\"\",LOOKUP(I1465,{1,\"01\";2,\"02\";3,\"03\";4,\"04\";5,\"05\";6,\"06\";7,\"07\";8,\"08\";9,\"09\";10,\"10\";11,\"11\";12,\"12\";13,\"13\";14,\"14\";15,\"15\"}))","v":""},"","","",{"$f":"IF(B1465=\"\",\"\",VLOOKUP(M1465,Sections!$A$2:$D$200,3,FALSE))","v":""},{"$f":"IF(B1465=\"\",\"\",VLOOKUP(M1465,Sections!$A$2:$D$200,4,FALSE))","v":""}]
[{"$f":"IF(Start!A1466=\"\",\"\",Start!A1466)","v":""},{"$f":"IF(Start!B1466=\"\",\"\",Start!B1466)","v":""},{"$f":"IF(Start!C1466=\"\",\"\",Start!C1466)","v":""},{"$f":"IF(Start!D1466=\"\",\"\",Start!D1466)","v":""},{"$f":"IF(Start!E1466=\"\",\"\",Start!E1466)","v":""},{"$f":"IF(Start!F1466=\"\",\"\",Start!F1466)","v":""},{"$f":"IF(Start!G1466=\"\",\"\",Start!G1466)","v":""},{"$f":"IF(Start!H1466=\"\",\"\",Start!H1466)","v":""},"",{"$f":"IF(I1466=\"\",\"\",LOOKUP(I1466,{1,\"01\";2,\"02\";3,\"03\";4,\"04\";5,\"05\";6,\"06\";7,\"07\";8,\"08\";9,\"09\";10,\"10\";11,\"11\";12,\"12\";13,\"13\";14,\"14\";15,\"15\"}))","v":""},"","","",{"$f":"IF(B1466=\"\",\"\",VLOOKUP(M1466,Sections!$A$2:$D$200,3,FALSE))","v":""},{"$f":"IF(B1466=\"\",\"\",VLOOKUP(M1466,Sections!$A$2:$D$200,4,FALSE))","v":""}]
[{"$f":"IF(Start!A1467=\"\",\"\",Start!A1467)","v":""},{"$f":"IF(Start!B1467=\"\",\"\",Start!B1467)","v":""},{"$f":"IF(Start!C1467=\"\",\"\",Start!C1467)","v":""},{"$f":"IF(Start!D1467=\"\",\"\",Start!D1467)","v":""},{"$f":"IF(Start!E1467=\"\",\"\",Start!E1467)","v":""},{"$f":"IF(Start!F1467=\"\",\"\",Start!F1467)","v":""},{"$f":"IF(Start!G1467=\"\",\"\",Start!G1467)","v":""},{"$f":"IF(Start!H1467=\"\",\"\",Start!H1467)","v":""},"",{"$f":"IF(I1467=\"\",\"\",LOOKUP(I1467,{1,\"01\";2,\"02\";3,\"03\";4,\"04\";5,\"05\";6,\"06\";7,\"07\";8,\"08\";9,\"09\";10,\"10\";11,\"11\";12,\"12\";13,\"13\";14,\"14\";15,\"15\"}))","v":""},"","","",{"$f":"IF(B1467=\"\",\"\",VLOOKUP(M1467,Sections!$A$2:$D$200,3,FALSE))","v":""},{"$f":"IF(B1467=\"\",\"\",VLOOKUP(M1467,Sections!$A$2:$D$200,4,FALSE))","v":""}]
[{"$f":"IF(Start!A1468=\"\",\"\",Start!A1468)","v":""},{"$f":"IF(Start!B1468=\"\",\"\",Start!B1468)","v":""},{"$f":"IF(Start!C1468=\"\",\"\",Start!C1468)","v":""},{"$f":"IF(Start!D1468=\"\",\"\",Start!D1468)","v":""},{"$f":"IF(Start!E1468=\"\",\"\",Start!E1468)","v":""},{"$f":"IF(Start!F1468=\"\",\"\",Start!F1468)","v":""},{"$f":"IF(Start!G1468=\"\",\"\",Start!G1468)","v":""},{"$f":"IF(Start!H1468=\"\",\"\",Start!H1468)","v":""},"",{"$f":"IF(I1468=\"\",\"\",LOOKUP(I1468,{1,\"01\";2,\"02\";3,\"03\";4,\"04\";5,\"05\";6,\"06\";7,\"07\";8,\"08\";9,\"09\";10,\"10\";11,\"11\";12,\"12\";13,\"13\";14,\"14\";15,\"15\"}))","v":""},"","","",{"$f":"IF(B1468=\"\",\"\",VLOOKUP(M1468,Sections!$A$2:$D$200,3,FALSE))","v":""},{"$f":"IF(B1468=\"\",\"\",VLOOKUP(M1468,Sections!$A$2:$D$200,4,FALSE))","v":""}]
[{"$f":"IF(Start!A1469=\"\",\"\",Start!A1469)","v":""},{"$f":"IF(Start!B1469=\"\",\"\",Start!B1469)","v":""},{"$f":"IF(Start!C1469=\"\",\"\",Start!C1469)","v":""},{"$f":"IF(Start!D1469=\"\",\"\",Start!D1469)","v":""},{"$f":"IF(Start!E1469=\"\",\"\",Start!E1469)","v":""},{"$f":"IF(Start!F1469=\"\",\"\",Start!F1469)","v":""},{"$f":"IF(Start!G1469=\"\",\"\",Start!G1469)","v":""},{"$f":"IF(Start!H1469=\"\",\"\",Start!H1469)","v":""},"",{"$f":"IF(I1469=\"\",\"\",LOOKUP(I1469,{1,\"01\";2,\"02\";3,\"03\";4,\"04\";5,\"05\";6,\"06\";7,\"07\";8,\"08\";9,\"09\";10,\"10\";11,\"11\";12,\"12\";13,\"13\";14,\"14\";15,\"15\"}))","v":""},"","","",{"$f":"IF(B1469=\"\",\"\",VLOOKUP(M1469,Sections!$A$2:$D$200,3,FALSE))","v":""},{"$f":"IF(B1469=\"\",\"\",VLOOKUP(M1469,Sections!$A$2:$D$200,4,FALSE))","v":""}]
[{"$f":"IF(Start!A1470=\"\",\"\",Start!A1470)","v":""},{"$f":"IF(Start!B1470=\"\",\"\",Start!B1470)","v":""},{"$f":"IF(Start!C1470=\"\",\"\",Start!C1470)","v":""},{"$f":"IF(Start!D1470=\"\",\"\",Start!D1470)","v":""},{"$f":"IF(Start!E1470=\"\",\"\",Start!E1470)","v":""},{"$f":"IF(Start!F1470=\"\",\"\",Start!F1470)","v":""},{"$f":"IF(Start!G1470=\"\",\"\",Start!G1470)","v":""},{"$f":"IF(Start!H1470=\"\",\"\",Start!H1470)","v":""},"",{"$f":"IF(I1470=\"\",\"\",LOOKUP(I1470,{1,\"01\";2,\"02\";3,\"03\";4,\"04\";5,\"05\";6,\"06\";7,\"07\";8,\"08\";9,\"09\";10,\"10\";11,\"11\";12,\"12\";13,\"13\";14,\"14\";15,\"15\"}))","v":""},"","","",{"$f":"IF(B1470=\"\",\"\",VLOOKUP(M1470,Sections!$A$2:$D$200,3,FALSE))","v":""},{"$f":"IF(B1470=\"\",\"\",VLOOKUP(M1470,Sections!$A$2:$D$200,4,FALSE))","v":""}]
[{"$f":"IF(Start!A1471=\"\",\"\",Start!A1471)","v":""},{"$f":"IF(Start!B1471=\"\",\"\",Start!B1471)","v":""},{"$f":"IF(Start!C1471=\"\",\"\",Start!C1471)","v":""},{"$f":"IF(Start!D1471=\"\",\"\",Start!D1471)","v":""},{"$f":"IF(Start!E1471=\"\",\"\",Start!E1471)","v":""},{"$f":"IF(Start!F1471=\"\",\"\",Start!F1471)","v":""},{"$f":"IF(Start!G1471=\"\",\"\",Start!G1471)","v":""},{"$f":"IF(Start!H1471=\"\",\"\",Start!H1471)","v":""},"",{"$f":"IF(I1471=\"\",\"\",LOOKUP(I1471,{1,\"01\";2,\"02\";3,\"03\";4,\"04\";5,\"05\";6,\"06\";7,\"07\";8,\"08\";9,\"09\";10,\"10\";11,\"11\";12,\"12\";13,\"13\";14,\"14\";15,\"15\"}))","v":""},"","","",{"$f":"IF(B1471=\"\",\"\",VLOOKUP(M1471,Sections!$A$2:$D$200,3,FALSE))","v":""},{"$f":"IF(B1471=\"\",\"\",VLOOKUP(M1471,Sections!$A$2:$D$200,4,FALSE))","v":""}]
[{"$f":"IF(Start!A1472=\"\",\"\",Start!A1472)","v":""},{"$f":"IF(Start!B1472=\"\",\"\",Start!B1472)","v":""},{"$f":"IF(Start!C1472=\"\",\"\",Start!C1472)","v":""},{"$f":"IF(Start!D1472=\"\",\"\",Start!D1472)","v":""},{"$f":"IF(Start!E1472=\"\",\"\",Start!E1472)","v":""},{"$f":"IF(Start!F1472=\"\",\"\",Start!F1472)","v":""},{"$f":"IF(Start!G1472=\"\",\"\",Start!G1472)","v":""},{"$f":"IF(Start!H1472=\"\",\"\",Start!H1472)","v":""},"",{"$f":"IF(I1472=\"\",\"\",LOOKUP(I1472,{1,\"01\";2,\"02\";3,\"03\";4,\"04\";5,\"05\";6,\"06\";7,\"07\";8,\"08\";9,\"09\";10,\"10\";11,\"11\";12,\"12\";13,\"13\";14,\"14\";15,\"15\"}))","v":""},"","","",{"$f":"IF(B1472=\"\",\"\",VLOOKUP(M1472,Sections!$A$2:$D$200,3,FALSE))","v":""},{"$f":"IF(B1472=\"\",\"\",VLOOKUP(M1472,Sections!$A$2:$D$200,4,FALSE))","v":""}]
[{"$f":"IF(Start!A1473=\"\",\"\",Start!A1473)","v":""},{"$f":"IF(Start!B1473=\"\",\"\",Start!B1473)","v":""},{"$f":"IF(Start!C1473=\"\",\"\",Start!C1473)","v":""},{"$f":"IF(Start!D1473=\"\",\"\",Start!D1473)","v":""},{"$f":"IF(Start!E1473=\"\",\"\",Start!E1473)","v":""},{"$f":"IF(Start!F1473=\"\",\"\",Start!F1473)","v":""},{"$f":"IF(Start!G1473=\"\",\"\",Start!G1473)","v":""},{"$f":"IF(Start!H1473=\"\",\"\",Start!H1473)","v":""},"",{"$f":"IF(I1473=\"\",\"\",LOOKUP(I1473,{1,\"01\";2,\"02\";3,\"03\";4,\"04\";5,\"05\";6,\"06\";7,\"07\";8,\"08\";9,\"09\";10,\"10\";11,\"11\";12,\"12\";13,\"13\";14,\"14\";15,\"15\"}))","v":""},"","","",{"$f":"IF(B1473=\"\",\"\",VLOOKUP(M1473,Sections!$A$2:$D$200,3,FALSE))","v":""},{"$f":"IF(B1473=\"\",\"\",VLOOKUP(M1473,Sections!$A$2:$D$200,4,FALSE))","v":""}]
[{"$f":"IF(Start!A1474=\"\",\"\",Start!A1474)","v":""},{"$f":"IF(Start!B1474=\"\",\"\",Start!B1474)","v":""},{"$f":"IF(Start!C1474=\"\",\"\",Start!C1474)","v":""},{"$f":"IF(Start!D1474=\"\",\"\",Start!D1474)","v":""},{"$f":"IF(Start!E1474=\"\",\"\",Start!E1474)","v":""},{"$f":"IF(Start!F1474=\"\",\"\",Start!F1474)","v":""},{"$f":"IF(Start!G1474=\"\",\"\",Start!G1474)","v":""},{"$f":"IF(Start!H1474=\"\",\"\",Start!H1474)","v":""},"",{"$f":"IF(I1474=\"\",\"\",LOOKUP(I1474,{1,\"01\";2,\"02\";3,\"03\";4,\"04\";5,\"05\";6,\"06\";7,\"07\";8,\"08\";9,\"09\";10,\"10\";11,\"11\";12,\"12\";13,\"13\";14,\"14\";15,\"15\"}))","v":""},"","","",{"$f":"IF(B1474=\"\",\"\",VLOOKUP(M1474,Sections!$A$2:$D$200,3,FALSE))","v":""},{"$f":"IF(B1474=\"\",\"\",VLOOKUP(M1474,Sections!$A$2:$D$200,4,FALSE))","v":""}]
[{"$f":"IF(Start!A1475=\"\",\"\",Start!A1475)","v":""},{"$f":"IF(Start!B1475=\"\",\"\",Start!B1475)","v":""},{"$f":"IF(Start!C1475=\"\",\"\",Start!C1475)","v":""},{"$f":"IF(Start!D1475=\"\",\"\",Start!D1475)","v":""},{"$f":"IF(Start!E1475=\"\",\"\",Start!E1475)","v":""},{"$f":"IF(Start!F1475=\"\",\"\",Start!F1475)","v":""},{"$f":"IF(Start!G1475=\"\",\"\",Start!G1475)","v":""},{"$f":"IF(Start!H1475=\"\",\"\",Start!H1475)","v":""},{"$f":"IF(AND(A1475=\"\",B1475=\"\",C1475=\"\"),\"\",IF(AND(A1475<>\"\",B1475=\"\",G1475=0,H1475=0),D1475,I1474))","v":""},{"$f":"IF(I1475=\"\",\"\",LOOKUP(I1475,{1,\"01\";2,\"02\";3,\"03\";4,\"04\";5,\"05\";6,\"06\";7,\"07\";8,\"08\";9,\"09\";10,\"10\";11,\"11\";12,\"12\";13,\"13\";14,\"14\";15,\"15\"}))","v":""},{"$f":"IF(AND(A1475<>\"\",B1475=\"\"),J1475&\". \"&PROPER(C1475),IF(AND(A1475=\"\",B1475<>\"\"),PROPER(K1474),\"\"))","v":""},{"$f":"IF(B1475=\"\",\"\",LEFT(B1475,1)*100)","v":""},{"$f":"IF(B1475=\"\",\"\",LEFT(B1475,3)*1)","v":""},{"$f":"IF(B1475=\"\",\"\",VLOOKUP(M1475,Sections!$A$2:$D$200,3,FALSE))","v":""},{"$f":"IF(B1475=\"\",\"\",VLOOKUP(M1475,Sections!$A$2:$D$200,4,FALSE))","v":""}]
[{"$f":"IF(Start!A1476=\"\",\"\",Start!A1476)","v":""},{"$f":"IF(Start!B1476=\"\",\"\",Start!B1476)","v":""},{"$f":"IF(Start!C1476=\"\",\"\",Start!C1476)","v":""},{"$f":"IF(Start!D1476=\"\",\"\",Start!D1476)","v":""},{"$f":"IF(Start!E1476=\"\",\"\",Start!E1476)","v":""},{"$f":"IF(Start!F1476=\"\",\"\",Start!F1476)","v":""},{"$f":"IF(Start!G1476=\"\",\"\",Start!G1476)","v":""},{"$f":"IF(Start!H1476=\"\",\"\",Start!H1476)","v":""},"",{"$f":"IF(I1476=\"\",\"\",LOOKUP(I1476,{1,\"01\";2,\"02\";3,\"03\";4,\"04\";5,\"05\";6,\"06\";7,\"07\";8,\"08\";9,\"09\";10,\"10\";11,\"11\";12,\"12\";13,\"13\";14,\"14\";15,\"15\"}))","v":""},"","","",{"$f":"IF(B1476=\"\",\"\",VLOOKUP(M1476,Sections!$A$2:$D$200,3,FALSE))","v":""},{"$f":"IF(B1476=\"\",\"\",VLOOKUP(M1476,Sections!$A$2:$D$200,4,FALSE))","v":""}]
[{"$f":"IF(Start!A1477=\"\",\"\",Start!A1477)","v":""},{"$f":"IF(Start!B1477=\"\",\"\",Start!B1477)","v":""},{"$f":"IF(Start!C1477=\"\",\"\",Start!C1477)","v":""},{"$f":"IF(Start!D1477=\"\",\"\",Start!D1477)","v":""},{"$f":"IF(Start!E1477=\"\",\"\",Start!E1477)","v":""},{"$f":"IF(Start!F1477=\"\",\"\",Start!F1477)","v":""},{"$f":"IF(Start!G1477=\"\",\"\",Start!G1477)","v":""},{"$f":"IF(Start!H1477=\"\",\"\",Start!H1477)","v":""},"",{"$f":"IF(I1477=\"\",\"\",LOOKUP(I1477,{1,\"01\";2,\"02\";3,\"03\";4,\"04\";5,\"05\";6,\"06\";7,\"07\";8,\"08\";9,\"09\";10,\"10\";11,\"11\";12,\"12\";13,\"13\";14,\"14\";15,\"15\"}))","v":""},"","","",{"$f":"IF(B1477=\"\",\"\",VLOOKUP(M1477,Sections!$A$2:$D$200,3,FALSE))","v":""},{"$f":"IF(B1477=\"\",\"\",VLOOKUP(M1477,Sections!$A$2:$D$200,4,FALSE))","v":""}]
[{"$f":"IF(Start!A1478=\"\",\"\",Start!A1478)","v":""},{"$f":"IF(Start!B1478=\"\",\"\",Start!B1478)","v":""},{"$f":"IF(Start!C1478=\"\",\"\",Start!C1478)","v":""},{"$f":"IF(Start!D1478=\"\",\"\",Start!D1478)","v":""},{"$f":"IF(Start!E1478=\"\",\"\",Start!E1478)","v":""},{"$f":"IF(Start!F1478=\"\",\"\",Start!F1478)","v":""},{"$f":"IF(Start!G1478=\"\",\"\",Start!G1478)","v":""},{"$f":"IF(Start!H1478=\"\",\"\",Start!H1478)","v":""},"",{"$f":"IF(I1478=\"\",\"\",LOOKUP(I1478,{1,\"01\";2,\"02\";3,\"03\";4,\"04\";5,\"05\";6,\"06\";7,\"07\";8,\"08\";9,\"09\";10,\"10\";11,\"11\";12,\"12\";13,\"13\";14,\"14\";15,\"15\"}))","v":""},"","","",{"$f":"IF(B1478=\"\",\"\",VLOOKUP(M1478,Sections!$A$2:$D$200,3,FALSE))","v":""},{"$f":"IF(B1478=\"\",\"\",VLOOKUP(M1478,Sections!$A$2:$D$200,4,FALSE))","v":""}]
[{"$f":"IF(Start!A1479=\"\",\"\",Start!A1479)","v":""},{"$f":"IF(Start!B1479=\"\",\"\",Start!B1479)","v":""},{"$f":"IF(Start!C1479=\"\",\"\",Start!C1479)","v":""},{"$f":"IF(Start!D1479=\"\",\"\",Start!D1479)","v":""},{"$f":"IF(Start!E1479=\"\",\"\",Start!E1479)","v":""},{"$f":"IF(Start!F1479=\"\",\"\",Start!F1479)","v":""},{"$f":"IF(Start!G1479=\"\",\"\",Start!G1479)","v":""},{"$f":"IF(Start!H1479=\"\",\"\",Start!H1479)","v":""},"",{"$f":"IF(I1479=\"\",\"\",LOOKUP(I1479,{1,\"01\";2,\"02\";3,\"03\";4,\"04\";5,\"05\";6,\"06\";7,\"07\";8,\"08\";9,\"09\";10,\"10\";11,\"11\";12,\"12\";13,\"13\";14,\"14\";15,\"15\"}))","v":""},"","","",{"$f":"IF(B1479=\"\",\"\",VLOOKUP(M1479,Sections!$A$2:$D$200,3,FALSE))","v":""},{"$f":"IF(B1479=\"\",\"\",VLOOKUP(M1479,Sections!$A$2:$D$200,4,FALSE))","v":""}]
[{"$f":"IF(Start!A1480=\"\",\"\",Start!A1480)","v":""},{"$f":"IF(Start!B1480=\"\",\"\",Start!B1480)","v":""},{"$f":"IF(Start!C1480=\"\",\"\",Start!C1480)","v":""},{"$f":"IF(Start!D1480=\"\",\"\",Start!D1480)","v":""},{"$f":"IF(Start!E1480=\"\",\"\",Start!E1480)","v":""},{"$f":"IF(Start!F1480=\"\",\"\",Start!F1480)","v":""},{"$f":"IF(Start!G1480=\"\",\"\",Start!G1480)","v":""},{"$f":"IF(Start!H1480=\"\",\"\",Start!H1480)","v":""},"",{"$f":"IF(I1480=\"\",\"\",LOOKUP(I1480,{1,\"01\";2,\"02\";3,\"03\";4,\"04\";5,\"05\";6,\"06\";7,\"07\";8,\"08\";9,\"09\";10,\"10\";11,\"11\";12,\"12\";13,\"13\";14,\"14\";15,\"15\"}))","v":""},"","","",{"$f":"IF(B1480=\"\",\"\",VLOOKUP(M1480,Sections!$A$2:$D$200,3,FALSE))","v":""},{"$f":"IF(B1480=\"\",\"\",VLOOKUP(M1480,Sections!$A$2:$D$200,4,FALSE))","v":""}]
[{"$f":"IF(Start!A1481=\"\",\"\",Start!A1481)","v":""},{"$f":"IF(Start!B1481=\"\",\"\",Start!B1481)","v":""},{"$f":"IF(Start!C1481=\"\",\"\",Start!C1481)","v":""},{"$f":"IF(Start!D1481=\"\",\"\",Start!D1481)","v":""},{"$f":"IF(Start!E1481=\"\",\"\",Start!E1481)","v":""},{"$f":"IF(Start!F1481=\"\",\"\",Start!F1481)","v":""},{"$f":"IF(Start!G1481=\"\",\"\",Start!G1481)","v":""},{"$f":"IF(Start!H1481=\"\",\"\",Start!H1481)","v":""},"",{"$f":"IF(I1481=\"\",\"\",LOOKUP(I1481,{1,\"01\";2,\"02\";3,\"03\";4,\"04\";5,\"05\";6,\"06\";7,\"07\";8,\"08\";9,\"09\";10,\"10\";11,\"11\";12,\"12\";13,\"13\";14,\"14\";15,\"15\"}))","v":""},"","","",{"$f":"IF(B1481=\"\",\"\",VLOOKUP(M1481,Sections!$A$2:$D$200,3,FALSE))","v":""},{"$f":"IF(B1481=\"\",\"\",VLOOKUP(M1481,Sections!$A$2:$D$200,4,FALSE))","v":""}]
[{"$f":"IF(Start!A1482=\"\",\"\",Start!A1482)","v":""},{"$f":"IF(Start!B1482=\"\",\"\",Start!B1482)","v":""},{"$f":"IF(Start!C1482=\"\",\"\",Start!C1482)","v":""},{"$f":"IF(Start!D1482=\"\",\"\",Start!D1482)","v":""},{"$f":"IF(Start!E1482=\"\",\"\",Start!E1482)","v":""},{"$f":"IF(Start!F1482=\"\",\"\",Start!F1482)","v":""},{"$f":"IF(Start!G1482=\"\",\"\",Start!G1482)","v":""},{"$f":"IF(Start!H1482=\"\",\"\",Start!H1482)","v":""},"",{"$f":"IF(I1482=\"\",\"\",LOOKUP(I1482,{1,\"01\";2,\"02\";3,\"03\";4,\"04\";5,\"05\";6,\"06\";7,\"07\";8,\"08\";9,\"09\";10,\"10\";11,\"11\";12,\"12\";13,\"13\";14,\"14\";15,\"15\"}))","v":""},"","","",{"$f":"IF(B1482=\"\",\"\",VLOOKUP(M1482,Sections!$A$2:$D$200,3,FALSE))","v":""},{"$f":"IF(B1482=\"\",\"\",VLOOKUP(M1482,Sections!$A$2:$D$200,4,FALSE))","v":""}]
[{"$f":"IF(Start!A1483=\"\",\"\",Start!A1483)","v":""},{"$f":"IF(Start!B1483=\"\",\"\",Start!B1483)","v":""},{"$f":"IF(Start!C1483=\"\",\"\",Start!C1483)","v":""},{"$f":"IF(Start!D1483=\"\",\"\",Start!D1483)","v":""},{"$f":"IF(Start!E1483=\"\",\"\",Start!E1483)","v":""},{"$f":"IF(Start!F1483=\"\",\"\",Start!F1483)","v":""},{"$f":"IF(Start!G1483=\"\",\"\",Start!G1483)","v":""},{"$f":"IF(Start!H1483=\"\",\"\",Start!H1483)","v":""},"",{"$f":"IF(I1483=\"\",\"\",LOOKUP(I1483,{1,\"01\";2,\"02\";3,\"03\";4,\"04\";5,\"05\";6,\"06\";7,\"07\";8,\"08\";9,\"09\";10,\"10\";11,\"11\";12,\"12\";13,\"13\";14,\"14\";15,\"15\"}))","v":""},"","","",{"$f":"IF(B1483=\"\",\"\",VLOOKUP(M1483,Sections!$A$2:$D$200,3,FALSE))","v":""},{"$f":"IF(B1483=\"\",\"\",VLOOKUP(M1483,Sections!$A$2:$D$200,4,FALSE))","v":""}]
[{"$f":"IF(Start!A1484=\"\",\"\",Start!A1484)","v":""},{"$f":"IF(Start!B1484=\"\",\"\",Start!B1484)","v":""},{"$f":"IF(Start!C1484=\"\",\"\",Start!C1484)","v":""},{"$f":"IF(Start!D1484=\"\",\"\",Start!D1484)","v":""},{"$f":"IF(Start!E1484=\"\",\"\",Start!E1484)","v":""},{"$f":"IF(Start!F1484=\"\",\"\",Start!F1484)","v":""},{"$f":"IF(Start!G1484=\"\",\"\",Start!G1484)","v":""},{"$f":"IF(Start!H1484=\"\",\"\",Start!H1484)","v":""},"",{"$f":"IF(I1484=\"\",\"\",LOOKUP(I1484,{1,\"01\";2,\"02\";3,\"03\";4,\"04\";5,\"05\";6,\"06\";7,\"07\";8,\"08\";9,\"09\";10,\"10\";11,\"11\";12,\"12\";13,\"13\";14,\"14\";15,\"15\"}))","v":""},"","","",{"$f":"IF(B1484=\"\",\"\",VLOOKUP(M1484,Sections!$A$2:$D$200,3,FALSE))","v":""},{"$f":"IF(B1484=\"\",\"\",VLOOKUP(M1484,Sections!$A$2:$D$200,4,FALSE))","v":""}]
[{"$f":"IF(Start!A1485=\"\",\"\",Start!A1485)","v":""},{"$f":"IF(Start!B1485=\"\",\"\",Start!B1485)","v":""},{"$f":"IF(Start!C1485=\"\",\"\",Start!C1485)","v":""},{"$f":"IF(Start!D1485=\"\",\"\",Start!D1485)","v":""},{"$f":"IF(Start!E1485=\"\",\"\",Start!E1485)","v":""},{"$f":"IF(Start!F1485=\"\",\"\",Start!F1485)","v":""},{"$f":"IF(Start!G1485=\"\",\"\",Start!G1485)","v":""},{"$f":"IF(Start!H1485=\"\",\"\",Start!H1485)","v":""},"",{"$f":"IF(I1485=\"\",\"\",LOOKUP(I1485,{1,\"01\";2,\"02\";3,\"03\";4,\"04\";5,\"05\";6,\"06\";7,\"07\";8,\"08\";9,\"09\";10,\"10\";11,\"11\";12,\"12\";13,\"13\";14,\"14\";15,\"15\"}))","v":""},"","","",{"$f":"IF(B1485=\"\",\"\",VLOOKUP(M1485,Sections!$A$2:$D$200,3,FALSE))","v":""},{"$f":"IF(B1485=\"\",\"\",VLOOKUP(M1485,Sections!$A$2:$D$200,4,FALSE))","v":""}]
[{"$f":"IF(Start!A1486=\"\",\"\",Start!A1486)","v":""},{"$f":"IF(Start!B1486=\"\",\"\",Start!B1486)","v":""},{"$f":"IF(Start!C1486=\"\",\"\",Start!C1486)","v":""},{"$f":"IF(Start!D1486=\"\",\"\",Start!D1486)","v":""},{"$f":"IF(Start!E1486=\"\",\"\",Start!E1486)","v":""},{"$f":"IF(Start!F1486=\"\",\"\",Start!F1486)","v":""},{"$f":"IF(Start!G1486=\"\",\"\",Start!G1486)","v":""},{"$f":"IF(Start!H1486=\"\",\"\",Start!H1486)","v":""},"",{"$f":"IF(I1486=\"\",\"\",LOOKUP(I1486,{1,\"01\";2,\"02\";3,\"03\";4,\"04\";5,\"05\";6,\"06\";7,\"07\";8,\"08\";9,\"09\";10,\"10\";11,\"11\";12,\"12\";13,\"13\";14,\"14\";15,\"15\"}))","v":""},"","","",{"$f":"IF(B1486=\"\",\"\",VLOOKUP(M1486,Sections!$A$2:$D$200,3,FALSE))","v":""},{"$f":"IF(B1486=\"\",\"\",VLOOKUP(M1486,Sections!$A$2:$D$200,4,FALSE))","v":""}]
[{"$f":"IF(Start!A1487=\"\",\"\",Start!A1487)","v":""},{"$f":"IF(Start!B1487=\"\",\"\",Start!B1487)","v":""},{"$f":"IF(Start!C1487=\"\",\"\",Start!C1487)","v":""},{"$f":"IF(Start!D1487=\"\",\"\",Start!D1487)","v":""},{"$f":"IF(Start!E1487=\"\",\"\",Start!E1487)","v":""},{"$f":"IF(Start!F1487=\"\",\"\",Start!F1487)","v":""},{"$f":"IF(Start!G1487=\"\",\"\",Start!G1487)","v":""},{"$f":"IF(Start!H1487=\"\",\"\",Start!H1487)","v":""},"",{"$f":"IF(I1487=\"\",\"\",LOOKUP(I1487,{1,\"01\";2,\"02\";3,\"03\";4,\"04\";5,\"05\";6,\"06\";7,\"07\";8,\"08\";9,\"09\";10,\"10\";11,\"11\";12,\"12\";13,\"13\";14,\"14\";15,\"15\"}))","v":""},"","","",{"$f":"IF(B1487=\"\",\"\",VLOOKUP(M1487,Sections!$A$2:$D$200,3,FALSE))","v":""},{"$f":"IF(B1487=\"\",\"\",VLOOKUP(M1487,Sections!$A$2:$D$200,4,FALSE))","v":""}]
[{"$f":"IF(Start!A1488=\"\",\"\",Start!A1488)","v":""},{"$f":"IF(Start!B1488=\"\",\"\",Start!B1488)","v":""},{"$f":"IF(Start!C1488=\"\",\"\",Start!C1488)","v":""},{"$f":"IF(Start!D1488=\"\",\"\",Start!D1488)","v":""},{"$f":"IF(Start!E1488=\"\",\"\",Start!E1488)","v":""},{"$f":"IF(Start!F1488=\"\",\"\",Start!F1488)","v":""},{"$f":"IF(Start!G1488=\"\",\"\",Start!G1488)","v":""},{"$f":"IF(Start!H1488=\"\",\"\",Start!H1488)","v":""},"",{"$f":"IF(I1488=\"\",\"\",LOOKUP(I1488,{1,\"01\";2,\"02\";3,\"03\";4,\"04\";5,\"05\";6,\"06\";7,\"07\";8,\"08\";9,\"09\";10,\"10\";11,\"11\";12,\"12\";13,\"13\";14,\"14\";15,\"15\"}))","v":""},"","","",{"$f":"IF(B1488=\"\",\"\",VLOOKUP(M1488,Sections!$A$2:$D$200,3,FALSE))","v":""},{"$f":"IF(B1488=\"\",\"\",VLOOKUP(M1488,Sections!$A$2:$D$200,4,FALSE))","v":""}]
[{"$f":"IF(Start!A1489=\"\",\"\",Start!A1489)","v":""},{"$f":"IF(Start!B1489=\"\",\"\",Start!B1489)","v":""},{"$f":"IF(Start!C1489=\"\",\"\",Start!C1489)","v":""},{"$f":"IF(Start!D1489=\"\",\"\",Start!D1489)","v":""},{"$f":"IF(Start!E1489=\"\",\"\",Start!E1489)","v":""},{"$f":"IF(Start!F1489=\"\",\"\",Start!F1489)","v":""},{"$f":"IF(Start!G1489=\"\",\"\",Start!G1489)","v":""},{"$f":"IF(Start!H1489=\"\",\"\",Start!H1489)","v":""},"",{"$f":"IF(I1489=\"\",\"\",LOOKUP(I1489,{1,\"01\";2,\"02\";3,\"03\";4,\"04\";5,\"05\";6,\"06\";7,\"07\";8,\"08\";9,\"09\";10,\"10\";11,\"11\";12,\"12\";13,\"13\";14,\"14\";15,\"15\"}))","v":""},"","","",{"$f":"IF(B1489=\"\",\"\",VLOOKUP(M1489,Sections!$A$2:$D$200,3,FALSE))","v":""},{"$f":"IF(B1489=\"\",\"\",VLOOKUP(M1489,Sections!$A$2:$D$200,4,FALSE))","v":""}]
[{"$f":"IF(Start!A1490=\"\",\"\",Start!A1490)","v":""},{"$f":"IF(Start!B1490=\"\",\"\",Start!B1490)","v":""},{"$f":"IF(Start!C1490=\"\",\"\",Start!C1490)","v":""},{"$f":"IF(Start!D1490=\"\",\"\",Start!D1490)","v":""},{"$f":"IF(Start!E1490=\"\",\"\",Start!E1490)","v":""},{"$f":"IF(Start!F1490=\"\",\"\",Start!F1490)","v":""},{"$f":"IF(Start!G1490=\"\",\"\",Start!G1490)","v":""},{"$f":"IF(Start!H1490=\"\",\"\",Start!H1490)","v":""},"",{"$f":"IF(I1490=\"\",\"\",LOOKUP(I1490,{1,\"01\";2,\"02\";3,\"03\";4,\"04\";5,\"05\";6,\"06\";7,\"07\";8,\"08\";9,\"09\";10,\"10\";11,\"11\";12,\"12\";13,\"13\";14,\"14\";15,\"15\"}))","v":""},"","","",{"$f":"IF(B1490=\"\",\"\",VLOOKUP(M1490,Sections!$A$2:$D$200,3,FALSE))","v":""},{"$f":"IF(B1490=\"\",\"\",VLOOKUP(M1490,Sections!$A$2:$D$200,4,FALSE))","v":""}]
[{"$f":"IF(Start!A1491=\"\",\"\",Start!A1491)","v":""},{"$f":"IF(Start!B1491=\"\",\"\",Start!B1491)","v":""},{"$f":"IF(Start!C1491=\"\",\"\",Start!C1491)","v":""},{"$f":"IF(Start!D1491=\"\",\"\",Start!D1491)","v":""},{"$f":"IF(Start!E1491=\"\",\"\",Start!E1491)","v":""},{"$f":"IF(Start!F1491=\"\",\"\",Start!F1491)","v":""},{"$f":"IF(Start!G1491=\"\",\"\",Start!G1491)","v":""},{"$f":"IF(Start!H1491=\"\",\"\",Start!H1491)","v":""},"",{"$f":"IF(I1491=\"\",\"\",LOOKUP(I1491,{1,\"01\";2,\"02\";3,\"03\";4,\"04\";5,\"05\";6,\"06\";7,\"07\";8,\"08\";9,\"09\";10,\"10\";11,\"11\";12,\"12\";13,\"13\";14,\"14\";15,\"15\"}))","v":""},"","","",{"$f":"IF(B1491=\"\",\"\",VLOOKUP(M1491,Sections!$A$2:$D$200,3,FALSE))","v":""},{"$f":"IF(B1491=\"\",\"\",VLOOKUP(M1491,Sections!$A$2:$D$200,4,FALSE))","v":""}]
[{"$f":"IF(Start!A1492=\"\",\"\",Start!A1492)","v":""},{"$f":"IF(Start!B1492=\"\",\"\",Start!B1492)","v":""},{"$f":"IF(Start!C1492=\"\",\"\",Start!C1492)","v":""},{"$f":"IF(Start!D1492=\"\",\"\",Start!D1492)","v":""},{"$f":"IF(Start!E1492=\"\",\"\",Start!E1492)","v":""},{"$f":"IF(Start!F1492=\"\",\"\",Start!F1492)","v":""},{"$f":"IF(Start!G1492=\"\",\"\",Start!G1492)","v":""},{"$f":"IF(Start!H1492=\"\",\"\",Start!H1492)","v":""},"",{"$f":"IF(I1492=\"\",\"\",LOOKUP(I1492,{1,\"01\";2,\"02\";3,\"03\";4,\"04\";5,\"05\";6,\"06\";7,\"07\";8,\"08\";9,\"09\";10,\"10\";11,\"11\";12,\"12\";13,\"13\";14,\"14\";15,\"15\"}))","v":""},"","","",{"$f":"IF(B1492=\"\",\"\",VLOOKUP(M1492,Sections!$A$2:$D$200,3,FALSE))","v":""},{"$f":"IF(B1492=\"\",\"\",VLOOKUP(M1492,Sections!$A$2:$D$200,4,FALSE))","v":""}]
[{"$f":"IF(Start!A1493=\"\",\"\",Start!A1493)","v":""},{"$f":"IF(Start!B1493=\"\",\"\",Start!B1493)","v":""},{"$f":"IF(Start!C1493=\"\",\"\",Start!C1493)","v":""},{"$f":"IF(Start!D1493=\"\",\"\",Start!D1493)","v":""},{"$f":"IF(Start!E1493=\"\",\"\",Start!E1493)","v":""},{"$f":"IF(Start!F1493=\"\",\"\",Start!F1493)","v":""},{"$f":"IF(Start!G1493=\"\",\"\",Start!G1493)","v":""},{"$f":"IF(Start!H1493=\"\",\"\",Start!H1493)","v":""},"",{"$f":"IF(I1493=\"\",\"\",LOOKUP(I1493,{1,\"01\";2,\"02\";3,\"03\";4,\"04\";5,\"05\";6,\"06\";7,\"07\";8,\"08\";9,\"09\";10,\"10\";11,\"11\";12,\"12\";13,\"13\";14,\"14\";15,\"15\"}))","v":""},"","","",{"$f":"IF(B1493=\"\",\"\",VLOOKUP(M1493,Sections!$A$2:$D$200,3,FALSE))","v":""},{"$f":"IF(B1493=\"\",\"\",VLOOKUP(M1493,Sections!$A$2:$D$200,4,FALSE))","v":""}]
[{"$f":"IF(Start!A1494=\"\",\"\",Start!A1494)","v":""},{"$f":"IF(Start!B1494=\"\",\"\",Start!B1494)","v":""},{"$f":"IF(Start!C1494=\"\",\"\",Start!C1494)","v":""},{"$f":"IF(Start!D1494=\"\",\"\",Start!D1494)","v":""},{"$f":"IF(Start!E1494=\"\",\"\",Start!E1494)","v":""},{"$f":"IF(Start!F1494=\"\",\"\",Start!F1494)","v":""},{"$f":"IF(Start!G1494=\"\",\"\",Start!G1494)","v":""},{"$f":"IF(Start!H1494=\"\",\"\",Start!H1494)","v":""},"",{"$f":"IF(I1494=\"\",\"\",LOOKUP(I1494,{1,\"01\";2,\"02\";3,\"03\";4,\"04\";5,\"05\";6,\"06\";7,\"07\";8,\"08\";9,\"09\";10,\"10\";11,\"11\";12,\"12\";13,\"13\";14,\"14\";15,\"15\"}))","v":""},"","","",{"$f":"IF(B1494=\"\",\"\",VLOOKUP(M1494,Sections!$A$2:$D$200,3,FALSE))","v":""},{"$f":"IF(B1494=\"\",\"\",VLOOKUP(M1494,Sections!$A$2:$D$200,4,FALSE))","v":""}]
[{"$f":"IF(Start!A1495=\"\",\"\",Start!A1495)","v":""},{"$f":"IF(Start!B1495=\"\",\"\",Start!B1495)","v":""},{"$f":"IF(Start!C1495=\"\",\"\",Start!C1495)","v":""},{"$f":"IF(Start!D1495=\"\",\"\",Start!D1495)","v":""},{"$f":"IF(Start!E1495=\"\",\"\",Start!E1495)","v":""},{"$f":"IF(Start!F1495=\"\",\"\",Start!F1495)","v":""},{"$f":"IF(Start!G1495=\"\",\"\",Start!G1495)","v":""},{"$f":"IF(Start!H1495=\"\",\"\",Start!H1495)","v":""},"",{"$f":"IF(I1495=\"\",\"\",LOOKUP(I1495,{1,\"01\";2,\"02\";3,\"03\";4,\"04\";5,\"05\";6,\"06\";7,\"07\";8,\"08\";9,\"09\";10,\"10\";11,\"11\";12,\"12\";13,\"13\";14,\"14\";15,\"15\"}))","v":""},"","","",{"$f":"IF(B1495=\"\",\"\",VLOOKUP(M1495,Sections!$A$2:$D$200,3,FALSE))","v":""},{"$f":"IF(B1495=\"\",\"\",VLOOKUP(M1495,Sections!$A$2:$D$200,4,FALSE))","v":""}]
[{"$f":"IF(Start!A1496=\"\",\"\",Start!A1496)","v":""},{"$f":"IF(Start!B1496=\"\",\"\",Start!B1496)","v":""},{"$f":"IF(Start!C1496=\"\",\"\",Start!C1496)","v":""},{"$f":"IF(Start!D1496=\"\",\"\",Start!D1496)","v":""},{"$f":"IF(Start!E1496=\"\",\"\",Start!E1496)","v":""},{"$f":"IF(Start!F1496=\"\",\"\",Start!F1496)","v":""},{"$f":"IF(Start!G1496=\"\",\"\",Start!G1496)","v":""},{"$f":"IF(Start!H1496=\"\",\"\",Start!H1496)","v":""},"",{"$f":"IF(I1496=\"\",\"\",LOOKUP(I1496,{1,\"01\";2,\"02\";3,\"03\";4,\"04\";5,\"05\";6,\"06\";7,\"07\";8,\"08\";9,\"09\";10,\"10\";11,\"11\";12,\"12\";13,\"13\";14,\"14\";15,\"15\"}))","v":""},"","","",{"$f":"IF(B1496=\"\",\"\",VLOOKUP(M1496,Sections!$A$2:$D$200,3,FALSE))","v":""},{"$f":"IF(B1496=\"\",\"\",VLOOKUP(M1496,Sections!$A$2:$D$200,4,FALSE))","v":""}]
[{"$f":"IF(Start!A1497=\"\",\"\",Start!A1497)","v":""},{"$f":"IF(Start!B1497=\"\",\"\",Start!B1497)","v":""},{"$f":"IF(Start!C1497=\"\",\"\",Start!C1497)","v":""},{"$f":"IF(Start!D1497=\"\",\"\",Start!D1497)","v":""},{"$f":"IF(Start!E1497=\"\",\"\",Start!E1497)","v":""},{"$f":"IF(Start!F1497=\"\",\"\",Start!F1497)","v":""},{"$f":"IF(Start!G1497=\"\",\"\",Start!G1497)","v":""},{"$f":"IF(Start!H1497=\"\",\"\",Start!H1497)","v":""},"",{"$f":"IF(I1497=\"\",\"\",LOOKUP(I1497,{1,\"01\";2,\"02\";3,\"03\";4,\"04\";5,\"05\";6,\"06\";7,\"07\";8,\"08\";9,\"09\";10,\"10\";11,\"11\";12,\"12\";13,\"13\";14,\"14\";15,\"15\"}))","v":""},"","","",{"$f":"IF(B1497=\"\",\"\",VLOOKUP(M1497,Sections!$A$2:$D$200,3,FALSE))","v":""},{"$f":"IF(B1497=\"\",\"\",VLOOKUP(M1497,Sections!$A$2:$D$200,4,FALSE))","v":""}]
[{"$f":"IF(Start!A1498=\"\",\"\",Start!A1498)","v":""},{"$f":"IF(Start!B1498=\"\",\"\",Start!B1498)","v":""},{"$f":"IF(Start!C1498=\"\",\"\",Start!C1498)","v":""},{"$f":"IF(Start!D1498=\"\",\"\",Start!D1498)","v":""},{"$f":"IF(Start!E1498=\"\",\"\",Start!E1498)","v":""},{"$f":"IF(Start!F1498=\"\",\"\",Start!F1498)","v":""},{"$f":"IF(Start!G1498=\"\",\"\",Start!G1498)","v":""},{"$f":"IF(Start!H1498=\"\",\"\",Start!H1498)","v":""},"",{"$f":"IF(I1498=\"\",\"\",LOOKUP(I1498,{1,\"01\";2,\"02\";3,\"03\";4,\"04\";5,\"05\";6,\"06\";7,\"07\";8,\"08\";9,\"09\";10,\"10\";11,\"11\";12,\"12\";13,\"13\";14,\"14\";15,\"15\"}))","v":""},"","","",{"$f":"IF(B1498=\"\",\"\",VLOOKUP(M1498,Sections!$A$2:$D$200,3,FALSE))","v":""},{"$f":"IF(B1498=\"\",\"\",VLOOKUP(M1498,Sections!$A$2:$D$200,4,FALSE))","v":""}]
[{"$f":"IF(Start!A1499=\"\",\"\",Start!A1499)","v":""},{"$f":"IF(Start!B1499=\"\",\"\",Start!B1499)","v":""},{"$f":"IF(Start!C1499=\"\",\"\",Start!C1499)","v":""},{"$f":"IF(Start!D1499=\"\",\"\",Start!D1499)","v":""},{"$f":"IF(Start!E1499=\"\",\"\",Start!E1499)","v":""},{"$f":"IF(Start!F1499=\"\",\"\",Start!F1499)","v":""},{"$f":"IF(Start!G1499=\"\",\"\",Start!G1499)","v":""},{"$f":"IF(Start!H1499=\"\",\"\",Start!H1499)","v":""},"",{"$f":"IF(I1499=\"\",\"\",LOOKUP(I1499,{1,\"01\";2,\"02\";3,\"03\";4,\"04\";5,\"05\";6,\"06\";7,\"07\";8,\"08\";9,\"09\";10,\"10\";11,\"11\";12,\"12\";13,\"13\";14,\"14\";15,\"15\"}))","v":""},"","","",{"$f":"IF(B1499=\"\",\"\",VLOOKUP(M1499,Sections!$A$2:$D$200,3,FALSE))","v":""},{"$f":"IF(B1499=\"\",\"\",VLOOKUP(M1499,Sections!$A$2:$D$200,4,FALSE))","v":""}]
[{"$f":"IF(Start!A1500=\"\",\"\",Start!A1500)","v":""},{"$f":"IF(Start!B1500=\"\",\"\",Start!B1500)","v":""},{"$f":"IF(Start!C1500=\"\",\"\",Start!C1500)","v":""},{"$f":"IF(Start!D1500=\"\",\"\",Start!D1500)","v":""},{"$f":"IF(Start!E1500=\"\",\"\",Start!E1500)","v":""},{"$f":"IF(Start!F1500=\"\",\"\",Start!F1500)","v":""},{"$f":"IF(Start!G1500=\"\",\"\",Start!G1500)","v":""},{"$f":"IF(Start!H1500=\"\",\"\",Start!H1500)","v":""},"",{"$f":"IF(I1500=\"\",\"\",LOOKUP(I1500,{1,\"01\";2,\"02\";3,\"03\";4,\"04\";5,\"05\";6,\"06\";7,\"07\";8,\"08\";9,\"09\";10,\"10\";11,\"11\";12,\"12\";13,\"13\";14,\"14\";15,\"15\"}))","v":""},"","","",{"$f":"IF(B1500=\"\",\"\",VLOOKUP(M1500,Sections!$A$2:$D$200,3,FALSE))","v":""},{"$f":"IF(B1500=\"\",\"\",VLOOKUP(M1500,Sections!$A$2:$D$200,4,FALSE))","v":""}]
[{"$f":"IF(Start!A1501=\"\",\"\",Start!A1501)","v":""},{"$f":"IF(Start!B1501=\"\",\"\",Start!B1501)","v":""},{"$f":"IF(Start!C1501=\"\",\"\",Start!C1501)","v":""},{"$f":"IF(Start!D1501=\"\",\"\",Start!D1501)","v":""},{"$f":"IF(Start!E1501=\"\",\"\",Start!E1501)","v":""},{"$f":"IF(Start!F1501=\"\",\"\",Start!F1501)","v":""},{"$f":"IF(Start!G1501=\"\",\"\",Start!G1501)","v":""},{"$f":"IF(Start!H1501=\"\",\"\",Start!H1501)","v":""},"",{"$f":"IF(I1501=\"\",\"\",LOOKUP(I1501,{1,\"01\";2,\"02\";3,\"03\";4,\"04\";5,\"05\";6,\"06\";7,\"07\";8,\"08\";9,\"09\";10,\"10\";11,\"11\";12,\"12\";13,\"13\";14,\"14\";15,\"15\"}))","v":""},"","","",{"$f":"IF(B1501=\"\",\"\",VLOOKUP(M1501,Sections!$A$2:$D$200,3,FALSE))","v":""},{"$f":"IF(B1501=\"\",\"\",VLOOKUP(M1501,Sections!$A$2:$D$200,4,FALSE))","v":""}]
[{"$f":"IF(Start!A1502=\"\",\"\",Start!A1502)","v":""},{"$f":"IF(Start!B1502=\"\",\"\",Start!B1502)","v":""},{"$f":"IF(Start!C1502=\"\",\"\",Start!C1502)","v":""},{"$f":"IF(Start!D1502=\"\",\"\",Start!D1502)","v":""},{"$f":"IF(Start!E1502=\"\",\"\",Start!E1502)","v":""},{"$f":"IF(Start!F1502=\"\",\"\",Start!F1502)","v":""},{"$f":"IF(Start!G1502=\"\",\"\",Start!G1502)","v":""},{"$f":"IF(Start!H1502=\"\",\"\",Start!H1502)","v":""},"",{"$f":"IF(I1502=\"\",\"\",LOOKUP(I1502,{1,\"01\";2,\"02\";3,\"03\";4,\"04\";5,\"05\";6,\"06\";7,\"07\";8,\"08\";9,\"09\";10,\"10\";11,\"11\";12,\"12\";13,\"13\";14,\"14\";15,\"15\"}))","v":""},"","","",{"$f":"IF(B1502=\"\",\"\",VLOOKUP(M1502,Sections!$A$2:$D$200,3,FALSE))","v":""},{"$f":"IF(B1502=\"\",\"\",VLOOKUP(M1502,Sections!$A$2:$D$200,4,FALSE))","v":""}]
[{"$f":"IF(Start!A1503=\"\",\"\",Start!A1503)","v":""},{"$f":"IF(Start!B1503=\"\",\"\",Start!B1503)","v":""},{"$f":"IF(Start!C1503=\"\",\"\",Start!C1503)","v":""},{"$f":"IF(Start!D1503=\"\",\"\",Start!D1503)","v":""},{"$f":"IF(Start!E1503=\"\",\"\",Start!E1503)","v":""},{"$f":"IF(Start!F1503=\"\",\"\",Start!F1503)","v":""},{"$f":"IF(Start!G1503=\"\",\"\",Start!G1503)","v":""},{"$f":"IF(Start!H1503=\"\",\"\",Start!H1503)","v":""},"",{"$f":"IF(I1503=\"\",\"\",LOOKUP(I1503,{1,\"01\";2,\"02\";3,\"03\";4,\"04\";5,\"05\";6,\"06\";7,\"07\";8,\"08\";9,\"09\";10,\"10\";11,\"11\";12,\"12\";13,\"13\";14,\"14\";15,\"15\"}))","v":""},"","","",{"$f":"IF(B1503=\"\",\"\",VLOOKUP(M1503,Sections!$A$2:$D$200,3,FALSE))","v":""},{"$f":"IF(B1503=\"\",\"\",VLOOKUP(M1503,Sections!$A$2:$D$200,4,FALSE))","v":""}]
[{"$f":"IF(Start!A1504=\"\",\"\",Start!A1504)","v":""},{"$f":"IF(Start!B1504=\"\",\"\",Start!B1504)","v":""},{"$f":"IF(Start!C1504=\"\",\"\",Start!C1504)","v":""},{"$f":"IF(Start!D1504=\"\",\"\",Start!D1504)","v":""},{"$f":"IF(Start!E1504=\"\",\"\",Start!E1504)","v":""},{"$f":"IF(Start!F1504=\"\",\"\",Start!F1504)","v":""},{"$f":"IF(Start!G1504=\"\",\"\",Start!G1504)","v":""},{"$f":"IF(Start!H1504=\"\",\"\",Start!H1504)","v":""},"",{"$f":"IF(I1504=\"\",\"\",LOOKUP(I1504,{1,\"01\";2,\"02\";3,\"03\";4,\"04\";5,\"05\";6,\"06\";7,\"07\";8,\"08\";9,\"09\";10,\"10\";11,\"11\";12,\"12\";13,\"13\";14,\"14\";15,\"15\"}))","v":""},"","","",{"$f":"IF(B1504=\"\",\"\",VLOOKUP(M1504,Sections!$A$2:$D$200,3,FALSE))","v":""},{"$f":"IF(B1504=\"\",\"\",VLOOKUP(M1504,Sections!$A$2:$D$200,4,FALSE))","v":""}]
[{"$f":"IF(Start!A1505=\"\",\"\",Start!A1505)","v":""},{"$f":"IF(Start!B1505=\"\",\"\",Start!B1505)","v":""},{"$f":"IF(Start!C1505=\"\",\"\",Start!C1505)","v":""},{"$f":"IF(Start!D1505=\"\",\"\",Start!D1505)","v":""},{"$f":"IF(Start!E1505=\"\",\"\",Start!E1505)","v":""},{"$f":"IF(Start!F1505=\"\",\"\",Start!F1505)","v":""},{"$f":"IF(Start!G1505=\"\",\"\",Start!G1505)","v":""},{"$f":"IF(Start!H1505=\"\",\"\",Start!H1505)","v":""},"",{"$f":"IF(I1505=\"\",\"\",LOOKUP(I1505,{1,\"01\";2,\"02\";3,\"03\";4,\"04\";5,\"05\";6,\"06\";7,\"07\";8,\"08\";9,\"09\";10,\"10\";11,\"11\";12,\"12\";13,\"13\";14,\"14\";15,\"15\"}))","v":""},"","","",{"$f":"IF(B1505=\"\",\"\",VLOOKUP(M1505,Sections!$A$2:$D$200,3,FALSE))","v":""},{"$f":"IF(B1505=\"\",\"\",VLOOKUP(M1505,Sections!$A$2:$D$200,4,FALSE))","v":""}]
[{"$f":"IF(Start!A1506=\"\",\"\",Start!A1506)","v":""},{"$f":"IF(Start!B1506=\"\",\"\",Start!B1506)","v":""},{"$f":"IF(Start!C1506=\"\",\"\",Start!C1506)","v":""},{"$f":"IF(Start!D1506=\"\",\"\",Start!D1506)","v":""},{"$f":"IF(Start!E1506=\"\",\"\",Start!E1506)","v":""},{"$f":"IF(Start!F1506=\"\",\"\",Start!F1506)","v":""},{"$f":"IF(Start!G1506=\"\",\"\",Start!G1506)","v":""},{"$f":"IF(Start!H1506=\"\",\"\",Start!H1506)","v":""},"",{"$f":"IF(I1506=\"\",\"\",LOOKUP(I1506,{1,\"01\";2,\"02\";3,\"03\";4,\"04\";5,\"05\";6,\"06\";7,\"07\";8,\"08\";9,\"09\";10,\"10\";11,\"11\";12,\"12\";13,\"13\";14,\"14\";15,\"15\"}))","v":""},"","","",{"$f":"IF(B1506=\"\",\"\",VLOOKUP(M1506,Sections!$A$2:$D$200,3,FALSE))","v":""},{"$f":"IF(B1506=\"\",\"\",VLOOKUP(M1506,Sections!$A$2:$D$200,4,FALSE))","v":""}]
[{"$f":"IF(Start!A1507=\"\",\"\",Start!A1507)","v":""},{"$f":"IF(Start!B1507=\"\",\"\",Start!B1507)","v":""},{"$f":"IF(Start!C1507=\"\",\"\",Start!C1507)","v":""},{"$f":"IF(Start!D1507=\"\",\"\",Start!D1507)","v":""},{"$f":"IF(Start!E1507=\"\",\"\",Start!E1507)","v":""},{"$f":"IF(Start!F1507=\"\",\"\",Start!F1507)","v":""},{"$f":"IF(Start!G1507=\"\",\"\",Start!G1507)","v":""},{"$f":"IF(Start!H1507=\"\",\"\",Start!H1507)","v":""},"",{"$f":"IF(I1507=\"\",\"\",LOOKUP(I1507,{1,\"01\";2,\"02\";3,\"03\";4,\"04\";5,\"05\";6,\"06\";7,\"07\";8,\"08\";9,\"09\";10,\"10\";11,\"11\";12,\"12\";13,\"13\";14,\"14\";15,\"15\"}))","v":""},"","","",{"$f":"IF(B1507=\"\",\"\",VLOOKUP(M1507,Sections!$A$2:$D$200,3,FALSE))","v":""},{"$f":"IF(B1507=\"\",\"\",VLOOKUP(M1507,Sections!$A$2:$D$200,4,FALSE))","v":""}]
[{"$f":"IF(Start!A1508=\"\",\"\",Start!A1508)","v":""},{"$f":"IF(Start!B1508=\"\",\"\",Start!B1508)","v":""},{"$f":"IF(Start!C1508=\"\",\"\",Start!C1508)","v":""},{"$f":"IF(Start!D1508=\"\",\"\",Start!D1508)","v":""},{"$f":"IF(Start!E1508=\"\",\"\",Start!E1508)","v":""},{"$f":"IF(Start!F1508=\"\",\"\",Start!F1508)","v":""},{"$f":"IF(Start!G1508=\"\",\"\",Start!G1508)","v":""},{"$f":"IF(Start!H1508=\"\",\"\",Start!H1508)","v":""},"",{"$f":"IF(I1508=\"\",\"\",LOOKUP(I1508,{1,\"01\";2,\"02\";3,\"03\";4,\"04\";5,\"05\";6,\"06\";7,\"07\";8,\"08\";9,\"09\";10,\"10\";11,\"11\";12,\"12\";13,\"13\";14,\"14\";15,\"15\"}))","v":""},"","","",{"$f":"IF(B1508=\"\",\"\",VLOOKUP(M1508,Sections!$A$2:$D$200,3,FALSE))","v":""},{"$f":"IF(B1508=\"\",\"\",VLOOKUP(M1508,Sections!$A$2:$D$200,4,FALSE))","v":""}]
[{"$f":"IF(Start!A1509=\"\",\"\",Start!A1509)","v":""},{"$f":"IF(Start!B1509=\"\",\"\",Start!B1509)","v":""},{"$f":"IF(Start!C1509=\"\",\"\",Start!C1509)","v":""},{"$f":"IF(Start!D1509=\"\",\"\",Start!D1509)","v":""},{"$f":"IF(Start!E1509=\"\",\"\",Start!E1509)","v":""},{"$f":"IF(Start!F1509=\"\",\"\",Start!F1509)","v":""},{"$f":"IF(Start!G1509=\"\",\"\",Start!G1509)","v":""},{"$f":"IF(Start!H1509=\"\",\"\",Start!H1509)","v":""},"",{"$f":"IF(I1509=\"\",\"\",LOOKUP(I1509,{1,\"01\";2,\"02\";3,\"03\";4,\"04\";5,\"05\";6,\"06\";7,\"07\";8,\"08\";9,\"09\";10,\"10\";11,\"11\";12,\"12\";13,\"13\";14,\"14\";15,\"15\"}))","v":""},"","","",{"$f":"IF(B1509=\"\",\"\",VLOOKUP(M1509,Sections!$A$2:$D$200,3,FALSE))","v":""},{"$f":"IF(B1509=\"\",\"\",VLOOKUP(M1509,Sections!$A$2:$D$200,4,FALSE))","v":""}]
[{"$f":"IF(Start!A1510=\"\",\"\",Start!A1510)","v":""},{"$f":"IF(Start!B1510=\"\",\"\",Start!B1510)","v":""},{"$f":"IF(Start!C1510=\"\",\"\",Start!C1510)","v":""},{"$f":"IF(Start!D1510=\"\",\"\",Start!D1510)","v":""},{"$f":"IF(Start!E1510=\"\",\"\",Start!E1510)","v":""},{"$f":"IF(Start!F1510=\"\",\"\",Start!F1510)","v":""},{"$f":"IF(Start!G1510=\"\",\"\",Start!G1510)","v":""},{"$f":"IF(Start!H1510=\"\",\"\",Start!H1510)","v":""},"",{"$f":"IF(I1510=\"\",\"\",LOOKUP(I1510,{1,\"01\";2,\"02\";3,\"03\";4,\"04\";5,\"05\";6,\"06\";7,\"07\";8,\"08\";9,\"09\";10,\"10\";11,\"11\";12,\"12\";13,\"13\";14,\"14\";15,\"15\"}))","v":""},"","","",{"$f":"IF(B1510=\"\",\"\",VLOOKUP(M1510,Sections!$A$2:$D$200,3,FALSE))","v":""},{"$f":"IF(B1510=\"\",\"\",VLOOKUP(M1510,Sections!$A$2:$D$200,4,FALSE))","v":""}]
[{"$f":"IF(Start!A1511=\"\",\"\",Start!A1511)","v":""},{"$f":"IF(Start!B1511=\"\",\"\",Start!B1511)","v":""},{"$f":"IF(Start!C1511=\"\",\"\",Start!C1511)","v":""},{"$f":"IF(Start!D1511=\"\",\"\",Start!D1511)","v":""},{"$f":"IF(Start!E1511=\"\",\"\",Start!E1511)","v":""},{"$f":"IF(Start!F1511=\"\",\"\",Start!F1511)","v":""},{"$f":"IF(Start!G1511=\"\",\"\",Start!G1511)","v":""},{"$f":"IF(Start!H1511=\"\",\"\",Start!H1511)","v":""},"",{"$f":"IF(I1511=\"\",\"\",LOOKUP(I1511,{1,\"01\";2,\"02\";3,\"03\";4,\"04\";5,\"05\";6,\"06\";7,\"07\";8,\"08\";9,\"09\";10,\"10\";11,\"11\";12,\"12\";13,\"13\";14,\"14\";15,\"15\"}))","v":""},"","","",{"$f":"IF(B1511=\"\",\"\",VLOOKUP(M1511,Sections!$A$2:$D$200,3,FALSE))","v":""},{"$f":"IF(B1511=\"\",\"\",VLOOKUP(M1511,Sections!$A$2:$D$200,4,FALSE))","v":""}]
[{"$f":"IF(Start!A1512=\"\",\"\",Start!A1512)","v":""},{"$f":"IF(Start!B1512=\"\",\"\",Start!B1512)","v":""},{"$f":"IF(Start!C1512=\"\",\"\",Start!C1512)","v":""},{"$f":"IF(Start!D1512=\"\",\"\",Start!D1512)","v":""},{"$f":"IF(Start!E1512=\"\",\"\",Start!E1512)","v":""},{"$f":"IF(Start!F1512=\"\",\"\",Start!F1512)","v":""},{"$f":"IF(Start!G1512=\"\",\"\",Start!G1512)","v":""},{"$f":"IF(Start!H1512=\"\",\"\",Start!H1512)","v":""},"",{"$f":"IF(I1512=\"\",\"\",LOOKUP(I1512,{1,\"01\";2,\"02\";3,\"03\";4,\"04\";5,\"05\";6,\"06\";7,\"07\";8,\"08\";9,\"09\";10,\"10\";11,\"11\";12,\"12\";13,\"13\";14,\"14\";15,\"15\"}))","v":""},"","","",{"$f":"IF(B1512=\"\",\"\",VLOOKUP(M1512,Sections!$A$2:$D$200,3,FALSE))","v":""},{"$f":"IF(B1512=\"\",\"\",VLOOKUP(M1512,Sections!$A$2:$D$200,4,FALSE))","v":""}]
[{"$f":"IF(Start!A1513=\"\",\"\",Start!A1513)","v":""},{"$f":"IF(Start!B1513=\"\",\"\",Start!B1513)","v":""},{"$f":"IF(Start!C1513=\"\",\"\",Start!C1513)","v":""},{"$f":"IF(Start!D1513=\"\",\"\",Start!D1513)","v":""},{"$f":"IF(Start!E1513=\"\",\"\",Start!E1513)","v":""},{"$f":"IF(Start!F1513=\"\",\"\",Start!F1513)","v":""},{"$f":"IF(Start!G1513=\"\",\"\",Start!G1513)","v":""},{"$f":"IF(Start!H1513=\"\",\"\",Start!H1513)","v":""},"",{"$f":"IF(I1513=\"\",\"\",LOOKUP(I1513,{1,\"01\";2,\"02\";3,\"03\";4,\"04\";5,\"05\";6,\"06\";7,\"07\";8,\"08\";9,\"09\";10,\"10\";11,\"11\";12,\"12\";13,\"13\";14,\"14\";15,\"15\"}))","v":""},"","","",{"$f":"IF(B1513=\"\",\"\",VLOOKUP(M1513,Sections!$A$2:$D$200,3,FALSE))","v":""},{"$f":"IF(B1513=\"\",\"\",VLOOKUP(M1513,Sections!$A$2:$D$200,4,FALSE))","v":""}]
[{"$f":"IF(Start!A1514=\"\",\"\",Start!A1514)","v":""},{"$f":"IF(Start!B1514=\"\",\"\",Start!B1514)","v":""},{"$f":"IF(Start!C1514=\"\",\"\",Start!C1514)","v":""},{"$f":"IF(Start!D1514=\"\",\"\",Start!D1514)","v":""},{"$f":"IF(Start!E1514=\"\",\"\",Start!E1514)","v":""},{"$f":"IF(Start!F1514=\"\",\"\",Start!F1514)","v":""},{"$f":"IF(Start!G1514=\"\",\"\",Start!G1514)","v":""},{"$f":"IF(Start!H1514=\"\",\"\",Start!H1514)","v":""},"",{"$f":"IF(I1514=\"\",\"\",LOOKUP(I1514,{1,\"01\";2,\"02\";3,\"03\";4,\"04\";5,\"05\";6,\"06\";7,\"07\";8,\"08\";9,\"09\";10,\"10\";11,\"11\";12,\"12\";13,\"13\";14,\"14\";15,\"15\"}))","v":""},"","","",{"$f":"IF(B1514=\"\",\"\",VLOOKUP(M1514,Sections!$A$2:$D$200,3,FALSE))","v":""},{"$f":"IF(B1514=\"\",\"\",VLOOKUP(M1514,Sections!$A$2:$D$200,4,FALSE))","v":""}]
[{"$f":"IF(Start!A1515=\"\",\"\",Start!A1515)","v":""},{"$f":"IF(Start!B1515=\"\",\"\",Start!B1515)","v":""},{"$f":"IF(Start!C1515=\"\",\"\",Start!C1515)","v":""},{"$f":"IF(Start!D1515=\"\",\"\",Start!D1515)","v":""},{"$f":"IF(Start!E1515=\"\",\"\",Start!E1515)","v":""},{"$f":"IF(Start!F1515=\"\",\"\",Start!F1515)","v":""},{"$f":"IF(Start!G1515=\"\",\"\",Start!G1515)","v":""},{"$f":"IF(Start!H1515=\"\",\"\",Start!H1515)","v":""},"",{"$f":"IF(I1515=\"\",\"\",LOOKUP(I1515,{1,\"01\";2,\"02\";3,\"03\";4,\"04\";5,\"05\";6,\"06\";7,\"07\";8,\"08\";9,\"09\";10,\"10\";11,\"11\";12,\"12\";13,\"13\";14,\"14\";15,\"15\"}))","v":""},"","","",{"$f":"IF(B1515=\"\",\"\",VLOOKUP(M1515,Sections!$A$2:$D$200,3,FALSE))","v":""},{"$f":"IF(B1515=\"\",\"\",VLOOKUP(M1515,Sections!$A$2:$D$200,4,FALSE))","v":""}]
[{"$f":"IF(Start!A1516=\"\",\"\",Start!A1516)","v":""},{"$f":"IF(Start!B1516=\"\",\"\",Start!B1516)","v":""},{"$f":"IF(Start!C1516=\"\",\"\",Start!C1516)","v":""},{"$f":"IF(Start!D1516=\"\",\"\",Start!D1516)","v":""},{"$f":"IF(Start!E1516=\"\",\"\",Start!E1516)","v":""},{"$f":"IF(Start!F1516=\"\",\"\",Start!F1516)","v":""},{"$f":"IF(Start!G1516=\"\",\"\",Start!G1516)","v":""},{"$f":"IF(Start!H1516=\"\",\"\",Start!H1516)","v":""},"",{"$f":"IF(I1516=\"\",\"\",LOOKUP(I1516,{1,\"01\";2,\"02\";3,\"03\";4,\"04\";5,\"05\";6,\"06\";7,\"07\";8,\"08\";9,\"09\";10,\"10\";11,\"11\";12,\"12\";13,\"13\";14,\"14\";15,\"15\"}))","v":""},"","","",{"$f":"IF(B1516=\"\",\"\",VLOOKUP(M1516,Sections!$A$2:$D$200,3,FALSE))","v":""},{"$f":"IF(B1516=\"\",\"\",VLOOKUP(M1516,Sections!$A$2:$D$200,4,FALSE))","v":""}]
[{"$f":"IF(Start!A1517=\"\",\"\",Start!A1517)","v":""},{"$f":"IF(Start!B1517=\"\",\"\",Start!B1517)","v":""},{"$f":"IF(Start!C1517=\"\",\"\",Start!C1517)","v":""},{"$f":"IF(Start!D1517=\"\",\"\",Start!D1517)","v":""},{"$f":"IF(Start!E1517=\"\",\"\",Start!E1517)","v":""},{"$f":"IF(Start!F1517=\"\",\"\",Start!F1517)","v":""},{"$f":"IF(Start!G1517=\"\",\"\",Start!G1517)","v":""},{"$f":"IF(Start!H1517=\"\",\"\",Start!H1517)","v":""},"",{"$f":"IF(I1517=\"\",\"\",LOOKUP(I1517,{1,\"01\";2,\"02\";3,\"03\";4,\"04\";5,\"05\";6,\"06\";7,\"07\";8,\"08\";9,\"09\";10,\"10\";11,\"11\";12,\"12\";13,\"13\";14,\"14\";15,\"15\"}))","v":""},"","","",{"$f":"IF(B1517=\"\",\"\",VLOOKUP(M1517,Sections!$A$2:$D$200,3,FALSE))","v":""},{"$f":"IF(B1517=\"\",\"\",VLOOKUP(M1517,Sections!$A$2:$D$200,4,FALSE))","v":""}]
[{"$f":"IF(Start!A1518=\"\",\"\",Start!A1518)","v":""},{"$f":"IF(Start!B1518=\"\",\"\",Start!B1518)","v":""},{"$f":"IF(Start!C1518=\"\",\"\",Start!C1518)","v":""},{"$f":"IF(Start!D1518=\"\",\"\",Start!D1518)","v":""},{"$f":"IF(Start!E1518=\"\",\"\",Start!E1518)","v":""},{"$f":"IF(Start!F1518=\"\",\"\",Start!F1518)","v":""},{"$f":"IF(Start!G1518=\"\",\"\",Start!G1518)","v":""},{"$f":"IF(Start!H1518=\"\",\"\",Start!H1518)","v":""},"",{"$f":"IF(I1518=\"\",\"\",LOOKUP(I1518,{1,\"01\";2,\"02\";3,\"03\";4,\"04\";5,\"05\";6,\"06\";7,\"07\";8,\"08\";9,\"09\";10,\"10\";11,\"11\";12,\"12\";13,\"13\";14,\"14\";15,\"15\"}))","v":""},"","","",{"$f":"IF(B1518=\"\",\"\",VLOOKUP(M1518,Sections!$A$2:$D$200,3,FALSE))","v":""},{"$f":"IF(B1518=\"\",\"\",VLOOKUP(M1518,Sections!$A$2:$D$200,4,FALSE))","v":""}]
[{"$f":"IF(Start!A1519=\"\",\"\",Start!A1519)","v":""},{"$f":"IF(Start!B1519=\"\",\"\",Start!B1519)","v":""},{"$f":"IF(Start!C1519=\"\",\"\",Start!C1519)","v":""},{"$f":"IF(Start!D1519=\"\",\"\",Start!D1519)","v":""},{"$f":"IF(Start!E1519=\"\",\"\",Start!E1519)","v":""},{"$f":"IF(Start!F1519=\"\",\"\",Start!F1519)","v":""},{"$f":"IF(Start!G1519=\"\",\"\",Start!G1519)","v":""},{"$f":"IF(Start!H1519=\"\",\"\",Start!H1519)","v":""},"",{"$f":"IF(I1519=\"\",\"\",LOOKUP(I1519,{1,\"01\";2,\"02\";3,\"03\";4,\"04\";5,\"05\";6,\"06\";7,\"07\";8,\"08\";9,\"09\";10,\"10\";11,\"11\";12,\"12\";13,\"13\";14,\"14\";15,\"15\"}))","v":""},"","","",{"$f":"IF(B1519=\"\",\"\",VLOOKUP(M1519,Sections!$A$2:$D$200,3,FALSE))","v":""},{"$f":"IF(B1519=\"\",\"\",VLOOKUP(M1519,Sections!$A$2:$D$200,4,FALSE))","v":""}]
[{"$f":"IF(Start!A1520=\"\",\"\",Start!A1520)","v":""},{"$f":"IF(Start!B1520=\"\",\"\",Start!B1520)","v":""},{"$f":"IF(Start!C1520=\"\",\"\",Start!C1520)","v":""},{"$f":"IF(Start!D1520=\"\",\"\",Start!D1520)","v":""},{"$f":"IF(Start!E1520=\"\",\"\",Start!E1520)","v":""},{"$f":"IF(Start!F1520=\"\",\"\",Start!F1520)","v":""},{"$f":"IF(Start!G1520=\"\",\"\",Start!G1520)","v":""},{"$f":"IF(Start!H1520=\"\",\"\",Start!H1520)","v":""},"",{"$f":"IF(I1520=\"\",\"\",LOOKUP(I1520,{1,\"01\";2,\"02\";3,\"03\";4,\"04\";5,\"05\";6,\"06\";7,\"07\";8,\"08\";9,\"09\";10,\"10\";11,\"11\";12,\"12\";13,\"13\";14,\"14\";15,\"15\"}))","v":""},"","","",{"$f":"IF(B1520=\"\",\"\",VLOOKUP(M1520,Sections!$A$2:$D$200,3,FALSE))","v":""},{"$f":"IF(B1520=\"\",\"\",VLOOKUP(M1520,Sections!$A$2:$D$200,4,FALSE))","v":""}]
[{"$f":"IF(Start!A1521=\"\",\"\",Start!A1521)","v":""},{"$f":"IF(Start!B1521=\"\",\"\",Start!B1521)","v":""},{"$f":"IF(Start!C1521=\"\",\"\",Start!C1521)","v":""},{"$f":"IF(Start!D1521=\"\",\"\",Start!D1521)","v":""},{"$f":"IF(Start!E1521=\"\",\"\",Start!E1521)","v":""},{"$f":"IF(Start!F1521=\"\",\"\",Start!F1521)","v":""},{"$f":"IF(Start!G1521=\"\",\"\",Start!G1521)","v":""},{"$f":"IF(Start!H1521=\"\",\"\",Start!H1521)","v":""},"",{"$f":"IF(I1521=\"\",\"\",LOOKUP(I1521,{1,\"01\";2,\"02\";3,\"03\";4,\"04\";5,\"05\";6,\"06\";7,\"07\";8,\"08\";9,\"09\";10,\"10\";11,\"11\";12,\"12\";13,\"13\";14,\"14\";15,\"15\"}))","v":""},"","","",{"$f":"IF(B1521=\"\",\"\",VLOOKUP(M1521,Sections!$A$2:$D$200,3,FALSE))","v":""},{"$f":"